{"text_format":"1","workbook":"xlsx","n_sheets":9,"sheets":["base","wms","Hoja1","Hoja8","stock","um","items","TUTI","Hoja3"],"not_rendered":{"charts":0,"images":2,"macros":1,"external_links":1,"defined_names":7,"comments":0,"pivot_tables":1},"unopened":[],"bounds":{"document_bytes":16777216,"sheet_cells":100000,"rows_first":2000,"rows_last":500,"rows_between":2000,"halvings":0,"cell_chars":16384,"cell_head_chars":4096},"cells_cut":0,"cells_raw":0,"read":"whole","date_system":"1900"}

{"sheet":"base","index":0,"n_rows":1112,"n_cols":28,"rows_kept":1112,"cut":false,"hidden":false,"merged":[]}
["01-06-2025"]
["30-12-2025"]
["TxnDate","RefNumber","CustomerRefFullName","CustomerMsgRefFullName","SalesOrderLineSeqNo","CustomFieldSalesOrderLineCodigo","SalesOrderLineItemRefFullName","SalesOrderLineDesc","SalesOrderLineInventorySiteRefFullName","SalesOrderLineQuantity","SalesOrderLineUnitOfMeasure","SalesOrderLineRate","SalesOrderLineAmount","SalesOrderLineOverrideUOMSetRefFullName","SalesOrderLineInvoiced","Subtotal","TotalAmount","ItemSalesTaxRefFullName","pide","facturado","diferecia","estado","U/M","ERROR","week","TOTAL SIN IVA","DESC","WMS"]
["2025-06-02","28728","PRODUCTOS OLE DEL ECUADOR PRODUCTOSOLE C","Comercl -Daniela-make up",1,"705424000116","P.T:110250","AJÍ CON MARACUYA OLE 30G SACHET","Bodega Producto Terminado",25,"UN",1.27,31.75,"UNIDAD SALSA",0,63.5,73.03,"IVA EN VENTAS 15%",{"$f":"IFERROR(IF(Tabla_Consulta_desde_QuickBooks_Data_64_Bit_QRemote[[#This Row],[SalesOrderLineUnitOfMeasure]]=\"un\",Tabla_Consulta_desde_QuickBooks_Data_64_Bit_QRemote[[#This Row],[SalesOrderLineQuantity]],Tabla_Consulta_desde_QuickBooks_Data_64_Bit_QRemote[[#This Row],[SalesOrderLineQuantity]]/MID(Tabla_Consulta_desde_QuickBooks_Data_64_Bit_QRemote[[#This Row],[SalesOrderLineUnitOfMeasure]],2,2)),0)","v":25},{"$f":"IFERROR(IF(Tabla_Consulta_desde_QuickBooks_Data_64_Bit_QRemote[[#This Row],[SalesOrderLineUnitOfMeasure]]=\"un\",Tabla_Consulta_desde_QuickBooks_Data_64_Bit_QRemote[[#This Row],[SalesOrderLineInvoiced]],Tabla_Consulta_desde_QuickBooks_Data_64_Bit_QRemote[[#This Row],[SalesOrderLineInvoiced]]/MID(Tabla_Consulta_desde_QuickBooks_Data_64_Bit_QRemote[[#This Row],[SalesOrderLineUnitOfMeasure]],2,2)),0)","v":0},{"$f":"+Tabla_Consulta_desde_QuickBooks_Data_64_Bit_QRemote[[#This Row],[facturado]]-Tabla_Consulta_desde_QuickBooks_Data_64_Bit_QRemote[[#This Row],[pide]]","v":-25},{"$f":"IF(Tabla_Consulta_desde_QuickBooks_Data_64_Bit_QRemote[[#This Row],[diferecia]]=0,\"ok\",\"diferen\")","v":"diferen"},{"$f":"IFERROR(INDEX(um!A:C,MATCH(Tabla_Consulta_desde_QuickBooks_Data_64_Bit_QRemote[[#This Row],[SalesOrderLineItemRefFullName]],um!A:A,0),3),\"\")","v":""},{"$f":"IFERROR(IF(OR(Tabla_Consulta_desde_QuickBooks_Data_64_Bit_QRemote[[#This Row],[SalesOrderLineUnitOfMeasure]]=\"UN\",Tabla_Consulta_desde_QuickBooks_Data_64_Bit_QRemote[[#This Row],[SalesOrderLineUnitOfMeasure]]=Tabla_Consulta_desde_QuickBooks_Data_64_Bit_QRemote[[#This Row],[U/M]]),\"\",\"ERROR\"),\"\")","v":""},{"$f":"+WEEKNUM(Tabla_Consulta_desde_QuickBooks_Data_64_Bit_QRemote[[#This Row],[TxnDate]])","v":23},{"$f":"+Tabla_Consulta_desde_QuickBooks_Data_64_Bit_QRemote[[#This Row],[SalesOrderLineRate]]*Tabla_Consulta_desde_QuickBooks_Data_64_Bit_QRemote[[#This Row],[SalesOrderLineInvoiced]]","v":0},{"$f":"+IFERROR(IF(Tabla_Consulta_desde_QuickBooks_Data_64_Bit_QRemote[[#This Row],[CustomerRefFullName]]=\"GRUVALCORP SA\",VLOOKUP(Tabla_Consulta_desde_QuickBooks_Data_64_Bit_QRemote[[#This Row],[SalesOrderLineItemRefFullName]],Hoja1!A:E,5,FALSE),\"\")*-Tabla_Consulta_desde_QuickBooks_Data_64_Bit_QRemote[[#This Row],[SalesOrderLineAmount]],\"\")","v":""},{"$f":"IF(COUNTIF(wms!E:E,Tabla_Consulta_desde_QuickBooks_Data_64_Bit_QRemote[[#This Row],[RefNumber]])>0,\"OK\",\"FALTA\")","v":"OK"}]
["2025-06-02","28728","PRODUCTOS OLE DEL ECUADOR PRODUCTOSOLE C","Comercl -Daniela-make up",2,"705424000147","P.T:110251","AJÍ CON TOMATE DE ÁRBOL OLE 30G SACHET","Bodega Producto Terminado",25,"UN",1.27,31.75,"UNIDAD SALSA",0,63.5,73.03,"IVA EN VENTAS 15%",{"$f":"IFERROR(IF(Tabla_Consulta_desde_QuickBooks_Data_64_Bit_QRemote[[#This Row],[SalesOrderLineUnitOfMeasure]]=\"un\",Tabla_Consulta_desde_QuickBooks_Data_64_Bit_QRemote[[#This Row],[SalesOrderLineQuantity]],Tabla_Consulta_desde_QuickBooks_Data_64_Bit_QRemote[[#This Row],[SalesOrderLineQuantity]]/MID(Tabla_Consulta_desde_QuickBooks_Data_64_Bit_QRemote[[#This Row],[SalesOrderLineUnitOfMeasure]],2,2)),0)","v":25},{"$f":"IFERROR(IF(Tabla_Consulta_desde_QuickBooks_Data_64_Bit_QRemote[[#This Row],[SalesOrderLineUnitOfMeasure]]=\"un\",Tabla_Consulta_desde_QuickBooks_Data_64_Bit_QRemote[[#This Row],[SalesOrderLineInvoiced]],Tabla_Consulta_desde_QuickBooks_Data_64_Bit_QRemote[[#This Row],[SalesOrderLineInvoiced]]/MID(Tabla_Consulta_desde_QuickBooks_Data_64_Bit_QRemote[[#This Row],[SalesOrderLineUnitOfMeasure]],2,2)),0)","v":0},{"$f":"+Tabla_Consulta_desde_QuickBooks_Data_64_Bit_QRemote[[#This Row],[facturado]]-Tabla_Consulta_desde_QuickBooks_Data_64_Bit_QRemote[[#This Row],[pide]]","v":-25},{"$f":"IF(Tabla_Consulta_desde_QuickBooks_Data_64_Bit_QRemote[[#This Row],[diferecia]]=0,\"ok\",\"diferen\")","v":"diferen"},{"$f":"IFERROR(INDEX(um!A:C,MATCH(Tabla_Consulta_desde_QuickBooks_Data_64_Bit_QRemote[[#This Row],[SalesOrderLineItemRefFullName]],um!A:A,0),3),\"\")","v":""},{"$f":"IFERROR(IF(OR(Tabla_Consulta_desde_QuickBooks_Data_64_Bit_QRemote[[#This Row],[SalesOrderLineUnitOfMeasure]]=\"UN\",Tabla_Consulta_desde_QuickBooks_Data_64_Bit_QRemote[[#This Row],[SalesOrderLineUnitOfMeasure]]=Tabla_Consulta_desde_QuickBooks_Data_64_Bit_QRemote[[#This Row],[U/M]]),\"\",\"ERROR\"),\"\")","v":""},{"$f":"+WEEKNUM(Tabla_Consulta_desde_QuickBooks_Data_64_Bit_QRemote[[#This Row],[TxnDate]])","v":23},{"$f":"+Tabla_Consulta_desde_QuickBooks_Data_64_Bit_QRemote[[#This Row],[SalesOrderLineRate]]*Tabla_Consulta_desde_QuickBooks_Data_64_Bit_QRemote[[#This Row],[SalesOrderLineInvoiced]]","v":0},{"$f":"+IFERROR(IF(Tabla_Consulta_desde_QuickBooks_Data_64_Bit_QRemote[[#This Row],[CustomerRefFullName]]=\"GRUVALCORP SA\",VLOOKUP(Tabla_Consulta_desde_QuickBooks_Data_64_Bit_QRemote[[#This Row],[SalesOrderLineItemRefFullName]],Hoja1!A:E,5,FALSE),\"\")*-Tabla_Consulta_desde_QuickBooks_Data_64_Bit_QRemote[[#This Row],[SalesOrderLineAmount]],\"\")","v":""},{"$f":"IF(COUNTIF(wms!E:E,Tabla_Consulta_desde_QuickBooks_Data_64_Bit_QRemote[[#This Row],[RefNumber]])>0,\"OK\",\"FALTA\")","v":"OK"}]
["2025-06-02","28728","PRODUCTOS OLE DEL ECUADOR PRODUCTOSOLE C","Comercl -Daniela-make up",3,null,"INFOADICIONAL","Comercl -Daniela-make up\nJapón y Alfonso Pereira edificio Zaigen piso 7 oficina # 714",null,null,null,0,0,null,0,63.5,73.03,"IVA EN VENTAS 15%",{"$f":"IFERROR(IF(Tabla_Consulta_desde_QuickBooks_Data_64_Bit_QRemote[[#This Row],[SalesOrderLineUnitOfMeasure]]=\"un\",Tabla_Consulta_desde_QuickBooks_Data_64_Bit_QRemote[[#This Row],[SalesOrderLineQuantity]],Tabla_Consulta_desde_QuickBooks_Data_64_Bit_QRemote[[#This Row],[SalesOrderLineQuantity]]/MID(Tabla_Consulta_desde_QuickBooks_Data_64_Bit_QRemote[[#This Row],[SalesOrderLineUnitOfMeasure]],2,2)),0)","v":0},{"$f":"IFERROR(IF(Tabla_Consulta_desde_QuickBooks_Data_64_Bit_QRemote[[#This Row],[SalesOrderLineUnitOfMeasure]]=\"un\",Tabla_Consulta_desde_QuickBooks_Data_64_Bit_QRemote[[#This Row],[SalesOrderLineInvoiced]],Tabla_Consulta_desde_QuickBooks_Data_64_Bit_QRemote[[#This Row],[SalesOrderLineInvoiced]]/MID(Tabla_Consulta_desde_QuickBooks_Data_64_Bit_QRemote[[#This Row],[SalesOrderLineUnitOfMeasure]],2,2)),0)","v":0},{"$f":"+Tabla_Consulta_desde_QuickBooks_Data_64_Bit_QRemote[[#This Row],[facturado]]-Tabla_Consulta_desde_QuickBooks_Data_64_Bit_QRemote[[#This Row],[pide]]","v":0},{"$f":"IF(Tabla_Consulta_desde_QuickBooks_Data_64_Bit_QRemote[[#This Row],[diferecia]]=0,\"ok\",\"diferen\")","v":"ok"},{"$f":"IFERROR(INDEX(um!A:C,MATCH(Tabla_Consulta_desde_QuickBooks_Data_64_Bit_QRemote[[#This Row],[SalesOrderLineItemRefFullName]],um!A:A,0),3),\"\")","v":""},{"$f":"IFERROR(IF(OR(Tabla_Consulta_desde_QuickBooks_Data_64_Bit_QRemote[[#This Row],[SalesOrderLineUnitOfMeasure]]=\"UN\",Tabla_Consulta_desde_QuickBooks_Data_64_Bit_QRemote[[#This Row],[SalesOrderLineUnitOfMeasure]]=Tabla_Consulta_desde_QuickBooks_Data_64_Bit_QRemote[[#This Row],[U/M]]),\"\",\"ERROR\"),\"\")","v":""},{"$f":"+WEEKNUM(Tabla_Consulta_desde_QuickBooks_Data_64_Bit_QRemote[[#This Row],[TxnDate]])","v":23},{"$f":"+Tabla_Consulta_desde_QuickBooks_Data_64_Bit_QRemote[[#This Row],[SalesOrderLineRate]]*Tabla_Consulta_desde_QuickBooks_Data_64_Bit_QRemote[[#This Row],[SalesOrderLineInvoiced]]","v":0},{"$f":"+IFERROR(IF(Tabla_Consulta_desde_QuickBooks_Data_64_Bit_QRemote[[#This Row],[CustomerRefFullName]]=\"GRUVALCORP SA\",VLOOKUP(Tabla_Consulta_desde_QuickBooks_Data_64_Bit_QRemote[[#This Row],[SalesOrderLineItemRefFullName]],Hoja1!A:E,5,FALSE),\"\")*-Tabla_Consulta_desde_QuickBooks_Data_64_Bit_QRemote[[#This Row],[SalesOrderLineAmount]],\"\")","v":""},{"$f":"IF(COUNTIF(wms!E:E,Tabla_Consulta_desde_QuickBooks_Data_64_Bit_QRemote[[#This Row],[RefNumber]])>0,\"OK\",\"FALTA\")","v":"OK"}]
["2025-06-02","28999","PRODUCTOS OLE DEL ECUADOR PRODUCTOSOLE C","ID – Lanzamiento de Producto – Jefferson",1,"7862112523296","P.T:110622","PEPINILLOS CON JALAPEÑO OLE 225G","Bodega Producto Terminado",96,"X24",1.1599999999999999,111.36,"UNIDAD SALSA",96,345.18,396.96,"IVA EN VENTAS 15%",{"$f":"IFERROR(IF(Tabla_Consulta_desde_QuickBooks_Data_64_Bit_QRemote[[#This Row],[SalesOrderLineUnitOfMeasure]]=\"un\",Tabla_Consulta_desde_QuickBooks_Data_64_Bit_QRemote[[#This Row],[SalesOrderLineQuantity]],Tabla_Consulta_desde_QuickBooks_Data_64_Bit_QRemote[[#This Row],[SalesOrderLineQuantity]]/MID(Tabla_Consulta_desde_QuickBooks_Data_64_Bit_QRemote[[#This Row],[SalesOrderLineUnitOfMeasure]],2,2)),0)","v":4},{"$f":"IFERROR(IF(Tabla_Consulta_desde_QuickBooks_Data_64_Bit_QRemote[[#This Row],[SalesOrderLineUnitOfMeasure]]=\"un\",Tabla_Consulta_desde_QuickBooks_Data_64_Bit_QRemote[[#This Row],[SalesOrderLineInvoiced]],Tabla_Consulta_desde_QuickBooks_Data_64_Bit_QRemote[[#This Row],[SalesOrderLineInvoiced]]/MID(Tabla_Consulta_desde_QuickBooks_Data_64_Bit_QRemote[[#This Row],[SalesOrderLineUnitOfMeasure]],2,2)),0)","v":4},{"$f":"+Tabla_Consulta_desde_QuickBooks_Data_64_Bit_QRemote[[#This Row],[facturado]]-Tabla_Consulta_desde_QuickBooks_Data_64_Bit_QRemote[[#This Row],[pide]]","v":0},{"$f":"IF(Tabla_Consulta_desde_QuickBooks_Data_64_Bit_QRemote[[#This Row],[diferecia]]=0,\"ok\",\"diferen\")","v":"ok"},{"$f":"IFERROR(INDEX(um!A:C,MATCH(Tabla_Consulta_desde_QuickBooks_Data_64_Bit_QRemote[[#This Row],[SalesOrderLineItemRefFullName]],um!A:A,0),3),\"\")","v":"X24"},{"$f":"IFERROR(IF(OR(Tabla_Consulta_desde_QuickBooks_Data_64_Bit_QRemote[[#This Row],[SalesOrderLineUnitOfMeasure]]=\"UN\",Tabla_Consulta_desde_QuickBooks_Data_64_Bit_QRemote[[#This Row],[SalesOrderLineUnitOfMeasure]]=Tabla_Consulta_desde_QuickBooks_Data_64_Bit_QRemote[[#This Row],[U/M]]),\"\",\"ERROR\"),\"\")","v":""},{"$f":"+WEEKNUM(Tabla_Consulta_desde_QuickBooks_Data_64_Bit_QRemote[[#This Row],[TxnDate]])","v":23},{"$f":"+Tabla_Consulta_desde_QuickBooks_Data_64_Bit_QRemote[[#This Row],[SalesOrderLineRate]]*Tabla_Consulta_desde_QuickBooks_Data_64_Bit_QRemote[[#This Row],[SalesOrderLineInvoiced]]","v":111.35999999999999},{"$f":"+IFERROR(IF(Tabla_Consulta_desde_QuickBooks_Data_64_Bit_QRemote[[#This Row],[CustomerRefFullName]]=\"GRUVALCORP SA\",VLOOKUP(Tabla_Consulta_desde_QuickBooks_Data_64_Bit_QRemote[[#This Row],[SalesOrderLineItemRefFullName]],Hoja1!A:E,5,FALSE),\"\")*-Tabla_Consulta_desde_QuickBooks_Data_64_Bit_QRemote[[#This Row],[SalesOrderLineAmount]],\"\")","v":""},{"$f":"IF(COUNTIF(wms!E:E,Tabla_Consulta_desde_QuickBooks_Data_64_Bit_QRemote[[#This Row],[RefNumber]])>0,\"OK\",\"FALTA\")","v":"OK"}]
["2025-06-02","28999","PRODUCTOS OLE DEL ECUADOR PRODUCTOSOLE C","ID – Lanzamiento de Producto – Jefferson",2,"7862112523234","P.T:110730","CHIMICHURRI HAWAIANO OLE 230G","Bodega Producto Terminado",96,"X12",1.47,141.12,"UNIDAD SALSA",96,345.18,396.96,"IVA EN VENTAS 15%",{"$f":"IFERROR(IF(Tabla_Consulta_desde_QuickBooks_Data_64_Bit_QRemote[[#This Row],[SalesOrderLineUnitOfMeasure]]=\"un\",Tabla_Consulta_desde_QuickBooks_Data_64_Bit_QRemote[[#This Row],[SalesOrderLineQuantity]],Tabla_Consulta_desde_QuickBooks_Data_64_Bit_QRemote[[#This Row],[SalesOrderLineQuantity]]/MID(Tabla_Consulta_desde_QuickBooks_Data_64_Bit_QRemote[[#This Row],[SalesOrderLineUnitOfMeasure]],2,2)),0)","v":8},{"$f":"IFERROR(IF(Tabla_Consulta_desde_QuickBooks_Data_64_Bit_QRemote[[#This Row],[SalesOrderLineUnitOfMeasure]]=\"un\",Tabla_Consulta_desde_QuickBooks_Data_64_Bit_QRemote[[#This Row],[SalesOrderLineInvoiced]],Tabla_Consulta_desde_QuickBooks_Data_64_Bit_QRemote[[#This Row],[SalesOrderLineInvoiced]]/MID(Tabla_Consulta_desde_QuickBooks_Data_64_Bit_QRemote[[#This Row],[SalesOrderLineUnitOfMeasure]],2,2)),0)","v":8},{"$f":"+Tabla_Consulta_desde_QuickBooks_Data_64_Bit_QRemote[[#This Row],[facturado]]-Tabla_Consulta_desde_QuickBooks_Data_64_Bit_QRemote[[#This Row],[pide]]","v":0},{"$f":"IF(Tabla_Consulta_desde_QuickBooks_Data_64_Bit_QRemote[[#This Row],[diferecia]]=0,\"ok\",\"diferen\")","v":"ok"},{"$f":"IFERROR(INDEX(um!A:C,MATCH(Tabla_Consulta_desde_QuickBooks_Data_64_Bit_QRemote[[#This Row],[SalesOrderLineItemRefFullName]],um!A:A,0),3),\"\")","v":"X12"},{"$f":"IFERROR(IF(OR(Tabla_Consulta_desde_QuickBooks_Data_64_Bit_QRemote[[#This Row],[SalesOrderLineUnitOfMeasure]]=\"UN\",Tabla_Consulta_desde_QuickBooks_Data_64_Bit_QRemote[[#This Row],[SalesOrderLineUnitOfMeasure]]=Tabla_Consulta_desde_QuickBooks_Data_64_Bit_QRemote[[#This Row],[U/M]]),\"\",\"ERROR\"),\"\")","v":""},{"$f":"+WEEKNUM(Tabla_Consulta_desde_QuickBooks_Data_64_Bit_QRemote[[#This Row],[TxnDate]])","v":23},{"$f":"+Tabla_Consulta_desde_QuickBooks_Data_64_Bit_QRemote[[#This Row],[SalesOrderLineRate]]*Tabla_Consulta_desde_QuickBooks_Data_64_Bit_QRemote[[#This Row],[SalesOrderLineInvoiced]]","v":141.12},{"$f":"+IFERROR(IF(Tabla_Consulta_desde_QuickBooks_Data_64_Bit_QRemote[[#This Row],[CustomerRefFullName]]=\"GRUVALCORP SA\",VLOOKUP(Tabla_Consulta_desde_QuickBooks_Data_64_Bit_QRemote[[#This Row],[SalesOrderLineItemRefFullName]],Hoja1!A:E,5,FALSE),\"\")*-Tabla_Consulta_desde_QuickBooks_Data_64_Bit_QRemote[[#This Row],[SalesOrderLineAmount]],\"\")","v":""},{"$f":"IF(COUNTIF(wms!E:E,Tabla_Consulta_desde_QuickBooks_Data_64_Bit_QRemote[[#This Row],[RefNumber]])>0,\"OK\",\"FALTA\")","v":"OK"}]
["2025-06-02","28999","PRODUCTOS OLE DEL ECUADOR PRODUCTOSOLE C","ID – Lanzamiento de Producto – Jefferson",3,"7862112523289","PT:221008","CHEDARITOS OLE 90G","Bodega Producto Terminado",90,"X10",0.56999999999999995,51.3,"UNIDAD SNCKS",90,345.18,396.96,"IVA EN VENTAS 15%",{"$f":"IFERROR(IF(Tabla_Consulta_desde_QuickBooks_Data_64_Bit_QRemote[[#This Row],[SalesOrderLineUnitOfMeasure]]=\"un\",Tabla_Consulta_desde_QuickBooks_Data_64_Bit_QRemote[[#This Row],[SalesOrderLineQuantity]],Tabla_Consulta_desde_QuickBooks_Data_64_Bit_QRemote[[#This Row],[SalesOrderLineQuantity]]/MID(Tabla_Consulta_desde_QuickBooks_Data_64_Bit_QRemote[[#This Row],[SalesOrderLineUnitOfMeasure]],2,2)),0)","v":9},{"$f":"IFERROR(IF(Tabla_Consulta_desde_QuickBooks_Data_64_Bit_QRemote[[#This Row],[SalesOrderLineUnitOfMeasure]]=\"un\",Tabla_Consulta_desde_QuickBooks_Data_64_Bit_QRemote[[#This Row],[SalesOrderLineInvoiced]],Tabla_Consulta_desde_QuickBooks_Data_64_Bit_QRemote[[#This Row],[SalesOrderLineInvoiced]]/MID(Tabla_Consulta_desde_QuickBooks_Data_64_Bit_QRemote[[#This Row],[SalesOrderLineUnitOfMeasure]],2,2)),0)","v":9},{"$f":"+Tabla_Consulta_desde_QuickBooks_Data_64_Bit_QRemote[[#This Row],[facturado]]-Tabla_Consulta_desde_QuickBooks_Data_64_Bit_QRemote[[#This Row],[pide]]","v":0},{"$f":"IF(Tabla_Consulta_desde_QuickBooks_Data_64_Bit_QRemote[[#This Row],[diferecia]]=0,\"ok\",\"diferen\")","v":"ok"},{"$f":"IFERROR(INDEX(um!A:C,MATCH(Tabla_Consulta_desde_QuickBooks_Data_64_Bit_QRemote[[#This Row],[SalesOrderLineItemRefFullName]],um!A:A,0),3),\"\")","v":"X10"},{"$f":"IFERROR(IF(OR(Tabla_Consulta_desde_QuickBooks_Data_64_Bit_QRemote[[#This Row],[SalesOrderLineUnitOfMeasure]]=\"UN\",Tabla_Consulta_desde_QuickBooks_Data_64_Bit_QRemote[[#This Row],[SalesOrderLineUnitOfMeasure]]=Tabla_Consulta_desde_QuickBooks_Data_64_Bit_QRemote[[#This Row],[U/M]]),\"\",\"ERROR\"),\"\")","v":""},{"$f":"+WEEKNUM(Tabla_Consulta_desde_QuickBooks_Data_64_Bit_QRemote[[#This Row],[TxnDate]])","v":23},{"$f":"+Tabla_Consulta_desde_QuickBooks_Data_64_Bit_QRemote[[#This Row],[SalesOrderLineRate]]*Tabla_Consulta_desde_QuickBooks_Data_64_Bit_QRemote[[#This Row],[SalesOrderLineInvoiced]]","v":51.3},{"$f":"+IFERROR(IF(Tabla_Consulta_desde_QuickBooks_Data_64_Bit_QRemote[[#This Row],[CustomerRefFullName]]=\"GRUVALCORP SA\",VLOOKUP(Tabla_Consulta_desde_QuickBooks_Data_64_Bit_QRemote[[#This Row],[SalesOrderLineItemRefFullName]],Hoja1!A:E,5,FALSE),\"\")*-Tabla_Consulta_desde_QuickBooks_Data_64_Bit_QRemote[[#This Row],[SalesOrderLineAmount]],\"\")","v":""},{"$f":"IF(COUNTIF(wms!E:E,Tabla_Consulta_desde_QuickBooks_Data_64_Bit_QRemote[[#This Row],[RefNumber]])>0,\"OK\",\"FALTA\")","v":"OK"}]
["2025-06-02","28999","PRODUCTOS OLE DEL ECUADOR PRODUCTOSOLE C","ID – Lanzamiento de Producto – Jefferson",4,"7862112523265","PT:220143","TOTOPOS NATURAL MINI OLE 45G","Bodega Producto Terminado",90,"X30",0.23,20.7,"UNIDAD SNCKS",90,345.18,396.96,"IVA EN VENTAS 15%",{"$f":"IFERROR(IF(Tabla_Consulta_desde_QuickBooks_Data_64_Bit_QRemote[[#This Row],[SalesOrderLineUnitOfMeasure]]=\"un\",Tabla_Consulta_desde_QuickBooks_Data_64_Bit_QRemote[[#This Row],[SalesOrderLineQuantity]],Tabla_Consulta_desde_QuickBooks_Data_64_Bit_QRemote[[#This Row],[SalesOrderLineQuantity]]/MID(Tabla_Consulta_desde_QuickBooks_Data_64_Bit_QRemote[[#This Row],[SalesOrderLineUnitOfMeasure]],2,2)),0)","v":3},{"$f":"IFERROR(IF(Tabla_Consulta_desde_QuickBooks_Data_64_Bit_QRemote[[#This Row],[SalesOrderLineUnitOfMeasure]]=\"un\",Tabla_Consulta_desde_QuickBooks_Data_64_Bit_QRemote[[#This Row],[SalesOrderLineInvoiced]],Tabla_Consulta_desde_QuickBooks_Data_64_Bit_QRemote[[#This Row],[SalesOrderLineInvoiced]]/MID(Tabla_Consulta_desde_QuickBooks_Data_64_Bit_QRemote[[#This Row],[SalesOrderLineUnitOfMeasure]],2,2)),0)","v":3},{"$f":"+Tabla_Consulta_desde_QuickBooks_Data_64_Bit_QRemote[[#This Row],[facturado]]-Tabla_Consulta_desde_QuickBooks_Data_64_Bit_QRemote[[#This Row],[pide]]","v":0},{"$f":"IF(Tabla_Consulta_desde_QuickBooks_Data_64_Bit_QRemote[[#This Row],[diferecia]]=0,\"ok\",\"diferen\")","v":"ok"},{"$f":"IFERROR(INDEX(um!A:C,MATCH(Tabla_Consulta_desde_QuickBooks_Data_64_Bit_QRemote[[#This Row],[SalesOrderLineItemRefFullName]],um!A:A,0),3),\"\")","v":"X30"},{"$f":"IFERROR(IF(OR(Tabla_Consulta_desde_QuickBooks_Data_64_Bit_QRemote[[#This Row],[SalesOrderLineUnitOfMeasure]]=\"UN\",Tabla_Consulta_desde_QuickBooks_Data_64_Bit_QRemote[[#This Row],[SalesOrderLineUnitOfMeasure]]=Tabla_Consulta_desde_QuickBooks_Data_64_Bit_QRemote[[#This Row],[U/M]]),\"\",\"ERROR\"),\"\")","v":""},{"$f":"+WEEKNUM(Tabla_Consulta_desde_QuickBooks_Data_64_Bit_QRemote[[#This Row],[TxnDate]])","v":23},{"$f":"+Tabla_Consulta_desde_QuickBooks_Data_64_Bit_QRemote[[#This Row],[SalesOrderLineRate]]*Tabla_Consulta_desde_QuickBooks_Data_64_Bit_QRemote[[#This Row],[SalesOrderLineInvoiced]]","v":20.7},{"$f":"+IFERROR(IF(Tabla_Consulta_desde_QuickBooks_Data_64_Bit_QRemote[[#This Row],[CustomerRefFullName]]=\"GRUVALCORP SA\",VLOOKUP(Tabla_Consulta_desde_QuickBooks_Data_64_Bit_QRemote[[#This Row],[SalesOrderLineItemRefFullName]],Hoja1!A:E,5,FALSE),\"\")*-Tabla_Consulta_desde_QuickBooks_Data_64_Bit_QRemote[[#This Row],[SalesOrderLineAmount]],\"\")","v":""},{"$f":"IF(COUNTIF(wms!E:E,Tabla_Consulta_desde_QuickBooks_Data_64_Bit_QRemote[[#This Row],[RefNumber]])>0,\"OK\",\"FALTA\")","v":"OK"}]
["2025-06-02","28999","PRODUCTOS OLE DEL ECUADOR PRODUCTOSOLE C","ID – Lanzamiento de Producto – Jefferson",5,"7862112523258","PT:220142","TOTOPOS SABOR GUACAMOLE OLE 45G","Producto CF",90,"X30",0.23,20.7,"UNIDAD SNCKS",90,345.18,396.96,"IVA EN VENTAS 15%",{"$f":"IFERROR(IF(Tabla_Consulta_desde_QuickBooks_Data_64_Bit_QRemote[[#This Row],[SalesOrderLineUnitOfMeasure]]=\"un\",Tabla_Consulta_desde_QuickBooks_Data_64_Bit_QRemote[[#This Row],[SalesOrderLineQuantity]],Tabla_Consulta_desde_QuickBooks_Data_64_Bit_QRemote[[#This Row],[SalesOrderLineQuantity]]/MID(Tabla_Consulta_desde_QuickBooks_Data_64_Bit_QRemote[[#This Row],[SalesOrderLineUnitOfMeasure]],2,2)),0)","v":3},{"$f":"IFERROR(IF(Tabla_Consulta_desde_QuickBooks_Data_64_Bit_QRemote[[#This Row],[SalesOrderLineUnitOfMeasure]]=\"un\",Tabla_Consulta_desde_QuickBooks_Data_64_Bit_QRemote[[#This Row],[SalesOrderLineInvoiced]],Tabla_Consulta_desde_QuickBooks_Data_64_Bit_QRemote[[#This Row],[SalesOrderLineInvoiced]]/MID(Tabla_Consulta_desde_QuickBooks_Data_64_Bit_QRemote[[#This Row],[SalesOrderLineUnitOfMeasure]],2,2)),0)","v":3},{"$f":"+Tabla_Consulta_desde_QuickBooks_Data_64_Bit_QRemote[[#This Row],[facturado]]-Tabla_Consulta_desde_QuickBooks_Data_64_Bit_QRemote[[#This Row],[pide]]","v":0},{"$f":"IF(Tabla_Consulta_desde_QuickBooks_Data_64_Bit_QRemote[[#This Row],[diferecia]]=0,\"ok\",\"diferen\")","v":"ok"},{"$f":"IFERROR(INDEX(um!A:C,MATCH(Tabla_Consulta_desde_QuickBooks_Data_64_Bit_QRemote[[#This Row],[SalesOrderLineItemRefFullName]],um!A:A,0),3),\"\")","v":"X30"},{"$f":"IFERROR(IF(OR(Tabla_Consulta_desde_QuickBooks_Data_64_Bit_QRemote[[#This Row],[SalesOrderLineUnitOfMeasure]]=\"UN\",Tabla_Consulta_desde_QuickBooks_Data_64_Bit_QRemote[[#This Row],[SalesOrderLineUnitOfMeasure]]=Tabla_Consulta_desde_QuickBooks_Data_64_Bit_QRemote[[#This Row],[U/M]]),\"\",\"ERROR\"),\"\")","v":""},{"$f":"+WEEKNUM(Tabla_Consulta_desde_QuickBooks_Data_64_Bit_QRemote[[#This Row],[TxnDate]])","v":23},{"$f":"+Tabla_Consulta_desde_QuickBooks_Data_64_Bit_QRemote[[#This Row],[SalesOrderLineRate]]*Tabla_Consulta_desde_QuickBooks_Data_64_Bit_QRemote[[#This Row],[SalesOrderLineInvoiced]]","v":20.7},{"$f":"+IFERROR(IF(Tabla_Consulta_desde_QuickBooks_Data_64_Bit_QRemote[[#This Row],[CustomerRefFullName]]=\"GRUVALCORP SA\",VLOOKUP(Tabla_Consulta_desde_QuickBooks_Data_64_Bit_QRemote[[#This Row],[SalesOrderLineItemRefFullName]],Hoja1!A:E,5,FALSE),\"\")*-Tabla_Consulta_desde_QuickBooks_Data_64_Bit_QRemote[[#This Row],[SalesOrderLineAmount]],\"\")","v":""},{"$f":"IF(COUNTIF(wms!E:E,Tabla_Consulta_desde_QuickBooks_Data_64_Bit_QRemote[[#This Row],[RefNumber]])>0,\"OK\",\"FALTA\")","v":"OK"}]
["2025-06-02","28999","PRODUCTOS OLE DEL ECUADOR PRODUCTOSOLE C","ID – Lanzamiento de Producto – Jefferson",6,null,"INFOADICIONAL","ID – Lanzamiento de Producto – Jefferson",null,null,null,0,0,null,1,345.18,396.96,"IVA EN VENTAS 15%",{"$f":"IFERROR(IF(Tabla_Consulta_desde_QuickBooks_Data_64_Bit_QRemote[[#This Row],[SalesOrderLineUnitOfMeasure]]=\"un\",Tabla_Consulta_desde_QuickBooks_Data_64_Bit_QRemote[[#This Row],[SalesOrderLineQuantity]],Tabla_Consulta_desde_QuickBooks_Data_64_Bit_QRemote[[#This Row],[SalesOrderLineQuantity]]/MID(Tabla_Consulta_desde_QuickBooks_Data_64_Bit_QRemote[[#This Row],[SalesOrderLineUnitOfMeasure]],2,2)),0)","v":0},{"$f":"IFERROR(IF(Tabla_Consulta_desde_QuickBooks_Data_64_Bit_QRemote[[#This Row],[SalesOrderLineUnitOfMeasure]]=\"un\",Tabla_Consulta_desde_QuickBooks_Data_64_Bit_QRemote[[#This Row],[SalesOrderLineInvoiced]],Tabla_Consulta_desde_QuickBooks_Data_64_Bit_QRemote[[#This Row],[SalesOrderLineInvoiced]]/MID(Tabla_Consulta_desde_QuickBooks_Data_64_Bit_QRemote[[#This Row],[SalesOrderLineUnitOfMeasure]],2,2)),0)","v":0},{"$f":"+Tabla_Consulta_desde_QuickBooks_Data_64_Bit_QRemote[[#This Row],[facturado]]-Tabla_Consulta_desde_QuickBooks_Data_64_Bit_QRemote[[#This Row],[pide]]","v":0},{"$f":"IF(Tabla_Consulta_desde_QuickBooks_Data_64_Bit_QRemote[[#This Row],[diferecia]]=0,\"ok\",\"diferen\")","v":"ok"},{"$f":"IFERROR(INDEX(um!A:C,MATCH(Tabla_Consulta_desde_QuickBooks_Data_64_Bit_QRemote[[#This Row],[SalesOrderLineItemRefFullName]],um!A:A,0),3),\"\")","v":""},{"$f":"IFERROR(IF(OR(Tabla_Consulta_desde_QuickBooks_Data_64_Bit_QRemote[[#This Row],[SalesOrderLineUnitOfMeasure]]=\"UN\",Tabla_Consulta_desde_QuickBooks_Data_64_Bit_QRemote[[#This Row],[SalesOrderLineUnitOfMeasure]]=Tabla_Consulta_desde_QuickBooks_Data_64_Bit_QRemote[[#This Row],[U/M]]),\"\",\"ERROR\"),\"\")","v":""},{"$f":"+WEEKNUM(Tabla_Consulta_desde_QuickBooks_Data_64_Bit_QRemote[[#This Row],[TxnDate]])","v":23},{"$f":"+Tabla_Consulta_desde_QuickBooks_Data_64_Bit_QRemote[[#This Row],[SalesOrderLineRate]]*Tabla_Consulta_desde_QuickBooks_Data_64_Bit_QRemote[[#This Row],[SalesOrderLineInvoiced]]","v":0},{"$f":"+IFERROR(IF(Tabla_Consulta_desde_QuickBooks_Data_64_Bit_QRemote[[#This Row],[CustomerRefFullName]]=\"GRUVALCORP SA\",VLOOKUP(Tabla_Consulta_desde_QuickBooks_Data_64_Bit_QRemote[[#This Row],[SalesOrderLineItemRefFullName]],Hoja1!A:E,5,FALSE),\"\")*-Tabla_Consulta_desde_QuickBooks_Data_64_Bit_QRemote[[#This Row],[SalesOrderLineAmount]],\"\")","v":""},{"$f":"IF(COUNTIF(wms!E:E,Tabla_Consulta_desde_QuickBooks_Data_64_Bit_QRemote[[#This Row],[RefNumber]])>0,\"OK\",\"FALTA\")","v":"OK"}]
["2025-06-02","29038","ZAMBRANO ZAMBRANO CLEYTON ELIECER","RETIRA TRANSPORTES CARREÑO",1,"705424000116","P.T:110207","AJÍ CON MARACUYA OLE 185G","Bodega Producto Terminado",72,"X24",1.48,106.56,"UNIDAD SALSA",72,833.4,958.41,"IVA EN VENTAS 15%",{"$f":"IFERROR(IF(Tabla_Consulta_desde_QuickBooks_Data_64_Bit_QRemote[[#This Row],[SalesOrderLineUnitOfMeasure]]=\"un\",Tabla_Consulta_desde_QuickBooks_Data_64_Bit_QRemote[[#This Row],[SalesOrderLineQuantity]],Tabla_Consulta_desde_QuickBooks_Data_64_Bit_QRemote[[#This Row],[SalesOrderLineQuantity]]/MID(Tabla_Consulta_desde_QuickBooks_Data_64_Bit_QRemote[[#This Row],[SalesOrderLineUnitOfMeasure]],2,2)),0)","v":3},{"$f":"IFERROR(IF(Tabla_Consulta_desde_QuickBooks_Data_64_Bit_QRemote[[#This Row],[SalesOrderLineUnitOfMeasure]]=\"un\",Tabla_Consulta_desde_QuickBooks_Data_64_Bit_QRemote[[#This Row],[SalesOrderLineInvoiced]],Tabla_Consulta_desde_QuickBooks_Data_64_Bit_QRemote[[#This Row],[SalesOrderLineInvoiced]]/MID(Tabla_Consulta_desde_QuickBooks_Data_64_Bit_QRemote[[#This Row],[SalesOrderLineUnitOfMeasure]],2,2)),0)","v":3},{"$f":"+Tabla_Consulta_desde_QuickBooks_Data_64_Bit_QRemote[[#This Row],[facturado]]-Tabla_Consulta_desde_QuickBooks_Data_64_Bit_QRemote[[#This Row],[pide]]","v":0},{"$f":"IF(Tabla_Consulta_desde_QuickBooks_Data_64_Bit_QRemote[[#This Row],[diferecia]]=0,\"ok\",\"diferen\")","v":"ok"},{"$f":"IFERROR(INDEX(um!A:C,MATCH(Tabla_Consulta_desde_QuickBooks_Data_64_Bit_QRemote[[#This Row],[SalesOrderLineItemRefFullName]],um!A:A,0),3),\"\")","v":"X24"},{"$f":"IFERROR(IF(OR(Tabla_Consulta_desde_QuickBooks_Data_64_Bit_QRemote[[#This Row],[SalesOrderLineUnitOfMeasure]]=\"UN\",Tabla_Consulta_desde_QuickBooks_Data_64_Bit_QRemote[[#This Row],[SalesOrderLineUnitOfMeasure]]=Tabla_Consulta_desde_QuickBooks_Data_64_Bit_QRemote[[#This Row],[U/M]]),\"\",\"ERROR\"),\"\")","v":""},{"$f":"+WEEKNUM(Tabla_Consulta_desde_QuickBooks_Data_64_Bit_QRemote[[#This Row],[TxnDate]])","v":23},{"$f":"+Tabla_Consulta_desde_QuickBooks_Data_64_Bit_QRemote[[#This Row],[SalesOrderLineRate]]*Tabla_Consulta_desde_QuickBooks_Data_64_Bit_QRemote[[#This Row],[SalesOrderLineInvoiced]]","v":106.56},{"$f":"+IFERROR(IF(Tabla_Consulta_desde_QuickBooks_Data_64_Bit_QRemote[[#This Row],[CustomerRefFullName]]=\"GRUVALCORP SA\",VLOOKUP(Tabla_Consulta_desde_QuickBooks_Data_64_Bit_QRemote[[#This Row],[SalesOrderLineItemRefFullName]],Hoja1!A:E,5,FALSE),\"\")*-Tabla_Consulta_desde_QuickBooks_Data_64_Bit_QRemote[[#This Row],[SalesOrderLineAmount]],\"\")","v":""},{"$f":"IF(COUNTIF(wms!E:E,Tabla_Consulta_desde_QuickBooks_Data_64_Bit_QRemote[[#This Row],[RefNumber]])>0,\"OK\",\"FALTA\")","v":"OK"}]
["2025-06-02","29038","ZAMBRANO ZAMBRANO CLEYTON ELIECER","RETIRA TRANSPORTES CARREÑO",2,"705424000147","P.T:110209","AJÍ CON TOMATE DE ÁRBOL OLE 180G","Bodega Producto Terminado",48,"X24",1.48,71.040000000000006,"UNIDAD SALSA",48,833.4,958.41,"IVA EN VENTAS 15%",{"$f":"IFERROR(IF(Tabla_Consulta_desde_QuickBooks_Data_64_Bit_QRemote[[#This Row],[SalesOrderLineUnitOfMeasure]]=\"un\",Tabla_Consulta_desde_QuickBooks_Data_64_Bit_QRemote[[#This Row],[SalesOrderLineQuantity]],Tabla_Consulta_desde_QuickBooks_Data_64_Bit_QRemote[[#This Row],[SalesOrderLineQuantity]]/MID(Tabla_Consulta_desde_QuickBooks_Data_64_Bit_QRemote[[#This Row],[SalesOrderLineUnitOfMeasure]],2,2)),0)","v":2},{"$f":"IFERROR(IF(Tabla_Consulta_desde_QuickBooks_Data_64_Bit_QRemote[[#This Row],[SalesOrderLineUnitOfMeasure]]=\"un\",Tabla_Consulta_desde_QuickBooks_Data_64_Bit_QRemote[[#This Row],[SalesOrderLineInvoiced]],Tabla_Consulta_desde_QuickBooks_Data_64_Bit_QRemote[[#This Row],[SalesOrderLineInvoiced]]/MID(Tabla_Consulta_desde_QuickBooks_Data_64_Bit_QRemote[[#This Row],[SalesOrderLineUnitOfMeasure]],2,2)),0)","v":2},{"$f":"+Tabla_Consulta_desde_QuickBooks_Data_64_Bit_QRemote[[#This Row],[facturado]]-Tabla_Consulta_desde_QuickBooks_Data_64_Bit_QRemote[[#This Row],[pide]]","v":0},{"$f":"IF(Tabla_Consulta_desde_QuickBooks_Data_64_Bit_QRemote[[#This Row],[diferecia]]=0,\"ok\",\"diferen\")","v":"ok"},{"$f":"IFERROR(INDEX(um!A:C,MATCH(Tabla_Consulta_desde_QuickBooks_Data_64_Bit_QRemote[[#This Row],[SalesOrderLineItemRefFullName]],um!A:A,0),3),\"\")","v":"X24"},{"$f":"IFERROR(IF(OR(Tabla_Consulta_desde_QuickBooks_Data_64_Bit_QRemote[[#This Row],[SalesOrderLineUnitOfMeasure]]=\"UN\",Tabla_Consulta_desde_QuickBooks_Data_64_Bit_QRemote[[#This Row],[SalesOrderLineUnitOfMeasure]]=Tabla_Consulta_desde_QuickBooks_Data_64_Bit_QRemote[[#This Row],[U/M]]),\"\",\"ERROR\"),\"\")","v":""},{"$f":"+WEEKNUM(Tabla_Consulta_desde_QuickBooks_Data_64_Bit_QRemote[[#This Row],[TxnDate]])","v":23},{"$f":"+Tabla_Consulta_desde_QuickBooks_Data_64_Bit_QRemote[[#This Row],[SalesOrderLineRate]]*Tabla_Consulta_desde_QuickBooks_Data_64_Bit_QRemote[[#This Row],[SalesOrderLineInvoiced]]","v":71.039999999999992},{"$f":"+IFERROR(IF(Tabla_Consulta_desde_QuickBooks_Data_64_Bit_QRemote[[#This Row],[CustomerRefFullName]]=\"GRUVALCORP SA\",VLOOKUP(Tabla_Consulta_desde_QuickBooks_Data_64_Bit_QRemote[[#This Row],[SalesOrderLineItemRefFullName]],Hoja1!A:E,5,FALSE),\"\")*-Tabla_Consulta_desde_QuickBooks_Data_64_Bit_QRemote[[#This Row],[SalesOrderLineAmount]],\"\")","v":""},{"$f":"IF(COUNTIF(wms!E:E,Tabla_Consulta_desde_QuickBooks_Data_64_Bit_QRemote[[#This Row],[RefNumber]])>0,\"OK\",\"FALTA\")","v":"OK"}]
["2025-06-02","29038","ZAMBRANO ZAMBRANO CLEYTON ELIECER","RETIRA TRANSPORTES CARREÑO",3,"7862112521599","P.T:110214","SALSA AJÍ MANABA OLE 300G","Bodega Producto Terminado",12,"X12",2.1800000000000002,26.16,"UNIDAD SALSA",12,833.4,958.41,"IVA EN VENTAS 15%",{"$f":"IFERROR(IF(Tabla_Consulta_desde_QuickBooks_Data_64_Bit_QRemote[[#This Row],[SalesOrderLineUnitOfMeasure]]=\"un\",Tabla_Consulta_desde_QuickBooks_Data_64_Bit_QRemote[[#This Row],[SalesOrderLineQuantity]],Tabla_Consulta_desde_QuickBooks_Data_64_Bit_QRemote[[#This Row],[SalesOrderLineQuantity]]/MID(Tabla_Consulta_desde_QuickBooks_Data_64_Bit_QRemote[[#This Row],[SalesOrderLineUnitOfMeasure]],2,2)),0)","v":1},{"$f":"IFERROR(IF(Tabla_Consulta_desde_QuickBooks_Data_64_Bit_QRemote[[#This Row],[SalesOrderLineUnitOfMeasure]]=\"un\",Tabla_Consulta_desde_QuickBooks_Data_64_Bit_QRemote[[#This Row],[SalesOrderLineInvoiced]],Tabla_Consulta_desde_QuickBooks_Data_64_Bit_QRemote[[#This Row],[SalesOrderLineInvoiced]]/MID(Tabla_Consulta_desde_QuickBooks_Data_64_Bit_QRemote[[#This Row],[SalesOrderLineUnitOfMeasure]],2,2)),0)","v":1},{"$f":"+Tabla_Consulta_desde_QuickBooks_Data_64_Bit_QRemote[[#This Row],[facturado]]-Tabla_Consulta_desde_QuickBooks_Data_64_Bit_QRemote[[#This Row],[pide]]","v":0},{"$f":"IF(Tabla_Consulta_desde_QuickBooks_Data_64_Bit_QRemote[[#This Row],[diferecia]]=0,\"ok\",\"diferen\")","v":"ok"},{"$f":"IFERROR(INDEX(um!A:C,MATCH(Tabla_Consulta_desde_QuickBooks_Data_64_Bit_QRemote[[#This Row],[SalesOrderLineItemRefFullName]],um!A:A,0),3),\"\")","v":"X12"},{"$f":"IFERROR(IF(OR(Tabla_Consulta_desde_QuickBooks_Data_64_Bit_QRemote[[#This Row],[SalesOrderLineUnitOfMeasure]]=\"UN\",Tabla_Consulta_desde_QuickBooks_Data_64_Bit_QRemote[[#This Row],[SalesOrderLineUnitOfMeasure]]=Tabla_Consulta_desde_QuickBooks_Data_64_Bit_QRemote[[#This Row],[U/M]]),\"\",\"ERROR\"),\"\")","v":""},{"$f":"+WEEKNUM(Tabla_Consulta_desde_QuickBooks_Data_64_Bit_QRemote[[#This Row],[TxnDate]])","v":23},{"$f":"+Tabla_Consulta_desde_QuickBooks_Data_64_Bit_QRemote[[#This Row],[SalesOrderLineRate]]*Tabla_Consulta_desde_QuickBooks_Data_64_Bit_QRemote[[#This Row],[SalesOrderLineInvoiced]]","v":26.160000000000004},{"$f":"+IFERROR(IF(Tabla_Consulta_desde_QuickBooks_Data_64_Bit_QRemote[[#This Row],[CustomerRefFullName]]=\"GRUVALCORP SA\",VLOOKUP(Tabla_Consulta_desde_QuickBooks_Data_64_Bit_QRemote[[#This Row],[SalesOrderLineItemRefFullName]],Hoja1!A:E,5,FALSE),\"\")*-Tabla_Consulta_desde_QuickBooks_Data_64_Bit_QRemote[[#This Row],[SalesOrderLineAmount]],\"\")","v":""},{"$f":"IF(COUNTIF(wms!E:E,Tabla_Consulta_desde_QuickBooks_Data_64_Bit_QRemote[[#This Row],[RefNumber]])>0,\"OK\",\"FALTA\")","v":"OK"}]
["2025-06-02","29038","ZAMBRANO ZAMBRANO CLEYTON ELIECER","RETIRA TRANSPORTES CARREÑO",4,"7862112521544","P.T:110224","SALSA SRIRACHA PICANTE OLE 285G","Bodega Producto Terminado",12,"X12",2.87,34.44,"UNIDAD SALSA",12,833.4,958.41,"IVA EN VENTAS 15%",{"$f":"IFERROR(IF(Tabla_Consulta_desde_QuickBooks_Data_64_Bit_QRemote[[#This Row],[SalesOrderLineUnitOfMeasure]]=\"un\",Tabla_Consulta_desde_QuickBooks_Data_64_Bit_QRemote[[#This Row],[SalesOrderLineQuantity]],Tabla_Consulta_desde_QuickBooks_Data_64_Bit_QRemote[[#This Row],[SalesOrderLineQuantity]]/MID(Tabla_Consulta_desde_QuickBooks_Data_64_Bit_QRemote[[#This Row],[SalesOrderLineUnitOfMeasure]],2,2)),0)","v":1},{"$f":"IFERROR(IF(Tabla_Consulta_desde_QuickBooks_Data_64_Bit_QRemote[[#This Row],[SalesOrderLineUnitOfMeasure]]=\"un\",Tabla_Consulta_desde_QuickBooks_Data_64_Bit_QRemote[[#This Row],[SalesOrderLineInvoiced]],Tabla_Consulta_desde_QuickBooks_Data_64_Bit_QRemote[[#This Row],[SalesOrderLineInvoiced]]/MID(Tabla_Consulta_desde_QuickBooks_Data_64_Bit_QRemote[[#This Row],[SalesOrderLineUnitOfMeasure]],2,2)),0)","v":1},{"$f":"+Tabla_Consulta_desde_QuickBooks_Data_64_Bit_QRemote[[#This Row],[facturado]]-Tabla_Consulta_desde_QuickBooks_Data_64_Bit_QRemote[[#This Row],[pide]]","v":0},{"$f":"IF(Tabla_Consulta_desde_QuickBooks_Data_64_Bit_QRemote[[#This Row],[diferecia]]=0,\"ok\",\"diferen\")","v":"ok"},{"$f":"IFERROR(INDEX(um!A:C,MATCH(Tabla_Consulta_desde_QuickBooks_Data_64_Bit_QRemote[[#This Row],[SalesOrderLineItemRefFullName]],um!A:A,0),3),\"\")","v":"X12"},{"$f":"IFERROR(IF(OR(Tabla_Consulta_desde_QuickBooks_Data_64_Bit_QRemote[[#This Row],[SalesOrderLineUnitOfMeasure]]=\"UN\",Tabla_Consulta_desde_QuickBooks_Data_64_Bit_QRemote[[#This Row],[SalesOrderLineUnitOfMeasure]]=Tabla_Consulta_desde_QuickBooks_Data_64_Bit_QRemote[[#This Row],[U/M]]),\"\",\"ERROR\"),\"\")","v":""},{"$f":"+WEEKNUM(Tabla_Consulta_desde_QuickBooks_Data_64_Bit_QRemote[[#This Row],[TxnDate]])","v":23},{"$f":"+Tabla_Consulta_desde_QuickBooks_Data_64_Bit_QRemote[[#This Row],[SalesOrderLineRate]]*Tabla_Consulta_desde_QuickBooks_Data_64_Bit_QRemote[[#This Row],[SalesOrderLineInvoiced]]","v":34.44},{"$f":"+IFERROR(IF(Tabla_Consulta_desde_QuickBooks_Data_64_Bit_QRemote[[#This Row],[CustomerRefFullName]]=\"GRUVALCORP SA\",VLOOKUP(Tabla_Consulta_desde_QuickBooks_Data_64_Bit_QRemote[[#This Row],[SalesOrderLineItemRefFullName]],Hoja1!A:E,5,FALSE),\"\")*-Tabla_Consulta_desde_QuickBooks_Data_64_Bit_QRemote[[#This Row],[SalesOrderLineAmount]],\"\")","v":""},{"$f":"IF(COUNTIF(wms!E:E,Tabla_Consulta_desde_QuickBooks_Data_64_Bit_QRemote[[#This Row],[RefNumber]])>0,\"OK\",\"FALTA\")","v":"OK"}]
["2025-06-02","29038","ZAMBRANO ZAMBRANO CLEYTON ELIECER","RETIRA TRANSPORTES CARREÑO",5,"7862112522244","P.T:110736","TERIYAKI SALSA ASIATICA OLE 300G","Bodega Producto Terminado",12,"X12",2.15,25.8,"UNIDAD SALSA",12,833.4,958.41,"IVA EN VENTAS 15%",{"$f":"IFERROR(IF(Tabla_Consulta_desde_QuickBooks_Data_64_Bit_QRemote[[#This Row],[SalesOrderLineUnitOfMeasure]]=\"un\",Tabla_Consulta_desde_QuickBooks_Data_64_Bit_QRemote[[#This Row],[SalesOrderLineQuantity]],Tabla_Consulta_desde_QuickBooks_Data_64_Bit_QRemote[[#This Row],[SalesOrderLineQuantity]]/MID(Tabla_Consulta_desde_QuickBooks_Data_64_Bit_QRemote[[#This Row],[SalesOrderLineUnitOfMeasure]],2,2)),0)","v":1},{"$f":"IFERROR(IF(Tabla_Consulta_desde_QuickBooks_Data_64_Bit_QRemote[[#This Row],[SalesOrderLineUnitOfMeasure]]=\"un\",Tabla_Consulta_desde_QuickBooks_Data_64_Bit_QRemote[[#This Row],[SalesOrderLineInvoiced]],Tabla_Consulta_desde_QuickBooks_Data_64_Bit_QRemote[[#This Row],[SalesOrderLineInvoiced]]/MID(Tabla_Consulta_desde_QuickBooks_Data_64_Bit_QRemote[[#This Row],[SalesOrderLineUnitOfMeasure]],2,2)),0)","v":1},{"$f":"+Tabla_Consulta_desde_QuickBooks_Data_64_Bit_QRemote[[#This Row],[facturado]]-Tabla_Consulta_desde_QuickBooks_Data_64_Bit_QRemote[[#This Row],[pide]]","v":0},{"$f":"IF(Tabla_Consulta_desde_QuickBooks_Data_64_Bit_QRemote[[#This Row],[diferecia]]=0,\"ok\",\"diferen\")","v":"ok"},{"$f":"IFERROR(INDEX(um!A:C,MATCH(Tabla_Consulta_desde_QuickBooks_Data_64_Bit_QRemote[[#This Row],[SalesOrderLineItemRefFullName]],um!A:A,0),3),\"\")","v":"X12"},{"$f":"IFERROR(IF(OR(Tabla_Consulta_desde_QuickBooks_Data_64_Bit_QRemote[[#This Row],[SalesOrderLineUnitOfMeasure]]=\"UN\",Tabla_Consulta_desde_QuickBooks_Data_64_Bit_QRemote[[#This Row],[SalesOrderLineUnitOfMeasure]]=Tabla_Consulta_desde_QuickBooks_Data_64_Bit_QRemote[[#This Row],[U/M]]),\"\",\"ERROR\"),\"\")","v":""},{"$f":"+WEEKNUM(Tabla_Consulta_desde_QuickBooks_Data_64_Bit_QRemote[[#This Row],[TxnDate]])","v":23},{"$f":"+Tabla_Consulta_desde_QuickBooks_Data_64_Bit_QRemote[[#This Row],[SalesOrderLineRate]]*Tabla_Consulta_desde_QuickBooks_Data_64_Bit_QRemote[[#This Row],[SalesOrderLineInvoiced]]","v":25.799999999999997},{"$f":"+IFERROR(IF(Tabla_Consulta_desde_QuickBooks_Data_64_Bit_QRemote[[#This Row],[CustomerRefFullName]]=\"GRUVALCORP SA\",VLOOKUP(Tabla_Consulta_desde_QuickBooks_Data_64_Bit_QRemote[[#This Row],[SalesOrderLineItemRefFullName]],Hoja1!A:E,5,FALSE),\"\")*-Tabla_Consulta_desde_QuickBooks_Data_64_Bit_QRemote[[#This Row],[SalesOrderLineAmount]],\"\")","v":""},{"$f":"IF(COUNTIF(wms!E:E,Tabla_Consulta_desde_QuickBooks_Data_64_Bit_QRemote[[#This Row],[RefNumber]])>0,\"OK\",\"FALTA\")","v":"OK"}]
["2025-06-02","29038","ZAMBRANO ZAMBRANO CLEYTON ELIECER","RETIRA TRANSPORTES CARREÑO",6,"7862112522527","P.T:110803","SALSA GUACAMOLE ORIGINAL OLE DP 200G","Bodega Producto Terminado",24,"X12",1.6,38.4,"UNIDAD SALSA",24,833.4,958.41,"IVA EN VENTAS 15%",{"$f":"IFERROR(IF(Tabla_Consulta_desde_QuickBooks_Data_64_Bit_QRemote[[#This Row],[SalesOrderLineUnitOfMeasure]]=\"un\",Tabla_Consulta_desde_QuickBooks_Data_64_Bit_QRemote[[#This Row],[SalesOrderLineQuantity]],Tabla_Consulta_desde_QuickBooks_Data_64_Bit_QRemote[[#This Row],[SalesOrderLineQuantity]]/MID(Tabla_Consulta_desde_QuickBooks_Data_64_Bit_QRemote[[#This Row],[SalesOrderLineUnitOfMeasure]],2,2)),0)","v":2},{"$f":"IFERROR(IF(Tabla_Consulta_desde_QuickBooks_Data_64_Bit_QRemote[[#This Row],[SalesOrderLineUnitOfMeasure]]=\"un\",Tabla_Consulta_desde_QuickBooks_Data_64_Bit_QRemote[[#This Row],[SalesOrderLineInvoiced]],Tabla_Consulta_desde_QuickBooks_Data_64_Bit_QRemote[[#This Row],[SalesOrderLineInvoiced]]/MID(Tabla_Consulta_desde_QuickBooks_Data_64_Bit_QRemote[[#This Row],[SalesOrderLineUnitOfMeasure]],2,2)),0)","v":2},{"$f":"+Tabla_Consulta_desde_QuickBooks_Data_64_Bit_QRemote[[#This Row],[facturado]]-Tabla_Consulta_desde_QuickBooks_Data_64_Bit_QRemote[[#This Row],[pide]]","v":0},{"$f":"IF(Tabla_Consulta_desde_QuickBooks_Data_64_Bit_QRemote[[#This Row],[diferecia]]=0,\"ok\",\"diferen\")","v":"ok"},{"$f":"IFERROR(INDEX(um!A:C,MATCH(Tabla_Consulta_desde_QuickBooks_Data_64_Bit_QRemote[[#This Row],[SalesOrderLineItemRefFullName]],um!A:A,0),3),\"\")","v":"X12"},{"$f":"IFERROR(IF(OR(Tabla_Consulta_desde_QuickBooks_Data_64_Bit_QRemote[[#This Row],[SalesOrderLineUnitOfMeasure]]=\"UN\",Tabla_Consulta_desde_QuickBooks_Data_64_Bit_QRemote[[#This Row],[SalesOrderLineUnitOfMeasure]]=Tabla_Consulta_desde_QuickBooks_Data_64_Bit_QRemote[[#This Row],[U/M]]),\"\",\"ERROR\"),\"\")","v":""},{"$f":"+WEEKNUM(Tabla_Consulta_desde_QuickBooks_Data_64_Bit_QRemote[[#This Row],[TxnDate]])","v":23},{"$f":"+Tabla_Consulta_desde_QuickBooks_Data_64_Bit_QRemote[[#This Row],[SalesOrderLineRate]]*Tabla_Consulta_desde_QuickBooks_Data_64_Bit_QRemote[[#This Row],[SalesOrderLineInvoiced]]","v":38.400000000000006},{"$f":"+IFERROR(IF(Tabla_Consulta_desde_QuickBooks_Data_64_Bit_QRemote[[#This Row],[CustomerRefFullName]]=\"GRUVALCORP SA\",VLOOKUP(Tabla_Consulta_desde_QuickBooks_Data_64_Bit_QRemote[[#This Row],[SalesOrderLineItemRefFullName]],Hoja1!A:E,5,FALSE),\"\")*-Tabla_Consulta_desde_QuickBooks_Data_64_Bit_QRemote[[#This Row],[SalesOrderLineAmount]],\"\")","v":""},{"$f":"IF(COUNTIF(wms!E:E,Tabla_Consulta_desde_QuickBooks_Data_64_Bit_QRemote[[#This Row],[RefNumber]])>0,\"OK\",\"FALTA\")","v":"OK"}]
["2025-06-02","29038","ZAMBRANO ZAMBRANO CLEYTON ELIECER","RETIRA TRANSPORTES CARREÑO",7,"7862112522183","P.T:110733","SALSA GUACAMOLE OLE 220G","Bodega Producto Terminado",12,"X12",1.75,21,"UNIDAD SALSA",12,833.4,958.41,"IVA EN VENTAS 15%",{"$f":"IFERROR(IF(Tabla_Consulta_desde_QuickBooks_Data_64_Bit_QRemote[[#This Row],[SalesOrderLineUnitOfMeasure]]=\"un\",Tabla_Consulta_desde_QuickBooks_Data_64_Bit_QRemote[[#This Row],[SalesOrderLineQuantity]],Tabla_Consulta_desde_QuickBooks_Data_64_Bit_QRemote[[#This Row],[SalesOrderLineQuantity]]/MID(Tabla_Consulta_desde_QuickBooks_Data_64_Bit_QRemote[[#This Row],[SalesOrderLineUnitOfMeasure]],2,2)),0)","v":1},{"$f":"IFERROR(IF(Tabla_Consulta_desde_QuickBooks_Data_64_Bit_QRemote[[#This Row],[SalesOrderLineUnitOfMeasure]]=\"un\",Tabla_Consulta_desde_QuickBooks_Data_64_Bit_QRemote[[#This Row],[SalesOrderLineInvoiced]],Tabla_Consulta_desde_QuickBooks_Data_64_Bit_QRemote[[#This Row],[SalesOrderLineInvoiced]]/MID(Tabla_Consulta_desde_QuickBooks_Data_64_Bit_QRemote[[#This Row],[SalesOrderLineUnitOfMeasure]],2,2)),0)","v":1},{"$f":"+Tabla_Consulta_desde_QuickBooks_Data_64_Bit_QRemote[[#This Row],[facturado]]-Tabla_Consulta_desde_QuickBooks_Data_64_Bit_QRemote[[#This Row],[pide]]","v":0},{"$f":"IF(Tabla_Consulta_desde_QuickBooks_Data_64_Bit_QRemote[[#This Row],[diferecia]]=0,\"ok\",\"diferen\")","v":"ok"},{"$f":"IFERROR(INDEX(um!A:C,MATCH(Tabla_Consulta_desde_QuickBooks_Data_64_Bit_QRemote[[#This Row],[SalesOrderLineItemRefFullName]],um!A:A,0),3),\"\")","v":"X12"},{"$f":"IFERROR(IF(OR(Tabla_Consulta_desde_QuickBooks_Data_64_Bit_QRemote[[#This Row],[SalesOrderLineUnitOfMeasure]]=\"UN\",Tabla_Consulta_desde_QuickBooks_Data_64_Bit_QRemote[[#This Row],[SalesOrderLineUnitOfMeasure]]=Tabla_Consulta_desde_QuickBooks_Data_64_Bit_QRemote[[#This Row],[U/M]]),\"\",\"ERROR\"),\"\")","v":""},{"$f":"+WEEKNUM(Tabla_Consulta_desde_QuickBooks_Data_64_Bit_QRemote[[#This Row],[TxnDate]])","v":23},{"$f":"+Tabla_Consulta_desde_QuickBooks_Data_64_Bit_QRemote[[#This Row],[SalesOrderLineRate]]*Tabla_Consulta_desde_QuickBooks_Data_64_Bit_QRemote[[#This Row],[SalesOrderLineInvoiced]]","v":21},{"$f":"+IFERROR(IF(Tabla_Consulta_desde_QuickBooks_Data_64_Bit_QRemote[[#This Row],[CustomerRefFullName]]=\"GRUVALCORP SA\",VLOOKUP(Tabla_Consulta_desde_QuickBooks_Data_64_Bit_QRemote[[#This Row],[SalesOrderLineItemRefFullName]],Hoja1!A:E,5,FALSE),\"\")*-Tabla_Consulta_desde_QuickBooks_Data_64_Bit_QRemote[[#This Row],[SalesOrderLineAmount]],\"\")","v":""},{"$f":"IF(COUNTIF(wms!E:E,Tabla_Consulta_desde_QuickBooks_Data_64_Bit_QRemote[[#This Row],[RefNumber]])>0,\"OK\",\"FALTA\")","v":"OK"}]
["2025-06-02","29038","ZAMBRANO ZAMBRANO CLEYTON ELIECER","RETIRA TRANSPORTES CARREÑO",8,"7862112522787","P.T:311606","SALSA QUESO CHEDDAR OLE 200G","Bodega Producto Terminado",24,"X24",0,0,"UNIDAD SALSA",24,833.4,958.41,"IVA EN VENTAS 15%",{"$f":"IFERROR(IF(Tabla_Consulta_desde_QuickBooks_Data_64_Bit_QRemote[[#This Row],[SalesOrderLineUnitOfMeasure]]=\"un\",Tabla_Consulta_desde_QuickBooks_Data_64_Bit_QRemote[[#This Row],[SalesOrderLineQuantity]],Tabla_Consulta_desde_QuickBooks_Data_64_Bit_QRemote[[#This Row],[SalesOrderLineQuantity]]/MID(Tabla_Consulta_desde_QuickBooks_Data_64_Bit_QRemote[[#This Row],[SalesOrderLineUnitOfMeasure]],2,2)),0)","v":1},{"$f":"IFERROR(IF(Tabla_Consulta_desde_QuickBooks_Data_64_Bit_QRemote[[#This Row],[SalesOrderLineUnitOfMeasure]]=\"un\",Tabla_Consulta_desde_QuickBooks_Data_64_Bit_QRemote[[#This Row],[SalesOrderLineInvoiced]],Tabla_Consulta_desde_QuickBooks_Data_64_Bit_QRemote[[#This Row],[SalesOrderLineInvoiced]]/MID(Tabla_Consulta_desde_QuickBooks_Data_64_Bit_QRemote[[#This Row],[SalesOrderLineUnitOfMeasure]],2,2)),0)","v":1},{"$f":"+Tabla_Consulta_desde_QuickBooks_Data_64_Bit_QRemote[[#This Row],[facturado]]-Tabla_Consulta_desde_QuickBooks_Data_64_Bit_QRemote[[#This Row],[pide]]","v":0},{"$f":"IF(Tabla_Consulta_desde_QuickBooks_Data_64_Bit_QRemote[[#This Row],[diferecia]]=0,\"ok\",\"diferen\")","v":"ok"},{"$f":"IFERROR(INDEX(um!A:C,MATCH(Tabla_Consulta_desde_QuickBooks_Data_64_Bit_QRemote[[#This Row],[SalesOrderLineItemRefFullName]],um!A:A,0),3),\"\")","v":"X24"},{"$f":"IFERROR(IF(OR(Tabla_Consulta_desde_QuickBooks_Data_64_Bit_QRemote[[#This Row],[SalesOrderLineUnitOfMeasure]]=\"UN\",Tabla_Consulta_desde_QuickBooks_Data_64_Bit_QRemote[[#This Row],[SalesOrderLineUnitOfMeasure]]=Tabla_Consulta_desde_QuickBooks_Data_64_Bit_QRemote[[#This Row],[U/M]]),\"\",\"ERROR\"),\"\")","v":""},{"$f":"+WEEKNUM(Tabla_Consulta_desde_QuickBooks_Data_64_Bit_QRemote[[#This Row],[TxnDate]])","v":23},{"$f":"+Tabla_Consulta_desde_QuickBooks_Data_64_Bit_QRemote[[#This Row],[SalesOrderLineRate]]*Tabla_Consulta_desde_QuickBooks_Data_64_Bit_QRemote[[#This Row],[SalesOrderLineInvoiced]]","v":0},{"$f":"+IFERROR(IF(Tabla_Consulta_desde_QuickBooks_Data_64_Bit_QRemote[[#This Row],[CustomerRefFullName]]=\"GRUVALCORP SA\",VLOOKUP(Tabla_Consulta_desde_QuickBooks_Data_64_Bit_QRemote[[#This Row],[SalesOrderLineItemRefFullName]],Hoja1!A:E,5,FALSE),\"\")*-Tabla_Consulta_desde_QuickBooks_Data_64_Bit_QRemote[[#This Row],[SalesOrderLineAmount]],\"\")","v":""},{"$f":"IF(COUNTIF(wms!E:E,Tabla_Consulta_desde_QuickBooks_Data_64_Bit_QRemote[[#This Row],[RefNumber]])>0,\"OK\",\"FALTA\")","v":"OK"}]
["2025-06-02","29038","ZAMBRANO ZAMBRANO CLEYTON ELIECER","RETIRA TRANSPORTES CARREÑO",9,"7861000227513","P.T:110603","JALAPEÑO ROJOS Y VERDES OLE 200G","Bodega Producto Terminado",48,"X24",2.04,97.92,"UNIDAD SALSA",48,833.4,958.41,"IVA EN VENTAS 15%",{"$f":"IFERROR(IF(Tabla_Consulta_desde_QuickBooks_Data_64_Bit_QRemote[[#This Row],[SalesOrderLineUnitOfMeasure]]=\"un\",Tabla_Consulta_desde_QuickBooks_Data_64_Bit_QRemote[[#This Row],[SalesOrderLineQuantity]],Tabla_Consulta_desde_QuickBooks_Data_64_Bit_QRemote[[#This Row],[SalesOrderLineQuantity]]/MID(Tabla_Consulta_desde_QuickBooks_Data_64_Bit_QRemote[[#This Row],[SalesOrderLineUnitOfMeasure]],2,2)),0)","v":2},{"$f":"IFERROR(IF(Tabla_Consulta_desde_QuickBooks_Data_64_Bit_QRemote[[#This Row],[SalesOrderLineUnitOfMeasure]]=\"un\",Tabla_Consulta_desde_QuickBooks_Data_64_Bit_QRemote[[#This Row],[SalesOrderLineInvoiced]],Tabla_Consulta_desde_QuickBooks_Data_64_Bit_QRemote[[#This Row],[SalesOrderLineInvoiced]]/MID(Tabla_Consulta_desde_QuickBooks_Data_64_Bit_QRemote[[#This Row],[SalesOrderLineUnitOfMeasure]],2,2)),0)","v":2},{"$f":"+Tabla_Consulta_desde_QuickBooks_Data_64_Bit_QRemote[[#This Row],[facturado]]-Tabla_Consulta_desde_QuickBooks_Data_64_Bit_QRemote[[#This Row],[pide]]","v":0},{"$f":"IF(Tabla_Consulta_desde_QuickBooks_Data_64_Bit_QRemote[[#This Row],[diferecia]]=0,\"ok\",\"diferen\")","v":"ok"},{"$f":"IFERROR(INDEX(um!A:C,MATCH(Tabla_Consulta_desde_QuickBooks_Data_64_Bit_QRemote[[#This Row],[SalesOrderLineItemRefFullName]],um!A:A,0),3),\"\")","v":"X24"},{"$f":"IFERROR(IF(OR(Tabla_Consulta_desde_QuickBooks_Data_64_Bit_QRemote[[#This Row],[SalesOrderLineUnitOfMeasure]]=\"UN\",Tabla_Consulta_desde_QuickBooks_Data_64_Bit_QRemote[[#This Row],[SalesOrderLineUnitOfMeasure]]=Tabla_Consulta_desde_QuickBooks_Data_64_Bit_QRemote[[#This Row],[U/M]]),\"\",\"ERROR\"),\"\")","v":""},{"$f":"+WEEKNUM(Tabla_Consulta_desde_QuickBooks_Data_64_Bit_QRemote[[#This Row],[TxnDate]])","v":23},{"$f":"+Tabla_Consulta_desde_QuickBooks_Data_64_Bit_QRemote[[#This Row],[SalesOrderLineRate]]*Tabla_Consulta_desde_QuickBooks_Data_64_Bit_QRemote[[#This Row],[SalesOrderLineInvoiced]]","v":97.92},{"$f":"+IFERROR(IF(Tabla_Consulta_desde_QuickBooks_Data_64_Bit_QRemote[[#This Row],[CustomerRefFullName]]=\"GRUVALCORP SA\",VLOOKUP(Tabla_Consulta_desde_QuickBooks_Data_64_Bit_QRemote[[#This Row],[SalesOrderLineItemRefFullName]],Hoja1!A:E,5,FALSE),\"\")*-Tabla_Consulta_desde_QuickBooks_Data_64_Bit_QRemote[[#This Row],[SalesOrderLineAmount]],\"\")","v":""},{"$f":"IF(COUNTIF(wms!E:E,Tabla_Consulta_desde_QuickBooks_Data_64_Bit_QRemote[[#This Row],[RefNumber]])>0,\"OK\",\"FALTA\")","v":"OK"}]
["2025-06-02","29038","ZAMBRANO ZAMBRANO CLEYTON ELIECER","RETIRA TRANSPORTES CARREÑO",10,"705424000352","P.T:110608","JALAPEÑO ROJOS Y VERDES OLE 370G","Bodega Producto Terminado",12,"X12",3.07,36.840000000000003,"UNIDAD SALSA",12,833.4,958.41,"IVA EN VENTAS 15%",{"$f":"IFERROR(IF(Tabla_Consulta_desde_QuickBooks_Data_64_Bit_QRemote[[#This Row],[SalesOrderLineUnitOfMeasure]]=\"un\",Tabla_Consulta_desde_QuickBooks_Data_64_Bit_QRemote[[#This Row],[SalesOrderLineQuantity]],Tabla_Consulta_desde_QuickBooks_Data_64_Bit_QRemote[[#This Row],[SalesOrderLineQuantity]]/MID(Tabla_Consulta_desde_QuickBooks_Data_64_Bit_QRemote[[#This Row],[SalesOrderLineUnitOfMeasure]],2,2)),0)","v":1},{"$f":"IFERROR(IF(Tabla_Consulta_desde_QuickBooks_Data_64_Bit_QRemote[[#This Row],[SalesOrderLineUnitOfMeasure]]=\"un\",Tabla_Consulta_desde_QuickBooks_Data_64_Bit_QRemote[[#This Row],[SalesOrderLineInvoiced]],Tabla_Consulta_desde_QuickBooks_Data_64_Bit_QRemote[[#This Row],[SalesOrderLineInvoiced]]/MID(Tabla_Consulta_desde_QuickBooks_Data_64_Bit_QRemote[[#This Row],[SalesOrderLineUnitOfMeasure]],2,2)),0)","v":1},{"$f":"+Tabla_Consulta_desde_QuickBooks_Data_64_Bit_QRemote[[#This Row],[facturado]]-Tabla_Consulta_desde_QuickBooks_Data_64_Bit_QRemote[[#This Row],[pide]]","v":0},{"$f":"IF(Tabla_Consulta_desde_QuickBooks_Data_64_Bit_QRemote[[#This Row],[diferecia]]=0,\"ok\",\"diferen\")","v":"ok"},{"$f":"IFERROR(INDEX(um!A:C,MATCH(Tabla_Consulta_desde_QuickBooks_Data_64_Bit_QRemote[[#This Row],[SalesOrderLineItemRefFullName]],um!A:A,0),3),\"\")","v":"X12"},{"$f":"IFERROR(IF(OR(Tabla_Consulta_desde_QuickBooks_Data_64_Bit_QRemote[[#This Row],[SalesOrderLineUnitOfMeasure]]=\"UN\",Tabla_Consulta_desde_QuickBooks_Data_64_Bit_QRemote[[#This Row],[SalesOrderLineUnitOfMeasure]]=Tabla_Consulta_desde_QuickBooks_Data_64_Bit_QRemote[[#This Row],[U/M]]),\"\",\"ERROR\"),\"\")","v":""},{"$f":"+WEEKNUM(Tabla_Consulta_desde_QuickBooks_Data_64_Bit_QRemote[[#This Row],[TxnDate]])","v":23},{"$f":"+Tabla_Consulta_desde_QuickBooks_Data_64_Bit_QRemote[[#This Row],[SalesOrderLineRate]]*Tabla_Consulta_desde_QuickBooks_Data_64_Bit_QRemote[[#This Row],[SalesOrderLineInvoiced]]","v":36.839999999999996},{"$f":"+IFERROR(IF(Tabla_Consulta_desde_QuickBooks_Data_64_Bit_QRemote[[#This Row],[CustomerRefFullName]]=\"GRUVALCORP SA\",VLOOKUP(Tabla_Consulta_desde_QuickBooks_Data_64_Bit_QRemote[[#This Row],[SalesOrderLineItemRefFullName]],Hoja1!A:E,5,FALSE),\"\")*-Tabla_Consulta_desde_QuickBooks_Data_64_Bit_QRemote[[#This Row],[SalesOrderLineAmount]],\"\")","v":""},{"$f":"IF(COUNTIF(wms!E:E,Tabla_Consulta_desde_QuickBooks_Data_64_Bit_QRemote[[#This Row],[RefNumber]])>0,\"OK\",\"FALTA\")","v":"OK"}]
["2025-06-02","29038","ZAMBRANO ZAMBRANO CLEYTON ELIECER","RETIRA TRANSPORTES CARREÑO",11,"7862112520509","P.T:110606","JALAPEÑO ROJOS Y VERDES AGRIDULCES OLE 250G","Bodega Producto Terminado",12,"X12",1.81,21.72,"UNIDAD SALSA",12,833.4,958.41,"IVA EN VENTAS 15%",{"$f":"IFERROR(IF(Tabla_Consulta_desde_QuickBooks_Data_64_Bit_QRemote[[#This Row],[SalesOrderLineUnitOfMeasure]]=\"un\",Tabla_Consulta_desde_QuickBooks_Data_64_Bit_QRemote[[#This Row],[SalesOrderLineQuantity]],Tabla_Consulta_desde_QuickBooks_Data_64_Bit_QRemote[[#This Row],[SalesOrderLineQuantity]]/MID(Tabla_Consulta_desde_QuickBooks_Data_64_Bit_QRemote[[#This Row],[SalesOrderLineUnitOfMeasure]],2,2)),0)","v":1},{"$f":"IFERROR(IF(Tabla_Consulta_desde_QuickBooks_Data_64_Bit_QRemote[[#This Row],[SalesOrderLineUnitOfMeasure]]=\"un\",Tabla_Consulta_desde_QuickBooks_Data_64_Bit_QRemote[[#This Row],[SalesOrderLineInvoiced]],Tabla_Consulta_desde_QuickBooks_Data_64_Bit_QRemote[[#This Row],[SalesOrderLineInvoiced]]/MID(Tabla_Consulta_desde_QuickBooks_Data_64_Bit_QRemote[[#This Row],[SalesOrderLineUnitOfMeasure]],2,2)),0)","v":1},{"$f":"+Tabla_Consulta_desde_QuickBooks_Data_64_Bit_QRemote[[#This Row],[facturado]]-Tabla_Consulta_desde_QuickBooks_Data_64_Bit_QRemote[[#This Row],[pide]]","v":0},{"$f":"IF(Tabla_Consulta_desde_QuickBooks_Data_64_Bit_QRemote[[#This Row],[diferecia]]=0,\"ok\",\"diferen\")","v":"ok"},{"$f":"IFERROR(INDEX(um!A:C,MATCH(Tabla_Consulta_desde_QuickBooks_Data_64_Bit_QRemote[[#This Row],[SalesOrderLineItemRefFullName]],um!A:A,0),3),\"\")","v":"X12"},{"$f":"IFERROR(IF(OR(Tabla_Consulta_desde_QuickBooks_Data_64_Bit_QRemote[[#This Row],[SalesOrderLineUnitOfMeasure]]=\"UN\",Tabla_Consulta_desde_QuickBooks_Data_64_Bit_QRemote[[#This Row],[SalesOrderLineUnitOfMeasure]]=Tabla_Consulta_desde_QuickBooks_Data_64_Bit_QRemote[[#This Row],[U/M]]),\"\",\"ERROR\"),\"\")","v":""},{"$f":"+WEEKNUM(Tabla_Consulta_desde_QuickBooks_Data_64_Bit_QRemote[[#This Row],[TxnDate]])","v":23},{"$f":"+Tabla_Consulta_desde_QuickBooks_Data_64_Bit_QRemote[[#This Row],[SalesOrderLineRate]]*Tabla_Consulta_desde_QuickBooks_Data_64_Bit_QRemote[[#This Row],[SalesOrderLineInvoiced]]","v":21.72},{"$f":"+IFERROR(IF(Tabla_Consulta_desde_QuickBooks_Data_64_Bit_QRemote[[#This Row],[CustomerRefFullName]]=\"GRUVALCORP SA\",VLOOKUP(Tabla_Consulta_desde_QuickBooks_Data_64_Bit_QRemote[[#This Row],[SalesOrderLineItemRefFullName]],Hoja1!A:E,5,FALSE),\"\")*-Tabla_Consulta_desde_QuickBooks_Data_64_Bit_QRemote[[#This Row],[SalesOrderLineAmount]],\"\")","v":""},{"$f":"IF(COUNTIF(wms!E:E,Tabla_Consulta_desde_QuickBooks_Data_64_Bit_QRemote[[#This Row],[RefNumber]])>0,\"OK\",\"FALTA\")","v":"OK"}]
["2025-06-02","29038","ZAMBRANO ZAMBRANO CLEYTON ELIECER","RETIRA TRANSPORTES CARREÑO",12,"7862112522572","P.T:311408","VINAGRE DE MANZANA CON LA MADRE MIEL DE ABEJA Y JENGIBRE OLE 500ML","Bodega Producto Terminado",12,"X12",5.1100000000000003,61.32,"UNIDAD SALSA",12,833.4,958.41,"IVA EN VENTAS 15%",{"$f":"IFERROR(IF(Tabla_Consulta_desde_QuickBooks_Data_64_Bit_QRemote[[#This Row],[SalesOrderLineUnitOfMeasure]]=\"un\",Tabla_Consulta_desde_QuickBooks_Data_64_Bit_QRemote[[#This Row],[SalesOrderLineQuantity]],Tabla_Consulta_desde_QuickBooks_Data_64_Bit_QRemote[[#This Row],[SalesOrderLineQuantity]]/MID(Tabla_Consulta_desde_QuickBooks_Data_64_Bit_QRemote[[#This Row],[SalesOrderLineUnitOfMeasure]],2,2)),0)","v":1},{"$f":"IFERROR(IF(Tabla_Consulta_desde_QuickBooks_Data_64_Bit_QRemote[[#This Row],[SalesOrderLineUnitOfMeasure]]=\"un\",Tabla_Consulta_desde_QuickBooks_Data_64_Bit_QRemote[[#This Row],[SalesOrderLineInvoiced]],Tabla_Consulta_desde_QuickBooks_Data_64_Bit_QRemote[[#This Row],[SalesOrderLineInvoiced]]/MID(Tabla_Consulta_desde_QuickBooks_Data_64_Bit_QRemote[[#This Row],[SalesOrderLineUnitOfMeasure]],2,2)),0)","v":1},{"$f":"+Tabla_Consulta_desde_QuickBooks_Data_64_Bit_QRemote[[#This Row],[facturado]]-Tabla_Consulta_desde_QuickBooks_Data_64_Bit_QRemote[[#This Row],[pide]]","v":0},{"$f":"IF(Tabla_Consulta_desde_QuickBooks_Data_64_Bit_QRemote[[#This Row],[diferecia]]=0,\"ok\",\"diferen\")","v":"ok"},{"$f":"IFERROR(INDEX(um!A:C,MATCH(Tabla_Consulta_desde_QuickBooks_Data_64_Bit_QRemote[[#This Row],[SalesOrderLineItemRefFullName]],um!A:A,0),3),\"\")","v":"X12"},{"$f":"IFERROR(IF(OR(Tabla_Consulta_desde_QuickBooks_Data_64_Bit_QRemote[[#This Row],[SalesOrderLineUnitOfMeasure]]=\"UN\",Tabla_Consulta_desde_QuickBooks_Data_64_Bit_QRemote[[#This Row],[SalesOrderLineUnitOfMeasure]]=Tabla_Consulta_desde_QuickBooks_Data_64_Bit_QRemote[[#This Row],[U/M]]),\"\",\"ERROR\"),\"\")","v":""},{"$f":"+WEEKNUM(Tabla_Consulta_desde_QuickBooks_Data_64_Bit_QRemote[[#This Row],[TxnDate]])","v":23},{"$f":"+Tabla_Consulta_desde_QuickBooks_Data_64_Bit_QRemote[[#This Row],[SalesOrderLineRate]]*Tabla_Consulta_desde_QuickBooks_Data_64_Bit_QRemote[[#This Row],[SalesOrderLineInvoiced]]","v":61.320000000000007},{"$f":"+IFERROR(IF(Tabla_Consulta_desde_QuickBooks_Data_64_Bit_QRemote[[#This Row],[CustomerRefFullName]]=\"GRUVALCORP SA\",VLOOKUP(Tabla_Consulta_desde_QuickBooks_Data_64_Bit_QRemote[[#This Row],[SalesOrderLineItemRefFullName]],Hoja1!A:E,5,FALSE),\"\")*-Tabla_Consulta_desde_QuickBooks_Data_64_Bit_QRemote[[#This Row],[SalesOrderLineAmount]],\"\")","v":""},{"$f":"IF(COUNTIF(wms!E:E,Tabla_Consulta_desde_QuickBooks_Data_64_Bit_QRemote[[#This Row],[RefNumber]])>0,\"OK\",\"FALTA\")","v":"OK"}]
["2025-06-02","29038","ZAMBRANO ZAMBRANO CLEYTON ELIECER","RETIRA TRANSPORTES CARREÑO",13,"7862112521698","P.T:311407","VINAGRE DE MANZANA CON LA MADRE OLE 500ML","Bodega Producto Terminado",24,"X12",4.92,118.08,"UNIDAD SALSA",24,833.4,958.41,"IVA EN VENTAS 15%",{"$f":"IFERROR(IF(Tabla_Consulta_desde_QuickBooks_Data_64_Bit_QRemote[[#This Row],[SalesOrderLineUnitOfMeasure]]=\"un\",Tabla_Consulta_desde_QuickBooks_Data_64_Bit_QRemote[[#This Row],[SalesOrderLineQuantity]],Tabla_Consulta_desde_QuickBooks_Data_64_Bit_QRemote[[#This Row],[SalesOrderLineQuantity]]/MID(Tabla_Consulta_desde_QuickBooks_Data_64_Bit_QRemote[[#This Row],[SalesOrderLineUnitOfMeasure]],2,2)),0)","v":2},{"$f":"IFERROR(IF(Tabla_Consulta_desde_QuickBooks_Data_64_Bit_QRemote[[#This Row],[SalesOrderLineUnitOfMeasure]]=\"un\",Tabla_Consulta_desde_QuickBooks_Data_64_Bit_QRemote[[#This Row],[SalesOrderLineInvoiced]],Tabla_Consulta_desde_QuickBooks_Data_64_Bit_QRemote[[#This Row],[SalesOrderLineInvoiced]]/MID(Tabla_Consulta_desde_QuickBooks_Data_64_Bit_QRemote[[#This Row],[SalesOrderLineUnitOfMeasure]],2,2)),0)","v":2},{"$f":"+Tabla_Consulta_desde_QuickBooks_Data_64_Bit_QRemote[[#This Row],[facturado]]-Tabla_Consulta_desde_QuickBooks_Data_64_Bit_QRemote[[#This Row],[pide]]","v":0},{"$f":"IF(Tabla_Consulta_desde_QuickBooks_Data_64_Bit_QRemote[[#This Row],[diferecia]]=0,\"ok\",\"diferen\")","v":"ok"},{"$f":"IFERROR(INDEX(um!A:C,MATCH(Tabla_Consulta_desde_QuickBooks_Data_64_Bit_QRemote[[#This Row],[SalesOrderLineItemRefFullName]],um!A:A,0),3),\"\")","v":"X12"},{"$f":"IFERROR(IF(OR(Tabla_Consulta_desde_QuickBooks_Data_64_Bit_QRemote[[#This Row],[SalesOrderLineUnitOfMeasure]]=\"UN\",Tabla_Consulta_desde_QuickBooks_Data_64_Bit_QRemote[[#This Row],[SalesOrderLineUnitOfMeasure]]=Tabla_Consulta_desde_QuickBooks_Data_64_Bit_QRemote[[#This Row],[U/M]]),\"\",\"ERROR\"),\"\")","v":""},{"$f":"+WEEKNUM(Tabla_Consulta_desde_QuickBooks_Data_64_Bit_QRemote[[#This Row],[TxnDate]])","v":23},{"$f":"+Tabla_Consulta_desde_QuickBooks_Data_64_Bit_QRemote[[#This Row],[SalesOrderLineRate]]*Tabla_Consulta_desde_QuickBooks_Data_64_Bit_QRemote[[#This Row],[SalesOrderLineInvoiced]]","v":118.08},{"$f":"+IFERROR(IF(Tabla_Consulta_desde_QuickBooks_Data_64_Bit_QRemote[[#This Row],[CustomerRefFullName]]=\"GRUVALCORP SA\",VLOOKUP(Tabla_Consulta_desde_QuickBooks_Data_64_Bit_QRemote[[#This Row],[SalesOrderLineItemRefFullName]],Hoja1!A:E,5,FALSE),\"\")*-Tabla_Consulta_desde_QuickBooks_Data_64_Bit_QRemote[[#This Row],[SalesOrderLineAmount]],\"\")","v":""},{"$f":"IF(COUNTIF(wms!E:E,Tabla_Consulta_desde_QuickBooks_Data_64_Bit_QRemote[[#This Row],[RefNumber]])>0,\"OK\",\"FALTA\")","v":"OK"}]
["2025-06-02","29038","ZAMBRANO ZAMBRANO CLEYTON ELIECER","RETIRA TRANSPORTES CARREÑO",14,"7862112522893","P.T:311409","VINAGRE DE MANZANA CON LA MADRE OLE 250ML","Bodega Producto Terminado",12,"X12",0,0,"UNIDAD SALSA",12,833.4,958.41,"IVA EN VENTAS 15%",{"$f":"IFERROR(IF(Tabla_Consulta_desde_QuickBooks_Data_64_Bit_QRemote[[#This Row],[SalesOrderLineUnitOfMeasure]]=\"un\",Tabla_Consulta_desde_QuickBooks_Data_64_Bit_QRemote[[#This Row],[SalesOrderLineQuantity]],Tabla_Consulta_desde_QuickBooks_Data_64_Bit_QRemote[[#This Row],[SalesOrderLineQuantity]]/MID(Tabla_Consulta_desde_QuickBooks_Data_64_Bit_QRemote[[#This Row],[SalesOrderLineUnitOfMeasure]],2,2)),0)","v":1},{"$f":"IFERROR(IF(Tabla_Consulta_desde_QuickBooks_Data_64_Bit_QRemote[[#This Row],[SalesOrderLineUnitOfMeasure]]=\"un\",Tabla_Consulta_desde_QuickBooks_Data_64_Bit_QRemote[[#This Row],[SalesOrderLineInvoiced]],Tabla_Consulta_desde_QuickBooks_Data_64_Bit_QRemote[[#This Row],[SalesOrderLineInvoiced]]/MID(Tabla_Consulta_desde_QuickBooks_Data_64_Bit_QRemote[[#This Row],[SalesOrderLineUnitOfMeasure]],2,2)),0)","v":1},{"$f":"+Tabla_Consulta_desde_QuickBooks_Data_64_Bit_QRemote[[#This Row],[facturado]]-Tabla_Consulta_desde_QuickBooks_Data_64_Bit_QRemote[[#This Row],[pide]]","v":0},{"$f":"IF(Tabla_Consulta_desde_QuickBooks_Data_64_Bit_QRemote[[#This Row],[diferecia]]=0,\"ok\",\"diferen\")","v":"ok"},{"$f":"IFERROR(INDEX(um!A:C,MATCH(Tabla_Consulta_desde_QuickBooks_Data_64_Bit_QRemote[[#This Row],[SalesOrderLineItemRefFullName]],um!A:A,0),3),\"\")","v":"X24"},{"$f":"IFERROR(IF(OR(Tabla_Consulta_desde_QuickBooks_Data_64_Bit_QRemote[[#This Row],[SalesOrderLineUnitOfMeasure]]=\"UN\",Tabla_Consulta_desde_QuickBooks_Data_64_Bit_QRemote[[#This Row],[SalesOrderLineUnitOfMeasure]]=Tabla_Consulta_desde_QuickBooks_Data_64_Bit_QRemote[[#This Row],[U/M]]),\"\",\"ERROR\"),\"\")","v":"ERROR"},{"$f":"+WEEKNUM(Tabla_Consulta_desde_QuickBooks_Data_64_Bit_QRemote[[#This Row],[TxnDate]])","v":23},{"$f":"+Tabla_Consulta_desde_QuickBooks_Data_64_Bit_QRemote[[#This Row],[SalesOrderLineRate]]*Tabla_Consulta_desde_QuickBooks_Data_64_Bit_QRemote[[#This Row],[SalesOrderLineInvoiced]]","v":0},{"$f":"+IFERROR(IF(Tabla_Consulta_desde_QuickBooks_Data_64_Bit_QRemote[[#This Row],[CustomerRefFullName]]=\"GRUVALCORP SA\",VLOOKUP(Tabla_Consulta_desde_QuickBooks_Data_64_Bit_QRemote[[#This Row],[SalesOrderLineItemRefFullName]],Hoja1!A:E,5,FALSE),\"\")*-Tabla_Consulta_desde_QuickBooks_Data_64_Bit_QRemote[[#This Row],[SalesOrderLineAmount]],\"\")","v":""},{"$f":"IF(COUNTIF(wms!E:E,Tabla_Consulta_desde_QuickBooks_Data_64_Bit_QRemote[[#This Row],[RefNumber]])>0,\"OK\",\"FALTA\")","v":"OK"}]
["2025-06-02","29038","ZAMBRANO ZAMBRANO CLEYTON ELIECER","RETIRA TRANSPORTES CARREÑO",15,"7862112522626","P.T:110701","CHIMICHURRI ESTILO ARGENTINO OLE 380G","Bodega Producto Terminado",24,"X12",3.08,73.92,"UNIDAD SALSA",24,833.4,958.41,"IVA EN VENTAS 15%",{"$f":"IFERROR(IF(Tabla_Consulta_desde_QuickBooks_Data_64_Bit_QRemote[[#This Row],[SalesOrderLineUnitOfMeasure]]=\"un\",Tabla_Consulta_desde_QuickBooks_Data_64_Bit_QRemote[[#This Row],[SalesOrderLineQuantity]],Tabla_Consulta_desde_QuickBooks_Data_64_Bit_QRemote[[#This Row],[SalesOrderLineQuantity]]/MID(Tabla_Consulta_desde_QuickBooks_Data_64_Bit_QRemote[[#This Row],[SalesOrderLineUnitOfMeasure]],2,2)),0)","v":2},{"$f":"IFERROR(IF(Tabla_Consulta_desde_QuickBooks_Data_64_Bit_QRemote[[#This Row],[SalesOrderLineUnitOfMeasure]]=\"un\",Tabla_Consulta_desde_QuickBooks_Data_64_Bit_QRemote[[#This Row],[SalesOrderLineInvoiced]],Tabla_Consulta_desde_QuickBooks_Data_64_Bit_QRemote[[#This Row],[SalesOrderLineInvoiced]]/MID(Tabla_Consulta_desde_QuickBooks_Data_64_Bit_QRemote[[#This Row],[SalesOrderLineUnitOfMeasure]],2,2)),0)","v":2},{"$f":"+Tabla_Consulta_desde_QuickBooks_Data_64_Bit_QRemote[[#This Row],[facturado]]-Tabla_Consulta_desde_QuickBooks_Data_64_Bit_QRemote[[#This Row],[pide]]","v":0},{"$f":"IF(Tabla_Consulta_desde_QuickBooks_Data_64_Bit_QRemote[[#This Row],[diferecia]]=0,\"ok\",\"diferen\")","v":"ok"},{"$f":"IFERROR(INDEX(um!A:C,MATCH(Tabla_Consulta_desde_QuickBooks_Data_64_Bit_QRemote[[#This Row],[SalesOrderLineItemRefFullName]],um!A:A,0),3),\"\")","v":"X12"},{"$f":"IFERROR(IF(OR(Tabla_Consulta_desde_QuickBooks_Data_64_Bit_QRemote[[#This Row],[SalesOrderLineUnitOfMeasure]]=\"UN\",Tabla_Consulta_desde_QuickBooks_Data_64_Bit_QRemote[[#This Row],[SalesOrderLineUnitOfMeasure]]=Tabla_Consulta_desde_QuickBooks_Data_64_Bit_QRemote[[#This Row],[U/M]]),\"\",\"ERROR\"),\"\")","v":""},{"$f":"+WEEKNUM(Tabla_Consulta_desde_QuickBooks_Data_64_Bit_QRemote[[#This Row],[TxnDate]])","v":23},{"$f":"+Tabla_Consulta_desde_QuickBooks_Data_64_Bit_QRemote[[#This Row],[SalesOrderLineRate]]*Tabla_Consulta_desde_QuickBooks_Data_64_Bit_QRemote[[#This Row],[SalesOrderLineInvoiced]]","v":73.92},{"$f":"+IFERROR(IF(Tabla_Consulta_desde_QuickBooks_Data_64_Bit_QRemote[[#This Row],[CustomerRefFullName]]=\"GRUVALCORP SA\",VLOOKUP(Tabla_Consulta_desde_QuickBooks_Data_64_Bit_QRemote[[#This Row],[SalesOrderLineItemRefFullName]],Hoja1!A:E,5,FALSE),\"\")*-Tabla_Consulta_desde_QuickBooks_Data_64_Bit_QRemote[[#This Row],[SalesOrderLineAmount]],\"\")","v":""},{"$f":"IF(COUNTIF(wms!E:E,Tabla_Consulta_desde_QuickBooks_Data_64_Bit_QRemote[[#This Row],[RefNumber]])>0,\"OK\",\"FALTA\")","v":"OK"}]
["2025-06-02","29038","ZAMBRANO ZAMBRANO CLEYTON ELIECER","RETIRA TRANSPORTES CARREÑO",16,"7862112522367","PT:220132","TOTOPOS NATURAL OLE 300G","Bodega Producto Terminado",12,"X12",1.83,21.96,"UNIDAD SNCKS",12,833.4,958.41,"IVA EN VENTAS 15%",{"$f":"IFERROR(IF(Tabla_Consulta_desde_QuickBooks_Data_64_Bit_QRemote[[#This Row],[SalesOrderLineUnitOfMeasure]]=\"un\",Tabla_Consulta_desde_QuickBooks_Data_64_Bit_QRemote[[#This Row],[SalesOrderLineQuantity]],Tabla_Consulta_desde_QuickBooks_Data_64_Bit_QRemote[[#This Row],[SalesOrderLineQuantity]]/MID(Tabla_Consulta_desde_QuickBooks_Data_64_Bit_QRemote[[#This Row],[SalesOrderLineUnitOfMeasure]],2,2)),0)","v":1},{"$f":"IFERROR(IF(Tabla_Consulta_desde_QuickBooks_Data_64_Bit_QRemote[[#This Row],[SalesOrderLineUnitOfMeasure]]=\"un\",Tabla_Consulta_desde_QuickBooks_Data_64_Bit_QRemote[[#This Row],[SalesOrderLineInvoiced]],Tabla_Consulta_desde_QuickBooks_Data_64_Bit_QRemote[[#This Row],[SalesOrderLineInvoiced]]/MID(Tabla_Consulta_desde_QuickBooks_Data_64_Bit_QRemote[[#This Row],[SalesOrderLineUnitOfMeasure]],2,2)),0)","v":1},{"$f":"+Tabla_Consulta_desde_QuickBooks_Data_64_Bit_QRemote[[#This Row],[facturado]]-Tabla_Consulta_desde_QuickBooks_Data_64_Bit_QRemote[[#This Row],[pide]]","v":0},{"$f":"IF(Tabla_Consulta_desde_QuickBooks_Data_64_Bit_QRemote[[#This Row],[diferecia]]=0,\"ok\",\"diferen\")","v":"ok"},{"$f":"IFERROR(INDEX(um!A:C,MATCH(Tabla_Consulta_desde_QuickBooks_Data_64_Bit_QRemote[[#This Row],[SalesOrderLineItemRefFullName]],um!A:A,0),3),\"\")","v":"X12"},{"$f":"IFERROR(IF(OR(Tabla_Consulta_desde_QuickBooks_Data_64_Bit_QRemote[[#This Row],[SalesOrderLineUnitOfMeasure]]=\"UN\",Tabla_Consulta_desde_QuickBooks_Data_64_Bit_QRemote[[#This Row],[SalesOrderLineUnitOfMeasure]]=Tabla_Consulta_desde_QuickBooks_Data_64_Bit_QRemote[[#This Row],[U/M]]),\"\",\"ERROR\"),\"\")","v":""},{"$f":"+WEEKNUM(Tabla_Consulta_desde_QuickBooks_Data_64_Bit_QRemote[[#This Row],[TxnDate]])","v":23},{"$f":"+Tabla_Consulta_desde_QuickBooks_Data_64_Bit_QRemote[[#This Row],[SalesOrderLineRate]]*Tabla_Consulta_desde_QuickBooks_Data_64_Bit_QRemote[[#This Row],[SalesOrderLineInvoiced]]","v":21.96},{"$f":"+IFERROR(IF(Tabla_Consulta_desde_QuickBooks_Data_64_Bit_QRemote[[#This Row],[CustomerRefFullName]]=\"GRUVALCORP SA\",VLOOKUP(Tabla_Consulta_desde_QuickBooks_Data_64_Bit_QRemote[[#This Row],[SalesOrderLineItemRefFullName]],Hoja1!A:E,5,FALSE),\"\")*-Tabla_Consulta_desde_QuickBooks_Data_64_Bit_QRemote[[#This Row],[SalesOrderLineAmount]],\"\")","v":""},{"$f":"IF(COUNTIF(wms!E:E,Tabla_Consulta_desde_QuickBooks_Data_64_Bit_QRemote[[#This Row],[RefNumber]])>0,\"OK\",\"FALTA\")","v":"OK"}]
["2025-06-02","29038","ZAMBRANO ZAMBRANO CLEYTON ELIECER","RETIRA TRANSPORTES CARREÑO",17,"7862112522473","PT:220134","TOTOPOS MICHELADA OLE 120G","Bodega Producto Terminado",12,"X12",1,12,"UNIDAD SNCKS",12,833.4,958.41,"IVA EN VENTAS 15%",{"$f":"IFERROR(IF(Tabla_Consulta_desde_QuickBooks_Data_64_Bit_QRemote[[#This Row],[SalesOrderLineUnitOfMeasure]]=\"un\",Tabla_Consulta_desde_QuickBooks_Data_64_Bit_QRemote[[#This Row],[SalesOrderLineQuantity]],Tabla_Consulta_desde_QuickBooks_Data_64_Bit_QRemote[[#This Row],[SalesOrderLineQuantity]]/MID(Tabla_Consulta_desde_QuickBooks_Data_64_Bit_QRemote[[#This Row],[SalesOrderLineUnitOfMeasure]],2,2)),0)","v":1},{"$f":"IFERROR(IF(Tabla_Consulta_desde_QuickBooks_Data_64_Bit_QRemote[[#This Row],[SalesOrderLineUnitOfMeasure]]=\"un\",Tabla_Consulta_desde_QuickBooks_Data_64_Bit_QRemote[[#This Row],[SalesOrderLineInvoiced]],Tabla_Consulta_desde_QuickBooks_Data_64_Bit_QRemote[[#This Row],[SalesOrderLineInvoiced]]/MID(Tabla_Consulta_desde_QuickBooks_Data_64_Bit_QRemote[[#This Row],[SalesOrderLineUnitOfMeasure]],2,2)),0)","v":1},{"$f":"+Tabla_Consulta_desde_QuickBooks_Data_64_Bit_QRemote[[#This Row],[facturado]]-Tabla_Consulta_desde_QuickBooks_Data_64_Bit_QRemote[[#This Row],[pide]]","v":0},{"$f":"IF(Tabla_Consulta_desde_QuickBooks_Data_64_Bit_QRemote[[#This Row],[diferecia]]=0,\"ok\",\"diferen\")","v":"ok"},{"$f":"IFERROR(INDEX(um!A:C,MATCH(Tabla_Consulta_desde_QuickBooks_Data_64_Bit_QRemote[[#This Row],[SalesOrderLineItemRefFullName]],um!A:A,0),3),\"\")","v":"X12"},{"$f":"IFERROR(IF(OR(Tabla_Consulta_desde_QuickBooks_Data_64_Bit_QRemote[[#This Row],[SalesOrderLineUnitOfMeasure]]=\"UN\",Tabla_Consulta_desde_QuickBooks_Data_64_Bit_QRemote[[#This Row],[SalesOrderLineUnitOfMeasure]]=Tabla_Consulta_desde_QuickBooks_Data_64_Bit_QRemote[[#This Row],[U/M]]),\"\",\"ERROR\"),\"\")","v":""},{"$f":"+WEEKNUM(Tabla_Consulta_desde_QuickBooks_Data_64_Bit_QRemote[[#This Row],[TxnDate]])","v":23},{"$f":"+Tabla_Consulta_desde_QuickBooks_Data_64_Bit_QRemote[[#This Row],[SalesOrderLineRate]]*Tabla_Consulta_desde_QuickBooks_Data_64_Bit_QRemote[[#This Row],[SalesOrderLineInvoiced]]","v":12},{"$f":"+IFERROR(IF(Tabla_Consulta_desde_QuickBooks_Data_64_Bit_QRemote[[#This Row],[CustomerRefFullName]]=\"GRUVALCORP SA\",VLOOKUP(Tabla_Consulta_desde_QuickBooks_Data_64_Bit_QRemote[[#This Row],[SalesOrderLineItemRefFullName]],Hoja1!A:E,5,FALSE),\"\")*-Tabla_Consulta_desde_QuickBooks_Data_64_Bit_QRemote[[#This Row],[SalesOrderLineAmount]],\"\")","v":""},{"$f":"IF(COUNTIF(wms!E:E,Tabla_Consulta_desde_QuickBooks_Data_64_Bit_QRemote[[#This Row],[RefNumber]])>0,\"OK\",\"FALTA\")","v":"OK"}]
["2025-06-02","29038","ZAMBRANO ZAMBRANO CLEYTON ELIECER","RETIRA TRANSPORTES CARREÑO",18,"7862112522442","PT:220133","TOTOPOS QUESO RANCHERO OLE 120G","Bodega Producto Terminado",12,"X12",1,12,"UNIDAD SNCKS",12,833.4,958.41,"IVA EN VENTAS 15%",{"$f":"IFERROR(IF(Tabla_Consulta_desde_QuickBooks_Data_64_Bit_QRemote[[#This Row],[SalesOrderLineUnitOfMeasure]]=\"un\",Tabla_Consulta_desde_QuickBooks_Data_64_Bit_QRemote[[#This Row],[SalesOrderLineQuantity]],Tabla_Consulta_desde_QuickBooks_Data_64_Bit_QRemote[[#This Row],[SalesOrderLineQuantity]]/MID(Tabla_Consulta_desde_QuickBooks_Data_64_Bit_QRemote[[#This Row],[SalesOrderLineUnitOfMeasure]],2,2)),0)","v":1},{"$f":"IFERROR(IF(Tabla_Consulta_desde_QuickBooks_Data_64_Bit_QRemote[[#This Row],[SalesOrderLineUnitOfMeasure]]=\"un\",Tabla_Consulta_desde_QuickBooks_Data_64_Bit_QRemote[[#This Row],[SalesOrderLineInvoiced]],Tabla_Consulta_desde_QuickBooks_Data_64_Bit_QRemote[[#This Row],[SalesOrderLineInvoiced]]/MID(Tabla_Consulta_desde_QuickBooks_Data_64_Bit_QRemote[[#This Row],[SalesOrderLineUnitOfMeasure]],2,2)),0)","v":1},{"$f":"+Tabla_Consulta_desde_QuickBooks_Data_64_Bit_QRemote[[#This Row],[facturado]]-Tabla_Consulta_desde_QuickBooks_Data_64_Bit_QRemote[[#This Row],[pide]]","v":0},{"$f":"IF(Tabla_Consulta_desde_QuickBooks_Data_64_Bit_QRemote[[#This Row],[diferecia]]=0,\"ok\",\"diferen\")","v":"ok"},{"$f":"IFERROR(INDEX(um!A:C,MATCH(Tabla_Consulta_desde_QuickBooks_Data_64_Bit_QRemote[[#This Row],[SalesOrderLineItemRefFullName]],um!A:A,0),3),\"\")","v":"X12"},{"$f":"IFERROR(IF(OR(Tabla_Consulta_desde_QuickBooks_Data_64_Bit_QRemote[[#This Row],[SalesOrderLineUnitOfMeasure]]=\"UN\",Tabla_Consulta_desde_QuickBooks_Data_64_Bit_QRemote[[#This Row],[SalesOrderLineUnitOfMeasure]]=Tabla_Consulta_desde_QuickBooks_Data_64_Bit_QRemote[[#This Row],[U/M]]),\"\",\"ERROR\"),\"\")","v":""},{"$f":"+WEEKNUM(Tabla_Consulta_desde_QuickBooks_Data_64_Bit_QRemote[[#This Row],[TxnDate]])","v":23},{"$f":"+Tabla_Consulta_desde_QuickBooks_Data_64_Bit_QRemote[[#This Row],[SalesOrderLineRate]]*Tabla_Consulta_desde_QuickBooks_Data_64_Bit_QRemote[[#This Row],[SalesOrderLineInvoiced]]","v":12},{"$f":"+IFERROR(IF(Tabla_Consulta_desde_QuickBooks_Data_64_Bit_QRemote[[#This Row],[CustomerRefFullName]]=\"GRUVALCORP SA\",VLOOKUP(Tabla_Consulta_desde_QuickBooks_Data_64_Bit_QRemote[[#This Row],[SalesOrderLineItemRefFullName]],Hoja1!A:E,5,FALSE),\"\")*-Tabla_Consulta_desde_QuickBooks_Data_64_Bit_QRemote[[#This Row],[SalesOrderLineAmount]],\"\")","v":""},{"$f":"IF(COUNTIF(wms!E:E,Tabla_Consulta_desde_QuickBooks_Data_64_Bit_QRemote[[#This Row],[RefNumber]])>0,\"OK\",\"FALTA\")","v":"OK"}]
["2025-06-02","29038","ZAMBRANO ZAMBRANO CLEYTON ELIECER","RETIRA TRANSPORTES CARREÑO",19,"7862112522732","PT:220135","TOTOPOS SABOR GUACAMOLE OLE 120G","Bodega Producto Terminado",12,"X12",1,12,"UNIDAD SNCKS",12,833.4,958.41,"IVA EN VENTAS 15%",{"$f":"IFERROR(IF(Tabla_Consulta_desde_QuickBooks_Data_64_Bit_QRemote[[#This Row],[SalesOrderLineUnitOfMeasure]]=\"un\",Tabla_Consulta_desde_QuickBooks_Data_64_Bit_QRemote[[#This Row],[SalesOrderLineQuantity]],Tabla_Consulta_desde_QuickBooks_Data_64_Bit_QRemote[[#This Row],[SalesOrderLineQuantity]]/MID(Tabla_Consulta_desde_QuickBooks_Data_64_Bit_QRemote[[#This Row],[SalesOrderLineUnitOfMeasure]],2,2)),0)","v":1},{"$f":"IFERROR(IF(Tabla_Consulta_desde_QuickBooks_Data_64_Bit_QRemote[[#This Row],[SalesOrderLineUnitOfMeasure]]=\"un\",Tabla_Consulta_desde_QuickBooks_Data_64_Bit_QRemote[[#This Row],[SalesOrderLineInvoiced]],Tabla_Consulta_desde_QuickBooks_Data_64_Bit_QRemote[[#This Row],[SalesOrderLineInvoiced]]/MID(Tabla_Consulta_desde_QuickBooks_Data_64_Bit_QRemote[[#This Row],[SalesOrderLineUnitOfMeasure]],2,2)),0)","v":1},{"$f":"+Tabla_Consulta_desde_QuickBooks_Data_64_Bit_QRemote[[#This Row],[facturado]]-Tabla_Consulta_desde_QuickBooks_Data_64_Bit_QRemote[[#This Row],[pide]]","v":0},{"$f":"IF(Tabla_Consulta_desde_QuickBooks_Data_64_Bit_QRemote[[#This Row],[diferecia]]=0,\"ok\",\"diferen\")","v":"ok"},{"$f":"IFERROR(INDEX(um!A:C,MATCH(Tabla_Consulta_desde_QuickBooks_Data_64_Bit_QRemote[[#This Row],[SalesOrderLineItemRefFullName]],um!A:A,0),3),\"\")","v":"X12"},{"$f":"IFERROR(IF(OR(Tabla_Consulta_desde_QuickBooks_Data_64_Bit_QRemote[[#This Row],[SalesOrderLineUnitOfMeasure]]=\"UN\",Tabla_Consulta_desde_QuickBooks_Data_64_Bit_QRemote[[#This Row],[SalesOrderLineUnitOfMeasure]]=Tabla_Consulta_desde_QuickBooks_Data_64_Bit_QRemote[[#This Row],[U/M]]),\"\",\"ERROR\"),\"\")","v":""},{"$f":"+WEEKNUM(Tabla_Consulta_desde_QuickBooks_Data_64_Bit_QRemote[[#This Row],[TxnDate]])","v":23},{"$f":"+Tabla_Consulta_desde_QuickBooks_Data_64_Bit_QRemote[[#This Row],[SalesOrderLineRate]]*Tabla_Consulta_desde_QuickBooks_Data_64_Bit_QRemote[[#This Row],[SalesOrderLineInvoiced]]","v":12},{"$f":"+IFERROR(IF(Tabla_Consulta_desde_QuickBooks_Data_64_Bit_QRemote[[#This Row],[CustomerRefFullName]]=\"GRUVALCORP SA\",VLOOKUP(Tabla_Consulta_desde_QuickBooks_Data_64_Bit_QRemote[[#This Row],[SalesOrderLineItemRefFullName]],Hoja1!A:E,5,FALSE),\"\")*-Tabla_Consulta_desde_QuickBooks_Data_64_Bit_QRemote[[#This Row],[SalesOrderLineAmount]],\"\")","v":""},{"$f":"IF(COUNTIF(wms!E:E,Tabla_Consulta_desde_QuickBooks_Data_64_Bit_QRemote[[#This Row],[RefNumber]])>0,\"OK\",\"FALTA\")","v":"OK"}]
["2025-06-02","29038","ZAMBRANO ZAMBRANO CLEYTON ELIECER","RETIRA TRANSPORTES CARREÑO",20,"7862112522756","PT:220136","TOTOPOS NATURAL MINI OLE 300G","Bodega Producto Terminado",24,"UN",1.76,42.24,"UNIDAD SNCKS",17,833.4,958.41,"IVA EN VENTAS 15%",{"$f":"IFERROR(IF(Tabla_Consulta_desde_QuickBooks_Data_64_Bit_QRemote[[#This Row],[SalesOrderLineUnitOfMeasure]]=\"un\",Tabla_Consulta_desde_QuickBooks_Data_64_Bit_QRemote[[#This Row],[SalesOrderLineQuantity]],Tabla_Consulta_desde_QuickBooks_Data_64_Bit_QRemote[[#This Row],[SalesOrderLineQuantity]]/MID(Tabla_Consulta_desde_QuickBooks_Data_64_Bit_QRemote[[#This Row],[SalesOrderLineUnitOfMeasure]],2,2)),0)","v":24},{"$f":"IFERROR(IF(Tabla_Consulta_desde_QuickBooks_Data_64_Bit_QRemote[[#This Row],[SalesOrderLineUnitOfMeasure]]=\"un\",Tabla_Consulta_desde_QuickBooks_Data_64_Bit_QRemote[[#This Row],[SalesOrderLineInvoiced]],Tabla_Consulta_desde_QuickBooks_Data_64_Bit_QRemote[[#This Row],[SalesOrderLineInvoiced]]/MID(Tabla_Consulta_desde_QuickBooks_Data_64_Bit_QRemote[[#This Row],[SalesOrderLineUnitOfMeasure]],2,2)),0)","v":17},{"$f":"+Tabla_Consulta_desde_QuickBooks_Data_64_Bit_QRemote[[#This Row],[facturado]]-Tabla_Consulta_desde_QuickBooks_Data_64_Bit_QRemote[[#This Row],[pide]]","v":-7},{"$f":"IF(Tabla_Consulta_desde_QuickBooks_Data_64_Bit_QRemote[[#This Row],[diferecia]]=0,\"ok\",\"diferen\")","v":"diferen"},{"$f":"IFERROR(INDEX(um!A:C,MATCH(Tabla_Consulta_desde_QuickBooks_Data_64_Bit_QRemote[[#This Row],[SalesOrderLineItemRefFullName]],um!A:A,0),3),\"\")","v":"X12"},{"$f":"IFERROR(IF(OR(Tabla_Consulta_desde_QuickBooks_Data_64_Bit_QRemote[[#This Row],[SalesOrderLineUnitOfMeasure]]=\"UN\",Tabla_Consulta_desde_QuickBooks_Data_64_Bit_QRemote[[#This Row],[SalesOrderLineUnitOfMeasure]]=Tabla_Consulta_desde_QuickBooks_Data_64_Bit_QRemote[[#This Row],[U/M]]),\"\",\"ERROR\"),\"\")","v":""},{"$f":"+WEEKNUM(Tabla_Consulta_desde_QuickBooks_Data_64_Bit_QRemote[[#This Row],[TxnDate]])","v":23},{"$f":"+Tabla_Consulta_desde_QuickBooks_Data_64_Bit_QRemote[[#This Row],[SalesOrderLineRate]]*Tabla_Consulta_desde_QuickBooks_Data_64_Bit_QRemote[[#This Row],[SalesOrderLineInvoiced]]","v":29.92},{"$f":"+IFERROR(IF(Tabla_Consulta_desde_QuickBooks_Data_64_Bit_QRemote[[#This Row],[CustomerRefFullName]]=\"GRUVALCORP SA\",VLOOKUP(Tabla_Consulta_desde_QuickBooks_Data_64_Bit_QRemote[[#This Row],[SalesOrderLineItemRefFullName]],Hoja1!A:E,5,FALSE),\"\")*-Tabla_Consulta_desde_QuickBooks_Data_64_Bit_QRemote[[#This Row],[SalesOrderLineAmount]],\"\")","v":""},{"$f":"IF(COUNTIF(wms!E:E,Tabla_Consulta_desde_QuickBooks_Data_64_Bit_QRemote[[#This Row],[RefNumber]])>0,\"OK\",\"FALTA\")","v":"OK"}]
["2025-06-02","29038","ZAMBRANO ZAMBRANO CLEYTON ELIECER","RETIRA TRANSPORTES CARREÑO",21,null,"INFOADICIONAL","RETIRA TRANSPORTES CARREÑO",null,null,null,0,0,null,1,833.4,958.41,"IVA EN VENTAS 15%",{"$f":"IFERROR(IF(Tabla_Consulta_desde_QuickBooks_Data_64_Bit_QRemote[[#This Row],[SalesOrderLineUnitOfMeasure]]=\"un\",Tabla_Consulta_desde_QuickBooks_Data_64_Bit_QRemote[[#This Row],[SalesOrderLineQuantity]],Tabla_Consulta_desde_QuickBooks_Data_64_Bit_QRemote[[#This Row],[SalesOrderLineQuantity]]/MID(Tabla_Consulta_desde_QuickBooks_Data_64_Bit_QRemote[[#This Row],[SalesOrderLineUnitOfMeasure]],2,2)),0)","v":0},{"$f":"IFERROR(IF(Tabla_Consulta_desde_QuickBooks_Data_64_Bit_QRemote[[#This Row],[SalesOrderLineUnitOfMeasure]]=\"un\",Tabla_Consulta_desde_QuickBooks_Data_64_Bit_QRemote[[#This Row],[SalesOrderLineInvoiced]],Tabla_Consulta_desde_QuickBooks_Data_64_Bit_QRemote[[#This Row],[SalesOrderLineInvoiced]]/MID(Tabla_Consulta_desde_QuickBooks_Data_64_Bit_QRemote[[#This Row],[SalesOrderLineUnitOfMeasure]],2,2)),0)","v":0},{"$f":"+Tabla_Consulta_desde_QuickBooks_Data_64_Bit_QRemote[[#This Row],[facturado]]-Tabla_Consulta_desde_QuickBooks_Data_64_Bit_QRemote[[#This Row],[pide]]","v":0},{"$f":"IF(Tabla_Consulta_desde_QuickBooks_Data_64_Bit_QRemote[[#This Row],[diferecia]]=0,\"ok\",\"diferen\")","v":"ok"},{"$f":"IFERROR(INDEX(um!A:C,MATCH(Tabla_Consulta_desde_QuickBooks_Data_64_Bit_QRemote[[#This Row],[SalesOrderLineItemRefFullName]],um!A:A,0),3),\"\")","v":""},{"$f":"IFERROR(IF(OR(Tabla_Consulta_desde_QuickBooks_Data_64_Bit_QRemote[[#This Row],[SalesOrderLineUnitOfMeasure]]=\"UN\",Tabla_Consulta_desde_QuickBooks_Data_64_Bit_QRemote[[#This Row],[SalesOrderLineUnitOfMeasure]]=Tabla_Consulta_desde_QuickBooks_Data_64_Bit_QRemote[[#This Row],[U/M]]),\"\",\"ERROR\"),\"\")","v":""},{"$f":"+WEEKNUM(Tabla_Consulta_desde_QuickBooks_Data_64_Bit_QRemote[[#This Row],[TxnDate]])","v":23},{"$f":"+Tabla_Consulta_desde_QuickBooks_Data_64_Bit_QRemote[[#This Row],[SalesOrderLineRate]]*Tabla_Consulta_desde_QuickBooks_Data_64_Bit_QRemote[[#This Row],[SalesOrderLineInvoiced]]","v":0},{"$f":"+IFERROR(IF(Tabla_Consulta_desde_QuickBooks_Data_64_Bit_QRemote[[#This Row],[CustomerRefFullName]]=\"GRUVALCORP SA\",VLOOKUP(Tabla_Consulta_desde_QuickBooks_Data_64_Bit_QRemote[[#This Row],[SalesOrderLineItemRefFullName]],Hoja1!A:E,5,FALSE),\"\")*-Tabla_Consulta_desde_QuickBooks_Data_64_Bit_QRemote[[#This Row],[SalesOrderLineAmount]],\"\")","v":""},{"$f":"IF(COUNTIF(wms!E:E,Tabla_Consulta_desde_QuickBooks_Data_64_Bit_QRemote[[#This Row],[RefNumber]])>0,\"OK\",\"FALTA\")","v":"OK"}]
["2025-06-02","29054","ARMIJOS MONTESINOS RAQUEL","FACTURACION COLABORADOR OLE",1,"7862112523289","PT:221008","CHEDARITOS OLE 90G","Bodega Producto Terminado",2,"UN",0.22,0.44,"UNIDAD SNCKS",0,6.01,6.91,"IVA EN VENTAS 15%",{"$f":"IFERROR(IF(Tabla_Consulta_desde_QuickBooks_Data_64_Bit_QRemote[[#This Row],[SalesOrderLineUnitOfMeasure]]=\"un\",Tabla_Consulta_desde_QuickBooks_Data_64_Bit_QRemote[[#This Row],[SalesOrderLineQuantity]],Tabla_Consulta_desde_QuickBooks_Data_64_Bit_QRemote[[#This Row],[SalesOrderLineQuantity]]/MID(Tabla_Consulta_desde_QuickBooks_Data_64_Bit_QRemote[[#This Row],[SalesOrderLineUnitOfMeasure]],2,2)),0)","v":2},{"$f":"IFERROR(IF(Tabla_Consulta_desde_QuickBooks_Data_64_Bit_QRemote[[#This Row],[SalesOrderLineUnitOfMeasure]]=\"un\",Tabla_Consulta_desde_QuickBooks_Data_64_Bit_QRemote[[#This Row],[SalesOrderLineInvoiced]],Tabla_Consulta_desde_QuickBooks_Data_64_Bit_QRemote[[#This Row],[SalesOrderLineInvoiced]]/MID(Tabla_Consulta_desde_QuickBooks_Data_64_Bit_QRemote[[#This Row],[SalesOrderLineUnitOfMeasure]],2,2)),0)","v":0},{"$f":"+Tabla_Consulta_desde_QuickBooks_Data_64_Bit_QRemote[[#This Row],[facturado]]-Tabla_Consulta_desde_QuickBooks_Data_64_Bit_QRemote[[#This Row],[pide]]","v":-2},{"$f":"IF(Tabla_Consulta_desde_QuickBooks_Data_64_Bit_QRemote[[#This Row],[diferecia]]=0,\"ok\",\"diferen\")","v":"diferen"},{"$f":"IFERROR(INDEX(um!A:C,MATCH(Tabla_Consulta_desde_QuickBooks_Data_64_Bit_QRemote[[#This Row],[SalesOrderLineItemRefFullName]],um!A:A,0),3),\"\")","v":"X10"},{"$f":"IFERROR(IF(OR(Tabla_Consulta_desde_QuickBooks_Data_64_Bit_QRemote[[#This Row],[SalesOrderLineUnitOfMeasure]]=\"UN\",Tabla_Consulta_desde_QuickBooks_Data_64_Bit_QRemote[[#This Row],[SalesOrderLineUnitOfMeasure]]=Tabla_Consulta_desde_QuickBooks_Data_64_Bit_QRemote[[#This Row],[U/M]]),\"\",\"ERROR\"),\"\")","v":""},{"$f":"+WEEKNUM(Tabla_Consulta_desde_QuickBooks_Data_64_Bit_QRemote[[#This Row],[TxnDate]])","v":23},{"$f":"+Tabla_Consulta_desde_QuickBooks_Data_64_Bit_QRemote[[#This Row],[SalesOrderLineRate]]*Tabla_Consulta_desde_QuickBooks_Data_64_Bit_QRemote[[#This Row],[SalesOrderLineInvoiced]]","v":0},{"$f":"+IFERROR(IF(Tabla_Consulta_desde_QuickBooks_Data_64_Bit_QRemote[[#This Row],[CustomerRefFullName]]=\"GRUVALCORP SA\",VLOOKUP(Tabla_Consulta_desde_QuickBooks_Data_64_Bit_QRemote[[#This Row],[SalesOrderLineItemRefFullName]],Hoja1!A:E,5,FALSE),\"\")*-Tabla_Consulta_desde_QuickBooks_Data_64_Bit_QRemote[[#This Row],[SalesOrderLineAmount]],\"\")","v":""},{"$f":"IF(COUNTIF(wms!E:E,Tabla_Consulta_desde_QuickBooks_Data_64_Bit_QRemote[[#This Row],[RefNumber]])>0,\"OK\",\"FALTA\")","v":"FALTA"}]
["2025-06-02","29054","ARMIJOS MONTESINOS RAQUEL","FACTURACION COLABORADOR OLE",2,"853394001678","P.T:110501","CHOCHOS EN SALMUERA MAMATERE 500G","Bodega Producto Terminado",2,"UN",1.36,2.72,"UNIDAD SALSA",0,6.01,6.91,"IVA EN VENTAS 15%",{"$f":"IFERROR(IF(Tabla_Consulta_desde_QuickBooks_Data_64_Bit_QRemote[[#This Row],[SalesOrderLineUnitOfMeasure]]=\"un\",Tabla_Consulta_desde_QuickBooks_Data_64_Bit_QRemote[[#This Row],[SalesOrderLineQuantity]],Tabla_Consulta_desde_QuickBooks_Data_64_Bit_QRemote[[#This Row],[SalesOrderLineQuantity]]/MID(Tabla_Consulta_desde_QuickBooks_Data_64_Bit_QRemote[[#This Row],[SalesOrderLineUnitOfMeasure]],2,2)),0)","v":2},{"$f":"IFERROR(IF(Tabla_Consulta_desde_QuickBooks_Data_64_Bit_QRemote[[#This Row],[SalesOrderLineUnitOfMeasure]]=\"un\",Tabla_Consulta_desde_QuickBooks_Data_64_Bit_QRemote[[#This Row],[SalesOrderLineInvoiced]],Tabla_Consulta_desde_QuickBooks_Data_64_Bit_QRemote[[#This Row],[SalesOrderLineInvoiced]]/MID(Tabla_Consulta_desde_QuickBooks_Data_64_Bit_QRemote[[#This Row],[SalesOrderLineUnitOfMeasure]],2,2)),0)","v":0},{"$f":"+Tabla_Consulta_desde_QuickBooks_Data_64_Bit_QRemote[[#This Row],[facturado]]-Tabla_Consulta_desde_QuickBooks_Data_64_Bit_QRemote[[#This Row],[pide]]","v":-2},{"$f":"IF(Tabla_Consulta_desde_QuickBooks_Data_64_Bit_QRemote[[#This Row],[diferecia]]=0,\"ok\",\"diferen\")","v":"diferen"},{"$f":"IFERROR(INDEX(um!A:C,MATCH(Tabla_Consulta_desde_QuickBooks_Data_64_Bit_QRemote[[#This Row],[SalesOrderLineItemRefFullName]],um!A:A,0),3),\"\")","v":"X12"},{"$f":"IFERROR(IF(OR(Tabla_Consulta_desde_QuickBooks_Data_64_Bit_QRemote[[#This Row],[SalesOrderLineUnitOfMeasure]]=\"UN\",Tabla_Consulta_desde_QuickBooks_Data_64_Bit_QRemote[[#This Row],[SalesOrderLineUnitOfMeasure]]=Tabla_Consulta_desde_QuickBooks_Data_64_Bit_QRemote[[#This Row],[U/M]]),\"\",\"ERROR\"),\"\")","v":""},{"$f":"+WEEKNUM(Tabla_Consulta_desde_QuickBooks_Data_64_Bit_QRemote[[#This Row],[TxnDate]])","v":23},{"$f":"+Tabla_Consulta_desde_QuickBooks_Data_64_Bit_QRemote[[#This Row],[SalesOrderLineRate]]*Tabla_Consulta_desde_QuickBooks_Data_64_Bit_QRemote[[#This Row],[SalesOrderLineInvoiced]]","v":0},{"$f":"+IFERROR(IF(Tabla_Consulta_desde_QuickBooks_Data_64_Bit_QRemote[[#This Row],[CustomerRefFullName]]=\"GRUVALCORP SA\",VLOOKUP(Tabla_Consulta_desde_QuickBooks_Data_64_Bit_QRemote[[#This Row],[SalesOrderLineItemRefFullName]],Hoja1!A:E,5,FALSE),\"\")*-Tabla_Consulta_desde_QuickBooks_Data_64_Bit_QRemote[[#This Row],[SalesOrderLineAmount]],\"\")","v":""},{"$f":"IF(COUNTIF(wms!E:E,Tabla_Consulta_desde_QuickBooks_Data_64_Bit_QRemote[[#This Row],[RefNumber]])>0,\"OK\",\"FALTA\")","v":"FALTA"}]
["2025-06-02","29054","ARMIJOS MONTESINOS RAQUEL","FACTURACION COLABORADOR OLE",3,"7861223804782","PT:221007","TORBELLINO DE QUESO KRASH 40G","Bodega Producto Terminado",2,"UN",0.22,0.44,"UNIDAD SNCKS",0,6.01,6.91,"IVA EN VENTAS 15%",{"$f":"IFERROR(IF(Tabla_Consulta_desde_QuickBooks_Data_64_Bit_QRemote[[#This Row],[SalesOrderLineUnitOfMeasure]]=\"un\",Tabla_Consulta_desde_QuickBooks_Data_64_Bit_QRemote[[#This Row],[SalesOrderLineQuantity]],Tabla_Consulta_desde_QuickBooks_Data_64_Bit_QRemote[[#This Row],[SalesOrderLineQuantity]]/MID(Tabla_Consulta_desde_QuickBooks_Data_64_Bit_QRemote[[#This Row],[SalesOrderLineUnitOfMeasure]],2,2)),0)","v":2},{"$f":"IFERROR(IF(Tabla_Consulta_desde_QuickBooks_Data_64_Bit_QRemote[[#This Row],[SalesOrderLineUnitOfMeasure]]=\"un\",Tabla_Consulta_desde_QuickBooks_Data_64_Bit_QRemote[[#This Row],[SalesOrderLineInvoiced]],Tabla_Consulta_desde_QuickBooks_Data_64_Bit_QRemote[[#This Row],[SalesOrderLineInvoiced]]/MID(Tabla_Consulta_desde_QuickBooks_Data_64_Bit_QRemote[[#This Row],[SalesOrderLineUnitOfMeasure]],2,2)),0)","v":0},{"$f":"+Tabla_Consulta_desde_QuickBooks_Data_64_Bit_QRemote[[#This Row],[facturado]]-Tabla_Consulta_desde_QuickBooks_Data_64_Bit_QRemote[[#This Row],[pide]]","v":-2},{"$f":"IF(Tabla_Consulta_desde_QuickBooks_Data_64_Bit_QRemote[[#This Row],[diferecia]]=0,\"ok\",\"diferen\")","v":"diferen"},{"$f":"IFERROR(INDEX(um!A:C,MATCH(Tabla_Consulta_desde_QuickBooks_Data_64_Bit_QRemote[[#This Row],[SalesOrderLineItemRefFullName]],um!A:A,0),3),\"\")","v":"X30"},{"$f":"IFERROR(IF(OR(Tabla_Consulta_desde_QuickBooks_Data_64_Bit_QRemote[[#This Row],[SalesOrderLineUnitOfMeasure]]=\"UN\",Tabla_Consulta_desde_QuickBooks_Data_64_Bit_QRemote[[#This Row],[SalesOrderLineUnitOfMeasure]]=Tabla_Consulta_desde_QuickBooks_Data_64_Bit_QRemote[[#This Row],[U/M]]),\"\",\"ERROR\"),\"\")","v":""},{"$f":"+WEEKNUM(Tabla_Consulta_desde_QuickBooks_Data_64_Bit_QRemote[[#This Row],[TxnDate]])","v":23},{"$f":"+Tabla_Consulta_desde_QuickBooks_Data_64_Bit_QRemote[[#This Row],[SalesOrderLineRate]]*Tabla_Consulta_desde_QuickBooks_Data_64_Bit_QRemote[[#This Row],[SalesOrderLineInvoiced]]","v":0},{"$f":"+IFERROR(IF(Tabla_Consulta_desde_QuickBooks_Data_64_Bit_QRemote[[#This Row],[CustomerRefFullName]]=\"GRUVALCORP SA\",VLOOKUP(Tabla_Consulta_desde_QuickBooks_Data_64_Bit_QRemote[[#This Row],[SalesOrderLineItemRefFullName]],Hoja1!A:E,5,FALSE),\"\")*-Tabla_Consulta_desde_QuickBooks_Data_64_Bit_QRemote[[#This Row],[SalesOrderLineAmount]],\"\")","v":""},{"$f":"IF(COUNTIF(wms!E:E,Tabla_Consulta_desde_QuickBooks_Data_64_Bit_QRemote[[#This Row],[RefNumber]])>0,\"OK\",\"FALTA\")","v":"FALTA"}]
["2025-06-02","29054","ARMIJOS MONTESINOS RAQUEL","FACTURACION COLABORADOR OLE",4,"7862112520240","P.T:310112","TAPENADE MIX ACEITUNAS OLE 185G","Bodega Producto Terminado",1,"UN",0.77,0.77,"UNIDAD SALSA",0,6.01,6.91,"IVA EN VENTAS 15%",{"$f":"IFERROR(IF(Tabla_Consulta_desde_QuickBooks_Data_64_Bit_QRemote[[#This Row],[SalesOrderLineUnitOfMeasure]]=\"un\",Tabla_Consulta_desde_QuickBooks_Data_64_Bit_QRemote[[#This Row],[SalesOrderLineQuantity]],Tabla_Consulta_desde_QuickBooks_Data_64_Bit_QRemote[[#This Row],[SalesOrderLineQuantity]]/MID(Tabla_Consulta_desde_QuickBooks_Data_64_Bit_QRemote[[#This Row],[SalesOrderLineUnitOfMeasure]],2,2)),0)","v":1},{"$f":"IFERROR(IF(Tabla_Consulta_desde_QuickBooks_Data_64_Bit_QRemote[[#This Row],[SalesOrderLineUnitOfMeasure]]=\"un\",Tabla_Consulta_desde_QuickBooks_Data_64_Bit_QRemote[[#This Row],[SalesOrderLineInvoiced]],Tabla_Consulta_desde_QuickBooks_Data_64_Bit_QRemote[[#This Row],[SalesOrderLineInvoiced]]/MID(Tabla_Consulta_desde_QuickBooks_Data_64_Bit_QRemote[[#This Row],[SalesOrderLineUnitOfMeasure]],2,2)),0)","v":0},{"$f":"+Tabla_Consulta_desde_QuickBooks_Data_64_Bit_QRemote[[#This Row],[facturado]]-Tabla_Consulta_desde_QuickBooks_Data_64_Bit_QRemote[[#This Row],[pide]]","v":-1},{"$f":"IF(Tabla_Consulta_desde_QuickBooks_Data_64_Bit_QRemote[[#This Row],[diferecia]]=0,\"ok\",\"diferen\")","v":"diferen"},{"$f":"IFERROR(INDEX(um!A:C,MATCH(Tabla_Consulta_desde_QuickBooks_Data_64_Bit_QRemote[[#This Row],[SalesOrderLineItemRefFullName]],um!A:A,0),3),\"\")","v":"X12"},{"$f":"IFERROR(IF(OR(Tabla_Consulta_desde_QuickBooks_Data_64_Bit_QRemote[[#This Row],[SalesOrderLineUnitOfMeasure]]=\"UN\",Tabla_Consulta_desde_QuickBooks_Data_64_Bit_QRemote[[#This Row],[SalesOrderLineUnitOfMeasure]]=Tabla_Consulta_desde_QuickBooks_Data_64_Bit_QRemote[[#This Row],[U/M]]),\"\",\"ERROR\"),\"\")","v":""},{"$f":"+WEEKNUM(Tabla_Consulta_desde_QuickBooks_Data_64_Bit_QRemote[[#This Row],[TxnDate]])","v":23},{"$f":"+Tabla_Consulta_desde_QuickBooks_Data_64_Bit_QRemote[[#This Row],[SalesOrderLineRate]]*Tabla_Consulta_desde_QuickBooks_Data_64_Bit_QRemote[[#This Row],[SalesOrderLineInvoiced]]","v":0},{"$f":"+IFERROR(IF(Tabla_Consulta_desde_QuickBooks_Data_64_Bit_QRemote[[#This Row],[CustomerRefFullName]]=\"GRUVALCORP SA\",VLOOKUP(Tabla_Consulta_desde_QuickBooks_Data_64_Bit_QRemote[[#This Row],[SalesOrderLineItemRefFullName]],Hoja1!A:E,5,FALSE),\"\")*-Tabla_Consulta_desde_QuickBooks_Data_64_Bit_QRemote[[#This Row],[SalesOrderLineAmount]],\"\")","v":""},{"$f":"IF(COUNTIF(wms!E:E,Tabla_Consulta_desde_QuickBooks_Data_64_Bit_QRemote[[#This Row],[RefNumber]])>0,\"OK\",\"FALTA\")","v":"FALTA"}]
["2025-06-02","29054","ARMIJOS MONTESINOS RAQUEL","FACTURACION COLABORADOR OLE",5,"705424000116","P.T:110207","AJÍ CON MARACUYA OLE 185G","Bodega Producto Terminado",1,"UN",0.82,0.82,"UNIDAD SALSA",0,6.01,6.91,"IVA EN VENTAS 15%",{"$f":"IFERROR(IF(Tabla_Consulta_desde_QuickBooks_Data_64_Bit_QRemote[[#This Row],[SalesOrderLineUnitOfMeasure]]=\"un\",Tabla_Consulta_desde_QuickBooks_Data_64_Bit_QRemote[[#This Row],[SalesOrderLineQuantity]],Tabla_Consulta_desde_QuickBooks_Data_64_Bit_QRemote[[#This Row],[SalesOrderLineQuantity]]/MID(Tabla_Consulta_desde_QuickBooks_Data_64_Bit_QRemote[[#This Row],[SalesOrderLineUnitOfMeasure]],2,2)),0)","v":1},{"$f":"IFERROR(IF(Tabla_Consulta_desde_QuickBooks_Data_64_Bit_QRemote[[#This Row],[SalesOrderLineUnitOfMeasure]]=\"un\",Tabla_Consulta_desde_QuickBooks_Data_64_Bit_QRemote[[#This Row],[SalesOrderLineInvoiced]],Tabla_Consulta_desde_QuickBooks_Data_64_Bit_QRemote[[#This Row],[SalesOrderLineInvoiced]]/MID(Tabla_Consulta_desde_QuickBooks_Data_64_Bit_QRemote[[#This Row],[SalesOrderLineUnitOfMeasure]],2,2)),0)","v":0},{"$f":"+Tabla_Consulta_desde_QuickBooks_Data_64_Bit_QRemote[[#This Row],[facturado]]-Tabla_Consulta_desde_QuickBooks_Data_64_Bit_QRemote[[#This Row],[pide]]","v":-1},{"$f":"IF(Tabla_Consulta_desde_QuickBooks_Data_64_Bit_QRemote[[#This Row],[diferecia]]=0,\"ok\",\"diferen\")","v":"diferen"},{"$f":"IFERROR(INDEX(um!A:C,MATCH(Tabla_Consulta_desde_QuickBooks_Data_64_Bit_QRemote[[#This Row],[SalesOrderLineItemRefFullName]],um!A:A,0),3),\"\")","v":"X24"},{"$f":"IFERROR(IF(OR(Tabla_Consulta_desde_QuickBooks_Data_64_Bit_QRemote[[#This Row],[SalesOrderLineUnitOfMeasure]]=\"UN\",Tabla_Consulta_desde_QuickBooks_Data_64_Bit_QRemote[[#This Row],[SalesOrderLineUnitOfMeasure]]=Tabla_Consulta_desde_QuickBooks_Data_64_Bit_QRemote[[#This Row],[U/M]]),\"\",\"ERROR\"),\"\")","v":""},{"$f":"+WEEKNUM(Tabla_Consulta_desde_QuickBooks_Data_64_Bit_QRemote[[#This Row],[TxnDate]])","v":23},{"$f":"+Tabla_Consulta_desde_QuickBooks_Data_64_Bit_QRemote[[#This Row],[SalesOrderLineRate]]*Tabla_Consulta_desde_QuickBooks_Data_64_Bit_QRemote[[#This Row],[SalesOrderLineInvoiced]]","v":0},{"$f":"+IFERROR(IF(Tabla_Consulta_desde_QuickBooks_Data_64_Bit_QRemote[[#This Row],[CustomerRefFullName]]=\"GRUVALCORP SA\",VLOOKUP(Tabla_Consulta_desde_QuickBooks_Data_64_Bit_QRemote[[#This Row],[SalesOrderLineItemRefFullName]],Hoja1!A:E,5,FALSE),\"\")*-Tabla_Consulta_desde_QuickBooks_Data_64_Bit_QRemote[[#This Row],[SalesOrderLineAmount]],\"\")","v":""},{"$f":"IF(COUNTIF(wms!E:E,Tabla_Consulta_desde_QuickBooks_Data_64_Bit_QRemote[[#This Row],[RefNumber]])>0,\"OK\",\"FALTA\")","v":"FALTA"}]
["2025-06-02","29054","ARMIJOS MONTESINOS RAQUEL","FACTURACION COLABORADOR OLE",6,"705424000147","P.T:110209","AJÍ CON TOMATE DE ÁRBOL OLE 180G","Bodega Producto Terminado",1,"UN",0.82,0.82,"UNIDAD SALSA",0,6.01,6.91,"IVA EN VENTAS 15%",{"$f":"IFERROR(IF(Tabla_Consulta_desde_QuickBooks_Data_64_Bit_QRemote[[#This Row],[SalesOrderLineUnitOfMeasure]]=\"un\",Tabla_Consulta_desde_QuickBooks_Data_64_Bit_QRemote[[#This Row],[SalesOrderLineQuantity]],Tabla_Consulta_desde_QuickBooks_Data_64_Bit_QRemote[[#This Row],[SalesOrderLineQuantity]]/MID(Tabla_Consulta_desde_QuickBooks_Data_64_Bit_QRemote[[#This Row],[SalesOrderLineUnitOfMeasure]],2,2)),0)","v":1},{"$f":"IFERROR(IF(Tabla_Consulta_desde_QuickBooks_Data_64_Bit_QRemote[[#This Row],[SalesOrderLineUnitOfMeasure]]=\"un\",Tabla_Consulta_desde_QuickBooks_Data_64_Bit_QRemote[[#This Row],[SalesOrderLineInvoiced]],Tabla_Consulta_desde_QuickBooks_Data_64_Bit_QRemote[[#This Row],[SalesOrderLineInvoiced]]/MID(Tabla_Consulta_desde_QuickBooks_Data_64_Bit_QRemote[[#This Row],[SalesOrderLineUnitOfMeasure]],2,2)),0)","v":0},{"$f":"+Tabla_Consulta_desde_QuickBooks_Data_64_Bit_QRemote[[#This Row],[facturado]]-Tabla_Consulta_desde_QuickBooks_Data_64_Bit_QRemote[[#This Row],[pide]]","v":-1},{"$f":"IF(Tabla_Consulta_desde_QuickBooks_Data_64_Bit_QRemote[[#This Row],[diferecia]]=0,\"ok\",\"diferen\")","v":"diferen"},{"$f":"IFERROR(INDEX(um!A:C,MATCH(Tabla_Consulta_desde_QuickBooks_Data_64_Bit_QRemote[[#This Row],[SalesOrderLineItemRefFullName]],um!A:A,0),3),\"\")","v":"X24"},{"$f":"IFERROR(IF(OR(Tabla_Consulta_desde_QuickBooks_Data_64_Bit_QRemote[[#This Row],[SalesOrderLineUnitOfMeasure]]=\"UN\",Tabla_Consulta_desde_QuickBooks_Data_64_Bit_QRemote[[#This Row],[SalesOrderLineUnitOfMeasure]]=Tabla_Consulta_desde_QuickBooks_Data_64_Bit_QRemote[[#This Row],[U/M]]),\"\",\"ERROR\"),\"\")","v":""},{"$f":"+WEEKNUM(Tabla_Consulta_desde_QuickBooks_Data_64_Bit_QRemote[[#This Row],[TxnDate]])","v":23},{"$f":"+Tabla_Consulta_desde_QuickBooks_Data_64_Bit_QRemote[[#This Row],[SalesOrderLineRate]]*Tabla_Consulta_desde_QuickBooks_Data_64_Bit_QRemote[[#This Row],[SalesOrderLineInvoiced]]","v":0},{"$f":"+IFERROR(IF(Tabla_Consulta_desde_QuickBooks_Data_64_Bit_QRemote[[#This Row],[CustomerRefFullName]]=\"GRUVALCORP SA\",VLOOKUP(Tabla_Consulta_desde_QuickBooks_Data_64_Bit_QRemote[[#This Row],[SalesOrderLineItemRefFullName]],Hoja1!A:E,5,FALSE),\"\")*-Tabla_Consulta_desde_QuickBooks_Data_64_Bit_QRemote[[#This Row],[SalesOrderLineAmount]],\"\")","v":""},{"$f":"IF(COUNTIF(wms!E:E,Tabla_Consulta_desde_QuickBooks_Data_64_Bit_QRemote[[#This Row],[RefNumber]])>0,\"OK\",\"FALTA\")","v":"FALTA"}]
["2025-06-02","29054","ARMIJOS MONTESINOS RAQUEL","FACTURACION COLABORADOR OLE",7,null,"INFOADICIONAL","FACTURACION COLABORADOR OLE",null,null,null,0,0,null,0,6.01,6.91,"IVA EN VENTAS 15%",{"$f":"IFERROR(IF(Tabla_Consulta_desde_QuickBooks_Data_64_Bit_QRemote[[#This Row],[SalesOrderLineUnitOfMeasure]]=\"un\",Tabla_Consulta_desde_QuickBooks_Data_64_Bit_QRemote[[#This Row],[SalesOrderLineQuantity]],Tabla_Consulta_desde_QuickBooks_Data_64_Bit_QRemote[[#This Row],[SalesOrderLineQuantity]]/MID(Tabla_Consulta_desde_QuickBooks_Data_64_Bit_QRemote[[#This Row],[SalesOrderLineUnitOfMeasure]],2,2)),0)","v":0},{"$f":"IFERROR(IF(Tabla_Consulta_desde_QuickBooks_Data_64_Bit_QRemote[[#This Row],[SalesOrderLineUnitOfMeasure]]=\"un\",Tabla_Consulta_desde_QuickBooks_Data_64_Bit_QRemote[[#This Row],[SalesOrderLineInvoiced]],Tabla_Consulta_desde_QuickBooks_Data_64_Bit_QRemote[[#This Row],[SalesOrderLineInvoiced]]/MID(Tabla_Consulta_desde_QuickBooks_Data_64_Bit_QRemote[[#This Row],[SalesOrderLineUnitOfMeasure]],2,2)),0)","v":0},{"$f":"+Tabla_Consulta_desde_QuickBooks_Data_64_Bit_QRemote[[#This Row],[facturado]]-Tabla_Consulta_desde_QuickBooks_Data_64_Bit_QRemote[[#This Row],[pide]]","v":0},{"$f":"IF(Tabla_Consulta_desde_QuickBooks_Data_64_Bit_QRemote[[#This Row],[diferecia]]=0,\"ok\",\"diferen\")","v":"ok"},{"$f":"IFERROR(INDEX(um!A:C,MATCH(Tabla_Consulta_desde_QuickBooks_Data_64_Bit_QRemote[[#This Row],[SalesOrderLineItemRefFullName]],um!A:A,0),3),\"\")","v":""},{"$f":"IFERROR(IF(OR(Tabla_Consulta_desde_QuickBooks_Data_64_Bit_QRemote[[#This Row],[SalesOrderLineUnitOfMeasure]]=\"UN\",Tabla_Consulta_desde_QuickBooks_Data_64_Bit_QRemote[[#This Row],[SalesOrderLineUnitOfMeasure]]=Tabla_Consulta_desde_QuickBooks_Data_64_Bit_QRemote[[#This Row],[U/M]]),\"\",\"ERROR\"),\"\")","v":""},{"$f":"+WEEKNUM(Tabla_Consulta_desde_QuickBooks_Data_64_Bit_QRemote[[#This Row],[TxnDate]])","v":23},{"$f":"+Tabla_Consulta_desde_QuickBooks_Data_64_Bit_QRemote[[#This Row],[SalesOrderLineRate]]*Tabla_Consulta_desde_QuickBooks_Data_64_Bit_QRemote[[#This Row],[SalesOrderLineInvoiced]]","v":0},{"$f":"+IFERROR(IF(Tabla_Consulta_desde_QuickBooks_Data_64_Bit_QRemote[[#This Row],[CustomerRefFullName]]=\"GRUVALCORP SA\",VLOOKUP(Tabla_Consulta_desde_QuickBooks_Data_64_Bit_QRemote[[#This Row],[SalesOrderLineItemRefFullName]],Hoja1!A:E,5,FALSE),\"\")*-Tabla_Consulta_desde_QuickBooks_Data_64_Bit_QRemote[[#This Row],[SalesOrderLineAmount]],\"\")","v":""},{"$f":"IF(COUNTIF(wms!E:E,Tabla_Consulta_desde_QuickBooks_Data_64_Bit_QRemote[[#This Row],[RefNumber]])>0,\"OK\",\"FALTA\")","v":"FALTA"}]
["2025-06-02","29056","YARAD YAMILE","FACTURACION COLABORADOR OLE",1,"7862112523289","PT:221008","CHEDARITOS OLE 90G","Bodega Producto Terminado",6,"UN",0.22,1.32,"UNIDAD SNCKS",0,19.79,22.76,"IVA EN VENTAS 15%",{"$f":"IFERROR(IF(Tabla_Consulta_desde_QuickBooks_Data_64_Bit_QRemote[[#This Row],[SalesOrderLineUnitOfMeasure]]=\"un\",Tabla_Consulta_desde_QuickBooks_Data_64_Bit_QRemote[[#This Row],[SalesOrderLineQuantity]],Tabla_Consulta_desde_QuickBooks_Data_64_Bit_QRemote[[#This Row],[SalesOrderLineQuantity]]/MID(Tabla_Consulta_desde_QuickBooks_Data_64_Bit_QRemote[[#This Row],[SalesOrderLineUnitOfMeasure]],2,2)),0)","v":6},{"$f":"IFERROR(IF(Tabla_Consulta_desde_QuickBooks_Data_64_Bit_QRemote[[#This Row],[SalesOrderLineUnitOfMeasure]]=\"un\",Tabla_Consulta_desde_QuickBooks_Data_64_Bit_QRemote[[#This Row],[SalesOrderLineInvoiced]],Tabla_Consulta_desde_QuickBooks_Data_64_Bit_QRemote[[#This Row],[SalesOrderLineInvoiced]]/MID(Tabla_Consulta_desde_QuickBooks_Data_64_Bit_QRemote[[#This Row],[SalesOrderLineUnitOfMeasure]],2,2)),0)","v":0},{"$f":"+Tabla_Consulta_desde_QuickBooks_Data_64_Bit_QRemote[[#This Row],[facturado]]-Tabla_Consulta_desde_QuickBooks_Data_64_Bit_QRemote[[#This Row],[pide]]","v":-6},{"$f":"IF(Tabla_Consulta_desde_QuickBooks_Data_64_Bit_QRemote[[#This Row],[diferecia]]=0,\"ok\",\"diferen\")","v":"diferen"},{"$f":"IFERROR(INDEX(um!A:C,MATCH(Tabla_Consulta_desde_QuickBooks_Data_64_Bit_QRemote[[#This Row],[SalesOrderLineItemRefFullName]],um!A:A,0),3),\"\")","v":"X10"},{"$f":"IFERROR(IF(OR(Tabla_Consulta_desde_QuickBooks_Data_64_Bit_QRemote[[#This Row],[SalesOrderLineUnitOfMeasure]]=\"UN\",Tabla_Consulta_desde_QuickBooks_Data_64_Bit_QRemote[[#This Row],[SalesOrderLineUnitOfMeasure]]=Tabla_Consulta_desde_QuickBooks_Data_64_Bit_QRemote[[#This Row],[U/M]]),\"\",\"ERROR\"),\"\")","v":""},{"$f":"+WEEKNUM(Tabla_Consulta_desde_QuickBooks_Data_64_Bit_QRemote[[#This Row],[TxnDate]])","v":23},{"$f":"+Tabla_Consulta_desde_QuickBooks_Data_64_Bit_QRemote[[#This Row],[SalesOrderLineRate]]*Tabla_Consulta_desde_QuickBooks_Data_64_Bit_QRemote[[#This Row],[SalesOrderLineInvoiced]]","v":0},{"$f":"+IFERROR(IF(Tabla_Consulta_desde_QuickBooks_Data_64_Bit_QRemote[[#This Row],[CustomerRefFullName]]=\"GRUVALCORP SA\",VLOOKUP(Tabla_Consulta_desde_QuickBooks_Data_64_Bit_QRemote[[#This Row],[SalesOrderLineItemRefFullName]],Hoja1!A:E,5,FALSE),\"\")*-Tabla_Consulta_desde_QuickBooks_Data_64_Bit_QRemote[[#This Row],[SalesOrderLineAmount]],\"\")","v":""},{"$f":"IF(COUNTIF(wms!E:E,Tabla_Consulta_desde_QuickBooks_Data_64_Bit_QRemote[[#This Row],[RefNumber]])>0,\"OK\",\"FALTA\")","v":"FALTA"}]
["2025-06-02","29056","YARAD YAMILE","FACTURACION COLABORADOR OLE",2,"7861042564607","PT:220112","TRIANGULITO DE MAÍZ QUESO SMX 350G","Bodega Producto Terminado",4,"UN",0.97,3.88,"UNIDAD SNCKS",0,19.79,22.76,"IVA EN VENTAS 15%",{"$f":"IFERROR(IF(Tabla_Consulta_desde_QuickBooks_Data_64_Bit_QRemote[[#This Row],[SalesOrderLineUnitOfMeasure]]=\"un\",Tabla_Consulta_desde_QuickBooks_Data_64_Bit_QRemote[[#This Row],[SalesOrderLineQuantity]],Tabla_Consulta_desde_QuickBooks_Data_64_Bit_QRemote[[#This Row],[SalesOrderLineQuantity]]/MID(Tabla_Consulta_desde_QuickBooks_Data_64_Bit_QRemote[[#This Row],[SalesOrderLineUnitOfMeasure]],2,2)),0)","v":4},{"$f":"IFERROR(IF(Tabla_Consulta_desde_QuickBooks_Data_64_Bit_QRemote[[#This Row],[SalesOrderLineUnitOfMeasure]]=\"un\",Tabla_Consulta_desde_QuickBooks_Data_64_Bit_QRemote[[#This Row],[SalesOrderLineInvoiced]],Tabla_Consulta_desde_QuickBooks_Data_64_Bit_QRemote[[#This Row],[SalesOrderLineInvoiced]]/MID(Tabla_Consulta_desde_QuickBooks_Data_64_Bit_QRemote[[#This Row],[SalesOrderLineUnitOfMeasure]],2,2)),0)","v":0},{"$f":"+Tabla_Consulta_desde_QuickBooks_Data_64_Bit_QRemote[[#This Row],[facturado]]-Tabla_Consulta_desde_QuickBooks_Data_64_Bit_QRemote[[#This Row],[pide]]","v":-4},{"$f":"IF(Tabla_Consulta_desde_QuickBooks_Data_64_Bit_QRemote[[#This Row],[diferecia]]=0,\"ok\",\"diferen\")","v":"diferen"},{"$f":"IFERROR(INDEX(um!A:C,MATCH(Tabla_Consulta_desde_QuickBooks_Data_64_Bit_QRemote[[#This Row],[SalesOrderLineItemRefFullName]],um!A:A,0),3),\"\")","v":"X 6"},{"$f":"IFERROR(IF(OR(Tabla_Consulta_desde_QuickBooks_Data_64_Bit_QRemote[[#This Row],[SalesOrderLineUnitOfMeasure]]=\"UN\",Tabla_Consulta_desde_QuickBooks_Data_64_Bit_QRemote[[#This Row],[SalesOrderLineUnitOfMeasure]]=Tabla_Consulta_desde_QuickBooks_Data_64_Bit_QRemote[[#This Row],[U/M]]),\"\",\"ERROR\"),\"\")","v":""},{"$f":"+WEEKNUM(Tabla_Consulta_desde_QuickBooks_Data_64_Bit_QRemote[[#This Row],[TxnDate]])","v":23},{"$f":"+Tabla_Consulta_desde_QuickBooks_Data_64_Bit_QRemote[[#This Row],[SalesOrderLineRate]]*Tabla_Consulta_desde_QuickBooks_Data_64_Bit_QRemote[[#This Row],[SalesOrderLineInvoiced]]","v":0},{"$f":"+IFERROR(IF(Tabla_Consulta_desde_QuickBooks_Data_64_Bit_QRemote[[#This Row],[CustomerRefFullName]]=\"GRUVALCORP SA\",VLOOKUP(Tabla_Consulta_desde_QuickBooks_Data_64_Bit_QRemote[[#This Row],[SalesOrderLineItemRefFullName]],Hoja1!A:E,5,FALSE),\"\")*-Tabla_Consulta_desde_QuickBooks_Data_64_Bit_QRemote[[#This Row],[SalesOrderLineAmount]],\"\")","v":""},{"$f":"IF(COUNTIF(wms!E:E,Tabla_Consulta_desde_QuickBooks_Data_64_Bit_QRemote[[#This Row],[RefNumber]])>0,\"OK\",\"FALTA\")","v":"FALTA"}]
["2025-06-02","29056","YARAD YAMILE","FACTURACION COLABORADOR OLE",3,"7861223803235","PT:220140","TRIANGULITO DE MAÍZ LIMÓN AKI 150G","Bodega Producto Terminado",2,"UN",0.5,1,"UNIDAD SNCKS",0,19.79,22.76,"IVA EN VENTAS 15%",{"$f":"IFERROR(IF(Tabla_Consulta_desde_QuickBooks_Data_64_Bit_QRemote[[#This Row],[SalesOrderLineUnitOfMeasure]]=\"un\",Tabla_Consulta_desde_QuickBooks_Data_64_Bit_QRemote[[#This Row],[SalesOrderLineQuantity]],Tabla_Consulta_desde_QuickBooks_Data_64_Bit_QRemote[[#This Row],[SalesOrderLineQuantity]]/MID(Tabla_Consulta_desde_QuickBooks_Data_64_Bit_QRemote[[#This Row],[SalesOrderLineUnitOfMeasure]],2,2)),0)","v":2},{"$f":"IFERROR(IF(Tabla_Consulta_desde_QuickBooks_Data_64_Bit_QRemote[[#This Row],[SalesOrderLineUnitOfMeasure]]=\"un\",Tabla_Consulta_desde_QuickBooks_Data_64_Bit_QRemote[[#This Row],[SalesOrderLineInvoiced]],Tabla_Consulta_desde_QuickBooks_Data_64_Bit_QRemote[[#This Row],[SalesOrderLineInvoiced]]/MID(Tabla_Consulta_desde_QuickBooks_Data_64_Bit_QRemote[[#This Row],[SalesOrderLineUnitOfMeasure]],2,2)),0)","v":0},{"$f":"+Tabla_Consulta_desde_QuickBooks_Data_64_Bit_QRemote[[#This Row],[facturado]]-Tabla_Consulta_desde_QuickBooks_Data_64_Bit_QRemote[[#This Row],[pide]]","v":-2},{"$f":"IF(Tabla_Consulta_desde_QuickBooks_Data_64_Bit_QRemote[[#This Row],[diferecia]]=0,\"ok\",\"diferen\")","v":"diferen"},{"$f":"IFERROR(INDEX(um!A:C,MATCH(Tabla_Consulta_desde_QuickBooks_Data_64_Bit_QRemote[[#This Row],[SalesOrderLineItemRefFullName]],um!A:A,0),3),\"\")","v":"X12"},{"$f":"IFERROR(IF(OR(Tabla_Consulta_desde_QuickBooks_Data_64_Bit_QRemote[[#This Row],[SalesOrderLineUnitOfMeasure]]=\"UN\",Tabla_Consulta_desde_QuickBooks_Data_64_Bit_QRemote[[#This Row],[SalesOrderLineUnitOfMeasure]]=Tabla_Consulta_desde_QuickBooks_Data_64_Bit_QRemote[[#This Row],[U/M]]),\"\",\"ERROR\"),\"\")","v":""},{"$f":"+WEEKNUM(Tabla_Consulta_desde_QuickBooks_Data_64_Bit_QRemote[[#This Row],[TxnDate]])","v":23},{"$f":"+Tabla_Consulta_desde_QuickBooks_Data_64_Bit_QRemote[[#This Row],[SalesOrderLineRate]]*Tabla_Consulta_desde_QuickBooks_Data_64_Bit_QRemote[[#This Row],[SalesOrderLineInvoiced]]","v":0},{"$f":"+IFERROR(IF(Tabla_Consulta_desde_QuickBooks_Data_64_Bit_QRemote[[#This Row],[CustomerRefFullName]]=\"GRUVALCORP SA\",VLOOKUP(Tabla_Consulta_desde_QuickBooks_Data_64_Bit_QRemote[[#This Row],[SalesOrderLineItemRefFullName]],Hoja1!A:E,5,FALSE),\"\")*-Tabla_Consulta_desde_QuickBooks_Data_64_Bit_QRemote[[#This Row],[SalesOrderLineAmount]],\"\")","v":""},{"$f":"IF(COUNTIF(wms!E:E,Tabla_Consulta_desde_QuickBooks_Data_64_Bit_QRemote[[#This Row],[RefNumber]])>0,\"OK\",\"FALTA\")","v":"FALTA"}]
["2025-06-02","29056","YARAD YAMILE","FACTURACION COLABORADOR OLE",4,"7862112522794","P.T:311605","SALSA CHICKEN DIPPIN OLE 200G","Bodega Producto Terminado",3,"UN",0.74,2.2200000000000002,"UNIDAD SALSA",0,19.79,22.76,"IVA EN VENTAS 15%",{"$f":"IFERROR(IF(Tabla_Consulta_desde_QuickBooks_Data_64_Bit_QRemote[[#This Row],[SalesOrderLineUnitOfMeasure]]=\"un\",Tabla_Consulta_desde_QuickBooks_Data_64_Bit_QRemote[[#This Row],[SalesOrderLineQuantity]],Tabla_Consulta_desde_QuickBooks_Data_64_Bit_QRemote[[#This Row],[SalesOrderLineQuantity]]/MID(Tabla_Consulta_desde_QuickBooks_Data_64_Bit_QRemote[[#This Row],[SalesOrderLineUnitOfMeasure]],2,2)),0)","v":3},{"$f":"IFERROR(IF(Tabla_Consulta_desde_QuickBooks_Data_64_Bit_QRemote[[#This Row],[SalesOrderLineUnitOfMeasure]]=\"un\",Tabla_Consulta_desde_QuickBooks_Data_64_Bit_QRemote[[#This Row],[SalesOrderLineInvoiced]],Tabla_Consulta_desde_QuickBooks_Data_64_Bit_QRemote[[#This Row],[SalesOrderLineInvoiced]]/MID(Tabla_Consulta_desde_QuickBooks_Data_64_Bit_QRemote[[#This Row],[SalesOrderLineUnitOfMeasure]],2,2)),0)","v":0},{"$f":"+Tabla_Consulta_desde_QuickBooks_Data_64_Bit_QRemote[[#This Row],[facturado]]-Tabla_Consulta_desde_QuickBooks_Data_64_Bit_QRemote[[#This Row],[pide]]","v":-3},{"$f":"IF(Tabla_Consulta_desde_QuickBooks_Data_64_Bit_QRemote[[#This Row],[diferecia]]=0,\"ok\",\"diferen\")","v":"diferen"},{"$f":"IFERROR(INDEX(um!A:C,MATCH(Tabla_Consulta_desde_QuickBooks_Data_64_Bit_QRemote[[#This Row],[SalesOrderLineItemRefFullName]],um!A:A,0),3),\"\")","v":"X24"},{"$f":"IFERROR(IF(OR(Tabla_Consulta_desde_QuickBooks_Data_64_Bit_QRemote[[#This Row],[SalesOrderLineUnitOfMeasure]]=\"UN\",Tabla_Consulta_desde_QuickBooks_Data_64_Bit_QRemote[[#This Row],[SalesOrderLineUnitOfMeasure]]=Tabla_Consulta_desde_QuickBooks_Data_64_Bit_QRemote[[#This Row],[U/M]]),\"\",\"ERROR\"),\"\")","v":""},{"$f":"+WEEKNUM(Tabla_Consulta_desde_QuickBooks_Data_64_Bit_QRemote[[#This Row],[TxnDate]])","v":23},{"$f":"+Tabla_Consulta_desde_QuickBooks_Data_64_Bit_QRemote[[#This Row],[SalesOrderLineRate]]*Tabla_Consulta_desde_QuickBooks_Data_64_Bit_QRemote[[#This Row],[SalesOrderLineInvoiced]]","v":0},{"$f":"+IFERROR(IF(Tabla_Consulta_desde_QuickBooks_Data_64_Bit_QRemote[[#This Row],[CustomerRefFullName]]=\"GRUVALCORP SA\",VLOOKUP(Tabla_Consulta_desde_QuickBooks_Data_64_Bit_QRemote[[#This Row],[SalesOrderLineItemRefFullName]],Hoja1!A:E,5,FALSE),\"\")*-Tabla_Consulta_desde_QuickBooks_Data_64_Bit_QRemote[[#This Row],[SalesOrderLineAmount]],\"\")","v":""},{"$f":"IF(COUNTIF(wms!E:E,Tabla_Consulta_desde_QuickBooks_Data_64_Bit_QRemote[[#This Row],[RefNumber]])>0,\"OK\",\"FALTA\")","v":"FALTA"}]
["2025-06-02","29056","YARAD YAMILE","FACTURACION COLABORADOR OLE",5,"705424000116","P.T:110248","AJÍ CON MARACUYA OLE 185G - EXP","Bodega Producto Terminado",3,"UN",0.82,2.46,"UNIDAD SALSA",0,19.79,22.76,"IVA EN VENTAS 15%",{"$f":"IFERROR(IF(Tabla_Consulta_desde_QuickBooks_Data_64_Bit_QRemote[[#This Row],[SalesOrderLineUnitOfMeasure]]=\"un\",Tabla_Consulta_desde_QuickBooks_Data_64_Bit_QRemote[[#This Row],[SalesOrderLineQuantity]],Tabla_Consulta_desde_QuickBooks_Data_64_Bit_QRemote[[#This Row],[SalesOrderLineQuantity]]/MID(Tabla_Consulta_desde_QuickBooks_Data_64_Bit_QRemote[[#This Row],[SalesOrderLineUnitOfMeasure]],2,2)),0)","v":3},{"$f":"IFERROR(IF(Tabla_Consulta_desde_QuickBooks_Data_64_Bit_QRemote[[#This Row],[SalesOrderLineUnitOfMeasure]]=\"un\",Tabla_Consulta_desde_QuickBooks_Data_64_Bit_QRemote[[#This Row],[SalesOrderLineInvoiced]],Tabla_Consulta_desde_QuickBooks_Data_64_Bit_QRemote[[#This Row],[SalesOrderLineInvoiced]]/MID(Tabla_Consulta_desde_QuickBooks_Data_64_Bit_QRemote[[#This Row],[SalesOrderLineUnitOfMeasure]],2,2)),0)","v":0},{"$f":"+Tabla_Consulta_desde_QuickBooks_Data_64_Bit_QRemote[[#This Row],[facturado]]-Tabla_Consulta_desde_QuickBooks_Data_64_Bit_QRemote[[#This Row],[pide]]","v":-3},{"$f":"IF(Tabla_Consulta_desde_QuickBooks_Data_64_Bit_QRemote[[#This Row],[diferecia]]=0,\"ok\",\"diferen\")","v":"diferen"},{"$f":"IFERROR(INDEX(um!A:C,MATCH(Tabla_Consulta_desde_QuickBooks_Data_64_Bit_QRemote[[#This Row],[SalesOrderLineItemRefFullName]],um!A:A,0),3),\"\")","v":""},{"$f":"IFERROR(IF(OR(Tabla_Consulta_desde_QuickBooks_Data_64_Bit_QRemote[[#This Row],[SalesOrderLineUnitOfMeasure]]=\"UN\",Tabla_Consulta_desde_QuickBooks_Data_64_Bit_QRemote[[#This Row],[SalesOrderLineUnitOfMeasure]]=Tabla_Consulta_desde_QuickBooks_Data_64_Bit_QRemote[[#This Row],[U/M]]),\"\",\"ERROR\"),\"\")","v":""},{"$f":"+WEEKNUM(Tabla_Consulta_desde_QuickBooks_Data_64_Bit_QRemote[[#This Row],[TxnDate]])","v":23},{"$f":"+Tabla_Consulta_desde_QuickBooks_Data_64_Bit_QRemote[[#This Row],[SalesOrderLineRate]]*Tabla_Consulta_desde_QuickBooks_Data_64_Bit_QRemote[[#This Row],[SalesOrderLineInvoiced]]","v":0},{"$f":"+IFERROR(IF(Tabla_Consulta_desde_QuickBooks_Data_64_Bit_QRemote[[#This Row],[CustomerRefFullName]]=\"GRUVALCORP SA\",VLOOKUP(Tabla_Consulta_desde_QuickBooks_Data_64_Bit_QRemote[[#This Row],[SalesOrderLineItemRefFullName]],Hoja1!A:E,5,FALSE),\"\")*-Tabla_Consulta_desde_QuickBooks_Data_64_Bit_QRemote[[#This Row],[SalesOrderLineAmount]],\"\")","v":""},{"$f":"IF(COUNTIF(wms!E:E,Tabla_Consulta_desde_QuickBooks_Data_64_Bit_QRemote[[#This Row],[RefNumber]])>0,\"OK\",\"FALTA\")","v":"FALTA"}]
["2025-06-02","29056","YARAD YAMILE","FACTURACION COLABORADOR OLE",6,"705424000147","P.T:110249","AJÍ CON TOMATE DE ÁRBOL OLE 180G - EXP","Bodega Producto Terminado",1,"UN",0.82,0.82,"UNIDAD SALSA",0,19.79,22.76,"IVA EN VENTAS 15%",{"$f":"IFERROR(IF(Tabla_Consulta_desde_QuickBooks_Data_64_Bit_QRemote[[#This Row],[SalesOrderLineUnitOfMeasure]]=\"un\",Tabla_Consulta_desde_QuickBooks_Data_64_Bit_QRemote[[#This Row],[SalesOrderLineQuantity]],Tabla_Consulta_desde_QuickBooks_Data_64_Bit_QRemote[[#This Row],[SalesOrderLineQuantity]]/MID(Tabla_Consulta_desde_QuickBooks_Data_64_Bit_QRemote[[#This Row],[SalesOrderLineUnitOfMeasure]],2,2)),0)","v":1},{"$f":"IFERROR(IF(Tabla_Consulta_desde_QuickBooks_Data_64_Bit_QRemote[[#This Row],[SalesOrderLineUnitOfMeasure]]=\"un\",Tabla_Consulta_desde_QuickBooks_Data_64_Bit_QRemote[[#This Row],[SalesOrderLineInvoiced]],Tabla_Consulta_desde_QuickBooks_Data_64_Bit_QRemote[[#This Row],[SalesOrderLineInvoiced]]/MID(Tabla_Consulta_desde_QuickBooks_Data_64_Bit_QRemote[[#This Row],[SalesOrderLineUnitOfMeasure]],2,2)),0)","v":0},{"$f":"+Tabla_Consulta_desde_QuickBooks_Data_64_Bit_QRemote[[#This Row],[facturado]]-Tabla_Consulta_desde_QuickBooks_Data_64_Bit_QRemote[[#This Row],[pide]]","v":-1},{"$f":"IF(Tabla_Consulta_desde_QuickBooks_Data_64_Bit_QRemote[[#This Row],[diferecia]]=0,\"ok\",\"diferen\")","v":"diferen"},{"$f":"IFERROR(INDEX(um!A:C,MATCH(Tabla_Consulta_desde_QuickBooks_Data_64_Bit_QRemote[[#This Row],[SalesOrderLineItemRefFullName]],um!A:A,0),3),\"\")","v":""},{"$f":"IFERROR(IF(OR(Tabla_Consulta_desde_QuickBooks_Data_64_Bit_QRemote[[#This Row],[SalesOrderLineUnitOfMeasure]]=\"UN\",Tabla_Consulta_desde_QuickBooks_Data_64_Bit_QRemote[[#This Row],[SalesOrderLineUnitOfMeasure]]=Tabla_Consulta_desde_QuickBooks_Data_64_Bit_QRemote[[#This Row],[U/M]]),\"\",\"ERROR\"),\"\")","v":""},{"$f":"+WEEKNUM(Tabla_Consulta_desde_QuickBooks_Data_64_Bit_QRemote[[#This Row],[TxnDate]])","v":23},{"$f":"+Tabla_Consulta_desde_QuickBooks_Data_64_Bit_QRemote[[#This Row],[SalesOrderLineRate]]*Tabla_Consulta_desde_QuickBooks_Data_64_Bit_QRemote[[#This Row],[SalesOrderLineInvoiced]]","v":0},{"$f":"+IFERROR(IF(Tabla_Consulta_desde_QuickBooks_Data_64_Bit_QRemote[[#This Row],[CustomerRefFullName]]=\"GRUVALCORP SA\",VLOOKUP(Tabla_Consulta_desde_QuickBooks_Data_64_Bit_QRemote[[#This Row],[SalesOrderLineItemRefFullName]],Hoja1!A:E,5,FALSE),\"\")*-Tabla_Consulta_desde_QuickBooks_Data_64_Bit_QRemote[[#This Row],[SalesOrderLineAmount]],\"\")","v":""},{"$f":"IF(COUNTIF(wms!E:E,Tabla_Consulta_desde_QuickBooks_Data_64_Bit_QRemote[[#This Row],[RefNumber]])>0,\"OK\",\"FALTA\")","v":"FALTA"}]
["2025-06-02","29056","YARAD YAMILE","FACTURACION COLABORADOR OLE",7,"7862112522725","P.T:110708","SALSA MARINARA OLE 300G","Bodega Producto Terminado",2,"UN",0.85,1.7,"UNIDAD SALSA",0,19.79,22.76,"IVA EN VENTAS 15%",{"$f":"IFERROR(IF(Tabla_Consulta_desde_QuickBooks_Data_64_Bit_QRemote[[#This Row],[SalesOrderLineUnitOfMeasure]]=\"un\",Tabla_Consulta_desde_QuickBooks_Data_64_Bit_QRemote[[#This Row],[SalesOrderLineQuantity]],Tabla_Consulta_desde_QuickBooks_Data_64_Bit_QRemote[[#This Row],[SalesOrderLineQuantity]]/MID(Tabla_Consulta_desde_QuickBooks_Data_64_Bit_QRemote[[#This Row],[SalesOrderLineUnitOfMeasure]],2,2)),0)","v":2},{"$f":"IFERROR(IF(Tabla_Consulta_desde_QuickBooks_Data_64_Bit_QRemote[[#This Row],[SalesOrderLineUnitOfMeasure]]=\"un\",Tabla_Consulta_desde_QuickBooks_Data_64_Bit_QRemote[[#This Row],[SalesOrderLineInvoiced]],Tabla_Consulta_desde_QuickBooks_Data_64_Bit_QRemote[[#This Row],[SalesOrderLineInvoiced]]/MID(Tabla_Consulta_desde_QuickBooks_Data_64_Bit_QRemote[[#This Row],[SalesOrderLineUnitOfMeasure]],2,2)),0)","v":0},{"$f":"+Tabla_Consulta_desde_QuickBooks_Data_64_Bit_QRemote[[#This Row],[facturado]]-Tabla_Consulta_desde_QuickBooks_Data_64_Bit_QRemote[[#This Row],[pide]]","v":-2},{"$f":"IF(Tabla_Consulta_desde_QuickBooks_Data_64_Bit_QRemote[[#This Row],[diferecia]]=0,\"ok\",\"diferen\")","v":"diferen"},{"$f":"IFERROR(INDEX(um!A:C,MATCH(Tabla_Consulta_desde_QuickBooks_Data_64_Bit_QRemote[[#This Row],[SalesOrderLineItemRefFullName]],um!A:A,0),3),\"\")","v":"X12"},{"$f":"IFERROR(IF(OR(Tabla_Consulta_desde_QuickBooks_Data_64_Bit_QRemote[[#This Row],[SalesOrderLineUnitOfMeasure]]=\"UN\",Tabla_Consulta_desde_QuickBooks_Data_64_Bit_QRemote[[#This Row],[SalesOrderLineUnitOfMeasure]]=Tabla_Consulta_desde_QuickBooks_Data_64_Bit_QRemote[[#This Row],[U/M]]),\"\",\"ERROR\"),\"\")","v":""},{"$f":"+WEEKNUM(Tabla_Consulta_desde_QuickBooks_Data_64_Bit_QRemote[[#This Row],[TxnDate]])","v":23},{"$f":"+Tabla_Consulta_desde_QuickBooks_Data_64_Bit_QRemote[[#This Row],[SalesOrderLineRate]]*Tabla_Consulta_desde_QuickBooks_Data_64_Bit_QRemote[[#This Row],[SalesOrderLineInvoiced]]","v":0},{"$f":"+IFERROR(IF(Tabla_Consulta_desde_QuickBooks_Data_64_Bit_QRemote[[#This Row],[CustomerRefFullName]]=\"GRUVALCORP SA\",VLOOKUP(Tabla_Consulta_desde_QuickBooks_Data_64_Bit_QRemote[[#This Row],[SalesOrderLineItemRefFullName]],Hoja1!A:E,5,FALSE),\"\")*-Tabla_Consulta_desde_QuickBooks_Data_64_Bit_QRemote[[#This Row],[SalesOrderLineAmount]],\"\")","v":""},{"$f":"IF(COUNTIF(wms!E:E,Tabla_Consulta_desde_QuickBooks_Data_64_Bit_QRemote[[#This Row],[RefNumber]])>0,\"OK\",\"FALTA\")","v":"FALTA"}]
["2025-06-02","29056","YARAD YAMILE","FACTURACION COLABORADOR OLE",8,"853394001678","P.T:110501","CHOCHOS EN SALMUERA MAMATERE 500G","Bodega Producto Terminado",3,"UN",1.36,4.08,"UNIDAD SALSA",0,19.79,22.76,"IVA EN VENTAS 15%",{"$f":"IFERROR(IF(Tabla_Consulta_desde_QuickBooks_Data_64_Bit_QRemote[[#This Row],[SalesOrderLineUnitOfMeasure]]=\"un\",Tabla_Consulta_desde_QuickBooks_Data_64_Bit_QRemote[[#This Row],[SalesOrderLineQuantity]],Tabla_Consulta_desde_QuickBooks_Data_64_Bit_QRemote[[#This Row],[SalesOrderLineQuantity]]/MID(Tabla_Consulta_desde_QuickBooks_Data_64_Bit_QRemote[[#This Row],[SalesOrderLineUnitOfMeasure]],2,2)),0)","v":3},{"$f":"IFERROR(IF(Tabla_Consulta_desde_QuickBooks_Data_64_Bit_QRemote[[#This Row],[SalesOrderLineUnitOfMeasure]]=\"un\",Tabla_Consulta_desde_QuickBooks_Data_64_Bit_QRemote[[#This Row],[SalesOrderLineInvoiced]],Tabla_Consulta_desde_QuickBooks_Data_64_Bit_QRemote[[#This Row],[SalesOrderLineInvoiced]]/MID(Tabla_Consulta_desde_QuickBooks_Data_64_Bit_QRemote[[#This Row],[SalesOrderLineUnitOfMeasure]],2,2)),0)","v":0},{"$f":"+Tabla_Consulta_desde_QuickBooks_Data_64_Bit_QRemote[[#This Row],[facturado]]-Tabla_Consulta_desde_QuickBooks_Data_64_Bit_QRemote[[#This Row],[pide]]","v":-3},{"$f":"IF(Tabla_Consulta_desde_QuickBooks_Data_64_Bit_QRemote[[#This Row],[diferecia]]=0,\"ok\",\"diferen\")","v":"diferen"},{"$f":"IFERROR(INDEX(um!A:C,MATCH(Tabla_Consulta_desde_QuickBooks_Data_64_Bit_QRemote[[#This Row],[SalesOrderLineItemRefFullName]],um!A:A,0),3),\"\")","v":"X12"},{"$f":"IFERROR(IF(OR(Tabla_Consulta_desde_QuickBooks_Data_64_Bit_QRemote[[#This Row],[SalesOrderLineUnitOfMeasure]]=\"UN\",Tabla_Consulta_desde_QuickBooks_Data_64_Bit_QRemote[[#This Row],[SalesOrderLineUnitOfMeasure]]=Tabla_Consulta_desde_QuickBooks_Data_64_Bit_QRemote[[#This Row],[U/M]]),\"\",\"ERROR\"),\"\")","v":""},{"$f":"+WEEKNUM(Tabla_Consulta_desde_QuickBooks_Data_64_Bit_QRemote[[#This Row],[TxnDate]])","v":23},{"$f":"+Tabla_Consulta_desde_QuickBooks_Data_64_Bit_QRemote[[#This Row],[SalesOrderLineRate]]*Tabla_Consulta_desde_QuickBooks_Data_64_Bit_QRemote[[#This Row],[SalesOrderLineInvoiced]]","v":0},{"$f":"+IFERROR(IF(Tabla_Consulta_desde_QuickBooks_Data_64_Bit_QRemote[[#This Row],[CustomerRefFullName]]=\"GRUVALCORP SA\",VLOOKUP(Tabla_Consulta_desde_QuickBooks_Data_64_Bit_QRemote[[#This Row],[SalesOrderLineItemRefFullName]],Hoja1!A:E,5,FALSE),\"\")*-Tabla_Consulta_desde_QuickBooks_Data_64_Bit_QRemote[[#This Row],[SalesOrderLineAmount]],\"\")","v":""},{"$f":"IF(COUNTIF(wms!E:E,Tabla_Consulta_desde_QuickBooks_Data_64_Bit_QRemote[[#This Row],[RefNumber]])>0,\"OK\",\"FALTA\")","v":"FALTA"}]
["2025-06-02","29056","YARAD YAMILE","FACTURACION COLABORADOR OLE",9,"7862112520240","P.T:310112","TAPENADE MIX ACEITUNAS OLE 185G","Bodega Producto Terminado",3,"UN",0.77,2.31,"UNIDAD SALSA",0,19.79,22.76,"IVA EN VENTAS 15%",{"$f":"IFERROR(IF(Tabla_Consulta_desde_QuickBooks_Data_64_Bit_QRemote[[#This Row],[SalesOrderLineUnitOfMeasure]]=\"un\",Tabla_Consulta_desde_QuickBooks_Data_64_Bit_QRemote[[#This Row],[SalesOrderLineQuantity]],Tabla_Consulta_desde_QuickBooks_Data_64_Bit_QRemote[[#This Row],[SalesOrderLineQuantity]]/MID(Tabla_Consulta_desde_QuickBooks_Data_64_Bit_QRemote[[#This Row],[SalesOrderLineUnitOfMeasure]],2,2)),0)","v":3},{"$f":"IFERROR(IF(Tabla_Consulta_desde_QuickBooks_Data_64_Bit_QRemote[[#This Row],[SalesOrderLineUnitOfMeasure]]=\"un\",Tabla_Consulta_desde_QuickBooks_Data_64_Bit_QRemote[[#This Row],[SalesOrderLineInvoiced]],Tabla_Consulta_desde_QuickBooks_Data_64_Bit_QRemote[[#This Row],[SalesOrderLineInvoiced]]/MID(Tabla_Consulta_desde_QuickBooks_Data_64_Bit_QRemote[[#This Row],[SalesOrderLineUnitOfMeasure]],2,2)),0)","v":0},{"$f":"+Tabla_Consulta_desde_QuickBooks_Data_64_Bit_QRemote[[#This Row],[facturado]]-Tabla_Consulta_desde_QuickBooks_Data_64_Bit_QRemote[[#This Row],[pide]]","v":-3},{"$f":"IF(Tabla_Consulta_desde_QuickBooks_Data_64_Bit_QRemote[[#This Row],[diferecia]]=0,\"ok\",\"diferen\")","v":"diferen"},{"$f":"IFERROR(INDEX(um!A:C,MATCH(Tabla_Consulta_desde_QuickBooks_Data_64_Bit_QRemote[[#This Row],[SalesOrderLineItemRefFullName]],um!A:A,0),3),\"\")","v":"X12"},{"$f":"IFERROR(IF(OR(Tabla_Consulta_desde_QuickBooks_Data_64_Bit_QRemote[[#This Row],[SalesOrderLineUnitOfMeasure]]=\"UN\",Tabla_Consulta_desde_QuickBooks_Data_64_Bit_QRemote[[#This Row],[SalesOrderLineUnitOfMeasure]]=Tabla_Consulta_desde_QuickBooks_Data_64_Bit_QRemote[[#This Row],[U/M]]),\"\",\"ERROR\"),\"\")","v":""},{"$f":"+WEEKNUM(Tabla_Consulta_desde_QuickBooks_Data_64_Bit_QRemote[[#This Row],[TxnDate]])","v":23},{"$f":"+Tabla_Consulta_desde_QuickBooks_Data_64_Bit_QRemote[[#This Row],[SalesOrderLineRate]]*Tabla_Consulta_desde_QuickBooks_Data_64_Bit_QRemote[[#This Row],[SalesOrderLineInvoiced]]","v":0},{"$f":"+IFERROR(IF(Tabla_Consulta_desde_QuickBooks_Data_64_Bit_QRemote[[#This Row],[CustomerRefFullName]]=\"GRUVALCORP SA\",VLOOKUP(Tabla_Consulta_desde_QuickBooks_Data_64_Bit_QRemote[[#This Row],[SalesOrderLineItemRefFullName]],Hoja1!A:E,5,FALSE),\"\")*-Tabla_Consulta_desde_QuickBooks_Data_64_Bit_QRemote[[#This Row],[SalesOrderLineAmount]],\"\")","v":""},{"$f":"IF(COUNTIF(wms!E:E,Tabla_Consulta_desde_QuickBooks_Data_64_Bit_QRemote[[#This Row],[RefNumber]])>0,\"OK\",\"FALTA\")","v":"FALTA"}]
["2025-06-02","29056","YARAD YAMILE","FACTURACION COLABORADOR OLE",10,null,"INFOADICIONAL","FACTURACION COLABORADOR OLE",null,null,null,0,0,null,0,19.79,22.76,"IVA EN VENTAS 15%",{"$f":"IFERROR(IF(Tabla_Consulta_desde_QuickBooks_Data_64_Bit_QRemote[[#This Row],[SalesOrderLineUnitOfMeasure]]=\"un\",Tabla_Consulta_desde_QuickBooks_Data_64_Bit_QRemote[[#This Row],[SalesOrderLineQuantity]],Tabla_Consulta_desde_QuickBooks_Data_64_Bit_QRemote[[#This Row],[SalesOrderLineQuantity]]/MID(Tabla_Consulta_desde_QuickBooks_Data_64_Bit_QRemote[[#This Row],[SalesOrderLineUnitOfMeasure]],2,2)),0)","v":0},{"$f":"IFERROR(IF(Tabla_Consulta_desde_QuickBooks_Data_64_Bit_QRemote[[#This Row],[SalesOrderLineUnitOfMeasure]]=\"un\",Tabla_Consulta_desde_QuickBooks_Data_64_Bit_QRemote[[#This Row],[SalesOrderLineInvoiced]],Tabla_Consulta_desde_QuickBooks_Data_64_Bit_QRemote[[#This Row],[SalesOrderLineInvoiced]]/MID(Tabla_Consulta_desde_QuickBooks_Data_64_Bit_QRemote[[#This Row],[SalesOrderLineUnitOfMeasure]],2,2)),0)","v":0},{"$f":"+Tabla_Consulta_desde_QuickBooks_Data_64_Bit_QRemote[[#This Row],[facturado]]-Tabla_Consulta_desde_QuickBooks_Data_64_Bit_QRemote[[#This Row],[pide]]","v":0},{"$f":"IF(Tabla_Consulta_desde_QuickBooks_Data_64_Bit_QRemote[[#This Row],[diferecia]]=0,\"ok\",\"diferen\")","v":"ok"},{"$f":"IFERROR(INDEX(um!A:C,MATCH(Tabla_Consulta_desde_QuickBooks_Data_64_Bit_QRemote[[#This Row],[SalesOrderLineItemRefFullName]],um!A:A,0),3),\"\")","v":""},{"$f":"IFERROR(IF(OR(Tabla_Consulta_desde_QuickBooks_Data_64_Bit_QRemote[[#This Row],[SalesOrderLineUnitOfMeasure]]=\"UN\",Tabla_Consulta_desde_QuickBooks_Data_64_Bit_QRemote[[#This Row],[SalesOrderLineUnitOfMeasure]]=Tabla_Consulta_desde_QuickBooks_Data_64_Bit_QRemote[[#This Row],[U/M]]),\"\",\"ERROR\"),\"\")","v":""},{"$f":"+WEEKNUM(Tabla_Consulta_desde_QuickBooks_Data_64_Bit_QRemote[[#This Row],[TxnDate]])","v":23},{"$f":"+Tabla_Consulta_desde_QuickBooks_Data_64_Bit_QRemote[[#This Row],[SalesOrderLineRate]]*Tabla_Consulta_desde_QuickBooks_Data_64_Bit_QRemote[[#This Row],[SalesOrderLineInvoiced]]","v":0},{"$f":"+IFERROR(IF(Tabla_Consulta_desde_QuickBooks_Data_64_Bit_QRemote[[#This Row],[CustomerRefFullName]]=\"GRUVALCORP SA\",VLOOKUP(Tabla_Consulta_desde_QuickBooks_Data_64_Bit_QRemote[[#This Row],[SalesOrderLineItemRefFullName]],Hoja1!A:E,5,FALSE),\"\")*-Tabla_Consulta_desde_QuickBooks_Data_64_Bit_QRemote[[#This Row],[SalesOrderLineAmount]],\"\")","v":""},{"$f":"IF(COUNTIF(wms!E:E,Tabla_Consulta_desde_QuickBooks_Data_64_Bit_QRemote[[#This Row],[RefNumber]])>0,\"OK\",\"FALTA\")","v":"FALTA"}]
["2025-06-02","29070","MORPHO-TRAVEL ECUADOR S.A.","OC-117942",1,"705424000116","P.T:110207","AJÍ CON MARACUYA OLE 185G","Bodega Producto Terminado",24,"X24",1.53,36.72,"UNIDAD SALSA",0,36.72,42.23,"IVA EN VENTAS 15%",{"$f":"IFERROR(IF(Tabla_Consulta_desde_QuickBooks_Data_64_Bit_QRemote[[#This Row],[SalesOrderLineUnitOfMeasure]]=\"un\",Tabla_Consulta_desde_QuickBooks_Data_64_Bit_QRemote[[#This Row],[SalesOrderLineQuantity]],Tabla_Consulta_desde_QuickBooks_Data_64_Bit_QRemote[[#This Row],[SalesOrderLineQuantity]]/MID(Tabla_Consulta_desde_QuickBooks_Data_64_Bit_QRemote[[#This Row],[SalesOrderLineUnitOfMeasure]],2,2)),0)","v":1},{"$f":"IFERROR(IF(Tabla_Consulta_desde_QuickBooks_Data_64_Bit_QRemote[[#This Row],[SalesOrderLineUnitOfMeasure]]=\"un\",Tabla_Consulta_desde_QuickBooks_Data_64_Bit_QRemote[[#This Row],[SalesOrderLineInvoiced]],Tabla_Consulta_desde_QuickBooks_Data_64_Bit_QRemote[[#This Row],[SalesOrderLineInvoiced]]/MID(Tabla_Consulta_desde_QuickBooks_Data_64_Bit_QRemote[[#This Row],[SalesOrderLineUnitOfMeasure]],2,2)),0)","v":0},{"$f":"+Tabla_Consulta_desde_QuickBooks_Data_64_Bit_QRemote[[#This Row],[facturado]]-Tabla_Consulta_desde_QuickBooks_Data_64_Bit_QRemote[[#This Row],[pide]]","v":-1},{"$f":"IF(Tabla_Consulta_desde_QuickBooks_Data_64_Bit_QRemote[[#This Row],[diferecia]]=0,\"ok\",\"diferen\")","v":"diferen"},{"$f":"IFERROR(INDEX(um!A:C,MATCH(Tabla_Consulta_desde_QuickBooks_Data_64_Bit_QRemote[[#This Row],[SalesOrderLineItemRefFullName]],um!A:A,0),3),\"\")","v":"X24"},{"$f":"IFERROR(IF(OR(Tabla_Consulta_desde_QuickBooks_Data_64_Bit_QRemote[[#This Row],[SalesOrderLineUnitOfMeasure]]=\"UN\",Tabla_Consulta_desde_QuickBooks_Data_64_Bit_QRemote[[#This Row],[SalesOrderLineUnitOfMeasure]]=Tabla_Consulta_desde_QuickBooks_Data_64_Bit_QRemote[[#This Row],[U/M]]),\"\",\"ERROR\"),\"\")","v":""},{"$f":"+WEEKNUM(Tabla_Consulta_desde_QuickBooks_Data_64_Bit_QRemote[[#This Row],[TxnDate]])","v":23},{"$f":"+Tabla_Consulta_desde_QuickBooks_Data_64_Bit_QRemote[[#This Row],[SalesOrderLineRate]]*Tabla_Consulta_desde_QuickBooks_Data_64_Bit_QRemote[[#This Row],[SalesOrderLineInvoiced]]","v":0},{"$f":"+IFERROR(IF(Tabla_Consulta_desde_QuickBooks_Data_64_Bit_QRemote[[#This Row],[CustomerRefFullName]]=\"GRUVALCORP SA\",VLOOKUP(Tabla_Consulta_desde_QuickBooks_Data_64_Bit_QRemote[[#This Row],[SalesOrderLineItemRefFullName]],Hoja1!A:E,5,FALSE),\"\")*-Tabla_Consulta_desde_QuickBooks_Data_64_Bit_QRemote[[#This Row],[SalesOrderLineAmount]],\"\")","v":""},{"$f":"IF(COUNTIF(wms!E:E,Tabla_Consulta_desde_QuickBooks_Data_64_Bit_QRemote[[#This Row],[RefNumber]])>0,\"OK\",\"FALTA\")","v":"OK"}]
["2025-06-02","29070","MORPHO-TRAVEL ECUADOR S.A.","OC-117942",2,null,"INFOADICIONAL","OC-117942  \nAVENIDA FELIPE PEZO CAMPUZANO Y 3ER PEAJE COMPLEJO DE BODEGAS LA CARLOTA, BODEGA 5 GUAYAQUIL",null,null,null,0,0,null,0,36.72,42.23,"IVA EN VENTAS 15%",{"$f":"IFERROR(IF(Tabla_Consulta_desde_QuickBooks_Data_64_Bit_QRemote[[#This Row],[SalesOrderLineUnitOfMeasure]]=\"un\",Tabla_Consulta_desde_QuickBooks_Data_64_Bit_QRemote[[#This Row],[SalesOrderLineQuantity]],Tabla_Consulta_desde_QuickBooks_Data_64_Bit_QRemote[[#This Row],[SalesOrderLineQuantity]]/MID(Tabla_Consulta_desde_QuickBooks_Data_64_Bit_QRemote[[#This Row],[SalesOrderLineUnitOfMeasure]],2,2)),0)","v":0},{"$f":"IFERROR(IF(Tabla_Consulta_desde_QuickBooks_Data_64_Bit_QRemote[[#This Row],[SalesOrderLineUnitOfMeasure]]=\"un\",Tabla_Consulta_desde_QuickBooks_Data_64_Bit_QRemote[[#This Row],[SalesOrderLineInvoiced]],Tabla_Consulta_desde_QuickBooks_Data_64_Bit_QRemote[[#This Row],[SalesOrderLineInvoiced]]/MID(Tabla_Consulta_desde_QuickBooks_Data_64_Bit_QRemote[[#This Row],[SalesOrderLineUnitOfMeasure]],2,2)),0)","v":0},{"$f":"+Tabla_Consulta_desde_QuickBooks_Data_64_Bit_QRemote[[#This Row],[facturado]]-Tabla_Consulta_desde_QuickBooks_Data_64_Bit_QRemote[[#This Row],[pide]]","v":0},{"$f":"IF(Tabla_Consulta_desde_QuickBooks_Data_64_Bit_QRemote[[#This Row],[diferecia]]=0,\"ok\",\"diferen\")","v":"ok"},{"$f":"IFERROR(INDEX(um!A:C,MATCH(Tabla_Consulta_desde_QuickBooks_Data_64_Bit_QRemote[[#This Row],[SalesOrderLineItemRefFullName]],um!A:A,0),3),\"\")","v":""},{"$f":"IFERROR(IF(OR(Tabla_Consulta_desde_QuickBooks_Data_64_Bit_QRemote[[#This Row],[SalesOrderLineUnitOfMeasure]]=\"UN\",Tabla_Consulta_desde_QuickBooks_Data_64_Bit_QRemote[[#This Row],[SalesOrderLineUnitOfMeasure]]=Tabla_Consulta_desde_QuickBooks_Data_64_Bit_QRemote[[#This Row],[U/M]]),\"\",\"ERROR\"),\"\")","v":""},{"$f":"+WEEKNUM(Tabla_Consulta_desde_QuickBooks_Data_64_Bit_QRemote[[#This Row],[TxnDate]])","v":23},{"$f":"+Tabla_Consulta_desde_QuickBooks_Data_64_Bit_QRemote[[#This Row],[SalesOrderLineRate]]*Tabla_Consulta_desde_QuickBooks_Data_64_Bit_QRemote[[#This Row],[SalesOrderLineInvoiced]]","v":0},{"$f":"+IFERROR(IF(Tabla_Consulta_desde_QuickBooks_Data_64_Bit_QRemote[[#This Row],[CustomerRefFullName]]=\"GRUVALCORP SA\",VLOOKUP(Tabla_Consulta_desde_QuickBooks_Data_64_Bit_QRemote[[#This Row],[SalesOrderLineItemRefFullName]],Hoja1!A:E,5,FALSE),\"\")*-Tabla_Consulta_desde_QuickBooks_Data_64_Bit_QRemote[[#This Row],[SalesOrderLineAmount]],\"\")","v":""},{"$f":"IF(COUNTIF(wms!E:E,Tabla_Consulta_desde_QuickBooks_Data_64_Bit_QRemote[[#This Row],[RefNumber]])>0,\"OK\",\"FALTA\")","v":"OK"}]
["2025-06-02","29072","IBD-FOOD-SERVICE CIA.LTDA.","IBD- QUITO",1,"2614100000006","P.T:110604","JALAPEÑO VERDES ENCURTIDOS OLE 4100G","Bodega Producto Terminado",4,"UN",13.54,54.16,"UNIDAD SALSA",4,671.8,772.57,"IVA EN VENTAS 15%",{"$f":"IFERROR(IF(Tabla_Consulta_desde_QuickBooks_Data_64_Bit_QRemote[[#This Row],[SalesOrderLineUnitOfMeasure]]=\"un\",Tabla_Consulta_desde_QuickBooks_Data_64_Bit_QRemote[[#This Row],[SalesOrderLineQuantity]],Tabla_Consulta_desde_QuickBooks_Data_64_Bit_QRemote[[#This Row],[SalesOrderLineQuantity]]/MID(Tabla_Consulta_desde_QuickBooks_Data_64_Bit_QRemote[[#This Row],[SalesOrderLineUnitOfMeasure]],2,2)),0)","v":4},{"$f":"IFERROR(IF(Tabla_Consulta_desde_QuickBooks_Data_64_Bit_QRemote[[#This Row],[SalesOrderLineUnitOfMeasure]]=\"un\",Tabla_Consulta_desde_QuickBooks_Data_64_Bit_QRemote[[#This Row],[SalesOrderLineInvoiced]],Tabla_Consulta_desde_QuickBooks_Data_64_Bit_QRemote[[#This Row],[SalesOrderLineInvoiced]]/MID(Tabla_Consulta_desde_QuickBooks_Data_64_Bit_QRemote[[#This Row],[SalesOrderLineUnitOfMeasure]],2,2)),0)","v":4},{"$f":"+Tabla_Consulta_desde_QuickBooks_Data_64_Bit_QRemote[[#This Row],[facturado]]-Tabla_Consulta_desde_QuickBooks_Data_64_Bit_QRemote[[#This Row],[pide]]","v":0},{"$f":"IF(Tabla_Consulta_desde_QuickBooks_Data_64_Bit_QRemote[[#This Row],[diferecia]]=0,\"ok\",\"diferen\")","v":"ok"},{"$f":"IFERROR(INDEX(um!A:C,MATCH(Tabla_Consulta_desde_QuickBooks_Data_64_Bit_QRemote[[#This Row],[SalesOrderLineItemRefFullName]],um!A:A,0),3),\"\")","v":"X4"},{"$f":"IFERROR(IF(OR(Tabla_Consulta_desde_QuickBooks_Data_64_Bit_QRemote[[#This Row],[SalesOrderLineUnitOfMeasure]]=\"UN\",Tabla_Consulta_desde_QuickBooks_Data_64_Bit_QRemote[[#This Row],[SalesOrderLineUnitOfMeasure]]=Tabla_Consulta_desde_QuickBooks_Data_64_Bit_QRemote[[#This Row],[U/M]]),\"\",\"ERROR\"),\"\")","v":""},{"$f":"+WEEKNUM(Tabla_Consulta_desde_QuickBooks_Data_64_Bit_QRemote[[#This Row],[TxnDate]])","v":23},{"$f":"+Tabla_Consulta_desde_QuickBooks_Data_64_Bit_QRemote[[#This Row],[SalesOrderLineRate]]*Tabla_Consulta_desde_QuickBooks_Data_64_Bit_QRemote[[#This Row],[SalesOrderLineInvoiced]]","v":54.16},{"$f":"+IFERROR(IF(Tabla_Consulta_desde_QuickBooks_Data_64_Bit_QRemote[[#This Row],[CustomerRefFullName]]=\"GRUVALCORP SA\",VLOOKUP(Tabla_Consulta_desde_QuickBooks_Data_64_Bit_QRemote[[#This Row],[SalesOrderLineItemRefFullName]],Hoja1!A:E,5,FALSE),\"\")*-Tabla_Consulta_desde_QuickBooks_Data_64_Bit_QRemote[[#This Row],[SalesOrderLineAmount]],\"\")","v":""},{"$f":"IF(COUNTIF(wms!E:E,Tabla_Consulta_desde_QuickBooks_Data_64_Bit_QRemote[[#This Row],[RefNumber]])>0,\"OK\",\"FALTA\")","v":"OK"}]
["2025-06-02","29072","IBD-FOOD-SERVICE CIA.LTDA.","IBD- QUITO",2,"7862112521766","P.T:110717","TERIYAKI SALSA ASIATICA OLE 4100G","Bodega Producto Terminado",12,"UN",16.059999999999999,192.72,"UNIDAD SALSA",12,671.8,772.57,"IVA EN VENTAS 15%",{"$f":"IFERROR(IF(Tabla_Consulta_desde_QuickBooks_Data_64_Bit_QRemote[[#This Row],[SalesOrderLineUnitOfMeasure]]=\"un\",Tabla_Consulta_desde_QuickBooks_Data_64_Bit_QRemote[[#This Row],[SalesOrderLineQuantity]],Tabla_Consulta_desde_QuickBooks_Data_64_Bit_QRemote[[#This Row],[SalesOrderLineQuantity]]/MID(Tabla_Consulta_desde_QuickBooks_Data_64_Bit_QRemote[[#This Row],[SalesOrderLineUnitOfMeasure]],2,2)),0)","v":12},{"$f":"IFERROR(IF(Tabla_Consulta_desde_QuickBooks_Data_64_Bit_QRemote[[#This Row],[SalesOrderLineUnitOfMeasure]]=\"un\",Tabla_Consulta_desde_QuickBooks_Data_64_Bit_QRemote[[#This Row],[SalesOrderLineInvoiced]],Tabla_Consulta_desde_QuickBooks_Data_64_Bit_QRemote[[#This Row],[SalesOrderLineInvoiced]]/MID(Tabla_Consulta_desde_QuickBooks_Data_64_Bit_QRemote[[#This Row],[SalesOrderLineUnitOfMeasure]],2,2)),0)","v":12},{"$f":"+Tabla_Consulta_desde_QuickBooks_Data_64_Bit_QRemote[[#This Row],[facturado]]-Tabla_Consulta_desde_QuickBooks_Data_64_Bit_QRemote[[#This Row],[pide]]","v":0},{"$f":"IF(Tabla_Consulta_desde_QuickBooks_Data_64_Bit_QRemote[[#This Row],[diferecia]]=0,\"ok\",\"diferen\")","v":"ok"},{"$f":"IFERROR(INDEX(um!A:C,MATCH(Tabla_Consulta_desde_QuickBooks_Data_64_Bit_QRemote[[#This Row],[SalesOrderLineItemRefFullName]],um!A:A,0),3),\"\")","v":""},{"$f":"IFERROR(IF(OR(Tabla_Consulta_desde_QuickBooks_Data_64_Bit_QRemote[[#This Row],[SalesOrderLineUnitOfMeasure]]=\"UN\",Tabla_Consulta_desde_QuickBooks_Data_64_Bit_QRemote[[#This Row],[SalesOrderLineUnitOfMeasure]]=Tabla_Consulta_desde_QuickBooks_Data_64_Bit_QRemote[[#This Row],[U/M]]),\"\",\"ERROR\"),\"\")","v":""},{"$f":"+WEEKNUM(Tabla_Consulta_desde_QuickBooks_Data_64_Bit_QRemote[[#This Row],[TxnDate]])","v":23},{"$f":"+Tabla_Consulta_desde_QuickBooks_Data_64_Bit_QRemote[[#This Row],[SalesOrderLineRate]]*Tabla_Consulta_desde_QuickBooks_Data_64_Bit_QRemote[[#This Row],[SalesOrderLineInvoiced]]","v":192.71999999999997},{"$f":"+IFERROR(IF(Tabla_Consulta_desde_QuickBooks_Data_64_Bit_QRemote[[#This Row],[CustomerRefFullName]]=\"GRUVALCORP SA\",VLOOKUP(Tabla_Consulta_desde_QuickBooks_Data_64_Bit_QRemote[[#This Row],[SalesOrderLineItemRefFullName]],Hoja1!A:E,5,FALSE),\"\")*-Tabla_Consulta_desde_QuickBooks_Data_64_Bit_QRemote[[#This Row],[SalesOrderLineAmount]],\"\")","v":""},{"$f":"IF(COUNTIF(wms!E:E,Tabla_Consulta_desde_QuickBooks_Data_64_Bit_QRemote[[#This Row],[RefNumber]])>0,\"OK\",\"FALTA\")","v":"OK"}]
["2025-06-02","29072","IBD-FOOD-SERVICE CIA.LTDA.","IBD- QUITO",3,"7862112520417","P.T:110607","JALAPEÑO VERDES ENCURTIDOS OLE 1000G","Bodega Producto Terminado",4,"UN",3.6,14.4,"UNIDAD SALSA",4,671.8,772.57,"IVA EN VENTAS 15%",{"$f":"IFERROR(IF(Tabla_Consulta_desde_QuickBooks_Data_64_Bit_QRemote[[#This Row],[SalesOrderLineUnitOfMeasure]]=\"un\",Tabla_Consulta_desde_QuickBooks_Data_64_Bit_QRemote[[#This Row],[SalesOrderLineQuantity]],Tabla_Consulta_desde_QuickBooks_Data_64_Bit_QRemote[[#This Row],[SalesOrderLineQuantity]]/MID(Tabla_Consulta_desde_QuickBooks_Data_64_Bit_QRemote[[#This Row],[SalesOrderLineUnitOfMeasure]],2,2)),0)","v":4},{"$f":"IFERROR(IF(Tabla_Consulta_desde_QuickBooks_Data_64_Bit_QRemote[[#This Row],[SalesOrderLineUnitOfMeasure]]=\"un\",Tabla_Consulta_desde_QuickBooks_Data_64_Bit_QRemote[[#This Row],[SalesOrderLineInvoiced]],Tabla_Consulta_desde_QuickBooks_Data_64_Bit_QRemote[[#This Row],[SalesOrderLineInvoiced]]/MID(Tabla_Consulta_desde_QuickBooks_Data_64_Bit_QRemote[[#This Row],[SalesOrderLineUnitOfMeasure]],2,2)),0)","v":4},{"$f":"+Tabla_Consulta_desde_QuickBooks_Data_64_Bit_QRemote[[#This Row],[facturado]]-Tabla_Consulta_desde_QuickBooks_Data_64_Bit_QRemote[[#This Row],[pide]]","v":0},{"$f":"IF(Tabla_Consulta_desde_QuickBooks_Data_64_Bit_QRemote[[#This Row],[diferecia]]=0,\"ok\",\"diferen\")","v":"ok"},{"$f":"IFERROR(INDEX(um!A:C,MATCH(Tabla_Consulta_desde_QuickBooks_Data_64_Bit_QRemote[[#This Row],[SalesOrderLineItemRefFullName]],um!A:A,0),3),\"\")","v":""},{"$f":"IFERROR(IF(OR(Tabla_Consulta_desde_QuickBooks_Data_64_Bit_QRemote[[#This Row],[SalesOrderLineUnitOfMeasure]]=\"UN\",Tabla_Consulta_desde_QuickBooks_Data_64_Bit_QRemote[[#This Row],[SalesOrderLineUnitOfMeasure]]=Tabla_Consulta_desde_QuickBooks_Data_64_Bit_QRemote[[#This Row],[U/M]]),\"\",\"ERROR\"),\"\")","v":""},{"$f":"+WEEKNUM(Tabla_Consulta_desde_QuickBooks_Data_64_Bit_QRemote[[#This Row],[TxnDate]])","v":23},{"$f":"+Tabla_Consulta_desde_QuickBooks_Data_64_Bit_QRemote[[#This Row],[SalesOrderLineRate]]*Tabla_Consulta_desde_QuickBooks_Data_64_Bit_QRemote[[#This Row],[SalesOrderLineInvoiced]]","v":14.4},{"$f":"+IFERROR(IF(Tabla_Consulta_desde_QuickBooks_Data_64_Bit_QRemote[[#This Row],[CustomerRefFullName]]=\"GRUVALCORP SA\",VLOOKUP(Tabla_Consulta_desde_QuickBooks_Data_64_Bit_QRemote[[#This Row],[SalesOrderLineItemRefFullName]],Hoja1!A:E,5,FALSE),\"\")*-Tabla_Consulta_desde_QuickBooks_Data_64_Bit_QRemote[[#This Row],[SalesOrderLineAmount]],\"\")","v":""},{"$f":"IF(COUNTIF(wms!E:E,Tabla_Consulta_desde_QuickBooks_Data_64_Bit_QRemote[[#This Row],[RefNumber]])>0,\"OK\",\"FALTA\")","v":"OK"}]
["2025-06-02","29072","IBD-FOOD-SERVICE CIA.LTDA.","IBD- QUITO",4,"7861000227513","P.T:110603","JALAPEÑO ROJOS Y VERDES OLE 200G","Bodega Producto Terminado",240,"X24",1.61,386.4,"UNIDAD SALSA",240,671.8,772.57,"IVA EN VENTAS 15%",{"$f":"IFERROR(IF(Tabla_Consulta_desde_QuickBooks_Data_64_Bit_QRemote[[#This Row],[SalesOrderLineUnitOfMeasure]]=\"un\",Tabla_Consulta_desde_QuickBooks_Data_64_Bit_QRemote[[#This Row],[SalesOrderLineQuantity]],Tabla_Consulta_desde_QuickBooks_Data_64_Bit_QRemote[[#This Row],[SalesOrderLineQuantity]]/MID(Tabla_Consulta_desde_QuickBooks_Data_64_Bit_QRemote[[#This Row],[SalesOrderLineUnitOfMeasure]],2,2)),0)","v":10},{"$f":"IFERROR(IF(Tabla_Consulta_desde_QuickBooks_Data_64_Bit_QRemote[[#This Row],[SalesOrderLineUnitOfMeasure]]=\"un\",Tabla_Consulta_desde_QuickBooks_Data_64_Bit_QRemote[[#This Row],[SalesOrderLineInvoiced]],Tabla_Consulta_desde_QuickBooks_Data_64_Bit_QRemote[[#This Row],[SalesOrderLineInvoiced]]/MID(Tabla_Consulta_desde_QuickBooks_Data_64_Bit_QRemote[[#This Row],[SalesOrderLineUnitOfMeasure]],2,2)),0)","v":10},{"$f":"+Tabla_Consulta_desde_QuickBooks_Data_64_Bit_QRemote[[#This Row],[facturado]]-Tabla_Consulta_desde_QuickBooks_Data_64_Bit_QRemote[[#This Row],[pide]]","v":0},{"$f":"IF(Tabla_Consulta_desde_QuickBooks_Data_64_Bit_QRemote[[#This Row],[diferecia]]=0,\"ok\",\"diferen\")","v":"ok"},{"$f":"IFERROR(INDEX(um!A:C,MATCH(Tabla_Consulta_desde_QuickBooks_Data_64_Bit_QRemote[[#This Row],[SalesOrderLineItemRefFullName]],um!A:A,0),3),\"\")","v":"X24"},{"$f":"IFERROR(IF(OR(Tabla_Consulta_desde_QuickBooks_Data_64_Bit_QRemote[[#This Row],[SalesOrderLineUnitOfMeasure]]=\"UN\",Tabla_Consulta_desde_QuickBooks_Data_64_Bit_QRemote[[#This Row],[SalesOrderLineUnitOfMeasure]]=Tabla_Consulta_desde_QuickBooks_Data_64_Bit_QRemote[[#This Row],[U/M]]),\"\",\"ERROR\"),\"\")","v":""},{"$f":"+WEEKNUM(Tabla_Consulta_desde_QuickBooks_Data_64_Bit_QRemote[[#This Row],[TxnDate]])","v":23},{"$f":"+Tabla_Consulta_desde_QuickBooks_Data_64_Bit_QRemote[[#This Row],[SalesOrderLineRate]]*Tabla_Consulta_desde_QuickBooks_Data_64_Bit_QRemote[[#This Row],[SalesOrderLineInvoiced]]","v":386.40000000000003},{"$f":"+IFERROR(IF(Tabla_Consulta_desde_QuickBooks_Data_64_Bit_QRemote[[#This Row],[CustomerRefFullName]]=\"GRUVALCORP SA\",VLOOKUP(Tabla_Consulta_desde_QuickBooks_Data_64_Bit_QRemote[[#This Row],[SalesOrderLineItemRefFullName]],Hoja1!A:E,5,FALSE),\"\")*-Tabla_Consulta_desde_QuickBooks_Data_64_Bit_QRemote[[#This Row],[SalesOrderLineAmount]],\"\")","v":""},{"$f":"IF(COUNTIF(wms!E:E,Tabla_Consulta_desde_QuickBooks_Data_64_Bit_QRemote[[#This Row],[RefNumber]])>0,\"OK\",\"FALTA\")","v":"OK"}]
["2025-06-02","29072","IBD-FOOD-SERVICE CIA.LTDA.","IBD- QUITO",5,"7862112522169","P.T:110734","DIP ORIGINAL ROASTED TOMATES ASADOS OLE 220G","Bodega Producto Terminado",12,"X12",1.21,14.52,"UNIDAD SALSA",12,671.8,772.57,"IVA EN VENTAS 15%",{"$f":"IFERROR(IF(Tabla_Consulta_desde_QuickBooks_Data_64_Bit_QRemote[[#This Row],[SalesOrderLineUnitOfMeasure]]=\"un\",Tabla_Consulta_desde_QuickBooks_Data_64_Bit_QRemote[[#This Row],[SalesOrderLineQuantity]],Tabla_Consulta_desde_QuickBooks_Data_64_Bit_QRemote[[#This Row],[SalesOrderLineQuantity]]/MID(Tabla_Consulta_desde_QuickBooks_Data_64_Bit_QRemote[[#This Row],[SalesOrderLineUnitOfMeasure]],2,2)),0)","v":1},{"$f":"IFERROR(IF(Tabla_Consulta_desde_QuickBooks_Data_64_Bit_QRemote[[#This Row],[SalesOrderLineUnitOfMeasure]]=\"un\",Tabla_Consulta_desde_QuickBooks_Data_64_Bit_QRemote[[#This Row],[SalesOrderLineInvoiced]],Tabla_Consulta_desde_QuickBooks_Data_64_Bit_QRemote[[#This Row],[SalesOrderLineInvoiced]]/MID(Tabla_Consulta_desde_QuickBooks_Data_64_Bit_QRemote[[#This Row],[SalesOrderLineUnitOfMeasure]],2,2)),0)","v":1},{"$f":"+Tabla_Consulta_desde_QuickBooks_Data_64_Bit_QRemote[[#This Row],[facturado]]-Tabla_Consulta_desde_QuickBooks_Data_64_Bit_QRemote[[#This Row],[pide]]","v":0},{"$f":"IF(Tabla_Consulta_desde_QuickBooks_Data_64_Bit_QRemote[[#This Row],[diferecia]]=0,\"ok\",\"diferen\")","v":"ok"},{"$f":"IFERROR(INDEX(um!A:C,MATCH(Tabla_Consulta_desde_QuickBooks_Data_64_Bit_QRemote[[#This Row],[SalesOrderLineItemRefFullName]],um!A:A,0),3),\"\")","v":"X12"},{"$f":"IFERROR(IF(OR(Tabla_Consulta_desde_QuickBooks_Data_64_Bit_QRemote[[#This Row],[SalesOrderLineUnitOfMeasure]]=\"UN\",Tabla_Consulta_desde_QuickBooks_Data_64_Bit_QRemote[[#This Row],[SalesOrderLineUnitOfMeasure]]=Tabla_Consulta_desde_QuickBooks_Data_64_Bit_QRemote[[#This Row],[U/M]]),\"\",\"ERROR\"),\"\")","v":""},{"$f":"+WEEKNUM(Tabla_Consulta_desde_QuickBooks_Data_64_Bit_QRemote[[#This Row],[TxnDate]])","v":23},{"$f":"+Tabla_Consulta_desde_QuickBooks_Data_64_Bit_QRemote[[#This Row],[SalesOrderLineRate]]*Tabla_Consulta_desde_QuickBooks_Data_64_Bit_QRemote[[#This Row],[SalesOrderLineInvoiced]]","v":14.52},{"$f":"+IFERROR(IF(Tabla_Consulta_desde_QuickBooks_Data_64_Bit_QRemote[[#This Row],[CustomerRefFullName]]=\"GRUVALCORP SA\",VLOOKUP(Tabla_Consulta_desde_QuickBooks_Data_64_Bit_QRemote[[#This Row],[SalesOrderLineItemRefFullName]],Hoja1!A:E,5,FALSE),\"\")*-Tabla_Consulta_desde_QuickBooks_Data_64_Bit_QRemote[[#This Row],[SalesOrderLineAmount]],\"\")","v":""},{"$f":"IF(COUNTIF(wms!E:E,Tabla_Consulta_desde_QuickBooks_Data_64_Bit_QRemote[[#This Row],[RefNumber]])>0,\"OK\",\"FALTA\")","v":"OK"}]
["2025-06-02","29072","IBD-FOOD-SERVICE CIA.LTDA.","IBD- QUITO",6,"7862112522442","PT:220133","TOTOPOS QUESO RANCHERO OLE 120G","Bodega Producto Terminado",12,"X12",0.8,9.6,"UNIDAD SNCKS",12,671.8,772.57,"IVA EN VENTAS 15%",{"$f":"IFERROR(IF(Tabla_Consulta_desde_QuickBooks_Data_64_Bit_QRemote[[#This Row],[SalesOrderLineUnitOfMeasure]]=\"un\",Tabla_Consulta_desde_QuickBooks_Data_64_Bit_QRemote[[#This Row],[SalesOrderLineQuantity]],Tabla_Consulta_desde_QuickBooks_Data_64_Bit_QRemote[[#This Row],[SalesOrderLineQuantity]]/MID(Tabla_Consulta_desde_QuickBooks_Data_64_Bit_QRemote[[#This Row],[SalesOrderLineUnitOfMeasure]],2,2)),0)","v":1},{"$f":"IFERROR(IF(Tabla_Consulta_desde_QuickBooks_Data_64_Bit_QRemote[[#This Row],[SalesOrderLineUnitOfMeasure]]=\"un\",Tabla_Consulta_desde_QuickBooks_Data_64_Bit_QRemote[[#This Row],[SalesOrderLineInvoiced]],Tabla_Consulta_desde_QuickBooks_Data_64_Bit_QRemote[[#This Row],[SalesOrderLineInvoiced]]/MID(Tabla_Consulta_desde_QuickBooks_Data_64_Bit_QRemote[[#This Row],[SalesOrderLineUnitOfMeasure]],2,2)),0)","v":1},{"$f":"+Tabla_Consulta_desde_QuickBooks_Data_64_Bit_QRemote[[#This Row],[facturado]]-Tabla_Consulta_desde_QuickBooks_Data_64_Bit_QRemote[[#This Row],[pide]]","v":0},{"$f":"IF(Tabla_Consulta_desde_QuickBooks_Data_64_Bit_QRemote[[#This Row],[diferecia]]=0,\"ok\",\"diferen\")","v":"ok"},{"$f":"IFERROR(INDEX(um!A:C,MATCH(Tabla_Consulta_desde_QuickBooks_Data_64_Bit_QRemote[[#This Row],[SalesOrderLineItemRefFullName]],um!A:A,0),3),\"\")","v":"X12"},{"$f":"IFERROR(IF(OR(Tabla_Consulta_desde_QuickBooks_Data_64_Bit_QRemote[[#This Row],[SalesOrderLineUnitOfMeasure]]=\"UN\",Tabla_Consulta_desde_QuickBooks_Data_64_Bit_QRemote[[#This Row],[SalesOrderLineUnitOfMeasure]]=Tabla_Consulta_desde_QuickBooks_Data_64_Bit_QRemote[[#This Row],[U/M]]),\"\",\"ERROR\"),\"\")","v":""},{"$f":"+WEEKNUM(Tabla_Consulta_desde_QuickBooks_Data_64_Bit_QRemote[[#This Row],[TxnDate]])","v":23},{"$f":"+Tabla_Consulta_desde_QuickBooks_Data_64_Bit_QRemote[[#This Row],[SalesOrderLineRate]]*Tabla_Consulta_desde_QuickBooks_Data_64_Bit_QRemote[[#This Row],[SalesOrderLineInvoiced]]","v":9.6000000000000014},{"$f":"+IFERROR(IF(Tabla_Consulta_desde_QuickBooks_Data_64_Bit_QRemote[[#This Row],[CustomerRefFullName]]=\"GRUVALCORP SA\",VLOOKUP(Tabla_Consulta_desde_QuickBooks_Data_64_Bit_QRemote[[#This Row],[SalesOrderLineItemRefFullName]],Hoja1!A:E,5,FALSE),\"\")*-Tabla_Consulta_desde_QuickBooks_Data_64_Bit_QRemote[[#This Row],[SalesOrderLineAmount]],\"\")","v":""},{"$f":"IF(COUNTIF(wms!E:E,Tabla_Consulta_desde_QuickBooks_Data_64_Bit_QRemote[[#This Row],[RefNumber]])>0,\"OK\",\"FALTA\")","v":"OK"}]
["2025-06-02","29072","IBD-FOOD-SERVICE CIA.LTDA.","IBD- QUITO",7,null,"INFOADICIONAL","IBD- QUITO",null,null,null,0,0,null,1,671.8,772.57,"IVA EN VENTAS 15%",{"$f":"IFERROR(IF(Tabla_Consulta_desde_QuickBooks_Data_64_Bit_QRemote[[#This Row],[SalesOrderLineUnitOfMeasure]]=\"un\",Tabla_Consulta_desde_QuickBooks_Data_64_Bit_QRemote[[#This Row],[SalesOrderLineQuantity]],Tabla_Consulta_desde_QuickBooks_Data_64_Bit_QRemote[[#This Row],[SalesOrderLineQuantity]]/MID(Tabla_Consulta_desde_QuickBooks_Data_64_Bit_QRemote[[#This Row],[SalesOrderLineUnitOfMeasure]],2,2)),0)","v":0},{"$f":"IFERROR(IF(Tabla_Consulta_desde_QuickBooks_Data_64_Bit_QRemote[[#This Row],[SalesOrderLineUnitOfMeasure]]=\"un\",Tabla_Consulta_desde_QuickBooks_Data_64_Bit_QRemote[[#This Row],[SalesOrderLineInvoiced]],Tabla_Consulta_desde_QuickBooks_Data_64_Bit_QRemote[[#This Row],[SalesOrderLineInvoiced]]/MID(Tabla_Consulta_desde_QuickBooks_Data_64_Bit_QRemote[[#This Row],[SalesOrderLineUnitOfMeasure]],2,2)),0)","v":0},{"$f":"+Tabla_Consulta_desde_QuickBooks_Data_64_Bit_QRemote[[#This Row],[facturado]]-Tabla_Consulta_desde_QuickBooks_Data_64_Bit_QRemote[[#This Row],[pide]]","v":0},{"$f":"IF(Tabla_Consulta_desde_QuickBooks_Data_64_Bit_QRemote[[#This Row],[diferecia]]=0,\"ok\",\"diferen\")","v":"ok"},{"$f":"IFERROR(INDEX(um!A:C,MATCH(Tabla_Consulta_desde_QuickBooks_Data_64_Bit_QRemote[[#This Row],[SalesOrderLineItemRefFullName]],um!A:A,0),3),\"\")","v":""},{"$f":"IFERROR(IF(OR(Tabla_Consulta_desde_QuickBooks_Data_64_Bit_QRemote[[#This Row],[SalesOrderLineUnitOfMeasure]]=\"UN\",Tabla_Consulta_desde_QuickBooks_Data_64_Bit_QRemote[[#This Row],[SalesOrderLineUnitOfMeasure]]=Tabla_Consulta_desde_QuickBooks_Data_64_Bit_QRemote[[#This Row],[U/M]]),\"\",\"ERROR\"),\"\")","v":""},{"$f":"+WEEKNUM(Tabla_Consulta_desde_QuickBooks_Data_64_Bit_QRemote[[#This Row],[TxnDate]])","v":23},{"$f":"+Tabla_Consulta_desde_QuickBooks_Data_64_Bit_QRemote[[#This Row],[SalesOrderLineRate]]*Tabla_Consulta_desde_QuickBooks_Data_64_Bit_QRemote[[#This Row],[SalesOrderLineInvoiced]]","v":0},{"$f":"+IFERROR(IF(Tabla_Consulta_desde_QuickBooks_Data_64_Bit_QRemote[[#This Row],[CustomerRefFullName]]=\"GRUVALCORP SA\",VLOOKUP(Tabla_Consulta_desde_QuickBooks_Data_64_Bit_QRemote[[#This Row],[SalesOrderLineItemRefFullName]],Hoja1!A:E,5,FALSE),\"\")*-Tabla_Consulta_desde_QuickBooks_Data_64_Bit_QRemote[[#This Row],[SalesOrderLineAmount]],\"\")","v":""},{"$f":"IF(COUNTIF(wms!E:E,Tabla_Consulta_desde_QuickBooks_Data_64_Bit_QRemote[[#This Row],[RefNumber]])>0,\"OK\",\"FALTA\")","v":"OK"}]
["2025-06-02","29074","LOST-GRILL ECUADOR S.A.S.","REPUBLICA DEL SALVADOR Y NACIONES UNIDAS, FRENTE AL HOTEL SHERATON",1,"7862112520738","P.T:110309","SALSA BBQ ORIGINAL OLE 4100G","Bodega Producto Terminado",6,"UN",13.13,78.78,"UNIDAD SALSA",6,78.78,90.6,"IVA EN VENTAS 15%",{"$f":"IFERROR(IF(Tabla_Consulta_desde_QuickBooks_Data_64_Bit_QRemote[[#This Row],[SalesOrderLineUnitOfMeasure]]=\"un\",Tabla_Consulta_desde_QuickBooks_Data_64_Bit_QRemote[[#This Row],[SalesOrderLineQuantity]],Tabla_Consulta_desde_QuickBooks_Data_64_Bit_QRemote[[#This Row],[SalesOrderLineQuantity]]/MID(Tabla_Consulta_desde_QuickBooks_Data_64_Bit_QRemote[[#This Row],[SalesOrderLineUnitOfMeasure]],2,2)),0)","v":6},{"$f":"IFERROR(IF(Tabla_Consulta_desde_QuickBooks_Data_64_Bit_QRemote[[#This Row],[SalesOrderLineUnitOfMeasure]]=\"un\",Tabla_Consulta_desde_QuickBooks_Data_64_Bit_QRemote[[#This Row],[SalesOrderLineInvoiced]],Tabla_Consulta_desde_QuickBooks_Data_64_Bit_QRemote[[#This Row],[SalesOrderLineInvoiced]]/MID(Tabla_Consulta_desde_QuickBooks_Data_64_Bit_QRemote[[#This Row],[SalesOrderLineUnitOfMeasure]],2,2)),0)","v":6},{"$f":"+Tabla_Consulta_desde_QuickBooks_Data_64_Bit_QRemote[[#This Row],[facturado]]-Tabla_Consulta_desde_QuickBooks_Data_64_Bit_QRemote[[#This Row],[pide]]","v":0},{"$f":"IF(Tabla_Consulta_desde_QuickBooks_Data_64_Bit_QRemote[[#This Row],[diferecia]]=0,\"ok\",\"diferen\")","v":"ok"},{"$f":"IFERROR(INDEX(um!A:C,MATCH(Tabla_Consulta_desde_QuickBooks_Data_64_Bit_QRemote[[#This Row],[SalesOrderLineItemRefFullName]],um!A:A,0),3),\"\")","v":""},{"$f":"IFERROR(IF(OR(Tabla_Consulta_desde_QuickBooks_Data_64_Bit_QRemote[[#This Row],[SalesOrderLineUnitOfMeasure]]=\"UN\",Tabla_Consulta_desde_QuickBooks_Data_64_Bit_QRemote[[#This Row],[SalesOrderLineUnitOfMeasure]]=Tabla_Consulta_desde_QuickBooks_Data_64_Bit_QRemote[[#This Row],[U/M]]),\"\",\"ERROR\"),\"\")","v":""},{"$f":"+WEEKNUM(Tabla_Consulta_desde_QuickBooks_Data_64_Bit_QRemote[[#This Row],[TxnDate]])","v":23},{"$f":"+Tabla_Consulta_desde_QuickBooks_Data_64_Bit_QRemote[[#This Row],[SalesOrderLineRate]]*Tabla_Consulta_desde_QuickBooks_Data_64_Bit_QRemote[[#This Row],[SalesOrderLineInvoiced]]","v":78.78},{"$f":"+IFERROR(IF(Tabla_Consulta_desde_QuickBooks_Data_64_Bit_QRemote[[#This Row],[CustomerRefFullName]]=\"GRUVALCORP SA\",VLOOKUP(Tabla_Consulta_desde_QuickBooks_Data_64_Bit_QRemote[[#This Row],[SalesOrderLineItemRefFullName]],Hoja1!A:E,5,FALSE),\"\")*-Tabla_Consulta_desde_QuickBooks_Data_64_Bit_QRemote[[#This Row],[SalesOrderLineAmount]],\"\")","v":""},{"$f":"IF(COUNTIF(wms!E:E,Tabla_Consulta_desde_QuickBooks_Data_64_Bit_QRemote[[#This Row],[RefNumber]])>0,\"OK\",\"FALTA\")","v":"OK"}]
["2025-06-02","29074","LOST-GRILL ECUADOR S.A.S.","REPUBLICA DEL SALVADOR Y NACIONES UNIDAS, FRENTE AL HOTEL SHERATON",2,null,"INFOADICIONAL","UIO REPUBLICA DEL SALVADOR Y NACIONES UNIDAS, FRENTE AL HOTEL SHERATON QUITO",null,null,null,0,0,null,1,78.78,90.6,"IVA EN VENTAS 15%",{"$f":"IFERROR(IF(Tabla_Consulta_desde_QuickBooks_Data_64_Bit_QRemote[[#This Row],[SalesOrderLineUnitOfMeasure]]=\"un\",Tabla_Consulta_desde_QuickBooks_Data_64_Bit_QRemote[[#This Row],[SalesOrderLineQuantity]],Tabla_Consulta_desde_QuickBooks_Data_64_Bit_QRemote[[#This Row],[SalesOrderLineQuantity]]/MID(Tabla_Consulta_desde_QuickBooks_Data_64_Bit_QRemote[[#This Row],[SalesOrderLineUnitOfMeasure]],2,2)),0)","v":0},{"$f":"IFERROR(IF(Tabla_Consulta_desde_QuickBooks_Data_64_Bit_QRemote[[#This Row],[SalesOrderLineUnitOfMeasure]]=\"un\",Tabla_Consulta_desde_QuickBooks_Data_64_Bit_QRemote[[#This Row],[SalesOrderLineInvoiced]],Tabla_Consulta_desde_QuickBooks_Data_64_Bit_QRemote[[#This Row],[SalesOrderLineInvoiced]]/MID(Tabla_Consulta_desde_QuickBooks_Data_64_Bit_QRemote[[#This Row],[SalesOrderLineUnitOfMeasure]],2,2)),0)","v":0},{"$f":"+Tabla_Consulta_desde_QuickBooks_Data_64_Bit_QRemote[[#This Row],[facturado]]-Tabla_Consulta_desde_QuickBooks_Data_64_Bit_QRemote[[#This Row],[pide]]","v":0},{"$f":"IF(Tabla_Consulta_desde_QuickBooks_Data_64_Bit_QRemote[[#This Row],[diferecia]]=0,\"ok\",\"diferen\")","v":"ok"},{"$f":"IFERROR(INDEX(um!A:C,MATCH(Tabla_Consulta_desde_QuickBooks_Data_64_Bit_QRemote[[#This Row],[SalesOrderLineItemRefFullName]],um!A:A,0),3),\"\")","v":""},{"$f":"IFERROR(IF(OR(Tabla_Consulta_desde_QuickBooks_Data_64_Bit_QRemote[[#This Row],[SalesOrderLineUnitOfMeasure]]=\"UN\",Tabla_Consulta_desde_QuickBooks_Data_64_Bit_QRemote[[#This Row],[SalesOrderLineUnitOfMeasure]]=Tabla_Consulta_desde_QuickBooks_Data_64_Bit_QRemote[[#This Row],[U/M]]),\"\",\"ERROR\"),\"\")","v":""},{"$f":"+WEEKNUM(Tabla_Consulta_desde_QuickBooks_Data_64_Bit_QRemote[[#This Row],[TxnDate]])","v":23},{"$f":"+Tabla_Consulta_desde_QuickBooks_Data_64_Bit_QRemote[[#This Row],[SalesOrderLineRate]]*Tabla_Consulta_desde_QuickBooks_Data_64_Bit_QRemote[[#This Row],[SalesOrderLineInvoiced]]","v":0},{"$f":"+IFERROR(IF(Tabla_Consulta_desde_QuickBooks_Data_64_Bit_QRemote[[#This Row],[CustomerRefFullName]]=\"GRUVALCORP SA\",VLOOKUP(Tabla_Consulta_desde_QuickBooks_Data_64_Bit_QRemote[[#This Row],[SalesOrderLineItemRefFullName]],Hoja1!A:E,5,FALSE),\"\")*-Tabla_Consulta_desde_QuickBooks_Data_64_Bit_QRemote[[#This Row],[SalesOrderLineAmount]],\"\")","v":""},{"$f":"IF(COUNTIF(wms!E:E,Tabla_Consulta_desde_QuickBooks_Data_64_Bit_QRemote[[#This Row],[RefNumber]])>0,\"OK\",\"FALTA\")","v":"OK"}]
["2025-06-02","29075","TIENDAS TUTI TTDE S.A.","OC4500200555 QUITO SUR",1,"2500000002694","P.T:110735","SALSA DE TOMATE RICHE DP 200G","Bodega Producto Terminado",7920,"X48",0.39,3088.8,"UNIDAD SALSA",7920,3088.8,3552.12,"IVA EN VENTAS 15%",{"$f":"IFERROR(IF(Tabla_Consulta_desde_QuickBooks_Data_64_Bit_QRemote[[#This Row],[SalesOrderLineUnitOfMeasure]]=\"un\",Tabla_Consulta_desde_QuickBooks_Data_64_Bit_QRemote[[#This Row],[SalesOrderLineQuantity]],Tabla_Consulta_desde_QuickBooks_Data_64_Bit_QRemote[[#This Row],[SalesOrderLineQuantity]]/MID(Tabla_Consulta_desde_QuickBooks_Data_64_Bit_QRemote[[#This Row],[SalesOrderLineUnitOfMeasure]],2,2)),0)","v":165},{"$f":"IFERROR(IF(Tabla_Consulta_desde_QuickBooks_Data_64_Bit_QRemote[[#This Row],[SalesOrderLineUnitOfMeasure]]=\"un\",Tabla_Consulta_desde_QuickBooks_Data_64_Bit_QRemote[[#This Row],[SalesOrderLineInvoiced]],Tabla_Consulta_desde_QuickBooks_Data_64_Bit_QRemote[[#This Row],[SalesOrderLineInvoiced]]/MID(Tabla_Consulta_desde_QuickBooks_Data_64_Bit_QRemote[[#This Row],[SalesOrderLineUnitOfMeasure]],2,2)),0)","v":165},{"$f":"+Tabla_Consulta_desde_QuickBooks_Data_64_Bit_QRemote[[#This Row],[facturado]]-Tabla_Consulta_desde_QuickBooks_Data_64_Bit_QRemote[[#This Row],[pide]]","v":0},{"$f":"IF(Tabla_Consulta_desde_QuickBooks_Data_64_Bit_QRemote[[#This Row],[diferecia]]=0,\"ok\",\"diferen\")","v":"ok"},{"$f":"IFERROR(INDEX(um!A:C,MATCH(Tabla_Consulta_desde_QuickBooks_Data_64_Bit_QRemote[[#This Row],[SalesOrderLineItemRefFullName]],um!A:A,0),3),\"\")","v":"X48"},{"$f":"IFERROR(IF(OR(Tabla_Consulta_desde_QuickBooks_Data_64_Bit_QRemote[[#This Row],[SalesOrderLineUnitOfMeasure]]=\"UN\",Tabla_Consulta_desde_QuickBooks_Data_64_Bit_QRemote[[#This Row],[SalesOrderLineUnitOfMeasure]]=Tabla_Consulta_desde_QuickBooks_Data_64_Bit_QRemote[[#This Row],[U/M]]),\"\",\"ERROR\"),\"\")","v":""},{"$f":"+WEEKNUM(Tabla_Consulta_desde_QuickBooks_Data_64_Bit_QRemote[[#This Row],[TxnDate]])","v":23},{"$f":"+Tabla_Consulta_desde_QuickBooks_Data_64_Bit_QRemote[[#This Row],[SalesOrderLineRate]]*Tabla_Consulta_desde_QuickBooks_Data_64_Bit_QRemote[[#This Row],[SalesOrderLineInvoiced]]","v":3088.8},{"$f":"+IFERROR(IF(Tabla_Consulta_desde_QuickBooks_Data_64_Bit_QRemote[[#This Row],[CustomerRefFullName]]=\"GRUVALCORP SA\",VLOOKUP(Tabla_Consulta_desde_QuickBooks_Data_64_Bit_QRemote[[#This Row],[SalesOrderLineItemRefFullName]],Hoja1!A:E,5,FALSE),\"\")*-Tabla_Consulta_desde_QuickBooks_Data_64_Bit_QRemote[[#This Row],[SalesOrderLineAmount]],\"\")","v":""},{"$f":"IF(COUNTIF(wms!E:E,Tabla_Consulta_desde_QuickBooks_Data_64_Bit_QRemote[[#This Row],[RefNumber]])>0,\"OK\",\"FALTA\")","v":"FALTA"}]
["2025-06-02","29075","TIENDAS TUTI TTDE S.A.","OC4500200555 QUITO SUR",2,null,"INFOADICIONAL","OC4500200555 QUITO SUR",null,null,null,0,0,null,1,3088.8,3552.12,"IVA EN VENTAS 15%",{"$f":"IFERROR(IF(Tabla_Consulta_desde_QuickBooks_Data_64_Bit_QRemote[[#This Row],[SalesOrderLineUnitOfMeasure]]=\"un\",Tabla_Consulta_desde_QuickBooks_Data_64_Bit_QRemote[[#This Row],[SalesOrderLineQuantity]],Tabla_Consulta_desde_QuickBooks_Data_64_Bit_QRemote[[#This Row],[SalesOrderLineQuantity]]/MID(Tabla_Consulta_desde_QuickBooks_Data_64_Bit_QRemote[[#This Row],[SalesOrderLineUnitOfMeasure]],2,2)),0)","v":0},{"$f":"IFERROR(IF(Tabla_Consulta_desde_QuickBooks_Data_64_Bit_QRemote[[#This Row],[SalesOrderLineUnitOfMeasure]]=\"un\",Tabla_Consulta_desde_QuickBooks_Data_64_Bit_QRemote[[#This Row],[SalesOrderLineInvoiced]],Tabla_Consulta_desde_QuickBooks_Data_64_Bit_QRemote[[#This Row],[SalesOrderLineInvoiced]]/MID(Tabla_Consulta_desde_QuickBooks_Data_64_Bit_QRemote[[#This Row],[SalesOrderLineUnitOfMeasure]],2,2)),0)","v":0},{"$f":"+Tabla_Consulta_desde_QuickBooks_Data_64_Bit_QRemote[[#This Row],[facturado]]-Tabla_Consulta_desde_QuickBooks_Data_64_Bit_QRemote[[#This Row],[pide]]","v":0},{"$f":"IF(Tabla_Consulta_desde_QuickBooks_Data_64_Bit_QRemote[[#This Row],[diferecia]]=0,\"ok\",\"diferen\")","v":"ok"},{"$f":"IFERROR(INDEX(um!A:C,MATCH(Tabla_Consulta_desde_QuickBooks_Data_64_Bit_QRemote[[#This Row],[SalesOrderLineItemRefFullName]],um!A:A,0),3),\"\")","v":""},{"$f":"IFERROR(IF(OR(Tabla_Consulta_desde_QuickBooks_Data_64_Bit_QRemote[[#This Row],[SalesOrderLineUnitOfMeasure]]=\"UN\",Tabla_Consulta_desde_QuickBooks_Data_64_Bit_QRemote[[#This Row],[SalesOrderLineUnitOfMeasure]]=Tabla_Consulta_desde_QuickBooks_Data_64_Bit_QRemote[[#This Row],[U/M]]),\"\",\"ERROR\"),\"\")","v":""},{"$f":"+WEEKNUM(Tabla_Consulta_desde_QuickBooks_Data_64_Bit_QRemote[[#This Row],[TxnDate]])","v":23},{"$f":"+Tabla_Consulta_desde_QuickBooks_Data_64_Bit_QRemote[[#This Row],[SalesOrderLineRate]]*Tabla_Consulta_desde_QuickBooks_Data_64_Bit_QRemote[[#This Row],[SalesOrderLineInvoiced]]","v":0},{"$f":"+IFERROR(IF(Tabla_Consulta_desde_QuickBooks_Data_64_Bit_QRemote[[#This Row],[CustomerRefFullName]]=\"GRUVALCORP SA\",VLOOKUP(Tabla_Consulta_desde_QuickBooks_Data_64_Bit_QRemote[[#This Row],[SalesOrderLineItemRefFullName]],Hoja1!A:E,5,FALSE),\"\")*-Tabla_Consulta_desde_QuickBooks_Data_64_Bit_QRemote[[#This Row],[SalesOrderLineAmount]],\"\")","v":""},{"$f":"IF(COUNTIF(wms!E:E,Tabla_Consulta_desde_QuickBooks_Data_64_Bit_QRemote[[#This Row],[RefNumber]])>0,\"OK\",\"FALTA\")","v":"FALTA"}]
["2025-06-02","29076","TIENDAS TUTI TTDE S.A.","OC4500200432 QUITO NORTE",1,"2500000002694","P.T:110735","SALSA DE TOMATE RICHE DP 200G","Bodega Producto Terminado",2592,"X48",0.39,1010.88,"UNIDAD SALSA",2592,1010.88,1162.51,"IVA EN VENTAS 15%",{"$f":"IFERROR(IF(Tabla_Consulta_desde_QuickBooks_Data_64_Bit_QRemote[[#This Row],[SalesOrderLineUnitOfMeasure]]=\"un\",Tabla_Consulta_desde_QuickBooks_Data_64_Bit_QRemote[[#This Row],[SalesOrderLineQuantity]],Tabla_Consulta_desde_QuickBooks_Data_64_Bit_QRemote[[#This Row],[SalesOrderLineQuantity]]/MID(Tabla_Consulta_desde_QuickBooks_Data_64_Bit_QRemote[[#This Row],[SalesOrderLineUnitOfMeasure]],2,2)),0)","v":54},{"$f":"IFERROR(IF(Tabla_Consulta_desde_QuickBooks_Data_64_Bit_QRemote[[#This Row],[SalesOrderLineUnitOfMeasure]]=\"un\",Tabla_Consulta_desde_QuickBooks_Data_64_Bit_QRemote[[#This Row],[SalesOrderLineInvoiced]],Tabla_Consulta_desde_QuickBooks_Data_64_Bit_QRemote[[#This Row],[SalesOrderLineInvoiced]]/MID(Tabla_Consulta_desde_QuickBooks_Data_64_Bit_QRemote[[#This Row],[SalesOrderLineUnitOfMeasure]],2,2)),0)","v":54},{"$f":"+Tabla_Consulta_desde_QuickBooks_Data_64_Bit_QRemote[[#This Row],[facturado]]-Tabla_Consulta_desde_QuickBooks_Data_64_Bit_QRemote[[#This Row],[pide]]","v":0},{"$f":"IF(Tabla_Consulta_desde_QuickBooks_Data_64_Bit_QRemote[[#This Row],[diferecia]]=0,\"ok\",\"diferen\")","v":"ok"},{"$f":"IFERROR(INDEX(um!A:C,MATCH(Tabla_Consulta_desde_QuickBooks_Data_64_Bit_QRemote[[#This Row],[SalesOrderLineItemRefFullName]],um!A:A,0),3),\"\")","v":"X48"},{"$f":"IFERROR(IF(OR(Tabla_Consulta_desde_QuickBooks_Data_64_Bit_QRemote[[#This Row],[SalesOrderLineUnitOfMeasure]]=\"UN\",Tabla_Consulta_desde_QuickBooks_Data_64_Bit_QRemote[[#This Row],[SalesOrderLineUnitOfMeasure]]=Tabla_Consulta_desde_QuickBooks_Data_64_Bit_QRemote[[#This Row],[U/M]]),\"\",\"ERROR\"),\"\")","v":""},{"$f":"+WEEKNUM(Tabla_Consulta_desde_QuickBooks_Data_64_Bit_QRemote[[#This Row],[TxnDate]])","v":23},{"$f":"+Tabla_Consulta_desde_QuickBooks_Data_64_Bit_QRemote[[#This Row],[SalesOrderLineRate]]*Tabla_Consulta_desde_QuickBooks_Data_64_Bit_QRemote[[#This Row],[SalesOrderLineInvoiced]]","v":1010.88},{"$f":"+IFERROR(IF(Tabla_Consulta_desde_QuickBooks_Data_64_Bit_QRemote[[#This Row],[CustomerRefFullName]]=\"GRUVALCORP SA\",VLOOKUP(Tabla_Consulta_desde_QuickBooks_Data_64_Bit_QRemote[[#This Row],[SalesOrderLineItemRefFullName]],Hoja1!A:E,5,FALSE),\"\")*-Tabla_Consulta_desde_QuickBooks_Data_64_Bit_QRemote[[#This Row],[SalesOrderLineAmount]],\"\")","v":""},{"$f":"IF(COUNTIF(wms!E:E,Tabla_Consulta_desde_QuickBooks_Data_64_Bit_QRemote[[#This Row],[RefNumber]])>0,\"OK\",\"FALTA\")","v":"FALTA"}]
["2025-06-02","29076","TIENDAS TUTI TTDE S.A.","OC4500200432 QUITO NORTE",2,null,"INFOADICIONAL","OC4500200432 QUITO NORTE",null,null,null,0,0,null,1,1010.88,1162.51,"IVA EN VENTAS 15%",{"$f":"IFERROR(IF(Tabla_Consulta_desde_QuickBooks_Data_64_Bit_QRemote[[#This Row],[SalesOrderLineUnitOfMeasure]]=\"un\",Tabla_Consulta_desde_QuickBooks_Data_64_Bit_QRemote[[#This Row],[SalesOrderLineQuantity]],Tabla_Consulta_desde_QuickBooks_Data_64_Bit_QRemote[[#This Row],[SalesOrderLineQuantity]]/MID(Tabla_Consulta_desde_QuickBooks_Data_64_Bit_QRemote[[#This Row],[SalesOrderLineUnitOfMeasure]],2,2)),0)","v":0},{"$f":"IFERROR(IF(Tabla_Consulta_desde_QuickBooks_Data_64_Bit_QRemote[[#This Row],[SalesOrderLineUnitOfMeasure]]=\"un\",Tabla_Consulta_desde_QuickBooks_Data_64_Bit_QRemote[[#This Row],[SalesOrderLineInvoiced]],Tabla_Consulta_desde_QuickBooks_Data_64_Bit_QRemote[[#This Row],[SalesOrderLineInvoiced]]/MID(Tabla_Consulta_desde_QuickBooks_Data_64_Bit_QRemote[[#This Row],[SalesOrderLineUnitOfMeasure]],2,2)),0)","v":0},{"$f":"+Tabla_Consulta_desde_QuickBooks_Data_64_Bit_QRemote[[#This Row],[facturado]]-Tabla_Consulta_desde_QuickBooks_Data_64_Bit_QRemote[[#This Row],[pide]]","v":0},{"$f":"IF(Tabla_Consulta_desde_QuickBooks_Data_64_Bit_QRemote[[#This Row],[diferecia]]=0,\"ok\",\"diferen\")","v":"ok"},{"$f":"IFERROR(INDEX(um!A:C,MATCH(Tabla_Consulta_desde_QuickBooks_Data_64_Bit_QRemote[[#This Row],[SalesOrderLineItemRefFullName]],um!A:A,0),3),\"\")","v":""},{"$f":"IFERROR(IF(OR(Tabla_Consulta_desde_QuickBooks_Data_64_Bit_QRemote[[#This Row],[SalesOrderLineUnitOfMeasure]]=\"UN\",Tabla_Consulta_desde_QuickBooks_Data_64_Bit_QRemote[[#This Row],[SalesOrderLineUnitOfMeasure]]=Tabla_Consulta_desde_QuickBooks_Data_64_Bit_QRemote[[#This Row],[U/M]]),\"\",\"ERROR\"),\"\")","v":""},{"$f":"+WEEKNUM(Tabla_Consulta_desde_QuickBooks_Data_64_Bit_QRemote[[#This Row],[TxnDate]])","v":23},{"$f":"+Tabla_Consulta_desde_QuickBooks_Data_64_Bit_QRemote[[#This Row],[SalesOrderLineRate]]*Tabla_Consulta_desde_QuickBooks_Data_64_Bit_QRemote[[#This Row],[SalesOrderLineInvoiced]]","v":0},{"$f":"+IFERROR(IF(Tabla_Consulta_desde_QuickBooks_Data_64_Bit_QRemote[[#This Row],[CustomerRefFullName]]=\"GRUVALCORP SA\",VLOOKUP(Tabla_Consulta_desde_QuickBooks_Data_64_Bit_QRemote[[#This Row],[SalesOrderLineItemRefFullName]],Hoja1!A:E,5,FALSE),\"\")*-Tabla_Consulta_desde_QuickBooks_Data_64_Bit_QRemote[[#This Row],[SalesOrderLineAmount]],\"\")","v":""},{"$f":"IF(COUNTIF(wms!E:E,Tabla_Consulta_desde_QuickBooks_Data_64_Bit_QRemote[[#This Row],[RefNumber]])>0,\"OK\",\"FALTA\")","v":"FALTA"}]
["2025-06-02","29077","TIENDAS TUTI TTDE S.A.","OC4500199318 MONTECRISTI",1,"2500000006135","P.T:110715","SALSA PARA SPAGHETTI RUSTICA RICHE DP 400G","Bodega Producto Terminado",1320,"X24",0.8,1056,"UNIDAD SALSA",1320,2112,2428.8000000000002,"IVA EN VENTAS 15%",{"$f":"IFERROR(IF(Tabla_Consulta_desde_QuickBooks_Data_64_Bit_QRemote[[#This Row],[SalesOrderLineUnitOfMeasure]]=\"un\",Tabla_Consulta_desde_QuickBooks_Data_64_Bit_QRemote[[#This Row],[SalesOrderLineQuantity]],Tabla_Consulta_desde_QuickBooks_Data_64_Bit_QRemote[[#This Row],[SalesOrderLineQuantity]]/MID(Tabla_Consulta_desde_QuickBooks_Data_64_Bit_QRemote[[#This Row],[SalesOrderLineUnitOfMeasure]],2,2)),0)","v":55},{"$f":"IFERROR(IF(Tabla_Consulta_desde_QuickBooks_Data_64_Bit_QRemote[[#This Row],[SalesOrderLineUnitOfMeasure]]=\"un\",Tabla_Consulta_desde_QuickBooks_Data_64_Bit_QRemote[[#This Row],[SalesOrderLineInvoiced]],Tabla_Consulta_desde_QuickBooks_Data_64_Bit_QRemote[[#This Row],[SalesOrderLineInvoiced]]/MID(Tabla_Consulta_desde_QuickBooks_Data_64_Bit_QRemote[[#This Row],[SalesOrderLineUnitOfMeasure]],2,2)),0)","v":55},{"$f":"+Tabla_Consulta_desde_QuickBooks_Data_64_Bit_QRemote[[#This Row],[facturado]]-Tabla_Consulta_desde_QuickBooks_Data_64_Bit_QRemote[[#This Row],[pide]]","v":0},{"$f":"IF(Tabla_Consulta_desde_QuickBooks_Data_64_Bit_QRemote[[#This Row],[diferecia]]=0,\"ok\",\"diferen\")","v":"ok"},{"$f":"IFERROR(INDEX(um!A:C,MATCH(Tabla_Consulta_desde_QuickBooks_Data_64_Bit_QRemote[[#This Row],[SalesOrderLineItemRefFullName]],um!A:A,0),3),\"\")","v":"X24"},{"$f":"IFERROR(IF(OR(Tabla_Consulta_desde_QuickBooks_Data_64_Bit_QRemote[[#This Row],[SalesOrderLineUnitOfMeasure]]=\"UN\",Tabla_Consulta_desde_QuickBooks_Data_64_Bit_QRemote[[#This Row],[SalesOrderLineUnitOfMeasure]]=Tabla_Consulta_desde_QuickBooks_Data_64_Bit_QRemote[[#This Row],[U/M]]),\"\",\"ERROR\"),\"\")","v":""},{"$f":"+WEEKNUM(Tabla_Consulta_desde_QuickBooks_Data_64_Bit_QRemote[[#This Row],[TxnDate]])","v":23},{"$f":"+Tabla_Consulta_desde_QuickBooks_Data_64_Bit_QRemote[[#This Row],[SalesOrderLineRate]]*Tabla_Consulta_desde_QuickBooks_Data_64_Bit_QRemote[[#This Row],[SalesOrderLineInvoiced]]","v":1056},{"$f":"+IFERROR(IF(Tabla_Consulta_desde_QuickBooks_Data_64_Bit_QRemote[[#This Row],[CustomerRefFullName]]=\"GRUVALCORP SA\",VLOOKUP(Tabla_Consulta_desde_QuickBooks_Data_64_Bit_QRemote[[#This Row],[SalesOrderLineItemRefFullName]],Hoja1!A:E,5,FALSE),\"\")*-Tabla_Consulta_desde_QuickBooks_Data_64_Bit_QRemote[[#This Row],[SalesOrderLineAmount]],\"\")","v":""},{"$f":"IF(COUNTIF(wms!E:E,Tabla_Consulta_desde_QuickBooks_Data_64_Bit_QRemote[[#This Row],[RefNumber]])>0,\"OK\",\"FALTA\")","v":"FALTA"}]
["2025-06-02","29077","TIENDAS TUTI TTDE S.A.","OC4500199318 MONTECRISTI",2,"7862112520714","P.T:110308","SALSA BBQ RICHE DP 200G","Bodega Producto Terminado",2640,"X48",0.4,1056,"UNIDAD SALSA",2640,2112,2428.8000000000002,"IVA EN VENTAS 15%",{"$f":"IFERROR(IF(Tabla_Consulta_desde_QuickBooks_Data_64_Bit_QRemote[[#This Row],[SalesOrderLineUnitOfMeasure]]=\"un\",Tabla_Consulta_desde_QuickBooks_Data_64_Bit_QRemote[[#This Row],[SalesOrderLineQuantity]],Tabla_Consulta_desde_QuickBooks_Data_64_Bit_QRemote[[#This Row],[SalesOrderLineQuantity]]/MID(Tabla_Consulta_desde_QuickBooks_Data_64_Bit_QRemote[[#This Row],[SalesOrderLineUnitOfMeasure]],2,2)),0)","v":55},{"$f":"IFERROR(IF(Tabla_Consulta_desde_QuickBooks_Data_64_Bit_QRemote[[#This Row],[SalesOrderLineUnitOfMeasure]]=\"un\",Tabla_Consulta_desde_QuickBooks_Data_64_Bit_QRemote[[#This Row],[SalesOrderLineInvoiced]],Tabla_Consulta_desde_QuickBooks_Data_64_Bit_QRemote[[#This Row],[SalesOrderLineInvoiced]]/MID(Tabla_Consulta_desde_QuickBooks_Data_64_Bit_QRemote[[#This Row],[SalesOrderLineUnitOfMeasure]],2,2)),0)","v":55},{"$f":"+Tabla_Consulta_desde_QuickBooks_Data_64_Bit_QRemote[[#This Row],[facturado]]-Tabla_Consulta_desde_QuickBooks_Data_64_Bit_QRemote[[#This Row],[pide]]","v":0},{"$f":"IF(Tabla_Consulta_desde_QuickBooks_Data_64_Bit_QRemote[[#This Row],[diferecia]]=0,\"ok\",\"diferen\")","v":"ok"},{"$f":"IFERROR(INDEX(um!A:C,MATCH(Tabla_Consulta_desde_QuickBooks_Data_64_Bit_QRemote[[#This Row],[SalesOrderLineItemRefFullName]],um!A:A,0),3),\"\")","v":"X48"},{"$f":"IFERROR(IF(OR(Tabla_Consulta_desde_QuickBooks_Data_64_Bit_QRemote[[#This Row],[SalesOrderLineUnitOfMeasure]]=\"UN\",Tabla_Consulta_desde_QuickBooks_Data_64_Bit_QRemote[[#This Row],[SalesOrderLineUnitOfMeasure]]=Tabla_Consulta_desde_QuickBooks_Data_64_Bit_QRemote[[#This Row],[U/M]]),\"\",\"ERROR\"),\"\")","v":""},{"$f":"+WEEKNUM(Tabla_Consulta_desde_QuickBooks_Data_64_Bit_QRemote[[#This Row],[TxnDate]])","v":23},{"$f":"+Tabla_Consulta_desde_QuickBooks_Data_64_Bit_QRemote[[#This Row],[SalesOrderLineRate]]*Tabla_Consulta_desde_QuickBooks_Data_64_Bit_QRemote[[#This Row],[SalesOrderLineInvoiced]]","v":1056},{"$f":"+IFERROR(IF(Tabla_Consulta_desde_QuickBooks_Data_64_Bit_QRemote[[#This Row],[CustomerRefFullName]]=\"GRUVALCORP SA\",VLOOKUP(Tabla_Consulta_desde_QuickBooks_Data_64_Bit_QRemote[[#This Row],[SalesOrderLineItemRefFullName]],Hoja1!A:E,5,FALSE),\"\")*-Tabla_Consulta_desde_QuickBooks_Data_64_Bit_QRemote[[#This Row],[SalesOrderLineAmount]],\"\")","v":""},{"$f":"IF(COUNTIF(wms!E:E,Tabla_Consulta_desde_QuickBooks_Data_64_Bit_QRemote[[#This Row],[RefNumber]])>0,\"OK\",\"FALTA\")","v":"FALTA"}]
["2025-06-02","29077","TIENDAS TUTI TTDE S.A.","OC4500199318 MONTECRISTI",3,null,"INFOADICIONAL","OC4500199318 MONTECRISTI",null,null,null,0,0,null,1,2112,2428.8000000000002,"IVA EN VENTAS 15%",{"$f":"IFERROR(IF(Tabla_Consulta_desde_QuickBooks_Data_64_Bit_QRemote[[#This Row],[SalesOrderLineUnitOfMeasure]]=\"un\",Tabla_Consulta_desde_QuickBooks_Data_64_Bit_QRemote[[#This Row],[SalesOrderLineQuantity]],Tabla_Consulta_desde_QuickBooks_Data_64_Bit_QRemote[[#This Row],[SalesOrderLineQuantity]]/MID(Tabla_Consulta_desde_QuickBooks_Data_64_Bit_QRemote[[#This Row],[SalesOrderLineUnitOfMeasure]],2,2)),0)","v":0},{"$f":"IFERROR(IF(Tabla_Consulta_desde_QuickBooks_Data_64_Bit_QRemote[[#This Row],[SalesOrderLineUnitOfMeasure]]=\"un\",Tabla_Consulta_desde_QuickBooks_Data_64_Bit_QRemote[[#This Row],[SalesOrderLineInvoiced]],Tabla_Consulta_desde_QuickBooks_Data_64_Bit_QRemote[[#This Row],[SalesOrderLineInvoiced]]/MID(Tabla_Consulta_desde_QuickBooks_Data_64_Bit_QRemote[[#This Row],[SalesOrderLineUnitOfMeasure]],2,2)),0)","v":0},{"$f":"+Tabla_Consulta_desde_QuickBooks_Data_64_Bit_QRemote[[#This Row],[facturado]]-Tabla_Consulta_desde_QuickBooks_Data_64_Bit_QRemote[[#This Row],[pide]]","v":0},{"$f":"IF(Tabla_Consulta_desde_QuickBooks_Data_64_Bit_QRemote[[#This Row],[diferecia]]=0,\"ok\",\"diferen\")","v":"ok"},{"$f":"IFERROR(INDEX(um!A:C,MATCH(Tabla_Consulta_desde_QuickBooks_Data_64_Bit_QRemote[[#This Row],[SalesOrderLineItemRefFullName]],um!A:A,0),3),\"\")","v":""},{"$f":"IFERROR(IF(OR(Tabla_Consulta_desde_QuickBooks_Data_64_Bit_QRemote[[#This Row],[SalesOrderLineUnitOfMeasure]]=\"UN\",Tabla_Consulta_desde_QuickBooks_Data_64_Bit_QRemote[[#This Row],[SalesOrderLineUnitOfMeasure]]=Tabla_Consulta_desde_QuickBooks_Data_64_Bit_QRemote[[#This Row],[U/M]]),\"\",\"ERROR\"),\"\")","v":""},{"$f":"+WEEKNUM(Tabla_Consulta_desde_QuickBooks_Data_64_Bit_QRemote[[#This Row],[TxnDate]])","v":23},{"$f":"+Tabla_Consulta_desde_QuickBooks_Data_64_Bit_QRemote[[#This Row],[SalesOrderLineRate]]*Tabla_Consulta_desde_QuickBooks_Data_64_Bit_QRemote[[#This Row],[SalesOrderLineInvoiced]]","v":0},{"$f":"+IFERROR(IF(Tabla_Consulta_desde_QuickBooks_Data_64_Bit_QRemote[[#This Row],[CustomerRefFullName]]=\"GRUVALCORP SA\",VLOOKUP(Tabla_Consulta_desde_QuickBooks_Data_64_Bit_QRemote[[#This Row],[SalesOrderLineItemRefFullName]],Hoja1!A:E,5,FALSE),\"\")*-Tabla_Consulta_desde_QuickBooks_Data_64_Bit_QRemote[[#This Row],[SalesOrderLineAmount]],\"\")","v":""},{"$f":"IF(COUNTIF(wms!E:E,Tabla_Consulta_desde_QuickBooks_Data_64_Bit_QRemote[[#This Row],[RefNumber]])>0,\"OK\",\"FALTA\")","v":"FALTA"}]
["2025-06-02","29078","MEGA SANTAMARIA S.A","OC23934839",1,"7862112522473","PT:220134","TOTOPOS MICHELADA OLE 120G","Bodega Producto Terminado",96,"X12",0.98,94.08,"UNIDAD SNCKS",96,1089.97,1253.47,"IVA EN VENTAS 15%",{"$f":"IFERROR(IF(Tabla_Consulta_desde_QuickBooks_Data_64_Bit_QRemote[[#This Row],[SalesOrderLineUnitOfMeasure]]=\"un\",Tabla_Consulta_desde_QuickBooks_Data_64_Bit_QRemote[[#This Row],[SalesOrderLineQuantity]],Tabla_Consulta_desde_QuickBooks_Data_64_Bit_QRemote[[#This Row],[SalesOrderLineQuantity]]/MID(Tabla_Consulta_desde_QuickBooks_Data_64_Bit_QRemote[[#This Row],[SalesOrderLineUnitOfMeasure]],2,2)),0)","v":8},{"$f":"IFERROR(IF(Tabla_Consulta_desde_QuickBooks_Data_64_Bit_QRemote[[#This Row],[SalesOrderLineUnitOfMeasure]]=\"un\",Tabla_Consulta_desde_QuickBooks_Data_64_Bit_QRemote[[#This Row],[SalesOrderLineInvoiced]],Tabla_Consulta_desde_QuickBooks_Data_64_Bit_QRemote[[#This Row],[SalesOrderLineInvoiced]]/MID(Tabla_Consulta_desde_QuickBooks_Data_64_Bit_QRemote[[#This Row],[SalesOrderLineUnitOfMeasure]],2,2)),0)","v":8},{"$f":"+Tabla_Consulta_desde_QuickBooks_Data_64_Bit_QRemote[[#This Row],[facturado]]-Tabla_Consulta_desde_QuickBooks_Data_64_Bit_QRemote[[#This Row],[pide]]","v":0},{"$f":"IF(Tabla_Consulta_desde_QuickBooks_Data_64_Bit_QRemote[[#This Row],[diferecia]]=0,\"ok\",\"diferen\")","v":"ok"},{"$f":"IFERROR(INDEX(um!A:C,MATCH(Tabla_Consulta_desde_QuickBooks_Data_64_Bit_QRemote[[#This Row],[SalesOrderLineItemRefFullName]],um!A:A,0),3),\"\")","v":"X12"},{"$f":"IFERROR(IF(OR(Tabla_Consulta_desde_QuickBooks_Data_64_Bit_QRemote[[#This Row],[SalesOrderLineUnitOfMeasure]]=\"UN\",Tabla_Consulta_desde_QuickBooks_Data_64_Bit_QRemote[[#This Row],[SalesOrderLineUnitOfMeasure]]=Tabla_Consulta_desde_QuickBooks_Data_64_Bit_QRemote[[#This Row],[U/M]]),\"\",\"ERROR\"),\"\")","v":""},{"$f":"+WEEKNUM(Tabla_Consulta_desde_QuickBooks_Data_64_Bit_QRemote[[#This Row],[TxnDate]])","v":23},{"$f":"+Tabla_Consulta_desde_QuickBooks_Data_64_Bit_QRemote[[#This Row],[SalesOrderLineRate]]*Tabla_Consulta_desde_QuickBooks_Data_64_Bit_QRemote[[#This Row],[SalesOrderLineInvoiced]]","v":94.08},{"$f":"+IFERROR(IF(Tabla_Consulta_desde_QuickBooks_Data_64_Bit_QRemote[[#This Row],[CustomerRefFullName]]=\"GRUVALCORP SA\",VLOOKUP(Tabla_Consulta_desde_QuickBooks_Data_64_Bit_QRemote[[#This Row],[SalesOrderLineItemRefFullName]],Hoja1!A:E,5,FALSE),\"\")*-Tabla_Consulta_desde_QuickBooks_Data_64_Bit_QRemote[[#This Row],[SalesOrderLineAmount]],\"\")","v":""},{"$f":"IF(COUNTIF(wms!E:E,Tabla_Consulta_desde_QuickBooks_Data_64_Bit_QRemote[[#This Row],[RefNumber]])>0,\"OK\",\"FALTA\")","v":"OK"}]
["2025-06-02","29078","MEGA SANTAMARIA S.A","OC23934839",2,"7862112522367","PT:220132","TOTOPOS NATURAL OLE 300G","Bodega Producto Terminado",120,"X12",1.73,207.6,"UNIDAD SNCKS",120,1089.97,1253.47,"IVA EN VENTAS 15%",{"$f":"IFERROR(IF(Tabla_Consulta_desde_QuickBooks_Data_64_Bit_QRemote[[#This Row],[SalesOrderLineUnitOfMeasure]]=\"un\",Tabla_Consulta_desde_QuickBooks_Data_64_Bit_QRemote[[#This Row],[SalesOrderLineQuantity]],Tabla_Consulta_desde_QuickBooks_Data_64_Bit_QRemote[[#This Row],[SalesOrderLineQuantity]]/MID(Tabla_Consulta_desde_QuickBooks_Data_64_Bit_QRemote[[#This Row],[SalesOrderLineUnitOfMeasure]],2,2)),0)","v":10},{"$f":"IFERROR(IF(Tabla_Consulta_desde_QuickBooks_Data_64_Bit_QRemote[[#This Row],[SalesOrderLineUnitOfMeasure]]=\"un\",Tabla_Consulta_desde_QuickBooks_Data_64_Bit_QRemote[[#This Row],[SalesOrderLineInvoiced]],Tabla_Consulta_desde_QuickBooks_Data_64_Bit_QRemote[[#This Row],[SalesOrderLineInvoiced]]/MID(Tabla_Consulta_desde_QuickBooks_Data_64_Bit_QRemote[[#This Row],[SalesOrderLineUnitOfMeasure]],2,2)),0)","v":10},{"$f":"+Tabla_Consulta_desde_QuickBooks_Data_64_Bit_QRemote[[#This Row],[facturado]]-Tabla_Consulta_desde_QuickBooks_Data_64_Bit_QRemote[[#This Row],[pide]]","v":0},{"$f":"IF(Tabla_Consulta_desde_QuickBooks_Data_64_Bit_QRemote[[#This Row],[diferecia]]=0,\"ok\",\"diferen\")","v":"ok"},{"$f":"IFERROR(INDEX(um!A:C,MATCH(Tabla_Consulta_desde_QuickBooks_Data_64_Bit_QRemote[[#This Row],[SalesOrderLineItemRefFullName]],um!A:A,0),3),\"\")","v":"X12"},{"$f":"IFERROR(IF(OR(Tabla_Consulta_desde_QuickBooks_Data_64_Bit_QRemote[[#This Row],[SalesOrderLineUnitOfMeasure]]=\"UN\",Tabla_Consulta_desde_QuickBooks_Data_64_Bit_QRemote[[#This Row],[SalesOrderLineUnitOfMeasure]]=Tabla_Consulta_desde_QuickBooks_Data_64_Bit_QRemote[[#This Row],[U/M]]),\"\",\"ERROR\"),\"\")","v":""},{"$f":"+WEEKNUM(Tabla_Consulta_desde_QuickBooks_Data_64_Bit_QRemote[[#This Row],[TxnDate]])","v":23},{"$f":"+Tabla_Consulta_desde_QuickBooks_Data_64_Bit_QRemote[[#This Row],[SalesOrderLineRate]]*Tabla_Consulta_desde_QuickBooks_Data_64_Bit_QRemote[[#This Row],[SalesOrderLineInvoiced]]","v":207.6},{"$f":"+IFERROR(IF(Tabla_Consulta_desde_QuickBooks_Data_64_Bit_QRemote[[#This Row],[CustomerRefFullName]]=\"GRUVALCORP SA\",VLOOKUP(Tabla_Consulta_desde_QuickBooks_Data_64_Bit_QRemote[[#This Row],[SalesOrderLineItemRefFullName]],Hoja1!A:E,5,FALSE),\"\")*-Tabla_Consulta_desde_QuickBooks_Data_64_Bit_QRemote[[#This Row],[SalesOrderLineAmount]],\"\")","v":""},{"$f":"IF(COUNTIF(wms!E:E,Tabla_Consulta_desde_QuickBooks_Data_64_Bit_QRemote[[#This Row],[RefNumber]])>0,\"OK\",\"FALTA\")","v":"OK"}]
["2025-06-02","29078","MEGA SANTAMARIA S.A","OC23934839",3,"7862112523036","P.T:110746","SALSA PICANTE JALAPEÑO OLE 100G","Bodega Producto Terminado",240,"X12",0.62,148.80000000000001,"UNIDAD SALSA",240,1089.97,1253.47,"IVA EN VENTAS 15%",{"$f":"IFERROR(IF(Tabla_Consulta_desde_QuickBooks_Data_64_Bit_QRemote[[#This Row],[SalesOrderLineUnitOfMeasure]]=\"un\",Tabla_Consulta_desde_QuickBooks_Data_64_Bit_QRemote[[#This Row],[SalesOrderLineQuantity]],Tabla_Consulta_desde_QuickBooks_Data_64_Bit_QRemote[[#This Row],[SalesOrderLineQuantity]]/MID(Tabla_Consulta_desde_QuickBooks_Data_64_Bit_QRemote[[#This Row],[SalesOrderLineUnitOfMeasure]],2,2)),0)","v":20},{"$f":"IFERROR(IF(Tabla_Consulta_desde_QuickBooks_Data_64_Bit_QRemote[[#This Row],[SalesOrderLineUnitOfMeasure]]=\"un\",Tabla_Consulta_desde_QuickBooks_Data_64_Bit_QRemote[[#This Row],[SalesOrderLineInvoiced]],Tabla_Consulta_desde_QuickBooks_Data_64_Bit_QRemote[[#This Row],[SalesOrderLineInvoiced]]/MID(Tabla_Consulta_desde_QuickBooks_Data_64_Bit_QRemote[[#This Row],[SalesOrderLineUnitOfMeasure]],2,2)),0)","v":20},{"$f":"+Tabla_Consulta_desde_QuickBooks_Data_64_Bit_QRemote[[#This Row],[facturado]]-Tabla_Consulta_desde_QuickBooks_Data_64_Bit_QRemote[[#This Row],[pide]]","v":0},{"$f":"IF(Tabla_Consulta_desde_QuickBooks_Data_64_Bit_QRemote[[#This Row],[diferecia]]=0,\"ok\",\"diferen\")","v":"ok"},{"$f":"IFERROR(INDEX(um!A:C,MATCH(Tabla_Consulta_desde_QuickBooks_Data_64_Bit_QRemote[[#This Row],[SalesOrderLineItemRefFullName]],um!A:A,0),3),\"\")","v":"X12"},{"$f":"IFERROR(IF(OR(Tabla_Consulta_desde_QuickBooks_Data_64_Bit_QRemote[[#This Row],[SalesOrderLineUnitOfMeasure]]=\"UN\",Tabla_Consulta_desde_QuickBooks_Data_64_Bit_QRemote[[#This Row],[SalesOrderLineUnitOfMeasure]]=Tabla_Consulta_desde_QuickBooks_Data_64_Bit_QRemote[[#This Row],[U/M]]),\"\",\"ERROR\"),\"\")","v":""},{"$f":"+WEEKNUM(Tabla_Consulta_desde_QuickBooks_Data_64_Bit_QRemote[[#This Row],[TxnDate]])","v":23},{"$f":"+Tabla_Consulta_desde_QuickBooks_Data_64_Bit_QRemote[[#This Row],[SalesOrderLineRate]]*Tabla_Consulta_desde_QuickBooks_Data_64_Bit_QRemote[[#This Row],[SalesOrderLineInvoiced]]","v":148.80000000000001},{"$f":"+IFERROR(IF(Tabla_Consulta_desde_QuickBooks_Data_64_Bit_QRemote[[#This Row],[CustomerRefFullName]]=\"GRUVALCORP SA\",VLOOKUP(Tabla_Consulta_desde_QuickBooks_Data_64_Bit_QRemote[[#This Row],[SalesOrderLineItemRefFullName]],Hoja1!A:E,5,FALSE),\"\")*-Tabla_Consulta_desde_QuickBooks_Data_64_Bit_QRemote[[#This Row],[SalesOrderLineAmount]],\"\")","v":""},{"$f":"IF(COUNTIF(wms!E:E,Tabla_Consulta_desde_QuickBooks_Data_64_Bit_QRemote[[#This Row],[RefNumber]])>0,\"OK\",\"FALTA\")","v":"OK"}]
["2025-06-02","29078","MEGA SANTAMARIA S.A","OC23934839",4,"7862112523043","P.T:110745","SALSA PICANTE HABANERO OLE 100G","Bodega Producto Terminado",288,"X12",0.62,178.56,"UNIDAD SALSA",288,1089.97,1253.47,"IVA EN VENTAS 15%",{"$f":"IFERROR(IF(Tabla_Consulta_desde_QuickBooks_Data_64_Bit_QRemote[[#This Row],[SalesOrderLineUnitOfMeasure]]=\"un\",Tabla_Consulta_desde_QuickBooks_Data_64_Bit_QRemote[[#This Row],[SalesOrderLineQuantity]],Tabla_Consulta_desde_QuickBooks_Data_64_Bit_QRemote[[#This Row],[SalesOrderLineQuantity]]/MID(Tabla_Consulta_desde_QuickBooks_Data_64_Bit_QRemote[[#This Row],[SalesOrderLineUnitOfMeasure]],2,2)),0)","v":24},{"$f":"IFERROR(IF(Tabla_Consulta_desde_QuickBooks_Data_64_Bit_QRemote[[#This Row],[SalesOrderLineUnitOfMeasure]]=\"un\",Tabla_Consulta_desde_QuickBooks_Data_64_Bit_QRemote[[#This Row],[SalesOrderLineInvoiced]],Tabla_Consulta_desde_QuickBooks_Data_64_Bit_QRemote[[#This Row],[SalesOrderLineInvoiced]]/MID(Tabla_Consulta_desde_QuickBooks_Data_64_Bit_QRemote[[#This Row],[SalesOrderLineUnitOfMeasure]],2,2)),0)","v":24},{"$f":"+Tabla_Consulta_desde_QuickBooks_Data_64_Bit_QRemote[[#This Row],[facturado]]-Tabla_Consulta_desde_QuickBooks_Data_64_Bit_QRemote[[#This Row],[pide]]","v":0},{"$f":"IF(Tabla_Consulta_desde_QuickBooks_Data_64_Bit_QRemote[[#This Row],[diferecia]]=0,\"ok\",\"diferen\")","v":"ok"},{"$f":"IFERROR(INDEX(um!A:C,MATCH(Tabla_Consulta_desde_QuickBooks_Data_64_Bit_QRemote[[#This Row],[SalesOrderLineItemRefFullName]],um!A:A,0),3),\"\")","v":"X12"},{"$f":"IFERROR(IF(OR(Tabla_Consulta_desde_QuickBooks_Data_64_Bit_QRemote[[#This Row],[SalesOrderLineUnitOfMeasure]]=\"UN\",Tabla_Consulta_desde_QuickBooks_Data_64_Bit_QRemote[[#This Row],[SalesOrderLineUnitOfMeasure]]=Tabla_Consulta_desde_QuickBooks_Data_64_Bit_QRemote[[#This Row],[U/M]]),\"\",\"ERROR\"),\"\")","v":""},{"$f":"+WEEKNUM(Tabla_Consulta_desde_QuickBooks_Data_64_Bit_QRemote[[#This Row],[TxnDate]])","v":23},{"$f":"+Tabla_Consulta_desde_QuickBooks_Data_64_Bit_QRemote[[#This Row],[SalesOrderLineRate]]*Tabla_Consulta_desde_QuickBooks_Data_64_Bit_QRemote[[#This Row],[SalesOrderLineInvoiced]]","v":178.56},{"$f":"+IFERROR(IF(Tabla_Consulta_desde_QuickBooks_Data_64_Bit_QRemote[[#This Row],[CustomerRefFullName]]=\"GRUVALCORP SA\",VLOOKUP(Tabla_Consulta_desde_QuickBooks_Data_64_Bit_QRemote[[#This Row],[SalesOrderLineItemRefFullName]],Hoja1!A:E,5,FALSE),\"\")*-Tabla_Consulta_desde_QuickBooks_Data_64_Bit_QRemote[[#This Row],[SalesOrderLineAmount]],\"\")","v":""},{"$f":"IF(COUNTIF(wms!E:E,Tabla_Consulta_desde_QuickBooks_Data_64_Bit_QRemote[[#This Row],[RefNumber]])>0,\"OK\",\"FALTA\")","v":"OK"}]
["2025-06-02","29078","MEGA SANTAMARIA S.A","OC23934839",5,"7862112522992","P.T:110300","SALSA BBQ PICANTE OLE 200G","Bodega Producto Terminado",120,"X12",0.7,84,"UNIDAD SALSA",120,1089.97,1253.47,"IVA EN VENTAS 15%",{"$f":"IFERROR(IF(Tabla_Consulta_desde_QuickBooks_Data_64_Bit_QRemote[[#This Row],[SalesOrderLineUnitOfMeasure]]=\"un\",Tabla_Consulta_desde_QuickBooks_Data_64_Bit_QRemote[[#This Row],[SalesOrderLineQuantity]],Tabla_Consulta_desde_QuickBooks_Data_64_Bit_QRemote[[#This Row],[SalesOrderLineQuantity]]/MID(Tabla_Consulta_desde_QuickBooks_Data_64_Bit_QRemote[[#This Row],[SalesOrderLineUnitOfMeasure]],2,2)),0)","v":10},{"$f":"IFERROR(IF(Tabla_Consulta_desde_QuickBooks_Data_64_Bit_QRemote[[#This Row],[SalesOrderLineUnitOfMeasure]]=\"un\",Tabla_Consulta_desde_QuickBooks_Data_64_Bit_QRemote[[#This Row],[SalesOrderLineInvoiced]],Tabla_Consulta_desde_QuickBooks_Data_64_Bit_QRemote[[#This Row],[SalesOrderLineInvoiced]]/MID(Tabla_Consulta_desde_QuickBooks_Data_64_Bit_QRemote[[#This Row],[SalesOrderLineUnitOfMeasure]],2,2)),0)","v":10},{"$f":"+Tabla_Consulta_desde_QuickBooks_Data_64_Bit_QRemote[[#This Row],[facturado]]-Tabla_Consulta_desde_QuickBooks_Data_64_Bit_QRemote[[#This Row],[pide]]","v":0},{"$f":"IF(Tabla_Consulta_desde_QuickBooks_Data_64_Bit_QRemote[[#This Row],[diferecia]]=0,\"ok\",\"diferen\")","v":"ok"},{"$f":"IFERROR(INDEX(um!A:C,MATCH(Tabla_Consulta_desde_QuickBooks_Data_64_Bit_QRemote[[#This Row],[SalesOrderLineItemRefFullName]],um!A:A,0),3),\"\")","v":"X12"},{"$f":"IFERROR(IF(OR(Tabla_Consulta_desde_QuickBooks_Data_64_Bit_QRemote[[#This Row],[SalesOrderLineUnitOfMeasure]]=\"UN\",Tabla_Consulta_desde_QuickBooks_Data_64_Bit_QRemote[[#This Row],[SalesOrderLineUnitOfMeasure]]=Tabla_Consulta_desde_QuickBooks_Data_64_Bit_QRemote[[#This Row],[U/M]]),\"\",\"ERROR\"),\"\")","v":""},{"$f":"+WEEKNUM(Tabla_Consulta_desde_QuickBooks_Data_64_Bit_QRemote[[#This Row],[TxnDate]])","v":23},{"$f":"+Tabla_Consulta_desde_QuickBooks_Data_64_Bit_QRemote[[#This Row],[SalesOrderLineRate]]*Tabla_Consulta_desde_QuickBooks_Data_64_Bit_QRemote[[#This Row],[SalesOrderLineInvoiced]]","v":84},{"$f":"+IFERROR(IF(Tabla_Consulta_desde_QuickBooks_Data_64_Bit_QRemote[[#This Row],[CustomerRefFullName]]=\"GRUVALCORP SA\",VLOOKUP(Tabla_Consulta_desde_QuickBooks_Data_64_Bit_QRemote[[#This Row],[SalesOrderLineItemRefFullName]],Hoja1!A:E,5,FALSE),\"\")*-Tabla_Consulta_desde_QuickBooks_Data_64_Bit_QRemote[[#This Row],[SalesOrderLineAmount]],\"\")","v":""},{"$f":"IF(COUNTIF(wms!E:E,Tabla_Consulta_desde_QuickBooks_Data_64_Bit_QRemote[[#This Row],[RefNumber]])>0,\"OK\",\"FALTA\")","v":"OK"}]
["2025-06-02","29078","MEGA SANTAMARIA S.A","OC23934839",6,"705424000147","P.T:110209","AJÍ CON TOMATE DE ÁRBOL OLE 180G","Bodega Producto Terminado",72,"X24",1.4538899999999999,104.68,"UNIDAD SALSA",72,1089.97,1253.47,"IVA EN VENTAS 15%",{"$f":"IFERROR(IF(Tabla_Consulta_desde_QuickBooks_Data_64_Bit_QRemote[[#This Row],[SalesOrderLineUnitOfMeasure]]=\"un\",Tabla_Consulta_desde_QuickBooks_Data_64_Bit_QRemote[[#This Row],[SalesOrderLineQuantity]],Tabla_Consulta_desde_QuickBooks_Data_64_Bit_QRemote[[#This Row],[SalesOrderLineQuantity]]/MID(Tabla_Consulta_desde_QuickBooks_Data_64_Bit_QRemote[[#This Row],[SalesOrderLineUnitOfMeasure]],2,2)),0)","v":3},{"$f":"IFERROR(IF(Tabla_Consulta_desde_QuickBooks_Data_64_Bit_QRemote[[#This Row],[SalesOrderLineUnitOfMeasure]]=\"un\",Tabla_Consulta_desde_QuickBooks_Data_64_Bit_QRemote[[#This Row],[SalesOrderLineInvoiced]],Tabla_Consulta_desde_QuickBooks_Data_64_Bit_QRemote[[#This Row],[SalesOrderLineInvoiced]]/MID(Tabla_Consulta_desde_QuickBooks_Data_64_Bit_QRemote[[#This Row],[SalesOrderLineUnitOfMeasure]],2,2)),0)","v":3},{"$f":"+Tabla_Consulta_desde_QuickBooks_Data_64_Bit_QRemote[[#This Row],[facturado]]-Tabla_Consulta_desde_QuickBooks_Data_64_Bit_QRemote[[#This Row],[pide]]","v":0},{"$f":"IF(Tabla_Consulta_desde_QuickBooks_Data_64_Bit_QRemote[[#This Row],[diferecia]]=0,\"ok\",\"diferen\")","v":"ok"},{"$f":"IFERROR(INDEX(um!A:C,MATCH(Tabla_Consulta_desde_QuickBooks_Data_64_Bit_QRemote[[#This Row],[SalesOrderLineItemRefFullName]],um!A:A,0),3),\"\")","v":"X24"},{"$f":"IFERROR(IF(OR(Tabla_Consulta_desde_QuickBooks_Data_64_Bit_QRemote[[#This Row],[SalesOrderLineUnitOfMeasure]]=\"UN\",Tabla_Consulta_desde_QuickBooks_Data_64_Bit_QRemote[[#This Row],[SalesOrderLineUnitOfMeasure]]=Tabla_Consulta_desde_QuickBooks_Data_64_Bit_QRemote[[#This Row],[U/M]]),\"\",\"ERROR\"),\"\")","v":""},{"$f":"+WEEKNUM(Tabla_Consulta_desde_QuickBooks_Data_64_Bit_QRemote[[#This Row],[TxnDate]])","v":23},{"$f":"+Tabla_Consulta_desde_QuickBooks_Data_64_Bit_QRemote[[#This Row],[SalesOrderLineRate]]*Tabla_Consulta_desde_QuickBooks_Data_64_Bit_QRemote[[#This Row],[SalesOrderLineInvoiced]]","v":104.68007999999999},{"$f":"+IFERROR(IF(Tabla_Consulta_desde_QuickBooks_Data_64_Bit_QRemote[[#This Row],[CustomerRefFullName]]=\"GRUVALCORP SA\",VLOOKUP(Tabla_Consulta_desde_QuickBooks_Data_64_Bit_QRemote[[#This Row],[SalesOrderLineItemRefFullName]],Hoja1!A:E,5,FALSE),\"\")*-Tabla_Consulta_desde_QuickBooks_Data_64_Bit_QRemote[[#This Row],[SalesOrderLineAmount]],\"\")","v":""},{"$f":"IF(COUNTIF(wms!E:E,Tabla_Consulta_desde_QuickBooks_Data_64_Bit_QRemote[[#This Row],[RefNumber]])>0,\"OK\",\"FALTA\")","v":"OK"}]
["2025-06-02","29078","MEGA SANTAMARIA S.A","OC23934839",7,"7862112522244","P.T:110736","TERIYAKI SALSA ASIATICA OLE 300G","Bodega Producto Terminado",132,"X12",2.0625,272.25,"UNIDAD SALSA",132,1089.97,1253.47,"IVA EN VENTAS 15%",{"$f":"IFERROR(IF(Tabla_Consulta_desde_QuickBooks_Data_64_Bit_QRemote[[#This Row],[SalesOrderLineUnitOfMeasure]]=\"un\",Tabla_Consulta_desde_QuickBooks_Data_64_Bit_QRemote[[#This Row],[SalesOrderLineQuantity]],Tabla_Consulta_desde_QuickBooks_Data_64_Bit_QRemote[[#This Row],[SalesOrderLineQuantity]]/MID(Tabla_Consulta_desde_QuickBooks_Data_64_Bit_QRemote[[#This Row],[SalesOrderLineUnitOfMeasure]],2,2)),0)","v":11},{"$f":"IFERROR(IF(Tabla_Consulta_desde_QuickBooks_Data_64_Bit_QRemote[[#This Row],[SalesOrderLineUnitOfMeasure]]=\"un\",Tabla_Consulta_desde_QuickBooks_Data_64_Bit_QRemote[[#This Row],[SalesOrderLineInvoiced]],Tabla_Consulta_desde_QuickBooks_Data_64_Bit_QRemote[[#This Row],[SalesOrderLineInvoiced]]/MID(Tabla_Consulta_desde_QuickBooks_Data_64_Bit_QRemote[[#This Row],[SalesOrderLineUnitOfMeasure]],2,2)),0)","v":11},{"$f":"+Tabla_Consulta_desde_QuickBooks_Data_64_Bit_QRemote[[#This Row],[facturado]]-Tabla_Consulta_desde_QuickBooks_Data_64_Bit_QRemote[[#This Row],[pide]]","v":0},{"$f":"IF(Tabla_Consulta_desde_QuickBooks_Data_64_Bit_QRemote[[#This Row],[diferecia]]=0,\"ok\",\"diferen\")","v":"ok"},{"$f":"IFERROR(INDEX(um!A:C,MATCH(Tabla_Consulta_desde_QuickBooks_Data_64_Bit_QRemote[[#This Row],[SalesOrderLineItemRefFullName]],um!A:A,0),3),\"\")","v":"X12"},{"$f":"IFERROR(IF(OR(Tabla_Consulta_desde_QuickBooks_Data_64_Bit_QRemote[[#This Row],[SalesOrderLineUnitOfMeasure]]=\"UN\",Tabla_Consulta_desde_QuickBooks_Data_64_Bit_QRemote[[#This Row],[SalesOrderLineUnitOfMeasure]]=Tabla_Consulta_desde_QuickBooks_Data_64_Bit_QRemote[[#This Row],[U/M]]),\"\",\"ERROR\"),\"\")","v":""},{"$f":"+WEEKNUM(Tabla_Consulta_desde_QuickBooks_Data_64_Bit_QRemote[[#This Row],[TxnDate]])","v":23},{"$f":"+Tabla_Consulta_desde_QuickBooks_Data_64_Bit_QRemote[[#This Row],[SalesOrderLineRate]]*Tabla_Consulta_desde_QuickBooks_Data_64_Bit_QRemote[[#This Row],[SalesOrderLineInvoiced]]","v":272.25},{"$f":"+IFERROR(IF(Tabla_Consulta_desde_QuickBooks_Data_64_Bit_QRemote[[#This Row],[CustomerRefFullName]]=\"GRUVALCORP SA\",VLOOKUP(Tabla_Consulta_desde_QuickBooks_Data_64_Bit_QRemote[[#This Row],[SalesOrderLineItemRefFullName]],Hoja1!A:E,5,FALSE),\"\")*-Tabla_Consulta_desde_QuickBooks_Data_64_Bit_QRemote[[#This Row],[SalesOrderLineAmount]],\"\")","v":""},{"$f":"IF(COUNTIF(wms!E:E,Tabla_Consulta_desde_QuickBooks_Data_64_Bit_QRemote[[#This Row],[RefNumber]])>0,\"OK\",\"FALTA\")","v":"OK"}]
["2025-06-02","29078","MEGA SANTAMARIA S.A","OC23934839",8,null,"INFOADICIONAL","OC23934839",null,null,null,0,0,null,1,1089.97,1253.47,"IVA EN VENTAS 15%",{"$f":"IFERROR(IF(Tabla_Consulta_desde_QuickBooks_Data_64_Bit_QRemote[[#This Row],[SalesOrderLineUnitOfMeasure]]=\"un\",Tabla_Consulta_desde_QuickBooks_Data_64_Bit_QRemote[[#This Row],[SalesOrderLineQuantity]],Tabla_Consulta_desde_QuickBooks_Data_64_Bit_QRemote[[#This Row],[SalesOrderLineQuantity]]/MID(Tabla_Consulta_desde_QuickBooks_Data_64_Bit_QRemote[[#This Row],[SalesOrderLineUnitOfMeasure]],2,2)),0)","v":0},{"$f":"IFERROR(IF(Tabla_Consulta_desde_QuickBooks_Data_64_Bit_QRemote[[#This Row],[SalesOrderLineUnitOfMeasure]]=\"un\",Tabla_Consulta_desde_QuickBooks_Data_64_Bit_QRemote[[#This Row],[SalesOrderLineInvoiced]],Tabla_Consulta_desde_QuickBooks_Data_64_Bit_QRemote[[#This Row],[SalesOrderLineInvoiced]]/MID(Tabla_Consulta_desde_QuickBooks_Data_64_Bit_QRemote[[#This Row],[SalesOrderLineUnitOfMeasure]],2,2)),0)","v":0},{"$f":"+Tabla_Consulta_desde_QuickBooks_Data_64_Bit_QRemote[[#This Row],[facturado]]-Tabla_Consulta_desde_QuickBooks_Data_64_Bit_QRemote[[#This Row],[pide]]","v":0},{"$f":"IF(Tabla_Consulta_desde_QuickBooks_Data_64_Bit_QRemote[[#This Row],[diferecia]]=0,\"ok\",\"diferen\")","v":"ok"},{"$f":"IFERROR(INDEX(um!A:C,MATCH(Tabla_Consulta_desde_QuickBooks_Data_64_Bit_QRemote[[#This Row],[SalesOrderLineItemRefFullName]],um!A:A,0),3),\"\")","v":""},{"$f":"IFERROR(IF(OR(Tabla_Consulta_desde_QuickBooks_Data_64_Bit_QRemote[[#This Row],[SalesOrderLineUnitOfMeasure]]=\"UN\",Tabla_Consulta_desde_QuickBooks_Data_64_Bit_QRemote[[#This Row],[SalesOrderLineUnitOfMeasure]]=Tabla_Consulta_desde_QuickBooks_Data_64_Bit_QRemote[[#This Row],[U/M]]),\"\",\"ERROR\"),\"\")","v":""},{"$f":"+WEEKNUM(Tabla_Consulta_desde_QuickBooks_Data_64_Bit_QRemote[[#This Row],[TxnDate]])","v":23},{"$f":"+Tabla_Consulta_desde_QuickBooks_Data_64_Bit_QRemote[[#This Row],[SalesOrderLineRate]]*Tabla_Consulta_desde_QuickBooks_Data_64_Bit_QRemote[[#This Row],[SalesOrderLineInvoiced]]","v":0},{"$f":"+IFERROR(IF(Tabla_Consulta_desde_QuickBooks_Data_64_Bit_QRemote[[#This Row],[CustomerRefFullName]]=\"GRUVALCORP SA\",VLOOKUP(Tabla_Consulta_desde_QuickBooks_Data_64_Bit_QRemote[[#This Row],[SalesOrderLineItemRefFullName]],Hoja1!A:E,5,FALSE),\"\")*-Tabla_Consulta_desde_QuickBooks_Data_64_Bit_QRemote[[#This Row],[SalesOrderLineAmount]],\"\")","v":""},{"$f":"IF(COUNTIF(wms!E:E,Tabla_Consulta_desde_QuickBooks_Data_64_Bit_QRemote[[#This Row],[RefNumber]])>0,\"OK\",\"FALTA\")","v":"OK"}]
["2025-06-02","29079","LOJANO CHAPA WILSON PATRICIO","CUENCA",1,"7862112521599","P.T:110214","SALSA AJÍ MANABA OLE 300G","Bodega Producto Terminado",48,"X12",1.72,82.56,"UNIDAD SALSA",48,289.74,333.2,"IVA EN VENTAS 15%",{"$f":"IFERROR(IF(Tabla_Consulta_desde_QuickBooks_Data_64_Bit_QRemote[[#This Row],[SalesOrderLineUnitOfMeasure]]=\"un\",Tabla_Consulta_desde_QuickBooks_Data_64_Bit_QRemote[[#This Row],[SalesOrderLineQuantity]],Tabla_Consulta_desde_QuickBooks_Data_64_Bit_QRemote[[#This Row],[SalesOrderLineQuantity]]/MID(Tabla_Consulta_desde_QuickBooks_Data_64_Bit_QRemote[[#This Row],[SalesOrderLineUnitOfMeasure]],2,2)),0)","v":4},{"$f":"IFERROR(IF(Tabla_Consulta_desde_QuickBooks_Data_64_Bit_QRemote[[#This Row],[SalesOrderLineUnitOfMeasure]]=\"un\",Tabla_Consulta_desde_QuickBooks_Data_64_Bit_QRemote[[#This Row],[SalesOrderLineInvoiced]],Tabla_Consulta_desde_QuickBooks_Data_64_Bit_QRemote[[#This Row],[SalesOrderLineInvoiced]]/MID(Tabla_Consulta_desde_QuickBooks_Data_64_Bit_QRemote[[#This Row],[SalesOrderLineUnitOfMeasure]],2,2)),0)","v":4},{"$f":"+Tabla_Consulta_desde_QuickBooks_Data_64_Bit_QRemote[[#This Row],[facturado]]-Tabla_Consulta_desde_QuickBooks_Data_64_Bit_QRemote[[#This Row],[pide]]","v":0},{"$f":"IF(Tabla_Consulta_desde_QuickBooks_Data_64_Bit_QRemote[[#This Row],[diferecia]]=0,\"ok\",\"diferen\")","v":"ok"},{"$f":"IFERROR(INDEX(um!A:C,MATCH(Tabla_Consulta_desde_QuickBooks_Data_64_Bit_QRemote[[#This Row],[SalesOrderLineItemRefFullName]],um!A:A,0),3),\"\")","v":"X12"},{"$f":"IFERROR(IF(OR(Tabla_Consulta_desde_QuickBooks_Data_64_Bit_QRemote[[#This Row],[SalesOrderLineUnitOfMeasure]]=\"UN\",Tabla_Consulta_desde_QuickBooks_Data_64_Bit_QRemote[[#This Row],[SalesOrderLineUnitOfMeasure]]=Tabla_Consulta_desde_QuickBooks_Data_64_Bit_QRemote[[#This Row],[U/M]]),\"\",\"ERROR\"),\"\")","v":""},{"$f":"+WEEKNUM(Tabla_Consulta_desde_QuickBooks_Data_64_Bit_QRemote[[#This Row],[TxnDate]])","v":23},{"$f":"+Tabla_Consulta_desde_QuickBooks_Data_64_Bit_QRemote[[#This Row],[SalesOrderLineRate]]*Tabla_Consulta_desde_QuickBooks_Data_64_Bit_QRemote[[#This Row],[SalesOrderLineInvoiced]]","v":82.56},{"$f":"+IFERROR(IF(Tabla_Consulta_desde_QuickBooks_Data_64_Bit_QRemote[[#This Row],[CustomerRefFullName]]=\"GRUVALCORP SA\",VLOOKUP(Tabla_Consulta_desde_QuickBooks_Data_64_Bit_QRemote[[#This Row],[SalesOrderLineItemRefFullName]],Hoja1!A:E,5,FALSE),\"\")*-Tabla_Consulta_desde_QuickBooks_Data_64_Bit_QRemote[[#This Row],[SalesOrderLineAmount]],\"\")","v":""},{"$f":"IF(COUNTIF(wms!E:E,Tabla_Consulta_desde_QuickBooks_Data_64_Bit_QRemote[[#This Row],[RefNumber]])>0,\"OK\",\"FALTA\")","v":"OK"}]
["2025-06-02","29079","LOJANO CHAPA WILSON PATRICIO","CUENCA",2,"7862112522497","P.T:110801","SALSA BBQ ORIGINAL OLE DP 200G","Bodega Producto Terminado",48,"X12",0.71,34.08,"UNIDAD SALSA",48,289.74,333.2,"IVA EN VENTAS 15%",{"$f":"IFERROR(IF(Tabla_Consulta_desde_QuickBooks_Data_64_Bit_QRemote[[#This Row],[SalesOrderLineUnitOfMeasure]]=\"un\",Tabla_Consulta_desde_QuickBooks_Data_64_Bit_QRemote[[#This Row],[SalesOrderLineQuantity]],Tabla_Consulta_desde_QuickBooks_Data_64_Bit_QRemote[[#This Row],[SalesOrderLineQuantity]]/MID(Tabla_Consulta_desde_QuickBooks_Data_64_Bit_QRemote[[#This Row],[SalesOrderLineUnitOfMeasure]],2,2)),0)","v":4},{"$f":"IFERROR(IF(Tabla_Consulta_desde_QuickBooks_Data_64_Bit_QRemote[[#This Row],[SalesOrderLineUnitOfMeasure]]=\"un\",Tabla_Consulta_desde_QuickBooks_Data_64_Bit_QRemote[[#This Row],[SalesOrderLineInvoiced]],Tabla_Consulta_desde_QuickBooks_Data_64_Bit_QRemote[[#This Row],[SalesOrderLineInvoiced]]/MID(Tabla_Consulta_desde_QuickBooks_Data_64_Bit_QRemote[[#This Row],[SalesOrderLineUnitOfMeasure]],2,2)),0)","v":4},{"$f":"+Tabla_Consulta_desde_QuickBooks_Data_64_Bit_QRemote[[#This Row],[facturado]]-Tabla_Consulta_desde_QuickBooks_Data_64_Bit_QRemote[[#This Row],[pide]]","v":0},{"$f":"IF(Tabla_Consulta_desde_QuickBooks_Data_64_Bit_QRemote[[#This Row],[diferecia]]=0,\"ok\",\"diferen\")","v":"ok"},{"$f":"IFERROR(INDEX(um!A:C,MATCH(Tabla_Consulta_desde_QuickBooks_Data_64_Bit_QRemote[[#This Row],[SalesOrderLineItemRefFullName]],um!A:A,0),3),\"\")","v":"X12"},{"$f":"IFERROR(IF(OR(Tabla_Consulta_desde_QuickBooks_Data_64_Bit_QRemote[[#This Row],[SalesOrderLineUnitOfMeasure]]=\"UN\",Tabla_Consulta_desde_QuickBooks_Data_64_Bit_QRemote[[#This Row],[SalesOrderLineUnitOfMeasure]]=Tabla_Consulta_desde_QuickBooks_Data_64_Bit_QRemote[[#This Row],[U/M]]),\"\",\"ERROR\"),\"\")","v":""},{"$f":"+WEEKNUM(Tabla_Consulta_desde_QuickBooks_Data_64_Bit_QRemote[[#This Row],[TxnDate]])","v":23},{"$f":"+Tabla_Consulta_desde_QuickBooks_Data_64_Bit_QRemote[[#This Row],[SalesOrderLineRate]]*Tabla_Consulta_desde_QuickBooks_Data_64_Bit_QRemote[[#This Row],[SalesOrderLineInvoiced]]","v":34.08},{"$f":"+IFERROR(IF(Tabla_Consulta_desde_QuickBooks_Data_64_Bit_QRemote[[#This Row],[CustomerRefFullName]]=\"GRUVALCORP SA\",VLOOKUP(Tabla_Consulta_desde_QuickBooks_Data_64_Bit_QRemote[[#This Row],[SalesOrderLineItemRefFullName]],Hoja1!A:E,5,FALSE),\"\")*-Tabla_Consulta_desde_QuickBooks_Data_64_Bit_QRemote[[#This Row],[SalesOrderLineAmount]],\"\")","v":""},{"$f":"IF(COUNTIF(wms!E:E,Tabla_Consulta_desde_QuickBooks_Data_64_Bit_QRemote[[#This Row],[RefNumber]])>0,\"OK\",\"FALTA\")","v":"OK"}]
["2025-06-02","29079","LOJANO CHAPA WILSON PATRICIO","CUENCA",3,"7862112522183","P.T:110733","SALSA GUACAMOLE OLE 220G","Bodega Producto Terminado",24,"X12",1.45,34.799999999999997,"UNIDAD SALSA",24,289.74,333.2,"IVA EN VENTAS 15%",{"$f":"IFERROR(IF(Tabla_Consulta_desde_QuickBooks_Data_64_Bit_QRemote[[#This Row],[SalesOrderLineUnitOfMeasure]]=\"un\",Tabla_Consulta_desde_QuickBooks_Data_64_Bit_QRemote[[#This Row],[SalesOrderLineQuantity]],Tabla_Consulta_desde_QuickBooks_Data_64_Bit_QRemote[[#This Row],[SalesOrderLineQuantity]]/MID(Tabla_Consulta_desde_QuickBooks_Data_64_Bit_QRemote[[#This Row],[SalesOrderLineUnitOfMeasure]],2,2)),0)","v":2},{"$f":"IFERROR(IF(Tabla_Consulta_desde_QuickBooks_Data_64_Bit_QRemote[[#This Row],[SalesOrderLineUnitOfMeasure]]=\"un\",Tabla_Consulta_desde_QuickBooks_Data_64_Bit_QRemote[[#This Row],[SalesOrderLineInvoiced]],Tabla_Consulta_desde_QuickBooks_Data_64_Bit_QRemote[[#This Row],[SalesOrderLineInvoiced]]/MID(Tabla_Consulta_desde_QuickBooks_Data_64_Bit_QRemote[[#This Row],[SalesOrderLineUnitOfMeasure]],2,2)),0)","v":2},{"$f":"+Tabla_Consulta_desde_QuickBooks_Data_64_Bit_QRemote[[#This Row],[facturado]]-Tabla_Consulta_desde_QuickBooks_Data_64_Bit_QRemote[[#This Row],[pide]]","v":0},{"$f":"IF(Tabla_Consulta_desde_QuickBooks_Data_64_Bit_QRemote[[#This Row],[diferecia]]=0,\"ok\",\"diferen\")","v":"ok"},{"$f":"IFERROR(INDEX(um!A:C,MATCH(Tabla_Consulta_desde_QuickBooks_Data_64_Bit_QRemote[[#This Row],[SalesOrderLineItemRefFullName]],um!A:A,0),3),\"\")","v":"X12"},{"$f":"IFERROR(IF(OR(Tabla_Consulta_desde_QuickBooks_Data_64_Bit_QRemote[[#This Row],[SalesOrderLineUnitOfMeasure]]=\"UN\",Tabla_Consulta_desde_QuickBooks_Data_64_Bit_QRemote[[#This Row],[SalesOrderLineUnitOfMeasure]]=Tabla_Consulta_desde_QuickBooks_Data_64_Bit_QRemote[[#This Row],[U/M]]),\"\",\"ERROR\"),\"\")","v":""},{"$f":"+WEEKNUM(Tabla_Consulta_desde_QuickBooks_Data_64_Bit_QRemote[[#This Row],[TxnDate]])","v":23},{"$f":"+Tabla_Consulta_desde_QuickBooks_Data_64_Bit_QRemote[[#This Row],[SalesOrderLineRate]]*Tabla_Consulta_desde_QuickBooks_Data_64_Bit_QRemote[[#This Row],[SalesOrderLineInvoiced]]","v":34.799999999999997},{"$f":"+IFERROR(IF(Tabla_Consulta_desde_QuickBooks_Data_64_Bit_QRemote[[#This Row],[CustomerRefFullName]]=\"GRUVALCORP SA\",VLOOKUP(Tabla_Consulta_desde_QuickBooks_Data_64_Bit_QRemote[[#This Row],[SalesOrderLineItemRefFullName]],Hoja1!A:E,5,FALSE),\"\")*-Tabla_Consulta_desde_QuickBooks_Data_64_Bit_QRemote[[#This Row],[SalesOrderLineAmount]],\"\")","v":""},{"$f":"IF(COUNTIF(wms!E:E,Tabla_Consulta_desde_QuickBooks_Data_64_Bit_QRemote[[#This Row],[RefNumber]])>0,\"OK\",\"FALTA\")","v":"OK"}]
["2025-06-02","29079","LOJANO CHAPA WILSON PATRICIO","CUENCA",4,"7862112522244","P.T:110736","TERIYAKI SALSA ASIATICA OLE 300G","Bodega Producto Terminado",24,"X12",1.74,41.76,"UNIDAD SALSA",24,289.74,333.2,"IVA EN VENTAS 15%",{"$f":"IFERROR(IF(Tabla_Consulta_desde_QuickBooks_Data_64_Bit_QRemote[[#This Row],[SalesOrderLineUnitOfMeasure]]=\"un\",Tabla_Consulta_desde_QuickBooks_Data_64_Bit_QRemote[[#This Row],[SalesOrderLineQuantity]],Tabla_Consulta_desde_QuickBooks_Data_64_Bit_QRemote[[#This Row],[SalesOrderLineQuantity]]/MID(Tabla_Consulta_desde_QuickBooks_Data_64_Bit_QRemote[[#This Row],[SalesOrderLineUnitOfMeasure]],2,2)),0)","v":2},{"$f":"IFERROR(IF(Tabla_Consulta_desde_QuickBooks_Data_64_Bit_QRemote[[#This Row],[SalesOrderLineUnitOfMeasure]]=\"un\",Tabla_Consulta_desde_QuickBooks_Data_64_Bit_QRemote[[#This Row],[SalesOrderLineInvoiced]],Tabla_Consulta_desde_QuickBooks_Data_64_Bit_QRemote[[#This Row],[SalesOrderLineInvoiced]]/MID(Tabla_Consulta_desde_QuickBooks_Data_64_Bit_QRemote[[#This Row],[SalesOrderLineUnitOfMeasure]],2,2)),0)","v":2},{"$f":"+Tabla_Consulta_desde_QuickBooks_Data_64_Bit_QRemote[[#This Row],[facturado]]-Tabla_Consulta_desde_QuickBooks_Data_64_Bit_QRemote[[#This Row],[pide]]","v":0},{"$f":"IF(Tabla_Consulta_desde_QuickBooks_Data_64_Bit_QRemote[[#This Row],[diferecia]]=0,\"ok\",\"diferen\")","v":"ok"},{"$f":"IFERROR(INDEX(um!A:C,MATCH(Tabla_Consulta_desde_QuickBooks_Data_64_Bit_QRemote[[#This Row],[SalesOrderLineItemRefFullName]],um!A:A,0),3),\"\")","v":"X12"},{"$f":"IFERROR(IF(OR(Tabla_Consulta_desde_QuickBooks_Data_64_Bit_QRemote[[#This Row],[SalesOrderLineUnitOfMeasure]]=\"UN\",Tabla_Consulta_desde_QuickBooks_Data_64_Bit_QRemote[[#This Row],[SalesOrderLineUnitOfMeasure]]=Tabla_Consulta_desde_QuickBooks_Data_64_Bit_QRemote[[#This Row],[U/M]]),\"\",\"ERROR\"),\"\")","v":""},{"$f":"+WEEKNUM(Tabla_Consulta_desde_QuickBooks_Data_64_Bit_QRemote[[#This Row],[TxnDate]])","v":23},{"$f":"+Tabla_Consulta_desde_QuickBooks_Data_64_Bit_QRemote[[#This Row],[SalesOrderLineRate]]*Tabla_Consulta_desde_QuickBooks_Data_64_Bit_QRemote[[#This Row],[SalesOrderLineInvoiced]]","v":41.76},{"$f":"+IFERROR(IF(Tabla_Consulta_desde_QuickBooks_Data_64_Bit_QRemote[[#This Row],[CustomerRefFullName]]=\"GRUVALCORP SA\",VLOOKUP(Tabla_Consulta_desde_QuickBooks_Data_64_Bit_QRemote[[#This Row],[SalesOrderLineItemRefFullName]],Hoja1!A:E,5,FALSE),\"\")*-Tabla_Consulta_desde_QuickBooks_Data_64_Bit_QRemote[[#This Row],[SalesOrderLineAmount]],\"\")","v":""},{"$f":"IF(COUNTIF(wms!E:E,Tabla_Consulta_desde_QuickBooks_Data_64_Bit_QRemote[[#This Row],[RefNumber]])>0,\"OK\",\"FALTA\")","v":"OK"}]
["2025-06-02","29079","LOJANO CHAPA WILSON PATRICIO","CUENCA",5,"7862112522794","P.T:311605","SALSA CHICKEN DIPPIN OLE 200G","Bodega Producto Terminado",24,"X24",1.1200000000000001,26.88,"UNIDAD SALSA",24,289.74,333.2,"IVA EN VENTAS 15%",{"$f":"IFERROR(IF(Tabla_Consulta_desde_QuickBooks_Data_64_Bit_QRemote[[#This Row],[SalesOrderLineUnitOfMeasure]]=\"un\",Tabla_Consulta_desde_QuickBooks_Data_64_Bit_QRemote[[#This Row],[SalesOrderLineQuantity]],Tabla_Consulta_desde_QuickBooks_Data_64_Bit_QRemote[[#This Row],[SalesOrderLineQuantity]]/MID(Tabla_Consulta_desde_QuickBooks_Data_64_Bit_QRemote[[#This Row],[SalesOrderLineUnitOfMeasure]],2,2)),0)","v":1},{"$f":"IFERROR(IF(Tabla_Consulta_desde_QuickBooks_Data_64_Bit_QRemote[[#This Row],[SalesOrderLineUnitOfMeasure]]=\"un\",Tabla_Consulta_desde_QuickBooks_Data_64_Bit_QRemote[[#This Row],[SalesOrderLineInvoiced]],Tabla_Consulta_desde_QuickBooks_Data_64_Bit_QRemote[[#This Row],[SalesOrderLineInvoiced]]/MID(Tabla_Consulta_desde_QuickBooks_Data_64_Bit_QRemote[[#This Row],[SalesOrderLineUnitOfMeasure]],2,2)),0)","v":1},{"$f":"+Tabla_Consulta_desde_QuickBooks_Data_64_Bit_QRemote[[#This Row],[facturado]]-Tabla_Consulta_desde_QuickBooks_Data_64_Bit_QRemote[[#This Row],[pide]]","v":0},{"$f":"IF(Tabla_Consulta_desde_QuickBooks_Data_64_Bit_QRemote[[#This Row],[diferecia]]=0,\"ok\",\"diferen\")","v":"ok"},{"$f":"IFERROR(INDEX(um!A:C,MATCH(Tabla_Consulta_desde_QuickBooks_Data_64_Bit_QRemote[[#This Row],[SalesOrderLineItemRefFullName]],um!A:A,0),3),\"\")","v":"X24"},{"$f":"IFERROR(IF(OR(Tabla_Consulta_desde_QuickBooks_Data_64_Bit_QRemote[[#This Row],[SalesOrderLineUnitOfMeasure]]=\"UN\",Tabla_Consulta_desde_QuickBooks_Data_64_Bit_QRemote[[#This Row],[SalesOrderLineUnitOfMeasure]]=Tabla_Consulta_desde_QuickBooks_Data_64_Bit_QRemote[[#This Row],[U/M]]),\"\",\"ERROR\"),\"\")","v":""},{"$f":"+WEEKNUM(Tabla_Consulta_desde_QuickBooks_Data_64_Bit_QRemote[[#This Row],[TxnDate]])","v":23},{"$f":"+Tabla_Consulta_desde_QuickBooks_Data_64_Bit_QRemote[[#This Row],[SalesOrderLineRate]]*Tabla_Consulta_desde_QuickBooks_Data_64_Bit_QRemote[[#This Row],[SalesOrderLineInvoiced]]","v":26.880000000000003},{"$f":"+IFERROR(IF(Tabla_Consulta_desde_QuickBooks_Data_64_Bit_QRemote[[#This Row],[CustomerRefFullName]]=\"GRUVALCORP SA\",VLOOKUP(Tabla_Consulta_desde_QuickBooks_Data_64_Bit_QRemote[[#This Row],[SalesOrderLineItemRefFullName]],Hoja1!A:E,5,FALSE),\"\")*-Tabla_Consulta_desde_QuickBooks_Data_64_Bit_QRemote[[#This Row],[SalesOrderLineAmount]],\"\")","v":""},{"$f":"IF(COUNTIF(wms!E:E,Tabla_Consulta_desde_QuickBooks_Data_64_Bit_QRemote[[#This Row],[RefNumber]])>0,\"OK\",\"FALTA\")","v":"OK"}]
["2025-06-02","29079","LOJANO CHAPA WILSON PATRICIO","CUENCA",6,"7862112523104","P.T:110804","SALSA CHAMOY OLE 275G","Bodega Producto Terminado",12,"X12",1.67,20.04,"UNIDAD SALSA",12,289.74,333.2,"IVA EN VENTAS 15%",{"$f":"IFERROR(IF(Tabla_Consulta_desde_QuickBooks_Data_64_Bit_QRemote[[#This Row],[SalesOrderLineUnitOfMeasure]]=\"un\",Tabla_Consulta_desde_QuickBooks_Data_64_Bit_QRemote[[#This Row],[SalesOrderLineQuantity]],Tabla_Consulta_desde_QuickBooks_Data_64_Bit_QRemote[[#This Row],[SalesOrderLineQuantity]]/MID(Tabla_Consulta_desde_QuickBooks_Data_64_Bit_QRemote[[#This Row],[SalesOrderLineUnitOfMeasure]],2,2)),0)","v":1},{"$f":"IFERROR(IF(Tabla_Consulta_desde_QuickBooks_Data_64_Bit_QRemote[[#This Row],[SalesOrderLineUnitOfMeasure]]=\"un\",Tabla_Consulta_desde_QuickBooks_Data_64_Bit_QRemote[[#This Row],[SalesOrderLineInvoiced]],Tabla_Consulta_desde_QuickBooks_Data_64_Bit_QRemote[[#This Row],[SalesOrderLineInvoiced]]/MID(Tabla_Consulta_desde_QuickBooks_Data_64_Bit_QRemote[[#This Row],[SalesOrderLineUnitOfMeasure]],2,2)),0)","v":1},{"$f":"+Tabla_Consulta_desde_QuickBooks_Data_64_Bit_QRemote[[#This Row],[facturado]]-Tabla_Consulta_desde_QuickBooks_Data_64_Bit_QRemote[[#This Row],[pide]]","v":0},{"$f":"IF(Tabla_Consulta_desde_QuickBooks_Data_64_Bit_QRemote[[#This Row],[diferecia]]=0,\"ok\",\"diferen\")","v":"ok"},{"$f":"IFERROR(INDEX(um!A:C,MATCH(Tabla_Consulta_desde_QuickBooks_Data_64_Bit_QRemote[[#This Row],[SalesOrderLineItemRefFullName]],um!A:A,0),3),\"\")","v":"X12"},{"$f":"IFERROR(IF(OR(Tabla_Consulta_desde_QuickBooks_Data_64_Bit_QRemote[[#This Row],[SalesOrderLineUnitOfMeasure]]=\"UN\",Tabla_Consulta_desde_QuickBooks_Data_64_Bit_QRemote[[#This Row],[SalesOrderLineUnitOfMeasure]]=Tabla_Consulta_desde_QuickBooks_Data_64_Bit_QRemote[[#This Row],[U/M]]),\"\",\"ERROR\"),\"\")","v":""},{"$f":"+WEEKNUM(Tabla_Consulta_desde_QuickBooks_Data_64_Bit_QRemote[[#This Row],[TxnDate]])","v":23},{"$f":"+Tabla_Consulta_desde_QuickBooks_Data_64_Bit_QRemote[[#This Row],[SalesOrderLineRate]]*Tabla_Consulta_desde_QuickBooks_Data_64_Bit_QRemote[[#This Row],[SalesOrderLineInvoiced]]","v":20.04},{"$f":"+IFERROR(IF(Tabla_Consulta_desde_QuickBooks_Data_64_Bit_QRemote[[#This Row],[CustomerRefFullName]]=\"GRUVALCORP SA\",VLOOKUP(Tabla_Consulta_desde_QuickBooks_Data_64_Bit_QRemote[[#This Row],[SalesOrderLineItemRefFullName]],Hoja1!A:E,5,FALSE),\"\")*-Tabla_Consulta_desde_QuickBooks_Data_64_Bit_QRemote[[#This Row],[SalesOrderLineAmount]],\"\")","v":""},{"$f":"IF(COUNTIF(wms!E:E,Tabla_Consulta_desde_QuickBooks_Data_64_Bit_QRemote[[#This Row],[RefNumber]])>0,\"OK\",\"FALTA\")","v":"OK"}]
["2025-06-02","29079","LOJANO CHAPA WILSON PATRICIO","CUENCA",7,"7862112523265","PT:220143","TOTOPOS NATURAL MINI OLE 45G","Bodega Producto Terminado",60,"X30",0.33,19.8,"UNIDAD SNCKS",60,289.74,333.2,"IVA EN VENTAS 15%",{"$f":"IFERROR(IF(Tabla_Consulta_desde_QuickBooks_Data_64_Bit_QRemote[[#This Row],[SalesOrderLineUnitOfMeasure]]=\"un\",Tabla_Consulta_desde_QuickBooks_Data_64_Bit_QRemote[[#This Row],[SalesOrderLineQuantity]],Tabla_Consulta_desde_QuickBooks_Data_64_Bit_QRemote[[#This Row],[SalesOrderLineQuantity]]/MID(Tabla_Consulta_desde_QuickBooks_Data_64_Bit_QRemote[[#This Row],[SalesOrderLineUnitOfMeasure]],2,2)),0)","v":2},{"$f":"IFERROR(IF(Tabla_Consulta_desde_QuickBooks_Data_64_Bit_QRemote[[#This Row],[SalesOrderLineUnitOfMeasure]]=\"un\",Tabla_Consulta_desde_QuickBooks_Data_64_Bit_QRemote[[#This Row],[SalesOrderLineInvoiced]],Tabla_Consulta_desde_QuickBooks_Data_64_Bit_QRemote[[#This Row],[SalesOrderLineInvoiced]]/MID(Tabla_Consulta_desde_QuickBooks_Data_64_Bit_QRemote[[#This Row],[SalesOrderLineUnitOfMeasure]],2,2)),0)","v":2},{"$f":"+Tabla_Consulta_desde_QuickBooks_Data_64_Bit_QRemote[[#This Row],[facturado]]-Tabla_Consulta_desde_QuickBooks_Data_64_Bit_QRemote[[#This Row],[pide]]","v":0},{"$f":"IF(Tabla_Consulta_desde_QuickBooks_Data_64_Bit_QRemote[[#This Row],[diferecia]]=0,\"ok\",\"diferen\")","v":"ok"},{"$f":"IFERROR(INDEX(um!A:C,MATCH(Tabla_Consulta_desde_QuickBooks_Data_64_Bit_QRemote[[#This Row],[SalesOrderLineItemRefFullName]],um!A:A,0),3),\"\")","v":"X30"},{"$f":"IFERROR(IF(OR(Tabla_Consulta_desde_QuickBooks_Data_64_Bit_QRemote[[#This Row],[SalesOrderLineUnitOfMeasure]]=\"UN\",Tabla_Consulta_desde_QuickBooks_Data_64_Bit_QRemote[[#This Row],[SalesOrderLineUnitOfMeasure]]=Tabla_Consulta_desde_QuickBooks_Data_64_Bit_QRemote[[#This Row],[U/M]]),\"\",\"ERROR\"),\"\")","v":""},{"$f":"+WEEKNUM(Tabla_Consulta_desde_QuickBooks_Data_64_Bit_QRemote[[#This Row],[TxnDate]])","v":23},{"$f":"+Tabla_Consulta_desde_QuickBooks_Data_64_Bit_QRemote[[#This Row],[SalesOrderLineRate]]*Tabla_Consulta_desde_QuickBooks_Data_64_Bit_QRemote[[#This Row],[SalesOrderLineInvoiced]]","v":19.8},{"$f":"+IFERROR(IF(Tabla_Consulta_desde_QuickBooks_Data_64_Bit_QRemote[[#This Row],[CustomerRefFullName]]=\"GRUVALCORP SA\",VLOOKUP(Tabla_Consulta_desde_QuickBooks_Data_64_Bit_QRemote[[#This Row],[SalesOrderLineItemRefFullName]],Hoja1!A:E,5,FALSE),\"\")*-Tabla_Consulta_desde_QuickBooks_Data_64_Bit_QRemote[[#This Row],[SalesOrderLineAmount]],\"\")","v":""},{"$f":"IF(COUNTIF(wms!E:E,Tabla_Consulta_desde_QuickBooks_Data_64_Bit_QRemote[[#This Row],[RefNumber]])>0,\"OK\",\"FALTA\")","v":"OK"}]
["2025-06-02","29079","LOJANO CHAPA WILSON PATRICIO","CUENCA",8,"7862112523258","PT:220142","TOTOPOS SABOR GUACAMOLE OLE 45G","Bodega Producto Terminado",30,"X30",0.33,9.9,"UNIDAD SNCKS",30,289.74,333.2,"IVA EN VENTAS 15%",{"$f":"IFERROR(IF(Tabla_Consulta_desde_QuickBooks_Data_64_Bit_QRemote[[#This Row],[SalesOrderLineUnitOfMeasure]]=\"un\",Tabla_Consulta_desde_QuickBooks_Data_64_Bit_QRemote[[#This Row],[SalesOrderLineQuantity]],Tabla_Consulta_desde_QuickBooks_Data_64_Bit_QRemote[[#This Row],[SalesOrderLineQuantity]]/MID(Tabla_Consulta_desde_QuickBooks_Data_64_Bit_QRemote[[#This Row],[SalesOrderLineUnitOfMeasure]],2,2)),0)","v":1},{"$f":"IFERROR(IF(Tabla_Consulta_desde_QuickBooks_Data_64_Bit_QRemote[[#This Row],[SalesOrderLineUnitOfMeasure]]=\"un\",Tabla_Consulta_desde_QuickBooks_Data_64_Bit_QRemote[[#This Row],[SalesOrderLineInvoiced]],Tabla_Consulta_desde_QuickBooks_Data_64_Bit_QRemote[[#This Row],[SalesOrderLineInvoiced]]/MID(Tabla_Consulta_desde_QuickBooks_Data_64_Bit_QRemote[[#This Row],[SalesOrderLineUnitOfMeasure]],2,2)),0)","v":1},{"$f":"+Tabla_Consulta_desde_QuickBooks_Data_64_Bit_QRemote[[#This Row],[facturado]]-Tabla_Consulta_desde_QuickBooks_Data_64_Bit_QRemote[[#This Row],[pide]]","v":0},{"$f":"IF(Tabla_Consulta_desde_QuickBooks_Data_64_Bit_QRemote[[#This Row],[diferecia]]=0,\"ok\",\"diferen\")","v":"ok"},{"$f":"IFERROR(INDEX(um!A:C,MATCH(Tabla_Consulta_desde_QuickBooks_Data_64_Bit_QRemote[[#This Row],[SalesOrderLineItemRefFullName]],um!A:A,0),3),\"\")","v":"X30"},{"$f":"IFERROR(IF(OR(Tabla_Consulta_desde_QuickBooks_Data_64_Bit_QRemote[[#This Row],[SalesOrderLineUnitOfMeasure]]=\"UN\",Tabla_Consulta_desde_QuickBooks_Data_64_Bit_QRemote[[#This Row],[SalesOrderLineUnitOfMeasure]]=Tabla_Consulta_desde_QuickBooks_Data_64_Bit_QRemote[[#This Row],[U/M]]),\"\",\"ERROR\"),\"\")","v":""},{"$f":"+WEEKNUM(Tabla_Consulta_desde_QuickBooks_Data_64_Bit_QRemote[[#This Row],[TxnDate]])","v":23},{"$f":"+Tabla_Consulta_desde_QuickBooks_Data_64_Bit_QRemote[[#This Row],[SalesOrderLineRate]]*Tabla_Consulta_desde_QuickBooks_Data_64_Bit_QRemote[[#This Row],[SalesOrderLineInvoiced]]","v":9.9},{"$f":"+IFERROR(IF(Tabla_Consulta_desde_QuickBooks_Data_64_Bit_QRemote[[#This Row],[CustomerRefFullName]]=\"GRUVALCORP SA\",VLOOKUP(Tabla_Consulta_desde_QuickBooks_Data_64_Bit_QRemote[[#This Row],[SalesOrderLineItemRefFullName]],Hoja1!A:E,5,FALSE),\"\")*-Tabla_Consulta_desde_QuickBooks_Data_64_Bit_QRemote[[#This Row],[SalesOrderLineAmount]],\"\")","v":""},{"$f":"IF(COUNTIF(wms!E:E,Tabla_Consulta_desde_QuickBooks_Data_64_Bit_QRemote[[#This Row],[RefNumber]])>0,\"OK\",\"FALTA\")","v":"OK"}]
["2025-06-02","29079","LOJANO CHAPA WILSON PATRICIO","CUENCA",9,"7862112522442","PT:220133","TOTOPOS QUESO RANCHERO OLE 120G","Bodega Producto Terminado",12,"X12",0.83,9.9600000000000009,"UNIDAD SNCKS",12,289.74,333.2,"IVA EN VENTAS 15%",{"$f":"IFERROR(IF(Tabla_Consulta_desde_QuickBooks_Data_64_Bit_QRemote[[#This Row],[SalesOrderLineUnitOfMeasure]]=\"un\",Tabla_Consulta_desde_QuickBooks_Data_64_Bit_QRemote[[#This Row],[SalesOrderLineQuantity]],Tabla_Consulta_desde_QuickBooks_Data_64_Bit_QRemote[[#This Row],[SalesOrderLineQuantity]]/MID(Tabla_Consulta_desde_QuickBooks_Data_64_Bit_QRemote[[#This Row],[SalesOrderLineUnitOfMeasure]],2,2)),0)","v":1},{"$f":"IFERROR(IF(Tabla_Consulta_desde_QuickBooks_Data_64_Bit_QRemote[[#This Row],[SalesOrderLineUnitOfMeasure]]=\"un\",Tabla_Consulta_desde_QuickBooks_Data_64_Bit_QRemote[[#This Row],[SalesOrderLineInvoiced]],Tabla_Consulta_desde_QuickBooks_Data_64_Bit_QRemote[[#This Row],[SalesOrderLineInvoiced]]/MID(Tabla_Consulta_desde_QuickBooks_Data_64_Bit_QRemote[[#This Row],[SalesOrderLineUnitOfMeasure]],2,2)),0)","v":1},{"$f":"+Tabla_Consulta_desde_QuickBooks_Data_64_Bit_QRemote[[#This Row],[facturado]]-Tabla_Consulta_desde_QuickBooks_Data_64_Bit_QRemote[[#This Row],[pide]]","v":0},{"$f":"IF(Tabla_Consulta_desde_QuickBooks_Data_64_Bit_QRemote[[#This Row],[diferecia]]=0,\"ok\",\"diferen\")","v":"ok"},{"$f":"IFERROR(INDEX(um!A:C,MATCH(Tabla_Consulta_desde_QuickBooks_Data_64_Bit_QRemote[[#This Row],[SalesOrderLineItemRefFullName]],um!A:A,0),3),\"\")","v":"X12"},{"$f":"IFERROR(IF(OR(Tabla_Consulta_desde_QuickBooks_Data_64_Bit_QRemote[[#This Row],[SalesOrderLineUnitOfMeasure]]=\"UN\",Tabla_Consulta_desde_QuickBooks_Data_64_Bit_QRemote[[#This Row],[SalesOrderLineUnitOfMeasure]]=Tabla_Consulta_desde_QuickBooks_Data_64_Bit_QRemote[[#This Row],[U/M]]),\"\",\"ERROR\"),\"\")","v":""},{"$f":"+WEEKNUM(Tabla_Consulta_desde_QuickBooks_Data_64_Bit_QRemote[[#This Row],[TxnDate]])","v":23},{"$f":"+Tabla_Consulta_desde_QuickBooks_Data_64_Bit_QRemote[[#This Row],[SalesOrderLineRate]]*Tabla_Consulta_desde_QuickBooks_Data_64_Bit_QRemote[[#This Row],[SalesOrderLineInvoiced]]","v":9.9599999999999991},{"$f":"+IFERROR(IF(Tabla_Consulta_desde_QuickBooks_Data_64_Bit_QRemote[[#This Row],[CustomerRefFullName]]=\"GRUVALCORP SA\",VLOOKUP(Tabla_Consulta_desde_QuickBooks_Data_64_Bit_QRemote[[#This Row],[SalesOrderLineItemRefFullName]],Hoja1!A:E,5,FALSE),\"\")*-Tabla_Consulta_desde_QuickBooks_Data_64_Bit_QRemote[[#This Row],[SalesOrderLineAmount]],\"\")","v":""},{"$f":"IF(COUNTIF(wms!E:E,Tabla_Consulta_desde_QuickBooks_Data_64_Bit_QRemote[[#This Row],[RefNumber]])>0,\"OK\",\"FALTA\")","v":"OK"}]
["2025-06-02","29079","LOJANO CHAPA WILSON PATRICIO","CUENCA",10,"7862112522473","PT:220134","TOTOPOS MICHELADA OLE 120G","Bodega Producto Terminado",12,"X12",0.83,9.9600000000000009,"UNIDAD SNCKS",12,289.74,333.2,"IVA EN VENTAS 15%",{"$f":"IFERROR(IF(Tabla_Consulta_desde_QuickBooks_Data_64_Bit_QRemote[[#This Row],[SalesOrderLineUnitOfMeasure]]=\"un\",Tabla_Consulta_desde_QuickBooks_Data_64_Bit_QRemote[[#This Row],[SalesOrderLineQuantity]],Tabla_Consulta_desde_QuickBooks_Data_64_Bit_QRemote[[#This Row],[SalesOrderLineQuantity]]/MID(Tabla_Consulta_desde_QuickBooks_Data_64_Bit_QRemote[[#This Row],[SalesOrderLineUnitOfMeasure]],2,2)),0)","v":1},{"$f":"IFERROR(IF(Tabla_Consulta_desde_QuickBooks_Data_64_Bit_QRemote[[#This Row],[SalesOrderLineUnitOfMeasure]]=\"un\",Tabla_Consulta_desde_QuickBooks_Data_64_Bit_QRemote[[#This Row],[SalesOrderLineInvoiced]],Tabla_Consulta_desde_QuickBooks_Data_64_Bit_QRemote[[#This Row],[SalesOrderLineInvoiced]]/MID(Tabla_Consulta_desde_QuickBooks_Data_64_Bit_QRemote[[#This Row],[SalesOrderLineUnitOfMeasure]],2,2)),0)","v":1},{"$f":"+Tabla_Consulta_desde_QuickBooks_Data_64_Bit_QRemote[[#This Row],[facturado]]-Tabla_Consulta_desde_QuickBooks_Data_64_Bit_QRemote[[#This Row],[pide]]","v":0},{"$f":"IF(Tabla_Consulta_desde_QuickBooks_Data_64_Bit_QRemote[[#This Row],[diferecia]]=0,\"ok\",\"diferen\")","v":"ok"},{"$f":"IFERROR(INDEX(um!A:C,MATCH(Tabla_Consulta_desde_QuickBooks_Data_64_Bit_QRemote[[#This Row],[SalesOrderLineItemRefFullName]],um!A:A,0),3),\"\")","v":"X12"},{"$f":"IFERROR(IF(OR(Tabla_Consulta_desde_QuickBooks_Data_64_Bit_QRemote[[#This Row],[SalesOrderLineUnitOfMeasure]]=\"UN\",Tabla_Consulta_desde_QuickBooks_Data_64_Bit_QRemote[[#This Row],[SalesOrderLineUnitOfMeasure]]=Tabla_Consulta_desde_QuickBooks_Data_64_Bit_QRemote[[#This Row],[U/M]]),\"\",\"ERROR\"),\"\")","v":""},{"$f":"+WEEKNUM(Tabla_Consulta_desde_QuickBooks_Data_64_Bit_QRemote[[#This Row],[TxnDate]])","v":23},{"$f":"+Tabla_Consulta_desde_QuickBooks_Data_64_Bit_QRemote[[#This Row],[SalesOrderLineRate]]*Tabla_Consulta_desde_QuickBooks_Data_64_Bit_QRemote[[#This Row],[SalesOrderLineInvoiced]]","v":9.9599999999999991},{"$f":"+IFERROR(IF(Tabla_Consulta_desde_QuickBooks_Data_64_Bit_QRemote[[#This Row],[CustomerRefFullName]]=\"GRUVALCORP SA\",VLOOKUP(Tabla_Consulta_desde_QuickBooks_Data_64_Bit_QRemote[[#This Row],[SalesOrderLineItemRefFullName]],Hoja1!A:E,5,FALSE),\"\")*-Tabla_Consulta_desde_QuickBooks_Data_64_Bit_QRemote[[#This Row],[SalesOrderLineAmount]],\"\")","v":""},{"$f":"IF(COUNTIF(wms!E:E,Tabla_Consulta_desde_QuickBooks_Data_64_Bit_QRemote[[#This Row],[RefNumber]])>0,\"OK\",\"FALTA\")","v":"OK"}]
["2025-06-02","29079","LOJANO CHAPA WILSON PATRICIO","CUENCA",11,null,"INFOADICIONAL","CUENCA",null,null,null,0,0,null,1,289.74,333.2,"IVA EN VENTAS 15%",{"$f":"IFERROR(IF(Tabla_Consulta_desde_QuickBooks_Data_64_Bit_QRemote[[#This Row],[SalesOrderLineUnitOfMeasure]]=\"un\",Tabla_Consulta_desde_QuickBooks_Data_64_Bit_QRemote[[#This Row],[SalesOrderLineQuantity]],Tabla_Consulta_desde_QuickBooks_Data_64_Bit_QRemote[[#This Row],[SalesOrderLineQuantity]]/MID(Tabla_Consulta_desde_QuickBooks_Data_64_Bit_QRemote[[#This Row],[SalesOrderLineUnitOfMeasure]],2,2)),0)","v":0},{"$f":"IFERROR(IF(Tabla_Consulta_desde_QuickBooks_Data_64_Bit_QRemote[[#This Row],[SalesOrderLineUnitOfMeasure]]=\"un\",Tabla_Consulta_desde_QuickBooks_Data_64_Bit_QRemote[[#This Row],[SalesOrderLineInvoiced]],Tabla_Consulta_desde_QuickBooks_Data_64_Bit_QRemote[[#This Row],[SalesOrderLineInvoiced]]/MID(Tabla_Consulta_desde_QuickBooks_Data_64_Bit_QRemote[[#This Row],[SalesOrderLineUnitOfMeasure]],2,2)),0)","v":0},{"$f":"+Tabla_Consulta_desde_QuickBooks_Data_64_Bit_QRemote[[#This Row],[facturado]]-Tabla_Consulta_desde_QuickBooks_Data_64_Bit_QRemote[[#This Row],[pide]]","v":0},{"$f":"IF(Tabla_Consulta_desde_QuickBooks_Data_64_Bit_QRemote[[#This Row],[diferecia]]=0,\"ok\",\"diferen\")","v":"ok"},{"$f":"IFERROR(INDEX(um!A:C,MATCH(Tabla_Consulta_desde_QuickBooks_Data_64_Bit_QRemote[[#This Row],[SalesOrderLineItemRefFullName]],um!A:A,0),3),\"\")","v":""},{"$f":"IFERROR(IF(OR(Tabla_Consulta_desde_QuickBooks_Data_64_Bit_QRemote[[#This Row],[SalesOrderLineUnitOfMeasure]]=\"UN\",Tabla_Consulta_desde_QuickBooks_Data_64_Bit_QRemote[[#This Row],[SalesOrderLineUnitOfMeasure]]=Tabla_Consulta_desde_QuickBooks_Data_64_Bit_QRemote[[#This Row],[U/M]]),\"\",\"ERROR\"),\"\")","v":""},{"$f":"+WEEKNUM(Tabla_Consulta_desde_QuickBooks_Data_64_Bit_QRemote[[#This Row],[TxnDate]])","v":23},{"$f":"+Tabla_Consulta_desde_QuickBooks_Data_64_Bit_QRemote[[#This Row],[SalesOrderLineRate]]*Tabla_Consulta_desde_QuickBooks_Data_64_Bit_QRemote[[#This Row],[SalesOrderLineInvoiced]]","v":0},{"$f":"+IFERROR(IF(Tabla_Consulta_desde_QuickBooks_Data_64_Bit_QRemote[[#This Row],[CustomerRefFullName]]=\"GRUVALCORP SA\",VLOOKUP(Tabla_Consulta_desde_QuickBooks_Data_64_Bit_QRemote[[#This Row],[SalesOrderLineItemRefFullName]],Hoja1!A:E,5,FALSE),\"\")*-Tabla_Consulta_desde_QuickBooks_Data_64_Bit_QRemote[[#This Row],[SalesOrderLineAmount]],\"\")","v":""},{"$f":"IF(COUNTIF(wms!E:E,Tabla_Consulta_desde_QuickBooks_Data_64_Bit_QRemote[[#This Row],[RefNumber]])>0,\"OK\",\"FALTA\")","v":"OK"}]
["2025-06-02","29080","DELIVERY HERO DMART ECUADOR S.A.","PO091586 SOLCA",1,"7862112522169","P.T:110734","DIP ORIGINAL ROASTED TOMATES ASADOS OLE 220G","Bodega Producto Terminado",12,"X12",1.47,17.64,"UNIDAD SALSA",12,116.4,133.86000000000001,"IVA EN VENTAS 15%",{"$f":"IFERROR(IF(Tabla_Consulta_desde_QuickBooks_Data_64_Bit_QRemote[[#This Row],[SalesOrderLineUnitOfMeasure]]=\"un\",Tabla_Consulta_desde_QuickBooks_Data_64_Bit_QRemote[[#This Row],[SalesOrderLineQuantity]],Tabla_Consulta_desde_QuickBooks_Data_64_Bit_QRemote[[#This Row],[SalesOrderLineQuantity]]/MID(Tabla_Consulta_desde_QuickBooks_Data_64_Bit_QRemote[[#This Row],[SalesOrderLineUnitOfMeasure]],2,2)),0)","v":1},{"$f":"IFERROR(IF(Tabla_Consulta_desde_QuickBooks_Data_64_Bit_QRemote[[#This Row],[SalesOrderLineUnitOfMeasure]]=\"un\",Tabla_Consulta_desde_QuickBooks_Data_64_Bit_QRemote[[#This Row],[SalesOrderLineInvoiced]],Tabla_Consulta_desde_QuickBooks_Data_64_Bit_QRemote[[#This Row],[SalesOrderLineInvoiced]]/MID(Tabla_Consulta_desde_QuickBooks_Data_64_Bit_QRemote[[#This Row],[SalesOrderLineUnitOfMeasure]],2,2)),0)","v":1},{"$f":"+Tabla_Consulta_desde_QuickBooks_Data_64_Bit_QRemote[[#This Row],[facturado]]-Tabla_Consulta_desde_QuickBooks_Data_64_Bit_QRemote[[#This Row],[pide]]","v":0},{"$f":"IF(Tabla_Consulta_desde_QuickBooks_Data_64_Bit_QRemote[[#This Row],[diferecia]]=0,\"ok\",\"diferen\")","v":"ok"},{"$f":"IFERROR(INDEX(um!A:C,MATCH(Tabla_Consulta_desde_QuickBooks_Data_64_Bit_QRemote[[#This Row],[SalesOrderLineItemRefFullName]],um!A:A,0),3),\"\")","v":"X12"},{"$f":"IFERROR(IF(OR(Tabla_Consulta_desde_QuickBooks_Data_64_Bit_QRemote[[#This Row],[SalesOrderLineUnitOfMeasure]]=\"UN\",Tabla_Consulta_desde_QuickBooks_Data_64_Bit_QRemote[[#This Row],[SalesOrderLineUnitOfMeasure]]=Tabla_Consulta_desde_QuickBooks_Data_64_Bit_QRemote[[#This Row],[U/M]]),\"\",\"ERROR\"),\"\")","v":""},{"$f":"+WEEKNUM(Tabla_Consulta_desde_QuickBooks_Data_64_Bit_QRemote[[#This Row],[TxnDate]])","v":23},{"$f":"+Tabla_Consulta_desde_QuickBooks_Data_64_Bit_QRemote[[#This Row],[SalesOrderLineRate]]*Tabla_Consulta_desde_QuickBooks_Data_64_Bit_QRemote[[#This Row],[SalesOrderLineInvoiced]]","v":17.64},{"$f":"+IFERROR(IF(Tabla_Consulta_desde_QuickBooks_Data_64_Bit_QRemote[[#This Row],[CustomerRefFullName]]=\"GRUVALCORP SA\",VLOOKUP(Tabla_Consulta_desde_QuickBooks_Data_64_Bit_QRemote[[#This Row],[SalesOrderLineItemRefFullName]],Hoja1!A:E,5,FALSE),\"\")*-Tabla_Consulta_desde_QuickBooks_Data_64_Bit_QRemote[[#This Row],[SalesOrderLineAmount]],\"\")","v":""},{"$f":"IF(COUNTIF(wms!E:E,Tabla_Consulta_desde_QuickBooks_Data_64_Bit_QRemote[[#This Row],[RefNumber]])>0,\"OK\",\"FALTA\")","v":"OK"}]
["2025-06-02","29080","DELIVERY HERO DMART ECUADOR S.A.","PO091586 SOLCA",2,"7861000227513","P.T:110603","JALAPEÑO ROJOS Y VERDES OLE 200G","Bodega Producto Terminado",12,"UN",1.91,22.92,"UNIDAD SALSA",12,116.4,133.86000000000001,"IVA EN VENTAS 15%",{"$f":"IFERROR(IF(Tabla_Consulta_desde_QuickBooks_Data_64_Bit_QRemote[[#This Row],[SalesOrderLineUnitOfMeasure]]=\"un\",Tabla_Consulta_desde_QuickBooks_Data_64_Bit_QRemote[[#This Row],[SalesOrderLineQuantity]],Tabla_Consulta_desde_QuickBooks_Data_64_Bit_QRemote[[#This Row],[SalesOrderLineQuantity]]/MID(Tabla_Consulta_desde_QuickBooks_Data_64_Bit_QRemote[[#This Row],[SalesOrderLineUnitOfMeasure]],2,2)),0)","v":12},{"$f":"IFERROR(IF(Tabla_Consulta_desde_QuickBooks_Data_64_Bit_QRemote[[#This Row],[SalesOrderLineUnitOfMeasure]]=\"un\",Tabla_Consulta_desde_QuickBooks_Data_64_Bit_QRemote[[#This Row],[SalesOrderLineInvoiced]],Tabla_Consulta_desde_QuickBooks_Data_64_Bit_QRemote[[#This Row],[SalesOrderLineInvoiced]]/MID(Tabla_Consulta_desde_QuickBooks_Data_64_Bit_QRemote[[#This Row],[SalesOrderLineUnitOfMeasure]],2,2)),0)","v":12},{"$f":"+Tabla_Consulta_desde_QuickBooks_Data_64_Bit_QRemote[[#This Row],[facturado]]-Tabla_Consulta_desde_QuickBooks_Data_64_Bit_QRemote[[#This Row],[pide]]","v":0},{"$f":"IF(Tabla_Consulta_desde_QuickBooks_Data_64_Bit_QRemote[[#This Row],[diferecia]]=0,\"ok\",\"diferen\")","v":"ok"},{"$f":"IFERROR(INDEX(um!A:C,MATCH(Tabla_Consulta_desde_QuickBooks_Data_64_Bit_QRemote[[#This Row],[SalesOrderLineItemRefFullName]],um!A:A,0),3),\"\")","v":"X24"},{"$f":"IFERROR(IF(OR(Tabla_Consulta_desde_QuickBooks_Data_64_Bit_QRemote[[#This Row],[SalesOrderLineUnitOfMeasure]]=\"UN\",Tabla_Consulta_desde_QuickBooks_Data_64_Bit_QRemote[[#This Row],[SalesOrderLineUnitOfMeasure]]=Tabla_Consulta_desde_QuickBooks_Data_64_Bit_QRemote[[#This Row],[U/M]]),\"\",\"ERROR\"),\"\")","v":""},{"$f":"+WEEKNUM(Tabla_Consulta_desde_QuickBooks_Data_64_Bit_QRemote[[#This Row],[TxnDate]])","v":23},{"$f":"+Tabla_Consulta_desde_QuickBooks_Data_64_Bit_QRemote[[#This Row],[SalesOrderLineRate]]*Tabla_Consulta_desde_QuickBooks_Data_64_Bit_QRemote[[#This Row],[SalesOrderLineInvoiced]]","v":22.919999999999998},{"$f":"+IFERROR(IF(Tabla_Consulta_desde_QuickBooks_Data_64_Bit_QRemote[[#This Row],[CustomerRefFullName]]=\"GRUVALCORP SA\",VLOOKUP(Tabla_Consulta_desde_QuickBooks_Data_64_Bit_QRemote[[#This Row],[SalesOrderLineItemRefFullName]],Hoja1!A:E,5,FALSE),\"\")*-Tabla_Consulta_desde_QuickBooks_Data_64_Bit_QRemote[[#This Row],[SalesOrderLineAmount]],\"\")","v":""},{"$f":"IF(COUNTIF(wms!E:E,Tabla_Consulta_desde_QuickBooks_Data_64_Bit_QRemote[[#This Row],[RefNumber]])>0,\"OK\",\"FALTA\")","v":"OK"}]
["2025-06-02","29080","DELIVERY HERO DMART ECUADOR S.A.","PO091586 SOLCA",3,"7862112522497","P.T:110801","SALSA BBQ ORIGINAL OLE DP 200G","Bodega Producto Terminado",12,"X12",0.84,10.08,"UNIDAD SALSA",12,116.4,133.86000000000001,"IVA EN VENTAS 15%",{"$f":"IFERROR(IF(Tabla_Consulta_desde_QuickBooks_Data_64_Bit_QRemote[[#This Row],[SalesOrderLineUnitOfMeasure]]=\"un\",Tabla_Consulta_desde_QuickBooks_Data_64_Bit_QRemote[[#This Row],[SalesOrderLineQuantity]],Tabla_Consulta_desde_QuickBooks_Data_64_Bit_QRemote[[#This Row],[SalesOrderLineQuantity]]/MID(Tabla_Consulta_desde_QuickBooks_Data_64_Bit_QRemote[[#This Row],[SalesOrderLineUnitOfMeasure]],2,2)),0)","v":1},{"$f":"IFERROR(IF(Tabla_Consulta_desde_QuickBooks_Data_64_Bit_QRemote[[#This Row],[SalesOrderLineUnitOfMeasure]]=\"un\",Tabla_Consulta_desde_QuickBooks_Data_64_Bit_QRemote[[#This Row],[SalesOrderLineInvoiced]],Tabla_Consulta_desde_QuickBooks_Data_64_Bit_QRemote[[#This Row],[SalesOrderLineInvoiced]]/MID(Tabla_Consulta_desde_QuickBooks_Data_64_Bit_QRemote[[#This Row],[SalesOrderLineUnitOfMeasure]],2,2)),0)","v":1},{"$f":"+Tabla_Consulta_desde_QuickBooks_Data_64_Bit_QRemote[[#This Row],[facturado]]-Tabla_Consulta_desde_QuickBooks_Data_64_Bit_QRemote[[#This Row],[pide]]","v":0},{"$f":"IF(Tabla_Consulta_desde_QuickBooks_Data_64_Bit_QRemote[[#This Row],[diferecia]]=0,\"ok\",\"diferen\")","v":"ok"},{"$f":"IFERROR(INDEX(um!A:C,MATCH(Tabla_Consulta_desde_QuickBooks_Data_64_Bit_QRemote[[#This Row],[SalesOrderLineItemRefFullName]],um!A:A,0),3),\"\")","v":"X12"},{"$f":"IFERROR(IF(OR(Tabla_Consulta_desde_QuickBooks_Data_64_Bit_QRemote[[#This Row],[SalesOrderLineUnitOfMeasure]]=\"UN\",Tabla_Consulta_desde_QuickBooks_Data_64_Bit_QRemote[[#This Row],[SalesOrderLineUnitOfMeasure]]=Tabla_Consulta_desde_QuickBooks_Data_64_Bit_QRemote[[#This Row],[U/M]]),\"\",\"ERROR\"),\"\")","v":""},{"$f":"+WEEKNUM(Tabla_Consulta_desde_QuickBooks_Data_64_Bit_QRemote[[#This Row],[TxnDate]])","v":23},{"$f":"+Tabla_Consulta_desde_QuickBooks_Data_64_Bit_QRemote[[#This Row],[SalesOrderLineRate]]*Tabla_Consulta_desde_QuickBooks_Data_64_Bit_QRemote[[#This Row],[SalesOrderLineInvoiced]]","v":10.08},{"$f":"+IFERROR(IF(Tabla_Consulta_desde_QuickBooks_Data_64_Bit_QRemote[[#This Row],[CustomerRefFullName]]=\"GRUVALCORP SA\",VLOOKUP(Tabla_Consulta_desde_QuickBooks_Data_64_Bit_QRemote[[#This Row],[SalesOrderLineItemRefFullName]],Hoja1!A:E,5,FALSE),\"\")*-Tabla_Consulta_desde_QuickBooks_Data_64_Bit_QRemote[[#This Row],[SalesOrderLineAmount]],\"\")","v":""},{"$f":"IF(COUNTIF(wms!E:E,Tabla_Consulta_desde_QuickBooks_Data_64_Bit_QRemote[[#This Row],[RefNumber]])>0,\"OK\",\"FALTA\")","v":"OK"}]
["2025-06-02","29080","DELIVERY HERO DMART ECUADOR S.A.","PO091586 SOLCA",4,"7862112522442","PT:220133","TOTOPOS QUESO RANCHERO OLE 120G","Bodega Producto Terminado",12,"X12",0.99,11.88,"UNIDAD SNCKS",12,116.4,133.86000000000001,"IVA EN VENTAS 15%",{"$f":"IFERROR(IF(Tabla_Consulta_desde_QuickBooks_Data_64_Bit_QRemote[[#This Row],[SalesOrderLineUnitOfMeasure]]=\"un\",Tabla_Consulta_desde_QuickBooks_Data_64_Bit_QRemote[[#This Row],[SalesOrderLineQuantity]],Tabla_Consulta_desde_QuickBooks_Data_64_Bit_QRemote[[#This Row],[SalesOrderLineQuantity]]/MID(Tabla_Consulta_desde_QuickBooks_Data_64_Bit_QRemote[[#This Row],[SalesOrderLineUnitOfMeasure]],2,2)),0)","v":1},{"$f":"IFERROR(IF(Tabla_Consulta_desde_QuickBooks_Data_64_Bit_QRemote[[#This Row],[SalesOrderLineUnitOfMeasure]]=\"un\",Tabla_Consulta_desde_QuickBooks_Data_64_Bit_QRemote[[#This Row],[SalesOrderLineInvoiced]],Tabla_Consulta_desde_QuickBooks_Data_64_Bit_QRemote[[#This Row],[SalesOrderLineInvoiced]]/MID(Tabla_Consulta_desde_QuickBooks_Data_64_Bit_QRemote[[#This Row],[SalesOrderLineUnitOfMeasure]],2,2)),0)","v":1},{"$f":"+Tabla_Consulta_desde_QuickBooks_Data_64_Bit_QRemote[[#This Row],[facturado]]-Tabla_Consulta_desde_QuickBooks_Data_64_Bit_QRemote[[#This Row],[pide]]","v":0},{"$f":"IF(Tabla_Consulta_desde_QuickBooks_Data_64_Bit_QRemote[[#This Row],[diferecia]]=0,\"ok\",\"diferen\")","v":"ok"},{"$f":"IFERROR(INDEX(um!A:C,MATCH(Tabla_Consulta_desde_QuickBooks_Data_64_Bit_QRemote[[#This Row],[SalesOrderLineItemRefFullName]],um!A:A,0),3),\"\")","v":"X12"},{"$f":"IFERROR(IF(OR(Tabla_Consulta_desde_QuickBooks_Data_64_Bit_QRemote[[#This Row],[SalesOrderLineUnitOfMeasure]]=\"UN\",Tabla_Consulta_desde_QuickBooks_Data_64_Bit_QRemote[[#This Row],[SalesOrderLineUnitOfMeasure]]=Tabla_Consulta_desde_QuickBooks_Data_64_Bit_QRemote[[#This Row],[U/M]]),\"\",\"ERROR\"),\"\")","v":""},{"$f":"+WEEKNUM(Tabla_Consulta_desde_QuickBooks_Data_64_Bit_QRemote[[#This Row],[TxnDate]])","v":23},{"$f":"+Tabla_Consulta_desde_QuickBooks_Data_64_Bit_QRemote[[#This Row],[SalesOrderLineRate]]*Tabla_Consulta_desde_QuickBooks_Data_64_Bit_QRemote[[#This Row],[SalesOrderLineInvoiced]]","v":11.879999999999999},{"$f":"+IFERROR(IF(Tabla_Consulta_desde_QuickBooks_Data_64_Bit_QRemote[[#This Row],[CustomerRefFullName]]=\"GRUVALCORP SA\",VLOOKUP(Tabla_Consulta_desde_QuickBooks_Data_64_Bit_QRemote[[#This Row],[SalesOrderLineItemRefFullName]],Hoja1!A:E,5,FALSE),\"\")*-Tabla_Consulta_desde_QuickBooks_Data_64_Bit_QRemote[[#This Row],[SalesOrderLineAmount]],\"\")","v":""},{"$f":"IF(COUNTIF(wms!E:E,Tabla_Consulta_desde_QuickBooks_Data_64_Bit_QRemote[[#This Row],[RefNumber]])>0,\"OK\",\"FALTA\")","v":"OK"}]
["2025-06-02","29080","DELIVERY HERO DMART ECUADOR S.A.","PO091586 SOLCA",5,"7862112522367","PT:220132","TOTOPOS NATURAL OLE 300G","Bodega Producto Terminado",24,"X12",1.75,42,"UNIDAD SNCKS",24,116.4,133.86000000000001,"IVA EN VENTAS 15%",{"$f":"IFERROR(IF(Tabla_Consulta_desde_QuickBooks_Data_64_Bit_QRemote[[#This Row],[SalesOrderLineUnitOfMeasure]]=\"un\",Tabla_Consulta_desde_QuickBooks_Data_64_Bit_QRemote[[#This Row],[SalesOrderLineQuantity]],Tabla_Consulta_desde_QuickBooks_Data_64_Bit_QRemote[[#This Row],[SalesOrderLineQuantity]]/MID(Tabla_Consulta_desde_QuickBooks_Data_64_Bit_QRemote[[#This Row],[SalesOrderLineUnitOfMeasure]],2,2)),0)","v":2},{"$f":"IFERROR(IF(Tabla_Consulta_desde_QuickBooks_Data_64_Bit_QRemote[[#This Row],[SalesOrderLineUnitOfMeasure]]=\"un\",Tabla_Consulta_desde_QuickBooks_Data_64_Bit_QRemote[[#This Row],[SalesOrderLineInvoiced]],Tabla_Consulta_desde_QuickBooks_Data_64_Bit_QRemote[[#This Row],[SalesOrderLineInvoiced]]/MID(Tabla_Consulta_desde_QuickBooks_Data_64_Bit_QRemote[[#This Row],[SalesOrderLineUnitOfMeasure]],2,2)),0)","v":2},{"$f":"+Tabla_Consulta_desde_QuickBooks_Data_64_Bit_QRemote[[#This Row],[facturado]]-Tabla_Consulta_desde_QuickBooks_Data_64_Bit_QRemote[[#This Row],[pide]]","v":0},{"$f":"IF(Tabla_Consulta_desde_QuickBooks_Data_64_Bit_QRemote[[#This Row],[diferecia]]=0,\"ok\",\"diferen\")","v":"ok"},{"$f":"IFERROR(INDEX(um!A:C,MATCH(Tabla_Consulta_desde_QuickBooks_Data_64_Bit_QRemote[[#This Row],[SalesOrderLineItemRefFullName]],um!A:A,0),3),\"\")","v":"X12"},{"$f":"IFERROR(IF(OR(Tabla_Consulta_desde_QuickBooks_Data_64_Bit_QRemote[[#This Row],[SalesOrderLineUnitOfMeasure]]=\"UN\",Tabla_Consulta_desde_QuickBooks_Data_64_Bit_QRemote[[#This Row],[SalesOrderLineUnitOfMeasure]]=Tabla_Consulta_desde_QuickBooks_Data_64_Bit_QRemote[[#This Row],[U/M]]),\"\",\"ERROR\"),\"\")","v":""},{"$f":"+WEEKNUM(Tabla_Consulta_desde_QuickBooks_Data_64_Bit_QRemote[[#This Row],[TxnDate]])","v":23},{"$f":"+Tabla_Consulta_desde_QuickBooks_Data_64_Bit_QRemote[[#This Row],[SalesOrderLineRate]]*Tabla_Consulta_desde_QuickBooks_Data_64_Bit_QRemote[[#This Row],[SalesOrderLineInvoiced]]","v":42},{"$f":"+IFERROR(IF(Tabla_Consulta_desde_QuickBooks_Data_64_Bit_QRemote[[#This Row],[CustomerRefFullName]]=\"GRUVALCORP SA\",VLOOKUP(Tabla_Consulta_desde_QuickBooks_Data_64_Bit_QRemote[[#This Row],[SalesOrderLineItemRefFullName]],Hoja1!A:E,5,FALSE),\"\")*-Tabla_Consulta_desde_QuickBooks_Data_64_Bit_QRemote[[#This Row],[SalesOrderLineAmount]],\"\")","v":""},{"$f":"IF(COUNTIF(wms!E:E,Tabla_Consulta_desde_QuickBooks_Data_64_Bit_QRemote[[#This Row],[RefNumber]])>0,\"OK\",\"FALTA\")","v":"OK"}]
["2025-06-02","29080","DELIVERY HERO DMART ECUADOR S.A.","PO091586 SOLCA",6,"7862112522473","PT:220134","TOTOPOS MICHELADA OLE 120G","Bodega Producto Terminado",12,"X12",0.99,11.88,"UNIDAD SNCKS",12,116.4,133.86000000000001,"IVA EN VENTAS 15%",{"$f":"IFERROR(IF(Tabla_Consulta_desde_QuickBooks_Data_64_Bit_QRemote[[#This Row],[SalesOrderLineUnitOfMeasure]]=\"un\",Tabla_Consulta_desde_QuickBooks_Data_64_Bit_QRemote[[#This Row],[SalesOrderLineQuantity]],Tabla_Consulta_desde_QuickBooks_Data_64_Bit_QRemote[[#This Row],[SalesOrderLineQuantity]]/MID(Tabla_Consulta_desde_QuickBooks_Data_64_Bit_QRemote[[#This Row],[SalesOrderLineUnitOfMeasure]],2,2)),0)","v":1},{"$f":"IFERROR(IF(Tabla_Consulta_desde_QuickBooks_Data_64_Bit_QRemote[[#This Row],[SalesOrderLineUnitOfMeasure]]=\"un\",Tabla_Consulta_desde_QuickBooks_Data_64_Bit_QRemote[[#This Row],[SalesOrderLineInvoiced]],Tabla_Consulta_desde_QuickBooks_Data_64_Bit_QRemote[[#This Row],[SalesOrderLineInvoiced]]/MID(Tabla_Consulta_desde_QuickBooks_Data_64_Bit_QRemote[[#This Row],[SalesOrderLineUnitOfMeasure]],2,2)),0)","v":1},{"$f":"+Tabla_Consulta_desde_QuickBooks_Data_64_Bit_QRemote[[#This Row],[facturado]]-Tabla_Consulta_desde_QuickBooks_Data_64_Bit_QRemote[[#This Row],[pide]]","v":0},{"$f":"IF(Tabla_Consulta_desde_QuickBooks_Data_64_Bit_QRemote[[#This Row],[diferecia]]=0,\"ok\",\"diferen\")","v":"ok"},{"$f":"IFERROR(INDEX(um!A:C,MATCH(Tabla_Consulta_desde_QuickBooks_Data_64_Bit_QRemote[[#This Row],[SalesOrderLineItemRefFullName]],um!A:A,0),3),\"\")","v":"X12"},{"$f":"IFERROR(IF(OR(Tabla_Consulta_desde_QuickBooks_Data_64_Bit_QRemote[[#This Row],[SalesOrderLineUnitOfMeasure]]=\"UN\",Tabla_Consulta_desde_QuickBooks_Data_64_Bit_QRemote[[#This Row],[SalesOrderLineUnitOfMeasure]]=Tabla_Consulta_desde_QuickBooks_Data_64_Bit_QRemote[[#This Row],[U/M]]),\"\",\"ERROR\"),\"\")","v":""},{"$f":"+WEEKNUM(Tabla_Consulta_desde_QuickBooks_Data_64_Bit_QRemote[[#This Row],[TxnDate]])","v":23},{"$f":"+Tabla_Consulta_desde_QuickBooks_Data_64_Bit_QRemote[[#This Row],[SalesOrderLineRate]]*Tabla_Consulta_desde_QuickBooks_Data_64_Bit_QRemote[[#This Row],[SalesOrderLineInvoiced]]","v":11.879999999999999},{"$f":"+IFERROR(IF(Tabla_Consulta_desde_QuickBooks_Data_64_Bit_QRemote[[#This Row],[CustomerRefFullName]]=\"GRUVALCORP SA\",VLOOKUP(Tabla_Consulta_desde_QuickBooks_Data_64_Bit_QRemote[[#This Row],[SalesOrderLineItemRefFullName]],Hoja1!A:E,5,FALSE),\"\")*-Tabla_Consulta_desde_QuickBooks_Data_64_Bit_QRemote[[#This Row],[SalesOrderLineAmount]],\"\")","v":""},{"$f":"IF(COUNTIF(wms!E:E,Tabla_Consulta_desde_QuickBooks_Data_64_Bit_QRemote[[#This Row],[RefNumber]])>0,\"OK\",\"FALTA\")","v":"OK"}]
["2025-06-02","29080","DELIVERY HERO DMART ECUADOR S.A.","PO091586 SOLCA",7,null,"INFOADICIONAL","PO091586 SOLCA",null,null,null,0,0,null,1,116.4,133.86000000000001,"IVA EN VENTAS 15%",{"$f":"IFERROR(IF(Tabla_Consulta_desde_QuickBooks_Data_64_Bit_QRemote[[#This Row],[SalesOrderLineUnitOfMeasure]]=\"un\",Tabla_Consulta_desde_QuickBooks_Data_64_Bit_QRemote[[#This Row],[SalesOrderLineQuantity]],Tabla_Consulta_desde_QuickBooks_Data_64_Bit_QRemote[[#This Row],[SalesOrderLineQuantity]]/MID(Tabla_Consulta_desde_QuickBooks_Data_64_Bit_QRemote[[#This Row],[SalesOrderLineUnitOfMeasure]],2,2)),0)","v":0},{"$f":"IFERROR(IF(Tabla_Consulta_desde_QuickBooks_Data_64_Bit_QRemote[[#This Row],[SalesOrderLineUnitOfMeasure]]=\"un\",Tabla_Consulta_desde_QuickBooks_Data_64_Bit_QRemote[[#This Row],[SalesOrderLineInvoiced]],Tabla_Consulta_desde_QuickBooks_Data_64_Bit_QRemote[[#This Row],[SalesOrderLineInvoiced]]/MID(Tabla_Consulta_desde_QuickBooks_Data_64_Bit_QRemote[[#This Row],[SalesOrderLineUnitOfMeasure]],2,2)),0)","v":0},{"$f":"+Tabla_Consulta_desde_QuickBooks_Data_64_Bit_QRemote[[#This Row],[facturado]]-Tabla_Consulta_desde_QuickBooks_Data_64_Bit_QRemote[[#This Row],[pide]]","v":0},{"$f":"IF(Tabla_Consulta_desde_QuickBooks_Data_64_Bit_QRemote[[#This Row],[diferecia]]=0,\"ok\",\"diferen\")","v":"ok"},{"$f":"IFERROR(INDEX(um!A:C,MATCH(Tabla_Consulta_desde_QuickBooks_Data_64_Bit_QRemote[[#This Row],[SalesOrderLineItemRefFullName]],um!A:A,0),3),\"\")","v":""},{"$f":"IFERROR(IF(OR(Tabla_Consulta_desde_QuickBooks_Data_64_Bit_QRemote[[#This Row],[SalesOrderLineUnitOfMeasure]]=\"UN\",Tabla_Consulta_desde_QuickBooks_Data_64_Bit_QRemote[[#This Row],[SalesOrderLineUnitOfMeasure]]=Tabla_Consulta_desde_QuickBooks_Data_64_Bit_QRemote[[#This Row],[U/M]]),\"\",\"ERROR\"),\"\")","v":""},{"$f":"+WEEKNUM(Tabla_Consulta_desde_QuickBooks_Data_64_Bit_QRemote[[#This Row],[TxnDate]])","v":23},{"$f":"+Tabla_Consulta_desde_QuickBooks_Data_64_Bit_QRemote[[#This Row],[SalesOrderLineRate]]*Tabla_Consulta_desde_QuickBooks_Data_64_Bit_QRemote[[#This Row],[SalesOrderLineInvoiced]]","v":0},{"$f":"+IFERROR(IF(Tabla_Consulta_desde_QuickBooks_Data_64_Bit_QRemote[[#This Row],[CustomerRefFullName]]=\"GRUVALCORP SA\",VLOOKUP(Tabla_Consulta_desde_QuickBooks_Data_64_Bit_QRemote[[#This Row],[SalesOrderLineItemRefFullName]],Hoja1!A:E,5,FALSE),\"\")*-Tabla_Consulta_desde_QuickBooks_Data_64_Bit_QRemote[[#This Row],[SalesOrderLineAmount]],\"\")","v":""},{"$f":"IF(COUNTIF(wms!E:E,Tabla_Consulta_desde_QuickBooks_Data_64_Bit_QRemote[[#This Row],[RefNumber]])>0,\"OK\",\"FALTA\")","v":"OK"}]
["2025-06-02","29081","ALIDULCAF S.A.S.","DULCREMO ENVIAR MANABI POR ENETSA",1,"7862112521926","P.T:111202","TOMATE DESHIDRATADO EN ACEITE OLE 625G","Bodega Producto Terminado",48,"X12",8.56,410.88,"UNIDAD SALSA",48,452.54,519.9,"IVA EN VENTAS 15%",{"$f":"IFERROR(IF(Tabla_Consulta_desde_QuickBooks_Data_64_Bit_QRemote[[#This Row],[SalesOrderLineUnitOfMeasure]]=\"un\",Tabla_Consulta_desde_QuickBooks_Data_64_Bit_QRemote[[#This Row],[SalesOrderLineQuantity]],Tabla_Consulta_desde_QuickBooks_Data_64_Bit_QRemote[[#This Row],[SalesOrderLineQuantity]]/MID(Tabla_Consulta_desde_QuickBooks_Data_64_Bit_QRemote[[#This Row],[SalesOrderLineUnitOfMeasure]],2,2)),0)","v":4},{"$f":"IFERROR(IF(Tabla_Consulta_desde_QuickBooks_Data_64_Bit_QRemote[[#This Row],[SalesOrderLineUnitOfMeasure]]=\"un\",Tabla_Consulta_desde_QuickBooks_Data_64_Bit_QRemote[[#This Row],[SalesOrderLineInvoiced]],Tabla_Consulta_desde_QuickBooks_Data_64_Bit_QRemote[[#This Row],[SalesOrderLineInvoiced]]/MID(Tabla_Consulta_desde_QuickBooks_Data_64_Bit_QRemote[[#This Row],[SalesOrderLineUnitOfMeasure]],2,2)),0)","v":4},{"$f":"+Tabla_Consulta_desde_QuickBooks_Data_64_Bit_QRemote[[#This Row],[facturado]]-Tabla_Consulta_desde_QuickBooks_Data_64_Bit_QRemote[[#This Row],[pide]]","v":0},{"$f":"IF(Tabla_Consulta_desde_QuickBooks_Data_64_Bit_QRemote[[#This Row],[diferecia]]=0,\"ok\",\"diferen\")","v":"ok"},{"$f":"IFERROR(INDEX(um!A:C,MATCH(Tabla_Consulta_desde_QuickBooks_Data_64_Bit_QRemote[[#This Row],[SalesOrderLineItemRefFullName]],um!A:A,0),3),\"\")","v":"X12"},{"$f":"IFERROR(IF(OR(Tabla_Consulta_desde_QuickBooks_Data_64_Bit_QRemote[[#This Row],[SalesOrderLineUnitOfMeasure]]=\"UN\",Tabla_Consulta_desde_QuickBooks_Data_64_Bit_QRemote[[#This Row],[SalesOrderLineUnitOfMeasure]]=Tabla_Consulta_desde_QuickBooks_Data_64_Bit_QRemote[[#This Row],[U/M]]),\"\",\"ERROR\"),\"\")","v":""},{"$f":"+WEEKNUM(Tabla_Consulta_desde_QuickBooks_Data_64_Bit_QRemote[[#This Row],[TxnDate]])","v":23},{"$f":"+Tabla_Consulta_desde_QuickBooks_Data_64_Bit_QRemote[[#This Row],[SalesOrderLineRate]]*Tabla_Consulta_desde_QuickBooks_Data_64_Bit_QRemote[[#This Row],[SalesOrderLineInvoiced]]","v":410.88},{"$f":"+IFERROR(IF(Tabla_Consulta_desde_QuickBooks_Data_64_Bit_QRemote[[#This Row],[CustomerRefFullName]]=\"GRUVALCORP SA\",VLOOKUP(Tabla_Consulta_desde_QuickBooks_Data_64_Bit_QRemote[[#This Row],[SalesOrderLineItemRefFullName]],Hoja1!A:E,5,FALSE),\"\")*-Tabla_Consulta_desde_QuickBooks_Data_64_Bit_QRemote[[#This Row],[SalesOrderLineAmount]],\"\")","v":""},{"$f":"IF(COUNTIF(wms!E:E,Tabla_Consulta_desde_QuickBooks_Data_64_Bit_QRemote[[#This Row],[RefNumber]])>0,\"OK\",\"FALTA\")","v":"OK"}]
["2025-06-02","29081","ALIDULCAF S.A.S.","DULCREMO ENVIAR MANABI POR ENETSA",2,"705424000352","P.T:110608","JALAPEÑO ROJOS Y VERDES OLE 370G","Bodega Producto Terminado",12,"X12",3.18,38.159999999999997,"UNIDAD SALSA",12,452.54,519.9,"IVA EN VENTAS 15%",{"$f":"IFERROR(IF(Tabla_Consulta_desde_QuickBooks_Data_64_Bit_QRemote[[#This Row],[SalesOrderLineUnitOfMeasure]]=\"un\",Tabla_Consulta_desde_QuickBooks_Data_64_Bit_QRemote[[#This Row],[SalesOrderLineQuantity]],Tabla_Consulta_desde_QuickBooks_Data_64_Bit_QRemote[[#This Row],[SalesOrderLineQuantity]]/MID(Tabla_Consulta_desde_QuickBooks_Data_64_Bit_QRemote[[#This Row],[SalesOrderLineUnitOfMeasure]],2,2)),0)","v":1},{"$f":"IFERROR(IF(Tabla_Consulta_desde_QuickBooks_Data_64_Bit_QRemote[[#This Row],[SalesOrderLineUnitOfMeasure]]=\"un\",Tabla_Consulta_desde_QuickBooks_Data_64_Bit_QRemote[[#This Row],[SalesOrderLineInvoiced]],Tabla_Consulta_desde_QuickBooks_Data_64_Bit_QRemote[[#This Row],[SalesOrderLineInvoiced]]/MID(Tabla_Consulta_desde_QuickBooks_Data_64_Bit_QRemote[[#This Row],[SalesOrderLineUnitOfMeasure]],2,2)),0)","v":1},{"$f":"+Tabla_Consulta_desde_QuickBooks_Data_64_Bit_QRemote[[#This Row],[facturado]]-Tabla_Consulta_desde_QuickBooks_Data_64_Bit_QRemote[[#This Row],[pide]]","v":0},{"$f":"IF(Tabla_Consulta_desde_QuickBooks_Data_64_Bit_QRemote[[#This Row],[diferecia]]=0,\"ok\",\"diferen\")","v":"ok"},{"$f":"IFERROR(INDEX(um!A:C,MATCH(Tabla_Consulta_desde_QuickBooks_Data_64_Bit_QRemote[[#This Row],[SalesOrderLineItemRefFullName]],um!A:A,0),3),\"\")","v":"X12"},{"$f":"IFERROR(IF(OR(Tabla_Consulta_desde_QuickBooks_Data_64_Bit_QRemote[[#This Row],[SalesOrderLineUnitOfMeasure]]=\"UN\",Tabla_Consulta_desde_QuickBooks_Data_64_Bit_QRemote[[#This Row],[SalesOrderLineUnitOfMeasure]]=Tabla_Consulta_desde_QuickBooks_Data_64_Bit_QRemote[[#This Row],[U/M]]),\"\",\"ERROR\"),\"\")","v":""},{"$f":"+WEEKNUM(Tabla_Consulta_desde_QuickBooks_Data_64_Bit_QRemote[[#This Row],[TxnDate]])","v":23},{"$f":"+Tabla_Consulta_desde_QuickBooks_Data_64_Bit_QRemote[[#This Row],[SalesOrderLineRate]]*Tabla_Consulta_desde_QuickBooks_Data_64_Bit_QRemote[[#This Row],[SalesOrderLineInvoiced]]","v":38.160000000000004},{"$f":"+IFERROR(IF(Tabla_Consulta_desde_QuickBooks_Data_64_Bit_QRemote[[#This Row],[CustomerRefFullName]]=\"GRUVALCORP SA\",VLOOKUP(Tabla_Consulta_desde_QuickBooks_Data_64_Bit_QRemote[[#This Row],[SalesOrderLineItemRefFullName]],Hoja1!A:E,5,FALSE),\"\")*-Tabla_Consulta_desde_QuickBooks_Data_64_Bit_QRemote[[#This Row],[SalesOrderLineAmount]],\"\")","v":""},{"$f":"IF(COUNTIF(wms!E:E,Tabla_Consulta_desde_QuickBooks_Data_64_Bit_QRemote[[#This Row],[RefNumber]])>0,\"OK\",\"FALTA\")","v":"OK"}]
["2025-06-02","29081","ALIDULCAF S.A.S.","DULCREMO ENVIAR MANABI POR ENETSA",3,"FLETE MERCADERIA","SERV:310:LOG - Flete Mercaderia","LOG - Flete Mercaderia",null,null,null,3.5,3.5,null,1,452.54,519.9,"IVA EN VENTAS 15%",{"$f":"IFERROR(IF(Tabla_Consulta_desde_QuickBooks_Data_64_Bit_QRemote[[#This Row],[SalesOrderLineUnitOfMeasure]]=\"un\",Tabla_Consulta_desde_QuickBooks_Data_64_Bit_QRemote[[#This Row],[SalesOrderLineQuantity]],Tabla_Consulta_desde_QuickBooks_Data_64_Bit_QRemote[[#This Row],[SalesOrderLineQuantity]]/MID(Tabla_Consulta_desde_QuickBooks_Data_64_Bit_QRemote[[#This Row],[SalesOrderLineUnitOfMeasure]],2,2)),0)","v":0},{"$f":"IFERROR(IF(Tabla_Consulta_desde_QuickBooks_Data_64_Bit_QRemote[[#This Row],[SalesOrderLineUnitOfMeasure]]=\"un\",Tabla_Consulta_desde_QuickBooks_Data_64_Bit_QRemote[[#This Row],[SalesOrderLineInvoiced]],Tabla_Consulta_desde_QuickBooks_Data_64_Bit_QRemote[[#This Row],[SalesOrderLineInvoiced]]/MID(Tabla_Consulta_desde_QuickBooks_Data_64_Bit_QRemote[[#This Row],[SalesOrderLineUnitOfMeasure]],2,2)),0)","v":0},{"$f":"+Tabla_Consulta_desde_QuickBooks_Data_64_Bit_QRemote[[#This Row],[facturado]]-Tabla_Consulta_desde_QuickBooks_Data_64_Bit_QRemote[[#This Row],[pide]]","v":0},{"$f":"IF(Tabla_Consulta_desde_QuickBooks_Data_64_Bit_QRemote[[#This Row],[diferecia]]=0,\"ok\",\"diferen\")","v":"ok"},{"$f":"IFERROR(INDEX(um!A:C,MATCH(Tabla_Consulta_desde_QuickBooks_Data_64_Bit_QRemote[[#This Row],[SalesOrderLineItemRefFullName]],um!A:A,0),3),\"\")","v":""},{"$f":"IFERROR(IF(OR(Tabla_Consulta_desde_QuickBooks_Data_64_Bit_QRemote[[#This Row],[SalesOrderLineUnitOfMeasure]]=\"UN\",Tabla_Consulta_desde_QuickBooks_Data_64_Bit_QRemote[[#This Row],[SalesOrderLineUnitOfMeasure]]=Tabla_Consulta_desde_QuickBooks_Data_64_Bit_QRemote[[#This Row],[U/M]]),\"\",\"ERROR\"),\"\")","v":""},{"$f":"+WEEKNUM(Tabla_Consulta_desde_QuickBooks_Data_64_Bit_QRemote[[#This Row],[TxnDate]])","v":23},{"$f":"+Tabla_Consulta_desde_QuickBooks_Data_64_Bit_QRemote[[#This Row],[SalesOrderLineRate]]*Tabla_Consulta_desde_QuickBooks_Data_64_Bit_QRemote[[#This Row],[SalesOrderLineInvoiced]]","v":3.5},{"$f":"+IFERROR(IF(Tabla_Consulta_desde_QuickBooks_Data_64_Bit_QRemote[[#This Row],[CustomerRefFullName]]=\"GRUVALCORP SA\",VLOOKUP(Tabla_Consulta_desde_QuickBooks_Data_64_Bit_QRemote[[#This Row],[SalesOrderLineItemRefFullName]],Hoja1!A:E,5,FALSE),\"\")*-Tabla_Consulta_desde_QuickBooks_Data_64_Bit_QRemote[[#This Row],[SalesOrderLineAmount]],\"\")","v":""},{"$f":"IF(COUNTIF(wms!E:E,Tabla_Consulta_desde_QuickBooks_Data_64_Bit_QRemote[[#This Row],[RefNumber]])>0,\"OK\",\"FALTA\")","v":"OK"}]
["2025-06-02","29081","ALIDULCAF S.A.S.","DULCREMO ENVIAR MANABI POR ENETSA",4,null,"INFOADICIONAL","DULCREMO ENVIAR MANABI POR ENETSA OC10534",null,null,null,0,0,null,1,452.54,519.9,"IVA EN VENTAS 15%",{"$f":"IFERROR(IF(Tabla_Consulta_desde_QuickBooks_Data_64_Bit_QRemote[[#This Row],[SalesOrderLineUnitOfMeasure]]=\"un\",Tabla_Consulta_desde_QuickBooks_Data_64_Bit_QRemote[[#This Row],[SalesOrderLineQuantity]],Tabla_Consulta_desde_QuickBooks_Data_64_Bit_QRemote[[#This Row],[SalesOrderLineQuantity]]/MID(Tabla_Consulta_desde_QuickBooks_Data_64_Bit_QRemote[[#This Row],[SalesOrderLineUnitOfMeasure]],2,2)),0)","v":0},{"$f":"IFERROR(IF(Tabla_Consulta_desde_QuickBooks_Data_64_Bit_QRemote[[#This Row],[SalesOrderLineUnitOfMeasure]]=\"un\",Tabla_Consulta_desde_QuickBooks_Data_64_Bit_QRemote[[#This Row],[SalesOrderLineInvoiced]],Tabla_Consulta_desde_QuickBooks_Data_64_Bit_QRemote[[#This Row],[SalesOrderLineInvoiced]]/MID(Tabla_Consulta_desde_QuickBooks_Data_64_Bit_QRemote[[#This Row],[SalesOrderLineUnitOfMeasure]],2,2)),0)","v":0},{"$f":"+Tabla_Consulta_desde_QuickBooks_Data_64_Bit_QRemote[[#This Row],[facturado]]-Tabla_Consulta_desde_QuickBooks_Data_64_Bit_QRemote[[#This Row],[pide]]","v":0},{"$f":"IF(Tabla_Consulta_desde_QuickBooks_Data_64_Bit_QRemote[[#This Row],[diferecia]]=0,\"ok\",\"diferen\")","v":"ok"},{"$f":"IFERROR(INDEX(um!A:C,MATCH(Tabla_Consulta_desde_QuickBooks_Data_64_Bit_QRemote[[#This Row],[SalesOrderLineItemRefFullName]],um!A:A,0),3),\"\")","v":""},{"$f":"IFERROR(IF(OR(Tabla_Consulta_desde_QuickBooks_Data_64_Bit_QRemote[[#This Row],[SalesOrderLineUnitOfMeasure]]=\"UN\",Tabla_Consulta_desde_QuickBooks_Data_64_Bit_QRemote[[#This Row],[SalesOrderLineUnitOfMeasure]]=Tabla_Consulta_desde_QuickBooks_Data_64_Bit_QRemote[[#This Row],[U/M]]),\"\",\"ERROR\"),\"\")","v":""},{"$f":"+WEEKNUM(Tabla_Consulta_desde_QuickBooks_Data_64_Bit_QRemote[[#This Row],[TxnDate]])","v":23},{"$f":"+Tabla_Consulta_desde_QuickBooks_Data_64_Bit_QRemote[[#This Row],[SalesOrderLineRate]]*Tabla_Consulta_desde_QuickBooks_Data_64_Bit_QRemote[[#This Row],[SalesOrderLineInvoiced]]","v":0},{"$f":"+IFERROR(IF(Tabla_Consulta_desde_QuickBooks_Data_64_Bit_QRemote[[#This Row],[CustomerRefFullName]]=\"GRUVALCORP SA\",VLOOKUP(Tabla_Consulta_desde_QuickBooks_Data_64_Bit_QRemote[[#This Row],[SalesOrderLineItemRefFullName]],Hoja1!A:E,5,FALSE),\"\")*-Tabla_Consulta_desde_QuickBooks_Data_64_Bit_QRemote[[#This Row],[SalesOrderLineAmount]],\"\")","v":""},{"$f":"IF(COUNTIF(wms!E:E,Tabla_Consulta_desde_QuickBooks_Data_64_Bit_QRemote[[#This Row],[RefNumber]])>0,\"OK\",\"FALTA\")","v":"OK"}]
["2025-06-02","29082","RUKITO S.A.S.","SOLICITUD OLE PREGO",1,"7862112520738","P.T:110309","SALSA BBQ ORIGINAL OLE 4100G","Bodega Producto Terminado",90,"UN",10.85,976.5,"UNIDAD SALSA",0,1054.94,1213.18,"IVA EN VENTAS 15%",{"$f":"IFERROR(IF(Tabla_Consulta_desde_QuickBooks_Data_64_Bit_QRemote[[#This Row],[SalesOrderLineUnitOfMeasure]]=\"un\",Tabla_Consulta_desde_QuickBooks_Data_64_Bit_QRemote[[#This Row],[SalesOrderLineQuantity]],Tabla_Consulta_desde_QuickBooks_Data_64_Bit_QRemote[[#This Row],[SalesOrderLineQuantity]]/MID(Tabla_Consulta_desde_QuickBooks_Data_64_Bit_QRemote[[#This Row],[SalesOrderLineUnitOfMeasure]],2,2)),0)","v":90},{"$f":"IFERROR(IF(Tabla_Consulta_desde_QuickBooks_Data_64_Bit_QRemote[[#This Row],[SalesOrderLineUnitOfMeasure]]=\"un\",Tabla_Consulta_desde_QuickBooks_Data_64_Bit_QRemote[[#This Row],[SalesOrderLineInvoiced]],Tabla_Consulta_desde_QuickBooks_Data_64_Bit_QRemote[[#This Row],[SalesOrderLineInvoiced]]/MID(Tabla_Consulta_desde_QuickBooks_Data_64_Bit_QRemote[[#This Row],[SalesOrderLineUnitOfMeasure]],2,2)),0)","v":0},{"$f":"+Tabla_Consulta_desde_QuickBooks_Data_64_Bit_QRemote[[#This Row],[facturado]]-Tabla_Consulta_desde_QuickBooks_Data_64_Bit_QRemote[[#This Row],[pide]]","v":-90},{"$f":"IF(Tabla_Consulta_desde_QuickBooks_Data_64_Bit_QRemote[[#This Row],[diferecia]]=0,\"ok\",\"diferen\")","v":"diferen"},{"$f":"IFERROR(INDEX(um!A:C,MATCH(Tabla_Consulta_desde_QuickBooks_Data_64_Bit_QRemote[[#This Row],[SalesOrderLineItemRefFullName]],um!A:A,0),3),\"\")","v":""},{"$f":"IFERROR(IF(OR(Tabla_Consulta_desde_QuickBooks_Data_64_Bit_QRemote[[#This Row],[SalesOrderLineUnitOfMeasure]]=\"UN\",Tabla_Consulta_desde_QuickBooks_Data_64_Bit_QRemote[[#This Row],[SalesOrderLineUnitOfMeasure]]=Tabla_Consulta_desde_QuickBooks_Data_64_Bit_QRemote[[#This Row],[U/M]]),\"\",\"ERROR\"),\"\")","v":""},{"$f":"+WEEKNUM(Tabla_Consulta_desde_QuickBooks_Data_64_Bit_QRemote[[#This Row],[TxnDate]])","v":23},{"$f":"+Tabla_Consulta_desde_QuickBooks_Data_64_Bit_QRemote[[#This Row],[SalesOrderLineRate]]*Tabla_Consulta_desde_QuickBooks_Data_64_Bit_QRemote[[#This Row],[SalesOrderLineInvoiced]]","v":0},{"$f":"+IFERROR(IF(Tabla_Consulta_desde_QuickBooks_Data_64_Bit_QRemote[[#This Row],[CustomerRefFullName]]=\"GRUVALCORP SA\",VLOOKUP(Tabla_Consulta_desde_QuickBooks_Data_64_Bit_QRemote[[#This Row],[SalesOrderLineItemRefFullName]],Hoja1!A:E,5,FALSE),\"\")*-Tabla_Consulta_desde_QuickBooks_Data_64_Bit_QRemote[[#This Row],[SalesOrderLineAmount]],\"\")","v":""},{"$f":"IF(COUNTIF(wms!E:E,Tabla_Consulta_desde_QuickBooks_Data_64_Bit_QRemote[[#This Row],[RefNumber]])>0,\"OK\",\"FALTA\")","v":"OK"}]
["2025-06-02","29082","RUKITO S.A.S.","SOLICITUD OLE PREGO",2,"705424000116","P.T:110207","AJÍ CON MARACUYA OLE 185G","Bodega Producto Terminado",24,"X24",1.34,32.159999999999997,"UNIDAD SALSA",0,1054.94,1213.18,"IVA EN VENTAS 15%",{"$f":"IFERROR(IF(Tabla_Consulta_desde_QuickBooks_Data_64_Bit_QRemote[[#This Row],[SalesOrderLineUnitOfMeasure]]=\"un\",Tabla_Consulta_desde_QuickBooks_Data_64_Bit_QRemote[[#This Row],[SalesOrderLineQuantity]],Tabla_Consulta_desde_QuickBooks_Data_64_Bit_QRemote[[#This Row],[SalesOrderLineQuantity]]/MID(Tabla_Consulta_desde_QuickBooks_Data_64_Bit_QRemote[[#This Row],[SalesOrderLineUnitOfMeasure]],2,2)),0)","v":1},{"$f":"IFERROR(IF(Tabla_Consulta_desde_QuickBooks_Data_64_Bit_QRemote[[#This Row],[SalesOrderLineUnitOfMeasure]]=\"un\",Tabla_Consulta_desde_QuickBooks_Data_64_Bit_QRemote[[#This Row],[SalesOrderLineInvoiced]],Tabla_Consulta_desde_QuickBooks_Data_64_Bit_QRemote[[#This Row],[SalesOrderLineInvoiced]]/MID(Tabla_Consulta_desde_QuickBooks_Data_64_Bit_QRemote[[#This Row],[SalesOrderLineUnitOfMeasure]],2,2)),0)","v":0},{"$f":"+Tabla_Consulta_desde_QuickBooks_Data_64_Bit_QRemote[[#This Row],[facturado]]-Tabla_Consulta_desde_QuickBooks_Data_64_Bit_QRemote[[#This Row],[pide]]","v":-1},{"$f":"IF(Tabla_Consulta_desde_QuickBooks_Data_64_Bit_QRemote[[#This Row],[diferecia]]=0,\"ok\",\"diferen\")","v":"diferen"},{"$f":"IFERROR(INDEX(um!A:C,MATCH(Tabla_Consulta_desde_QuickBooks_Data_64_Bit_QRemote[[#This Row],[SalesOrderLineItemRefFullName]],um!A:A,0),3),\"\")","v":"X24"},{"$f":"IFERROR(IF(OR(Tabla_Consulta_desde_QuickBooks_Data_64_Bit_QRemote[[#This Row],[SalesOrderLineUnitOfMeasure]]=\"UN\",Tabla_Consulta_desde_QuickBooks_Data_64_Bit_QRemote[[#This Row],[SalesOrderLineUnitOfMeasure]]=Tabla_Consulta_desde_QuickBooks_Data_64_Bit_QRemote[[#This Row],[U/M]]),\"\",\"ERROR\"),\"\")","v":""},{"$f":"+WEEKNUM(Tabla_Consulta_desde_QuickBooks_Data_64_Bit_QRemote[[#This Row],[TxnDate]])","v":23},{"$f":"+Tabla_Consulta_desde_QuickBooks_Data_64_Bit_QRemote[[#This Row],[SalesOrderLineRate]]*Tabla_Consulta_desde_QuickBooks_Data_64_Bit_QRemote[[#This Row],[SalesOrderLineInvoiced]]","v":0},{"$f":"+IFERROR(IF(Tabla_Consulta_desde_QuickBooks_Data_64_Bit_QRemote[[#This Row],[CustomerRefFullName]]=\"GRUVALCORP SA\",VLOOKUP(Tabla_Consulta_desde_QuickBooks_Data_64_Bit_QRemote[[#This Row],[SalesOrderLineItemRefFullName]],Hoja1!A:E,5,FALSE),\"\")*-Tabla_Consulta_desde_QuickBooks_Data_64_Bit_QRemote[[#This Row],[SalesOrderLineAmount]],\"\")","v":""},{"$f":"IF(COUNTIF(wms!E:E,Tabla_Consulta_desde_QuickBooks_Data_64_Bit_QRemote[[#This Row],[RefNumber]])>0,\"OK\",\"FALTA\")","v":"OK"}]
["2025-06-02","29082","RUKITO S.A.S.","SOLICITUD OLE PREGO",3,"7862112520691","P.T:110221","AJÍ CON TOMATE DE ÁRBOL OLE 4100G","Bodega Producto Terminado",4,"UN",11.57,46.28,"UNIDAD SALSA",0,1054.94,1213.18,"IVA EN VENTAS 15%",{"$f":"IFERROR(IF(Tabla_Consulta_desde_QuickBooks_Data_64_Bit_QRemote[[#This Row],[SalesOrderLineUnitOfMeasure]]=\"un\",Tabla_Consulta_desde_QuickBooks_Data_64_Bit_QRemote[[#This Row],[SalesOrderLineQuantity]],Tabla_Consulta_desde_QuickBooks_Data_64_Bit_QRemote[[#This Row],[SalesOrderLineQuantity]]/MID(Tabla_Consulta_desde_QuickBooks_Data_64_Bit_QRemote[[#This Row],[SalesOrderLineUnitOfMeasure]],2,2)),0)","v":4},{"$f":"IFERROR(IF(Tabla_Consulta_desde_QuickBooks_Data_64_Bit_QRemote[[#This Row],[SalesOrderLineUnitOfMeasure]]=\"un\",Tabla_Consulta_desde_QuickBooks_Data_64_Bit_QRemote[[#This Row],[SalesOrderLineInvoiced]],Tabla_Consulta_desde_QuickBooks_Data_64_Bit_QRemote[[#This Row],[SalesOrderLineInvoiced]]/MID(Tabla_Consulta_desde_QuickBooks_Data_64_Bit_QRemote[[#This Row],[SalesOrderLineUnitOfMeasure]],2,2)),0)","v":0},{"$f":"+Tabla_Consulta_desde_QuickBooks_Data_64_Bit_QRemote[[#This Row],[facturado]]-Tabla_Consulta_desde_QuickBooks_Data_64_Bit_QRemote[[#This Row],[pide]]","v":-4},{"$f":"IF(Tabla_Consulta_desde_QuickBooks_Data_64_Bit_QRemote[[#This Row],[diferecia]]=0,\"ok\",\"diferen\")","v":"diferen"},{"$f":"IFERROR(INDEX(um!A:C,MATCH(Tabla_Consulta_desde_QuickBooks_Data_64_Bit_QRemote[[#This Row],[SalesOrderLineItemRefFullName]],um!A:A,0),3),\"\")","v":""},{"$f":"IFERROR(IF(OR(Tabla_Consulta_desde_QuickBooks_Data_64_Bit_QRemote[[#This Row],[SalesOrderLineUnitOfMeasure]]=\"UN\",Tabla_Consulta_desde_QuickBooks_Data_64_Bit_QRemote[[#This Row],[SalesOrderLineUnitOfMeasure]]=Tabla_Consulta_desde_QuickBooks_Data_64_Bit_QRemote[[#This Row],[U/M]]),\"\",\"ERROR\"),\"\")","v":""},{"$f":"+WEEKNUM(Tabla_Consulta_desde_QuickBooks_Data_64_Bit_QRemote[[#This Row],[TxnDate]])","v":23},{"$f":"+Tabla_Consulta_desde_QuickBooks_Data_64_Bit_QRemote[[#This Row],[SalesOrderLineRate]]*Tabla_Consulta_desde_QuickBooks_Data_64_Bit_QRemote[[#This Row],[SalesOrderLineInvoiced]]","v":0},{"$f":"+IFERROR(IF(Tabla_Consulta_desde_QuickBooks_Data_64_Bit_QRemote[[#This Row],[CustomerRefFullName]]=\"GRUVALCORP SA\",VLOOKUP(Tabla_Consulta_desde_QuickBooks_Data_64_Bit_QRemote[[#This Row],[SalesOrderLineItemRefFullName]],Hoja1!A:E,5,FALSE),\"\")*-Tabla_Consulta_desde_QuickBooks_Data_64_Bit_QRemote[[#This Row],[SalesOrderLineAmount]],\"\")","v":""},{"$f":"IF(COUNTIF(wms!E:E,Tabla_Consulta_desde_QuickBooks_Data_64_Bit_QRemote[[#This Row],[RefNumber]])>0,\"OK\",\"FALTA\")","v":"OK"}]
["2025-06-02","29082","RUKITO S.A.S.","SOLICITUD OLE PREGO",4,null,"INFOADICIONAL","SOLICITUD OLE PREGO\nAndrea C Valencia \nCelular 0999901416",null,null,null,0,0,null,0,1054.94,1213.18,"IVA EN VENTAS 15%",{"$f":"IFERROR(IF(Tabla_Consulta_desde_QuickBooks_Data_64_Bit_QRemote[[#This Row],[SalesOrderLineUnitOfMeasure]]=\"un\",Tabla_Consulta_desde_QuickBooks_Data_64_Bit_QRemote[[#This Row],[SalesOrderLineQuantity]],Tabla_Consulta_desde_QuickBooks_Data_64_Bit_QRemote[[#This Row],[SalesOrderLineQuantity]]/MID(Tabla_Consulta_desde_QuickBooks_Data_64_Bit_QRemote[[#This Row],[SalesOrderLineUnitOfMeasure]],2,2)),0)","v":0},{"$f":"IFERROR(IF(Tabla_Consulta_desde_QuickBooks_Data_64_Bit_QRemote[[#This Row],[SalesOrderLineUnitOfMeasure]]=\"un\",Tabla_Consulta_desde_QuickBooks_Data_64_Bit_QRemote[[#This Row],[SalesOrderLineInvoiced]],Tabla_Consulta_desde_QuickBooks_Data_64_Bit_QRemote[[#This Row],[SalesOrderLineInvoiced]]/MID(Tabla_Consulta_desde_QuickBooks_Data_64_Bit_QRemote[[#This Row],[SalesOrderLineUnitOfMeasure]],2,2)),0)","v":0},{"$f":"+Tabla_Consulta_desde_QuickBooks_Data_64_Bit_QRemote[[#This Row],[facturado]]-Tabla_Consulta_desde_QuickBooks_Data_64_Bit_QRemote[[#This Row],[pide]]","v":0},{"$f":"IF(Tabla_Consulta_desde_QuickBooks_Data_64_Bit_QRemote[[#This Row],[diferecia]]=0,\"ok\",\"diferen\")","v":"ok"},{"$f":"IFERROR(INDEX(um!A:C,MATCH(Tabla_Consulta_desde_QuickBooks_Data_64_Bit_QRemote[[#This Row],[SalesOrderLineItemRefFullName]],um!A:A,0),3),\"\")","v":""},{"$f":"IFERROR(IF(OR(Tabla_Consulta_desde_QuickBooks_Data_64_Bit_QRemote[[#This Row],[SalesOrderLineUnitOfMeasure]]=\"UN\",Tabla_Consulta_desde_QuickBooks_Data_64_Bit_QRemote[[#This Row],[SalesOrderLineUnitOfMeasure]]=Tabla_Consulta_desde_QuickBooks_Data_64_Bit_QRemote[[#This Row],[U/M]]),\"\",\"ERROR\"),\"\")","v":""},{"$f":"+WEEKNUM(Tabla_Consulta_desde_QuickBooks_Data_64_Bit_QRemote[[#This Row],[TxnDate]])","v":23},{"$f":"+Tabla_Consulta_desde_QuickBooks_Data_64_Bit_QRemote[[#This Row],[SalesOrderLineRate]]*Tabla_Consulta_desde_QuickBooks_Data_64_Bit_QRemote[[#This Row],[SalesOrderLineInvoiced]]","v":0},{"$f":"+IFERROR(IF(Tabla_Consulta_desde_QuickBooks_Data_64_Bit_QRemote[[#This Row],[CustomerRefFullName]]=\"GRUVALCORP SA\",VLOOKUP(Tabla_Consulta_desde_QuickBooks_Data_64_Bit_QRemote[[#This Row],[SalesOrderLineItemRefFullName]],Hoja1!A:E,5,FALSE),\"\")*-Tabla_Consulta_desde_QuickBooks_Data_64_Bit_QRemote[[#This Row],[SalesOrderLineAmount]],\"\")","v":""},{"$f":"IF(COUNTIF(wms!E:E,Tabla_Consulta_desde_QuickBooks_Data_64_Bit_QRemote[[#This Row],[RefNumber]])>0,\"OK\",\"FALTA\")","v":"OK"}]
["2025-06-02","29083","PRODUCTOS OLE DEL ECUADOR PRODUCTOSOLE C","Marketing-María Fernanda PROAÑO -Mariel",1,"7862112523258","PT:220142","TOTOPOS SABOR GUACAMOLE OLE 45G","Bodega Producto Terminado",700,"UN",0.23,161,"UNIDAD SNCKS",700,161,185.15,"IVA EN VENTAS 15%",{"$f":"IFERROR(IF(Tabla_Consulta_desde_QuickBooks_Data_64_Bit_QRemote[[#This Row],[SalesOrderLineUnitOfMeasure]]=\"un\",Tabla_Consulta_desde_QuickBooks_Data_64_Bit_QRemote[[#This Row],[SalesOrderLineQuantity]],Tabla_Consulta_desde_QuickBooks_Data_64_Bit_QRemote[[#This Row],[SalesOrderLineQuantity]]/MID(Tabla_Consulta_desde_QuickBooks_Data_64_Bit_QRemote[[#This Row],[SalesOrderLineUnitOfMeasure]],2,2)),0)","v":700},{"$f":"IFERROR(IF(Tabla_Consulta_desde_QuickBooks_Data_64_Bit_QRemote[[#This Row],[SalesOrderLineUnitOfMeasure]]=\"un\",Tabla_Consulta_desde_QuickBooks_Data_64_Bit_QRemote[[#This Row],[SalesOrderLineInvoiced]],Tabla_Consulta_desde_QuickBooks_Data_64_Bit_QRemote[[#This Row],[SalesOrderLineInvoiced]]/MID(Tabla_Consulta_desde_QuickBooks_Data_64_Bit_QRemote[[#This Row],[SalesOrderLineUnitOfMeasure]],2,2)),0)","v":700},{"$f":"+Tabla_Consulta_desde_QuickBooks_Data_64_Bit_QRemote[[#This Row],[facturado]]-Tabla_Consulta_desde_QuickBooks_Data_64_Bit_QRemote[[#This Row],[pide]]","v":0},{"$f":"IF(Tabla_Consulta_desde_QuickBooks_Data_64_Bit_QRemote[[#This Row],[diferecia]]=0,\"ok\",\"diferen\")","v":"ok"},{"$f":"IFERROR(INDEX(um!A:C,MATCH(Tabla_Consulta_desde_QuickBooks_Data_64_Bit_QRemote[[#This Row],[SalesOrderLineItemRefFullName]],um!A:A,0),3),\"\")","v":"X30"},{"$f":"IFERROR(IF(OR(Tabla_Consulta_desde_QuickBooks_Data_64_Bit_QRemote[[#This Row],[SalesOrderLineUnitOfMeasure]]=\"UN\",Tabla_Consulta_desde_QuickBooks_Data_64_Bit_QRemote[[#This Row],[SalesOrderLineUnitOfMeasure]]=Tabla_Consulta_desde_QuickBooks_Data_64_Bit_QRemote[[#This Row],[U/M]]),\"\",\"ERROR\"),\"\")","v":""},{"$f":"+WEEKNUM(Tabla_Consulta_desde_QuickBooks_Data_64_Bit_QRemote[[#This Row],[TxnDate]])","v":23},{"$f":"+Tabla_Consulta_desde_QuickBooks_Data_64_Bit_QRemote[[#This Row],[SalesOrderLineRate]]*Tabla_Consulta_desde_QuickBooks_Data_64_Bit_QRemote[[#This Row],[SalesOrderLineInvoiced]]","v":161},{"$f":"+IFERROR(IF(Tabla_Consulta_desde_QuickBooks_Data_64_Bit_QRemote[[#This Row],[CustomerRefFullName]]=\"GRUVALCORP SA\",VLOOKUP(Tabla_Consulta_desde_QuickBooks_Data_64_Bit_QRemote[[#This Row],[SalesOrderLineItemRefFullName]],Hoja1!A:E,5,FALSE),\"\")*-Tabla_Consulta_desde_QuickBooks_Data_64_Bit_QRemote[[#This Row],[SalesOrderLineAmount]],\"\")","v":""},{"$f":"IF(COUNTIF(wms!E:E,Tabla_Consulta_desde_QuickBooks_Data_64_Bit_QRemote[[#This Row],[RefNumber]])>0,\"OK\",\"FALTA\")","v":"OK"}]
["2025-06-02","29083","PRODUCTOS OLE DEL ECUADOR PRODUCTOSOLE C","Marketing-María Fernanda PROAÑO -Mariel",2,null,"INFOADICIONAL","Marketing-María Fernanda PROAÑO -Mariel\n\nTrediciones Cia. Ltda (RUTA COLEGIAL)\nPlaza del Rancho local # 45 \nMiravalle - Tanda \n9:00- 1:30 / 3:00- 5:00\n0996293019",null,null,null,0,0,null,1,161,185.15,"IVA EN VENTAS 15%",{"$f":"IFERROR(IF(Tabla_Consulta_desde_QuickBooks_Data_64_Bit_QRemote[[#This Row],[SalesOrderLineUnitOfMeasure]]=\"un\",Tabla_Consulta_desde_QuickBooks_Data_64_Bit_QRemote[[#This Row],[SalesOrderLineQuantity]],Tabla_Consulta_desde_QuickBooks_Data_64_Bit_QRemote[[#This Row],[SalesOrderLineQuantity]]/MID(Tabla_Consulta_desde_QuickBooks_Data_64_Bit_QRemote[[#This Row],[SalesOrderLineUnitOfMeasure]],2,2)),0)","v":0},{"$f":"IFERROR(IF(Tabla_Consulta_desde_QuickBooks_Data_64_Bit_QRemote[[#This Row],[SalesOrderLineUnitOfMeasure]]=\"un\",Tabla_Consulta_desde_QuickBooks_Data_64_Bit_QRemote[[#This Row],[SalesOrderLineInvoiced]],Tabla_Consulta_desde_QuickBooks_Data_64_Bit_QRemote[[#This Row],[SalesOrderLineInvoiced]]/MID(Tabla_Consulta_desde_QuickBooks_Data_64_Bit_QRemote[[#This Row],[SalesOrderLineUnitOfMeasure]],2,2)),0)","v":0},{"$f":"+Tabla_Consulta_desde_QuickBooks_Data_64_Bit_QRemote[[#This Row],[facturado]]-Tabla_Consulta_desde_QuickBooks_Data_64_Bit_QRemote[[#This Row],[pide]]","v":0},{"$f":"IF(Tabla_Consulta_desde_QuickBooks_Data_64_Bit_QRemote[[#This Row],[diferecia]]=0,\"ok\",\"diferen\")","v":"ok"},{"$f":"IFERROR(INDEX(um!A:C,MATCH(Tabla_Consulta_desde_QuickBooks_Data_64_Bit_QRemote[[#This Row],[SalesOrderLineItemRefFullName]],um!A:A,0),3),\"\")","v":""},{"$f":"IFERROR(IF(OR(Tabla_Consulta_desde_QuickBooks_Data_64_Bit_QRemote[[#This Row],[SalesOrderLineUnitOfMeasure]]=\"UN\",Tabla_Consulta_desde_QuickBooks_Data_64_Bit_QRemote[[#This Row],[SalesOrderLineUnitOfMeasure]]=Tabla_Consulta_desde_QuickBooks_Data_64_Bit_QRemote[[#This Row],[U/M]]),\"\",\"ERROR\"),\"\")","v":""},{"$f":"+WEEKNUM(Tabla_Consulta_desde_QuickBooks_Data_64_Bit_QRemote[[#This Row],[TxnDate]])","v":23},{"$f":"+Tabla_Consulta_desde_QuickBooks_Data_64_Bit_QRemote[[#This Row],[SalesOrderLineRate]]*Tabla_Consulta_desde_QuickBooks_Data_64_Bit_QRemote[[#This Row],[SalesOrderLineInvoiced]]","v":0},{"$f":"+IFERROR(IF(Tabla_Consulta_desde_QuickBooks_Data_64_Bit_QRemote[[#This Row],[CustomerRefFullName]]=\"GRUVALCORP SA\",VLOOKUP(Tabla_Consulta_desde_QuickBooks_Data_64_Bit_QRemote[[#This Row],[SalesOrderLineItemRefFullName]],Hoja1!A:E,5,FALSE),\"\")*-Tabla_Consulta_desde_QuickBooks_Data_64_Bit_QRemote[[#This Row],[SalesOrderLineAmount]],\"\")","v":""},{"$f":"IF(COUNTIF(wms!E:E,Tabla_Consulta_desde_QuickBooks_Data_64_Bit_QRemote[[#This Row],[RefNumber]])>0,\"OK\",\"FALTA\")","v":"OK"}]
["2025-06-02","29084","PRODUCTOS OLE DEL ECUADOR PRODUCTOSOLE C","Marketing-CAPEX -Mariel",1,"705424000116","P.T:110207","AJÍ CON MARACUYA OLE 185G","Bodega Producto Terminado",5,"UN",0.96,4.8,"UNIDAD SALSA",5,83.9,96.49,"IVA EN VENTAS 15%",{"$f":"IFERROR(IF(Tabla_Consulta_desde_QuickBooks_Data_64_Bit_QRemote[[#This Row],[SalesOrderLineUnitOfMeasure]]=\"un\",Tabla_Consulta_desde_QuickBooks_Data_64_Bit_QRemote[[#This Row],[SalesOrderLineQuantity]],Tabla_Consulta_desde_QuickBooks_Data_64_Bit_QRemote[[#This Row],[SalesOrderLineQuantity]]/MID(Tabla_Consulta_desde_QuickBooks_Data_64_Bit_QRemote[[#This Row],[SalesOrderLineUnitOfMeasure]],2,2)),0)","v":5},{"$f":"IFERROR(IF(Tabla_Consulta_desde_QuickBooks_Data_64_Bit_QRemote[[#This Row],[SalesOrderLineUnitOfMeasure]]=\"un\",Tabla_Consulta_desde_QuickBooks_Data_64_Bit_QRemote[[#This Row],[SalesOrderLineInvoiced]],Tabla_Consulta_desde_QuickBooks_Data_64_Bit_QRemote[[#This Row],[SalesOrderLineInvoiced]]/MID(Tabla_Consulta_desde_QuickBooks_Data_64_Bit_QRemote[[#This Row],[SalesOrderLineUnitOfMeasure]],2,2)),0)","v":5},{"$f":"+Tabla_Consulta_desde_QuickBooks_Data_64_Bit_QRemote[[#This Row],[facturado]]-Tabla_Consulta_desde_QuickBooks_Data_64_Bit_QRemote[[#This Row],[pide]]","v":0},{"$f":"IF(Tabla_Consulta_desde_QuickBooks_Data_64_Bit_QRemote[[#This Row],[diferecia]]=0,\"ok\",\"diferen\")","v":"ok"},{"$f":"IFERROR(INDEX(um!A:C,MATCH(Tabla_Consulta_desde_QuickBooks_Data_64_Bit_QRemote[[#This Row],[SalesOrderLineItemRefFullName]],um!A:A,0),3),\"\")","v":"X24"},{"$f":"IFERROR(IF(OR(Tabla_Consulta_desde_QuickBooks_Data_64_Bit_QRemote[[#This Row],[SalesOrderLineUnitOfMeasure]]=\"UN\",Tabla_Consulta_desde_QuickBooks_Data_64_Bit_QRemote[[#This Row],[SalesOrderLineUnitOfMeasure]]=Tabla_Consulta_desde_QuickBooks_Data_64_Bit_QRemote[[#This Row],[U/M]]),\"\",\"ERROR\"),\"\")","v":""},{"$f":"+WEEKNUM(Tabla_Consulta_desde_QuickBooks_Data_64_Bit_QRemote[[#This Row],[TxnDate]])","v":23},{"$f":"+Tabla_Consulta_desde_QuickBooks_Data_64_Bit_QRemote[[#This Row],[SalesOrderLineRate]]*Tabla_Consulta_desde_QuickBooks_Data_64_Bit_QRemote[[#This Row],[SalesOrderLineInvoiced]]","v":4.8},{"$f":"+IFERROR(IF(Tabla_Consulta_desde_QuickBooks_Data_64_Bit_QRemote[[#This Row],[CustomerRefFullName]]=\"GRUVALCORP SA\",VLOOKUP(Tabla_Consulta_desde_QuickBooks_Data_64_Bit_QRemote[[#This Row],[SalesOrderLineItemRefFullName]],Hoja1!A:E,5,FALSE),\"\")*-Tabla_Consulta_desde_QuickBooks_Data_64_Bit_QRemote[[#This Row],[SalesOrderLineAmount]],\"\")","v":""},{"$f":"IF(COUNTIF(wms!E:E,Tabla_Consulta_desde_QuickBooks_Data_64_Bit_QRemote[[#This Row],[RefNumber]])>0,\"OK\",\"FALTA\")","v":"OK"}]
["2025-06-02","29084","PRODUCTOS OLE DEL ECUADOR PRODUCTOSOLE C","Marketing-CAPEX -Mariel",2,"7862112523227","P.T:110313","SALSA BBQ WHISKY Y MIEL OLE 430G","Bodega Producto Terminado",5,"UN",1.4,7,"UNIDAD SALSA",5,83.9,96.49,"IVA EN VENTAS 15%",{"$f":"IFERROR(IF(Tabla_Consulta_desde_QuickBooks_Data_64_Bit_QRemote[[#This Row],[SalesOrderLineUnitOfMeasure]]=\"un\",Tabla_Consulta_desde_QuickBooks_Data_64_Bit_QRemote[[#This Row],[SalesOrderLineQuantity]],Tabla_Consulta_desde_QuickBooks_Data_64_Bit_QRemote[[#This Row],[SalesOrderLineQuantity]]/MID(Tabla_Consulta_desde_QuickBooks_Data_64_Bit_QRemote[[#This Row],[SalesOrderLineUnitOfMeasure]],2,2)),0)","v":5},{"$f":"IFERROR(IF(Tabla_Consulta_desde_QuickBooks_Data_64_Bit_QRemote[[#This Row],[SalesOrderLineUnitOfMeasure]]=\"un\",Tabla_Consulta_desde_QuickBooks_Data_64_Bit_QRemote[[#This Row],[SalesOrderLineInvoiced]],Tabla_Consulta_desde_QuickBooks_Data_64_Bit_QRemote[[#This Row],[SalesOrderLineInvoiced]]/MID(Tabla_Consulta_desde_QuickBooks_Data_64_Bit_QRemote[[#This Row],[SalesOrderLineUnitOfMeasure]],2,2)),0)","v":5},{"$f":"+Tabla_Consulta_desde_QuickBooks_Data_64_Bit_QRemote[[#This Row],[facturado]]-Tabla_Consulta_desde_QuickBooks_Data_64_Bit_QRemote[[#This Row],[pide]]","v":0},{"$f":"IF(Tabla_Consulta_desde_QuickBooks_Data_64_Bit_QRemote[[#This Row],[diferecia]]=0,\"ok\",\"diferen\")","v":"ok"},{"$f":"IFERROR(INDEX(um!A:C,MATCH(Tabla_Consulta_desde_QuickBooks_Data_64_Bit_QRemote[[#This Row],[SalesOrderLineItemRefFullName]],um!A:A,0),3),\"\")","v":"X12"},{"$f":"IFERROR(IF(OR(Tabla_Consulta_desde_QuickBooks_Data_64_Bit_QRemote[[#This Row],[SalesOrderLineUnitOfMeasure]]=\"UN\",Tabla_Consulta_desde_QuickBooks_Data_64_Bit_QRemote[[#This Row],[SalesOrderLineUnitOfMeasure]]=Tabla_Consulta_desde_QuickBooks_Data_64_Bit_QRemote[[#This Row],[U/M]]),\"\",\"ERROR\"),\"\")","v":""},{"$f":"+WEEKNUM(Tabla_Consulta_desde_QuickBooks_Data_64_Bit_QRemote[[#This Row],[TxnDate]])","v":23},{"$f":"+Tabla_Consulta_desde_QuickBooks_Data_64_Bit_QRemote[[#This Row],[SalesOrderLineRate]]*Tabla_Consulta_desde_QuickBooks_Data_64_Bit_QRemote[[#This Row],[SalesOrderLineInvoiced]]","v":7},{"$f":"+IFERROR(IF(Tabla_Consulta_desde_QuickBooks_Data_64_Bit_QRemote[[#This Row],[CustomerRefFullName]]=\"GRUVALCORP SA\",VLOOKUP(Tabla_Consulta_desde_QuickBooks_Data_64_Bit_QRemote[[#This Row],[SalesOrderLineItemRefFullName]],Hoja1!A:E,5,FALSE),\"\")*-Tabla_Consulta_desde_QuickBooks_Data_64_Bit_QRemote[[#This Row],[SalesOrderLineAmount]],\"\")","v":""},{"$f":"IF(COUNTIF(wms!E:E,Tabla_Consulta_desde_QuickBooks_Data_64_Bit_QRemote[[#This Row],[RefNumber]])>0,\"OK\",\"FALTA\")","v":"OK"}]
["2025-06-02","29084","PRODUCTOS OLE DEL ECUADOR PRODUCTOSOLE C","Marketing-CAPEX -Mariel",3,"7862112523234","P.T:110730","CHIMICHURRI HAWAIANO OLE 230G","Bodega Producto Terminado",5,"UN",1.47,7.35,"UNIDAD SALSA",5,83.9,96.49,"IVA EN VENTAS 15%",{"$f":"IFERROR(IF(Tabla_Consulta_desde_QuickBooks_Data_64_Bit_QRemote[[#This Row],[SalesOrderLineUnitOfMeasure]]=\"un\",Tabla_Consulta_desde_QuickBooks_Data_64_Bit_QRemote[[#This Row],[SalesOrderLineQuantity]],Tabla_Consulta_desde_QuickBooks_Data_64_Bit_QRemote[[#This Row],[SalesOrderLineQuantity]]/MID(Tabla_Consulta_desde_QuickBooks_Data_64_Bit_QRemote[[#This Row],[SalesOrderLineUnitOfMeasure]],2,2)),0)","v":5},{"$f":"IFERROR(IF(Tabla_Consulta_desde_QuickBooks_Data_64_Bit_QRemote[[#This Row],[SalesOrderLineUnitOfMeasure]]=\"un\",Tabla_Consulta_desde_QuickBooks_Data_64_Bit_QRemote[[#This Row],[SalesOrderLineInvoiced]],Tabla_Consulta_desde_QuickBooks_Data_64_Bit_QRemote[[#This Row],[SalesOrderLineInvoiced]]/MID(Tabla_Consulta_desde_QuickBooks_Data_64_Bit_QRemote[[#This Row],[SalesOrderLineUnitOfMeasure]],2,2)),0)","v":5},{"$f":"+Tabla_Consulta_desde_QuickBooks_Data_64_Bit_QRemote[[#This Row],[facturado]]-Tabla_Consulta_desde_QuickBooks_Data_64_Bit_QRemote[[#This Row],[pide]]","v":0},{"$f":"IF(Tabla_Consulta_desde_QuickBooks_Data_64_Bit_QRemote[[#This Row],[diferecia]]=0,\"ok\",\"diferen\")","v":"ok"},{"$f":"IFERROR(INDEX(um!A:C,MATCH(Tabla_Consulta_desde_QuickBooks_Data_64_Bit_QRemote[[#This Row],[SalesOrderLineItemRefFullName]],um!A:A,0),3),\"\")","v":"X12"},{"$f":"IFERROR(IF(OR(Tabla_Consulta_desde_QuickBooks_Data_64_Bit_QRemote[[#This Row],[SalesOrderLineUnitOfMeasure]]=\"UN\",Tabla_Consulta_desde_QuickBooks_Data_64_Bit_QRemote[[#This Row],[SalesOrderLineUnitOfMeasure]]=Tabla_Consulta_desde_QuickBooks_Data_64_Bit_QRemote[[#This Row],[U/M]]),\"\",\"ERROR\"),\"\")","v":""},{"$f":"+WEEKNUM(Tabla_Consulta_desde_QuickBooks_Data_64_Bit_QRemote[[#This Row],[TxnDate]])","v":23},{"$f":"+Tabla_Consulta_desde_QuickBooks_Data_64_Bit_QRemote[[#This Row],[SalesOrderLineRate]]*Tabla_Consulta_desde_QuickBooks_Data_64_Bit_QRemote[[#This Row],[SalesOrderLineInvoiced]]","v":7.35},{"$f":"+IFERROR(IF(Tabla_Consulta_desde_QuickBooks_Data_64_Bit_QRemote[[#This Row],[CustomerRefFullName]]=\"GRUVALCORP SA\",VLOOKUP(Tabla_Consulta_desde_QuickBooks_Data_64_Bit_QRemote[[#This Row],[SalesOrderLineItemRefFullName]],Hoja1!A:E,5,FALSE),\"\")*-Tabla_Consulta_desde_QuickBooks_Data_64_Bit_QRemote[[#This Row],[SalesOrderLineAmount]],\"\")","v":""},{"$f":"IF(COUNTIF(wms!E:E,Tabla_Consulta_desde_QuickBooks_Data_64_Bit_QRemote[[#This Row],[RefNumber]])>0,\"OK\",\"FALTA\")","v":"OK"}]
["2025-06-02","29084","PRODUCTOS OLE DEL ECUADOR PRODUCTOSOLE C","Marketing-CAPEX -Mariel",4,"7862112522985","P.T:110704","DIP DE FREJOL OLE 230G","Bodega Producto Terminado",5,"UN",1.02,5.0999999999999996,"UNIDAD SALSA",5,83.9,96.49,"IVA EN VENTAS 15%",{"$f":"IFERROR(IF(Tabla_Consulta_desde_QuickBooks_Data_64_Bit_QRemote[[#This Row],[SalesOrderLineUnitOfMeasure]]=\"un\",Tabla_Consulta_desde_QuickBooks_Data_64_Bit_QRemote[[#This Row],[SalesOrderLineQuantity]],Tabla_Consulta_desde_QuickBooks_Data_64_Bit_QRemote[[#This Row],[SalesOrderLineQuantity]]/MID(Tabla_Consulta_desde_QuickBooks_Data_64_Bit_QRemote[[#This Row],[SalesOrderLineUnitOfMeasure]],2,2)),0)","v":5},{"$f":"IFERROR(IF(Tabla_Consulta_desde_QuickBooks_Data_64_Bit_QRemote[[#This Row],[SalesOrderLineUnitOfMeasure]]=\"un\",Tabla_Consulta_desde_QuickBooks_Data_64_Bit_QRemote[[#This Row],[SalesOrderLineInvoiced]],Tabla_Consulta_desde_QuickBooks_Data_64_Bit_QRemote[[#This Row],[SalesOrderLineInvoiced]]/MID(Tabla_Consulta_desde_QuickBooks_Data_64_Bit_QRemote[[#This Row],[SalesOrderLineUnitOfMeasure]],2,2)),0)","v":5},{"$f":"+Tabla_Consulta_desde_QuickBooks_Data_64_Bit_QRemote[[#This Row],[facturado]]-Tabla_Consulta_desde_QuickBooks_Data_64_Bit_QRemote[[#This Row],[pide]]","v":0},{"$f":"IF(Tabla_Consulta_desde_QuickBooks_Data_64_Bit_QRemote[[#This Row],[diferecia]]=0,\"ok\",\"diferen\")","v":"ok"},{"$f":"IFERROR(INDEX(um!A:C,MATCH(Tabla_Consulta_desde_QuickBooks_Data_64_Bit_QRemote[[#This Row],[SalesOrderLineItemRefFullName]],um!A:A,0),3),\"\")","v":"X12"},{"$f":"IFERROR(IF(OR(Tabla_Consulta_desde_QuickBooks_Data_64_Bit_QRemote[[#This Row],[SalesOrderLineUnitOfMeasure]]=\"UN\",Tabla_Consulta_desde_QuickBooks_Data_64_Bit_QRemote[[#This Row],[SalesOrderLineUnitOfMeasure]]=Tabla_Consulta_desde_QuickBooks_Data_64_Bit_QRemote[[#This Row],[U/M]]),\"\",\"ERROR\"),\"\")","v":""},{"$f":"+WEEKNUM(Tabla_Consulta_desde_QuickBooks_Data_64_Bit_QRemote[[#This Row],[TxnDate]])","v":23},{"$f":"+Tabla_Consulta_desde_QuickBooks_Data_64_Bit_QRemote[[#This Row],[SalesOrderLineRate]]*Tabla_Consulta_desde_QuickBooks_Data_64_Bit_QRemote[[#This Row],[SalesOrderLineInvoiced]]","v":5.0999999999999996},{"$f":"+IFERROR(IF(Tabla_Consulta_desde_QuickBooks_Data_64_Bit_QRemote[[#This Row],[CustomerRefFullName]]=\"GRUVALCORP SA\",VLOOKUP(Tabla_Consulta_desde_QuickBooks_Data_64_Bit_QRemote[[#This Row],[SalesOrderLineItemRefFullName]],Hoja1!A:E,5,FALSE),\"\")*-Tabla_Consulta_desde_QuickBooks_Data_64_Bit_QRemote[[#This Row],[SalesOrderLineAmount]],\"\")","v":""},{"$f":"IF(COUNTIF(wms!E:E,Tabla_Consulta_desde_QuickBooks_Data_64_Bit_QRemote[[#This Row],[RefNumber]])>0,\"OK\",\"FALTA\")","v":"OK"}]
["2025-06-02","29084","PRODUCTOS OLE DEL ECUADOR PRODUCTOSOLE C","Marketing-CAPEX -Mariel",5,"7862112522725","P.T:110708","SALSA MARINARA OLE 300G","Bodega Producto Terminado",5,"UN",0.99,4.95,"UNIDAD SALSA",5,83.9,96.49,"IVA EN VENTAS 15%",{"$f":"IFERROR(IF(Tabla_Consulta_desde_QuickBooks_Data_64_Bit_QRemote[[#This Row],[SalesOrderLineUnitOfMeasure]]=\"un\",Tabla_Consulta_desde_QuickBooks_Data_64_Bit_QRemote[[#This Row],[SalesOrderLineQuantity]],Tabla_Consulta_desde_QuickBooks_Data_64_Bit_QRemote[[#This Row],[SalesOrderLineQuantity]]/MID(Tabla_Consulta_desde_QuickBooks_Data_64_Bit_QRemote[[#This Row],[SalesOrderLineUnitOfMeasure]],2,2)),0)","v":5},{"$f":"IFERROR(IF(Tabla_Consulta_desde_QuickBooks_Data_64_Bit_QRemote[[#This Row],[SalesOrderLineUnitOfMeasure]]=\"un\",Tabla_Consulta_desde_QuickBooks_Data_64_Bit_QRemote[[#This Row],[SalesOrderLineInvoiced]],Tabla_Consulta_desde_QuickBooks_Data_64_Bit_QRemote[[#This Row],[SalesOrderLineInvoiced]]/MID(Tabla_Consulta_desde_QuickBooks_Data_64_Bit_QRemote[[#This Row],[SalesOrderLineUnitOfMeasure]],2,2)),0)","v":5},{"$f":"+Tabla_Consulta_desde_QuickBooks_Data_64_Bit_QRemote[[#This Row],[facturado]]-Tabla_Consulta_desde_QuickBooks_Data_64_Bit_QRemote[[#This Row],[pide]]","v":0},{"$f":"IF(Tabla_Consulta_desde_QuickBooks_Data_64_Bit_QRemote[[#This Row],[diferecia]]=0,\"ok\",\"diferen\")","v":"ok"},{"$f":"IFERROR(INDEX(um!A:C,MATCH(Tabla_Consulta_desde_QuickBooks_Data_64_Bit_QRemote[[#This Row],[SalesOrderLineItemRefFullName]],um!A:A,0),3),\"\")","v":"X12"},{"$f":"IFERROR(IF(OR(Tabla_Consulta_desde_QuickBooks_Data_64_Bit_QRemote[[#This Row],[SalesOrderLineUnitOfMeasure]]=\"UN\",Tabla_Consulta_desde_QuickBooks_Data_64_Bit_QRemote[[#This Row],[SalesOrderLineUnitOfMeasure]]=Tabla_Consulta_desde_QuickBooks_Data_64_Bit_QRemote[[#This Row],[U/M]]),\"\",\"ERROR\"),\"\")","v":""},{"$f":"+WEEKNUM(Tabla_Consulta_desde_QuickBooks_Data_64_Bit_QRemote[[#This Row],[TxnDate]])","v":23},{"$f":"+Tabla_Consulta_desde_QuickBooks_Data_64_Bit_QRemote[[#This Row],[SalesOrderLineRate]]*Tabla_Consulta_desde_QuickBooks_Data_64_Bit_QRemote[[#This Row],[SalesOrderLineInvoiced]]","v":4.95},{"$f":"+IFERROR(IF(Tabla_Consulta_desde_QuickBooks_Data_64_Bit_QRemote[[#This Row],[CustomerRefFullName]]=\"GRUVALCORP SA\",VLOOKUP(Tabla_Consulta_desde_QuickBooks_Data_64_Bit_QRemote[[#This Row],[SalesOrderLineItemRefFullName]],Hoja1!A:E,5,FALSE),\"\")*-Tabla_Consulta_desde_QuickBooks_Data_64_Bit_QRemote[[#This Row],[SalesOrderLineAmount]],\"\")","v":""},{"$f":"IF(COUNTIF(wms!E:E,Tabla_Consulta_desde_QuickBooks_Data_64_Bit_QRemote[[#This Row],[RefNumber]])>0,\"OK\",\"FALTA\")","v":"OK"}]
["2025-06-02","29084","PRODUCTOS OLE DEL ECUADOR PRODUCTOSOLE C","Marketing-CAPEX -Mariel",6,"7862112523104","P.T:110804","SALSA CHAMOY OLE 275G","Bodega Producto Terminado",5,"UN",1.1200000000000001,5.6,"UNIDAD SALSA",5,83.9,96.49,"IVA EN VENTAS 15%",{"$f":"IFERROR(IF(Tabla_Consulta_desde_QuickBooks_Data_64_Bit_QRemote[[#This Row],[SalesOrderLineUnitOfMeasure]]=\"un\",Tabla_Consulta_desde_QuickBooks_Data_64_Bit_QRemote[[#This Row],[SalesOrderLineQuantity]],Tabla_Consulta_desde_QuickBooks_Data_64_Bit_QRemote[[#This Row],[SalesOrderLineQuantity]]/MID(Tabla_Consulta_desde_QuickBooks_Data_64_Bit_QRemote[[#This Row],[SalesOrderLineUnitOfMeasure]],2,2)),0)","v":5},{"$f":"IFERROR(IF(Tabla_Consulta_desde_QuickBooks_Data_64_Bit_QRemote[[#This Row],[SalesOrderLineUnitOfMeasure]]=\"un\",Tabla_Consulta_desde_QuickBooks_Data_64_Bit_QRemote[[#This Row],[SalesOrderLineInvoiced]],Tabla_Consulta_desde_QuickBooks_Data_64_Bit_QRemote[[#This Row],[SalesOrderLineInvoiced]]/MID(Tabla_Consulta_desde_QuickBooks_Data_64_Bit_QRemote[[#This Row],[SalesOrderLineUnitOfMeasure]],2,2)),0)","v":5},{"$f":"+Tabla_Consulta_desde_QuickBooks_Data_64_Bit_QRemote[[#This Row],[facturado]]-Tabla_Consulta_desde_QuickBooks_Data_64_Bit_QRemote[[#This Row],[pide]]","v":0},{"$f":"IF(Tabla_Consulta_desde_QuickBooks_Data_64_Bit_QRemote[[#This Row],[diferecia]]=0,\"ok\",\"diferen\")","v":"ok"},{"$f":"IFERROR(INDEX(um!A:C,MATCH(Tabla_Consulta_desde_QuickBooks_Data_64_Bit_QRemote[[#This Row],[SalesOrderLineItemRefFullName]],um!A:A,0),3),\"\")","v":"X12"},{"$f":"IFERROR(IF(OR(Tabla_Consulta_desde_QuickBooks_Data_64_Bit_QRemote[[#This Row],[SalesOrderLineUnitOfMeasure]]=\"UN\",Tabla_Consulta_desde_QuickBooks_Data_64_Bit_QRemote[[#This Row],[SalesOrderLineUnitOfMeasure]]=Tabla_Consulta_desde_QuickBooks_Data_64_Bit_QRemote[[#This Row],[U/M]]),\"\",\"ERROR\"),\"\")","v":""},{"$f":"+WEEKNUM(Tabla_Consulta_desde_QuickBooks_Data_64_Bit_QRemote[[#This Row],[TxnDate]])","v":23},{"$f":"+Tabla_Consulta_desde_QuickBooks_Data_64_Bit_QRemote[[#This Row],[SalesOrderLineRate]]*Tabla_Consulta_desde_QuickBooks_Data_64_Bit_QRemote[[#This Row],[SalesOrderLineInvoiced]]","v":5.6000000000000005},{"$f":"+IFERROR(IF(Tabla_Consulta_desde_QuickBooks_Data_64_Bit_QRemote[[#This Row],[CustomerRefFullName]]=\"GRUVALCORP SA\",VLOOKUP(Tabla_Consulta_desde_QuickBooks_Data_64_Bit_QRemote[[#This Row],[SalesOrderLineItemRefFullName]],Hoja1!A:E,5,FALSE),\"\")*-Tabla_Consulta_desde_QuickBooks_Data_64_Bit_QRemote[[#This Row],[SalesOrderLineAmount]],\"\")","v":""},{"$f":"IF(COUNTIF(wms!E:E,Tabla_Consulta_desde_QuickBooks_Data_64_Bit_QRemote[[#This Row],[RefNumber]])>0,\"OK\",\"FALTA\")","v":"OK"}]
["2025-06-02","29084","PRODUCTOS OLE DEL ECUADOR PRODUCTOSOLE C","Marketing-CAPEX -Mariel",7,"7862112522244","P.T:110736","TERIYAKI SALSA ASIATICA OLE 300G","Bodega Producto Terminado",5,"UN",1.34,6.7,"UNIDAD SALSA",5,83.9,96.49,"IVA EN VENTAS 15%",{"$f":"IFERROR(IF(Tabla_Consulta_desde_QuickBooks_Data_64_Bit_QRemote[[#This Row],[SalesOrderLineUnitOfMeasure]]=\"un\",Tabla_Consulta_desde_QuickBooks_Data_64_Bit_QRemote[[#This Row],[SalesOrderLineQuantity]],Tabla_Consulta_desde_QuickBooks_Data_64_Bit_QRemote[[#This Row],[SalesOrderLineQuantity]]/MID(Tabla_Consulta_desde_QuickBooks_Data_64_Bit_QRemote[[#This Row],[SalesOrderLineUnitOfMeasure]],2,2)),0)","v":5},{"$f":"IFERROR(IF(Tabla_Consulta_desde_QuickBooks_Data_64_Bit_QRemote[[#This Row],[SalesOrderLineUnitOfMeasure]]=\"un\",Tabla_Consulta_desde_QuickBooks_Data_64_Bit_QRemote[[#This Row],[SalesOrderLineInvoiced]],Tabla_Consulta_desde_QuickBooks_Data_64_Bit_QRemote[[#This Row],[SalesOrderLineInvoiced]]/MID(Tabla_Consulta_desde_QuickBooks_Data_64_Bit_QRemote[[#This Row],[SalesOrderLineUnitOfMeasure]],2,2)),0)","v":5},{"$f":"+Tabla_Consulta_desde_QuickBooks_Data_64_Bit_QRemote[[#This Row],[facturado]]-Tabla_Consulta_desde_QuickBooks_Data_64_Bit_QRemote[[#This Row],[pide]]","v":0},{"$f":"IF(Tabla_Consulta_desde_QuickBooks_Data_64_Bit_QRemote[[#This Row],[diferecia]]=0,\"ok\",\"diferen\")","v":"ok"},{"$f":"IFERROR(INDEX(um!A:C,MATCH(Tabla_Consulta_desde_QuickBooks_Data_64_Bit_QRemote[[#This Row],[SalesOrderLineItemRefFullName]],um!A:A,0),3),\"\")","v":"X12"},{"$f":"IFERROR(IF(OR(Tabla_Consulta_desde_QuickBooks_Data_64_Bit_QRemote[[#This Row],[SalesOrderLineUnitOfMeasure]]=\"UN\",Tabla_Consulta_desde_QuickBooks_Data_64_Bit_QRemote[[#This Row],[SalesOrderLineUnitOfMeasure]]=Tabla_Consulta_desde_QuickBooks_Data_64_Bit_QRemote[[#This Row],[U/M]]),\"\",\"ERROR\"),\"\")","v":""},{"$f":"+WEEKNUM(Tabla_Consulta_desde_QuickBooks_Data_64_Bit_QRemote[[#This Row],[TxnDate]])","v":23},{"$f":"+Tabla_Consulta_desde_QuickBooks_Data_64_Bit_QRemote[[#This Row],[SalesOrderLineRate]]*Tabla_Consulta_desde_QuickBooks_Data_64_Bit_QRemote[[#This Row],[SalesOrderLineInvoiced]]","v":6.7},{"$f":"+IFERROR(IF(Tabla_Consulta_desde_QuickBooks_Data_64_Bit_QRemote[[#This Row],[CustomerRefFullName]]=\"GRUVALCORP SA\",VLOOKUP(Tabla_Consulta_desde_QuickBooks_Data_64_Bit_QRemote[[#This Row],[SalesOrderLineItemRefFullName]],Hoja1!A:E,5,FALSE),\"\")*-Tabla_Consulta_desde_QuickBooks_Data_64_Bit_QRemote[[#This Row],[SalesOrderLineAmount]],\"\")","v":""},{"$f":"IF(COUNTIF(wms!E:E,Tabla_Consulta_desde_QuickBooks_Data_64_Bit_QRemote[[#This Row],[RefNumber]])>0,\"OK\",\"FALTA\")","v":"OK"}]
["2025-06-02","29084","PRODUCTOS OLE DEL ECUADOR PRODUCTOSOLE C","Marketing-CAPEX -Mariel",8,"7862112523128","P.T:311610","MIEL PICANTE OLE 350G","Bodega Producto Terminado",5,"UN",4,20,"UNIDAD SALSA",5,83.9,96.49,"IVA EN VENTAS 15%",{"$f":"IFERROR(IF(Tabla_Consulta_desde_QuickBooks_Data_64_Bit_QRemote[[#This Row],[SalesOrderLineUnitOfMeasure]]=\"un\",Tabla_Consulta_desde_QuickBooks_Data_64_Bit_QRemote[[#This Row],[SalesOrderLineQuantity]],Tabla_Consulta_desde_QuickBooks_Data_64_Bit_QRemote[[#This Row],[SalesOrderLineQuantity]]/MID(Tabla_Consulta_desde_QuickBooks_Data_64_Bit_QRemote[[#This Row],[SalesOrderLineUnitOfMeasure]],2,2)),0)","v":5},{"$f":"IFERROR(IF(Tabla_Consulta_desde_QuickBooks_Data_64_Bit_QRemote[[#This Row],[SalesOrderLineUnitOfMeasure]]=\"un\",Tabla_Consulta_desde_QuickBooks_Data_64_Bit_QRemote[[#This Row],[SalesOrderLineInvoiced]],Tabla_Consulta_desde_QuickBooks_Data_64_Bit_QRemote[[#This Row],[SalesOrderLineInvoiced]]/MID(Tabla_Consulta_desde_QuickBooks_Data_64_Bit_QRemote[[#This Row],[SalesOrderLineUnitOfMeasure]],2,2)),0)","v":5},{"$f":"+Tabla_Consulta_desde_QuickBooks_Data_64_Bit_QRemote[[#This Row],[facturado]]-Tabla_Consulta_desde_QuickBooks_Data_64_Bit_QRemote[[#This Row],[pide]]","v":0},{"$f":"IF(Tabla_Consulta_desde_QuickBooks_Data_64_Bit_QRemote[[#This Row],[diferecia]]=0,\"ok\",\"diferen\")","v":"ok"},{"$f":"IFERROR(INDEX(um!A:C,MATCH(Tabla_Consulta_desde_QuickBooks_Data_64_Bit_QRemote[[#This Row],[SalesOrderLineItemRefFullName]],um!A:A,0),3),\"\")","v":"X12"},{"$f":"IFERROR(IF(OR(Tabla_Consulta_desde_QuickBooks_Data_64_Bit_QRemote[[#This Row],[SalesOrderLineUnitOfMeasure]]=\"UN\",Tabla_Consulta_desde_QuickBooks_Data_64_Bit_QRemote[[#This Row],[SalesOrderLineUnitOfMeasure]]=Tabla_Consulta_desde_QuickBooks_Data_64_Bit_QRemote[[#This Row],[U/M]]),\"\",\"ERROR\"),\"\")","v":""},{"$f":"+WEEKNUM(Tabla_Consulta_desde_QuickBooks_Data_64_Bit_QRemote[[#This Row],[TxnDate]])","v":23},{"$f":"+Tabla_Consulta_desde_QuickBooks_Data_64_Bit_QRemote[[#This Row],[SalesOrderLineRate]]*Tabla_Consulta_desde_QuickBooks_Data_64_Bit_QRemote[[#This Row],[SalesOrderLineInvoiced]]","v":20},{"$f":"+IFERROR(IF(Tabla_Consulta_desde_QuickBooks_Data_64_Bit_QRemote[[#This Row],[CustomerRefFullName]]=\"GRUVALCORP SA\",VLOOKUP(Tabla_Consulta_desde_QuickBooks_Data_64_Bit_QRemote[[#This Row],[SalesOrderLineItemRefFullName]],Hoja1!A:E,5,FALSE),\"\")*-Tabla_Consulta_desde_QuickBooks_Data_64_Bit_QRemote[[#This Row],[SalesOrderLineAmount]],\"\")","v":""},{"$f":"IF(COUNTIF(wms!E:E,Tabla_Consulta_desde_QuickBooks_Data_64_Bit_QRemote[[#This Row],[RefNumber]])>0,\"OK\",\"FALTA\")","v":"OK"}]
["2025-06-02","29084","PRODUCTOS OLE DEL ECUADOR PRODUCTOSOLE C","Marketing-CAPEX -Mariel",9,"7862112522817","P.T:110737","SALSA DE TOMATE CASERA OLE DP 200G","Bodega Producto Terminado",5,"UN",0.47,2.35,"UNIDAD SALSA",5,83.9,96.49,"IVA EN VENTAS 15%",{"$f":"IFERROR(IF(Tabla_Consulta_desde_QuickBooks_Data_64_Bit_QRemote[[#This Row],[SalesOrderLineUnitOfMeasure]]=\"un\",Tabla_Consulta_desde_QuickBooks_Data_64_Bit_QRemote[[#This Row],[SalesOrderLineQuantity]],Tabla_Consulta_desde_QuickBooks_Data_64_Bit_QRemote[[#This Row],[SalesOrderLineQuantity]]/MID(Tabla_Consulta_desde_QuickBooks_Data_64_Bit_QRemote[[#This Row],[SalesOrderLineUnitOfMeasure]],2,2)),0)","v":5},{"$f":"IFERROR(IF(Tabla_Consulta_desde_QuickBooks_Data_64_Bit_QRemote[[#This Row],[SalesOrderLineUnitOfMeasure]]=\"un\",Tabla_Consulta_desde_QuickBooks_Data_64_Bit_QRemote[[#This Row],[SalesOrderLineInvoiced]],Tabla_Consulta_desde_QuickBooks_Data_64_Bit_QRemote[[#This Row],[SalesOrderLineInvoiced]]/MID(Tabla_Consulta_desde_QuickBooks_Data_64_Bit_QRemote[[#This Row],[SalesOrderLineUnitOfMeasure]],2,2)),0)","v":5},{"$f":"+Tabla_Consulta_desde_QuickBooks_Data_64_Bit_QRemote[[#This Row],[facturado]]-Tabla_Consulta_desde_QuickBooks_Data_64_Bit_QRemote[[#This Row],[pide]]","v":0},{"$f":"IF(Tabla_Consulta_desde_QuickBooks_Data_64_Bit_QRemote[[#This Row],[diferecia]]=0,\"ok\",\"diferen\")","v":"ok"},{"$f":"IFERROR(INDEX(um!A:C,MATCH(Tabla_Consulta_desde_QuickBooks_Data_64_Bit_QRemote[[#This Row],[SalesOrderLineItemRefFullName]],um!A:A,0),3),\"\")","v":"X12"},{"$f":"IFERROR(IF(OR(Tabla_Consulta_desde_QuickBooks_Data_64_Bit_QRemote[[#This Row],[SalesOrderLineUnitOfMeasure]]=\"UN\",Tabla_Consulta_desde_QuickBooks_Data_64_Bit_QRemote[[#This Row],[SalesOrderLineUnitOfMeasure]]=Tabla_Consulta_desde_QuickBooks_Data_64_Bit_QRemote[[#This Row],[U/M]]),\"\",\"ERROR\"),\"\")","v":""},{"$f":"+WEEKNUM(Tabla_Consulta_desde_QuickBooks_Data_64_Bit_QRemote[[#This Row],[TxnDate]])","v":23},{"$f":"+Tabla_Consulta_desde_QuickBooks_Data_64_Bit_QRemote[[#This Row],[SalesOrderLineRate]]*Tabla_Consulta_desde_QuickBooks_Data_64_Bit_QRemote[[#This Row],[SalesOrderLineInvoiced]]","v":2.3499999999999996},{"$f":"+IFERROR(IF(Tabla_Consulta_desde_QuickBooks_Data_64_Bit_QRemote[[#This Row],[CustomerRefFullName]]=\"GRUVALCORP SA\",VLOOKUP(Tabla_Consulta_desde_QuickBooks_Data_64_Bit_QRemote[[#This Row],[SalesOrderLineItemRefFullName]],Hoja1!A:E,5,FALSE),\"\")*-Tabla_Consulta_desde_QuickBooks_Data_64_Bit_QRemote[[#This Row],[SalesOrderLineAmount]],\"\")","v":""},{"$f":"IF(COUNTIF(wms!E:E,Tabla_Consulta_desde_QuickBooks_Data_64_Bit_QRemote[[#This Row],[RefNumber]])>0,\"OK\",\"FALTA\")","v":"OK"}]
["2025-06-02","29084","PRODUCTOS OLE DEL ECUADOR PRODUCTOSOLE C","Marketing-CAPEX -Mariel",10,"7862112521407","P.T:310105","ACEITUNAS VERDES RELLENAS CON ALMENDRAS OLE 240G","Bodega Producto Terminado",5,"UN",2.27,11.35,"UNIDAD SALSA",5,83.9,96.49,"IVA EN VENTAS 15%",{"$f":"IFERROR(IF(Tabla_Consulta_desde_QuickBooks_Data_64_Bit_QRemote[[#This Row],[SalesOrderLineUnitOfMeasure]]=\"un\",Tabla_Consulta_desde_QuickBooks_Data_64_Bit_QRemote[[#This Row],[SalesOrderLineQuantity]],Tabla_Consulta_desde_QuickBooks_Data_64_Bit_QRemote[[#This Row],[SalesOrderLineQuantity]]/MID(Tabla_Consulta_desde_QuickBooks_Data_64_Bit_QRemote[[#This Row],[SalesOrderLineUnitOfMeasure]],2,2)),0)","v":5},{"$f":"IFERROR(IF(Tabla_Consulta_desde_QuickBooks_Data_64_Bit_QRemote[[#This Row],[SalesOrderLineUnitOfMeasure]]=\"un\",Tabla_Consulta_desde_QuickBooks_Data_64_Bit_QRemote[[#This Row],[SalesOrderLineInvoiced]],Tabla_Consulta_desde_QuickBooks_Data_64_Bit_QRemote[[#This Row],[SalesOrderLineInvoiced]]/MID(Tabla_Consulta_desde_QuickBooks_Data_64_Bit_QRemote[[#This Row],[SalesOrderLineUnitOfMeasure]],2,2)),0)","v":5},{"$f":"+Tabla_Consulta_desde_QuickBooks_Data_64_Bit_QRemote[[#This Row],[facturado]]-Tabla_Consulta_desde_QuickBooks_Data_64_Bit_QRemote[[#This Row],[pide]]","v":0},{"$f":"IF(Tabla_Consulta_desde_QuickBooks_Data_64_Bit_QRemote[[#This Row],[diferecia]]=0,\"ok\",\"diferen\")","v":"ok"},{"$f":"IFERROR(INDEX(um!A:C,MATCH(Tabla_Consulta_desde_QuickBooks_Data_64_Bit_QRemote[[#This Row],[SalesOrderLineItemRefFullName]],um!A:A,0),3),\"\")","v":"X12"},{"$f":"IFERROR(IF(OR(Tabla_Consulta_desde_QuickBooks_Data_64_Bit_QRemote[[#This Row],[SalesOrderLineUnitOfMeasure]]=\"UN\",Tabla_Consulta_desde_QuickBooks_Data_64_Bit_QRemote[[#This Row],[SalesOrderLineUnitOfMeasure]]=Tabla_Consulta_desde_QuickBooks_Data_64_Bit_QRemote[[#This Row],[U/M]]),\"\",\"ERROR\"),\"\")","v":""},{"$f":"+WEEKNUM(Tabla_Consulta_desde_QuickBooks_Data_64_Bit_QRemote[[#This Row],[TxnDate]])","v":23},{"$f":"+Tabla_Consulta_desde_QuickBooks_Data_64_Bit_QRemote[[#This Row],[SalesOrderLineRate]]*Tabla_Consulta_desde_QuickBooks_Data_64_Bit_QRemote[[#This Row],[SalesOrderLineInvoiced]]","v":11.35},{"$f":"+IFERROR(IF(Tabla_Consulta_desde_QuickBooks_Data_64_Bit_QRemote[[#This Row],[CustomerRefFullName]]=\"GRUVALCORP SA\",VLOOKUP(Tabla_Consulta_desde_QuickBooks_Data_64_Bit_QRemote[[#This Row],[SalesOrderLineItemRefFullName]],Hoja1!A:E,5,FALSE),\"\")*-Tabla_Consulta_desde_QuickBooks_Data_64_Bit_QRemote[[#This Row],[SalesOrderLineAmount]],\"\")","v":""},{"$f":"IF(COUNTIF(wms!E:E,Tabla_Consulta_desde_QuickBooks_Data_64_Bit_QRemote[[#This Row],[RefNumber]])>0,\"OK\",\"FALTA\")","v":"OK"}]
["2025-06-02","29084","PRODUCTOS OLE DEL ECUADOR PRODUCTOSOLE C","Marketing-CAPEX -Mariel",11,"7862112522367","PT:220132","TOTOPOS NATURAL OLE 300G","Bodega Producto Terminado",5,"UN",1.1200000000000001,5.6,"UNIDAD SNCKS",5,83.9,96.49,"IVA EN VENTAS 15%",{"$f":"IFERROR(IF(Tabla_Consulta_desde_QuickBooks_Data_64_Bit_QRemote[[#This Row],[SalesOrderLineUnitOfMeasure]]=\"un\",Tabla_Consulta_desde_QuickBooks_Data_64_Bit_QRemote[[#This Row],[SalesOrderLineQuantity]],Tabla_Consulta_desde_QuickBooks_Data_64_Bit_QRemote[[#This Row],[SalesOrderLineQuantity]]/MID(Tabla_Consulta_desde_QuickBooks_Data_64_Bit_QRemote[[#This Row],[SalesOrderLineUnitOfMeasure]],2,2)),0)","v":5},{"$f":"IFERROR(IF(Tabla_Consulta_desde_QuickBooks_Data_64_Bit_QRemote[[#This Row],[SalesOrderLineUnitOfMeasure]]=\"un\",Tabla_Consulta_desde_QuickBooks_Data_64_Bit_QRemote[[#This Row],[SalesOrderLineInvoiced]],Tabla_Consulta_desde_QuickBooks_Data_64_Bit_QRemote[[#This Row],[SalesOrderLineInvoiced]]/MID(Tabla_Consulta_desde_QuickBooks_Data_64_Bit_QRemote[[#This Row],[SalesOrderLineUnitOfMeasure]],2,2)),0)","v":5},{"$f":"+Tabla_Consulta_desde_QuickBooks_Data_64_Bit_QRemote[[#This Row],[facturado]]-Tabla_Consulta_desde_QuickBooks_Data_64_Bit_QRemote[[#This Row],[pide]]","v":0},{"$f":"IF(Tabla_Consulta_desde_QuickBooks_Data_64_Bit_QRemote[[#This Row],[diferecia]]=0,\"ok\",\"diferen\")","v":"ok"},{"$f":"IFERROR(INDEX(um!A:C,MATCH(Tabla_Consulta_desde_QuickBooks_Data_64_Bit_QRemote[[#This Row],[SalesOrderLineItemRefFullName]],um!A:A,0),3),\"\")","v":"X12"},{"$f":"IFERROR(IF(OR(Tabla_Consulta_desde_QuickBooks_Data_64_Bit_QRemote[[#This Row],[SalesOrderLineUnitOfMeasure]]=\"UN\",Tabla_Consulta_desde_QuickBooks_Data_64_Bit_QRemote[[#This Row],[SalesOrderLineUnitOfMeasure]]=Tabla_Consulta_desde_QuickBooks_Data_64_Bit_QRemote[[#This Row],[U/M]]),\"\",\"ERROR\"),\"\")","v":""},{"$f":"+WEEKNUM(Tabla_Consulta_desde_QuickBooks_Data_64_Bit_QRemote[[#This Row],[TxnDate]])","v":23},{"$f":"+Tabla_Consulta_desde_QuickBooks_Data_64_Bit_QRemote[[#This Row],[SalesOrderLineRate]]*Tabla_Consulta_desde_QuickBooks_Data_64_Bit_QRemote[[#This Row],[SalesOrderLineInvoiced]]","v":5.6000000000000005},{"$f":"+IFERROR(IF(Tabla_Consulta_desde_QuickBooks_Data_64_Bit_QRemote[[#This Row],[CustomerRefFullName]]=\"GRUVALCORP SA\",VLOOKUP(Tabla_Consulta_desde_QuickBooks_Data_64_Bit_QRemote[[#This Row],[SalesOrderLineItemRefFullName]],Hoja1!A:E,5,FALSE),\"\")*-Tabla_Consulta_desde_QuickBooks_Data_64_Bit_QRemote[[#This Row],[SalesOrderLineAmount]],\"\")","v":""},{"$f":"IF(COUNTIF(wms!E:E,Tabla_Consulta_desde_QuickBooks_Data_64_Bit_QRemote[[#This Row],[RefNumber]])>0,\"OK\",\"FALTA\")","v":"OK"}]
["2025-06-02","29084","PRODUCTOS OLE DEL ECUADOR PRODUCTOSOLE C","Marketing-CAPEX -Mariel",12,"7862112522732","PT:220135","TOTOPOS SABOR GUACAMOLE OLE 120G","Bodega Producto Terminado",5,"UN",0.62,3.1,"UNIDAD SNCKS",5,83.9,96.49,"IVA EN VENTAS 15%",{"$f":"IFERROR(IF(Tabla_Consulta_desde_QuickBooks_Data_64_Bit_QRemote[[#This Row],[SalesOrderLineUnitOfMeasure]]=\"un\",Tabla_Consulta_desde_QuickBooks_Data_64_Bit_QRemote[[#This Row],[SalesOrderLineQuantity]],Tabla_Consulta_desde_QuickBooks_Data_64_Bit_QRemote[[#This Row],[SalesOrderLineQuantity]]/MID(Tabla_Consulta_desde_QuickBooks_Data_64_Bit_QRemote[[#This Row],[SalesOrderLineUnitOfMeasure]],2,2)),0)","v":5},{"$f":"IFERROR(IF(Tabla_Consulta_desde_QuickBooks_Data_64_Bit_QRemote[[#This Row],[SalesOrderLineUnitOfMeasure]]=\"un\",Tabla_Consulta_desde_QuickBooks_Data_64_Bit_QRemote[[#This Row],[SalesOrderLineInvoiced]],Tabla_Consulta_desde_QuickBooks_Data_64_Bit_QRemote[[#This Row],[SalesOrderLineInvoiced]]/MID(Tabla_Consulta_desde_QuickBooks_Data_64_Bit_QRemote[[#This Row],[SalesOrderLineUnitOfMeasure]],2,2)),0)","v":5},{"$f":"+Tabla_Consulta_desde_QuickBooks_Data_64_Bit_QRemote[[#This Row],[facturado]]-Tabla_Consulta_desde_QuickBooks_Data_64_Bit_QRemote[[#This Row],[pide]]","v":0},{"$f":"IF(Tabla_Consulta_desde_QuickBooks_Data_64_Bit_QRemote[[#This Row],[diferecia]]=0,\"ok\",\"diferen\")","v":"ok"},{"$f":"IFERROR(INDEX(um!A:C,MATCH(Tabla_Consulta_desde_QuickBooks_Data_64_Bit_QRemote[[#This Row],[SalesOrderLineItemRefFullName]],um!A:A,0),3),\"\")","v":"X12"},{"$f":"IFERROR(IF(OR(Tabla_Consulta_desde_QuickBooks_Data_64_Bit_QRemote[[#This Row],[SalesOrderLineUnitOfMeasure]]=\"UN\",Tabla_Consulta_desde_QuickBooks_Data_64_Bit_QRemote[[#This Row],[SalesOrderLineUnitOfMeasure]]=Tabla_Consulta_desde_QuickBooks_Data_64_Bit_QRemote[[#This Row],[U/M]]),\"\",\"ERROR\"),\"\")","v":""},{"$f":"+WEEKNUM(Tabla_Consulta_desde_QuickBooks_Data_64_Bit_QRemote[[#This Row],[TxnDate]])","v":23},{"$f":"+Tabla_Consulta_desde_QuickBooks_Data_64_Bit_QRemote[[#This Row],[SalesOrderLineRate]]*Tabla_Consulta_desde_QuickBooks_Data_64_Bit_QRemote[[#This Row],[SalesOrderLineInvoiced]]","v":3.1},{"$f":"+IFERROR(IF(Tabla_Consulta_desde_QuickBooks_Data_64_Bit_QRemote[[#This Row],[CustomerRefFullName]]=\"GRUVALCORP SA\",VLOOKUP(Tabla_Consulta_desde_QuickBooks_Data_64_Bit_QRemote[[#This Row],[SalesOrderLineItemRefFullName]],Hoja1!A:E,5,FALSE),\"\")*-Tabla_Consulta_desde_QuickBooks_Data_64_Bit_QRemote[[#This Row],[SalesOrderLineAmount]],\"\")","v":""},{"$f":"IF(COUNTIF(wms!E:E,Tabla_Consulta_desde_QuickBooks_Data_64_Bit_QRemote[[#This Row],[RefNumber]])>0,\"OK\",\"FALTA\")","v":"OK"}]
["2025-06-02","29084","PRODUCTOS OLE DEL ECUADOR PRODUCTOSOLE C","Marketing-CAPEX -Mariel",13,null,"INFOADICIONAL","Marketing-CAPEX -Mariel\n\nChef Bernarda Vargas\nCAPEX\nUbicados al Norte de Quito - Ecuador, sector JIPIJAPA, calle de los Rosales N 45-14 y de los Tulipanes frente al conjunto Los Tulipanes , dos cuadras antes de la Estación de la Ecovía de la Rio Coca\nhttps://maps.app.goo.gl/LvccmozMMD13ZLgX7\nHorario:  09:30 a 19:00\nCelular:  099 8 59 08 90",null,null,null,0,0,null,1,83.9,96.49,"IVA EN VENTAS 15%",{"$f":"IFERROR(IF(Tabla_Consulta_desde_QuickBooks_Data_64_Bit_QRemote[[#This Row],[SalesOrderLineUnitOfMeasure]]=\"un\",Tabla_Consulta_desde_QuickBooks_Data_64_Bit_QRemote[[#This Row],[SalesOrderLineQuantity]],Tabla_Consulta_desde_QuickBooks_Data_64_Bit_QRemote[[#This Row],[SalesOrderLineQuantity]]/MID(Tabla_Consulta_desde_QuickBooks_Data_64_Bit_QRemote[[#This Row],[SalesOrderLineUnitOfMeasure]],2,2)),0)","v":0},{"$f":"IFERROR(IF(Tabla_Consulta_desde_QuickBooks_Data_64_Bit_QRemote[[#This Row],[SalesOrderLineUnitOfMeasure]]=\"un\",Tabla_Consulta_desde_QuickBooks_Data_64_Bit_QRemote[[#This Row],[SalesOrderLineInvoiced]],Tabla_Consulta_desde_QuickBooks_Data_64_Bit_QRemote[[#This Row],[SalesOrderLineInvoiced]]/MID(Tabla_Consulta_desde_QuickBooks_Data_64_Bit_QRemote[[#This Row],[SalesOrderLineUnitOfMeasure]],2,2)),0)","v":0},{"$f":"+Tabla_Consulta_desde_QuickBooks_Data_64_Bit_QRemote[[#This Row],[facturado]]-Tabla_Consulta_desde_QuickBooks_Data_64_Bit_QRemote[[#This Row],[pide]]","v":0},{"$f":"IF(Tabla_Consulta_desde_QuickBooks_Data_64_Bit_QRemote[[#This Row],[diferecia]]=0,\"ok\",\"diferen\")","v":"ok"},{"$f":"IFERROR(INDEX(um!A:C,MATCH(Tabla_Consulta_desde_QuickBooks_Data_64_Bit_QRemote[[#This Row],[SalesOrderLineItemRefFullName]],um!A:A,0),3),\"\")","v":""},{"$f":"IFERROR(IF(OR(Tabla_Consulta_desde_QuickBooks_Data_64_Bit_QRemote[[#This Row],[SalesOrderLineUnitOfMeasure]]=\"UN\",Tabla_Consulta_desde_QuickBooks_Data_64_Bit_QRemote[[#This Row],[SalesOrderLineUnitOfMeasure]]=Tabla_Consulta_desde_QuickBooks_Data_64_Bit_QRemote[[#This Row],[U/M]]),\"\",\"ERROR\"),\"\")","v":""},{"$f":"+WEEKNUM(Tabla_Consulta_desde_QuickBooks_Data_64_Bit_QRemote[[#This Row],[TxnDate]])","v":23},{"$f":"+Tabla_Consulta_desde_QuickBooks_Data_64_Bit_QRemote[[#This Row],[SalesOrderLineRate]]*Tabla_Consulta_desde_QuickBooks_Data_64_Bit_QRemote[[#This Row],[SalesOrderLineInvoiced]]","v":0},{"$f":"+IFERROR(IF(Tabla_Consulta_desde_QuickBooks_Data_64_Bit_QRemote[[#This Row],[CustomerRefFullName]]=\"GRUVALCORP SA\",VLOOKUP(Tabla_Consulta_desde_QuickBooks_Data_64_Bit_QRemote[[#This Row],[SalesOrderLineItemRefFullName]],Hoja1!A:E,5,FALSE),\"\")*-Tabla_Consulta_desde_QuickBooks_Data_64_Bit_QRemote[[#This Row],[SalesOrderLineAmount]],\"\")","v":""},{"$f":"IF(COUNTIF(wms!E:E,Tabla_Consulta_desde_QuickBooks_Data_64_Bit_QRemote[[#This Row],[RefNumber]])>0,\"OK\",\"FALTA\")","v":"OK"}]
["2025-06-02","29085","ANCAHESPORTBAR S.A.","SPORT PLANET GYE",1,"705424000147","P.T:110209","AJÍ CON TOMATE DE ÁRBOL OLE 180G","Bodega Producto Terminado",12,"UN",1.53,18.36,"UNIDAD SALSA",0,74.56,85.74,"IVA EN VENTAS 15%",{"$f":"IFERROR(IF(Tabla_Consulta_desde_QuickBooks_Data_64_Bit_QRemote[[#This Row],[SalesOrderLineUnitOfMeasure]]=\"un\",Tabla_Consulta_desde_QuickBooks_Data_64_Bit_QRemote[[#This Row],[SalesOrderLineQuantity]],Tabla_Consulta_desde_QuickBooks_Data_64_Bit_QRemote[[#This Row],[SalesOrderLineQuantity]]/MID(Tabla_Consulta_desde_QuickBooks_Data_64_Bit_QRemote[[#This Row],[SalesOrderLineUnitOfMeasure]],2,2)),0)","v":12},{"$f":"IFERROR(IF(Tabla_Consulta_desde_QuickBooks_Data_64_Bit_QRemote[[#This Row],[SalesOrderLineUnitOfMeasure]]=\"un\",Tabla_Consulta_desde_QuickBooks_Data_64_Bit_QRemote[[#This Row],[SalesOrderLineInvoiced]],Tabla_Consulta_desde_QuickBooks_Data_64_Bit_QRemote[[#This Row],[SalesOrderLineInvoiced]]/MID(Tabla_Consulta_desde_QuickBooks_Data_64_Bit_QRemote[[#This Row],[SalesOrderLineUnitOfMeasure]],2,2)),0)","v":0},{"$f":"+Tabla_Consulta_desde_QuickBooks_Data_64_Bit_QRemote[[#This Row],[facturado]]-Tabla_Consulta_desde_QuickBooks_Data_64_Bit_QRemote[[#This Row],[pide]]","v":-12},{"$f":"IF(Tabla_Consulta_desde_QuickBooks_Data_64_Bit_QRemote[[#This Row],[diferecia]]=0,\"ok\",\"diferen\")","v":"diferen"},{"$f":"IFERROR(INDEX(um!A:C,MATCH(Tabla_Consulta_desde_QuickBooks_Data_64_Bit_QRemote[[#This Row],[SalesOrderLineItemRefFullName]],um!A:A,0),3),\"\")","v":"X24"},{"$f":"IFERROR(IF(OR(Tabla_Consulta_desde_QuickBooks_Data_64_Bit_QRemote[[#This Row],[SalesOrderLineUnitOfMeasure]]=\"UN\",Tabla_Consulta_desde_QuickBooks_Data_64_Bit_QRemote[[#This Row],[SalesOrderLineUnitOfMeasure]]=Tabla_Consulta_desde_QuickBooks_Data_64_Bit_QRemote[[#This Row],[U/M]]),\"\",\"ERROR\"),\"\")","v":""},{"$f":"+WEEKNUM(Tabla_Consulta_desde_QuickBooks_Data_64_Bit_QRemote[[#This Row],[TxnDate]])","v":23},{"$f":"+Tabla_Consulta_desde_QuickBooks_Data_64_Bit_QRemote[[#This Row],[SalesOrderLineRate]]*Tabla_Consulta_desde_QuickBooks_Data_64_Bit_QRemote[[#This Row],[SalesOrderLineInvoiced]]","v":0},{"$f":"+IFERROR(IF(Tabla_Consulta_desde_QuickBooks_Data_64_Bit_QRemote[[#This Row],[CustomerRefFullName]]=\"GRUVALCORP SA\",VLOOKUP(Tabla_Consulta_desde_QuickBooks_Data_64_Bit_QRemote[[#This Row],[SalesOrderLineItemRefFullName]],Hoja1!A:E,5,FALSE),\"\")*-Tabla_Consulta_desde_QuickBooks_Data_64_Bit_QRemote[[#This Row],[SalesOrderLineAmount]],\"\")","v":""},{"$f":"IF(COUNTIF(wms!E:E,Tabla_Consulta_desde_QuickBooks_Data_64_Bit_QRemote[[#This Row],[RefNumber]])>0,\"OK\",\"FALTA\")","v":"OK"}]
["2025-06-02","29085","ANCAHESPORTBAR S.A.","SPORT PLANET GYE",2,"705424000116","P.T:110207","AJÍ CON MARACUYA OLE 185G","Bodega Producto Terminado",12,"UN",1.53,18.36,"UNIDAD SALSA",0,74.56,85.74,"IVA EN VENTAS 15%",{"$f":"IFERROR(IF(Tabla_Consulta_desde_QuickBooks_Data_64_Bit_QRemote[[#This Row],[SalesOrderLineUnitOfMeasure]]=\"un\",Tabla_Consulta_desde_QuickBooks_Data_64_Bit_QRemote[[#This Row],[SalesOrderLineQuantity]],Tabla_Consulta_desde_QuickBooks_Data_64_Bit_QRemote[[#This Row],[SalesOrderLineQuantity]]/MID(Tabla_Consulta_desde_QuickBooks_Data_64_Bit_QRemote[[#This Row],[SalesOrderLineUnitOfMeasure]],2,2)),0)","v":12},{"$f":"IFERROR(IF(Tabla_Consulta_desde_QuickBooks_Data_64_Bit_QRemote[[#This Row],[SalesOrderLineUnitOfMeasure]]=\"un\",Tabla_Consulta_desde_QuickBooks_Data_64_Bit_QRemote[[#This Row],[SalesOrderLineInvoiced]],Tabla_Consulta_desde_QuickBooks_Data_64_Bit_QRemote[[#This Row],[SalesOrderLineInvoiced]]/MID(Tabla_Consulta_desde_QuickBooks_Data_64_Bit_QRemote[[#This Row],[SalesOrderLineUnitOfMeasure]],2,2)),0)","v":0},{"$f":"+Tabla_Consulta_desde_QuickBooks_Data_64_Bit_QRemote[[#This Row],[facturado]]-Tabla_Consulta_desde_QuickBooks_Data_64_Bit_QRemote[[#This Row],[pide]]","v":-12},{"$f":"IF(Tabla_Consulta_desde_QuickBooks_Data_64_Bit_QRemote[[#This Row],[diferecia]]=0,\"ok\",\"diferen\")","v":"diferen"},{"$f":"IFERROR(INDEX(um!A:C,MATCH(Tabla_Consulta_desde_QuickBooks_Data_64_Bit_QRemote[[#This Row],[SalesOrderLineItemRefFullName]],um!A:A,0),3),\"\")","v":"X24"},{"$f":"IFERROR(IF(OR(Tabla_Consulta_desde_QuickBooks_Data_64_Bit_QRemote[[#This Row],[SalesOrderLineUnitOfMeasure]]=\"UN\",Tabla_Consulta_desde_QuickBooks_Data_64_Bit_QRemote[[#This Row],[SalesOrderLineUnitOfMeasure]]=Tabla_Consulta_desde_QuickBooks_Data_64_Bit_QRemote[[#This Row],[U/M]]),\"\",\"ERROR\"),\"\")","v":""},{"$f":"+WEEKNUM(Tabla_Consulta_desde_QuickBooks_Data_64_Bit_QRemote[[#This Row],[TxnDate]])","v":23},{"$f":"+Tabla_Consulta_desde_QuickBooks_Data_64_Bit_QRemote[[#This Row],[SalesOrderLineRate]]*Tabla_Consulta_desde_QuickBooks_Data_64_Bit_QRemote[[#This Row],[SalesOrderLineInvoiced]]","v":0},{"$f":"+IFERROR(IF(Tabla_Consulta_desde_QuickBooks_Data_64_Bit_QRemote[[#This Row],[CustomerRefFullName]]=\"GRUVALCORP SA\",VLOOKUP(Tabla_Consulta_desde_QuickBooks_Data_64_Bit_QRemote[[#This Row],[SalesOrderLineItemRefFullName]],Hoja1!A:E,5,FALSE),\"\")*-Tabla_Consulta_desde_QuickBooks_Data_64_Bit_QRemote[[#This Row],[SalesOrderLineAmount]],\"\")","v":""},{"$f":"IF(COUNTIF(wms!E:E,Tabla_Consulta_desde_QuickBooks_Data_64_Bit_QRemote[[#This Row],[RefNumber]])>0,\"OK\",\"FALTA\")","v":"OK"}]
["2025-06-02","29085","ANCAHESPORTBAR S.A.","SPORT PLANET GYE",3,"7862112520691","P.T:110221","AJÍ CON TOMATE DE ÁRBOL OLE 4100G","Bodega Producto Terminado",2,"UN",13.31,26.62,"UNIDAD SALSA",0,74.56,85.74,"IVA EN VENTAS 15%",{"$f":"IFERROR(IF(Tabla_Consulta_desde_QuickBooks_Data_64_Bit_QRemote[[#This Row],[SalesOrderLineUnitOfMeasure]]=\"un\",Tabla_Consulta_desde_QuickBooks_Data_64_Bit_QRemote[[#This Row],[SalesOrderLineQuantity]],Tabla_Consulta_desde_QuickBooks_Data_64_Bit_QRemote[[#This Row],[SalesOrderLineQuantity]]/MID(Tabla_Consulta_desde_QuickBooks_Data_64_Bit_QRemote[[#This Row],[SalesOrderLineUnitOfMeasure]],2,2)),0)","v":2},{"$f":"IFERROR(IF(Tabla_Consulta_desde_QuickBooks_Data_64_Bit_QRemote[[#This Row],[SalesOrderLineUnitOfMeasure]]=\"un\",Tabla_Consulta_desde_QuickBooks_Data_64_Bit_QRemote[[#This Row],[SalesOrderLineInvoiced]],Tabla_Consulta_desde_QuickBooks_Data_64_Bit_QRemote[[#This Row],[SalesOrderLineInvoiced]]/MID(Tabla_Consulta_desde_QuickBooks_Data_64_Bit_QRemote[[#This Row],[SalesOrderLineUnitOfMeasure]],2,2)),0)","v":0},{"$f":"+Tabla_Consulta_desde_QuickBooks_Data_64_Bit_QRemote[[#This Row],[facturado]]-Tabla_Consulta_desde_QuickBooks_Data_64_Bit_QRemote[[#This Row],[pide]]","v":-2},{"$f":"IF(Tabla_Consulta_desde_QuickBooks_Data_64_Bit_QRemote[[#This Row],[diferecia]]=0,\"ok\",\"diferen\")","v":"diferen"},{"$f":"IFERROR(INDEX(um!A:C,MATCH(Tabla_Consulta_desde_QuickBooks_Data_64_Bit_QRemote[[#This Row],[SalesOrderLineItemRefFullName]],um!A:A,0),3),\"\")","v":""},{"$f":"IFERROR(IF(OR(Tabla_Consulta_desde_QuickBooks_Data_64_Bit_QRemote[[#This Row],[SalesOrderLineUnitOfMeasure]]=\"UN\",Tabla_Consulta_desde_QuickBooks_Data_64_Bit_QRemote[[#This Row],[SalesOrderLineUnitOfMeasure]]=Tabla_Consulta_desde_QuickBooks_Data_64_Bit_QRemote[[#This Row],[U/M]]),\"\",\"ERROR\"),\"\")","v":""},{"$f":"+WEEKNUM(Tabla_Consulta_desde_QuickBooks_Data_64_Bit_QRemote[[#This Row],[TxnDate]])","v":23},{"$f":"+Tabla_Consulta_desde_QuickBooks_Data_64_Bit_QRemote[[#This Row],[SalesOrderLineRate]]*Tabla_Consulta_desde_QuickBooks_Data_64_Bit_QRemote[[#This Row],[SalesOrderLineInvoiced]]","v":0},{"$f":"+IFERROR(IF(Tabla_Consulta_desde_QuickBooks_Data_64_Bit_QRemote[[#This Row],[CustomerRefFullName]]=\"GRUVALCORP SA\",VLOOKUP(Tabla_Consulta_desde_QuickBooks_Data_64_Bit_QRemote[[#This Row],[SalesOrderLineItemRefFullName]],Hoja1!A:E,5,FALSE),\"\")*-Tabla_Consulta_desde_QuickBooks_Data_64_Bit_QRemote[[#This Row],[SalesOrderLineAmount]],\"\")","v":""},{"$f":"IF(COUNTIF(wms!E:E,Tabla_Consulta_desde_QuickBooks_Data_64_Bit_QRemote[[#This Row],[RefNumber]])>0,\"OK\",\"FALTA\")","v":"OK"}]
["2025-06-02","29085","ANCAHESPORTBAR S.A.","SPORT PLANET GYE",4,"7862112520509","P.T:110606","JALAPEÑO ROJOS Y VERDES AGRIDULCES OLE 250G","Bodega Producto Terminado",6,"UN",1.87,11.22,"UNIDAD SALSA",0,74.56,85.74,"IVA EN VENTAS 15%",{"$f":"IFERROR(IF(Tabla_Consulta_desde_QuickBooks_Data_64_Bit_QRemote[[#This Row],[SalesOrderLineUnitOfMeasure]]=\"un\",Tabla_Consulta_desde_QuickBooks_Data_64_Bit_QRemote[[#This Row],[SalesOrderLineQuantity]],Tabla_Consulta_desde_QuickBooks_Data_64_Bit_QRemote[[#This Row],[SalesOrderLineQuantity]]/MID(Tabla_Consulta_desde_QuickBooks_Data_64_Bit_QRemote[[#This Row],[SalesOrderLineUnitOfMeasure]],2,2)),0)","v":6},{"$f":"IFERROR(IF(Tabla_Consulta_desde_QuickBooks_Data_64_Bit_QRemote[[#This Row],[SalesOrderLineUnitOfMeasure]]=\"un\",Tabla_Consulta_desde_QuickBooks_Data_64_Bit_QRemote[[#This Row],[SalesOrderLineInvoiced]],Tabla_Consulta_desde_QuickBooks_Data_64_Bit_QRemote[[#This Row],[SalesOrderLineInvoiced]]/MID(Tabla_Consulta_desde_QuickBooks_Data_64_Bit_QRemote[[#This Row],[SalesOrderLineUnitOfMeasure]],2,2)),0)","v":0},{"$f":"+Tabla_Consulta_desde_QuickBooks_Data_64_Bit_QRemote[[#This Row],[facturado]]-Tabla_Consulta_desde_QuickBooks_Data_64_Bit_QRemote[[#This Row],[pide]]","v":-6},{"$f":"IF(Tabla_Consulta_desde_QuickBooks_Data_64_Bit_QRemote[[#This Row],[diferecia]]=0,\"ok\",\"diferen\")","v":"diferen"},{"$f":"IFERROR(INDEX(um!A:C,MATCH(Tabla_Consulta_desde_QuickBooks_Data_64_Bit_QRemote[[#This Row],[SalesOrderLineItemRefFullName]],um!A:A,0),3),\"\")","v":"X12"},{"$f":"IFERROR(IF(OR(Tabla_Consulta_desde_QuickBooks_Data_64_Bit_QRemote[[#This Row],[SalesOrderLineUnitOfMeasure]]=\"UN\",Tabla_Consulta_desde_QuickBooks_Data_64_Bit_QRemote[[#This Row],[SalesOrderLineUnitOfMeasure]]=Tabla_Consulta_desde_QuickBooks_Data_64_Bit_QRemote[[#This Row],[U/M]]),\"\",\"ERROR\"),\"\")","v":""},{"$f":"+WEEKNUM(Tabla_Consulta_desde_QuickBooks_Data_64_Bit_QRemote[[#This Row],[TxnDate]])","v":23},{"$f":"+Tabla_Consulta_desde_QuickBooks_Data_64_Bit_QRemote[[#This Row],[SalesOrderLineRate]]*Tabla_Consulta_desde_QuickBooks_Data_64_Bit_QRemote[[#This Row],[SalesOrderLineInvoiced]]","v":0},{"$f":"+IFERROR(IF(Tabla_Consulta_desde_QuickBooks_Data_64_Bit_QRemote[[#This Row],[CustomerRefFullName]]=\"GRUVALCORP SA\",VLOOKUP(Tabla_Consulta_desde_QuickBooks_Data_64_Bit_QRemote[[#This Row],[SalesOrderLineItemRefFullName]],Hoja1!A:E,5,FALSE),\"\")*-Tabla_Consulta_desde_QuickBooks_Data_64_Bit_QRemote[[#This Row],[SalesOrderLineAmount]],\"\")","v":""},{"$f":"IF(COUNTIF(wms!E:E,Tabla_Consulta_desde_QuickBooks_Data_64_Bit_QRemote[[#This Row],[RefNumber]])>0,\"OK\",\"FALTA\")","v":"OK"}]
["2025-06-02","29085","ANCAHESPORTBAR S.A.","SPORT PLANET GYE",5,null,"INFOADICIONAL","SPORT PLANET GYE",null,null,null,0,0,null,0,74.56,85.74,"IVA EN VENTAS 15%",{"$f":"IFERROR(IF(Tabla_Consulta_desde_QuickBooks_Data_64_Bit_QRemote[[#This Row],[SalesOrderLineUnitOfMeasure]]=\"un\",Tabla_Consulta_desde_QuickBooks_Data_64_Bit_QRemote[[#This Row],[SalesOrderLineQuantity]],Tabla_Consulta_desde_QuickBooks_Data_64_Bit_QRemote[[#This Row],[SalesOrderLineQuantity]]/MID(Tabla_Consulta_desde_QuickBooks_Data_64_Bit_QRemote[[#This Row],[SalesOrderLineUnitOfMeasure]],2,2)),0)","v":0},{"$f":"IFERROR(IF(Tabla_Consulta_desde_QuickBooks_Data_64_Bit_QRemote[[#This Row],[SalesOrderLineUnitOfMeasure]]=\"un\",Tabla_Consulta_desde_QuickBooks_Data_64_Bit_QRemote[[#This Row],[SalesOrderLineInvoiced]],Tabla_Consulta_desde_QuickBooks_Data_64_Bit_QRemote[[#This Row],[SalesOrderLineInvoiced]]/MID(Tabla_Consulta_desde_QuickBooks_Data_64_Bit_QRemote[[#This Row],[SalesOrderLineUnitOfMeasure]],2,2)),0)","v":0},{"$f":"+Tabla_Consulta_desde_QuickBooks_Data_64_Bit_QRemote[[#This Row],[facturado]]-Tabla_Consulta_desde_QuickBooks_Data_64_Bit_QRemote[[#This Row],[pide]]","v":0},{"$f":"IF(Tabla_Consulta_desde_QuickBooks_Data_64_Bit_QRemote[[#This Row],[diferecia]]=0,\"ok\",\"diferen\")","v":"ok"},{"$f":"IFERROR(INDEX(um!A:C,MATCH(Tabla_Consulta_desde_QuickBooks_Data_64_Bit_QRemote[[#This Row],[SalesOrderLineItemRefFullName]],um!A:A,0),3),\"\")","v":""},{"$f":"IFERROR(IF(OR(Tabla_Consulta_desde_QuickBooks_Data_64_Bit_QRemote[[#This Row],[SalesOrderLineUnitOfMeasure]]=\"UN\",Tabla_Consulta_desde_QuickBooks_Data_64_Bit_QRemote[[#This Row],[SalesOrderLineUnitOfMeasure]]=Tabla_Consulta_desde_QuickBooks_Data_64_Bit_QRemote[[#This Row],[U/M]]),\"\",\"ERROR\"),\"\")","v":""},{"$f":"+WEEKNUM(Tabla_Consulta_desde_QuickBooks_Data_64_Bit_QRemote[[#This Row],[TxnDate]])","v":23},{"$f":"+Tabla_Consulta_desde_QuickBooks_Data_64_Bit_QRemote[[#This Row],[SalesOrderLineRate]]*Tabla_Consulta_desde_QuickBooks_Data_64_Bit_QRemote[[#This Row],[SalesOrderLineInvoiced]]","v":0},{"$f":"+IFERROR(IF(Tabla_Consulta_desde_QuickBooks_Data_64_Bit_QRemote[[#This Row],[CustomerRefFullName]]=\"GRUVALCORP SA\",VLOOKUP(Tabla_Consulta_desde_QuickBooks_Data_64_Bit_QRemote[[#This Row],[SalesOrderLineItemRefFullName]],Hoja1!A:E,5,FALSE),\"\")*-Tabla_Consulta_desde_QuickBooks_Data_64_Bit_QRemote[[#This Row],[SalesOrderLineAmount]],\"\")","v":""},{"$f":"IF(COUNTIF(wms!E:E,Tabla_Consulta_desde_QuickBooks_Data_64_Bit_QRemote[[#This Row],[RefNumber]])>0,\"OK\",\"FALTA\")","v":"OK"}]
["2025-06-02","29086","CORPORACION FERNANDEZ CORPFERNANDEZ S.A.","LOCAL 23 Y LA Q",1,"7862112520301","P.T:110700","CHIMICHURRI OLE 230G","Bodega Producto Terminado",12,"X12",2.35,28.2,"UNIDAD SALSA",0,108.84,125.17,"IVA EN VENTAS 15%",{"$f":"IFERROR(IF(Tabla_Consulta_desde_QuickBooks_Data_64_Bit_QRemote[[#This Row],[SalesOrderLineUnitOfMeasure]]=\"un\",Tabla_Consulta_desde_QuickBooks_Data_64_Bit_QRemote[[#This Row],[SalesOrderLineQuantity]],Tabla_Consulta_desde_QuickBooks_Data_64_Bit_QRemote[[#This Row],[SalesOrderLineQuantity]]/MID(Tabla_Consulta_desde_QuickBooks_Data_64_Bit_QRemote[[#This Row],[SalesOrderLineUnitOfMeasure]],2,2)),0)","v":1},{"$f":"IFERROR(IF(Tabla_Consulta_desde_QuickBooks_Data_64_Bit_QRemote[[#This Row],[SalesOrderLineUnitOfMeasure]]=\"un\",Tabla_Consulta_desde_QuickBooks_Data_64_Bit_QRemote[[#This Row],[SalesOrderLineInvoiced]],Tabla_Consulta_desde_QuickBooks_Data_64_Bit_QRemote[[#This Row],[SalesOrderLineInvoiced]]/MID(Tabla_Consulta_desde_QuickBooks_Data_64_Bit_QRemote[[#This Row],[SalesOrderLineUnitOfMeasure]],2,2)),0)","v":0},{"$f":"+Tabla_Consulta_desde_QuickBooks_Data_64_Bit_QRemote[[#This Row],[facturado]]-Tabla_Consulta_desde_QuickBooks_Data_64_Bit_QRemote[[#This Row],[pide]]","v":-1},{"$f":"IF(Tabla_Consulta_desde_QuickBooks_Data_64_Bit_QRemote[[#This Row],[diferecia]]=0,\"ok\",\"diferen\")","v":"diferen"},{"$f":"IFERROR(INDEX(um!A:C,MATCH(Tabla_Consulta_desde_QuickBooks_Data_64_Bit_QRemote[[#This Row],[SalesOrderLineItemRefFullName]],um!A:A,0),3),\"\")","v":"X12"},{"$f":"IFERROR(IF(OR(Tabla_Consulta_desde_QuickBooks_Data_64_Bit_QRemote[[#This Row],[SalesOrderLineUnitOfMeasure]]=\"UN\",Tabla_Consulta_desde_QuickBooks_Data_64_Bit_QRemote[[#This Row],[SalesOrderLineUnitOfMeasure]]=Tabla_Consulta_desde_QuickBooks_Data_64_Bit_QRemote[[#This Row],[U/M]]),\"\",\"ERROR\"),\"\")","v":""},{"$f":"+WEEKNUM(Tabla_Consulta_desde_QuickBooks_Data_64_Bit_QRemote[[#This Row],[TxnDate]])","v":23},{"$f":"+Tabla_Consulta_desde_QuickBooks_Data_64_Bit_QRemote[[#This Row],[SalesOrderLineRate]]*Tabla_Consulta_desde_QuickBooks_Data_64_Bit_QRemote[[#This Row],[SalesOrderLineInvoiced]]","v":0},{"$f":"+IFERROR(IF(Tabla_Consulta_desde_QuickBooks_Data_64_Bit_QRemote[[#This Row],[CustomerRefFullName]]=\"GRUVALCORP SA\",VLOOKUP(Tabla_Consulta_desde_QuickBooks_Data_64_Bit_QRemote[[#This Row],[SalesOrderLineItemRefFullName]],Hoja1!A:E,5,FALSE),\"\")*-Tabla_Consulta_desde_QuickBooks_Data_64_Bit_QRemote[[#This Row],[SalesOrderLineAmount]],\"\")","v":""},{"$f":"IF(COUNTIF(wms!E:E,Tabla_Consulta_desde_QuickBooks_Data_64_Bit_QRemote[[#This Row],[RefNumber]])>0,\"OK\",\"FALTA\")","v":"OK"}]
["2025-06-02","29086","CORPORACION FERNANDEZ CORPFERNANDEZ S.A.","LOCAL 23 Y LA Q",2,"7862112522626","P.T:110701","CHIMICHURRI ESTILO ARGENTINO OLE 380G","Bodega Producto Terminado",12,"X12",3.03,36.36,"UNIDAD SALSA",0,108.84,125.17,"IVA EN VENTAS 15%",{"$f":"IFERROR(IF(Tabla_Consulta_desde_QuickBooks_Data_64_Bit_QRemote[[#This Row],[SalesOrderLineUnitOfMeasure]]=\"un\",Tabla_Consulta_desde_QuickBooks_Data_64_Bit_QRemote[[#This Row],[SalesOrderLineQuantity]],Tabla_Consulta_desde_QuickBooks_Data_64_Bit_QRemote[[#This Row],[SalesOrderLineQuantity]]/MID(Tabla_Consulta_desde_QuickBooks_Data_64_Bit_QRemote[[#This Row],[SalesOrderLineUnitOfMeasure]],2,2)),0)","v":1},{"$f":"IFERROR(IF(Tabla_Consulta_desde_QuickBooks_Data_64_Bit_QRemote[[#This Row],[SalesOrderLineUnitOfMeasure]]=\"un\",Tabla_Consulta_desde_QuickBooks_Data_64_Bit_QRemote[[#This Row],[SalesOrderLineInvoiced]],Tabla_Consulta_desde_QuickBooks_Data_64_Bit_QRemote[[#This Row],[SalesOrderLineInvoiced]]/MID(Tabla_Consulta_desde_QuickBooks_Data_64_Bit_QRemote[[#This Row],[SalesOrderLineUnitOfMeasure]],2,2)),0)","v":0},{"$f":"+Tabla_Consulta_desde_QuickBooks_Data_64_Bit_QRemote[[#This Row],[facturado]]-Tabla_Consulta_desde_QuickBooks_Data_64_Bit_QRemote[[#This Row],[pide]]","v":-1},{"$f":"IF(Tabla_Consulta_desde_QuickBooks_Data_64_Bit_QRemote[[#This Row],[diferecia]]=0,\"ok\",\"diferen\")","v":"diferen"},{"$f":"IFERROR(INDEX(um!A:C,MATCH(Tabla_Consulta_desde_QuickBooks_Data_64_Bit_QRemote[[#This Row],[SalesOrderLineItemRefFullName]],um!A:A,0),3),\"\")","v":"X12"},{"$f":"IFERROR(IF(OR(Tabla_Consulta_desde_QuickBooks_Data_64_Bit_QRemote[[#This Row],[SalesOrderLineUnitOfMeasure]]=\"UN\",Tabla_Consulta_desde_QuickBooks_Data_64_Bit_QRemote[[#This Row],[SalesOrderLineUnitOfMeasure]]=Tabla_Consulta_desde_QuickBooks_Data_64_Bit_QRemote[[#This Row],[U/M]]),\"\",\"ERROR\"),\"\")","v":""},{"$f":"+WEEKNUM(Tabla_Consulta_desde_QuickBooks_Data_64_Bit_QRemote[[#This Row],[TxnDate]])","v":23},{"$f":"+Tabla_Consulta_desde_QuickBooks_Data_64_Bit_QRemote[[#This Row],[SalesOrderLineRate]]*Tabla_Consulta_desde_QuickBooks_Data_64_Bit_QRemote[[#This Row],[SalesOrderLineInvoiced]]","v":0},{"$f":"+IFERROR(IF(Tabla_Consulta_desde_QuickBooks_Data_64_Bit_QRemote[[#This Row],[CustomerRefFullName]]=\"GRUVALCORP SA\",VLOOKUP(Tabla_Consulta_desde_QuickBooks_Data_64_Bit_QRemote[[#This Row],[SalesOrderLineItemRefFullName]],Hoja1!A:E,5,FALSE),\"\")*-Tabla_Consulta_desde_QuickBooks_Data_64_Bit_QRemote[[#This Row],[SalesOrderLineAmount]],\"\")","v":""},{"$f":"IF(COUNTIF(wms!E:E,Tabla_Consulta_desde_QuickBooks_Data_64_Bit_QRemote[[#This Row],[RefNumber]])>0,\"OK\",\"FALTA\")","v":"OK"}]
["2025-06-02","29086","CORPORACION FERNANDEZ CORPFERNANDEZ S.A.","LOCAL 23 Y LA Q",3,"7862112522992","P.T:110300","SALSA BBQ PICANTE OLE 200G","Bodega Producto Terminado",12,"X12",0.72,8.64,"UNIDAD SALSA",0,108.84,125.17,"IVA EN VENTAS 15%",{"$f":"IFERROR(IF(Tabla_Consulta_desde_QuickBooks_Data_64_Bit_QRemote[[#This Row],[SalesOrderLineUnitOfMeasure]]=\"un\",Tabla_Consulta_desde_QuickBooks_Data_64_Bit_QRemote[[#This Row],[SalesOrderLineQuantity]],Tabla_Consulta_desde_QuickBooks_Data_64_Bit_QRemote[[#This Row],[SalesOrderLineQuantity]]/MID(Tabla_Consulta_desde_QuickBooks_Data_64_Bit_QRemote[[#This Row],[SalesOrderLineUnitOfMeasure]],2,2)),0)","v":1},{"$f":"IFERROR(IF(Tabla_Consulta_desde_QuickBooks_Data_64_Bit_QRemote[[#This Row],[SalesOrderLineUnitOfMeasure]]=\"un\",Tabla_Consulta_desde_QuickBooks_Data_64_Bit_QRemote[[#This Row],[SalesOrderLineInvoiced]],Tabla_Consulta_desde_QuickBooks_Data_64_Bit_QRemote[[#This Row],[SalesOrderLineInvoiced]]/MID(Tabla_Consulta_desde_QuickBooks_Data_64_Bit_QRemote[[#This Row],[SalesOrderLineUnitOfMeasure]],2,2)),0)","v":0},{"$f":"+Tabla_Consulta_desde_QuickBooks_Data_64_Bit_QRemote[[#This Row],[facturado]]-Tabla_Consulta_desde_QuickBooks_Data_64_Bit_QRemote[[#This Row],[pide]]","v":-1},{"$f":"IF(Tabla_Consulta_desde_QuickBooks_Data_64_Bit_QRemote[[#This Row],[diferecia]]=0,\"ok\",\"diferen\")","v":"diferen"},{"$f":"IFERROR(INDEX(um!A:C,MATCH(Tabla_Consulta_desde_QuickBooks_Data_64_Bit_QRemote[[#This Row],[SalesOrderLineItemRefFullName]],um!A:A,0),3),\"\")","v":"X12"},{"$f":"IFERROR(IF(OR(Tabla_Consulta_desde_QuickBooks_Data_64_Bit_QRemote[[#This Row],[SalesOrderLineUnitOfMeasure]]=\"UN\",Tabla_Consulta_desde_QuickBooks_Data_64_Bit_QRemote[[#This Row],[SalesOrderLineUnitOfMeasure]]=Tabla_Consulta_desde_QuickBooks_Data_64_Bit_QRemote[[#This Row],[U/M]]),\"\",\"ERROR\"),\"\")","v":""},{"$f":"+WEEKNUM(Tabla_Consulta_desde_QuickBooks_Data_64_Bit_QRemote[[#This Row],[TxnDate]])","v":23},{"$f":"+Tabla_Consulta_desde_QuickBooks_Data_64_Bit_QRemote[[#This Row],[SalesOrderLineRate]]*Tabla_Consulta_desde_QuickBooks_Data_64_Bit_QRemote[[#This Row],[SalesOrderLineInvoiced]]","v":0},{"$f":"+IFERROR(IF(Tabla_Consulta_desde_QuickBooks_Data_64_Bit_QRemote[[#This Row],[CustomerRefFullName]]=\"GRUVALCORP SA\",VLOOKUP(Tabla_Consulta_desde_QuickBooks_Data_64_Bit_QRemote[[#This Row],[SalesOrderLineItemRefFullName]],Hoja1!A:E,5,FALSE),\"\")*-Tabla_Consulta_desde_QuickBooks_Data_64_Bit_QRemote[[#This Row],[SalesOrderLineAmount]],\"\")","v":""},{"$f":"IF(COUNTIF(wms!E:E,Tabla_Consulta_desde_QuickBooks_Data_64_Bit_QRemote[[#This Row],[RefNumber]])>0,\"OK\",\"FALTA\")","v":"OK"}]
["2025-06-02","29086","CORPORACION FERNANDEZ CORPFERNANDEZ S.A.","LOCAL 23 Y LA Q",4,"7862112521599","P.T:110214","SALSA AJÍ MANABA OLE 300G","Bodega Producto Terminado",12,"X12",2.19,26.28,"UNIDAD SALSA",0,108.84,125.17,"IVA EN VENTAS 15%",{"$f":"IFERROR(IF(Tabla_Consulta_desde_QuickBooks_Data_64_Bit_QRemote[[#This Row],[SalesOrderLineUnitOfMeasure]]=\"un\",Tabla_Consulta_desde_QuickBooks_Data_64_Bit_QRemote[[#This Row],[SalesOrderLineQuantity]],Tabla_Consulta_desde_QuickBooks_Data_64_Bit_QRemote[[#This Row],[SalesOrderLineQuantity]]/MID(Tabla_Consulta_desde_QuickBooks_Data_64_Bit_QRemote[[#This Row],[SalesOrderLineUnitOfMeasure]],2,2)),0)","v":1},{"$f":"IFERROR(IF(Tabla_Consulta_desde_QuickBooks_Data_64_Bit_QRemote[[#This Row],[SalesOrderLineUnitOfMeasure]]=\"un\",Tabla_Consulta_desde_QuickBooks_Data_64_Bit_QRemote[[#This Row],[SalesOrderLineInvoiced]],Tabla_Consulta_desde_QuickBooks_Data_64_Bit_QRemote[[#This Row],[SalesOrderLineInvoiced]]/MID(Tabla_Consulta_desde_QuickBooks_Data_64_Bit_QRemote[[#This Row],[SalesOrderLineUnitOfMeasure]],2,2)),0)","v":0},{"$f":"+Tabla_Consulta_desde_QuickBooks_Data_64_Bit_QRemote[[#This Row],[facturado]]-Tabla_Consulta_desde_QuickBooks_Data_64_Bit_QRemote[[#This Row],[pide]]","v":-1},{"$f":"IF(Tabla_Consulta_desde_QuickBooks_Data_64_Bit_QRemote[[#This Row],[diferecia]]=0,\"ok\",\"diferen\")","v":"diferen"},{"$f":"IFERROR(INDEX(um!A:C,MATCH(Tabla_Consulta_desde_QuickBooks_Data_64_Bit_QRemote[[#This Row],[SalesOrderLineItemRefFullName]],um!A:A,0),3),\"\")","v":"X12"},{"$f":"IFERROR(IF(OR(Tabla_Consulta_desde_QuickBooks_Data_64_Bit_QRemote[[#This Row],[SalesOrderLineUnitOfMeasure]]=\"UN\",Tabla_Consulta_desde_QuickBooks_Data_64_Bit_QRemote[[#This Row],[SalesOrderLineUnitOfMeasure]]=Tabla_Consulta_desde_QuickBooks_Data_64_Bit_QRemote[[#This Row],[U/M]]),\"\",\"ERROR\"),\"\")","v":""},{"$f":"+WEEKNUM(Tabla_Consulta_desde_QuickBooks_Data_64_Bit_QRemote[[#This Row],[TxnDate]])","v":23},{"$f":"+Tabla_Consulta_desde_QuickBooks_Data_64_Bit_QRemote[[#This Row],[SalesOrderLineRate]]*Tabla_Consulta_desde_QuickBooks_Data_64_Bit_QRemote[[#This Row],[SalesOrderLineInvoiced]]","v":0},{"$f":"+IFERROR(IF(Tabla_Consulta_desde_QuickBooks_Data_64_Bit_QRemote[[#This Row],[CustomerRefFullName]]=\"GRUVALCORP SA\",VLOOKUP(Tabla_Consulta_desde_QuickBooks_Data_64_Bit_QRemote[[#This Row],[SalesOrderLineItemRefFullName]],Hoja1!A:E,5,FALSE),\"\")*-Tabla_Consulta_desde_QuickBooks_Data_64_Bit_QRemote[[#This Row],[SalesOrderLineAmount]],\"\")","v":""},{"$f":"IF(COUNTIF(wms!E:E,Tabla_Consulta_desde_QuickBooks_Data_64_Bit_QRemote[[#This Row],[RefNumber]])>0,\"OK\",\"FALTA\")","v":"OK"}]
["2025-06-02","29086","CORPORACION FERNANDEZ CORPFERNANDEZ S.A.","LOCAL 23 Y LA Q",5,"7862112522497","P.T:110801","SALSA BBQ ORIGINAL OLE DP 200G","Bodega Producto Terminado",12,"X12",0.78,9.36,"UNIDAD SALSA",0,108.84,125.17,"IVA EN VENTAS 15%",{"$f":"IFERROR(IF(Tabla_Consulta_desde_QuickBooks_Data_64_Bit_QRemote[[#This Row],[SalesOrderLineUnitOfMeasure]]=\"un\",Tabla_Consulta_desde_QuickBooks_Data_64_Bit_QRemote[[#This Row],[SalesOrderLineQuantity]],Tabla_Consulta_desde_QuickBooks_Data_64_Bit_QRemote[[#This Row],[SalesOrderLineQuantity]]/MID(Tabla_Consulta_desde_QuickBooks_Data_64_Bit_QRemote[[#This Row],[SalesOrderLineUnitOfMeasure]],2,2)),0)","v":1},{"$f":"IFERROR(IF(Tabla_Consulta_desde_QuickBooks_Data_64_Bit_QRemote[[#This Row],[SalesOrderLineUnitOfMeasure]]=\"un\",Tabla_Consulta_desde_QuickBooks_Data_64_Bit_QRemote[[#This Row],[SalesOrderLineInvoiced]],Tabla_Consulta_desde_QuickBooks_Data_64_Bit_QRemote[[#This Row],[SalesOrderLineInvoiced]]/MID(Tabla_Consulta_desde_QuickBooks_Data_64_Bit_QRemote[[#This Row],[SalesOrderLineUnitOfMeasure]],2,2)),0)","v":0},{"$f":"+Tabla_Consulta_desde_QuickBooks_Data_64_Bit_QRemote[[#This Row],[facturado]]-Tabla_Consulta_desde_QuickBooks_Data_64_Bit_QRemote[[#This Row],[pide]]","v":-1},{"$f":"IF(Tabla_Consulta_desde_QuickBooks_Data_64_Bit_QRemote[[#This Row],[diferecia]]=0,\"ok\",\"diferen\")","v":"diferen"},{"$f":"IFERROR(INDEX(um!A:C,MATCH(Tabla_Consulta_desde_QuickBooks_Data_64_Bit_QRemote[[#This Row],[SalesOrderLineItemRefFullName]],um!A:A,0),3),\"\")","v":"X12"},{"$f":"IFERROR(IF(OR(Tabla_Consulta_desde_QuickBooks_Data_64_Bit_QRemote[[#This Row],[SalesOrderLineUnitOfMeasure]]=\"UN\",Tabla_Consulta_desde_QuickBooks_Data_64_Bit_QRemote[[#This Row],[SalesOrderLineUnitOfMeasure]]=Tabla_Consulta_desde_QuickBooks_Data_64_Bit_QRemote[[#This Row],[U/M]]),\"\",\"ERROR\"),\"\")","v":""},{"$f":"+WEEKNUM(Tabla_Consulta_desde_QuickBooks_Data_64_Bit_QRemote[[#This Row],[TxnDate]])","v":23},{"$f":"+Tabla_Consulta_desde_QuickBooks_Data_64_Bit_QRemote[[#This Row],[SalesOrderLineRate]]*Tabla_Consulta_desde_QuickBooks_Data_64_Bit_QRemote[[#This Row],[SalesOrderLineInvoiced]]","v":0},{"$f":"+IFERROR(IF(Tabla_Consulta_desde_QuickBooks_Data_64_Bit_QRemote[[#This Row],[CustomerRefFullName]]=\"GRUVALCORP SA\",VLOOKUP(Tabla_Consulta_desde_QuickBooks_Data_64_Bit_QRemote[[#This Row],[SalesOrderLineItemRefFullName]],Hoja1!A:E,5,FALSE),\"\")*-Tabla_Consulta_desde_QuickBooks_Data_64_Bit_QRemote[[#This Row],[SalesOrderLineAmount]],\"\")","v":""},{"$f":"IF(COUNTIF(wms!E:E,Tabla_Consulta_desde_QuickBooks_Data_64_Bit_QRemote[[#This Row],[RefNumber]])>0,\"OK\",\"FALTA\")","v":"OK"}]
["2025-06-02","29086","CORPORACION FERNANDEZ CORPFERNANDEZ S.A.","LOCAL 23 Y LA Q",6,null,"INFOADICIONAL","LOCAL 23 Y LA Q",null,null,null,0,0,null,0,108.84,125.17,"IVA EN VENTAS 15%",{"$f":"IFERROR(IF(Tabla_Consulta_desde_QuickBooks_Data_64_Bit_QRemote[[#This Row],[SalesOrderLineUnitOfMeasure]]=\"un\",Tabla_Consulta_desde_QuickBooks_Data_64_Bit_QRemote[[#This Row],[SalesOrderLineQuantity]],Tabla_Consulta_desde_QuickBooks_Data_64_Bit_QRemote[[#This Row],[SalesOrderLineQuantity]]/MID(Tabla_Consulta_desde_QuickBooks_Data_64_Bit_QRemote[[#This Row],[SalesOrderLineUnitOfMeasure]],2,2)),0)","v":0},{"$f":"IFERROR(IF(Tabla_Consulta_desde_QuickBooks_Data_64_Bit_QRemote[[#This Row],[SalesOrderLineUnitOfMeasure]]=\"un\",Tabla_Consulta_desde_QuickBooks_Data_64_Bit_QRemote[[#This Row],[SalesOrderLineInvoiced]],Tabla_Consulta_desde_QuickBooks_Data_64_Bit_QRemote[[#This Row],[SalesOrderLineInvoiced]]/MID(Tabla_Consulta_desde_QuickBooks_Data_64_Bit_QRemote[[#This Row],[SalesOrderLineUnitOfMeasure]],2,2)),0)","v":0},{"$f":"+Tabla_Consulta_desde_QuickBooks_Data_64_Bit_QRemote[[#This Row],[facturado]]-Tabla_Consulta_desde_QuickBooks_Data_64_Bit_QRemote[[#This Row],[pide]]","v":0},{"$f":"IF(Tabla_Consulta_desde_QuickBooks_Data_64_Bit_QRemote[[#This Row],[diferecia]]=0,\"ok\",\"diferen\")","v":"ok"},{"$f":"IFERROR(INDEX(um!A:C,MATCH(Tabla_Consulta_desde_QuickBooks_Data_64_Bit_QRemote[[#This Row],[SalesOrderLineItemRefFullName]],um!A:A,0),3),\"\")","v":""},{"$f":"IFERROR(IF(OR(Tabla_Consulta_desde_QuickBooks_Data_64_Bit_QRemote[[#This Row],[SalesOrderLineUnitOfMeasure]]=\"UN\",Tabla_Consulta_desde_QuickBooks_Data_64_Bit_QRemote[[#This Row],[SalesOrderLineUnitOfMeasure]]=Tabla_Consulta_desde_QuickBooks_Data_64_Bit_QRemote[[#This Row],[U/M]]),\"\",\"ERROR\"),\"\")","v":""},{"$f":"+WEEKNUM(Tabla_Consulta_desde_QuickBooks_Data_64_Bit_QRemote[[#This Row],[TxnDate]])","v":23},{"$f":"+Tabla_Consulta_desde_QuickBooks_Data_64_Bit_QRemote[[#This Row],[SalesOrderLineRate]]*Tabla_Consulta_desde_QuickBooks_Data_64_Bit_QRemote[[#This Row],[SalesOrderLineInvoiced]]","v":0},{"$f":"+IFERROR(IF(Tabla_Consulta_desde_QuickBooks_Data_64_Bit_QRemote[[#This Row],[CustomerRefFullName]]=\"GRUVALCORP SA\",VLOOKUP(Tabla_Consulta_desde_QuickBooks_Data_64_Bit_QRemote[[#This Row],[SalesOrderLineItemRefFullName]],Hoja1!A:E,5,FALSE),\"\")*-Tabla_Consulta_desde_QuickBooks_Data_64_Bit_QRemote[[#This Row],[SalesOrderLineAmount]],\"\")","v":""},{"$f":"IF(COUNTIF(wms!E:E,Tabla_Consulta_desde_QuickBooks_Data_64_Bit_QRemote[[#This Row],[RefNumber]])>0,\"OK\",\"FALTA\")","v":"OK"}]
["2025-06-02","29087","CORPORACION FERNANDEZ CORPFERNANDEZ S.A.","LOCAL BUENA VISTA",1,"7862112522626","P.T:110701","CHIMICHURRI ESTILO ARGENTINO OLE 380G","Bodega Producto Terminado",5,"UN",3.03,15.15,"UNIDAD SALSA",0,58.65,67.45,"IVA EN VENTAS 15%",{"$f":"IFERROR(IF(Tabla_Consulta_desde_QuickBooks_Data_64_Bit_QRemote[[#This Row],[SalesOrderLineUnitOfMeasure]]=\"un\",Tabla_Consulta_desde_QuickBooks_Data_64_Bit_QRemote[[#This Row],[SalesOrderLineQuantity]],Tabla_Consulta_desde_QuickBooks_Data_64_Bit_QRemote[[#This Row],[SalesOrderLineQuantity]]/MID(Tabla_Consulta_desde_QuickBooks_Data_64_Bit_QRemote[[#This Row],[SalesOrderLineUnitOfMeasure]],2,2)),0)","v":5},{"$f":"IFERROR(IF(Tabla_Consulta_desde_QuickBooks_Data_64_Bit_QRemote[[#This Row],[SalesOrderLineUnitOfMeasure]]=\"un\",Tabla_Consulta_desde_QuickBooks_Data_64_Bit_QRemote[[#This Row],[SalesOrderLineInvoiced]],Tabla_Consulta_desde_QuickBooks_Data_64_Bit_QRemote[[#This Row],[SalesOrderLineInvoiced]]/MID(Tabla_Consulta_desde_QuickBooks_Data_64_Bit_QRemote[[#This Row],[SalesOrderLineUnitOfMeasure]],2,2)),0)","v":0},{"$f":"+Tabla_Consulta_desde_QuickBooks_Data_64_Bit_QRemote[[#This Row],[facturado]]-Tabla_Consulta_desde_QuickBooks_Data_64_Bit_QRemote[[#This Row],[pide]]","v":-5},{"$f":"IF(Tabla_Consulta_desde_QuickBooks_Data_64_Bit_QRemote[[#This Row],[diferecia]]=0,\"ok\",\"diferen\")","v":"diferen"},{"$f":"IFERROR(INDEX(um!A:C,MATCH(Tabla_Consulta_desde_QuickBooks_Data_64_Bit_QRemote[[#This Row],[SalesOrderLineItemRefFullName]],um!A:A,0),3),\"\")","v":"X12"},{"$f":"IFERROR(IF(OR(Tabla_Consulta_desde_QuickBooks_Data_64_Bit_QRemote[[#This Row],[SalesOrderLineUnitOfMeasure]]=\"UN\",Tabla_Consulta_desde_QuickBooks_Data_64_Bit_QRemote[[#This Row],[SalesOrderLineUnitOfMeasure]]=Tabla_Consulta_desde_QuickBooks_Data_64_Bit_QRemote[[#This Row],[U/M]]),\"\",\"ERROR\"),\"\")","v":""},{"$f":"+WEEKNUM(Tabla_Consulta_desde_QuickBooks_Data_64_Bit_QRemote[[#This Row],[TxnDate]])","v":23},{"$f":"+Tabla_Consulta_desde_QuickBooks_Data_64_Bit_QRemote[[#This Row],[SalesOrderLineRate]]*Tabla_Consulta_desde_QuickBooks_Data_64_Bit_QRemote[[#This Row],[SalesOrderLineInvoiced]]","v":0},{"$f":"+IFERROR(IF(Tabla_Consulta_desde_QuickBooks_Data_64_Bit_QRemote[[#This Row],[CustomerRefFullName]]=\"GRUVALCORP SA\",VLOOKUP(Tabla_Consulta_desde_QuickBooks_Data_64_Bit_QRemote[[#This Row],[SalesOrderLineItemRefFullName]],Hoja1!A:E,5,FALSE),\"\")*-Tabla_Consulta_desde_QuickBooks_Data_64_Bit_QRemote[[#This Row],[SalesOrderLineAmount]],\"\")","v":""},{"$f":"IF(COUNTIF(wms!E:E,Tabla_Consulta_desde_QuickBooks_Data_64_Bit_QRemote[[#This Row],[RefNumber]])>0,\"OK\",\"FALTA\")","v":"OK"}]
["2025-06-02","29087","CORPORACION FERNANDEZ CORPFERNANDEZ S.A.","LOCAL BUENA VISTA",2,"7862112522244","P.T:110736","TERIYAKI SALSA ASIATICA OLE 300G","Bodega Producto Terminado",5,"UN",2.48,12.4,"UNIDAD SALSA",0,58.65,67.45,"IVA EN VENTAS 15%",{"$f":"IFERROR(IF(Tabla_Consulta_desde_QuickBooks_Data_64_Bit_QRemote[[#This Row],[SalesOrderLineUnitOfMeasure]]=\"un\",Tabla_Consulta_desde_QuickBooks_Data_64_Bit_QRemote[[#This Row],[SalesOrderLineQuantity]],Tabla_Consulta_desde_QuickBooks_Data_64_Bit_QRemote[[#This Row],[SalesOrderLineQuantity]]/MID(Tabla_Consulta_desde_QuickBooks_Data_64_Bit_QRemote[[#This Row],[SalesOrderLineUnitOfMeasure]],2,2)),0)","v":5},{"$f":"IFERROR(IF(Tabla_Consulta_desde_QuickBooks_Data_64_Bit_QRemote[[#This Row],[SalesOrderLineUnitOfMeasure]]=\"un\",Tabla_Consulta_desde_QuickBooks_Data_64_Bit_QRemote[[#This Row],[SalesOrderLineInvoiced]],Tabla_Consulta_desde_QuickBooks_Data_64_Bit_QRemote[[#This Row],[SalesOrderLineInvoiced]]/MID(Tabla_Consulta_desde_QuickBooks_Data_64_Bit_QRemote[[#This Row],[SalesOrderLineUnitOfMeasure]],2,2)),0)","v":0},{"$f":"+Tabla_Consulta_desde_QuickBooks_Data_64_Bit_QRemote[[#This Row],[facturado]]-Tabla_Consulta_desde_QuickBooks_Data_64_Bit_QRemote[[#This Row],[pide]]","v":-5},{"$f":"IF(Tabla_Consulta_desde_QuickBooks_Data_64_Bit_QRemote[[#This Row],[diferecia]]=0,\"ok\",\"diferen\")","v":"diferen"},{"$f":"IFERROR(INDEX(um!A:C,MATCH(Tabla_Consulta_desde_QuickBooks_Data_64_Bit_QRemote[[#This Row],[SalesOrderLineItemRefFullName]],um!A:A,0),3),\"\")","v":"X12"},{"$f":"IFERROR(IF(OR(Tabla_Consulta_desde_QuickBooks_Data_64_Bit_QRemote[[#This Row],[SalesOrderLineUnitOfMeasure]]=\"UN\",Tabla_Consulta_desde_QuickBooks_Data_64_Bit_QRemote[[#This Row],[SalesOrderLineUnitOfMeasure]]=Tabla_Consulta_desde_QuickBooks_Data_64_Bit_QRemote[[#This Row],[U/M]]),\"\",\"ERROR\"),\"\")","v":""},{"$f":"+WEEKNUM(Tabla_Consulta_desde_QuickBooks_Data_64_Bit_QRemote[[#This Row],[TxnDate]])","v":23},{"$f":"+Tabla_Consulta_desde_QuickBooks_Data_64_Bit_QRemote[[#This Row],[SalesOrderLineRate]]*Tabla_Consulta_desde_QuickBooks_Data_64_Bit_QRemote[[#This Row],[SalesOrderLineInvoiced]]","v":0},{"$f":"+IFERROR(IF(Tabla_Consulta_desde_QuickBooks_Data_64_Bit_QRemote[[#This Row],[CustomerRefFullName]]=\"GRUVALCORP SA\",VLOOKUP(Tabla_Consulta_desde_QuickBooks_Data_64_Bit_QRemote[[#This Row],[SalesOrderLineItemRefFullName]],Hoja1!A:E,5,FALSE),\"\")*-Tabla_Consulta_desde_QuickBooks_Data_64_Bit_QRemote[[#This Row],[SalesOrderLineAmount]],\"\")","v":""},{"$f":"IF(COUNTIF(wms!E:E,Tabla_Consulta_desde_QuickBooks_Data_64_Bit_QRemote[[#This Row],[RefNumber]])>0,\"OK\",\"FALTA\")","v":"OK"}]
["2025-06-02","29087","CORPORACION FERNANDEZ CORPFERNANDEZ S.A.","LOCAL BUENA VISTA",3,"7862112521810","P.T:110303","SALSA BBQ ORIGINAL OLE 430G","Bodega Producto Terminado",5,"UN",1.78,8.9,"UNIDAD SALSA",0,58.65,67.45,"IVA EN VENTAS 15%",{"$f":"IFERROR(IF(Tabla_Consulta_desde_QuickBooks_Data_64_Bit_QRemote[[#This Row],[SalesOrderLineUnitOfMeasure]]=\"un\",Tabla_Consulta_desde_QuickBooks_Data_64_Bit_QRemote[[#This Row],[SalesOrderLineQuantity]],Tabla_Consulta_desde_QuickBooks_Data_64_Bit_QRemote[[#This Row],[SalesOrderLineQuantity]]/MID(Tabla_Consulta_desde_QuickBooks_Data_64_Bit_QRemote[[#This Row],[SalesOrderLineUnitOfMeasure]],2,2)),0)","v":5},{"$f":"IFERROR(IF(Tabla_Consulta_desde_QuickBooks_Data_64_Bit_QRemote[[#This Row],[SalesOrderLineUnitOfMeasure]]=\"un\",Tabla_Consulta_desde_QuickBooks_Data_64_Bit_QRemote[[#This Row],[SalesOrderLineInvoiced]],Tabla_Consulta_desde_QuickBooks_Data_64_Bit_QRemote[[#This Row],[SalesOrderLineInvoiced]]/MID(Tabla_Consulta_desde_QuickBooks_Data_64_Bit_QRemote[[#This Row],[SalesOrderLineUnitOfMeasure]],2,2)),0)","v":0},{"$f":"+Tabla_Consulta_desde_QuickBooks_Data_64_Bit_QRemote[[#This Row],[facturado]]-Tabla_Consulta_desde_QuickBooks_Data_64_Bit_QRemote[[#This Row],[pide]]","v":-5},{"$f":"IF(Tabla_Consulta_desde_QuickBooks_Data_64_Bit_QRemote[[#This Row],[diferecia]]=0,\"ok\",\"diferen\")","v":"diferen"},{"$f":"IFERROR(INDEX(um!A:C,MATCH(Tabla_Consulta_desde_QuickBooks_Data_64_Bit_QRemote[[#This Row],[SalesOrderLineItemRefFullName]],um!A:A,0),3),\"\")","v":"X12"},{"$f":"IFERROR(IF(OR(Tabla_Consulta_desde_QuickBooks_Data_64_Bit_QRemote[[#This Row],[SalesOrderLineUnitOfMeasure]]=\"UN\",Tabla_Consulta_desde_QuickBooks_Data_64_Bit_QRemote[[#This Row],[SalesOrderLineUnitOfMeasure]]=Tabla_Consulta_desde_QuickBooks_Data_64_Bit_QRemote[[#This Row],[U/M]]),\"\",\"ERROR\"),\"\")","v":""},{"$f":"+WEEKNUM(Tabla_Consulta_desde_QuickBooks_Data_64_Bit_QRemote[[#This Row],[TxnDate]])","v":23},{"$f":"+Tabla_Consulta_desde_QuickBooks_Data_64_Bit_QRemote[[#This Row],[SalesOrderLineRate]]*Tabla_Consulta_desde_QuickBooks_Data_64_Bit_QRemote[[#This Row],[SalesOrderLineInvoiced]]","v":0},{"$f":"+IFERROR(IF(Tabla_Consulta_desde_QuickBooks_Data_64_Bit_QRemote[[#This Row],[CustomerRefFullName]]=\"GRUVALCORP SA\",VLOOKUP(Tabla_Consulta_desde_QuickBooks_Data_64_Bit_QRemote[[#This Row],[SalesOrderLineItemRefFullName]],Hoja1!A:E,5,FALSE),\"\")*-Tabla_Consulta_desde_QuickBooks_Data_64_Bit_QRemote[[#This Row],[SalesOrderLineAmount]],\"\")","v":""},{"$f":"IF(COUNTIF(wms!E:E,Tabla_Consulta_desde_QuickBooks_Data_64_Bit_QRemote[[#This Row],[RefNumber]])>0,\"OK\",\"FALTA\")","v":"OK"}]
["2025-06-02","29087","CORPORACION FERNANDEZ CORPFERNANDEZ S.A.","LOCAL BUENA VISTA",4,"7862112523104","P.T:110804","SALSA CHAMOY OLE 275G","Bodega Producto Terminado",12,"X12",1.85,22.2,"UNIDAD SALSA",0,58.65,67.45,"IVA EN VENTAS 15%",{"$f":"IFERROR(IF(Tabla_Consulta_desde_QuickBooks_Data_64_Bit_QRemote[[#This Row],[SalesOrderLineUnitOfMeasure]]=\"un\",Tabla_Consulta_desde_QuickBooks_Data_64_Bit_QRemote[[#This Row],[SalesOrderLineQuantity]],Tabla_Consulta_desde_QuickBooks_Data_64_Bit_QRemote[[#This Row],[SalesOrderLineQuantity]]/MID(Tabla_Consulta_desde_QuickBooks_Data_64_Bit_QRemote[[#This Row],[SalesOrderLineUnitOfMeasure]],2,2)),0)","v":1},{"$f":"IFERROR(IF(Tabla_Consulta_desde_QuickBooks_Data_64_Bit_QRemote[[#This Row],[SalesOrderLineUnitOfMeasure]]=\"un\",Tabla_Consulta_desde_QuickBooks_Data_64_Bit_QRemote[[#This Row],[SalesOrderLineInvoiced]],Tabla_Consulta_desde_QuickBooks_Data_64_Bit_QRemote[[#This Row],[SalesOrderLineInvoiced]]/MID(Tabla_Consulta_desde_QuickBooks_Data_64_Bit_QRemote[[#This Row],[SalesOrderLineUnitOfMeasure]],2,2)),0)","v":0},{"$f":"+Tabla_Consulta_desde_QuickBooks_Data_64_Bit_QRemote[[#This Row],[facturado]]-Tabla_Consulta_desde_QuickBooks_Data_64_Bit_QRemote[[#This Row],[pide]]","v":-1},{"$f":"IF(Tabla_Consulta_desde_QuickBooks_Data_64_Bit_QRemote[[#This Row],[diferecia]]=0,\"ok\",\"diferen\")","v":"diferen"},{"$f":"IFERROR(INDEX(um!A:C,MATCH(Tabla_Consulta_desde_QuickBooks_Data_64_Bit_QRemote[[#This Row],[SalesOrderLineItemRefFullName]],um!A:A,0),3),\"\")","v":"X12"},{"$f":"IFERROR(IF(OR(Tabla_Consulta_desde_QuickBooks_Data_64_Bit_QRemote[[#This Row],[SalesOrderLineUnitOfMeasure]]=\"UN\",Tabla_Consulta_desde_QuickBooks_Data_64_Bit_QRemote[[#This Row],[SalesOrderLineUnitOfMeasure]]=Tabla_Consulta_desde_QuickBooks_Data_64_Bit_QRemote[[#This Row],[U/M]]),\"\",\"ERROR\"),\"\")","v":""},{"$f":"+WEEKNUM(Tabla_Consulta_desde_QuickBooks_Data_64_Bit_QRemote[[#This Row],[TxnDate]])","v":23},{"$f":"+Tabla_Consulta_desde_QuickBooks_Data_64_Bit_QRemote[[#This Row],[SalesOrderLineRate]]*Tabla_Consulta_desde_QuickBooks_Data_64_Bit_QRemote[[#This Row],[SalesOrderLineInvoiced]]","v":0},{"$f":"+IFERROR(IF(Tabla_Consulta_desde_QuickBooks_Data_64_Bit_QRemote[[#This Row],[CustomerRefFullName]]=\"GRUVALCORP SA\",VLOOKUP(Tabla_Consulta_desde_QuickBooks_Data_64_Bit_QRemote[[#This Row],[SalesOrderLineItemRefFullName]],Hoja1!A:E,5,FALSE),\"\")*-Tabla_Consulta_desde_QuickBooks_Data_64_Bit_QRemote[[#This Row],[SalesOrderLineAmount]],\"\")","v":""},{"$f":"IF(COUNTIF(wms!E:E,Tabla_Consulta_desde_QuickBooks_Data_64_Bit_QRemote[[#This Row],[RefNumber]])>0,\"OK\",\"FALTA\")","v":"OK"}]
["2025-06-02","29087","CORPORACION FERNANDEZ CORPFERNANDEZ S.A.","LOCAL BUENA VISTA",5,null,"INFOADICIONAL","LOCAL BUENA VISTA",null,null,null,0,0,null,0,58.65,67.45,"IVA EN VENTAS 15%",{"$f":"IFERROR(IF(Tabla_Consulta_desde_QuickBooks_Data_64_Bit_QRemote[[#This Row],[SalesOrderLineUnitOfMeasure]]=\"un\",Tabla_Consulta_desde_QuickBooks_Data_64_Bit_QRemote[[#This Row],[SalesOrderLineQuantity]],Tabla_Consulta_desde_QuickBooks_Data_64_Bit_QRemote[[#This Row],[SalesOrderLineQuantity]]/MID(Tabla_Consulta_desde_QuickBooks_Data_64_Bit_QRemote[[#This Row],[SalesOrderLineUnitOfMeasure]],2,2)),0)","v":0},{"$f":"IFERROR(IF(Tabla_Consulta_desde_QuickBooks_Data_64_Bit_QRemote[[#This Row],[SalesOrderLineUnitOfMeasure]]=\"un\",Tabla_Consulta_desde_QuickBooks_Data_64_Bit_QRemote[[#This Row],[SalesOrderLineInvoiced]],Tabla_Consulta_desde_QuickBooks_Data_64_Bit_QRemote[[#This Row],[SalesOrderLineInvoiced]]/MID(Tabla_Consulta_desde_QuickBooks_Data_64_Bit_QRemote[[#This Row],[SalesOrderLineUnitOfMeasure]],2,2)),0)","v":0},{"$f":"+Tabla_Consulta_desde_QuickBooks_Data_64_Bit_QRemote[[#This Row],[facturado]]-Tabla_Consulta_desde_QuickBooks_Data_64_Bit_QRemote[[#This Row],[pide]]","v":0},{"$f":"IF(Tabla_Consulta_desde_QuickBooks_Data_64_Bit_QRemote[[#This Row],[diferecia]]=0,\"ok\",\"diferen\")","v":"ok"},{"$f":"IFERROR(INDEX(um!A:C,MATCH(Tabla_Consulta_desde_QuickBooks_Data_64_Bit_QRemote[[#This Row],[SalesOrderLineItemRefFullName]],um!A:A,0),3),\"\")","v":""},{"$f":"IFERROR(IF(OR(Tabla_Consulta_desde_QuickBooks_Data_64_Bit_QRemote[[#This Row],[SalesOrderLineUnitOfMeasure]]=\"UN\",Tabla_Consulta_desde_QuickBooks_Data_64_Bit_QRemote[[#This Row],[SalesOrderLineUnitOfMeasure]]=Tabla_Consulta_desde_QuickBooks_Data_64_Bit_QRemote[[#This Row],[U/M]]),\"\",\"ERROR\"),\"\")","v":""},{"$f":"+WEEKNUM(Tabla_Consulta_desde_QuickBooks_Data_64_Bit_QRemote[[#This Row],[TxnDate]])","v":23},{"$f":"+Tabla_Consulta_desde_QuickBooks_Data_64_Bit_QRemote[[#This Row],[SalesOrderLineRate]]*Tabla_Consulta_desde_QuickBooks_Data_64_Bit_QRemote[[#This Row],[SalesOrderLineInvoiced]]","v":0},{"$f":"+IFERROR(IF(Tabla_Consulta_desde_QuickBooks_Data_64_Bit_QRemote[[#This Row],[CustomerRefFullName]]=\"GRUVALCORP SA\",VLOOKUP(Tabla_Consulta_desde_QuickBooks_Data_64_Bit_QRemote[[#This Row],[SalesOrderLineItemRefFullName]],Hoja1!A:E,5,FALSE),\"\")*-Tabla_Consulta_desde_QuickBooks_Data_64_Bit_QRemote[[#This Row],[SalesOrderLineAmount]],\"\")","v":""},{"$f":"IF(COUNTIF(wms!E:E,Tabla_Consulta_desde_QuickBooks_Data_64_Bit_QRemote[[#This Row],[RefNumber]])>0,\"OK\",\"FALTA\")","v":"OK"}]
["2025-06-02","29088","CORPORACION FERNANDEZ CORPFERNANDEZ S.A.","LOCAL CALIFORNIA",1,"7862112520301","P.T:110700","CHIMICHURRI OLE 230G","Bodega Producto Terminado",12,"X12",2.35,28.2,"UNIDAD SALSA",0,146.04,167.95,"IVA EN VENTAS 15%",{"$f":"IFERROR(IF(Tabla_Consulta_desde_QuickBooks_Data_64_Bit_QRemote[[#This Row],[SalesOrderLineUnitOfMeasure]]=\"un\",Tabla_Consulta_desde_QuickBooks_Data_64_Bit_QRemote[[#This Row],[SalesOrderLineQuantity]],Tabla_Consulta_desde_QuickBooks_Data_64_Bit_QRemote[[#This Row],[SalesOrderLineQuantity]]/MID(Tabla_Consulta_desde_QuickBooks_Data_64_Bit_QRemote[[#This Row],[SalesOrderLineUnitOfMeasure]],2,2)),0)","v":1},{"$f":"IFERROR(IF(Tabla_Consulta_desde_QuickBooks_Data_64_Bit_QRemote[[#This Row],[SalesOrderLineUnitOfMeasure]]=\"un\",Tabla_Consulta_desde_QuickBooks_Data_64_Bit_QRemote[[#This Row],[SalesOrderLineInvoiced]],Tabla_Consulta_desde_QuickBooks_Data_64_Bit_QRemote[[#This Row],[SalesOrderLineInvoiced]]/MID(Tabla_Consulta_desde_QuickBooks_Data_64_Bit_QRemote[[#This Row],[SalesOrderLineUnitOfMeasure]],2,2)),0)","v":0},{"$f":"+Tabla_Consulta_desde_QuickBooks_Data_64_Bit_QRemote[[#This Row],[facturado]]-Tabla_Consulta_desde_QuickBooks_Data_64_Bit_QRemote[[#This Row],[pide]]","v":-1},{"$f":"IF(Tabla_Consulta_desde_QuickBooks_Data_64_Bit_QRemote[[#This Row],[diferecia]]=0,\"ok\",\"diferen\")","v":"diferen"},{"$f":"IFERROR(INDEX(um!A:C,MATCH(Tabla_Consulta_desde_QuickBooks_Data_64_Bit_QRemote[[#This Row],[SalesOrderLineItemRefFullName]],um!A:A,0),3),\"\")","v":"X12"},{"$f":"IFERROR(IF(OR(Tabla_Consulta_desde_QuickBooks_Data_64_Bit_QRemote[[#This Row],[SalesOrderLineUnitOfMeasure]]=\"UN\",Tabla_Consulta_desde_QuickBooks_Data_64_Bit_QRemote[[#This Row],[SalesOrderLineUnitOfMeasure]]=Tabla_Consulta_desde_QuickBooks_Data_64_Bit_QRemote[[#This Row],[U/M]]),\"\",\"ERROR\"),\"\")","v":""},{"$f":"+WEEKNUM(Tabla_Consulta_desde_QuickBooks_Data_64_Bit_QRemote[[#This Row],[TxnDate]])","v":23},{"$f":"+Tabla_Consulta_desde_QuickBooks_Data_64_Bit_QRemote[[#This Row],[SalesOrderLineRate]]*Tabla_Consulta_desde_QuickBooks_Data_64_Bit_QRemote[[#This Row],[SalesOrderLineInvoiced]]","v":0},{"$f":"+IFERROR(IF(Tabla_Consulta_desde_QuickBooks_Data_64_Bit_QRemote[[#This Row],[CustomerRefFullName]]=\"GRUVALCORP SA\",VLOOKUP(Tabla_Consulta_desde_QuickBooks_Data_64_Bit_QRemote[[#This Row],[SalesOrderLineItemRefFullName]],Hoja1!A:E,5,FALSE),\"\")*-Tabla_Consulta_desde_QuickBooks_Data_64_Bit_QRemote[[#This Row],[SalesOrderLineAmount]],\"\")","v":""},{"$f":"IF(COUNTIF(wms!E:E,Tabla_Consulta_desde_QuickBooks_Data_64_Bit_QRemote[[#This Row],[RefNumber]])>0,\"OK\",\"FALTA\")","v":"OK"}]
["2025-06-02","29088","CORPORACION FERNANDEZ CORPFERNANDEZ S.A.","LOCAL CALIFORNIA",2,"7862112522626","P.T:110701","CHIMICHURRI ESTILO ARGENTINO OLE 380G","Bodega Producto Terminado",12,"X12",3.03,36.36,"UNIDAD SALSA",0,146.04,167.95,"IVA EN VENTAS 15%",{"$f":"IFERROR(IF(Tabla_Consulta_desde_QuickBooks_Data_64_Bit_QRemote[[#This Row],[SalesOrderLineUnitOfMeasure]]=\"un\",Tabla_Consulta_desde_QuickBooks_Data_64_Bit_QRemote[[#This Row],[SalesOrderLineQuantity]],Tabla_Consulta_desde_QuickBooks_Data_64_Bit_QRemote[[#This Row],[SalesOrderLineQuantity]]/MID(Tabla_Consulta_desde_QuickBooks_Data_64_Bit_QRemote[[#This Row],[SalesOrderLineUnitOfMeasure]],2,2)),0)","v":1},{"$f":"IFERROR(IF(Tabla_Consulta_desde_QuickBooks_Data_64_Bit_QRemote[[#This Row],[SalesOrderLineUnitOfMeasure]]=\"un\",Tabla_Consulta_desde_QuickBooks_Data_64_Bit_QRemote[[#This Row],[SalesOrderLineInvoiced]],Tabla_Consulta_desde_QuickBooks_Data_64_Bit_QRemote[[#This Row],[SalesOrderLineInvoiced]]/MID(Tabla_Consulta_desde_QuickBooks_Data_64_Bit_QRemote[[#This Row],[SalesOrderLineUnitOfMeasure]],2,2)),0)","v":0},{"$f":"+Tabla_Consulta_desde_QuickBooks_Data_64_Bit_QRemote[[#This Row],[facturado]]-Tabla_Consulta_desde_QuickBooks_Data_64_Bit_QRemote[[#This Row],[pide]]","v":-1},{"$f":"IF(Tabla_Consulta_desde_QuickBooks_Data_64_Bit_QRemote[[#This Row],[diferecia]]=0,\"ok\",\"diferen\")","v":"diferen"},{"$f":"IFERROR(INDEX(um!A:C,MATCH(Tabla_Consulta_desde_QuickBooks_Data_64_Bit_QRemote[[#This Row],[SalesOrderLineItemRefFullName]],um!A:A,0),3),\"\")","v":"X12"},{"$f":"IFERROR(IF(OR(Tabla_Consulta_desde_QuickBooks_Data_64_Bit_QRemote[[#This Row],[SalesOrderLineUnitOfMeasure]]=\"UN\",Tabla_Consulta_desde_QuickBooks_Data_64_Bit_QRemote[[#This Row],[SalesOrderLineUnitOfMeasure]]=Tabla_Consulta_desde_QuickBooks_Data_64_Bit_QRemote[[#This Row],[U/M]]),\"\",\"ERROR\"),\"\")","v":""},{"$f":"+WEEKNUM(Tabla_Consulta_desde_QuickBooks_Data_64_Bit_QRemote[[#This Row],[TxnDate]])","v":23},{"$f":"+Tabla_Consulta_desde_QuickBooks_Data_64_Bit_QRemote[[#This Row],[SalesOrderLineRate]]*Tabla_Consulta_desde_QuickBooks_Data_64_Bit_QRemote[[#This Row],[SalesOrderLineInvoiced]]","v":0},{"$f":"+IFERROR(IF(Tabla_Consulta_desde_QuickBooks_Data_64_Bit_QRemote[[#This Row],[CustomerRefFullName]]=\"GRUVALCORP SA\",VLOOKUP(Tabla_Consulta_desde_QuickBooks_Data_64_Bit_QRemote[[#This Row],[SalesOrderLineItemRefFullName]],Hoja1!A:E,5,FALSE),\"\")*-Tabla_Consulta_desde_QuickBooks_Data_64_Bit_QRemote[[#This Row],[SalesOrderLineAmount]],\"\")","v":""},{"$f":"IF(COUNTIF(wms!E:E,Tabla_Consulta_desde_QuickBooks_Data_64_Bit_QRemote[[#This Row],[RefNumber]])>0,\"OK\",\"FALTA\")","v":"OK"}]
["2025-06-02","29088","CORPORACION FERNANDEZ CORPFERNANDEZ S.A.","LOCAL CALIFORNIA",3,"7862112520509","P.T:110606","JALAPEÑO ROJOS Y VERDES AGRIDULCES OLE 250G","Bodega Producto Terminado",12,"X12",1.98,23.76,"UNIDAD SALSA",0,146.04,167.95,"IVA EN VENTAS 15%",{"$f":"IFERROR(IF(Tabla_Consulta_desde_QuickBooks_Data_64_Bit_QRemote[[#This Row],[SalesOrderLineUnitOfMeasure]]=\"un\",Tabla_Consulta_desde_QuickBooks_Data_64_Bit_QRemote[[#This Row],[SalesOrderLineQuantity]],Tabla_Consulta_desde_QuickBooks_Data_64_Bit_QRemote[[#This Row],[SalesOrderLineQuantity]]/MID(Tabla_Consulta_desde_QuickBooks_Data_64_Bit_QRemote[[#This Row],[SalesOrderLineUnitOfMeasure]],2,2)),0)","v":1},{"$f":"IFERROR(IF(Tabla_Consulta_desde_QuickBooks_Data_64_Bit_QRemote[[#This Row],[SalesOrderLineUnitOfMeasure]]=\"un\",Tabla_Consulta_desde_QuickBooks_Data_64_Bit_QRemote[[#This Row],[SalesOrderLineInvoiced]],Tabla_Consulta_desde_QuickBooks_Data_64_Bit_QRemote[[#This Row],[SalesOrderLineInvoiced]]/MID(Tabla_Consulta_desde_QuickBooks_Data_64_Bit_QRemote[[#This Row],[SalesOrderLineUnitOfMeasure]],2,2)),0)","v":0},{"$f":"+Tabla_Consulta_desde_QuickBooks_Data_64_Bit_QRemote[[#This Row],[facturado]]-Tabla_Consulta_desde_QuickBooks_Data_64_Bit_QRemote[[#This Row],[pide]]","v":-1},{"$f":"IF(Tabla_Consulta_desde_QuickBooks_Data_64_Bit_QRemote[[#This Row],[diferecia]]=0,\"ok\",\"diferen\")","v":"diferen"},{"$f":"IFERROR(INDEX(um!A:C,MATCH(Tabla_Consulta_desde_QuickBooks_Data_64_Bit_QRemote[[#This Row],[SalesOrderLineItemRefFullName]],um!A:A,0),3),\"\")","v":"X12"},{"$f":"IFERROR(IF(OR(Tabla_Consulta_desde_QuickBooks_Data_64_Bit_QRemote[[#This Row],[SalesOrderLineUnitOfMeasure]]=\"UN\",Tabla_Consulta_desde_QuickBooks_Data_64_Bit_QRemote[[#This Row],[SalesOrderLineUnitOfMeasure]]=Tabla_Consulta_desde_QuickBooks_Data_64_Bit_QRemote[[#This Row],[U/M]]),\"\",\"ERROR\"),\"\")","v":""},{"$f":"+WEEKNUM(Tabla_Consulta_desde_QuickBooks_Data_64_Bit_QRemote[[#This Row],[TxnDate]])","v":23},{"$f":"+Tabla_Consulta_desde_QuickBooks_Data_64_Bit_QRemote[[#This Row],[SalesOrderLineRate]]*Tabla_Consulta_desde_QuickBooks_Data_64_Bit_QRemote[[#This Row],[SalesOrderLineInvoiced]]","v":0},{"$f":"+IFERROR(IF(Tabla_Consulta_desde_QuickBooks_Data_64_Bit_QRemote[[#This Row],[CustomerRefFullName]]=\"GRUVALCORP SA\",VLOOKUP(Tabla_Consulta_desde_QuickBooks_Data_64_Bit_QRemote[[#This Row],[SalesOrderLineItemRefFullName]],Hoja1!A:E,5,FALSE),\"\")*-Tabla_Consulta_desde_QuickBooks_Data_64_Bit_QRemote[[#This Row],[SalesOrderLineAmount]],\"\")","v":""},{"$f":"IF(COUNTIF(wms!E:E,Tabla_Consulta_desde_QuickBooks_Data_64_Bit_QRemote[[#This Row],[RefNumber]])>0,\"OK\",\"FALTA\")","v":"OK"}]
["2025-06-02","29088","CORPORACION FERNANDEZ CORPFERNANDEZ S.A.","LOCAL CALIFORNIA",4,"705424000116","P.T:110207","AJÍ CON MARACUYA OLE 185G","Bodega Producto Terminado",24,"X24",1.57,37.68,"UNIDAD SALSA",0,146.04,167.95,"IVA EN VENTAS 15%",{"$f":"IFERROR(IF(Tabla_Consulta_desde_QuickBooks_Data_64_Bit_QRemote[[#This Row],[SalesOrderLineUnitOfMeasure]]=\"un\",Tabla_Consulta_desde_QuickBooks_Data_64_Bit_QRemote[[#This Row],[SalesOrderLineQuantity]],Tabla_Consulta_desde_QuickBooks_Data_64_Bit_QRemote[[#This Row],[SalesOrderLineQuantity]]/MID(Tabla_Consulta_desde_QuickBooks_Data_64_Bit_QRemote[[#This Row],[SalesOrderLineUnitOfMeasure]],2,2)),0)","v":1},{"$f":"IFERROR(IF(Tabla_Consulta_desde_QuickBooks_Data_64_Bit_QRemote[[#This Row],[SalesOrderLineUnitOfMeasure]]=\"un\",Tabla_Consulta_desde_QuickBooks_Data_64_Bit_QRemote[[#This Row],[SalesOrderLineInvoiced]],Tabla_Consulta_desde_QuickBooks_Data_64_Bit_QRemote[[#This Row],[SalesOrderLineInvoiced]]/MID(Tabla_Consulta_desde_QuickBooks_Data_64_Bit_QRemote[[#This Row],[SalesOrderLineUnitOfMeasure]],2,2)),0)","v":0},{"$f":"+Tabla_Consulta_desde_QuickBooks_Data_64_Bit_QRemote[[#This Row],[facturado]]-Tabla_Consulta_desde_QuickBooks_Data_64_Bit_QRemote[[#This Row],[pide]]","v":-1},{"$f":"IF(Tabla_Consulta_desde_QuickBooks_Data_64_Bit_QRemote[[#This Row],[diferecia]]=0,\"ok\",\"diferen\")","v":"diferen"},{"$f":"IFERROR(INDEX(um!A:C,MATCH(Tabla_Consulta_desde_QuickBooks_Data_64_Bit_QRemote[[#This Row],[SalesOrderLineItemRefFullName]],um!A:A,0),3),\"\")","v":"X24"},{"$f":"IFERROR(IF(OR(Tabla_Consulta_desde_QuickBooks_Data_64_Bit_QRemote[[#This Row],[SalesOrderLineUnitOfMeasure]]=\"UN\",Tabla_Consulta_desde_QuickBooks_Data_64_Bit_QRemote[[#This Row],[SalesOrderLineUnitOfMeasure]]=Tabla_Consulta_desde_QuickBooks_Data_64_Bit_QRemote[[#This Row],[U/M]]),\"\",\"ERROR\"),\"\")","v":""},{"$f":"+WEEKNUM(Tabla_Consulta_desde_QuickBooks_Data_64_Bit_QRemote[[#This Row],[TxnDate]])","v":23},{"$f":"+Tabla_Consulta_desde_QuickBooks_Data_64_Bit_QRemote[[#This Row],[SalesOrderLineRate]]*Tabla_Consulta_desde_QuickBooks_Data_64_Bit_QRemote[[#This Row],[SalesOrderLineInvoiced]]","v":0},{"$f":"+IFERROR(IF(Tabla_Consulta_desde_QuickBooks_Data_64_Bit_QRemote[[#This Row],[CustomerRefFullName]]=\"GRUVALCORP SA\",VLOOKUP(Tabla_Consulta_desde_QuickBooks_Data_64_Bit_QRemote[[#This Row],[SalesOrderLineItemRefFullName]],Hoja1!A:E,5,FALSE),\"\")*-Tabla_Consulta_desde_QuickBooks_Data_64_Bit_QRemote[[#This Row],[SalesOrderLineAmount]],\"\")","v":""},{"$f":"IF(COUNTIF(wms!E:E,Tabla_Consulta_desde_QuickBooks_Data_64_Bit_QRemote[[#This Row],[RefNumber]])>0,\"OK\",\"FALTA\")","v":"OK"}]
["2025-06-02","29088","CORPORACION FERNANDEZ CORPFERNANDEZ S.A.","LOCAL CALIFORNIA",5,"7862112522367","PT:220132","TOTOPOS NATURAL OLE 300G","Bodega Producto Terminado",12,"X12",1.67,20.04,"UNIDAD SNCKS",0,146.04,167.95,"IVA EN VENTAS 15%",{"$f":"IFERROR(IF(Tabla_Consulta_desde_QuickBooks_Data_64_Bit_QRemote[[#This Row],[SalesOrderLineUnitOfMeasure]]=\"un\",Tabla_Consulta_desde_QuickBooks_Data_64_Bit_QRemote[[#This Row],[SalesOrderLineQuantity]],Tabla_Consulta_desde_QuickBooks_Data_64_Bit_QRemote[[#This Row],[SalesOrderLineQuantity]]/MID(Tabla_Consulta_desde_QuickBooks_Data_64_Bit_QRemote[[#This Row],[SalesOrderLineUnitOfMeasure]],2,2)),0)","v":1},{"$f":"IFERROR(IF(Tabla_Consulta_desde_QuickBooks_Data_64_Bit_QRemote[[#This Row],[SalesOrderLineUnitOfMeasure]]=\"un\",Tabla_Consulta_desde_QuickBooks_Data_64_Bit_QRemote[[#This Row],[SalesOrderLineInvoiced]],Tabla_Consulta_desde_QuickBooks_Data_64_Bit_QRemote[[#This Row],[SalesOrderLineInvoiced]]/MID(Tabla_Consulta_desde_QuickBooks_Data_64_Bit_QRemote[[#This Row],[SalesOrderLineUnitOfMeasure]],2,2)),0)","v":0},{"$f":"+Tabla_Consulta_desde_QuickBooks_Data_64_Bit_QRemote[[#This Row],[facturado]]-Tabla_Consulta_desde_QuickBooks_Data_64_Bit_QRemote[[#This Row],[pide]]","v":-1},{"$f":"IF(Tabla_Consulta_desde_QuickBooks_Data_64_Bit_QRemote[[#This Row],[diferecia]]=0,\"ok\",\"diferen\")","v":"diferen"},{"$f":"IFERROR(INDEX(um!A:C,MATCH(Tabla_Consulta_desde_QuickBooks_Data_64_Bit_QRemote[[#This Row],[SalesOrderLineItemRefFullName]],um!A:A,0),3),\"\")","v":"X12"},{"$f":"IFERROR(IF(OR(Tabla_Consulta_desde_QuickBooks_Data_64_Bit_QRemote[[#This Row],[SalesOrderLineUnitOfMeasure]]=\"UN\",Tabla_Consulta_desde_QuickBooks_Data_64_Bit_QRemote[[#This Row],[SalesOrderLineUnitOfMeasure]]=Tabla_Consulta_desde_QuickBooks_Data_64_Bit_QRemote[[#This Row],[U/M]]),\"\",\"ERROR\"),\"\")","v":""},{"$f":"+WEEKNUM(Tabla_Consulta_desde_QuickBooks_Data_64_Bit_QRemote[[#This Row],[TxnDate]])","v":23},{"$f":"+Tabla_Consulta_desde_QuickBooks_Data_64_Bit_QRemote[[#This Row],[SalesOrderLineRate]]*Tabla_Consulta_desde_QuickBooks_Data_64_Bit_QRemote[[#This Row],[SalesOrderLineInvoiced]]","v":0},{"$f":"+IFERROR(IF(Tabla_Consulta_desde_QuickBooks_Data_64_Bit_QRemote[[#This Row],[CustomerRefFullName]]=\"GRUVALCORP SA\",VLOOKUP(Tabla_Consulta_desde_QuickBooks_Data_64_Bit_QRemote[[#This Row],[SalesOrderLineItemRefFullName]],Hoja1!A:E,5,FALSE),\"\")*-Tabla_Consulta_desde_QuickBooks_Data_64_Bit_QRemote[[#This Row],[SalesOrderLineAmount]],\"\")","v":""},{"$f":"IF(COUNTIF(wms!E:E,Tabla_Consulta_desde_QuickBooks_Data_64_Bit_QRemote[[#This Row],[RefNumber]])>0,\"OK\",\"FALTA\")","v":"OK"}]
["2025-06-02","29088","CORPORACION FERNANDEZ CORPFERNANDEZ S.A.","LOCAL CALIFORNIA",6,null,"INFOADICIONAL","LOCAL CALIFORNIA",null,null,null,0,0,null,0,146.04,167.95,"IVA EN VENTAS 15%",{"$f":"IFERROR(IF(Tabla_Consulta_desde_QuickBooks_Data_64_Bit_QRemote[[#This Row],[SalesOrderLineUnitOfMeasure]]=\"un\",Tabla_Consulta_desde_QuickBooks_Data_64_Bit_QRemote[[#This Row],[SalesOrderLineQuantity]],Tabla_Consulta_desde_QuickBooks_Data_64_Bit_QRemote[[#This Row],[SalesOrderLineQuantity]]/MID(Tabla_Consulta_desde_QuickBooks_Data_64_Bit_QRemote[[#This Row],[SalesOrderLineUnitOfMeasure]],2,2)),0)","v":0},{"$f":"IFERROR(IF(Tabla_Consulta_desde_QuickBooks_Data_64_Bit_QRemote[[#This Row],[SalesOrderLineUnitOfMeasure]]=\"un\",Tabla_Consulta_desde_QuickBooks_Data_64_Bit_QRemote[[#This Row],[SalesOrderLineInvoiced]],Tabla_Consulta_desde_QuickBooks_Data_64_Bit_QRemote[[#This Row],[SalesOrderLineInvoiced]]/MID(Tabla_Consulta_desde_QuickBooks_Data_64_Bit_QRemote[[#This Row],[SalesOrderLineUnitOfMeasure]],2,2)),0)","v":0},{"$f":"+Tabla_Consulta_desde_QuickBooks_Data_64_Bit_QRemote[[#This Row],[facturado]]-Tabla_Consulta_desde_QuickBooks_Data_64_Bit_QRemote[[#This Row],[pide]]","v":0},{"$f":"IF(Tabla_Consulta_desde_QuickBooks_Data_64_Bit_QRemote[[#This Row],[diferecia]]=0,\"ok\",\"diferen\")","v":"ok"},{"$f":"IFERROR(INDEX(um!A:C,MATCH(Tabla_Consulta_desde_QuickBooks_Data_64_Bit_QRemote[[#This Row],[SalesOrderLineItemRefFullName]],um!A:A,0),3),\"\")","v":""},{"$f":"IFERROR(IF(OR(Tabla_Consulta_desde_QuickBooks_Data_64_Bit_QRemote[[#This Row],[SalesOrderLineUnitOfMeasure]]=\"UN\",Tabla_Consulta_desde_QuickBooks_Data_64_Bit_QRemote[[#This Row],[SalesOrderLineUnitOfMeasure]]=Tabla_Consulta_desde_QuickBooks_Data_64_Bit_QRemote[[#This Row],[U/M]]),\"\",\"ERROR\"),\"\")","v":""},{"$f":"+WEEKNUM(Tabla_Consulta_desde_QuickBooks_Data_64_Bit_QRemote[[#This Row],[TxnDate]])","v":23},{"$f":"+Tabla_Consulta_desde_QuickBooks_Data_64_Bit_QRemote[[#This Row],[SalesOrderLineRate]]*Tabla_Consulta_desde_QuickBooks_Data_64_Bit_QRemote[[#This Row],[SalesOrderLineInvoiced]]","v":0},{"$f":"+IFERROR(IF(Tabla_Consulta_desde_QuickBooks_Data_64_Bit_QRemote[[#This Row],[CustomerRefFullName]]=\"GRUVALCORP SA\",VLOOKUP(Tabla_Consulta_desde_QuickBooks_Data_64_Bit_QRemote[[#This Row],[SalesOrderLineItemRefFullName]],Hoja1!A:E,5,FALSE),\"\")*-Tabla_Consulta_desde_QuickBooks_Data_64_Bit_QRemote[[#This Row],[SalesOrderLineAmount]],\"\")","v":""},{"$f":"IF(COUNTIF(wms!E:E,Tabla_Consulta_desde_QuickBooks_Data_64_Bit_QRemote[[#This Row],[RefNumber]])>0,\"OK\",\"FALTA\")","v":"OK"}]
["2025-06-02","29089","CORPORACION FERNANDEZ CORPFERNANDEZ S.A.","LOCAL CEIBOS",1,"7862112520301","P.T:110700","CHIMICHURRI OLE 230G","Bodega Producto Terminado",72,"X12",2.35,169.2,"UNIDAD SALSA",0,551.52,634.25,"IVA EN VENTAS 15%",{"$f":"IFERROR(IF(Tabla_Consulta_desde_QuickBooks_Data_64_Bit_QRemote[[#This Row],[SalesOrderLineUnitOfMeasure]]=\"un\",Tabla_Consulta_desde_QuickBooks_Data_64_Bit_QRemote[[#This Row],[SalesOrderLineQuantity]],Tabla_Consulta_desde_QuickBooks_Data_64_Bit_QRemote[[#This Row],[SalesOrderLineQuantity]]/MID(Tabla_Consulta_desde_QuickBooks_Data_64_Bit_QRemote[[#This Row],[SalesOrderLineUnitOfMeasure]],2,2)),0)","v":6},{"$f":"IFERROR(IF(Tabla_Consulta_desde_QuickBooks_Data_64_Bit_QRemote[[#This Row],[SalesOrderLineUnitOfMeasure]]=\"un\",Tabla_Consulta_desde_QuickBooks_Data_64_Bit_QRemote[[#This Row],[SalesOrderLineInvoiced]],Tabla_Consulta_desde_QuickBooks_Data_64_Bit_QRemote[[#This Row],[SalesOrderLineInvoiced]]/MID(Tabla_Consulta_desde_QuickBooks_Data_64_Bit_QRemote[[#This Row],[SalesOrderLineUnitOfMeasure]],2,2)),0)","v":0},{"$f":"+Tabla_Consulta_desde_QuickBooks_Data_64_Bit_QRemote[[#This Row],[facturado]]-Tabla_Consulta_desde_QuickBooks_Data_64_Bit_QRemote[[#This Row],[pide]]","v":-6},{"$f":"IF(Tabla_Consulta_desde_QuickBooks_Data_64_Bit_QRemote[[#This Row],[diferecia]]=0,\"ok\",\"diferen\")","v":"diferen"},{"$f":"IFERROR(INDEX(um!A:C,MATCH(Tabla_Consulta_desde_QuickBooks_Data_64_Bit_QRemote[[#This Row],[SalesOrderLineItemRefFullName]],um!A:A,0),3),\"\")","v":"X12"},{"$f":"IFERROR(IF(OR(Tabla_Consulta_desde_QuickBooks_Data_64_Bit_QRemote[[#This Row],[SalesOrderLineUnitOfMeasure]]=\"UN\",Tabla_Consulta_desde_QuickBooks_Data_64_Bit_QRemote[[#This Row],[SalesOrderLineUnitOfMeasure]]=Tabla_Consulta_desde_QuickBooks_Data_64_Bit_QRemote[[#This Row],[U/M]]),\"\",\"ERROR\"),\"\")","v":""},{"$f":"+WEEKNUM(Tabla_Consulta_desde_QuickBooks_Data_64_Bit_QRemote[[#This Row],[TxnDate]])","v":23},{"$f":"+Tabla_Consulta_desde_QuickBooks_Data_64_Bit_QRemote[[#This Row],[SalesOrderLineRate]]*Tabla_Consulta_desde_QuickBooks_Data_64_Bit_QRemote[[#This Row],[SalesOrderLineInvoiced]]","v":0},{"$f":"+IFERROR(IF(Tabla_Consulta_desde_QuickBooks_Data_64_Bit_QRemote[[#This Row],[CustomerRefFullName]]=\"GRUVALCORP SA\",VLOOKUP(Tabla_Consulta_desde_QuickBooks_Data_64_Bit_QRemote[[#This Row],[SalesOrderLineItemRefFullName]],Hoja1!A:E,5,FALSE),\"\")*-Tabla_Consulta_desde_QuickBooks_Data_64_Bit_QRemote[[#This Row],[SalesOrderLineAmount]],\"\")","v":""},{"$f":"IF(COUNTIF(wms!E:E,Tabla_Consulta_desde_QuickBooks_Data_64_Bit_QRemote[[#This Row],[RefNumber]])>0,\"OK\",\"FALTA\")","v":"OK"}]
["2025-06-02","29089","CORPORACION FERNANDEZ CORPFERNANDEZ S.A.","LOCAL CEIBOS",2,"7862112522497","P.T:110801","SALSA BBQ ORIGINAL OLE DP 200G","Bodega Producto Terminado",48,"X12",0.78,37.44,"UNIDAD SALSA",0,551.52,634.25,"IVA EN VENTAS 15%",{"$f":"IFERROR(IF(Tabla_Consulta_desde_QuickBooks_Data_64_Bit_QRemote[[#This Row],[SalesOrderLineUnitOfMeasure]]=\"un\",Tabla_Consulta_desde_QuickBooks_Data_64_Bit_QRemote[[#This Row],[SalesOrderLineQuantity]],Tabla_Consulta_desde_QuickBooks_Data_64_Bit_QRemote[[#This Row],[SalesOrderLineQuantity]]/MID(Tabla_Consulta_desde_QuickBooks_Data_64_Bit_QRemote[[#This Row],[SalesOrderLineUnitOfMeasure]],2,2)),0)","v":4},{"$f":"IFERROR(IF(Tabla_Consulta_desde_QuickBooks_Data_64_Bit_QRemote[[#This Row],[SalesOrderLineUnitOfMeasure]]=\"un\",Tabla_Consulta_desde_QuickBooks_Data_64_Bit_QRemote[[#This Row],[SalesOrderLineInvoiced]],Tabla_Consulta_desde_QuickBooks_Data_64_Bit_QRemote[[#This Row],[SalesOrderLineInvoiced]]/MID(Tabla_Consulta_desde_QuickBooks_Data_64_Bit_QRemote[[#This Row],[SalesOrderLineUnitOfMeasure]],2,2)),0)","v":0},{"$f":"+Tabla_Consulta_desde_QuickBooks_Data_64_Bit_QRemote[[#This Row],[facturado]]-Tabla_Consulta_desde_QuickBooks_Data_64_Bit_QRemote[[#This Row],[pide]]","v":-4},{"$f":"IF(Tabla_Consulta_desde_QuickBooks_Data_64_Bit_QRemote[[#This Row],[diferecia]]=0,\"ok\",\"diferen\")","v":"diferen"},{"$f":"IFERROR(INDEX(um!A:C,MATCH(Tabla_Consulta_desde_QuickBooks_Data_64_Bit_QRemote[[#This Row],[SalesOrderLineItemRefFullName]],um!A:A,0),3),\"\")","v":"X12"},{"$f":"IFERROR(IF(OR(Tabla_Consulta_desde_QuickBooks_Data_64_Bit_QRemote[[#This Row],[SalesOrderLineUnitOfMeasure]]=\"UN\",Tabla_Consulta_desde_QuickBooks_Data_64_Bit_QRemote[[#This Row],[SalesOrderLineUnitOfMeasure]]=Tabla_Consulta_desde_QuickBooks_Data_64_Bit_QRemote[[#This Row],[U/M]]),\"\",\"ERROR\"),\"\")","v":""},{"$f":"+WEEKNUM(Tabla_Consulta_desde_QuickBooks_Data_64_Bit_QRemote[[#This Row],[TxnDate]])","v":23},{"$f":"+Tabla_Consulta_desde_QuickBooks_Data_64_Bit_QRemote[[#This Row],[SalesOrderLineRate]]*Tabla_Consulta_desde_QuickBooks_Data_64_Bit_QRemote[[#This Row],[SalesOrderLineInvoiced]]","v":0},{"$f":"+IFERROR(IF(Tabla_Consulta_desde_QuickBooks_Data_64_Bit_QRemote[[#This Row],[CustomerRefFullName]]=\"GRUVALCORP SA\",VLOOKUP(Tabla_Consulta_desde_QuickBooks_Data_64_Bit_QRemote[[#This Row],[SalesOrderLineItemRefFullName]],Hoja1!A:E,5,FALSE),\"\")*-Tabla_Consulta_desde_QuickBooks_Data_64_Bit_QRemote[[#This Row],[SalesOrderLineAmount]],\"\")","v":""},{"$f":"IF(COUNTIF(wms!E:E,Tabla_Consulta_desde_QuickBooks_Data_64_Bit_QRemote[[#This Row],[RefNumber]])>0,\"OK\",\"FALTA\")","v":"OK"}]
["2025-06-02","29089","CORPORACION FERNANDEZ CORPFERNANDEZ S.A.","LOCAL CEIBOS",3,"7862112522992","P.T:110300","SALSA BBQ PICANTE OLE 200G","Bodega Producto Terminado",36,"X12",0.72,25.92,"UNIDAD SALSA",0,551.52,634.25,"IVA EN VENTAS 15%",{"$f":"IFERROR(IF(Tabla_Consulta_desde_QuickBooks_Data_64_Bit_QRemote[[#This Row],[SalesOrderLineUnitOfMeasure]]=\"un\",Tabla_Consulta_desde_QuickBooks_Data_64_Bit_QRemote[[#This Row],[SalesOrderLineQuantity]],Tabla_Consulta_desde_QuickBooks_Data_64_Bit_QRemote[[#This Row],[SalesOrderLineQuantity]]/MID(Tabla_Consulta_desde_QuickBooks_Data_64_Bit_QRemote[[#This Row],[SalesOrderLineUnitOfMeasure]],2,2)),0)","v":3},{"$f":"IFERROR(IF(Tabla_Consulta_desde_QuickBooks_Data_64_Bit_QRemote[[#This Row],[SalesOrderLineUnitOfMeasure]]=\"un\",Tabla_Consulta_desde_QuickBooks_Data_64_Bit_QRemote[[#This Row],[SalesOrderLineInvoiced]],Tabla_Consulta_desde_QuickBooks_Data_64_Bit_QRemote[[#This Row],[SalesOrderLineInvoiced]]/MID(Tabla_Consulta_desde_QuickBooks_Data_64_Bit_QRemote[[#This Row],[SalesOrderLineUnitOfMeasure]],2,2)),0)","v":0},{"$f":"+Tabla_Consulta_desde_QuickBooks_Data_64_Bit_QRemote[[#This Row],[facturado]]-Tabla_Consulta_desde_QuickBooks_Data_64_Bit_QRemote[[#This Row],[pide]]","v":-3},{"$f":"IF(Tabla_Consulta_desde_QuickBooks_Data_64_Bit_QRemote[[#This Row],[diferecia]]=0,\"ok\",\"diferen\")","v":"diferen"},{"$f":"IFERROR(INDEX(um!A:C,MATCH(Tabla_Consulta_desde_QuickBooks_Data_64_Bit_QRemote[[#This Row],[SalesOrderLineItemRefFullName]],um!A:A,0),3),\"\")","v":"X12"},{"$f":"IFERROR(IF(OR(Tabla_Consulta_desde_QuickBooks_Data_64_Bit_QRemote[[#This Row],[SalesOrderLineUnitOfMeasure]]=\"UN\",Tabla_Consulta_desde_QuickBooks_Data_64_Bit_QRemote[[#This Row],[SalesOrderLineUnitOfMeasure]]=Tabla_Consulta_desde_QuickBooks_Data_64_Bit_QRemote[[#This Row],[U/M]]),\"\",\"ERROR\"),\"\")","v":""},{"$f":"+WEEKNUM(Tabla_Consulta_desde_QuickBooks_Data_64_Bit_QRemote[[#This Row],[TxnDate]])","v":23},{"$f":"+Tabla_Consulta_desde_QuickBooks_Data_64_Bit_QRemote[[#This Row],[SalesOrderLineRate]]*Tabla_Consulta_desde_QuickBooks_Data_64_Bit_QRemote[[#This Row],[SalesOrderLineInvoiced]]","v":0},{"$f":"+IFERROR(IF(Tabla_Consulta_desde_QuickBooks_Data_64_Bit_QRemote[[#This Row],[CustomerRefFullName]]=\"GRUVALCORP SA\",VLOOKUP(Tabla_Consulta_desde_QuickBooks_Data_64_Bit_QRemote[[#This Row],[SalesOrderLineItemRefFullName]],Hoja1!A:E,5,FALSE),\"\")*-Tabla_Consulta_desde_QuickBooks_Data_64_Bit_QRemote[[#This Row],[SalesOrderLineAmount]],\"\")","v":""},{"$f":"IF(COUNTIF(wms!E:E,Tabla_Consulta_desde_QuickBooks_Data_64_Bit_QRemote[[#This Row],[RefNumber]])>0,\"OK\",\"FALTA\")","v":"OK"}]
["2025-06-02","29089","CORPORACION FERNANDEZ CORPFERNANDEZ S.A.","LOCAL CEIBOS",4,"7862112523227","P.T:110313","SALSA BBQ WHISKY Y MIEL OLE 430G","Bodega Producto Terminado",24,"X12",2.35,56.4,"UNIDAD SALSA",0,551.52,634.25,"IVA EN VENTAS 15%",{"$f":"IFERROR(IF(Tabla_Consulta_desde_QuickBooks_Data_64_Bit_QRemote[[#This Row],[SalesOrderLineUnitOfMeasure]]=\"un\",Tabla_Consulta_desde_QuickBooks_Data_64_Bit_QRemote[[#This Row],[SalesOrderLineQuantity]],Tabla_Consulta_desde_QuickBooks_Data_64_Bit_QRemote[[#This Row],[SalesOrderLineQuantity]]/MID(Tabla_Consulta_desde_QuickBooks_Data_64_Bit_QRemote[[#This Row],[SalesOrderLineUnitOfMeasure]],2,2)),0)","v":2},{"$f":"IFERROR(IF(Tabla_Consulta_desde_QuickBooks_Data_64_Bit_QRemote[[#This Row],[SalesOrderLineUnitOfMeasure]]=\"un\",Tabla_Consulta_desde_QuickBooks_Data_64_Bit_QRemote[[#This Row],[SalesOrderLineInvoiced]],Tabla_Consulta_desde_QuickBooks_Data_64_Bit_QRemote[[#This Row],[SalesOrderLineInvoiced]]/MID(Tabla_Consulta_desde_QuickBooks_Data_64_Bit_QRemote[[#This Row],[SalesOrderLineUnitOfMeasure]],2,2)),0)","v":0},{"$f":"+Tabla_Consulta_desde_QuickBooks_Data_64_Bit_QRemote[[#This Row],[facturado]]-Tabla_Consulta_desde_QuickBooks_Data_64_Bit_QRemote[[#This Row],[pide]]","v":-2},{"$f":"IF(Tabla_Consulta_desde_QuickBooks_Data_64_Bit_QRemote[[#This Row],[diferecia]]=0,\"ok\",\"diferen\")","v":"diferen"},{"$f":"IFERROR(INDEX(um!A:C,MATCH(Tabla_Consulta_desde_QuickBooks_Data_64_Bit_QRemote[[#This Row],[SalesOrderLineItemRefFullName]],um!A:A,0),3),\"\")","v":"X12"},{"$f":"IFERROR(IF(OR(Tabla_Consulta_desde_QuickBooks_Data_64_Bit_QRemote[[#This Row],[SalesOrderLineUnitOfMeasure]]=\"UN\",Tabla_Consulta_desde_QuickBooks_Data_64_Bit_QRemote[[#This Row],[SalesOrderLineUnitOfMeasure]]=Tabla_Consulta_desde_QuickBooks_Data_64_Bit_QRemote[[#This Row],[U/M]]),\"\",\"ERROR\"),\"\")","v":""},{"$f":"+WEEKNUM(Tabla_Consulta_desde_QuickBooks_Data_64_Bit_QRemote[[#This Row],[TxnDate]])","v":23},{"$f":"+Tabla_Consulta_desde_QuickBooks_Data_64_Bit_QRemote[[#This Row],[SalesOrderLineRate]]*Tabla_Consulta_desde_QuickBooks_Data_64_Bit_QRemote[[#This Row],[SalesOrderLineInvoiced]]","v":0},{"$f":"+IFERROR(IF(Tabla_Consulta_desde_QuickBooks_Data_64_Bit_QRemote[[#This Row],[CustomerRefFullName]]=\"GRUVALCORP SA\",VLOOKUP(Tabla_Consulta_desde_QuickBooks_Data_64_Bit_QRemote[[#This Row],[SalesOrderLineItemRefFullName]],Hoja1!A:E,5,FALSE),\"\")*-Tabla_Consulta_desde_QuickBooks_Data_64_Bit_QRemote[[#This Row],[SalesOrderLineAmount]],\"\")","v":""},{"$f":"IF(COUNTIF(wms!E:E,Tabla_Consulta_desde_QuickBooks_Data_64_Bit_QRemote[[#This Row],[RefNumber]])>0,\"OK\",\"FALTA\")","v":"OK"}]
["2025-06-02","29089","CORPORACION FERNANDEZ CORPFERNANDEZ S.A.","LOCAL CEIBOS",5,"7862112521810","P.T:110303","SALSA BBQ ORIGINAL OLE 430G","Bodega Producto Terminado",12,"X12",1.78,21.36,"UNIDAD SALSA",0,551.52,634.25,"IVA EN VENTAS 15%",{"$f":"IFERROR(IF(Tabla_Consulta_desde_QuickBooks_Data_64_Bit_QRemote[[#This Row],[SalesOrderLineUnitOfMeasure]]=\"un\",Tabla_Consulta_desde_QuickBooks_Data_64_Bit_QRemote[[#This Row],[SalesOrderLineQuantity]],Tabla_Consulta_desde_QuickBooks_Data_64_Bit_QRemote[[#This Row],[SalesOrderLineQuantity]]/MID(Tabla_Consulta_desde_QuickBooks_Data_64_Bit_QRemote[[#This Row],[SalesOrderLineUnitOfMeasure]],2,2)),0)","v":1},{"$f":"IFERROR(IF(Tabla_Consulta_desde_QuickBooks_Data_64_Bit_QRemote[[#This Row],[SalesOrderLineUnitOfMeasure]]=\"un\",Tabla_Consulta_desde_QuickBooks_Data_64_Bit_QRemote[[#This Row],[SalesOrderLineInvoiced]],Tabla_Consulta_desde_QuickBooks_Data_64_Bit_QRemote[[#This Row],[SalesOrderLineInvoiced]]/MID(Tabla_Consulta_desde_QuickBooks_Data_64_Bit_QRemote[[#This Row],[SalesOrderLineUnitOfMeasure]],2,2)),0)","v":0},{"$f":"+Tabla_Consulta_desde_QuickBooks_Data_64_Bit_QRemote[[#This Row],[facturado]]-Tabla_Consulta_desde_QuickBooks_Data_64_Bit_QRemote[[#This Row],[pide]]","v":-1},{"$f":"IF(Tabla_Consulta_desde_QuickBooks_Data_64_Bit_QRemote[[#This Row],[diferecia]]=0,\"ok\",\"diferen\")","v":"diferen"},{"$f":"IFERROR(INDEX(um!A:C,MATCH(Tabla_Consulta_desde_QuickBooks_Data_64_Bit_QRemote[[#This Row],[SalesOrderLineItemRefFullName]],um!A:A,0),3),\"\")","v":"X12"},{"$f":"IFERROR(IF(OR(Tabla_Consulta_desde_QuickBooks_Data_64_Bit_QRemote[[#This Row],[SalesOrderLineUnitOfMeasure]]=\"UN\",Tabla_Consulta_desde_QuickBooks_Data_64_Bit_QRemote[[#This Row],[SalesOrderLineUnitOfMeasure]]=Tabla_Consulta_desde_QuickBooks_Data_64_Bit_QRemote[[#This Row],[U/M]]),\"\",\"ERROR\"),\"\")","v":""},{"$f":"+WEEKNUM(Tabla_Consulta_desde_QuickBooks_Data_64_Bit_QRemote[[#This Row],[TxnDate]])","v":23},{"$f":"+Tabla_Consulta_desde_QuickBooks_Data_64_Bit_QRemote[[#This Row],[SalesOrderLineRate]]*Tabla_Consulta_desde_QuickBooks_Data_64_Bit_QRemote[[#This Row],[SalesOrderLineInvoiced]]","v":0},{"$f":"+IFERROR(IF(Tabla_Consulta_desde_QuickBooks_Data_64_Bit_QRemote[[#This Row],[CustomerRefFullName]]=\"GRUVALCORP SA\",VLOOKUP(Tabla_Consulta_desde_QuickBooks_Data_64_Bit_QRemote[[#This Row],[SalesOrderLineItemRefFullName]],Hoja1!A:E,5,FALSE),\"\")*-Tabla_Consulta_desde_QuickBooks_Data_64_Bit_QRemote[[#This Row],[SalesOrderLineAmount]],\"\")","v":""},{"$f":"IF(COUNTIF(wms!E:E,Tabla_Consulta_desde_QuickBooks_Data_64_Bit_QRemote[[#This Row],[RefNumber]])>0,\"OK\",\"FALTA\")","v":"OK"}]
["2025-06-02","29089","CORPORACION FERNANDEZ CORPFERNANDEZ S.A.","LOCAL CEIBOS",6,"705424000116","P.T:110207","AJÍ CON MARACUYA OLE 185G","Bodega Producto Terminado",48,"X24",1.57,75.36,"UNIDAD SALSA",0,551.52,634.25,"IVA EN VENTAS 15%",{"$f":"IFERROR(IF(Tabla_Consulta_desde_QuickBooks_Data_64_Bit_QRemote[[#This Row],[SalesOrderLineUnitOfMeasure]]=\"un\",Tabla_Consulta_desde_QuickBooks_Data_64_Bit_QRemote[[#This Row],[SalesOrderLineQuantity]],Tabla_Consulta_desde_QuickBooks_Data_64_Bit_QRemote[[#This Row],[SalesOrderLineQuantity]]/MID(Tabla_Consulta_desde_QuickBooks_Data_64_Bit_QRemote[[#This Row],[SalesOrderLineUnitOfMeasure]],2,2)),0)","v":2},{"$f":"IFERROR(IF(Tabla_Consulta_desde_QuickBooks_Data_64_Bit_QRemote[[#This Row],[SalesOrderLineUnitOfMeasure]]=\"un\",Tabla_Consulta_desde_QuickBooks_Data_64_Bit_QRemote[[#This Row],[SalesOrderLineInvoiced]],Tabla_Consulta_desde_QuickBooks_Data_64_Bit_QRemote[[#This Row],[SalesOrderLineInvoiced]]/MID(Tabla_Consulta_desde_QuickBooks_Data_64_Bit_QRemote[[#This Row],[SalesOrderLineUnitOfMeasure]],2,2)),0)","v":0},{"$f":"+Tabla_Consulta_desde_QuickBooks_Data_64_Bit_QRemote[[#This Row],[facturado]]-Tabla_Consulta_desde_QuickBooks_Data_64_Bit_QRemote[[#This Row],[pide]]","v":-2},{"$f":"IF(Tabla_Consulta_desde_QuickBooks_Data_64_Bit_QRemote[[#This Row],[diferecia]]=0,\"ok\",\"diferen\")","v":"diferen"},{"$f":"IFERROR(INDEX(um!A:C,MATCH(Tabla_Consulta_desde_QuickBooks_Data_64_Bit_QRemote[[#This Row],[SalesOrderLineItemRefFullName]],um!A:A,0),3),\"\")","v":"X24"},{"$f":"IFERROR(IF(OR(Tabla_Consulta_desde_QuickBooks_Data_64_Bit_QRemote[[#This Row],[SalesOrderLineUnitOfMeasure]]=\"UN\",Tabla_Consulta_desde_QuickBooks_Data_64_Bit_QRemote[[#This Row],[SalesOrderLineUnitOfMeasure]]=Tabla_Consulta_desde_QuickBooks_Data_64_Bit_QRemote[[#This Row],[U/M]]),\"\",\"ERROR\"),\"\")","v":""},{"$f":"+WEEKNUM(Tabla_Consulta_desde_QuickBooks_Data_64_Bit_QRemote[[#This Row],[TxnDate]])","v":23},{"$f":"+Tabla_Consulta_desde_QuickBooks_Data_64_Bit_QRemote[[#This Row],[SalesOrderLineRate]]*Tabla_Consulta_desde_QuickBooks_Data_64_Bit_QRemote[[#This Row],[SalesOrderLineInvoiced]]","v":0},{"$f":"+IFERROR(IF(Tabla_Consulta_desde_QuickBooks_Data_64_Bit_QRemote[[#This Row],[CustomerRefFullName]]=\"GRUVALCORP SA\",VLOOKUP(Tabla_Consulta_desde_QuickBooks_Data_64_Bit_QRemote[[#This Row],[SalesOrderLineItemRefFullName]],Hoja1!A:E,5,FALSE),\"\")*-Tabla_Consulta_desde_QuickBooks_Data_64_Bit_QRemote[[#This Row],[SalesOrderLineAmount]],\"\")","v":""},{"$f":"IF(COUNTIF(wms!E:E,Tabla_Consulta_desde_QuickBooks_Data_64_Bit_QRemote[[#This Row],[RefNumber]])>0,\"OK\",\"FALTA\")","v":"OK"}]
["2025-06-02","29089","CORPORACION FERNANDEZ CORPFERNANDEZ S.A.","LOCAL CEIBOS",7,"705424000147","P.T:110209","AJÍ CON TOMATE DE ÁRBOL OLE 180G","Bodega Producto Terminado",36,"UN",1.57,56.52,"UNIDAD SALSA",0,551.52,634.25,"IVA EN VENTAS 15%",{"$f":"IFERROR(IF(Tabla_Consulta_desde_QuickBooks_Data_64_Bit_QRemote[[#This Row],[SalesOrderLineUnitOfMeasure]]=\"un\",Tabla_Consulta_desde_QuickBooks_Data_64_Bit_QRemote[[#This Row],[SalesOrderLineQuantity]],Tabla_Consulta_desde_QuickBooks_Data_64_Bit_QRemote[[#This Row],[SalesOrderLineQuantity]]/MID(Tabla_Consulta_desde_QuickBooks_Data_64_Bit_QRemote[[#This Row],[SalesOrderLineUnitOfMeasure]],2,2)),0)","v":36},{"$f":"IFERROR(IF(Tabla_Consulta_desde_QuickBooks_Data_64_Bit_QRemote[[#This Row],[SalesOrderLineUnitOfMeasure]]=\"un\",Tabla_Consulta_desde_QuickBooks_Data_64_Bit_QRemote[[#This Row],[SalesOrderLineInvoiced]],Tabla_Consulta_desde_QuickBooks_Data_64_Bit_QRemote[[#This Row],[SalesOrderLineInvoiced]]/MID(Tabla_Consulta_desde_QuickBooks_Data_64_Bit_QRemote[[#This Row],[SalesOrderLineUnitOfMeasure]],2,2)),0)","v":0},{"$f":"+Tabla_Consulta_desde_QuickBooks_Data_64_Bit_QRemote[[#This Row],[facturado]]-Tabla_Consulta_desde_QuickBooks_Data_64_Bit_QRemote[[#This Row],[pide]]","v":-36},{"$f":"IF(Tabla_Consulta_desde_QuickBooks_Data_64_Bit_QRemote[[#This Row],[diferecia]]=0,\"ok\",\"diferen\")","v":"diferen"},{"$f":"IFERROR(INDEX(um!A:C,MATCH(Tabla_Consulta_desde_QuickBooks_Data_64_Bit_QRemote[[#This Row],[SalesOrderLineItemRefFullName]],um!A:A,0),3),\"\")","v":"X24"},{"$f":"IFERROR(IF(OR(Tabla_Consulta_desde_QuickBooks_Data_64_Bit_QRemote[[#This Row],[SalesOrderLineUnitOfMeasure]]=\"UN\",Tabla_Consulta_desde_QuickBooks_Data_64_Bit_QRemote[[#This Row],[SalesOrderLineUnitOfMeasure]]=Tabla_Consulta_desde_QuickBooks_Data_64_Bit_QRemote[[#This Row],[U/M]]),\"\",\"ERROR\"),\"\")","v":""},{"$f":"+WEEKNUM(Tabla_Consulta_desde_QuickBooks_Data_64_Bit_QRemote[[#This Row],[TxnDate]])","v":23},{"$f":"+Tabla_Consulta_desde_QuickBooks_Data_64_Bit_QRemote[[#This Row],[SalesOrderLineRate]]*Tabla_Consulta_desde_QuickBooks_Data_64_Bit_QRemote[[#This Row],[SalesOrderLineInvoiced]]","v":0},{"$f":"+IFERROR(IF(Tabla_Consulta_desde_QuickBooks_Data_64_Bit_QRemote[[#This Row],[CustomerRefFullName]]=\"GRUVALCORP SA\",VLOOKUP(Tabla_Consulta_desde_QuickBooks_Data_64_Bit_QRemote[[#This Row],[SalesOrderLineItemRefFullName]],Hoja1!A:E,5,FALSE),\"\")*-Tabla_Consulta_desde_QuickBooks_Data_64_Bit_QRemote[[#This Row],[SalesOrderLineAmount]],\"\")","v":""},{"$f":"IF(COUNTIF(wms!E:E,Tabla_Consulta_desde_QuickBooks_Data_64_Bit_QRemote[[#This Row],[RefNumber]])>0,\"OK\",\"FALTA\")","v":"OK"}]
["2025-06-02","29089","CORPORACION FERNANDEZ CORPFERNANDEZ S.A.","LOCAL CEIBOS",8,"7862112522503","P.T:110802","SALSA AJÍ ROCOTO CREMOSO OLE DP 200G","Bodega Producto Terminado",24,"X12",1.08,25.92,"UNIDAD SALSA",0,551.52,634.25,"IVA EN VENTAS 15%",{"$f":"IFERROR(IF(Tabla_Consulta_desde_QuickBooks_Data_64_Bit_QRemote[[#This Row],[SalesOrderLineUnitOfMeasure]]=\"un\",Tabla_Consulta_desde_QuickBooks_Data_64_Bit_QRemote[[#This Row],[SalesOrderLineQuantity]],Tabla_Consulta_desde_QuickBooks_Data_64_Bit_QRemote[[#This Row],[SalesOrderLineQuantity]]/MID(Tabla_Consulta_desde_QuickBooks_Data_64_Bit_QRemote[[#This Row],[SalesOrderLineUnitOfMeasure]],2,2)),0)","v":2},{"$f":"IFERROR(IF(Tabla_Consulta_desde_QuickBooks_Data_64_Bit_QRemote[[#This Row],[SalesOrderLineUnitOfMeasure]]=\"un\",Tabla_Consulta_desde_QuickBooks_Data_64_Bit_QRemote[[#This Row],[SalesOrderLineInvoiced]],Tabla_Consulta_desde_QuickBooks_Data_64_Bit_QRemote[[#This Row],[SalesOrderLineInvoiced]]/MID(Tabla_Consulta_desde_QuickBooks_Data_64_Bit_QRemote[[#This Row],[SalesOrderLineUnitOfMeasure]],2,2)),0)","v":0},{"$f":"+Tabla_Consulta_desde_QuickBooks_Data_64_Bit_QRemote[[#This Row],[facturado]]-Tabla_Consulta_desde_QuickBooks_Data_64_Bit_QRemote[[#This Row],[pide]]","v":-2},{"$f":"IF(Tabla_Consulta_desde_QuickBooks_Data_64_Bit_QRemote[[#This Row],[diferecia]]=0,\"ok\",\"diferen\")","v":"diferen"},{"$f":"IFERROR(INDEX(um!A:C,MATCH(Tabla_Consulta_desde_QuickBooks_Data_64_Bit_QRemote[[#This Row],[SalesOrderLineItemRefFullName]],um!A:A,0),3),\"\")","v":"X12"},{"$f":"IFERROR(IF(OR(Tabla_Consulta_desde_QuickBooks_Data_64_Bit_QRemote[[#This Row],[SalesOrderLineUnitOfMeasure]]=\"UN\",Tabla_Consulta_desde_QuickBooks_Data_64_Bit_QRemote[[#This Row],[SalesOrderLineUnitOfMeasure]]=Tabla_Consulta_desde_QuickBooks_Data_64_Bit_QRemote[[#This Row],[U/M]]),\"\",\"ERROR\"),\"\")","v":""},{"$f":"+WEEKNUM(Tabla_Consulta_desde_QuickBooks_Data_64_Bit_QRemote[[#This Row],[TxnDate]])","v":23},{"$f":"+Tabla_Consulta_desde_QuickBooks_Data_64_Bit_QRemote[[#This Row],[SalesOrderLineRate]]*Tabla_Consulta_desde_QuickBooks_Data_64_Bit_QRemote[[#This Row],[SalesOrderLineInvoiced]]","v":0},{"$f":"+IFERROR(IF(Tabla_Consulta_desde_QuickBooks_Data_64_Bit_QRemote[[#This Row],[CustomerRefFullName]]=\"GRUVALCORP SA\",VLOOKUP(Tabla_Consulta_desde_QuickBooks_Data_64_Bit_QRemote[[#This Row],[SalesOrderLineItemRefFullName]],Hoja1!A:E,5,FALSE),\"\")*-Tabla_Consulta_desde_QuickBooks_Data_64_Bit_QRemote[[#This Row],[SalesOrderLineAmount]],\"\")","v":""},{"$f":"IF(COUNTIF(wms!E:E,Tabla_Consulta_desde_QuickBooks_Data_64_Bit_QRemote[[#This Row],[RefNumber]])>0,\"OK\",\"FALTA\")","v":"OK"}]
["2025-06-02","29089","CORPORACION FERNANDEZ CORPFERNANDEZ S.A.","LOCAL CEIBOS",9,"7862112522244","P.T:110736","TERIYAKI SALSA ASIATICA OLE 300G","Bodega Producto Terminado",12,"X12",2.48,29.76,"UNIDAD SALSA",0,551.52,634.25,"IVA EN VENTAS 15%",{"$f":"IFERROR(IF(Tabla_Consulta_desde_QuickBooks_Data_64_Bit_QRemote[[#This Row],[SalesOrderLineUnitOfMeasure]]=\"un\",Tabla_Consulta_desde_QuickBooks_Data_64_Bit_QRemote[[#This Row],[SalesOrderLineQuantity]],Tabla_Consulta_desde_QuickBooks_Data_64_Bit_QRemote[[#This Row],[SalesOrderLineQuantity]]/MID(Tabla_Consulta_desde_QuickBooks_Data_64_Bit_QRemote[[#This Row],[SalesOrderLineUnitOfMeasure]],2,2)),0)","v":1},{"$f":"IFERROR(IF(Tabla_Consulta_desde_QuickBooks_Data_64_Bit_QRemote[[#This Row],[SalesOrderLineUnitOfMeasure]]=\"un\",Tabla_Consulta_desde_QuickBooks_Data_64_Bit_QRemote[[#This Row],[SalesOrderLineInvoiced]],Tabla_Consulta_desde_QuickBooks_Data_64_Bit_QRemote[[#This Row],[SalesOrderLineInvoiced]]/MID(Tabla_Consulta_desde_QuickBooks_Data_64_Bit_QRemote[[#This Row],[SalesOrderLineUnitOfMeasure]],2,2)),0)","v":0},{"$f":"+Tabla_Consulta_desde_QuickBooks_Data_64_Bit_QRemote[[#This Row],[facturado]]-Tabla_Consulta_desde_QuickBooks_Data_64_Bit_QRemote[[#This Row],[pide]]","v":-1},{"$f":"IF(Tabla_Consulta_desde_QuickBooks_Data_64_Bit_QRemote[[#This Row],[diferecia]]=0,\"ok\",\"diferen\")","v":"diferen"},{"$f":"IFERROR(INDEX(um!A:C,MATCH(Tabla_Consulta_desde_QuickBooks_Data_64_Bit_QRemote[[#This Row],[SalesOrderLineItemRefFullName]],um!A:A,0),3),\"\")","v":"X12"},{"$f":"IFERROR(IF(OR(Tabla_Consulta_desde_QuickBooks_Data_64_Bit_QRemote[[#This Row],[SalesOrderLineUnitOfMeasure]]=\"UN\",Tabla_Consulta_desde_QuickBooks_Data_64_Bit_QRemote[[#This Row],[SalesOrderLineUnitOfMeasure]]=Tabla_Consulta_desde_QuickBooks_Data_64_Bit_QRemote[[#This Row],[U/M]]),\"\",\"ERROR\"),\"\")","v":""},{"$f":"+WEEKNUM(Tabla_Consulta_desde_QuickBooks_Data_64_Bit_QRemote[[#This Row],[TxnDate]])","v":23},{"$f":"+Tabla_Consulta_desde_QuickBooks_Data_64_Bit_QRemote[[#This Row],[SalesOrderLineRate]]*Tabla_Consulta_desde_QuickBooks_Data_64_Bit_QRemote[[#This Row],[SalesOrderLineInvoiced]]","v":0},{"$f":"+IFERROR(IF(Tabla_Consulta_desde_QuickBooks_Data_64_Bit_QRemote[[#This Row],[CustomerRefFullName]]=\"GRUVALCORP SA\",VLOOKUP(Tabla_Consulta_desde_QuickBooks_Data_64_Bit_QRemote[[#This Row],[SalesOrderLineItemRefFullName]],Hoja1!A:E,5,FALSE),\"\")*-Tabla_Consulta_desde_QuickBooks_Data_64_Bit_QRemote[[#This Row],[SalesOrderLineAmount]],\"\")","v":""},{"$f":"IF(COUNTIF(wms!E:E,Tabla_Consulta_desde_QuickBooks_Data_64_Bit_QRemote[[#This Row],[RefNumber]])>0,\"OK\",\"FALTA\")","v":"OK"}]
["2025-06-02","29089","CORPORACION FERNANDEZ CORPFERNANDEZ S.A.","LOCAL CEIBOS",10,"7862112523104","P.T:110804","SALSA CHAMOY OLE 275G","Bodega Producto Terminado",12,"X12",1.85,22.2,"UNIDAD SALSA",0,551.52,634.25,"IVA EN VENTAS 15%",{"$f":"IFERROR(IF(Tabla_Consulta_desde_QuickBooks_Data_64_Bit_QRemote[[#This Row],[SalesOrderLineUnitOfMeasure]]=\"un\",Tabla_Consulta_desde_QuickBooks_Data_64_Bit_QRemote[[#This Row],[SalesOrderLineQuantity]],Tabla_Consulta_desde_QuickBooks_Data_64_Bit_QRemote[[#This Row],[SalesOrderLineQuantity]]/MID(Tabla_Consulta_desde_QuickBooks_Data_64_Bit_QRemote[[#This Row],[SalesOrderLineUnitOfMeasure]],2,2)),0)","v":1},{"$f":"IFERROR(IF(Tabla_Consulta_desde_QuickBooks_Data_64_Bit_QRemote[[#This Row],[SalesOrderLineUnitOfMeasure]]=\"un\",Tabla_Consulta_desde_QuickBooks_Data_64_Bit_QRemote[[#This Row],[SalesOrderLineInvoiced]],Tabla_Consulta_desde_QuickBooks_Data_64_Bit_QRemote[[#This Row],[SalesOrderLineInvoiced]]/MID(Tabla_Consulta_desde_QuickBooks_Data_64_Bit_QRemote[[#This Row],[SalesOrderLineUnitOfMeasure]],2,2)),0)","v":0},{"$f":"+Tabla_Consulta_desde_QuickBooks_Data_64_Bit_QRemote[[#This Row],[facturado]]-Tabla_Consulta_desde_QuickBooks_Data_64_Bit_QRemote[[#This Row],[pide]]","v":-1},{"$f":"IF(Tabla_Consulta_desde_QuickBooks_Data_64_Bit_QRemote[[#This Row],[diferecia]]=0,\"ok\",\"diferen\")","v":"diferen"},{"$f":"IFERROR(INDEX(um!A:C,MATCH(Tabla_Consulta_desde_QuickBooks_Data_64_Bit_QRemote[[#This Row],[SalesOrderLineItemRefFullName]],um!A:A,0),3),\"\")","v":"X12"},{"$f":"IFERROR(IF(OR(Tabla_Consulta_desde_QuickBooks_Data_64_Bit_QRemote[[#This Row],[SalesOrderLineUnitOfMeasure]]=\"UN\",Tabla_Consulta_desde_QuickBooks_Data_64_Bit_QRemote[[#This Row],[SalesOrderLineUnitOfMeasure]]=Tabla_Consulta_desde_QuickBooks_Data_64_Bit_QRemote[[#This Row],[U/M]]),\"\",\"ERROR\"),\"\")","v":""},{"$f":"+WEEKNUM(Tabla_Consulta_desde_QuickBooks_Data_64_Bit_QRemote[[#This Row],[TxnDate]])","v":23},{"$f":"+Tabla_Consulta_desde_QuickBooks_Data_64_Bit_QRemote[[#This Row],[SalesOrderLineRate]]*Tabla_Consulta_desde_QuickBooks_Data_64_Bit_QRemote[[#This Row],[SalesOrderLineInvoiced]]","v":0},{"$f":"+IFERROR(IF(Tabla_Consulta_desde_QuickBooks_Data_64_Bit_QRemote[[#This Row],[CustomerRefFullName]]=\"GRUVALCORP SA\",VLOOKUP(Tabla_Consulta_desde_QuickBooks_Data_64_Bit_QRemote[[#This Row],[SalesOrderLineItemRefFullName]],Hoja1!A:E,5,FALSE),\"\")*-Tabla_Consulta_desde_QuickBooks_Data_64_Bit_QRemote[[#This Row],[SalesOrderLineAmount]],\"\")","v":""},{"$f":"IF(COUNTIF(wms!E:E,Tabla_Consulta_desde_QuickBooks_Data_64_Bit_QRemote[[#This Row],[RefNumber]])>0,\"OK\",\"FALTA\")","v":"OK"}]
["2025-06-02","29089","CORPORACION FERNANDEZ CORPFERNANDEZ S.A.","LOCAL CEIBOS",11,"7862112522367","PT:220132","TOTOPOS NATURAL OLE 300G","Bodega Producto Terminado",12,"X12",1.67,20.04,"UNIDAD SNCKS",0,551.52,634.25,"IVA EN VENTAS 15%",{"$f":"IFERROR(IF(Tabla_Consulta_desde_QuickBooks_Data_64_Bit_QRemote[[#This Row],[SalesOrderLineUnitOfMeasure]]=\"un\",Tabla_Consulta_desde_QuickBooks_Data_64_Bit_QRemote[[#This Row],[SalesOrderLineQuantity]],Tabla_Consulta_desde_QuickBooks_Data_64_Bit_QRemote[[#This Row],[SalesOrderLineQuantity]]/MID(Tabla_Consulta_desde_QuickBooks_Data_64_Bit_QRemote[[#This Row],[SalesOrderLineUnitOfMeasure]],2,2)),0)","v":1},{"$f":"IFERROR(IF(Tabla_Consulta_desde_QuickBooks_Data_64_Bit_QRemote[[#This Row],[SalesOrderLineUnitOfMeasure]]=\"un\",Tabla_Consulta_desde_QuickBooks_Data_64_Bit_QRemote[[#This Row],[SalesOrderLineInvoiced]],Tabla_Consulta_desde_QuickBooks_Data_64_Bit_QRemote[[#This Row],[SalesOrderLineInvoiced]]/MID(Tabla_Consulta_desde_QuickBooks_Data_64_Bit_QRemote[[#This Row],[SalesOrderLineUnitOfMeasure]],2,2)),0)","v":0},{"$f":"+Tabla_Consulta_desde_QuickBooks_Data_64_Bit_QRemote[[#This Row],[facturado]]-Tabla_Consulta_desde_QuickBooks_Data_64_Bit_QRemote[[#This Row],[pide]]","v":-1},{"$f":"IF(Tabla_Consulta_desde_QuickBooks_Data_64_Bit_QRemote[[#This Row],[diferecia]]=0,\"ok\",\"diferen\")","v":"diferen"},{"$f":"IFERROR(INDEX(um!A:C,MATCH(Tabla_Consulta_desde_QuickBooks_Data_64_Bit_QRemote[[#This Row],[SalesOrderLineItemRefFullName]],um!A:A,0),3),\"\")","v":"X12"},{"$f":"IFERROR(IF(OR(Tabla_Consulta_desde_QuickBooks_Data_64_Bit_QRemote[[#This Row],[SalesOrderLineUnitOfMeasure]]=\"UN\",Tabla_Consulta_desde_QuickBooks_Data_64_Bit_QRemote[[#This Row],[SalesOrderLineUnitOfMeasure]]=Tabla_Consulta_desde_QuickBooks_Data_64_Bit_QRemote[[#This Row],[U/M]]),\"\",\"ERROR\"),\"\")","v":""},{"$f":"+WEEKNUM(Tabla_Consulta_desde_QuickBooks_Data_64_Bit_QRemote[[#This Row],[TxnDate]])","v":23},{"$f":"+Tabla_Consulta_desde_QuickBooks_Data_64_Bit_QRemote[[#This Row],[SalesOrderLineRate]]*Tabla_Consulta_desde_QuickBooks_Data_64_Bit_QRemote[[#This Row],[SalesOrderLineInvoiced]]","v":0},{"$f":"+IFERROR(IF(Tabla_Consulta_desde_QuickBooks_Data_64_Bit_QRemote[[#This Row],[CustomerRefFullName]]=\"GRUVALCORP SA\",VLOOKUP(Tabla_Consulta_desde_QuickBooks_Data_64_Bit_QRemote[[#This Row],[SalesOrderLineItemRefFullName]],Hoja1!A:E,5,FALSE),\"\")*-Tabla_Consulta_desde_QuickBooks_Data_64_Bit_QRemote[[#This Row],[SalesOrderLineAmount]],\"\")","v":""},{"$f":"IF(COUNTIF(wms!E:E,Tabla_Consulta_desde_QuickBooks_Data_64_Bit_QRemote[[#This Row],[RefNumber]])>0,\"OK\",\"FALTA\")","v":"OK"}]
["2025-06-02","29089","CORPORACION FERNANDEZ CORPFERNANDEZ S.A.","LOCAL CEIBOS",12,"7862112522732","PT:220135","TOTOPOS SABOR GUACAMOLE OLE 120G","Bodega Producto Terminado",12,"X12",0.95,11.4,"UNIDAD SNCKS",0,551.52,634.25,"IVA EN VENTAS 15%",{"$f":"IFERROR(IF(Tabla_Consulta_desde_QuickBooks_Data_64_Bit_QRemote[[#This Row],[SalesOrderLineUnitOfMeasure]]=\"un\",Tabla_Consulta_desde_QuickBooks_Data_64_Bit_QRemote[[#This Row],[SalesOrderLineQuantity]],Tabla_Consulta_desde_QuickBooks_Data_64_Bit_QRemote[[#This Row],[SalesOrderLineQuantity]]/MID(Tabla_Consulta_desde_QuickBooks_Data_64_Bit_QRemote[[#This Row],[SalesOrderLineUnitOfMeasure]],2,2)),0)","v":1},{"$f":"IFERROR(IF(Tabla_Consulta_desde_QuickBooks_Data_64_Bit_QRemote[[#This Row],[SalesOrderLineUnitOfMeasure]]=\"un\",Tabla_Consulta_desde_QuickBooks_Data_64_Bit_QRemote[[#This Row],[SalesOrderLineInvoiced]],Tabla_Consulta_desde_QuickBooks_Data_64_Bit_QRemote[[#This Row],[SalesOrderLineInvoiced]]/MID(Tabla_Consulta_desde_QuickBooks_Data_64_Bit_QRemote[[#This Row],[SalesOrderLineUnitOfMeasure]],2,2)),0)","v":0},{"$f":"+Tabla_Consulta_desde_QuickBooks_Data_64_Bit_QRemote[[#This Row],[facturado]]-Tabla_Consulta_desde_QuickBooks_Data_64_Bit_QRemote[[#This Row],[pide]]","v":-1},{"$f":"IF(Tabla_Consulta_desde_QuickBooks_Data_64_Bit_QRemote[[#This Row],[diferecia]]=0,\"ok\",\"diferen\")","v":"diferen"},{"$f":"IFERROR(INDEX(um!A:C,MATCH(Tabla_Consulta_desde_QuickBooks_Data_64_Bit_QRemote[[#This Row],[SalesOrderLineItemRefFullName]],um!A:A,0),3),\"\")","v":"X12"},{"$f":"IFERROR(IF(OR(Tabla_Consulta_desde_QuickBooks_Data_64_Bit_QRemote[[#This Row],[SalesOrderLineUnitOfMeasure]]=\"UN\",Tabla_Consulta_desde_QuickBooks_Data_64_Bit_QRemote[[#This Row],[SalesOrderLineUnitOfMeasure]]=Tabla_Consulta_desde_QuickBooks_Data_64_Bit_QRemote[[#This Row],[U/M]]),\"\",\"ERROR\"),\"\")","v":""},{"$f":"+WEEKNUM(Tabla_Consulta_desde_QuickBooks_Data_64_Bit_QRemote[[#This Row],[TxnDate]])","v":23},{"$f":"+Tabla_Consulta_desde_QuickBooks_Data_64_Bit_QRemote[[#This Row],[SalesOrderLineRate]]*Tabla_Consulta_desde_QuickBooks_Data_64_Bit_QRemote[[#This Row],[SalesOrderLineInvoiced]]","v":0},{"$f":"+IFERROR(IF(Tabla_Consulta_desde_QuickBooks_Data_64_Bit_QRemote[[#This Row],[CustomerRefFullName]]=\"GRUVALCORP SA\",VLOOKUP(Tabla_Consulta_desde_QuickBooks_Data_64_Bit_QRemote[[#This Row],[SalesOrderLineItemRefFullName]],Hoja1!A:E,5,FALSE),\"\")*-Tabla_Consulta_desde_QuickBooks_Data_64_Bit_QRemote[[#This Row],[SalesOrderLineAmount]],\"\")","v":""},{"$f":"IF(COUNTIF(wms!E:E,Tabla_Consulta_desde_QuickBooks_Data_64_Bit_QRemote[[#This Row],[RefNumber]])>0,\"OK\",\"FALTA\")","v":"OK"}]
["2025-06-02","29089","CORPORACION FERNANDEZ CORPFERNANDEZ S.A.","LOCAL CEIBOS",13,null,"INFOADICIONAL","LOCAL CEIBOS",null,null,null,0,0,null,0,551.52,634.25,"IVA EN VENTAS 15%",{"$f":"IFERROR(IF(Tabla_Consulta_desde_QuickBooks_Data_64_Bit_QRemote[[#This Row],[SalesOrderLineUnitOfMeasure]]=\"un\",Tabla_Consulta_desde_QuickBooks_Data_64_Bit_QRemote[[#This Row],[SalesOrderLineQuantity]],Tabla_Consulta_desde_QuickBooks_Data_64_Bit_QRemote[[#This Row],[SalesOrderLineQuantity]]/MID(Tabla_Consulta_desde_QuickBooks_Data_64_Bit_QRemote[[#This Row],[SalesOrderLineUnitOfMeasure]],2,2)),0)","v":0},{"$f":"IFERROR(IF(Tabla_Consulta_desde_QuickBooks_Data_64_Bit_QRemote[[#This Row],[SalesOrderLineUnitOfMeasure]]=\"un\",Tabla_Consulta_desde_QuickBooks_Data_64_Bit_QRemote[[#This Row],[SalesOrderLineInvoiced]],Tabla_Consulta_desde_QuickBooks_Data_64_Bit_QRemote[[#This Row],[SalesOrderLineInvoiced]]/MID(Tabla_Consulta_desde_QuickBooks_Data_64_Bit_QRemote[[#This Row],[SalesOrderLineUnitOfMeasure]],2,2)),0)","v":0},{"$f":"+Tabla_Consulta_desde_QuickBooks_Data_64_Bit_QRemote[[#This Row],[facturado]]-Tabla_Consulta_desde_QuickBooks_Data_64_Bit_QRemote[[#This Row],[pide]]","v":0},{"$f":"IF(Tabla_Consulta_desde_QuickBooks_Data_64_Bit_QRemote[[#This Row],[diferecia]]=0,\"ok\",\"diferen\")","v":"ok"},{"$f":"IFERROR(INDEX(um!A:C,MATCH(Tabla_Consulta_desde_QuickBooks_Data_64_Bit_QRemote[[#This Row],[SalesOrderLineItemRefFullName]],um!A:A,0),3),\"\")","v":""},{"$f":"IFERROR(IF(OR(Tabla_Consulta_desde_QuickBooks_Data_64_Bit_QRemote[[#This Row],[SalesOrderLineUnitOfMeasure]]=\"UN\",Tabla_Consulta_desde_QuickBooks_Data_64_Bit_QRemote[[#This Row],[SalesOrderLineUnitOfMeasure]]=Tabla_Consulta_desde_QuickBooks_Data_64_Bit_QRemote[[#This Row],[U/M]]),\"\",\"ERROR\"),\"\")","v":""},{"$f":"+WEEKNUM(Tabla_Consulta_desde_QuickBooks_Data_64_Bit_QRemote[[#This Row],[TxnDate]])","v":23},{"$f":"+Tabla_Consulta_desde_QuickBooks_Data_64_Bit_QRemote[[#This Row],[SalesOrderLineRate]]*Tabla_Consulta_desde_QuickBooks_Data_64_Bit_QRemote[[#This Row],[SalesOrderLineInvoiced]]","v":0},{"$f":"+IFERROR(IF(Tabla_Consulta_desde_QuickBooks_Data_64_Bit_QRemote[[#This Row],[CustomerRefFullName]]=\"GRUVALCORP SA\",VLOOKUP(Tabla_Consulta_desde_QuickBooks_Data_64_Bit_QRemote[[#This Row],[SalesOrderLineItemRefFullName]],Hoja1!A:E,5,FALSE),\"\")*-Tabla_Consulta_desde_QuickBooks_Data_64_Bit_QRemote[[#This Row],[SalesOrderLineAmount]],\"\")","v":""},{"$f":"IF(COUNTIF(wms!E:E,Tabla_Consulta_desde_QuickBooks_Data_64_Bit_QRemote[[#This Row],[RefNumber]])>0,\"OK\",\"FALTA\")","v":"OK"}]
["2025-06-02","29090","CORPORACION FERNANDEZ CORPFERNANDEZ S.A.","LOCAL ESCLUSAS",1,"7862112521421","P.T:310106","ACEITUNAS VERDES RELLENAS CON PIMIENTO OLE 240G","Bodega Producto Terminado",6,"UN",2.52,15.12,"UNIDAD SALSA",0,181.6,208.84,"IVA EN VENTAS 15%",{"$f":"IFERROR(IF(Tabla_Consulta_desde_QuickBooks_Data_64_Bit_QRemote[[#This Row],[SalesOrderLineUnitOfMeasure]]=\"un\",Tabla_Consulta_desde_QuickBooks_Data_64_Bit_QRemote[[#This Row],[SalesOrderLineQuantity]],Tabla_Consulta_desde_QuickBooks_Data_64_Bit_QRemote[[#This Row],[SalesOrderLineQuantity]]/MID(Tabla_Consulta_desde_QuickBooks_Data_64_Bit_QRemote[[#This Row],[SalesOrderLineUnitOfMeasure]],2,2)),0)","v":6},{"$f":"IFERROR(IF(Tabla_Consulta_desde_QuickBooks_Data_64_Bit_QRemote[[#This Row],[SalesOrderLineUnitOfMeasure]]=\"un\",Tabla_Consulta_desde_QuickBooks_Data_64_Bit_QRemote[[#This Row],[SalesOrderLineInvoiced]],Tabla_Consulta_desde_QuickBooks_Data_64_Bit_QRemote[[#This Row],[SalesOrderLineInvoiced]]/MID(Tabla_Consulta_desde_QuickBooks_Data_64_Bit_QRemote[[#This Row],[SalesOrderLineUnitOfMeasure]],2,2)),0)","v":0},{"$f":"+Tabla_Consulta_desde_QuickBooks_Data_64_Bit_QRemote[[#This Row],[facturado]]-Tabla_Consulta_desde_QuickBooks_Data_64_Bit_QRemote[[#This Row],[pide]]","v":-6},{"$f":"IF(Tabla_Consulta_desde_QuickBooks_Data_64_Bit_QRemote[[#This Row],[diferecia]]=0,\"ok\",\"diferen\")","v":"diferen"},{"$f":"IFERROR(INDEX(um!A:C,MATCH(Tabla_Consulta_desde_QuickBooks_Data_64_Bit_QRemote[[#This Row],[SalesOrderLineItemRefFullName]],um!A:A,0),3),\"\")","v":"X12"},{"$f":"IFERROR(IF(OR(Tabla_Consulta_desde_QuickBooks_Data_64_Bit_QRemote[[#This Row],[SalesOrderLineUnitOfMeasure]]=\"UN\",Tabla_Consulta_desde_QuickBooks_Data_64_Bit_QRemote[[#This Row],[SalesOrderLineUnitOfMeasure]]=Tabla_Consulta_desde_QuickBooks_Data_64_Bit_QRemote[[#This Row],[U/M]]),\"\",\"ERROR\"),\"\")","v":""},{"$f":"+WEEKNUM(Tabla_Consulta_desde_QuickBooks_Data_64_Bit_QRemote[[#This Row],[TxnDate]])","v":23},{"$f":"+Tabla_Consulta_desde_QuickBooks_Data_64_Bit_QRemote[[#This Row],[SalesOrderLineRate]]*Tabla_Consulta_desde_QuickBooks_Data_64_Bit_QRemote[[#This Row],[SalesOrderLineInvoiced]]","v":0},{"$f":"+IFERROR(IF(Tabla_Consulta_desde_QuickBooks_Data_64_Bit_QRemote[[#This Row],[CustomerRefFullName]]=\"GRUVALCORP SA\",VLOOKUP(Tabla_Consulta_desde_QuickBooks_Data_64_Bit_QRemote[[#This Row],[SalesOrderLineItemRefFullName]],Hoja1!A:E,5,FALSE),\"\")*-Tabla_Consulta_desde_QuickBooks_Data_64_Bit_QRemote[[#This Row],[SalesOrderLineAmount]],\"\")","v":""},{"$f":"IF(COUNTIF(wms!E:E,Tabla_Consulta_desde_QuickBooks_Data_64_Bit_QRemote[[#This Row],[RefNumber]])>0,\"OK\",\"FALTA\")","v":"OK"}]
["2025-06-02","29090","CORPORACION FERNANDEZ CORPFERNANDEZ S.A.","LOCAL ESCLUSAS",2,"7862112520301","P.T:110700","CHIMICHURRI OLE 230G","Bodega Producto Terminado",12,"X12",2.35,28.2,"UNIDAD SALSA",0,181.6,208.84,"IVA EN VENTAS 15%",{"$f":"IFERROR(IF(Tabla_Consulta_desde_QuickBooks_Data_64_Bit_QRemote[[#This Row],[SalesOrderLineUnitOfMeasure]]=\"un\",Tabla_Consulta_desde_QuickBooks_Data_64_Bit_QRemote[[#This Row],[SalesOrderLineQuantity]],Tabla_Consulta_desde_QuickBooks_Data_64_Bit_QRemote[[#This Row],[SalesOrderLineQuantity]]/MID(Tabla_Consulta_desde_QuickBooks_Data_64_Bit_QRemote[[#This Row],[SalesOrderLineUnitOfMeasure]],2,2)),0)","v":1},{"$f":"IFERROR(IF(Tabla_Consulta_desde_QuickBooks_Data_64_Bit_QRemote[[#This Row],[SalesOrderLineUnitOfMeasure]]=\"un\",Tabla_Consulta_desde_QuickBooks_Data_64_Bit_QRemote[[#This Row],[SalesOrderLineInvoiced]],Tabla_Consulta_desde_QuickBooks_Data_64_Bit_QRemote[[#This Row],[SalesOrderLineInvoiced]]/MID(Tabla_Consulta_desde_QuickBooks_Data_64_Bit_QRemote[[#This Row],[SalesOrderLineUnitOfMeasure]],2,2)),0)","v":0},{"$f":"+Tabla_Consulta_desde_QuickBooks_Data_64_Bit_QRemote[[#This Row],[facturado]]-Tabla_Consulta_desde_QuickBooks_Data_64_Bit_QRemote[[#This Row],[pide]]","v":-1},{"$f":"IF(Tabla_Consulta_desde_QuickBooks_Data_64_Bit_QRemote[[#This Row],[diferecia]]=0,\"ok\",\"diferen\")","v":"diferen"},{"$f":"IFERROR(INDEX(um!A:C,MATCH(Tabla_Consulta_desde_QuickBooks_Data_64_Bit_QRemote[[#This Row],[SalesOrderLineItemRefFullName]],um!A:A,0),3),\"\")","v":"X12"},{"$f":"IFERROR(IF(OR(Tabla_Consulta_desde_QuickBooks_Data_64_Bit_QRemote[[#This Row],[SalesOrderLineUnitOfMeasure]]=\"UN\",Tabla_Consulta_desde_QuickBooks_Data_64_Bit_QRemote[[#This Row],[SalesOrderLineUnitOfMeasure]]=Tabla_Consulta_desde_QuickBooks_Data_64_Bit_QRemote[[#This Row],[U/M]]),\"\",\"ERROR\"),\"\")","v":""},{"$f":"+WEEKNUM(Tabla_Consulta_desde_QuickBooks_Data_64_Bit_QRemote[[#This Row],[TxnDate]])","v":23},{"$f":"+Tabla_Consulta_desde_QuickBooks_Data_64_Bit_QRemote[[#This Row],[SalesOrderLineRate]]*Tabla_Consulta_desde_QuickBooks_Data_64_Bit_QRemote[[#This Row],[SalesOrderLineInvoiced]]","v":0},{"$f":"+IFERROR(IF(Tabla_Consulta_desde_QuickBooks_Data_64_Bit_QRemote[[#This Row],[CustomerRefFullName]]=\"GRUVALCORP SA\",VLOOKUP(Tabla_Consulta_desde_QuickBooks_Data_64_Bit_QRemote[[#This Row],[SalesOrderLineItemRefFullName]],Hoja1!A:E,5,FALSE),\"\")*-Tabla_Consulta_desde_QuickBooks_Data_64_Bit_QRemote[[#This Row],[SalesOrderLineAmount]],\"\")","v":""},{"$f":"IF(COUNTIF(wms!E:E,Tabla_Consulta_desde_QuickBooks_Data_64_Bit_QRemote[[#This Row],[RefNumber]])>0,\"OK\",\"FALTA\")","v":"OK"}]
["2025-06-02","29090","CORPORACION FERNANDEZ CORPFERNANDEZ S.A.","LOCAL ESCLUSAS",3,"7862112522626","P.T:110701","CHIMICHURRI ESTILO ARGENTINO OLE 380G","Bodega Producto Terminado",6,"UN",3.03,18.18,"UNIDAD SALSA",0,181.6,208.84,"IVA EN VENTAS 15%",{"$f":"IFERROR(IF(Tabla_Consulta_desde_QuickBooks_Data_64_Bit_QRemote[[#This Row],[SalesOrderLineUnitOfMeasure]]=\"un\",Tabla_Consulta_desde_QuickBooks_Data_64_Bit_QRemote[[#This Row],[SalesOrderLineQuantity]],Tabla_Consulta_desde_QuickBooks_Data_64_Bit_QRemote[[#This Row],[SalesOrderLineQuantity]]/MID(Tabla_Consulta_desde_QuickBooks_Data_64_Bit_QRemote[[#This Row],[SalesOrderLineUnitOfMeasure]],2,2)),0)","v":6},{"$f":"IFERROR(IF(Tabla_Consulta_desde_QuickBooks_Data_64_Bit_QRemote[[#This Row],[SalesOrderLineUnitOfMeasure]]=\"un\",Tabla_Consulta_desde_QuickBooks_Data_64_Bit_QRemote[[#This Row],[SalesOrderLineInvoiced]],Tabla_Consulta_desde_QuickBooks_Data_64_Bit_QRemote[[#This Row],[SalesOrderLineInvoiced]]/MID(Tabla_Consulta_desde_QuickBooks_Data_64_Bit_QRemote[[#This Row],[SalesOrderLineUnitOfMeasure]],2,2)),0)","v":0},{"$f":"+Tabla_Consulta_desde_QuickBooks_Data_64_Bit_QRemote[[#This Row],[facturado]]-Tabla_Consulta_desde_QuickBooks_Data_64_Bit_QRemote[[#This Row],[pide]]","v":-6},{"$f":"IF(Tabla_Consulta_desde_QuickBooks_Data_64_Bit_QRemote[[#This Row],[diferecia]]=0,\"ok\",\"diferen\")","v":"diferen"},{"$f":"IFERROR(INDEX(um!A:C,MATCH(Tabla_Consulta_desde_QuickBooks_Data_64_Bit_QRemote[[#This Row],[SalesOrderLineItemRefFullName]],um!A:A,0),3),\"\")","v":"X12"},{"$f":"IFERROR(IF(OR(Tabla_Consulta_desde_QuickBooks_Data_64_Bit_QRemote[[#This Row],[SalesOrderLineUnitOfMeasure]]=\"UN\",Tabla_Consulta_desde_QuickBooks_Data_64_Bit_QRemote[[#This Row],[SalesOrderLineUnitOfMeasure]]=Tabla_Consulta_desde_QuickBooks_Data_64_Bit_QRemote[[#This Row],[U/M]]),\"\",\"ERROR\"),\"\")","v":""},{"$f":"+WEEKNUM(Tabla_Consulta_desde_QuickBooks_Data_64_Bit_QRemote[[#This Row],[TxnDate]])","v":23},{"$f":"+Tabla_Consulta_desde_QuickBooks_Data_64_Bit_QRemote[[#This Row],[SalesOrderLineRate]]*Tabla_Consulta_desde_QuickBooks_Data_64_Bit_QRemote[[#This Row],[SalesOrderLineInvoiced]]","v":0},{"$f":"+IFERROR(IF(Tabla_Consulta_desde_QuickBooks_Data_64_Bit_QRemote[[#This Row],[CustomerRefFullName]]=\"GRUVALCORP SA\",VLOOKUP(Tabla_Consulta_desde_QuickBooks_Data_64_Bit_QRemote[[#This Row],[SalesOrderLineItemRefFullName]],Hoja1!A:E,5,FALSE),\"\")*-Tabla_Consulta_desde_QuickBooks_Data_64_Bit_QRemote[[#This Row],[SalesOrderLineAmount]],\"\")","v":""},{"$f":"IF(COUNTIF(wms!E:E,Tabla_Consulta_desde_QuickBooks_Data_64_Bit_QRemote[[#This Row],[RefNumber]])>0,\"OK\",\"FALTA\")","v":"OK"}]
["2025-06-02","29090","CORPORACION FERNANDEZ CORPFERNANDEZ S.A.","LOCAL ESCLUSAS",4,"7862112522992","P.T:110300","SALSA BBQ PICANTE OLE 200G","Bodega Producto Terminado",96,"X12",0.72,69.12,"UNIDAD SALSA",0,181.6,208.84,"IVA EN VENTAS 15%",{"$f":"IFERROR(IF(Tabla_Consulta_desde_QuickBooks_Data_64_Bit_QRemote[[#This Row],[SalesOrderLineUnitOfMeasure]]=\"un\",Tabla_Consulta_desde_QuickBooks_Data_64_Bit_QRemote[[#This Row],[SalesOrderLineQuantity]],Tabla_Consulta_desde_QuickBooks_Data_64_Bit_QRemote[[#This Row],[SalesOrderLineQuantity]]/MID(Tabla_Consulta_desde_QuickBooks_Data_64_Bit_QRemote[[#This Row],[SalesOrderLineUnitOfMeasure]],2,2)),0)","v":8},{"$f":"IFERROR(IF(Tabla_Consulta_desde_QuickBooks_Data_64_Bit_QRemote[[#This Row],[SalesOrderLineUnitOfMeasure]]=\"un\",Tabla_Consulta_desde_QuickBooks_Data_64_Bit_QRemote[[#This Row],[SalesOrderLineInvoiced]],Tabla_Consulta_desde_QuickBooks_Data_64_Bit_QRemote[[#This Row],[SalesOrderLineInvoiced]]/MID(Tabla_Consulta_desde_QuickBooks_Data_64_Bit_QRemote[[#This Row],[SalesOrderLineUnitOfMeasure]],2,2)),0)","v":0},{"$f":"+Tabla_Consulta_desde_QuickBooks_Data_64_Bit_QRemote[[#This Row],[facturado]]-Tabla_Consulta_desde_QuickBooks_Data_64_Bit_QRemote[[#This Row],[pide]]","v":-8},{"$f":"IF(Tabla_Consulta_desde_QuickBooks_Data_64_Bit_QRemote[[#This Row],[diferecia]]=0,\"ok\",\"diferen\")","v":"diferen"},{"$f":"IFERROR(INDEX(um!A:C,MATCH(Tabla_Consulta_desde_QuickBooks_Data_64_Bit_QRemote[[#This Row],[SalesOrderLineItemRefFullName]],um!A:A,0),3),\"\")","v":"X12"},{"$f":"IFERROR(IF(OR(Tabla_Consulta_desde_QuickBooks_Data_64_Bit_QRemote[[#This Row],[SalesOrderLineUnitOfMeasure]]=\"UN\",Tabla_Consulta_desde_QuickBooks_Data_64_Bit_QRemote[[#This Row],[SalesOrderLineUnitOfMeasure]]=Tabla_Consulta_desde_QuickBooks_Data_64_Bit_QRemote[[#This Row],[U/M]]),\"\",\"ERROR\"),\"\")","v":""},{"$f":"+WEEKNUM(Tabla_Consulta_desde_QuickBooks_Data_64_Bit_QRemote[[#This Row],[TxnDate]])","v":23},{"$f":"+Tabla_Consulta_desde_QuickBooks_Data_64_Bit_QRemote[[#This Row],[SalesOrderLineRate]]*Tabla_Consulta_desde_QuickBooks_Data_64_Bit_QRemote[[#This Row],[SalesOrderLineInvoiced]]","v":0},{"$f":"+IFERROR(IF(Tabla_Consulta_desde_QuickBooks_Data_64_Bit_QRemote[[#This Row],[CustomerRefFullName]]=\"GRUVALCORP SA\",VLOOKUP(Tabla_Consulta_desde_QuickBooks_Data_64_Bit_QRemote[[#This Row],[SalesOrderLineItemRefFullName]],Hoja1!A:E,5,FALSE),\"\")*-Tabla_Consulta_desde_QuickBooks_Data_64_Bit_QRemote[[#This Row],[SalesOrderLineAmount]],\"\")","v":""},{"$f":"IF(COUNTIF(wms!E:E,Tabla_Consulta_desde_QuickBooks_Data_64_Bit_QRemote[[#This Row],[RefNumber]])>0,\"OK\",\"FALTA\")","v":"OK"}]
["2025-06-02","29090","CORPORACION FERNANDEZ CORPFERNANDEZ S.A.","LOCAL ESCLUSAS",5,"7862112522497","P.T:110801","SALSA BBQ ORIGINAL OLE DP 200G","Bodega Producto Terminado",24,"X12",0.78,18.72,"UNIDAD SALSA",0,181.6,208.84,"IVA EN VENTAS 15%",{"$f":"IFERROR(IF(Tabla_Consulta_desde_QuickBooks_Data_64_Bit_QRemote[[#This Row],[SalesOrderLineUnitOfMeasure]]=\"un\",Tabla_Consulta_desde_QuickBooks_Data_64_Bit_QRemote[[#This Row],[SalesOrderLineQuantity]],Tabla_Consulta_desde_QuickBooks_Data_64_Bit_QRemote[[#This Row],[SalesOrderLineQuantity]]/MID(Tabla_Consulta_desde_QuickBooks_Data_64_Bit_QRemote[[#This Row],[SalesOrderLineUnitOfMeasure]],2,2)),0)","v":2},{"$f":"IFERROR(IF(Tabla_Consulta_desde_QuickBooks_Data_64_Bit_QRemote[[#This Row],[SalesOrderLineUnitOfMeasure]]=\"un\",Tabla_Consulta_desde_QuickBooks_Data_64_Bit_QRemote[[#This Row],[SalesOrderLineInvoiced]],Tabla_Consulta_desde_QuickBooks_Data_64_Bit_QRemote[[#This Row],[SalesOrderLineInvoiced]]/MID(Tabla_Consulta_desde_QuickBooks_Data_64_Bit_QRemote[[#This Row],[SalesOrderLineUnitOfMeasure]],2,2)),0)","v":0},{"$f":"+Tabla_Consulta_desde_QuickBooks_Data_64_Bit_QRemote[[#This Row],[facturado]]-Tabla_Consulta_desde_QuickBooks_Data_64_Bit_QRemote[[#This Row],[pide]]","v":-2},{"$f":"IF(Tabla_Consulta_desde_QuickBooks_Data_64_Bit_QRemote[[#This Row],[diferecia]]=0,\"ok\",\"diferen\")","v":"diferen"},{"$f":"IFERROR(INDEX(um!A:C,MATCH(Tabla_Consulta_desde_QuickBooks_Data_64_Bit_QRemote[[#This Row],[SalesOrderLineItemRefFullName]],um!A:A,0),3),\"\")","v":"X12"},{"$f":"IFERROR(IF(OR(Tabla_Consulta_desde_QuickBooks_Data_64_Bit_QRemote[[#This Row],[SalesOrderLineUnitOfMeasure]]=\"UN\",Tabla_Consulta_desde_QuickBooks_Data_64_Bit_QRemote[[#This Row],[SalesOrderLineUnitOfMeasure]]=Tabla_Consulta_desde_QuickBooks_Data_64_Bit_QRemote[[#This Row],[U/M]]),\"\",\"ERROR\"),\"\")","v":""},{"$f":"+WEEKNUM(Tabla_Consulta_desde_QuickBooks_Data_64_Bit_QRemote[[#This Row],[TxnDate]])","v":23},{"$f":"+Tabla_Consulta_desde_QuickBooks_Data_64_Bit_QRemote[[#This Row],[SalesOrderLineRate]]*Tabla_Consulta_desde_QuickBooks_Data_64_Bit_QRemote[[#This Row],[SalesOrderLineInvoiced]]","v":0},{"$f":"+IFERROR(IF(Tabla_Consulta_desde_QuickBooks_Data_64_Bit_QRemote[[#This Row],[CustomerRefFullName]]=\"GRUVALCORP SA\",VLOOKUP(Tabla_Consulta_desde_QuickBooks_Data_64_Bit_QRemote[[#This Row],[SalesOrderLineItemRefFullName]],Hoja1!A:E,5,FALSE),\"\")*-Tabla_Consulta_desde_QuickBooks_Data_64_Bit_QRemote[[#This Row],[SalesOrderLineAmount]],\"\")","v":""},{"$f":"IF(COUNTIF(wms!E:E,Tabla_Consulta_desde_QuickBooks_Data_64_Bit_QRemote[[#This Row],[RefNumber]])>0,\"OK\",\"FALTA\")","v":"OK"}]
["2025-06-02","29090","CORPORACION FERNANDEZ CORPFERNANDEZ S.A.","LOCAL ESCLUSAS",6,"7862112522794","P.T:311605","SALSA CHICKEN DIPPIN OLE 200G","Bodega Producto Terminado",2,"UN",1.31,2.62,"UNIDAD SALSA",0,181.6,208.84,"IVA EN VENTAS 15%",{"$f":"IFERROR(IF(Tabla_Consulta_desde_QuickBooks_Data_64_Bit_QRemote[[#This Row],[SalesOrderLineUnitOfMeasure]]=\"un\",Tabla_Consulta_desde_QuickBooks_Data_64_Bit_QRemote[[#This Row],[SalesOrderLineQuantity]],Tabla_Consulta_desde_QuickBooks_Data_64_Bit_QRemote[[#This Row],[SalesOrderLineQuantity]]/MID(Tabla_Consulta_desde_QuickBooks_Data_64_Bit_QRemote[[#This Row],[SalesOrderLineUnitOfMeasure]],2,2)),0)","v":2},{"$f":"IFERROR(IF(Tabla_Consulta_desde_QuickBooks_Data_64_Bit_QRemote[[#This Row],[SalesOrderLineUnitOfMeasure]]=\"un\",Tabla_Consulta_desde_QuickBooks_Data_64_Bit_QRemote[[#This Row],[SalesOrderLineInvoiced]],Tabla_Consulta_desde_QuickBooks_Data_64_Bit_QRemote[[#This Row],[SalesOrderLineInvoiced]]/MID(Tabla_Consulta_desde_QuickBooks_Data_64_Bit_QRemote[[#This Row],[SalesOrderLineUnitOfMeasure]],2,2)),0)","v":0},{"$f":"+Tabla_Consulta_desde_QuickBooks_Data_64_Bit_QRemote[[#This Row],[facturado]]-Tabla_Consulta_desde_QuickBooks_Data_64_Bit_QRemote[[#This Row],[pide]]","v":-2},{"$f":"IF(Tabla_Consulta_desde_QuickBooks_Data_64_Bit_QRemote[[#This Row],[diferecia]]=0,\"ok\",\"diferen\")","v":"diferen"},{"$f":"IFERROR(INDEX(um!A:C,MATCH(Tabla_Consulta_desde_QuickBooks_Data_64_Bit_QRemote[[#This Row],[SalesOrderLineItemRefFullName]],um!A:A,0),3),\"\")","v":"X24"},{"$f":"IFERROR(IF(OR(Tabla_Consulta_desde_QuickBooks_Data_64_Bit_QRemote[[#This Row],[SalesOrderLineUnitOfMeasure]]=\"UN\",Tabla_Consulta_desde_QuickBooks_Data_64_Bit_QRemote[[#This Row],[SalesOrderLineUnitOfMeasure]]=Tabla_Consulta_desde_QuickBooks_Data_64_Bit_QRemote[[#This Row],[U/M]]),\"\",\"ERROR\"),\"\")","v":""},{"$f":"+WEEKNUM(Tabla_Consulta_desde_QuickBooks_Data_64_Bit_QRemote[[#This Row],[TxnDate]])","v":23},{"$f":"+Tabla_Consulta_desde_QuickBooks_Data_64_Bit_QRemote[[#This Row],[SalesOrderLineRate]]*Tabla_Consulta_desde_QuickBooks_Data_64_Bit_QRemote[[#This Row],[SalesOrderLineInvoiced]]","v":0},{"$f":"+IFERROR(IF(Tabla_Consulta_desde_QuickBooks_Data_64_Bit_QRemote[[#This Row],[CustomerRefFullName]]=\"GRUVALCORP SA\",VLOOKUP(Tabla_Consulta_desde_QuickBooks_Data_64_Bit_QRemote[[#This Row],[SalesOrderLineItemRefFullName]],Hoja1!A:E,5,FALSE),\"\")*-Tabla_Consulta_desde_QuickBooks_Data_64_Bit_QRemote[[#This Row],[SalesOrderLineAmount]],\"\")","v":""},{"$f":"IF(COUNTIF(wms!E:E,Tabla_Consulta_desde_QuickBooks_Data_64_Bit_QRemote[[#This Row],[RefNumber]])>0,\"OK\",\"FALTA\")","v":"OK"}]
["2025-06-02","29090","CORPORACION FERNANDEZ CORPFERNANDEZ S.A.","LOCAL ESCLUSAS",7,"705424000116","P.T:110207","AJÍ CON MARACUYA OLE 185G","Bodega Producto Terminado",10,"UN",1.57,15.7,"UNIDAD SALSA",0,181.6,208.84,"IVA EN VENTAS 15%",{"$f":"IFERROR(IF(Tabla_Consulta_desde_QuickBooks_Data_64_Bit_QRemote[[#This Row],[SalesOrderLineUnitOfMeasure]]=\"un\",Tabla_Consulta_desde_QuickBooks_Data_64_Bit_QRemote[[#This Row],[SalesOrderLineQuantity]],Tabla_Consulta_desde_QuickBooks_Data_64_Bit_QRemote[[#This Row],[SalesOrderLineQuantity]]/MID(Tabla_Consulta_desde_QuickBooks_Data_64_Bit_QRemote[[#This Row],[SalesOrderLineUnitOfMeasure]],2,2)),0)","v":10},{"$f":"IFERROR(IF(Tabla_Consulta_desde_QuickBooks_Data_64_Bit_QRemote[[#This Row],[SalesOrderLineUnitOfMeasure]]=\"un\",Tabla_Consulta_desde_QuickBooks_Data_64_Bit_QRemote[[#This Row],[SalesOrderLineInvoiced]],Tabla_Consulta_desde_QuickBooks_Data_64_Bit_QRemote[[#This Row],[SalesOrderLineInvoiced]]/MID(Tabla_Consulta_desde_QuickBooks_Data_64_Bit_QRemote[[#This Row],[SalesOrderLineUnitOfMeasure]],2,2)),0)","v":0},{"$f":"+Tabla_Consulta_desde_QuickBooks_Data_64_Bit_QRemote[[#This Row],[facturado]]-Tabla_Consulta_desde_QuickBooks_Data_64_Bit_QRemote[[#This Row],[pide]]","v":-10},{"$f":"IF(Tabla_Consulta_desde_QuickBooks_Data_64_Bit_QRemote[[#This Row],[diferecia]]=0,\"ok\",\"diferen\")","v":"diferen"},{"$f":"IFERROR(INDEX(um!A:C,MATCH(Tabla_Consulta_desde_QuickBooks_Data_64_Bit_QRemote[[#This Row],[SalesOrderLineItemRefFullName]],um!A:A,0),3),\"\")","v":"X24"},{"$f":"IFERROR(IF(OR(Tabla_Consulta_desde_QuickBooks_Data_64_Bit_QRemote[[#This Row],[SalesOrderLineUnitOfMeasure]]=\"UN\",Tabla_Consulta_desde_QuickBooks_Data_64_Bit_QRemote[[#This Row],[SalesOrderLineUnitOfMeasure]]=Tabla_Consulta_desde_QuickBooks_Data_64_Bit_QRemote[[#This Row],[U/M]]),\"\",\"ERROR\"),\"\")","v":""},{"$f":"+WEEKNUM(Tabla_Consulta_desde_QuickBooks_Data_64_Bit_QRemote[[#This Row],[TxnDate]])","v":23},{"$f":"+Tabla_Consulta_desde_QuickBooks_Data_64_Bit_QRemote[[#This Row],[SalesOrderLineRate]]*Tabla_Consulta_desde_QuickBooks_Data_64_Bit_QRemote[[#This Row],[SalesOrderLineInvoiced]]","v":0},{"$f":"+IFERROR(IF(Tabla_Consulta_desde_QuickBooks_Data_64_Bit_QRemote[[#This Row],[CustomerRefFullName]]=\"GRUVALCORP SA\",VLOOKUP(Tabla_Consulta_desde_QuickBooks_Data_64_Bit_QRemote[[#This Row],[SalesOrderLineItemRefFullName]],Hoja1!A:E,5,FALSE),\"\")*-Tabla_Consulta_desde_QuickBooks_Data_64_Bit_QRemote[[#This Row],[SalesOrderLineAmount]],\"\")","v":""},{"$f":"IF(COUNTIF(wms!E:E,Tabla_Consulta_desde_QuickBooks_Data_64_Bit_QRemote[[#This Row],[RefNumber]])>0,\"OK\",\"FALTA\")","v":"OK"}]
["2025-06-02","29090","CORPORACION FERNANDEZ CORPFERNANDEZ S.A.","LOCAL ESCLUSAS",8,"705424000147","P.T:110209","AJÍ CON TOMATE DE ÁRBOL OLE 180G","Bodega Producto Terminado",6,"UN",1.57,9.42,"UNIDAD SALSA",0,181.6,208.84,"IVA EN VENTAS 15%",{"$f":"IFERROR(IF(Tabla_Consulta_desde_QuickBooks_Data_64_Bit_QRemote[[#This Row],[SalesOrderLineUnitOfMeasure]]=\"un\",Tabla_Consulta_desde_QuickBooks_Data_64_Bit_QRemote[[#This Row],[SalesOrderLineQuantity]],Tabla_Consulta_desde_QuickBooks_Data_64_Bit_QRemote[[#This Row],[SalesOrderLineQuantity]]/MID(Tabla_Consulta_desde_QuickBooks_Data_64_Bit_QRemote[[#This Row],[SalesOrderLineUnitOfMeasure]],2,2)),0)","v":6},{"$f":"IFERROR(IF(Tabla_Consulta_desde_QuickBooks_Data_64_Bit_QRemote[[#This Row],[SalesOrderLineUnitOfMeasure]]=\"un\",Tabla_Consulta_desde_QuickBooks_Data_64_Bit_QRemote[[#This Row],[SalesOrderLineInvoiced]],Tabla_Consulta_desde_QuickBooks_Data_64_Bit_QRemote[[#This Row],[SalesOrderLineInvoiced]]/MID(Tabla_Consulta_desde_QuickBooks_Data_64_Bit_QRemote[[#This Row],[SalesOrderLineUnitOfMeasure]],2,2)),0)","v":0},{"$f":"+Tabla_Consulta_desde_QuickBooks_Data_64_Bit_QRemote[[#This Row],[facturado]]-Tabla_Consulta_desde_QuickBooks_Data_64_Bit_QRemote[[#This Row],[pide]]","v":-6},{"$f":"IF(Tabla_Consulta_desde_QuickBooks_Data_64_Bit_QRemote[[#This Row],[diferecia]]=0,\"ok\",\"diferen\")","v":"diferen"},{"$f":"IFERROR(INDEX(um!A:C,MATCH(Tabla_Consulta_desde_QuickBooks_Data_64_Bit_QRemote[[#This Row],[SalesOrderLineItemRefFullName]],um!A:A,0),3),\"\")","v":"X24"},{"$f":"IFERROR(IF(OR(Tabla_Consulta_desde_QuickBooks_Data_64_Bit_QRemote[[#This Row],[SalesOrderLineUnitOfMeasure]]=\"UN\",Tabla_Consulta_desde_QuickBooks_Data_64_Bit_QRemote[[#This Row],[SalesOrderLineUnitOfMeasure]]=Tabla_Consulta_desde_QuickBooks_Data_64_Bit_QRemote[[#This Row],[U/M]]),\"\",\"ERROR\"),\"\")","v":""},{"$f":"+WEEKNUM(Tabla_Consulta_desde_QuickBooks_Data_64_Bit_QRemote[[#This Row],[TxnDate]])","v":23},{"$f":"+Tabla_Consulta_desde_QuickBooks_Data_64_Bit_QRemote[[#This Row],[SalesOrderLineRate]]*Tabla_Consulta_desde_QuickBooks_Data_64_Bit_QRemote[[#This Row],[SalesOrderLineInvoiced]]","v":0},{"$f":"+IFERROR(IF(Tabla_Consulta_desde_QuickBooks_Data_64_Bit_QRemote[[#This Row],[CustomerRefFullName]]=\"GRUVALCORP SA\",VLOOKUP(Tabla_Consulta_desde_QuickBooks_Data_64_Bit_QRemote[[#This Row],[SalesOrderLineItemRefFullName]],Hoja1!A:E,5,FALSE),\"\")*-Tabla_Consulta_desde_QuickBooks_Data_64_Bit_QRemote[[#This Row],[SalesOrderLineAmount]],\"\")","v":""},{"$f":"IF(COUNTIF(wms!E:E,Tabla_Consulta_desde_QuickBooks_Data_64_Bit_QRemote[[#This Row],[RefNumber]])>0,\"OK\",\"FALTA\")","v":"OK"}]
["2025-06-02","29090","CORPORACION FERNANDEZ CORPFERNANDEZ S.A.","LOCAL ESCLUSAS",9,"7862112522183","P.T:110733","SALSA GUACAMOLE OLE 220G","Bodega Producto Terminado",1,"UN",1.72,1.72,"UNIDAD SALSA",0,181.6,208.84,"IVA EN VENTAS 15%",{"$f":"IFERROR(IF(Tabla_Consulta_desde_QuickBooks_Data_64_Bit_QRemote[[#This Row],[SalesOrderLineUnitOfMeasure]]=\"un\",Tabla_Consulta_desde_QuickBooks_Data_64_Bit_QRemote[[#This Row],[SalesOrderLineQuantity]],Tabla_Consulta_desde_QuickBooks_Data_64_Bit_QRemote[[#This Row],[SalesOrderLineQuantity]]/MID(Tabla_Consulta_desde_QuickBooks_Data_64_Bit_QRemote[[#This Row],[SalesOrderLineUnitOfMeasure]],2,2)),0)","v":1},{"$f":"IFERROR(IF(Tabla_Consulta_desde_QuickBooks_Data_64_Bit_QRemote[[#This Row],[SalesOrderLineUnitOfMeasure]]=\"un\",Tabla_Consulta_desde_QuickBooks_Data_64_Bit_QRemote[[#This Row],[SalesOrderLineInvoiced]],Tabla_Consulta_desde_QuickBooks_Data_64_Bit_QRemote[[#This Row],[SalesOrderLineInvoiced]]/MID(Tabla_Consulta_desde_QuickBooks_Data_64_Bit_QRemote[[#This Row],[SalesOrderLineUnitOfMeasure]],2,2)),0)","v":0},{"$f":"+Tabla_Consulta_desde_QuickBooks_Data_64_Bit_QRemote[[#This Row],[facturado]]-Tabla_Consulta_desde_QuickBooks_Data_64_Bit_QRemote[[#This Row],[pide]]","v":-1},{"$f":"IF(Tabla_Consulta_desde_QuickBooks_Data_64_Bit_QRemote[[#This Row],[diferecia]]=0,\"ok\",\"diferen\")","v":"diferen"},{"$f":"IFERROR(INDEX(um!A:C,MATCH(Tabla_Consulta_desde_QuickBooks_Data_64_Bit_QRemote[[#This Row],[SalesOrderLineItemRefFullName]],um!A:A,0),3),\"\")","v":"X12"},{"$f":"IFERROR(IF(OR(Tabla_Consulta_desde_QuickBooks_Data_64_Bit_QRemote[[#This Row],[SalesOrderLineUnitOfMeasure]]=\"UN\",Tabla_Consulta_desde_QuickBooks_Data_64_Bit_QRemote[[#This Row],[SalesOrderLineUnitOfMeasure]]=Tabla_Consulta_desde_QuickBooks_Data_64_Bit_QRemote[[#This Row],[U/M]]),\"\",\"ERROR\"),\"\")","v":""},{"$f":"+WEEKNUM(Tabla_Consulta_desde_QuickBooks_Data_64_Bit_QRemote[[#This Row],[TxnDate]])","v":23},{"$f":"+Tabla_Consulta_desde_QuickBooks_Data_64_Bit_QRemote[[#This Row],[SalesOrderLineRate]]*Tabla_Consulta_desde_QuickBooks_Data_64_Bit_QRemote[[#This Row],[SalesOrderLineInvoiced]]","v":0},{"$f":"+IFERROR(IF(Tabla_Consulta_desde_QuickBooks_Data_64_Bit_QRemote[[#This Row],[CustomerRefFullName]]=\"GRUVALCORP SA\",VLOOKUP(Tabla_Consulta_desde_QuickBooks_Data_64_Bit_QRemote[[#This Row],[SalesOrderLineItemRefFullName]],Hoja1!A:E,5,FALSE),\"\")*-Tabla_Consulta_desde_QuickBooks_Data_64_Bit_QRemote[[#This Row],[SalesOrderLineAmount]],\"\")","v":""},{"$f":"IF(COUNTIF(wms!E:E,Tabla_Consulta_desde_QuickBooks_Data_64_Bit_QRemote[[#This Row],[RefNumber]])>0,\"OK\",\"FALTA\")","v":"OK"}]
["2025-06-02","29090","CORPORACION FERNANDEZ CORPFERNANDEZ S.A.","LOCAL ESCLUSAS",10,"7862112522527","P.T:110803","SALSA GUACAMOLE ORIGINAL OLE DP 200G","Bodega Producto Terminado",2,"UN",1.4,2.8,"UNIDAD SALSA",0,181.6,208.84,"IVA EN VENTAS 15%",{"$f":"IFERROR(IF(Tabla_Consulta_desde_QuickBooks_Data_64_Bit_QRemote[[#This Row],[SalesOrderLineUnitOfMeasure]]=\"un\",Tabla_Consulta_desde_QuickBooks_Data_64_Bit_QRemote[[#This Row],[SalesOrderLineQuantity]],Tabla_Consulta_desde_QuickBooks_Data_64_Bit_QRemote[[#This Row],[SalesOrderLineQuantity]]/MID(Tabla_Consulta_desde_QuickBooks_Data_64_Bit_QRemote[[#This Row],[SalesOrderLineUnitOfMeasure]],2,2)),0)","v":2},{"$f":"IFERROR(IF(Tabla_Consulta_desde_QuickBooks_Data_64_Bit_QRemote[[#This Row],[SalesOrderLineUnitOfMeasure]]=\"un\",Tabla_Consulta_desde_QuickBooks_Data_64_Bit_QRemote[[#This Row],[SalesOrderLineInvoiced]],Tabla_Consulta_desde_QuickBooks_Data_64_Bit_QRemote[[#This Row],[SalesOrderLineInvoiced]]/MID(Tabla_Consulta_desde_QuickBooks_Data_64_Bit_QRemote[[#This Row],[SalesOrderLineUnitOfMeasure]],2,2)),0)","v":0},{"$f":"+Tabla_Consulta_desde_QuickBooks_Data_64_Bit_QRemote[[#This Row],[facturado]]-Tabla_Consulta_desde_QuickBooks_Data_64_Bit_QRemote[[#This Row],[pide]]","v":-2},{"$f":"IF(Tabla_Consulta_desde_QuickBooks_Data_64_Bit_QRemote[[#This Row],[diferecia]]=0,\"ok\",\"diferen\")","v":"diferen"},{"$f":"IFERROR(INDEX(um!A:C,MATCH(Tabla_Consulta_desde_QuickBooks_Data_64_Bit_QRemote[[#This Row],[SalesOrderLineItemRefFullName]],um!A:A,0),3),\"\")","v":"X12"},{"$f":"IFERROR(IF(OR(Tabla_Consulta_desde_QuickBooks_Data_64_Bit_QRemote[[#This Row],[SalesOrderLineUnitOfMeasure]]=\"UN\",Tabla_Consulta_desde_QuickBooks_Data_64_Bit_QRemote[[#This Row],[SalesOrderLineUnitOfMeasure]]=Tabla_Consulta_desde_QuickBooks_Data_64_Bit_QRemote[[#This Row],[U/M]]),\"\",\"ERROR\"),\"\")","v":""},{"$f":"+WEEKNUM(Tabla_Consulta_desde_QuickBooks_Data_64_Bit_QRemote[[#This Row],[TxnDate]])","v":23},{"$f":"+Tabla_Consulta_desde_QuickBooks_Data_64_Bit_QRemote[[#This Row],[SalesOrderLineRate]]*Tabla_Consulta_desde_QuickBooks_Data_64_Bit_QRemote[[#This Row],[SalesOrderLineInvoiced]]","v":0},{"$f":"+IFERROR(IF(Tabla_Consulta_desde_QuickBooks_Data_64_Bit_QRemote[[#This Row],[CustomerRefFullName]]=\"GRUVALCORP SA\",VLOOKUP(Tabla_Consulta_desde_QuickBooks_Data_64_Bit_QRemote[[#This Row],[SalesOrderLineItemRefFullName]],Hoja1!A:E,5,FALSE),\"\")*-Tabla_Consulta_desde_QuickBooks_Data_64_Bit_QRemote[[#This Row],[SalesOrderLineAmount]],\"\")","v":""},{"$f":"IF(COUNTIF(wms!E:E,Tabla_Consulta_desde_QuickBooks_Data_64_Bit_QRemote[[#This Row],[RefNumber]])>0,\"OK\",\"FALTA\")","v":"OK"}]
["2025-06-02","29090","CORPORACION FERNANDEZ CORPFERNANDEZ S.A.","LOCAL ESCLUSAS",11,null,"INFOADICIONAL","LOCAL ESCLUSAS",null,null,null,0,0,null,0,181.6,208.84,"IVA EN VENTAS 15%",{"$f":"IFERROR(IF(Tabla_Consulta_desde_QuickBooks_Data_64_Bit_QRemote[[#This Row],[SalesOrderLineUnitOfMeasure]]=\"un\",Tabla_Consulta_desde_QuickBooks_Data_64_Bit_QRemote[[#This Row],[SalesOrderLineQuantity]],Tabla_Consulta_desde_QuickBooks_Data_64_Bit_QRemote[[#This Row],[SalesOrderLineQuantity]]/MID(Tabla_Consulta_desde_QuickBooks_Data_64_Bit_QRemote[[#This Row],[SalesOrderLineUnitOfMeasure]],2,2)),0)","v":0},{"$f":"IFERROR(IF(Tabla_Consulta_desde_QuickBooks_Data_64_Bit_QRemote[[#This Row],[SalesOrderLineUnitOfMeasure]]=\"un\",Tabla_Consulta_desde_QuickBooks_Data_64_Bit_QRemote[[#This Row],[SalesOrderLineInvoiced]],Tabla_Consulta_desde_QuickBooks_Data_64_Bit_QRemote[[#This Row],[SalesOrderLineInvoiced]]/MID(Tabla_Consulta_desde_QuickBooks_Data_64_Bit_QRemote[[#This Row],[SalesOrderLineUnitOfMeasure]],2,2)),0)","v":0},{"$f":"+Tabla_Consulta_desde_QuickBooks_Data_64_Bit_QRemote[[#This Row],[facturado]]-Tabla_Consulta_desde_QuickBooks_Data_64_Bit_QRemote[[#This Row],[pide]]","v":0},{"$f":"IF(Tabla_Consulta_desde_QuickBooks_Data_64_Bit_QRemote[[#This Row],[diferecia]]=0,\"ok\",\"diferen\")","v":"ok"},{"$f":"IFERROR(INDEX(um!A:C,MATCH(Tabla_Consulta_desde_QuickBooks_Data_64_Bit_QRemote[[#This Row],[SalesOrderLineItemRefFullName]],um!A:A,0),3),\"\")","v":""},{"$f":"IFERROR(IF(OR(Tabla_Consulta_desde_QuickBooks_Data_64_Bit_QRemote[[#This Row],[SalesOrderLineUnitOfMeasure]]=\"UN\",Tabla_Consulta_desde_QuickBooks_Data_64_Bit_QRemote[[#This Row],[SalesOrderLineUnitOfMeasure]]=Tabla_Consulta_desde_QuickBooks_Data_64_Bit_QRemote[[#This Row],[U/M]]),\"\",\"ERROR\"),\"\")","v":""},{"$f":"+WEEKNUM(Tabla_Consulta_desde_QuickBooks_Data_64_Bit_QRemote[[#This Row],[TxnDate]])","v":23},{"$f":"+Tabla_Consulta_desde_QuickBooks_Data_64_Bit_QRemote[[#This Row],[SalesOrderLineRate]]*Tabla_Consulta_desde_QuickBooks_Data_64_Bit_QRemote[[#This Row],[SalesOrderLineInvoiced]]","v":0},{"$f":"+IFERROR(IF(Tabla_Consulta_desde_QuickBooks_Data_64_Bit_QRemote[[#This Row],[CustomerRefFullName]]=\"GRUVALCORP SA\",VLOOKUP(Tabla_Consulta_desde_QuickBooks_Data_64_Bit_QRemote[[#This Row],[SalesOrderLineItemRefFullName]],Hoja1!A:E,5,FALSE),\"\")*-Tabla_Consulta_desde_QuickBooks_Data_64_Bit_QRemote[[#This Row],[SalesOrderLineAmount]],\"\")","v":""},{"$f":"IF(COUNTIF(wms!E:E,Tabla_Consulta_desde_QuickBooks_Data_64_Bit_QRemote[[#This Row],[RefNumber]])>0,\"OK\",\"FALTA\")","v":"OK"}]
["2025-06-02","29091","CORPORACION FERNANDEZ CORPFERNANDEZ S.A.","LOCAL FACSO",1,"7862112522497","P.T:110801","SALSA BBQ ORIGINAL OLE DP 200G","Bodega Producto Terminado",12,"X12",0.78,9.36,"UNIDAD SALSA",0,29.4,33.81,"IVA EN VENTAS 15%",{"$f":"IFERROR(IF(Tabla_Consulta_desde_QuickBooks_Data_64_Bit_QRemote[[#This Row],[SalesOrderLineUnitOfMeasure]]=\"un\",Tabla_Consulta_desde_QuickBooks_Data_64_Bit_QRemote[[#This Row],[SalesOrderLineQuantity]],Tabla_Consulta_desde_QuickBooks_Data_64_Bit_QRemote[[#This Row],[SalesOrderLineQuantity]]/MID(Tabla_Consulta_desde_QuickBooks_Data_64_Bit_QRemote[[#This Row],[SalesOrderLineUnitOfMeasure]],2,2)),0)","v":1},{"$f":"IFERROR(IF(Tabla_Consulta_desde_QuickBooks_Data_64_Bit_QRemote[[#This Row],[SalesOrderLineUnitOfMeasure]]=\"un\",Tabla_Consulta_desde_QuickBooks_Data_64_Bit_QRemote[[#This Row],[SalesOrderLineInvoiced]],Tabla_Consulta_desde_QuickBooks_Data_64_Bit_QRemote[[#This Row],[SalesOrderLineInvoiced]]/MID(Tabla_Consulta_desde_QuickBooks_Data_64_Bit_QRemote[[#This Row],[SalesOrderLineUnitOfMeasure]],2,2)),0)","v":0},{"$f":"+Tabla_Consulta_desde_QuickBooks_Data_64_Bit_QRemote[[#This Row],[facturado]]-Tabla_Consulta_desde_QuickBooks_Data_64_Bit_QRemote[[#This Row],[pide]]","v":-1},{"$f":"IF(Tabla_Consulta_desde_QuickBooks_Data_64_Bit_QRemote[[#This Row],[diferecia]]=0,\"ok\",\"diferen\")","v":"diferen"},{"$f":"IFERROR(INDEX(um!A:C,MATCH(Tabla_Consulta_desde_QuickBooks_Data_64_Bit_QRemote[[#This Row],[SalesOrderLineItemRefFullName]],um!A:A,0),3),\"\")","v":"X12"},{"$f":"IFERROR(IF(OR(Tabla_Consulta_desde_QuickBooks_Data_64_Bit_QRemote[[#This Row],[SalesOrderLineUnitOfMeasure]]=\"UN\",Tabla_Consulta_desde_QuickBooks_Data_64_Bit_QRemote[[#This Row],[SalesOrderLineUnitOfMeasure]]=Tabla_Consulta_desde_QuickBooks_Data_64_Bit_QRemote[[#This Row],[U/M]]),\"\",\"ERROR\"),\"\")","v":""},{"$f":"+WEEKNUM(Tabla_Consulta_desde_QuickBooks_Data_64_Bit_QRemote[[#This Row],[TxnDate]])","v":23},{"$f":"+Tabla_Consulta_desde_QuickBooks_Data_64_Bit_QRemote[[#This Row],[SalesOrderLineRate]]*Tabla_Consulta_desde_QuickBooks_Data_64_Bit_QRemote[[#This Row],[SalesOrderLineInvoiced]]","v":0},{"$f":"+IFERROR(IF(Tabla_Consulta_desde_QuickBooks_Data_64_Bit_QRemote[[#This Row],[CustomerRefFullName]]=\"GRUVALCORP SA\",VLOOKUP(Tabla_Consulta_desde_QuickBooks_Data_64_Bit_QRemote[[#This Row],[SalesOrderLineItemRefFullName]],Hoja1!A:E,5,FALSE),\"\")*-Tabla_Consulta_desde_QuickBooks_Data_64_Bit_QRemote[[#This Row],[SalesOrderLineAmount]],\"\")","v":""},{"$f":"IF(COUNTIF(wms!E:E,Tabla_Consulta_desde_QuickBooks_Data_64_Bit_QRemote[[#This Row],[RefNumber]])>0,\"OK\",\"FALTA\")","v":"OK"}]
["2025-06-02","29091","CORPORACION FERNANDEZ CORPFERNANDEZ S.A.","LOCAL FACSO",2,"7862112522367","PT:220132","TOTOPOS NATURAL OLE 300G","Bodega Producto Terminado",12,"X12",1.67,20.04,"UNIDAD SNCKS",0,29.4,33.81,"IVA EN VENTAS 15%",{"$f":"IFERROR(IF(Tabla_Consulta_desde_QuickBooks_Data_64_Bit_QRemote[[#This Row],[SalesOrderLineUnitOfMeasure]]=\"un\",Tabla_Consulta_desde_QuickBooks_Data_64_Bit_QRemote[[#This Row],[SalesOrderLineQuantity]],Tabla_Consulta_desde_QuickBooks_Data_64_Bit_QRemote[[#This Row],[SalesOrderLineQuantity]]/MID(Tabla_Consulta_desde_QuickBooks_Data_64_Bit_QRemote[[#This Row],[SalesOrderLineUnitOfMeasure]],2,2)),0)","v":1},{"$f":"IFERROR(IF(Tabla_Consulta_desde_QuickBooks_Data_64_Bit_QRemote[[#This Row],[SalesOrderLineUnitOfMeasure]]=\"un\",Tabla_Consulta_desde_QuickBooks_Data_64_Bit_QRemote[[#This Row],[SalesOrderLineInvoiced]],Tabla_Consulta_desde_QuickBooks_Data_64_Bit_QRemote[[#This Row],[SalesOrderLineInvoiced]]/MID(Tabla_Consulta_desde_QuickBooks_Data_64_Bit_QRemote[[#This Row],[SalesOrderLineUnitOfMeasure]],2,2)),0)","v":0},{"$f":"+Tabla_Consulta_desde_QuickBooks_Data_64_Bit_QRemote[[#This Row],[facturado]]-Tabla_Consulta_desde_QuickBooks_Data_64_Bit_QRemote[[#This Row],[pide]]","v":-1},{"$f":"IF(Tabla_Consulta_desde_QuickBooks_Data_64_Bit_QRemote[[#This Row],[diferecia]]=0,\"ok\",\"diferen\")","v":"diferen"},{"$f":"IFERROR(INDEX(um!A:C,MATCH(Tabla_Consulta_desde_QuickBooks_Data_64_Bit_QRemote[[#This Row],[SalesOrderLineItemRefFullName]],um!A:A,0),3),\"\")","v":"X12"},{"$f":"IFERROR(IF(OR(Tabla_Consulta_desde_QuickBooks_Data_64_Bit_QRemote[[#This Row],[SalesOrderLineUnitOfMeasure]]=\"UN\",Tabla_Consulta_desde_QuickBooks_Data_64_Bit_QRemote[[#This Row],[SalesOrderLineUnitOfMeasure]]=Tabla_Consulta_desde_QuickBooks_Data_64_Bit_QRemote[[#This Row],[U/M]]),\"\",\"ERROR\"),\"\")","v":""},{"$f":"+WEEKNUM(Tabla_Consulta_desde_QuickBooks_Data_64_Bit_QRemote[[#This Row],[TxnDate]])","v":23},{"$f":"+Tabla_Consulta_desde_QuickBooks_Data_64_Bit_QRemote[[#This Row],[SalesOrderLineRate]]*Tabla_Consulta_desde_QuickBooks_Data_64_Bit_QRemote[[#This Row],[SalesOrderLineInvoiced]]","v":0},{"$f":"+IFERROR(IF(Tabla_Consulta_desde_QuickBooks_Data_64_Bit_QRemote[[#This Row],[CustomerRefFullName]]=\"GRUVALCORP SA\",VLOOKUP(Tabla_Consulta_desde_QuickBooks_Data_64_Bit_QRemote[[#This Row],[SalesOrderLineItemRefFullName]],Hoja1!A:E,5,FALSE),\"\")*-Tabla_Consulta_desde_QuickBooks_Data_64_Bit_QRemote[[#This Row],[SalesOrderLineAmount]],\"\")","v":""},{"$f":"IF(COUNTIF(wms!E:E,Tabla_Consulta_desde_QuickBooks_Data_64_Bit_QRemote[[#This Row],[RefNumber]])>0,\"OK\",\"FALTA\")","v":"OK"}]
["2025-06-02","29091","CORPORACION FERNANDEZ CORPFERNANDEZ S.A.","LOCAL FACSO",3,null,"INFOADICIONAL","LOCAL FACSO",null,null,null,0,0,null,0,29.4,33.81,"IVA EN VENTAS 15%",{"$f":"IFERROR(IF(Tabla_Consulta_desde_QuickBooks_Data_64_Bit_QRemote[[#This Row],[SalesOrderLineUnitOfMeasure]]=\"un\",Tabla_Consulta_desde_QuickBooks_Data_64_Bit_QRemote[[#This Row],[SalesOrderLineQuantity]],Tabla_Consulta_desde_QuickBooks_Data_64_Bit_QRemote[[#This Row],[SalesOrderLineQuantity]]/MID(Tabla_Consulta_desde_QuickBooks_Data_64_Bit_QRemote[[#This Row],[SalesOrderLineUnitOfMeasure]],2,2)),0)","v":0},{"$f":"IFERROR(IF(Tabla_Consulta_desde_QuickBooks_Data_64_Bit_QRemote[[#This Row],[SalesOrderLineUnitOfMeasure]]=\"un\",Tabla_Consulta_desde_QuickBooks_Data_64_Bit_QRemote[[#This Row],[SalesOrderLineInvoiced]],Tabla_Consulta_desde_QuickBooks_Data_64_Bit_QRemote[[#This Row],[SalesOrderLineInvoiced]]/MID(Tabla_Consulta_desde_QuickBooks_Data_64_Bit_QRemote[[#This Row],[SalesOrderLineUnitOfMeasure]],2,2)),0)","v":0},{"$f":"+Tabla_Consulta_desde_QuickBooks_Data_64_Bit_QRemote[[#This Row],[facturado]]-Tabla_Consulta_desde_QuickBooks_Data_64_Bit_QRemote[[#This Row],[pide]]","v":0},{"$f":"IF(Tabla_Consulta_desde_QuickBooks_Data_64_Bit_QRemote[[#This Row],[diferecia]]=0,\"ok\",\"diferen\")","v":"ok"},{"$f":"IFERROR(INDEX(um!A:C,MATCH(Tabla_Consulta_desde_QuickBooks_Data_64_Bit_QRemote[[#This Row],[SalesOrderLineItemRefFullName]],um!A:A,0),3),\"\")","v":""},{"$f":"IFERROR(IF(OR(Tabla_Consulta_desde_QuickBooks_Data_64_Bit_QRemote[[#This Row],[SalesOrderLineUnitOfMeasure]]=\"UN\",Tabla_Consulta_desde_QuickBooks_Data_64_Bit_QRemote[[#This Row],[SalesOrderLineUnitOfMeasure]]=Tabla_Consulta_desde_QuickBooks_Data_64_Bit_QRemote[[#This Row],[U/M]]),\"\",\"ERROR\"),\"\")","v":""},{"$f":"+WEEKNUM(Tabla_Consulta_desde_QuickBooks_Data_64_Bit_QRemote[[#This Row],[TxnDate]])","v":23},{"$f":"+Tabla_Consulta_desde_QuickBooks_Data_64_Bit_QRemote[[#This Row],[SalesOrderLineRate]]*Tabla_Consulta_desde_QuickBooks_Data_64_Bit_QRemote[[#This Row],[SalesOrderLineInvoiced]]","v":0},{"$f":"+IFERROR(IF(Tabla_Consulta_desde_QuickBooks_Data_64_Bit_QRemote[[#This Row],[CustomerRefFullName]]=\"GRUVALCORP SA\",VLOOKUP(Tabla_Consulta_desde_QuickBooks_Data_64_Bit_QRemote[[#This Row],[SalesOrderLineItemRefFullName]],Hoja1!A:E,5,FALSE),\"\")*-Tabla_Consulta_desde_QuickBooks_Data_64_Bit_QRemote[[#This Row],[SalesOrderLineAmount]],\"\")","v":""},{"$f":"IF(COUNTIF(wms!E:E,Tabla_Consulta_desde_QuickBooks_Data_64_Bit_QRemote[[#This Row],[RefNumber]])>0,\"OK\",\"FALTA\")","v":"OK"}]
["2025-06-02","29092","CORPORACION FERNANDEZ CORPFERNANDEZ S.A.","LOCAL GARZOTA",1,"7862112520301","P.T:110700","CHIMICHURRI OLE 230G","Bodega Producto Terminado",144,"X12",2.35,338.4,"UNIDAD SALSA",0,755.28,868.57,"IVA EN VENTAS 15%",{"$f":"IFERROR(IF(Tabla_Consulta_desde_QuickBooks_Data_64_Bit_QRemote[[#This Row],[SalesOrderLineUnitOfMeasure]]=\"un\",Tabla_Consulta_desde_QuickBooks_Data_64_Bit_QRemote[[#This Row],[SalesOrderLineQuantity]],Tabla_Consulta_desde_QuickBooks_Data_64_Bit_QRemote[[#This Row],[SalesOrderLineQuantity]]/MID(Tabla_Consulta_desde_QuickBooks_Data_64_Bit_QRemote[[#This Row],[SalesOrderLineUnitOfMeasure]],2,2)),0)","v":12},{"$f":"IFERROR(IF(Tabla_Consulta_desde_QuickBooks_Data_64_Bit_QRemote[[#This Row],[SalesOrderLineUnitOfMeasure]]=\"un\",Tabla_Consulta_desde_QuickBooks_Data_64_Bit_QRemote[[#This Row],[SalesOrderLineInvoiced]],Tabla_Consulta_desde_QuickBooks_Data_64_Bit_QRemote[[#This Row],[SalesOrderLineInvoiced]]/MID(Tabla_Consulta_desde_QuickBooks_Data_64_Bit_QRemote[[#This Row],[SalesOrderLineUnitOfMeasure]],2,2)),0)","v":0},{"$f":"+Tabla_Consulta_desde_QuickBooks_Data_64_Bit_QRemote[[#This Row],[facturado]]-Tabla_Consulta_desde_QuickBooks_Data_64_Bit_QRemote[[#This Row],[pide]]","v":-12},{"$f":"IF(Tabla_Consulta_desde_QuickBooks_Data_64_Bit_QRemote[[#This Row],[diferecia]]=0,\"ok\",\"diferen\")","v":"diferen"},{"$f":"IFERROR(INDEX(um!A:C,MATCH(Tabla_Consulta_desde_QuickBooks_Data_64_Bit_QRemote[[#This Row],[SalesOrderLineItemRefFullName]],um!A:A,0),3),\"\")","v":"X12"},{"$f":"IFERROR(IF(OR(Tabla_Consulta_desde_QuickBooks_Data_64_Bit_QRemote[[#This Row],[SalesOrderLineUnitOfMeasure]]=\"UN\",Tabla_Consulta_desde_QuickBooks_Data_64_Bit_QRemote[[#This Row],[SalesOrderLineUnitOfMeasure]]=Tabla_Consulta_desde_QuickBooks_Data_64_Bit_QRemote[[#This Row],[U/M]]),\"\",\"ERROR\"),\"\")","v":""},{"$f":"+WEEKNUM(Tabla_Consulta_desde_QuickBooks_Data_64_Bit_QRemote[[#This Row],[TxnDate]])","v":23},{"$f":"+Tabla_Consulta_desde_QuickBooks_Data_64_Bit_QRemote[[#This Row],[SalesOrderLineRate]]*Tabla_Consulta_desde_QuickBooks_Data_64_Bit_QRemote[[#This Row],[SalesOrderLineInvoiced]]","v":0},{"$f":"+IFERROR(IF(Tabla_Consulta_desde_QuickBooks_Data_64_Bit_QRemote[[#This Row],[CustomerRefFullName]]=\"GRUVALCORP SA\",VLOOKUP(Tabla_Consulta_desde_QuickBooks_Data_64_Bit_QRemote[[#This Row],[SalesOrderLineItemRefFullName]],Hoja1!A:E,5,FALSE),\"\")*-Tabla_Consulta_desde_QuickBooks_Data_64_Bit_QRemote[[#This Row],[SalesOrderLineAmount]],\"\")","v":""},{"$f":"IF(COUNTIF(wms!E:E,Tabla_Consulta_desde_QuickBooks_Data_64_Bit_QRemote[[#This Row],[RefNumber]])>0,\"OK\",\"FALTA\")","v":"OK"}]
["2025-06-02","29092","CORPORACION FERNANDEZ CORPFERNANDEZ S.A.","LOCAL GARZOTA",2,"7862112522626","P.T:110701","CHIMICHURRI ESTILO ARGENTINO OLE 380G","Bodega Producto Terminado",24,"X12",3.03,72.72,"UNIDAD SALSA",0,755.28,868.57,"IVA EN VENTAS 15%",{"$f":"IFERROR(IF(Tabla_Consulta_desde_QuickBooks_Data_64_Bit_QRemote[[#This Row],[SalesOrderLineUnitOfMeasure]]=\"un\",Tabla_Consulta_desde_QuickBooks_Data_64_Bit_QRemote[[#This Row],[SalesOrderLineQuantity]],Tabla_Consulta_desde_QuickBooks_Data_64_Bit_QRemote[[#This Row],[SalesOrderLineQuantity]]/MID(Tabla_Consulta_desde_QuickBooks_Data_64_Bit_QRemote[[#This Row],[SalesOrderLineUnitOfMeasure]],2,2)),0)","v":2},{"$f":"IFERROR(IF(Tabla_Consulta_desde_QuickBooks_Data_64_Bit_QRemote[[#This Row],[SalesOrderLineUnitOfMeasure]]=\"un\",Tabla_Consulta_desde_QuickBooks_Data_64_Bit_QRemote[[#This Row],[SalesOrderLineInvoiced]],Tabla_Consulta_desde_QuickBooks_Data_64_Bit_QRemote[[#This Row],[SalesOrderLineInvoiced]]/MID(Tabla_Consulta_desde_QuickBooks_Data_64_Bit_QRemote[[#This Row],[SalesOrderLineUnitOfMeasure]],2,2)),0)","v":0},{"$f":"+Tabla_Consulta_desde_QuickBooks_Data_64_Bit_QRemote[[#This Row],[facturado]]-Tabla_Consulta_desde_QuickBooks_Data_64_Bit_QRemote[[#This Row],[pide]]","v":-2},{"$f":"IF(Tabla_Consulta_desde_QuickBooks_Data_64_Bit_QRemote[[#This Row],[diferecia]]=0,\"ok\",\"diferen\")","v":"diferen"},{"$f":"IFERROR(INDEX(um!A:C,MATCH(Tabla_Consulta_desde_QuickBooks_Data_64_Bit_QRemote[[#This Row],[SalesOrderLineItemRefFullName]],um!A:A,0),3),\"\")","v":"X12"},{"$f":"IFERROR(IF(OR(Tabla_Consulta_desde_QuickBooks_Data_64_Bit_QRemote[[#This Row],[SalesOrderLineUnitOfMeasure]]=\"UN\",Tabla_Consulta_desde_QuickBooks_Data_64_Bit_QRemote[[#This Row],[SalesOrderLineUnitOfMeasure]]=Tabla_Consulta_desde_QuickBooks_Data_64_Bit_QRemote[[#This Row],[U/M]]),\"\",\"ERROR\"),\"\")","v":""},{"$f":"+WEEKNUM(Tabla_Consulta_desde_QuickBooks_Data_64_Bit_QRemote[[#This Row],[TxnDate]])","v":23},{"$f":"+Tabla_Consulta_desde_QuickBooks_Data_64_Bit_QRemote[[#This Row],[SalesOrderLineRate]]*Tabla_Consulta_desde_QuickBooks_Data_64_Bit_QRemote[[#This Row],[SalesOrderLineInvoiced]]","v":0},{"$f":"+IFERROR(IF(Tabla_Consulta_desde_QuickBooks_Data_64_Bit_QRemote[[#This Row],[CustomerRefFullName]]=\"GRUVALCORP SA\",VLOOKUP(Tabla_Consulta_desde_QuickBooks_Data_64_Bit_QRemote[[#This Row],[SalesOrderLineItemRefFullName]],Hoja1!A:E,5,FALSE),\"\")*-Tabla_Consulta_desde_QuickBooks_Data_64_Bit_QRemote[[#This Row],[SalesOrderLineAmount]],\"\")","v":""},{"$f":"IF(COUNTIF(wms!E:E,Tabla_Consulta_desde_QuickBooks_Data_64_Bit_QRemote[[#This Row],[RefNumber]])>0,\"OK\",\"FALTA\")","v":"OK"}]
["2025-06-02","29092","CORPORACION FERNANDEZ CORPFERNANDEZ S.A.","LOCAL GARZOTA",3,"7862112520509","P.T:110606","JALAPEÑO ROJOS Y VERDES AGRIDULCES OLE 250G","Bodega Producto Terminado",12,"X12",1.98,23.76,"UNIDAD SALSA",0,755.28,868.57,"IVA EN VENTAS 15%",{"$f":"IFERROR(IF(Tabla_Consulta_desde_QuickBooks_Data_64_Bit_QRemote[[#This Row],[SalesOrderLineUnitOfMeasure]]=\"un\",Tabla_Consulta_desde_QuickBooks_Data_64_Bit_QRemote[[#This Row],[SalesOrderLineQuantity]],Tabla_Consulta_desde_QuickBooks_Data_64_Bit_QRemote[[#This Row],[SalesOrderLineQuantity]]/MID(Tabla_Consulta_desde_QuickBooks_Data_64_Bit_QRemote[[#This Row],[SalesOrderLineUnitOfMeasure]],2,2)),0)","v":1},{"$f":"IFERROR(IF(Tabla_Consulta_desde_QuickBooks_Data_64_Bit_QRemote[[#This Row],[SalesOrderLineUnitOfMeasure]]=\"un\",Tabla_Consulta_desde_QuickBooks_Data_64_Bit_QRemote[[#This Row],[SalesOrderLineInvoiced]],Tabla_Consulta_desde_QuickBooks_Data_64_Bit_QRemote[[#This Row],[SalesOrderLineInvoiced]]/MID(Tabla_Consulta_desde_QuickBooks_Data_64_Bit_QRemote[[#This Row],[SalesOrderLineUnitOfMeasure]],2,2)),0)","v":0},{"$f":"+Tabla_Consulta_desde_QuickBooks_Data_64_Bit_QRemote[[#This Row],[facturado]]-Tabla_Consulta_desde_QuickBooks_Data_64_Bit_QRemote[[#This Row],[pide]]","v":-1},{"$f":"IF(Tabla_Consulta_desde_QuickBooks_Data_64_Bit_QRemote[[#This Row],[diferecia]]=0,\"ok\",\"diferen\")","v":"diferen"},{"$f":"IFERROR(INDEX(um!A:C,MATCH(Tabla_Consulta_desde_QuickBooks_Data_64_Bit_QRemote[[#This Row],[SalesOrderLineItemRefFullName]],um!A:A,0),3),\"\")","v":"X12"},{"$f":"IFERROR(IF(OR(Tabla_Consulta_desde_QuickBooks_Data_64_Bit_QRemote[[#This Row],[SalesOrderLineUnitOfMeasure]]=\"UN\",Tabla_Consulta_desde_QuickBooks_Data_64_Bit_QRemote[[#This Row],[SalesOrderLineUnitOfMeasure]]=Tabla_Consulta_desde_QuickBooks_Data_64_Bit_QRemote[[#This Row],[U/M]]),\"\",\"ERROR\"),\"\")","v":""},{"$f":"+WEEKNUM(Tabla_Consulta_desde_QuickBooks_Data_64_Bit_QRemote[[#This Row],[TxnDate]])","v":23},{"$f":"+Tabla_Consulta_desde_QuickBooks_Data_64_Bit_QRemote[[#This Row],[SalesOrderLineRate]]*Tabla_Consulta_desde_QuickBooks_Data_64_Bit_QRemote[[#This Row],[SalesOrderLineInvoiced]]","v":0},{"$f":"+IFERROR(IF(Tabla_Consulta_desde_QuickBooks_Data_64_Bit_QRemote[[#This Row],[CustomerRefFullName]]=\"GRUVALCORP SA\",VLOOKUP(Tabla_Consulta_desde_QuickBooks_Data_64_Bit_QRemote[[#This Row],[SalesOrderLineItemRefFullName]],Hoja1!A:E,5,FALSE),\"\")*-Tabla_Consulta_desde_QuickBooks_Data_64_Bit_QRemote[[#This Row],[SalesOrderLineAmount]],\"\")","v":""},{"$f":"IF(COUNTIF(wms!E:E,Tabla_Consulta_desde_QuickBooks_Data_64_Bit_QRemote[[#This Row],[RefNumber]])>0,\"OK\",\"FALTA\")","v":"OK"}]
["2025-06-02","29092","CORPORACION FERNANDEZ CORPFERNANDEZ S.A.","LOCAL GARZOTA",4,"705424000352","P.T:110608","JALAPEÑO ROJOS Y VERDES OLE 370G","Bodega Producto Terminado",12,"X12",3.3,39.6,"UNIDAD SALSA",0,755.28,868.57,"IVA EN VENTAS 15%",{"$f":"IFERROR(IF(Tabla_Consulta_desde_QuickBooks_Data_64_Bit_QRemote[[#This Row],[SalesOrderLineUnitOfMeasure]]=\"un\",Tabla_Consulta_desde_QuickBooks_Data_64_Bit_QRemote[[#This Row],[SalesOrderLineQuantity]],Tabla_Consulta_desde_QuickBooks_Data_64_Bit_QRemote[[#This Row],[SalesOrderLineQuantity]]/MID(Tabla_Consulta_desde_QuickBooks_Data_64_Bit_QRemote[[#This Row],[SalesOrderLineUnitOfMeasure]],2,2)),0)","v":1},{"$f":"IFERROR(IF(Tabla_Consulta_desde_QuickBooks_Data_64_Bit_QRemote[[#This Row],[SalesOrderLineUnitOfMeasure]]=\"un\",Tabla_Consulta_desde_QuickBooks_Data_64_Bit_QRemote[[#This Row],[SalesOrderLineInvoiced]],Tabla_Consulta_desde_QuickBooks_Data_64_Bit_QRemote[[#This Row],[SalesOrderLineInvoiced]]/MID(Tabla_Consulta_desde_QuickBooks_Data_64_Bit_QRemote[[#This Row],[SalesOrderLineUnitOfMeasure]],2,2)),0)","v":0},{"$f":"+Tabla_Consulta_desde_QuickBooks_Data_64_Bit_QRemote[[#This Row],[facturado]]-Tabla_Consulta_desde_QuickBooks_Data_64_Bit_QRemote[[#This Row],[pide]]","v":-1},{"$f":"IF(Tabla_Consulta_desde_QuickBooks_Data_64_Bit_QRemote[[#This Row],[diferecia]]=0,\"ok\",\"diferen\")","v":"diferen"},{"$f":"IFERROR(INDEX(um!A:C,MATCH(Tabla_Consulta_desde_QuickBooks_Data_64_Bit_QRemote[[#This Row],[SalesOrderLineItemRefFullName]],um!A:A,0),3),\"\")","v":"X12"},{"$f":"IFERROR(IF(OR(Tabla_Consulta_desde_QuickBooks_Data_64_Bit_QRemote[[#This Row],[SalesOrderLineUnitOfMeasure]]=\"UN\",Tabla_Consulta_desde_QuickBooks_Data_64_Bit_QRemote[[#This Row],[SalesOrderLineUnitOfMeasure]]=Tabla_Consulta_desde_QuickBooks_Data_64_Bit_QRemote[[#This Row],[U/M]]),\"\",\"ERROR\"),\"\")","v":""},{"$f":"+WEEKNUM(Tabla_Consulta_desde_QuickBooks_Data_64_Bit_QRemote[[#This Row],[TxnDate]])","v":23},{"$f":"+Tabla_Consulta_desde_QuickBooks_Data_64_Bit_QRemote[[#This Row],[SalesOrderLineRate]]*Tabla_Consulta_desde_QuickBooks_Data_64_Bit_QRemote[[#This Row],[SalesOrderLineInvoiced]]","v":0},{"$f":"+IFERROR(IF(Tabla_Consulta_desde_QuickBooks_Data_64_Bit_QRemote[[#This Row],[CustomerRefFullName]]=\"GRUVALCORP SA\",VLOOKUP(Tabla_Consulta_desde_QuickBooks_Data_64_Bit_QRemote[[#This Row],[SalesOrderLineItemRefFullName]],Hoja1!A:E,5,FALSE),\"\")*-Tabla_Consulta_desde_QuickBooks_Data_64_Bit_QRemote[[#This Row],[SalesOrderLineAmount]],\"\")","v":""},{"$f":"IF(COUNTIF(wms!E:E,Tabla_Consulta_desde_QuickBooks_Data_64_Bit_QRemote[[#This Row],[RefNumber]])>0,\"OK\",\"FALTA\")","v":"OK"}]
["2025-06-02","29092","CORPORACION FERNANDEZ CORPFERNANDEZ S.A.","LOCAL GARZOTA",5,"7861000227513","P.T:110603","JALAPEÑO ROJOS Y VERDES OLE 200G","Bodega Producto Terminado",12,"UN",2.1800000000000002,26.16,"UNIDAD SALSA",0,755.28,868.57,"IVA EN VENTAS 15%",{"$f":"IFERROR(IF(Tabla_Consulta_desde_QuickBooks_Data_64_Bit_QRemote[[#This Row],[SalesOrderLineUnitOfMeasure]]=\"un\",Tabla_Consulta_desde_QuickBooks_Data_64_Bit_QRemote[[#This Row],[SalesOrderLineQuantity]],Tabla_Consulta_desde_QuickBooks_Data_64_Bit_QRemote[[#This Row],[SalesOrderLineQuantity]]/MID(Tabla_Consulta_desde_QuickBooks_Data_64_Bit_QRemote[[#This Row],[SalesOrderLineUnitOfMeasure]],2,2)),0)","v":12},{"$f":"IFERROR(IF(Tabla_Consulta_desde_QuickBooks_Data_64_Bit_QRemote[[#This Row],[SalesOrderLineUnitOfMeasure]]=\"un\",Tabla_Consulta_desde_QuickBooks_Data_64_Bit_QRemote[[#This Row],[SalesOrderLineInvoiced]],Tabla_Consulta_desde_QuickBooks_Data_64_Bit_QRemote[[#This Row],[SalesOrderLineInvoiced]]/MID(Tabla_Consulta_desde_QuickBooks_Data_64_Bit_QRemote[[#This Row],[SalesOrderLineUnitOfMeasure]],2,2)),0)","v":0},{"$f":"+Tabla_Consulta_desde_QuickBooks_Data_64_Bit_QRemote[[#This Row],[facturado]]-Tabla_Consulta_desde_QuickBooks_Data_64_Bit_QRemote[[#This Row],[pide]]","v":-12},{"$f":"IF(Tabla_Consulta_desde_QuickBooks_Data_64_Bit_QRemote[[#This Row],[diferecia]]=0,\"ok\",\"diferen\")","v":"diferen"},{"$f":"IFERROR(INDEX(um!A:C,MATCH(Tabla_Consulta_desde_QuickBooks_Data_64_Bit_QRemote[[#This Row],[SalesOrderLineItemRefFullName]],um!A:A,0),3),\"\")","v":"X24"},{"$f":"IFERROR(IF(OR(Tabla_Consulta_desde_QuickBooks_Data_64_Bit_QRemote[[#This Row],[SalesOrderLineUnitOfMeasure]]=\"UN\",Tabla_Consulta_desde_QuickBooks_Data_64_Bit_QRemote[[#This Row],[SalesOrderLineUnitOfMeasure]]=Tabla_Consulta_desde_QuickBooks_Data_64_Bit_QRemote[[#This Row],[U/M]]),\"\",\"ERROR\"),\"\")","v":""},{"$f":"+WEEKNUM(Tabla_Consulta_desde_QuickBooks_Data_64_Bit_QRemote[[#This Row],[TxnDate]])","v":23},{"$f":"+Tabla_Consulta_desde_QuickBooks_Data_64_Bit_QRemote[[#This Row],[SalesOrderLineRate]]*Tabla_Consulta_desde_QuickBooks_Data_64_Bit_QRemote[[#This Row],[SalesOrderLineInvoiced]]","v":0},{"$f":"+IFERROR(IF(Tabla_Consulta_desde_QuickBooks_Data_64_Bit_QRemote[[#This Row],[CustomerRefFullName]]=\"GRUVALCORP SA\",VLOOKUP(Tabla_Consulta_desde_QuickBooks_Data_64_Bit_QRemote[[#This Row],[SalesOrderLineItemRefFullName]],Hoja1!A:E,5,FALSE),\"\")*-Tabla_Consulta_desde_QuickBooks_Data_64_Bit_QRemote[[#This Row],[SalesOrderLineAmount]],\"\")","v":""},{"$f":"IF(COUNTIF(wms!E:E,Tabla_Consulta_desde_QuickBooks_Data_64_Bit_QRemote[[#This Row],[RefNumber]])>0,\"OK\",\"FALTA\")","v":"OK"}]
["2025-06-02","29092","CORPORACION FERNANDEZ CORPFERNANDEZ S.A.","LOCAL GARZOTA",6,"7862112522244","P.T:110736","TERIYAKI SALSA ASIATICA OLE 300G","Bodega Producto Terminado",12,"X12",2.48,29.76,"UNIDAD SALSA",0,755.28,868.57,"IVA EN VENTAS 15%",{"$f":"IFERROR(IF(Tabla_Consulta_desde_QuickBooks_Data_64_Bit_QRemote[[#This Row],[SalesOrderLineUnitOfMeasure]]=\"un\",Tabla_Consulta_desde_QuickBooks_Data_64_Bit_QRemote[[#This Row],[SalesOrderLineQuantity]],Tabla_Consulta_desde_QuickBooks_Data_64_Bit_QRemote[[#This Row],[SalesOrderLineQuantity]]/MID(Tabla_Consulta_desde_QuickBooks_Data_64_Bit_QRemote[[#This Row],[SalesOrderLineUnitOfMeasure]],2,2)),0)","v":1},{"$f":"IFERROR(IF(Tabla_Consulta_desde_QuickBooks_Data_64_Bit_QRemote[[#This Row],[SalesOrderLineUnitOfMeasure]]=\"un\",Tabla_Consulta_desde_QuickBooks_Data_64_Bit_QRemote[[#This Row],[SalesOrderLineInvoiced]],Tabla_Consulta_desde_QuickBooks_Data_64_Bit_QRemote[[#This Row],[SalesOrderLineInvoiced]]/MID(Tabla_Consulta_desde_QuickBooks_Data_64_Bit_QRemote[[#This Row],[SalesOrderLineUnitOfMeasure]],2,2)),0)","v":0},{"$f":"+Tabla_Consulta_desde_QuickBooks_Data_64_Bit_QRemote[[#This Row],[facturado]]-Tabla_Consulta_desde_QuickBooks_Data_64_Bit_QRemote[[#This Row],[pide]]","v":-1},{"$f":"IF(Tabla_Consulta_desde_QuickBooks_Data_64_Bit_QRemote[[#This Row],[diferecia]]=0,\"ok\",\"diferen\")","v":"diferen"},{"$f":"IFERROR(INDEX(um!A:C,MATCH(Tabla_Consulta_desde_QuickBooks_Data_64_Bit_QRemote[[#This Row],[SalesOrderLineItemRefFullName]],um!A:A,0),3),\"\")","v":"X12"},{"$f":"IFERROR(IF(OR(Tabla_Consulta_desde_QuickBooks_Data_64_Bit_QRemote[[#This Row],[SalesOrderLineUnitOfMeasure]]=\"UN\",Tabla_Consulta_desde_QuickBooks_Data_64_Bit_QRemote[[#This Row],[SalesOrderLineUnitOfMeasure]]=Tabla_Consulta_desde_QuickBooks_Data_64_Bit_QRemote[[#This Row],[U/M]]),\"\",\"ERROR\"),\"\")","v":""},{"$f":"+WEEKNUM(Tabla_Consulta_desde_QuickBooks_Data_64_Bit_QRemote[[#This Row],[TxnDate]])","v":23},{"$f":"+Tabla_Consulta_desde_QuickBooks_Data_64_Bit_QRemote[[#This Row],[SalesOrderLineRate]]*Tabla_Consulta_desde_QuickBooks_Data_64_Bit_QRemote[[#This Row],[SalesOrderLineInvoiced]]","v":0},{"$f":"+IFERROR(IF(Tabla_Consulta_desde_QuickBooks_Data_64_Bit_QRemote[[#This Row],[CustomerRefFullName]]=\"GRUVALCORP SA\",VLOOKUP(Tabla_Consulta_desde_QuickBooks_Data_64_Bit_QRemote[[#This Row],[SalesOrderLineItemRefFullName]],Hoja1!A:E,5,FALSE),\"\")*-Tabla_Consulta_desde_QuickBooks_Data_64_Bit_QRemote[[#This Row],[SalesOrderLineAmount]],\"\")","v":""},{"$f":"IF(COUNTIF(wms!E:E,Tabla_Consulta_desde_QuickBooks_Data_64_Bit_QRemote[[#This Row],[RefNumber]])>0,\"OK\",\"FALTA\")","v":"OK"}]
["2025-06-02","29092","CORPORACION FERNANDEZ CORPFERNANDEZ S.A.","LOCAL GARZOTA",7,"7862112521599","P.T:110214","SALSA AJÍ MANABA OLE 300G","Bodega Producto Terminado",12,"X12",2.19,26.28,"UNIDAD SALSA",0,755.28,868.57,"IVA EN VENTAS 15%",{"$f":"IFERROR(IF(Tabla_Consulta_desde_QuickBooks_Data_64_Bit_QRemote[[#This Row],[SalesOrderLineUnitOfMeasure]]=\"un\",Tabla_Consulta_desde_QuickBooks_Data_64_Bit_QRemote[[#This Row],[SalesOrderLineQuantity]],Tabla_Consulta_desde_QuickBooks_Data_64_Bit_QRemote[[#This Row],[SalesOrderLineQuantity]]/MID(Tabla_Consulta_desde_QuickBooks_Data_64_Bit_QRemote[[#This Row],[SalesOrderLineUnitOfMeasure]],2,2)),0)","v":1},{"$f":"IFERROR(IF(Tabla_Consulta_desde_QuickBooks_Data_64_Bit_QRemote[[#This Row],[SalesOrderLineUnitOfMeasure]]=\"un\",Tabla_Consulta_desde_QuickBooks_Data_64_Bit_QRemote[[#This Row],[SalesOrderLineInvoiced]],Tabla_Consulta_desde_QuickBooks_Data_64_Bit_QRemote[[#This Row],[SalesOrderLineInvoiced]]/MID(Tabla_Consulta_desde_QuickBooks_Data_64_Bit_QRemote[[#This Row],[SalesOrderLineUnitOfMeasure]],2,2)),0)","v":0},{"$f":"+Tabla_Consulta_desde_QuickBooks_Data_64_Bit_QRemote[[#This Row],[facturado]]-Tabla_Consulta_desde_QuickBooks_Data_64_Bit_QRemote[[#This Row],[pide]]","v":-1},{"$f":"IF(Tabla_Consulta_desde_QuickBooks_Data_64_Bit_QRemote[[#This Row],[diferecia]]=0,\"ok\",\"diferen\")","v":"diferen"},{"$f":"IFERROR(INDEX(um!A:C,MATCH(Tabla_Consulta_desde_QuickBooks_Data_64_Bit_QRemote[[#This Row],[SalesOrderLineItemRefFullName]],um!A:A,0),3),\"\")","v":"X12"},{"$f":"IFERROR(IF(OR(Tabla_Consulta_desde_QuickBooks_Data_64_Bit_QRemote[[#This Row],[SalesOrderLineUnitOfMeasure]]=\"UN\",Tabla_Consulta_desde_QuickBooks_Data_64_Bit_QRemote[[#This Row],[SalesOrderLineUnitOfMeasure]]=Tabla_Consulta_desde_QuickBooks_Data_64_Bit_QRemote[[#This Row],[U/M]]),\"\",\"ERROR\"),\"\")","v":""},{"$f":"+WEEKNUM(Tabla_Consulta_desde_QuickBooks_Data_64_Bit_QRemote[[#This Row],[TxnDate]])","v":23},{"$f":"+Tabla_Consulta_desde_QuickBooks_Data_64_Bit_QRemote[[#This Row],[SalesOrderLineRate]]*Tabla_Consulta_desde_QuickBooks_Data_64_Bit_QRemote[[#This Row],[SalesOrderLineInvoiced]]","v":0},{"$f":"+IFERROR(IF(Tabla_Consulta_desde_QuickBooks_Data_64_Bit_QRemote[[#This Row],[CustomerRefFullName]]=\"GRUVALCORP SA\",VLOOKUP(Tabla_Consulta_desde_QuickBooks_Data_64_Bit_QRemote[[#This Row],[SalesOrderLineItemRefFullName]],Hoja1!A:E,5,FALSE),\"\")*-Tabla_Consulta_desde_QuickBooks_Data_64_Bit_QRemote[[#This Row],[SalesOrderLineAmount]],\"\")","v":""},{"$f":"IF(COUNTIF(wms!E:E,Tabla_Consulta_desde_QuickBooks_Data_64_Bit_QRemote[[#This Row],[RefNumber]])>0,\"OK\",\"FALTA\")","v":"OK"}]
["2025-06-02","29092","CORPORACION FERNANDEZ CORPFERNANDEZ S.A.","LOCAL GARZOTA",8,"7862112522497","P.T:110801","SALSA BBQ ORIGINAL OLE DP 200G","Bodega Producto Terminado",12,"X12",0.78,9.36,"UNIDAD SALSA",0,755.28,868.57,"IVA EN VENTAS 15%",{"$f":"IFERROR(IF(Tabla_Consulta_desde_QuickBooks_Data_64_Bit_QRemote[[#This Row],[SalesOrderLineUnitOfMeasure]]=\"un\",Tabla_Consulta_desde_QuickBooks_Data_64_Bit_QRemote[[#This Row],[SalesOrderLineQuantity]],Tabla_Consulta_desde_QuickBooks_Data_64_Bit_QRemote[[#This Row],[SalesOrderLineQuantity]]/MID(Tabla_Consulta_desde_QuickBooks_Data_64_Bit_QRemote[[#This Row],[SalesOrderLineUnitOfMeasure]],2,2)),0)","v":1},{"$f":"IFERROR(IF(Tabla_Consulta_desde_QuickBooks_Data_64_Bit_QRemote[[#This Row],[SalesOrderLineUnitOfMeasure]]=\"un\",Tabla_Consulta_desde_QuickBooks_Data_64_Bit_QRemote[[#This Row],[SalesOrderLineInvoiced]],Tabla_Consulta_desde_QuickBooks_Data_64_Bit_QRemote[[#This Row],[SalesOrderLineInvoiced]]/MID(Tabla_Consulta_desde_QuickBooks_Data_64_Bit_QRemote[[#This Row],[SalesOrderLineUnitOfMeasure]],2,2)),0)","v":0},{"$f":"+Tabla_Consulta_desde_QuickBooks_Data_64_Bit_QRemote[[#This Row],[facturado]]-Tabla_Consulta_desde_QuickBooks_Data_64_Bit_QRemote[[#This Row],[pide]]","v":-1},{"$f":"IF(Tabla_Consulta_desde_QuickBooks_Data_64_Bit_QRemote[[#This Row],[diferecia]]=0,\"ok\",\"diferen\")","v":"diferen"},{"$f":"IFERROR(INDEX(um!A:C,MATCH(Tabla_Consulta_desde_QuickBooks_Data_64_Bit_QRemote[[#This Row],[SalesOrderLineItemRefFullName]],um!A:A,0),3),\"\")","v":"X12"},{"$f":"IFERROR(IF(OR(Tabla_Consulta_desde_QuickBooks_Data_64_Bit_QRemote[[#This Row],[SalesOrderLineUnitOfMeasure]]=\"UN\",Tabla_Consulta_desde_QuickBooks_Data_64_Bit_QRemote[[#This Row],[SalesOrderLineUnitOfMeasure]]=Tabla_Consulta_desde_QuickBooks_Data_64_Bit_QRemote[[#This Row],[U/M]]),\"\",\"ERROR\"),\"\")","v":""},{"$f":"+WEEKNUM(Tabla_Consulta_desde_QuickBooks_Data_64_Bit_QRemote[[#This Row],[TxnDate]])","v":23},{"$f":"+Tabla_Consulta_desde_QuickBooks_Data_64_Bit_QRemote[[#This Row],[SalesOrderLineRate]]*Tabla_Consulta_desde_QuickBooks_Data_64_Bit_QRemote[[#This Row],[SalesOrderLineInvoiced]]","v":0},{"$f":"+IFERROR(IF(Tabla_Consulta_desde_QuickBooks_Data_64_Bit_QRemote[[#This Row],[CustomerRefFullName]]=\"GRUVALCORP SA\",VLOOKUP(Tabla_Consulta_desde_QuickBooks_Data_64_Bit_QRemote[[#This Row],[SalesOrderLineItemRefFullName]],Hoja1!A:E,5,FALSE),\"\")*-Tabla_Consulta_desde_QuickBooks_Data_64_Bit_QRemote[[#This Row],[SalesOrderLineAmount]],\"\")","v":""},{"$f":"IF(COUNTIF(wms!E:E,Tabla_Consulta_desde_QuickBooks_Data_64_Bit_QRemote[[#This Row],[RefNumber]])>0,\"OK\",\"FALTA\")","v":"OK"}]
["2025-06-02","29092","CORPORACION FERNANDEZ CORPFERNANDEZ S.A.","LOCAL GARZOTA",9,"7862112521810","P.T:110303","SALSA BBQ ORIGINAL OLE 430G","Bodega Producto Terminado",12,"X12",1.78,21.36,"UNIDAD SALSA",0,755.28,868.57,"IVA EN VENTAS 15%",{"$f":"IFERROR(IF(Tabla_Consulta_desde_QuickBooks_Data_64_Bit_QRemote[[#This Row],[SalesOrderLineUnitOfMeasure]]=\"un\",Tabla_Consulta_desde_QuickBooks_Data_64_Bit_QRemote[[#This Row],[SalesOrderLineQuantity]],Tabla_Consulta_desde_QuickBooks_Data_64_Bit_QRemote[[#This Row],[SalesOrderLineQuantity]]/MID(Tabla_Consulta_desde_QuickBooks_Data_64_Bit_QRemote[[#This Row],[SalesOrderLineUnitOfMeasure]],2,2)),0)","v":1},{"$f":"IFERROR(IF(Tabla_Consulta_desde_QuickBooks_Data_64_Bit_QRemote[[#This Row],[SalesOrderLineUnitOfMeasure]]=\"un\",Tabla_Consulta_desde_QuickBooks_Data_64_Bit_QRemote[[#This Row],[SalesOrderLineInvoiced]],Tabla_Consulta_desde_QuickBooks_Data_64_Bit_QRemote[[#This Row],[SalesOrderLineInvoiced]]/MID(Tabla_Consulta_desde_QuickBooks_Data_64_Bit_QRemote[[#This Row],[SalesOrderLineUnitOfMeasure]],2,2)),0)","v":0},{"$f":"+Tabla_Consulta_desde_QuickBooks_Data_64_Bit_QRemote[[#This Row],[facturado]]-Tabla_Consulta_desde_QuickBooks_Data_64_Bit_QRemote[[#This Row],[pide]]","v":-1},{"$f":"IF(Tabla_Consulta_desde_QuickBooks_Data_64_Bit_QRemote[[#This Row],[diferecia]]=0,\"ok\",\"diferen\")","v":"diferen"},{"$f":"IFERROR(INDEX(um!A:C,MATCH(Tabla_Consulta_desde_QuickBooks_Data_64_Bit_QRemote[[#This Row],[SalesOrderLineItemRefFullName]],um!A:A,0),3),\"\")","v":"X12"},{"$f":"IFERROR(IF(OR(Tabla_Consulta_desde_QuickBooks_Data_64_Bit_QRemote[[#This Row],[SalesOrderLineUnitOfMeasure]]=\"UN\",Tabla_Consulta_desde_QuickBooks_Data_64_Bit_QRemote[[#This Row],[SalesOrderLineUnitOfMeasure]]=Tabla_Consulta_desde_QuickBooks_Data_64_Bit_QRemote[[#This Row],[U/M]]),\"\",\"ERROR\"),\"\")","v":""},{"$f":"+WEEKNUM(Tabla_Consulta_desde_QuickBooks_Data_64_Bit_QRemote[[#This Row],[TxnDate]])","v":23},{"$f":"+Tabla_Consulta_desde_QuickBooks_Data_64_Bit_QRemote[[#This Row],[SalesOrderLineRate]]*Tabla_Consulta_desde_QuickBooks_Data_64_Bit_QRemote[[#This Row],[SalesOrderLineInvoiced]]","v":0},{"$f":"+IFERROR(IF(Tabla_Consulta_desde_QuickBooks_Data_64_Bit_QRemote[[#This Row],[CustomerRefFullName]]=\"GRUVALCORP SA\",VLOOKUP(Tabla_Consulta_desde_QuickBooks_Data_64_Bit_QRemote[[#This Row],[SalesOrderLineItemRefFullName]],Hoja1!A:E,5,FALSE),\"\")*-Tabla_Consulta_desde_QuickBooks_Data_64_Bit_QRemote[[#This Row],[SalesOrderLineAmount]],\"\")","v":""},{"$f":"IF(COUNTIF(wms!E:E,Tabla_Consulta_desde_QuickBooks_Data_64_Bit_QRemote[[#This Row],[RefNumber]])>0,\"OK\",\"FALTA\")","v":"OK"}]
["2025-06-02","29092","CORPORACION FERNANDEZ CORPFERNANDEZ S.A.","LOCAL GARZOTA",10,"7862112523227","P.T:110313","SALSA BBQ WHISKY Y MIEL OLE 430G","Bodega Producto Terminado",12,"X12",2.35,28.2,"UNIDAD SALSA",0,755.28,868.57,"IVA EN VENTAS 15%",{"$f":"IFERROR(IF(Tabla_Consulta_desde_QuickBooks_Data_64_Bit_QRemote[[#This Row],[SalesOrderLineUnitOfMeasure]]=\"un\",Tabla_Consulta_desde_QuickBooks_Data_64_Bit_QRemote[[#This Row],[SalesOrderLineQuantity]],Tabla_Consulta_desde_QuickBooks_Data_64_Bit_QRemote[[#This Row],[SalesOrderLineQuantity]]/MID(Tabla_Consulta_desde_QuickBooks_Data_64_Bit_QRemote[[#This Row],[SalesOrderLineUnitOfMeasure]],2,2)),0)","v":1},{"$f":"IFERROR(IF(Tabla_Consulta_desde_QuickBooks_Data_64_Bit_QRemote[[#This Row],[SalesOrderLineUnitOfMeasure]]=\"un\",Tabla_Consulta_desde_QuickBooks_Data_64_Bit_QRemote[[#This Row],[SalesOrderLineInvoiced]],Tabla_Consulta_desde_QuickBooks_Data_64_Bit_QRemote[[#This Row],[SalesOrderLineInvoiced]]/MID(Tabla_Consulta_desde_QuickBooks_Data_64_Bit_QRemote[[#This Row],[SalesOrderLineUnitOfMeasure]],2,2)),0)","v":0},{"$f":"+Tabla_Consulta_desde_QuickBooks_Data_64_Bit_QRemote[[#This Row],[facturado]]-Tabla_Consulta_desde_QuickBooks_Data_64_Bit_QRemote[[#This Row],[pide]]","v":-1},{"$f":"IF(Tabla_Consulta_desde_QuickBooks_Data_64_Bit_QRemote[[#This Row],[diferecia]]=0,\"ok\",\"diferen\")","v":"diferen"},{"$f":"IFERROR(INDEX(um!A:C,MATCH(Tabla_Consulta_desde_QuickBooks_Data_64_Bit_QRemote[[#This Row],[SalesOrderLineItemRefFullName]],um!A:A,0),3),\"\")","v":"X12"},{"$f":"IFERROR(IF(OR(Tabla_Consulta_desde_QuickBooks_Data_64_Bit_QRemote[[#This Row],[SalesOrderLineUnitOfMeasure]]=\"UN\",Tabla_Consulta_desde_QuickBooks_Data_64_Bit_QRemote[[#This Row],[SalesOrderLineUnitOfMeasure]]=Tabla_Consulta_desde_QuickBooks_Data_64_Bit_QRemote[[#This Row],[U/M]]),\"\",\"ERROR\"),\"\")","v":""},{"$f":"+WEEKNUM(Tabla_Consulta_desde_QuickBooks_Data_64_Bit_QRemote[[#This Row],[TxnDate]])","v":23},{"$f":"+Tabla_Consulta_desde_QuickBooks_Data_64_Bit_QRemote[[#This Row],[SalesOrderLineRate]]*Tabla_Consulta_desde_QuickBooks_Data_64_Bit_QRemote[[#This Row],[SalesOrderLineInvoiced]]","v":0},{"$f":"+IFERROR(IF(Tabla_Consulta_desde_QuickBooks_Data_64_Bit_QRemote[[#This Row],[CustomerRefFullName]]=\"GRUVALCORP SA\",VLOOKUP(Tabla_Consulta_desde_QuickBooks_Data_64_Bit_QRemote[[#This Row],[SalesOrderLineItemRefFullName]],Hoja1!A:E,5,FALSE),\"\")*-Tabla_Consulta_desde_QuickBooks_Data_64_Bit_QRemote[[#This Row],[SalesOrderLineAmount]],\"\")","v":""},{"$f":"IF(COUNTIF(wms!E:E,Tabla_Consulta_desde_QuickBooks_Data_64_Bit_QRemote[[#This Row],[RefNumber]])>0,\"OK\",\"FALTA\")","v":"OK"}]
["2025-06-02","29092","CORPORACION FERNANDEZ CORPFERNANDEZ S.A.","LOCAL GARZOTA",11,"705424000116","P.T:110207","AJÍ CON MARACUYA OLE 185G","Bodega Producto Terminado",24,"X24",1.57,37.68,"UNIDAD SALSA",0,755.28,868.57,"IVA EN VENTAS 15%",{"$f":"IFERROR(IF(Tabla_Consulta_desde_QuickBooks_Data_64_Bit_QRemote[[#This Row],[SalesOrderLineUnitOfMeasure]]=\"un\",Tabla_Consulta_desde_QuickBooks_Data_64_Bit_QRemote[[#This Row],[SalesOrderLineQuantity]],Tabla_Consulta_desde_QuickBooks_Data_64_Bit_QRemote[[#This Row],[SalesOrderLineQuantity]]/MID(Tabla_Consulta_desde_QuickBooks_Data_64_Bit_QRemote[[#This Row],[SalesOrderLineUnitOfMeasure]],2,2)),0)","v":1},{"$f":"IFERROR(IF(Tabla_Consulta_desde_QuickBooks_Data_64_Bit_QRemote[[#This Row],[SalesOrderLineUnitOfMeasure]]=\"un\",Tabla_Consulta_desde_QuickBooks_Data_64_Bit_QRemote[[#This Row],[SalesOrderLineInvoiced]],Tabla_Consulta_desde_QuickBooks_Data_64_Bit_QRemote[[#This Row],[SalesOrderLineInvoiced]]/MID(Tabla_Consulta_desde_QuickBooks_Data_64_Bit_QRemote[[#This Row],[SalesOrderLineUnitOfMeasure]],2,2)),0)","v":0},{"$f":"+Tabla_Consulta_desde_QuickBooks_Data_64_Bit_QRemote[[#This Row],[facturado]]-Tabla_Consulta_desde_QuickBooks_Data_64_Bit_QRemote[[#This Row],[pide]]","v":-1},{"$f":"IF(Tabla_Consulta_desde_QuickBooks_Data_64_Bit_QRemote[[#This Row],[diferecia]]=0,\"ok\",\"diferen\")","v":"diferen"},{"$f":"IFERROR(INDEX(um!A:C,MATCH(Tabla_Consulta_desde_QuickBooks_Data_64_Bit_QRemote[[#This Row],[SalesOrderLineItemRefFullName]],um!A:A,0),3),\"\")","v":"X24"},{"$f":"IFERROR(IF(OR(Tabla_Consulta_desde_QuickBooks_Data_64_Bit_QRemote[[#This Row],[SalesOrderLineUnitOfMeasure]]=\"UN\",Tabla_Consulta_desde_QuickBooks_Data_64_Bit_QRemote[[#This Row],[SalesOrderLineUnitOfMeasure]]=Tabla_Consulta_desde_QuickBooks_Data_64_Bit_QRemote[[#This Row],[U/M]]),\"\",\"ERROR\"),\"\")","v":""},{"$f":"+WEEKNUM(Tabla_Consulta_desde_QuickBooks_Data_64_Bit_QRemote[[#This Row],[TxnDate]])","v":23},{"$f":"+Tabla_Consulta_desde_QuickBooks_Data_64_Bit_QRemote[[#This Row],[SalesOrderLineRate]]*Tabla_Consulta_desde_QuickBooks_Data_64_Bit_QRemote[[#This Row],[SalesOrderLineInvoiced]]","v":0},{"$f":"+IFERROR(IF(Tabla_Consulta_desde_QuickBooks_Data_64_Bit_QRemote[[#This Row],[CustomerRefFullName]]=\"GRUVALCORP SA\",VLOOKUP(Tabla_Consulta_desde_QuickBooks_Data_64_Bit_QRemote[[#This Row],[SalesOrderLineItemRefFullName]],Hoja1!A:E,5,FALSE),\"\")*-Tabla_Consulta_desde_QuickBooks_Data_64_Bit_QRemote[[#This Row],[SalesOrderLineAmount]],\"\")","v":""},{"$f":"IF(COUNTIF(wms!E:E,Tabla_Consulta_desde_QuickBooks_Data_64_Bit_QRemote[[#This Row],[RefNumber]])>0,\"OK\",\"FALTA\")","v":"OK"}]
["2025-06-02","29092","CORPORACION FERNANDEZ CORPFERNANDEZ S.A.","LOCAL GARZOTA",12,"705424000147","P.T:110209","AJÍ CON TOMATE DE ÁRBOL OLE 180G","Bodega Producto Terminado",12,"UN",1.57,18.84,"UNIDAD SALSA",0,755.28,868.57,"IVA EN VENTAS 15%",{"$f":"IFERROR(IF(Tabla_Consulta_desde_QuickBooks_Data_64_Bit_QRemote[[#This Row],[SalesOrderLineUnitOfMeasure]]=\"un\",Tabla_Consulta_desde_QuickBooks_Data_64_Bit_QRemote[[#This Row],[SalesOrderLineQuantity]],Tabla_Consulta_desde_QuickBooks_Data_64_Bit_QRemote[[#This Row],[SalesOrderLineQuantity]]/MID(Tabla_Consulta_desde_QuickBooks_Data_64_Bit_QRemote[[#This Row],[SalesOrderLineUnitOfMeasure]],2,2)),0)","v":12},{"$f":"IFERROR(IF(Tabla_Consulta_desde_QuickBooks_Data_64_Bit_QRemote[[#This Row],[SalesOrderLineUnitOfMeasure]]=\"un\",Tabla_Consulta_desde_QuickBooks_Data_64_Bit_QRemote[[#This Row],[SalesOrderLineInvoiced]],Tabla_Consulta_desde_QuickBooks_Data_64_Bit_QRemote[[#This Row],[SalesOrderLineInvoiced]]/MID(Tabla_Consulta_desde_QuickBooks_Data_64_Bit_QRemote[[#This Row],[SalesOrderLineUnitOfMeasure]],2,2)),0)","v":0},{"$f":"+Tabla_Consulta_desde_QuickBooks_Data_64_Bit_QRemote[[#This Row],[facturado]]-Tabla_Consulta_desde_QuickBooks_Data_64_Bit_QRemote[[#This Row],[pide]]","v":-12},{"$f":"IF(Tabla_Consulta_desde_QuickBooks_Data_64_Bit_QRemote[[#This Row],[diferecia]]=0,\"ok\",\"diferen\")","v":"diferen"},{"$f":"IFERROR(INDEX(um!A:C,MATCH(Tabla_Consulta_desde_QuickBooks_Data_64_Bit_QRemote[[#This Row],[SalesOrderLineItemRefFullName]],um!A:A,0),3),\"\")","v":"X24"},{"$f":"IFERROR(IF(OR(Tabla_Consulta_desde_QuickBooks_Data_64_Bit_QRemote[[#This Row],[SalesOrderLineUnitOfMeasure]]=\"UN\",Tabla_Consulta_desde_QuickBooks_Data_64_Bit_QRemote[[#This Row],[SalesOrderLineUnitOfMeasure]]=Tabla_Consulta_desde_QuickBooks_Data_64_Bit_QRemote[[#This Row],[U/M]]),\"\",\"ERROR\"),\"\")","v":""},{"$f":"+WEEKNUM(Tabla_Consulta_desde_QuickBooks_Data_64_Bit_QRemote[[#This Row],[TxnDate]])","v":23},{"$f":"+Tabla_Consulta_desde_QuickBooks_Data_64_Bit_QRemote[[#This Row],[SalesOrderLineRate]]*Tabla_Consulta_desde_QuickBooks_Data_64_Bit_QRemote[[#This Row],[SalesOrderLineInvoiced]]","v":0},{"$f":"+IFERROR(IF(Tabla_Consulta_desde_QuickBooks_Data_64_Bit_QRemote[[#This Row],[CustomerRefFullName]]=\"GRUVALCORP SA\",VLOOKUP(Tabla_Consulta_desde_QuickBooks_Data_64_Bit_QRemote[[#This Row],[SalesOrderLineItemRefFullName]],Hoja1!A:E,5,FALSE),\"\")*-Tabla_Consulta_desde_QuickBooks_Data_64_Bit_QRemote[[#This Row],[SalesOrderLineAmount]],\"\")","v":""},{"$f":"IF(COUNTIF(wms!E:E,Tabla_Consulta_desde_QuickBooks_Data_64_Bit_QRemote[[#This Row],[RefNumber]])>0,\"OK\",\"FALTA\")","v":"OK"}]
["2025-06-02","29092","CORPORACION FERNANDEZ CORPFERNANDEZ S.A.","LOCAL GARZOTA",13,"7862112522527","P.T:110803","SALSA GUACAMOLE ORIGINAL OLE DP 200G","Bodega Producto Terminado",24,"X12",1.4,33.6,"UNIDAD SALSA",0,755.28,868.57,"IVA EN VENTAS 15%",{"$f":"IFERROR(IF(Tabla_Consulta_desde_QuickBooks_Data_64_Bit_QRemote[[#This Row],[SalesOrderLineUnitOfMeasure]]=\"un\",Tabla_Consulta_desde_QuickBooks_Data_64_Bit_QRemote[[#This Row],[SalesOrderLineQuantity]],Tabla_Consulta_desde_QuickBooks_Data_64_Bit_QRemote[[#This Row],[SalesOrderLineQuantity]]/MID(Tabla_Consulta_desde_QuickBooks_Data_64_Bit_QRemote[[#This Row],[SalesOrderLineUnitOfMeasure]],2,2)),0)","v":2},{"$f":"IFERROR(IF(Tabla_Consulta_desde_QuickBooks_Data_64_Bit_QRemote[[#This Row],[SalesOrderLineUnitOfMeasure]]=\"un\",Tabla_Consulta_desde_QuickBooks_Data_64_Bit_QRemote[[#This Row],[SalesOrderLineInvoiced]],Tabla_Consulta_desde_QuickBooks_Data_64_Bit_QRemote[[#This Row],[SalesOrderLineInvoiced]]/MID(Tabla_Consulta_desde_QuickBooks_Data_64_Bit_QRemote[[#This Row],[SalesOrderLineUnitOfMeasure]],2,2)),0)","v":0},{"$f":"+Tabla_Consulta_desde_QuickBooks_Data_64_Bit_QRemote[[#This Row],[facturado]]-Tabla_Consulta_desde_QuickBooks_Data_64_Bit_QRemote[[#This Row],[pide]]","v":-2},{"$f":"IF(Tabla_Consulta_desde_QuickBooks_Data_64_Bit_QRemote[[#This Row],[diferecia]]=0,\"ok\",\"diferen\")","v":"diferen"},{"$f":"IFERROR(INDEX(um!A:C,MATCH(Tabla_Consulta_desde_QuickBooks_Data_64_Bit_QRemote[[#This Row],[SalesOrderLineItemRefFullName]],um!A:A,0),3),\"\")","v":"X12"},{"$f":"IFERROR(IF(OR(Tabla_Consulta_desde_QuickBooks_Data_64_Bit_QRemote[[#This Row],[SalesOrderLineUnitOfMeasure]]=\"UN\",Tabla_Consulta_desde_QuickBooks_Data_64_Bit_QRemote[[#This Row],[SalesOrderLineUnitOfMeasure]]=Tabla_Consulta_desde_QuickBooks_Data_64_Bit_QRemote[[#This Row],[U/M]]),\"\",\"ERROR\"),\"\")","v":""},{"$f":"+WEEKNUM(Tabla_Consulta_desde_QuickBooks_Data_64_Bit_QRemote[[#This Row],[TxnDate]])","v":23},{"$f":"+Tabla_Consulta_desde_QuickBooks_Data_64_Bit_QRemote[[#This Row],[SalesOrderLineRate]]*Tabla_Consulta_desde_QuickBooks_Data_64_Bit_QRemote[[#This Row],[SalesOrderLineInvoiced]]","v":0},{"$f":"+IFERROR(IF(Tabla_Consulta_desde_QuickBooks_Data_64_Bit_QRemote[[#This Row],[CustomerRefFullName]]=\"GRUVALCORP SA\",VLOOKUP(Tabla_Consulta_desde_QuickBooks_Data_64_Bit_QRemote[[#This Row],[SalesOrderLineItemRefFullName]],Hoja1!A:E,5,FALSE),\"\")*-Tabla_Consulta_desde_QuickBooks_Data_64_Bit_QRemote[[#This Row],[SalesOrderLineAmount]],\"\")","v":""},{"$f":"IF(COUNTIF(wms!E:E,Tabla_Consulta_desde_QuickBooks_Data_64_Bit_QRemote[[#This Row],[RefNumber]])>0,\"OK\",\"FALTA\")","v":"OK"}]
["2025-06-02","29092","CORPORACION FERNANDEZ CORPFERNANDEZ S.A.","LOCAL GARZOTA",14,"7862112522169","P.T:110734","DIP ORIGINAL ROASTED TOMATES ASADOS OLE 220G","Bodega Producto Terminado",12,"X12",1.51,18.12,"UNIDAD SALSA",0,755.28,868.57,"IVA EN VENTAS 15%",{"$f":"IFERROR(IF(Tabla_Consulta_desde_QuickBooks_Data_64_Bit_QRemote[[#This Row],[SalesOrderLineUnitOfMeasure]]=\"un\",Tabla_Consulta_desde_QuickBooks_Data_64_Bit_QRemote[[#This Row],[SalesOrderLineQuantity]],Tabla_Consulta_desde_QuickBooks_Data_64_Bit_QRemote[[#This Row],[SalesOrderLineQuantity]]/MID(Tabla_Consulta_desde_QuickBooks_Data_64_Bit_QRemote[[#This Row],[SalesOrderLineUnitOfMeasure]],2,2)),0)","v":1},{"$f":"IFERROR(IF(Tabla_Consulta_desde_QuickBooks_Data_64_Bit_QRemote[[#This Row],[SalesOrderLineUnitOfMeasure]]=\"un\",Tabla_Consulta_desde_QuickBooks_Data_64_Bit_QRemote[[#This Row],[SalesOrderLineInvoiced]],Tabla_Consulta_desde_QuickBooks_Data_64_Bit_QRemote[[#This Row],[SalesOrderLineInvoiced]]/MID(Tabla_Consulta_desde_QuickBooks_Data_64_Bit_QRemote[[#This Row],[SalesOrderLineUnitOfMeasure]],2,2)),0)","v":0},{"$f":"+Tabla_Consulta_desde_QuickBooks_Data_64_Bit_QRemote[[#This Row],[facturado]]-Tabla_Consulta_desde_QuickBooks_Data_64_Bit_QRemote[[#This Row],[pide]]","v":-1},{"$f":"IF(Tabla_Consulta_desde_QuickBooks_Data_64_Bit_QRemote[[#This Row],[diferecia]]=0,\"ok\",\"diferen\")","v":"diferen"},{"$f":"IFERROR(INDEX(um!A:C,MATCH(Tabla_Consulta_desde_QuickBooks_Data_64_Bit_QRemote[[#This Row],[SalesOrderLineItemRefFullName]],um!A:A,0),3),\"\")","v":"X12"},{"$f":"IFERROR(IF(OR(Tabla_Consulta_desde_QuickBooks_Data_64_Bit_QRemote[[#This Row],[SalesOrderLineUnitOfMeasure]]=\"UN\",Tabla_Consulta_desde_QuickBooks_Data_64_Bit_QRemote[[#This Row],[SalesOrderLineUnitOfMeasure]]=Tabla_Consulta_desde_QuickBooks_Data_64_Bit_QRemote[[#This Row],[U/M]]),\"\",\"ERROR\"),\"\")","v":""},{"$f":"+WEEKNUM(Tabla_Consulta_desde_QuickBooks_Data_64_Bit_QRemote[[#This Row],[TxnDate]])","v":23},{"$f":"+Tabla_Consulta_desde_QuickBooks_Data_64_Bit_QRemote[[#This Row],[SalesOrderLineRate]]*Tabla_Consulta_desde_QuickBooks_Data_64_Bit_QRemote[[#This Row],[SalesOrderLineInvoiced]]","v":0},{"$f":"+IFERROR(IF(Tabla_Consulta_desde_QuickBooks_Data_64_Bit_QRemote[[#This Row],[CustomerRefFullName]]=\"GRUVALCORP SA\",VLOOKUP(Tabla_Consulta_desde_QuickBooks_Data_64_Bit_QRemote[[#This Row],[SalesOrderLineItemRefFullName]],Hoja1!A:E,5,FALSE),\"\")*-Tabla_Consulta_desde_QuickBooks_Data_64_Bit_QRemote[[#This Row],[SalesOrderLineAmount]],\"\")","v":""},{"$f":"IF(COUNTIF(wms!E:E,Tabla_Consulta_desde_QuickBooks_Data_64_Bit_QRemote[[#This Row],[RefNumber]])>0,\"OK\",\"FALTA\")","v":"OK"}]
["2025-06-02","29092","CORPORACION FERNANDEZ CORPFERNANDEZ S.A.","LOCAL GARZOTA",15,"7862112522732","PT:220135","TOTOPOS SABOR GUACAMOLE OLE 120G","Bodega Producto Terminado",12,"X12",0.95,11.4,"UNIDAD SNCKS",0,755.28,868.57,"IVA EN VENTAS 15%",{"$f":"IFERROR(IF(Tabla_Consulta_desde_QuickBooks_Data_64_Bit_QRemote[[#This Row],[SalesOrderLineUnitOfMeasure]]=\"un\",Tabla_Consulta_desde_QuickBooks_Data_64_Bit_QRemote[[#This Row],[SalesOrderLineQuantity]],Tabla_Consulta_desde_QuickBooks_Data_64_Bit_QRemote[[#This Row],[SalesOrderLineQuantity]]/MID(Tabla_Consulta_desde_QuickBooks_Data_64_Bit_QRemote[[#This Row],[SalesOrderLineUnitOfMeasure]],2,2)),0)","v":1},{"$f":"IFERROR(IF(Tabla_Consulta_desde_QuickBooks_Data_64_Bit_QRemote[[#This Row],[SalesOrderLineUnitOfMeasure]]=\"un\",Tabla_Consulta_desde_QuickBooks_Data_64_Bit_QRemote[[#This Row],[SalesOrderLineInvoiced]],Tabla_Consulta_desde_QuickBooks_Data_64_Bit_QRemote[[#This Row],[SalesOrderLineInvoiced]]/MID(Tabla_Consulta_desde_QuickBooks_Data_64_Bit_QRemote[[#This Row],[SalesOrderLineUnitOfMeasure]],2,2)),0)","v":0},{"$f":"+Tabla_Consulta_desde_QuickBooks_Data_64_Bit_QRemote[[#This Row],[facturado]]-Tabla_Consulta_desde_QuickBooks_Data_64_Bit_QRemote[[#This Row],[pide]]","v":-1},{"$f":"IF(Tabla_Consulta_desde_QuickBooks_Data_64_Bit_QRemote[[#This Row],[diferecia]]=0,\"ok\",\"diferen\")","v":"diferen"},{"$f":"IFERROR(INDEX(um!A:C,MATCH(Tabla_Consulta_desde_QuickBooks_Data_64_Bit_QRemote[[#This Row],[SalesOrderLineItemRefFullName]],um!A:A,0),3),\"\")","v":"X12"},{"$f":"IFERROR(IF(OR(Tabla_Consulta_desde_QuickBooks_Data_64_Bit_QRemote[[#This Row],[SalesOrderLineUnitOfMeasure]]=\"UN\",Tabla_Consulta_desde_QuickBooks_Data_64_Bit_QRemote[[#This Row],[SalesOrderLineUnitOfMeasure]]=Tabla_Consulta_desde_QuickBooks_Data_64_Bit_QRemote[[#This Row],[U/M]]),\"\",\"ERROR\"),\"\")","v":""},{"$f":"+WEEKNUM(Tabla_Consulta_desde_QuickBooks_Data_64_Bit_QRemote[[#This Row],[TxnDate]])","v":23},{"$f":"+Tabla_Consulta_desde_QuickBooks_Data_64_Bit_QRemote[[#This Row],[SalesOrderLineRate]]*Tabla_Consulta_desde_QuickBooks_Data_64_Bit_QRemote[[#This Row],[SalesOrderLineInvoiced]]","v":0},{"$f":"+IFERROR(IF(Tabla_Consulta_desde_QuickBooks_Data_64_Bit_QRemote[[#This Row],[CustomerRefFullName]]=\"GRUVALCORP SA\",VLOOKUP(Tabla_Consulta_desde_QuickBooks_Data_64_Bit_QRemote[[#This Row],[SalesOrderLineItemRefFullName]],Hoja1!A:E,5,FALSE),\"\")*-Tabla_Consulta_desde_QuickBooks_Data_64_Bit_QRemote[[#This Row],[SalesOrderLineAmount]],\"\")","v":""},{"$f":"IF(COUNTIF(wms!E:E,Tabla_Consulta_desde_QuickBooks_Data_64_Bit_QRemote[[#This Row],[RefNumber]])>0,\"OK\",\"FALTA\")","v":"OK"}]
["2025-06-02","29092","CORPORACION FERNANDEZ CORPFERNANDEZ S.A.","LOCAL GARZOTA",16,"7862112522367","PT:220132","TOTOPOS NATURAL OLE 300G","Bodega Producto Terminado",12,"X12",1.67,20.04,"UNIDAD SNCKS",0,755.28,868.57,"IVA EN VENTAS 15%",{"$f":"IFERROR(IF(Tabla_Consulta_desde_QuickBooks_Data_64_Bit_QRemote[[#This Row],[SalesOrderLineUnitOfMeasure]]=\"un\",Tabla_Consulta_desde_QuickBooks_Data_64_Bit_QRemote[[#This Row],[SalesOrderLineQuantity]],Tabla_Consulta_desde_QuickBooks_Data_64_Bit_QRemote[[#This Row],[SalesOrderLineQuantity]]/MID(Tabla_Consulta_desde_QuickBooks_Data_64_Bit_QRemote[[#This Row],[SalesOrderLineUnitOfMeasure]],2,2)),0)","v":1},{"$f":"IFERROR(IF(Tabla_Consulta_desde_QuickBooks_Data_64_Bit_QRemote[[#This Row],[SalesOrderLineUnitOfMeasure]]=\"un\",Tabla_Consulta_desde_QuickBooks_Data_64_Bit_QRemote[[#This Row],[SalesOrderLineInvoiced]],Tabla_Consulta_desde_QuickBooks_Data_64_Bit_QRemote[[#This Row],[SalesOrderLineInvoiced]]/MID(Tabla_Consulta_desde_QuickBooks_Data_64_Bit_QRemote[[#This Row],[SalesOrderLineUnitOfMeasure]],2,2)),0)","v":0},{"$f":"+Tabla_Consulta_desde_QuickBooks_Data_64_Bit_QRemote[[#This Row],[facturado]]-Tabla_Consulta_desde_QuickBooks_Data_64_Bit_QRemote[[#This Row],[pide]]","v":-1},{"$f":"IF(Tabla_Consulta_desde_QuickBooks_Data_64_Bit_QRemote[[#This Row],[diferecia]]=0,\"ok\",\"diferen\")","v":"diferen"},{"$f":"IFERROR(INDEX(um!A:C,MATCH(Tabla_Consulta_desde_QuickBooks_Data_64_Bit_QRemote[[#This Row],[SalesOrderLineItemRefFullName]],um!A:A,0),3),\"\")","v":"X12"},{"$f":"IFERROR(IF(OR(Tabla_Consulta_desde_QuickBooks_Data_64_Bit_QRemote[[#This Row],[SalesOrderLineUnitOfMeasure]]=\"UN\",Tabla_Consulta_desde_QuickBooks_Data_64_Bit_QRemote[[#This Row],[SalesOrderLineUnitOfMeasure]]=Tabla_Consulta_desde_QuickBooks_Data_64_Bit_QRemote[[#This Row],[U/M]]),\"\",\"ERROR\"),\"\")","v":""},{"$f":"+WEEKNUM(Tabla_Consulta_desde_QuickBooks_Data_64_Bit_QRemote[[#This Row],[TxnDate]])","v":23},{"$f":"+Tabla_Consulta_desde_QuickBooks_Data_64_Bit_QRemote[[#This Row],[SalesOrderLineRate]]*Tabla_Consulta_desde_QuickBooks_Data_64_Bit_QRemote[[#This Row],[SalesOrderLineInvoiced]]","v":0},{"$f":"+IFERROR(IF(Tabla_Consulta_desde_QuickBooks_Data_64_Bit_QRemote[[#This Row],[CustomerRefFullName]]=\"GRUVALCORP SA\",VLOOKUP(Tabla_Consulta_desde_QuickBooks_Data_64_Bit_QRemote[[#This Row],[SalesOrderLineItemRefFullName]],Hoja1!A:E,5,FALSE),\"\")*-Tabla_Consulta_desde_QuickBooks_Data_64_Bit_QRemote[[#This Row],[SalesOrderLineAmount]],\"\")","v":""},{"$f":"IF(COUNTIF(wms!E:E,Tabla_Consulta_desde_QuickBooks_Data_64_Bit_QRemote[[#This Row],[RefNumber]])>0,\"OK\",\"FALTA\")","v":"OK"}]
["2025-06-02","29092","CORPORACION FERNANDEZ CORPFERNANDEZ S.A.","LOCAL GARZOTA",17,null,"INFOADICIONAL","LOCAL GARZOTA",null,null,null,0,0,null,0,755.28,868.57,"IVA EN VENTAS 15%",{"$f":"IFERROR(IF(Tabla_Consulta_desde_QuickBooks_Data_64_Bit_QRemote[[#This Row],[SalesOrderLineUnitOfMeasure]]=\"un\",Tabla_Consulta_desde_QuickBooks_Data_64_Bit_QRemote[[#This Row],[SalesOrderLineQuantity]],Tabla_Consulta_desde_QuickBooks_Data_64_Bit_QRemote[[#This Row],[SalesOrderLineQuantity]]/MID(Tabla_Consulta_desde_QuickBooks_Data_64_Bit_QRemote[[#This Row],[SalesOrderLineUnitOfMeasure]],2,2)),0)","v":0},{"$f":"IFERROR(IF(Tabla_Consulta_desde_QuickBooks_Data_64_Bit_QRemote[[#This Row],[SalesOrderLineUnitOfMeasure]]=\"un\",Tabla_Consulta_desde_QuickBooks_Data_64_Bit_QRemote[[#This Row],[SalesOrderLineInvoiced]],Tabla_Consulta_desde_QuickBooks_Data_64_Bit_QRemote[[#This Row],[SalesOrderLineInvoiced]]/MID(Tabla_Consulta_desde_QuickBooks_Data_64_Bit_QRemote[[#This Row],[SalesOrderLineUnitOfMeasure]],2,2)),0)","v":0},{"$f":"+Tabla_Consulta_desde_QuickBooks_Data_64_Bit_QRemote[[#This Row],[facturado]]-Tabla_Consulta_desde_QuickBooks_Data_64_Bit_QRemote[[#This Row],[pide]]","v":0},{"$f":"IF(Tabla_Consulta_desde_QuickBooks_Data_64_Bit_QRemote[[#This Row],[diferecia]]=0,\"ok\",\"diferen\")","v":"ok"},{"$f":"IFERROR(INDEX(um!A:C,MATCH(Tabla_Consulta_desde_QuickBooks_Data_64_Bit_QRemote[[#This Row],[SalesOrderLineItemRefFullName]],um!A:A,0),3),\"\")","v":""},{"$f":"IFERROR(IF(OR(Tabla_Consulta_desde_QuickBooks_Data_64_Bit_QRemote[[#This Row],[SalesOrderLineUnitOfMeasure]]=\"UN\",Tabla_Consulta_desde_QuickBooks_Data_64_Bit_QRemote[[#This Row],[SalesOrderLineUnitOfMeasure]]=Tabla_Consulta_desde_QuickBooks_Data_64_Bit_QRemote[[#This Row],[U/M]]),\"\",\"ERROR\"),\"\")","v":""},{"$f":"+WEEKNUM(Tabla_Consulta_desde_QuickBooks_Data_64_Bit_QRemote[[#This Row],[TxnDate]])","v":23},{"$f":"+Tabla_Consulta_desde_QuickBooks_Data_64_Bit_QRemote[[#This Row],[SalesOrderLineRate]]*Tabla_Consulta_desde_QuickBooks_Data_64_Bit_QRemote[[#This Row],[SalesOrderLineInvoiced]]","v":0},{"$f":"+IFERROR(IF(Tabla_Consulta_desde_QuickBooks_Data_64_Bit_QRemote[[#This Row],[CustomerRefFullName]]=\"GRUVALCORP SA\",VLOOKUP(Tabla_Consulta_desde_QuickBooks_Data_64_Bit_QRemote[[#This Row],[SalesOrderLineItemRefFullName]],Hoja1!A:E,5,FALSE),\"\")*-Tabla_Consulta_desde_QuickBooks_Data_64_Bit_QRemote[[#This Row],[SalesOrderLineAmount]],\"\")","v":""},{"$f":"IF(COUNTIF(wms!E:E,Tabla_Consulta_desde_QuickBooks_Data_64_Bit_QRemote[[#This Row],[RefNumber]])>0,\"OK\",\"FALTA\")","v":"OK"}]
["2025-06-02","29093","CORPORACION FAVORITA C A","100515386981",1,"7861042565512","PT:221000","ARITOS PICANTES AKÍ 100G","Bodega Producto Terminado",3150,"X10",0.89,2803.5,"UNIDAD SNCKS",0,9981.6299999999992,11478.87,"IVA EN VENTAS 15%",{"$f":"IFERROR(IF(Tabla_Consulta_desde_QuickBooks_Data_64_Bit_QRemote[[#This Row],[SalesOrderLineUnitOfMeasure]]=\"un\",Tabla_Consulta_desde_QuickBooks_Data_64_Bit_QRemote[[#This Row],[SalesOrderLineQuantity]],Tabla_Consulta_desde_QuickBooks_Data_64_Bit_QRemote[[#This Row],[SalesOrderLineQuantity]]/MID(Tabla_Consulta_desde_QuickBooks_Data_64_Bit_QRemote[[#This Row],[SalesOrderLineUnitOfMeasure]],2,2)),0)","v":315},{"$f":"IFERROR(IF(Tabla_Consulta_desde_QuickBooks_Data_64_Bit_QRemote[[#This Row],[SalesOrderLineUnitOfMeasure]]=\"un\",Tabla_Consulta_desde_QuickBooks_Data_64_Bit_QRemote[[#This Row],[SalesOrderLineInvoiced]],Tabla_Consulta_desde_QuickBooks_Data_64_Bit_QRemote[[#This Row],[SalesOrderLineInvoiced]]/MID(Tabla_Consulta_desde_QuickBooks_Data_64_Bit_QRemote[[#This Row],[SalesOrderLineUnitOfMeasure]],2,2)),0)","v":0},{"$f":"+Tabla_Consulta_desde_QuickBooks_Data_64_Bit_QRemote[[#This Row],[facturado]]-Tabla_Consulta_desde_QuickBooks_Data_64_Bit_QRemote[[#This Row],[pide]]","v":-315},{"$f":"IF(Tabla_Consulta_desde_QuickBooks_Data_64_Bit_QRemote[[#This Row],[diferecia]]=0,\"ok\",\"diferen\")","v":"diferen"},{"$f":"IFERROR(INDEX(um!A:C,MATCH(Tabla_Consulta_desde_QuickBooks_Data_64_Bit_QRemote[[#This Row],[SalesOrderLineItemRefFullName]],um!A:A,0),3),\"\")","v":"X10"},{"$f":"IFERROR(IF(OR(Tabla_Consulta_desde_QuickBooks_Data_64_Bit_QRemote[[#This Row],[SalesOrderLineUnitOfMeasure]]=\"UN\",Tabla_Consulta_desde_QuickBooks_Data_64_Bit_QRemote[[#This Row],[SalesOrderLineUnitOfMeasure]]=Tabla_Consulta_desde_QuickBooks_Data_64_Bit_QRemote[[#This Row],[U/M]]),\"\",\"ERROR\"),\"\")","v":""},{"$f":"+WEEKNUM(Tabla_Consulta_desde_QuickBooks_Data_64_Bit_QRemote[[#This Row],[TxnDate]])","v":23},{"$f":"+Tabla_Consulta_desde_QuickBooks_Data_64_Bit_QRemote[[#This Row],[SalesOrderLineRate]]*Tabla_Consulta_desde_QuickBooks_Data_64_Bit_QRemote[[#This Row],[SalesOrderLineInvoiced]]","v":0},{"$f":"+IFERROR(IF(Tabla_Consulta_desde_QuickBooks_Data_64_Bit_QRemote[[#This Row],[CustomerRefFullName]]=\"GRUVALCORP SA\",VLOOKUP(Tabla_Consulta_desde_QuickBooks_Data_64_Bit_QRemote[[#This Row],[SalesOrderLineItemRefFullName]],Hoja1!A:E,5,FALSE),\"\")*-Tabla_Consulta_desde_QuickBooks_Data_64_Bit_QRemote[[#This Row],[SalesOrderLineAmount]],\"\")","v":""},{"$f":"IF(COUNTIF(wms!E:E,Tabla_Consulta_desde_QuickBooks_Data_64_Bit_QRemote[[#This Row],[RefNumber]])>0,\"OK\",\"FALTA\")","v":"FALTA"}]
["2025-06-02","29093","CORPORACION FAVORITA C A","100515386981",2,"7861223803235","PT:220140","TRIANGULITO DE MAÍZ LIMÓN AKI 150G","Bodega Producto Terminado",1800,"X12",0.83,1494,"UNIDAD SNCKS",384,9981.6299999999992,11478.87,"IVA EN VENTAS 15%",{"$f":"IFERROR(IF(Tabla_Consulta_desde_QuickBooks_Data_64_Bit_QRemote[[#This Row],[SalesOrderLineUnitOfMeasure]]=\"un\",Tabla_Consulta_desde_QuickBooks_Data_64_Bit_QRemote[[#This Row],[SalesOrderLineQuantity]],Tabla_Consulta_desde_QuickBooks_Data_64_Bit_QRemote[[#This Row],[SalesOrderLineQuantity]]/MID(Tabla_Consulta_desde_QuickBooks_Data_64_Bit_QRemote[[#This Row],[SalesOrderLineUnitOfMeasure]],2,2)),0)","v":150},{"$f":"IFERROR(IF(Tabla_Consulta_desde_QuickBooks_Data_64_Bit_QRemote[[#This Row],[SalesOrderLineUnitOfMeasure]]=\"un\",Tabla_Consulta_desde_QuickBooks_Data_64_Bit_QRemote[[#This Row],[SalesOrderLineInvoiced]],Tabla_Consulta_desde_QuickBooks_Data_64_Bit_QRemote[[#This Row],[SalesOrderLineInvoiced]]/MID(Tabla_Consulta_desde_QuickBooks_Data_64_Bit_QRemote[[#This Row],[SalesOrderLineUnitOfMeasure]],2,2)),0)","v":32},{"$f":"+Tabla_Consulta_desde_QuickBooks_Data_64_Bit_QRemote[[#This Row],[facturado]]-Tabla_Consulta_desde_QuickBooks_Data_64_Bit_QRemote[[#This Row],[pide]]","v":-118},{"$f":"IF(Tabla_Consulta_desde_QuickBooks_Data_64_Bit_QRemote[[#This Row],[diferecia]]=0,\"ok\",\"diferen\")","v":"diferen"},{"$f":"IFERROR(INDEX(um!A:C,MATCH(Tabla_Consulta_desde_QuickBooks_Data_64_Bit_QRemote[[#This Row],[SalesOrderLineItemRefFullName]],um!A:A,0),3),\"\")","v":"X12"},{"$f":"IFERROR(IF(OR(Tabla_Consulta_desde_QuickBooks_Data_64_Bit_QRemote[[#This Row],[SalesOrderLineUnitOfMeasure]]=\"UN\",Tabla_Consulta_desde_QuickBooks_Data_64_Bit_QRemote[[#This Row],[SalesOrderLineUnitOfMeasure]]=Tabla_Consulta_desde_QuickBooks_Data_64_Bit_QRemote[[#This Row],[U/M]]),\"\",\"ERROR\"),\"\")","v":""},{"$f":"+WEEKNUM(Tabla_Consulta_desde_QuickBooks_Data_64_Bit_QRemote[[#This Row],[TxnDate]])","v":23},{"$f":"+Tabla_Consulta_desde_QuickBooks_Data_64_Bit_QRemote[[#This Row],[SalesOrderLineRate]]*Tabla_Consulta_desde_QuickBooks_Data_64_Bit_QRemote[[#This Row],[SalesOrderLineInvoiced]]","v":318.71999999999997},{"$f":"+IFERROR(IF(Tabla_Consulta_desde_QuickBooks_Data_64_Bit_QRemote[[#This Row],[CustomerRefFullName]]=\"GRUVALCORP SA\",VLOOKUP(Tabla_Consulta_desde_QuickBooks_Data_64_Bit_QRemote[[#This Row],[SalesOrderLineItemRefFullName]],Hoja1!A:E,5,FALSE),\"\")*-Tabla_Consulta_desde_QuickBooks_Data_64_Bit_QRemote[[#This Row],[SalesOrderLineAmount]],\"\")","v":""},{"$f":"IF(COUNTIF(wms!E:E,Tabla_Consulta_desde_QuickBooks_Data_64_Bit_QRemote[[#This Row],[RefNumber]])>0,\"OK\",\"FALTA\")","v":"FALTA"}]
["2025-06-02","29093","CORPORACION FAVORITA C A","100515386981",3,"7861042548867","PT:220108","TRIANGULITO DE MAÍZ NATURAL AKÍ 300G","Bodega Producto Terminado",2160,"X 6",1.47,3175.2,"UNIDAD SNCKS",546,9981.6299999999992,11478.87,"IVA EN VENTAS 15%",{"$f":"IFERROR(IF(Tabla_Consulta_desde_QuickBooks_Data_64_Bit_QRemote[[#This Row],[SalesOrderLineUnitOfMeasure]]=\"un\",Tabla_Consulta_desde_QuickBooks_Data_64_Bit_QRemote[[#This Row],[SalesOrderLineQuantity]],Tabla_Consulta_desde_QuickBooks_Data_64_Bit_QRemote[[#This Row],[SalesOrderLineQuantity]]/MID(Tabla_Consulta_desde_QuickBooks_Data_64_Bit_QRemote[[#This Row],[SalesOrderLineUnitOfMeasure]],2,2)),0)","v":360},{"$f":"IFERROR(IF(Tabla_Consulta_desde_QuickBooks_Data_64_Bit_QRemote[[#This Row],[SalesOrderLineUnitOfMeasure]]=\"un\",Tabla_Consulta_desde_QuickBooks_Data_64_Bit_QRemote[[#This Row],[SalesOrderLineInvoiced]],Tabla_Consulta_desde_QuickBooks_Data_64_Bit_QRemote[[#This Row],[SalesOrderLineInvoiced]]/MID(Tabla_Consulta_desde_QuickBooks_Data_64_Bit_QRemote[[#This Row],[SalesOrderLineUnitOfMeasure]],2,2)),0)","v":91},{"$f":"+Tabla_Consulta_desde_QuickBooks_Data_64_Bit_QRemote[[#This Row],[facturado]]-Tabla_Consulta_desde_QuickBooks_Data_64_Bit_QRemote[[#This Row],[pide]]","v":-269},{"$f":"IF(Tabla_Consulta_desde_QuickBooks_Data_64_Bit_QRemote[[#This Row],[diferecia]]=0,\"ok\",\"diferen\")","v":"diferen"},{"$f":"IFERROR(INDEX(um!A:C,MATCH(Tabla_Consulta_desde_QuickBooks_Data_64_Bit_QRemote[[#This Row],[SalesOrderLineItemRefFullName]],um!A:A,0),3),\"\")","v":"X 6"},{"$f":"IFERROR(IF(OR(Tabla_Consulta_desde_QuickBooks_Data_64_Bit_QRemote[[#This Row],[SalesOrderLineUnitOfMeasure]]=\"UN\",Tabla_Consulta_desde_QuickBooks_Data_64_Bit_QRemote[[#This Row],[SalesOrderLineUnitOfMeasure]]=Tabla_Consulta_desde_QuickBooks_Data_64_Bit_QRemote[[#This Row],[U/M]]),\"\",\"ERROR\"),\"\")","v":""},{"$f":"+WEEKNUM(Tabla_Consulta_desde_QuickBooks_Data_64_Bit_QRemote[[#This Row],[TxnDate]])","v":23},{"$f":"+Tabla_Consulta_desde_QuickBooks_Data_64_Bit_QRemote[[#This Row],[SalesOrderLineRate]]*Tabla_Consulta_desde_QuickBooks_Data_64_Bit_QRemote[[#This Row],[SalesOrderLineInvoiced]]","v":802.62},{"$f":"+IFERROR(IF(Tabla_Consulta_desde_QuickBooks_Data_64_Bit_QRemote[[#This Row],[CustomerRefFullName]]=\"GRUVALCORP SA\",VLOOKUP(Tabla_Consulta_desde_QuickBooks_Data_64_Bit_QRemote[[#This Row],[SalesOrderLineItemRefFullName]],Hoja1!A:E,5,FALSE),\"\")*-Tabla_Consulta_desde_QuickBooks_Data_64_Bit_QRemote[[#This Row],[SalesOrderLineAmount]],\"\")","v":""},{"$f":"IF(COUNTIF(wms!E:E,Tabla_Consulta_desde_QuickBooks_Data_64_Bit_QRemote[[#This Row],[RefNumber]])>0,\"OK\",\"FALTA\")","v":"FALTA"}]
["2025-06-02","29093","CORPORACION FAVORITA C A","100515386981",4,"7861042564737","PT:220110","TRIANGULITO DE MAÍZ QUESO AKÍ 120G","Bodega Producto Terminado",1920,"X12",0.65,1248,"UNIDAD SNCKS",1128,9981.6299999999992,11478.87,"IVA EN VENTAS 15%",{"$f":"IFERROR(IF(Tabla_Consulta_desde_QuickBooks_Data_64_Bit_QRemote[[#This Row],[SalesOrderLineUnitOfMeasure]]=\"un\",Tabla_Consulta_desde_QuickBooks_Data_64_Bit_QRemote[[#This Row],[SalesOrderLineQuantity]],Tabla_Consulta_desde_QuickBooks_Data_64_Bit_QRemote[[#This Row],[SalesOrderLineQuantity]]/MID(Tabla_Consulta_desde_QuickBooks_Data_64_Bit_QRemote[[#This Row],[SalesOrderLineUnitOfMeasure]],2,2)),0)","v":160},{"$f":"IFERROR(IF(Tabla_Consulta_desde_QuickBooks_Data_64_Bit_QRemote[[#This Row],[SalesOrderLineUnitOfMeasure]]=\"un\",Tabla_Consulta_desde_QuickBooks_Data_64_Bit_QRemote[[#This Row],[SalesOrderLineInvoiced]],Tabla_Consulta_desde_QuickBooks_Data_64_Bit_QRemote[[#This Row],[SalesOrderLineInvoiced]]/MID(Tabla_Consulta_desde_QuickBooks_Data_64_Bit_QRemote[[#This Row],[SalesOrderLineUnitOfMeasure]],2,2)),0)","v":94},{"$f":"+Tabla_Consulta_desde_QuickBooks_Data_64_Bit_QRemote[[#This Row],[facturado]]-Tabla_Consulta_desde_QuickBooks_Data_64_Bit_QRemote[[#This Row],[pide]]","v":-66},{"$f":"IF(Tabla_Consulta_desde_QuickBooks_Data_64_Bit_QRemote[[#This Row],[diferecia]]=0,\"ok\",\"diferen\")","v":"diferen"},{"$f":"IFERROR(INDEX(um!A:C,MATCH(Tabla_Consulta_desde_QuickBooks_Data_64_Bit_QRemote[[#This Row],[SalesOrderLineItemRefFullName]],um!A:A,0),3),\"\")","v":"X12"},{"$f":"IFERROR(IF(OR(Tabla_Consulta_desde_QuickBooks_Data_64_Bit_QRemote[[#This Row],[SalesOrderLineUnitOfMeasure]]=\"UN\",Tabla_Consulta_desde_QuickBooks_Data_64_Bit_QRemote[[#This Row],[SalesOrderLineUnitOfMeasure]]=Tabla_Consulta_desde_QuickBooks_Data_64_Bit_QRemote[[#This Row],[U/M]]),\"\",\"ERROR\"),\"\")","v":""},{"$f":"+WEEKNUM(Tabla_Consulta_desde_QuickBooks_Data_64_Bit_QRemote[[#This Row],[TxnDate]])","v":23},{"$f":"+Tabla_Consulta_desde_QuickBooks_Data_64_Bit_QRemote[[#This Row],[SalesOrderLineRate]]*Tabla_Consulta_desde_QuickBooks_Data_64_Bit_QRemote[[#This Row],[SalesOrderLineInvoiced]]","v":733.2},{"$f":"+IFERROR(IF(Tabla_Consulta_desde_QuickBooks_Data_64_Bit_QRemote[[#This Row],[CustomerRefFullName]]=\"GRUVALCORP SA\",VLOOKUP(Tabla_Consulta_desde_QuickBooks_Data_64_Bit_QRemote[[#This Row],[SalesOrderLineItemRefFullName]],Hoja1!A:E,5,FALSE),\"\")*-Tabla_Consulta_desde_QuickBooks_Data_64_Bit_QRemote[[#This Row],[SalesOrderLineAmount]],\"\")","v":""},{"$f":"IF(COUNTIF(wms!E:E,Tabla_Consulta_desde_QuickBooks_Data_64_Bit_QRemote[[#This Row],[RefNumber]])>0,\"OK\",\"FALTA\")","v":"FALTA"}]
["2025-06-02","29093","CORPORACION FAVORITA C A","100515386981",5,"7861042596967","PT:221005","ARITOS PICANTES SMART 360G","Bodega Producto Terminado",440,"X4",2.87,1262.8,"UNIDAD SNCKS",80,9981.6299999999992,11478.87,"IVA EN VENTAS 15%",{"$f":"IFERROR(IF(Tabla_Consulta_desde_QuickBooks_Data_64_Bit_QRemote[[#This Row],[SalesOrderLineUnitOfMeasure]]=\"un\",Tabla_Consulta_desde_QuickBooks_Data_64_Bit_QRemote[[#This Row],[SalesOrderLineQuantity]],Tabla_Consulta_desde_QuickBooks_Data_64_Bit_QRemote[[#This Row],[SalesOrderLineQuantity]]/MID(Tabla_Consulta_desde_QuickBooks_Data_64_Bit_QRemote[[#This Row],[SalesOrderLineUnitOfMeasure]],2,2)),0)","v":110},{"$f":"IFERROR(IF(Tabla_Consulta_desde_QuickBooks_Data_64_Bit_QRemote[[#This Row],[SalesOrderLineUnitOfMeasure]]=\"un\",Tabla_Consulta_desde_QuickBooks_Data_64_Bit_QRemote[[#This Row],[SalesOrderLineInvoiced]],Tabla_Consulta_desde_QuickBooks_Data_64_Bit_QRemote[[#This Row],[SalesOrderLineInvoiced]]/MID(Tabla_Consulta_desde_QuickBooks_Data_64_Bit_QRemote[[#This Row],[SalesOrderLineUnitOfMeasure]],2,2)),0)","v":20},{"$f":"+Tabla_Consulta_desde_QuickBooks_Data_64_Bit_QRemote[[#This Row],[facturado]]-Tabla_Consulta_desde_QuickBooks_Data_64_Bit_QRemote[[#This Row],[pide]]","v":-90},{"$f":"IF(Tabla_Consulta_desde_QuickBooks_Data_64_Bit_QRemote[[#This Row],[diferecia]]=0,\"ok\",\"diferen\")","v":"diferen"},{"$f":"IFERROR(INDEX(um!A:C,MATCH(Tabla_Consulta_desde_QuickBooks_Data_64_Bit_QRemote[[#This Row],[SalesOrderLineItemRefFullName]],um!A:A,0),3),\"\")","v":"X4"},{"$f":"IFERROR(IF(OR(Tabla_Consulta_desde_QuickBooks_Data_64_Bit_QRemote[[#This Row],[SalesOrderLineUnitOfMeasure]]=\"UN\",Tabla_Consulta_desde_QuickBooks_Data_64_Bit_QRemote[[#This Row],[SalesOrderLineUnitOfMeasure]]=Tabla_Consulta_desde_QuickBooks_Data_64_Bit_QRemote[[#This Row],[U/M]]),\"\",\"ERROR\"),\"\")","v":""},{"$f":"+WEEKNUM(Tabla_Consulta_desde_QuickBooks_Data_64_Bit_QRemote[[#This Row],[TxnDate]])","v":23},{"$f":"+Tabla_Consulta_desde_QuickBooks_Data_64_Bit_QRemote[[#This Row],[SalesOrderLineRate]]*Tabla_Consulta_desde_QuickBooks_Data_64_Bit_QRemote[[#This Row],[SalesOrderLineInvoiced]]","v":229.60000000000002},{"$f":"+IFERROR(IF(Tabla_Consulta_desde_QuickBooks_Data_64_Bit_QRemote[[#This Row],[CustomerRefFullName]]=\"GRUVALCORP SA\",VLOOKUP(Tabla_Consulta_desde_QuickBooks_Data_64_Bit_QRemote[[#This Row],[SalesOrderLineItemRefFullName]],Hoja1!A:E,5,FALSE),\"\")*-Tabla_Consulta_desde_QuickBooks_Data_64_Bit_QRemote[[#This Row],[SalesOrderLineAmount]],\"\")","v":""},{"$f":"IF(COUNTIF(wms!E:E,Tabla_Consulta_desde_QuickBooks_Data_64_Bit_QRemote[[#This Row],[RefNumber]])>0,\"OK\",\"FALTA\")","v":"FALTA"}]
["2025-06-02","29093","CORPORACION FAVORITA C A","100515386981",6,null,"Desc. Ventas SNK:220140","TRIANGULITO DE MAÍZ LIMÓN AKI 150G",null,null,null,-1.8680000000000001,-1.87,null,0,9981.6299999999992,11478.87,"IVA EN VENTAS 15%",{"$f":"IFERROR(IF(Tabla_Consulta_desde_QuickBooks_Data_64_Bit_QRemote[[#This Row],[SalesOrderLineUnitOfMeasure]]=\"un\",Tabla_Consulta_desde_QuickBooks_Data_64_Bit_QRemote[[#This Row],[SalesOrderLineQuantity]],Tabla_Consulta_desde_QuickBooks_Data_64_Bit_QRemote[[#This Row],[SalesOrderLineQuantity]]/MID(Tabla_Consulta_desde_QuickBooks_Data_64_Bit_QRemote[[#This Row],[SalesOrderLineUnitOfMeasure]],2,2)),0)","v":0},{"$f":"IFERROR(IF(Tabla_Consulta_desde_QuickBooks_Data_64_Bit_QRemote[[#This Row],[SalesOrderLineUnitOfMeasure]]=\"un\",Tabla_Consulta_desde_QuickBooks_Data_64_Bit_QRemote[[#This Row],[SalesOrderLineInvoiced]],Tabla_Consulta_desde_QuickBooks_Data_64_Bit_QRemote[[#This Row],[SalesOrderLineInvoiced]]/MID(Tabla_Consulta_desde_QuickBooks_Data_64_Bit_QRemote[[#This Row],[SalesOrderLineUnitOfMeasure]],2,2)),0)","v":0},{"$f":"+Tabla_Consulta_desde_QuickBooks_Data_64_Bit_QRemote[[#This Row],[facturado]]-Tabla_Consulta_desde_QuickBooks_Data_64_Bit_QRemote[[#This Row],[pide]]","v":0},{"$f":"IF(Tabla_Consulta_desde_QuickBooks_Data_64_Bit_QRemote[[#This Row],[diferecia]]=0,\"ok\",\"diferen\")","v":"ok"},{"$f":"IFERROR(INDEX(um!A:C,MATCH(Tabla_Consulta_desde_QuickBooks_Data_64_Bit_QRemote[[#This Row],[SalesOrderLineItemRefFullName]],um!A:A,0),3),\"\")","v":""},{"$f":"IFERROR(IF(OR(Tabla_Consulta_desde_QuickBooks_Data_64_Bit_QRemote[[#This Row],[SalesOrderLineUnitOfMeasure]]=\"UN\",Tabla_Consulta_desde_QuickBooks_Data_64_Bit_QRemote[[#This Row],[SalesOrderLineUnitOfMeasure]]=Tabla_Consulta_desde_QuickBooks_Data_64_Bit_QRemote[[#This Row],[U/M]]),\"\",\"ERROR\"),\"\")","v":""},{"$f":"+WEEKNUM(Tabla_Consulta_desde_QuickBooks_Data_64_Bit_QRemote[[#This Row],[TxnDate]])","v":23},{"$f":"+Tabla_Consulta_desde_QuickBooks_Data_64_Bit_QRemote[[#This Row],[SalesOrderLineRate]]*Tabla_Consulta_desde_QuickBooks_Data_64_Bit_QRemote[[#This Row],[SalesOrderLineInvoiced]]","v":0},{"$f":"+IFERROR(IF(Tabla_Consulta_desde_QuickBooks_Data_64_Bit_QRemote[[#This Row],[CustomerRefFullName]]=\"GRUVALCORP SA\",VLOOKUP(Tabla_Consulta_desde_QuickBooks_Data_64_Bit_QRemote[[#This Row],[SalesOrderLineItemRefFullName]],Hoja1!A:E,5,FALSE),\"\")*-Tabla_Consulta_desde_QuickBooks_Data_64_Bit_QRemote[[#This Row],[SalesOrderLineAmount]],\"\")","v":""},{"$f":"IF(COUNTIF(wms!E:E,Tabla_Consulta_desde_QuickBooks_Data_64_Bit_QRemote[[#This Row],[RefNumber]])>0,\"OK\",\"FALTA\")","v":"FALTA"}]
["2025-06-02","29093","CORPORACION FAVORITA C A","100515386981",7,null,"INFOADICIONAL","100515386981",null,null,null,0,0,null,1,9981.6299999999992,11478.87,"IVA EN VENTAS 15%",{"$f":"IFERROR(IF(Tabla_Consulta_desde_QuickBooks_Data_64_Bit_QRemote[[#This Row],[SalesOrderLineUnitOfMeasure]]=\"un\",Tabla_Consulta_desde_QuickBooks_Data_64_Bit_QRemote[[#This Row],[SalesOrderLineQuantity]],Tabla_Consulta_desde_QuickBooks_Data_64_Bit_QRemote[[#This Row],[SalesOrderLineQuantity]]/MID(Tabla_Consulta_desde_QuickBooks_Data_64_Bit_QRemote[[#This Row],[SalesOrderLineUnitOfMeasure]],2,2)),0)","v":0},{"$f":"IFERROR(IF(Tabla_Consulta_desde_QuickBooks_Data_64_Bit_QRemote[[#This Row],[SalesOrderLineUnitOfMeasure]]=\"un\",Tabla_Consulta_desde_QuickBooks_Data_64_Bit_QRemote[[#This Row],[SalesOrderLineInvoiced]],Tabla_Consulta_desde_QuickBooks_Data_64_Bit_QRemote[[#This Row],[SalesOrderLineInvoiced]]/MID(Tabla_Consulta_desde_QuickBooks_Data_64_Bit_QRemote[[#This Row],[SalesOrderLineUnitOfMeasure]],2,2)),0)","v":0},{"$f":"+Tabla_Consulta_desde_QuickBooks_Data_64_Bit_QRemote[[#This Row],[facturado]]-Tabla_Consulta_desde_QuickBooks_Data_64_Bit_QRemote[[#This Row],[pide]]","v":0},{"$f":"IF(Tabla_Consulta_desde_QuickBooks_Data_64_Bit_QRemote[[#This Row],[diferecia]]=0,\"ok\",\"diferen\")","v":"ok"},{"$f":"IFERROR(INDEX(um!A:C,MATCH(Tabla_Consulta_desde_QuickBooks_Data_64_Bit_QRemote[[#This Row],[SalesOrderLineItemRefFullName]],um!A:A,0),3),\"\")","v":""},{"$f":"IFERROR(IF(OR(Tabla_Consulta_desde_QuickBooks_Data_64_Bit_QRemote[[#This Row],[SalesOrderLineUnitOfMeasure]]=\"UN\",Tabla_Consulta_desde_QuickBooks_Data_64_Bit_QRemote[[#This Row],[SalesOrderLineUnitOfMeasure]]=Tabla_Consulta_desde_QuickBooks_Data_64_Bit_QRemote[[#This Row],[U/M]]),\"\",\"ERROR\"),\"\")","v":""},{"$f":"+WEEKNUM(Tabla_Consulta_desde_QuickBooks_Data_64_Bit_QRemote[[#This Row],[TxnDate]])","v":23},{"$f":"+Tabla_Consulta_desde_QuickBooks_Data_64_Bit_QRemote[[#This Row],[SalesOrderLineRate]]*Tabla_Consulta_desde_QuickBooks_Data_64_Bit_QRemote[[#This Row],[SalesOrderLineInvoiced]]","v":0},{"$f":"+IFERROR(IF(Tabla_Consulta_desde_QuickBooks_Data_64_Bit_QRemote[[#This Row],[CustomerRefFullName]]=\"GRUVALCORP SA\",VLOOKUP(Tabla_Consulta_desde_QuickBooks_Data_64_Bit_QRemote[[#This Row],[SalesOrderLineItemRefFullName]],Hoja1!A:E,5,FALSE),\"\")*-Tabla_Consulta_desde_QuickBooks_Data_64_Bit_QRemote[[#This Row],[SalesOrderLineAmount]],\"\")","v":""},{"$f":"IF(COUNTIF(wms!E:E,Tabla_Consulta_desde_QuickBooks_Data_64_Bit_QRemote[[#This Row],[RefNumber]])>0,\"OK\",\"FALTA\")","v":"FALTA"}]
["2025-06-02","29094","CORPORACION FERNANDEZ CORPFERNANDEZ S.A.","LOCAL LA JOYA",1,"7862112520301","P.T:110700","CHIMICHURRI OLE 230G","Bodega Producto Terminado",36,"X12",2.35,84.6,"UNIDAD SALSA",0,84.6,97.29,"IVA EN VENTAS 15%",{"$f":"IFERROR(IF(Tabla_Consulta_desde_QuickBooks_Data_64_Bit_QRemote[[#This Row],[SalesOrderLineUnitOfMeasure]]=\"un\",Tabla_Consulta_desde_QuickBooks_Data_64_Bit_QRemote[[#This Row],[SalesOrderLineQuantity]],Tabla_Consulta_desde_QuickBooks_Data_64_Bit_QRemote[[#This Row],[SalesOrderLineQuantity]]/MID(Tabla_Consulta_desde_QuickBooks_Data_64_Bit_QRemote[[#This Row],[SalesOrderLineUnitOfMeasure]],2,2)),0)","v":3},{"$f":"IFERROR(IF(Tabla_Consulta_desde_QuickBooks_Data_64_Bit_QRemote[[#This Row],[SalesOrderLineUnitOfMeasure]]=\"un\",Tabla_Consulta_desde_QuickBooks_Data_64_Bit_QRemote[[#This Row],[SalesOrderLineInvoiced]],Tabla_Consulta_desde_QuickBooks_Data_64_Bit_QRemote[[#This Row],[SalesOrderLineInvoiced]]/MID(Tabla_Consulta_desde_QuickBooks_Data_64_Bit_QRemote[[#This Row],[SalesOrderLineUnitOfMeasure]],2,2)),0)","v":0},{"$f":"+Tabla_Consulta_desde_QuickBooks_Data_64_Bit_QRemote[[#This Row],[facturado]]-Tabla_Consulta_desde_QuickBooks_Data_64_Bit_QRemote[[#This Row],[pide]]","v":-3},{"$f":"IF(Tabla_Consulta_desde_QuickBooks_Data_64_Bit_QRemote[[#This Row],[diferecia]]=0,\"ok\",\"diferen\")","v":"diferen"},{"$f":"IFERROR(INDEX(um!A:C,MATCH(Tabla_Consulta_desde_QuickBooks_Data_64_Bit_QRemote[[#This Row],[SalesOrderLineItemRefFullName]],um!A:A,0),3),\"\")","v":"X12"},{"$f":"IFERROR(IF(OR(Tabla_Consulta_desde_QuickBooks_Data_64_Bit_QRemote[[#This Row],[SalesOrderLineUnitOfMeasure]]=\"UN\",Tabla_Consulta_desde_QuickBooks_Data_64_Bit_QRemote[[#This Row],[SalesOrderLineUnitOfMeasure]]=Tabla_Consulta_desde_QuickBooks_Data_64_Bit_QRemote[[#This Row],[U/M]]),\"\",\"ERROR\"),\"\")","v":""},{"$f":"+WEEKNUM(Tabla_Consulta_desde_QuickBooks_Data_64_Bit_QRemote[[#This Row],[TxnDate]])","v":23},{"$f":"+Tabla_Consulta_desde_QuickBooks_Data_64_Bit_QRemote[[#This Row],[SalesOrderLineRate]]*Tabla_Consulta_desde_QuickBooks_Data_64_Bit_QRemote[[#This Row],[SalesOrderLineInvoiced]]","v":0},{"$f":"+IFERROR(IF(Tabla_Consulta_desde_QuickBooks_Data_64_Bit_QRemote[[#This Row],[CustomerRefFullName]]=\"GRUVALCORP SA\",VLOOKUP(Tabla_Consulta_desde_QuickBooks_Data_64_Bit_QRemote[[#This Row],[SalesOrderLineItemRefFullName]],Hoja1!A:E,5,FALSE),\"\")*-Tabla_Consulta_desde_QuickBooks_Data_64_Bit_QRemote[[#This Row],[SalesOrderLineAmount]],\"\")","v":""},{"$f":"IF(COUNTIF(wms!E:E,Tabla_Consulta_desde_QuickBooks_Data_64_Bit_QRemote[[#This Row],[RefNumber]])>0,\"OK\",\"FALTA\")","v":"OK"}]
["2025-06-02","29094","CORPORACION FERNANDEZ CORPFERNANDEZ S.A.","LOCAL LA JOYA",2,null,"INFOADICIONAL","LOCAL LA JOYA",null,null,null,0,0,null,0,84.6,97.29,"IVA EN VENTAS 15%",{"$f":"IFERROR(IF(Tabla_Consulta_desde_QuickBooks_Data_64_Bit_QRemote[[#This Row],[SalesOrderLineUnitOfMeasure]]=\"un\",Tabla_Consulta_desde_QuickBooks_Data_64_Bit_QRemote[[#This Row],[SalesOrderLineQuantity]],Tabla_Consulta_desde_QuickBooks_Data_64_Bit_QRemote[[#This Row],[SalesOrderLineQuantity]]/MID(Tabla_Consulta_desde_QuickBooks_Data_64_Bit_QRemote[[#This Row],[SalesOrderLineUnitOfMeasure]],2,2)),0)","v":0},{"$f":"IFERROR(IF(Tabla_Consulta_desde_QuickBooks_Data_64_Bit_QRemote[[#This Row],[SalesOrderLineUnitOfMeasure]]=\"un\",Tabla_Consulta_desde_QuickBooks_Data_64_Bit_QRemote[[#This Row],[SalesOrderLineInvoiced]],Tabla_Consulta_desde_QuickBooks_Data_64_Bit_QRemote[[#This Row],[SalesOrderLineInvoiced]]/MID(Tabla_Consulta_desde_QuickBooks_Data_64_Bit_QRemote[[#This Row],[SalesOrderLineUnitOfMeasure]],2,2)),0)","v":0},{"$f":"+Tabla_Consulta_desde_QuickBooks_Data_64_Bit_QRemote[[#This Row],[facturado]]-Tabla_Consulta_desde_QuickBooks_Data_64_Bit_QRemote[[#This Row],[pide]]","v":0},{"$f":"IF(Tabla_Consulta_desde_QuickBooks_Data_64_Bit_QRemote[[#This Row],[diferecia]]=0,\"ok\",\"diferen\")","v":"ok"},{"$f":"IFERROR(INDEX(um!A:C,MATCH(Tabla_Consulta_desde_QuickBooks_Data_64_Bit_QRemote[[#This Row],[SalesOrderLineItemRefFullName]],um!A:A,0),3),\"\")","v":""},{"$f":"IFERROR(IF(OR(Tabla_Consulta_desde_QuickBooks_Data_64_Bit_QRemote[[#This Row],[SalesOrderLineUnitOfMeasure]]=\"UN\",Tabla_Consulta_desde_QuickBooks_Data_64_Bit_QRemote[[#This Row],[SalesOrderLineUnitOfMeasure]]=Tabla_Consulta_desde_QuickBooks_Data_64_Bit_QRemote[[#This Row],[U/M]]),\"\",\"ERROR\"),\"\")","v":""},{"$f":"+WEEKNUM(Tabla_Consulta_desde_QuickBooks_Data_64_Bit_QRemote[[#This Row],[TxnDate]])","v":23},{"$f":"+Tabla_Consulta_desde_QuickBooks_Data_64_Bit_QRemote[[#This Row],[SalesOrderLineRate]]*Tabla_Consulta_desde_QuickBooks_Data_64_Bit_QRemote[[#This Row],[SalesOrderLineInvoiced]]","v":0},{"$f":"+IFERROR(IF(Tabla_Consulta_desde_QuickBooks_Data_64_Bit_QRemote[[#This Row],[CustomerRefFullName]]=\"GRUVALCORP SA\",VLOOKUP(Tabla_Consulta_desde_QuickBooks_Data_64_Bit_QRemote[[#This Row],[SalesOrderLineItemRefFullName]],Hoja1!A:E,5,FALSE),\"\")*-Tabla_Consulta_desde_QuickBooks_Data_64_Bit_QRemote[[#This Row],[SalesOrderLineAmount]],\"\")","v":""},{"$f":"IF(COUNTIF(wms!E:E,Tabla_Consulta_desde_QuickBooks_Data_64_Bit_QRemote[[#This Row],[RefNumber]])>0,\"OK\",\"FALTA\")","v":"OK"}]
["2025-06-02","29095","CORPORACION FERNANDEZ CORPFERNANDEZ S.A.","LOCAL LIBERTAD",1,"7862112520301","P.T:110700","CHIMICHURRI OLE 230G","Bodega Producto Terminado",36,"X12",2.35,84.6,"UNIDAD SALSA",0,294.72000000000003,338.93,"IVA EN VENTAS 15%",{"$f":"IFERROR(IF(Tabla_Consulta_desde_QuickBooks_Data_64_Bit_QRemote[[#This Row],[SalesOrderLineUnitOfMeasure]]=\"un\",Tabla_Consulta_desde_QuickBooks_Data_64_Bit_QRemote[[#This Row],[SalesOrderLineQuantity]],Tabla_Consulta_desde_QuickBooks_Data_64_Bit_QRemote[[#This Row],[SalesOrderLineQuantity]]/MID(Tabla_Consulta_desde_QuickBooks_Data_64_Bit_QRemote[[#This Row],[SalesOrderLineUnitOfMeasure]],2,2)),0)","v":3},{"$f":"IFERROR(IF(Tabla_Consulta_desde_QuickBooks_Data_64_Bit_QRemote[[#This Row],[SalesOrderLineUnitOfMeasure]]=\"un\",Tabla_Consulta_desde_QuickBooks_Data_64_Bit_QRemote[[#This Row],[SalesOrderLineInvoiced]],Tabla_Consulta_desde_QuickBooks_Data_64_Bit_QRemote[[#This Row],[SalesOrderLineInvoiced]]/MID(Tabla_Consulta_desde_QuickBooks_Data_64_Bit_QRemote[[#This Row],[SalesOrderLineUnitOfMeasure]],2,2)),0)","v":0},{"$f":"+Tabla_Consulta_desde_QuickBooks_Data_64_Bit_QRemote[[#This Row],[facturado]]-Tabla_Consulta_desde_QuickBooks_Data_64_Bit_QRemote[[#This Row],[pide]]","v":-3},{"$f":"IF(Tabla_Consulta_desde_QuickBooks_Data_64_Bit_QRemote[[#This Row],[diferecia]]=0,\"ok\",\"diferen\")","v":"diferen"},{"$f":"IFERROR(INDEX(um!A:C,MATCH(Tabla_Consulta_desde_QuickBooks_Data_64_Bit_QRemote[[#This Row],[SalesOrderLineItemRefFullName]],um!A:A,0),3),\"\")","v":"X12"},{"$f":"IFERROR(IF(OR(Tabla_Consulta_desde_QuickBooks_Data_64_Bit_QRemote[[#This Row],[SalesOrderLineUnitOfMeasure]]=\"UN\",Tabla_Consulta_desde_QuickBooks_Data_64_Bit_QRemote[[#This Row],[SalesOrderLineUnitOfMeasure]]=Tabla_Consulta_desde_QuickBooks_Data_64_Bit_QRemote[[#This Row],[U/M]]),\"\",\"ERROR\"),\"\")","v":""},{"$f":"+WEEKNUM(Tabla_Consulta_desde_QuickBooks_Data_64_Bit_QRemote[[#This Row],[TxnDate]])","v":23},{"$f":"+Tabla_Consulta_desde_QuickBooks_Data_64_Bit_QRemote[[#This Row],[SalesOrderLineRate]]*Tabla_Consulta_desde_QuickBooks_Data_64_Bit_QRemote[[#This Row],[SalesOrderLineInvoiced]]","v":0},{"$f":"+IFERROR(IF(Tabla_Consulta_desde_QuickBooks_Data_64_Bit_QRemote[[#This Row],[CustomerRefFullName]]=\"GRUVALCORP SA\",VLOOKUP(Tabla_Consulta_desde_QuickBooks_Data_64_Bit_QRemote[[#This Row],[SalesOrderLineItemRefFullName]],Hoja1!A:E,5,FALSE),\"\")*-Tabla_Consulta_desde_QuickBooks_Data_64_Bit_QRemote[[#This Row],[SalesOrderLineAmount]],\"\")","v":""},{"$f":"IF(COUNTIF(wms!E:E,Tabla_Consulta_desde_QuickBooks_Data_64_Bit_QRemote[[#This Row],[RefNumber]])>0,\"OK\",\"FALTA\")","v":"OK"}]
["2025-06-02","29095","CORPORACION FERNANDEZ CORPFERNANDEZ S.A.","LOCAL LIBERTAD",2,"7861000227513","P.T:110603","JALAPEÑO ROJOS Y VERDES OLE 200G","Bodega Producto Terminado",12,"UN",2.1800000000000002,26.16,"UNIDAD SALSA",0,294.72000000000003,338.93,"IVA EN VENTAS 15%",{"$f":"IFERROR(IF(Tabla_Consulta_desde_QuickBooks_Data_64_Bit_QRemote[[#This Row],[SalesOrderLineUnitOfMeasure]]=\"un\",Tabla_Consulta_desde_QuickBooks_Data_64_Bit_QRemote[[#This Row],[SalesOrderLineQuantity]],Tabla_Consulta_desde_QuickBooks_Data_64_Bit_QRemote[[#This Row],[SalesOrderLineQuantity]]/MID(Tabla_Consulta_desde_QuickBooks_Data_64_Bit_QRemote[[#This Row],[SalesOrderLineUnitOfMeasure]],2,2)),0)","v":12},{"$f":"IFERROR(IF(Tabla_Consulta_desde_QuickBooks_Data_64_Bit_QRemote[[#This Row],[SalesOrderLineUnitOfMeasure]]=\"un\",Tabla_Consulta_desde_QuickBooks_Data_64_Bit_QRemote[[#This Row],[SalesOrderLineInvoiced]],Tabla_Consulta_desde_QuickBooks_Data_64_Bit_QRemote[[#This Row],[SalesOrderLineInvoiced]]/MID(Tabla_Consulta_desde_QuickBooks_Data_64_Bit_QRemote[[#This Row],[SalesOrderLineUnitOfMeasure]],2,2)),0)","v":0},{"$f":"+Tabla_Consulta_desde_QuickBooks_Data_64_Bit_QRemote[[#This Row],[facturado]]-Tabla_Consulta_desde_QuickBooks_Data_64_Bit_QRemote[[#This Row],[pide]]","v":-12},{"$f":"IF(Tabla_Consulta_desde_QuickBooks_Data_64_Bit_QRemote[[#This Row],[diferecia]]=0,\"ok\",\"diferen\")","v":"diferen"},{"$f":"IFERROR(INDEX(um!A:C,MATCH(Tabla_Consulta_desde_QuickBooks_Data_64_Bit_QRemote[[#This Row],[SalesOrderLineItemRefFullName]],um!A:A,0),3),\"\")","v":"X24"},{"$f":"IFERROR(IF(OR(Tabla_Consulta_desde_QuickBooks_Data_64_Bit_QRemote[[#This Row],[SalesOrderLineUnitOfMeasure]]=\"UN\",Tabla_Consulta_desde_QuickBooks_Data_64_Bit_QRemote[[#This Row],[SalesOrderLineUnitOfMeasure]]=Tabla_Consulta_desde_QuickBooks_Data_64_Bit_QRemote[[#This Row],[U/M]]),\"\",\"ERROR\"),\"\")","v":""},{"$f":"+WEEKNUM(Tabla_Consulta_desde_QuickBooks_Data_64_Bit_QRemote[[#This Row],[TxnDate]])","v":23},{"$f":"+Tabla_Consulta_desde_QuickBooks_Data_64_Bit_QRemote[[#This Row],[SalesOrderLineRate]]*Tabla_Consulta_desde_QuickBooks_Data_64_Bit_QRemote[[#This Row],[SalesOrderLineInvoiced]]","v":0},{"$f":"+IFERROR(IF(Tabla_Consulta_desde_QuickBooks_Data_64_Bit_QRemote[[#This Row],[CustomerRefFullName]]=\"GRUVALCORP SA\",VLOOKUP(Tabla_Consulta_desde_QuickBooks_Data_64_Bit_QRemote[[#This Row],[SalesOrderLineItemRefFullName]],Hoja1!A:E,5,FALSE),\"\")*-Tabla_Consulta_desde_QuickBooks_Data_64_Bit_QRemote[[#This Row],[SalesOrderLineAmount]],\"\")","v":""},{"$f":"IF(COUNTIF(wms!E:E,Tabla_Consulta_desde_QuickBooks_Data_64_Bit_QRemote[[#This Row],[RefNumber]])>0,\"OK\",\"FALTA\")","v":"OK"}]
["2025-06-02","29095","CORPORACION FERNANDEZ CORPFERNANDEZ S.A.","LOCAL LIBERTAD",3,"7862112522992","P.T:110300","SALSA BBQ PICANTE OLE 200G","Bodega Producto Terminado",12,"X12",0.72,8.64,"UNIDAD SALSA",0,294.72000000000003,338.93,"IVA EN VENTAS 15%",{"$f":"IFERROR(IF(Tabla_Consulta_desde_QuickBooks_Data_64_Bit_QRemote[[#This Row],[SalesOrderLineUnitOfMeasure]]=\"un\",Tabla_Consulta_desde_QuickBooks_Data_64_Bit_QRemote[[#This Row],[SalesOrderLineQuantity]],Tabla_Consulta_desde_QuickBooks_Data_64_Bit_QRemote[[#This Row],[SalesOrderLineQuantity]]/MID(Tabla_Consulta_desde_QuickBooks_Data_64_Bit_QRemote[[#This Row],[SalesOrderLineUnitOfMeasure]],2,2)),0)","v":1},{"$f":"IFERROR(IF(Tabla_Consulta_desde_QuickBooks_Data_64_Bit_QRemote[[#This Row],[SalesOrderLineUnitOfMeasure]]=\"un\",Tabla_Consulta_desde_QuickBooks_Data_64_Bit_QRemote[[#This Row],[SalesOrderLineInvoiced]],Tabla_Consulta_desde_QuickBooks_Data_64_Bit_QRemote[[#This Row],[SalesOrderLineInvoiced]]/MID(Tabla_Consulta_desde_QuickBooks_Data_64_Bit_QRemote[[#This Row],[SalesOrderLineUnitOfMeasure]],2,2)),0)","v":0},{"$f":"+Tabla_Consulta_desde_QuickBooks_Data_64_Bit_QRemote[[#This Row],[facturado]]-Tabla_Consulta_desde_QuickBooks_Data_64_Bit_QRemote[[#This Row],[pide]]","v":-1},{"$f":"IF(Tabla_Consulta_desde_QuickBooks_Data_64_Bit_QRemote[[#This Row],[diferecia]]=0,\"ok\",\"diferen\")","v":"diferen"},{"$f":"IFERROR(INDEX(um!A:C,MATCH(Tabla_Consulta_desde_QuickBooks_Data_64_Bit_QRemote[[#This Row],[SalesOrderLineItemRefFullName]],um!A:A,0),3),\"\")","v":"X12"},{"$f":"IFERROR(IF(OR(Tabla_Consulta_desde_QuickBooks_Data_64_Bit_QRemote[[#This Row],[SalesOrderLineUnitOfMeasure]]=\"UN\",Tabla_Consulta_desde_QuickBooks_Data_64_Bit_QRemote[[#This Row],[SalesOrderLineUnitOfMeasure]]=Tabla_Consulta_desde_QuickBooks_Data_64_Bit_QRemote[[#This Row],[U/M]]),\"\",\"ERROR\"),\"\")","v":""},{"$f":"+WEEKNUM(Tabla_Consulta_desde_QuickBooks_Data_64_Bit_QRemote[[#This Row],[TxnDate]])","v":23},{"$f":"+Tabla_Consulta_desde_QuickBooks_Data_64_Bit_QRemote[[#This Row],[SalesOrderLineRate]]*Tabla_Consulta_desde_QuickBooks_Data_64_Bit_QRemote[[#This Row],[SalesOrderLineInvoiced]]","v":0},{"$f":"+IFERROR(IF(Tabla_Consulta_desde_QuickBooks_Data_64_Bit_QRemote[[#This Row],[CustomerRefFullName]]=\"GRUVALCORP SA\",VLOOKUP(Tabla_Consulta_desde_QuickBooks_Data_64_Bit_QRemote[[#This Row],[SalesOrderLineItemRefFullName]],Hoja1!A:E,5,FALSE),\"\")*-Tabla_Consulta_desde_QuickBooks_Data_64_Bit_QRemote[[#This Row],[SalesOrderLineAmount]],\"\")","v":""},{"$f":"IF(COUNTIF(wms!E:E,Tabla_Consulta_desde_QuickBooks_Data_64_Bit_QRemote[[#This Row],[RefNumber]])>0,\"OK\",\"FALTA\")","v":"OK"}]
["2025-06-02","29095","CORPORACION FERNANDEZ CORPFERNANDEZ S.A.","LOCAL LIBERTAD",4,"7862112521599","P.T:110214","SALSA AJÍ MANABA OLE 300G","Bodega Producto Terminado",12,"X12",2.19,26.28,"UNIDAD SALSA",0,294.72000000000003,338.93,"IVA EN VENTAS 15%",{"$f":"IFERROR(IF(Tabla_Consulta_desde_QuickBooks_Data_64_Bit_QRemote[[#This Row],[SalesOrderLineUnitOfMeasure]]=\"un\",Tabla_Consulta_desde_QuickBooks_Data_64_Bit_QRemote[[#This Row],[SalesOrderLineQuantity]],Tabla_Consulta_desde_QuickBooks_Data_64_Bit_QRemote[[#This Row],[SalesOrderLineQuantity]]/MID(Tabla_Consulta_desde_QuickBooks_Data_64_Bit_QRemote[[#This Row],[SalesOrderLineUnitOfMeasure]],2,2)),0)","v":1},{"$f":"IFERROR(IF(Tabla_Consulta_desde_QuickBooks_Data_64_Bit_QRemote[[#This Row],[SalesOrderLineUnitOfMeasure]]=\"un\",Tabla_Consulta_desde_QuickBooks_Data_64_Bit_QRemote[[#This Row],[SalesOrderLineInvoiced]],Tabla_Consulta_desde_QuickBooks_Data_64_Bit_QRemote[[#This Row],[SalesOrderLineInvoiced]]/MID(Tabla_Consulta_desde_QuickBooks_Data_64_Bit_QRemote[[#This Row],[SalesOrderLineUnitOfMeasure]],2,2)),0)","v":0},{"$f":"+Tabla_Consulta_desde_QuickBooks_Data_64_Bit_QRemote[[#This Row],[facturado]]-Tabla_Consulta_desde_QuickBooks_Data_64_Bit_QRemote[[#This Row],[pide]]","v":-1},{"$f":"IF(Tabla_Consulta_desde_QuickBooks_Data_64_Bit_QRemote[[#This Row],[diferecia]]=0,\"ok\",\"diferen\")","v":"diferen"},{"$f":"IFERROR(INDEX(um!A:C,MATCH(Tabla_Consulta_desde_QuickBooks_Data_64_Bit_QRemote[[#This Row],[SalesOrderLineItemRefFullName]],um!A:A,0),3),\"\")","v":"X12"},{"$f":"IFERROR(IF(OR(Tabla_Consulta_desde_QuickBooks_Data_64_Bit_QRemote[[#This Row],[SalesOrderLineUnitOfMeasure]]=\"UN\",Tabla_Consulta_desde_QuickBooks_Data_64_Bit_QRemote[[#This Row],[SalesOrderLineUnitOfMeasure]]=Tabla_Consulta_desde_QuickBooks_Data_64_Bit_QRemote[[#This Row],[U/M]]),\"\",\"ERROR\"),\"\")","v":""},{"$f":"+WEEKNUM(Tabla_Consulta_desde_QuickBooks_Data_64_Bit_QRemote[[#This Row],[TxnDate]])","v":23},{"$f":"+Tabla_Consulta_desde_QuickBooks_Data_64_Bit_QRemote[[#This Row],[SalesOrderLineRate]]*Tabla_Consulta_desde_QuickBooks_Data_64_Bit_QRemote[[#This Row],[SalesOrderLineInvoiced]]","v":0},{"$f":"+IFERROR(IF(Tabla_Consulta_desde_QuickBooks_Data_64_Bit_QRemote[[#This Row],[CustomerRefFullName]]=\"GRUVALCORP SA\",VLOOKUP(Tabla_Consulta_desde_QuickBooks_Data_64_Bit_QRemote[[#This Row],[SalesOrderLineItemRefFullName]],Hoja1!A:E,5,FALSE),\"\")*-Tabla_Consulta_desde_QuickBooks_Data_64_Bit_QRemote[[#This Row],[SalesOrderLineAmount]],\"\")","v":""},{"$f":"IF(COUNTIF(wms!E:E,Tabla_Consulta_desde_QuickBooks_Data_64_Bit_QRemote[[#This Row],[RefNumber]])>0,\"OK\",\"FALTA\")","v":"OK"}]
["2025-06-02","29095","CORPORACION FERNANDEZ CORPFERNANDEZ S.A.","LOCAL LIBERTAD",5,"7862112522497","P.T:110801","SALSA BBQ ORIGINAL OLE DP 200G","Bodega Producto Terminado",36,"X12",0.78,28.08,"UNIDAD SALSA",0,294.72000000000003,338.93,"IVA EN VENTAS 15%",{"$f":"IFERROR(IF(Tabla_Consulta_desde_QuickBooks_Data_64_Bit_QRemote[[#This Row],[SalesOrderLineUnitOfMeasure]]=\"un\",Tabla_Consulta_desde_QuickBooks_Data_64_Bit_QRemote[[#This Row],[SalesOrderLineQuantity]],Tabla_Consulta_desde_QuickBooks_Data_64_Bit_QRemote[[#This Row],[SalesOrderLineQuantity]]/MID(Tabla_Consulta_desde_QuickBooks_Data_64_Bit_QRemote[[#This Row],[SalesOrderLineUnitOfMeasure]],2,2)),0)","v":3},{"$f":"IFERROR(IF(Tabla_Consulta_desde_QuickBooks_Data_64_Bit_QRemote[[#This Row],[SalesOrderLineUnitOfMeasure]]=\"un\",Tabla_Consulta_desde_QuickBooks_Data_64_Bit_QRemote[[#This Row],[SalesOrderLineInvoiced]],Tabla_Consulta_desde_QuickBooks_Data_64_Bit_QRemote[[#This Row],[SalesOrderLineInvoiced]]/MID(Tabla_Consulta_desde_QuickBooks_Data_64_Bit_QRemote[[#This Row],[SalesOrderLineUnitOfMeasure]],2,2)),0)","v":0},{"$f":"+Tabla_Consulta_desde_QuickBooks_Data_64_Bit_QRemote[[#This Row],[facturado]]-Tabla_Consulta_desde_QuickBooks_Data_64_Bit_QRemote[[#This Row],[pide]]","v":-3},{"$f":"IF(Tabla_Consulta_desde_QuickBooks_Data_64_Bit_QRemote[[#This Row],[diferecia]]=0,\"ok\",\"diferen\")","v":"diferen"},{"$f":"IFERROR(INDEX(um!A:C,MATCH(Tabla_Consulta_desde_QuickBooks_Data_64_Bit_QRemote[[#This Row],[SalesOrderLineItemRefFullName]],um!A:A,0),3),\"\")","v":"X12"},{"$f":"IFERROR(IF(OR(Tabla_Consulta_desde_QuickBooks_Data_64_Bit_QRemote[[#This Row],[SalesOrderLineUnitOfMeasure]]=\"UN\",Tabla_Consulta_desde_QuickBooks_Data_64_Bit_QRemote[[#This Row],[SalesOrderLineUnitOfMeasure]]=Tabla_Consulta_desde_QuickBooks_Data_64_Bit_QRemote[[#This Row],[U/M]]),\"\",\"ERROR\"),\"\")","v":""},{"$f":"+WEEKNUM(Tabla_Consulta_desde_QuickBooks_Data_64_Bit_QRemote[[#This Row],[TxnDate]])","v":23},{"$f":"+Tabla_Consulta_desde_QuickBooks_Data_64_Bit_QRemote[[#This Row],[SalesOrderLineRate]]*Tabla_Consulta_desde_QuickBooks_Data_64_Bit_QRemote[[#This Row],[SalesOrderLineInvoiced]]","v":0},{"$f":"+IFERROR(IF(Tabla_Consulta_desde_QuickBooks_Data_64_Bit_QRemote[[#This Row],[CustomerRefFullName]]=\"GRUVALCORP SA\",VLOOKUP(Tabla_Consulta_desde_QuickBooks_Data_64_Bit_QRemote[[#This Row],[SalesOrderLineItemRefFullName]],Hoja1!A:E,5,FALSE),\"\")*-Tabla_Consulta_desde_QuickBooks_Data_64_Bit_QRemote[[#This Row],[SalesOrderLineAmount]],\"\")","v":""},{"$f":"IF(COUNTIF(wms!E:E,Tabla_Consulta_desde_QuickBooks_Data_64_Bit_QRemote[[#This Row],[RefNumber]])>0,\"OK\",\"FALTA\")","v":"OK"}]
["2025-06-02","29095","CORPORACION FERNANDEZ CORPFERNANDEZ S.A.","LOCAL LIBERTAD",6,"7862112521810","P.T:110303","SALSA BBQ ORIGINAL OLE 430G","Bodega Producto Terminado",12,"X12",1.78,21.36,"UNIDAD SALSA",0,294.72000000000003,338.93,"IVA EN VENTAS 15%",{"$f":"IFERROR(IF(Tabla_Consulta_desde_QuickBooks_Data_64_Bit_QRemote[[#This Row],[SalesOrderLineUnitOfMeasure]]=\"un\",Tabla_Consulta_desde_QuickBooks_Data_64_Bit_QRemote[[#This Row],[SalesOrderLineQuantity]],Tabla_Consulta_desde_QuickBooks_Data_64_Bit_QRemote[[#This Row],[SalesOrderLineQuantity]]/MID(Tabla_Consulta_desde_QuickBooks_Data_64_Bit_QRemote[[#This Row],[SalesOrderLineUnitOfMeasure]],2,2)),0)","v":1},{"$f":"IFERROR(IF(Tabla_Consulta_desde_QuickBooks_Data_64_Bit_QRemote[[#This Row],[SalesOrderLineUnitOfMeasure]]=\"un\",Tabla_Consulta_desde_QuickBooks_Data_64_Bit_QRemote[[#This Row],[SalesOrderLineInvoiced]],Tabla_Consulta_desde_QuickBooks_Data_64_Bit_QRemote[[#This Row],[SalesOrderLineInvoiced]]/MID(Tabla_Consulta_desde_QuickBooks_Data_64_Bit_QRemote[[#This Row],[SalesOrderLineUnitOfMeasure]],2,2)),0)","v":0},{"$f":"+Tabla_Consulta_desde_QuickBooks_Data_64_Bit_QRemote[[#This Row],[facturado]]-Tabla_Consulta_desde_QuickBooks_Data_64_Bit_QRemote[[#This Row],[pide]]","v":-1},{"$f":"IF(Tabla_Consulta_desde_QuickBooks_Data_64_Bit_QRemote[[#This Row],[diferecia]]=0,\"ok\",\"diferen\")","v":"diferen"},{"$f":"IFERROR(INDEX(um!A:C,MATCH(Tabla_Consulta_desde_QuickBooks_Data_64_Bit_QRemote[[#This Row],[SalesOrderLineItemRefFullName]],um!A:A,0),3),\"\")","v":"X12"},{"$f":"IFERROR(IF(OR(Tabla_Consulta_desde_QuickBooks_Data_64_Bit_QRemote[[#This Row],[SalesOrderLineUnitOfMeasure]]=\"UN\",Tabla_Consulta_desde_QuickBooks_Data_64_Bit_QRemote[[#This Row],[SalesOrderLineUnitOfMeasure]]=Tabla_Consulta_desde_QuickBooks_Data_64_Bit_QRemote[[#This Row],[U/M]]),\"\",\"ERROR\"),\"\")","v":""},{"$f":"+WEEKNUM(Tabla_Consulta_desde_QuickBooks_Data_64_Bit_QRemote[[#This Row],[TxnDate]])","v":23},{"$f":"+Tabla_Consulta_desde_QuickBooks_Data_64_Bit_QRemote[[#This Row],[SalesOrderLineRate]]*Tabla_Consulta_desde_QuickBooks_Data_64_Bit_QRemote[[#This Row],[SalesOrderLineInvoiced]]","v":0},{"$f":"+IFERROR(IF(Tabla_Consulta_desde_QuickBooks_Data_64_Bit_QRemote[[#This Row],[CustomerRefFullName]]=\"GRUVALCORP SA\",VLOOKUP(Tabla_Consulta_desde_QuickBooks_Data_64_Bit_QRemote[[#This Row],[SalesOrderLineItemRefFullName]],Hoja1!A:E,5,FALSE),\"\")*-Tabla_Consulta_desde_QuickBooks_Data_64_Bit_QRemote[[#This Row],[SalesOrderLineAmount]],\"\")","v":""},{"$f":"IF(COUNTIF(wms!E:E,Tabla_Consulta_desde_QuickBooks_Data_64_Bit_QRemote[[#This Row],[RefNumber]])>0,\"OK\",\"FALTA\")","v":"OK"}]
["2025-06-02","29095","CORPORACION FERNANDEZ CORPFERNANDEZ S.A.","LOCAL LIBERTAD",7,"7862112523227","P.T:110313","SALSA BBQ WHISKY Y MIEL OLE 430G","Bodega Producto Terminado",12,"X12",2.35,28.2,"UNIDAD SALSA",0,294.72000000000003,338.93,"IVA EN VENTAS 15%",{"$f":"IFERROR(IF(Tabla_Consulta_desde_QuickBooks_Data_64_Bit_QRemote[[#This Row],[SalesOrderLineUnitOfMeasure]]=\"un\",Tabla_Consulta_desde_QuickBooks_Data_64_Bit_QRemote[[#This Row],[SalesOrderLineQuantity]],Tabla_Consulta_desde_QuickBooks_Data_64_Bit_QRemote[[#This Row],[SalesOrderLineQuantity]]/MID(Tabla_Consulta_desde_QuickBooks_Data_64_Bit_QRemote[[#This Row],[SalesOrderLineUnitOfMeasure]],2,2)),0)","v":1},{"$f":"IFERROR(IF(Tabla_Consulta_desde_QuickBooks_Data_64_Bit_QRemote[[#This Row],[SalesOrderLineUnitOfMeasure]]=\"un\",Tabla_Consulta_desde_QuickBooks_Data_64_Bit_QRemote[[#This Row],[SalesOrderLineInvoiced]],Tabla_Consulta_desde_QuickBooks_Data_64_Bit_QRemote[[#This Row],[SalesOrderLineInvoiced]]/MID(Tabla_Consulta_desde_QuickBooks_Data_64_Bit_QRemote[[#This Row],[SalesOrderLineUnitOfMeasure]],2,2)),0)","v":0},{"$f":"+Tabla_Consulta_desde_QuickBooks_Data_64_Bit_QRemote[[#This Row],[facturado]]-Tabla_Consulta_desde_QuickBooks_Data_64_Bit_QRemote[[#This Row],[pide]]","v":-1},{"$f":"IF(Tabla_Consulta_desde_QuickBooks_Data_64_Bit_QRemote[[#This Row],[diferecia]]=0,\"ok\",\"diferen\")","v":"diferen"},{"$f":"IFERROR(INDEX(um!A:C,MATCH(Tabla_Consulta_desde_QuickBooks_Data_64_Bit_QRemote[[#This Row],[SalesOrderLineItemRefFullName]],um!A:A,0),3),\"\")","v":"X12"},{"$f":"IFERROR(IF(OR(Tabla_Consulta_desde_QuickBooks_Data_64_Bit_QRemote[[#This Row],[SalesOrderLineUnitOfMeasure]]=\"UN\",Tabla_Consulta_desde_QuickBooks_Data_64_Bit_QRemote[[#This Row],[SalesOrderLineUnitOfMeasure]]=Tabla_Consulta_desde_QuickBooks_Data_64_Bit_QRemote[[#This Row],[U/M]]),\"\",\"ERROR\"),\"\")","v":""},{"$f":"+WEEKNUM(Tabla_Consulta_desde_QuickBooks_Data_64_Bit_QRemote[[#This Row],[TxnDate]])","v":23},{"$f":"+Tabla_Consulta_desde_QuickBooks_Data_64_Bit_QRemote[[#This Row],[SalesOrderLineRate]]*Tabla_Consulta_desde_QuickBooks_Data_64_Bit_QRemote[[#This Row],[SalesOrderLineInvoiced]]","v":0},{"$f":"+IFERROR(IF(Tabla_Consulta_desde_QuickBooks_Data_64_Bit_QRemote[[#This Row],[CustomerRefFullName]]=\"GRUVALCORP SA\",VLOOKUP(Tabla_Consulta_desde_QuickBooks_Data_64_Bit_QRemote[[#This Row],[SalesOrderLineItemRefFullName]],Hoja1!A:E,5,FALSE),\"\")*-Tabla_Consulta_desde_QuickBooks_Data_64_Bit_QRemote[[#This Row],[SalesOrderLineAmount]],\"\")","v":""},{"$f":"IF(COUNTIF(wms!E:E,Tabla_Consulta_desde_QuickBooks_Data_64_Bit_QRemote[[#This Row],[RefNumber]])>0,\"OK\",\"FALTA\")","v":"OK"}]
["2025-06-02","29095","CORPORACION FERNANDEZ CORPFERNANDEZ S.A.","LOCAL LIBERTAD",8,"7862112522794","P.T:311605","SALSA CHICKEN DIPPIN OLE 200G","Bodega Producto Terminado",12,"UN",1.31,15.72,"UNIDAD SALSA",0,294.72000000000003,338.93,"IVA EN VENTAS 15%",{"$f":"IFERROR(IF(Tabla_Consulta_desde_QuickBooks_Data_64_Bit_QRemote[[#This Row],[SalesOrderLineUnitOfMeasure]]=\"un\",Tabla_Consulta_desde_QuickBooks_Data_64_Bit_QRemote[[#This Row],[SalesOrderLineQuantity]],Tabla_Consulta_desde_QuickBooks_Data_64_Bit_QRemote[[#This Row],[SalesOrderLineQuantity]]/MID(Tabla_Consulta_desde_QuickBooks_Data_64_Bit_QRemote[[#This Row],[SalesOrderLineUnitOfMeasure]],2,2)),0)","v":12},{"$f":"IFERROR(IF(Tabla_Consulta_desde_QuickBooks_Data_64_Bit_QRemote[[#This Row],[SalesOrderLineUnitOfMeasure]]=\"un\",Tabla_Consulta_desde_QuickBooks_Data_64_Bit_QRemote[[#This Row],[SalesOrderLineInvoiced]],Tabla_Consulta_desde_QuickBooks_Data_64_Bit_QRemote[[#This Row],[SalesOrderLineInvoiced]]/MID(Tabla_Consulta_desde_QuickBooks_Data_64_Bit_QRemote[[#This Row],[SalesOrderLineUnitOfMeasure]],2,2)),0)","v":0},{"$f":"+Tabla_Consulta_desde_QuickBooks_Data_64_Bit_QRemote[[#This Row],[facturado]]-Tabla_Consulta_desde_QuickBooks_Data_64_Bit_QRemote[[#This Row],[pide]]","v":-12},{"$f":"IF(Tabla_Consulta_desde_QuickBooks_Data_64_Bit_QRemote[[#This Row],[diferecia]]=0,\"ok\",\"diferen\")","v":"diferen"},{"$f":"IFERROR(INDEX(um!A:C,MATCH(Tabla_Consulta_desde_QuickBooks_Data_64_Bit_QRemote[[#This Row],[SalesOrderLineItemRefFullName]],um!A:A,0),3),\"\")","v":"X24"},{"$f":"IFERROR(IF(OR(Tabla_Consulta_desde_QuickBooks_Data_64_Bit_QRemote[[#This Row],[SalesOrderLineUnitOfMeasure]]=\"UN\",Tabla_Consulta_desde_QuickBooks_Data_64_Bit_QRemote[[#This Row],[SalesOrderLineUnitOfMeasure]]=Tabla_Consulta_desde_QuickBooks_Data_64_Bit_QRemote[[#This Row],[U/M]]),\"\",\"ERROR\"),\"\")","v":""},{"$f":"+WEEKNUM(Tabla_Consulta_desde_QuickBooks_Data_64_Bit_QRemote[[#This Row],[TxnDate]])","v":23},{"$f":"+Tabla_Consulta_desde_QuickBooks_Data_64_Bit_QRemote[[#This Row],[SalesOrderLineRate]]*Tabla_Consulta_desde_QuickBooks_Data_64_Bit_QRemote[[#This Row],[SalesOrderLineInvoiced]]","v":0},{"$f":"+IFERROR(IF(Tabla_Consulta_desde_QuickBooks_Data_64_Bit_QRemote[[#This Row],[CustomerRefFullName]]=\"GRUVALCORP SA\",VLOOKUP(Tabla_Consulta_desde_QuickBooks_Data_64_Bit_QRemote[[#This Row],[SalesOrderLineItemRefFullName]],Hoja1!A:E,5,FALSE),\"\")*-Tabla_Consulta_desde_QuickBooks_Data_64_Bit_QRemote[[#This Row],[SalesOrderLineAmount]],\"\")","v":""},{"$f":"IF(COUNTIF(wms!E:E,Tabla_Consulta_desde_QuickBooks_Data_64_Bit_QRemote[[#This Row],[RefNumber]])>0,\"OK\",\"FALTA\")","v":"OK"}]
["2025-06-02","29095","CORPORACION FERNANDEZ CORPFERNANDEZ S.A.","LOCAL LIBERTAD",9,"705424000147","P.T:110209","AJÍ CON TOMATE DE ÁRBOL OLE 180G","Bodega Producto Terminado",12,"UN",1.57,18.84,"UNIDAD SALSA",0,294.72000000000003,338.93,"IVA EN VENTAS 15%",{"$f":"IFERROR(IF(Tabla_Consulta_desde_QuickBooks_Data_64_Bit_QRemote[[#This Row],[SalesOrderLineUnitOfMeasure]]=\"un\",Tabla_Consulta_desde_QuickBooks_Data_64_Bit_QRemote[[#This Row],[SalesOrderLineQuantity]],Tabla_Consulta_desde_QuickBooks_Data_64_Bit_QRemote[[#This Row],[SalesOrderLineQuantity]]/MID(Tabla_Consulta_desde_QuickBooks_Data_64_Bit_QRemote[[#This Row],[SalesOrderLineUnitOfMeasure]],2,2)),0)","v":12},{"$f":"IFERROR(IF(Tabla_Consulta_desde_QuickBooks_Data_64_Bit_QRemote[[#This Row],[SalesOrderLineUnitOfMeasure]]=\"un\",Tabla_Consulta_desde_QuickBooks_Data_64_Bit_QRemote[[#This Row],[SalesOrderLineInvoiced]],Tabla_Consulta_desde_QuickBooks_Data_64_Bit_QRemote[[#This Row],[SalesOrderLineInvoiced]]/MID(Tabla_Consulta_desde_QuickBooks_Data_64_Bit_QRemote[[#This Row],[SalesOrderLineUnitOfMeasure]],2,2)),0)","v":0},{"$f":"+Tabla_Consulta_desde_QuickBooks_Data_64_Bit_QRemote[[#This Row],[facturado]]-Tabla_Consulta_desde_QuickBooks_Data_64_Bit_QRemote[[#This Row],[pide]]","v":-12},{"$f":"IF(Tabla_Consulta_desde_QuickBooks_Data_64_Bit_QRemote[[#This Row],[diferecia]]=0,\"ok\",\"diferen\")","v":"diferen"},{"$f":"IFERROR(INDEX(um!A:C,MATCH(Tabla_Consulta_desde_QuickBooks_Data_64_Bit_QRemote[[#This Row],[SalesOrderLineItemRefFullName]],um!A:A,0),3),\"\")","v":"X24"},{"$f":"IFERROR(IF(OR(Tabla_Consulta_desde_QuickBooks_Data_64_Bit_QRemote[[#This Row],[SalesOrderLineUnitOfMeasure]]=\"UN\",Tabla_Consulta_desde_QuickBooks_Data_64_Bit_QRemote[[#This Row],[SalesOrderLineUnitOfMeasure]]=Tabla_Consulta_desde_QuickBooks_Data_64_Bit_QRemote[[#This Row],[U/M]]),\"\",\"ERROR\"),\"\")","v":""},{"$f":"+WEEKNUM(Tabla_Consulta_desde_QuickBooks_Data_64_Bit_QRemote[[#This Row],[TxnDate]])","v":23},{"$f":"+Tabla_Consulta_desde_QuickBooks_Data_64_Bit_QRemote[[#This Row],[SalesOrderLineRate]]*Tabla_Consulta_desde_QuickBooks_Data_64_Bit_QRemote[[#This Row],[SalesOrderLineInvoiced]]","v":0},{"$f":"+IFERROR(IF(Tabla_Consulta_desde_QuickBooks_Data_64_Bit_QRemote[[#This Row],[CustomerRefFullName]]=\"GRUVALCORP SA\",VLOOKUP(Tabla_Consulta_desde_QuickBooks_Data_64_Bit_QRemote[[#This Row],[SalesOrderLineItemRefFullName]],Hoja1!A:E,5,FALSE),\"\")*-Tabla_Consulta_desde_QuickBooks_Data_64_Bit_QRemote[[#This Row],[SalesOrderLineAmount]],\"\")","v":""},{"$f":"IF(COUNTIF(wms!E:E,Tabla_Consulta_desde_QuickBooks_Data_64_Bit_QRemote[[#This Row],[RefNumber]])>0,\"OK\",\"FALTA\")","v":"OK"}]
["2025-06-02","29095","CORPORACION FERNANDEZ CORPFERNANDEZ S.A.","LOCAL LIBERTAD",10,"7862112522527","P.T:110803","SALSA GUACAMOLE ORIGINAL OLE DP 200G","Bodega Producto Terminado",12,"X12",1.4,16.8,"UNIDAD SALSA",0,294.72000000000003,338.93,"IVA EN VENTAS 15%",{"$f":"IFERROR(IF(Tabla_Consulta_desde_QuickBooks_Data_64_Bit_QRemote[[#This Row],[SalesOrderLineUnitOfMeasure]]=\"un\",Tabla_Consulta_desde_QuickBooks_Data_64_Bit_QRemote[[#This Row],[SalesOrderLineQuantity]],Tabla_Consulta_desde_QuickBooks_Data_64_Bit_QRemote[[#This Row],[SalesOrderLineQuantity]]/MID(Tabla_Consulta_desde_QuickBooks_Data_64_Bit_QRemote[[#This Row],[SalesOrderLineUnitOfMeasure]],2,2)),0)","v":1},{"$f":"IFERROR(IF(Tabla_Consulta_desde_QuickBooks_Data_64_Bit_QRemote[[#This Row],[SalesOrderLineUnitOfMeasure]]=\"un\",Tabla_Consulta_desde_QuickBooks_Data_64_Bit_QRemote[[#This Row],[SalesOrderLineInvoiced]],Tabla_Consulta_desde_QuickBooks_Data_64_Bit_QRemote[[#This Row],[SalesOrderLineInvoiced]]/MID(Tabla_Consulta_desde_QuickBooks_Data_64_Bit_QRemote[[#This Row],[SalesOrderLineUnitOfMeasure]],2,2)),0)","v":0},{"$f":"+Tabla_Consulta_desde_QuickBooks_Data_64_Bit_QRemote[[#This Row],[facturado]]-Tabla_Consulta_desde_QuickBooks_Data_64_Bit_QRemote[[#This Row],[pide]]","v":-1},{"$f":"IF(Tabla_Consulta_desde_QuickBooks_Data_64_Bit_QRemote[[#This Row],[diferecia]]=0,\"ok\",\"diferen\")","v":"diferen"},{"$f":"IFERROR(INDEX(um!A:C,MATCH(Tabla_Consulta_desde_QuickBooks_Data_64_Bit_QRemote[[#This Row],[SalesOrderLineItemRefFullName]],um!A:A,0),3),\"\")","v":"X12"},{"$f":"IFERROR(IF(OR(Tabla_Consulta_desde_QuickBooks_Data_64_Bit_QRemote[[#This Row],[SalesOrderLineUnitOfMeasure]]=\"UN\",Tabla_Consulta_desde_QuickBooks_Data_64_Bit_QRemote[[#This Row],[SalesOrderLineUnitOfMeasure]]=Tabla_Consulta_desde_QuickBooks_Data_64_Bit_QRemote[[#This Row],[U/M]]),\"\",\"ERROR\"),\"\")","v":""},{"$f":"+WEEKNUM(Tabla_Consulta_desde_QuickBooks_Data_64_Bit_QRemote[[#This Row],[TxnDate]])","v":23},{"$f":"+Tabla_Consulta_desde_QuickBooks_Data_64_Bit_QRemote[[#This Row],[SalesOrderLineRate]]*Tabla_Consulta_desde_QuickBooks_Data_64_Bit_QRemote[[#This Row],[SalesOrderLineInvoiced]]","v":0},{"$f":"+IFERROR(IF(Tabla_Consulta_desde_QuickBooks_Data_64_Bit_QRemote[[#This Row],[CustomerRefFullName]]=\"GRUVALCORP SA\",VLOOKUP(Tabla_Consulta_desde_QuickBooks_Data_64_Bit_QRemote[[#This Row],[SalesOrderLineItemRefFullName]],Hoja1!A:E,5,FALSE),\"\")*-Tabla_Consulta_desde_QuickBooks_Data_64_Bit_QRemote[[#This Row],[SalesOrderLineAmount]],\"\")","v":""},{"$f":"IF(COUNTIF(wms!E:E,Tabla_Consulta_desde_QuickBooks_Data_64_Bit_QRemote[[#This Row],[RefNumber]])>0,\"OK\",\"FALTA\")","v":"OK"}]
["2025-06-02","29095","CORPORACION FERNANDEZ CORPFERNANDEZ S.A.","LOCAL LIBERTAD",11,"7862112522367","PT:220132","TOTOPOS NATURAL OLE 300G","Bodega Producto Terminado",12,"X12",1.67,20.04,"UNIDAD SNCKS",0,294.72000000000003,338.93,"IVA EN VENTAS 15%",{"$f":"IFERROR(IF(Tabla_Consulta_desde_QuickBooks_Data_64_Bit_QRemote[[#This Row],[SalesOrderLineUnitOfMeasure]]=\"un\",Tabla_Consulta_desde_QuickBooks_Data_64_Bit_QRemote[[#This Row],[SalesOrderLineQuantity]],Tabla_Consulta_desde_QuickBooks_Data_64_Bit_QRemote[[#This Row],[SalesOrderLineQuantity]]/MID(Tabla_Consulta_desde_QuickBooks_Data_64_Bit_QRemote[[#This Row],[SalesOrderLineUnitOfMeasure]],2,2)),0)","v":1},{"$f":"IFERROR(IF(Tabla_Consulta_desde_QuickBooks_Data_64_Bit_QRemote[[#This Row],[SalesOrderLineUnitOfMeasure]]=\"un\",Tabla_Consulta_desde_QuickBooks_Data_64_Bit_QRemote[[#This Row],[SalesOrderLineInvoiced]],Tabla_Consulta_desde_QuickBooks_Data_64_Bit_QRemote[[#This Row],[SalesOrderLineInvoiced]]/MID(Tabla_Consulta_desde_QuickBooks_Data_64_Bit_QRemote[[#This Row],[SalesOrderLineUnitOfMeasure]],2,2)),0)","v":0},{"$f":"+Tabla_Consulta_desde_QuickBooks_Data_64_Bit_QRemote[[#This Row],[facturado]]-Tabla_Consulta_desde_QuickBooks_Data_64_Bit_QRemote[[#This Row],[pide]]","v":-1},{"$f":"IF(Tabla_Consulta_desde_QuickBooks_Data_64_Bit_QRemote[[#This Row],[diferecia]]=0,\"ok\",\"diferen\")","v":"diferen"},{"$f":"IFERROR(INDEX(um!A:C,MATCH(Tabla_Consulta_desde_QuickBooks_Data_64_Bit_QRemote[[#This Row],[SalesOrderLineItemRefFullName]],um!A:A,0),3),\"\")","v":"X12"},{"$f":"IFERROR(IF(OR(Tabla_Consulta_desde_QuickBooks_Data_64_Bit_QRemote[[#This Row],[SalesOrderLineUnitOfMeasure]]=\"UN\",Tabla_Consulta_desde_QuickBooks_Data_64_Bit_QRemote[[#This Row],[SalesOrderLineUnitOfMeasure]]=Tabla_Consulta_desde_QuickBooks_Data_64_Bit_QRemote[[#This Row],[U/M]]),\"\",\"ERROR\"),\"\")","v":""},{"$f":"+WEEKNUM(Tabla_Consulta_desde_QuickBooks_Data_64_Bit_QRemote[[#This Row],[TxnDate]])","v":23},{"$f":"+Tabla_Consulta_desde_QuickBooks_Data_64_Bit_QRemote[[#This Row],[SalesOrderLineRate]]*Tabla_Consulta_desde_QuickBooks_Data_64_Bit_QRemote[[#This Row],[SalesOrderLineInvoiced]]","v":0},{"$f":"+IFERROR(IF(Tabla_Consulta_desde_QuickBooks_Data_64_Bit_QRemote[[#This Row],[CustomerRefFullName]]=\"GRUVALCORP SA\",VLOOKUP(Tabla_Consulta_desde_QuickBooks_Data_64_Bit_QRemote[[#This Row],[SalesOrderLineItemRefFullName]],Hoja1!A:E,5,FALSE),\"\")*-Tabla_Consulta_desde_QuickBooks_Data_64_Bit_QRemote[[#This Row],[SalesOrderLineAmount]],\"\")","v":""},{"$f":"IF(COUNTIF(wms!E:E,Tabla_Consulta_desde_QuickBooks_Data_64_Bit_QRemote[[#This Row],[RefNumber]])>0,\"OK\",\"FALTA\")","v":"OK"}]
["2025-06-02","29095","CORPORACION FERNANDEZ CORPFERNANDEZ S.A.","LOCAL LIBERTAD",12,null,"INFOADICIONAL","LOCAL LIBERTAD",null,null,null,0,0,null,0,294.72000000000003,338.93,"IVA EN VENTAS 15%",{"$f":"IFERROR(IF(Tabla_Consulta_desde_QuickBooks_Data_64_Bit_QRemote[[#This Row],[SalesOrderLineUnitOfMeasure]]=\"un\",Tabla_Consulta_desde_QuickBooks_Data_64_Bit_QRemote[[#This Row],[SalesOrderLineQuantity]],Tabla_Consulta_desde_QuickBooks_Data_64_Bit_QRemote[[#This Row],[SalesOrderLineQuantity]]/MID(Tabla_Consulta_desde_QuickBooks_Data_64_Bit_QRemote[[#This Row],[SalesOrderLineUnitOfMeasure]],2,2)),0)","v":0},{"$f":"IFERROR(IF(Tabla_Consulta_desde_QuickBooks_Data_64_Bit_QRemote[[#This Row],[SalesOrderLineUnitOfMeasure]]=\"un\",Tabla_Consulta_desde_QuickBooks_Data_64_Bit_QRemote[[#This Row],[SalesOrderLineInvoiced]],Tabla_Consulta_desde_QuickBooks_Data_64_Bit_QRemote[[#This Row],[SalesOrderLineInvoiced]]/MID(Tabla_Consulta_desde_QuickBooks_Data_64_Bit_QRemote[[#This Row],[SalesOrderLineUnitOfMeasure]],2,2)),0)","v":0},{"$f":"+Tabla_Consulta_desde_QuickBooks_Data_64_Bit_QRemote[[#This Row],[facturado]]-Tabla_Consulta_desde_QuickBooks_Data_64_Bit_QRemote[[#This Row],[pide]]","v":0},{"$f":"IF(Tabla_Consulta_desde_QuickBooks_Data_64_Bit_QRemote[[#This Row],[diferecia]]=0,\"ok\",\"diferen\")","v":"ok"},{"$f":"IFERROR(INDEX(um!A:C,MATCH(Tabla_Consulta_desde_QuickBooks_Data_64_Bit_QRemote[[#This Row],[SalesOrderLineItemRefFullName]],um!A:A,0),3),\"\")","v":""},{"$f":"IFERROR(IF(OR(Tabla_Consulta_desde_QuickBooks_Data_64_Bit_QRemote[[#This Row],[SalesOrderLineUnitOfMeasure]]=\"UN\",Tabla_Consulta_desde_QuickBooks_Data_64_Bit_QRemote[[#This Row],[SalesOrderLineUnitOfMeasure]]=Tabla_Consulta_desde_QuickBooks_Data_64_Bit_QRemote[[#This Row],[U/M]]),\"\",\"ERROR\"),\"\")","v":""},{"$f":"+WEEKNUM(Tabla_Consulta_desde_QuickBooks_Data_64_Bit_QRemote[[#This Row],[TxnDate]])","v":23},{"$f":"+Tabla_Consulta_desde_QuickBooks_Data_64_Bit_QRemote[[#This Row],[SalesOrderLineRate]]*Tabla_Consulta_desde_QuickBooks_Data_64_Bit_QRemote[[#This Row],[SalesOrderLineInvoiced]]","v":0},{"$f":"+IFERROR(IF(Tabla_Consulta_desde_QuickBooks_Data_64_Bit_QRemote[[#This Row],[CustomerRefFullName]]=\"GRUVALCORP SA\",VLOOKUP(Tabla_Consulta_desde_QuickBooks_Data_64_Bit_QRemote[[#This Row],[SalesOrderLineItemRefFullName]],Hoja1!A:E,5,FALSE),\"\")*-Tabla_Consulta_desde_QuickBooks_Data_64_Bit_QRemote[[#This Row],[SalesOrderLineAmount]],\"\")","v":""},{"$f":"IF(COUNTIF(wms!E:E,Tabla_Consulta_desde_QuickBooks_Data_64_Bit_QRemote[[#This Row],[RefNumber]])>0,\"OK\",\"FALTA\")","v":"OK"}]
["2025-06-02","29096","CORPORACION FERNANDEZ CORPFERNANDEZ S.A.","LOCAL MALVINAS",1,"7862112523227","P.T:110313","SALSA BBQ WHISKY Y MIEL OLE 430G","Bodega Producto Terminado",12,"X12",2.35,28.2,"UNIDAD SALSA",0,53.94,62.03,"IVA EN VENTAS 15%",{"$f":"IFERROR(IF(Tabla_Consulta_desde_QuickBooks_Data_64_Bit_QRemote[[#This Row],[SalesOrderLineUnitOfMeasure]]=\"un\",Tabla_Consulta_desde_QuickBooks_Data_64_Bit_QRemote[[#This Row],[SalesOrderLineQuantity]],Tabla_Consulta_desde_QuickBooks_Data_64_Bit_QRemote[[#This Row],[SalesOrderLineQuantity]]/MID(Tabla_Consulta_desde_QuickBooks_Data_64_Bit_QRemote[[#This Row],[SalesOrderLineUnitOfMeasure]],2,2)),0)","v":1},{"$f":"IFERROR(IF(Tabla_Consulta_desde_QuickBooks_Data_64_Bit_QRemote[[#This Row],[SalesOrderLineUnitOfMeasure]]=\"un\",Tabla_Consulta_desde_QuickBooks_Data_64_Bit_QRemote[[#This Row],[SalesOrderLineInvoiced]],Tabla_Consulta_desde_QuickBooks_Data_64_Bit_QRemote[[#This Row],[SalesOrderLineInvoiced]]/MID(Tabla_Consulta_desde_QuickBooks_Data_64_Bit_QRemote[[#This Row],[SalesOrderLineUnitOfMeasure]],2,2)),0)","v":0},{"$f":"+Tabla_Consulta_desde_QuickBooks_Data_64_Bit_QRemote[[#This Row],[facturado]]-Tabla_Consulta_desde_QuickBooks_Data_64_Bit_QRemote[[#This Row],[pide]]","v":-1},{"$f":"IF(Tabla_Consulta_desde_QuickBooks_Data_64_Bit_QRemote[[#This Row],[diferecia]]=0,\"ok\",\"diferen\")","v":"diferen"},{"$f":"IFERROR(INDEX(um!A:C,MATCH(Tabla_Consulta_desde_QuickBooks_Data_64_Bit_QRemote[[#This Row],[SalesOrderLineItemRefFullName]],um!A:A,0),3),\"\")","v":"X12"},{"$f":"IFERROR(IF(OR(Tabla_Consulta_desde_QuickBooks_Data_64_Bit_QRemote[[#This Row],[SalesOrderLineUnitOfMeasure]]=\"UN\",Tabla_Consulta_desde_QuickBooks_Data_64_Bit_QRemote[[#This Row],[SalesOrderLineUnitOfMeasure]]=Tabla_Consulta_desde_QuickBooks_Data_64_Bit_QRemote[[#This Row],[U/M]]),\"\",\"ERROR\"),\"\")","v":""},{"$f":"+WEEKNUM(Tabla_Consulta_desde_QuickBooks_Data_64_Bit_QRemote[[#This Row],[TxnDate]])","v":23},{"$f":"+Tabla_Consulta_desde_QuickBooks_Data_64_Bit_QRemote[[#This Row],[SalesOrderLineRate]]*Tabla_Consulta_desde_QuickBooks_Data_64_Bit_QRemote[[#This Row],[SalesOrderLineInvoiced]]","v":0},{"$f":"+IFERROR(IF(Tabla_Consulta_desde_QuickBooks_Data_64_Bit_QRemote[[#This Row],[CustomerRefFullName]]=\"GRUVALCORP SA\",VLOOKUP(Tabla_Consulta_desde_QuickBooks_Data_64_Bit_QRemote[[#This Row],[SalesOrderLineItemRefFullName]],Hoja1!A:E,5,FALSE),\"\")*-Tabla_Consulta_desde_QuickBooks_Data_64_Bit_QRemote[[#This Row],[SalesOrderLineAmount]],\"\")","v":""},{"$f":"IF(COUNTIF(wms!E:E,Tabla_Consulta_desde_QuickBooks_Data_64_Bit_QRemote[[#This Row],[RefNumber]])>0,\"OK\",\"FALTA\")","v":"OK"}]
["2025-06-02","29096","CORPORACION FERNANDEZ CORPFERNANDEZ S.A.","LOCAL MALVINAS",2,"7862112522732","PT:220135","TOTOPOS SABOR GUACAMOLE OLE 120G","Bodega Producto Terminado",6,"UN",0.95,5.7,"UNIDAD SNCKS",0,53.94,62.03,"IVA EN VENTAS 15%",{"$f":"IFERROR(IF(Tabla_Consulta_desde_QuickBooks_Data_64_Bit_QRemote[[#This Row],[SalesOrderLineUnitOfMeasure]]=\"un\",Tabla_Consulta_desde_QuickBooks_Data_64_Bit_QRemote[[#This Row],[SalesOrderLineQuantity]],Tabla_Consulta_desde_QuickBooks_Data_64_Bit_QRemote[[#This Row],[SalesOrderLineQuantity]]/MID(Tabla_Consulta_desde_QuickBooks_Data_64_Bit_QRemote[[#This Row],[SalesOrderLineUnitOfMeasure]],2,2)),0)","v":6},{"$f":"IFERROR(IF(Tabla_Consulta_desde_QuickBooks_Data_64_Bit_QRemote[[#This Row],[SalesOrderLineUnitOfMeasure]]=\"un\",Tabla_Consulta_desde_QuickBooks_Data_64_Bit_QRemote[[#This Row],[SalesOrderLineInvoiced]],Tabla_Consulta_desde_QuickBooks_Data_64_Bit_QRemote[[#This Row],[SalesOrderLineInvoiced]]/MID(Tabla_Consulta_desde_QuickBooks_Data_64_Bit_QRemote[[#This Row],[SalesOrderLineUnitOfMeasure]],2,2)),0)","v":0},{"$f":"+Tabla_Consulta_desde_QuickBooks_Data_64_Bit_QRemote[[#This Row],[facturado]]-Tabla_Consulta_desde_QuickBooks_Data_64_Bit_QRemote[[#This Row],[pide]]","v":-6},{"$f":"IF(Tabla_Consulta_desde_QuickBooks_Data_64_Bit_QRemote[[#This Row],[diferecia]]=0,\"ok\",\"diferen\")","v":"diferen"},{"$f":"IFERROR(INDEX(um!A:C,MATCH(Tabla_Consulta_desde_QuickBooks_Data_64_Bit_QRemote[[#This Row],[SalesOrderLineItemRefFullName]],um!A:A,0),3),\"\")","v":"X12"},{"$f":"IFERROR(IF(OR(Tabla_Consulta_desde_QuickBooks_Data_64_Bit_QRemote[[#This Row],[SalesOrderLineUnitOfMeasure]]=\"UN\",Tabla_Consulta_desde_QuickBooks_Data_64_Bit_QRemote[[#This Row],[SalesOrderLineUnitOfMeasure]]=Tabla_Consulta_desde_QuickBooks_Data_64_Bit_QRemote[[#This Row],[U/M]]),\"\",\"ERROR\"),\"\")","v":""},{"$f":"+WEEKNUM(Tabla_Consulta_desde_QuickBooks_Data_64_Bit_QRemote[[#This Row],[TxnDate]])","v":23},{"$f":"+Tabla_Consulta_desde_QuickBooks_Data_64_Bit_QRemote[[#This Row],[SalesOrderLineRate]]*Tabla_Consulta_desde_QuickBooks_Data_64_Bit_QRemote[[#This Row],[SalesOrderLineInvoiced]]","v":0},{"$f":"+IFERROR(IF(Tabla_Consulta_desde_QuickBooks_Data_64_Bit_QRemote[[#This Row],[CustomerRefFullName]]=\"GRUVALCORP SA\",VLOOKUP(Tabla_Consulta_desde_QuickBooks_Data_64_Bit_QRemote[[#This Row],[SalesOrderLineItemRefFullName]],Hoja1!A:E,5,FALSE),\"\")*-Tabla_Consulta_desde_QuickBooks_Data_64_Bit_QRemote[[#This Row],[SalesOrderLineAmount]],\"\")","v":""},{"$f":"IF(COUNTIF(wms!E:E,Tabla_Consulta_desde_QuickBooks_Data_64_Bit_QRemote[[#This Row],[RefNumber]])>0,\"OK\",\"FALTA\")","v":"OK"}]
["2025-06-02","29096","CORPORACION FERNANDEZ CORPFERNANDEZ S.A.","LOCAL MALVINAS",3,"7862112522367","PT:220132","TOTOPOS NATURAL OLE 300G","Bodega Producto Terminado",12,"X12",1.67,20.04,"UNIDAD SNCKS",0,53.94,62.03,"IVA EN VENTAS 15%",{"$f":"IFERROR(IF(Tabla_Consulta_desde_QuickBooks_Data_64_Bit_QRemote[[#This Row],[SalesOrderLineUnitOfMeasure]]=\"un\",Tabla_Consulta_desde_QuickBooks_Data_64_Bit_QRemote[[#This Row],[SalesOrderLineQuantity]],Tabla_Consulta_desde_QuickBooks_Data_64_Bit_QRemote[[#This Row],[SalesOrderLineQuantity]]/MID(Tabla_Consulta_desde_QuickBooks_Data_64_Bit_QRemote[[#This Row],[SalesOrderLineUnitOfMeasure]],2,2)),0)","v":1},{"$f":"IFERROR(IF(Tabla_Consulta_desde_QuickBooks_Data_64_Bit_QRemote[[#This Row],[SalesOrderLineUnitOfMeasure]]=\"un\",Tabla_Consulta_desde_QuickBooks_Data_64_Bit_QRemote[[#This Row],[SalesOrderLineInvoiced]],Tabla_Consulta_desde_QuickBooks_Data_64_Bit_QRemote[[#This Row],[SalesOrderLineInvoiced]]/MID(Tabla_Consulta_desde_QuickBooks_Data_64_Bit_QRemote[[#This Row],[SalesOrderLineUnitOfMeasure]],2,2)),0)","v":0},{"$f":"+Tabla_Consulta_desde_QuickBooks_Data_64_Bit_QRemote[[#This Row],[facturado]]-Tabla_Consulta_desde_QuickBooks_Data_64_Bit_QRemote[[#This Row],[pide]]","v":-1},{"$f":"IF(Tabla_Consulta_desde_QuickBooks_Data_64_Bit_QRemote[[#This Row],[diferecia]]=0,\"ok\",\"diferen\")","v":"diferen"},{"$f":"IFERROR(INDEX(um!A:C,MATCH(Tabla_Consulta_desde_QuickBooks_Data_64_Bit_QRemote[[#This Row],[SalesOrderLineItemRefFullName]],um!A:A,0),3),\"\")","v":"X12"},{"$f":"IFERROR(IF(OR(Tabla_Consulta_desde_QuickBooks_Data_64_Bit_QRemote[[#This Row],[SalesOrderLineUnitOfMeasure]]=\"UN\",Tabla_Consulta_desde_QuickBooks_Data_64_Bit_QRemote[[#This Row],[SalesOrderLineUnitOfMeasure]]=Tabla_Consulta_desde_QuickBooks_Data_64_Bit_QRemote[[#This Row],[U/M]]),\"\",\"ERROR\"),\"\")","v":""},{"$f":"+WEEKNUM(Tabla_Consulta_desde_QuickBooks_Data_64_Bit_QRemote[[#This Row],[TxnDate]])","v":23},{"$f":"+Tabla_Consulta_desde_QuickBooks_Data_64_Bit_QRemote[[#This Row],[SalesOrderLineRate]]*Tabla_Consulta_desde_QuickBooks_Data_64_Bit_QRemote[[#This Row],[SalesOrderLineInvoiced]]","v":0},{"$f":"+IFERROR(IF(Tabla_Consulta_desde_QuickBooks_Data_64_Bit_QRemote[[#This Row],[CustomerRefFullName]]=\"GRUVALCORP SA\",VLOOKUP(Tabla_Consulta_desde_QuickBooks_Data_64_Bit_QRemote[[#This Row],[SalesOrderLineItemRefFullName]],Hoja1!A:E,5,FALSE),\"\")*-Tabla_Consulta_desde_QuickBooks_Data_64_Bit_QRemote[[#This Row],[SalesOrderLineAmount]],\"\")","v":""},{"$f":"IF(COUNTIF(wms!E:E,Tabla_Consulta_desde_QuickBooks_Data_64_Bit_QRemote[[#This Row],[RefNumber]])>0,\"OK\",\"FALTA\")","v":"OK"}]
["2025-06-02","29096","CORPORACION FERNANDEZ CORPFERNANDEZ S.A.","LOCAL MALVINAS",4,null,"INFOADICIONAL","LOCAL MALVINAS",null,null,null,0,0,null,0,53.94,62.03,"IVA EN VENTAS 15%",{"$f":"IFERROR(IF(Tabla_Consulta_desde_QuickBooks_Data_64_Bit_QRemote[[#This Row],[SalesOrderLineUnitOfMeasure]]=\"un\",Tabla_Consulta_desde_QuickBooks_Data_64_Bit_QRemote[[#This Row],[SalesOrderLineQuantity]],Tabla_Consulta_desde_QuickBooks_Data_64_Bit_QRemote[[#This Row],[SalesOrderLineQuantity]]/MID(Tabla_Consulta_desde_QuickBooks_Data_64_Bit_QRemote[[#This Row],[SalesOrderLineUnitOfMeasure]],2,2)),0)","v":0},{"$f":"IFERROR(IF(Tabla_Consulta_desde_QuickBooks_Data_64_Bit_QRemote[[#This Row],[SalesOrderLineUnitOfMeasure]]=\"un\",Tabla_Consulta_desde_QuickBooks_Data_64_Bit_QRemote[[#This Row],[SalesOrderLineInvoiced]],Tabla_Consulta_desde_QuickBooks_Data_64_Bit_QRemote[[#This Row],[SalesOrderLineInvoiced]]/MID(Tabla_Consulta_desde_QuickBooks_Data_64_Bit_QRemote[[#This Row],[SalesOrderLineUnitOfMeasure]],2,2)),0)","v":0},{"$f":"+Tabla_Consulta_desde_QuickBooks_Data_64_Bit_QRemote[[#This Row],[facturado]]-Tabla_Consulta_desde_QuickBooks_Data_64_Bit_QRemote[[#This Row],[pide]]","v":0},{"$f":"IF(Tabla_Consulta_desde_QuickBooks_Data_64_Bit_QRemote[[#This Row],[diferecia]]=0,\"ok\",\"diferen\")","v":"ok"},{"$f":"IFERROR(INDEX(um!A:C,MATCH(Tabla_Consulta_desde_QuickBooks_Data_64_Bit_QRemote[[#This Row],[SalesOrderLineItemRefFullName]],um!A:A,0),3),\"\")","v":""},{"$f":"IFERROR(IF(OR(Tabla_Consulta_desde_QuickBooks_Data_64_Bit_QRemote[[#This Row],[SalesOrderLineUnitOfMeasure]]=\"UN\",Tabla_Consulta_desde_QuickBooks_Data_64_Bit_QRemote[[#This Row],[SalesOrderLineUnitOfMeasure]]=Tabla_Consulta_desde_QuickBooks_Data_64_Bit_QRemote[[#This Row],[U/M]]),\"\",\"ERROR\"),\"\")","v":""},{"$f":"+WEEKNUM(Tabla_Consulta_desde_QuickBooks_Data_64_Bit_QRemote[[#This Row],[TxnDate]])","v":23},{"$f":"+Tabla_Consulta_desde_QuickBooks_Data_64_Bit_QRemote[[#This Row],[SalesOrderLineRate]]*Tabla_Consulta_desde_QuickBooks_Data_64_Bit_QRemote[[#This Row],[SalesOrderLineInvoiced]]","v":0},{"$f":"+IFERROR(IF(Tabla_Consulta_desde_QuickBooks_Data_64_Bit_QRemote[[#This Row],[CustomerRefFullName]]=\"GRUVALCORP SA\",VLOOKUP(Tabla_Consulta_desde_QuickBooks_Data_64_Bit_QRemote[[#This Row],[SalesOrderLineItemRefFullName]],Hoja1!A:E,5,FALSE),\"\")*-Tabla_Consulta_desde_QuickBooks_Data_64_Bit_QRemote[[#This Row],[SalesOrderLineAmount]],\"\")","v":""},{"$f":"IF(COUNTIF(wms!E:E,Tabla_Consulta_desde_QuickBooks_Data_64_Bit_QRemote[[#This Row],[RefNumber]])>0,\"OK\",\"FALTA\")","v":"OK"}]
["2025-06-02","29097","CORPORACION FERNANDEZ CORPFERNANDEZ S.A.","LOCAL MILAN",1,"7862112520301","P.T:110700","CHIMICHURRI OLE 230G","Bodega Producto Terminado",120,"X12",2.35,282,"UNIDAD SALSA",0,552.12,634.94000000000005,"IVA EN VENTAS 15%",{"$f":"IFERROR(IF(Tabla_Consulta_desde_QuickBooks_Data_64_Bit_QRemote[[#This Row],[SalesOrderLineUnitOfMeasure]]=\"un\",Tabla_Consulta_desde_QuickBooks_Data_64_Bit_QRemote[[#This Row],[SalesOrderLineQuantity]],Tabla_Consulta_desde_QuickBooks_Data_64_Bit_QRemote[[#This Row],[SalesOrderLineQuantity]]/MID(Tabla_Consulta_desde_QuickBooks_Data_64_Bit_QRemote[[#This Row],[SalesOrderLineUnitOfMeasure]],2,2)),0)","v":10},{"$f":"IFERROR(IF(Tabla_Consulta_desde_QuickBooks_Data_64_Bit_QRemote[[#This Row],[SalesOrderLineUnitOfMeasure]]=\"un\",Tabla_Consulta_desde_QuickBooks_Data_64_Bit_QRemote[[#This Row],[SalesOrderLineInvoiced]],Tabla_Consulta_desde_QuickBooks_Data_64_Bit_QRemote[[#This Row],[SalesOrderLineInvoiced]]/MID(Tabla_Consulta_desde_QuickBooks_Data_64_Bit_QRemote[[#This Row],[SalesOrderLineUnitOfMeasure]],2,2)),0)","v":0},{"$f":"+Tabla_Consulta_desde_QuickBooks_Data_64_Bit_QRemote[[#This Row],[facturado]]-Tabla_Consulta_desde_QuickBooks_Data_64_Bit_QRemote[[#This Row],[pide]]","v":-10},{"$f":"IF(Tabla_Consulta_desde_QuickBooks_Data_64_Bit_QRemote[[#This Row],[diferecia]]=0,\"ok\",\"diferen\")","v":"diferen"},{"$f":"IFERROR(INDEX(um!A:C,MATCH(Tabla_Consulta_desde_QuickBooks_Data_64_Bit_QRemote[[#This Row],[SalesOrderLineItemRefFullName]],um!A:A,0),3),\"\")","v":"X12"},{"$f":"IFERROR(IF(OR(Tabla_Consulta_desde_QuickBooks_Data_64_Bit_QRemote[[#This Row],[SalesOrderLineUnitOfMeasure]]=\"UN\",Tabla_Consulta_desde_QuickBooks_Data_64_Bit_QRemote[[#This Row],[SalesOrderLineUnitOfMeasure]]=Tabla_Consulta_desde_QuickBooks_Data_64_Bit_QRemote[[#This Row],[U/M]]),\"\",\"ERROR\"),\"\")","v":""},{"$f":"+WEEKNUM(Tabla_Consulta_desde_QuickBooks_Data_64_Bit_QRemote[[#This Row],[TxnDate]])","v":23},{"$f":"+Tabla_Consulta_desde_QuickBooks_Data_64_Bit_QRemote[[#This Row],[SalesOrderLineRate]]*Tabla_Consulta_desde_QuickBooks_Data_64_Bit_QRemote[[#This Row],[SalesOrderLineInvoiced]]","v":0},{"$f":"+IFERROR(IF(Tabla_Consulta_desde_QuickBooks_Data_64_Bit_QRemote[[#This Row],[CustomerRefFullName]]=\"GRUVALCORP SA\",VLOOKUP(Tabla_Consulta_desde_QuickBooks_Data_64_Bit_QRemote[[#This Row],[SalesOrderLineItemRefFullName]],Hoja1!A:E,5,FALSE),\"\")*-Tabla_Consulta_desde_QuickBooks_Data_64_Bit_QRemote[[#This Row],[SalesOrderLineAmount]],\"\")","v":""},{"$f":"IF(COUNTIF(wms!E:E,Tabla_Consulta_desde_QuickBooks_Data_64_Bit_QRemote[[#This Row],[RefNumber]])>0,\"OK\",\"FALTA\")","v":"OK"}]
["2025-06-02","29097","CORPORACION FERNANDEZ CORPFERNANDEZ S.A.","LOCAL MILAN",2,"7862112522626","P.T:110701","CHIMICHURRI ESTILO ARGENTINO OLE 380G","Bodega Producto Terminado",24,"X12",3.03,72.72,"UNIDAD SALSA",0,552.12,634.94000000000005,"IVA EN VENTAS 15%",{"$f":"IFERROR(IF(Tabla_Consulta_desde_QuickBooks_Data_64_Bit_QRemote[[#This Row],[SalesOrderLineUnitOfMeasure]]=\"un\",Tabla_Consulta_desde_QuickBooks_Data_64_Bit_QRemote[[#This Row],[SalesOrderLineQuantity]],Tabla_Consulta_desde_QuickBooks_Data_64_Bit_QRemote[[#This Row],[SalesOrderLineQuantity]]/MID(Tabla_Consulta_desde_QuickBooks_Data_64_Bit_QRemote[[#This Row],[SalesOrderLineUnitOfMeasure]],2,2)),0)","v":2},{"$f":"IFERROR(IF(Tabla_Consulta_desde_QuickBooks_Data_64_Bit_QRemote[[#This Row],[SalesOrderLineUnitOfMeasure]]=\"un\",Tabla_Consulta_desde_QuickBooks_Data_64_Bit_QRemote[[#This Row],[SalesOrderLineInvoiced]],Tabla_Consulta_desde_QuickBooks_Data_64_Bit_QRemote[[#This Row],[SalesOrderLineInvoiced]]/MID(Tabla_Consulta_desde_QuickBooks_Data_64_Bit_QRemote[[#This Row],[SalesOrderLineUnitOfMeasure]],2,2)),0)","v":0},{"$f":"+Tabla_Consulta_desde_QuickBooks_Data_64_Bit_QRemote[[#This Row],[facturado]]-Tabla_Consulta_desde_QuickBooks_Data_64_Bit_QRemote[[#This Row],[pide]]","v":-2},{"$f":"IF(Tabla_Consulta_desde_QuickBooks_Data_64_Bit_QRemote[[#This Row],[diferecia]]=0,\"ok\",\"diferen\")","v":"diferen"},{"$f":"IFERROR(INDEX(um!A:C,MATCH(Tabla_Consulta_desde_QuickBooks_Data_64_Bit_QRemote[[#This Row],[SalesOrderLineItemRefFullName]],um!A:A,0),3),\"\")","v":"X12"},{"$f":"IFERROR(IF(OR(Tabla_Consulta_desde_QuickBooks_Data_64_Bit_QRemote[[#This Row],[SalesOrderLineUnitOfMeasure]]=\"UN\",Tabla_Consulta_desde_QuickBooks_Data_64_Bit_QRemote[[#This Row],[SalesOrderLineUnitOfMeasure]]=Tabla_Consulta_desde_QuickBooks_Data_64_Bit_QRemote[[#This Row],[U/M]]),\"\",\"ERROR\"),\"\")","v":""},{"$f":"+WEEKNUM(Tabla_Consulta_desde_QuickBooks_Data_64_Bit_QRemote[[#This Row],[TxnDate]])","v":23},{"$f":"+Tabla_Consulta_desde_QuickBooks_Data_64_Bit_QRemote[[#This Row],[SalesOrderLineRate]]*Tabla_Consulta_desde_QuickBooks_Data_64_Bit_QRemote[[#This Row],[SalesOrderLineInvoiced]]","v":0},{"$f":"+IFERROR(IF(Tabla_Consulta_desde_QuickBooks_Data_64_Bit_QRemote[[#This Row],[CustomerRefFullName]]=\"GRUVALCORP SA\",VLOOKUP(Tabla_Consulta_desde_QuickBooks_Data_64_Bit_QRemote[[#This Row],[SalesOrderLineItemRefFullName]],Hoja1!A:E,5,FALSE),\"\")*-Tabla_Consulta_desde_QuickBooks_Data_64_Bit_QRemote[[#This Row],[SalesOrderLineAmount]],\"\")","v":""},{"$f":"IF(COUNTIF(wms!E:E,Tabla_Consulta_desde_QuickBooks_Data_64_Bit_QRemote[[#This Row],[RefNumber]])>0,\"OK\",\"FALTA\")","v":"OK"}]
["2025-06-02","29097","CORPORACION FERNANDEZ CORPFERNANDEZ S.A.","LOCAL MILAN",3,"7862112520509","P.T:110606","JALAPEÑO ROJOS Y VERDES AGRIDULCES OLE 250G","Bodega Producto Terminado",12,"X12",1.98,23.76,"UNIDAD SALSA",0,552.12,634.94000000000005,"IVA EN VENTAS 15%",{"$f":"IFERROR(IF(Tabla_Consulta_desde_QuickBooks_Data_64_Bit_QRemote[[#This Row],[SalesOrderLineUnitOfMeasure]]=\"un\",Tabla_Consulta_desde_QuickBooks_Data_64_Bit_QRemote[[#This Row],[SalesOrderLineQuantity]],Tabla_Consulta_desde_QuickBooks_Data_64_Bit_QRemote[[#This Row],[SalesOrderLineQuantity]]/MID(Tabla_Consulta_desde_QuickBooks_Data_64_Bit_QRemote[[#This Row],[SalesOrderLineUnitOfMeasure]],2,2)),0)","v":1},{"$f":"IFERROR(IF(Tabla_Consulta_desde_QuickBooks_Data_64_Bit_QRemote[[#This Row],[SalesOrderLineUnitOfMeasure]]=\"un\",Tabla_Consulta_desde_QuickBooks_Data_64_Bit_QRemote[[#This Row],[SalesOrderLineInvoiced]],Tabla_Consulta_desde_QuickBooks_Data_64_Bit_QRemote[[#This Row],[SalesOrderLineInvoiced]]/MID(Tabla_Consulta_desde_QuickBooks_Data_64_Bit_QRemote[[#This Row],[SalesOrderLineUnitOfMeasure]],2,2)),0)","v":0},{"$f":"+Tabla_Consulta_desde_QuickBooks_Data_64_Bit_QRemote[[#This Row],[facturado]]-Tabla_Consulta_desde_QuickBooks_Data_64_Bit_QRemote[[#This Row],[pide]]","v":-1},{"$f":"IF(Tabla_Consulta_desde_QuickBooks_Data_64_Bit_QRemote[[#This Row],[diferecia]]=0,\"ok\",\"diferen\")","v":"diferen"},{"$f":"IFERROR(INDEX(um!A:C,MATCH(Tabla_Consulta_desde_QuickBooks_Data_64_Bit_QRemote[[#This Row],[SalesOrderLineItemRefFullName]],um!A:A,0),3),\"\")","v":"X12"},{"$f":"IFERROR(IF(OR(Tabla_Consulta_desde_QuickBooks_Data_64_Bit_QRemote[[#This Row],[SalesOrderLineUnitOfMeasure]]=\"UN\",Tabla_Consulta_desde_QuickBooks_Data_64_Bit_QRemote[[#This Row],[SalesOrderLineUnitOfMeasure]]=Tabla_Consulta_desde_QuickBooks_Data_64_Bit_QRemote[[#This Row],[U/M]]),\"\",\"ERROR\"),\"\")","v":""},{"$f":"+WEEKNUM(Tabla_Consulta_desde_QuickBooks_Data_64_Bit_QRemote[[#This Row],[TxnDate]])","v":23},{"$f":"+Tabla_Consulta_desde_QuickBooks_Data_64_Bit_QRemote[[#This Row],[SalesOrderLineRate]]*Tabla_Consulta_desde_QuickBooks_Data_64_Bit_QRemote[[#This Row],[SalesOrderLineInvoiced]]","v":0},{"$f":"+IFERROR(IF(Tabla_Consulta_desde_QuickBooks_Data_64_Bit_QRemote[[#This Row],[CustomerRefFullName]]=\"GRUVALCORP SA\",VLOOKUP(Tabla_Consulta_desde_QuickBooks_Data_64_Bit_QRemote[[#This Row],[SalesOrderLineItemRefFullName]],Hoja1!A:E,5,FALSE),\"\")*-Tabla_Consulta_desde_QuickBooks_Data_64_Bit_QRemote[[#This Row],[SalesOrderLineAmount]],\"\")","v":""},{"$f":"IF(COUNTIF(wms!E:E,Tabla_Consulta_desde_QuickBooks_Data_64_Bit_QRemote[[#This Row],[RefNumber]])>0,\"OK\",\"FALTA\")","v":"OK"}]
["2025-06-02","29097","CORPORACION FERNANDEZ CORPFERNANDEZ S.A.","LOCAL MILAN",4,"7862112521599","P.T:110214","SALSA AJÍ MANABA OLE 300G","Bodega Producto Terminado",12,"X12",2.19,26.28,"UNIDAD SALSA",0,552.12,634.94000000000005,"IVA EN VENTAS 15%",{"$f":"IFERROR(IF(Tabla_Consulta_desde_QuickBooks_Data_64_Bit_QRemote[[#This Row],[SalesOrderLineUnitOfMeasure]]=\"un\",Tabla_Consulta_desde_QuickBooks_Data_64_Bit_QRemote[[#This Row],[SalesOrderLineQuantity]],Tabla_Consulta_desde_QuickBooks_Data_64_Bit_QRemote[[#This Row],[SalesOrderLineQuantity]]/MID(Tabla_Consulta_desde_QuickBooks_Data_64_Bit_QRemote[[#This Row],[SalesOrderLineUnitOfMeasure]],2,2)),0)","v":1},{"$f":"IFERROR(IF(Tabla_Consulta_desde_QuickBooks_Data_64_Bit_QRemote[[#This Row],[SalesOrderLineUnitOfMeasure]]=\"un\",Tabla_Consulta_desde_QuickBooks_Data_64_Bit_QRemote[[#This Row],[SalesOrderLineInvoiced]],Tabla_Consulta_desde_QuickBooks_Data_64_Bit_QRemote[[#This Row],[SalesOrderLineInvoiced]]/MID(Tabla_Consulta_desde_QuickBooks_Data_64_Bit_QRemote[[#This Row],[SalesOrderLineUnitOfMeasure]],2,2)),0)","v":0},{"$f":"+Tabla_Consulta_desde_QuickBooks_Data_64_Bit_QRemote[[#This Row],[facturado]]-Tabla_Consulta_desde_QuickBooks_Data_64_Bit_QRemote[[#This Row],[pide]]","v":-1},{"$f":"IF(Tabla_Consulta_desde_QuickBooks_Data_64_Bit_QRemote[[#This Row],[diferecia]]=0,\"ok\",\"diferen\")","v":"diferen"},{"$f":"IFERROR(INDEX(um!A:C,MATCH(Tabla_Consulta_desde_QuickBooks_Data_64_Bit_QRemote[[#This Row],[SalesOrderLineItemRefFullName]],um!A:A,0),3),\"\")","v":"X12"},{"$f":"IFERROR(IF(OR(Tabla_Consulta_desde_QuickBooks_Data_64_Bit_QRemote[[#This Row],[SalesOrderLineUnitOfMeasure]]=\"UN\",Tabla_Consulta_desde_QuickBooks_Data_64_Bit_QRemote[[#This Row],[SalesOrderLineUnitOfMeasure]]=Tabla_Consulta_desde_QuickBooks_Data_64_Bit_QRemote[[#This Row],[U/M]]),\"\",\"ERROR\"),\"\")","v":""},{"$f":"+WEEKNUM(Tabla_Consulta_desde_QuickBooks_Data_64_Bit_QRemote[[#This Row],[TxnDate]])","v":23},{"$f":"+Tabla_Consulta_desde_QuickBooks_Data_64_Bit_QRemote[[#This Row],[SalesOrderLineRate]]*Tabla_Consulta_desde_QuickBooks_Data_64_Bit_QRemote[[#This Row],[SalesOrderLineInvoiced]]","v":0},{"$f":"+IFERROR(IF(Tabla_Consulta_desde_QuickBooks_Data_64_Bit_QRemote[[#This Row],[CustomerRefFullName]]=\"GRUVALCORP SA\",VLOOKUP(Tabla_Consulta_desde_QuickBooks_Data_64_Bit_QRemote[[#This Row],[SalesOrderLineItemRefFullName]],Hoja1!A:E,5,FALSE),\"\")*-Tabla_Consulta_desde_QuickBooks_Data_64_Bit_QRemote[[#This Row],[SalesOrderLineAmount]],\"\")","v":""},{"$f":"IF(COUNTIF(wms!E:E,Tabla_Consulta_desde_QuickBooks_Data_64_Bit_QRemote[[#This Row],[RefNumber]])>0,\"OK\",\"FALTA\")","v":"OK"}]
["2025-06-02","29097","CORPORACION FERNANDEZ CORPFERNANDEZ S.A.","LOCAL MILAN",5,"7862112522497","P.T:110801","SALSA BBQ ORIGINAL OLE DP 200G","Bodega Producto Terminado",12,"X12",0.78,9.36,"UNIDAD SALSA",0,552.12,634.94000000000005,"IVA EN VENTAS 15%",{"$f":"IFERROR(IF(Tabla_Consulta_desde_QuickBooks_Data_64_Bit_QRemote[[#This Row],[SalesOrderLineUnitOfMeasure]]=\"un\",Tabla_Consulta_desde_QuickBooks_Data_64_Bit_QRemote[[#This Row],[SalesOrderLineQuantity]],Tabla_Consulta_desde_QuickBooks_Data_64_Bit_QRemote[[#This Row],[SalesOrderLineQuantity]]/MID(Tabla_Consulta_desde_QuickBooks_Data_64_Bit_QRemote[[#This Row],[SalesOrderLineUnitOfMeasure]],2,2)),0)","v":1},{"$f":"IFERROR(IF(Tabla_Consulta_desde_QuickBooks_Data_64_Bit_QRemote[[#This Row],[SalesOrderLineUnitOfMeasure]]=\"un\",Tabla_Consulta_desde_QuickBooks_Data_64_Bit_QRemote[[#This Row],[SalesOrderLineInvoiced]],Tabla_Consulta_desde_QuickBooks_Data_64_Bit_QRemote[[#This Row],[SalesOrderLineInvoiced]]/MID(Tabla_Consulta_desde_QuickBooks_Data_64_Bit_QRemote[[#This Row],[SalesOrderLineUnitOfMeasure]],2,2)),0)","v":0},{"$f":"+Tabla_Consulta_desde_QuickBooks_Data_64_Bit_QRemote[[#This Row],[facturado]]-Tabla_Consulta_desde_QuickBooks_Data_64_Bit_QRemote[[#This Row],[pide]]","v":-1},{"$f":"IF(Tabla_Consulta_desde_QuickBooks_Data_64_Bit_QRemote[[#This Row],[diferecia]]=0,\"ok\",\"diferen\")","v":"diferen"},{"$f":"IFERROR(INDEX(um!A:C,MATCH(Tabla_Consulta_desde_QuickBooks_Data_64_Bit_QRemote[[#This Row],[SalesOrderLineItemRefFullName]],um!A:A,0),3),\"\")","v":"X12"},{"$f":"IFERROR(IF(OR(Tabla_Consulta_desde_QuickBooks_Data_64_Bit_QRemote[[#This Row],[SalesOrderLineUnitOfMeasure]]=\"UN\",Tabla_Consulta_desde_QuickBooks_Data_64_Bit_QRemote[[#This Row],[SalesOrderLineUnitOfMeasure]]=Tabla_Consulta_desde_QuickBooks_Data_64_Bit_QRemote[[#This Row],[U/M]]),\"\",\"ERROR\"),\"\")","v":""},{"$f":"+WEEKNUM(Tabla_Consulta_desde_QuickBooks_Data_64_Bit_QRemote[[#This Row],[TxnDate]])","v":23},{"$f":"+Tabla_Consulta_desde_QuickBooks_Data_64_Bit_QRemote[[#This Row],[SalesOrderLineRate]]*Tabla_Consulta_desde_QuickBooks_Data_64_Bit_QRemote[[#This Row],[SalesOrderLineInvoiced]]","v":0},{"$f":"+IFERROR(IF(Tabla_Consulta_desde_QuickBooks_Data_64_Bit_QRemote[[#This Row],[CustomerRefFullName]]=\"GRUVALCORP SA\",VLOOKUP(Tabla_Consulta_desde_QuickBooks_Data_64_Bit_QRemote[[#This Row],[SalesOrderLineItemRefFullName]],Hoja1!A:E,5,FALSE),\"\")*-Tabla_Consulta_desde_QuickBooks_Data_64_Bit_QRemote[[#This Row],[SalesOrderLineAmount]],\"\")","v":""},{"$f":"IF(COUNTIF(wms!E:E,Tabla_Consulta_desde_QuickBooks_Data_64_Bit_QRemote[[#This Row],[RefNumber]])>0,\"OK\",\"FALTA\")","v":"OK"}]
["2025-06-02","29097","CORPORACION FERNANDEZ CORPFERNANDEZ S.A.","LOCAL MILAN",6,"705424000116","P.T:110207","AJÍ CON MARACUYA OLE 185G","Bodega Producto Terminado",24,"X24",1.57,37.68,"UNIDAD SALSA",0,552.12,634.94000000000005,"IVA EN VENTAS 15%",{"$f":"IFERROR(IF(Tabla_Consulta_desde_QuickBooks_Data_64_Bit_QRemote[[#This Row],[SalesOrderLineUnitOfMeasure]]=\"un\",Tabla_Consulta_desde_QuickBooks_Data_64_Bit_QRemote[[#This Row],[SalesOrderLineQuantity]],Tabla_Consulta_desde_QuickBooks_Data_64_Bit_QRemote[[#This Row],[SalesOrderLineQuantity]]/MID(Tabla_Consulta_desde_QuickBooks_Data_64_Bit_QRemote[[#This Row],[SalesOrderLineUnitOfMeasure]],2,2)),0)","v":1},{"$f":"IFERROR(IF(Tabla_Consulta_desde_QuickBooks_Data_64_Bit_QRemote[[#This Row],[SalesOrderLineUnitOfMeasure]]=\"un\",Tabla_Consulta_desde_QuickBooks_Data_64_Bit_QRemote[[#This Row],[SalesOrderLineInvoiced]],Tabla_Consulta_desde_QuickBooks_Data_64_Bit_QRemote[[#This Row],[SalesOrderLineInvoiced]]/MID(Tabla_Consulta_desde_QuickBooks_Data_64_Bit_QRemote[[#This Row],[SalesOrderLineUnitOfMeasure]],2,2)),0)","v":0},{"$f":"+Tabla_Consulta_desde_QuickBooks_Data_64_Bit_QRemote[[#This Row],[facturado]]-Tabla_Consulta_desde_QuickBooks_Data_64_Bit_QRemote[[#This Row],[pide]]","v":-1},{"$f":"IF(Tabla_Consulta_desde_QuickBooks_Data_64_Bit_QRemote[[#This Row],[diferecia]]=0,\"ok\",\"diferen\")","v":"diferen"},{"$f":"IFERROR(INDEX(um!A:C,MATCH(Tabla_Consulta_desde_QuickBooks_Data_64_Bit_QRemote[[#This Row],[SalesOrderLineItemRefFullName]],um!A:A,0),3),\"\")","v":"X24"},{"$f":"IFERROR(IF(OR(Tabla_Consulta_desde_QuickBooks_Data_64_Bit_QRemote[[#This Row],[SalesOrderLineUnitOfMeasure]]=\"UN\",Tabla_Consulta_desde_QuickBooks_Data_64_Bit_QRemote[[#This Row],[SalesOrderLineUnitOfMeasure]]=Tabla_Consulta_desde_QuickBooks_Data_64_Bit_QRemote[[#This Row],[U/M]]),\"\",\"ERROR\"),\"\")","v":""},{"$f":"+WEEKNUM(Tabla_Consulta_desde_QuickBooks_Data_64_Bit_QRemote[[#This Row],[TxnDate]])","v":23},{"$f":"+Tabla_Consulta_desde_QuickBooks_Data_64_Bit_QRemote[[#This Row],[SalesOrderLineRate]]*Tabla_Consulta_desde_QuickBooks_Data_64_Bit_QRemote[[#This Row],[SalesOrderLineInvoiced]]","v":0},{"$f":"+IFERROR(IF(Tabla_Consulta_desde_QuickBooks_Data_64_Bit_QRemote[[#This Row],[CustomerRefFullName]]=\"GRUVALCORP SA\",VLOOKUP(Tabla_Consulta_desde_QuickBooks_Data_64_Bit_QRemote[[#This Row],[SalesOrderLineItemRefFullName]],Hoja1!A:E,5,FALSE),\"\")*-Tabla_Consulta_desde_QuickBooks_Data_64_Bit_QRemote[[#This Row],[SalesOrderLineAmount]],\"\")","v":""},{"$f":"IF(COUNTIF(wms!E:E,Tabla_Consulta_desde_QuickBooks_Data_64_Bit_QRemote[[#This Row],[RefNumber]])>0,\"OK\",\"FALTA\")","v":"OK"}]
["2025-06-02","29097","CORPORACION FERNANDEZ CORPFERNANDEZ S.A.","LOCAL MILAN",7,"7862112522183","P.T:110733","SALSA GUACAMOLE OLE 220G","Bodega Producto Terminado",12,"X12",1.72,20.64,"UNIDAD SALSA",0,552.12,634.94000000000005,"IVA EN VENTAS 15%",{"$f":"IFERROR(IF(Tabla_Consulta_desde_QuickBooks_Data_64_Bit_QRemote[[#This Row],[SalesOrderLineUnitOfMeasure]]=\"un\",Tabla_Consulta_desde_QuickBooks_Data_64_Bit_QRemote[[#This Row],[SalesOrderLineQuantity]],Tabla_Consulta_desde_QuickBooks_Data_64_Bit_QRemote[[#This Row],[SalesOrderLineQuantity]]/MID(Tabla_Consulta_desde_QuickBooks_Data_64_Bit_QRemote[[#This Row],[SalesOrderLineUnitOfMeasure]],2,2)),0)","v":1},{"$f":"IFERROR(IF(Tabla_Consulta_desde_QuickBooks_Data_64_Bit_QRemote[[#This Row],[SalesOrderLineUnitOfMeasure]]=\"un\",Tabla_Consulta_desde_QuickBooks_Data_64_Bit_QRemote[[#This Row],[SalesOrderLineInvoiced]],Tabla_Consulta_desde_QuickBooks_Data_64_Bit_QRemote[[#This Row],[SalesOrderLineInvoiced]]/MID(Tabla_Consulta_desde_QuickBooks_Data_64_Bit_QRemote[[#This Row],[SalesOrderLineUnitOfMeasure]],2,2)),0)","v":0},{"$f":"+Tabla_Consulta_desde_QuickBooks_Data_64_Bit_QRemote[[#This Row],[facturado]]-Tabla_Consulta_desde_QuickBooks_Data_64_Bit_QRemote[[#This Row],[pide]]","v":-1},{"$f":"IF(Tabla_Consulta_desde_QuickBooks_Data_64_Bit_QRemote[[#This Row],[diferecia]]=0,\"ok\",\"diferen\")","v":"diferen"},{"$f":"IFERROR(INDEX(um!A:C,MATCH(Tabla_Consulta_desde_QuickBooks_Data_64_Bit_QRemote[[#This Row],[SalesOrderLineItemRefFullName]],um!A:A,0),3),\"\")","v":"X12"},{"$f":"IFERROR(IF(OR(Tabla_Consulta_desde_QuickBooks_Data_64_Bit_QRemote[[#This Row],[SalesOrderLineUnitOfMeasure]]=\"UN\",Tabla_Consulta_desde_QuickBooks_Data_64_Bit_QRemote[[#This Row],[SalesOrderLineUnitOfMeasure]]=Tabla_Consulta_desde_QuickBooks_Data_64_Bit_QRemote[[#This Row],[U/M]]),\"\",\"ERROR\"),\"\")","v":""},{"$f":"+WEEKNUM(Tabla_Consulta_desde_QuickBooks_Data_64_Bit_QRemote[[#This Row],[TxnDate]])","v":23},{"$f":"+Tabla_Consulta_desde_QuickBooks_Data_64_Bit_QRemote[[#This Row],[SalesOrderLineRate]]*Tabla_Consulta_desde_QuickBooks_Data_64_Bit_QRemote[[#This Row],[SalesOrderLineInvoiced]]","v":0},{"$f":"+IFERROR(IF(Tabla_Consulta_desde_QuickBooks_Data_64_Bit_QRemote[[#This Row],[CustomerRefFullName]]=\"GRUVALCORP SA\",VLOOKUP(Tabla_Consulta_desde_QuickBooks_Data_64_Bit_QRemote[[#This Row],[SalesOrderLineItemRefFullName]],Hoja1!A:E,5,FALSE),\"\")*-Tabla_Consulta_desde_QuickBooks_Data_64_Bit_QRemote[[#This Row],[SalesOrderLineAmount]],\"\")","v":""},{"$f":"IF(COUNTIF(wms!E:E,Tabla_Consulta_desde_QuickBooks_Data_64_Bit_QRemote[[#This Row],[RefNumber]])>0,\"OK\",\"FALTA\")","v":"OK"}]
["2025-06-02","29097","CORPORACION FERNANDEZ CORPFERNANDEZ S.A.","LOCAL MILAN",8,"7862112522527","P.T:110803","SALSA GUACAMOLE ORIGINAL OLE DP 200G","Bodega Producto Terminado",12,"X12",1.4,16.8,"UNIDAD SALSA",0,552.12,634.94000000000005,"IVA EN VENTAS 15%",{"$f":"IFERROR(IF(Tabla_Consulta_desde_QuickBooks_Data_64_Bit_QRemote[[#This Row],[SalesOrderLineUnitOfMeasure]]=\"un\",Tabla_Consulta_desde_QuickBooks_Data_64_Bit_QRemote[[#This Row],[SalesOrderLineQuantity]],Tabla_Consulta_desde_QuickBooks_Data_64_Bit_QRemote[[#This Row],[SalesOrderLineQuantity]]/MID(Tabla_Consulta_desde_QuickBooks_Data_64_Bit_QRemote[[#This Row],[SalesOrderLineUnitOfMeasure]],2,2)),0)","v":1},{"$f":"IFERROR(IF(Tabla_Consulta_desde_QuickBooks_Data_64_Bit_QRemote[[#This Row],[SalesOrderLineUnitOfMeasure]]=\"un\",Tabla_Consulta_desde_QuickBooks_Data_64_Bit_QRemote[[#This Row],[SalesOrderLineInvoiced]],Tabla_Consulta_desde_QuickBooks_Data_64_Bit_QRemote[[#This Row],[SalesOrderLineInvoiced]]/MID(Tabla_Consulta_desde_QuickBooks_Data_64_Bit_QRemote[[#This Row],[SalesOrderLineUnitOfMeasure]],2,2)),0)","v":0},{"$f":"+Tabla_Consulta_desde_QuickBooks_Data_64_Bit_QRemote[[#This Row],[facturado]]-Tabla_Consulta_desde_QuickBooks_Data_64_Bit_QRemote[[#This Row],[pide]]","v":-1},{"$f":"IF(Tabla_Consulta_desde_QuickBooks_Data_64_Bit_QRemote[[#This Row],[diferecia]]=0,\"ok\",\"diferen\")","v":"diferen"},{"$f":"IFERROR(INDEX(um!A:C,MATCH(Tabla_Consulta_desde_QuickBooks_Data_64_Bit_QRemote[[#This Row],[SalesOrderLineItemRefFullName]],um!A:A,0),3),\"\")","v":"X12"},{"$f":"IFERROR(IF(OR(Tabla_Consulta_desde_QuickBooks_Data_64_Bit_QRemote[[#This Row],[SalesOrderLineUnitOfMeasure]]=\"UN\",Tabla_Consulta_desde_QuickBooks_Data_64_Bit_QRemote[[#This Row],[SalesOrderLineUnitOfMeasure]]=Tabla_Consulta_desde_QuickBooks_Data_64_Bit_QRemote[[#This Row],[U/M]]),\"\",\"ERROR\"),\"\")","v":""},{"$f":"+WEEKNUM(Tabla_Consulta_desde_QuickBooks_Data_64_Bit_QRemote[[#This Row],[TxnDate]])","v":23},{"$f":"+Tabla_Consulta_desde_QuickBooks_Data_64_Bit_QRemote[[#This Row],[SalesOrderLineRate]]*Tabla_Consulta_desde_QuickBooks_Data_64_Bit_QRemote[[#This Row],[SalesOrderLineInvoiced]]","v":0},{"$f":"+IFERROR(IF(Tabla_Consulta_desde_QuickBooks_Data_64_Bit_QRemote[[#This Row],[CustomerRefFullName]]=\"GRUVALCORP SA\",VLOOKUP(Tabla_Consulta_desde_QuickBooks_Data_64_Bit_QRemote[[#This Row],[SalesOrderLineItemRefFullName]],Hoja1!A:E,5,FALSE),\"\")*-Tabla_Consulta_desde_QuickBooks_Data_64_Bit_QRemote[[#This Row],[SalesOrderLineAmount]],\"\")","v":""},{"$f":"IF(COUNTIF(wms!E:E,Tabla_Consulta_desde_QuickBooks_Data_64_Bit_QRemote[[#This Row],[RefNumber]])>0,\"OK\",\"FALTA\")","v":"OK"}]
["2025-06-02","29097","CORPORACION FERNANDEZ CORPFERNANDEZ S.A.","LOCAL MILAN",9,"7862112522367","PT:220132","TOTOPOS NATURAL OLE 300G","Bodega Producto Terminado",24,"X12",1.67,40.08,"UNIDAD SNCKS",0,552.12,634.94000000000005,"IVA EN VENTAS 15%",{"$f":"IFERROR(IF(Tabla_Consulta_desde_QuickBooks_Data_64_Bit_QRemote[[#This Row],[SalesOrderLineUnitOfMeasure]]=\"un\",Tabla_Consulta_desde_QuickBooks_Data_64_Bit_QRemote[[#This Row],[SalesOrderLineQuantity]],Tabla_Consulta_desde_QuickBooks_Data_64_Bit_QRemote[[#This Row],[SalesOrderLineQuantity]]/MID(Tabla_Consulta_desde_QuickBooks_Data_64_Bit_QRemote[[#This Row],[SalesOrderLineUnitOfMeasure]],2,2)),0)","v":2},{"$f":"IFERROR(IF(Tabla_Consulta_desde_QuickBooks_Data_64_Bit_QRemote[[#This Row],[SalesOrderLineUnitOfMeasure]]=\"un\",Tabla_Consulta_desde_QuickBooks_Data_64_Bit_QRemote[[#This Row],[SalesOrderLineInvoiced]],Tabla_Consulta_desde_QuickBooks_Data_64_Bit_QRemote[[#This Row],[SalesOrderLineInvoiced]]/MID(Tabla_Consulta_desde_QuickBooks_Data_64_Bit_QRemote[[#This Row],[SalesOrderLineUnitOfMeasure]],2,2)),0)","v":0},{"$f":"+Tabla_Consulta_desde_QuickBooks_Data_64_Bit_QRemote[[#This Row],[facturado]]-Tabla_Consulta_desde_QuickBooks_Data_64_Bit_QRemote[[#This Row],[pide]]","v":-2},{"$f":"IF(Tabla_Consulta_desde_QuickBooks_Data_64_Bit_QRemote[[#This Row],[diferecia]]=0,\"ok\",\"diferen\")","v":"diferen"},{"$f":"IFERROR(INDEX(um!A:C,MATCH(Tabla_Consulta_desde_QuickBooks_Data_64_Bit_QRemote[[#This Row],[SalesOrderLineItemRefFullName]],um!A:A,0),3),\"\")","v":"X12"},{"$f":"IFERROR(IF(OR(Tabla_Consulta_desde_QuickBooks_Data_64_Bit_QRemote[[#This Row],[SalesOrderLineUnitOfMeasure]]=\"UN\",Tabla_Consulta_desde_QuickBooks_Data_64_Bit_QRemote[[#This Row],[SalesOrderLineUnitOfMeasure]]=Tabla_Consulta_desde_QuickBooks_Data_64_Bit_QRemote[[#This Row],[U/M]]),\"\",\"ERROR\"),\"\")","v":""},{"$f":"+WEEKNUM(Tabla_Consulta_desde_QuickBooks_Data_64_Bit_QRemote[[#This Row],[TxnDate]])","v":23},{"$f":"+Tabla_Consulta_desde_QuickBooks_Data_64_Bit_QRemote[[#This Row],[SalesOrderLineRate]]*Tabla_Consulta_desde_QuickBooks_Data_64_Bit_QRemote[[#This Row],[SalesOrderLineInvoiced]]","v":0},{"$f":"+IFERROR(IF(Tabla_Consulta_desde_QuickBooks_Data_64_Bit_QRemote[[#This Row],[CustomerRefFullName]]=\"GRUVALCORP SA\",VLOOKUP(Tabla_Consulta_desde_QuickBooks_Data_64_Bit_QRemote[[#This Row],[SalesOrderLineItemRefFullName]],Hoja1!A:E,5,FALSE),\"\")*-Tabla_Consulta_desde_QuickBooks_Data_64_Bit_QRemote[[#This Row],[SalesOrderLineAmount]],\"\")","v":""},{"$f":"IF(COUNTIF(wms!E:E,Tabla_Consulta_desde_QuickBooks_Data_64_Bit_QRemote[[#This Row],[RefNumber]])>0,\"OK\",\"FALTA\")","v":"OK"}]
["2025-06-02","29097","CORPORACION FERNANDEZ CORPFERNANDEZ S.A.","LOCAL MILAN",10,"7862112522473","PT:220134","TOTOPOS MICHELADA OLE 120G","Bodega Producto Terminado",12,"X12",0.95,11.4,"UNIDAD SNCKS",0,552.12,634.94000000000005,"IVA EN VENTAS 15%",{"$f":"IFERROR(IF(Tabla_Consulta_desde_QuickBooks_Data_64_Bit_QRemote[[#This Row],[SalesOrderLineUnitOfMeasure]]=\"un\",Tabla_Consulta_desde_QuickBooks_Data_64_Bit_QRemote[[#This Row],[SalesOrderLineQuantity]],Tabla_Consulta_desde_QuickBooks_Data_64_Bit_QRemote[[#This Row],[SalesOrderLineQuantity]]/MID(Tabla_Consulta_desde_QuickBooks_Data_64_Bit_QRemote[[#This Row],[SalesOrderLineUnitOfMeasure]],2,2)),0)","v":1},{"$f":"IFERROR(IF(Tabla_Consulta_desde_QuickBooks_Data_64_Bit_QRemote[[#This Row],[SalesOrderLineUnitOfMeasure]]=\"un\",Tabla_Consulta_desde_QuickBooks_Data_64_Bit_QRemote[[#This Row],[SalesOrderLineInvoiced]],Tabla_Consulta_desde_QuickBooks_Data_64_Bit_QRemote[[#This Row],[SalesOrderLineInvoiced]]/MID(Tabla_Consulta_desde_QuickBooks_Data_64_Bit_QRemote[[#This Row],[SalesOrderLineUnitOfMeasure]],2,2)),0)","v":0},{"$f":"+Tabla_Consulta_desde_QuickBooks_Data_64_Bit_QRemote[[#This Row],[facturado]]-Tabla_Consulta_desde_QuickBooks_Data_64_Bit_QRemote[[#This Row],[pide]]","v":-1},{"$f":"IF(Tabla_Consulta_desde_QuickBooks_Data_64_Bit_QRemote[[#This Row],[diferecia]]=0,\"ok\",\"diferen\")","v":"diferen"},{"$f":"IFERROR(INDEX(um!A:C,MATCH(Tabla_Consulta_desde_QuickBooks_Data_64_Bit_QRemote[[#This Row],[SalesOrderLineItemRefFullName]],um!A:A,0),3),\"\")","v":"X12"},{"$f":"IFERROR(IF(OR(Tabla_Consulta_desde_QuickBooks_Data_64_Bit_QRemote[[#This Row],[SalesOrderLineUnitOfMeasure]]=\"UN\",Tabla_Consulta_desde_QuickBooks_Data_64_Bit_QRemote[[#This Row],[SalesOrderLineUnitOfMeasure]]=Tabla_Consulta_desde_QuickBooks_Data_64_Bit_QRemote[[#This Row],[U/M]]),\"\",\"ERROR\"),\"\")","v":""},{"$f":"+WEEKNUM(Tabla_Consulta_desde_QuickBooks_Data_64_Bit_QRemote[[#This Row],[TxnDate]])","v":23},{"$f":"+Tabla_Consulta_desde_QuickBooks_Data_64_Bit_QRemote[[#This Row],[SalesOrderLineRate]]*Tabla_Consulta_desde_QuickBooks_Data_64_Bit_QRemote[[#This Row],[SalesOrderLineInvoiced]]","v":0},{"$f":"+IFERROR(IF(Tabla_Consulta_desde_QuickBooks_Data_64_Bit_QRemote[[#This Row],[CustomerRefFullName]]=\"GRUVALCORP SA\",VLOOKUP(Tabla_Consulta_desde_QuickBooks_Data_64_Bit_QRemote[[#This Row],[SalesOrderLineItemRefFullName]],Hoja1!A:E,5,FALSE),\"\")*-Tabla_Consulta_desde_QuickBooks_Data_64_Bit_QRemote[[#This Row],[SalesOrderLineAmount]],\"\")","v":""},{"$f":"IF(COUNTIF(wms!E:E,Tabla_Consulta_desde_QuickBooks_Data_64_Bit_QRemote[[#This Row],[RefNumber]])>0,\"OK\",\"FALTA\")","v":"OK"}]
["2025-06-02","29097","CORPORACION FERNANDEZ CORPFERNANDEZ S.A.","LOCAL MILAN",11,"7862112522442","PT:220133","TOTOPOS QUESO RANCHERO OLE 120G","Bodega Producto Terminado",12,"X12",0.95,11.4,"UNIDAD SNCKS",0,552.12,634.94000000000005,"IVA EN VENTAS 15%",{"$f":"IFERROR(IF(Tabla_Consulta_desde_QuickBooks_Data_64_Bit_QRemote[[#This Row],[SalesOrderLineUnitOfMeasure]]=\"un\",Tabla_Consulta_desde_QuickBooks_Data_64_Bit_QRemote[[#This Row],[SalesOrderLineQuantity]],Tabla_Consulta_desde_QuickBooks_Data_64_Bit_QRemote[[#This Row],[SalesOrderLineQuantity]]/MID(Tabla_Consulta_desde_QuickBooks_Data_64_Bit_QRemote[[#This Row],[SalesOrderLineUnitOfMeasure]],2,2)),0)","v":1},{"$f":"IFERROR(IF(Tabla_Consulta_desde_QuickBooks_Data_64_Bit_QRemote[[#This Row],[SalesOrderLineUnitOfMeasure]]=\"un\",Tabla_Consulta_desde_QuickBooks_Data_64_Bit_QRemote[[#This Row],[SalesOrderLineInvoiced]],Tabla_Consulta_desde_QuickBooks_Data_64_Bit_QRemote[[#This Row],[SalesOrderLineInvoiced]]/MID(Tabla_Consulta_desde_QuickBooks_Data_64_Bit_QRemote[[#This Row],[SalesOrderLineUnitOfMeasure]],2,2)),0)","v":0},{"$f":"+Tabla_Consulta_desde_QuickBooks_Data_64_Bit_QRemote[[#This Row],[facturado]]-Tabla_Consulta_desde_QuickBooks_Data_64_Bit_QRemote[[#This Row],[pide]]","v":-1},{"$f":"IF(Tabla_Consulta_desde_QuickBooks_Data_64_Bit_QRemote[[#This Row],[diferecia]]=0,\"ok\",\"diferen\")","v":"diferen"},{"$f":"IFERROR(INDEX(um!A:C,MATCH(Tabla_Consulta_desde_QuickBooks_Data_64_Bit_QRemote[[#This Row],[SalesOrderLineItemRefFullName]],um!A:A,0),3),\"\")","v":"X12"},{"$f":"IFERROR(IF(OR(Tabla_Consulta_desde_QuickBooks_Data_64_Bit_QRemote[[#This Row],[SalesOrderLineUnitOfMeasure]]=\"UN\",Tabla_Consulta_desde_QuickBooks_Data_64_Bit_QRemote[[#This Row],[SalesOrderLineUnitOfMeasure]]=Tabla_Consulta_desde_QuickBooks_Data_64_Bit_QRemote[[#This Row],[U/M]]),\"\",\"ERROR\"),\"\")","v":""},{"$f":"+WEEKNUM(Tabla_Consulta_desde_QuickBooks_Data_64_Bit_QRemote[[#This Row],[TxnDate]])","v":23},{"$f":"+Tabla_Consulta_desde_QuickBooks_Data_64_Bit_QRemote[[#This Row],[SalesOrderLineRate]]*Tabla_Consulta_desde_QuickBooks_Data_64_Bit_QRemote[[#This Row],[SalesOrderLineInvoiced]]","v":0},{"$f":"+IFERROR(IF(Tabla_Consulta_desde_QuickBooks_Data_64_Bit_QRemote[[#This Row],[CustomerRefFullName]]=\"GRUVALCORP SA\",VLOOKUP(Tabla_Consulta_desde_QuickBooks_Data_64_Bit_QRemote[[#This Row],[SalesOrderLineItemRefFullName]],Hoja1!A:E,5,FALSE),\"\")*-Tabla_Consulta_desde_QuickBooks_Data_64_Bit_QRemote[[#This Row],[SalesOrderLineAmount]],\"\")","v":""},{"$f":"IF(COUNTIF(wms!E:E,Tabla_Consulta_desde_QuickBooks_Data_64_Bit_QRemote[[#This Row],[RefNumber]])>0,\"OK\",\"FALTA\")","v":"OK"}]
["2025-06-02","29097","CORPORACION FERNANDEZ CORPFERNANDEZ S.A.","LOCAL MILAN",12,null,"INFOADICIONAL","LOCAL MILAN",null,null,null,0,0,null,0,552.12,634.94000000000005,"IVA EN VENTAS 15%",{"$f":"IFERROR(IF(Tabla_Consulta_desde_QuickBooks_Data_64_Bit_QRemote[[#This Row],[SalesOrderLineUnitOfMeasure]]=\"un\",Tabla_Consulta_desde_QuickBooks_Data_64_Bit_QRemote[[#This Row],[SalesOrderLineQuantity]],Tabla_Consulta_desde_QuickBooks_Data_64_Bit_QRemote[[#This Row],[SalesOrderLineQuantity]]/MID(Tabla_Consulta_desde_QuickBooks_Data_64_Bit_QRemote[[#This Row],[SalesOrderLineUnitOfMeasure]],2,2)),0)","v":0},{"$f":"IFERROR(IF(Tabla_Consulta_desde_QuickBooks_Data_64_Bit_QRemote[[#This Row],[SalesOrderLineUnitOfMeasure]]=\"un\",Tabla_Consulta_desde_QuickBooks_Data_64_Bit_QRemote[[#This Row],[SalesOrderLineInvoiced]],Tabla_Consulta_desde_QuickBooks_Data_64_Bit_QRemote[[#This Row],[SalesOrderLineInvoiced]]/MID(Tabla_Consulta_desde_QuickBooks_Data_64_Bit_QRemote[[#This Row],[SalesOrderLineUnitOfMeasure]],2,2)),0)","v":0},{"$f":"+Tabla_Consulta_desde_QuickBooks_Data_64_Bit_QRemote[[#This Row],[facturado]]-Tabla_Consulta_desde_QuickBooks_Data_64_Bit_QRemote[[#This Row],[pide]]","v":0},{"$f":"IF(Tabla_Consulta_desde_QuickBooks_Data_64_Bit_QRemote[[#This Row],[diferecia]]=0,\"ok\",\"diferen\")","v":"ok"},{"$f":"IFERROR(INDEX(um!A:C,MATCH(Tabla_Consulta_desde_QuickBooks_Data_64_Bit_QRemote[[#This Row],[SalesOrderLineItemRefFullName]],um!A:A,0),3),\"\")","v":""},{"$f":"IFERROR(IF(OR(Tabla_Consulta_desde_QuickBooks_Data_64_Bit_QRemote[[#This Row],[SalesOrderLineUnitOfMeasure]]=\"UN\",Tabla_Consulta_desde_QuickBooks_Data_64_Bit_QRemote[[#This Row],[SalesOrderLineUnitOfMeasure]]=Tabla_Consulta_desde_QuickBooks_Data_64_Bit_QRemote[[#This Row],[U/M]]),\"\",\"ERROR\"),\"\")","v":""},{"$f":"+WEEKNUM(Tabla_Consulta_desde_QuickBooks_Data_64_Bit_QRemote[[#This Row],[TxnDate]])","v":23},{"$f":"+Tabla_Consulta_desde_QuickBooks_Data_64_Bit_QRemote[[#This Row],[SalesOrderLineRate]]*Tabla_Consulta_desde_QuickBooks_Data_64_Bit_QRemote[[#This Row],[SalesOrderLineInvoiced]]","v":0},{"$f":"+IFERROR(IF(Tabla_Consulta_desde_QuickBooks_Data_64_Bit_QRemote[[#This Row],[CustomerRefFullName]]=\"GRUVALCORP SA\",VLOOKUP(Tabla_Consulta_desde_QuickBooks_Data_64_Bit_QRemote[[#This Row],[SalesOrderLineItemRefFullName]],Hoja1!A:E,5,FALSE),\"\")*-Tabla_Consulta_desde_QuickBooks_Data_64_Bit_QRemote[[#This Row],[SalesOrderLineAmount]],\"\")","v":""},{"$f":"IF(COUNTIF(wms!E:E,Tabla_Consulta_desde_QuickBooks_Data_64_Bit_QRemote[[#This Row],[RefNumber]])>0,\"OK\",\"FALTA\")","v":"OK"}]
["2025-06-02","29098","CORPORACION FERNANDEZ CORPFERNANDEZ S.A.","LOCAL MUCHO LOTE",1,"7862112520301","P.T:110700","CHIMICHURRI OLE 230G","Bodega Producto Terminado",144,"X12",2.35,338.4,"UNIDAD SALSA",0,783.84,901.42,"IVA EN VENTAS 15%",{"$f":"IFERROR(IF(Tabla_Consulta_desde_QuickBooks_Data_64_Bit_QRemote[[#This Row],[SalesOrderLineUnitOfMeasure]]=\"un\",Tabla_Consulta_desde_QuickBooks_Data_64_Bit_QRemote[[#This Row],[SalesOrderLineQuantity]],Tabla_Consulta_desde_QuickBooks_Data_64_Bit_QRemote[[#This Row],[SalesOrderLineQuantity]]/MID(Tabla_Consulta_desde_QuickBooks_Data_64_Bit_QRemote[[#This Row],[SalesOrderLineUnitOfMeasure]],2,2)),0)","v":12},{"$f":"IFERROR(IF(Tabla_Consulta_desde_QuickBooks_Data_64_Bit_QRemote[[#This Row],[SalesOrderLineUnitOfMeasure]]=\"un\",Tabla_Consulta_desde_QuickBooks_Data_64_Bit_QRemote[[#This Row],[SalesOrderLineInvoiced]],Tabla_Consulta_desde_QuickBooks_Data_64_Bit_QRemote[[#This Row],[SalesOrderLineInvoiced]]/MID(Tabla_Consulta_desde_QuickBooks_Data_64_Bit_QRemote[[#This Row],[SalesOrderLineUnitOfMeasure]],2,2)),0)","v":0},{"$f":"+Tabla_Consulta_desde_QuickBooks_Data_64_Bit_QRemote[[#This Row],[facturado]]-Tabla_Consulta_desde_QuickBooks_Data_64_Bit_QRemote[[#This Row],[pide]]","v":-12},{"$f":"IF(Tabla_Consulta_desde_QuickBooks_Data_64_Bit_QRemote[[#This Row],[diferecia]]=0,\"ok\",\"diferen\")","v":"diferen"},{"$f":"IFERROR(INDEX(um!A:C,MATCH(Tabla_Consulta_desde_QuickBooks_Data_64_Bit_QRemote[[#This Row],[SalesOrderLineItemRefFullName]],um!A:A,0),3),\"\")","v":"X12"},{"$f":"IFERROR(IF(OR(Tabla_Consulta_desde_QuickBooks_Data_64_Bit_QRemote[[#This Row],[SalesOrderLineUnitOfMeasure]]=\"UN\",Tabla_Consulta_desde_QuickBooks_Data_64_Bit_QRemote[[#This Row],[SalesOrderLineUnitOfMeasure]]=Tabla_Consulta_desde_QuickBooks_Data_64_Bit_QRemote[[#This Row],[U/M]]),\"\",\"ERROR\"),\"\")","v":""},{"$f":"+WEEKNUM(Tabla_Consulta_desde_QuickBooks_Data_64_Bit_QRemote[[#This Row],[TxnDate]])","v":23},{"$f":"+Tabla_Consulta_desde_QuickBooks_Data_64_Bit_QRemote[[#This Row],[SalesOrderLineRate]]*Tabla_Consulta_desde_QuickBooks_Data_64_Bit_QRemote[[#This Row],[SalesOrderLineInvoiced]]","v":0},{"$f":"+IFERROR(IF(Tabla_Consulta_desde_QuickBooks_Data_64_Bit_QRemote[[#This Row],[CustomerRefFullName]]=\"GRUVALCORP SA\",VLOOKUP(Tabla_Consulta_desde_QuickBooks_Data_64_Bit_QRemote[[#This Row],[SalesOrderLineItemRefFullName]],Hoja1!A:E,5,FALSE),\"\")*-Tabla_Consulta_desde_QuickBooks_Data_64_Bit_QRemote[[#This Row],[SalesOrderLineAmount]],\"\")","v":""},{"$f":"IF(COUNTIF(wms!E:E,Tabla_Consulta_desde_QuickBooks_Data_64_Bit_QRemote[[#This Row],[RefNumber]])>0,\"OK\",\"FALTA\")","v":"OK"}]
["2025-06-02","29098","CORPORACION FERNANDEZ CORPFERNANDEZ S.A.","LOCAL MUCHO LOTE",2,"7862112522626","P.T:110701","CHIMICHURRI ESTILO ARGENTINO OLE 380G","Bodega Producto Terminado",48,"X12",3.03,145.44,"UNIDAD SALSA",0,783.84,901.42,"IVA EN VENTAS 15%",{"$f":"IFERROR(IF(Tabla_Consulta_desde_QuickBooks_Data_64_Bit_QRemote[[#This Row],[SalesOrderLineUnitOfMeasure]]=\"un\",Tabla_Consulta_desde_QuickBooks_Data_64_Bit_QRemote[[#This Row],[SalesOrderLineQuantity]],Tabla_Consulta_desde_QuickBooks_Data_64_Bit_QRemote[[#This Row],[SalesOrderLineQuantity]]/MID(Tabla_Consulta_desde_QuickBooks_Data_64_Bit_QRemote[[#This Row],[SalesOrderLineUnitOfMeasure]],2,2)),0)","v":4},{"$f":"IFERROR(IF(Tabla_Consulta_desde_QuickBooks_Data_64_Bit_QRemote[[#This Row],[SalesOrderLineUnitOfMeasure]]=\"un\",Tabla_Consulta_desde_QuickBooks_Data_64_Bit_QRemote[[#This Row],[SalesOrderLineInvoiced]],Tabla_Consulta_desde_QuickBooks_Data_64_Bit_QRemote[[#This Row],[SalesOrderLineInvoiced]]/MID(Tabla_Consulta_desde_QuickBooks_Data_64_Bit_QRemote[[#This Row],[SalesOrderLineUnitOfMeasure]],2,2)),0)","v":0},{"$f":"+Tabla_Consulta_desde_QuickBooks_Data_64_Bit_QRemote[[#This Row],[facturado]]-Tabla_Consulta_desde_QuickBooks_Data_64_Bit_QRemote[[#This Row],[pide]]","v":-4},{"$f":"IF(Tabla_Consulta_desde_QuickBooks_Data_64_Bit_QRemote[[#This Row],[diferecia]]=0,\"ok\",\"diferen\")","v":"diferen"},{"$f":"IFERROR(INDEX(um!A:C,MATCH(Tabla_Consulta_desde_QuickBooks_Data_64_Bit_QRemote[[#This Row],[SalesOrderLineItemRefFullName]],um!A:A,0),3),\"\")","v":"X12"},{"$f":"IFERROR(IF(OR(Tabla_Consulta_desde_QuickBooks_Data_64_Bit_QRemote[[#This Row],[SalesOrderLineUnitOfMeasure]]=\"UN\",Tabla_Consulta_desde_QuickBooks_Data_64_Bit_QRemote[[#This Row],[SalesOrderLineUnitOfMeasure]]=Tabla_Consulta_desde_QuickBooks_Data_64_Bit_QRemote[[#This Row],[U/M]]),\"\",\"ERROR\"),\"\")","v":""},{"$f":"+WEEKNUM(Tabla_Consulta_desde_QuickBooks_Data_64_Bit_QRemote[[#This Row],[TxnDate]])","v":23},{"$f":"+Tabla_Consulta_desde_QuickBooks_Data_64_Bit_QRemote[[#This Row],[SalesOrderLineRate]]*Tabla_Consulta_desde_QuickBooks_Data_64_Bit_QRemote[[#This Row],[SalesOrderLineInvoiced]]","v":0},{"$f":"+IFERROR(IF(Tabla_Consulta_desde_QuickBooks_Data_64_Bit_QRemote[[#This Row],[CustomerRefFullName]]=\"GRUVALCORP SA\",VLOOKUP(Tabla_Consulta_desde_QuickBooks_Data_64_Bit_QRemote[[#This Row],[SalesOrderLineItemRefFullName]],Hoja1!A:E,5,FALSE),\"\")*-Tabla_Consulta_desde_QuickBooks_Data_64_Bit_QRemote[[#This Row],[SalesOrderLineAmount]],\"\")","v":""},{"$f":"IF(COUNTIF(wms!E:E,Tabla_Consulta_desde_QuickBooks_Data_64_Bit_QRemote[[#This Row],[RefNumber]])>0,\"OK\",\"FALTA\")","v":"OK"}]
["2025-06-02","29098","CORPORACION FERNANDEZ CORPFERNANDEZ S.A.","LOCAL MUCHO LOTE",3,"7861000227513","P.T:110603","JALAPEÑO ROJOS Y VERDES OLE 200G","Bodega Producto Terminado",24,"X24",2.1800000000000002,52.32,"UNIDAD SALSA",0,783.84,901.42,"IVA EN VENTAS 15%",{"$f":"IFERROR(IF(Tabla_Consulta_desde_QuickBooks_Data_64_Bit_QRemote[[#This Row],[SalesOrderLineUnitOfMeasure]]=\"un\",Tabla_Consulta_desde_QuickBooks_Data_64_Bit_QRemote[[#This Row],[SalesOrderLineQuantity]],Tabla_Consulta_desde_QuickBooks_Data_64_Bit_QRemote[[#This Row],[SalesOrderLineQuantity]]/MID(Tabla_Consulta_desde_QuickBooks_Data_64_Bit_QRemote[[#This Row],[SalesOrderLineUnitOfMeasure]],2,2)),0)","v":1},{"$f":"IFERROR(IF(Tabla_Consulta_desde_QuickBooks_Data_64_Bit_QRemote[[#This Row],[SalesOrderLineUnitOfMeasure]]=\"un\",Tabla_Consulta_desde_QuickBooks_Data_64_Bit_QRemote[[#This Row],[SalesOrderLineInvoiced]],Tabla_Consulta_desde_QuickBooks_Data_64_Bit_QRemote[[#This Row],[SalesOrderLineInvoiced]]/MID(Tabla_Consulta_desde_QuickBooks_Data_64_Bit_QRemote[[#This Row],[SalesOrderLineUnitOfMeasure]],2,2)),0)","v":0},{"$f":"+Tabla_Consulta_desde_QuickBooks_Data_64_Bit_QRemote[[#This Row],[facturado]]-Tabla_Consulta_desde_QuickBooks_Data_64_Bit_QRemote[[#This Row],[pide]]","v":-1},{"$f":"IF(Tabla_Consulta_desde_QuickBooks_Data_64_Bit_QRemote[[#This Row],[diferecia]]=0,\"ok\",\"diferen\")","v":"diferen"},{"$f":"IFERROR(INDEX(um!A:C,MATCH(Tabla_Consulta_desde_QuickBooks_Data_64_Bit_QRemote[[#This Row],[SalesOrderLineItemRefFullName]],um!A:A,0),3),\"\")","v":"X24"},{"$f":"IFERROR(IF(OR(Tabla_Consulta_desde_QuickBooks_Data_64_Bit_QRemote[[#This Row],[SalesOrderLineUnitOfMeasure]]=\"UN\",Tabla_Consulta_desde_QuickBooks_Data_64_Bit_QRemote[[#This Row],[SalesOrderLineUnitOfMeasure]]=Tabla_Consulta_desde_QuickBooks_Data_64_Bit_QRemote[[#This Row],[U/M]]),\"\",\"ERROR\"),\"\")","v":""},{"$f":"+WEEKNUM(Tabla_Consulta_desde_QuickBooks_Data_64_Bit_QRemote[[#This Row],[TxnDate]])","v":23},{"$f":"+Tabla_Consulta_desde_QuickBooks_Data_64_Bit_QRemote[[#This Row],[SalesOrderLineRate]]*Tabla_Consulta_desde_QuickBooks_Data_64_Bit_QRemote[[#This Row],[SalesOrderLineInvoiced]]","v":0},{"$f":"+IFERROR(IF(Tabla_Consulta_desde_QuickBooks_Data_64_Bit_QRemote[[#This Row],[CustomerRefFullName]]=\"GRUVALCORP SA\",VLOOKUP(Tabla_Consulta_desde_QuickBooks_Data_64_Bit_QRemote[[#This Row],[SalesOrderLineItemRefFullName]],Hoja1!A:E,5,FALSE),\"\")*-Tabla_Consulta_desde_QuickBooks_Data_64_Bit_QRemote[[#This Row],[SalesOrderLineAmount]],\"\")","v":""},{"$f":"IF(COUNTIF(wms!E:E,Tabla_Consulta_desde_QuickBooks_Data_64_Bit_QRemote[[#This Row],[RefNumber]])>0,\"OK\",\"FALTA\")","v":"OK"}]
["2025-06-02","29098","CORPORACION FERNANDEZ CORPFERNANDEZ S.A.","LOCAL MUCHO LOTE",4,"7862112522992","P.T:110300","SALSA BBQ PICANTE OLE 200G","Bodega Producto Terminado",24,"X12",0.72,17.28,"UNIDAD SALSA",0,783.84,901.42,"IVA EN VENTAS 15%",{"$f":"IFERROR(IF(Tabla_Consulta_desde_QuickBooks_Data_64_Bit_QRemote[[#This Row],[SalesOrderLineUnitOfMeasure]]=\"un\",Tabla_Consulta_desde_QuickBooks_Data_64_Bit_QRemote[[#This Row],[SalesOrderLineQuantity]],Tabla_Consulta_desde_QuickBooks_Data_64_Bit_QRemote[[#This Row],[SalesOrderLineQuantity]]/MID(Tabla_Consulta_desde_QuickBooks_Data_64_Bit_QRemote[[#This Row],[SalesOrderLineUnitOfMeasure]],2,2)),0)","v":2},{"$f":"IFERROR(IF(Tabla_Consulta_desde_QuickBooks_Data_64_Bit_QRemote[[#This Row],[SalesOrderLineUnitOfMeasure]]=\"un\",Tabla_Consulta_desde_QuickBooks_Data_64_Bit_QRemote[[#This Row],[SalesOrderLineInvoiced]],Tabla_Consulta_desde_QuickBooks_Data_64_Bit_QRemote[[#This Row],[SalesOrderLineInvoiced]]/MID(Tabla_Consulta_desde_QuickBooks_Data_64_Bit_QRemote[[#This Row],[SalesOrderLineUnitOfMeasure]],2,2)),0)","v":0},{"$f":"+Tabla_Consulta_desde_QuickBooks_Data_64_Bit_QRemote[[#This Row],[facturado]]-Tabla_Consulta_desde_QuickBooks_Data_64_Bit_QRemote[[#This Row],[pide]]","v":-2},{"$f":"IF(Tabla_Consulta_desde_QuickBooks_Data_64_Bit_QRemote[[#This Row],[diferecia]]=0,\"ok\",\"diferen\")","v":"diferen"},{"$f":"IFERROR(INDEX(um!A:C,MATCH(Tabla_Consulta_desde_QuickBooks_Data_64_Bit_QRemote[[#This Row],[SalesOrderLineItemRefFullName]],um!A:A,0),3),\"\")","v":"X12"},{"$f":"IFERROR(IF(OR(Tabla_Consulta_desde_QuickBooks_Data_64_Bit_QRemote[[#This Row],[SalesOrderLineUnitOfMeasure]]=\"UN\",Tabla_Consulta_desde_QuickBooks_Data_64_Bit_QRemote[[#This Row],[SalesOrderLineUnitOfMeasure]]=Tabla_Consulta_desde_QuickBooks_Data_64_Bit_QRemote[[#This Row],[U/M]]),\"\",\"ERROR\"),\"\")","v":""},{"$f":"+WEEKNUM(Tabla_Consulta_desde_QuickBooks_Data_64_Bit_QRemote[[#This Row],[TxnDate]])","v":23},{"$f":"+Tabla_Consulta_desde_QuickBooks_Data_64_Bit_QRemote[[#This Row],[SalesOrderLineRate]]*Tabla_Consulta_desde_QuickBooks_Data_64_Bit_QRemote[[#This Row],[SalesOrderLineInvoiced]]","v":0},{"$f":"+IFERROR(IF(Tabla_Consulta_desde_QuickBooks_Data_64_Bit_QRemote[[#This Row],[CustomerRefFullName]]=\"GRUVALCORP SA\",VLOOKUP(Tabla_Consulta_desde_QuickBooks_Data_64_Bit_QRemote[[#This Row],[SalesOrderLineItemRefFullName]],Hoja1!A:E,5,FALSE),\"\")*-Tabla_Consulta_desde_QuickBooks_Data_64_Bit_QRemote[[#This Row],[SalesOrderLineAmount]],\"\")","v":""},{"$f":"IF(COUNTIF(wms!E:E,Tabla_Consulta_desde_QuickBooks_Data_64_Bit_QRemote[[#This Row],[RefNumber]])>0,\"OK\",\"FALTA\")","v":"OK"}]
["2025-06-02","29098","CORPORACION FERNANDEZ CORPFERNANDEZ S.A.","LOCAL MUCHO LOTE",5,"7862112522497","P.T:110801","SALSA BBQ ORIGINAL OLE DP 200G","Bodega Producto Terminado",72,"X12",0.78,56.16,"UNIDAD SALSA",0,783.84,901.42,"IVA EN VENTAS 15%",{"$f":"IFERROR(IF(Tabla_Consulta_desde_QuickBooks_Data_64_Bit_QRemote[[#This Row],[SalesOrderLineUnitOfMeasure]]=\"un\",Tabla_Consulta_desde_QuickBooks_Data_64_Bit_QRemote[[#This Row],[SalesOrderLineQuantity]],Tabla_Consulta_desde_QuickBooks_Data_64_Bit_QRemote[[#This Row],[SalesOrderLineQuantity]]/MID(Tabla_Consulta_desde_QuickBooks_Data_64_Bit_QRemote[[#This Row],[SalesOrderLineUnitOfMeasure]],2,2)),0)","v":6},{"$f":"IFERROR(IF(Tabla_Consulta_desde_QuickBooks_Data_64_Bit_QRemote[[#This Row],[SalesOrderLineUnitOfMeasure]]=\"un\",Tabla_Consulta_desde_QuickBooks_Data_64_Bit_QRemote[[#This Row],[SalesOrderLineInvoiced]],Tabla_Consulta_desde_QuickBooks_Data_64_Bit_QRemote[[#This Row],[SalesOrderLineInvoiced]]/MID(Tabla_Consulta_desde_QuickBooks_Data_64_Bit_QRemote[[#This Row],[SalesOrderLineUnitOfMeasure]],2,2)),0)","v":0},{"$f":"+Tabla_Consulta_desde_QuickBooks_Data_64_Bit_QRemote[[#This Row],[facturado]]-Tabla_Consulta_desde_QuickBooks_Data_64_Bit_QRemote[[#This Row],[pide]]","v":-6},{"$f":"IF(Tabla_Consulta_desde_QuickBooks_Data_64_Bit_QRemote[[#This Row],[diferecia]]=0,\"ok\",\"diferen\")","v":"diferen"},{"$f":"IFERROR(INDEX(um!A:C,MATCH(Tabla_Consulta_desde_QuickBooks_Data_64_Bit_QRemote[[#This Row],[SalesOrderLineItemRefFullName]],um!A:A,0),3),\"\")","v":"X12"},{"$f":"IFERROR(IF(OR(Tabla_Consulta_desde_QuickBooks_Data_64_Bit_QRemote[[#This Row],[SalesOrderLineUnitOfMeasure]]=\"UN\",Tabla_Consulta_desde_QuickBooks_Data_64_Bit_QRemote[[#This Row],[SalesOrderLineUnitOfMeasure]]=Tabla_Consulta_desde_QuickBooks_Data_64_Bit_QRemote[[#This Row],[U/M]]),\"\",\"ERROR\"),\"\")","v":""},{"$f":"+WEEKNUM(Tabla_Consulta_desde_QuickBooks_Data_64_Bit_QRemote[[#This Row],[TxnDate]])","v":23},{"$f":"+Tabla_Consulta_desde_QuickBooks_Data_64_Bit_QRemote[[#This Row],[SalesOrderLineRate]]*Tabla_Consulta_desde_QuickBooks_Data_64_Bit_QRemote[[#This Row],[SalesOrderLineInvoiced]]","v":0},{"$f":"+IFERROR(IF(Tabla_Consulta_desde_QuickBooks_Data_64_Bit_QRemote[[#This Row],[CustomerRefFullName]]=\"GRUVALCORP SA\",VLOOKUP(Tabla_Consulta_desde_QuickBooks_Data_64_Bit_QRemote[[#This Row],[SalesOrderLineItemRefFullName]],Hoja1!A:E,5,FALSE),\"\")*-Tabla_Consulta_desde_QuickBooks_Data_64_Bit_QRemote[[#This Row],[SalesOrderLineAmount]],\"\")","v":""},{"$f":"IF(COUNTIF(wms!E:E,Tabla_Consulta_desde_QuickBooks_Data_64_Bit_QRemote[[#This Row],[RefNumber]])>0,\"OK\",\"FALTA\")","v":"OK"}]
["2025-06-02","29098","CORPORACION FERNANDEZ CORPFERNANDEZ S.A.","LOCAL MUCHO LOTE",6,"7862112521810","P.T:110303","SALSA BBQ ORIGINAL OLE 430G","Bodega Producto Terminado",12,"X12",1.78,21.36,"UNIDAD SALSA",0,783.84,901.42,"IVA EN VENTAS 15%",{"$f":"IFERROR(IF(Tabla_Consulta_desde_QuickBooks_Data_64_Bit_QRemote[[#This Row],[SalesOrderLineUnitOfMeasure]]=\"un\",Tabla_Consulta_desde_QuickBooks_Data_64_Bit_QRemote[[#This Row],[SalesOrderLineQuantity]],Tabla_Consulta_desde_QuickBooks_Data_64_Bit_QRemote[[#This Row],[SalesOrderLineQuantity]]/MID(Tabla_Consulta_desde_QuickBooks_Data_64_Bit_QRemote[[#This Row],[SalesOrderLineUnitOfMeasure]],2,2)),0)","v":1},{"$f":"IFERROR(IF(Tabla_Consulta_desde_QuickBooks_Data_64_Bit_QRemote[[#This Row],[SalesOrderLineUnitOfMeasure]]=\"un\",Tabla_Consulta_desde_QuickBooks_Data_64_Bit_QRemote[[#This Row],[SalesOrderLineInvoiced]],Tabla_Consulta_desde_QuickBooks_Data_64_Bit_QRemote[[#This Row],[SalesOrderLineInvoiced]]/MID(Tabla_Consulta_desde_QuickBooks_Data_64_Bit_QRemote[[#This Row],[SalesOrderLineUnitOfMeasure]],2,2)),0)","v":0},{"$f":"+Tabla_Consulta_desde_QuickBooks_Data_64_Bit_QRemote[[#This Row],[facturado]]-Tabla_Consulta_desde_QuickBooks_Data_64_Bit_QRemote[[#This Row],[pide]]","v":-1},{"$f":"IF(Tabla_Consulta_desde_QuickBooks_Data_64_Bit_QRemote[[#This Row],[diferecia]]=0,\"ok\",\"diferen\")","v":"diferen"},{"$f":"IFERROR(INDEX(um!A:C,MATCH(Tabla_Consulta_desde_QuickBooks_Data_64_Bit_QRemote[[#This Row],[SalesOrderLineItemRefFullName]],um!A:A,0),3),\"\")","v":"X12"},{"$f":"IFERROR(IF(OR(Tabla_Consulta_desde_QuickBooks_Data_64_Bit_QRemote[[#This Row],[SalesOrderLineUnitOfMeasure]]=\"UN\",Tabla_Consulta_desde_QuickBooks_Data_64_Bit_QRemote[[#This Row],[SalesOrderLineUnitOfMeasure]]=Tabla_Consulta_desde_QuickBooks_Data_64_Bit_QRemote[[#This Row],[U/M]]),\"\",\"ERROR\"),\"\")","v":""},{"$f":"+WEEKNUM(Tabla_Consulta_desde_QuickBooks_Data_64_Bit_QRemote[[#This Row],[TxnDate]])","v":23},{"$f":"+Tabla_Consulta_desde_QuickBooks_Data_64_Bit_QRemote[[#This Row],[SalesOrderLineRate]]*Tabla_Consulta_desde_QuickBooks_Data_64_Bit_QRemote[[#This Row],[SalesOrderLineInvoiced]]","v":0},{"$f":"+IFERROR(IF(Tabla_Consulta_desde_QuickBooks_Data_64_Bit_QRemote[[#This Row],[CustomerRefFullName]]=\"GRUVALCORP SA\",VLOOKUP(Tabla_Consulta_desde_QuickBooks_Data_64_Bit_QRemote[[#This Row],[SalesOrderLineItemRefFullName]],Hoja1!A:E,5,FALSE),\"\")*-Tabla_Consulta_desde_QuickBooks_Data_64_Bit_QRemote[[#This Row],[SalesOrderLineAmount]],\"\")","v":""},{"$f":"IF(COUNTIF(wms!E:E,Tabla_Consulta_desde_QuickBooks_Data_64_Bit_QRemote[[#This Row],[RefNumber]])>0,\"OK\",\"FALTA\")","v":"OK"}]
["2025-06-02","29098","CORPORACION FERNANDEZ CORPFERNANDEZ S.A.","LOCAL MUCHO LOTE",7,"7862112523227","P.T:110313","SALSA BBQ WHISKY Y MIEL OLE 430G","Bodega Producto Terminado",12,"X12",2.35,28.2,"UNIDAD SALSA",0,783.84,901.42,"IVA EN VENTAS 15%",{"$f":"IFERROR(IF(Tabla_Consulta_desde_QuickBooks_Data_64_Bit_QRemote[[#This Row],[SalesOrderLineUnitOfMeasure]]=\"un\",Tabla_Consulta_desde_QuickBooks_Data_64_Bit_QRemote[[#This Row],[SalesOrderLineQuantity]],Tabla_Consulta_desde_QuickBooks_Data_64_Bit_QRemote[[#This Row],[SalesOrderLineQuantity]]/MID(Tabla_Consulta_desde_QuickBooks_Data_64_Bit_QRemote[[#This Row],[SalesOrderLineUnitOfMeasure]],2,2)),0)","v":1},{"$f":"IFERROR(IF(Tabla_Consulta_desde_QuickBooks_Data_64_Bit_QRemote[[#This Row],[SalesOrderLineUnitOfMeasure]]=\"un\",Tabla_Consulta_desde_QuickBooks_Data_64_Bit_QRemote[[#This Row],[SalesOrderLineInvoiced]],Tabla_Consulta_desde_QuickBooks_Data_64_Bit_QRemote[[#This Row],[SalesOrderLineInvoiced]]/MID(Tabla_Consulta_desde_QuickBooks_Data_64_Bit_QRemote[[#This Row],[SalesOrderLineUnitOfMeasure]],2,2)),0)","v":0},{"$f":"+Tabla_Consulta_desde_QuickBooks_Data_64_Bit_QRemote[[#This Row],[facturado]]-Tabla_Consulta_desde_QuickBooks_Data_64_Bit_QRemote[[#This Row],[pide]]","v":-1},{"$f":"IF(Tabla_Consulta_desde_QuickBooks_Data_64_Bit_QRemote[[#This Row],[diferecia]]=0,\"ok\",\"diferen\")","v":"diferen"},{"$f":"IFERROR(INDEX(um!A:C,MATCH(Tabla_Consulta_desde_QuickBooks_Data_64_Bit_QRemote[[#This Row],[SalesOrderLineItemRefFullName]],um!A:A,0),3),\"\")","v":"X12"},{"$f":"IFERROR(IF(OR(Tabla_Consulta_desde_QuickBooks_Data_64_Bit_QRemote[[#This Row],[SalesOrderLineUnitOfMeasure]]=\"UN\",Tabla_Consulta_desde_QuickBooks_Data_64_Bit_QRemote[[#This Row],[SalesOrderLineUnitOfMeasure]]=Tabla_Consulta_desde_QuickBooks_Data_64_Bit_QRemote[[#This Row],[U/M]]),\"\",\"ERROR\"),\"\")","v":""},{"$f":"+WEEKNUM(Tabla_Consulta_desde_QuickBooks_Data_64_Bit_QRemote[[#This Row],[TxnDate]])","v":23},{"$f":"+Tabla_Consulta_desde_QuickBooks_Data_64_Bit_QRemote[[#This Row],[SalesOrderLineRate]]*Tabla_Consulta_desde_QuickBooks_Data_64_Bit_QRemote[[#This Row],[SalesOrderLineInvoiced]]","v":0},{"$f":"+IFERROR(IF(Tabla_Consulta_desde_QuickBooks_Data_64_Bit_QRemote[[#This Row],[CustomerRefFullName]]=\"GRUVALCORP SA\",VLOOKUP(Tabla_Consulta_desde_QuickBooks_Data_64_Bit_QRemote[[#This Row],[SalesOrderLineItemRefFullName]],Hoja1!A:E,5,FALSE),\"\")*-Tabla_Consulta_desde_QuickBooks_Data_64_Bit_QRemote[[#This Row],[SalesOrderLineAmount]],\"\")","v":""},{"$f":"IF(COUNTIF(wms!E:E,Tabla_Consulta_desde_QuickBooks_Data_64_Bit_QRemote[[#This Row],[RefNumber]])>0,\"OK\",\"FALTA\")","v":"OK"}]
["2025-06-02","29098","CORPORACION FERNANDEZ CORPFERNANDEZ S.A.","LOCAL MUCHO LOTE",8,"7862112523104","P.T:110804","SALSA CHAMOY OLE 275G","Bodega Producto Terminado",12,"X12",1.85,22.2,"UNIDAD SALSA",0,783.84,901.42,"IVA EN VENTAS 15%",{"$f":"IFERROR(IF(Tabla_Consulta_desde_QuickBooks_Data_64_Bit_QRemote[[#This Row],[SalesOrderLineUnitOfMeasure]]=\"un\",Tabla_Consulta_desde_QuickBooks_Data_64_Bit_QRemote[[#This Row],[SalesOrderLineQuantity]],Tabla_Consulta_desde_QuickBooks_Data_64_Bit_QRemote[[#This Row],[SalesOrderLineQuantity]]/MID(Tabla_Consulta_desde_QuickBooks_Data_64_Bit_QRemote[[#This Row],[SalesOrderLineUnitOfMeasure]],2,2)),0)","v":1},{"$f":"IFERROR(IF(Tabla_Consulta_desde_QuickBooks_Data_64_Bit_QRemote[[#This Row],[SalesOrderLineUnitOfMeasure]]=\"un\",Tabla_Consulta_desde_QuickBooks_Data_64_Bit_QRemote[[#This Row],[SalesOrderLineInvoiced]],Tabla_Consulta_desde_QuickBooks_Data_64_Bit_QRemote[[#This Row],[SalesOrderLineInvoiced]]/MID(Tabla_Consulta_desde_QuickBooks_Data_64_Bit_QRemote[[#This Row],[SalesOrderLineUnitOfMeasure]],2,2)),0)","v":0},{"$f":"+Tabla_Consulta_desde_QuickBooks_Data_64_Bit_QRemote[[#This Row],[facturado]]-Tabla_Consulta_desde_QuickBooks_Data_64_Bit_QRemote[[#This Row],[pide]]","v":-1},{"$f":"IF(Tabla_Consulta_desde_QuickBooks_Data_64_Bit_QRemote[[#This Row],[diferecia]]=0,\"ok\",\"diferen\")","v":"diferen"},{"$f":"IFERROR(INDEX(um!A:C,MATCH(Tabla_Consulta_desde_QuickBooks_Data_64_Bit_QRemote[[#This Row],[SalesOrderLineItemRefFullName]],um!A:A,0),3),\"\")","v":"X12"},{"$f":"IFERROR(IF(OR(Tabla_Consulta_desde_QuickBooks_Data_64_Bit_QRemote[[#This Row],[SalesOrderLineUnitOfMeasure]]=\"UN\",Tabla_Consulta_desde_QuickBooks_Data_64_Bit_QRemote[[#This Row],[SalesOrderLineUnitOfMeasure]]=Tabla_Consulta_desde_QuickBooks_Data_64_Bit_QRemote[[#This Row],[U/M]]),\"\",\"ERROR\"),\"\")","v":""},{"$f":"+WEEKNUM(Tabla_Consulta_desde_QuickBooks_Data_64_Bit_QRemote[[#This Row],[TxnDate]])","v":23},{"$f":"+Tabla_Consulta_desde_QuickBooks_Data_64_Bit_QRemote[[#This Row],[SalesOrderLineRate]]*Tabla_Consulta_desde_QuickBooks_Data_64_Bit_QRemote[[#This Row],[SalesOrderLineInvoiced]]","v":0},{"$f":"+IFERROR(IF(Tabla_Consulta_desde_QuickBooks_Data_64_Bit_QRemote[[#This Row],[CustomerRefFullName]]=\"GRUVALCORP SA\",VLOOKUP(Tabla_Consulta_desde_QuickBooks_Data_64_Bit_QRemote[[#This Row],[SalesOrderLineItemRefFullName]],Hoja1!A:E,5,FALSE),\"\")*-Tabla_Consulta_desde_QuickBooks_Data_64_Bit_QRemote[[#This Row],[SalesOrderLineAmount]],\"\")","v":""},{"$f":"IF(COUNTIF(wms!E:E,Tabla_Consulta_desde_QuickBooks_Data_64_Bit_QRemote[[#This Row],[RefNumber]])>0,\"OK\",\"FALTA\")","v":"OK"}]
["2025-06-02","29098","CORPORACION FERNANDEZ CORPFERNANDEZ S.A.","LOCAL MUCHO LOTE",9,"7862112522794","P.T:311605","SALSA CHICKEN DIPPIN OLE 200G","Bodega Producto Terminado",12,"UN",1.31,15.72,"UNIDAD SALSA",0,783.84,901.42,"IVA EN VENTAS 15%",{"$f":"IFERROR(IF(Tabla_Consulta_desde_QuickBooks_Data_64_Bit_QRemote[[#This Row],[SalesOrderLineUnitOfMeasure]]=\"un\",Tabla_Consulta_desde_QuickBooks_Data_64_Bit_QRemote[[#This Row],[SalesOrderLineQuantity]],Tabla_Consulta_desde_QuickBooks_Data_64_Bit_QRemote[[#This Row],[SalesOrderLineQuantity]]/MID(Tabla_Consulta_desde_QuickBooks_Data_64_Bit_QRemote[[#This Row],[SalesOrderLineUnitOfMeasure]],2,2)),0)","v":12},{"$f":"IFERROR(IF(Tabla_Consulta_desde_QuickBooks_Data_64_Bit_QRemote[[#This Row],[SalesOrderLineUnitOfMeasure]]=\"un\",Tabla_Consulta_desde_QuickBooks_Data_64_Bit_QRemote[[#This Row],[SalesOrderLineInvoiced]],Tabla_Consulta_desde_QuickBooks_Data_64_Bit_QRemote[[#This Row],[SalesOrderLineInvoiced]]/MID(Tabla_Consulta_desde_QuickBooks_Data_64_Bit_QRemote[[#This Row],[SalesOrderLineUnitOfMeasure]],2,2)),0)","v":0},{"$f":"+Tabla_Consulta_desde_QuickBooks_Data_64_Bit_QRemote[[#This Row],[facturado]]-Tabla_Consulta_desde_QuickBooks_Data_64_Bit_QRemote[[#This Row],[pide]]","v":-12},{"$f":"IF(Tabla_Consulta_desde_QuickBooks_Data_64_Bit_QRemote[[#This Row],[diferecia]]=0,\"ok\",\"diferen\")","v":"diferen"},{"$f":"IFERROR(INDEX(um!A:C,MATCH(Tabla_Consulta_desde_QuickBooks_Data_64_Bit_QRemote[[#This Row],[SalesOrderLineItemRefFullName]],um!A:A,0),3),\"\")","v":"X24"},{"$f":"IFERROR(IF(OR(Tabla_Consulta_desde_QuickBooks_Data_64_Bit_QRemote[[#This Row],[SalesOrderLineUnitOfMeasure]]=\"UN\",Tabla_Consulta_desde_QuickBooks_Data_64_Bit_QRemote[[#This Row],[SalesOrderLineUnitOfMeasure]]=Tabla_Consulta_desde_QuickBooks_Data_64_Bit_QRemote[[#This Row],[U/M]]),\"\",\"ERROR\"),\"\")","v":""},{"$f":"+WEEKNUM(Tabla_Consulta_desde_QuickBooks_Data_64_Bit_QRemote[[#This Row],[TxnDate]])","v":23},{"$f":"+Tabla_Consulta_desde_QuickBooks_Data_64_Bit_QRemote[[#This Row],[SalesOrderLineRate]]*Tabla_Consulta_desde_QuickBooks_Data_64_Bit_QRemote[[#This Row],[SalesOrderLineInvoiced]]","v":0},{"$f":"+IFERROR(IF(Tabla_Consulta_desde_QuickBooks_Data_64_Bit_QRemote[[#This Row],[CustomerRefFullName]]=\"GRUVALCORP SA\",VLOOKUP(Tabla_Consulta_desde_QuickBooks_Data_64_Bit_QRemote[[#This Row],[SalesOrderLineItemRefFullName]],Hoja1!A:E,5,FALSE),\"\")*-Tabla_Consulta_desde_QuickBooks_Data_64_Bit_QRemote[[#This Row],[SalesOrderLineAmount]],\"\")","v":""},{"$f":"IF(COUNTIF(wms!E:E,Tabla_Consulta_desde_QuickBooks_Data_64_Bit_QRemote[[#This Row],[RefNumber]])>0,\"OK\",\"FALTA\")","v":"OK"}]
["2025-06-02","29098","CORPORACION FERNANDEZ CORPFERNANDEZ S.A.","LOCAL MUCHO LOTE",10,"705424000116","P.T:110207","AJÍ CON MARACUYA OLE 185G","Bodega Producto Terminado",24,"X24",1.57,37.68,"UNIDAD SALSA",0,783.84,901.42,"IVA EN VENTAS 15%",{"$f":"IFERROR(IF(Tabla_Consulta_desde_QuickBooks_Data_64_Bit_QRemote[[#This Row],[SalesOrderLineUnitOfMeasure]]=\"un\",Tabla_Consulta_desde_QuickBooks_Data_64_Bit_QRemote[[#This Row],[SalesOrderLineQuantity]],Tabla_Consulta_desde_QuickBooks_Data_64_Bit_QRemote[[#This Row],[SalesOrderLineQuantity]]/MID(Tabla_Consulta_desde_QuickBooks_Data_64_Bit_QRemote[[#This Row],[SalesOrderLineUnitOfMeasure]],2,2)),0)","v":1},{"$f":"IFERROR(IF(Tabla_Consulta_desde_QuickBooks_Data_64_Bit_QRemote[[#This Row],[SalesOrderLineUnitOfMeasure]]=\"un\",Tabla_Consulta_desde_QuickBooks_Data_64_Bit_QRemote[[#This Row],[SalesOrderLineInvoiced]],Tabla_Consulta_desde_QuickBooks_Data_64_Bit_QRemote[[#This Row],[SalesOrderLineInvoiced]]/MID(Tabla_Consulta_desde_QuickBooks_Data_64_Bit_QRemote[[#This Row],[SalesOrderLineUnitOfMeasure]],2,2)),0)","v":0},{"$f":"+Tabla_Consulta_desde_QuickBooks_Data_64_Bit_QRemote[[#This Row],[facturado]]-Tabla_Consulta_desde_QuickBooks_Data_64_Bit_QRemote[[#This Row],[pide]]","v":-1},{"$f":"IF(Tabla_Consulta_desde_QuickBooks_Data_64_Bit_QRemote[[#This Row],[diferecia]]=0,\"ok\",\"diferen\")","v":"diferen"},{"$f":"IFERROR(INDEX(um!A:C,MATCH(Tabla_Consulta_desde_QuickBooks_Data_64_Bit_QRemote[[#This Row],[SalesOrderLineItemRefFullName]],um!A:A,0),3),\"\")","v":"X24"},{"$f":"IFERROR(IF(OR(Tabla_Consulta_desde_QuickBooks_Data_64_Bit_QRemote[[#This Row],[SalesOrderLineUnitOfMeasure]]=\"UN\",Tabla_Consulta_desde_QuickBooks_Data_64_Bit_QRemote[[#This Row],[SalesOrderLineUnitOfMeasure]]=Tabla_Consulta_desde_QuickBooks_Data_64_Bit_QRemote[[#This Row],[U/M]]),\"\",\"ERROR\"),\"\")","v":""},{"$f":"+WEEKNUM(Tabla_Consulta_desde_QuickBooks_Data_64_Bit_QRemote[[#This Row],[TxnDate]])","v":23},{"$f":"+Tabla_Consulta_desde_QuickBooks_Data_64_Bit_QRemote[[#This Row],[SalesOrderLineRate]]*Tabla_Consulta_desde_QuickBooks_Data_64_Bit_QRemote[[#This Row],[SalesOrderLineInvoiced]]","v":0},{"$f":"+IFERROR(IF(Tabla_Consulta_desde_QuickBooks_Data_64_Bit_QRemote[[#This Row],[CustomerRefFullName]]=\"GRUVALCORP SA\",VLOOKUP(Tabla_Consulta_desde_QuickBooks_Data_64_Bit_QRemote[[#This Row],[SalesOrderLineItemRefFullName]],Hoja1!A:E,5,FALSE),\"\")*-Tabla_Consulta_desde_QuickBooks_Data_64_Bit_QRemote[[#This Row],[SalesOrderLineAmount]],\"\")","v":""},{"$f":"IF(COUNTIF(wms!E:E,Tabla_Consulta_desde_QuickBooks_Data_64_Bit_QRemote[[#This Row],[RefNumber]])>0,\"OK\",\"FALTA\")","v":"OK"}]
["2025-06-02","29098","CORPORACION FERNANDEZ CORPFERNANDEZ S.A.","LOCAL MUCHO LOTE",11,"705424000147","P.T:110209","AJÍ CON TOMATE DE ÁRBOL OLE 180G","Bodega Producto Terminado",24,"X24",1.57,37.68,"UNIDAD SALSA",0,783.84,901.42,"IVA EN VENTAS 15%",{"$f":"IFERROR(IF(Tabla_Consulta_desde_QuickBooks_Data_64_Bit_QRemote[[#This Row],[SalesOrderLineUnitOfMeasure]]=\"un\",Tabla_Consulta_desde_QuickBooks_Data_64_Bit_QRemote[[#This Row],[SalesOrderLineQuantity]],Tabla_Consulta_desde_QuickBooks_Data_64_Bit_QRemote[[#This Row],[SalesOrderLineQuantity]]/MID(Tabla_Consulta_desde_QuickBooks_Data_64_Bit_QRemote[[#This Row],[SalesOrderLineUnitOfMeasure]],2,2)),0)","v":1},{"$f":"IFERROR(IF(Tabla_Consulta_desde_QuickBooks_Data_64_Bit_QRemote[[#This Row],[SalesOrderLineUnitOfMeasure]]=\"un\",Tabla_Consulta_desde_QuickBooks_Data_64_Bit_QRemote[[#This Row],[SalesOrderLineInvoiced]],Tabla_Consulta_desde_QuickBooks_Data_64_Bit_QRemote[[#This Row],[SalesOrderLineInvoiced]]/MID(Tabla_Consulta_desde_QuickBooks_Data_64_Bit_QRemote[[#This Row],[SalesOrderLineUnitOfMeasure]],2,2)),0)","v":0},{"$f":"+Tabla_Consulta_desde_QuickBooks_Data_64_Bit_QRemote[[#This Row],[facturado]]-Tabla_Consulta_desde_QuickBooks_Data_64_Bit_QRemote[[#This Row],[pide]]","v":-1},{"$f":"IF(Tabla_Consulta_desde_QuickBooks_Data_64_Bit_QRemote[[#This Row],[diferecia]]=0,\"ok\",\"diferen\")","v":"diferen"},{"$f":"IFERROR(INDEX(um!A:C,MATCH(Tabla_Consulta_desde_QuickBooks_Data_64_Bit_QRemote[[#This Row],[SalesOrderLineItemRefFullName]],um!A:A,0),3),\"\")","v":"X24"},{"$f":"IFERROR(IF(OR(Tabla_Consulta_desde_QuickBooks_Data_64_Bit_QRemote[[#This Row],[SalesOrderLineUnitOfMeasure]]=\"UN\",Tabla_Consulta_desde_QuickBooks_Data_64_Bit_QRemote[[#This Row],[SalesOrderLineUnitOfMeasure]]=Tabla_Consulta_desde_QuickBooks_Data_64_Bit_QRemote[[#This Row],[U/M]]),\"\",\"ERROR\"),\"\")","v":""},{"$f":"+WEEKNUM(Tabla_Consulta_desde_QuickBooks_Data_64_Bit_QRemote[[#This Row],[TxnDate]])","v":23},{"$f":"+Tabla_Consulta_desde_QuickBooks_Data_64_Bit_QRemote[[#This Row],[SalesOrderLineRate]]*Tabla_Consulta_desde_QuickBooks_Data_64_Bit_QRemote[[#This Row],[SalesOrderLineInvoiced]]","v":0},{"$f":"+IFERROR(IF(Tabla_Consulta_desde_QuickBooks_Data_64_Bit_QRemote[[#This Row],[CustomerRefFullName]]=\"GRUVALCORP SA\",VLOOKUP(Tabla_Consulta_desde_QuickBooks_Data_64_Bit_QRemote[[#This Row],[SalesOrderLineItemRefFullName]],Hoja1!A:E,5,FALSE),\"\")*-Tabla_Consulta_desde_QuickBooks_Data_64_Bit_QRemote[[#This Row],[SalesOrderLineAmount]],\"\")","v":""},{"$f":"IF(COUNTIF(wms!E:E,Tabla_Consulta_desde_QuickBooks_Data_64_Bit_QRemote[[#This Row],[RefNumber]])>0,\"OK\",\"FALTA\")","v":"OK"}]
["2025-06-02","29098","CORPORACION FERNANDEZ CORPFERNANDEZ S.A.","LOCAL MUCHO LOTE",12,"7862112522442","PT:220133","TOTOPOS QUESO RANCHERO OLE 120G","Bodega Producto Terminado",12,"X12",0.95,11.4,"UNIDAD SNCKS",0,783.84,901.42,"IVA EN VENTAS 15%",{"$f":"IFERROR(IF(Tabla_Consulta_desde_QuickBooks_Data_64_Bit_QRemote[[#This Row],[SalesOrderLineUnitOfMeasure]]=\"un\",Tabla_Consulta_desde_QuickBooks_Data_64_Bit_QRemote[[#This Row],[SalesOrderLineQuantity]],Tabla_Consulta_desde_QuickBooks_Data_64_Bit_QRemote[[#This Row],[SalesOrderLineQuantity]]/MID(Tabla_Consulta_desde_QuickBooks_Data_64_Bit_QRemote[[#This Row],[SalesOrderLineUnitOfMeasure]],2,2)),0)","v":1},{"$f":"IFERROR(IF(Tabla_Consulta_desde_QuickBooks_Data_64_Bit_QRemote[[#This Row],[SalesOrderLineUnitOfMeasure]]=\"un\",Tabla_Consulta_desde_QuickBooks_Data_64_Bit_QRemote[[#This Row],[SalesOrderLineInvoiced]],Tabla_Consulta_desde_QuickBooks_Data_64_Bit_QRemote[[#This Row],[SalesOrderLineInvoiced]]/MID(Tabla_Consulta_desde_QuickBooks_Data_64_Bit_QRemote[[#This Row],[SalesOrderLineUnitOfMeasure]],2,2)),0)","v":0},{"$f":"+Tabla_Consulta_desde_QuickBooks_Data_64_Bit_QRemote[[#This Row],[facturado]]-Tabla_Consulta_desde_QuickBooks_Data_64_Bit_QRemote[[#This Row],[pide]]","v":-1},{"$f":"IF(Tabla_Consulta_desde_QuickBooks_Data_64_Bit_QRemote[[#This Row],[diferecia]]=0,\"ok\",\"diferen\")","v":"diferen"},{"$f":"IFERROR(INDEX(um!A:C,MATCH(Tabla_Consulta_desde_QuickBooks_Data_64_Bit_QRemote[[#This Row],[SalesOrderLineItemRefFullName]],um!A:A,0),3),\"\")","v":"X12"},{"$f":"IFERROR(IF(OR(Tabla_Consulta_desde_QuickBooks_Data_64_Bit_QRemote[[#This Row],[SalesOrderLineUnitOfMeasure]]=\"UN\",Tabla_Consulta_desde_QuickBooks_Data_64_Bit_QRemote[[#This Row],[SalesOrderLineUnitOfMeasure]]=Tabla_Consulta_desde_QuickBooks_Data_64_Bit_QRemote[[#This Row],[U/M]]),\"\",\"ERROR\"),\"\")","v":""},{"$f":"+WEEKNUM(Tabla_Consulta_desde_QuickBooks_Data_64_Bit_QRemote[[#This Row],[TxnDate]])","v":23},{"$f":"+Tabla_Consulta_desde_QuickBooks_Data_64_Bit_QRemote[[#This Row],[SalesOrderLineRate]]*Tabla_Consulta_desde_QuickBooks_Data_64_Bit_QRemote[[#This Row],[SalesOrderLineInvoiced]]","v":0},{"$f":"+IFERROR(IF(Tabla_Consulta_desde_QuickBooks_Data_64_Bit_QRemote[[#This Row],[CustomerRefFullName]]=\"GRUVALCORP SA\",VLOOKUP(Tabla_Consulta_desde_QuickBooks_Data_64_Bit_QRemote[[#This Row],[SalesOrderLineItemRefFullName]],Hoja1!A:E,5,FALSE),\"\")*-Tabla_Consulta_desde_QuickBooks_Data_64_Bit_QRemote[[#This Row],[SalesOrderLineAmount]],\"\")","v":""},{"$f":"IF(COUNTIF(wms!E:E,Tabla_Consulta_desde_QuickBooks_Data_64_Bit_QRemote[[#This Row],[RefNumber]])>0,\"OK\",\"FALTA\")","v":"OK"}]
["2025-06-02","29098","CORPORACION FERNANDEZ CORPFERNANDEZ S.A.","LOCAL MUCHO LOTE",13,null,"INFOADICIONAL","LOCAL MUCHO LOTE",null,null,null,0,0,null,0,783.84,901.42,"IVA EN VENTAS 15%",{"$f":"IFERROR(IF(Tabla_Consulta_desde_QuickBooks_Data_64_Bit_QRemote[[#This Row],[SalesOrderLineUnitOfMeasure]]=\"un\",Tabla_Consulta_desde_QuickBooks_Data_64_Bit_QRemote[[#This Row],[SalesOrderLineQuantity]],Tabla_Consulta_desde_QuickBooks_Data_64_Bit_QRemote[[#This Row],[SalesOrderLineQuantity]]/MID(Tabla_Consulta_desde_QuickBooks_Data_64_Bit_QRemote[[#This Row],[SalesOrderLineUnitOfMeasure]],2,2)),0)","v":0},{"$f":"IFERROR(IF(Tabla_Consulta_desde_QuickBooks_Data_64_Bit_QRemote[[#This Row],[SalesOrderLineUnitOfMeasure]]=\"un\",Tabla_Consulta_desde_QuickBooks_Data_64_Bit_QRemote[[#This Row],[SalesOrderLineInvoiced]],Tabla_Consulta_desde_QuickBooks_Data_64_Bit_QRemote[[#This Row],[SalesOrderLineInvoiced]]/MID(Tabla_Consulta_desde_QuickBooks_Data_64_Bit_QRemote[[#This Row],[SalesOrderLineUnitOfMeasure]],2,2)),0)","v":0},{"$f":"+Tabla_Consulta_desde_QuickBooks_Data_64_Bit_QRemote[[#This Row],[facturado]]-Tabla_Consulta_desde_QuickBooks_Data_64_Bit_QRemote[[#This Row],[pide]]","v":0},{"$f":"IF(Tabla_Consulta_desde_QuickBooks_Data_64_Bit_QRemote[[#This Row],[diferecia]]=0,\"ok\",\"diferen\")","v":"ok"},{"$f":"IFERROR(INDEX(um!A:C,MATCH(Tabla_Consulta_desde_QuickBooks_Data_64_Bit_QRemote[[#This Row],[SalesOrderLineItemRefFullName]],um!A:A,0),3),\"\")","v":""},{"$f":"IFERROR(IF(OR(Tabla_Consulta_desde_QuickBooks_Data_64_Bit_QRemote[[#This Row],[SalesOrderLineUnitOfMeasure]]=\"UN\",Tabla_Consulta_desde_QuickBooks_Data_64_Bit_QRemote[[#This Row],[SalesOrderLineUnitOfMeasure]]=Tabla_Consulta_desde_QuickBooks_Data_64_Bit_QRemote[[#This Row],[U/M]]),\"\",\"ERROR\"),\"\")","v":""},{"$f":"+WEEKNUM(Tabla_Consulta_desde_QuickBooks_Data_64_Bit_QRemote[[#This Row],[TxnDate]])","v":23},{"$f":"+Tabla_Consulta_desde_QuickBooks_Data_64_Bit_QRemote[[#This Row],[SalesOrderLineRate]]*Tabla_Consulta_desde_QuickBooks_Data_64_Bit_QRemote[[#This Row],[SalesOrderLineInvoiced]]","v":0},{"$f":"+IFERROR(IF(Tabla_Consulta_desde_QuickBooks_Data_64_Bit_QRemote[[#This Row],[CustomerRefFullName]]=\"GRUVALCORP SA\",VLOOKUP(Tabla_Consulta_desde_QuickBooks_Data_64_Bit_QRemote[[#This Row],[SalesOrderLineItemRefFullName]],Hoja1!A:E,5,FALSE),\"\")*-Tabla_Consulta_desde_QuickBooks_Data_64_Bit_QRemote[[#This Row],[SalesOrderLineAmount]],\"\")","v":""},{"$f":"IF(COUNTIF(wms!E:E,Tabla_Consulta_desde_QuickBooks_Data_64_Bit_QRemote[[#This Row],[RefNumber]])>0,\"OK\",\"FALTA\")","v":"OK"}]
["2025-06-02","29099","CORPORACION FERNANDEZ CORPFERNANDEZ S.A.","LOCAL OASIS",1,"7862112521421","P.T:310106","ACEITUNAS VERDES RELLENAS CON PIMIENTO OLE 240G","Bodega Producto Terminado",12,"X12",2.52,30.24,"UNIDAD SALSA",0,500.64,575.74,"IVA EN VENTAS 15%",{"$f":"IFERROR(IF(Tabla_Consulta_desde_QuickBooks_Data_64_Bit_QRemote[[#This Row],[SalesOrderLineUnitOfMeasure]]=\"un\",Tabla_Consulta_desde_QuickBooks_Data_64_Bit_QRemote[[#This Row],[SalesOrderLineQuantity]],Tabla_Consulta_desde_QuickBooks_Data_64_Bit_QRemote[[#This Row],[SalesOrderLineQuantity]]/MID(Tabla_Consulta_desde_QuickBooks_Data_64_Bit_QRemote[[#This Row],[SalesOrderLineUnitOfMeasure]],2,2)),0)","v":1},{"$f":"IFERROR(IF(Tabla_Consulta_desde_QuickBooks_Data_64_Bit_QRemote[[#This Row],[SalesOrderLineUnitOfMeasure]]=\"un\",Tabla_Consulta_desde_QuickBooks_Data_64_Bit_QRemote[[#This Row],[SalesOrderLineInvoiced]],Tabla_Consulta_desde_QuickBooks_Data_64_Bit_QRemote[[#This Row],[SalesOrderLineInvoiced]]/MID(Tabla_Consulta_desde_QuickBooks_Data_64_Bit_QRemote[[#This Row],[SalesOrderLineUnitOfMeasure]],2,2)),0)","v":0},{"$f":"+Tabla_Consulta_desde_QuickBooks_Data_64_Bit_QRemote[[#This Row],[facturado]]-Tabla_Consulta_desde_QuickBooks_Data_64_Bit_QRemote[[#This Row],[pide]]","v":-1},{"$f":"IF(Tabla_Consulta_desde_QuickBooks_Data_64_Bit_QRemote[[#This Row],[diferecia]]=0,\"ok\",\"diferen\")","v":"diferen"},{"$f":"IFERROR(INDEX(um!A:C,MATCH(Tabla_Consulta_desde_QuickBooks_Data_64_Bit_QRemote[[#This Row],[SalesOrderLineItemRefFullName]],um!A:A,0),3),\"\")","v":"X12"},{"$f":"IFERROR(IF(OR(Tabla_Consulta_desde_QuickBooks_Data_64_Bit_QRemote[[#This Row],[SalesOrderLineUnitOfMeasure]]=\"UN\",Tabla_Consulta_desde_QuickBooks_Data_64_Bit_QRemote[[#This Row],[SalesOrderLineUnitOfMeasure]]=Tabla_Consulta_desde_QuickBooks_Data_64_Bit_QRemote[[#This Row],[U/M]]),\"\",\"ERROR\"),\"\")","v":""},{"$f":"+WEEKNUM(Tabla_Consulta_desde_QuickBooks_Data_64_Bit_QRemote[[#This Row],[TxnDate]])","v":23},{"$f":"+Tabla_Consulta_desde_QuickBooks_Data_64_Bit_QRemote[[#This Row],[SalesOrderLineRate]]*Tabla_Consulta_desde_QuickBooks_Data_64_Bit_QRemote[[#This Row],[SalesOrderLineInvoiced]]","v":0},{"$f":"+IFERROR(IF(Tabla_Consulta_desde_QuickBooks_Data_64_Bit_QRemote[[#This Row],[CustomerRefFullName]]=\"GRUVALCORP SA\",VLOOKUP(Tabla_Consulta_desde_QuickBooks_Data_64_Bit_QRemote[[#This Row],[SalesOrderLineItemRefFullName]],Hoja1!A:E,5,FALSE),\"\")*-Tabla_Consulta_desde_QuickBooks_Data_64_Bit_QRemote[[#This Row],[SalesOrderLineAmount]],\"\")","v":""},{"$f":"IF(COUNTIF(wms!E:E,Tabla_Consulta_desde_QuickBooks_Data_64_Bit_QRemote[[#This Row],[RefNumber]])>0,\"OK\",\"FALTA\")","v":"OK"}]
["2025-06-02","29099","CORPORACION FERNANDEZ CORPFERNANDEZ S.A.","LOCAL OASIS",2,"7862112520301","P.T:110700","CHIMICHURRI OLE 230G","Bodega Producto Terminado",72,"X12",2.35,169.2,"UNIDAD SALSA",0,500.64,575.74,"IVA EN VENTAS 15%",{"$f":"IFERROR(IF(Tabla_Consulta_desde_QuickBooks_Data_64_Bit_QRemote[[#This Row],[SalesOrderLineUnitOfMeasure]]=\"un\",Tabla_Consulta_desde_QuickBooks_Data_64_Bit_QRemote[[#This Row],[SalesOrderLineQuantity]],Tabla_Consulta_desde_QuickBooks_Data_64_Bit_QRemote[[#This Row],[SalesOrderLineQuantity]]/MID(Tabla_Consulta_desde_QuickBooks_Data_64_Bit_QRemote[[#This Row],[SalesOrderLineUnitOfMeasure]],2,2)),0)","v":6},{"$f":"IFERROR(IF(Tabla_Consulta_desde_QuickBooks_Data_64_Bit_QRemote[[#This Row],[SalesOrderLineUnitOfMeasure]]=\"un\",Tabla_Consulta_desde_QuickBooks_Data_64_Bit_QRemote[[#This Row],[SalesOrderLineInvoiced]],Tabla_Consulta_desde_QuickBooks_Data_64_Bit_QRemote[[#This Row],[SalesOrderLineInvoiced]]/MID(Tabla_Consulta_desde_QuickBooks_Data_64_Bit_QRemote[[#This Row],[SalesOrderLineUnitOfMeasure]],2,2)),0)","v":0},{"$f":"+Tabla_Consulta_desde_QuickBooks_Data_64_Bit_QRemote[[#This Row],[facturado]]-Tabla_Consulta_desde_QuickBooks_Data_64_Bit_QRemote[[#This Row],[pide]]","v":-6},{"$f":"IF(Tabla_Consulta_desde_QuickBooks_Data_64_Bit_QRemote[[#This Row],[diferecia]]=0,\"ok\",\"diferen\")","v":"diferen"},{"$f":"IFERROR(INDEX(um!A:C,MATCH(Tabla_Consulta_desde_QuickBooks_Data_64_Bit_QRemote[[#This Row],[SalesOrderLineItemRefFullName]],um!A:A,0),3),\"\")","v":"X12"},{"$f":"IFERROR(IF(OR(Tabla_Consulta_desde_QuickBooks_Data_64_Bit_QRemote[[#This Row],[SalesOrderLineUnitOfMeasure]]=\"UN\",Tabla_Consulta_desde_QuickBooks_Data_64_Bit_QRemote[[#This Row],[SalesOrderLineUnitOfMeasure]]=Tabla_Consulta_desde_QuickBooks_Data_64_Bit_QRemote[[#This Row],[U/M]]),\"\",\"ERROR\"),\"\")","v":""},{"$f":"+WEEKNUM(Tabla_Consulta_desde_QuickBooks_Data_64_Bit_QRemote[[#This Row],[TxnDate]])","v":23},{"$f":"+Tabla_Consulta_desde_QuickBooks_Data_64_Bit_QRemote[[#This Row],[SalesOrderLineRate]]*Tabla_Consulta_desde_QuickBooks_Data_64_Bit_QRemote[[#This Row],[SalesOrderLineInvoiced]]","v":0},{"$f":"+IFERROR(IF(Tabla_Consulta_desde_QuickBooks_Data_64_Bit_QRemote[[#This Row],[CustomerRefFullName]]=\"GRUVALCORP SA\",VLOOKUP(Tabla_Consulta_desde_QuickBooks_Data_64_Bit_QRemote[[#This Row],[SalesOrderLineItemRefFullName]],Hoja1!A:E,5,FALSE),\"\")*-Tabla_Consulta_desde_QuickBooks_Data_64_Bit_QRemote[[#This Row],[SalesOrderLineAmount]],\"\")","v":""},{"$f":"IF(COUNTIF(wms!E:E,Tabla_Consulta_desde_QuickBooks_Data_64_Bit_QRemote[[#This Row],[RefNumber]])>0,\"OK\",\"FALTA\")","v":"OK"}]
["2025-06-02","29099","CORPORACION FERNANDEZ CORPFERNANDEZ S.A.","LOCAL OASIS",3,"7862112522626","P.T:110701","CHIMICHURRI ESTILO ARGENTINO OLE 380G","Bodega Producto Terminado",24,"X12",3.03,72.72,"UNIDAD SALSA",0,500.64,575.74,"IVA EN VENTAS 15%",{"$f":"IFERROR(IF(Tabla_Consulta_desde_QuickBooks_Data_64_Bit_QRemote[[#This Row],[SalesOrderLineUnitOfMeasure]]=\"un\",Tabla_Consulta_desde_QuickBooks_Data_64_Bit_QRemote[[#This Row],[SalesOrderLineQuantity]],Tabla_Consulta_desde_QuickBooks_Data_64_Bit_QRemote[[#This Row],[SalesOrderLineQuantity]]/MID(Tabla_Consulta_desde_QuickBooks_Data_64_Bit_QRemote[[#This Row],[SalesOrderLineUnitOfMeasure]],2,2)),0)","v":2},{"$f":"IFERROR(IF(Tabla_Consulta_desde_QuickBooks_Data_64_Bit_QRemote[[#This Row],[SalesOrderLineUnitOfMeasure]]=\"un\",Tabla_Consulta_desde_QuickBooks_Data_64_Bit_QRemote[[#This Row],[SalesOrderLineInvoiced]],Tabla_Consulta_desde_QuickBooks_Data_64_Bit_QRemote[[#This Row],[SalesOrderLineInvoiced]]/MID(Tabla_Consulta_desde_QuickBooks_Data_64_Bit_QRemote[[#This Row],[SalesOrderLineUnitOfMeasure]],2,2)),0)","v":0},{"$f":"+Tabla_Consulta_desde_QuickBooks_Data_64_Bit_QRemote[[#This Row],[facturado]]-Tabla_Consulta_desde_QuickBooks_Data_64_Bit_QRemote[[#This Row],[pide]]","v":-2},{"$f":"IF(Tabla_Consulta_desde_QuickBooks_Data_64_Bit_QRemote[[#This Row],[diferecia]]=0,\"ok\",\"diferen\")","v":"diferen"},{"$f":"IFERROR(INDEX(um!A:C,MATCH(Tabla_Consulta_desde_QuickBooks_Data_64_Bit_QRemote[[#This Row],[SalesOrderLineItemRefFullName]],um!A:A,0),3),\"\")","v":"X12"},{"$f":"IFERROR(IF(OR(Tabla_Consulta_desde_QuickBooks_Data_64_Bit_QRemote[[#This Row],[SalesOrderLineUnitOfMeasure]]=\"UN\",Tabla_Consulta_desde_QuickBooks_Data_64_Bit_QRemote[[#This Row],[SalesOrderLineUnitOfMeasure]]=Tabla_Consulta_desde_QuickBooks_Data_64_Bit_QRemote[[#This Row],[U/M]]),\"\",\"ERROR\"),\"\")","v":""},{"$f":"+WEEKNUM(Tabla_Consulta_desde_QuickBooks_Data_64_Bit_QRemote[[#This Row],[TxnDate]])","v":23},{"$f":"+Tabla_Consulta_desde_QuickBooks_Data_64_Bit_QRemote[[#This Row],[SalesOrderLineRate]]*Tabla_Consulta_desde_QuickBooks_Data_64_Bit_QRemote[[#This Row],[SalesOrderLineInvoiced]]","v":0},{"$f":"+IFERROR(IF(Tabla_Consulta_desde_QuickBooks_Data_64_Bit_QRemote[[#This Row],[CustomerRefFullName]]=\"GRUVALCORP SA\",VLOOKUP(Tabla_Consulta_desde_QuickBooks_Data_64_Bit_QRemote[[#This Row],[SalesOrderLineItemRefFullName]],Hoja1!A:E,5,FALSE),\"\")*-Tabla_Consulta_desde_QuickBooks_Data_64_Bit_QRemote[[#This Row],[SalesOrderLineAmount]],\"\")","v":""},{"$f":"IF(COUNTIF(wms!E:E,Tabla_Consulta_desde_QuickBooks_Data_64_Bit_QRemote[[#This Row],[RefNumber]])>0,\"OK\",\"FALTA\")","v":"OK"}]
["2025-06-02","29099","CORPORACION FERNANDEZ CORPFERNANDEZ S.A.","LOCAL OASIS",4,"7862112522244","P.T:110736","TERIYAKI SALSA ASIATICA OLE 300G","Bodega Producto Terminado",12,"X12",2.48,29.76,"UNIDAD SALSA",0,500.64,575.74,"IVA EN VENTAS 15%",{"$f":"IFERROR(IF(Tabla_Consulta_desde_QuickBooks_Data_64_Bit_QRemote[[#This Row],[SalesOrderLineUnitOfMeasure]]=\"un\",Tabla_Consulta_desde_QuickBooks_Data_64_Bit_QRemote[[#This Row],[SalesOrderLineQuantity]],Tabla_Consulta_desde_QuickBooks_Data_64_Bit_QRemote[[#This Row],[SalesOrderLineQuantity]]/MID(Tabla_Consulta_desde_QuickBooks_Data_64_Bit_QRemote[[#This Row],[SalesOrderLineUnitOfMeasure]],2,2)),0)","v":1},{"$f":"IFERROR(IF(Tabla_Consulta_desde_QuickBooks_Data_64_Bit_QRemote[[#This Row],[SalesOrderLineUnitOfMeasure]]=\"un\",Tabla_Consulta_desde_QuickBooks_Data_64_Bit_QRemote[[#This Row],[SalesOrderLineInvoiced]],Tabla_Consulta_desde_QuickBooks_Data_64_Bit_QRemote[[#This Row],[SalesOrderLineInvoiced]]/MID(Tabla_Consulta_desde_QuickBooks_Data_64_Bit_QRemote[[#This Row],[SalesOrderLineUnitOfMeasure]],2,2)),0)","v":0},{"$f":"+Tabla_Consulta_desde_QuickBooks_Data_64_Bit_QRemote[[#This Row],[facturado]]-Tabla_Consulta_desde_QuickBooks_Data_64_Bit_QRemote[[#This Row],[pide]]","v":-1},{"$f":"IF(Tabla_Consulta_desde_QuickBooks_Data_64_Bit_QRemote[[#This Row],[diferecia]]=0,\"ok\",\"diferen\")","v":"diferen"},{"$f":"IFERROR(INDEX(um!A:C,MATCH(Tabla_Consulta_desde_QuickBooks_Data_64_Bit_QRemote[[#This Row],[SalesOrderLineItemRefFullName]],um!A:A,0),3),\"\")","v":"X12"},{"$f":"IFERROR(IF(OR(Tabla_Consulta_desde_QuickBooks_Data_64_Bit_QRemote[[#This Row],[SalesOrderLineUnitOfMeasure]]=\"UN\",Tabla_Consulta_desde_QuickBooks_Data_64_Bit_QRemote[[#This Row],[SalesOrderLineUnitOfMeasure]]=Tabla_Consulta_desde_QuickBooks_Data_64_Bit_QRemote[[#This Row],[U/M]]),\"\",\"ERROR\"),\"\")","v":""},{"$f":"+WEEKNUM(Tabla_Consulta_desde_QuickBooks_Data_64_Bit_QRemote[[#This Row],[TxnDate]])","v":23},{"$f":"+Tabla_Consulta_desde_QuickBooks_Data_64_Bit_QRemote[[#This Row],[SalesOrderLineRate]]*Tabla_Consulta_desde_QuickBooks_Data_64_Bit_QRemote[[#This Row],[SalesOrderLineInvoiced]]","v":0},{"$f":"+IFERROR(IF(Tabla_Consulta_desde_QuickBooks_Data_64_Bit_QRemote[[#This Row],[CustomerRefFullName]]=\"GRUVALCORP SA\",VLOOKUP(Tabla_Consulta_desde_QuickBooks_Data_64_Bit_QRemote[[#This Row],[SalesOrderLineItemRefFullName]],Hoja1!A:E,5,FALSE),\"\")*-Tabla_Consulta_desde_QuickBooks_Data_64_Bit_QRemote[[#This Row],[SalesOrderLineAmount]],\"\")","v":""},{"$f":"IF(COUNTIF(wms!E:E,Tabla_Consulta_desde_QuickBooks_Data_64_Bit_QRemote[[#This Row],[RefNumber]])>0,\"OK\",\"FALTA\")","v":"OK"}]
["2025-06-02","29099","CORPORACION FERNANDEZ CORPFERNANDEZ S.A.","LOCAL OASIS",5,"7862112521599","P.T:110214","SALSA AJÍ MANABA OLE 300G","Bodega Producto Terminado",12,"X12",2.19,26.28,"UNIDAD SALSA",0,500.64,575.74,"IVA EN VENTAS 15%",{"$f":"IFERROR(IF(Tabla_Consulta_desde_QuickBooks_Data_64_Bit_QRemote[[#This Row],[SalesOrderLineUnitOfMeasure]]=\"un\",Tabla_Consulta_desde_QuickBooks_Data_64_Bit_QRemote[[#This Row],[SalesOrderLineQuantity]],Tabla_Consulta_desde_QuickBooks_Data_64_Bit_QRemote[[#This Row],[SalesOrderLineQuantity]]/MID(Tabla_Consulta_desde_QuickBooks_Data_64_Bit_QRemote[[#This Row],[SalesOrderLineUnitOfMeasure]],2,2)),0)","v":1},{"$f":"IFERROR(IF(Tabla_Consulta_desde_QuickBooks_Data_64_Bit_QRemote[[#This Row],[SalesOrderLineUnitOfMeasure]]=\"un\",Tabla_Consulta_desde_QuickBooks_Data_64_Bit_QRemote[[#This Row],[SalesOrderLineInvoiced]],Tabla_Consulta_desde_QuickBooks_Data_64_Bit_QRemote[[#This Row],[SalesOrderLineInvoiced]]/MID(Tabla_Consulta_desde_QuickBooks_Data_64_Bit_QRemote[[#This Row],[SalesOrderLineUnitOfMeasure]],2,2)),0)","v":0},{"$f":"+Tabla_Consulta_desde_QuickBooks_Data_64_Bit_QRemote[[#This Row],[facturado]]-Tabla_Consulta_desde_QuickBooks_Data_64_Bit_QRemote[[#This Row],[pide]]","v":-1},{"$f":"IF(Tabla_Consulta_desde_QuickBooks_Data_64_Bit_QRemote[[#This Row],[diferecia]]=0,\"ok\",\"diferen\")","v":"diferen"},{"$f":"IFERROR(INDEX(um!A:C,MATCH(Tabla_Consulta_desde_QuickBooks_Data_64_Bit_QRemote[[#This Row],[SalesOrderLineItemRefFullName]],um!A:A,0),3),\"\")","v":"X12"},{"$f":"IFERROR(IF(OR(Tabla_Consulta_desde_QuickBooks_Data_64_Bit_QRemote[[#This Row],[SalesOrderLineUnitOfMeasure]]=\"UN\",Tabla_Consulta_desde_QuickBooks_Data_64_Bit_QRemote[[#This Row],[SalesOrderLineUnitOfMeasure]]=Tabla_Consulta_desde_QuickBooks_Data_64_Bit_QRemote[[#This Row],[U/M]]),\"\",\"ERROR\"),\"\")","v":""},{"$f":"+WEEKNUM(Tabla_Consulta_desde_QuickBooks_Data_64_Bit_QRemote[[#This Row],[TxnDate]])","v":23},{"$f":"+Tabla_Consulta_desde_QuickBooks_Data_64_Bit_QRemote[[#This Row],[SalesOrderLineRate]]*Tabla_Consulta_desde_QuickBooks_Data_64_Bit_QRemote[[#This Row],[SalesOrderLineInvoiced]]","v":0},{"$f":"+IFERROR(IF(Tabla_Consulta_desde_QuickBooks_Data_64_Bit_QRemote[[#This Row],[CustomerRefFullName]]=\"GRUVALCORP SA\",VLOOKUP(Tabla_Consulta_desde_QuickBooks_Data_64_Bit_QRemote[[#This Row],[SalesOrderLineItemRefFullName]],Hoja1!A:E,5,FALSE),\"\")*-Tabla_Consulta_desde_QuickBooks_Data_64_Bit_QRemote[[#This Row],[SalesOrderLineAmount]],\"\")","v":""},{"$f":"IF(COUNTIF(wms!E:E,Tabla_Consulta_desde_QuickBooks_Data_64_Bit_QRemote[[#This Row],[RefNumber]])>0,\"OK\",\"FALTA\")","v":"OK"}]
["2025-06-02","29099","CORPORACION FERNANDEZ CORPFERNANDEZ S.A.","LOCAL OASIS",6,"7862112523227","P.T:110313","SALSA BBQ WHISKY Y MIEL OLE 430G","Bodega Producto Terminado",12,"X12",2.35,28.2,"UNIDAD SALSA",0,500.64,575.74,"IVA EN VENTAS 15%",{"$f":"IFERROR(IF(Tabla_Consulta_desde_QuickBooks_Data_64_Bit_QRemote[[#This Row],[SalesOrderLineUnitOfMeasure]]=\"un\",Tabla_Consulta_desde_QuickBooks_Data_64_Bit_QRemote[[#This Row],[SalesOrderLineQuantity]],Tabla_Consulta_desde_QuickBooks_Data_64_Bit_QRemote[[#This Row],[SalesOrderLineQuantity]]/MID(Tabla_Consulta_desde_QuickBooks_Data_64_Bit_QRemote[[#This Row],[SalesOrderLineUnitOfMeasure]],2,2)),0)","v":1},{"$f":"IFERROR(IF(Tabla_Consulta_desde_QuickBooks_Data_64_Bit_QRemote[[#This Row],[SalesOrderLineUnitOfMeasure]]=\"un\",Tabla_Consulta_desde_QuickBooks_Data_64_Bit_QRemote[[#This Row],[SalesOrderLineInvoiced]],Tabla_Consulta_desde_QuickBooks_Data_64_Bit_QRemote[[#This Row],[SalesOrderLineInvoiced]]/MID(Tabla_Consulta_desde_QuickBooks_Data_64_Bit_QRemote[[#This Row],[SalesOrderLineUnitOfMeasure]],2,2)),0)","v":0},{"$f":"+Tabla_Consulta_desde_QuickBooks_Data_64_Bit_QRemote[[#This Row],[facturado]]-Tabla_Consulta_desde_QuickBooks_Data_64_Bit_QRemote[[#This Row],[pide]]","v":-1},{"$f":"IF(Tabla_Consulta_desde_QuickBooks_Data_64_Bit_QRemote[[#This Row],[diferecia]]=0,\"ok\",\"diferen\")","v":"diferen"},{"$f":"IFERROR(INDEX(um!A:C,MATCH(Tabla_Consulta_desde_QuickBooks_Data_64_Bit_QRemote[[#This Row],[SalesOrderLineItemRefFullName]],um!A:A,0),3),\"\")","v":"X12"},{"$f":"IFERROR(IF(OR(Tabla_Consulta_desde_QuickBooks_Data_64_Bit_QRemote[[#This Row],[SalesOrderLineUnitOfMeasure]]=\"UN\",Tabla_Consulta_desde_QuickBooks_Data_64_Bit_QRemote[[#This Row],[SalesOrderLineUnitOfMeasure]]=Tabla_Consulta_desde_QuickBooks_Data_64_Bit_QRemote[[#This Row],[U/M]]),\"\",\"ERROR\"),\"\")","v":""},{"$f":"+WEEKNUM(Tabla_Consulta_desde_QuickBooks_Data_64_Bit_QRemote[[#This Row],[TxnDate]])","v":23},{"$f":"+Tabla_Consulta_desde_QuickBooks_Data_64_Bit_QRemote[[#This Row],[SalesOrderLineRate]]*Tabla_Consulta_desde_QuickBooks_Data_64_Bit_QRemote[[#This Row],[SalesOrderLineInvoiced]]","v":0},{"$f":"+IFERROR(IF(Tabla_Consulta_desde_QuickBooks_Data_64_Bit_QRemote[[#This Row],[CustomerRefFullName]]=\"GRUVALCORP SA\",VLOOKUP(Tabla_Consulta_desde_QuickBooks_Data_64_Bit_QRemote[[#This Row],[SalesOrderLineItemRefFullName]],Hoja1!A:E,5,FALSE),\"\")*-Tabla_Consulta_desde_QuickBooks_Data_64_Bit_QRemote[[#This Row],[SalesOrderLineAmount]],\"\")","v":""},{"$f":"IF(COUNTIF(wms!E:E,Tabla_Consulta_desde_QuickBooks_Data_64_Bit_QRemote[[#This Row],[RefNumber]])>0,\"OK\",\"FALTA\")","v":"OK"}]
["2025-06-02","29099","CORPORACION FERNANDEZ CORPFERNANDEZ S.A.","LOCAL OASIS",7,"7862112523104","P.T:110804","SALSA CHAMOY OLE 275G","Bodega Producto Terminado",12,"X12",1.85,22.2,"UNIDAD SALSA",0,500.64,575.74,"IVA EN VENTAS 15%",{"$f":"IFERROR(IF(Tabla_Consulta_desde_QuickBooks_Data_64_Bit_QRemote[[#This Row],[SalesOrderLineUnitOfMeasure]]=\"un\",Tabla_Consulta_desde_QuickBooks_Data_64_Bit_QRemote[[#This Row],[SalesOrderLineQuantity]],Tabla_Consulta_desde_QuickBooks_Data_64_Bit_QRemote[[#This Row],[SalesOrderLineQuantity]]/MID(Tabla_Consulta_desde_QuickBooks_Data_64_Bit_QRemote[[#This Row],[SalesOrderLineUnitOfMeasure]],2,2)),0)","v":1},{"$f":"IFERROR(IF(Tabla_Consulta_desde_QuickBooks_Data_64_Bit_QRemote[[#This Row],[SalesOrderLineUnitOfMeasure]]=\"un\",Tabla_Consulta_desde_QuickBooks_Data_64_Bit_QRemote[[#This Row],[SalesOrderLineInvoiced]],Tabla_Consulta_desde_QuickBooks_Data_64_Bit_QRemote[[#This Row],[SalesOrderLineInvoiced]]/MID(Tabla_Consulta_desde_QuickBooks_Data_64_Bit_QRemote[[#This Row],[SalesOrderLineUnitOfMeasure]],2,2)),0)","v":0},{"$f":"+Tabla_Consulta_desde_QuickBooks_Data_64_Bit_QRemote[[#This Row],[facturado]]-Tabla_Consulta_desde_QuickBooks_Data_64_Bit_QRemote[[#This Row],[pide]]","v":-1},{"$f":"IF(Tabla_Consulta_desde_QuickBooks_Data_64_Bit_QRemote[[#This Row],[diferecia]]=0,\"ok\",\"diferen\")","v":"diferen"},{"$f":"IFERROR(INDEX(um!A:C,MATCH(Tabla_Consulta_desde_QuickBooks_Data_64_Bit_QRemote[[#This Row],[SalesOrderLineItemRefFullName]],um!A:A,0),3),\"\")","v":"X12"},{"$f":"IFERROR(IF(OR(Tabla_Consulta_desde_QuickBooks_Data_64_Bit_QRemote[[#This Row],[SalesOrderLineUnitOfMeasure]]=\"UN\",Tabla_Consulta_desde_QuickBooks_Data_64_Bit_QRemote[[#This Row],[SalesOrderLineUnitOfMeasure]]=Tabla_Consulta_desde_QuickBooks_Data_64_Bit_QRemote[[#This Row],[U/M]]),\"\",\"ERROR\"),\"\")","v":""},{"$f":"+WEEKNUM(Tabla_Consulta_desde_QuickBooks_Data_64_Bit_QRemote[[#This Row],[TxnDate]])","v":23},{"$f":"+Tabla_Consulta_desde_QuickBooks_Data_64_Bit_QRemote[[#This Row],[SalesOrderLineRate]]*Tabla_Consulta_desde_QuickBooks_Data_64_Bit_QRemote[[#This Row],[SalesOrderLineInvoiced]]","v":0},{"$f":"+IFERROR(IF(Tabla_Consulta_desde_QuickBooks_Data_64_Bit_QRemote[[#This Row],[CustomerRefFullName]]=\"GRUVALCORP SA\",VLOOKUP(Tabla_Consulta_desde_QuickBooks_Data_64_Bit_QRemote[[#This Row],[SalesOrderLineItemRefFullName]],Hoja1!A:E,5,FALSE),\"\")*-Tabla_Consulta_desde_QuickBooks_Data_64_Bit_QRemote[[#This Row],[SalesOrderLineAmount]],\"\")","v":""},{"$f":"IF(COUNTIF(wms!E:E,Tabla_Consulta_desde_QuickBooks_Data_64_Bit_QRemote[[#This Row],[RefNumber]])>0,\"OK\",\"FALTA\")","v":"OK"}]
["2025-06-02","29099","CORPORACION FERNANDEZ CORPFERNANDEZ S.A.","LOCAL OASIS",8,"7862112522794","P.T:311605","SALSA CHICKEN DIPPIN OLE 200G","Bodega Producto Terminado",12,"UN",1.31,15.72,"UNIDAD SALSA",0,500.64,575.74,"IVA EN VENTAS 15%",{"$f":"IFERROR(IF(Tabla_Consulta_desde_QuickBooks_Data_64_Bit_QRemote[[#This Row],[SalesOrderLineUnitOfMeasure]]=\"un\",Tabla_Consulta_desde_QuickBooks_Data_64_Bit_QRemote[[#This Row],[SalesOrderLineQuantity]],Tabla_Consulta_desde_QuickBooks_Data_64_Bit_QRemote[[#This Row],[SalesOrderLineQuantity]]/MID(Tabla_Consulta_desde_QuickBooks_Data_64_Bit_QRemote[[#This Row],[SalesOrderLineUnitOfMeasure]],2,2)),0)","v":12},{"$f":"IFERROR(IF(Tabla_Consulta_desde_QuickBooks_Data_64_Bit_QRemote[[#This Row],[SalesOrderLineUnitOfMeasure]]=\"un\",Tabla_Consulta_desde_QuickBooks_Data_64_Bit_QRemote[[#This Row],[SalesOrderLineInvoiced]],Tabla_Consulta_desde_QuickBooks_Data_64_Bit_QRemote[[#This Row],[SalesOrderLineInvoiced]]/MID(Tabla_Consulta_desde_QuickBooks_Data_64_Bit_QRemote[[#This Row],[SalesOrderLineUnitOfMeasure]],2,2)),0)","v":0},{"$f":"+Tabla_Consulta_desde_QuickBooks_Data_64_Bit_QRemote[[#This Row],[facturado]]-Tabla_Consulta_desde_QuickBooks_Data_64_Bit_QRemote[[#This Row],[pide]]","v":-12},{"$f":"IF(Tabla_Consulta_desde_QuickBooks_Data_64_Bit_QRemote[[#This Row],[diferecia]]=0,\"ok\",\"diferen\")","v":"diferen"},{"$f":"IFERROR(INDEX(um!A:C,MATCH(Tabla_Consulta_desde_QuickBooks_Data_64_Bit_QRemote[[#This Row],[SalesOrderLineItemRefFullName]],um!A:A,0),3),\"\")","v":"X24"},{"$f":"IFERROR(IF(OR(Tabla_Consulta_desde_QuickBooks_Data_64_Bit_QRemote[[#This Row],[SalesOrderLineUnitOfMeasure]]=\"UN\",Tabla_Consulta_desde_QuickBooks_Data_64_Bit_QRemote[[#This Row],[SalesOrderLineUnitOfMeasure]]=Tabla_Consulta_desde_QuickBooks_Data_64_Bit_QRemote[[#This Row],[U/M]]),\"\",\"ERROR\"),\"\")","v":""},{"$f":"+WEEKNUM(Tabla_Consulta_desde_QuickBooks_Data_64_Bit_QRemote[[#This Row],[TxnDate]])","v":23},{"$f":"+Tabla_Consulta_desde_QuickBooks_Data_64_Bit_QRemote[[#This Row],[SalesOrderLineRate]]*Tabla_Consulta_desde_QuickBooks_Data_64_Bit_QRemote[[#This Row],[SalesOrderLineInvoiced]]","v":0},{"$f":"+IFERROR(IF(Tabla_Consulta_desde_QuickBooks_Data_64_Bit_QRemote[[#This Row],[CustomerRefFullName]]=\"GRUVALCORP SA\",VLOOKUP(Tabla_Consulta_desde_QuickBooks_Data_64_Bit_QRemote[[#This Row],[SalesOrderLineItemRefFullName]],Hoja1!A:E,5,FALSE),\"\")*-Tabla_Consulta_desde_QuickBooks_Data_64_Bit_QRemote[[#This Row],[SalesOrderLineAmount]],\"\")","v":""},{"$f":"IF(COUNTIF(wms!E:E,Tabla_Consulta_desde_QuickBooks_Data_64_Bit_QRemote[[#This Row],[RefNumber]])>0,\"OK\",\"FALTA\")","v":"OK"}]
["2025-06-02","29099","CORPORACION FERNANDEZ CORPFERNANDEZ S.A.","LOCAL OASIS",9,"7862112522183","P.T:110733","SALSA GUACAMOLE OLE 220G","Bodega Producto Terminado",24,"X12",1.72,41.28,"UNIDAD SALSA",0,500.64,575.74,"IVA EN VENTAS 15%",{"$f":"IFERROR(IF(Tabla_Consulta_desde_QuickBooks_Data_64_Bit_QRemote[[#This Row],[SalesOrderLineUnitOfMeasure]]=\"un\",Tabla_Consulta_desde_QuickBooks_Data_64_Bit_QRemote[[#This Row],[SalesOrderLineQuantity]],Tabla_Consulta_desde_QuickBooks_Data_64_Bit_QRemote[[#This Row],[SalesOrderLineQuantity]]/MID(Tabla_Consulta_desde_QuickBooks_Data_64_Bit_QRemote[[#This Row],[SalesOrderLineUnitOfMeasure]],2,2)),0)","v":2},{"$f":"IFERROR(IF(Tabla_Consulta_desde_QuickBooks_Data_64_Bit_QRemote[[#This Row],[SalesOrderLineUnitOfMeasure]]=\"un\",Tabla_Consulta_desde_QuickBooks_Data_64_Bit_QRemote[[#This Row],[SalesOrderLineInvoiced]],Tabla_Consulta_desde_QuickBooks_Data_64_Bit_QRemote[[#This Row],[SalesOrderLineInvoiced]]/MID(Tabla_Consulta_desde_QuickBooks_Data_64_Bit_QRemote[[#This Row],[SalesOrderLineUnitOfMeasure]],2,2)),0)","v":0},{"$f":"+Tabla_Consulta_desde_QuickBooks_Data_64_Bit_QRemote[[#This Row],[facturado]]-Tabla_Consulta_desde_QuickBooks_Data_64_Bit_QRemote[[#This Row],[pide]]","v":-2},{"$f":"IF(Tabla_Consulta_desde_QuickBooks_Data_64_Bit_QRemote[[#This Row],[diferecia]]=0,\"ok\",\"diferen\")","v":"diferen"},{"$f":"IFERROR(INDEX(um!A:C,MATCH(Tabla_Consulta_desde_QuickBooks_Data_64_Bit_QRemote[[#This Row],[SalesOrderLineItemRefFullName]],um!A:A,0),3),\"\")","v":"X12"},{"$f":"IFERROR(IF(OR(Tabla_Consulta_desde_QuickBooks_Data_64_Bit_QRemote[[#This Row],[SalesOrderLineUnitOfMeasure]]=\"UN\",Tabla_Consulta_desde_QuickBooks_Data_64_Bit_QRemote[[#This Row],[SalesOrderLineUnitOfMeasure]]=Tabla_Consulta_desde_QuickBooks_Data_64_Bit_QRemote[[#This Row],[U/M]]),\"\",\"ERROR\"),\"\")","v":""},{"$f":"+WEEKNUM(Tabla_Consulta_desde_QuickBooks_Data_64_Bit_QRemote[[#This Row],[TxnDate]])","v":23},{"$f":"+Tabla_Consulta_desde_QuickBooks_Data_64_Bit_QRemote[[#This Row],[SalesOrderLineRate]]*Tabla_Consulta_desde_QuickBooks_Data_64_Bit_QRemote[[#This Row],[SalesOrderLineInvoiced]]","v":0},{"$f":"+IFERROR(IF(Tabla_Consulta_desde_QuickBooks_Data_64_Bit_QRemote[[#This Row],[CustomerRefFullName]]=\"GRUVALCORP SA\",VLOOKUP(Tabla_Consulta_desde_QuickBooks_Data_64_Bit_QRemote[[#This Row],[SalesOrderLineItemRefFullName]],Hoja1!A:E,5,FALSE),\"\")*-Tabla_Consulta_desde_QuickBooks_Data_64_Bit_QRemote[[#This Row],[SalesOrderLineAmount]],\"\")","v":""},{"$f":"IF(COUNTIF(wms!E:E,Tabla_Consulta_desde_QuickBooks_Data_64_Bit_QRemote[[#This Row],[RefNumber]])>0,\"OK\",\"FALTA\")","v":"OK"}]
["2025-06-02","29099","CORPORACION FERNANDEZ CORPFERNANDEZ S.A.","LOCAL OASIS",10,"7862112522527","P.T:110803","SALSA GUACAMOLE ORIGINAL OLE DP 200G","Bodega Producto Terminado",24,"X12",1.4,33.6,"UNIDAD SALSA",0,500.64,575.74,"IVA EN VENTAS 15%",{"$f":"IFERROR(IF(Tabla_Consulta_desde_QuickBooks_Data_64_Bit_QRemote[[#This Row],[SalesOrderLineUnitOfMeasure]]=\"un\",Tabla_Consulta_desde_QuickBooks_Data_64_Bit_QRemote[[#This Row],[SalesOrderLineQuantity]],Tabla_Consulta_desde_QuickBooks_Data_64_Bit_QRemote[[#This Row],[SalesOrderLineQuantity]]/MID(Tabla_Consulta_desde_QuickBooks_Data_64_Bit_QRemote[[#This Row],[SalesOrderLineUnitOfMeasure]],2,2)),0)","v":2},{"$f":"IFERROR(IF(Tabla_Consulta_desde_QuickBooks_Data_64_Bit_QRemote[[#This Row],[SalesOrderLineUnitOfMeasure]]=\"un\",Tabla_Consulta_desde_QuickBooks_Data_64_Bit_QRemote[[#This Row],[SalesOrderLineInvoiced]],Tabla_Consulta_desde_QuickBooks_Data_64_Bit_QRemote[[#This Row],[SalesOrderLineInvoiced]]/MID(Tabla_Consulta_desde_QuickBooks_Data_64_Bit_QRemote[[#This Row],[SalesOrderLineUnitOfMeasure]],2,2)),0)","v":0},{"$f":"+Tabla_Consulta_desde_QuickBooks_Data_64_Bit_QRemote[[#This Row],[facturado]]-Tabla_Consulta_desde_QuickBooks_Data_64_Bit_QRemote[[#This Row],[pide]]","v":-2},{"$f":"IF(Tabla_Consulta_desde_QuickBooks_Data_64_Bit_QRemote[[#This Row],[diferecia]]=0,\"ok\",\"diferen\")","v":"diferen"},{"$f":"IFERROR(INDEX(um!A:C,MATCH(Tabla_Consulta_desde_QuickBooks_Data_64_Bit_QRemote[[#This Row],[SalesOrderLineItemRefFullName]],um!A:A,0),3),\"\")","v":"X12"},{"$f":"IFERROR(IF(OR(Tabla_Consulta_desde_QuickBooks_Data_64_Bit_QRemote[[#This Row],[SalesOrderLineUnitOfMeasure]]=\"UN\",Tabla_Consulta_desde_QuickBooks_Data_64_Bit_QRemote[[#This Row],[SalesOrderLineUnitOfMeasure]]=Tabla_Consulta_desde_QuickBooks_Data_64_Bit_QRemote[[#This Row],[U/M]]),\"\",\"ERROR\"),\"\")","v":""},{"$f":"+WEEKNUM(Tabla_Consulta_desde_QuickBooks_Data_64_Bit_QRemote[[#This Row],[TxnDate]])","v":23},{"$f":"+Tabla_Consulta_desde_QuickBooks_Data_64_Bit_QRemote[[#This Row],[SalesOrderLineRate]]*Tabla_Consulta_desde_QuickBooks_Data_64_Bit_QRemote[[#This Row],[SalesOrderLineInvoiced]]","v":0},{"$f":"+IFERROR(IF(Tabla_Consulta_desde_QuickBooks_Data_64_Bit_QRemote[[#This Row],[CustomerRefFullName]]=\"GRUVALCORP SA\",VLOOKUP(Tabla_Consulta_desde_QuickBooks_Data_64_Bit_QRemote[[#This Row],[SalesOrderLineItemRefFullName]],Hoja1!A:E,5,FALSE),\"\")*-Tabla_Consulta_desde_QuickBooks_Data_64_Bit_QRemote[[#This Row],[SalesOrderLineAmount]],\"\")","v":""},{"$f":"IF(COUNTIF(wms!E:E,Tabla_Consulta_desde_QuickBooks_Data_64_Bit_QRemote[[#This Row],[RefNumber]])>0,\"OK\",\"FALTA\")","v":"OK"}]
["2025-06-02","29099","CORPORACION FERNANDEZ CORPFERNANDEZ S.A.","LOCAL OASIS",11,"7862112522367","PT:220132","TOTOPOS NATURAL OLE 300G","Bodega Producto Terminado",12,"X12",1.67,20.04,"UNIDAD SNCKS",0,500.64,575.74,"IVA EN VENTAS 15%",{"$f":"IFERROR(IF(Tabla_Consulta_desde_QuickBooks_Data_64_Bit_QRemote[[#This Row],[SalesOrderLineUnitOfMeasure]]=\"un\",Tabla_Consulta_desde_QuickBooks_Data_64_Bit_QRemote[[#This Row],[SalesOrderLineQuantity]],Tabla_Consulta_desde_QuickBooks_Data_64_Bit_QRemote[[#This Row],[SalesOrderLineQuantity]]/MID(Tabla_Consulta_desde_QuickBooks_Data_64_Bit_QRemote[[#This Row],[SalesOrderLineUnitOfMeasure]],2,2)),0)","v":1},{"$f":"IFERROR(IF(Tabla_Consulta_desde_QuickBooks_Data_64_Bit_QRemote[[#This Row],[SalesOrderLineUnitOfMeasure]]=\"un\",Tabla_Consulta_desde_QuickBooks_Data_64_Bit_QRemote[[#This Row],[SalesOrderLineInvoiced]],Tabla_Consulta_desde_QuickBooks_Data_64_Bit_QRemote[[#This Row],[SalesOrderLineInvoiced]]/MID(Tabla_Consulta_desde_QuickBooks_Data_64_Bit_QRemote[[#This Row],[SalesOrderLineUnitOfMeasure]],2,2)),0)","v":0},{"$f":"+Tabla_Consulta_desde_QuickBooks_Data_64_Bit_QRemote[[#This Row],[facturado]]-Tabla_Consulta_desde_QuickBooks_Data_64_Bit_QRemote[[#This Row],[pide]]","v":-1},{"$f":"IF(Tabla_Consulta_desde_QuickBooks_Data_64_Bit_QRemote[[#This Row],[diferecia]]=0,\"ok\",\"diferen\")","v":"diferen"},{"$f":"IFERROR(INDEX(um!A:C,MATCH(Tabla_Consulta_desde_QuickBooks_Data_64_Bit_QRemote[[#This Row],[SalesOrderLineItemRefFullName]],um!A:A,0),3),\"\")","v":"X12"},{"$f":"IFERROR(IF(OR(Tabla_Consulta_desde_QuickBooks_Data_64_Bit_QRemote[[#This Row],[SalesOrderLineUnitOfMeasure]]=\"UN\",Tabla_Consulta_desde_QuickBooks_Data_64_Bit_QRemote[[#This Row],[SalesOrderLineUnitOfMeasure]]=Tabla_Consulta_desde_QuickBooks_Data_64_Bit_QRemote[[#This Row],[U/M]]),\"\",\"ERROR\"),\"\")","v":""},{"$f":"+WEEKNUM(Tabla_Consulta_desde_QuickBooks_Data_64_Bit_QRemote[[#This Row],[TxnDate]])","v":23},{"$f":"+Tabla_Consulta_desde_QuickBooks_Data_64_Bit_QRemote[[#This Row],[SalesOrderLineRate]]*Tabla_Consulta_desde_QuickBooks_Data_64_Bit_QRemote[[#This Row],[SalesOrderLineInvoiced]]","v":0},{"$f":"+IFERROR(IF(Tabla_Consulta_desde_QuickBooks_Data_64_Bit_QRemote[[#This Row],[CustomerRefFullName]]=\"GRUVALCORP SA\",VLOOKUP(Tabla_Consulta_desde_QuickBooks_Data_64_Bit_QRemote[[#This Row],[SalesOrderLineItemRefFullName]],Hoja1!A:E,5,FALSE),\"\")*-Tabla_Consulta_desde_QuickBooks_Data_64_Bit_QRemote[[#This Row],[SalesOrderLineAmount]],\"\")","v":""},{"$f":"IF(COUNTIF(wms!E:E,Tabla_Consulta_desde_QuickBooks_Data_64_Bit_QRemote[[#This Row],[RefNumber]])>0,\"OK\",\"FALTA\")","v":"OK"}]
["2025-06-02","29099","CORPORACION FERNANDEZ CORPFERNANDEZ S.A.","LOCAL OASIS",12,"7862112522442","PT:220133","TOTOPOS QUESO RANCHERO OLE 120G","Bodega Producto Terminado",12,"X12",0.95,11.4,"UNIDAD SNCKS",0,500.64,575.74,"IVA EN VENTAS 15%",{"$f":"IFERROR(IF(Tabla_Consulta_desde_QuickBooks_Data_64_Bit_QRemote[[#This Row],[SalesOrderLineUnitOfMeasure]]=\"un\",Tabla_Consulta_desde_QuickBooks_Data_64_Bit_QRemote[[#This Row],[SalesOrderLineQuantity]],Tabla_Consulta_desde_QuickBooks_Data_64_Bit_QRemote[[#This Row],[SalesOrderLineQuantity]]/MID(Tabla_Consulta_desde_QuickBooks_Data_64_Bit_QRemote[[#This Row],[SalesOrderLineUnitOfMeasure]],2,2)),0)","v":1},{"$f":"IFERROR(IF(Tabla_Consulta_desde_QuickBooks_Data_64_Bit_QRemote[[#This Row],[SalesOrderLineUnitOfMeasure]]=\"un\",Tabla_Consulta_desde_QuickBooks_Data_64_Bit_QRemote[[#This Row],[SalesOrderLineInvoiced]],Tabla_Consulta_desde_QuickBooks_Data_64_Bit_QRemote[[#This Row],[SalesOrderLineInvoiced]]/MID(Tabla_Consulta_desde_QuickBooks_Data_64_Bit_QRemote[[#This Row],[SalesOrderLineUnitOfMeasure]],2,2)),0)","v":0},{"$f":"+Tabla_Consulta_desde_QuickBooks_Data_64_Bit_QRemote[[#This Row],[facturado]]-Tabla_Consulta_desde_QuickBooks_Data_64_Bit_QRemote[[#This Row],[pide]]","v":-1},{"$f":"IF(Tabla_Consulta_desde_QuickBooks_Data_64_Bit_QRemote[[#This Row],[diferecia]]=0,\"ok\",\"diferen\")","v":"diferen"},{"$f":"IFERROR(INDEX(um!A:C,MATCH(Tabla_Consulta_desde_QuickBooks_Data_64_Bit_QRemote[[#This Row],[SalesOrderLineItemRefFullName]],um!A:A,0),3),\"\")","v":"X12"},{"$f":"IFERROR(IF(OR(Tabla_Consulta_desde_QuickBooks_Data_64_Bit_QRemote[[#This Row],[SalesOrderLineUnitOfMeasure]]=\"UN\",Tabla_Consulta_desde_QuickBooks_Data_64_Bit_QRemote[[#This Row],[SalesOrderLineUnitOfMeasure]]=Tabla_Consulta_desde_QuickBooks_Data_64_Bit_QRemote[[#This Row],[U/M]]),\"\",\"ERROR\"),\"\")","v":""},{"$f":"+WEEKNUM(Tabla_Consulta_desde_QuickBooks_Data_64_Bit_QRemote[[#This Row],[TxnDate]])","v":23},{"$f":"+Tabla_Consulta_desde_QuickBooks_Data_64_Bit_QRemote[[#This Row],[SalesOrderLineRate]]*Tabla_Consulta_desde_QuickBooks_Data_64_Bit_QRemote[[#This Row],[SalesOrderLineInvoiced]]","v":0},{"$f":"+IFERROR(IF(Tabla_Consulta_desde_QuickBooks_Data_64_Bit_QRemote[[#This Row],[CustomerRefFullName]]=\"GRUVALCORP SA\",VLOOKUP(Tabla_Consulta_desde_QuickBooks_Data_64_Bit_QRemote[[#This Row],[SalesOrderLineItemRefFullName]],Hoja1!A:E,5,FALSE),\"\")*-Tabla_Consulta_desde_QuickBooks_Data_64_Bit_QRemote[[#This Row],[SalesOrderLineAmount]],\"\")","v":""},{"$f":"IF(COUNTIF(wms!E:E,Tabla_Consulta_desde_QuickBooks_Data_64_Bit_QRemote[[#This Row],[RefNumber]])>0,\"OK\",\"FALTA\")","v":"OK"}]
["2025-06-02","29099","CORPORACION FERNANDEZ CORPFERNANDEZ S.A.","LOCAL OASIS",13,null,"INFOADICIONAL","LOCAL OASIS",null,null,null,0,0,null,0,500.64,575.74,"IVA EN VENTAS 15%",{"$f":"IFERROR(IF(Tabla_Consulta_desde_QuickBooks_Data_64_Bit_QRemote[[#This Row],[SalesOrderLineUnitOfMeasure]]=\"un\",Tabla_Consulta_desde_QuickBooks_Data_64_Bit_QRemote[[#This Row],[SalesOrderLineQuantity]],Tabla_Consulta_desde_QuickBooks_Data_64_Bit_QRemote[[#This Row],[SalesOrderLineQuantity]]/MID(Tabla_Consulta_desde_QuickBooks_Data_64_Bit_QRemote[[#This Row],[SalesOrderLineUnitOfMeasure]],2,2)),0)","v":0},{"$f":"IFERROR(IF(Tabla_Consulta_desde_QuickBooks_Data_64_Bit_QRemote[[#This Row],[SalesOrderLineUnitOfMeasure]]=\"un\",Tabla_Consulta_desde_QuickBooks_Data_64_Bit_QRemote[[#This Row],[SalesOrderLineInvoiced]],Tabla_Consulta_desde_QuickBooks_Data_64_Bit_QRemote[[#This Row],[SalesOrderLineInvoiced]]/MID(Tabla_Consulta_desde_QuickBooks_Data_64_Bit_QRemote[[#This Row],[SalesOrderLineUnitOfMeasure]],2,2)),0)","v":0},{"$f":"+Tabla_Consulta_desde_QuickBooks_Data_64_Bit_QRemote[[#This Row],[facturado]]-Tabla_Consulta_desde_QuickBooks_Data_64_Bit_QRemote[[#This Row],[pide]]","v":0},{"$f":"IF(Tabla_Consulta_desde_QuickBooks_Data_64_Bit_QRemote[[#This Row],[diferecia]]=0,\"ok\",\"diferen\")","v":"ok"},{"$f":"IFERROR(INDEX(um!A:C,MATCH(Tabla_Consulta_desde_QuickBooks_Data_64_Bit_QRemote[[#This Row],[SalesOrderLineItemRefFullName]],um!A:A,0),3),\"\")","v":""},{"$f":"IFERROR(IF(OR(Tabla_Consulta_desde_QuickBooks_Data_64_Bit_QRemote[[#This Row],[SalesOrderLineUnitOfMeasure]]=\"UN\",Tabla_Consulta_desde_QuickBooks_Data_64_Bit_QRemote[[#This Row],[SalesOrderLineUnitOfMeasure]]=Tabla_Consulta_desde_QuickBooks_Data_64_Bit_QRemote[[#This Row],[U/M]]),\"\",\"ERROR\"),\"\")","v":""},{"$f":"+WEEKNUM(Tabla_Consulta_desde_QuickBooks_Data_64_Bit_QRemote[[#This Row],[TxnDate]])","v":23},{"$f":"+Tabla_Consulta_desde_QuickBooks_Data_64_Bit_QRemote[[#This Row],[SalesOrderLineRate]]*Tabla_Consulta_desde_QuickBooks_Data_64_Bit_QRemote[[#This Row],[SalesOrderLineInvoiced]]","v":0},{"$f":"+IFERROR(IF(Tabla_Consulta_desde_QuickBooks_Data_64_Bit_QRemote[[#This Row],[CustomerRefFullName]]=\"GRUVALCORP SA\",VLOOKUP(Tabla_Consulta_desde_QuickBooks_Data_64_Bit_QRemote[[#This Row],[SalesOrderLineItemRefFullName]],Hoja1!A:E,5,FALSE),\"\")*-Tabla_Consulta_desde_QuickBooks_Data_64_Bit_QRemote[[#This Row],[SalesOrderLineAmount]],\"\")","v":""},{"$f":"IF(COUNTIF(wms!E:E,Tabla_Consulta_desde_QuickBooks_Data_64_Bit_QRemote[[#This Row],[RefNumber]])>0,\"OK\",\"FALTA\")","v":"OK"}]
["2025-06-02","29100","LOPEZ MEDRANO KEVIN","FACTURACION COLABORADOR OLE",1,"7862112521520","P.T:110205","SALSA AJÍ CON CHOCHOS OLE 300G","Bodega Producto Terminado",3,"UN",1.39,4.17,"UNIDAD SALSA",3,5.13,5.9,"IVA EN VENTAS 15%",{"$f":"IFERROR(IF(Tabla_Consulta_desde_QuickBooks_Data_64_Bit_QRemote[[#This Row],[SalesOrderLineUnitOfMeasure]]=\"un\",Tabla_Consulta_desde_QuickBooks_Data_64_Bit_QRemote[[#This Row],[SalesOrderLineQuantity]],Tabla_Consulta_desde_QuickBooks_Data_64_Bit_QRemote[[#This Row],[SalesOrderLineQuantity]]/MID(Tabla_Consulta_desde_QuickBooks_Data_64_Bit_QRemote[[#This Row],[SalesOrderLineUnitOfMeasure]],2,2)),0)","v":3},{"$f":"IFERROR(IF(Tabla_Consulta_desde_QuickBooks_Data_64_Bit_QRemote[[#This Row],[SalesOrderLineUnitOfMeasure]]=\"un\",Tabla_Consulta_desde_QuickBooks_Data_64_Bit_QRemote[[#This Row],[SalesOrderLineInvoiced]],Tabla_Consulta_desde_QuickBooks_Data_64_Bit_QRemote[[#This Row],[SalesOrderLineInvoiced]]/MID(Tabla_Consulta_desde_QuickBooks_Data_64_Bit_QRemote[[#This Row],[SalesOrderLineUnitOfMeasure]],2,2)),0)","v":3},{"$f":"+Tabla_Consulta_desde_QuickBooks_Data_64_Bit_QRemote[[#This Row],[facturado]]-Tabla_Consulta_desde_QuickBooks_Data_64_Bit_QRemote[[#This Row],[pide]]","v":0},{"$f":"IF(Tabla_Consulta_desde_QuickBooks_Data_64_Bit_QRemote[[#This Row],[diferecia]]=0,\"ok\",\"diferen\")","v":"ok"},{"$f":"IFERROR(INDEX(um!A:C,MATCH(Tabla_Consulta_desde_QuickBooks_Data_64_Bit_QRemote[[#This Row],[SalesOrderLineItemRefFullName]],um!A:A,0),3),\"\")","v":"X12"},{"$f":"IFERROR(IF(OR(Tabla_Consulta_desde_QuickBooks_Data_64_Bit_QRemote[[#This Row],[SalesOrderLineUnitOfMeasure]]=\"UN\",Tabla_Consulta_desde_QuickBooks_Data_64_Bit_QRemote[[#This Row],[SalesOrderLineUnitOfMeasure]]=Tabla_Consulta_desde_QuickBooks_Data_64_Bit_QRemote[[#This Row],[U/M]]),\"\",\"ERROR\"),\"\")","v":""},{"$f":"+WEEKNUM(Tabla_Consulta_desde_QuickBooks_Data_64_Bit_QRemote[[#This Row],[TxnDate]])","v":23},{"$f":"+Tabla_Consulta_desde_QuickBooks_Data_64_Bit_QRemote[[#This Row],[SalesOrderLineRate]]*Tabla_Consulta_desde_QuickBooks_Data_64_Bit_QRemote[[#This Row],[SalesOrderLineInvoiced]]","v":4.17},{"$f":"+IFERROR(IF(Tabla_Consulta_desde_QuickBooks_Data_64_Bit_QRemote[[#This Row],[CustomerRefFullName]]=\"GRUVALCORP SA\",VLOOKUP(Tabla_Consulta_desde_QuickBooks_Data_64_Bit_QRemote[[#This Row],[SalesOrderLineItemRefFullName]],Hoja1!A:E,5,FALSE),\"\")*-Tabla_Consulta_desde_QuickBooks_Data_64_Bit_QRemote[[#This Row],[SalesOrderLineAmount]],\"\")","v":""},{"$f":"IF(COUNTIF(wms!E:E,Tabla_Consulta_desde_QuickBooks_Data_64_Bit_QRemote[[#This Row],[RefNumber]])>0,\"OK\",\"FALTA\")","v":"OK"}]
["2025-06-02","29100","LOPEZ MEDRANO KEVIN","FACTURACION COLABORADOR OLE",2,"705424000147","P.T:110209","AJÍ CON TOMATE DE ÁRBOL OLE 180G","Bodega Producto Terminado",1,"UN",0.96,0.96,"UNIDAD SALSA",1,5.13,5.9,"IVA EN VENTAS 15%",{"$f":"IFERROR(IF(Tabla_Consulta_desde_QuickBooks_Data_64_Bit_QRemote[[#This Row],[SalesOrderLineUnitOfMeasure]]=\"un\",Tabla_Consulta_desde_QuickBooks_Data_64_Bit_QRemote[[#This Row],[SalesOrderLineQuantity]],Tabla_Consulta_desde_QuickBooks_Data_64_Bit_QRemote[[#This Row],[SalesOrderLineQuantity]]/MID(Tabla_Consulta_desde_QuickBooks_Data_64_Bit_QRemote[[#This Row],[SalesOrderLineUnitOfMeasure]],2,2)),0)","v":1},{"$f":"IFERROR(IF(Tabla_Consulta_desde_QuickBooks_Data_64_Bit_QRemote[[#This Row],[SalesOrderLineUnitOfMeasure]]=\"un\",Tabla_Consulta_desde_QuickBooks_Data_64_Bit_QRemote[[#This Row],[SalesOrderLineInvoiced]],Tabla_Consulta_desde_QuickBooks_Data_64_Bit_QRemote[[#This Row],[SalesOrderLineInvoiced]]/MID(Tabla_Consulta_desde_QuickBooks_Data_64_Bit_QRemote[[#This Row],[SalesOrderLineUnitOfMeasure]],2,2)),0)","v":1},{"$f":"+Tabla_Consulta_desde_QuickBooks_Data_64_Bit_QRemote[[#This Row],[facturado]]-Tabla_Consulta_desde_QuickBooks_Data_64_Bit_QRemote[[#This Row],[pide]]","v":0},{"$f":"IF(Tabla_Consulta_desde_QuickBooks_Data_64_Bit_QRemote[[#This Row],[diferecia]]=0,\"ok\",\"diferen\")","v":"ok"},{"$f":"IFERROR(INDEX(um!A:C,MATCH(Tabla_Consulta_desde_QuickBooks_Data_64_Bit_QRemote[[#This Row],[SalesOrderLineItemRefFullName]],um!A:A,0),3),\"\")","v":"X24"},{"$f":"IFERROR(IF(OR(Tabla_Consulta_desde_QuickBooks_Data_64_Bit_QRemote[[#This Row],[SalesOrderLineUnitOfMeasure]]=\"UN\",Tabla_Consulta_desde_QuickBooks_Data_64_Bit_QRemote[[#This Row],[SalesOrderLineUnitOfMeasure]]=Tabla_Consulta_desde_QuickBooks_Data_64_Bit_QRemote[[#This Row],[U/M]]),\"\",\"ERROR\"),\"\")","v":""},{"$f":"+WEEKNUM(Tabla_Consulta_desde_QuickBooks_Data_64_Bit_QRemote[[#This Row],[TxnDate]])","v":23},{"$f":"+Tabla_Consulta_desde_QuickBooks_Data_64_Bit_QRemote[[#This Row],[SalesOrderLineRate]]*Tabla_Consulta_desde_QuickBooks_Data_64_Bit_QRemote[[#This Row],[SalesOrderLineInvoiced]]","v":0.96},{"$f":"+IFERROR(IF(Tabla_Consulta_desde_QuickBooks_Data_64_Bit_QRemote[[#This Row],[CustomerRefFullName]]=\"GRUVALCORP SA\",VLOOKUP(Tabla_Consulta_desde_QuickBooks_Data_64_Bit_QRemote[[#This Row],[SalesOrderLineItemRefFullName]],Hoja1!A:E,5,FALSE),\"\")*-Tabla_Consulta_desde_QuickBooks_Data_64_Bit_QRemote[[#This Row],[SalesOrderLineAmount]],\"\")","v":""},{"$f":"IF(COUNTIF(wms!E:E,Tabla_Consulta_desde_QuickBooks_Data_64_Bit_QRemote[[#This Row],[RefNumber]])>0,\"OK\",\"FALTA\")","v":"OK"}]
["2025-06-02","29100","LOPEZ MEDRANO KEVIN","FACTURACION COLABORADOR OLE",3,null,"INFOADICIONAL","FACTURACION COLABORADOR OLE",null,null,null,0,0,null,1,5.13,5.9,"IVA EN VENTAS 15%",{"$f":"IFERROR(IF(Tabla_Consulta_desde_QuickBooks_Data_64_Bit_QRemote[[#This Row],[SalesOrderLineUnitOfMeasure]]=\"un\",Tabla_Consulta_desde_QuickBooks_Data_64_Bit_QRemote[[#This Row],[SalesOrderLineQuantity]],Tabla_Consulta_desde_QuickBooks_Data_64_Bit_QRemote[[#This Row],[SalesOrderLineQuantity]]/MID(Tabla_Consulta_desde_QuickBooks_Data_64_Bit_QRemote[[#This Row],[SalesOrderLineUnitOfMeasure]],2,2)),0)","v":0},{"$f":"IFERROR(IF(Tabla_Consulta_desde_QuickBooks_Data_64_Bit_QRemote[[#This Row],[SalesOrderLineUnitOfMeasure]]=\"un\",Tabla_Consulta_desde_QuickBooks_Data_64_Bit_QRemote[[#This Row],[SalesOrderLineInvoiced]],Tabla_Consulta_desde_QuickBooks_Data_64_Bit_QRemote[[#This Row],[SalesOrderLineInvoiced]]/MID(Tabla_Consulta_desde_QuickBooks_Data_64_Bit_QRemote[[#This Row],[SalesOrderLineUnitOfMeasure]],2,2)),0)","v":0},{"$f":"+Tabla_Consulta_desde_QuickBooks_Data_64_Bit_QRemote[[#This Row],[facturado]]-Tabla_Consulta_desde_QuickBooks_Data_64_Bit_QRemote[[#This Row],[pide]]","v":0},{"$f":"IF(Tabla_Consulta_desde_QuickBooks_Data_64_Bit_QRemote[[#This Row],[diferecia]]=0,\"ok\",\"diferen\")","v":"ok"},{"$f":"IFERROR(INDEX(um!A:C,MATCH(Tabla_Consulta_desde_QuickBooks_Data_64_Bit_QRemote[[#This Row],[SalesOrderLineItemRefFullName]],um!A:A,0),3),\"\")","v":""},{"$f":"IFERROR(IF(OR(Tabla_Consulta_desde_QuickBooks_Data_64_Bit_QRemote[[#This Row],[SalesOrderLineUnitOfMeasure]]=\"UN\",Tabla_Consulta_desde_QuickBooks_Data_64_Bit_QRemote[[#This Row],[SalesOrderLineUnitOfMeasure]]=Tabla_Consulta_desde_QuickBooks_Data_64_Bit_QRemote[[#This Row],[U/M]]),\"\",\"ERROR\"),\"\")","v":""},{"$f":"+WEEKNUM(Tabla_Consulta_desde_QuickBooks_Data_64_Bit_QRemote[[#This Row],[TxnDate]])","v":23},{"$f":"+Tabla_Consulta_desde_QuickBooks_Data_64_Bit_QRemote[[#This Row],[SalesOrderLineRate]]*Tabla_Consulta_desde_QuickBooks_Data_64_Bit_QRemote[[#This Row],[SalesOrderLineInvoiced]]","v":0},{"$f":"+IFERROR(IF(Tabla_Consulta_desde_QuickBooks_Data_64_Bit_QRemote[[#This Row],[CustomerRefFullName]]=\"GRUVALCORP SA\",VLOOKUP(Tabla_Consulta_desde_QuickBooks_Data_64_Bit_QRemote[[#This Row],[SalesOrderLineItemRefFullName]],Hoja1!A:E,5,FALSE),\"\")*-Tabla_Consulta_desde_QuickBooks_Data_64_Bit_QRemote[[#This Row],[SalesOrderLineAmount]],\"\")","v":""},{"$f":"IF(COUNTIF(wms!E:E,Tabla_Consulta_desde_QuickBooks_Data_64_Bit_QRemote[[#This Row],[RefNumber]])>0,\"OK\",\"FALTA\")","v":"OK"}]
["2025-06-03","29101","CORPORACION FERNANDEZ CORPFERNANDEZ S.A.","LOCAL PASCUALES",1,"7862112520301","P.T:110700","CHIMICHURRI OLE 230G","Bodega Producto Terminado",8,"UN",2.35,18.8,"UNIDAD SALSA",0,47,54.05,"IVA EN VENTAS 15%",{"$f":"IFERROR(IF(Tabla_Consulta_desde_QuickBooks_Data_64_Bit_QRemote[[#This Row],[SalesOrderLineUnitOfMeasure]]=\"un\",Tabla_Consulta_desde_QuickBooks_Data_64_Bit_QRemote[[#This Row],[SalesOrderLineQuantity]],Tabla_Consulta_desde_QuickBooks_Data_64_Bit_QRemote[[#This Row],[SalesOrderLineQuantity]]/MID(Tabla_Consulta_desde_QuickBooks_Data_64_Bit_QRemote[[#This Row],[SalesOrderLineUnitOfMeasure]],2,2)),0)","v":8},{"$f":"IFERROR(IF(Tabla_Consulta_desde_QuickBooks_Data_64_Bit_QRemote[[#This Row],[SalesOrderLineUnitOfMeasure]]=\"un\",Tabla_Consulta_desde_QuickBooks_Data_64_Bit_QRemote[[#This Row],[SalesOrderLineInvoiced]],Tabla_Consulta_desde_QuickBooks_Data_64_Bit_QRemote[[#This Row],[SalesOrderLineInvoiced]]/MID(Tabla_Consulta_desde_QuickBooks_Data_64_Bit_QRemote[[#This Row],[SalesOrderLineUnitOfMeasure]],2,2)),0)","v":0},{"$f":"+Tabla_Consulta_desde_QuickBooks_Data_64_Bit_QRemote[[#This Row],[facturado]]-Tabla_Consulta_desde_QuickBooks_Data_64_Bit_QRemote[[#This Row],[pide]]","v":-8},{"$f":"IF(Tabla_Consulta_desde_QuickBooks_Data_64_Bit_QRemote[[#This Row],[diferecia]]=0,\"ok\",\"diferen\")","v":"diferen"},{"$f":"IFERROR(INDEX(um!A:C,MATCH(Tabla_Consulta_desde_QuickBooks_Data_64_Bit_QRemote[[#This Row],[SalesOrderLineItemRefFullName]],um!A:A,0),3),\"\")","v":"X12"},{"$f":"IFERROR(IF(OR(Tabla_Consulta_desde_QuickBooks_Data_64_Bit_QRemote[[#This Row],[SalesOrderLineUnitOfMeasure]]=\"UN\",Tabla_Consulta_desde_QuickBooks_Data_64_Bit_QRemote[[#This Row],[SalesOrderLineUnitOfMeasure]]=Tabla_Consulta_desde_QuickBooks_Data_64_Bit_QRemote[[#This Row],[U/M]]),\"\",\"ERROR\"),\"\")","v":""},{"$f":"+WEEKNUM(Tabla_Consulta_desde_QuickBooks_Data_64_Bit_QRemote[[#This Row],[TxnDate]])","v":23},{"$f":"+Tabla_Consulta_desde_QuickBooks_Data_64_Bit_QRemote[[#This Row],[SalesOrderLineRate]]*Tabla_Consulta_desde_QuickBooks_Data_64_Bit_QRemote[[#This Row],[SalesOrderLineInvoiced]]","v":0},{"$f":"+IFERROR(IF(Tabla_Consulta_desde_QuickBooks_Data_64_Bit_QRemote[[#This Row],[CustomerRefFullName]]=\"GRUVALCORP SA\",VLOOKUP(Tabla_Consulta_desde_QuickBooks_Data_64_Bit_QRemote[[#This Row],[SalesOrderLineItemRefFullName]],Hoja1!A:E,5,FALSE),\"\")*-Tabla_Consulta_desde_QuickBooks_Data_64_Bit_QRemote[[#This Row],[SalesOrderLineAmount]],\"\")","v":""},{"$f":"IF(COUNTIF(wms!E:E,Tabla_Consulta_desde_QuickBooks_Data_64_Bit_QRemote[[#This Row],[RefNumber]])>0,\"OK\",\"FALTA\")","v":"OK"}]
["2025-06-03","29101","CORPORACION FERNANDEZ CORPFERNANDEZ S.A.","LOCAL PASCUALES",2,"7862112522497","P.T:110801","SALSA BBQ ORIGINAL OLE DP 200G","Bodega Producto Terminado",12,"X12",0.78,9.36,"UNIDAD SALSA",0,47,54.05,"IVA EN VENTAS 15%",{"$f":"IFERROR(IF(Tabla_Consulta_desde_QuickBooks_Data_64_Bit_QRemote[[#This Row],[SalesOrderLineUnitOfMeasure]]=\"un\",Tabla_Consulta_desde_QuickBooks_Data_64_Bit_QRemote[[#This Row],[SalesOrderLineQuantity]],Tabla_Consulta_desde_QuickBooks_Data_64_Bit_QRemote[[#This Row],[SalesOrderLineQuantity]]/MID(Tabla_Consulta_desde_QuickBooks_Data_64_Bit_QRemote[[#This Row],[SalesOrderLineUnitOfMeasure]],2,2)),0)","v":1},{"$f":"IFERROR(IF(Tabla_Consulta_desde_QuickBooks_Data_64_Bit_QRemote[[#This Row],[SalesOrderLineUnitOfMeasure]]=\"un\",Tabla_Consulta_desde_QuickBooks_Data_64_Bit_QRemote[[#This Row],[SalesOrderLineInvoiced]],Tabla_Consulta_desde_QuickBooks_Data_64_Bit_QRemote[[#This Row],[SalesOrderLineInvoiced]]/MID(Tabla_Consulta_desde_QuickBooks_Data_64_Bit_QRemote[[#This Row],[SalesOrderLineUnitOfMeasure]],2,2)),0)","v":0},{"$f":"+Tabla_Consulta_desde_QuickBooks_Data_64_Bit_QRemote[[#This Row],[facturado]]-Tabla_Consulta_desde_QuickBooks_Data_64_Bit_QRemote[[#This Row],[pide]]","v":-1},{"$f":"IF(Tabla_Consulta_desde_QuickBooks_Data_64_Bit_QRemote[[#This Row],[diferecia]]=0,\"ok\",\"diferen\")","v":"diferen"},{"$f":"IFERROR(INDEX(um!A:C,MATCH(Tabla_Consulta_desde_QuickBooks_Data_64_Bit_QRemote[[#This Row],[SalesOrderLineItemRefFullName]],um!A:A,0),3),\"\")","v":"X12"},{"$f":"IFERROR(IF(OR(Tabla_Consulta_desde_QuickBooks_Data_64_Bit_QRemote[[#This Row],[SalesOrderLineUnitOfMeasure]]=\"UN\",Tabla_Consulta_desde_QuickBooks_Data_64_Bit_QRemote[[#This Row],[SalesOrderLineUnitOfMeasure]]=Tabla_Consulta_desde_QuickBooks_Data_64_Bit_QRemote[[#This Row],[U/M]]),\"\",\"ERROR\"),\"\")","v":""},{"$f":"+WEEKNUM(Tabla_Consulta_desde_QuickBooks_Data_64_Bit_QRemote[[#This Row],[TxnDate]])","v":23},{"$f":"+Tabla_Consulta_desde_QuickBooks_Data_64_Bit_QRemote[[#This Row],[SalesOrderLineRate]]*Tabla_Consulta_desde_QuickBooks_Data_64_Bit_QRemote[[#This Row],[SalesOrderLineInvoiced]]","v":0},{"$f":"+IFERROR(IF(Tabla_Consulta_desde_QuickBooks_Data_64_Bit_QRemote[[#This Row],[CustomerRefFullName]]=\"GRUVALCORP SA\",VLOOKUP(Tabla_Consulta_desde_QuickBooks_Data_64_Bit_QRemote[[#This Row],[SalesOrderLineItemRefFullName]],Hoja1!A:E,5,FALSE),\"\")*-Tabla_Consulta_desde_QuickBooks_Data_64_Bit_QRemote[[#This Row],[SalesOrderLineAmount]],\"\")","v":""},{"$f":"IF(COUNTIF(wms!E:E,Tabla_Consulta_desde_QuickBooks_Data_64_Bit_QRemote[[#This Row],[RefNumber]])>0,\"OK\",\"FALTA\")","v":"OK"}]
["2025-06-03","29101","CORPORACION FERNANDEZ CORPFERNANDEZ S.A.","LOCAL PASCUALES",3,"705424000147","P.T:110209","AJÍ CON TOMATE DE ÁRBOL OLE 180G","Bodega Producto Terminado",12,"UN",1.57,18.84,"UNIDAD SALSA",0,47,54.05,"IVA EN VENTAS 15%",{"$f":"IFERROR(IF(Tabla_Consulta_desde_QuickBooks_Data_64_Bit_QRemote[[#This Row],[SalesOrderLineUnitOfMeasure]]=\"un\",Tabla_Consulta_desde_QuickBooks_Data_64_Bit_QRemote[[#This Row],[SalesOrderLineQuantity]],Tabla_Consulta_desde_QuickBooks_Data_64_Bit_QRemote[[#This Row],[SalesOrderLineQuantity]]/MID(Tabla_Consulta_desde_QuickBooks_Data_64_Bit_QRemote[[#This Row],[SalesOrderLineUnitOfMeasure]],2,2)),0)","v":12},{"$f":"IFERROR(IF(Tabla_Consulta_desde_QuickBooks_Data_64_Bit_QRemote[[#This Row],[SalesOrderLineUnitOfMeasure]]=\"un\",Tabla_Consulta_desde_QuickBooks_Data_64_Bit_QRemote[[#This Row],[SalesOrderLineInvoiced]],Tabla_Consulta_desde_QuickBooks_Data_64_Bit_QRemote[[#This Row],[SalesOrderLineInvoiced]]/MID(Tabla_Consulta_desde_QuickBooks_Data_64_Bit_QRemote[[#This Row],[SalesOrderLineUnitOfMeasure]],2,2)),0)","v":0},{"$f":"+Tabla_Consulta_desde_QuickBooks_Data_64_Bit_QRemote[[#This Row],[facturado]]-Tabla_Consulta_desde_QuickBooks_Data_64_Bit_QRemote[[#This Row],[pide]]","v":-12},{"$f":"IF(Tabla_Consulta_desde_QuickBooks_Data_64_Bit_QRemote[[#This Row],[diferecia]]=0,\"ok\",\"diferen\")","v":"diferen"},{"$f":"IFERROR(INDEX(um!A:C,MATCH(Tabla_Consulta_desde_QuickBooks_Data_64_Bit_QRemote[[#This Row],[SalesOrderLineItemRefFullName]],um!A:A,0),3),\"\")","v":"X24"},{"$f":"IFERROR(IF(OR(Tabla_Consulta_desde_QuickBooks_Data_64_Bit_QRemote[[#This Row],[SalesOrderLineUnitOfMeasure]]=\"UN\",Tabla_Consulta_desde_QuickBooks_Data_64_Bit_QRemote[[#This Row],[SalesOrderLineUnitOfMeasure]]=Tabla_Consulta_desde_QuickBooks_Data_64_Bit_QRemote[[#This Row],[U/M]]),\"\",\"ERROR\"),\"\")","v":""},{"$f":"+WEEKNUM(Tabla_Consulta_desde_QuickBooks_Data_64_Bit_QRemote[[#This Row],[TxnDate]])","v":23},{"$f":"+Tabla_Consulta_desde_QuickBooks_Data_64_Bit_QRemote[[#This Row],[SalesOrderLineRate]]*Tabla_Consulta_desde_QuickBooks_Data_64_Bit_QRemote[[#This Row],[SalesOrderLineInvoiced]]","v":0},{"$f":"+IFERROR(IF(Tabla_Consulta_desde_QuickBooks_Data_64_Bit_QRemote[[#This Row],[CustomerRefFullName]]=\"GRUVALCORP SA\",VLOOKUP(Tabla_Consulta_desde_QuickBooks_Data_64_Bit_QRemote[[#This Row],[SalesOrderLineItemRefFullName]],Hoja1!A:E,5,FALSE),\"\")*-Tabla_Consulta_desde_QuickBooks_Data_64_Bit_QRemote[[#This Row],[SalesOrderLineAmount]],\"\")","v":""},{"$f":"IF(COUNTIF(wms!E:E,Tabla_Consulta_desde_QuickBooks_Data_64_Bit_QRemote[[#This Row],[RefNumber]])>0,\"OK\",\"FALTA\")","v":"OK"}]
["2025-06-03","29101","CORPORACION FERNANDEZ CORPFERNANDEZ S.A.","LOCAL PASCUALES",4,null,"INFOADICIONAL","LOCAL PASCUALES",null,null,null,0,0,null,0,47,54.05,"IVA EN VENTAS 15%",{"$f":"IFERROR(IF(Tabla_Consulta_desde_QuickBooks_Data_64_Bit_QRemote[[#This Row],[SalesOrderLineUnitOfMeasure]]=\"un\",Tabla_Consulta_desde_QuickBooks_Data_64_Bit_QRemote[[#This Row],[SalesOrderLineQuantity]],Tabla_Consulta_desde_QuickBooks_Data_64_Bit_QRemote[[#This Row],[SalesOrderLineQuantity]]/MID(Tabla_Consulta_desde_QuickBooks_Data_64_Bit_QRemote[[#This Row],[SalesOrderLineUnitOfMeasure]],2,2)),0)","v":0},{"$f":"IFERROR(IF(Tabla_Consulta_desde_QuickBooks_Data_64_Bit_QRemote[[#This Row],[SalesOrderLineUnitOfMeasure]]=\"un\",Tabla_Consulta_desde_QuickBooks_Data_64_Bit_QRemote[[#This Row],[SalesOrderLineInvoiced]],Tabla_Consulta_desde_QuickBooks_Data_64_Bit_QRemote[[#This Row],[SalesOrderLineInvoiced]]/MID(Tabla_Consulta_desde_QuickBooks_Data_64_Bit_QRemote[[#This Row],[SalesOrderLineUnitOfMeasure]],2,2)),0)","v":0},{"$f":"+Tabla_Consulta_desde_QuickBooks_Data_64_Bit_QRemote[[#This Row],[facturado]]-Tabla_Consulta_desde_QuickBooks_Data_64_Bit_QRemote[[#This Row],[pide]]","v":0},{"$f":"IF(Tabla_Consulta_desde_QuickBooks_Data_64_Bit_QRemote[[#This Row],[diferecia]]=0,\"ok\",\"diferen\")","v":"ok"},{"$f":"IFERROR(INDEX(um!A:C,MATCH(Tabla_Consulta_desde_QuickBooks_Data_64_Bit_QRemote[[#This Row],[SalesOrderLineItemRefFullName]],um!A:A,0),3),\"\")","v":""},{"$f":"IFERROR(IF(OR(Tabla_Consulta_desde_QuickBooks_Data_64_Bit_QRemote[[#This Row],[SalesOrderLineUnitOfMeasure]]=\"UN\",Tabla_Consulta_desde_QuickBooks_Data_64_Bit_QRemote[[#This Row],[SalesOrderLineUnitOfMeasure]]=Tabla_Consulta_desde_QuickBooks_Data_64_Bit_QRemote[[#This Row],[U/M]]),\"\",\"ERROR\"),\"\")","v":""},{"$f":"+WEEKNUM(Tabla_Consulta_desde_QuickBooks_Data_64_Bit_QRemote[[#This Row],[TxnDate]])","v":23},{"$f":"+Tabla_Consulta_desde_QuickBooks_Data_64_Bit_QRemote[[#This Row],[SalesOrderLineRate]]*Tabla_Consulta_desde_QuickBooks_Data_64_Bit_QRemote[[#This Row],[SalesOrderLineInvoiced]]","v":0},{"$f":"+IFERROR(IF(Tabla_Consulta_desde_QuickBooks_Data_64_Bit_QRemote[[#This Row],[CustomerRefFullName]]=\"GRUVALCORP SA\",VLOOKUP(Tabla_Consulta_desde_QuickBooks_Data_64_Bit_QRemote[[#This Row],[SalesOrderLineItemRefFullName]],Hoja1!A:E,5,FALSE),\"\")*-Tabla_Consulta_desde_QuickBooks_Data_64_Bit_QRemote[[#This Row],[SalesOrderLineAmount]],\"\")","v":""},{"$f":"IF(COUNTIF(wms!E:E,Tabla_Consulta_desde_QuickBooks_Data_64_Bit_QRemote[[#This Row],[RefNumber]])>0,\"OK\",\"FALTA\")","v":"OK"}]
["2025-06-03","29102","CORPORACION FERNANDEZ CORPFERNANDEZ S.A.","LOCAL PLAYITA",1,"7862112520301","P.T:110700","CHIMICHURRI OLE 230G","Bodega Producto Terminado",24,"X12",2.35,56.4,"UNIDAD SALSA",0,190.08,218.59,"IVA EN VENTAS 15%",{"$f":"IFERROR(IF(Tabla_Consulta_desde_QuickBooks_Data_64_Bit_QRemote[[#This Row],[SalesOrderLineUnitOfMeasure]]=\"un\",Tabla_Consulta_desde_QuickBooks_Data_64_Bit_QRemote[[#This Row],[SalesOrderLineQuantity]],Tabla_Consulta_desde_QuickBooks_Data_64_Bit_QRemote[[#This Row],[SalesOrderLineQuantity]]/MID(Tabla_Consulta_desde_QuickBooks_Data_64_Bit_QRemote[[#This Row],[SalesOrderLineUnitOfMeasure]],2,2)),0)","v":2},{"$f":"IFERROR(IF(Tabla_Consulta_desde_QuickBooks_Data_64_Bit_QRemote[[#This Row],[SalesOrderLineUnitOfMeasure]]=\"un\",Tabla_Consulta_desde_QuickBooks_Data_64_Bit_QRemote[[#This Row],[SalesOrderLineInvoiced]],Tabla_Consulta_desde_QuickBooks_Data_64_Bit_QRemote[[#This Row],[SalesOrderLineInvoiced]]/MID(Tabla_Consulta_desde_QuickBooks_Data_64_Bit_QRemote[[#This Row],[SalesOrderLineUnitOfMeasure]],2,2)),0)","v":0},{"$f":"+Tabla_Consulta_desde_QuickBooks_Data_64_Bit_QRemote[[#This Row],[facturado]]-Tabla_Consulta_desde_QuickBooks_Data_64_Bit_QRemote[[#This Row],[pide]]","v":-2},{"$f":"IF(Tabla_Consulta_desde_QuickBooks_Data_64_Bit_QRemote[[#This Row],[diferecia]]=0,\"ok\",\"diferen\")","v":"diferen"},{"$f":"IFERROR(INDEX(um!A:C,MATCH(Tabla_Consulta_desde_QuickBooks_Data_64_Bit_QRemote[[#This Row],[SalesOrderLineItemRefFullName]],um!A:A,0),3),\"\")","v":"X12"},{"$f":"IFERROR(IF(OR(Tabla_Consulta_desde_QuickBooks_Data_64_Bit_QRemote[[#This Row],[SalesOrderLineUnitOfMeasure]]=\"UN\",Tabla_Consulta_desde_QuickBooks_Data_64_Bit_QRemote[[#This Row],[SalesOrderLineUnitOfMeasure]]=Tabla_Consulta_desde_QuickBooks_Data_64_Bit_QRemote[[#This Row],[U/M]]),\"\",\"ERROR\"),\"\")","v":""},{"$f":"+WEEKNUM(Tabla_Consulta_desde_QuickBooks_Data_64_Bit_QRemote[[#This Row],[TxnDate]])","v":23},{"$f":"+Tabla_Consulta_desde_QuickBooks_Data_64_Bit_QRemote[[#This Row],[SalesOrderLineRate]]*Tabla_Consulta_desde_QuickBooks_Data_64_Bit_QRemote[[#This Row],[SalesOrderLineInvoiced]]","v":0},{"$f":"+IFERROR(IF(Tabla_Consulta_desde_QuickBooks_Data_64_Bit_QRemote[[#This Row],[CustomerRefFullName]]=\"GRUVALCORP SA\",VLOOKUP(Tabla_Consulta_desde_QuickBooks_Data_64_Bit_QRemote[[#This Row],[SalesOrderLineItemRefFullName]],Hoja1!A:E,5,FALSE),\"\")*-Tabla_Consulta_desde_QuickBooks_Data_64_Bit_QRemote[[#This Row],[SalesOrderLineAmount]],\"\")","v":""},{"$f":"IF(COUNTIF(wms!E:E,Tabla_Consulta_desde_QuickBooks_Data_64_Bit_QRemote[[#This Row],[RefNumber]])>0,\"OK\",\"FALTA\")","v":"OK"}]
["2025-06-03","29102","CORPORACION FERNANDEZ CORPFERNANDEZ S.A.","LOCAL PLAYITA",2,"7862112522497","P.T:110801","SALSA BBQ ORIGINAL OLE DP 200G","Bodega Producto Terminado",24,"X12",0.78,18.72,"UNIDAD SALSA",0,190.08,218.59,"IVA EN VENTAS 15%",{"$f":"IFERROR(IF(Tabla_Consulta_desde_QuickBooks_Data_64_Bit_QRemote[[#This Row],[SalesOrderLineUnitOfMeasure]]=\"un\",Tabla_Consulta_desde_QuickBooks_Data_64_Bit_QRemote[[#This Row],[SalesOrderLineQuantity]],Tabla_Consulta_desde_QuickBooks_Data_64_Bit_QRemote[[#This Row],[SalesOrderLineQuantity]]/MID(Tabla_Consulta_desde_QuickBooks_Data_64_Bit_QRemote[[#This Row],[SalesOrderLineUnitOfMeasure]],2,2)),0)","v":2},{"$f":"IFERROR(IF(Tabla_Consulta_desde_QuickBooks_Data_64_Bit_QRemote[[#This Row],[SalesOrderLineUnitOfMeasure]]=\"un\",Tabla_Consulta_desde_QuickBooks_Data_64_Bit_QRemote[[#This Row],[SalesOrderLineInvoiced]],Tabla_Consulta_desde_QuickBooks_Data_64_Bit_QRemote[[#This Row],[SalesOrderLineInvoiced]]/MID(Tabla_Consulta_desde_QuickBooks_Data_64_Bit_QRemote[[#This Row],[SalesOrderLineUnitOfMeasure]],2,2)),0)","v":0},{"$f":"+Tabla_Consulta_desde_QuickBooks_Data_64_Bit_QRemote[[#This Row],[facturado]]-Tabla_Consulta_desde_QuickBooks_Data_64_Bit_QRemote[[#This Row],[pide]]","v":-2},{"$f":"IF(Tabla_Consulta_desde_QuickBooks_Data_64_Bit_QRemote[[#This Row],[diferecia]]=0,\"ok\",\"diferen\")","v":"diferen"},{"$f":"IFERROR(INDEX(um!A:C,MATCH(Tabla_Consulta_desde_QuickBooks_Data_64_Bit_QRemote[[#This Row],[SalesOrderLineItemRefFullName]],um!A:A,0),3),\"\")","v":"X12"},{"$f":"IFERROR(IF(OR(Tabla_Consulta_desde_QuickBooks_Data_64_Bit_QRemote[[#This Row],[SalesOrderLineUnitOfMeasure]]=\"UN\",Tabla_Consulta_desde_QuickBooks_Data_64_Bit_QRemote[[#This Row],[SalesOrderLineUnitOfMeasure]]=Tabla_Consulta_desde_QuickBooks_Data_64_Bit_QRemote[[#This Row],[U/M]]),\"\",\"ERROR\"),\"\")","v":""},{"$f":"+WEEKNUM(Tabla_Consulta_desde_QuickBooks_Data_64_Bit_QRemote[[#This Row],[TxnDate]])","v":23},{"$f":"+Tabla_Consulta_desde_QuickBooks_Data_64_Bit_QRemote[[#This Row],[SalesOrderLineRate]]*Tabla_Consulta_desde_QuickBooks_Data_64_Bit_QRemote[[#This Row],[SalesOrderLineInvoiced]]","v":0},{"$f":"+IFERROR(IF(Tabla_Consulta_desde_QuickBooks_Data_64_Bit_QRemote[[#This Row],[CustomerRefFullName]]=\"GRUVALCORP SA\",VLOOKUP(Tabla_Consulta_desde_QuickBooks_Data_64_Bit_QRemote[[#This Row],[SalesOrderLineItemRefFullName]],Hoja1!A:E,5,FALSE),\"\")*-Tabla_Consulta_desde_QuickBooks_Data_64_Bit_QRemote[[#This Row],[SalesOrderLineAmount]],\"\")","v":""},{"$f":"IF(COUNTIF(wms!E:E,Tabla_Consulta_desde_QuickBooks_Data_64_Bit_QRemote[[#This Row],[RefNumber]])>0,\"OK\",\"FALTA\")","v":"OK"}]
["2025-06-03","29102","CORPORACION FERNANDEZ CORPFERNANDEZ S.A.","LOCAL PLAYITA",3,"7862112521810","P.T:110303","SALSA BBQ ORIGINAL OLE 430G","Bodega Producto Terminado",12,"X12",1.78,21.36,"UNIDAD SALSA",0,190.08,218.59,"IVA EN VENTAS 15%",{"$f":"IFERROR(IF(Tabla_Consulta_desde_QuickBooks_Data_64_Bit_QRemote[[#This Row],[SalesOrderLineUnitOfMeasure]]=\"un\",Tabla_Consulta_desde_QuickBooks_Data_64_Bit_QRemote[[#This Row],[SalesOrderLineQuantity]],Tabla_Consulta_desde_QuickBooks_Data_64_Bit_QRemote[[#This Row],[SalesOrderLineQuantity]]/MID(Tabla_Consulta_desde_QuickBooks_Data_64_Bit_QRemote[[#This Row],[SalesOrderLineUnitOfMeasure]],2,2)),0)","v":1},{"$f":"IFERROR(IF(Tabla_Consulta_desde_QuickBooks_Data_64_Bit_QRemote[[#This Row],[SalesOrderLineUnitOfMeasure]]=\"un\",Tabla_Consulta_desde_QuickBooks_Data_64_Bit_QRemote[[#This Row],[SalesOrderLineInvoiced]],Tabla_Consulta_desde_QuickBooks_Data_64_Bit_QRemote[[#This Row],[SalesOrderLineInvoiced]]/MID(Tabla_Consulta_desde_QuickBooks_Data_64_Bit_QRemote[[#This Row],[SalesOrderLineUnitOfMeasure]],2,2)),0)","v":0},{"$f":"+Tabla_Consulta_desde_QuickBooks_Data_64_Bit_QRemote[[#This Row],[facturado]]-Tabla_Consulta_desde_QuickBooks_Data_64_Bit_QRemote[[#This Row],[pide]]","v":-1},{"$f":"IF(Tabla_Consulta_desde_QuickBooks_Data_64_Bit_QRemote[[#This Row],[diferecia]]=0,\"ok\",\"diferen\")","v":"diferen"},{"$f":"IFERROR(INDEX(um!A:C,MATCH(Tabla_Consulta_desde_QuickBooks_Data_64_Bit_QRemote[[#This Row],[SalesOrderLineItemRefFullName]],um!A:A,0),3),\"\")","v":"X12"},{"$f":"IFERROR(IF(OR(Tabla_Consulta_desde_QuickBooks_Data_64_Bit_QRemote[[#This Row],[SalesOrderLineUnitOfMeasure]]=\"UN\",Tabla_Consulta_desde_QuickBooks_Data_64_Bit_QRemote[[#This Row],[SalesOrderLineUnitOfMeasure]]=Tabla_Consulta_desde_QuickBooks_Data_64_Bit_QRemote[[#This Row],[U/M]]),\"\",\"ERROR\"),\"\")","v":""},{"$f":"+WEEKNUM(Tabla_Consulta_desde_QuickBooks_Data_64_Bit_QRemote[[#This Row],[TxnDate]])","v":23},{"$f":"+Tabla_Consulta_desde_QuickBooks_Data_64_Bit_QRemote[[#This Row],[SalesOrderLineRate]]*Tabla_Consulta_desde_QuickBooks_Data_64_Bit_QRemote[[#This Row],[SalesOrderLineInvoiced]]","v":0},{"$f":"+IFERROR(IF(Tabla_Consulta_desde_QuickBooks_Data_64_Bit_QRemote[[#This Row],[CustomerRefFullName]]=\"GRUVALCORP SA\",VLOOKUP(Tabla_Consulta_desde_QuickBooks_Data_64_Bit_QRemote[[#This Row],[SalesOrderLineItemRefFullName]],Hoja1!A:E,5,FALSE),\"\")*-Tabla_Consulta_desde_QuickBooks_Data_64_Bit_QRemote[[#This Row],[SalesOrderLineAmount]],\"\")","v":""},{"$f":"IF(COUNTIF(wms!E:E,Tabla_Consulta_desde_QuickBooks_Data_64_Bit_QRemote[[#This Row],[RefNumber]])>0,\"OK\",\"FALTA\")","v":"OK"}]
["2025-06-03","29102","CORPORACION FERNANDEZ CORPFERNANDEZ S.A.","LOCAL PLAYITA",4,"7862112522794","P.T:311605","SALSA CHICKEN DIPPIN OLE 200G","Bodega Producto Terminado",12,"UN",1.31,15.72,"UNIDAD SALSA",0,190.08,218.59,"IVA EN VENTAS 15%",{"$f":"IFERROR(IF(Tabla_Consulta_desde_QuickBooks_Data_64_Bit_QRemote[[#This Row],[SalesOrderLineUnitOfMeasure]]=\"un\",Tabla_Consulta_desde_QuickBooks_Data_64_Bit_QRemote[[#This Row],[SalesOrderLineQuantity]],Tabla_Consulta_desde_QuickBooks_Data_64_Bit_QRemote[[#This Row],[SalesOrderLineQuantity]]/MID(Tabla_Consulta_desde_QuickBooks_Data_64_Bit_QRemote[[#This Row],[SalesOrderLineUnitOfMeasure]],2,2)),0)","v":12},{"$f":"IFERROR(IF(Tabla_Consulta_desde_QuickBooks_Data_64_Bit_QRemote[[#This Row],[SalesOrderLineUnitOfMeasure]]=\"un\",Tabla_Consulta_desde_QuickBooks_Data_64_Bit_QRemote[[#This Row],[SalesOrderLineInvoiced]],Tabla_Consulta_desde_QuickBooks_Data_64_Bit_QRemote[[#This Row],[SalesOrderLineInvoiced]]/MID(Tabla_Consulta_desde_QuickBooks_Data_64_Bit_QRemote[[#This Row],[SalesOrderLineUnitOfMeasure]],2,2)),0)","v":0},{"$f":"+Tabla_Consulta_desde_QuickBooks_Data_64_Bit_QRemote[[#This Row],[facturado]]-Tabla_Consulta_desde_QuickBooks_Data_64_Bit_QRemote[[#This Row],[pide]]","v":-12},{"$f":"IF(Tabla_Consulta_desde_QuickBooks_Data_64_Bit_QRemote[[#This Row],[diferecia]]=0,\"ok\",\"diferen\")","v":"diferen"},{"$f":"IFERROR(INDEX(um!A:C,MATCH(Tabla_Consulta_desde_QuickBooks_Data_64_Bit_QRemote[[#This Row],[SalesOrderLineItemRefFullName]],um!A:A,0),3),\"\")","v":"X24"},{"$f":"IFERROR(IF(OR(Tabla_Consulta_desde_QuickBooks_Data_64_Bit_QRemote[[#This Row],[SalesOrderLineUnitOfMeasure]]=\"UN\",Tabla_Consulta_desde_QuickBooks_Data_64_Bit_QRemote[[#This Row],[SalesOrderLineUnitOfMeasure]]=Tabla_Consulta_desde_QuickBooks_Data_64_Bit_QRemote[[#This Row],[U/M]]),\"\",\"ERROR\"),\"\")","v":""},{"$f":"+WEEKNUM(Tabla_Consulta_desde_QuickBooks_Data_64_Bit_QRemote[[#This Row],[TxnDate]])","v":23},{"$f":"+Tabla_Consulta_desde_QuickBooks_Data_64_Bit_QRemote[[#This Row],[SalesOrderLineRate]]*Tabla_Consulta_desde_QuickBooks_Data_64_Bit_QRemote[[#This Row],[SalesOrderLineInvoiced]]","v":0},{"$f":"+IFERROR(IF(Tabla_Consulta_desde_QuickBooks_Data_64_Bit_QRemote[[#This Row],[CustomerRefFullName]]=\"GRUVALCORP SA\",VLOOKUP(Tabla_Consulta_desde_QuickBooks_Data_64_Bit_QRemote[[#This Row],[SalesOrderLineItemRefFullName]],Hoja1!A:E,5,FALSE),\"\")*-Tabla_Consulta_desde_QuickBooks_Data_64_Bit_QRemote[[#This Row],[SalesOrderLineAmount]],\"\")","v":""},{"$f":"IF(COUNTIF(wms!E:E,Tabla_Consulta_desde_QuickBooks_Data_64_Bit_QRemote[[#This Row],[RefNumber]])>0,\"OK\",\"FALTA\")","v":"OK"}]
["2025-06-03","29102","CORPORACION FERNANDEZ CORPFERNANDEZ S.A.","LOCAL PLAYITA",5,"7862112522183","P.T:110733","SALSA GUACAMOLE OLE 220G","Bodega Producto Terminado",12,"X12",1.72,20.64,"UNIDAD SALSA",0,190.08,218.59,"IVA EN VENTAS 15%",{"$f":"IFERROR(IF(Tabla_Consulta_desde_QuickBooks_Data_64_Bit_QRemote[[#This Row],[SalesOrderLineUnitOfMeasure]]=\"un\",Tabla_Consulta_desde_QuickBooks_Data_64_Bit_QRemote[[#This Row],[SalesOrderLineQuantity]],Tabla_Consulta_desde_QuickBooks_Data_64_Bit_QRemote[[#This Row],[SalesOrderLineQuantity]]/MID(Tabla_Consulta_desde_QuickBooks_Data_64_Bit_QRemote[[#This Row],[SalesOrderLineUnitOfMeasure]],2,2)),0)","v":1},{"$f":"IFERROR(IF(Tabla_Consulta_desde_QuickBooks_Data_64_Bit_QRemote[[#This Row],[SalesOrderLineUnitOfMeasure]]=\"un\",Tabla_Consulta_desde_QuickBooks_Data_64_Bit_QRemote[[#This Row],[SalesOrderLineInvoiced]],Tabla_Consulta_desde_QuickBooks_Data_64_Bit_QRemote[[#This Row],[SalesOrderLineInvoiced]]/MID(Tabla_Consulta_desde_QuickBooks_Data_64_Bit_QRemote[[#This Row],[SalesOrderLineUnitOfMeasure]],2,2)),0)","v":0},{"$f":"+Tabla_Consulta_desde_QuickBooks_Data_64_Bit_QRemote[[#This Row],[facturado]]-Tabla_Consulta_desde_QuickBooks_Data_64_Bit_QRemote[[#This Row],[pide]]","v":-1},{"$f":"IF(Tabla_Consulta_desde_QuickBooks_Data_64_Bit_QRemote[[#This Row],[diferecia]]=0,\"ok\",\"diferen\")","v":"diferen"},{"$f":"IFERROR(INDEX(um!A:C,MATCH(Tabla_Consulta_desde_QuickBooks_Data_64_Bit_QRemote[[#This Row],[SalesOrderLineItemRefFullName]],um!A:A,0),3),\"\")","v":"X12"},{"$f":"IFERROR(IF(OR(Tabla_Consulta_desde_QuickBooks_Data_64_Bit_QRemote[[#This Row],[SalesOrderLineUnitOfMeasure]]=\"UN\",Tabla_Consulta_desde_QuickBooks_Data_64_Bit_QRemote[[#This Row],[SalesOrderLineUnitOfMeasure]]=Tabla_Consulta_desde_QuickBooks_Data_64_Bit_QRemote[[#This Row],[U/M]]),\"\",\"ERROR\"),\"\")","v":""},{"$f":"+WEEKNUM(Tabla_Consulta_desde_QuickBooks_Data_64_Bit_QRemote[[#This Row],[TxnDate]])","v":23},{"$f":"+Tabla_Consulta_desde_QuickBooks_Data_64_Bit_QRemote[[#This Row],[SalesOrderLineRate]]*Tabla_Consulta_desde_QuickBooks_Data_64_Bit_QRemote[[#This Row],[SalesOrderLineInvoiced]]","v":0},{"$f":"+IFERROR(IF(Tabla_Consulta_desde_QuickBooks_Data_64_Bit_QRemote[[#This Row],[CustomerRefFullName]]=\"GRUVALCORP SA\",VLOOKUP(Tabla_Consulta_desde_QuickBooks_Data_64_Bit_QRemote[[#This Row],[SalesOrderLineItemRefFullName]],Hoja1!A:E,5,FALSE),\"\")*-Tabla_Consulta_desde_QuickBooks_Data_64_Bit_QRemote[[#This Row],[SalesOrderLineAmount]],\"\")","v":""},{"$f":"IF(COUNTIF(wms!E:E,Tabla_Consulta_desde_QuickBooks_Data_64_Bit_QRemote[[#This Row],[RefNumber]])>0,\"OK\",\"FALTA\")","v":"OK"}]
["2025-06-03","29102","CORPORACION FERNANDEZ CORPFERNANDEZ S.A.","LOCAL PLAYITA",6,"7862112522169","P.T:110734","DIP ORIGINAL ROASTED TOMATES ASADOS OLE 220G","Bodega Producto Terminado",12,"X12",1.51,18.12,"UNIDAD SALSA",0,190.08,218.59,"IVA EN VENTAS 15%",{"$f":"IFERROR(IF(Tabla_Consulta_desde_QuickBooks_Data_64_Bit_QRemote[[#This Row],[SalesOrderLineUnitOfMeasure]]=\"un\",Tabla_Consulta_desde_QuickBooks_Data_64_Bit_QRemote[[#This Row],[SalesOrderLineQuantity]],Tabla_Consulta_desde_QuickBooks_Data_64_Bit_QRemote[[#This Row],[SalesOrderLineQuantity]]/MID(Tabla_Consulta_desde_QuickBooks_Data_64_Bit_QRemote[[#This Row],[SalesOrderLineUnitOfMeasure]],2,2)),0)","v":1},{"$f":"IFERROR(IF(Tabla_Consulta_desde_QuickBooks_Data_64_Bit_QRemote[[#This Row],[SalesOrderLineUnitOfMeasure]]=\"un\",Tabla_Consulta_desde_QuickBooks_Data_64_Bit_QRemote[[#This Row],[SalesOrderLineInvoiced]],Tabla_Consulta_desde_QuickBooks_Data_64_Bit_QRemote[[#This Row],[SalesOrderLineInvoiced]]/MID(Tabla_Consulta_desde_QuickBooks_Data_64_Bit_QRemote[[#This Row],[SalesOrderLineUnitOfMeasure]],2,2)),0)","v":0},{"$f":"+Tabla_Consulta_desde_QuickBooks_Data_64_Bit_QRemote[[#This Row],[facturado]]-Tabla_Consulta_desde_QuickBooks_Data_64_Bit_QRemote[[#This Row],[pide]]","v":-1},{"$f":"IF(Tabla_Consulta_desde_QuickBooks_Data_64_Bit_QRemote[[#This Row],[diferecia]]=0,\"ok\",\"diferen\")","v":"diferen"},{"$f":"IFERROR(INDEX(um!A:C,MATCH(Tabla_Consulta_desde_QuickBooks_Data_64_Bit_QRemote[[#This Row],[SalesOrderLineItemRefFullName]],um!A:A,0),3),\"\")","v":"X12"},{"$f":"IFERROR(IF(OR(Tabla_Consulta_desde_QuickBooks_Data_64_Bit_QRemote[[#This Row],[SalesOrderLineUnitOfMeasure]]=\"UN\",Tabla_Consulta_desde_QuickBooks_Data_64_Bit_QRemote[[#This Row],[SalesOrderLineUnitOfMeasure]]=Tabla_Consulta_desde_QuickBooks_Data_64_Bit_QRemote[[#This Row],[U/M]]),\"\",\"ERROR\"),\"\")","v":""},{"$f":"+WEEKNUM(Tabla_Consulta_desde_QuickBooks_Data_64_Bit_QRemote[[#This Row],[TxnDate]])","v":23},{"$f":"+Tabla_Consulta_desde_QuickBooks_Data_64_Bit_QRemote[[#This Row],[SalesOrderLineRate]]*Tabla_Consulta_desde_QuickBooks_Data_64_Bit_QRemote[[#This Row],[SalesOrderLineInvoiced]]","v":0},{"$f":"+IFERROR(IF(Tabla_Consulta_desde_QuickBooks_Data_64_Bit_QRemote[[#This Row],[CustomerRefFullName]]=\"GRUVALCORP SA\",VLOOKUP(Tabla_Consulta_desde_QuickBooks_Data_64_Bit_QRemote[[#This Row],[SalesOrderLineItemRefFullName]],Hoja1!A:E,5,FALSE),\"\")*-Tabla_Consulta_desde_QuickBooks_Data_64_Bit_QRemote[[#This Row],[SalesOrderLineAmount]],\"\")","v":""},{"$f":"IF(COUNTIF(wms!E:E,Tabla_Consulta_desde_QuickBooks_Data_64_Bit_QRemote[[#This Row],[RefNumber]])>0,\"OK\",\"FALTA\")","v":"OK"}]
["2025-06-03","29102","CORPORACION FERNANDEZ CORPFERNANDEZ S.A.","LOCAL PLAYITA",7,"7862112522787","P.T:311606","SALSA QUESO CHEDDAR OLE 200G","Bodega Producto Terminado",12,"UN",1.59,19.079999999999998,"UNIDAD SALSA",0,190.08,218.59,"IVA EN VENTAS 15%",{"$f":"IFERROR(IF(Tabla_Consulta_desde_QuickBooks_Data_64_Bit_QRemote[[#This Row],[SalesOrderLineUnitOfMeasure]]=\"un\",Tabla_Consulta_desde_QuickBooks_Data_64_Bit_QRemote[[#This Row],[SalesOrderLineQuantity]],Tabla_Consulta_desde_QuickBooks_Data_64_Bit_QRemote[[#This Row],[SalesOrderLineQuantity]]/MID(Tabla_Consulta_desde_QuickBooks_Data_64_Bit_QRemote[[#This Row],[SalesOrderLineUnitOfMeasure]],2,2)),0)","v":12},{"$f":"IFERROR(IF(Tabla_Consulta_desde_QuickBooks_Data_64_Bit_QRemote[[#This Row],[SalesOrderLineUnitOfMeasure]]=\"un\",Tabla_Consulta_desde_QuickBooks_Data_64_Bit_QRemote[[#This Row],[SalesOrderLineInvoiced]],Tabla_Consulta_desde_QuickBooks_Data_64_Bit_QRemote[[#This Row],[SalesOrderLineInvoiced]]/MID(Tabla_Consulta_desde_QuickBooks_Data_64_Bit_QRemote[[#This Row],[SalesOrderLineUnitOfMeasure]],2,2)),0)","v":0},{"$f":"+Tabla_Consulta_desde_QuickBooks_Data_64_Bit_QRemote[[#This Row],[facturado]]-Tabla_Consulta_desde_QuickBooks_Data_64_Bit_QRemote[[#This Row],[pide]]","v":-12},{"$f":"IF(Tabla_Consulta_desde_QuickBooks_Data_64_Bit_QRemote[[#This Row],[diferecia]]=0,\"ok\",\"diferen\")","v":"diferen"},{"$f":"IFERROR(INDEX(um!A:C,MATCH(Tabla_Consulta_desde_QuickBooks_Data_64_Bit_QRemote[[#This Row],[SalesOrderLineItemRefFullName]],um!A:A,0),3),\"\")","v":"X24"},{"$f":"IFERROR(IF(OR(Tabla_Consulta_desde_QuickBooks_Data_64_Bit_QRemote[[#This Row],[SalesOrderLineUnitOfMeasure]]=\"UN\",Tabla_Consulta_desde_QuickBooks_Data_64_Bit_QRemote[[#This Row],[SalesOrderLineUnitOfMeasure]]=Tabla_Consulta_desde_QuickBooks_Data_64_Bit_QRemote[[#This Row],[U/M]]),\"\",\"ERROR\"),\"\")","v":""},{"$f":"+WEEKNUM(Tabla_Consulta_desde_QuickBooks_Data_64_Bit_QRemote[[#This Row],[TxnDate]])","v":23},{"$f":"+Tabla_Consulta_desde_QuickBooks_Data_64_Bit_QRemote[[#This Row],[SalesOrderLineRate]]*Tabla_Consulta_desde_QuickBooks_Data_64_Bit_QRemote[[#This Row],[SalesOrderLineInvoiced]]","v":0},{"$f":"+IFERROR(IF(Tabla_Consulta_desde_QuickBooks_Data_64_Bit_QRemote[[#This Row],[CustomerRefFullName]]=\"GRUVALCORP SA\",VLOOKUP(Tabla_Consulta_desde_QuickBooks_Data_64_Bit_QRemote[[#This Row],[SalesOrderLineItemRefFullName]],Hoja1!A:E,5,FALSE),\"\")*-Tabla_Consulta_desde_QuickBooks_Data_64_Bit_QRemote[[#This Row],[SalesOrderLineAmount]],\"\")","v":""},{"$f":"IF(COUNTIF(wms!E:E,Tabla_Consulta_desde_QuickBooks_Data_64_Bit_QRemote[[#This Row],[RefNumber]])>0,\"OK\",\"FALTA\")","v":"OK"}]
["2025-06-03","29102","CORPORACION FERNANDEZ CORPFERNANDEZ S.A.","LOCAL PLAYITA",8,"7862112522367","PT:220132","TOTOPOS NATURAL OLE 300G","Bodega Producto Terminado",12,"X12",1.67,20.04,"UNIDAD SNCKS",0,190.08,218.59,"IVA EN VENTAS 15%",{"$f":"IFERROR(IF(Tabla_Consulta_desde_QuickBooks_Data_64_Bit_QRemote[[#This Row],[SalesOrderLineUnitOfMeasure]]=\"un\",Tabla_Consulta_desde_QuickBooks_Data_64_Bit_QRemote[[#This Row],[SalesOrderLineQuantity]],Tabla_Consulta_desde_QuickBooks_Data_64_Bit_QRemote[[#This Row],[SalesOrderLineQuantity]]/MID(Tabla_Consulta_desde_QuickBooks_Data_64_Bit_QRemote[[#This Row],[SalesOrderLineUnitOfMeasure]],2,2)),0)","v":1},{"$f":"IFERROR(IF(Tabla_Consulta_desde_QuickBooks_Data_64_Bit_QRemote[[#This Row],[SalesOrderLineUnitOfMeasure]]=\"un\",Tabla_Consulta_desde_QuickBooks_Data_64_Bit_QRemote[[#This Row],[SalesOrderLineInvoiced]],Tabla_Consulta_desde_QuickBooks_Data_64_Bit_QRemote[[#This Row],[SalesOrderLineInvoiced]]/MID(Tabla_Consulta_desde_QuickBooks_Data_64_Bit_QRemote[[#This Row],[SalesOrderLineUnitOfMeasure]],2,2)),0)","v":0},{"$f":"+Tabla_Consulta_desde_QuickBooks_Data_64_Bit_QRemote[[#This Row],[facturado]]-Tabla_Consulta_desde_QuickBooks_Data_64_Bit_QRemote[[#This Row],[pide]]","v":-1},{"$f":"IF(Tabla_Consulta_desde_QuickBooks_Data_64_Bit_QRemote[[#This Row],[diferecia]]=0,\"ok\",\"diferen\")","v":"diferen"},{"$f":"IFERROR(INDEX(um!A:C,MATCH(Tabla_Consulta_desde_QuickBooks_Data_64_Bit_QRemote[[#This Row],[SalesOrderLineItemRefFullName]],um!A:A,0),3),\"\")","v":"X12"},{"$f":"IFERROR(IF(OR(Tabla_Consulta_desde_QuickBooks_Data_64_Bit_QRemote[[#This Row],[SalesOrderLineUnitOfMeasure]]=\"UN\",Tabla_Consulta_desde_QuickBooks_Data_64_Bit_QRemote[[#This Row],[SalesOrderLineUnitOfMeasure]]=Tabla_Consulta_desde_QuickBooks_Data_64_Bit_QRemote[[#This Row],[U/M]]),\"\",\"ERROR\"),\"\")","v":""},{"$f":"+WEEKNUM(Tabla_Consulta_desde_QuickBooks_Data_64_Bit_QRemote[[#This Row],[TxnDate]])","v":23},{"$f":"+Tabla_Consulta_desde_QuickBooks_Data_64_Bit_QRemote[[#This Row],[SalesOrderLineRate]]*Tabla_Consulta_desde_QuickBooks_Data_64_Bit_QRemote[[#This Row],[SalesOrderLineInvoiced]]","v":0},{"$f":"+IFERROR(IF(Tabla_Consulta_desde_QuickBooks_Data_64_Bit_QRemote[[#This Row],[CustomerRefFullName]]=\"GRUVALCORP SA\",VLOOKUP(Tabla_Consulta_desde_QuickBooks_Data_64_Bit_QRemote[[#This Row],[SalesOrderLineItemRefFullName]],Hoja1!A:E,5,FALSE),\"\")*-Tabla_Consulta_desde_QuickBooks_Data_64_Bit_QRemote[[#This Row],[SalesOrderLineAmount]],\"\")","v":""},{"$f":"IF(COUNTIF(wms!E:E,Tabla_Consulta_desde_QuickBooks_Data_64_Bit_QRemote[[#This Row],[RefNumber]])>0,\"OK\",\"FALTA\")","v":"OK"}]
["2025-06-03","29102","CORPORACION FERNANDEZ CORPFERNANDEZ S.A.","LOCAL PLAYITA",9,null,"INFOADICIONAL","LOCAL PLAYITA",null,null,null,0,0,null,0,190.08,218.59,"IVA EN VENTAS 15%",{"$f":"IFERROR(IF(Tabla_Consulta_desde_QuickBooks_Data_64_Bit_QRemote[[#This Row],[SalesOrderLineUnitOfMeasure]]=\"un\",Tabla_Consulta_desde_QuickBooks_Data_64_Bit_QRemote[[#This Row],[SalesOrderLineQuantity]],Tabla_Consulta_desde_QuickBooks_Data_64_Bit_QRemote[[#This Row],[SalesOrderLineQuantity]]/MID(Tabla_Consulta_desde_QuickBooks_Data_64_Bit_QRemote[[#This Row],[SalesOrderLineUnitOfMeasure]],2,2)),0)","v":0},{"$f":"IFERROR(IF(Tabla_Consulta_desde_QuickBooks_Data_64_Bit_QRemote[[#This Row],[SalesOrderLineUnitOfMeasure]]=\"un\",Tabla_Consulta_desde_QuickBooks_Data_64_Bit_QRemote[[#This Row],[SalesOrderLineInvoiced]],Tabla_Consulta_desde_QuickBooks_Data_64_Bit_QRemote[[#This Row],[SalesOrderLineInvoiced]]/MID(Tabla_Consulta_desde_QuickBooks_Data_64_Bit_QRemote[[#This Row],[SalesOrderLineUnitOfMeasure]],2,2)),0)","v":0},{"$f":"+Tabla_Consulta_desde_QuickBooks_Data_64_Bit_QRemote[[#This Row],[facturado]]-Tabla_Consulta_desde_QuickBooks_Data_64_Bit_QRemote[[#This Row],[pide]]","v":0},{"$f":"IF(Tabla_Consulta_desde_QuickBooks_Data_64_Bit_QRemote[[#This Row],[diferecia]]=0,\"ok\",\"diferen\")","v":"ok"},{"$f":"IFERROR(INDEX(um!A:C,MATCH(Tabla_Consulta_desde_QuickBooks_Data_64_Bit_QRemote[[#This Row],[SalesOrderLineItemRefFullName]],um!A:A,0),3),\"\")","v":""},{"$f":"IFERROR(IF(OR(Tabla_Consulta_desde_QuickBooks_Data_64_Bit_QRemote[[#This Row],[SalesOrderLineUnitOfMeasure]]=\"UN\",Tabla_Consulta_desde_QuickBooks_Data_64_Bit_QRemote[[#This Row],[SalesOrderLineUnitOfMeasure]]=Tabla_Consulta_desde_QuickBooks_Data_64_Bit_QRemote[[#This Row],[U/M]]),\"\",\"ERROR\"),\"\")","v":""},{"$f":"+WEEKNUM(Tabla_Consulta_desde_QuickBooks_Data_64_Bit_QRemote[[#This Row],[TxnDate]])","v":23},{"$f":"+Tabla_Consulta_desde_QuickBooks_Data_64_Bit_QRemote[[#This Row],[SalesOrderLineRate]]*Tabla_Consulta_desde_QuickBooks_Data_64_Bit_QRemote[[#This Row],[SalesOrderLineInvoiced]]","v":0},{"$f":"+IFERROR(IF(Tabla_Consulta_desde_QuickBooks_Data_64_Bit_QRemote[[#This Row],[CustomerRefFullName]]=\"GRUVALCORP SA\",VLOOKUP(Tabla_Consulta_desde_QuickBooks_Data_64_Bit_QRemote[[#This Row],[SalesOrderLineItemRefFullName]],Hoja1!A:E,5,FALSE),\"\")*-Tabla_Consulta_desde_QuickBooks_Data_64_Bit_QRemote[[#This Row],[SalesOrderLineAmount]],\"\")","v":""},{"$f":"IF(COUNTIF(wms!E:E,Tabla_Consulta_desde_QuickBooks_Data_64_Bit_QRemote[[#This Row],[RefNumber]])>0,\"OK\",\"FALTA\")","v":"OK"}]
["2025-06-03","29103","CORPORACION FERNANDEZ CORPFERNANDEZ S.A.","LOCAL POLARIS",1,"7862112520301","P.T:110700","CHIMICHURRI OLE 230G","Bodega Producto Terminado",60,"X12",2.35,141,"UNIDAD SALSA",0,514.20000000000005,591.33000000000004,"IVA EN VENTAS 15%",{"$f":"IFERROR(IF(Tabla_Consulta_desde_QuickBooks_Data_64_Bit_QRemote[[#This Row],[SalesOrderLineUnitOfMeasure]]=\"un\",Tabla_Consulta_desde_QuickBooks_Data_64_Bit_QRemote[[#This Row],[SalesOrderLineQuantity]],Tabla_Consulta_desde_QuickBooks_Data_64_Bit_QRemote[[#This Row],[SalesOrderLineQuantity]]/MID(Tabla_Consulta_desde_QuickBooks_Data_64_Bit_QRemote[[#This Row],[SalesOrderLineUnitOfMeasure]],2,2)),0)","v":5},{"$f":"IFERROR(IF(Tabla_Consulta_desde_QuickBooks_Data_64_Bit_QRemote[[#This Row],[SalesOrderLineUnitOfMeasure]]=\"un\",Tabla_Consulta_desde_QuickBooks_Data_64_Bit_QRemote[[#This Row],[SalesOrderLineInvoiced]],Tabla_Consulta_desde_QuickBooks_Data_64_Bit_QRemote[[#This Row],[SalesOrderLineInvoiced]]/MID(Tabla_Consulta_desde_QuickBooks_Data_64_Bit_QRemote[[#This Row],[SalesOrderLineUnitOfMeasure]],2,2)),0)","v":0},{"$f":"+Tabla_Consulta_desde_QuickBooks_Data_64_Bit_QRemote[[#This Row],[facturado]]-Tabla_Consulta_desde_QuickBooks_Data_64_Bit_QRemote[[#This Row],[pide]]","v":-5},{"$f":"IF(Tabla_Consulta_desde_QuickBooks_Data_64_Bit_QRemote[[#This Row],[diferecia]]=0,\"ok\",\"diferen\")","v":"diferen"},{"$f":"IFERROR(INDEX(um!A:C,MATCH(Tabla_Consulta_desde_QuickBooks_Data_64_Bit_QRemote[[#This Row],[SalesOrderLineItemRefFullName]],um!A:A,0),3),\"\")","v":"X12"},{"$f":"IFERROR(IF(OR(Tabla_Consulta_desde_QuickBooks_Data_64_Bit_QRemote[[#This Row],[SalesOrderLineUnitOfMeasure]]=\"UN\",Tabla_Consulta_desde_QuickBooks_Data_64_Bit_QRemote[[#This Row],[SalesOrderLineUnitOfMeasure]]=Tabla_Consulta_desde_QuickBooks_Data_64_Bit_QRemote[[#This Row],[U/M]]),\"\",\"ERROR\"),\"\")","v":""},{"$f":"+WEEKNUM(Tabla_Consulta_desde_QuickBooks_Data_64_Bit_QRemote[[#This Row],[TxnDate]])","v":23},{"$f":"+Tabla_Consulta_desde_QuickBooks_Data_64_Bit_QRemote[[#This Row],[SalesOrderLineRate]]*Tabla_Consulta_desde_QuickBooks_Data_64_Bit_QRemote[[#This Row],[SalesOrderLineInvoiced]]","v":0},{"$f":"+IFERROR(IF(Tabla_Consulta_desde_QuickBooks_Data_64_Bit_QRemote[[#This Row],[CustomerRefFullName]]=\"GRUVALCORP SA\",VLOOKUP(Tabla_Consulta_desde_QuickBooks_Data_64_Bit_QRemote[[#This Row],[SalesOrderLineItemRefFullName]],Hoja1!A:E,5,FALSE),\"\")*-Tabla_Consulta_desde_QuickBooks_Data_64_Bit_QRemote[[#This Row],[SalesOrderLineAmount]],\"\")","v":""},{"$f":"IF(COUNTIF(wms!E:E,Tabla_Consulta_desde_QuickBooks_Data_64_Bit_QRemote[[#This Row],[RefNumber]])>0,\"OK\",\"FALTA\")","v":"OK"}]
["2025-06-03","29103","CORPORACION FERNANDEZ CORPFERNANDEZ S.A.","LOCAL POLARIS",2,"7862112522626","P.T:110701","CHIMICHURRI ESTILO ARGENTINO OLE 380G","Bodega Producto Terminado",48,"X12",3.03,145.44,"UNIDAD SALSA",0,514.20000000000005,591.33000000000004,"IVA EN VENTAS 15%",{"$f":"IFERROR(IF(Tabla_Consulta_desde_QuickBooks_Data_64_Bit_QRemote[[#This Row],[SalesOrderLineUnitOfMeasure]]=\"un\",Tabla_Consulta_desde_QuickBooks_Data_64_Bit_QRemote[[#This Row],[SalesOrderLineQuantity]],Tabla_Consulta_desde_QuickBooks_Data_64_Bit_QRemote[[#This Row],[SalesOrderLineQuantity]]/MID(Tabla_Consulta_desde_QuickBooks_Data_64_Bit_QRemote[[#This Row],[SalesOrderLineUnitOfMeasure]],2,2)),0)","v":4},{"$f":"IFERROR(IF(Tabla_Consulta_desde_QuickBooks_Data_64_Bit_QRemote[[#This Row],[SalesOrderLineUnitOfMeasure]]=\"un\",Tabla_Consulta_desde_QuickBooks_Data_64_Bit_QRemote[[#This Row],[SalesOrderLineInvoiced]],Tabla_Consulta_desde_QuickBooks_Data_64_Bit_QRemote[[#This Row],[SalesOrderLineInvoiced]]/MID(Tabla_Consulta_desde_QuickBooks_Data_64_Bit_QRemote[[#This Row],[SalesOrderLineUnitOfMeasure]],2,2)),0)","v":0},{"$f":"+Tabla_Consulta_desde_QuickBooks_Data_64_Bit_QRemote[[#This Row],[facturado]]-Tabla_Consulta_desde_QuickBooks_Data_64_Bit_QRemote[[#This Row],[pide]]","v":-4},{"$f":"IF(Tabla_Consulta_desde_QuickBooks_Data_64_Bit_QRemote[[#This Row],[diferecia]]=0,\"ok\",\"diferen\")","v":"diferen"},{"$f":"IFERROR(INDEX(um!A:C,MATCH(Tabla_Consulta_desde_QuickBooks_Data_64_Bit_QRemote[[#This Row],[SalesOrderLineItemRefFullName]],um!A:A,0),3),\"\")","v":"X12"},{"$f":"IFERROR(IF(OR(Tabla_Consulta_desde_QuickBooks_Data_64_Bit_QRemote[[#This Row],[SalesOrderLineUnitOfMeasure]]=\"UN\",Tabla_Consulta_desde_QuickBooks_Data_64_Bit_QRemote[[#This Row],[SalesOrderLineUnitOfMeasure]]=Tabla_Consulta_desde_QuickBooks_Data_64_Bit_QRemote[[#This Row],[U/M]]),\"\",\"ERROR\"),\"\")","v":""},{"$f":"+WEEKNUM(Tabla_Consulta_desde_QuickBooks_Data_64_Bit_QRemote[[#This Row],[TxnDate]])","v":23},{"$f":"+Tabla_Consulta_desde_QuickBooks_Data_64_Bit_QRemote[[#This Row],[SalesOrderLineRate]]*Tabla_Consulta_desde_QuickBooks_Data_64_Bit_QRemote[[#This Row],[SalesOrderLineInvoiced]]","v":0},{"$f":"+IFERROR(IF(Tabla_Consulta_desde_QuickBooks_Data_64_Bit_QRemote[[#This Row],[CustomerRefFullName]]=\"GRUVALCORP SA\",VLOOKUP(Tabla_Consulta_desde_QuickBooks_Data_64_Bit_QRemote[[#This Row],[SalesOrderLineItemRefFullName]],Hoja1!A:E,5,FALSE),\"\")*-Tabla_Consulta_desde_QuickBooks_Data_64_Bit_QRemote[[#This Row],[SalesOrderLineAmount]],\"\")","v":""},{"$f":"IF(COUNTIF(wms!E:E,Tabla_Consulta_desde_QuickBooks_Data_64_Bit_QRemote[[#This Row],[RefNumber]])>0,\"OK\",\"FALTA\")","v":"OK"}]
["2025-06-03","29103","CORPORACION FERNANDEZ CORPFERNANDEZ S.A.","LOCAL POLARIS",3,"7862112522985","P.T:110704","DIP DE FREJOL OLE 230G","Bodega Producto Terminado",12,"X12",1.51,18.12,"UNIDAD SALSA",0,514.20000000000005,591.33000000000004,"IVA EN VENTAS 15%",{"$f":"IFERROR(IF(Tabla_Consulta_desde_QuickBooks_Data_64_Bit_QRemote[[#This Row],[SalesOrderLineUnitOfMeasure]]=\"un\",Tabla_Consulta_desde_QuickBooks_Data_64_Bit_QRemote[[#This Row],[SalesOrderLineQuantity]],Tabla_Consulta_desde_QuickBooks_Data_64_Bit_QRemote[[#This Row],[SalesOrderLineQuantity]]/MID(Tabla_Consulta_desde_QuickBooks_Data_64_Bit_QRemote[[#This Row],[SalesOrderLineUnitOfMeasure]],2,2)),0)","v":1},{"$f":"IFERROR(IF(Tabla_Consulta_desde_QuickBooks_Data_64_Bit_QRemote[[#This Row],[SalesOrderLineUnitOfMeasure]]=\"un\",Tabla_Consulta_desde_QuickBooks_Data_64_Bit_QRemote[[#This Row],[SalesOrderLineInvoiced]],Tabla_Consulta_desde_QuickBooks_Data_64_Bit_QRemote[[#This Row],[SalesOrderLineInvoiced]]/MID(Tabla_Consulta_desde_QuickBooks_Data_64_Bit_QRemote[[#This Row],[SalesOrderLineUnitOfMeasure]],2,2)),0)","v":0},{"$f":"+Tabla_Consulta_desde_QuickBooks_Data_64_Bit_QRemote[[#This Row],[facturado]]-Tabla_Consulta_desde_QuickBooks_Data_64_Bit_QRemote[[#This Row],[pide]]","v":-1},{"$f":"IF(Tabla_Consulta_desde_QuickBooks_Data_64_Bit_QRemote[[#This Row],[diferecia]]=0,\"ok\",\"diferen\")","v":"diferen"},{"$f":"IFERROR(INDEX(um!A:C,MATCH(Tabla_Consulta_desde_QuickBooks_Data_64_Bit_QRemote[[#This Row],[SalesOrderLineItemRefFullName]],um!A:A,0),3),\"\")","v":"X12"},{"$f":"IFERROR(IF(OR(Tabla_Consulta_desde_QuickBooks_Data_64_Bit_QRemote[[#This Row],[SalesOrderLineUnitOfMeasure]]=\"UN\",Tabla_Consulta_desde_QuickBooks_Data_64_Bit_QRemote[[#This Row],[SalesOrderLineUnitOfMeasure]]=Tabla_Consulta_desde_QuickBooks_Data_64_Bit_QRemote[[#This Row],[U/M]]),\"\",\"ERROR\"),\"\")","v":""},{"$f":"+WEEKNUM(Tabla_Consulta_desde_QuickBooks_Data_64_Bit_QRemote[[#This Row],[TxnDate]])","v":23},{"$f":"+Tabla_Consulta_desde_QuickBooks_Data_64_Bit_QRemote[[#This Row],[SalesOrderLineRate]]*Tabla_Consulta_desde_QuickBooks_Data_64_Bit_QRemote[[#This Row],[SalesOrderLineInvoiced]]","v":0},{"$f":"+IFERROR(IF(Tabla_Consulta_desde_QuickBooks_Data_64_Bit_QRemote[[#This Row],[CustomerRefFullName]]=\"GRUVALCORP SA\",VLOOKUP(Tabla_Consulta_desde_QuickBooks_Data_64_Bit_QRemote[[#This Row],[SalesOrderLineItemRefFullName]],Hoja1!A:E,5,FALSE),\"\")*-Tabla_Consulta_desde_QuickBooks_Data_64_Bit_QRemote[[#This Row],[SalesOrderLineAmount]],\"\")","v":""},{"$f":"IF(COUNTIF(wms!E:E,Tabla_Consulta_desde_QuickBooks_Data_64_Bit_QRemote[[#This Row],[RefNumber]])>0,\"OK\",\"FALTA\")","v":"OK"}]
["2025-06-03","29103","CORPORACION FERNANDEZ CORPFERNANDEZ S.A.","LOCAL POLARIS",4,"7861000227513","P.T:110603","JALAPEÑO ROJOS Y VERDES OLE 200G","Bodega Producto Terminado",12,"UN",2.1800000000000002,26.16,"UNIDAD SALSA",0,514.20000000000005,591.33000000000004,"IVA EN VENTAS 15%",{"$f":"IFERROR(IF(Tabla_Consulta_desde_QuickBooks_Data_64_Bit_QRemote[[#This Row],[SalesOrderLineUnitOfMeasure]]=\"un\",Tabla_Consulta_desde_QuickBooks_Data_64_Bit_QRemote[[#This Row],[SalesOrderLineQuantity]],Tabla_Consulta_desde_QuickBooks_Data_64_Bit_QRemote[[#This Row],[SalesOrderLineQuantity]]/MID(Tabla_Consulta_desde_QuickBooks_Data_64_Bit_QRemote[[#This Row],[SalesOrderLineUnitOfMeasure]],2,2)),0)","v":12},{"$f":"IFERROR(IF(Tabla_Consulta_desde_QuickBooks_Data_64_Bit_QRemote[[#This Row],[SalesOrderLineUnitOfMeasure]]=\"un\",Tabla_Consulta_desde_QuickBooks_Data_64_Bit_QRemote[[#This Row],[SalesOrderLineInvoiced]],Tabla_Consulta_desde_QuickBooks_Data_64_Bit_QRemote[[#This Row],[SalesOrderLineInvoiced]]/MID(Tabla_Consulta_desde_QuickBooks_Data_64_Bit_QRemote[[#This Row],[SalesOrderLineUnitOfMeasure]],2,2)),0)","v":0},{"$f":"+Tabla_Consulta_desde_QuickBooks_Data_64_Bit_QRemote[[#This Row],[facturado]]-Tabla_Consulta_desde_QuickBooks_Data_64_Bit_QRemote[[#This Row],[pide]]","v":-12},{"$f":"IF(Tabla_Consulta_desde_QuickBooks_Data_64_Bit_QRemote[[#This Row],[diferecia]]=0,\"ok\",\"diferen\")","v":"diferen"},{"$f":"IFERROR(INDEX(um!A:C,MATCH(Tabla_Consulta_desde_QuickBooks_Data_64_Bit_QRemote[[#This Row],[SalesOrderLineItemRefFullName]],um!A:A,0),3),\"\")","v":"X24"},{"$f":"IFERROR(IF(OR(Tabla_Consulta_desde_QuickBooks_Data_64_Bit_QRemote[[#This Row],[SalesOrderLineUnitOfMeasure]]=\"UN\",Tabla_Consulta_desde_QuickBooks_Data_64_Bit_QRemote[[#This Row],[SalesOrderLineUnitOfMeasure]]=Tabla_Consulta_desde_QuickBooks_Data_64_Bit_QRemote[[#This Row],[U/M]]),\"\",\"ERROR\"),\"\")","v":""},{"$f":"+WEEKNUM(Tabla_Consulta_desde_QuickBooks_Data_64_Bit_QRemote[[#This Row],[TxnDate]])","v":23},{"$f":"+Tabla_Consulta_desde_QuickBooks_Data_64_Bit_QRemote[[#This Row],[SalesOrderLineRate]]*Tabla_Consulta_desde_QuickBooks_Data_64_Bit_QRemote[[#This Row],[SalesOrderLineInvoiced]]","v":0},{"$f":"+IFERROR(IF(Tabla_Consulta_desde_QuickBooks_Data_64_Bit_QRemote[[#This Row],[CustomerRefFullName]]=\"GRUVALCORP SA\",VLOOKUP(Tabla_Consulta_desde_QuickBooks_Data_64_Bit_QRemote[[#This Row],[SalesOrderLineItemRefFullName]],Hoja1!A:E,5,FALSE),\"\")*-Tabla_Consulta_desde_QuickBooks_Data_64_Bit_QRemote[[#This Row],[SalesOrderLineAmount]],\"\")","v":""},{"$f":"IF(COUNTIF(wms!E:E,Tabla_Consulta_desde_QuickBooks_Data_64_Bit_QRemote[[#This Row],[RefNumber]])>0,\"OK\",\"FALTA\")","v":"OK"}]
["2025-06-03","29103","CORPORACION FERNANDEZ CORPFERNANDEZ S.A.","LOCAL POLARIS",5,"7862112522992","P.T:110300","SALSA BBQ PICANTE OLE 200G","Bodega Producto Terminado",12,"X12",0.72,8.64,"UNIDAD SALSA",0,514.20000000000005,591.33000000000004,"IVA EN VENTAS 15%",{"$f":"IFERROR(IF(Tabla_Consulta_desde_QuickBooks_Data_64_Bit_QRemote[[#This Row],[SalesOrderLineUnitOfMeasure]]=\"un\",Tabla_Consulta_desde_QuickBooks_Data_64_Bit_QRemote[[#This Row],[SalesOrderLineQuantity]],Tabla_Consulta_desde_QuickBooks_Data_64_Bit_QRemote[[#This Row],[SalesOrderLineQuantity]]/MID(Tabla_Consulta_desde_QuickBooks_Data_64_Bit_QRemote[[#This Row],[SalesOrderLineUnitOfMeasure]],2,2)),0)","v":1},{"$f":"IFERROR(IF(Tabla_Consulta_desde_QuickBooks_Data_64_Bit_QRemote[[#This Row],[SalesOrderLineUnitOfMeasure]]=\"un\",Tabla_Consulta_desde_QuickBooks_Data_64_Bit_QRemote[[#This Row],[SalesOrderLineInvoiced]],Tabla_Consulta_desde_QuickBooks_Data_64_Bit_QRemote[[#This Row],[SalesOrderLineInvoiced]]/MID(Tabla_Consulta_desde_QuickBooks_Data_64_Bit_QRemote[[#This Row],[SalesOrderLineUnitOfMeasure]],2,2)),0)","v":0},{"$f":"+Tabla_Consulta_desde_QuickBooks_Data_64_Bit_QRemote[[#This Row],[facturado]]-Tabla_Consulta_desde_QuickBooks_Data_64_Bit_QRemote[[#This Row],[pide]]","v":-1},{"$f":"IF(Tabla_Consulta_desde_QuickBooks_Data_64_Bit_QRemote[[#This Row],[diferecia]]=0,\"ok\",\"diferen\")","v":"diferen"},{"$f":"IFERROR(INDEX(um!A:C,MATCH(Tabla_Consulta_desde_QuickBooks_Data_64_Bit_QRemote[[#This Row],[SalesOrderLineItemRefFullName]],um!A:A,0),3),\"\")","v":"X12"},{"$f":"IFERROR(IF(OR(Tabla_Consulta_desde_QuickBooks_Data_64_Bit_QRemote[[#This Row],[SalesOrderLineUnitOfMeasure]]=\"UN\",Tabla_Consulta_desde_QuickBooks_Data_64_Bit_QRemote[[#This Row],[SalesOrderLineUnitOfMeasure]]=Tabla_Consulta_desde_QuickBooks_Data_64_Bit_QRemote[[#This Row],[U/M]]),\"\",\"ERROR\"),\"\")","v":""},{"$f":"+WEEKNUM(Tabla_Consulta_desde_QuickBooks_Data_64_Bit_QRemote[[#This Row],[TxnDate]])","v":23},{"$f":"+Tabla_Consulta_desde_QuickBooks_Data_64_Bit_QRemote[[#This Row],[SalesOrderLineRate]]*Tabla_Consulta_desde_QuickBooks_Data_64_Bit_QRemote[[#This Row],[SalesOrderLineInvoiced]]","v":0},{"$f":"+IFERROR(IF(Tabla_Consulta_desde_QuickBooks_Data_64_Bit_QRemote[[#This Row],[CustomerRefFullName]]=\"GRUVALCORP SA\",VLOOKUP(Tabla_Consulta_desde_QuickBooks_Data_64_Bit_QRemote[[#This Row],[SalesOrderLineItemRefFullName]],Hoja1!A:E,5,FALSE),\"\")*-Tabla_Consulta_desde_QuickBooks_Data_64_Bit_QRemote[[#This Row],[SalesOrderLineAmount]],\"\")","v":""},{"$f":"IF(COUNTIF(wms!E:E,Tabla_Consulta_desde_QuickBooks_Data_64_Bit_QRemote[[#This Row],[RefNumber]])>0,\"OK\",\"FALTA\")","v":"OK"}]
["2025-06-03","29103","CORPORACION FERNANDEZ CORPFERNANDEZ S.A.","LOCAL POLARIS",6,"7862112523227","P.T:110313","SALSA BBQ WHISKY Y MIEL OLE 430G","Bodega Producto Terminado",24,"X12",2.35,56.4,"UNIDAD SALSA",0,514.20000000000005,591.33000000000004,"IVA EN VENTAS 15%",{"$f":"IFERROR(IF(Tabla_Consulta_desde_QuickBooks_Data_64_Bit_QRemote[[#This Row],[SalesOrderLineUnitOfMeasure]]=\"un\",Tabla_Consulta_desde_QuickBooks_Data_64_Bit_QRemote[[#This Row],[SalesOrderLineQuantity]],Tabla_Consulta_desde_QuickBooks_Data_64_Bit_QRemote[[#This Row],[SalesOrderLineQuantity]]/MID(Tabla_Consulta_desde_QuickBooks_Data_64_Bit_QRemote[[#This Row],[SalesOrderLineUnitOfMeasure]],2,2)),0)","v":2},{"$f":"IFERROR(IF(Tabla_Consulta_desde_QuickBooks_Data_64_Bit_QRemote[[#This Row],[SalesOrderLineUnitOfMeasure]]=\"un\",Tabla_Consulta_desde_QuickBooks_Data_64_Bit_QRemote[[#This Row],[SalesOrderLineInvoiced]],Tabla_Consulta_desde_QuickBooks_Data_64_Bit_QRemote[[#This Row],[SalesOrderLineInvoiced]]/MID(Tabla_Consulta_desde_QuickBooks_Data_64_Bit_QRemote[[#This Row],[SalesOrderLineUnitOfMeasure]],2,2)),0)","v":0},{"$f":"+Tabla_Consulta_desde_QuickBooks_Data_64_Bit_QRemote[[#This Row],[facturado]]-Tabla_Consulta_desde_QuickBooks_Data_64_Bit_QRemote[[#This Row],[pide]]","v":-2},{"$f":"IF(Tabla_Consulta_desde_QuickBooks_Data_64_Bit_QRemote[[#This Row],[diferecia]]=0,\"ok\",\"diferen\")","v":"diferen"},{"$f":"IFERROR(INDEX(um!A:C,MATCH(Tabla_Consulta_desde_QuickBooks_Data_64_Bit_QRemote[[#This Row],[SalesOrderLineItemRefFullName]],um!A:A,0),3),\"\")","v":"X12"},{"$f":"IFERROR(IF(OR(Tabla_Consulta_desde_QuickBooks_Data_64_Bit_QRemote[[#This Row],[SalesOrderLineUnitOfMeasure]]=\"UN\",Tabla_Consulta_desde_QuickBooks_Data_64_Bit_QRemote[[#This Row],[SalesOrderLineUnitOfMeasure]]=Tabla_Consulta_desde_QuickBooks_Data_64_Bit_QRemote[[#This Row],[U/M]]),\"\",\"ERROR\"),\"\")","v":""},{"$f":"+WEEKNUM(Tabla_Consulta_desde_QuickBooks_Data_64_Bit_QRemote[[#This Row],[TxnDate]])","v":23},{"$f":"+Tabla_Consulta_desde_QuickBooks_Data_64_Bit_QRemote[[#This Row],[SalesOrderLineRate]]*Tabla_Consulta_desde_QuickBooks_Data_64_Bit_QRemote[[#This Row],[SalesOrderLineInvoiced]]","v":0},{"$f":"+IFERROR(IF(Tabla_Consulta_desde_QuickBooks_Data_64_Bit_QRemote[[#This Row],[CustomerRefFullName]]=\"GRUVALCORP SA\",VLOOKUP(Tabla_Consulta_desde_QuickBooks_Data_64_Bit_QRemote[[#This Row],[SalesOrderLineItemRefFullName]],Hoja1!A:E,5,FALSE),\"\")*-Tabla_Consulta_desde_QuickBooks_Data_64_Bit_QRemote[[#This Row],[SalesOrderLineAmount]],\"\")","v":""},{"$f":"IF(COUNTIF(wms!E:E,Tabla_Consulta_desde_QuickBooks_Data_64_Bit_QRemote[[#This Row],[RefNumber]])>0,\"OK\",\"FALTA\")","v":"OK"}]
["2025-06-03","29103","CORPORACION FERNANDEZ CORPFERNANDEZ S.A.","LOCAL POLARIS",7,"7862112522183","P.T:110733","SALSA GUACAMOLE OLE 220G","Bodega Producto Terminado",12,"X12",1.72,20.64,"UNIDAD SALSA",0,514.20000000000005,591.33000000000004,"IVA EN VENTAS 15%",{"$f":"IFERROR(IF(Tabla_Consulta_desde_QuickBooks_Data_64_Bit_QRemote[[#This Row],[SalesOrderLineUnitOfMeasure]]=\"un\",Tabla_Consulta_desde_QuickBooks_Data_64_Bit_QRemote[[#This Row],[SalesOrderLineQuantity]],Tabla_Consulta_desde_QuickBooks_Data_64_Bit_QRemote[[#This Row],[SalesOrderLineQuantity]]/MID(Tabla_Consulta_desde_QuickBooks_Data_64_Bit_QRemote[[#This Row],[SalesOrderLineUnitOfMeasure]],2,2)),0)","v":1},{"$f":"IFERROR(IF(Tabla_Consulta_desde_QuickBooks_Data_64_Bit_QRemote[[#This Row],[SalesOrderLineUnitOfMeasure]]=\"un\",Tabla_Consulta_desde_QuickBooks_Data_64_Bit_QRemote[[#This Row],[SalesOrderLineInvoiced]],Tabla_Consulta_desde_QuickBooks_Data_64_Bit_QRemote[[#This Row],[SalesOrderLineInvoiced]]/MID(Tabla_Consulta_desde_QuickBooks_Data_64_Bit_QRemote[[#This Row],[SalesOrderLineUnitOfMeasure]],2,2)),0)","v":0},{"$f":"+Tabla_Consulta_desde_QuickBooks_Data_64_Bit_QRemote[[#This Row],[facturado]]-Tabla_Consulta_desde_QuickBooks_Data_64_Bit_QRemote[[#This Row],[pide]]","v":-1},{"$f":"IF(Tabla_Consulta_desde_QuickBooks_Data_64_Bit_QRemote[[#This Row],[diferecia]]=0,\"ok\",\"diferen\")","v":"diferen"},{"$f":"IFERROR(INDEX(um!A:C,MATCH(Tabla_Consulta_desde_QuickBooks_Data_64_Bit_QRemote[[#This Row],[SalesOrderLineItemRefFullName]],um!A:A,0),3),\"\")","v":"X12"},{"$f":"IFERROR(IF(OR(Tabla_Consulta_desde_QuickBooks_Data_64_Bit_QRemote[[#This Row],[SalesOrderLineUnitOfMeasure]]=\"UN\",Tabla_Consulta_desde_QuickBooks_Data_64_Bit_QRemote[[#This Row],[SalesOrderLineUnitOfMeasure]]=Tabla_Consulta_desde_QuickBooks_Data_64_Bit_QRemote[[#This Row],[U/M]]),\"\",\"ERROR\"),\"\")","v":""},{"$f":"+WEEKNUM(Tabla_Consulta_desde_QuickBooks_Data_64_Bit_QRemote[[#This Row],[TxnDate]])","v":23},{"$f":"+Tabla_Consulta_desde_QuickBooks_Data_64_Bit_QRemote[[#This Row],[SalesOrderLineRate]]*Tabla_Consulta_desde_QuickBooks_Data_64_Bit_QRemote[[#This Row],[SalesOrderLineInvoiced]]","v":0},{"$f":"+IFERROR(IF(Tabla_Consulta_desde_QuickBooks_Data_64_Bit_QRemote[[#This Row],[CustomerRefFullName]]=\"GRUVALCORP SA\",VLOOKUP(Tabla_Consulta_desde_QuickBooks_Data_64_Bit_QRemote[[#This Row],[SalesOrderLineItemRefFullName]],Hoja1!A:E,5,FALSE),\"\")*-Tabla_Consulta_desde_QuickBooks_Data_64_Bit_QRemote[[#This Row],[SalesOrderLineAmount]],\"\")","v":""},{"$f":"IF(COUNTIF(wms!E:E,Tabla_Consulta_desde_QuickBooks_Data_64_Bit_QRemote[[#This Row],[RefNumber]])>0,\"OK\",\"FALTA\")","v":"OK"}]
["2025-06-03","29103","CORPORACION FERNANDEZ CORPFERNANDEZ S.A.","LOCAL POLARIS",8,"7862112522527","P.T:110803","SALSA GUACAMOLE ORIGINAL OLE DP 200G","Bodega Producto Terminado",12,"X12",1.4,16.8,"UNIDAD SALSA",0,514.20000000000005,591.33000000000004,"IVA EN VENTAS 15%",{"$f":"IFERROR(IF(Tabla_Consulta_desde_QuickBooks_Data_64_Bit_QRemote[[#This Row],[SalesOrderLineUnitOfMeasure]]=\"un\",Tabla_Consulta_desde_QuickBooks_Data_64_Bit_QRemote[[#This Row],[SalesOrderLineQuantity]],Tabla_Consulta_desde_QuickBooks_Data_64_Bit_QRemote[[#This Row],[SalesOrderLineQuantity]]/MID(Tabla_Consulta_desde_QuickBooks_Data_64_Bit_QRemote[[#This Row],[SalesOrderLineUnitOfMeasure]],2,2)),0)","v":1},{"$f":"IFERROR(IF(Tabla_Consulta_desde_QuickBooks_Data_64_Bit_QRemote[[#This Row],[SalesOrderLineUnitOfMeasure]]=\"un\",Tabla_Consulta_desde_QuickBooks_Data_64_Bit_QRemote[[#This Row],[SalesOrderLineInvoiced]],Tabla_Consulta_desde_QuickBooks_Data_64_Bit_QRemote[[#This Row],[SalesOrderLineInvoiced]]/MID(Tabla_Consulta_desde_QuickBooks_Data_64_Bit_QRemote[[#This Row],[SalesOrderLineUnitOfMeasure]],2,2)),0)","v":0},{"$f":"+Tabla_Consulta_desde_QuickBooks_Data_64_Bit_QRemote[[#This Row],[facturado]]-Tabla_Consulta_desde_QuickBooks_Data_64_Bit_QRemote[[#This Row],[pide]]","v":-1},{"$f":"IF(Tabla_Consulta_desde_QuickBooks_Data_64_Bit_QRemote[[#This Row],[diferecia]]=0,\"ok\",\"diferen\")","v":"diferen"},{"$f":"IFERROR(INDEX(um!A:C,MATCH(Tabla_Consulta_desde_QuickBooks_Data_64_Bit_QRemote[[#This Row],[SalesOrderLineItemRefFullName]],um!A:A,0),3),\"\")","v":"X12"},{"$f":"IFERROR(IF(OR(Tabla_Consulta_desde_QuickBooks_Data_64_Bit_QRemote[[#This Row],[SalesOrderLineUnitOfMeasure]]=\"UN\",Tabla_Consulta_desde_QuickBooks_Data_64_Bit_QRemote[[#This Row],[SalesOrderLineUnitOfMeasure]]=Tabla_Consulta_desde_QuickBooks_Data_64_Bit_QRemote[[#This Row],[U/M]]),\"\",\"ERROR\"),\"\")","v":""},{"$f":"+WEEKNUM(Tabla_Consulta_desde_QuickBooks_Data_64_Bit_QRemote[[#This Row],[TxnDate]])","v":23},{"$f":"+Tabla_Consulta_desde_QuickBooks_Data_64_Bit_QRemote[[#This Row],[SalesOrderLineRate]]*Tabla_Consulta_desde_QuickBooks_Data_64_Bit_QRemote[[#This Row],[SalesOrderLineInvoiced]]","v":0},{"$f":"+IFERROR(IF(Tabla_Consulta_desde_QuickBooks_Data_64_Bit_QRemote[[#This Row],[CustomerRefFullName]]=\"GRUVALCORP SA\",VLOOKUP(Tabla_Consulta_desde_QuickBooks_Data_64_Bit_QRemote[[#This Row],[SalesOrderLineItemRefFullName]],Hoja1!A:E,5,FALSE),\"\")*-Tabla_Consulta_desde_QuickBooks_Data_64_Bit_QRemote[[#This Row],[SalesOrderLineAmount]],\"\")","v":""},{"$f":"IF(COUNTIF(wms!E:E,Tabla_Consulta_desde_QuickBooks_Data_64_Bit_QRemote[[#This Row],[RefNumber]])>0,\"OK\",\"FALTA\")","v":"OK"}]
["2025-06-03","29103","CORPORACION FERNANDEZ CORPFERNANDEZ S.A.","LOCAL POLARIS",9,"7862112522169","P.T:110734","DIP ORIGINAL ROASTED TOMATES ASADOS OLE 220G","Bodega Producto Terminado",12,"X12",1.51,18.12,"UNIDAD SALSA",0,514.20000000000005,591.33000000000004,"IVA EN VENTAS 15%",{"$f":"IFERROR(IF(Tabla_Consulta_desde_QuickBooks_Data_64_Bit_QRemote[[#This Row],[SalesOrderLineUnitOfMeasure]]=\"un\",Tabla_Consulta_desde_QuickBooks_Data_64_Bit_QRemote[[#This Row],[SalesOrderLineQuantity]],Tabla_Consulta_desde_QuickBooks_Data_64_Bit_QRemote[[#This Row],[SalesOrderLineQuantity]]/MID(Tabla_Consulta_desde_QuickBooks_Data_64_Bit_QRemote[[#This Row],[SalesOrderLineUnitOfMeasure]],2,2)),0)","v":1},{"$f":"IFERROR(IF(Tabla_Consulta_desde_QuickBooks_Data_64_Bit_QRemote[[#This Row],[SalesOrderLineUnitOfMeasure]]=\"un\",Tabla_Consulta_desde_QuickBooks_Data_64_Bit_QRemote[[#This Row],[SalesOrderLineInvoiced]],Tabla_Consulta_desde_QuickBooks_Data_64_Bit_QRemote[[#This Row],[SalesOrderLineInvoiced]]/MID(Tabla_Consulta_desde_QuickBooks_Data_64_Bit_QRemote[[#This Row],[SalesOrderLineUnitOfMeasure]],2,2)),0)","v":0},{"$f":"+Tabla_Consulta_desde_QuickBooks_Data_64_Bit_QRemote[[#This Row],[facturado]]-Tabla_Consulta_desde_QuickBooks_Data_64_Bit_QRemote[[#This Row],[pide]]","v":-1},{"$f":"IF(Tabla_Consulta_desde_QuickBooks_Data_64_Bit_QRemote[[#This Row],[diferecia]]=0,\"ok\",\"diferen\")","v":"diferen"},{"$f":"IFERROR(INDEX(um!A:C,MATCH(Tabla_Consulta_desde_QuickBooks_Data_64_Bit_QRemote[[#This Row],[SalesOrderLineItemRefFullName]],um!A:A,0),3),\"\")","v":"X12"},{"$f":"IFERROR(IF(OR(Tabla_Consulta_desde_QuickBooks_Data_64_Bit_QRemote[[#This Row],[SalesOrderLineUnitOfMeasure]]=\"UN\",Tabla_Consulta_desde_QuickBooks_Data_64_Bit_QRemote[[#This Row],[SalesOrderLineUnitOfMeasure]]=Tabla_Consulta_desde_QuickBooks_Data_64_Bit_QRemote[[#This Row],[U/M]]),\"\",\"ERROR\"),\"\")","v":""},{"$f":"+WEEKNUM(Tabla_Consulta_desde_QuickBooks_Data_64_Bit_QRemote[[#This Row],[TxnDate]])","v":23},{"$f":"+Tabla_Consulta_desde_QuickBooks_Data_64_Bit_QRemote[[#This Row],[SalesOrderLineRate]]*Tabla_Consulta_desde_QuickBooks_Data_64_Bit_QRemote[[#This Row],[SalesOrderLineInvoiced]]","v":0},{"$f":"+IFERROR(IF(Tabla_Consulta_desde_QuickBooks_Data_64_Bit_QRemote[[#This Row],[CustomerRefFullName]]=\"GRUVALCORP SA\",VLOOKUP(Tabla_Consulta_desde_QuickBooks_Data_64_Bit_QRemote[[#This Row],[SalesOrderLineItemRefFullName]],Hoja1!A:E,5,FALSE),\"\")*-Tabla_Consulta_desde_QuickBooks_Data_64_Bit_QRemote[[#This Row],[SalesOrderLineAmount]],\"\")","v":""},{"$f":"IF(COUNTIF(wms!E:E,Tabla_Consulta_desde_QuickBooks_Data_64_Bit_QRemote[[#This Row],[RefNumber]])>0,\"OK\",\"FALTA\")","v":"OK"}]
["2025-06-03","29103","CORPORACION FERNANDEZ CORPFERNANDEZ S.A.","LOCAL POLARIS",10,"7862112522732","PT:220135","TOTOPOS SABOR GUACAMOLE OLE 120G","Bodega Producto Terminado",12,"X12",0.95,11.4,"UNIDAD SNCKS",0,514.20000000000005,591.33000000000004,"IVA EN VENTAS 15%",{"$f":"IFERROR(IF(Tabla_Consulta_desde_QuickBooks_Data_64_Bit_QRemote[[#This Row],[SalesOrderLineUnitOfMeasure]]=\"un\",Tabla_Consulta_desde_QuickBooks_Data_64_Bit_QRemote[[#This Row],[SalesOrderLineQuantity]],Tabla_Consulta_desde_QuickBooks_Data_64_Bit_QRemote[[#This Row],[SalesOrderLineQuantity]]/MID(Tabla_Consulta_desde_QuickBooks_Data_64_Bit_QRemote[[#This Row],[SalesOrderLineUnitOfMeasure]],2,2)),0)","v":1},{"$f":"IFERROR(IF(Tabla_Consulta_desde_QuickBooks_Data_64_Bit_QRemote[[#This Row],[SalesOrderLineUnitOfMeasure]]=\"un\",Tabla_Consulta_desde_QuickBooks_Data_64_Bit_QRemote[[#This Row],[SalesOrderLineInvoiced]],Tabla_Consulta_desde_QuickBooks_Data_64_Bit_QRemote[[#This Row],[SalesOrderLineInvoiced]]/MID(Tabla_Consulta_desde_QuickBooks_Data_64_Bit_QRemote[[#This Row],[SalesOrderLineUnitOfMeasure]],2,2)),0)","v":0},{"$f":"+Tabla_Consulta_desde_QuickBooks_Data_64_Bit_QRemote[[#This Row],[facturado]]-Tabla_Consulta_desde_QuickBooks_Data_64_Bit_QRemote[[#This Row],[pide]]","v":-1},{"$f":"IF(Tabla_Consulta_desde_QuickBooks_Data_64_Bit_QRemote[[#This Row],[diferecia]]=0,\"ok\",\"diferen\")","v":"diferen"},{"$f":"IFERROR(INDEX(um!A:C,MATCH(Tabla_Consulta_desde_QuickBooks_Data_64_Bit_QRemote[[#This Row],[SalesOrderLineItemRefFullName]],um!A:A,0),3),\"\")","v":"X12"},{"$f":"IFERROR(IF(OR(Tabla_Consulta_desde_QuickBooks_Data_64_Bit_QRemote[[#This Row],[SalesOrderLineUnitOfMeasure]]=\"UN\",Tabla_Consulta_desde_QuickBooks_Data_64_Bit_QRemote[[#This Row],[SalesOrderLineUnitOfMeasure]]=Tabla_Consulta_desde_QuickBooks_Data_64_Bit_QRemote[[#This Row],[U/M]]),\"\",\"ERROR\"),\"\")","v":""},{"$f":"+WEEKNUM(Tabla_Consulta_desde_QuickBooks_Data_64_Bit_QRemote[[#This Row],[TxnDate]])","v":23},{"$f":"+Tabla_Consulta_desde_QuickBooks_Data_64_Bit_QRemote[[#This Row],[SalesOrderLineRate]]*Tabla_Consulta_desde_QuickBooks_Data_64_Bit_QRemote[[#This Row],[SalesOrderLineInvoiced]]","v":0},{"$f":"+IFERROR(IF(Tabla_Consulta_desde_QuickBooks_Data_64_Bit_QRemote[[#This Row],[CustomerRefFullName]]=\"GRUVALCORP SA\",VLOOKUP(Tabla_Consulta_desde_QuickBooks_Data_64_Bit_QRemote[[#This Row],[SalesOrderLineItemRefFullName]],Hoja1!A:E,5,FALSE),\"\")*-Tabla_Consulta_desde_QuickBooks_Data_64_Bit_QRemote[[#This Row],[SalesOrderLineAmount]],\"\")","v":""},{"$f":"IF(COUNTIF(wms!E:E,Tabla_Consulta_desde_QuickBooks_Data_64_Bit_QRemote[[#This Row],[RefNumber]])>0,\"OK\",\"FALTA\")","v":"OK"}]
["2025-06-03","29103","CORPORACION FERNANDEZ CORPFERNANDEZ S.A.","LOCAL POLARIS",11,"7862112522367","PT:220132","TOTOPOS NATURAL OLE 300G","Bodega Producto Terminado",24,"X12",1.67,40.08,"UNIDAD SNCKS",0,514.20000000000005,591.33000000000004,"IVA EN VENTAS 15%",{"$f":"IFERROR(IF(Tabla_Consulta_desde_QuickBooks_Data_64_Bit_QRemote[[#This Row],[SalesOrderLineUnitOfMeasure]]=\"un\",Tabla_Consulta_desde_QuickBooks_Data_64_Bit_QRemote[[#This Row],[SalesOrderLineQuantity]],Tabla_Consulta_desde_QuickBooks_Data_64_Bit_QRemote[[#This Row],[SalesOrderLineQuantity]]/MID(Tabla_Consulta_desde_QuickBooks_Data_64_Bit_QRemote[[#This Row],[SalesOrderLineUnitOfMeasure]],2,2)),0)","v":2},{"$f":"IFERROR(IF(Tabla_Consulta_desde_QuickBooks_Data_64_Bit_QRemote[[#This Row],[SalesOrderLineUnitOfMeasure]]=\"un\",Tabla_Consulta_desde_QuickBooks_Data_64_Bit_QRemote[[#This Row],[SalesOrderLineInvoiced]],Tabla_Consulta_desde_QuickBooks_Data_64_Bit_QRemote[[#This Row],[SalesOrderLineInvoiced]]/MID(Tabla_Consulta_desde_QuickBooks_Data_64_Bit_QRemote[[#This Row],[SalesOrderLineUnitOfMeasure]],2,2)),0)","v":0},{"$f":"+Tabla_Consulta_desde_QuickBooks_Data_64_Bit_QRemote[[#This Row],[facturado]]-Tabla_Consulta_desde_QuickBooks_Data_64_Bit_QRemote[[#This Row],[pide]]","v":-2},{"$f":"IF(Tabla_Consulta_desde_QuickBooks_Data_64_Bit_QRemote[[#This Row],[diferecia]]=0,\"ok\",\"diferen\")","v":"diferen"},{"$f":"IFERROR(INDEX(um!A:C,MATCH(Tabla_Consulta_desde_QuickBooks_Data_64_Bit_QRemote[[#This Row],[SalesOrderLineItemRefFullName]],um!A:A,0),3),\"\")","v":"X12"},{"$f":"IFERROR(IF(OR(Tabla_Consulta_desde_QuickBooks_Data_64_Bit_QRemote[[#This Row],[SalesOrderLineUnitOfMeasure]]=\"UN\",Tabla_Consulta_desde_QuickBooks_Data_64_Bit_QRemote[[#This Row],[SalesOrderLineUnitOfMeasure]]=Tabla_Consulta_desde_QuickBooks_Data_64_Bit_QRemote[[#This Row],[U/M]]),\"\",\"ERROR\"),\"\")","v":""},{"$f":"+WEEKNUM(Tabla_Consulta_desde_QuickBooks_Data_64_Bit_QRemote[[#This Row],[TxnDate]])","v":23},{"$f":"+Tabla_Consulta_desde_QuickBooks_Data_64_Bit_QRemote[[#This Row],[SalesOrderLineRate]]*Tabla_Consulta_desde_QuickBooks_Data_64_Bit_QRemote[[#This Row],[SalesOrderLineInvoiced]]","v":0},{"$f":"+IFERROR(IF(Tabla_Consulta_desde_QuickBooks_Data_64_Bit_QRemote[[#This Row],[CustomerRefFullName]]=\"GRUVALCORP SA\",VLOOKUP(Tabla_Consulta_desde_QuickBooks_Data_64_Bit_QRemote[[#This Row],[SalesOrderLineItemRefFullName]],Hoja1!A:E,5,FALSE),\"\")*-Tabla_Consulta_desde_QuickBooks_Data_64_Bit_QRemote[[#This Row],[SalesOrderLineAmount]],\"\")","v":""},{"$f":"IF(COUNTIF(wms!E:E,Tabla_Consulta_desde_QuickBooks_Data_64_Bit_QRemote[[#This Row],[RefNumber]])>0,\"OK\",\"FALTA\")","v":"OK"}]
["2025-06-03","29103","CORPORACION FERNANDEZ CORPFERNANDEZ S.A.","LOCAL POLARIS",12,"7862112522473","PT:220134","TOTOPOS MICHELADA OLE 120G","Bodega Producto Terminado",12,"X12",0.95,11.4,"UNIDAD SNCKS",0,514.20000000000005,591.33000000000004,"IVA EN VENTAS 15%",{"$f":"IFERROR(IF(Tabla_Consulta_desde_QuickBooks_Data_64_Bit_QRemote[[#This Row],[SalesOrderLineUnitOfMeasure]]=\"un\",Tabla_Consulta_desde_QuickBooks_Data_64_Bit_QRemote[[#This Row],[SalesOrderLineQuantity]],Tabla_Consulta_desde_QuickBooks_Data_64_Bit_QRemote[[#This Row],[SalesOrderLineQuantity]]/MID(Tabla_Consulta_desde_QuickBooks_Data_64_Bit_QRemote[[#This Row],[SalesOrderLineUnitOfMeasure]],2,2)),0)","v":1},{"$f":"IFERROR(IF(Tabla_Consulta_desde_QuickBooks_Data_64_Bit_QRemote[[#This Row],[SalesOrderLineUnitOfMeasure]]=\"un\",Tabla_Consulta_desde_QuickBooks_Data_64_Bit_QRemote[[#This Row],[SalesOrderLineInvoiced]],Tabla_Consulta_desde_QuickBooks_Data_64_Bit_QRemote[[#This Row],[SalesOrderLineInvoiced]]/MID(Tabla_Consulta_desde_QuickBooks_Data_64_Bit_QRemote[[#This Row],[SalesOrderLineUnitOfMeasure]],2,2)),0)","v":0},{"$f":"+Tabla_Consulta_desde_QuickBooks_Data_64_Bit_QRemote[[#This Row],[facturado]]-Tabla_Consulta_desde_QuickBooks_Data_64_Bit_QRemote[[#This Row],[pide]]","v":-1},{"$f":"IF(Tabla_Consulta_desde_QuickBooks_Data_64_Bit_QRemote[[#This Row],[diferecia]]=0,\"ok\",\"diferen\")","v":"diferen"},{"$f":"IFERROR(INDEX(um!A:C,MATCH(Tabla_Consulta_desde_QuickBooks_Data_64_Bit_QRemote[[#This Row],[SalesOrderLineItemRefFullName]],um!A:A,0),3),\"\")","v":"X12"},{"$f":"IFERROR(IF(OR(Tabla_Consulta_desde_QuickBooks_Data_64_Bit_QRemote[[#This Row],[SalesOrderLineUnitOfMeasure]]=\"UN\",Tabla_Consulta_desde_QuickBooks_Data_64_Bit_QRemote[[#This Row],[SalesOrderLineUnitOfMeasure]]=Tabla_Consulta_desde_QuickBooks_Data_64_Bit_QRemote[[#This Row],[U/M]]),\"\",\"ERROR\"),\"\")","v":""},{"$f":"+WEEKNUM(Tabla_Consulta_desde_QuickBooks_Data_64_Bit_QRemote[[#This Row],[TxnDate]])","v":23},{"$f":"+Tabla_Consulta_desde_QuickBooks_Data_64_Bit_QRemote[[#This Row],[SalesOrderLineRate]]*Tabla_Consulta_desde_QuickBooks_Data_64_Bit_QRemote[[#This Row],[SalesOrderLineInvoiced]]","v":0},{"$f":"+IFERROR(IF(Tabla_Consulta_desde_QuickBooks_Data_64_Bit_QRemote[[#This Row],[CustomerRefFullName]]=\"GRUVALCORP SA\",VLOOKUP(Tabla_Consulta_desde_QuickBooks_Data_64_Bit_QRemote[[#This Row],[SalesOrderLineItemRefFullName]],Hoja1!A:E,5,FALSE),\"\")*-Tabla_Consulta_desde_QuickBooks_Data_64_Bit_QRemote[[#This Row],[SalesOrderLineAmount]],\"\")","v":""},{"$f":"IF(COUNTIF(wms!E:E,Tabla_Consulta_desde_QuickBooks_Data_64_Bit_QRemote[[#This Row],[RefNumber]])>0,\"OK\",\"FALTA\")","v":"OK"}]
["2025-06-03","29103","CORPORACION FERNANDEZ CORPFERNANDEZ S.A.","LOCAL POLARIS",13,null,"INFOADICIONAL","LOCAL POLARIS",null,null,null,0,0,null,0,514.20000000000005,591.33000000000004,"IVA EN VENTAS 15%",{"$f":"IFERROR(IF(Tabla_Consulta_desde_QuickBooks_Data_64_Bit_QRemote[[#This Row],[SalesOrderLineUnitOfMeasure]]=\"un\",Tabla_Consulta_desde_QuickBooks_Data_64_Bit_QRemote[[#This Row],[SalesOrderLineQuantity]],Tabla_Consulta_desde_QuickBooks_Data_64_Bit_QRemote[[#This Row],[SalesOrderLineQuantity]]/MID(Tabla_Consulta_desde_QuickBooks_Data_64_Bit_QRemote[[#This Row],[SalesOrderLineUnitOfMeasure]],2,2)),0)","v":0},{"$f":"IFERROR(IF(Tabla_Consulta_desde_QuickBooks_Data_64_Bit_QRemote[[#This Row],[SalesOrderLineUnitOfMeasure]]=\"un\",Tabla_Consulta_desde_QuickBooks_Data_64_Bit_QRemote[[#This Row],[SalesOrderLineInvoiced]],Tabla_Consulta_desde_QuickBooks_Data_64_Bit_QRemote[[#This Row],[SalesOrderLineInvoiced]]/MID(Tabla_Consulta_desde_QuickBooks_Data_64_Bit_QRemote[[#This Row],[SalesOrderLineUnitOfMeasure]],2,2)),0)","v":0},{"$f":"+Tabla_Consulta_desde_QuickBooks_Data_64_Bit_QRemote[[#This Row],[facturado]]-Tabla_Consulta_desde_QuickBooks_Data_64_Bit_QRemote[[#This Row],[pide]]","v":0},{"$f":"IF(Tabla_Consulta_desde_QuickBooks_Data_64_Bit_QRemote[[#This Row],[diferecia]]=0,\"ok\",\"diferen\")","v":"ok"},{"$f":"IFERROR(INDEX(um!A:C,MATCH(Tabla_Consulta_desde_QuickBooks_Data_64_Bit_QRemote[[#This Row],[SalesOrderLineItemRefFullName]],um!A:A,0),3),\"\")","v":""},{"$f":"IFERROR(IF(OR(Tabla_Consulta_desde_QuickBooks_Data_64_Bit_QRemote[[#This Row],[SalesOrderLineUnitOfMeasure]]=\"UN\",Tabla_Consulta_desde_QuickBooks_Data_64_Bit_QRemote[[#This Row],[SalesOrderLineUnitOfMeasure]]=Tabla_Consulta_desde_QuickBooks_Data_64_Bit_QRemote[[#This Row],[U/M]]),\"\",\"ERROR\"),\"\")","v":""},{"$f":"+WEEKNUM(Tabla_Consulta_desde_QuickBooks_Data_64_Bit_QRemote[[#This Row],[TxnDate]])","v":23},{"$f":"+Tabla_Consulta_desde_QuickBooks_Data_64_Bit_QRemote[[#This Row],[SalesOrderLineRate]]*Tabla_Consulta_desde_QuickBooks_Data_64_Bit_QRemote[[#This Row],[SalesOrderLineInvoiced]]","v":0},{"$f":"+IFERROR(IF(Tabla_Consulta_desde_QuickBooks_Data_64_Bit_QRemote[[#This Row],[CustomerRefFullName]]=\"GRUVALCORP SA\",VLOOKUP(Tabla_Consulta_desde_QuickBooks_Data_64_Bit_QRemote[[#This Row],[SalesOrderLineItemRefFullName]],Hoja1!A:E,5,FALSE),\"\")*-Tabla_Consulta_desde_QuickBooks_Data_64_Bit_QRemote[[#This Row],[SalesOrderLineAmount]],\"\")","v":""},{"$f":"IF(COUNTIF(wms!E:E,Tabla_Consulta_desde_QuickBooks_Data_64_Bit_QRemote[[#This Row],[RefNumber]])>0,\"OK\",\"FALTA\")","v":"OK"}]
["2025-06-03","29104","CORPORACION FERNANDEZ CORPFERNANDEZ S.A.","LOCAL PORTAL DEL SOL",1,"7862112520301","P.T:110700","CHIMICHURRI OLE 230G","Bodega Producto Terminado",48,"X12",2.35,112.8,"UNIDAD SALSA",0,334.8,385.02,"IVA EN VENTAS 15%",{"$f":"IFERROR(IF(Tabla_Consulta_desde_QuickBooks_Data_64_Bit_QRemote[[#This Row],[SalesOrderLineUnitOfMeasure]]=\"un\",Tabla_Consulta_desde_QuickBooks_Data_64_Bit_QRemote[[#This Row],[SalesOrderLineQuantity]],Tabla_Consulta_desde_QuickBooks_Data_64_Bit_QRemote[[#This Row],[SalesOrderLineQuantity]]/MID(Tabla_Consulta_desde_QuickBooks_Data_64_Bit_QRemote[[#This Row],[SalesOrderLineUnitOfMeasure]],2,2)),0)","v":4},{"$f":"IFERROR(IF(Tabla_Consulta_desde_QuickBooks_Data_64_Bit_QRemote[[#This Row],[SalesOrderLineUnitOfMeasure]]=\"un\",Tabla_Consulta_desde_QuickBooks_Data_64_Bit_QRemote[[#This Row],[SalesOrderLineInvoiced]],Tabla_Consulta_desde_QuickBooks_Data_64_Bit_QRemote[[#This Row],[SalesOrderLineInvoiced]]/MID(Tabla_Consulta_desde_QuickBooks_Data_64_Bit_QRemote[[#This Row],[SalesOrderLineUnitOfMeasure]],2,2)),0)","v":0},{"$f":"+Tabla_Consulta_desde_QuickBooks_Data_64_Bit_QRemote[[#This Row],[facturado]]-Tabla_Consulta_desde_QuickBooks_Data_64_Bit_QRemote[[#This Row],[pide]]","v":-4},{"$f":"IF(Tabla_Consulta_desde_QuickBooks_Data_64_Bit_QRemote[[#This Row],[diferecia]]=0,\"ok\",\"diferen\")","v":"diferen"},{"$f":"IFERROR(INDEX(um!A:C,MATCH(Tabla_Consulta_desde_QuickBooks_Data_64_Bit_QRemote[[#This Row],[SalesOrderLineItemRefFullName]],um!A:A,0),3),\"\")","v":"X12"},{"$f":"IFERROR(IF(OR(Tabla_Consulta_desde_QuickBooks_Data_64_Bit_QRemote[[#This Row],[SalesOrderLineUnitOfMeasure]]=\"UN\",Tabla_Consulta_desde_QuickBooks_Data_64_Bit_QRemote[[#This Row],[SalesOrderLineUnitOfMeasure]]=Tabla_Consulta_desde_QuickBooks_Data_64_Bit_QRemote[[#This Row],[U/M]]),\"\",\"ERROR\"),\"\")","v":""},{"$f":"+WEEKNUM(Tabla_Consulta_desde_QuickBooks_Data_64_Bit_QRemote[[#This Row],[TxnDate]])","v":23},{"$f":"+Tabla_Consulta_desde_QuickBooks_Data_64_Bit_QRemote[[#This Row],[SalesOrderLineRate]]*Tabla_Consulta_desde_QuickBooks_Data_64_Bit_QRemote[[#This Row],[SalesOrderLineInvoiced]]","v":0},{"$f":"+IFERROR(IF(Tabla_Consulta_desde_QuickBooks_Data_64_Bit_QRemote[[#This Row],[CustomerRefFullName]]=\"GRUVALCORP SA\",VLOOKUP(Tabla_Consulta_desde_QuickBooks_Data_64_Bit_QRemote[[#This Row],[SalesOrderLineItemRefFullName]],Hoja1!A:E,5,FALSE),\"\")*-Tabla_Consulta_desde_QuickBooks_Data_64_Bit_QRemote[[#This Row],[SalesOrderLineAmount]],\"\")","v":""},{"$f":"IF(COUNTIF(wms!E:E,Tabla_Consulta_desde_QuickBooks_Data_64_Bit_QRemote[[#This Row],[RefNumber]])>0,\"OK\",\"FALTA\")","v":"OK"}]
["2025-06-03","29104","CORPORACION FERNANDEZ CORPFERNANDEZ S.A.","LOCAL PORTAL DEL SOL",2,"7862112522626","P.T:110701","CHIMICHURRI ESTILO ARGENTINO OLE 380G","Bodega Producto Terminado",12,"X12",3.03,36.36,"UNIDAD SALSA",0,334.8,385.02,"IVA EN VENTAS 15%",{"$f":"IFERROR(IF(Tabla_Consulta_desde_QuickBooks_Data_64_Bit_QRemote[[#This Row],[SalesOrderLineUnitOfMeasure]]=\"un\",Tabla_Consulta_desde_QuickBooks_Data_64_Bit_QRemote[[#This Row],[SalesOrderLineQuantity]],Tabla_Consulta_desde_QuickBooks_Data_64_Bit_QRemote[[#This Row],[SalesOrderLineQuantity]]/MID(Tabla_Consulta_desde_QuickBooks_Data_64_Bit_QRemote[[#This Row],[SalesOrderLineUnitOfMeasure]],2,2)),0)","v":1},{"$f":"IFERROR(IF(Tabla_Consulta_desde_QuickBooks_Data_64_Bit_QRemote[[#This Row],[SalesOrderLineUnitOfMeasure]]=\"un\",Tabla_Consulta_desde_QuickBooks_Data_64_Bit_QRemote[[#This Row],[SalesOrderLineInvoiced]],Tabla_Consulta_desde_QuickBooks_Data_64_Bit_QRemote[[#This Row],[SalesOrderLineInvoiced]]/MID(Tabla_Consulta_desde_QuickBooks_Data_64_Bit_QRemote[[#This Row],[SalesOrderLineUnitOfMeasure]],2,2)),0)","v":0},{"$f":"+Tabla_Consulta_desde_QuickBooks_Data_64_Bit_QRemote[[#This Row],[facturado]]-Tabla_Consulta_desde_QuickBooks_Data_64_Bit_QRemote[[#This Row],[pide]]","v":-1},{"$f":"IF(Tabla_Consulta_desde_QuickBooks_Data_64_Bit_QRemote[[#This Row],[diferecia]]=0,\"ok\",\"diferen\")","v":"diferen"},{"$f":"IFERROR(INDEX(um!A:C,MATCH(Tabla_Consulta_desde_QuickBooks_Data_64_Bit_QRemote[[#This Row],[SalesOrderLineItemRefFullName]],um!A:A,0),3),\"\")","v":"X12"},{"$f":"IFERROR(IF(OR(Tabla_Consulta_desde_QuickBooks_Data_64_Bit_QRemote[[#This Row],[SalesOrderLineUnitOfMeasure]]=\"UN\",Tabla_Consulta_desde_QuickBooks_Data_64_Bit_QRemote[[#This Row],[SalesOrderLineUnitOfMeasure]]=Tabla_Consulta_desde_QuickBooks_Data_64_Bit_QRemote[[#This Row],[U/M]]),\"\",\"ERROR\"),\"\")","v":""},{"$f":"+WEEKNUM(Tabla_Consulta_desde_QuickBooks_Data_64_Bit_QRemote[[#This Row],[TxnDate]])","v":23},{"$f":"+Tabla_Consulta_desde_QuickBooks_Data_64_Bit_QRemote[[#This Row],[SalesOrderLineRate]]*Tabla_Consulta_desde_QuickBooks_Data_64_Bit_QRemote[[#This Row],[SalesOrderLineInvoiced]]","v":0},{"$f":"+IFERROR(IF(Tabla_Consulta_desde_QuickBooks_Data_64_Bit_QRemote[[#This Row],[CustomerRefFullName]]=\"GRUVALCORP SA\",VLOOKUP(Tabla_Consulta_desde_QuickBooks_Data_64_Bit_QRemote[[#This Row],[SalesOrderLineItemRefFullName]],Hoja1!A:E,5,FALSE),\"\")*-Tabla_Consulta_desde_QuickBooks_Data_64_Bit_QRemote[[#This Row],[SalesOrderLineAmount]],\"\")","v":""},{"$f":"IF(COUNTIF(wms!E:E,Tabla_Consulta_desde_QuickBooks_Data_64_Bit_QRemote[[#This Row],[RefNumber]])>0,\"OK\",\"FALTA\")","v":"OK"}]
["2025-06-03","29104","CORPORACION FERNANDEZ CORPFERNANDEZ S.A.","LOCAL PORTAL DEL SOL",3,"7861000227513","P.T:110603","JALAPEÑO ROJOS Y VERDES OLE 200G","Bodega Producto Terminado",12,"UN",2.1800000000000002,26.16,"UNIDAD SALSA",0,334.8,385.02,"IVA EN VENTAS 15%",{"$f":"IFERROR(IF(Tabla_Consulta_desde_QuickBooks_Data_64_Bit_QRemote[[#This Row],[SalesOrderLineUnitOfMeasure]]=\"un\",Tabla_Consulta_desde_QuickBooks_Data_64_Bit_QRemote[[#This Row],[SalesOrderLineQuantity]],Tabla_Consulta_desde_QuickBooks_Data_64_Bit_QRemote[[#This Row],[SalesOrderLineQuantity]]/MID(Tabla_Consulta_desde_QuickBooks_Data_64_Bit_QRemote[[#This Row],[SalesOrderLineUnitOfMeasure]],2,2)),0)","v":12},{"$f":"IFERROR(IF(Tabla_Consulta_desde_QuickBooks_Data_64_Bit_QRemote[[#This Row],[SalesOrderLineUnitOfMeasure]]=\"un\",Tabla_Consulta_desde_QuickBooks_Data_64_Bit_QRemote[[#This Row],[SalesOrderLineInvoiced]],Tabla_Consulta_desde_QuickBooks_Data_64_Bit_QRemote[[#This Row],[SalesOrderLineInvoiced]]/MID(Tabla_Consulta_desde_QuickBooks_Data_64_Bit_QRemote[[#This Row],[SalesOrderLineUnitOfMeasure]],2,2)),0)","v":0},{"$f":"+Tabla_Consulta_desde_QuickBooks_Data_64_Bit_QRemote[[#This Row],[facturado]]-Tabla_Consulta_desde_QuickBooks_Data_64_Bit_QRemote[[#This Row],[pide]]","v":-12},{"$f":"IF(Tabla_Consulta_desde_QuickBooks_Data_64_Bit_QRemote[[#This Row],[diferecia]]=0,\"ok\",\"diferen\")","v":"diferen"},{"$f":"IFERROR(INDEX(um!A:C,MATCH(Tabla_Consulta_desde_QuickBooks_Data_64_Bit_QRemote[[#This Row],[SalesOrderLineItemRefFullName]],um!A:A,0),3),\"\")","v":"X24"},{"$f":"IFERROR(IF(OR(Tabla_Consulta_desde_QuickBooks_Data_64_Bit_QRemote[[#This Row],[SalesOrderLineUnitOfMeasure]]=\"UN\",Tabla_Consulta_desde_QuickBooks_Data_64_Bit_QRemote[[#This Row],[SalesOrderLineUnitOfMeasure]]=Tabla_Consulta_desde_QuickBooks_Data_64_Bit_QRemote[[#This Row],[U/M]]),\"\",\"ERROR\"),\"\")","v":""},{"$f":"+WEEKNUM(Tabla_Consulta_desde_QuickBooks_Data_64_Bit_QRemote[[#This Row],[TxnDate]])","v":23},{"$f":"+Tabla_Consulta_desde_QuickBooks_Data_64_Bit_QRemote[[#This Row],[SalesOrderLineRate]]*Tabla_Consulta_desde_QuickBooks_Data_64_Bit_QRemote[[#This Row],[SalesOrderLineInvoiced]]","v":0},{"$f":"+IFERROR(IF(Tabla_Consulta_desde_QuickBooks_Data_64_Bit_QRemote[[#This Row],[CustomerRefFullName]]=\"GRUVALCORP SA\",VLOOKUP(Tabla_Consulta_desde_QuickBooks_Data_64_Bit_QRemote[[#This Row],[SalesOrderLineItemRefFullName]],Hoja1!A:E,5,FALSE),\"\")*-Tabla_Consulta_desde_QuickBooks_Data_64_Bit_QRemote[[#This Row],[SalesOrderLineAmount]],\"\")","v":""},{"$f":"IF(COUNTIF(wms!E:E,Tabla_Consulta_desde_QuickBooks_Data_64_Bit_QRemote[[#This Row],[RefNumber]])>0,\"OK\",\"FALTA\")","v":"OK"}]
["2025-06-03","29104","CORPORACION FERNANDEZ CORPFERNANDEZ S.A.","LOCAL PORTAL DEL SOL",4,"7862112522244","P.T:110736","TERIYAKI SALSA ASIATICA OLE 300G","Bodega Producto Terminado",12,"X12",2.48,29.76,"UNIDAD SALSA",0,334.8,385.02,"IVA EN VENTAS 15%",{"$f":"IFERROR(IF(Tabla_Consulta_desde_QuickBooks_Data_64_Bit_QRemote[[#This Row],[SalesOrderLineUnitOfMeasure]]=\"un\",Tabla_Consulta_desde_QuickBooks_Data_64_Bit_QRemote[[#This Row],[SalesOrderLineQuantity]],Tabla_Consulta_desde_QuickBooks_Data_64_Bit_QRemote[[#This Row],[SalesOrderLineQuantity]]/MID(Tabla_Consulta_desde_QuickBooks_Data_64_Bit_QRemote[[#This Row],[SalesOrderLineUnitOfMeasure]],2,2)),0)","v":1},{"$f":"IFERROR(IF(Tabla_Consulta_desde_QuickBooks_Data_64_Bit_QRemote[[#This Row],[SalesOrderLineUnitOfMeasure]]=\"un\",Tabla_Consulta_desde_QuickBooks_Data_64_Bit_QRemote[[#This Row],[SalesOrderLineInvoiced]],Tabla_Consulta_desde_QuickBooks_Data_64_Bit_QRemote[[#This Row],[SalesOrderLineInvoiced]]/MID(Tabla_Consulta_desde_QuickBooks_Data_64_Bit_QRemote[[#This Row],[SalesOrderLineUnitOfMeasure]],2,2)),0)","v":0},{"$f":"+Tabla_Consulta_desde_QuickBooks_Data_64_Bit_QRemote[[#This Row],[facturado]]-Tabla_Consulta_desde_QuickBooks_Data_64_Bit_QRemote[[#This Row],[pide]]","v":-1},{"$f":"IF(Tabla_Consulta_desde_QuickBooks_Data_64_Bit_QRemote[[#This Row],[diferecia]]=0,\"ok\",\"diferen\")","v":"diferen"},{"$f":"IFERROR(INDEX(um!A:C,MATCH(Tabla_Consulta_desde_QuickBooks_Data_64_Bit_QRemote[[#This Row],[SalesOrderLineItemRefFullName]],um!A:A,0),3),\"\")","v":"X12"},{"$f":"IFERROR(IF(OR(Tabla_Consulta_desde_QuickBooks_Data_64_Bit_QRemote[[#This Row],[SalesOrderLineUnitOfMeasure]]=\"UN\",Tabla_Consulta_desde_QuickBooks_Data_64_Bit_QRemote[[#This Row],[SalesOrderLineUnitOfMeasure]]=Tabla_Consulta_desde_QuickBooks_Data_64_Bit_QRemote[[#This Row],[U/M]]),\"\",\"ERROR\"),\"\")","v":""},{"$f":"+WEEKNUM(Tabla_Consulta_desde_QuickBooks_Data_64_Bit_QRemote[[#This Row],[TxnDate]])","v":23},{"$f":"+Tabla_Consulta_desde_QuickBooks_Data_64_Bit_QRemote[[#This Row],[SalesOrderLineRate]]*Tabla_Consulta_desde_QuickBooks_Data_64_Bit_QRemote[[#This Row],[SalesOrderLineInvoiced]]","v":0},{"$f":"+IFERROR(IF(Tabla_Consulta_desde_QuickBooks_Data_64_Bit_QRemote[[#This Row],[CustomerRefFullName]]=\"GRUVALCORP SA\",VLOOKUP(Tabla_Consulta_desde_QuickBooks_Data_64_Bit_QRemote[[#This Row],[SalesOrderLineItemRefFullName]],Hoja1!A:E,5,FALSE),\"\")*-Tabla_Consulta_desde_QuickBooks_Data_64_Bit_QRemote[[#This Row],[SalesOrderLineAmount]],\"\")","v":""},{"$f":"IF(COUNTIF(wms!E:E,Tabla_Consulta_desde_QuickBooks_Data_64_Bit_QRemote[[#This Row],[RefNumber]])>0,\"OK\",\"FALTA\")","v":"OK"}]
["2025-06-03","29104","CORPORACION FERNANDEZ CORPFERNANDEZ S.A.","LOCAL PORTAL DEL SOL",5,"7862112521810","P.T:110303","SALSA BBQ ORIGINAL OLE 430G","Bodega Producto Terminado",12,"X12",1.78,21.36,"UNIDAD SALSA",0,334.8,385.02,"IVA EN VENTAS 15%",{"$f":"IFERROR(IF(Tabla_Consulta_desde_QuickBooks_Data_64_Bit_QRemote[[#This Row],[SalesOrderLineUnitOfMeasure]]=\"un\",Tabla_Consulta_desde_QuickBooks_Data_64_Bit_QRemote[[#This Row],[SalesOrderLineQuantity]],Tabla_Consulta_desde_QuickBooks_Data_64_Bit_QRemote[[#This Row],[SalesOrderLineQuantity]]/MID(Tabla_Consulta_desde_QuickBooks_Data_64_Bit_QRemote[[#This Row],[SalesOrderLineUnitOfMeasure]],2,2)),0)","v":1},{"$f":"IFERROR(IF(Tabla_Consulta_desde_QuickBooks_Data_64_Bit_QRemote[[#This Row],[SalesOrderLineUnitOfMeasure]]=\"un\",Tabla_Consulta_desde_QuickBooks_Data_64_Bit_QRemote[[#This Row],[SalesOrderLineInvoiced]],Tabla_Consulta_desde_QuickBooks_Data_64_Bit_QRemote[[#This Row],[SalesOrderLineInvoiced]]/MID(Tabla_Consulta_desde_QuickBooks_Data_64_Bit_QRemote[[#This Row],[SalesOrderLineUnitOfMeasure]],2,2)),0)","v":0},{"$f":"+Tabla_Consulta_desde_QuickBooks_Data_64_Bit_QRemote[[#This Row],[facturado]]-Tabla_Consulta_desde_QuickBooks_Data_64_Bit_QRemote[[#This Row],[pide]]","v":-1},{"$f":"IF(Tabla_Consulta_desde_QuickBooks_Data_64_Bit_QRemote[[#This Row],[diferecia]]=0,\"ok\",\"diferen\")","v":"diferen"},{"$f":"IFERROR(INDEX(um!A:C,MATCH(Tabla_Consulta_desde_QuickBooks_Data_64_Bit_QRemote[[#This Row],[SalesOrderLineItemRefFullName]],um!A:A,0),3),\"\")","v":"X12"},{"$f":"IFERROR(IF(OR(Tabla_Consulta_desde_QuickBooks_Data_64_Bit_QRemote[[#This Row],[SalesOrderLineUnitOfMeasure]]=\"UN\",Tabla_Consulta_desde_QuickBooks_Data_64_Bit_QRemote[[#This Row],[SalesOrderLineUnitOfMeasure]]=Tabla_Consulta_desde_QuickBooks_Data_64_Bit_QRemote[[#This Row],[U/M]]),\"\",\"ERROR\"),\"\")","v":""},{"$f":"+WEEKNUM(Tabla_Consulta_desde_QuickBooks_Data_64_Bit_QRemote[[#This Row],[TxnDate]])","v":23},{"$f":"+Tabla_Consulta_desde_QuickBooks_Data_64_Bit_QRemote[[#This Row],[SalesOrderLineRate]]*Tabla_Consulta_desde_QuickBooks_Data_64_Bit_QRemote[[#This Row],[SalesOrderLineInvoiced]]","v":0},{"$f":"+IFERROR(IF(Tabla_Consulta_desde_QuickBooks_Data_64_Bit_QRemote[[#This Row],[CustomerRefFullName]]=\"GRUVALCORP SA\",VLOOKUP(Tabla_Consulta_desde_QuickBooks_Data_64_Bit_QRemote[[#This Row],[SalesOrderLineItemRefFullName]],Hoja1!A:E,5,FALSE),\"\")*-Tabla_Consulta_desde_QuickBooks_Data_64_Bit_QRemote[[#This Row],[SalesOrderLineAmount]],\"\")","v":""},{"$f":"IF(COUNTIF(wms!E:E,Tabla_Consulta_desde_QuickBooks_Data_64_Bit_QRemote[[#This Row],[RefNumber]])>0,\"OK\",\"FALTA\")","v":"OK"}]
["2025-06-03","29104","CORPORACION FERNANDEZ CORPFERNANDEZ S.A.","LOCAL PORTAL DEL SOL",6,"7862112523227","P.T:110313","SALSA BBQ WHISKY Y MIEL OLE 430G","Bodega Producto Terminado",12,"X12",2.35,28.2,"UNIDAD SALSA",0,334.8,385.02,"IVA EN VENTAS 15%",{"$f":"IFERROR(IF(Tabla_Consulta_desde_QuickBooks_Data_64_Bit_QRemote[[#This Row],[SalesOrderLineUnitOfMeasure]]=\"un\",Tabla_Consulta_desde_QuickBooks_Data_64_Bit_QRemote[[#This Row],[SalesOrderLineQuantity]],Tabla_Consulta_desde_QuickBooks_Data_64_Bit_QRemote[[#This Row],[SalesOrderLineQuantity]]/MID(Tabla_Consulta_desde_QuickBooks_Data_64_Bit_QRemote[[#This Row],[SalesOrderLineUnitOfMeasure]],2,2)),0)","v":1},{"$f":"IFERROR(IF(Tabla_Consulta_desde_QuickBooks_Data_64_Bit_QRemote[[#This Row],[SalesOrderLineUnitOfMeasure]]=\"un\",Tabla_Consulta_desde_QuickBooks_Data_64_Bit_QRemote[[#This Row],[SalesOrderLineInvoiced]],Tabla_Consulta_desde_QuickBooks_Data_64_Bit_QRemote[[#This Row],[SalesOrderLineInvoiced]]/MID(Tabla_Consulta_desde_QuickBooks_Data_64_Bit_QRemote[[#This Row],[SalesOrderLineUnitOfMeasure]],2,2)),0)","v":0},{"$f":"+Tabla_Consulta_desde_QuickBooks_Data_64_Bit_QRemote[[#This Row],[facturado]]-Tabla_Consulta_desde_QuickBooks_Data_64_Bit_QRemote[[#This Row],[pide]]","v":-1},{"$f":"IF(Tabla_Consulta_desde_QuickBooks_Data_64_Bit_QRemote[[#This Row],[diferecia]]=0,\"ok\",\"diferen\")","v":"diferen"},{"$f":"IFERROR(INDEX(um!A:C,MATCH(Tabla_Consulta_desde_QuickBooks_Data_64_Bit_QRemote[[#This Row],[SalesOrderLineItemRefFullName]],um!A:A,0),3),\"\")","v":"X12"},{"$f":"IFERROR(IF(OR(Tabla_Consulta_desde_QuickBooks_Data_64_Bit_QRemote[[#This Row],[SalesOrderLineUnitOfMeasure]]=\"UN\",Tabla_Consulta_desde_QuickBooks_Data_64_Bit_QRemote[[#This Row],[SalesOrderLineUnitOfMeasure]]=Tabla_Consulta_desde_QuickBooks_Data_64_Bit_QRemote[[#This Row],[U/M]]),\"\",\"ERROR\"),\"\")","v":""},{"$f":"+WEEKNUM(Tabla_Consulta_desde_QuickBooks_Data_64_Bit_QRemote[[#This Row],[TxnDate]])","v":23},{"$f":"+Tabla_Consulta_desde_QuickBooks_Data_64_Bit_QRemote[[#This Row],[SalesOrderLineRate]]*Tabla_Consulta_desde_QuickBooks_Data_64_Bit_QRemote[[#This Row],[SalesOrderLineInvoiced]]","v":0},{"$f":"+IFERROR(IF(Tabla_Consulta_desde_QuickBooks_Data_64_Bit_QRemote[[#This Row],[CustomerRefFullName]]=\"GRUVALCORP SA\",VLOOKUP(Tabla_Consulta_desde_QuickBooks_Data_64_Bit_QRemote[[#This Row],[SalesOrderLineItemRefFullName]],Hoja1!A:E,5,FALSE),\"\")*-Tabla_Consulta_desde_QuickBooks_Data_64_Bit_QRemote[[#This Row],[SalesOrderLineAmount]],\"\")","v":""},{"$f":"IF(COUNTIF(wms!E:E,Tabla_Consulta_desde_QuickBooks_Data_64_Bit_QRemote[[#This Row],[RefNumber]])>0,\"OK\",\"FALTA\")","v":"OK"}]
["2025-06-03","29104","CORPORACION FERNANDEZ CORPFERNANDEZ S.A.","LOCAL PORTAL DEL SOL",7,"7862112523104","P.T:110804","SALSA CHAMOY OLE 275G","Bodega Producto Terminado",12,"X12",1.85,22.2,"UNIDAD SALSA",0,334.8,385.02,"IVA EN VENTAS 15%",{"$f":"IFERROR(IF(Tabla_Consulta_desde_QuickBooks_Data_64_Bit_QRemote[[#This Row],[SalesOrderLineUnitOfMeasure]]=\"un\",Tabla_Consulta_desde_QuickBooks_Data_64_Bit_QRemote[[#This Row],[SalesOrderLineQuantity]],Tabla_Consulta_desde_QuickBooks_Data_64_Bit_QRemote[[#This Row],[SalesOrderLineQuantity]]/MID(Tabla_Consulta_desde_QuickBooks_Data_64_Bit_QRemote[[#This Row],[SalesOrderLineUnitOfMeasure]],2,2)),0)","v":1},{"$f":"IFERROR(IF(Tabla_Consulta_desde_QuickBooks_Data_64_Bit_QRemote[[#This Row],[SalesOrderLineUnitOfMeasure]]=\"un\",Tabla_Consulta_desde_QuickBooks_Data_64_Bit_QRemote[[#This Row],[SalesOrderLineInvoiced]],Tabla_Consulta_desde_QuickBooks_Data_64_Bit_QRemote[[#This Row],[SalesOrderLineInvoiced]]/MID(Tabla_Consulta_desde_QuickBooks_Data_64_Bit_QRemote[[#This Row],[SalesOrderLineUnitOfMeasure]],2,2)),0)","v":0},{"$f":"+Tabla_Consulta_desde_QuickBooks_Data_64_Bit_QRemote[[#This Row],[facturado]]-Tabla_Consulta_desde_QuickBooks_Data_64_Bit_QRemote[[#This Row],[pide]]","v":-1},{"$f":"IF(Tabla_Consulta_desde_QuickBooks_Data_64_Bit_QRemote[[#This Row],[diferecia]]=0,\"ok\",\"diferen\")","v":"diferen"},{"$f":"IFERROR(INDEX(um!A:C,MATCH(Tabla_Consulta_desde_QuickBooks_Data_64_Bit_QRemote[[#This Row],[SalesOrderLineItemRefFullName]],um!A:A,0),3),\"\")","v":"X12"},{"$f":"IFERROR(IF(OR(Tabla_Consulta_desde_QuickBooks_Data_64_Bit_QRemote[[#This Row],[SalesOrderLineUnitOfMeasure]]=\"UN\",Tabla_Consulta_desde_QuickBooks_Data_64_Bit_QRemote[[#This Row],[SalesOrderLineUnitOfMeasure]]=Tabla_Consulta_desde_QuickBooks_Data_64_Bit_QRemote[[#This Row],[U/M]]),\"\",\"ERROR\"),\"\")","v":""},{"$f":"+WEEKNUM(Tabla_Consulta_desde_QuickBooks_Data_64_Bit_QRemote[[#This Row],[TxnDate]])","v":23},{"$f":"+Tabla_Consulta_desde_QuickBooks_Data_64_Bit_QRemote[[#This Row],[SalesOrderLineRate]]*Tabla_Consulta_desde_QuickBooks_Data_64_Bit_QRemote[[#This Row],[SalesOrderLineInvoiced]]","v":0},{"$f":"+IFERROR(IF(Tabla_Consulta_desde_QuickBooks_Data_64_Bit_QRemote[[#This Row],[CustomerRefFullName]]=\"GRUVALCORP SA\",VLOOKUP(Tabla_Consulta_desde_QuickBooks_Data_64_Bit_QRemote[[#This Row],[SalesOrderLineItemRefFullName]],Hoja1!A:E,5,FALSE),\"\")*-Tabla_Consulta_desde_QuickBooks_Data_64_Bit_QRemote[[#This Row],[SalesOrderLineAmount]],\"\")","v":""},{"$f":"IF(COUNTIF(wms!E:E,Tabla_Consulta_desde_QuickBooks_Data_64_Bit_QRemote[[#This Row],[RefNumber]])>0,\"OK\",\"FALTA\")","v":"OK"}]
["2025-06-03","29104","CORPORACION FERNANDEZ CORPFERNANDEZ S.A.","LOCAL PORTAL DEL SOL",8,"705424000116","P.T:110207","AJÍ CON MARACUYA OLE 185G","Bodega Producto Terminado",12,"UN",1.57,18.84,"UNIDAD SALSA",0,334.8,385.02,"IVA EN VENTAS 15%",{"$f":"IFERROR(IF(Tabla_Consulta_desde_QuickBooks_Data_64_Bit_QRemote[[#This Row],[SalesOrderLineUnitOfMeasure]]=\"un\",Tabla_Consulta_desde_QuickBooks_Data_64_Bit_QRemote[[#This Row],[SalesOrderLineQuantity]],Tabla_Consulta_desde_QuickBooks_Data_64_Bit_QRemote[[#This Row],[SalesOrderLineQuantity]]/MID(Tabla_Consulta_desde_QuickBooks_Data_64_Bit_QRemote[[#This Row],[SalesOrderLineUnitOfMeasure]],2,2)),0)","v":12},{"$f":"IFERROR(IF(Tabla_Consulta_desde_QuickBooks_Data_64_Bit_QRemote[[#This Row],[SalesOrderLineUnitOfMeasure]]=\"un\",Tabla_Consulta_desde_QuickBooks_Data_64_Bit_QRemote[[#This Row],[SalesOrderLineInvoiced]],Tabla_Consulta_desde_QuickBooks_Data_64_Bit_QRemote[[#This Row],[SalesOrderLineInvoiced]]/MID(Tabla_Consulta_desde_QuickBooks_Data_64_Bit_QRemote[[#This Row],[SalesOrderLineUnitOfMeasure]],2,2)),0)","v":0},{"$f":"+Tabla_Consulta_desde_QuickBooks_Data_64_Bit_QRemote[[#This Row],[facturado]]-Tabla_Consulta_desde_QuickBooks_Data_64_Bit_QRemote[[#This Row],[pide]]","v":-12},{"$f":"IF(Tabla_Consulta_desde_QuickBooks_Data_64_Bit_QRemote[[#This Row],[diferecia]]=0,\"ok\",\"diferen\")","v":"diferen"},{"$f":"IFERROR(INDEX(um!A:C,MATCH(Tabla_Consulta_desde_QuickBooks_Data_64_Bit_QRemote[[#This Row],[SalesOrderLineItemRefFullName]],um!A:A,0),3),\"\")","v":"X24"},{"$f":"IFERROR(IF(OR(Tabla_Consulta_desde_QuickBooks_Data_64_Bit_QRemote[[#This Row],[SalesOrderLineUnitOfMeasure]]=\"UN\",Tabla_Consulta_desde_QuickBooks_Data_64_Bit_QRemote[[#This Row],[SalesOrderLineUnitOfMeasure]]=Tabla_Consulta_desde_QuickBooks_Data_64_Bit_QRemote[[#This Row],[U/M]]),\"\",\"ERROR\"),\"\")","v":""},{"$f":"+WEEKNUM(Tabla_Consulta_desde_QuickBooks_Data_64_Bit_QRemote[[#This Row],[TxnDate]])","v":23},{"$f":"+Tabla_Consulta_desde_QuickBooks_Data_64_Bit_QRemote[[#This Row],[SalesOrderLineRate]]*Tabla_Consulta_desde_QuickBooks_Data_64_Bit_QRemote[[#This Row],[SalesOrderLineInvoiced]]","v":0},{"$f":"+IFERROR(IF(Tabla_Consulta_desde_QuickBooks_Data_64_Bit_QRemote[[#This Row],[CustomerRefFullName]]=\"GRUVALCORP SA\",VLOOKUP(Tabla_Consulta_desde_QuickBooks_Data_64_Bit_QRemote[[#This Row],[SalesOrderLineItemRefFullName]],Hoja1!A:E,5,FALSE),\"\")*-Tabla_Consulta_desde_QuickBooks_Data_64_Bit_QRemote[[#This Row],[SalesOrderLineAmount]],\"\")","v":""},{"$f":"IF(COUNTIF(wms!E:E,Tabla_Consulta_desde_QuickBooks_Data_64_Bit_QRemote[[#This Row],[RefNumber]])>0,\"OK\",\"FALTA\")","v":"OK"}]
["2025-06-03","29104","CORPORACION FERNANDEZ CORPFERNANDEZ S.A.","LOCAL PORTAL DEL SOL",9,"7862112522787","P.T:311606","SALSA QUESO CHEDDAR OLE 200G","Bodega Producto Terminado",12,"UN",1.59,19.079999999999998,"UNIDAD SALSA",0,334.8,385.02,"IVA EN VENTAS 15%",{"$f":"IFERROR(IF(Tabla_Consulta_desde_QuickBooks_Data_64_Bit_QRemote[[#This Row],[SalesOrderLineUnitOfMeasure]]=\"un\",Tabla_Consulta_desde_QuickBooks_Data_64_Bit_QRemote[[#This Row],[SalesOrderLineQuantity]],Tabla_Consulta_desde_QuickBooks_Data_64_Bit_QRemote[[#This Row],[SalesOrderLineQuantity]]/MID(Tabla_Consulta_desde_QuickBooks_Data_64_Bit_QRemote[[#This Row],[SalesOrderLineUnitOfMeasure]],2,2)),0)","v":12},{"$f":"IFERROR(IF(Tabla_Consulta_desde_QuickBooks_Data_64_Bit_QRemote[[#This Row],[SalesOrderLineUnitOfMeasure]]=\"un\",Tabla_Consulta_desde_QuickBooks_Data_64_Bit_QRemote[[#This Row],[SalesOrderLineInvoiced]],Tabla_Consulta_desde_QuickBooks_Data_64_Bit_QRemote[[#This Row],[SalesOrderLineInvoiced]]/MID(Tabla_Consulta_desde_QuickBooks_Data_64_Bit_QRemote[[#This Row],[SalesOrderLineUnitOfMeasure]],2,2)),0)","v":0},{"$f":"+Tabla_Consulta_desde_QuickBooks_Data_64_Bit_QRemote[[#This Row],[facturado]]-Tabla_Consulta_desde_QuickBooks_Data_64_Bit_QRemote[[#This Row],[pide]]","v":-12},{"$f":"IF(Tabla_Consulta_desde_QuickBooks_Data_64_Bit_QRemote[[#This Row],[diferecia]]=0,\"ok\",\"diferen\")","v":"diferen"},{"$f":"IFERROR(INDEX(um!A:C,MATCH(Tabla_Consulta_desde_QuickBooks_Data_64_Bit_QRemote[[#This Row],[SalesOrderLineItemRefFullName]],um!A:A,0),3),\"\")","v":"X24"},{"$f":"IFERROR(IF(OR(Tabla_Consulta_desde_QuickBooks_Data_64_Bit_QRemote[[#This Row],[SalesOrderLineUnitOfMeasure]]=\"UN\",Tabla_Consulta_desde_QuickBooks_Data_64_Bit_QRemote[[#This Row],[SalesOrderLineUnitOfMeasure]]=Tabla_Consulta_desde_QuickBooks_Data_64_Bit_QRemote[[#This Row],[U/M]]),\"\",\"ERROR\"),\"\")","v":""},{"$f":"+WEEKNUM(Tabla_Consulta_desde_QuickBooks_Data_64_Bit_QRemote[[#This Row],[TxnDate]])","v":23},{"$f":"+Tabla_Consulta_desde_QuickBooks_Data_64_Bit_QRemote[[#This Row],[SalesOrderLineRate]]*Tabla_Consulta_desde_QuickBooks_Data_64_Bit_QRemote[[#This Row],[SalesOrderLineInvoiced]]","v":0},{"$f":"+IFERROR(IF(Tabla_Consulta_desde_QuickBooks_Data_64_Bit_QRemote[[#This Row],[CustomerRefFullName]]=\"GRUVALCORP SA\",VLOOKUP(Tabla_Consulta_desde_QuickBooks_Data_64_Bit_QRemote[[#This Row],[SalesOrderLineItemRefFullName]],Hoja1!A:E,5,FALSE),\"\")*-Tabla_Consulta_desde_QuickBooks_Data_64_Bit_QRemote[[#This Row],[SalesOrderLineAmount]],\"\")","v":""},{"$f":"IF(COUNTIF(wms!E:E,Tabla_Consulta_desde_QuickBooks_Data_64_Bit_QRemote[[#This Row],[RefNumber]])>0,\"OK\",\"FALTA\")","v":"OK"}]
["2025-06-03","29104","CORPORACION FERNANDEZ CORPFERNANDEZ S.A.","LOCAL PORTAL DEL SOL",10,"7862112522367","PT:220132","TOTOPOS NATURAL OLE 300G","Bodega Producto Terminado",12,"X12",1.67,20.04,"UNIDAD SNCKS",0,334.8,385.02,"IVA EN VENTAS 15%",{"$f":"IFERROR(IF(Tabla_Consulta_desde_QuickBooks_Data_64_Bit_QRemote[[#This Row],[SalesOrderLineUnitOfMeasure]]=\"un\",Tabla_Consulta_desde_QuickBooks_Data_64_Bit_QRemote[[#This Row],[SalesOrderLineQuantity]],Tabla_Consulta_desde_QuickBooks_Data_64_Bit_QRemote[[#This Row],[SalesOrderLineQuantity]]/MID(Tabla_Consulta_desde_QuickBooks_Data_64_Bit_QRemote[[#This Row],[SalesOrderLineUnitOfMeasure]],2,2)),0)","v":1},{"$f":"IFERROR(IF(Tabla_Consulta_desde_QuickBooks_Data_64_Bit_QRemote[[#This Row],[SalesOrderLineUnitOfMeasure]]=\"un\",Tabla_Consulta_desde_QuickBooks_Data_64_Bit_QRemote[[#This Row],[SalesOrderLineInvoiced]],Tabla_Consulta_desde_QuickBooks_Data_64_Bit_QRemote[[#This Row],[SalesOrderLineInvoiced]]/MID(Tabla_Consulta_desde_QuickBooks_Data_64_Bit_QRemote[[#This Row],[SalesOrderLineUnitOfMeasure]],2,2)),0)","v":0},{"$f":"+Tabla_Consulta_desde_QuickBooks_Data_64_Bit_QRemote[[#This Row],[facturado]]-Tabla_Consulta_desde_QuickBooks_Data_64_Bit_QRemote[[#This Row],[pide]]","v":-1},{"$f":"IF(Tabla_Consulta_desde_QuickBooks_Data_64_Bit_QRemote[[#This Row],[diferecia]]=0,\"ok\",\"diferen\")","v":"diferen"},{"$f":"IFERROR(INDEX(um!A:C,MATCH(Tabla_Consulta_desde_QuickBooks_Data_64_Bit_QRemote[[#This Row],[SalesOrderLineItemRefFullName]],um!A:A,0),3),\"\")","v":"X12"},{"$f":"IFERROR(IF(OR(Tabla_Consulta_desde_QuickBooks_Data_64_Bit_QRemote[[#This Row],[SalesOrderLineUnitOfMeasure]]=\"UN\",Tabla_Consulta_desde_QuickBooks_Data_64_Bit_QRemote[[#This Row],[SalesOrderLineUnitOfMeasure]]=Tabla_Consulta_desde_QuickBooks_Data_64_Bit_QRemote[[#This Row],[U/M]]),\"\",\"ERROR\"),\"\")","v":""},{"$f":"+WEEKNUM(Tabla_Consulta_desde_QuickBooks_Data_64_Bit_QRemote[[#This Row],[TxnDate]])","v":23},{"$f":"+Tabla_Consulta_desde_QuickBooks_Data_64_Bit_QRemote[[#This Row],[SalesOrderLineRate]]*Tabla_Consulta_desde_QuickBooks_Data_64_Bit_QRemote[[#This Row],[SalesOrderLineInvoiced]]","v":0},{"$f":"+IFERROR(IF(Tabla_Consulta_desde_QuickBooks_Data_64_Bit_QRemote[[#This Row],[CustomerRefFullName]]=\"GRUVALCORP SA\",VLOOKUP(Tabla_Consulta_desde_QuickBooks_Data_64_Bit_QRemote[[#This Row],[SalesOrderLineItemRefFullName]],Hoja1!A:E,5,FALSE),\"\")*-Tabla_Consulta_desde_QuickBooks_Data_64_Bit_QRemote[[#This Row],[SalesOrderLineAmount]],\"\")","v":""},{"$f":"IF(COUNTIF(wms!E:E,Tabla_Consulta_desde_QuickBooks_Data_64_Bit_QRemote[[#This Row],[RefNumber]])>0,\"OK\",\"FALTA\")","v":"OK"}]
["2025-06-03","29104","CORPORACION FERNANDEZ CORPFERNANDEZ S.A.","LOCAL PORTAL DEL SOL",11,null,"INFOADICIONAL","LOCAL PORTAL DEL SOL",null,null,null,0,0,null,0,334.8,385.02,"IVA EN VENTAS 15%",{"$f":"IFERROR(IF(Tabla_Consulta_desde_QuickBooks_Data_64_Bit_QRemote[[#This Row],[SalesOrderLineUnitOfMeasure]]=\"un\",Tabla_Consulta_desde_QuickBooks_Data_64_Bit_QRemote[[#This Row],[SalesOrderLineQuantity]],Tabla_Consulta_desde_QuickBooks_Data_64_Bit_QRemote[[#This Row],[SalesOrderLineQuantity]]/MID(Tabla_Consulta_desde_QuickBooks_Data_64_Bit_QRemote[[#This Row],[SalesOrderLineUnitOfMeasure]],2,2)),0)","v":0},{"$f":"IFERROR(IF(Tabla_Consulta_desde_QuickBooks_Data_64_Bit_QRemote[[#This Row],[SalesOrderLineUnitOfMeasure]]=\"un\",Tabla_Consulta_desde_QuickBooks_Data_64_Bit_QRemote[[#This Row],[SalesOrderLineInvoiced]],Tabla_Consulta_desde_QuickBooks_Data_64_Bit_QRemote[[#This Row],[SalesOrderLineInvoiced]]/MID(Tabla_Consulta_desde_QuickBooks_Data_64_Bit_QRemote[[#This Row],[SalesOrderLineUnitOfMeasure]],2,2)),0)","v":0},{"$f":"+Tabla_Consulta_desde_QuickBooks_Data_64_Bit_QRemote[[#This Row],[facturado]]-Tabla_Consulta_desde_QuickBooks_Data_64_Bit_QRemote[[#This Row],[pide]]","v":0},{"$f":"IF(Tabla_Consulta_desde_QuickBooks_Data_64_Bit_QRemote[[#This Row],[diferecia]]=0,\"ok\",\"diferen\")","v":"ok"},{"$f":"IFERROR(INDEX(um!A:C,MATCH(Tabla_Consulta_desde_QuickBooks_Data_64_Bit_QRemote[[#This Row],[SalesOrderLineItemRefFullName]],um!A:A,0),3),\"\")","v":""},{"$f":"IFERROR(IF(OR(Tabla_Consulta_desde_QuickBooks_Data_64_Bit_QRemote[[#This Row],[SalesOrderLineUnitOfMeasure]]=\"UN\",Tabla_Consulta_desde_QuickBooks_Data_64_Bit_QRemote[[#This Row],[SalesOrderLineUnitOfMeasure]]=Tabla_Consulta_desde_QuickBooks_Data_64_Bit_QRemote[[#This Row],[U/M]]),\"\",\"ERROR\"),\"\")","v":""},{"$f":"+WEEKNUM(Tabla_Consulta_desde_QuickBooks_Data_64_Bit_QRemote[[#This Row],[TxnDate]])","v":23},{"$f":"+Tabla_Consulta_desde_QuickBooks_Data_64_Bit_QRemote[[#This Row],[SalesOrderLineRate]]*Tabla_Consulta_desde_QuickBooks_Data_64_Bit_QRemote[[#This Row],[SalesOrderLineInvoiced]]","v":0},{"$f":"+IFERROR(IF(Tabla_Consulta_desde_QuickBooks_Data_64_Bit_QRemote[[#This Row],[CustomerRefFullName]]=\"GRUVALCORP SA\",VLOOKUP(Tabla_Consulta_desde_QuickBooks_Data_64_Bit_QRemote[[#This Row],[SalesOrderLineItemRefFullName]],Hoja1!A:E,5,FALSE),\"\")*-Tabla_Consulta_desde_QuickBooks_Data_64_Bit_QRemote[[#This Row],[SalesOrderLineAmount]],\"\")","v":""},{"$f":"IF(COUNTIF(wms!E:E,Tabla_Consulta_desde_QuickBooks_Data_64_Bit_QRemote[[#This Row],[RefNumber]])>0,\"OK\",\"FALTA\")","v":"OK"}]
["2025-06-03","29105","CORPORACION FERNANDEZ CORPFERNANDEZ S.A.","LOCAL PORTETE",1,"7862112520301","P.T:110700","CHIMICHURRI OLE 230G","Bodega Producto Terminado",48,"X12",2.35,112.8,"UNIDAD SALSA",0,341.1,392.27,"IVA EN VENTAS 15%",{"$f":"IFERROR(IF(Tabla_Consulta_desde_QuickBooks_Data_64_Bit_QRemote[[#This Row],[SalesOrderLineUnitOfMeasure]]=\"un\",Tabla_Consulta_desde_QuickBooks_Data_64_Bit_QRemote[[#This Row],[SalesOrderLineQuantity]],Tabla_Consulta_desde_QuickBooks_Data_64_Bit_QRemote[[#This Row],[SalesOrderLineQuantity]]/MID(Tabla_Consulta_desde_QuickBooks_Data_64_Bit_QRemote[[#This Row],[SalesOrderLineUnitOfMeasure]],2,2)),0)","v":4},{"$f":"IFERROR(IF(Tabla_Consulta_desde_QuickBooks_Data_64_Bit_QRemote[[#This Row],[SalesOrderLineUnitOfMeasure]]=\"un\",Tabla_Consulta_desde_QuickBooks_Data_64_Bit_QRemote[[#This Row],[SalesOrderLineInvoiced]],Tabla_Consulta_desde_QuickBooks_Data_64_Bit_QRemote[[#This Row],[SalesOrderLineInvoiced]]/MID(Tabla_Consulta_desde_QuickBooks_Data_64_Bit_QRemote[[#This Row],[SalesOrderLineUnitOfMeasure]],2,2)),0)","v":0},{"$f":"+Tabla_Consulta_desde_QuickBooks_Data_64_Bit_QRemote[[#This Row],[facturado]]-Tabla_Consulta_desde_QuickBooks_Data_64_Bit_QRemote[[#This Row],[pide]]","v":-4},{"$f":"IF(Tabla_Consulta_desde_QuickBooks_Data_64_Bit_QRemote[[#This Row],[diferecia]]=0,\"ok\",\"diferen\")","v":"diferen"},{"$f":"IFERROR(INDEX(um!A:C,MATCH(Tabla_Consulta_desde_QuickBooks_Data_64_Bit_QRemote[[#This Row],[SalesOrderLineItemRefFullName]],um!A:A,0),3),\"\")","v":"X12"},{"$f":"IFERROR(IF(OR(Tabla_Consulta_desde_QuickBooks_Data_64_Bit_QRemote[[#This Row],[SalesOrderLineUnitOfMeasure]]=\"UN\",Tabla_Consulta_desde_QuickBooks_Data_64_Bit_QRemote[[#This Row],[SalesOrderLineUnitOfMeasure]]=Tabla_Consulta_desde_QuickBooks_Data_64_Bit_QRemote[[#This Row],[U/M]]),\"\",\"ERROR\"),\"\")","v":""},{"$f":"+WEEKNUM(Tabla_Consulta_desde_QuickBooks_Data_64_Bit_QRemote[[#This Row],[TxnDate]])","v":23},{"$f":"+Tabla_Consulta_desde_QuickBooks_Data_64_Bit_QRemote[[#This Row],[SalesOrderLineRate]]*Tabla_Consulta_desde_QuickBooks_Data_64_Bit_QRemote[[#This Row],[SalesOrderLineInvoiced]]","v":0},{"$f":"+IFERROR(IF(Tabla_Consulta_desde_QuickBooks_Data_64_Bit_QRemote[[#This Row],[CustomerRefFullName]]=\"GRUVALCORP SA\",VLOOKUP(Tabla_Consulta_desde_QuickBooks_Data_64_Bit_QRemote[[#This Row],[SalesOrderLineItemRefFullName]],Hoja1!A:E,5,FALSE),\"\")*-Tabla_Consulta_desde_QuickBooks_Data_64_Bit_QRemote[[#This Row],[SalesOrderLineAmount]],\"\")","v":""},{"$f":"IF(COUNTIF(wms!E:E,Tabla_Consulta_desde_QuickBooks_Data_64_Bit_QRemote[[#This Row],[RefNumber]])>0,\"OK\",\"FALTA\")","v":"OK"}]
["2025-06-03","29105","CORPORACION FERNANDEZ CORPFERNANDEZ S.A.","LOCAL PORTETE",2,"7862112522626","P.T:110701","CHIMICHURRI ESTILO ARGENTINO OLE 380G","Bodega Producto Terminado",24,"X12",3.03,72.72,"UNIDAD SALSA",0,341.1,392.27,"IVA EN VENTAS 15%",{"$f":"IFERROR(IF(Tabla_Consulta_desde_QuickBooks_Data_64_Bit_QRemote[[#This Row],[SalesOrderLineUnitOfMeasure]]=\"un\",Tabla_Consulta_desde_QuickBooks_Data_64_Bit_QRemote[[#This Row],[SalesOrderLineQuantity]],Tabla_Consulta_desde_QuickBooks_Data_64_Bit_QRemote[[#This Row],[SalesOrderLineQuantity]]/MID(Tabla_Consulta_desde_QuickBooks_Data_64_Bit_QRemote[[#This Row],[SalesOrderLineUnitOfMeasure]],2,2)),0)","v":2},{"$f":"IFERROR(IF(Tabla_Consulta_desde_QuickBooks_Data_64_Bit_QRemote[[#This Row],[SalesOrderLineUnitOfMeasure]]=\"un\",Tabla_Consulta_desde_QuickBooks_Data_64_Bit_QRemote[[#This Row],[SalesOrderLineInvoiced]],Tabla_Consulta_desde_QuickBooks_Data_64_Bit_QRemote[[#This Row],[SalesOrderLineInvoiced]]/MID(Tabla_Consulta_desde_QuickBooks_Data_64_Bit_QRemote[[#This Row],[SalesOrderLineUnitOfMeasure]],2,2)),0)","v":0},{"$f":"+Tabla_Consulta_desde_QuickBooks_Data_64_Bit_QRemote[[#This Row],[facturado]]-Tabla_Consulta_desde_QuickBooks_Data_64_Bit_QRemote[[#This Row],[pide]]","v":-2},{"$f":"IF(Tabla_Consulta_desde_QuickBooks_Data_64_Bit_QRemote[[#This Row],[diferecia]]=0,\"ok\",\"diferen\")","v":"diferen"},{"$f":"IFERROR(INDEX(um!A:C,MATCH(Tabla_Consulta_desde_QuickBooks_Data_64_Bit_QRemote[[#This Row],[SalesOrderLineItemRefFullName]],um!A:A,0),3),\"\")","v":"X12"},{"$f":"IFERROR(IF(OR(Tabla_Consulta_desde_QuickBooks_Data_64_Bit_QRemote[[#This Row],[SalesOrderLineUnitOfMeasure]]=\"UN\",Tabla_Consulta_desde_QuickBooks_Data_64_Bit_QRemote[[#This Row],[SalesOrderLineUnitOfMeasure]]=Tabla_Consulta_desde_QuickBooks_Data_64_Bit_QRemote[[#This Row],[U/M]]),\"\",\"ERROR\"),\"\")","v":""},{"$f":"+WEEKNUM(Tabla_Consulta_desde_QuickBooks_Data_64_Bit_QRemote[[#This Row],[TxnDate]])","v":23},{"$f":"+Tabla_Consulta_desde_QuickBooks_Data_64_Bit_QRemote[[#This Row],[SalesOrderLineRate]]*Tabla_Consulta_desde_QuickBooks_Data_64_Bit_QRemote[[#This Row],[SalesOrderLineInvoiced]]","v":0},{"$f":"+IFERROR(IF(Tabla_Consulta_desde_QuickBooks_Data_64_Bit_QRemote[[#This Row],[CustomerRefFullName]]=\"GRUVALCORP SA\",VLOOKUP(Tabla_Consulta_desde_QuickBooks_Data_64_Bit_QRemote[[#This Row],[SalesOrderLineItemRefFullName]],Hoja1!A:E,5,FALSE),\"\")*-Tabla_Consulta_desde_QuickBooks_Data_64_Bit_QRemote[[#This Row],[SalesOrderLineAmount]],\"\")","v":""},{"$f":"IF(COUNTIF(wms!E:E,Tabla_Consulta_desde_QuickBooks_Data_64_Bit_QRemote[[#This Row],[RefNumber]])>0,\"OK\",\"FALTA\")","v":"OK"}]
["2025-06-03","29105","CORPORACION FERNANDEZ CORPFERNANDEZ S.A.","LOCAL PORTETE",3,"7861000227513","P.T:110603","JALAPEÑO ROJOS Y VERDES OLE 200G","Bodega Producto Terminado",12,"UN",2.1800000000000002,26.16,"UNIDAD SALSA",0,341.1,392.27,"IVA EN VENTAS 15%",{"$f":"IFERROR(IF(Tabla_Consulta_desde_QuickBooks_Data_64_Bit_QRemote[[#This Row],[SalesOrderLineUnitOfMeasure]]=\"un\",Tabla_Consulta_desde_QuickBooks_Data_64_Bit_QRemote[[#This Row],[SalesOrderLineQuantity]],Tabla_Consulta_desde_QuickBooks_Data_64_Bit_QRemote[[#This Row],[SalesOrderLineQuantity]]/MID(Tabla_Consulta_desde_QuickBooks_Data_64_Bit_QRemote[[#This Row],[SalesOrderLineUnitOfMeasure]],2,2)),0)","v":12},{"$f":"IFERROR(IF(Tabla_Consulta_desde_QuickBooks_Data_64_Bit_QRemote[[#This Row],[SalesOrderLineUnitOfMeasure]]=\"un\",Tabla_Consulta_desde_QuickBooks_Data_64_Bit_QRemote[[#This Row],[SalesOrderLineInvoiced]],Tabla_Consulta_desde_QuickBooks_Data_64_Bit_QRemote[[#This Row],[SalesOrderLineInvoiced]]/MID(Tabla_Consulta_desde_QuickBooks_Data_64_Bit_QRemote[[#This Row],[SalesOrderLineUnitOfMeasure]],2,2)),0)","v":0},{"$f":"+Tabla_Consulta_desde_QuickBooks_Data_64_Bit_QRemote[[#This Row],[facturado]]-Tabla_Consulta_desde_QuickBooks_Data_64_Bit_QRemote[[#This Row],[pide]]","v":-12},{"$f":"IF(Tabla_Consulta_desde_QuickBooks_Data_64_Bit_QRemote[[#This Row],[diferecia]]=0,\"ok\",\"diferen\")","v":"diferen"},{"$f":"IFERROR(INDEX(um!A:C,MATCH(Tabla_Consulta_desde_QuickBooks_Data_64_Bit_QRemote[[#This Row],[SalesOrderLineItemRefFullName]],um!A:A,0),3),\"\")","v":"X24"},{"$f":"IFERROR(IF(OR(Tabla_Consulta_desde_QuickBooks_Data_64_Bit_QRemote[[#This Row],[SalesOrderLineUnitOfMeasure]]=\"UN\",Tabla_Consulta_desde_QuickBooks_Data_64_Bit_QRemote[[#This Row],[SalesOrderLineUnitOfMeasure]]=Tabla_Consulta_desde_QuickBooks_Data_64_Bit_QRemote[[#This Row],[U/M]]),\"\",\"ERROR\"),\"\")","v":""},{"$f":"+WEEKNUM(Tabla_Consulta_desde_QuickBooks_Data_64_Bit_QRemote[[#This Row],[TxnDate]])","v":23},{"$f":"+Tabla_Consulta_desde_QuickBooks_Data_64_Bit_QRemote[[#This Row],[SalesOrderLineRate]]*Tabla_Consulta_desde_QuickBooks_Data_64_Bit_QRemote[[#This Row],[SalesOrderLineInvoiced]]","v":0},{"$f":"+IFERROR(IF(Tabla_Consulta_desde_QuickBooks_Data_64_Bit_QRemote[[#This Row],[CustomerRefFullName]]=\"GRUVALCORP SA\",VLOOKUP(Tabla_Consulta_desde_QuickBooks_Data_64_Bit_QRemote[[#This Row],[SalesOrderLineItemRefFullName]],Hoja1!A:E,5,FALSE),\"\")*-Tabla_Consulta_desde_QuickBooks_Data_64_Bit_QRemote[[#This Row],[SalesOrderLineAmount]],\"\")","v":""},{"$f":"IF(COUNTIF(wms!E:E,Tabla_Consulta_desde_QuickBooks_Data_64_Bit_QRemote[[#This Row],[RefNumber]])>0,\"OK\",\"FALTA\")","v":"OK"}]
["2025-06-03","29105","CORPORACION FERNANDEZ CORPFERNANDEZ S.A.","LOCAL PORTETE",4,"7862112521599","P.T:110214","SALSA AJÍ MANABA OLE 300G","Bodega Producto Terminado",12,"X12",2.19,26.28,"UNIDAD SALSA",0,341.1,392.27,"IVA EN VENTAS 15%",{"$f":"IFERROR(IF(Tabla_Consulta_desde_QuickBooks_Data_64_Bit_QRemote[[#This Row],[SalesOrderLineUnitOfMeasure]]=\"un\",Tabla_Consulta_desde_QuickBooks_Data_64_Bit_QRemote[[#This Row],[SalesOrderLineQuantity]],Tabla_Consulta_desde_QuickBooks_Data_64_Bit_QRemote[[#This Row],[SalesOrderLineQuantity]]/MID(Tabla_Consulta_desde_QuickBooks_Data_64_Bit_QRemote[[#This Row],[SalesOrderLineUnitOfMeasure]],2,2)),0)","v":1},{"$f":"IFERROR(IF(Tabla_Consulta_desde_QuickBooks_Data_64_Bit_QRemote[[#This Row],[SalesOrderLineUnitOfMeasure]]=\"un\",Tabla_Consulta_desde_QuickBooks_Data_64_Bit_QRemote[[#This Row],[SalesOrderLineInvoiced]],Tabla_Consulta_desde_QuickBooks_Data_64_Bit_QRemote[[#This Row],[SalesOrderLineInvoiced]]/MID(Tabla_Consulta_desde_QuickBooks_Data_64_Bit_QRemote[[#This Row],[SalesOrderLineUnitOfMeasure]],2,2)),0)","v":0},{"$f":"+Tabla_Consulta_desde_QuickBooks_Data_64_Bit_QRemote[[#This Row],[facturado]]-Tabla_Consulta_desde_QuickBooks_Data_64_Bit_QRemote[[#This Row],[pide]]","v":-1},{"$f":"IF(Tabla_Consulta_desde_QuickBooks_Data_64_Bit_QRemote[[#This Row],[diferecia]]=0,\"ok\",\"diferen\")","v":"diferen"},{"$f":"IFERROR(INDEX(um!A:C,MATCH(Tabla_Consulta_desde_QuickBooks_Data_64_Bit_QRemote[[#This Row],[SalesOrderLineItemRefFullName]],um!A:A,0),3),\"\")","v":"X12"},{"$f":"IFERROR(IF(OR(Tabla_Consulta_desde_QuickBooks_Data_64_Bit_QRemote[[#This Row],[SalesOrderLineUnitOfMeasure]]=\"UN\",Tabla_Consulta_desde_QuickBooks_Data_64_Bit_QRemote[[#This Row],[SalesOrderLineUnitOfMeasure]]=Tabla_Consulta_desde_QuickBooks_Data_64_Bit_QRemote[[#This Row],[U/M]]),\"\",\"ERROR\"),\"\")","v":""},{"$f":"+WEEKNUM(Tabla_Consulta_desde_QuickBooks_Data_64_Bit_QRemote[[#This Row],[TxnDate]])","v":23},{"$f":"+Tabla_Consulta_desde_QuickBooks_Data_64_Bit_QRemote[[#This Row],[SalesOrderLineRate]]*Tabla_Consulta_desde_QuickBooks_Data_64_Bit_QRemote[[#This Row],[SalesOrderLineInvoiced]]","v":0},{"$f":"+IFERROR(IF(Tabla_Consulta_desde_QuickBooks_Data_64_Bit_QRemote[[#This Row],[CustomerRefFullName]]=\"GRUVALCORP SA\",VLOOKUP(Tabla_Consulta_desde_QuickBooks_Data_64_Bit_QRemote[[#This Row],[SalesOrderLineItemRefFullName]],Hoja1!A:E,5,FALSE),\"\")*-Tabla_Consulta_desde_QuickBooks_Data_64_Bit_QRemote[[#This Row],[SalesOrderLineAmount]],\"\")","v":""},{"$f":"IF(COUNTIF(wms!E:E,Tabla_Consulta_desde_QuickBooks_Data_64_Bit_QRemote[[#This Row],[RefNumber]])>0,\"OK\",\"FALTA\")","v":"OK"}]
["2025-06-03","29105","CORPORACION FERNANDEZ CORPFERNANDEZ S.A.","LOCAL PORTETE",5,"7862112522497","P.T:110801","SALSA BBQ ORIGINAL OLE DP 200G","Bodega Producto Terminado",12,"X12",0.78,9.36,"UNIDAD SALSA",0,341.1,392.27,"IVA EN VENTAS 15%",{"$f":"IFERROR(IF(Tabla_Consulta_desde_QuickBooks_Data_64_Bit_QRemote[[#This Row],[SalesOrderLineUnitOfMeasure]]=\"un\",Tabla_Consulta_desde_QuickBooks_Data_64_Bit_QRemote[[#This Row],[SalesOrderLineQuantity]],Tabla_Consulta_desde_QuickBooks_Data_64_Bit_QRemote[[#This Row],[SalesOrderLineQuantity]]/MID(Tabla_Consulta_desde_QuickBooks_Data_64_Bit_QRemote[[#This Row],[SalesOrderLineUnitOfMeasure]],2,2)),0)","v":1},{"$f":"IFERROR(IF(Tabla_Consulta_desde_QuickBooks_Data_64_Bit_QRemote[[#This Row],[SalesOrderLineUnitOfMeasure]]=\"un\",Tabla_Consulta_desde_QuickBooks_Data_64_Bit_QRemote[[#This Row],[SalesOrderLineInvoiced]],Tabla_Consulta_desde_QuickBooks_Data_64_Bit_QRemote[[#This Row],[SalesOrderLineInvoiced]]/MID(Tabla_Consulta_desde_QuickBooks_Data_64_Bit_QRemote[[#This Row],[SalesOrderLineUnitOfMeasure]],2,2)),0)","v":0},{"$f":"+Tabla_Consulta_desde_QuickBooks_Data_64_Bit_QRemote[[#This Row],[facturado]]-Tabla_Consulta_desde_QuickBooks_Data_64_Bit_QRemote[[#This Row],[pide]]","v":-1},{"$f":"IF(Tabla_Consulta_desde_QuickBooks_Data_64_Bit_QRemote[[#This Row],[diferecia]]=0,\"ok\",\"diferen\")","v":"diferen"},{"$f":"IFERROR(INDEX(um!A:C,MATCH(Tabla_Consulta_desde_QuickBooks_Data_64_Bit_QRemote[[#This Row],[SalesOrderLineItemRefFullName]],um!A:A,0),3),\"\")","v":"X12"},{"$f":"IFERROR(IF(OR(Tabla_Consulta_desde_QuickBooks_Data_64_Bit_QRemote[[#This Row],[SalesOrderLineUnitOfMeasure]]=\"UN\",Tabla_Consulta_desde_QuickBooks_Data_64_Bit_QRemote[[#This Row],[SalesOrderLineUnitOfMeasure]]=Tabla_Consulta_desde_QuickBooks_Data_64_Bit_QRemote[[#This Row],[U/M]]),\"\",\"ERROR\"),\"\")","v":""},{"$f":"+WEEKNUM(Tabla_Consulta_desde_QuickBooks_Data_64_Bit_QRemote[[#This Row],[TxnDate]])","v":23},{"$f":"+Tabla_Consulta_desde_QuickBooks_Data_64_Bit_QRemote[[#This Row],[SalesOrderLineRate]]*Tabla_Consulta_desde_QuickBooks_Data_64_Bit_QRemote[[#This Row],[SalesOrderLineInvoiced]]","v":0},{"$f":"+IFERROR(IF(Tabla_Consulta_desde_QuickBooks_Data_64_Bit_QRemote[[#This Row],[CustomerRefFullName]]=\"GRUVALCORP SA\",VLOOKUP(Tabla_Consulta_desde_QuickBooks_Data_64_Bit_QRemote[[#This Row],[SalesOrderLineItemRefFullName]],Hoja1!A:E,5,FALSE),\"\")*-Tabla_Consulta_desde_QuickBooks_Data_64_Bit_QRemote[[#This Row],[SalesOrderLineAmount]],\"\")","v":""},{"$f":"IF(COUNTIF(wms!E:E,Tabla_Consulta_desde_QuickBooks_Data_64_Bit_QRemote[[#This Row],[RefNumber]])>0,\"OK\",\"FALTA\")","v":"OK"}]
["2025-06-03","29105","CORPORACION FERNANDEZ CORPFERNANDEZ S.A.","LOCAL PORTETE",6,"7862112523227","P.T:110313","SALSA BBQ WHISKY Y MIEL OLE 430G","Bodega Producto Terminado",12,"X12",2.35,28.2,"UNIDAD SALSA",0,341.1,392.27,"IVA EN VENTAS 15%",{"$f":"IFERROR(IF(Tabla_Consulta_desde_QuickBooks_Data_64_Bit_QRemote[[#This Row],[SalesOrderLineUnitOfMeasure]]=\"un\",Tabla_Consulta_desde_QuickBooks_Data_64_Bit_QRemote[[#This Row],[SalesOrderLineQuantity]],Tabla_Consulta_desde_QuickBooks_Data_64_Bit_QRemote[[#This Row],[SalesOrderLineQuantity]]/MID(Tabla_Consulta_desde_QuickBooks_Data_64_Bit_QRemote[[#This Row],[SalesOrderLineUnitOfMeasure]],2,2)),0)","v":1},{"$f":"IFERROR(IF(Tabla_Consulta_desde_QuickBooks_Data_64_Bit_QRemote[[#This Row],[SalesOrderLineUnitOfMeasure]]=\"un\",Tabla_Consulta_desde_QuickBooks_Data_64_Bit_QRemote[[#This Row],[SalesOrderLineInvoiced]],Tabla_Consulta_desde_QuickBooks_Data_64_Bit_QRemote[[#This Row],[SalesOrderLineInvoiced]]/MID(Tabla_Consulta_desde_QuickBooks_Data_64_Bit_QRemote[[#This Row],[SalesOrderLineUnitOfMeasure]],2,2)),0)","v":0},{"$f":"+Tabla_Consulta_desde_QuickBooks_Data_64_Bit_QRemote[[#This Row],[facturado]]-Tabla_Consulta_desde_QuickBooks_Data_64_Bit_QRemote[[#This Row],[pide]]","v":-1},{"$f":"IF(Tabla_Consulta_desde_QuickBooks_Data_64_Bit_QRemote[[#This Row],[diferecia]]=0,\"ok\",\"diferen\")","v":"diferen"},{"$f":"IFERROR(INDEX(um!A:C,MATCH(Tabla_Consulta_desde_QuickBooks_Data_64_Bit_QRemote[[#This Row],[SalesOrderLineItemRefFullName]],um!A:A,0),3),\"\")","v":"X12"},{"$f":"IFERROR(IF(OR(Tabla_Consulta_desde_QuickBooks_Data_64_Bit_QRemote[[#This Row],[SalesOrderLineUnitOfMeasure]]=\"UN\",Tabla_Consulta_desde_QuickBooks_Data_64_Bit_QRemote[[#This Row],[SalesOrderLineUnitOfMeasure]]=Tabla_Consulta_desde_QuickBooks_Data_64_Bit_QRemote[[#This Row],[U/M]]),\"\",\"ERROR\"),\"\")","v":""},{"$f":"+WEEKNUM(Tabla_Consulta_desde_QuickBooks_Data_64_Bit_QRemote[[#This Row],[TxnDate]])","v":23},{"$f":"+Tabla_Consulta_desde_QuickBooks_Data_64_Bit_QRemote[[#This Row],[SalesOrderLineRate]]*Tabla_Consulta_desde_QuickBooks_Data_64_Bit_QRemote[[#This Row],[SalesOrderLineInvoiced]]","v":0},{"$f":"+IFERROR(IF(Tabla_Consulta_desde_QuickBooks_Data_64_Bit_QRemote[[#This Row],[CustomerRefFullName]]=\"GRUVALCORP SA\",VLOOKUP(Tabla_Consulta_desde_QuickBooks_Data_64_Bit_QRemote[[#This Row],[SalesOrderLineItemRefFullName]],Hoja1!A:E,5,FALSE),\"\")*-Tabla_Consulta_desde_QuickBooks_Data_64_Bit_QRemote[[#This Row],[SalesOrderLineAmount]],\"\")","v":""},{"$f":"IF(COUNTIF(wms!E:E,Tabla_Consulta_desde_QuickBooks_Data_64_Bit_QRemote[[#This Row],[RefNumber]])>0,\"OK\",\"FALTA\")","v":"OK"}]
["2025-06-03","29105","CORPORACION FERNANDEZ CORPFERNANDEZ S.A.","LOCAL PORTETE",7,"7862112523104","P.T:110804","SALSA CHAMOY OLE 275G","Bodega Producto Terminado",12,"X12",1.85,22.2,"UNIDAD SALSA",0,341.1,392.27,"IVA EN VENTAS 15%",{"$f":"IFERROR(IF(Tabla_Consulta_desde_QuickBooks_Data_64_Bit_QRemote[[#This Row],[SalesOrderLineUnitOfMeasure]]=\"un\",Tabla_Consulta_desde_QuickBooks_Data_64_Bit_QRemote[[#This Row],[SalesOrderLineQuantity]],Tabla_Consulta_desde_QuickBooks_Data_64_Bit_QRemote[[#This Row],[SalesOrderLineQuantity]]/MID(Tabla_Consulta_desde_QuickBooks_Data_64_Bit_QRemote[[#This Row],[SalesOrderLineUnitOfMeasure]],2,2)),0)","v":1},{"$f":"IFERROR(IF(Tabla_Consulta_desde_QuickBooks_Data_64_Bit_QRemote[[#This Row],[SalesOrderLineUnitOfMeasure]]=\"un\",Tabla_Consulta_desde_QuickBooks_Data_64_Bit_QRemote[[#This Row],[SalesOrderLineInvoiced]],Tabla_Consulta_desde_QuickBooks_Data_64_Bit_QRemote[[#This Row],[SalesOrderLineInvoiced]]/MID(Tabla_Consulta_desde_QuickBooks_Data_64_Bit_QRemote[[#This Row],[SalesOrderLineUnitOfMeasure]],2,2)),0)","v":0},{"$f":"+Tabla_Consulta_desde_QuickBooks_Data_64_Bit_QRemote[[#This Row],[facturado]]-Tabla_Consulta_desde_QuickBooks_Data_64_Bit_QRemote[[#This Row],[pide]]","v":-1},{"$f":"IF(Tabla_Consulta_desde_QuickBooks_Data_64_Bit_QRemote[[#This Row],[diferecia]]=0,\"ok\",\"diferen\")","v":"diferen"},{"$f":"IFERROR(INDEX(um!A:C,MATCH(Tabla_Consulta_desde_QuickBooks_Data_64_Bit_QRemote[[#This Row],[SalesOrderLineItemRefFullName]],um!A:A,0),3),\"\")","v":"X12"},{"$f":"IFERROR(IF(OR(Tabla_Consulta_desde_QuickBooks_Data_64_Bit_QRemote[[#This Row],[SalesOrderLineUnitOfMeasure]]=\"UN\",Tabla_Consulta_desde_QuickBooks_Data_64_Bit_QRemote[[#This Row],[SalesOrderLineUnitOfMeasure]]=Tabla_Consulta_desde_QuickBooks_Data_64_Bit_QRemote[[#This Row],[U/M]]),\"\",\"ERROR\"),\"\")","v":""},{"$f":"+WEEKNUM(Tabla_Consulta_desde_QuickBooks_Data_64_Bit_QRemote[[#This Row],[TxnDate]])","v":23},{"$f":"+Tabla_Consulta_desde_QuickBooks_Data_64_Bit_QRemote[[#This Row],[SalesOrderLineRate]]*Tabla_Consulta_desde_QuickBooks_Data_64_Bit_QRemote[[#This Row],[SalesOrderLineInvoiced]]","v":0},{"$f":"+IFERROR(IF(Tabla_Consulta_desde_QuickBooks_Data_64_Bit_QRemote[[#This Row],[CustomerRefFullName]]=\"GRUVALCORP SA\",VLOOKUP(Tabla_Consulta_desde_QuickBooks_Data_64_Bit_QRemote[[#This Row],[SalesOrderLineItemRefFullName]],Hoja1!A:E,5,FALSE),\"\")*-Tabla_Consulta_desde_QuickBooks_Data_64_Bit_QRemote[[#This Row],[SalesOrderLineAmount]],\"\")","v":""},{"$f":"IF(COUNTIF(wms!E:E,Tabla_Consulta_desde_QuickBooks_Data_64_Bit_QRemote[[#This Row],[RefNumber]])>0,\"OK\",\"FALTA\")","v":"OK"}]
["2025-06-03","29105","CORPORACION FERNANDEZ CORPFERNANDEZ S.A.","LOCAL PORTETE",8,"705424000116","P.T:110207","AJÍ CON MARACUYA OLE 185G","Bodega Producto Terminado",24,"X24",1.57,37.68,"UNIDAD SALSA",0,341.1,392.27,"IVA EN VENTAS 15%",{"$f":"IFERROR(IF(Tabla_Consulta_desde_QuickBooks_Data_64_Bit_QRemote[[#This Row],[SalesOrderLineUnitOfMeasure]]=\"un\",Tabla_Consulta_desde_QuickBooks_Data_64_Bit_QRemote[[#This Row],[SalesOrderLineQuantity]],Tabla_Consulta_desde_QuickBooks_Data_64_Bit_QRemote[[#This Row],[SalesOrderLineQuantity]]/MID(Tabla_Consulta_desde_QuickBooks_Data_64_Bit_QRemote[[#This Row],[SalesOrderLineUnitOfMeasure]],2,2)),0)","v":1},{"$f":"IFERROR(IF(Tabla_Consulta_desde_QuickBooks_Data_64_Bit_QRemote[[#This Row],[SalesOrderLineUnitOfMeasure]]=\"un\",Tabla_Consulta_desde_QuickBooks_Data_64_Bit_QRemote[[#This Row],[SalesOrderLineInvoiced]],Tabla_Consulta_desde_QuickBooks_Data_64_Bit_QRemote[[#This Row],[SalesOrderLineInvoiced]]/MID(Tabla_Consulta_desde_QuickBooks_Data_64_Bit_QRemote[[#This Row],[SalesOrderLineUnitOfMeasure]],2,2)),0)","v":0},{"$f":"+Tabla_Consulta_desde_QuickBooks_Data_64_Bit_QRemote[[#This Row],[facturado]]-Tabla_Consulta_desde_QuickBooks_Data_64_Bit_QRemote[[#This Row],[pide]]","v":-1},{"$f":"IF(Tabla_Consulta_desde_QuickBooks_Data_64_Bit_QRemote[[#This Row],[diferecia]]=0,\"ok\",\"diferen\")","v":"diferen"},{"$f":"IFERROR(INDEX(um!A:C,MATCH(Tabla_Consulta_desde_QuickBooks_Data_64_Bit_QRemote[[#This Row],[SalesOrderLineItemRefFullName]],um!A:A,0),3),\"\")","v":"X24"},{"$f":"IFERROR(IF(OR(Tabla_Consulta_desde_QuickBooks_Data_64_Bit_QRemote[[#This Row],[SalesOrderLineUnitOfMeasure]]=\"UN\",Tabla_Consulta_desde_QuickBooks_Data_64_Bit_QRemote[[#This Row],[SalesOrderLineUnitOfMeasure]]=Tabla_Consulta_desde_QuickBooks_Data_64_Bit_QRemote[[#This Row],[U/M]]),\"\",\"ERROR\"),\"\")","v":""},{"$f":"+WEEKNUM(Tabla_Consulta_desde_QuickBooks_Data_64_Bit_QRemote[[#This Row],[TxnDate]])","v":23},{"$f":"+Tabla_Consulta_desde_QuickBooks_Data_64_Bit_QRemote[[#This Row],[SalesOrderLineRate]]*Tabla_Consulta_desde_QuickBooks_Data_64_Bit_QRemote[[#This Row],[SalesOrderLineInvoiced]]","v":0},{"$f":"+IFERROR(IF(Tabla_Consulta_desde_QuickBooks_Data_64_Bit_QRemote[[#This Row],[CustomerRefFullName]]=\"GRUVALCORP SA\",VLOOKUP(Tabla_Consulta_desde_QuickBooks_Data_64_Bit_QRemote[[#This Row],[SalesOrderLineItemRefFullName]],Hoja1!A:E,5,FALSE),\"\")*-Tabla_Consulta_desde_QuickBooks_Data_64_Bit_QRemote[[#This Row],[SalesOrderLineAmount]],\"\")","v":""},{"$f":"IF(COUNTIF(wms!E:E,Tabla_Consulta_desde_QuickBooks_Data_64_Bit_QRemote[[#This Row],[RefNumber]])>0,\"OK\",\"FALTA\")","v":"OK"}]
["2025-06-03","29105","CORPORACION FERNANDEZ CORPFERNANDEZ S.A.","LOCAL PORTETE",9,"7862112522473","PT:220134","TOTOPOS MICHELADA OLE 120G","Bodega Producto Terminado",6,"UN",0.95,5.7,"UNIDAD SNCKS",0,341.1,392.27,"IVA EN VENTAS 15%",{"$f":"IFERROR(IF(Tabla_Consulta_desde_QuickBooks_Data_64_Bit_QRemote[[#This Row],[SalesOrderLineUnitOfMeasure]]=\"un\",Tabla_Consulta_desde_QuickBooks_Data_64_Bit_QRemote[[#This Row],[SalesOrderLineQuantity]],Tabla_Consulta_desde_QuickBooks_Data_64_Bit_QRemote[[#This Row],[SalesOrderLineQuantity]]/MID(Tabla_Consulta_desde_QuickBooks_Data_64_Bit_QRemote[[#This Row],[SalesOrderLineUnitOfMeasure]],2,2)),0)","v":6},{"$f":"IFERROR(IF(Tabla_Consulta_desde_QuickBooks_Data_64_Bit_QRemote[[#This Row],[SalesOrderLineUnitOfMeasure]]=\"un\",Tabla_Consulta_desde_QuickBooks_Data_64_Bit_QRemote[[#This Row],[SalesOrderLineInvoiced]],Tabla_Consulta_desde_QuickBooks_Data_64_Bit_QRemote[[#This Row],[SalesOrderLineInvoiced]]/MID(Tabla_Consulta_desde_QuickBooks_Data_64_Bit_QRemote[[#This Row],[SalesOrderLineUnitOfMeasure]],2,2)),0)","v":0},{"$f":"+Tabla_Consulta_desde_QuickBooks_Data_64_Bit_QRemote[[#This Row],[facturado]]-Tabla_Consulta_desde_QuickBooks_Data_64_Bit_QRemote[[#This Row],[pide]]","v":-6},{"$f":"IF(Tabla_Consulta_desde_QuickBooks_Data_64_Bit_QRemote[[#This Row],[diferecia]]=0,\"ok\",\"diferen\")","v":"diferen"},{"$f":"IFERROR(INDEX(um!A:C,MATCH(Tabla_Consulta_desde_QuickBooks_Data_64_Bit_QRemote[[#This Row],[SalesOrderLineItemRefFullName]],um!A:A,0),3),\"\")","v":"X12"},{"$f":"IFERROR(IF(OR(Tabla_Consulta_desde_QuickBooks_Data_64_Bit_QRemote[[#This Row],[SalesOrderLineUnitOfMeasure]]=\"UN\",Tabla_Consulta_desde_QuickBooks_Data_64_Bit_QRemote[[#This Row],[SalesOrderLineUnitOfMeasure]]=Tabla_Consulta_desde_QuickBooks_Data_64_Bit_QRemote[[#This Row],[U/M]]),\"\",\"ERROR\"),\"\")","v":""},{"$f":"+WEEKNUM(Tabla_Consulta_desde_QuickBooks_Data_64_Bit_QRemote[[#This Row],[TxnDate]])","v":23},{"$f":"+Tabla_Consulta_desde_QuickBooks_Data_64_Bit_QRemote[[#This Row],[SalesOrderLineRate]]*Tabla_Consulta_desde_QuickBooks_Data_64_Bit_QRemote[[#This Row],[SalesOrderLineInvoiced]]","v":0},{"$f":"+IFERROR(IF(Tabla_Consulta_desde_QuickBooks_Data_64_Bit_QRemote[[#This Row],[CustomerRefFullName]]=\"GRUVALCORP SA\",VLOOKUP(Tabla_Consulta_desde_QuickBooks_Data_64_Bit_QRemote[[#This Row],[SalesOrderLineItemRefFullName]],Hoja1!A:E,5,FALSE),\"\")*-Tabla_Consulta_desde_QuickBooks_Data_64_Bit_QRemote[[#This Row],[SalesOrderLineAmount]],\"\")","v":""},{"$f":"IF(COUNTIF(wms!E:E,Tabla_Consulta_desde_QuickBooks_Data_64_Bit_QRemote[[#This Row],[RefNumber]])>0,\"OK\",\"FALTA\")","v":"OK"}]
["2025-06-03","29105","CORPORACION FERNANDEZ CORPFERNANDEZ S.A.","LOCAL PORTETE",10,null,"INFOADICIONAL","LOCAL PORTETE",null,null,null,0,0,null,0,341.1,392.27,"IVA EN VENTAS 15%",{"$f":"IFERROR(IF(Tabla_Consulta_desde_QuickBooks_Data_64_Bit_QRemote[[#This Row],[SalesOrderLineUnitOfMeasure]]=\"un\",Tabla_Consulta_desde_QuickBooks_Data_64_Bit_QRemote[[#This Row],[SalesOrderLineQuantity]],Tabla_Consulta_desde_QuickBooks_Data_64_Bit_QRemote[[#This Row],[SalesOrderLineQuantity]]/MID(Tabla_Consulta_desde_QuickBooks_Data_64_Bit_QRemote[[#This Row],[SalesOrderLineUnitOfMeasure]],2,2)),0)","v":0},{"$f":"IFERROR(IF(Tabla_Consulta_desde_QuickBooks_Data_64_Bit_QRemote[[#This Row],[SalesOrderLineUnitOfMeasure]]=\"un\",Tabla_Consulta_desde_QuickBooks_Data_64_Bit_QRemote[[#This Row],[SalesOrderLineInvoiced]],Tabla_Consulta_desde_QuickBooks_Data_64_Bit_QRemote[[#This Row],[SalesOrderLineInvoiced]]/MID(Tabla_Consulta_desde_QuickBooks_Data_64_Bit_QRemote[[#This Row],[SalesOrderLineUnitOfMeasure]],2,2)),0)","v":0},{"$f":"+Tabla_Consulta_desde_QuickBooks_Data_64_Bit_QRemote[[#This Row],[facturado]]-Tabla_Consulta_desde_QuickBooks_Data_64_Bit_QRemote[[#This Row],[pide]]","v":0},{"$f":"IF(Tabla_Consulta_desde_QuickBooks_Data_64_Bit_QRemote[[#This Row],[diferecia]]=0,\"ok\",\"diferen\")","v":"ok"},{"$f":"IFERROR(INDEX(um!A:C,MATCH(Tabla_Consulta_desde_QuickBooks_Data_64_Bit_QRemote[[#This Row],[SalesOrderLineItemRefFullName]],um!A:A,0),3),\"\")","v":""},{"$f":"IFERROR(IF(OR(Tabla_Consulta_desde_QuickBooks_Data_64_Bit_QRemote[[#This Row],[SalesOrderLineUnitOfMeasure]]=\"UN\",Tabla_Consulta_desde_QuickBooks_Data_64_Bit_QRemote[[#This Row],[SalesOrderLineUnitOfMeasure]]=Tabla_Consulta_desde_QuickBooks_Data_64_Bit_QRemote[[#This Row],[U/M]]),\"\",\"ERROR\"),\"\")","v":""},{"$f":"+WEEKNUM(Tabla_Consulta_desde_QuickBooks_Data_64_Bit_QRemote[[#This Row],[TxnDate]])","v":23},{"$f":"+Tabla_Consulta_desde_QuickBooks_Data_64_Bit_QRemote[[#This Row],[SalesOrderLineRate]]*Tabla_Consulta_desde_QuickBooks_Data_64_Bit_QRemote[[#This Row],[SalesOrderLineInvoiced]]","v":0},{"$f":"+IFERROR(IF(Tabla_Consulta_desde_QuickBooks_Data_64_Bit_QRemote[[#This Row],[CustomerRefFullName]]=\"GRUVALCORP SA\",VLOOKUP(Tabla_Consulta_desde_QuickBooks_Data_64_Bit_QRemote[[#This Row],[SalesOrderLineItemRefFullName]],Hoja1!A:E,5,FALSE),\"\")*-Tabla_Consulta_desde_QuickBooks_Data_64_Bit_QRemote[[#This Row],[SalesOrderLineAmount]],\"\")","v":""},{"$f":"IF(COUNTIF(wms!E:E,Tabla_Consulta_desde_QuickBooks_Data_64_Bit_QRemote[[#This Row],[RefNumber]])>0,\"OK\",\"FALTA\")","v":"OK"}]
["2025-06-03","29106","CORPORACION FERNANDEZ CORPFERNANDEZ S.A.","LOCAL PPG",1,"7862112520301","P.T:110700","CHIMICHURRI OLE 230G","Bodega Producto Terminado",36,"X12",2.35,84.6,"UNIDAD SALSA",0,249.06,286.42,"IVA EN VENTAS 15%",{"$f":"IFERROR(IF(Tabla_Consulta_desde_QuickBooks_Data_64_Bit_QRemote[[#This Row],[SalesOrderLineUnitOfMeasure]]=\"un\",Tabla_Consulta_desde_QuickBooks_Data_64_Bit_QRemote[[#This Row],[SalesOrderLineQuantity]],Tabla_Consulta_desde_QuickBooks_Data_64_Bit_QRemote[[#This Row],[SalesOrderLineQuantity]]/MID(Tabla_Consulta_desde_QuickBooks_Data_64_Bit_QRemote[[#This Row],[SalesOrderLineUnitOfMeasure]],2,2)),0)","v":3},{"$f":"IFERROR(IF(Tabla_Consulta_desde_QuickBooks_Data_64_Bit_QRemote[[#This Row],[SalesOrderLineUnitOfMeasure]]=\"un\",Tabla_Consulta_desde_QuickBooks_Data_64_Bit_QRemote[[#This Row],[SalesOrderLineInvoiced]],Tabla_Consulta_desde_QuickBooks_Data_64_Bit_QRemote[[#This Row],[SalesOrderLineInvoiced]]/MID(Tabla_Consulta_desde_QuickBooks_Data_64_Bit_QRemote[[#This Row],[SalesOrderLineUnitOfMeasure]],2,2)),0)","v":0},{"$f":"+Tabla_Consulta_desde_QuickBooks_Data_64_Bit_QRemote[[#This Row],[facturado]]-Tabla_Consulta_desde_QuickBooks_Data_64_Bit_QRemote[[#This Row],[pide]]","v":-3},{"$f":"IF(Tabla_Consulta_desde_QuickBooks_Data_64_Bit_QRemote[[#This Row],[diferecia]]=0,\"ok\",\"diferen\")","v":"diferen"},{"$f":"IFERROR(INDEX(um!A:C,MATCH(Tabla_Consulta_desde_QuickBooks_Data_64_Bit_QRemote[[#This Row],[SalesOrderLineItemRefFullName]],um!A:A,0),3),\"\")","v":"X12"},{"$f":"IFERROR(IF(OR(Tabla_Consulta_desde_QuickBooks_Data_64_Bit_QRemote[[#This Row],[SalesOrderLineUnitOfMeasure]]=\"UN\",Tabla_Consulta_desde_QuickBooks_Data_64_Bit_QRemote[[#This Row],[SalesOrderLineUnitOfMeasure]]=Tabla_Consulta_desde_QuickBooks_Data_64_Bit_QRemote[[#This Row],[U/M]]),\"\",\"ERROR\"),\"\")","v":""},{"$f":"+WEEKNUM(Tabla_Consulta_desde_QuickBooks_Data_64_Bit_QRemote[[#This Row],[TxnDate]])","v":23},{"$f":"+Tabla_Consulta_desde_QuickBooks_Data_64_Bit_QRemote[[#This Row],[SalesOrderLineRate]]*Tabla_Consulta_desde_QuickBooks_Data_64_Bit_QRemote[[#This Row],[SalesOrderLineInvoiced]]","v":0},{"$f":"+IFERROR(IF(Tabla_Consulta_desde_QuickBooks_Data_64_Bit_QRemote[[#This Row],[CustomerRefFullName]]=\"GRUVALCORP SA\",VLOOKUP(Tabla_Consulta_desde_QuickBooks_Data_64_Bit_QRemote[[#This Row],[SalesOrderLineItemRefFullName]],Hoja1!A:E,5,FALSE),\"\")*-Tabla_Consulta_desde_QuickBooks_Data_64_Bit_QRemote[[#This Row],[SalesOrderLineAmount]],\"\")","v":""},{"$f":"IF(COUNTIF(wms!E:E,Tabla_Consulta_desde_QuickBooks_Data_64_Bit_QRemote[[#This Row],[RefNumber]])>0,\"OK\",\"FALTA\")","v":"OK"}]
["2025-06-03","29106","CORPORACION FERNANDEZ CORPFERNANDEZ S.A.","LOCAL PPG",2,"7862112522626","P.T:110701","CHIMICHURRI ESTILO ARGENTINO OLE 380G","Bodega Producto Terminado",24,"X12",3.03,72.72,"UNIDAD SALSA",0,249.06,286.42,"IVA EN VENTAS 15%",{"$f":"IFERROR(IF(Tabla_Consulta_desde_QuickBooks_Data_64_Bit_QRemote[[#This Row],[SalesOrderLineUnitOfMeasure]]=\"un\",Tabla_Consulta_desde_QuickBooks_Data_64_Bit_QRemote[[#This Row],[SalesOrderLineQuantity]],Tabla_Consulta_desde_QuickBooks_Data_64_Bit_QRemote[[#This Row],[SalesOrderLineQuantity]]/MID(Tabla_Consulta_desde_QuickBooks_Data_64_Bit_QRemote[[#This Row],[SalesOrderLineUnitOfMeasure]],2,2)),0)","v":2},{"$f":"IFERROR(IF(Tabla_Consulta_desde_QuickBooks_Data_64_Bit_QRemote[[#This Row],[SalesOrderLineUnitOfMeasure]]=\"un\",Tabla_Consulta_desde_QuickBooks_Data_64_Bit_QRemote[[#This Row],[SalesOrderLineInvoiced]],Tabla_Consulta_desde_QuickBooks_Data_64_Bit_QRemote[[#This Row],[SalesOrderLineInvoiced]]/MID(Tabla_Consulta_desde_QuickBooks_Data_64_Bit_QRemote[[#This Row],[SalesOrderLineUnitOfMeasure]],2,2)),0)","v":0},{"$f":"+Tabla_Consulta_desde_QuickBooks_Data_64_Bit_QRemote[[#This Row],[facturado]]-Tabla_Consulta_desde_QuickBooks_Data_64_Bit_QRemote[[#This Row],[pide]]","v":-2},{"$f":"IF(Tabla_Consulta_desde_QuickBooks_Data_64_Bit_QRemote[[#This Row],[diferecia]]=0,\"ok\",\"diferen\")","v":"diferen"},{"$f":"IFERROR(INDEX(um!A:C,MATCH(Tabla_Consulta_desde_QuickBooks_Data_64_Bit_QRemote[[#This Row],[SalesOrderLineItemRefFullName]],um!A:A,0),3),\"\")","v":"X12"},{"$f":"IFERROR(IF(OR(Tabla_Consulta_desde_QuickBooks_Data_64_Bit_QRemote[[#This Row],[SalesOrderLineUnitOfMeasure]]=\"UN\",Tabla_Consulta_desde_QuickBooks_Data_64_Bit_QRemote[[#This Row],[SalesOrderLineUnitOfMeasure]]=Tabla_Consulta_desde_QuickBooks_Data_64_Bit_QRemote[[#This Row],[U/M]]),\"\",\"ERROR\"),\"\")","v":""},{"$f":"+WEEKNUM(Tabla_Consulta_desde_QuickBooks_Data_64_Bit_QRemote[[#This Row],[TxnDate]])","v":23},{"$f":"+Tabla_Consulta_desde_QuickBooks_Data_64_Bit_QRemote[[#This Row],[SalesOrderLineRate]]*Tabla_Consulta_desde_QuickBooks_Data_64_Bit_QRemote[[#This Row],[SalesOrderLineInvoiced]]","v":0},{"$f":"+IFERROR(IF(Tabla_Consulta_desde_QuickBooks_Data_64_Bit_QRemote[[#This Row],[CustomerRefFullName]]=\"GRUVALCORP SA\",VLOOKUP(Tabla_Consulta_desde_QuickBooks_Data_64_Bit_QRemote[[#This Row],[SalesOrderLineItemRefFullName]],Hoja1!A:E,5,FALSE),\"\")*-Tabla_Consulta_desde_QuickBooks_Data_64_Bit_QRemote[[#This Row],[SalesOrderLineAmount]],\"\")","v":""},{"$f":"IF(COUNTIF(wms!E:E,Tabla_Consulta_desde_QuickBooks_Data_64_Bit_QRemote[[#This Row],[RefNumber]])>0,\"OK\",\"FALTA\")","v":"OK"}]
["2025-06-03","29106","CORPORACION FERNANDEZ CORPFERNANDEZ S.A.","LOCAL PPG",3,"705424000352","P.T:110608","JALAPEÑO ROJOS Y VERDES OLE 370G","Bodega Producto Terminado",12,"X12",3.3,39.6,"UNIDAD SALSA",0,249.06,286.42,"IVA EN VENTAS 15%",{"$f":"IFERROR(IF(Tabla_Consulta_desde_QuickBooks_Data_64_Bit_QRemote[[#This Row],[SalesOrderLineUnitOfMeasure]]=\"un\",Tabla_Consulta_desde_QuickBooks_Data_64_Bit_QRemote[[#This Row],[SalesOrderLineQuantity]],Tabla_Consulta_desde_QuickBooks_Data_64_Bit_QRemote[[#This Row],[SalesOrderLineQuantity]]/MID(Tabla_Consulta_desde_QuickBooks_Data_64_Bit_QRemote[[#This Row],[SalesOrderLineUnitOfMeasure]],2,2)),0)","v":1},{"$f":"IFERROR(IF(Tabla_Consulta_desde_QuickBooks_Data_64_Bit_QRemote[[#This Row],[SalesOrderLineUnitOfMeasure]]=\"un\",Tabla_Consulta_desde_QuickBooks_Data_64_Bit_QRemote[[#This Row],[SalesOrderLineInvoiced]],Tabla_Consulta_desde_QuickBooks_Data_64_Bit_QRemote[[#This Row],[SalesOrderLineInvoiced]]/MID(Tabla_Consulta_desde_QuickBooks_Data_64_Bit_QRemote[[#This Row],[SalesOrderLineUnitOfMeasure]],2,2)),0)","v":0},{"$f":"+Tabla_Consulta_desde_QuickBooks_Data_64_Bit_QRemote[[#This Row],[facturado]]-Tabla_Consulta_desde_QuickBooks_Data_64_Bit_QRemote[[#This Row],[pide]]","v":-1},{"$f":"IF(Tabla_Consulta_desde_QuickBooks_Data_64_Bit_QRemote[[#This Row],[diferecia]]=0,\"ok\",\"diferen\")","v":"diferen"},{"$f":"IFERROR(INDEX(um!A:C,MATCH(Tabla_Consulta_desde_QuickBooks_Data_64_Bit_QRemote[[#This Row],[SalesOrderLineItemRefFullName]],um!A:A,0),3),\"\")","v":"X12"},{"$f":"IFERROR(IF(OR(Tabla_Consulta_desde_QuickBooks_Data_64_Bit_QRemote[[#This Row],[SalesOrderLineUnitOfMeasure]]=\"UN\",Tabla_Consulta_desde_QuickBooks_Data_64_Bit_QRemote[[#This Row],[SalesOrderLineUnitOfMeasure]]=Tabla_Consulta_desde_QuickBooks_Data_64_Bit_QRemote[[#This Row],[U/M]]),\"\",\"ERROR\"),\"\")","v":""},{"$f":"+WEEKNUM(Tabla_Consulta_desde_QuickBooks_Data_64_Bit_QRemote[[#This Row],[TxnDate]])","v":23},{"$f":"+Tabla_Consulta_desde_QuickBooks_Data_64_Bit_QRemote[[#This Row],[SalesOrderLineRate]]*Tabla_Consulta_desde_QuickBooks_Data_64_Bit_QRemote[[#This Row],[SalesOrderLineInvoiced]]","v":0},{"$f":"+IFERROR(IF(Tabla_Consulta_desde_QuickBooks_Data_64_Bit_QRemote[[#This Row],[CustomerRefFullName]]=\"GRUVALCORP SA\",VLOOKUP(Tabla_Consulta_desde_QuickBooks_Data_64_Bit_QRemote[[#This Row],[SalesOrderLineItemRefFullName]],Hoja1!A:E,5,FALSE),\"\")*-Tabla_Consulta_desde_QuickBooks_Data_64_Bit_QRemote[[#This Row],[SalesOrderLineAmount]],\"\")","v":""},{"$f":"IF(COUNTIF(wms!E:E,Tabla_Consulta_desde_QuickBooks_Data_64_Bit_QRemote[[#This Row],[RefNumber]])>0,\"OK\",\"FALTA\")","v":"OK"}]
["2025-06-03","29106","CORPORACION FERNANDEZ CORPFERNANDEZ S.A.","LOCAL PPG",4,"7862112522992","P.T:110300","SALSA BBQ PICANTE OLE 200G","Bodega Producto Terminado",12,"X12",0.72,8.64,"UNIDAD SALSA",0,249.06,286.42,"IVA EN VENTAS 15%",{"$f":"IFERROR(IF(Tabla_Consulta_desde_QuickBooks_Data_64_Bit_QRemote[[#This Row],[SalesOrderLineUnitOfMeasure]]=\"un\",Tabla_Consulta_desde_QuickBooks_Data_64_Bit_QRemote[[#This Row],[SalesOrderLineQuantity]],Tabla_Consulta_desde_QuickBooks_Data_64_Bit_QRemote[[#This Row],[SalesOrderLineQuantity]]/MID(Tabla_Consulta_desde_QuickBooks_Data_64_Bit_QRemote[[#This Row],[SalesOrderLineUnitOfMeasure]],2,2)),0)","v":1},{"$f":"IFERROR(IF(Tabla_Consulta_desde_QuickBooks_Data_64_Bit_QRemote[[#This Row],[SalesOrderLineUnitOfMeasure]]=\"un\",Tabla_Consulta_desde_QuickBooks_Data_64_Bit_QRemote[[#This Row],[SalesOrderLineInvoiced]],Tabla_Consulta_desde_QuickBooks_Data_64_Bit_QRemote[[#This Row],[SalesOrderLineInvoiced]]/MID(Tabla_Consulta_desde_QuickBooks_Data_64_Bit_QRemote[[#This Row],[SalesOrderLineUnitOfMeasure]],2,2)),0)","v":0},{"$f":"+Tabla_Consulta_desde_QuickBooks_Data_64_Bit_QRemote[[#This Row],[facturado]]-Tabla_Consulta_desde_QuickBooks_Data_64_Bit_QRemote[[#This Row],[pide]]","v":-1},{"$f":"IF(Tabla_Consulta_desde_QuickBooks_Data_64_Bit_QRemote[[#This Row],[diferecia]]=0,\"ok\",\"diferen\")","v":"diferen"},{"$f":"IFERROR(INDEX(um!A:C,MATCH(Tabla_Consulta_desde_QuickBooks_Data_64_Bit_QRemote[[#This Row],[SalesOrderLineItemRefFullName]],um!A:A,0),3),\"\")","v":"X12"},{"$f":"IFERROR(IF(OR(Tabla_Consulta_desde_QuickBooks_Data_64_Bit_QRemote[[#This Row],[SalesOrderLineUnitOfMeasure]]=\"UN\",Tabla_Consulta_desde_QuickBooks_Data_64_Bit_QRemote[[#This Row],[SalesOrderLineUnitOfMeasure]]=Tabla_Consulta_desde_QuickBooks_Data_64_Bit_QRemote[[#This Row],[U/M]]),\"\",\"ERROR\"),\"\")","v":""},{"$f":"+WEEKNUM(Tabla_Consulta_desde_QuickBooks_Data_64_Bit_QRemote[[#This Row],[TxnDate]])","v":23},{"$f":"+Tabla_Consulta_desde_QuickBooks_Data_64_Bit_QRemote[[#This Row],[SalesOrderLineRate]]*Tabla_Consulta_desde_QuickBooks_Data_64_Bit_QRemote[[#This Row],[SalesOrderLineInvoiced]]","v":0},{"$f":"+IFERROR(IF(Tabla_Consulta_desde_QuickBooks_Data_64_Bit_QRemote[[#This Row],[CustomerRefFullName]]=\"GRUVALCORP SA\",VLOOKUP(Tabla_Consulta_desde_QuickBooks_Data_64_Bit_QRemote[[#This Row],[SalesOrderLineItemRefFullName]],Hoja1!A:E,5,FALSE),\"\")*-Tabla_Consulta_desde_QuickBooks_Data_64_Bit_QRemote[[#This Row],[SalesOrderLineAmount]],\"\")","v":""},{"$f":"IF(COUNTIF(wms!E:E,Tabla_Consulta_desde_QuickBooks_Data_64_Bit_QRemote[[#This Row],[RefNumber]])>0,\"OK\",\"FALTA\")","v":"OK"}]
["2025-06-03","29106","CORPORACION FERNANDEZ CORPFERNANDEZ S.A.","LOCAL PPG",5,"7862112521599","P.T:110214","SALSA AJÍ MANABA OLE 300G","Bodega Producto Terminado",12,"X12",2.19,26.28,"UNIDAD SALSA",0,249.06,286.42,"IVA EN VENTAS 15%",{"$f":"IFERROR(IF(Tabla_Consulta_desde_QuickBooks_Data_64_Bit_QRemote[[#This Row],[SalesOrderLineUnitOfMeasure]]=\"un\",Tabla_Consulta_desde_QuickBooks_Data_64_Bit_QRemote[[#This Row],[SalesOrderLineQuantity]],Tabla_Consulta_desde_QuickBooks_Data_64_Bit_QRemote[[#This Row],[SalesOrderLineQuantity]]/MID(Tabla_Consulta_desde_QuickBooks_Data_64_Bit_QRemote[[#This Row],[SalesOrderLineUnitOfMeasure]],2,2)),0)","v":1},{"$f":"IFERROR(IF(Tabla_Consulta_desde_QuickBooks_Data_64_Bit_QRemote[[#This Row],[SalesOrderLineUnitOfMeasure]]=\"un\",Tabla_Consulta_desde_QuickBooks_Data_64_Bit_QRemote[[#This Row],[SalesOrderLineInvoiced]],Tabla_Consulta_desde_QuickBooks_Data_64_Bit_QRemote[[#This Row],[SalesOrderLineInvoiced]]/MID(Tabla_Consulta_desde_QuickBooks_Data_64_Bit_QRemote[[#This Row],[SalesOrderLineUnitOfMeasure]],2,2)),0)","v":0},{"$f":"+Tabla_Consulta_desde_QuickBooks_Data_64_Bit_QRemote[[#This Row],[facturado]]-Tabla_Consulta_desde_QuickBooks_Data_64_Bit_QRemote[[#This Row],[pide]]","v":-1},{"$f":"IF(Tabla_Consulta_desde_QuickBooks_Data_64_Bit_QRemote[[#This Row],[diferecia]]=0,\"ok\",\"diferen\")","v":"diferen"},{"$f":"IFERROR(INDEX(um!A:C,MATCH(Tabla_Consulta_desde_QuickBooks_Data_64_Bit_QRemote[[#This Row],[SalesOrderLineItemRefFullName]],um!A:A,0),3),\"\")","v":"X12"},{"$f":"IFERROR(IF(OR(Tabla_Consulta_desde_QuickBooks_Data_64_Bit_QRemote[[#This Row],[SalesOrderLineUnitOfMeasure]]=\"UN\",Tabla_Consulta_desde_QuickBooks_Data_64_Bit_QRemote[[#This Row],[SalesOrderLineUnitOfMeasure]]=Tabla_Consulta_desde_QuickBooks_Data_64_Bit_QRemote[[#This Row],[U/M]]),\"\",\"ERROR\"),\"\")","v":""},{"$f":"+WEEKNUM(Tabla_Consulta_desde_QuickBooks_Data_64_Bit_QRemote[[#This Row],[TxnDate]])","v":23},{"$f":"+Tabla_Consulta_desde_QuickBooks_Data_64_Bit_QRemote[[#This Row],[SalesOrderLineRate]]*Tabla_Consulta_desde_QuickBooks_Data_64_Bit_QRemote[[#This Row],[SalesOrderLineInvoiced]]","v":0},{"$f":"+IFERROR(IF(Tabla_Consulta_desde_QuickBooks_Data_64_Bit_QRemote[[#This Row],[CustomerRefFullName]]=\"GRUVALCORP SA\",VLOOKUP(Tabla_Consulta_desde_QuickBooks_Data_64_Bit_QRemote[[#This Row],[SalesOrderLineItemRefFullName]],Hoja1!A:E,5,FALSE),\"\")*-Tabla_Consulta_desde_QuickBooks_Data_64_Bit_QRemote[[#This Row],[SalesOrderLineAmount]],\"\")","v":""},{"$f":"IF(COUNTIF(wms!E:E,Tabla_Consulta_desde_QuickBooks_Data_64_Bit_QRemote[[#This Row],[RefNumber]])>0,\"OK\",\"FALTA\")","v":"OK"}]
["2025-06-03","29106","CORPORACION FERNANDEZ CORPFERNANDEZ S.A.","LOCAL PPG",6,"7862112522497","P.T:110801","SALSA BBQ ORIGINAL OLE DP 200G","Bodega Producto Terminado",12,"X12",0.78,9.36,"UNIDAD SALSA",0,249.06,286.42,"IVA EN VENTAS 15%",{"$f":"IFERROR(IF(Tabla_Consulta_desde_QuickBooks_Data_64_Bit_QRemote[[#This Row],[SalesOrderLineUnitOfMeasure]]=\"un\",Tabla_Consulta_desde_QuickBooks_Data_64_Bit_QRemote[[#This Row],[SalesOrderLineQuantity]],Tabla_Consulta_desde_QuickBooks_Data_64_Bit_QRemote[[#This Row],[SalesOrderLineQuantity]]/MID(Tabla_Consulta_desde_QuickBooks_Data_64_Bit_QRemote[[#This Row],[SalesOrderLineUnitOfMeasure]],2,2)),0)","v":1},{"$f":"IFERROR(IF(Tabla_Consulta_desde_QuickBooks_Data_64_Bit_QRemote[[#This Row],[SalesOrderLineUnitOfMeasure]]=\"un\",Tabla_Consulta_desde_QuickBooks_Data_64_Bit_QRemote[[#This Row],[SalesOrderLineInvoiced]],Tabla_Consulta_desde_QuickBooks_Data_64_Bit_QRemote[[#This Row],[SalesOrderLineInvoiced]]/MID(Tabla_Consulta_desde_QuickBooks_Data_64_Bit_QRemote[[#This Row],[SalesOrderLineUnitOfMeasure]],2,2)),0)","v":0},{"$f":"+Tabla_Consulta_desde_QuickBooks_Data_64_Bit_QRemote[[#This Row],[facturado]]-Tabla_Consulta_desde_QuickBooks_Data_64_Bit_QRemote[[#This Row],[pide]]","v":-1},{"$f":"IF(Tabla_Consulta_desde_QuickBooks_Data_64_Bit_QRemote[[#This Row],[diferecia]]=0,\"ok\",\"diferen\")","v":"diferen"},{"$f":"IFERROR(INDEX(um!A:C,MATCH(Tabla_Consulta_desde_QuickBooks_Data_64_Bit_QRemote[[#This Row],[SalesOrderLineItemRefFullName]],um!A:A,0),3),\"\")","v":"X12"},{"$f":"IFERROR(IF(OR(Tabla_Consulta_desde_QuickBooks_Data_64_Bit_QRemote[[#This Row],[SalesOrderLineUnitOfMeasure]]=\"UN\",Tabla_Consulta_desde_QuickBooks_Data_64_Bit_QRemote[[#This Row],[SalesOrderLineUnitOfMeasure]]=Tabla_Consulta_desde_QuickBooks_Data_64_Bit_QRemote[[#This Row],[U/M]]),\"\",\"ERROR\"),\"\")","v":""},{"$f":"+WEEKNUM(Tabla_Consulta_desde_QuickBooks_Data_64_Bit_QRemote[[#This Row],[TxnDate]])","v":23},{"$f":"+Tabla_Consulta_desde_QuickBooks_Data_64_Bit_QRemote[[#This Row],[SalesOrderLineRate]]*Tabla_Consulta_desde_QuickBooks_Data_64_Bit_QRemote[[#This Row],[SalesOrderLineInvoiced]]","v":0},{"$f":"+IFERROR(IF(Tabla_Consulta_desde_QuickBooks_Data_64_Bit_QRemote[[#This Row],[CustomerRefFullName]]=\"GRUVALCORP SA\",VLOOKUP(Tabla_Consulta_desde_QuickBooks_Data_64_Bit_QRemote[[#This Row],[SalesOrderLineItemRefFullName]],Hoja1!A:E,5,FALSE),\"\")*-Tabla_Consulta_desde_QuickBooks_Data_64_Bit_QRemote[[#This Row],[SalesOrderLineAmount]],\"\")","v":""},{"$f":"IF(COUNTIF(wms!E:E,Tabla_Consulta_desde_QuickBooks_Data_64_Bit_QRemote[[#This Row],[RefNumber]])>0,\"OK\",\"FALTA\")","v":"OK"}]
["2025-06-03","29106","CORPORACION FERNANDEZ CORPFERNANDEZ S.A.","LOCAL PPG",7,"7862112522794","P.T:311605","SALSA CHICKEN DIPPIN OLE 200G","Bodega Producto Terminado",6,"UN",1.31,7.86,"UNIDAD SALSA",0,249.06,286.42,"IVA EN VENTAS 15%",{"$f":"IFERROR(IF(Tabla_Consulta_desde_QuickBooks_Data_64_Bit_QRemote[[#This Row],[SalesOrderLineUnitOfMeasure]]=\"un\",Tabla_Consulta_desde_QuickBooks_Data_64_Bit_QRemote[[#This Row],[SalesOrderLineQuantity]],Tabla_Consulta_desde_QuickBooks_Data_64_Bit_QRemote[[#This Row],[SalesOrderLineQuantity]]/MID(Tabla_Consulta_desde_QuickBooks_Data_64_Bit_QRemote[[#This Row],[SalesOrderLineUnitOfMeasure]],2,2)),0)","v":6},{"$f":"IFERROR(IF(Tabla_Consulta_desde_QuickBooks_Data_64_Bit_QRemote[[#This Row],[SalesOrderLineUnitOfMeasure]]=\"un\",Tabla_Consulta_desde_QuickBooks_Data_64_Bit_QRemote[[#This Row],[SalesOrderLineInvoiced]],Tabla_Consulta_desde_QuickBooks_Data_64_Bit_QRemote[[#This Row],[SalesOrderLineInvoiced]]/MID(Tabla_Consulta_desde_QuickBooks_Data_64_Bit_QRemote[[#This Row],[SalesOrderLineUnitOfMeasure]],2,2)),0)","v":0},{"$f":"+Tabla_Consulta_desde_QuickBooks_Data_64_Bit_QRemote[[#This Row],[facturado]]-Tabla_Consulta_desde_QuickBooks_Data_64_Bit_QRemote[[#This Row],[pide]]","v":-6},{"$f":"IF(Tabla_Consulta_desde_QuickBooks_Data_64_Bit_QRemote[[#This Row],[diferecia]]=0,\"ok\",\"diferen\")","v":"diferen"},{"$f":"IFERROR(INDEX(um!A:C,MATCH(Tabla_Consulta_desde_QuickBooks_Data_64_Bit_QRemote[[#This Row],[SalesOrderLineItemRefFullName]],um!A:A,0),3),\"\")","v":"X24"},{"$f":"IFERROR(IF(OR(Tabla_Consulta_desde_QuickBooks_Data_64_Bit_QRemote[[#This Row],[SalesOrderLineUnitOfMeasure]]=\"UN\",Tabla_Consulta_desde_QuickBooks_Data_64_Bit_QRemote[[#This Row],[SalesOrderLineUnitOfMeasure]]=Tabla_Consulta_desde_QuickBooks_Data_64_Bit_QRemote[[#This Row],[U/M]]),\"\",\"ERROR\"),\"\")","v":""},{"$f":"+WEEKNUM(Tabla_Consulta_desde_QuickBooks_Data_64_Bit_QRemote[[#This Row],[TxnDate]])","v":23},{"$f":"+Tabla_Consulta_desde_QuickBooks_Data_64_Bit_QRemote[[#This Row],[SalesOrderLineRate]]*Tabla_Consulta_desde_QuickBooks_Data_64_Bit_QRemote[[#This Row],[SalesOrderLineInvoiced]]","v":0},{"$f":"+IFERROR(IF(Tabla_Consulta_desde_QuickBooks_Data_64_Bit_QRemote[[#This Row],[CustomerRefFullName]]=\"GRUVALCORP SA\",VLOOKUP(Tabla_Consulta_desde_QuickBooks_Data_64_Bit_QRemote[[#This Row],[SalesOrderLineItemRefFullName]],Hoja1!A:E,5,FALSE),\"\")*-Tabla_Consulta_desde_QuickBooks_Data_64_Bit_QRemote[[#This Row],[SalesOrderLineAmount]],\"\")","v":""},{"$f":"IF(COUNTIF(wms!E:E,Tabla_Consulta_desde_QuickBooks_Data_64_Bit_QRemote[[#This Row],[RefNumber]])>0,\"OK\",\"FALTA\")","v":"OK"}]
["2025-06-03","29106","CORPORACION FERNANDEZ CORPFERNANDEZ S.A.","LOCAL PPG",8,null,"INFOADICIONAL","LOCAL PPG",null,null,null,0,0,null,0,249.06,286.42,"IVA EN VENTAS 15%",{"$f":"IFERROR(IF(Tabla_Consulta_desde_QuickBooks_Data_64_Bit_QRemote[[#This Row],[SalesOrderLineUnitOfMeasure]]=\"un\",Tabla_Consulta_desde_QuickBooks_Data_64_Bit_QRemote[[#This Row],[SalesOrderLineQuantity]],Tabla_Consulta_desde_QuickBooks_Data_64_Bit_QRemote[[#This Row],[SalesOrderLineQuantity]]/MID(Tabla_Consulta_desde_QuickBooks_Data_64_Bit_QRemote[[#This Row],[SalesOrderLineUnitOfMeasure]],2,2)),0)","v":0},{"$f":"IFERROR(IF(Tabla_Consulta_desde_QuickBooks_Data_64_Bit_QRemote[[#This Row],[SalesOrderLineUnitOfMeasure]]=\"un\",Tabla_Consulta_desde_QuickBooks_Data_64_Bit_QRemote[[#This Row],[SalesOrderLineInvoiced]],Tabla_Consulta_desde_QuickBooks_Data_64_Bit_QRemote[[#This Row],[SalesOrderLineInvoiced]]/MID(Tabla_Consulta_desde_QuickBooks_Data_64_Bit_QRemote[[#This Row],[SalesOrderLineUnitOfMeasure]],2,2)),0)","v":0},{"$f":"+Tabla_Consulta_desde_QuickBooks_Data_64_Bit_QRemote[[#This Row],[facturado]]-Tabla_Consulta_desde_QuickBooks_Data_64_Bit_QRemote[[#This Row],[pide]]","v":0},{"$f":"IF(Tabla_Consulta_desde_QuickBooks_Data_64_Bit_QRemote[[#This Row],[diferecia]]=0,\"ok\",\"diferen\")","v":"ok"},{"$f":"IFERROR(INDEX(um!A:C,MATCH(Tabla_Consulta_desde_QuickBooks_Data_64_Bit_QRemote[[#This Row],[SalesOrderLineItemRefFullName]],um!A:A,0),3),\"\")","v":""},{"$f":"IFERROR(IF(OR(Tabla_Consulta_desde_QuickBooks_Data_64_Bit_QRemote[[#This Row],[SalesOrderLineUnitOfMeasure]]=\"UN\",Tabla_Consulta_desde_QuickBooks_Data_64_Bit_QRemote[[#This Row],[SalesOrderLineUnitOfMeasure]]=Tabla_Consulta_desde_QuickBooks_Data_64_Bit_QRemote[[#This Row],[U/M]]),\"\",\"ERROR\"),\"\")","v":""},{"$f":"+WEEKNUM(Tabla_Consulta_desde_QuickBooks_Data_64_Bit_QRemote[[#This Row],[TxnDate]])","v":23},{"$f":"+Tabla_Consulta_desde_QuickBooks_Data_64_Bit_QRemote[[#This Row],[SalesOrderLineRate]]*Tabla_Consulta_desde_QuickBooks_Data_64_Bit_QRemote[[#This Row],[SalesOrderLineInvoiced]]","v":0},{"$f":"+IFERROR(IF(Tabla_Consulta_desde_QuickBooks_Data_64_Bit_QRemote[[#This Row],[CustomerRefFullName]]=\"GRUVALCORP SA\",VLOOKUP(Tabla_Consulta_desde_QuickBooks_Data_64_Bit_QRemote[[#This Row],[SalesOrderLineItemRefFullName]],Hoja1!A:E,5,FALSE),\"\")*-Tabla_Consulta_desde_QuickBooks_Data_64_Bit_QRemote[[#This Row],[SalesOrderLineAmount]],\"\")","v":""},{"$f":"IF(COUNTIF(wms!E:E,Tabla_Consulta_desde_QuickBooks_Data_64_Bit_QRemote[[#This Row],[RefNumber]])>0,\"OK\",\"FALTA\")","v":"OK"}]
["2025-06-03","29107","CORPORACION FERNANDEZ CORPFERNANDEZ S.A.","LOCAL RECREO",1,"7862112520301","P.T:110700","CHIMICHURRI OLE 230G","Bodega Producto Terminado",24,"X12",2.35,56.4,"UNIDAD SALSA",0,87.12,100.19,"IVA EN VENTAS 15%",{"$f":"IFERROR(IF(Tabla_Consulta_desde_QuickBooks_Data_64_Bit_QRemote[[#This Row],[SalesOrderLineUnitOfMeasure]]=\"un\",Tabla_Consulta_desde_QuickBooks_Data_64_Bit_QRemote[[#This Row],[SalesOrderLineQuantity]],Tabla_Consulta_desde_QuickBooks_Data_64_Bit_QRemote[[#This Row],[SalesOrderLineQuantity]]/MID(Tabla_Consulta_desde_QuickBooks_Data_64_Bit_QRemote[[#This Row],[SalesOrderLineUnitOfMeasure]],2,2)),0)","v":2},{"$f":"IFERROR(IF(Tabla_Consulta_desde_QuickBooks_Data_64_Bit_QRemote[[#This Row],[SalesOrderLineUnitOfMeasure]]=\"un\",Tabla_Consulta_desde_QuickBooks_Data_64_Bit_QRemote[[#This Row],[SalesOrderLineInvoiced]],Tabla_Consulta_desde_QuickBooks_Data_64_Bit_QRemote[[#This Row],[SalesOrderLineInvoiced]]/MID(Tabla_Consulta_desde_QuickBooks_Data_64_Bit_QRemote[[#This Row],[SalesOrderLineUnitOfMeasure]],2,2)),0)","v":0},{"$f":"+Tabla_Consulta_desde_QuickBooks_Data_64_Bit_QRemote[[#This Row],[facturado]]-Tabla_Consulta_desde_QuickBooks_Data_64_Bit_QRemote[[#This Row],[pide]]","v":-2},{"$f":"IF(Tabla_Consulta_desde_QuickBooks_Data_64_Bit_QRemote[[#This Row],[diferecia]]=0,\"ok\",\"diferen\")","v":"diferen"},{"$f":"IFERROR(INDEX(um!A:C,MATCH(Tabla_Consulta_desde_QuickBooks_Data_64_Bit_QRemote[[#This Row],[SalesOrderLineItemRefFullName]],um!A:A,0),3),\"\")","v":"X12"},{"$f":"IFERROR(IF(OR(Tabla_Consulta_desde_QuickBooks_Data_64_Bit_QRemote[[#This Row],[SalesOrderLineUnitOfMeasure]]=\"UN\",Tabla_Consulta_desde_QuickBooks_Data_64_Bit_QRemote[[#This Row],[SalesOrderLineUnitOfMeasure]]=Tabla_Consulta_desde_QuickBooks_Data_64_Bit_QRemote[[#This Row],[U/M]]),\"\",\"ERROR\"),\"\")","v":""},{"$f":"+WEEKNUM(Tabla_Consulta_desde_QuickBooks_Data_64_Bit_QRemote[[#This Row],[TxnDate]])","v":23},{"$f":"+Tabla_Consulta_desde_QuickBooks_Data_64_Bit_QRemote[[#This Row],[SalesOrderLineRate]]*Tabla_Consulta_desde_QuickBooks_Data_64_Bit_QRemote[[#This Row],[SalesOrderLineInvoiced]]","v":0},{"$f":"+IFERROR(IF(Tabla_Consulta_desde_QuickBooks_Data_64_Bit_QRemote[[#This Row],[CustomerRefFullName]]=\"GRUVALCORP SA\",VLOOKUP(Tabla_Consulta_desde_QuickBooks_Data_64_Bit_QRemote[[#This Row],[SalesOrderLineItemRefFullName]],Hoja1!A:E,5,FALSE),\"\")*-Tabla_Consulta_desde_QuickBooks_Data_64_Bit_QRemote[[#This Row],[SalesOrderLineAmount]],\"\")","v":""},{"$f":"IF(COUNTIF(wms!E:E,Tabla_Consulta_desde_QuickBooks_Data_64_Bit_QRemote[[#This Row],[RefNumber]])>0,\"OK\",\"FALTA\")","v":"OK"}]
["2025-06-03","29107","CORPORACION FERNANDEZ CORPFERNANDEZ S.A.","LOCAL RECREO",2,"7862112522497","P.T:110801","SALSA BBQ ORIGINAL OLE DP 200G","Bodega Producto Terminado",12,"X12",0.78,9.36,"UNIDAD SALSA",0,87.12,100.19,"IVA EN VENTAS 15%",{"$f":"IFERROR(IF(Tabla_Consulta_desde_QuickBooks_Data_64_Bit_QRemote[[#This Row],[SalesOrderLineUnitOfMeasure]]=\"un\",Tabla_Consulta_desde_QuickBooks_Data_64_Bit_QRemote[[#This Row],[SalesOrderLineQuantity]],Tabla_Consulta_desde_QuickBooks_Data_64_Bit_QRemote[[#This Row],[SalesOrderLineQuantity]]/MID(Tabla_Consulta_desde_QuickBooks_Data_64_Bit_QRemote[[#This Row],[SalesOrderLineUnitOfMeasure]],2,2)),0)","v":1},{"$f":"IFERROR(IF(Tabla_Consulta_desde_QuickBooks_Data_64_Bit_QRemote[[#This Row],[SalesOrderLineUnitOfMeasure]]=\"un\",Tabla_Consulta_desde_QuickBooks_Data_64_Bit_QRemote[[#This Row],[SalesOrderLineInvoiced]],Tabla_Consulta_desde_QuickBooks_Data_64_Bit_QRemote[[#This Row],[SalesOrderLineInvoiced]]/MID(Tabla_Consulta_desde_QuickBooks_Data_64_Bit_QRemote[[#This Row],[SalesOrderLineUnitOfMeasure]],2,2)),0)","v":0},{"$f":"+Tabla_Consulta_desde_QuickBooks_Data_64_Bit_QRemote[[#This Row],[facturado]]-Tabla_Consulta_desde_QuickBooks_Data_64_Bit_QRemote[[#This Row],[pide]]","v":-1},{"$f":"IF(Tabla_Consulta_desde_QuickBooks_Data_64_Bit_QRemote[[#This Row],[diferecia]]=0,\"ok\",\"diferen\")","v":"diferen"},{"$f":"IFERROR(INDEX(um!A:C,MATCH(Tabla_Consulta_desde_QuickBooks_Data_64_Bit_QRemote[[#This Row],[SalesOrderLineItemRefFullName]],um!A:A,0),3),\"\")","v":"X12"},{"$f":"IFERROR(IF(OR(Tabla_Consulta_desde_QuickBooks_Data_64_Bit_QRemote[[#This Row],[SalesOrderLineUnitOfMeasure]]=\"UN\",Tabla_Consulta_desde_QuickBooks_Data_64_Bit_QRemote[[#This Row],[SalesOrderLineUnitOfMeasure]]=Tabla_Consulta_desde_QuickBooks_Data_64_Bit_QRemote[[#This Row],[U/M]]),\"\",\"ERROR\"),\"\")","v":""},{"$f":"+WEEKNUM(Tabla_Consulta_desde_QuickBooks_Data_64_Bit_QRemote[[#This Row],[TxnDate]])","v":23},{"$f":"+Tabla_Consulta_desde_QuickBooks_Data_64_Bit_QRemote[[#This Row],[SalesOrderLineRate]]*Tabla_Consulta_desde_QuickBooks_Data_64_Bit_QRemote[[#This Row],[SalesOrderLineInvoiced]]","v":0},{"$f":"+IFERROR(IF(Tabla_Consulta_desde_QuickBooks_Data_64_Bit_QRemote[[#This Row],[CustomerRefFullName]]=\"GRUVALCORP SA\",VLOOKUP(Tabla_Consulta_desde_QuickBooks_Data_64_Bit_QRemote[[#This Row],[SalesOrderLineItemRefFullName]],Hoja1!A:E,5,FALSE),\"\")*-Tabla_Consulta_desde_QuickBooks_Data_64_Bit_QRemote[[#This Row],[SalesOrderLineAmount]],\"\")","v":""},{"$f":"IF(COUNTIF(wms!E:E,Tabla_Consulta_desde_QuickBooks_Data_64_Bit_QRemote[[#This Row],[RefNumber]])>0,\"OK\",\"FALTA\")","v":"OK"}]
["2025-06-03","29107","CORPORACION FERNANDEZ CORPFERNANDEZ S.A.","LOCAL RECREO",3,"7862112521810","P.T:110303","SALSA BBQ ORIGINAL OLE 430G","Bodega Producto Terminado",12,"X12",1.78,21.36,"UNIDAD SALSA",0,87.12,100.19,"IVA EN VENTAS 15%",{"$f":"IFERROR(IF(Tabla_Consulta_desde_QuickBooks_Data_64_Bit_QRemote[[#This Row],[SalesOrderLineUnitOfMeasure]]=\"un\",Tabla_Consulta_desde_QuickBooks_Data_64_Bit_QRemote[[#This Row],[SalesOrderLineQuantity]],Tabla_Consulta_desde_QuickBooks_Data_64_Bit_QRemote[[#This Row],[SalesOrderLineQuantity]]/MID(Tabla_Consulta_desde_QuickBooks_Data_64_Bit_QRemote[[#This Row],[SalesOrderLineUnitOfMeasure]],2,2)),0)","v":1},{"$f":"IFERROR(IF(Tabla_Consulta_desde_QuickBooks_Data_64_Bit_QRemote[[#This Row],[SalesOrderLineUnitOfMeasure]]=\"un\",Tabla_Consulta_desde_QuickBooks_Data_64_Bit_QRemote[[#This Row],[SalesOrderLineInvoiced]],Tabla_Consulta_desde_QuickBooks_Data_64_Bit_QRemote[[#This Row],[SalesOrderLineInvoiced]]/MID(Tabla_Consulta_desde_QuickBooks_Data_64_Bit_QRemote[[#This Row],[SalesOrderLineUnitOfMeasure]],2,2)),0)","v":0},{"$f":"+Tabla_Consulta_desde_QuickBooks_Data_64_Bit_QRemote[[#This Row],[facturado]]-Tabla_Consulta_desde_QuickBooks_Data_64_Bit_QRemote[[#This Row],[pide]]","v":-1},{"$f":"IF(Tabla_Consulta_desde_QuickBooks_Data_64_Bit_QRemote[[#This Row],[diferecia]]=0,\"ok\",\"diferen\")","v":"diferen"},{"$f":"IFERROR(INDEX(um!A:C,MATCH(Tabla_Consulta_desde_QuickBooks_Data_64_Bit_QRemote[[#This Row],[SalesOrderLineItemRefFullName]],um!A:A,0),3),\"\")","v":"X12"},{"$f":"IFERROR(IF(OR(Tabla_Consulta_desde_QuickBooks_Data_64_Bit_QRemote[[#This Row],[SalesOrderLineUnitOfMeasure]]=\"UN\",Tabla_Consulta_desde_QuickBooks_Data_64_Bit_QRemote[[#This Row],[SalesOrderLineUnitOfMeasure]]=Tabla_Consulta_desde_QuickBooks_Data_64_Bit_QRemote[[#This Row],[U/M]]),\"\",\"ERROR\"),\"\")","v":""},{"$f":"+WEEKNUM(Tabla_Consulta_desde_QuickBooks_Data_64_Bit_QRemote[[#This Row],[TxnDate]])","v":23},{"$f":"+Tabla_Consulta_desde_QuickBooks_Data_64_Bit_QRemote[[#This Row],[SalesOrderLineRate]]*Tabla_Consulta_desde_QuickBooks_Data_64_Bit_QRemote[[#This Row],[SalesOrderLineInvoiced]]","v":0},{"$f":"+IFERROR(IF(Tabla_Consulta_desde_QuickBooks_Data_64_Bit_QRemote[[#This Row],[CustomerRefFullName]]=\"GRUVALCORP SA\",VLOOKUP(Tabla_Consulta_desde_QuickBooks_Data_64_Bit_QRemote[[#This Row],[SalesOrderLineItemRefFullName]],Hoja1!A:E,5,FALSE),\"\")*-Tabla_Consulta_desde_QuickBooks_Data_64_Bit_QRemote[[#This Row],[SalesOrderLineAmount]],\"\")","v":""},{"$f":"IF(COUNTIF(wms!E:E,Tabla_Consulta_desde_QuickBooks_Data_64_Bit_QRemote[[#This Row],[RefNumber]])>0,\"OK\",\"FALTA\")","v":"OK"}]
["2025-06-03","29107","CORPORACION FERNANDEZ CORPFERNANDEZ S.A.","LOCAL RECREO",4,null,"INFOADICIONAL","LOCAL RECREO",null,null,null,0,0,null,0,87.12,100.19,"IVA EN VENTAS 15%",{"$f":"IFERROR(IF(Tabla_Consulta_desde_QuickBooks_Data_64_Bit_QRemote[[#This Row],[SalesOrderLineUnitOfMeasure]]=\"un\",Tabla_Consulta_desde_QuickBooks_Data_64_Bit_QRemote[[#This Row],[SalesOrderLineQuantity]],Tabla_Consulta_desde_QuickBooks_Data_64_Bit_QRemote[[#This Row],[SalesOrderLineQuantity]]/MID(Tabla_Consulta_desde_QuickBooks_Data_64_Bit_QRemote[[#This Row],[SalesOrderLineUnitOfMeasure]],2,2)),0)","v":0},{"$f":"IFERROR(IF(Tabla_Consulta_desde_QuickBooks_Data_64_Bit_QRemote[[#This Row],[SalesOrderLineUnitOfMeasure]]=\"un\",Tabla_Consulta_desde_QuickBooks_Data_64_Bit_QRemote[[#This Row],[SalesOrderLineInvoiced]],Tabla_Consulta_desde_QuickBooks_Data_64_Bit_QRemote[[#This Row],[SalesOrderLineInvoiced]]/MID(Tabla_Consulta_desde_QuickBooks_Data_64_Bit_QRemote[[#This Row],[SalesOrderLineUnitOfMeasure]],2,2)),0)","v":0},{"$f":"+Tabla_Consulta_desde_QuickBooks_Data_64_Bit_QRemote[[#This Row],[facturado]]-Tabla_Consulta_desde_QuickBooks_Data_64_Bit_QRemote[[#This Row],[pide]]","v":0},{"$f":"IF(Tabla_Consulta_desde_QuickBooks_Data_64_Bit_QRemote[[#This Row],[diferecia]]=0,\"ok\",\"diferen\")","v":"ok"},{"$f":"IFERROR(INDEX(um!A:C,MATCH(Tabla_Consulta_desde_QuickBooks_Data_64_Bit_QRemote[[#This Row],[SalesOrderLineItemRefFullName]],um!A:A,0),3),\"\")","v":""},{"$f":"IFERROR(IF(OR(Tabla_Consulta_desde_QuickBooks_Data_64_Bit_QRemote[[#This Row],[SalesOrderLineUnitOfMeasure]]=\"UN\",Tabla_Consulta_desde_QuickBooks_Data_64_Bit_QRemote[[#This Row],[SalesOrderLineUnitOfMeasure]]=Tabla_Consulta_desde_QuickBooks_Data_64_Bit_QRemote[[#This Row],[U/M]]),\"\",\"ERROR\"),\"\")","v":""},{"$f":"+WEEKNUM(Tabla_Consulta_desde_QuickBooks_Data_64_Bit_QRemote[[#This Row],[TxnDate]])","v":23},{"$f":"+Tabla_Consulta_desde_QuickBooks_Data_64_Bit_QRemote[[#This Row],[SalesOrderLineRate]]*Tabla_Consulta_desde_QuickBooks_Data_64_Bit_QRemote[[#This Row],[SalesOrderLineInvoiced]]","v":0},{"$f":"+IFERROR(IF(Tabla_Consulta_desde_QuickBooks_Data_64_Bit_QRemote[[#This Row],[CustomerRefFullName]]=\"GRUVALCORP SA\",VLOOKUP(Tabla_Consulta_desde_QuickBooks_Data_64_Bit_QRemote[[#This Row],[SalesOrderLineItemRefFullName]],Hoja1!A:E,5,FALSE),\"\")*-Tabla_Consulta_desde_QuickBooks_Data_64_Bit_QRemote[[#This Row],[SalesOrderLineAmount]],\"\")","v":""},{"$f":"IF(COUNTIF(wms!E:E,Tabla_Consulta_desde_QuickBooks_Data_64_Bit_QRemote[[#This Row],[RefNumber]])>0,\"OK\",\"FALTA\")","v":"OK"}]
["2025-06-03","29108","CORPORACION FERNANDEZ CORPFERNANDEZ S.A.","LOCAL LAS TEJAS",1,"7862112520301","P.T:110700","CHIMICHURRI OLE 230G","Bodega Producto Terminado",36,"X12",2.35,84.6,"UNIDAD SALSA",0,383.28,440.77,"IVA EN VENTAS 15%",{"$f":"IFERROR(IF(Tabla_Consulta_desde_QuickBooks_Data_64_Bit_QRemote[[#This Row],[SalesOrderLineUnitOfMeasure]]=\"un\",Tabla_Consulta_desde_QuickBooks_Data_64_Bit_QRemote[[#This Row],[SalesOrderLineQuantity]],Tabla_Consulta_desde_QuickBooks_Data_64_Bit_QRemote[[#This Row],[SalesOrderLineQuantity]]/MID(Tabla_Consulta_desde_QuickBooks_Data_64_Bit_QRemote[[#This Row],[SalesOrderLineUnitOfMeasure]],2,2)),0)","v":3},{"$f":"IFERROR(IF(Tabla_Consulta_desde_QuickBooks_Data_64_Bit_QRemote[[#This Row],[SalesOrderLineUnitOfMeasure]]=\"un\",Tabla_Consulta_desde_QuickBooks_Data_64_Bit_QRemote[[#This Row],[SalesOrderLineInvoiced]],Tabla_Consulta_desde_QuickBooks_Data_64_Bit_QRemote[[#This Row],[SalesOrderLineInvoiced]]/MID(Tabla_Consulta_desde_QuickBooks_Data_64_Bit_QRemote[[#This Row],[SalesOrderLineUnitOfMeasure]],2,2)),0)","v":0},{"$f":"+Tabla_Consulta_desde_QuickBooks_Data_64_Bit_QRemote[[#This Row],[facturado]]-Tabla_Consulta_desde_QuickBooks_Data_64_Bit_QRemote[[#This Row],[pide]]","v":-3},{"$f":"IF(Tabla_Consulta_desde_QuickBooks_Data_64_Bit_QRemote[[#This Row],[diferecia]]=0,\"ok\",\"diferen\")","v":"diferen"},{"$f":"IFERROR(INDEX(um!A:C,MATCH(Tabla_Consulta_desde_QuickBooks_Data_64_Bit_QRemote[[#This Row],[SalesOrderLineItemRefFullName]],um!A:A,0),3),\"\")","v":"X12"},{"$f":"IFERROR(IF(OR(Tabla_Consulta_desde_QuickBooks_Data_64_Bit_QRemote[[#This Row],[SalesOrderLineUnitOfMeasure]]=\"UN\",Tabla_Consulta_desde_QuickBooks_Data_64_Bit_QRemote[[#This Row],[SalesOrderLineUnitOfMeasure]]=Tabla_Consulta_desde_QuickBooks_Data_64_Bit_QRemote[[#This Row],[U/M]]),\"\",\"ERROR\"),\"\")","v":""},{"$f":"+WEEKNUM(Tabla_Consulta_desde_QuickBooks_Data_64_Bit_QRemote[[#This Row],[TxnDate]])","v":23},{"$f":"+Tabla_Consulta_desde_QuickBooks_Data_64_Bit_QRemote[[#This Row],[SalesOrderLineRate]]*Tabla_Consulta_desde_QuickBooks_Data_64_Bit_QRemote[[#This Row],[SalesOrderLineInvoiced]]","v":0},{"$f":"+IFERROR(IF(Tabla_Consulta_desde_QuickBooks_Data_64_Bit_QRemote[[#This Row],[CustomerRefFullName]]=\"GRUVALCORP SA\",VLOOKUP(Tabla_Consulta_desde_QuickBooks_Data_64_Bit_QRemote[[#This Row],[SalesOrderLineItemRefFullName]],Hoja1!A:E,5,FALSE),\"\")*-Tabla_Consulta_desde_QuickBooks_Data_64_Bit_QRemote[[#This Row],[SalesOrderLineAmount]],\"\")","v":""},{"$f":"IF(COUNTIF(wms!E:E,Tabla_Consulta_desde_QuickBooks_Data_64_Bit_QRemote[[#This Row],[RefNumber]])>0,\"OK\",\"FALTA\")","v":"OK"}]
["2025-06-03","29108","CORPORACION FERNANDEZ CORPFERNANDEZ S.A.","LOCAL LAS TEJAS",2,"7862112522626","P.T:110701","CHIMICHURRI ESTILO ARGENTINO OLE 380G","Bodega Producto Terminado",24,"X12",3.03,72.72,"UNIDAD SALSA",0,383.28,440.77,"IVA EN VENTAS 15%",{"$f":"IFERROR(IF(Tabla_Consulta_desde_QuickBooks_Data_64_Bit_QRemote[[#This Row],[SalesOrderLineUnitOfMeasure]]=\"un\",Tabla_Consulta_desde_QuickBooks_Data_64_Bit_QRemote[[#This Row],[SalesOrderLineQuantity]],Tabla_Consulta_desde_QuickBooks_Data_64_Bit_QRemote[[#This Row],[SalesOrderLineQuantity]]/MID(Tabla_Consulta_desde_QuickBooks_Data_64_Bit_QRemote[[#This Row],[SalesOrderLineUnitOfMeasure]],2,2)),0)","v":2},{"$f":"IFERROR(IF(Tabla_Consulta_desde_QuickBooks_Data_64_Bit_QRemote[[#This Row],[SalesOrderLineUnitOfMeasure]]=\"un\",Tabla_Consulta_desde_QuickBooks_Data_64_Bit_QRemote[[#This Row],[SalesOrderLineInvoiced]],Tabla_Consulta_desde_QuickBooks_Data_64_Bit_QRemote[[#This Row],[SalesOrderLineInvoiced]]/MID(Tabla_Consulta_desde_QuickBooks_Data_64_Bit_QRemote[[#This Row],[SalesOrderLineUnitOfMeasure]],2,2)),0)","v":0},{"$f":"+Tabla_Consulta_desde_QuickBooks_Data_64_Bit_QRemote[[#This Row],[facturado]]-Tabla_Consulta_desde_QuickBooks_Data_64_Bit_QRemote[[#This Row],[pide]]","v":-2},{"$f":"IF(Tabla_Consulta_desde_QuickBooks_Data_64_Bit_QRemote[[#This Row],[diferecia]]=0,\"ok\",\"diferen\")","v":"diferen"},{"$f":"IFERROR(INDEX(um!A:C,MATCH(Tabla_Consulta_desde_QuickBooks_Data_64_Bit_QRemote[[#This Row],[SalesOrderLineItemRefFullName]],um!A:A,0),3),\"\")","v":"X12"},{"$f":"IFERROR(IF(OR(Tabla_Consulta_desde_QuickBooks_Data_64_Bit_QRemote[[#This Row],[SalesOrderLineUnitOfMeasure]]=\"UN\",Tabla_Consulta_desde_QuickBooks_Data_64_Bit_QRemote[[#This Row],[SalesOrderLineUnitOfMeasure]]=Tabla_Consulta_desde_QuickBooks_Data_64_Bit_QRemote[[#This Row],[U/M]]),\"\",\"ERROR\"),\"\")","v":""},{"$f":"+WEEKNUM(Tabla_Consulta_desde_QuickBooks_Data_64_Bit_QRemote[[#This Row],[TxnDate]])","v":23},{"$f":"+Tabla_Consulta_desde_QuickBooks_Data_64_Bit_QRemote[[#This Row],[SalesOrderLineRate]]*Tabla_Consulta_desde_QuickBooks_Data_64_Bit_QRemote[[#This Row],[SalesOrderLineInvoiced]]","v":0},{"$f":"+IFERROR(IF(Tabla_Consulta_desde_QuickBooks_Data_64_Bit_QRemote[[#This Row],[CustomerRefFullName]]=\"GRUVALCORP SA\",VLOOKUP(Tabla_Consulta_desde_QuickBooks_Data_64_Bit_QRemote[[#This Row],[SalesOrderLineItemRefFullName]],Hoja1!A:E,5,FALSE),\"\")*-Tabla_Consulta_desde_QuickBooks_Data_64_Bit_QRemote[[#This Row],[SalesOrderLineAmount]],\"\")","v":""},{"$f":"IF(COUNTIF(wms!E:E,Tabla_Consulta_desde_QuickBooks_Data_64_Bit_QRemote[[#This Row],[RefNumber]])>0,\"OK\",\"FALTA\")","v":"OK"}]
["2025-06-03","29108","CORPORACION FERNANDEZ CORPFERNANDEZ S.A.","LOCAL LAS TEJAS",3,"705424000352","P.T:110608","JALAPEÑO ROJOS Y VERDES OLE 370G","Bodega Producto Terminado",12,"X12",3.3,39.6,"UNIDAD SALSA",0,383.28,440.77,"IVA EN VENTAS 15%",{"$f":"IFERROR(IF(Tabla_Consulta_desde_QuickBooks_Data_64_Bit_QRemote[[#This Row],[SalesOrderLineUnitOfMeasure]]=\"un\",Tabla_Consulta_desde_QuickBooks_Data_64_Bit_QRemote[[#This Row],[SalesOrderLineQuantity]],Tabla_Consulta_desde_QuickBooks_Data_64_Bit_QRemote[[#This Row],[SalesOrderLineQuantity]]/MID(Tabla_Consulta_desde_QuickBooks_Data_64_Bit_QRemote[[#This Row],[SalesOrderLineUnitOfMeasure]],2,2)),0)","v":1},{"$f":"IFERROR(IF(Tabla_Consulta_desde_QuickBooks_Data_64_Bit_QRemote[[#This Row],[SalesOrderLineUnitOfMeasure]]=\"un\",Tabla_Consulta_desde_QuickBooks_Data_64_Bit_QRemote[[#This Row],[SalesOrderLineInvoiced]],Tabla_Consulta_desde_QuickBooks_Data_64_Bit_QRemote[[#This Row],[SalesOrderLineInvoiced]]/MID(Tabla_Consulta_desde_QuickBooks_Data_64_Bit_QRemote[[#This Row],[SalesOrderLineUnitOfMeasure]],2,2)),0)","v":0},{"$f":"+Tabla_Consulta_desde_QuickBooks_Data_64_Bit_QRemote[[#This Row],[facturado]]-Tabla_Consulta_desde_QuickBooks_Data_64_Bit_QRemote[[#This Row],[pide]]","v":-1},{"$f":"IF(Tabla_Consulta_desde_QuickBooks_Data_64_Bit_QRemote[[#This Row],[diferecia]]=0,\"ok\",\"diferen\")","v":"diferen"},{"$f":"IFERROR(INDEX(um!A:C,MATCH(Tabla_Consulta_desde_QuickBooks_Data_64_Bit_QRemote[[#This Row],[SalesOrderLineItemRefFullName]],um!A:A,0),3),\"\")","v":"X12"},{"$f":"IFERROR(IF(OR(Tabla_Consulta_desde_QuickBooks_Data_64_Bit_QRemote[[#This Row],[SalesOrderLineUnitOfMeasure]]=\"UN\",Tabla_Consulta_desde_QuickBooks_Data_64_Bit_QRemote[[#This Row],[SalesOrderLineUnitOfMeasure]]=Tabla_Consulta_desde_QuickBooks_Data_64_Bit_QRemote[[#This Row],[U/M]]),\"\",\"ERROR\"),\"\")","v":""},{"$f":"+WEEKNUM(Tabla_Consulta_desde_QuickBooks_Data_64_Bit_QRemote[[#This Row],[TxnDate]])","v":23},{"$f":"+Tabla_Consulta_desde_QuickBooks_Data_64_Bit_QRemote[[#This Row],[SalesOrderLineRate]]*Tabla_Consulta_desde_QuickBooks_Data_64_Bit_QRemote[[#This Row],[SalesOrderLineInvoiced]]","v":0},{"$f":"+IFERROR(IF(Tabla_Consulta_desde_QuickBooks_Data_64_Bit_QRemote[[#This Row],[CustomerRefFullName]]=\"GRUVALCORP SA\",VLOOKUP(Tabla_Consulta_desde_QuickBooks_Data_64_Bit_QRemote[[#This Row],[SalesOrderLineItemRefFullName]],Hoja1!A:E,5,FALSE),\"\")*-Tabla_Consulta_desde_QuickBooks_Data_64_Bit_QRemote[[#This Row],[SalesOrderLineAmount]],\"\")","v":""},{"$f":"IF(COUNTIF(wms!E:E,Tabla_Consulta_desde_QuickBooks_Data_64_Bit_QRemote[[#This Row],[RefNumber]])>0,\"OK\",\"FALTA\")","v":"OK"}]
["2025-06-03","29108","CORPORACION FERNANDEZ CORPFERNANDEZ S.A.","LOCAL LAS TEJAS",4,"7861000227513","P.T:110603","JALAPEÑO ROJOS Y VERDES OLE 200G","Bodega Producto Terminado",12,"UN",2.1800000000000002,26.16,"UNIDAD SALSA",0,383.28,440.77,"IVA EN VENTAS 15%",{"$f":"IFERROR(IF(Tabla_Consulta_desde_QuickBooks_Data_64_Bit_QRemote[[#This Row],[SalesOrderLineUnitOfMeasure]]=\"un\",Tabla_Consulta_desde_QuickBooks_Data_64_Bit_QRemote[[#This Row],[SalesOrderLineQuantity]],Tabla_Consulta_desde_QuickBooks_Data_64_Bit_QRemote[[#This Row],[SalesOrderLineQuantity]]/MID(Tabla_Consulta_desde_QuickBooks_Data_64_Bit_QRemote[[#This Row],[SalesOrderLineUnitOfMeasure]],2,2)),0)","v":12},{"$f":"IFERROR(IF(Tabla_Consulta_desde_QuickBooks_Data_64_Bit_QRemote[[#This Row],[SalesOrderLineUnitOfMeasure]]=\"un\",Tabla_Consulta_desde_QuickBooks_Data_64_Bit_QRemote[[#This Row],[SalesOrderLineInvoiced]],Tabla_Consulta_desde_QuickBooks_Data_64_Bit_QRemote[[#This Row],[SalesOrderLineInvoiced]]/MID(Tabla_Consulta_desde_QuickBooks_Data_64_Bit_QRemote[[#This Row],[SalesOrderLineUnitOfMeasure]],2,2)),0)","v":0},{"$f":"+Tabla_Consulta_desde_QuickBooks_Data_64_Bit_QRemote[[#This Row],[facturado]]-Tabla_Consulta_desde_QuickBooks_Data_64_Bit_QRemote[[#This Row],[pide]]","v":-12},{"$f":"IF(Tabla_Consulta_desde_QuickBooks_Data_64_Bit_QRemote[[#This Row],[diferecia]]=0,\"ok\",\"diferen\")","v":"diferen"},{"$f":"IFERROR(INDEX(um!A:C,MATCH(Tabla_Consulta_desde_QuickBooks_Data_64_Bit_QRemote[[#This Row],[SalesOrderLineItemRefFullName]],um!A:A,0),3),\"\")","v":"X24"},{"$f":"IFERROR(IF(OR(Tabla_Consulta_desde_QuickBooks_Data_64_Bit_QRemote[[#This Row],[SalesOrderLineUnitOfMeasure]]=\"UN\",Tabla_Consulta_desde_QuickBooks_Data_64_Bit_QRemote[[#This Row],[SalesOrderLineUnitOfMeasure]]=Tabla_Consulta_desde_QuickBooks_Data_64_Bit_QRemote[[#This Row],[U/M]]),\"\",\"ERROR\"),\"\")","v":""},{"$f":"+WEEKNUM(Tabla_Consulta_desde_QuickBooks_Data_64_Bit_QRemote[[#This Row],[TxnDate]])","v":23},{"$f":"+Tabla_Consulta_desde_QuickBooks_Data_64_Bit_QRemote[[#This Row],[SalesOrderLineRate]]*Tabla_Consulta_desde_QuickBooks_Data_64_Bit_QRemote[[#This Row],[SalesOrderLineInvoiced]]","v":0},{"$f":"+IFERROR(IF(Tabla_Consulta_desde_QuickBooks_Data_64_Bit_QRemote[[#This Row],[CustomerRefFullName]]=\"GRUVALCORP SA\",VLOOKUP(Tabla_Consulta_desde_QuickBooks_Data_64_Bit_QRemote[[#This Row],[SalesOrderLineItemRefFullName]],Hoja1!A:E,5,FALSE),\"\")*-Tabla_Consulta_desde_QuickBooks_Data_64_Bit_QRemote[[#This Row],[SalesOrderLineAmount]],\"\")","v":""},{"$f":"IF(COUNTIF(wms!E:E,Tabla_Consulta_desde_QuickBooks_Data_64_Bit_QRemote[[#This Row],[RefNumber]])>0,\"OK\",\"FALTA\")","v":"OK"}]
["2025-06-03","29108","CORPORACION FERNANDEZ CORPFERNANDEZ S.A.","LOCAL LAS TEJAS",5,"7862112522992","P.T:110300","SALSA BBQ PICANTE OLE 200G","Bodega Producto Terminado",6,"UN",0.72,4.32,"UNIDAD SALSA",0,383.28,440.77,"IVA EN VENTAS 15%",{"$f":"IFERROR(IF(Tabla_Consulta_desde_QuickBooks_Data_64_Bit_QRemote[[#This Row],[SalesOrderLineUnitOfMeasure]]=\"un\",Tabla_Consulta_desde_QuickBooks_Data_64_Bit_QRemote[[#This Row],[SalesOrderLineQuantity]],Tabla_Consulta_desde_QuickBooks_Data_64_Bit_QRemote[[#This Row],[SalesOrderLineQuantity]]/MID(Tabla_Consulta_desde_QuickBooks_Data_64_Bit_QRemote[[#This Row],[SalesOrderLineUnitOfMeasure]],2,2)),0)","v":6},{"$f":"IFERROR(IF(Tabla_Consulta_desde_QuickBooks_Data_64_Bit_QRemote[[#This Row],[SalesOrderLineUnitOfMeasure]]=\"un\",Tabla_Consulta_desde_QuickBooks_Data_64_Bit_QRemote[[#This Row],[SalesOrderLineInvoiced]],Tabla_Consulta_desde_QuickBooks_Data_64_Bit_QRemote[[#This Row],[SalesOrderLineInvoiced]]/MID(Tabla_Consulta_desde_QuickBooks_Data_64_Bit_QRemote[[#This Row],[SalesOrderLineUnitOfMeasure]],2,2)),0)","v":0},{"$f":"+Tabla_Consulta_desde_QuickBooks_Data_64_Bit_QRemote[[#This Row],[facturado]]-Tabla_Consulta_desde_QuickBooks_Data_64_Bit_QRemote[[#This Row],[pide]]","v":-6},{"$f":"IF(Tabla_Consulta_desde_QuickBooks_Data_64_Bit_QRemote[[#This Row],[diferecia]]=0,\"ok\",\"diferen\")","v":"diferen"},{"$f":"IFERROR(INDEX(um!A:C,MATCH(Tabla_Consulta_desde_QuickBooks_Data_64_Bit_QRemote[[#This Row],[SalesOrderLineItemRefFullName]],um!A:A,0),3),\"\")","v":"X12"},{"$f":"IFERROR(IF(OR(Tabla_Consulta_desde_QuickBooks_Data_64_Bit_QRemote[[#This Row],[SalesOrderLineUnitOfMeasure]]=\"UN\",Tabla_Consulta_desde_QuickBooks_Data_64_Bit_QRemote[[#This Row],[SalesOrderLineUnitOfMeasure]]=Tabla_Consulta_desde_QuickBooks_Data_64_Bit_QRemote[[#This Row],[U/M]]),\"\",\"ERROR\"),\"\")","v":""},{"$f":"+WEEKNUM(Tabla_Consulta_desde_QuickBooks_Data_64_Bit_QRemote[[#This Row],[TxnDate]])","v":23},{"$f":"+Tabla_Consulta_desde_QuickBooks_Data_64_Bit_QRemote[[#This Row],[SalesOrderLineRate]]*Tabla_Consulta_desde_QuickBooks_Data_64_Bit_QRemote[[#This Row],[SalesOrderLineInvoiced]]","v":0},{"$f":"+IFERROR(IF(Tabla_Consulta_desde_QuickBooks_Data_64_Bit_QRemote[[#This Row],[CustomerRefFullName]]=\"GRUVALCORP SA\",VLOOKUP(Tabla_Consulta_desde_QuickBooks_Data_64_Bit_QRemote[[#This Row],[SalesOrderLineItemRefFullName]],Hoja1!A:E,5,FALSE),\"\")*-Tabla_Consulta_desde_QuickBooks_Data_64_Bit_QRemote[[#This Row],[SalesOrderLineAmount]],\"\")","v":""},{"$f":"IF(COUNTIF(wms!E:E,Tabla_Consulta_desde_QuickBooks_Data_64_Bit_QRemote[[#This Row],[RefNumber]])>0,\"OK\",\"FALTA\")","v":"OK"}]
["2025-06-03","29108","CORPORACION FERNANDEZ CORPFERNANDEZ S.A.","LOCAL LAS TEJAS",6,"7862112521599","P.T:110214","SALSA AJÍ MANABA OLE 300G","Bodega Producto Terminado",24,"X12",2.19,52.56,"UNIDAD SALSA",0,383.28,440.77,"IVA EN VENTAS 15%",{"$f":"IFERROR(IF(Tabla_Consulta_desde_QuickBooks_Data_64_Bit_QRemote[[#This Row],[SalesOrderLineUnitOfMeasure]]=\"un\",Tabla_Consulta_desde_QuickBooks_Data_64_Bit_QRemote[[#This Row],[SalesOrderLineQuantity]],Tabla_Consulta_desde_QuickBooks_Data_64_Bit_QRemote[[#This Row],[SalesOrderLineQuantity]]/MID(Tabla_Consulta_desde_QuickBooks_Data_64_Bit_QRemote[[#This Row],[SalesOrderLineUnitOfMeasure]],2,2)),0)","v":2},{"$f":"IFERROR(IF(Tabla_Consulta_desde_QuickBooks_Data_64_Bit_QRemote[[#This Row],[SalesOrderLineUnitOfMeasure]]=\"un\",Tabla_Consulta_desde_QuickBooks_Data_64_Bit_QRemote[[#This Row],[SalesOrderLineInvoiced]],Tabla_Consulta_desde_QuickBooks_Data_64_Bit_QRemote[[#This Row],[SalesOrderLineInvoiced]]/MID(Tabla_Consulta_desde_QuickBooks_Data_64_Bit_QRemote[[#This Row],[SalesOrderLineUnitOfMeasure]],2,2)),0)","v":0},{"$f":"+Tabla_Consulta_desde_QuickBooks_Data_64_Bit_QRemote[[#This Row],[facturado]]-Tabla_Consulta_desde_QuickBooks_Data_64_Bit_QRemote[[#This Row],[pide]]","v":-2},{"$f":"IF(Tabla_Consulta_desde_QuickBooks_Data_64_Bit_QRemote[[#This Row],[diferecia]]=0,\"ok\",\"diferen\")","v":"diferen"},{"$f":"IFERROR(INDEX(um!A:C,MATCH(Tabla_Consulta_desde_QuickBooks_Data_64_Bit_QRemote[[#This Row],[SalesOrderLineItemRefFullName]],um!A:A,0),3),\"\")","v":"X12"},{"$f":"IFERROR(IF(OR(Tabla_Consulta_desde_QuickBooks_Data_64_Bit_QRemote[[#This Row],[SalesOrderLineUnitOfMeasure]]=\"UN\",Tabla_Consulta_desde_QuickBooks_Data_64_Bit_QRemote[[#This Row],[SalesOrderLineUnitOfMeasure]]=Tabla_Consulta_desde_QuickBooks_Data_64_Bit_QRemote[[#This Row],[U/M]]),\"\",\"ERROR\"),\"\")","v":""},{"$f":"+WEEKNUM(Tabla_Consulta_desde_QuickBooks_Data_64_Bit_QRemote[[#This Row],[TxnDate]])","v":23},{"$f":"+Tabla_Consulta_desde_QuickBooks_Data_64_Bit_QRemote[[#This Row],[SalesOrderLineRate]]*Tabla_Consulta_desde_QuickBooks_Data_64_Bit_QRemote[[#This Row],[SalesOrderLineInvoiced]]","v":0},{"$f":"+IFERROR(IF(Tabla_Consulta_desde_QuickBooks_Data_64_Bit_QRemote[[#This Row],[CustomerRefFullName]]=\"GRUVALCORP SA\",VLOOKUP(Tabla_Consulta_desde_QuickBooks_Data_64_Bit_QRemote[[#This Row],[SalesOrderLineItemRefFullName]],Hoja1!A:E,5,FALSE),\"\")*-Tabla_Consulta_desde_QuickBooks_Data_64_Bit_QRemote[[#This Row],[SalesOrderLineAmount]],\"\")","v":""},{"$f":"IF(COUNTIF(wms!E:E,Tabla_Consulta_desde_QuickBooks_Data_64_Bit_QRemote[[#This Row],[RefNumber]])>0,\"OK\",\"FALTA\")","v":"OK"}]
["2025-06-03","29108","CORPORACION FERNANDEZ CORPFERNANDEZ S.A.","LOCAL LAS TEJAS",7,"7862112523227","P.T:110313","SALSA BBQ WHISKY Y MIEL OLE 430G","Bodega Producto Terminado",12,"X12",2.35,28.2,"UNIDAD SALSA",0,383.28,440.77,"IVA EN VENTAS 15%",{"$f":"IFERROR(IF(Tabla_Consulta_desde_QuickBooks_Data_64_Bit_QRemote[[#This Row],[SalesOrderLineUnitOfMeasure]]=\"un\",Tabla_Consulta_desde_QuickBooks_Data_64_Bit_QRemote[[#This Row],[SalesOrderLineQuantity]],Tabla_Consulta_desde_QuickBooks_Data_64_Bit_QRemote[[#This Row],[SalesOrderLineQuantity]]/MID(Tabla_Consulta_desde_QuickBooks_Data_64_Bit_QRemote[[#This Row],[SalesOrderLineUnitOfMeasure]],2,2)),0)","v":1},{"$f":"IFERROR(IF(Tabla_Consulta_desde_QuickBooks_Data_64_Bit_QRemote[[#This Row],[SalesOrderLineUnitOfMeasure]]=\"un\",Tabla_Consulta_desde_QuickBooks_Data_64_Bit_QRemote[[#This Row],[SalesOrderLineInvoiced]],Tabla_Consulta_desde_QuickBooks_Data_64_Bit_QRemote[[#This Row],[SalesOrderLineInvoiced]]/MID(Tabla_Consulta_desde_QuickBooks_Data_64_Bit_QRemote[[#This Row],[SalesOrderLineUnitOfMeasure]],2,2)),0)","v":0},{"$f":"+Tabla_Consulta_desde_QuickBooks_Data_64_Bit_QRemote[[#This Row],[facturado]]-Tabla_Consulta_desde_QuickBooks_Data_64_Bit_QRemote[[#This Row],[pide]]","v":-1},{"$f":"IF(Tabla_Consulta_desde_QuickBooks_Data_64_Bit_QRemote[[#This Row],[diferecia]]=0,\"ok\",\"diferen\")","v":"diferen"},{"$f":"IFERROR(INDEX(um!A:C,MATCH(Tabla_Consulta_desde_QuickBooks_Data_64_Bit_QRemote[[#This Row],[SalesOrderLineItemRefFullName]],um!A:A,0),3),\"\")","v":"X12"},{"$f":"IFERROR(IF(OR(Tabla_Consulta_desde_QuickBooks_Data_64_Bit_QRemote[[#This Row],[SalesOrderLineUnitOfMeasure]]=\"UN\",Tabla_Consulta_desde_QuickBooks_Data_64_Bit_QRemote[[#This Row],[SalesOrderLineUnitOfMeasure]]=Tabla_Consulta_desde_QuickBooks_Data_64_Bit_QRemote[[#This Row],[U/M]]),\"\",\"ERROR\"),\"\")","v":""},{"$f":"+WEEKNUM(Tabla_Consulta_desde_QuickBooks_Data_64_Bit_QRemote[[#This Row],[TxnDate]])","v":23},{"$f":"+Tabla_Consulta_desde_QuickBooks_Data_64_Bit_QRemote[[#This Row],[SalesOrderLineRate]]*Tabla_Consulta_desde_QuickBooks_Data_64_Bit_QRemote[[#This Row],[SalesOrderLineInvoiced]]","v":0},{"$f":"+IFERROR(IF(Tabla_Consulta_desde_QuickBooks_Data_64_Bit_QRemote[[#This Row],[CustomerRefFullName]]=\"GRUVALCORP SA\",VLOOKUP(Tabla_Consulta_desde_QuickBooks_Data_64_Bit_QRemote[[#This Row],[SalesOrderLineItemRefFullName]],Hoja1!A:E,5,FALSE),\"\")*-Tabla_Consulta_desde_QuickBooks_Data_64_Bit_QRemote[[#This Row],[SalesOrderLineAmount]],\"\")","v":""},{"$f":"IF(COUNTIF(wms!E:E,Tabla_Consulta_desde_QuickBooks_Data_64_Bit_QRemote[[#This Row],[RefNumber]])>0,\"OK\",\"FALTA\")","v":"OK"}]
["2025-06-03","29108","CORPORACION FERNANDEZ CORPFERNANDEZ S.A.","LOCAL LAS TEJAS",8,"705424000116","P.T:110207","AJÍ CON MARACUYA OLE 185G","Bodega Producto Terminado",24,"X24",1.57,37.68,"UNIDAD SALSA",0,383.28,440.77,"IVA EN VENTAS 15%",{"$f":"IFERROR(IF(Tabla_Consulta_desde_QuickBooks_Data_64_Bit_QRemote[[#This Row],[SalesOrderLineUnitOfMeasure]]=\"un\",Tabla_Consulta_desde_QuickBooks_Data_64_Bit_QRemote[[#This Row],[SalesOrderLineQuantity]],Tabla_Consulta_desde_QuickBooks_Data_64_Bit_QRemote[[#This Row],[SalesOrderLineQuantity]]/MID(Tabla_Consulta_desde_QuickBooks_Data_64_Bit_QRemote[[#This Row],[SalesOrderLineUnitOfMeasure]],2,2)),0)","v":1},{"$f":"IFERROR(IF(Tabla_Consulta_desde_QuickBooks_Data_64_Bit_QRemote[[#This Row],[SalesOrderLineUnitOfMeasure]]=\"un\",Tabla_Consulta_desde_QuickBooks_Data_64_Bit_QRemote[[#This Row],[SalesOrderLineInvoiced]],Tabla_Consulta_desde_QuickBooks_Data_64_Bit_QRemote[[#This Row],[SalesOrderLineInvoiced]]/MID(Tabla_Consulta_desde_QuickBooks_Data_64_Bit_QRemote[[#This Row],[SalesOrderLineUnitOfMeasure]],2,2)),0)","v":0},{"$f":"+Tabla_Consulta_desde_QuickBooks_Data_64_Bit_QRemote[[#This Row],[facturado]]-Tabla_Consulta_desde_QuickBooks_Data_64_Bit_QRemote[[#This Row],[pide]]","v":-1},{"$f":"IF(Tabla_Consulta_desde_QuickBooks_Data_64_Bit_QRemote[[#This Row],[diferecia]]=0,\"ok\",\"diferen\")","v":"diferen"},{"$f":"IFERROR(INDEX(um!A:C,MATCH(Tabla_Consulta_desde_QuickBooks_Data_64_Bit_QRemote[[#This Row],[SalesOrderLineItemRefFullName]],um!A:A,0),3),\"\")","v":"X24"},{"$f":"IFERROR(IF(OR(Tabla_Consulta_desde_QuickBooks_Data_64_Bit_QRemote[[#This Row],[SalesOrderLineUnitOfMeasure]]=\"UN\",Tabla_Consulta_desde_QuickBooks_Data_64_Bit_QRemote[[#This Row],[SalesOrderLineUnitOfMeasure]]=Tabla_Consulta_desde_QuickBooks_Data_64_Bit_QRemote[[#This Row],[U/M]]),\"\",\"ERROR\"),\"\")","v":""},{"$f":"+WEEKNUM(Tabla_Consulta_desde_QuickBooks_Data_64_Bit_QRemote[[#This Row],[TxnDate]])","v":23},{"$f":"+Tabla_Consulta_desde_QuickBooks_Data_64_Bit_QRemote[[#This Row],[SalesOrderLineRate]]*Tabla_Consulta_desde_QuickBooks_Data_64_Bit_QRemote[[#This Row],[SalesOrderLineInvoiced]]","v":0},{"$f":"+IFERROR(IF(Tabla_Consulta_desde_QuickBooks_Data_64_Bit_QRemote[[#This Row],[CustomerRefFullName]]=\"GRUVALCORP SA\",VLOOKUP(Tabla_Consulta_desde_QuickBooks_Data_64_Bit_QRemote[[#This Row],[SalesOrderLineItemRefFullName]],Hoja1!A:E,5,FALSE),\"\")*-Tabla_Consulta_desde_QuickBooks_Data_64_Bit_QRemote[[#This Row],[SalesOrderLineAmount]],\"\")","v":""},{"$f":"IF(COUNTIF(wms!E:E,Tabla_Consulta_desde_QuickBooks_Data_64_Bit_QRemote[[#This Row],[RefNumber]])>0,\"OK\",\"FALTA\")","v":"OK"}]
["2025-06-03","29108","CORPORACION FERNANDEZ CORPFERNANDEZ S.A.","LOCAL LAS TEJAS",9,"7862112522183","P.T:110733","SALSA GUACAMOLE OLE 220G","Bodega Producto Terminado",12,"X12",1.72,20.64,"UNIDAD SALSA",0,383.28,440.77,"IVA EN VENTAS 15%",{"$f":"IFERROR(IF(Tabla_Consulta_desde_QuickBooks_Data_64_Bit_QRemote[[#This Row],[SalesOrderLineUnitOfMeasure]]=\"un\",Tabla_Consulta_desde_QuickBooks_Data_64_Bit_QRemote[[#This Row],[SalesOrderLineQuantity]],Tabla_Consulta_desde_QuickBooks_Data_64_Bit_QRemote[[#This Row],[SalesOrderLineQuantity]]/MID(Tabla_Consulta_desde_QuickBooks_Data_64_Bit_QRemote[[#This Row],[SalesOrderLineUnitOfMeasure]],2,2)),0)","v":1},{"$f":"IFERROR(IF(Tabla_Consulta_desde_QuickBooks_Data_64_Bit_QRemote[[#This Row],[SalesOrderLineUnitOfMeasure]]=\"un\",Tabla_Consulta_desde_QuickBooks_Data_64_Bit_QRemote[[#This Row],[SalesOrderLineInvoiced]],Tabla_Consulta_desde_QuickBooks_Data_64_Bit_QRemote[[#This Row],[SalesOrderLineInvoiced]]/MID(Tabla_Consulta_desde_QuickBooks_Data_64_Bit_QRemote[[#This Row],[SalesOrderLineUnitOfMeasure]],2,2)),0)","v":0},{"$f":"+Tabla_Consulta_desde_QuickBooks_Data_64_Bit_QRemote[[#This Row],[facturado]]-Tabla_Consulta_desde_QuickBooks_Data_64_Bit_QRemote[[#This Row],[pide]]","v":-1},{"$f":"IF(Tabla_Consulta_desde_QuickBooks_Data_64_Bit_QRemote[[#This Row],[diferecia]]=0,\"ok\",\"diferen\")","v":"diferen"},{"$f":"IFERROR(INDEX(um!A:C,MATCH(Tabla_Consulta_desde_QuickBooks_Data_64_Bit_QRemote[[#This Row],[SalesOrderLineItemRefFullName]],um!A:A,0),3),\"\")","v":"X12"},{"$f":"IFERROR(IF(OR(Tabla_Consulta_desde_QuickBooks_Data_64_Bit_QRemote[[#This Row],[SalesOrderLineUnitOfMeasure]]=\"UN\",Tabla_Consulta_desde_QuickBooks_Data_64_Bit_QRemote[[#This Row],[SalesOrderLineUnitOfMeasure]]=Tabla_Consulta_desde_QuickBooks_Data_64_Bit_QRemote[[#This Row],[U/M]]),\"\",\"ERROR\"),\"\")","v":""},{"$f":"+WEEKNUM(Tabla_Consulta_desde_QuickBooks_Data_64_Bit_QRemote[[#This Row],[TxnDate]])","v":23},{"$f":"+Tabla_Consulta_desde_QuickBooks_Data_64_Bit_QRemote[[#This Row],[SalesOrderLineRate]]*Tabla_Consulta_desde_QuickBooks_Data_64_Bit_QRemote[[#This Row],[SalesOrderLineInvoiced]]","v":0},{"$f":"+IFERROR(IF(Tabla_Consulta_desde_QuickBooks_Data_64_Bit_QRemote[[#This Row],[CustomerRefFullName]]=\"GRUVALCORP SA\",VLOOKUP(Tabla_Consulta_desde_QuickBooks_Data_64_Bit_QRemote[[#This Row],[SalesOrderLineItemRefFullName]],Hoja1!A:E,5,FALSE),\"\")*-Tabla_Consulta_desde_QuickBooks_Data_64_Bit_QRemote[[#This Row],[SalesOrderLineAmount]],\"\")","v":""},{"$f":"IF(COUNTIF(wms!E:E,Tabla_Consulta_desde_QuickBooks_Data_64_Bit_QRemote[[#This Row],[RefNumber]])>0,\"OK\",\"FALTA\")","v":"OK"}]
["2025-06-03","29108","CORPORACION FERNANDEZ CORPFERNANDEZ S.A.","LOCAL LAS TEJAS",10,"7862112522527","P.T:110803","SALSA GUACAMOLE ORIGINAL OLE DP 200G","Bodega Producto Terminado",12,"X12",1.4,16.8,"UNIDAD SALSA",0,383.28,440.77,"IVA EN VENTAS 15%",{"$f":"IFERROR(IF(Tabla_Consulta_desde_QuickBooks_Data_64_Bit_QRemote[[#This Row],[SalesOrderLineUnitOfMeasure]]=\"un\",Tabla_Consulta_desde_QuickBooks_Data_64_Bit_QRemote[[#This Row],[SalesOrderLineQuantity]],Tabla_Consulta_desde_QuickBooks_Data_64_Bit_QRemote[[#This Row],[SalesOrderLineQuantity]]/MID(Tabla_Consulta_desde_QuickBooks_Data_64_Bit_QRemote[[#This Row],[SalesOrderLineUnitOfMeasure]],2,2)),0)","v":1},{"$f":"IFERROR(IF(Tabla_Consulta_desde_QuickBooks_Data_64_Bit_QRemote[[#This Row],[SalesOrderLineUnitOfMeasure]]=\"un\",Tabla_Consulta_desde_QuickBooks_Data_64_Bit_QRemote[[#This Row],[SalesOrderLineInvoiced]],Tabla_Consulta_desde_QuickBooks_Data_64_Bit_QRemote[[#This Row],[SalesOrderLineInvoiced]]/MID(Tabla_Consulta_desde_QuickBooks_Data_64_Bit_QRemote[[#This Row],[SalesOrderLineUnitOfMeasure]],2,2)),0)","v":0},{"$f":"+Tabla_Consulta_desde_QuickBooks_Data_64_Bit_QRemote[[#This Row],[facturado]]-Tabla_Consulta_desde_QuickBooks_Data_64_Bit_QRemote[[#This Row],[pide]]","v":-1},{"$f":"IF(Tabla_Consulta_desde_QuickBooks_Data_64_Bit_QRemote[[#This Row],[diferecia]]=0,\"ok\",\"diferen\")","v":"diferen"},{"$f":"IFERROR(INDEX(um!A:C,MATCH(Tabla_Consulta_desde_QuickBooks_Data_64_Bit_QRemote[[#This Row],[SalesOrderLineItemRefFullName]],um!A:A,0),3),\"\")","v":"X12"},{"$f":"IFERROR(IF(OR(Tabla_Consulta_desde_QuickBooks_Data_64_Bit_QRemote[[#This Row],[SalesOrderLineUnitOfMeasure]]=\"UN\",Tabla_Consulta_desde_QuickBooks_Data_64_Bit_QRemote[[#This Row],[SalesOrderLineUnitOfMeasure]]=Tabla_Consulta_desde_QuickBooks_Data_64_Bit_QRemote[[#This Row],[U/M]]),\"\",\"ERROR\"),\"\")","v":""},{"$f":"+WEEKNUM(Tabla_Consulta_desde_QuickBooks_Data_64_Bit_QRemote[[#This Row],[TxnDate]])","v":23},{"$f":"+Tabla_Consulta_desde_QuickBooks_Data_64_Bit_QRemote[[#This Row],[SalesOrderLineRate]]*Tabla_Consulta_desde_QuickBooks_Data_64_Bit_QRemote[[#This Row],[SalesOrderLineInvoiced]]","v":0},{"$f":"+IFERROR(IF(Tabla_Consulta_desde_QuickBooks_Data_64_Bit_QRemote[[#This Row],[CustomerRefFullName]]=\"GRUVALCORP SA\",VLOOKUP(Tabla_Consulta_desde_QuickBooks_Data_64_Bit_QRemote[[#This Row],[SalesOrderLineItemRefFullName]],Hoja1!A:E,5,FALSE),\"\")*-Tabla_Consulta_desde_QuickBooks_Data_64_Bit_QRemote[[#This Row],[SalesOrderLineAmount]],\"\")","v":""},{"$f":"IF(COUNTIF(wms!E:E,Tabla_Consulta_desde_QuickBooks_Data_64_Bit_QRemote[[#This Row],[RefNumber]])>0,\"OK\",\"FALTA\")","v":"OK"}]
["2025-06-03","29108","CORPORACION FERNANDEZ CORPFERNANDEZ S.A.","LOCAL LAS TEJAS",11,null,"INFOADICIONAL","LOCAL LAS TEJAS",null,null,null,0,0,null,0,383.28,440.77,"IVA EN VENTAS 15%",{"$f":"IFERROR(IF(Tabla_Consulta_desde_QuickBooks_Data_64_Bit_QRemote[[#This Row],[SalesOrderLineUnitOfMeasure]]=\"un\",Tabla_Consulta_desde_QuickBooks_Data_64_Bit_QRemote[[#This Row],[SalesOrderLineQuantity]],Tabla_Consulta_desde_QuickBooks_Data_64_Bit_QRemote[[#This Row],[SalesOrderLineQuantity]]/MID(Tabla_Consulta_desde_QuickBooks_Data_64_Bit_QRemote[[#This Row],[SalesOrderLineUnitOfMeasure]],2,2)),0)","v":0},{"$f":"IFERROR(IF(Tabla_Consulta_desde_QuickBooks_Data_64_Bit_QRemote[[#This Row],[SalesOrderLineUnitOfMeasure]]=\"un\",Tabla_Consulta_desde_QuickBooks_Data_64_Bit_QRemote[[#This Row],[SalesOrderLineInvoiced]],Tabla_Consulta_desde_QuickBooks_Data_64_Bit_QRemote[[#This Row],[SalesOrderLineInvoiced]]/MID(Tabla_Consulta_desde_QuickBooks_Data_64_Bit_QRemote[[#This Row],[SalesOrderLineUnitOfMeasure]],2,2)),0)","v":0},{"$f":"+Tabla_Consulta_desde_QuickBooks_Data_64_Bit_QRemote[[#This Row],[facturado]]-Tabla_Consulta_desde_QuickBooks_Data_64_Bit_QRemote[[#This Row],[pide]]","v":0},{"$f":"IF(Tabla_Consulta_desde_QuickBooks_Data_64_Bit_QRemote[[#This Row],[diferecia]]=0,\"ok\",\"diferen\")","v":"ok"},{"$f":"IFERROR(INDEX(um!A:C,MATCH(Tabla_Consulta_desde_QuickBooks_Data_64_Bit_QRemote[[#This Row],[SalesOrderLineItemRefFullName]],um!A:A,0),3),\"\")","v":""},{"$f":"IFERROR(IF(OR(Tabla_Consulta_desde_QuickBooks_Data_64_Bit_QRemote[[#This Row],[SalesOrderLineUnitOfMeasure]]=\"UN\",Tabla_Consulta_desde_QuickBooks_Data_64_Bit_QRemote[[#This Row],[SalesOrderLineUnitOfMeasure]]=Tabla_Consulta_desde_QuickBooks_Data_64_Bit_QRemote[[#This Row],[U/M]]),\"\",\"ERROR\"),\"\")","v":""},{"$f":"+WEEKNUM(Tabla_Consulta_desde_QuickBooks_Data_64_Bit_QRemote[[#This Row],[TxnDate]])","v":23},{"$f":"+Tabla_Consulta_desde_QuickBooks_Data_64_Bit_QRemote[[#This Row],[SalesOrderLineRate]]*Tabla_Consulta_desde_QuickBooks_Data_64_Bit_QRemote[[#This Row],[SalesOrderLineInvoiced]]","v":0},{"$f":"+IFERROR(IF(Tabla_Consulta_desde_QuickBooks_Data_64_Bit_QRemote[[#This Row],[CustomerRefFullName]]=\"GRUVALCORP SA\",VLOOKUP(Tabla_Consulta_desde_QuickBooks_Data_64_Bit_QRemote[[#This Row],[SalesOrderLineItemRefFullName]],Hoja1!A:E,5,FALSE),\"\")*-Tabla_Consulta_desde_QuickBooks_Data_64_Bit_QRemote[[#This Row],[SalesOrderLineAmount]],\"\")","v":""},{"$f":"IF(COUNTIF(wms!E:E,Tabla_Consulta_desde_QuickBooks_Data_64_Bit_QRemote[[#This Row],[RefNumber]])>0,\"OK\",\"FALTA\")","v":"OK"}]
["2025-06-02","29109","CORPORACION EL ROSADO S.A.","4615741702 CARAPUNGO",1,"7862112522855","PT:220138","TOTOPOS AJI MARACUYA OLE 120G","Bodega Producto Terminado",12,"X12",0.91,10.92,"UNIDAD SNCKS",12,10.92,12.56,"IVA EN VENTAS 15%",{"$f":"IFERROR(IF(Tabla_Consulta_desde_QuickBooks_Data_64_Bit_QRemote[[#This Row],[SalesOrderLineUnitOfMeasure]]=\"un\",Tabla_Consulta_desde_QuickBooks_Data_64_Bit_QRemote[[#This Row],[SalesOrderLineQuantity]],Tabla_Consulta_desde_QuickBooks_Data_64_Bit_QRemote[[#This Row],[SalesOrderLineQuantity]]/MID(Tabla_Consulta_desde_QuickBooks_Data_64_Bit_QRemote[[#This Row],[SalesOrderLineUnitOfMeasure]],2,2)),0)","v":1},{"$f":"IFERROR(IF(Tabla_Consulta_desde_QuickBooks_Data_64_Bit_QRemote[[#This Row],[SalesOrderLineUnitOfMeasure]]=\"un\",Tabla_Consulta_desde_QuickBooks_Data_64_Bit_QRemote[[#This Row],[SalesOrderLineInvoiced]],Tabla_Consulta_desde_QuickBooks_Data_64_Bit_QRemote[[#This Row],[SalesOrderLineInvoiced]]/MID(Tabla_Consulta_desde_QuickBooks_Data_64_Bit_QRemote[[#This Row],[SalesOrderLineUnitOfMeasure]],2,2)),0)","v":1},{"$f":"+Tabla_Consulta_desde_QuickBooks_Data_64_Bit_QRemote[[#This Row],[facturado]]-Tabla_Consulta_desde_QuickBooks_Data_64_Bit_QRemote[[#This Row],[pide]]","v":0},{"$f":"IF(Tabla_Consulta_desde_QuickBooks_Data_64_Bit_QRemote[[#This Row],[diferecia]]=0,\"ok\",\"diferen\")","v":"ok"},{"$f":"IFERROR(INDEX(um!A:C,MATCH(Tabla_Consulta_desde_QuickBooks_Data_64_Bit_QRemote[[#This Row],[SalesOrderLineItemRefFullName]],um!A:A,0),3),\"\")","v":"X12"},{"$f":"IFERROR(IF(OR(Tabla_Consulta_desde_QuickBooks_Data_64_Bit_QRemote[[#This Row],[SalesOrderLineUnitOfMeasure]]=\"UN\",Tabla_Consulta_desde_QuickBooks_Data_64_Bit_QRemote[[#This Row],[SalesOrderLineUnitOfMeasure]]=Tabla_Consulta_desde_QuickBooks_Data_64_Bit_QRemote[[#This Row],[U/M]]),\"\",\"ERROR\"),\"\")","v":""},{"$f":"+WEEKNUM(Tabla_Consulta_desde_QuickBooks_Data_64_Bit_QRemote[[#This Row],[TxnDate]])","v":23},{"$f":"+Tabla_Consulta_desde_QuickBooks_Data_64_Bit_QRemote[[#This Row],[SalesOrderLineRate]]*Tabla_Consulta_desde_QuickBooks_Data_64_Bit_QRemote[[#This Row],[SalesOrderLineInvoiced]]","v":10.92},{"$f":"+IFERROR(IF(Tabla_Consulta_desde_QuickBooks_Data_64_Bit_QRemote[[#This Row],[CustomerRefFullName]]=\"GRUVALCORP SA\",VLOOKUP(Tabla_Consulta_desde_QuickBooks_Data_64_Bit_QRemote[[#This Row],[SalesOrderLineItemRefFullName]],Hoja1!A:E,5,FALSE),\"\")*-Tabla_Consulta_desde_QuickBooks_Data_64_Bit_QRemote[[#This Row],[SalesOrderLineAmount]],\"\")","v":""},{"$f":"IF(COUNTIF(wms!E:E,Tabla_Consulta_desde_QuickBooks_Data_64_Bit_QRemote[[#This Row],[RefNumber]])>0,\"OK\",\"FALTA\")","v":"OK"}]
["2025-06-02","29109","CORPORACION EL ROSADO S.A.","4615741702 CARAPUNGO",2,null,"INFOADICIONAL","4615741702 CARAPUNGO",null,null,null,0,0,null,1,10.92,12.56,"IVA EN VENTAS 15%",{"$f":"IFERROR(IF(Tabla_Consulta_desde_QuickBooks_Data_64_Bit_QRemote[[#This Row],[SalesOrderLineUnitOfMeasure]]=\"un\",Tabla_Consulta_desde_QuickBooks_Data_64_Bit_QRemote[[#This Row],[SalesOrderLineQuantity]],Tabla_Consulta_desde_QuickBooks_Data_64_Bit_QRemote[[#This Row],[SalesOrderLineQuantity]]/MID(Tabla_Consulta_desde_QuickBooks_Data_64_Bit_QRemote[[#This Row],[SalesOrderLineUnitOfMeasure]],2,2)),0)","v":0},{"$f":"IFERROR(IF(Tabla_Consulta_desde_QuickBooks_Data_64_Bit_QRemote[[#This Row],[SalesOrderLineUnitOfMeasure]]=\"un\",Tabla_Consulta_desde_QuickBooks_Data_64_Bit_QRemote[[#This Row],[SalesOrderLineInvoiced]],Tabla_Consulta_desde_QuickBooks_Data_64_Bit_QRemote[[#This Row],[SalesOrderLineInvoiced]]/MID(Tabla_Consulta_desde_QuickBooks_Data_64_Bit_QRemote[[#This Row],[SalesOrderLineUnitOfMeasure]],2,2)),0)","v":0},{"$f":"+Tabla_Consulta_desde_QuickBooks_Data_64_Bit_QRemote[[#This Row],[facturado]]-Tabla_Consulta_desde_QuickBooks_Data_64_Bit_QRemote[[#This Row],[pide]]","v":0},{"$f":"IF(Tabla_Consulta_desde_QuickBooks_Data_64_Bit_QRemote[[#This Row],[diferecia]]=0,\"ok\",\"diferen\")","v":"ok"},{"$f":"IFERROR(INDEX(um!A:C,MATCH(Tabla_Consulta_desde_QuickBooks_Data_64_Bit_QRemote[[#This Row],[SalesOrderLineItemRefFullName]],um!A:A,0),3),\"\")","v":""},{"$f":"IFERROR(IF(OR(Tabla_Consulta_desde_QuickBooks_Data_64_Bit_QRemote[[#This Row],[SalesOrderLineUnitOfMeasure]]=\"UN\",Tabla_Consulta_desde_QuickBooks_Data_64_Bit_QRemote[[#This Row],[SalesOrderLineUnitOfMeasure]]=Tabla_Consulta_desde_QuickBooks_Data_64_Bit_QRemote[[#This Row],[U/M]]),\"\",\"ERROR\"),\"\")","v":""},{"$f":"+WEEKNUM(Tabla_Consulta_desde_QuickBooks_Data_64_Bit_QRemote[[#This Row],[TxnDate]])","v":23},{"$f":"+Tabla_Consulta_desde_QuickBooks_Data_64_Bit_QRemote[[#This Row],[SalesOrderLineRate]]*Tabla_Consulta_desde_QuickBooks_Data_64_Bit_QRemote[[#This Row],[SalesOrderLineInvoiced]]","v":0},{"$f":"+IFERROR(IF(Tabla_Consulta_desde_QuickBooks_Data_64_Bit_QRemote[[#This Row],[CustomerRefFullName]]=\"GRUVALCORP SA\",VLOOKUP(Tabla_Consulta_desde_QuickBooks_Data_64_Bit_QRemote[[#This Row],[SalesOrderLineItemRefFullName]],Hoja1!A:E,5,FALSE),\"\")*-Tabla_Consulta_desde_QuickBooks_Data_64_Bit_QRemote[[#This Row],[SalesOrderLineAmount]],\"\")","v":""},{"$f":"IF(COUNTIF(wms!E:E,Tabla_Consulta_desde_QuickBooks_Data_64_Bit_QRemote[[#This Row],[RefNumber]])>0,\"OK\",\"FALTA\")","v":"OK"}]
["2025-06-02","29110","CORPORACION EL ROSADO S.A.","4615742202 BODEGA ONLINE",1,"7862112520301","P.T:110700","CHIMICHURRI OLE 230G","Bodega Producto Terminado",12,"X12",2.2599999999999998,27.12,"UNIDAD SALSA",12,37.880000000000003,43.56,"IVA EN VENTAS 15%",{"$f":"IFERROR(IF(Tabla_Consulta_desde_QuickBooks_Data_64_Bit_QRemote[[#This Row],[SalesOrderLineUnitOfMeasure]]=\"un\",Tabla_Consulta_desde_QuickBooks_Data_64_Bit_QRemote[[#This Row],[SalesOrderLineQuantity]],Tabla_Consulta_desde_QuickBooks_Data_64_Bit_QRemote[[#This Row],[SalesOrderLineQuantity]]/MID(Tabla_Consulta_desde_QuickBooks_Data_64_Bit_QRemote[[#This Row],[SalesOrderLineUnitOfMeasure]],2,2)),0)","v":1},{"$f":"IFERROR(IF(Tabla_Consulta_desde_QuickBooks_Data_64_Bit_QRemote[[#This Row],[SalesOrderLineUnitOfMeasure]]=\"un\",Tabla_Consulta_desde_QuickBooks_Data_64_Bit_QRemote[[#This Row],[SalesOrderLineInvoiced]],Tabla_Consulta_desde_QuickBooks_Data_64_Bit_QRemote[[#This Row],[SalesOrderLineInvoiced]]/MID(Tabla_Consulta_desde_QuickBooks_Data_64_Bit_QRemote[[#This Row],[SalesOrderLineUnitOfMeasure]],2,2)),0)","v":1},{"$f":"+Tabla_Consulta_desde_QuickBooks_Data_64_Bit_QRemote[[#This Row],[facturado]]-Tabla_Consulta_desde_QuickBooks_Data_64_Bit_QRemote[[#This Row],[pide]]","v":0},{"$f":"IF(Tabla_Consulta_desde_QuickBooks_Data_64_Bit_QRemote[[#This Row],[diferecia]]=0,\"ok\",\"diferen\")","v":"ok"},{"$f":"IFERROR(INDEX(um!A:C,MATCH(Tabla_Consulta_desde_QuickBooks_Data_64_Bit_QRemote[[#This Row],[SalesOrderLineItemRefFullName]],um!A:A,0),3),\"\")","v":"X12"},{"$f":"IFERROR(IF(OR(Tabla_Consulta_desde_QuickBooks_Data_64_Bit_QRemote[[#This Row],[SalesOrderLineUnitOfMeasure]]=\"UN\",Tabla_Consulta_desde_QuickBooks_Data_64_Bit_QRemote[[#This Row],[SalesOrderLineUnitOfMeasure]]=Tabla_Consulta_desde_QuickBooks_Data_64_Bit_QRemote[[#This Row],[U/M]]),\"\",\"ERROR\"),\"\")","v":""},{"$f":"+WEEKNUM(Tabla_Consulta_desde_QuickBooks_Data_64_Bit_QRemote[[#This Row],[TxnDate]])","v":23},{"$f":"+Tabla_Consulta_desde_QuickBooks_Data_64_Bit_QRemote[[#This Row],[SalesOrderLineRate]]*Tabla_Consulta_desde_QuickBooks_Data_64_Bit_QRemote[[#This Row],[SalesOrderLineInvoiced]]","v":27.119999999999997},{"$f":"+IFERROR(IF(Tabla_Consulta_desde_QuickBooks_Data_64_Bit_QRemote[[#This Row],[CustomerRefFullName]]=\"GRUVALCORP SA\",VLOOKUP(Tabla_Consulta_desde_QuickBooks_Data_64_Bit_QRemote[[#This Row],[SalesOrderLineItemRefFullName]],Hoja1!A:E,5,FALSE),\"\")*-Tabla_Consulta_desde_QuickBooks_Data_64_Bit_QRemote[[#This Row],[SalesOrderLineAmount]],\"\")","v":""},{"$f":"IF(COUNTIF(wms!E:E,Tabla_Consulta_desde_QuickBooks_Data_64_Bit_QRemote[[#This Row],[RefNumber]])>0,\"OK\",\"FALTA\")","v":"OK"}]
["2025-06-02","29110","CORPORACION EL ROSADO S.A.","4615742202 BODEGA ONLINE",2,"7862112520509","P.T:110606","JALAPEÑO ROJOS Y VERDES AGRIDULCES OLE 250G","Bodega Producto Terminado",12,"X12",1.68,20.16,"UNIDAD SALSA",12,37.880000000000003,43.56,"IVA EN VENTAS 15%",{"$f":"IFERROR(IF(Tabla_Consulta_desde_QuickBooks_Data_64_Bit_QRemote[[#This Row],[SalesOrderLineUnitOfMeasure]]=\"un\",Tabla_Consulta_desde_QuickBooks_Data_64_Bit_QRemote[[#This Row],[SalesOrderLineQuantity]],Tabla_Consulta_desde_QuickBooks_Data_64_Bit_QRemote[[#This Row],[SalesOrderLineQuantity]]/MID(Tabla_Consulta_desde_QuickBooks_Data_64_Bit_QRemote[[#This Row],[SalesOrderLineUnitOfMeasure]],2,2)),0)","v":1},{"$f":"IFERROR(IF(Tabla_Consulta_desde_QuickBooks_Data_64_Bit_QRemote[[#This Row],[SalesOrderLineUnitOfMeasure]]=\"un\",Tabla_Consulta_desde_QuickBooks_Data_64_Bit_QRemote[[#This Row],[SalesOrderLineInvoiced]],Tabla_Consulta_desde_QuickBooks_Data_64_Bit_QRemote[[#This Row],[SalesOrderLineInvoiced]]/MID(Tabla_Consulta_desde_QuickBooks_Data_64_Bit_QRemote[[#This Row],[SalesOrderLineUnitOfMeasure]],2,2)),0)","v":1},{"$f":"+Tabla_Consulta_desde_QuickBooks_Data_64_Bit_QRemote[[#This Row],[facturado]]-Tabla_Consulta_desde_QuickBooks_Data_64_Bit_QRemote[[#This Row],[pide]]","v":0},{"$f":"IF(Tabla_Consulta_desde_QuickBooks_Data_64_Bit_QRemote[[#This Row],[diferecia]]=0,\"ok\",\"diferen\")","v":"ok"},{"$f":"IFERROR(INDEX(um!A:C,MATCH(Tabla_Consulta_desde_QuickBooks_Data_64_Bit_QRemote[[#This Row],[SalesOrderLineItemRefFullName]],um!A:A,0),3),\"\")","v":"X12"},{"$f":"IFERROR(IF(OR(Tabla_Consulta_desde_QuickBooks_Data_64_Bit_QRemote[[#This Row],[SalesOrderLineUnitOfMeasure]]=\"UN\",Tabla_Consulta_desde_QuickBooks_Data_64_Bit_QRemote[[#This Row],[SalesOrderLineUnitOfMeasure]]=Tabla_Consulta_desde_QuickBooks_Data_64_Bit_QRemote[[#This Row],[U/M]]),\"\",\"ERROR\"),\"\")","v":""},{"$f":"+WEEKNUM(Tabla_Consulta_desde_QuickBooks_Data_64_Bit_QRemote[[#This Row],[TxnDate]])","v":23},{"$f":"+Tabla_Consulta_desde_QuickBooks_Data_64_Bit_QRemote[[#This Row],[SalesOrderLineRate]]*Tabla_Consulta_desde_QuickBooks_Data_64_Bit_QRemote[[#This Row],[SalesOrderLineInvoiced]]","v":20.16},{"$f":"+IFERROR(IF(Tabla_Consulta_desde_QuickBooks_Data_64_Bit_QRemote[[#This Row],[CustomerRefFullName]]=\"GRUVALCORP SA\",VLOOKUP(Tabla_Consulta_desde_QuickBooks_Data_64_Bit_QRemote[[#This Row],[SalesOrderLineItemRefFullName]],Hoja1!A:E,5,FALSE),\"\")*-Tabla_Consulta_desde_QuickBooks_Data_64_Bit_QRemote[[#This Row],[SalesOrderLineAmount]],\"\")","v":""},{"$f":"IF(COUNTIF(wms!E:E,Tabla_Consulta_desde_QuickBooks_Data_64_Bit_QRemote[[#This Row],[RefNumber]])>0,\"OK\",\"FALTA\")","v":"OK"}]
["2025-06-02","29110","CORPORACION EL ROSADO S.A.","4615742202 BODEGA ONLINE",3,null,"Desc. Ventas SLS:110700","CHIMICHURRI OLE 230G",null,null,null,-6.78,-6.78,null,1,37.880000000000003,43.56,"IVA EN VENTAS 15%",{"$f":"IFERROR(IF(Tabla_Consulta_desde_QuickBooks_Data_64_Bit_QRemote[[#This Row],[SalesOrderLineUnitOfMeasure]]=\"un\",Tabla_Consulta_desde_QuickBooks_Data_64_Bit_QRemote[[#This Row],[SalesOrderLineQuantity]],Tabla_Consulta_desde_QuickBooks_Data_64_Bit_QRemote[[#This Row],[SalesOrderLineQuantity]]/MID(Tabla_Consulta_desde_QuickBooks_Data_64_Bit_QRemote[[#This Row],[SalesOrderLineUnitOfMeasure]],2,2)),0)","v":0},{"$f":"IFERROR(IF(Tabla_Consulta_desde_QuickBooks_Data_64_Bit_QRemote[[#This Row],[SalesOrderLineUnitOfMeasure]]=\"un\",Tabla_Consulta_desde_QuickBooks_Data_64_Bit_QRemote[[#This Row],[SalesOrderLineInvoiced]],Tabla_Consulta_desde_QuickBooks_Data_64_Bit_QRemote[[#This Row],[SalesOrderLineInvoiced]]/MID(Tabla_Consulta_desde_QuickBooks_Data_64_Bit_QRemote[[#This Row],[SalesOrderLineUnitOfMeasure]],2,2)),0)","v":0},{"$f":"+Tabla_Consulta_desde_QuickBooks_Data_64_Bit_QRemote[[#This Row],[facturado]]-Tabla_Consulta_desde_QuickBooks_Data_64_Bit_QRemote[[#This Row],[pide]]","v":0},{"$f":"IF(Tabla_Consulta_desde_QuickBooks_Data_64_Bit_QRemote[[#This Row],[diferecia]]=0,\"ok\",\"diferen\")","v":"ok"},{"$f":"IFERROR(INDEX(um!A:C,MATCH(Tabla_Consulta_desde_QuickBooks_Data_64_Bit_QRemote[[#This Row],[SalesOrderLineItemRefFullName]],um!A:A,0),3),\"\")","v":""},{"$f":"IFERROR(IF(OR(Tabla_Consulta_desde_QuickBooks_Data_64_Bit_QRemote[[#This Row],[SalesOrderLineUnitOfMeasure]]=\"UN\",Tabla_Consulta_desde_QuickBooks_Data_64_Bit_QRemote[[#This Row],[SalesOrderLineUnitOfMeasure]]=Tabla_Consulta_desde_QuickBooks_Data_64_Bit_QRemote[[#This Row],[U/M]]),\"\",\"ERROR\"),\"\")","v":""},{"$f":"+WEEKNUM(Tabla_Consulta_desde_QuickBooks_Data_64_Bit_QRemote[[#This Row],[TxnDate]])","v":23},{"$f":"+Tabla_Consulta_desde_QuickBooks_Data_64_Bit_QRemote[[#This Row],[SalesOrderLineRate]]*Tabla_Consulta_desde_QuickBooks_Data_64_Bit_QRemote[[#This Row],[SalesOrderLineInvoiced]]","v":-6.78},{"$f":"+IFERROR(IF(Tabla_Consulta_desde_QuickBooks_Data_64_Bit_QRemote[[#This Row],[CustomerRefFullName]]=\"GRUVALCORP SA\",VLOOKUP(Tabla_Consulta_desde_QuickBooks_Data_64_Bit_QRemote[[#This Row],[SalesOrderLineItemRefFullName]],Hoja1!A:E,5,FALSE),\"\")*-Tabla_Consulta_desde_QuickBooks_Data_64_Bit_QRemote[[#This Row],[SalesOrderLineAmount]],\"\")","v":""},{"$f":"IF(COUNTIF(wms!E:E,Tabla_Consulta_desde_QuickBooks_Data_64_Bit_QRemote[[#This Row],[RefNumber]])>0,\"OK\",\"FALTA\")","v":"OK"}]
["2025-06-02","29110","CORPORACION EL ROSADO S.A.","4615742202 BODEGA ONLINE",4,null,"Desc. Ventas SLS:110606","JALAPEÑO ROJOS Y VERDES AGRIDULCES OLE 250G",null,null,null,-2.62,-2.62,null,1,37.880000000000003,43.56,"IVA EN VENTAS 15%",{"$f":"IFERROR(IF(Tabla_Consulta_desde_QuickBooks_Data_64_Bit_QRemote[[#This Row],[SalesOrderLineUnitOfMeasure]]=\"un\",Tabla_Consulta_desde_QuickBooks_Data_64_Bit_QRemote[[#This Row],[SalesOrderLineQuantity]],Tabla_Consulta_desde_QuickBooks_Data_64_Bit_QRemote[[#This Row],[SalesOrderLineQuantity]]/MID(Tabla_Consulta_desde_QuickBooks_Data_64_Bit_QRemote[[#This Row],[SalesOrderLineUnitOfMeasure]],2,2)),0)","v":0},{"$f":"IFERROR(IF(Tabla_Consulta_desde_QuickBooks_Data_64_Bit_QRemote[[#This Row],[SalesOrderLineUnitOfMeasure]]=\"un\",Tabla_Consulta_desde_QuickBooks_Data_64_Bit_QRemote[[#This Row],[SalesOrderLineInvoiced]],Tabla_Consulta_desde_QuickBooks_Data_64_Bit_QRemote[[#This Row],[SalesOrderLineInvoiced]]/MID(Tabla_Consulta_desde_QuickBooks_Data_64_Bit_QRemote[[#This Row],[SalesOrderLineUnitOfMeasure]],2,2)),0)","v":0},{"$f":"+Tabla_Consulta_desde_QuickBooks_Data_64_Bit_QRemote[[#This Row],[facturado]]-Tabla_Consulta_desde_QuickBooks_Data_64_Bit_QRemote[[#This Row],[pide]]","v":0},{"$f":"IF(Tabla_Consulta_desde_QuickBooks_Data_64_Bit_QRemote[[#This Row],[diferecia]]=0,\"ok\",\"diferen\")","v":"ok"},{"$f":"IFERROR(INDEX(um!A:C,MATCH(Tabla_Consulta_desde_QuickBooks_Data_64_Bit_QRemote[[#This Row],[SalesOrderLineItemRefFullName]],um!A:A,0),3),\"\")","v":""},{"$f":"IFERROR(IF(OR(Tabla_Consulta_desde_QuickBooks_Data_64_Bit_QRemote[[#This Row],[SalesOrderLineUnitOfMeasure]]=\"UN\",Tabla_Consulta_desde_QuickBooks_Data_64_Bit_QRemote[[#This Row],[SalesOrderLineUnitOfMeasure]]=Tabla_Consulta_desde_QuickBooks_Data_64_Bit_QRemote[[#This Row],[U/M]]),\"\",\"ERROR\"),\"\")","v":""},{"$f":"+WEEKNUM(Tabla_Consulta_desde_QuickBooks_Data_64_Bit_QRemote[[#This Row],[TxnDate]])","v":23},{"$f":"+Tabla_Consulta_desde_QuickBooks_Data_64_Bit_QRemote[[#This Row],[SalesOrderLineRate]]*Tabla_Consulta_desde_QuickBooks_Data_64_Bit_QRemote[[#This Row],[SalesOrderLineInvoiced]]","v":-2.62},{"$f":"+IFERROR(IF(Tabla_Consulta_desde_QuickBooks_Data_64_Bit_QRemote[[#This Row],[CustomerRefFullName]]=\"GRUVALCORP SA\",VLOOKUP(Tabla_Consulta_desde_QuickBooks_Data_64_Bit_QRemote[[#This Row],[SalesOrderLineItemRefFullName]],Hoja1!A:E,5,FALSE),\"\")*-Tabla_Consulta_desde_QuickBooks_Data_64_Bit_QRemote[[#This Row],[SalesOrderLineAmount]],\"\")","v":""},{"$f":"IF(COUNTIF(wms!E:E,Tabla_Consulta_desde_QuickBooks_Data_64_Bit_QRemote[[#This Row],[RefNumber]])>0,\"OK\",\"FALTA\")","v":"OK"}]
["2025-06-02","29110","CORPORACION EL ROSADO S.A.","4615742202 BODEGA ONLINE",5,null,"INFOADICIONAL","4615742202 BODEGA ONLINE",null,null,null,0,0,null,1,37.880000000000003,43.56,"IVA EN VENTAS 15%",{"$f":"IFERROR(IF(Tabla_Consulta_desde_QuickBooks_Data_64_Bit_QRemote[[#This Row],[SalesOrderLineUnitOfMeasure]]=\"un\",Tabla_Consulta_desde_QuickBooks_Data_64_Bit_QRemote[[#This Row],[SalesOrderLineQuantity]],Tabla_Consulta_desde_QuickBooks_Data_64_Bit_QRemote[[#This Row],[SalesOrderLineQuantity]]/MID(Tabla_Consulta_desde_QuickBooks_Data_64_Bit_QRemote[[#This Row],[SalesOrderLineUnitOfMeasure]],2,2)),0)","v":0},{"$f":"IFERROR(IF(Tabla_Consulta_desde_QuickBooks_Data_64_Bit_QRemote[[#This Row],[SalesOrderLineUnitOfMeasure]]=\"un\",Tabla_Consulta_desde_QuickBooks_Data_64_Bit_QRemote[[#This Row],[SalesOrderLineInvoiced]],Tabla_Consulta_desde_QuickBooks_Data_64_Bit_QRemote[[#This Row],[SalesOrderLineInvoiced]]/MID(Tabla_Consulta_desde_QuickBooks_Data_64_Bit_QRemote[[#This Row],[SalesOrderLineUnitOfMeasure]],2,2)),0)","v":0},{"$f":"+Tabla_Consulta_desde_QuickBooks_Data_64_Bit_QRemote[[#This Row],[facturado]]-Tabla_Consulta_desde_QuickBooks_Data_64_Bit_QRemote[[#This Row],[pide]]","v":0},{"$f":"IF(Tabla_Consulta_desde_QuickBooks_Data_64_Bit_QRemote[[#This Row],[diferecia]]=0,\"ok\",\"diferen\")","v":"ok"},{"$f":"IFERROR(INDEX(um!A:C,MATCH(Tabla_Consulta_desde_QuickBooks_Data_64_Bit_QRemote[[#This Row],[SalesOrderLineItemRefFullName]],um!A:A,0),3),\"\")","v":""},{"$f":"IFERROR(IF(OR(Tabla_Consulta_desde_QuickBooks_Data_64_Bit_QRemote[[#This Row],[SalesOrderLineUnitOfMeasure]]=\"UN\",Tabla_Consulta_desde_QuickBooks_Data_64_Bit_QRemote[[#This Row],[SalesOrderLineUnitOfMeasure]]=Tabla_Consulta_desde_QuickBooks_Data_64_Bit_QRemote[[#This Row],[U/M]]),\"\",\"ERROR\"),\"\")","v":""},{"$f":"+WEEKNUM(Tabla_Consulta_desde_QuickBooks_Data_64_Bit_QRemote[[#This Row],[TxnDate]])","v":23},{"$f":"+Tabla_Consulta_desde_QuickBooks_Data_64_Bit_QRemote[[#This Row],[SalesOrderLineRate]]*Tabla_Consulta_desde_QuickBooks_Data_64_Bit_QRemote[[#This Row],[SalesOrderLineInvoiced]]","v":0},{"$f":"+IFERROR(IF(Tabla_Consulta_desde_QuickBooks_Data_64_Bit_QRemote[[#This Row],[CustomerRefFullName]]=\"GRUVALCORP SA\",VLOOKUP(Tabla_Consulta_desde_QuickBooks_Data_64_Bit_QRemote[[#This Row],[SalesOrderLineItemRefFullName]],Hoja1!A:E,5,FALSE),\"\")*-Tabla_Consulta_desde_QuickBooks_Data_64_Bit_QRemote[[#This Row],[SalesOrderLineAmount]],\"\")","v":""},{"$f":"IF(COUNTIF(wms!E:E,Tabla_Consulta_desde_QuickBooks_Data_64_Bit_QRemote[[#This Row],[RefNumber]])>0,\"OK\",\"FALTA\")","v":"OK"}]
["2025-06-02","29111","CORPORACION EL ROSADO S.A.","4615742209 VILLAFLORA",1,"7862112521698","P.T:311407","VINAGRE DE MANZANA CON LA MADRE OLE 500ML","Bodega Producto Terminado",12,"X12",4.29,51.48,"UNIDAD SALSA",12,43.76,50.32,"IVA EN VENTAS 15%",{"$f":"IFERROR(IF(Tabla_Consulta_desde_QuickBooks_Data_64_Bit_QRemote[[#This Row],[SalesOrderLineUnitOfMeasure]]=\"un\",Tabla_Consulta_desde_QuickBooks_Data_64_Bit_QRemote[[#This Row],[SalesOrderLineQuantity]],Tabla_Consulta_desde_QuickBooks_Data_64_Bit_QRemote[[#This Row],[SalesOrderLineQuantity]]/MID(Tabla_Consulta_desde_QuickBooks_Data_64_Bit_QRemote[[#This Row],[SalesOrderLineUnitOfMeasure]],2,2)),0)","v":1},{"$f":"IFERROR(IF(Tabla_Consulta_desde_QuickBooks_Data_64_Bit_QRemote[[#This Row],[SalesOrderLineUnitOfMeasure]]=\"un\",Tabla_Consulta_desde_QuickBooks_Data_64_Bit_QRemote[[#This Row],[SalesOrderLineInvoiced]],Tabla_Consulta_desde_QuickBooks_Data_64_Bit_QRemote[[#This Row],[SalesOrderLineInvoiced]]/MID(Tabla_Consulta_desde_QuickBooks_Data_64_Bit_QRemote[[#This Row],[SalesOrderLineUnitOfMeasure]],2,2)),0)","v":1},{"$f":"+Tabla_Consulta_desde_QuickBooks_Data_64_Bit_QRemote[[#This Row],[facturado]]-Tabla_Consulta_desde_QuickBooks_Data_64_Bit_QRemote[[#This Row],[pide]]","v":0},{"$f":"IF(Tabla_Consulta_desde_QuickBooks_Data_64_Bit_QRemote[[#This Row],[diferecia]]=0,\"ok\",\"diferen\")","v":"ok"},{"$f":"IFERROR(INDEX(um!A:C,MATCH(Tabla_Consulta_desde_QuickBooks_Data_64_Bit_QRemote[[#This Row],[SalesOrderLineItemRefFullName]],um!A:A,0),3),\"\")","v":"X12"},{"$f":"IFERROR(IF(OR(Tabla_Consulta_desde_QuickBooks_Data_64_Bit_QRemote[[#This Row],[SalesOrderLineUnitOfMeasure]]=\"UN\",Tabla_Consulta_desde_QuickBooks_Data_64_Bit_QRemote[[#This Row],[SalesOrderLineUnitOfMeasure]]=Tabla_Consulta_desde_QuickBooks_Data_64_Bit_QRemote[[#This Row],[U/M]]),\"\",\"ERROR\"),\"\")","v":""},{"$f":"+WEEKNUM(Tabla_Consulta_desde_QuickBooks_Data_64_Bit_QRemote[[#This Row],[TxnDate]])","v":23},{"$f":"+Tabla_Consulta_desde_QuickBooks_Data_64_Bit_QRemote[[#This Row],[SalesOrderLineRate]]*Tabla_Consulta_desde_QuickBooks_Data_64_Bit_QRemote[[#This Row],[SalesOrderLineInvoiced]]","v":51.480000000000004},{"$f":"+IFERROR(IF(Tabla_Consulta_desde_QuickBooks_Data_64_Bit_QRemote[[#This Row],[CustomerRefFullName]]=\"GRUVALCORP SA\",VLOOKUP(Tabla_Consulta_desde_QuickBooks_Data_64_Bit_QRemote[[#This Row],[SalesOrderLineItemRefFullName]],Hoja1!A:E,5,FALSE),\"\")*-Tabla_Consulta_desde_QuickBooks_Data_64_Bit_QRemote[[#This Row],[SalesOrderLineAmount]],\"\")","v":""},{"$f":"IF(COUNTIF(wms!E:E,Tabla_Consulta_desde_QuickBooks_Data_64_Bit_QRemote[[#This Row],[RefNumber]])>0,\"OK\",\"FALTA\")","v":"OK"}]
["2025-06-02","29111","CORPORACION EL ROSADO S.A.","4615742209 VILLAFLORA",2,null,"Desc. Ventas COM:311407","VINAGRE DE MANZANA CON LA MADRE OLE 500ML",null,null,null,-7.72,-7.72,null,1,43.76,50.32,"IVA EN VENTAS 15%",{"$f":"IFERROR(IF(Tabla_Consulta_desde_QuickBooks_Data_64_Bit_QRemote[[#This Row],[SalesOrderLineUnitOfMeasure]]=\"un\",Tabla_Consulta_desde_QuickBooks_Data_64_Bit_QRemote[[#This Row],[SalesOrderLineQuantity]],Tabla_Consulta_desde_QuickBooks_Data_64_Bit_QRemote[[#This Row],[SalesOrderLineQuantity]]/MID(Tabla_Consulta_desde_QuickBooks_Data_64_Bit_QRemote[[#This Row],[SalesOrderLineUnitOfMeasure]],2,2)),0)","v":0},{"$f":"IFERROR(IF(Tabla_Consulta_desde_QuickBooks_Data_64_Bit_QRemote[[#This Row],[SalesOrderLineUnitOfMeasure]]=\"un\",Tabla_Consulta_desde_QuickBooks_Data_64_Bit_QRemote[[#This Row],[SalesOrderLineInvoiced]],Tabla_Consulta_desde_QuickBooks_Data_64_Bit_QRemote[[#This Row],[SalesOrderLineInvoiced]]/MID(Tabla_Consulta_desde_QuickBooks_Data_64_Bit_QRemote[[#This Row],[SalesOrderLineUnitOfMeasure]],2,2)),0)","v":0},{"$f":"+Tabla_Consulta_desde_QuickBooks_Data_64_Bit_QRemote[[#This Row],[facturado]]-Tabla_Consulta_desde_QuickBooks_Data_64_Bit_QRemote[[#This Row],[pide]]","v":0},{"$f":"IF(Tabla_Consulta_desde_QuickBooks_Data_64_Bit_QRemote[[#This Row],[diferecia]]=0,\"ok\",\"diferen\")","v":"ok"},{"$f":"IFERROR(INDEX(um!A:C,MATCH(Tabla_Consulta_desde_QuickBooks_Data_64_Bit_QRemote[[#This Row],[SalesOrderLineItemRefFullName]],um!A:A,0),3),\"\")","v":""},{"$f":"IFERROR(IF(OR(Tabla_Consulta_desde_QuickBooks_Data_64_Bit_QRemote[[#This Row],[SalesOrderLineUnitOfMeasure]]=\"UN\",Tabla_Consulta_desde_QuickBooks_Data_64_Bit_QRemote[[#This Row],[SalesOrderLineUnitOfMeasure]]=Tabla_Consulta_desde_QuickBooks_Data_64_Bit_QRemote[[#This Row],[U/M]]),\"\",\"ERROR\"),\"\")","v":""},{"$f":"+WEEKNUM(Tabla_Consulta_desde_QuickBooks_Data_64_Bit_QRemote[[#This Row],[TxnDate]])","v":23},{"$f":"+Tabla_Consulta_desde_QuickBooks_Data_64_Bit_QRemote[[#This Row],[SalesOrderLineRate]]*Tabla_Consulta_desde_QuickBooks_Data_64_Bit_QRemote[[#This Row],[SalesOrderLineInvoiced]]","v":-7.72},{"$f":"+IFERROR(IF(Tabla_Consulta_desde_QuickBooks_Data_64_Bit_QRemote[[#This Row],[CustomerRefFullName]]=\"GRUVALCORP SA\",VLOOKUP(Tabla_Consulta_desde_QuickBooks_Data_64_Bit_QRemote[[#This Row],[SalesOrderLineItemRefFullName]],Hoja1!A:E,5,FALSE),\"\")*-Tabla_Consulta_desde_QuickBooks_Data_64_Bit_QRemote[[#This Row],[SalesOrderLineAmount]],\"\")","v":""},{"$f":"IF(COUNTIF(wms!E:E,Tabla_Consulta_desde_QuickBooks_Data_64_Bit_QRemote[[#This Row],[RefNumber]])>0,\"OK\",\"FALTA\")","v":"OK"}]
["2025-06-02","29111","CORPORACION EL ROSADO S.A.","4615742209 VILLAFLORA",3,null,"INFOADICIONAL","4615742209 VILLAFLORA",null,null,null,0,0,null,1,43.76,50.32,"IVA EN VENTAS 15%",{"$f":"IFERROR(IF(Tabla_Consulta_desde_QuickBooks_Data_64_Bit_QRemote[[#This Row],[SalesOrderLineUnitOfMeasure]]=\"un\",Tabla_Consulta_desde_QuickBooks_Data_64_Bit_QRemote[[#This Row],[SalesOrderLineQuantity]],Tabla_Consulta_desde_QuickBooks_Data_64_Bit_QRemote[[#This Row],[SalesOrderLineQuantity]]/MID(Tabla_Consulta_desde_QuickBooks_Data_64_Bit_QRemote[[#This Row],[SalesOrderLineUnitOfMeasure]],2,2)),0)","v":0},{"$f":"IFERROR(IF(Tabla_Consulta_desde_QuickBooks_Data_64_Bit_QRemote[[#This Row],[SalesOrderLineUnitOfMeasure]]=\"un\",Tabla_Consulta_desde_QuickBooks_Data_64_Bit_QRemote[[#This Row],[SalesOrderLineInvoiced]],Tabla_Consulta_desde_QuickBooks_Data_64_Bit_QRemote[[#This Row],[SalesOrderLineInvoiced]]/MID(Tabla_Consulta_desde_QuickBooks_Data_64_Bit_QRemote[[#This Row],[SalesOrderLineUnitOfMeasure]],2,2)),0)","v":0},{"$f":"+Tabla_Consulta_desde_QuickBooks_Data_64_Bit_QRemote[[#This Row],[facturado]]-Tabla_Consulta_desde_QuickBooks_Data_64_Bit_QRemote[[#This Row],[pide]]","v":0},{"$f":"IF(Tabla_Consulta_desde_QuickBooks_Data_64_Bit_QRemote[[#This Row],[diferecia]]=0,\"ok\",\"diferen\")","v":"ok"},{"$f":"IFERROR(INDEX(um!A:C,MATCH(Tabla_Consulta_desde_QuickBooks_Data_64_Bit_QRemote[[#This Row],[SalesOrderLineItemRefFullName]],um!A:A,0),3),\"\")","v":""},{"$f":"IFERROR(IF(OR(Tabla_Consulta_desde_QuickBooks_Data_64_Bit_QRemote[[#This Row],[SalesOrderLineUnitOfMeasure]]=\"UN\",Tabla_Consulta_desde_QuickBooks_Data_64_Bit_QRemote[[#This Row],[SalesOrderLineUnitOfMeasure]]=Tabla_Consulta_desde_QuickBooks_Data_64_Bit_QRemote[[#This Row],[U/M]]),\"\",\"ERROR\"),\"\")","v":""},{"$f":"+WEEKNUM(Tabla_Consulta_desde_QuickBooks_Data_64_Bit_QRemote[[#This Row],[TxnDate]])","v":23},{"$f":"+Tabla_Consulta_desde_QuickBooks_Data_64_Bit_QRemote[[#This Row],[SalesOrderLineRate]]*Tabla_Consulta_desde_QuickBooks_Data_64_Bit_QRemote[[#This Row],[SalesOrderLineInvoiced]]","v":0},{"$f":"+IFERROR(IF(Tabla_Consulta_desde_QuickBooks_Data_64_Bit_QRemote[[#This Row],[CustomerRefFullName]]=\"GRUVALCORP SA\",VLOOKUP(Tabla_Consulta_desde_QuickBooks_Data_64_Bit_QRemote[[#This Row],[SalesOrderLineItemRefFullName]],Hoja1!A:E,5,FALSE),\"\")*-Tabla_Consulta_desde_QuickBooks_Data_64_Bit_QRemote[[#This Row],[SalesOrderLineAmount]],\"\")","v":""},{"$f":"IF(COUNTIF(wms!E:E,Tabla_Consulta_desde_QuickBooks_Data_64_Bit_QRemote[[#This Row],[RefNumber]])>0,\"OK\",\"FALTA\")","v":"OK"}]
["2025-06-02","29112","CORPORACION EL ROSADO S.A.","4615743309 6 DE DICIEMBRE",1,"7862112520301","P.T:110700","CHIMICHURRI OLE 230G","Bodega Producto Terminado",12,"X12",2.2599999999999998,27.12,"UNIDAD SALSA",12,291.18,334.86,"IVA EN VENTAS 15%",{"$f":"IFERROR(IF(Tabla_Consulta_desde_QuickBooks_Data_64_Bit_QRemote[[#This Row],[SalesOrderLineUnitOfMeasure]]=\"un\",Tabla_Consulta_desde_QuickBooks_Data_64_Bit_QRemote[[#This Row],[SalesOrderLineQuantity]],Tabla_Consulta_desde_QuickBooks_Data_64_Bit_QRemote[[#This Row],[SalesOrderLineQuantity]]/MID(Tabla_Consulta_desde_QuickBooks_Data_64_Bit_QRemote[[#This Row],[SalesOrderLineUnitOfMeasure]],2,2)),0)","v":1},{"$f":"IFERROR(IF(Tabla_Consulta_desde_QuickBooks_Data_64_Bit_QRemote[[#This Row],[SalesOrderLineUnitOfMeasure]]=\"un\",Tabla_Consulta_desde_QuickBooks_Data_64_Bit_QRemote[[#This Row],[SalesOrderLineInvoiced]],Tabla_Consulta_desde_QuickBooks_Data_64_Bit_QRemote[[#This Row],[SalesOrderLineInvoiced]]/MID(Tabla_Consulta_desde_QuickBooks_Data_64_Bit_QRemote[[#This Row],[SalesOrderLineUnitOfMeasure]],2,2)),0)","v":1},{"$f":"+Tabla_Consulta_desde_QuickBooks_Data_64_Bit_QRemote[[#This Row],[facturado]]-Tabla_Consulta_desde_QuickBooks_Data_64_Bit_QRemote[[#This Row],[pide]]","v":0},{"$f":"IF(Tabla_Consulta_desde_QuickBooks_Data_64_Bit_QRemote[[#This Row],[diferecia]]=0,\"ok\",\"diferen\")","v":"ok"},{"$f":"IFERROR(INDEX(um!A:C,MATCH(Tabla_Consulta_desde_QuickBooks_Data_64_Bit_QRemote[[#This Row],[SalesOrderLineItemRefFullName]],um!A:A,0),3),\"\")","v":"X12"},{"$f":"IFERROR(IF(OR(Tabla_Consulta_desde_QuickBooks_Data_64_Bit_QRemote[[#This Row],[SalesOrderLineUnitOfMeasure]]=\"UN\",Tabla_Consulta_desde_QuickBooks_Data_64_Bit_QRemote[[#This Row],[SalesOrderLineUnitOfMeasure]]=Tabla_Consulta_desde_QuickBooks_Data_64_Bit_QRemote[[#This Row],[U/M]]),\"\",\"ERROR\"),\"\")","v":""},{"$f":"+WEEKNUM(Tabla_Consulta_desde_QuickBooks_Data_64_Bit_QRemote[[#This Row],[TxnDate]])","v":23},{"$f":"+Tabla_Consulta_desde_QuickBooks_Data_64_Bit_QRemote[[#This Row],[SalesOrderLineRate]]*Tabla_Consulta_desde_QuickBooks_Data_64_Bit_QRemote[[#This Row],[SalesOrderLineInvoiced]]","v":27.119999999999997},{"$f":"+IFERROR(IF(Tabla_Consulta_desde_QuickBooks_Data_64_Bit_QRemote[[#This Row],[CustomerRefFullName]]=\"GRUVALCORP SA\",VLOOKUP(Tabla_Consulta_desde_QuickBooks_Data_64_Bit_QRemote[[#This Row],[SalesOrderLineItemRefFullName]],Hoja1!A:E,5,FALSE),\"\")*-Tabla_Consulta_desde_QuickBooks_Data_64_Bit_QRemote[[#This Row],[SalesOrderLineAmount]],\"\")","v":""},{"$f":"IF(COUNTIF(wms!E:E,Tabla_Consulta_desde_QuickBooks_Data_64_Bit_QRemote[[#This Row],[RefNumber]])>0,\"OK\",\"FALTA\")","v":"OK"}]
["2025-06-02","29112","CORPORACION EL ROSADO S.A.","4615743309 6 DE DICIEMBRE",2,"7861000229005","P.T:111201","TOMATE DESHIDRATADO EN ACEITE OLE 225G","Bodega Producto Terminado",24,"X12",3.13,75.12,"UNIDAD SALSA",24,291.18,334.86,"IVA EN VENTAS 15%",{"$f":"IFERROR(IF(Tabla_Consulta_desde_QuickBooks_Data_64_Bit_QRemote[[#This Row],[SalesOrderLineUnitOfMeasure]]=\"un\",Tabla_Consulta_desde_QuickBooks_Data_64_Bit_QRemote[[#This Row],[SalesOrderLineQuantity]],Tabla_Consulta_desde_QuickBooks_Data_64_Bit_QRemote[[#This Row],[SalesOrderLineQuantity]]/MID(Tabla_Consulta_desde_QuickBooks_Data_64_Bit_QRemote[[#This Row],[SalesOrderLineUnitOfMeasure]],2,2)),0)","v":2},{"$f":"IFERROR(IF(Tabla_Consulta_desde_QuickBooks_Data_64_Bit_QRemote[[#This Row],[SalesOrderLineUnitOfMeasure]]=\"un\",Tabla_Consulta_desde_QuickBooks_Data_64_Bit_QRemote[[#This Row],[SalesOrderLineInvoiced]],Tabla_Consulta_desde_QuickBooks_Data_64_Bit_QRemote[[#This Row],[SalesOrderLineInvoiced]]/MID(Tabla_Consulta_desde_QuickBooks_Data_64_Bit_QRemote[[#This Row],[SalesOrderLineUnitOfMeasure]],2,2)),0)","v":2},{"$f":"+Tabla_Consulta_desde_QuickBooks_Data_64_Bit_QRemote[[#This Row],[facturado]]-Tabla_Consulta_desde_QuickBooks_Data_64_Bit_QRemote[[#This Row],[pide]]","v":0},{"$f":"IF(Tabla_Consulta_desde_QuickBooks_Data_64_Bit_QRemote[[#This Row],[diferecia]]=0,\"ok\",\"diferen\")","v":"ok"},{"$f":"IFERROR(INDEX(um!A:C,MATCH(Tabla_Consulta_desde_QuickBooks_Data_64_Bit_QRemote[[#This Row],[SalesOrderLineItemRefFullName]],um!A:A,0),3),\"\")","v":"X12"},{"$f":"IFERROR(IF(OR(Tabla_Consulta_desde_QuickBooks_Data_64_Bit_QRemote[[#This Row],[SalesOrderLineUnitOfMeasure]]=\"UN\",Tabla_Consulta_desde_QuickBooks_Data_64_Bit_QRemote[[#This Row],[SalesOrderLineUnitOfMeasure]]=Tabla_Consulta_desde_QuickBooks_Data_64_Bit_QRemote[[#This Row],[U/M]]),\"\",\"ERROR\"),\"\")","v":""},{"$f":"+WEEKNUM(Tabla_Consulta_desde_QuickBooks_Data_64_Bit_QRemote[[#This Row],[TxnDate]])","v":23},{"$f":"+Tabla_Consulta_desde_QuickBooks_Data_64_Bit_QRemote[[#This Row],[SalesOrderLineRate]]*Tabla_Consulta_desde_QuickBooks_Data_64_Bit_QRemote[[#This Row],[SalesOrderLineInvoiced]]","v":75.12},{"$f":"+IFERROR(IF(Tabla_Consulta_desde_QuickBooks_Data_64_Bit_QRemote[[#This Row],[CustomerRefFullName]]=\"GRUVALCORP SA\",VLOOKUP(Tabla_Consulta_desde_QuickBooks_Data_64_Bit_QRemote[[#This Row],[SalesOrderLineItemRefFullName]],Hoja1!A:E,5,FALSE),\"\")*-Tabla_Consulta_desde_QuickBooks_Data_64_Bit_QRemote[[#This Row],[SalesOrderLineAmount]],\"\")","v":""},{"$f":"IF(COUNTIF(wms!E:E,Tabla_Consulta_desde_QuickBooks_Data_64_Bit_QRemote[[#This Row],[RefNumber]])>0,\"OK\",\"FALTA\")","v":"OK"}]
["2025-06-02","29112","CORPORACION EL ROSADO S.A.","4615743309 6 DE DICIEMBRE",3,"7862112520509","P.T:110606","JALAPEÑO ROJOS Y VERDES AGRIDULCES OLE 250G","Bodega Producto Terminado",12,"X12",1.68,20.16,"UNIDAD SALSA",12,291.18,334.86,"IVA EN VENTAS 15%",{"$f":"IFERROR(IF(Tabla_Consulta_desde_QuickBooks_Data_64_Bit_QRemote[[#This Row],[SalesOrderLineUnitOfMeasure]]=\"un\",Tabla_Consulta_desde_QuickBooks_Data_64_Bit_QRemote[[#This Row],[SalesOrderLineQuantity]],Tabla_Consulta_desde_QuickBooks_Data_64_Bit_QRemote[[#This Row],[SalesOrderLineQuantity]]/MID(Tabla_Consulta_desde_QuickBooks_Data_64_Bit_QRemote[[#This Row],[SalesOrderLineUnitOfMeasure]],2,2)),0)","v":1},{"$f":"IFERROR(IF(Tabla_Consulta_desde_QuickBooks_Data_64_Bit_QRemote[[#This Row],[SalesOrderLineUnitOfMeasure]]=\"un\",Tabla_Consulta_desde_QuickBooks_Data_64_Bit_QRemote[[#This Row],[SalesOrderLineInvoiced]],Tabla_Consulta_desde_QuickBooks_Data_64_Bit_QRemote[[#This Row],[SalesOrderLineInvoiced]]/MID(Tabla_Consulta_desde_QuickBooks_Data_64_Bit_QRemote[[#This Row],[SalesOrderLineUnitOfMeasure]],2,2)),0)","v":1},{"$f":"+Tabla_Consulta_desde_QuickBooks_Data_64_Bit_QRemote[[#This Row],[facturado]]-Tabla_Consulta_desde_QuickBooks_Data_64_Bit_QRemote[[#This Row],[pide]]","v":0},{"$f":"IF(Tabla_Consulta_desde_QuickBooks_Data_64_Bit_QRemote[[#This Row],[diferecia]]=0,\"ok\",\"diferen\")","v":"ok"},{"$f":"IFERROR(INDEX(um!A:C,MATCH(Tabla_Consulta_desde_QuickBooks_Data_64_Bit_QRemote[[#This Row],[SalesOrderLineItemRefFullName]],um!A:A,0),3),\"\")","v":"X12"},{"$f":"IFERROR(IF(OR(Tabla_Consulta_desde_QuickBooks_Data_64_Bit_QRemote[[#This Row],[SalesOrderLineUnitOfMeasure]]=\"UN\",Tabla_Consulta_desde_QuickBooks_Data_64_Bit_QRemote[[#This Row],[SalesOrderLineUnitOfMeasure]]=Tabla_Consulta_desde_QuickBooks_Data_64_Bit_QRemote[[#This Row],[U/M]]),\"\",\"ERROR\"),\"\")","v":""},{"$f":"+WEEKNUM(Tabla_Consulta_desde_QuickBooks_Data_64_Bit_QRemote[[#This Row],[TxnDate]])","v":23},{"$f":"+Tabla_Consulta_desde_QuickBooks_Data_64_Bit_QRemote[[#This Row],[SalesOrderLineRate]]*Tabla_Consulta_desde_QuickBooks_Data_64_Bit_QRemote[[#This Row],[SalesOrderLineInvoiced]]","v":20.16},{"$f":"+IFERROR(IF(Tabla_Consulta_desde_QuickBooks_Data_64_Bit_QRemote[[#This Row],[CustomerRefFullName]]=\"GRUVALCORP SA\",VLOOKUP(Tabla_Consulta_desde_QuickBooks_Data_64_Bit_QRemote[[#This Row],[SalesOrderLineItemRefFullName]],Hoja1!A:E,5,FALSE),\"\")*-Tabla_Consulta_desde_QuickBooks_Data_64_Bit_QRemote[[#This Row],[SalesOrderLineAmount]],\"\")","v":""},{"$f":"IF(COUNTIF(wms!E:E,Tabla_Consulta_desde_QuickBooks_Data_64_Bit_QRemote[[#This Row],[RefNumber]])>0,\"OK\",\"FALTA\")","v":"OK"}]
["2025-06-02","29112","CORPORACION EL ROSADO S.A.","4615743309 6 DE DICIEMBRE",4,"7862112521698","P.T:311407","VINAGRE DE MANZANA CON LA MADRE OLE 500ML","Bodega Producto Terminado",12,"X12",4.29,51.48,"UNIDAD SALSA",12,291.18,334.86,"IVA EN VENTAS 15%",{"$f":"IFERROR(IF(Tabla_Consulta_desde_QuickBooks_Data_64_Bit_QRemote[[#This Row],[SalesOrderLineUnitOfMeasure]]=\"un\",Tabla_Consulta_desde_QuickBooks_Data_64_Bit_QRemote[[#This Row],[SalesOrderLineQuantity]],Tabla_Consulta_desde_QuickBooks_Data_64_Bit_QRemote[[#This Row],[SalesOrderLineQuantity]]/MID(Tabla_Consulta_desde_QuickBooks_Data_64_Bit_QRemote[[#This Row],[SalesOrderLineUnitOfMeasure]],2,2)),0)","v":1},{"$f":"IFERROR(IF(Tabla_Consulta_desde_QuickBooks_Data_64_Bit_QRemote[[#This Row],[SalesOrderLineUnitOfMeasure]]=\"un\",Tabla_Consulta_desde_QuickBooks_Data_64_Bit_QRemote[[#This Row],[SalesOrderLineInvoiced]],Tabla_Consulta_desde_QuickBooks_Data_64_Bit_QRemote[[#This Row],[SalesOrderLineInvoiced]]/MID(Tabla_Consulta_desde_QuickBooks_Data_64_Bit_QRemote[[#This Row],[SalesOrderLineUnitOfMeasure]],2,2)),0)","v":1},{"$f":"+Tabla_Consulta_desde_QuickBooks_Data_64_Bit_QRemote[[#This Row],[facturado]]-Tabla_Consulta_desde_QuickBooks_Data_64_Bit_QRemote[[#This Row],[pide]]","v":0},{"$f":"IF(Tabla_Consulta_desde_QuickBooks_Data_64_Bit_QRemote[[#This Row],[diferecia]]=0,\"ok\",\"diferen\")","v":"ok"},{"$f":"IFERROR(INDEX(um!A:C,MATCH(Tabla_Consulta_desde_QuickBooks_Data_64_Bit_QRemote[[#This Row],[SalesOrderLineItemRefFullName]],um!A:A,0),3),\"\")","v":"X12"},{"$f":"IFERROR(IF(OR(Tabla_Consulta_desde_QuickBooks_Data_64_Bit_QRemote[[#This Row],[SalesOrderLineUnitOfMeasure]]=\"UN\",Tabla_Consulta_desde_QuickBooks_Data_64_Bit_QRemote[[#This Row],[SalesOrderLineUnitOfMeasure]]=Tabla_Consulta_desde_QuickBooks_Data_64_Bit_QRemote[[#This Row],[U/M]]),\"\",\"ERROR\"),\"\")","v":""},{"$f":"+WEEKNUM(Tabla_Consulta_desde_QuickBooks_Data_64_Bit_QRemote[[#This Row],[TxnDate]])","v":23},{"$f":"+Tabla_Consulta_desde_QuickBooks_Data_64_Bit_QRemote[[#This Row],[SalesOrderLineRate]]*Tabla_Consulta_desde_QuickBooks_Data_64_Bit_QRemote[[#This Row],[SalesOrderLineInvoiced]]","v":51.480000000000004},{"$f":"+IFERROR(IF(Tabla_Consulta_desde_QuickBooks_Data_64_Bit_QRemote[[#This Row],[CustomerRefFullName]]=\"GRUVALCORP SA\",VLOOKUP(Tabla_Consulta_desde_QuickBooks_Data_64_Bit_QRemote[[#This Row],[SalesOrderLineItemRefFullName]],Hoja1!A:E,5,FALSE),\"\")*-Tabla_Consulta_desde_QuickBooks_Data_64_Bit_QRemote[[#This Row],[SalesOrderLineAmount]],\"\")","v":""},{"$f":"IF(COUNTIF(wms!E:E,Tabla_Consulta_desde_QuickBooks_Data_64_Bit_QRemote[[#This Row],[RefNumber]])>0,\"OK\",\"FALTA\")","v":"OK"}]
["2025-06-02","29112","CORPORACION EL ROSADO S.A.","4615743309 6 DE DICIEMBRE",5,"7862112522169","P.T:110734","DIP ORIGINAL ROASTED TOMATES ASADOS OLE 220G","Bodega Producto Terminado",12,"X12",1.38,16.559999999999999,"UNIDAD SALSA",12,291.18,334.86,"IVA EN VENTAS 15%",{"$f":"IFERROR(IF(Tabla_Consulta_desde_QuickBooks_Data_64_Bit_QRemote[[#This Row],[SalesOrderLineUnitOfMeasure]]=\"un\",Tabla_Consulta_desde_QuickBooks_Data_64_Bit_QRemote[[#This Row],[SalesOrderLineQuantity]],Tabla_Consulta_desde_QuickBooks_Data_64_Bit_QRemote[[#This Row],[SalesOrderLineQuantity]]/MID(Tabla_Consulta_desde_QuickBooks_Data_64_Bit_QRemote[[#This Row],[SalesOrderLineUnitOfMeasure]],2,2)),0)","v":1},{"$f":"IFERROR(IF(Tabla_Consulta_desde_QuickBooks_Data_64_Bit_QRemote[[#This Row],[SalesOrderLineUnitOfMeasure]]=\"un\",Tabla_Consulta_desde_QuickBooks_Data_64_Bit_QRemote[[#This Row],[SalesOrderLineInvoiced]],Tabla_Consulta_desde_QuickBooks_Data_64_Bit_QRemote[[#This Row],[SalesOrderLineInvoiced]]/MID(Tabla_Consulta_desde_QuickBooks_Data_64_Bit_QRemote[[#This Row],[SalesOrderLineUnitOfMeasure]],2,2)),0)","v":1},{"$f":"+Tabla_Consulta_desde_QuickBooks_Data_64_Bit_QRemote[[#This Row],[facturado]]-Tabla_Consulta_desde_QuickBooks_Data_64_Bit_QRemote[[#This Row],[pide]]","v":0},{"$f":"IF(Tabla_Consulta_desde_QuickBooks_Data_64_Bit_QRemote[[#This Row],[diferecia]]=0,\"ok\",\"diferen\")","v":"ok"},{"$f":"IFERROR(INDEX(um!A:C,MATCH(Tabla_Consulta_desde_QuickBooks_Data_64_Bit_QRemote[[#This Row],[SalesOrderLineItemRefFullName]],um!A:A,0),3),\"\")","v":"X12"},{"$f":"IFERROR(IF(OR(Tabla_Consulta_desde_QuickBooks_Data_64_Bit_QRemote[[#This Row],[SalesOrderLineUnitOfMeasure]]=\"UN\",Tabla_Consulta_desde_QuickBooks_Data_64_Bit_QRemote[[#This Row],[SalesOrderLineUnitOfMeasure]]=Tabla_Consulta_desde_QuickBooks_Data_64_Bit_QRemote[[#This Row],[U/M]]),\"\",\"ERROR\"),\"\")","v":""},{"$f":"+WEEKNUM(Tabla_Consulta_desde_QuickBooks_Data_64_Bit_QRemote[[#This Row],[TxnDate]])","v":23},{"$f":"+Tabla_Consulta_desde_QuickBooks_Data_64_Bit_QRemote[[#This Row],[SalesOrderLineRate]]*Tabla_Consulta_desde_QuickBooks_Data_64_Bit_QRemote[[#This Row],[SalesOrderLineInvoiced]]","v":16.559999999999999},{"$f":"+IFERROR(IF(Tabla_Consulta_desde_QuickBooks_Data_64_Bit_QRemote[[#This Row],[CustomerRefFullName]]=\"GRUVALCORP SA\",VLOOKUP(Tabla_Consulta_desde_QuickBooks_Data_64_Bit_QRemote[[#This Row],[SalesOrderLineItemRefFullName]],Hoja1!A:E,5,FALSE),\"\")*-Tabla_Consulta_desde_QuickBooks_Data_64_Bit_QRemote[[#This Row],[SalesOrderLineAmount]],\"\")","v":""},{"$f":"IF(COUNTIF(wms!E:E,Tabla_Consulta_desde_QuickBooks_Data_64_Bit_QRemote[[#This Row],[RefNumber]])>0,\"OK\",\"FALTA\")","v":"OK"}]
["2025-06-02","29112","CORPORACION EL ROSADO S.A.","4615743309 6 DE DICIEMBRE",6,"7862112522183","P.T:110733","SALSA GUACAMOLE OLE 220G","Bodega Producto Terminado",24,"X12",1.58,37.92,"UNIDAD SALSA",24,291.18,334.86,"IVA EN VENTAS 15%",{"$f":"IFERROR(IF(Tabla_Consulta_desde_QuickBooks_Data_64_Bit_QRemote[[#This Row],[SalesOrderLineUnitOfMeasure]]=\"un\",Tabla_Consulta_desde_QuickBooks_Data_64_Bit_QRemote[[#This Row],[SalesOrderLineQuantity]],Tabla_Consulta_desde_QuickBooks_Data_64_Bit_QRemote[[#This Row],[SalesOrderLineQuantity]]/MID(Tabla_Consulta_desde_QuickBooks_Data_64_Bit_QRemote[[#This Row],[SalesOrderLineUnitOfMeasure]],2,2)),0)","v":2},{"$f":"IFERROR(IF(Tabla_Consulta_desde_QuickBooks_Data_64_Bit_QRemote[[#This Row],[SalesOrderLineUnitOfMeasure]]=\"un\",Tabla_Consulta_desde_QuickBooks_Data_64_Bit_QRemote[[#This Row],[SalesOrderLineInvoiced]],Tabla_Consulta_desde_QuickBooks_Data_64_Bit_QRemote[[#This Row],[SalesOrderLineInvoiced]]/MID(Tabla_Consulta_desde_QuickBooks_Data_64_Bit_QRemote[[#This Row],[SalesOrderLineUnitOfMeasure]],2,2)),0)","v":2},{"$f":"+Tabla_Consulta_desde_QuickBooks_Data_64_Bit_QRemote[[#This Row],[facturado]]-Tabla_Consulta_desde_QuickBooks_Data_64_Bit_QRemote[[#This Row],[pide]]","v":0},{"$f":"IF(Tabla_Consulta_desde_QuickBooks_Data_64_Bit_QRemote[[#This Row],[diferecia]]=0,\"ok\",\"diferen\")","v":"ok"},{"$f":"IFERROR(INDEX(um!A:C,MATCH(Tabla_Consulta_desde_QuickBooks_Data_64_Bit_QRemote[[#This Row],[SalesOrderLineItemRefFullName]],um!A:A,0),3),\"\")","v":"X12"},{"$f":"IFERROR(IF(OR(Tabla_Consulta_desde_QuickBooks_Data_64_Bit_QRemote[[#This Row],[SalesOrderLineUnitOfMeasure]]=\"UN\",Tabla_Consulta_desde_QuickBooks_Data_64_Bit_QRemote[[#This Row],[SalesOrderLineUnitOfMeasure]]=Tabla_Consulta_desde_QuickBooks_Data_64_Bit_QRemote[[#This Row],[U/M]]),\"\",\"ERROR\"),\"\")","v":""},{"$f":"+WEEKNUM(Tabla_Consulta_desde_QuickBooks_Data_64_Bit_QRemote[[#This Row],[TxnDate]])","v":23},{"$f":"+Tabla_Consulta_desde_QuickBooks_Data_64_Bit_QRemote[[#This Row],[SalesOrderLineRate]]*Tabla_Consulta_desde_QuickBooks_Data_64_Bit_QRemote[[#This Row],[SalesOrderLineInvoiced]]","v":37.92},{"$f":"+IFERROR(IF(Tabla_Consulta_desde_QuickBooks_Data_64_Bit_QRemote[[#This Row],[CustomerRefFullName]]=\"GRUVALCORP SA\",VLOOKUP(Tabla_Consulta_desde_QuickBooks_Data_64_Bit_QRemote[[#This Row],[SalesOrderLineItemRefFullName]],Hoja1!A:E,5,FALSE),\"\")*-Tabla_Consulta_desde_QuickBooks_Data_64_Bit_QRemote[[#This Row],[SalesOrderLineAmount]],\"\")","v":""},{"$f":"IF(COUNTIF(wms!E:E,Tabla_Consulta_desde_QuickBooks_Data_64_Bit_QRemote[[#This Row],[RefNumber]])>0,\"OK\",\"FALTA\")","v":"OK"}]
["2025-06-02","29112","CORPORACION EL ROSADO S.A.","4615743309 6 DE DICIEMBRE",7,"7862112522367","PT:220132","TOTOPOS NATURAL OLE 300G","Bodega Producto Terminado",12,"X12",1.67,20.04,"UNIDAD SNCKS",12,291.18,334.86,"IVA EN VENTAS 15%",{"$f":"IFERROR(IF(Tabla_Consulta_desde_QuickBooks_Data_64_Bit_QRemote[[#This Row],[SalesOrderLineUnitOfMeasure]]=\"un\",Tabla_Consulta_desde_QuickBooks_Data_64_Bit_QRemote[[#This Row],[SalesOrderLineQuantity]],Tabla_Consulta_desde_QuickBooks_Data_64_Bit_QRemote[[#This Row],[SalesOrderLineQuantity]]/MID(Tabla_Consulta_desde_QuickBooks_Data_64_Bit_QRemote[[#This Row],[SalesOrderLineUnitOfMeasure]],2,2)),0)","v":1},{"$f":"IFERROR(IF(Tabla_Consulta_desde_QuickBooks_Data_64_Bit_QRemote[[#This Row],[SalesOrderLineUnitOfMeasure]]=\"un\",Tabla_Consulta_desde_QuickBooks_Data_64_Bit_QRemote[[#This Row],[SalesOrderLineInvoiced]],Tabla_Consulta_desde_QuickBooks_Data_64_Bit_QRemote[[#This Row],[SalesOrderLineInvoiced]]/MID(Tabla_Consulta_desde_QuickBooks_Data_64_Bit_QRemote[[#This Row],[SalesOrderLineUnitOfMeasure]],2,2)),0)","v":1},{"$f":"+Tabla_Consulta_desde_QuickBooks_Data_64_Bit_QRemote[[#This Row],[facturado]]-Tabla_Consulta_desde_QuickBooks_Data_64_Bit_QRemote[[#This Row],[pide]]","v":0},{"$f":"IF(Tabla_Consulta_desde_QuickBooks_Data_64_Bit_QRemote[[#This Row],[diferecia]]=0,\"ok\",\"diferen\")","v":"ok"},{"$f":"IFERROR(INDEX(um!A:C,MATCH(Tabla_Consulta_desde_QuickBooks_Data_64_Bit_QRemote[[#This Row],[SalesOrderLineItemRefFullName]],um!A:A,0),3),\"\")","v":"X12"},{"$f":"IFERROR(IF(OR(Tabla_Consulta_desde_QuickBooks_Data_64_Bit_QRemote[[#This Row],[SalesOrderLineUnitOfMeasure]]=\"UN\",Tabla_Consulta_desde_QuickBooks_Data_64_Bit_QRemote[[#This Row],[SalesOrderLineUnitOfMeasure]]=Tabla_Consulta_desde_QuickBooks_Data_64_Bit_QRemote[[#This Row],[U/M]]),\"\",\"ERROR\"),\"\")","v":""},{"$f":"+WEEKNUM(Tabla_Consulta_desde_QuickBooks_Data_64_Bit_QRemote[[#This Row],[TxnDate]])","v":23},{"$f":"+Tabla_Consulta_desde_QuickBooks_Data_64_Bit_QRemote[[#This Row],[SalesOrderLineRate]]*Tabla_Consulta_desde_QuickBooks_Data_64_Bit_QRemote[[#This Row],[SalesOrderLineInvoiced]]","v":20.04},{"$f":"+IFERROR(IF(Tabla_Consulta_desde_QuickBooks_Data_64_Bit_QRemote[[#This Row],[CustomerRefFullName]]=\"GRUVALCORP SA\",VLOOKUP(Tabla_Consulta_desde_QuickBooks_Data_64_Bit_QRemote[[#This Row],[SalesOrderLineItemRefFullName]],Hoja1!A:E,5,FALSE),\"\")*-Tabla_Consulta_desde_QuickBooks_Data_64_Bit_QRemote[[#This Row],[SalesOrderLineAmount]],\"\")","v":""},{"$f":"IF(COUNTIF(wms!E:E,Tabla_Consulta_desde_QuickBooks_Data_64_Bit_QRemote[[#This Row],[RefNumber]])>0,\"OK\",\"FALTA\")","v":"OK"}]
["2025-06-02","29112","CORPORACION EL ROSADO S.A.","4615743309 6 DE DICIEMBRE",8,"7862112522787","P.T:311606","SALSA QUESO CHEDDAR OLE 200G","Bodega Producto Terminado",24,"X24",1.52,36.479999999999997,"UNIDAD SALSA",24,291.18,334.86,"IVA EN VENTAS 15%",{"$f":"IFERROR(IF(Tabla_Consulta_desde_QuickBooks_Data_64_Bit_QRemote[[#This Row],[SalesOrderLineUnitOfMeasure]]=\"un\",Tabla_Consulta_desde_QuickBooks_Data_64_Bit_QRemote[[#This Row],[SalesOrderLineQuantity]],Tabla_Consulta_desde_QuickBooks_Data_64_Bit_QRemote[[#This Row],[SalesOrderLineQuantity]]/MID(Tabla_Consulta_desde_QuickBooks_Data_64_Bit_QRemote[[#This Row],[SalesOrderLineUnitOfMeasure]],2,2)),0)","v":1},{"$f":"IFERROR(IF(Tabla_Consulta_desde_QuickBooks_Data_64_Bit_QRemote[[#This Row],[SalesOrderLineUnitOfMeasure]]=\"un\",Tabla_Consulta_desde_QuickBooks_Data_64_Bit_QRemote[[#This Row],[SalesOrderLineInvoiced]],Tabla_Consulta_desde_QuickBooks_Data_64_Bit_QRemote[[#This Row],[SalesOrderLineInvoiced]]/MID(Tabla_Consulta_desde_QuickBooks_Data_64_Bit_QRemote[[#This Row],[SalesOrderLineUnitOfMeasure]],2,2)),0)","v":1},{"$f":"+Tabla_Consulta_desde_QuickBooks_Data_64_Bit_QRemote[[#This Row],[facturado]]-Tabla_Consulta_desde_QuickBooks_Data_64_Bit_QRemote[[#This Row],[pide]]","v":0},{"$f":"IF(Tabla_Consulta_desde_QuickBooks_Data_64_Bit_QRemote[[#This Row],[diferecia]]=0,\"ok\",\"diferen\")","v":"ok"},{"$f":"IFERROR(INDEX(um!A:C,MATCH(Tabla_Consulta_desde_QuickBooks_Data_64_Bit_QRemote[[#This Row],[SalesOrderLineItemRefFullName]],um!A:A,0),3),\"\")","v":"X24"},{"$f":"IFERROR(IF(OR(Tabla_Consulta_desde_QuickBooks_Data_64_Bit_QRemote[[#This Row],[SalesOrderLineUnitOfMeasure]]=\"UN\",Tabla_Consulta_desde_QuickBooks_Data_64_Bit_QRemote[[#This Row],[SalesOrderLineUnitOfMeasure]]=Tabla_Consulta_desde_QuickBooks_Data_64_Bit_QRemote[[#This Row],[U/M]]),\"\",\"ERROR\"),\"\")","v":""},{"$f":"+WEEKNUM(Tabla_Consulta_desde_QuickBooks_Data_64_Bit_QRemote[[#This Row],[TxnDate]])","v":23},{"$f":"+Tabla_Consulta_desde_QuickBooks_Data_64_Bit_QRemote[[#This Row],[SalesOrderLineRate]]*Tabla_Consulta_desde_QuickBooks_Data_64_Bit_QRemote[[#This Row],[SalesOrderLineInvoiced]]","v":36.480000000000004},{"$f":"+IFERROR(IF(Tabla_Consulta_desde_QuickBooks_Data_64_Bit_QRemote[[#This Row],[CustomerRefFullName]]=\"GRUVALCORP SA\",VLOOKUP(Tabla_Consulta_desde_QuickBooks_Data_64_Bit_QRemote[[#This Row],[SalesOrderLineItemRefFullName]],Hoja1!A:E,5,FALSE),\"\")*-Tabla_Consulta_desde_QuickBooks_Data_64_Bit_QRemote[[#This Row],[SalesOrderLineAmount]],\"\")","v":""},{"$f":"IF(COUNTIF(wms!E:E,Tabla_Consulta_desde_QuickBooks_Data_64_Bit_QRemote[[#This Row],[RefNumber]])>0,\"OK\",\"FALTA\")","v":"OK"}]
["2025-06-02","29112","CORPORACION EL ROSADO S.A.","4615743309 6 DE DICIEMBRE",9,"7862112522985","P.T:110704","DIP DE FREJOL OLE 230G","Bodega Producto Terminado",12,"X12",1.51,18.12,"UNIDAD SALSA",12,291.18,334.86,"IVA EN VENTAS 15%",{"$f":"IFERROR(IF(Tabla_Consulta_desde_QuickBooks_Data_64_Bit_QRemote[[#This Row],[SalesOrderLineUnitOfMeasure]]=\"un\",Tabla_Consulta_desde_QuickBooks_Data_64_Bit_QRemote[[#This Row],[SalesOrderLineQuantity]],Tabla_Consulta_desde_QuickBooks_Data_64_Bit_QRemote[[#This Row],[SalesOrderLineQuantity]]/MID(Tabla_Consulta_desde_QuickBooks_Data_64_Bit_QRemote[[#This Row],[SalesOrderLineUnitOfMeasure]],2,2)),0)","v":1},{"$f":"IFERROR(IF(Tabla_Consulta_desde_QuickBooks_Data_64_Bit_QRemote[[#This Row],[SalesOrderLineUnitOfMeasure]]=\"un\",Tabla_Consulta_desde_QuickBooks_Data_64_Bit_QRemote[[#This Row],[SalesOrderLineInvoiced]],Tabla_Consulta_desde_QuickBooks_Data_64_Bit_QRemote[[#This Row],[SalesOrderLineInvoiced]]/MID(Tabla_Consulta_desde_QuickBooks_Data_64_Bit_QRemote[[#This Row],[SalesOrderLineUnitOfMeasure]],2,2)),0)","v":1},{"$f":"+Tabla_Consulta_desde_QuickBooks_Data_64_Bit_QRemote[[#This Row],[facturado]]-Tabla_Consulta_desde_QuickBooks_Data_64_Bit_QRemote[[#This Row],[pide]]","v":0},{"$f":"IF(Tabla_Consulta_desde_QuickBooks_Data_64_Bit_QRemote[[#This Row],[diferecia]]=0,\"ok\",\"diferen\")","v":"ok"},{"$f":"IFERROR(INDEX(um!A:C,MATCH(Tabla_Consulta_desde_QuickBooks_Data_64_Bit_QRemote[[#This Row],[SalesOrderLineItemRefFullName]],um!A:A,0),3),\"\")","v":"X12"},{"$f":"IFERROR(IF(OR(Tabla_Consulta_desde_QuickBooks_Data_64_Bit_QRemote[[#This Row],[SalesOrderLineUnitOfMeasure]]=\"UN\",Tabla_Consulta_desde_QuickBooks_Data_64_Bit_QRemote[[#This Row],[SalesOrderLineUnitOfMeasure]]=Tabla_Consulta_desde_QuickBooks_Data_64_Bit_QRemote[[#This Row],[U/M]]),\"\",\"ERROR\"),\"\")","v":""},{"$f":"+WEEKNUM(Tabla_Consulta_desde_QuickBooks_Data_64_Bit_QRemote[[#This Row],[TxnDate]])","v":23},{"$f":"+Tabla_Consulta_desde_QuickBooks_Data_64_Bit_QRemote[[#This Row],[SalesOrderLineRate]]*Tabla_Consulta_desde_QuickBooks_Data_64_Bit_QRemote[[#This Row],[SalesOrderLineInvoiced]]","v":18.12},{"$f":"+IFERROR(IF(Tabla_Consulta_desde_QuickBooks_Data_64_Bit_QRemote[[#This Row],[CustomerRefFullName]]=\"GRUVALCORP SA\",VLOOKUP(Tabla_Consulta_desde_QuickBooks_Data_64_Bit_QRemote[[#This Row],[SalesOrderLineItemRefFullName]],Hoja1!A:E,5,FALSE),\"\")*-Tabla_Consulta_desde_QuickBooks_Data_64_Bit_QRemote[[#This Row],[SalesOrderLineAmount]],\"\")","v":""},{"$f":"IF(COUNTIF(wms!E:E,Tabla_Consulta_desde_QuickBooks_Data_64_Bit_QRemote[[#This Row],[RefNumber]])>0,\"OK\",\"FALTA\")","v":"OK"}]
["2025-06-02","29112","CORPORACION EL ROSADO S.A.","4615743309 6 DE DICIEMBRE",10,"7862112523227","P.T:110313","SALSA BBQ WHISKY Y MIEL OLE 430G","Bodega Producto Terminado",12,"X12",2.06,24.72,"UNIDAD SALSA",12,291.18,334.86,"IVA EN VENTAS 15%",{"$f":"IFERROR(IF(Tabla_Consulta_desde_QuickBooks_Data_64_Bit_QRemote[[#This Row],[SalesOrderLineUnitOfMeasure]]=\"un\",Tabla_Consulta_desde_QuickBooks_Data_64_Bit_QRemote[[#This Row],[SalesOrderLineQuantity]],Tabla_Consulta_desde_QuickBooks_Data_64_Bit_QRemote[[#This Row],[SalesOrderLineQuantity]]/MID(Tabla_Consulta_desde_QuickBooks_Data_64_Bit_QRemote[[#This Row],[SalesOrderLineUnitOfMeasure]],2,2)),0)","v":1},{"$f":"IFERROR(IF(Tabla_Consulta_desde_QuickBooks_Data_64_Bit_QRemote[[#This Row],[SalesOrderLineUnitOfMeasure]]=\"un\",Tabla_Consulta_desde_QuickBooks_Data_64_Bit_QRemote[[#This Row],[SalesOrderLineInvoiced]],Tabla_Consulta_desde_QuickBooks_Data_64_Bit_QRemote[[#This Row],[SalesOrderLineInvoiced]]/MID(Tabla_Consulta_desde_QuickBooks_Data_64_Bit_QRemote[[#This Row],[SalesOrderLineUnitOfMeasure]],2,2)),0)","v":1},{"$f":"+Tabla_Consulta_desde_QuickBooks_Data_64_Bit_QRemote[[#This Row],[facturado]]-Tabla_Consulta_desde_QuickBooks_Data_64_Bit_QRemote[[#This Row],[pide]]","v":0},{"$f":"IF(Tabla_Consulta_desde_QuickBooks_Data_64_Bit_QRemote[[#This Row],[diferecia]]=0,\"ok\",\"diferen\")","v":"ok"},{"$f":"IFERROR(INDEX(um!A:C,MATCH(Tabla_Consulta_desde_QuickBooks_Data_64_Bit_QRemote[[#This Row],[SalesOrderLineItemRefFullName]],um!A:A,0),3),\"\")","v":"X12"},{"$f":"IFERROR(IF(OR(Tabla_Consulta_desde_QuickBooks_Data_64_Bit_QRemote[[#This Row],[SalesOrderLineUnitOfMeasure]]=\"UN\",Tabla_Consulta_desde_QuickBooks_Data_64_Bit_QRemote[[#This Row],[SalesOrderLineUnitOfMeasure]]=Tabla_Consulta_desde_QuickBooks_Data_64_Bit_QRemote[[#This Row],[U/M]]),\"\",\"ERROR\"),\"\")","v":""},{"$f":"+WEEKNUM(Tabla_Consulta_desde_QuickBooks_Data_64_Bit_QRemote[[#This Row],[TxnDate]])","v":23},{"$f":"+Tabla_Consulta_desde_QuickBooks_Data_64_Bit_QRemote[[#This Row],[SalesOrderLineRate]]*Tabla_Consulta_desde_QuickBooks_Data_64_Bit_QRemote[[#This Row],[SalesOrderLineInvoiced]]","v":24.72},{"$f":"+IFERROR(IF(Tabla_Consulta_desde_QuickBooks_Data_64_Bit_QRemote[[#This Row],[CustomerRefFullName]]=\"GRUVALCORP SA\",VLOOKUP(Tabla_Consulta_desde_QuickBooks_Data_64_Bit_QRemote[[#This Row],[SalesOrderLineItemRefFullName]],Hoja1!A:E,5,FALSE),\"\")*-Tabla_Consulta_desde_QuickBooks_Data_64_Bit_QRemote[[#This Row],[SalesOrderLineAmount]],\"\")","v":""},{"$f":"IF(COUNTIF(wms!E:E,Tabla_Consulta_desde_QuickBooks_Data_64_Bit_QRemote[[#This Row],[RefNumber]])>0,\"OK\",\"FALTA\")","v":"OK"}]
["2025-06-02","29112","CORPORACION EL ROSADO S.A.","4615743309 6 DE DICIEMBRE",11,"7862112523043","P.T:110745","SALSA PICANTE HABANERO OLE 100G","Bodega Producto Terminado",24,"X12",0.66,15.84,"UNIDAD SALSA",24,291.18,334.86,"IVA EN VENTAS 15%",{"$f":"IFERROR(IF(Tabla_Consulta_desde_QuickBooks_Data_64_Bit_QRemote[[#This Row],[SalesOrderLineUnitOfMeasure]]=\"un\",Tabla_Consulta_desde_QuickBooks_Data_64_Bit_QRemote[[#This Row],[SalesOrderLineQuantity]],Tabla_Consulta_desde_QuickBooks_Data_64_Bit_QRemote[[#This Row],[SalesOrderLineQuantity]]/MID(Tabla_Consulta_desde_QuickBooks_Data_64_Bit_QRemote[[#This Row],[SalesOrderLineUnitOfMeasure]],2,2)),0)","v":2},{"$f":"IFERROR(IF(Tabla_Consulta_desde_QuickBooks_Data_64_Bit_QRemote[[#This Row],[SalesOrderLineUnitOfMeasure]]=\"un\",Tabla_Consulta_desde_QuickBooks_Data_64_Bit_QRemote[[#This Row],[SalesOrderLineInvoiced]],Tabla_Consulta_desde_QuickBooks_Data_64_Bit_QRemote[[#This Row],[SalesOrderLineInvoiced]]/MID(Tabla_Consulta_desde_QuickBooks_Data_64_Bit_QRemote[[#This Row],[SalesOrderLineUnitOfMeasure]],2,2)),0)","v":2},{"$f":"+Tabla_Consulta_desde_QuickBooks_Data_64_Bit_QRemote[[#This Row],[facturado]]-Tabla_Consulta_desde_QuickBooks_Data_64_Bit_QRemote[[#This Row],[pide]]","v":0},{"$f":"IF(Tabla_Consulta_desde_QuickBooks_Data_64_Bit_QRemote[[#This Row],[diferecia]]=0,\"ok\",\"diferen\")","v":"ok"},{"$f":"IFERROR(INDEX(um!A:C,MATCH(Tabla_Consulta_desde_QuickBooks_Data_64_Bit_QRemote[[#This Row],[SalesOrderLineItemRefFullName]],um!A:A,0),3),\"\")","v":"X12"},{"$f":"IFERROR(IF(OR(Tabla_Consulta_desde_QuickBooks_Data_64_Bit_QRemote[[#This Row],[SalesOrderLineUnitOfMeasure]]=\"UN\",Tabla_Consulta_desde_QuickBooks_Data_64_Bit_QRemote[[#This Row],[SalesOrderLineUnitOfMeasure]]=Tabla_Consulta_desde_QuickBooks_Data_64_Bit_QRemote[[#This Row],[U/M]]),\"\",\"ERROR\"),\"\")","v":""},{"$f":"+WEEKNUM(Tabla_Consulta_desde_QuickBooks_Data_64_Bit_QRemote[[#This Row],[TxnDate]])","v":23},{"$f":"+Tabla_Consulta_desde_QuickBooks_Data_64_Bit_QRemote[[#This Row],[SalesOrderLineRate]]*Tabla_Consulta_desde_QuickBooks_Data_64_Bit_QRemote[[#This Row],[SalesOrderLineInvoiced]]","v":15.84},{"$f":"+IFERROR(IF(Tabla_Consulta_desde_QuickBooks_Data_64_Bit_QRemote[[#This Row],[CustomerRefFullName]]=\"GRUVALCORP SA\",VLOOKUP(Tabla_Consulta_desde_QuickBooks_Data_64_Bit_QRemote[[#This Row],[SalesOrderLineItemRefFullName]],Hoja1!A:E,5,FALSE),\"\")*-Tabla_Consulta_desde_QuickBooks_Data_64_Bit_QRemote[[#This Row],[SalesOrderLineAmount]],\"\")","v":""},{"$f":"IF(COUNTIF(wms!E:E,Tabla_Consulta_desde_QuickBooks_Data_64_Bit_QRemote[[#This Row],[RefNumber]])>0,\"OK\",\"FALTA\")","v":"OK"}]
["2025-06-02","29112","CORPORACION EL ROSADO S.A.","4615743309 6 DE DICIEMBRE",12,"7862112523036","P.T:110746","SALSA PICANTE JALAPEÑO OLE 100G","Bodega Producto Terminado",12,"X12",0.66,7.92,"UNIDAD SALSA",12,291.18,334.86,"IVA EN VENTAS 15%",{"$f":"IFERROR(IF(Tabla_Consulta_desde_QuickBooks_Data_64_Bit_QRemote[[#This Row],[SalesOrderLineUnitOfMeasure]]=\"un\",Tabla_Consulta_desde_QuickBooks_Data_64_Bit_QRemote[[#This Row],[SalesOrderLineQuantity]],Tabla_Consulta_desde_QuickBooks_Data_64_Bit_QRemote[[#This Row],[SalesOrderLineQuantity]]/MID(Tabla_Consulta_desde_QuickBooks_Data_64_Bit_QRemote[[#This Row],[SalesOrderLineUnitOfMeasure]],2,2)),0)","v":1},{"$f":"IFERROR(IF(Tabla_Consulta_desde_QuickBooks_Data_64_Bit_QRemote[[#This Row],[SalesOrderLineUnitOfMeasure]]=\"un\",Tabla_Consulta_desde_QuickBooks_Data_64_Bit_QRemote[[#This Row],[SalesOrderLineInvoiced]],Tabla_Consulta_desde_QuickBooks_Data_64_Bit_QRemote[[#This Row],[SalesOrderLineInvoiced]]/MID(Tabla_Consulta_desde_QuickBooks_Data_64_Bit_QRemote[[#This Row],[SalesOrderLineUnitOfMeasure]],2,2)),0)","v":1},{"$f":"+Tabla_Consulta_desde_QuickBooks_Data_64_Bit_QRemote[[#This Row],[facturado]]-Tabla_Consulta_desde_QuickBooks_Data_64_Bit_QRemote[[#This Row],[pide]]","v":0},{"$f":"IF(Tabla_Consulta_desde_QuickBooks_Data_64_Bit_QRemote[[#This Row],[diferecia]]=0,\"ok\",\"diferen\")","v":"ok"},{"$f":"IFERROR(INDEX(um!A:C,MATCH(Tabla_Consulta_desde_QuickBooks_Data_64_Bit_QRemote[[#This Row],[SalesOrderLineItemRefFullName]],um!A:A,0),3),\"\")","v":"X12"},{"$f":"IFERROR(IF(OR(Tabla_Consulta_desde_QuickBooks_Data_64_Bit_QRemote[[#This Row],[SalesOrderLineUnitOfMeasure]]=\"UN\",Tabla_Consulta_desde_QuickBooks_Data_64_Bit_QRemote[[#This Row],[SalesOrderLineUnitOfMeasure]]=Tabla_Consulta_desde_QuickBooks_Data_64_Bit_QRemote[[#This Row],[U/M]]),\"\",\"ERROR\"),\"\")","v":""},{"$f":"+WEEKNUM(Tabla_Consulta_desde_QuickBooks_Data_64_Bit_QRemote[[#This Row],[TxnDate]])","v":23},{"$f":"+Tabla_Consulta_desde_QuickBooks_Data_64_Bit_QRemote[[#This Row],[SalesOrderLineRate]]*Tabla_Consulta_desde_QuickBooks_Data_64_Bit_QRemote[[#This Row],[SalesOrderLineInvoiced]]","v":7.92},{"$f":"+IFERROR(IF(Tabla_Consulta_desde_QuickBooks_Data_64_Bit_QRemote[[#This Row],[CustomerRefFullName]]=\"GRUVALCORP SA\",VLOOKUP(Tabla_Consulta_desde_QuickBooks_Data_64_Bit_QRemote[[#This Row],[SalesOrderLineItemRefFullName]],Hoja1!A:E,5,FALSE),\"\")*-Tabla_Consulta_desde_QuickBooks_Data_64_Bit_QRemote[[#This Row],[SalesOrderLineAmount]],\"\")","v":""},{"$f":"IF(COUNTIF(wms!E:E,Tabla_Consulta_desde_QuickBooks_Data_64_Bit_QRemote[[#This Row],[RefNumber]])>0,\"OK\",\"FALTA\")","v":"OK"}]
["2025-06-02","29112","CORPORACION EL ROSADO S.A.","4615743309 6 DE DICIEMBRE",13,null,"Desc. Ventas SLS:110700","CHIMICHURRI OLE 230G",null,null,null,-6.78,-6.78,null,1,291.18,334.86,"IVA EN VENTAS 15%",{"$f":"IFERROR(IF(Tabla_Consulta_desde_QuickBooks_Data_64_Bit_QRemote[[#This Row],[SalesOrderLineUnitOfMeasure]]=\"un\",Tabla_Consulta_desde_QuickBooks_Data_64_Bit_QRemote[[#This Row],[SalesOrderLineQuantity]],Tabla_Consulta_desde_QuickBooks_Data_64_Bit_QRemote[[#This Row],[SalesOrderLineQuantity]]/MID(Tabla_Consulta_desde_QuickBooks_Data_64_Bit_QRemote[[#This Row],[SalesOrderLineUnitOfMeasure]],2,2)),0)","v":0},{"$f":"IFERROR(IF(Tabla_Consulta_desde_QuickBooks_Data_64_Bit_QRemote[[#This Row],[SalesOrderLineUnitOfMeasure]]=\"un\",Tabla_Consulta_desde_QuickBooks_Data_64_Bit_QRemote[[#This Row],[SalesOrderLineInvoiced]],Tabla_Consulta_desde_QuickBooks_Data_64_Bit_QRemote[[#This Row],[SalesOrderLineInvoiced]]/MID(Tabla_Consulta_desde_QuickBooks_Data_64_Bit_QRemote[[#This Row],[SalesOrderLineUnitOfMeasure]],2,2)),0)","v":0},{"$f":"+Tabla_Consulta_desde_QuickBooks_Data_64_Bit_QRemote[[#This Row],[facturado]]-Tabla_Consulta_desde_QuickBooks_Data_64_Bit_QRemote[[#This Row],[pide]]","v":0},{"$f":"IF(Tabla_Consulta_desde_QuickBooks_Data_64_Bit_QRemote[[#This Row],[diferecia]]=0,\"ok\",\"diferen\")","v":"ok"},{"$f":"IFERROR(INDEX(um!A:C,MATCH(Tabla_Consulta_desde_QuickBooks_Data_64_Bit_QRemote[[#This Row],[SalesOrderLineItemRefFullName]],um!A:A,0),3),\"\")","v":""},{"$f":"IFERROR(IF(OR(Tabla_Consulta_desde_QuickBooks_Data_64_Bit_QRemote[[#This Row],[SalesOrderLineUnitOfMeasure]]=\"UN\",Tabla_Consulta_desde_QuickBooks_Data_64_Bit_QRemote[[#This Row],[SalesOrderLineUnitOfMeasure]]=Tabla_Consulta_desde_QuickBooks_Data_64_Bit_QRemote[[#This Row],[U/M]]),\"\",\"ERROR\"),\"\")","v":""},{"$f":"+WEEKNUM(Tabla_Consulta_desde_QuickBooks_Data_64_Bit_QRemote[[#This Row],[TxnDate]])","v":23},{"$f":"+Tabla_Consulta_desde_QuickBooks_Data_64_Bit_QRemote[[#This Row],[SalesOrderLineRate]]*Tabla_Consulta_desde_QuickBooks_Data_64_Bit_QRemote[[#This Row],[SalesOrderLineInvoiced]]","v":-6.78},{"$f":"+IFERROR(IF(Tabla_Consulta_desde_QuickBooks_Data_64_Bit_QRemote[[#This Row],[CustomerRefFullName]]=\"GRUVALCORP SA\",VLOOKUP(Tabla_Consulta_desde_QuickBooks_Data_64_Bit_QRemote[[#This Row],[SalesOrderLineItemRefFullName]],Hoja1!A:E,5,FALSE),\"\")*-Tabla_Consulta_desde_QuickBooks_Data_64_Bit_QRemote[[#This Row],[SalesOrderLineAmount]],\"\")","v":""},{"$f":"IF(COUNTIF(wms!E:E,Tabla_Consulta_desde_QuickBooks_Data_64_Bit_QRemote[[#This Row],[RefNumber]])>0,\"OK\",\"FALTA\")","v":"OK"}]
["2025-06-02","29112","CORPORACION EL ROSADO S.A.","4615743309 6 DE DICIEMBRE",14,null,"Desc. Ventas SLS:111201","TOMATE DESHIDRATADO EN ACEITE OLE 225G",null,null,null,-11.26,-11.26,null,1,291.18,334.86,"IVA EN VENTAS 15%",{"$f":"IFERROR(IF(Tabla_Consulta_desde_QuickBooks_Data_64_Bit_QRemote[[#This Row],[SalesOrderLineUnitOfMeasure]]=\"un\",Tabla_Consulta_desde_QuickBooks_Data_64_Bit_QRemote[[#This Row],[SalesOrderLineQuantity]],Tabla_Consulta_desde_QuickBooks_Data_64_Bit_QRemote[[#This Row],[SalesOrderLineQuantity]]/MID(Tabla_Consulta_desde_QuickBooks_Data_64_Bit_QRemote[[#This Row],[SalesOrderLineUnitOfMeasure]],2,2)),0)","v":0},{"$f":"IFERROR(IF(Tabla_Consulta_desde_QuickBooks_Data_64_Bit_QRemote[[#This Row],[SalesOrderLineUnitOfMeasure]]=\"un\",Tabla_Consulta_desde_QuickBooks_Data_64_Bit_QRemote[[#This Row],[SalesOrderLineInvoiced]],Tabla_Consulta_desde_QuickBooks_Data_64_Bit_QRemote[[#This Row],[SalesOrderLineInvoiced]]/MID(Tabla_Consulta_desde_QuickBooks_Data_64_Bit_QRemote[[#This Row],[SalesOrderLineUnitOfMeasure]],2,2)),0)","v":0},{"$f":"+Tabla_Consulta_desde_QuickBooks_Data_64_Bit_QRemote[[#This Row],[facturado]]-Tabla_Consulta_desde_QuickBooks_Data_64_Bit_QRemote[[#This Row],[pide]]","v":0},{"$f":"IF(Tabla_Consulta_desde_QuickBooks_Data_64_Bit_QRemote[[#This Row],[diferecia]]=0,\"ok\",\"diferen\")","v":"ok"},{"$f":"IFERROR(INDEX(um!A:C,MATCH(Tabla_Consulta_desde_QuickBooks_Data_64_Bit_QRemote[[#This Row],[SalesOrderLineItemRefFullName]],um!A:A,0),3),\"\")","v":""},{"$f":"IFERROR(IF(OR(Tabla_Consulta_desde_QuickBooks_Data_64_Bit_QRemote[[#This Row],[SalesOrderLineUnitOfMeasure]]=\"UN\",Tabla_Consulta_desde_QuickBooks_Data_64_Bit_QRemote[[#This Row],[SalesOrderLineUnitOfMeasure]]=Tabla_Consulta_desde_QuickBooks_Data_64_Bit_QRemote[[#This Row],[U/M]]),\"\",\"ERROR\"),\"\")","v":""},{"$f":"+WEEKNUM(Tabla_Consulta_desde_QuickBooks_Data_64_Bit_QRemote[[#This Row],[TxnDate]])","v":23},{"$f":"+Tabla_Consulta_desde_QuickBooks_Data_64_Bit_QRemote[[#This Row],[SalesOrderLineRate]]*Tabla_Consulta_desde_QuickBooks_Data_64_Bit_QRemote[[#This Row],[SalesOrderLineInvoiced]]","v":-11.26},{"$f":"+IFERROR(IF(Tabla_Consulta_desde_QuickBooks_Data_64_Bit_QRemote[[#This Row],[CustomerRefFullName]]=\"GRUVALCORP SA\",VLOOKUP(Tabla_Consulta_desde_QuickBooks_Data_64_Bit_QRemote[[#This Row],[SalesOrderLineItemRefFullName]],Hoja1!A:E,5,FALSE),\"\")*-Tabla_Consulta_desde_QuickBooks_Data_64_Bit_QRemote[[#This Row],[SalesOrderLineAmount]],\"\")","v":""},{"$f":"IF(COUNTIF(wms!E:E,Tabla_Consulta_desde_QuickBooks_Data_64_Bit_QRemote[[#This Row],[RefNumber]])>0,\"OK\",\"FALTA\")","v":"OK"}]
["2025-06-02","29112","CORPORACION EL ROSADO S.A.","4615743309 6 DE DICIEMBRE",15,null,"Desc. Ventas SLS:110606","JALAPEÑO ROJOS Y VERDES AGRIDULCES OLE 250G",null,null,null,-2.62,-2.62,null,1,291.18,334.86,"IVA EN VENTAS 15%",{"$f":"IFERROR(IF(Tabla_Consulta_desde_QuickBooks_Data_64_Bit_QRemote[[#This Row],[SalesOrderLineUnitOfMeasure]]=\"un\",Tabla_Consulta_desde_QuickBooks_Data_64_Bit_QRemote[[#This Row],[SalesOrderLineQuantity]],Tabla_Consulta_desde_QuickBooks_Data_64_Bit_QRemote[[#This Row],[SalesOrderLineQuantity]]/MID(Tabla_Consulta_desde_QuickBooks_Data_64_Bit_QRemote[[#This Row],[SalesOrderLineUnitOfMeasure]],2,2)),0)","v":0},{"$f":"IFERROR(IF(Tabla_Consulta_desde_QuickBooks_Data_64_Bit_QRemote[[#This Row],[SalesOrderLineUnitOfMeasure]]=\"un\",Tabla_Consulta_desde_QuickBooks_Data_64_Bit_QRemote[[#This Row],[SalesOrderLineInvoiced]],Tabla_Consulta_desde_QuickBooks_Data_64_Bit_QRemote[[#This Row],[SalesOrderLineInvoiced]]/MID(Tabla_Consulta_desde_QuickBooks_Data_64_Bit_QRemote[[#This Row],[SalesOrderLineUnitOfMeasure]],2,2)),0)","v":0},{"$f":"+Tabla_Consulta_desde_QuickBooks_Data_64_Bit_QRemote[[#This Row],[facturado]]-Tabla_Consulta_desde_QuickBooks_Data_64_Bit_QRemote[[#This Row],[pide]]","v":0},{"$f":"IF(Tabla_Consulta_desde_QuickBooks_Data_64_Bit_QRemote[[#This Row],[diferecia]]=0,\"ok\",\"diferen\")","v":"ok"},{"$f":"IFERROR(INDEX(um!A:C,MATCH(Tabla_Consulta_desde_QuickBooks_Data_64_Bit_QRemote[[#This Row],[SalesOrderLineItemRefFullName]],um!A:A,0),3),\"\")","v":""},{"$f":"IFERROR(IF(OR(Tabla_Consulta_desde_QuickBooks_Data_64_Bit_QRemote[[#This Row],[SalesOrderLineUnitOfMeasure]]=\"UN\",Tabla_Consulta_desde_QuickBooks_Data_64_Bit_QRemote[[#This Row],[SalesOrderLineUnitOfMeasure]]=Tabla_Consulta_desde_QuickBooks_Data_64_Bit_QRemote[[#This Row],[U/M]]),\"\",\"ERROR\"),\"\")","v":""},{"$f":"+WEEKNUM(Tabla_Consulta_desde_QuickBooks_Data_64_Bit_QRemote[[#This Row],[TxnDate]])","v":23},{"$f":"+Tabla_Consulta_desde_QuickBooks_Data_64_Bit_QRemote[[#This Row],[SalesOrderLineRate]]*Tabla_Consulta_desde_QuickBooks_Data_64_Bit_QRemote[[#This Row],[SalesOrderLineInvoiced]]","v":-2.62},{"$f":"+IFERROR(IF(Tabla_Consulta_desde_QuickBooks_Data_64_Bit_QRemote[[#This Row],[CustomerRefFullName]]=\"GRUVALCORP SA\",VLOOKUP(Tabla_Consulta_desde_QuickBooks_Data_64_Bit_QRemote[[#This Row],[SalesOrderLineItemRefFullName]],Hoja1!A:E,5,FALSE),\"\")*-Tabla_Consulta_desde_QuickBooks_Data_64_Bit_QRemote[[#This Row],[SalesOrderLineAmount]],\"\")","v":""},{"$f":"IF(COUNTIF(wms!E:E,Tabla_Consulta_desde_QuickBooks_Data_64_Bit_QRemote[[#This Row],[RefNumber]])>0,\"OK\",\"FALTA\")","v":"OK"}]
["2025-06-02","29112","CORPORACION EL ROSADO S.A.","4615743309 6 DE DICIEMBRE",16,null,"Desc. Ventas COM:311407","VINAGRE DE MANZANA CON LA MADRE OLE 500ML",null,null,null,-7.72,-7.72,null,1,291.18,334.86,"IVA EN VENTAS 15%",{"$f":"IFERROR(IF(Tabla_Consulta_desde_QuickBooks_Data_64_Bit_QRemote[[#This Row],[SalesOrderLineUnitOfMeasure]]=\"un\",Tabla_Consulta_desde_QuickBooks_Data_64_Bit_QRemote[[#This Row],[SalesOrderLineQuantity]],Tabla_Consulta_desde_QuickBooks_Data_64_Bit_QRemote[[#This Row],[SalesOrderLineQuantity]]/MID(Tabla_Consulta_desde_QuickBooks_Data_64_Bit_QRemote[[#This Row],[SalesOrderLineUnitOfMeasure]],2,2)),0)","v":0},{"$f":"IFERROR(IF(Tabla_Consulta_desde_QuickBooks_Data_64_Bit_QRemote[[#This Row],[SalesOrderLineUnitOfMeasure]]=\"un\",Tabla_Consulta_desde_QuickBooks_Data_64_Bit_QRemote[[#This Row],[SalesOrderLineInvoiced]],Tabla_Consulta_desde_QuickBooks_Data_64_Bit_QRemote[[#This Row],[SalesOrderLineInvoiced]]/MID(Tabla_Consulta_desde_QuickBooks_Data_64_Bit_QRemote[[#This Row],[SalesOrderLineUnitOfMeasure]],2,2)),0)","v":0},{"$f":"+Tabla_Consulta_desde_QuickBooks_Data_64_Bit_QRemote[[#This Row],[facturado]]-Tabla_Consulta_desde_QuickBooks_Data_64_Bit_QRemote[[#This Row],[pide]]","v":0},{"$f":"IF(Tabla_Consulta_desde_QuickBooks_Data_64_Bit_QRemote[[#This Row],[diferecia]]=0,\"ok\",\"diferen\")","v":"ok"},{"$f":"IFERROR(INDEX(um!A:C,MATCH(Tabla_Consulta_desde_QuickBooks_Data_64_Bit_QRemote[[#This Row],[SalesOrderLineItemRefFullName]],um!A:A,0),3),\"\")","v":""},{"$f":"IFERROR(IF(OR(Tabla_Consulta_desde_QuickBooks_Data_64_Bit_QRemote[[#This Row],[SalesOrderLineUnitOfMeasure]]=\"UN\",Tabla_Consulta_desde_QuickBooks_Data_64_Bit_QRemote[[#This Row],[SalesOrderLineUnitOfMeasure]]=Tabla_Consulta_desde_QuickBooks_Data_64_Bit_QRemote[[#This Row],[U/M]]),\"\",\"ERROR\"),\"\")","v":""},{"$f":"+WEEKNUM(Tabla_Consulta_desde_QuickBooks_Data_64_Bit_QRemote[[#This Row],[TxnDate]])","v":23},{"$f":"+Tabla_Consulta_desde_QuickBooks_Data_64_Bit_QRemote[[#This Row],[SalesOrderLineRate]]*Tabla_Consulta_desde_QuickBooks_Data_64_Bit_QRemote[[#This Row],[SalesOrderLineInvoiced]]","v":-7.72},{"$f":"+IFERROR(IF(Tabla_Consulta_desde_QuickBooks_Data_64_Bit_QRemote[[#This Row],[CustomerRefFullName]]=\"GRUVALCORP SA\",VLOOKUP(Tabla_Consulta_desde_QuickBooks_Data_64_Bit_QRemote[[#This Row],[SalesOrderLineItemRefFullName]],Hoja1!A:E,5,FALSE),\"\")*-Tabla_Consulta_desde_QuickBooks_Data_64_Bit_QRemote[[#This Row],[SalesOrderLineAmount]],\"\")","v":""},{"$f":"IF(COUNTIF(wms!E:E,Tabla_Consulta_desde_QuickBooks_Data_64_Bit_QRemote[[#This Row],[RefNumber]])>0,\"OK\",\"FALTA\")","v":"OK"}]
["2025-06-02","29112","CORPORACION EL ROSADO S.A.","4615743309 6 DE DICIEMBRE",17,null,"Desc. Ventas SLS:110733","SALSA GUACAMOLE OLE 220G",null,null,null,-7.58,-7.58,null,1,291.18,334.86,"IVA EN VENTAS 15%",{"$f":"IFERROR(IF(Tabla_Consulta_desde_QuickBooks_Data_64_Bit_QRemote[[#This Row],[SalesOrderLineUnitOfMeasure]]=\"un\",Tabla_Consulta_desde_QuickBooks_Data_64_Bit_QRemote[[#This Row],[SalesOrderLineQuantity]],Tabla_Consulta_desde_QuickBooks_Data_64_Bit_QRemote[[#This Row],[SalesOrderLineQuantity]]/MID(Tabla_Consulta_desde_QuickBooks_Data_64_Bit_QRemote[[#This Row],[SalesOrderLineUnitOfMeasure]],2,2)),0)","v":0},{"$f":"IFERROR(IF(Tabla_Consulta_desde_QuickBooks_Data_64_Bit_QRemote[[#This Row],[SalesOrderLineUnitOfMeasure]]=\"un\",Tabla_Consulta_desde_QuickBooks_Data_64_Bit_QRemote[[#This Row],[SalesOrderLineInvoiced]],Tabla_Consulta_desde_QuickBooks_Data_64_Bit_QRemote[[#This Row],[SalesOrderLineInvoiced]]/MID(Tabla_Consulta_desde_QuickBooks_Data_64_Bit_QRemote[[#This Row],[SalesOrderLineUnitOfMeasure]],2,2)),0)","v":0},{"$f":"+Tabla_Consulta_desde_QuickBooks_Data_64_Bit_QRemote[[#This Row],[facturado]]-Tabla_Consulta_desde_QuickBooks_Data_64_Bit_QRemote[[#This Row],[pide]]","v":0},{"$f":"IF(Tabla_Consulta_desde_QuickBooks_Data_64_Bit_QRemote[[#This Row],[diferecia]]=0,\"ok\",\"diferen\")","v":"ok"},{"$f":"IFERROR(INDEX(um!A:C,MATCH(Tabla_Consulta_desde_QuickBooks_Data_64_Bit_QRemote[[#This Row],[SalesOrderLineItemRefFullName]],um!A:A,0),3),\"\")","v":""},{"$f":"IFERROR(IF(OR(Tabla_Consulta_desde_QuickBooks_Data_64_Bit_QRemote[[#This Row],[SalesOrderLineUnitOfMeasure]]=\"UN\",Tabla_Consulta_desde_QuickBooks_Data_64_Bit_QRemote[[#This Row],[SalesOrderLineUnitOfMeasure]]=Tabla_Consulta_desde_QuickBooks_Data_64_Bit_QRemote[[#This Row],[U/M]]),\"\",\"ERROR\"),\"\")","v":""},{"$f":"+WEEKNUM(Tabla_Consulta_desde_QuickBooks_Data_64_Bit_QRemote[[#This Row],[TxnDate]])","v":23},{"$f":"+Tabla_Consulta_desde_QuickBooks_Data_64_Bit_QRemote[[#This Row],[SalesOrderLineRate]]*Tabla_Consulta_desde_QuickBooks_Data_64_Bit_QRemote[[#This Row],[SalesOrderLineInvoiced]]","v":-7.58},{"$f":"+IFERROR(IF(Tabla_Consulta_desde_QuickBooks_Data_64_Bit_QRemote[[#This Row],[CustomerRefFullName]]=\"GRUVALCORP SA\",VLOOKUP(Tabla_Consulta_desde_QuickBooks_Data_64_Bit_QRemote[[#This Row],[SalesOrderLineItemRefFullName]],Hoja1!A:E,5,FALSE),\"\")*-Tabla_Consulta_desde_QuickBooks_Data_64_Bit_QRemote[[#This Row],[SalesOrderLineAmount]],\"\")","v":""},{"$f":"IF(COUNTIF(wms!E:E,Tabla_Consulta_desde_QuickBooks_Data_64_Bit_QRemote[[#This Row],[RefNumber]])>0,\"OK\",\"FALTA\")","v":"OK"}]
["2025-06-02","29112","CORPORACION EL ROSADO S.A.","4615743309 6 DE DICIEMBRE",18,null,"Desc. Ventas SNK:220132","TOTOPOS NATURAL OLE 300G",null,null,null,-3.21,-3.21,null,1,291.18,334.86,"IVA EN VENTAS 15%",{"$f":"IFERROR(IF(Tabla_Consulta_desde_QuickBooks_Data_64_Bit_QRemote[[#This Row],[SalesOrderLineUnitOfMeasure]]=\"un\",Tabla_Consulta_desde_QuickBooks_Data_64_Bit_QRemote[[#This Row],[SalesOrderLineQuantity]],Tabla_Consulta_desde_QuickBooks_Data_64_Bit_QRemote[[#This Row],[SalesOrderLineQuantity]]/MID(Tabla_Consulta_desde_QuickBooks_Data_64_Bit_QRemote[[#This Row],[SalesOrderLineUnitOfMeasure]],2,2)),0)","v":0},{"$f":"IFERROR(IF(Tabla_Consulta_desde_QuickBooks_Data_64_Bit_QRemote[[#This Row],[SalesOrderLineUnitOfMeasure]]=\"un\",Tabla_Consulta_desde_QuickBooks_Data_64_Bit_QRemote[[#This Row],[SalesOrderLineInvoiced]],Tabla_Consulta_desde_QuickBooks_Data_64_Bit_QRemote[[#This Row],[SalesOrderLineInvoiced]]/MID(Tabla_Consulta_desde_QuickBooks_Data_64_Bit_QRemote[[#This Row],[SalesOrderLineUnitOfMeasure]],2,2)),0)","v":0},{"$f":"+Tabla_Consulta_desde_QuickBooks_Data_64_Bit_QRemote[[#This Row],[facturado]]-Tabla_Consulta_desde_QuickBooks_Data_64_Bit_QRemote[[#This Row],[pide]]","v":0},{"$f":"IF(Tabla_Consulta_desde_QuickBooks_Data_64_Bit_QRemote[[#This Row],[diferecia]]=0,\"ok\",\"diferen\")","v":"ok"},{"$f":"IFERROR(INDEX(um!A:C,MATCH(Tabla_Consulta_desde_QuickBooks_Data_64_Bit_QRemote[[#This Row],[SalesOrderLineItemRefFullName]],um!A:A,0),3),\"\")","v":""},{"$f":"IFERROR(IF(OR(Tabla_Consulta_desde_QuickBooks_Data_64_Bit_QRemote[[#This Row],[SalesOrderLineUnitOfMeasure]]=\"UN\",Tabla_Consulta_desde_QuickBooks_Data_64_Bit_QRemote[[#This Row],[SalesOrderLineUnitOfMeasure]]=Tabla_Consulta_desde_QuickBooks_Data_64_Bit_QRemote[[#This Row],[U/M]]),\"\",\"ERROR\"),\"\")","v":""},{"$f":"+WEEKNUM(Tabla_Consulta_desde_QuickBooks_Data_64_Bit_QRemote[[#This Row],[TxnDate]])","v":23},{"$f":"+Tabla_Consulta_desde_QuickBooks_Data_64_Bit_QRemote[[#This Row],[SalesOrderLineRate]]*Tabla_Consulta_desde_QuickBooks_Data_64_Bit_QRemote[[#This Row],[SalesOrderLineInvoiced]]","v":-3.21},{"$f":"+IFERROR(IF(Tabla_Consulta_desde_QuickBooks_Data_64_Bit_QRemote[[#This Row],[CustomerRefFullName]]=\"GRUVALCORP SA\",VLOOKUP(Tabla_Consulta_desde_QuickBooks_Data_64_Bit_QRemote[[#This Row],[SalesOrderLineItemRefFullName]],Hoja1!A:E,5,FALSE),\"\")*-Tabla_Consulta_desde_QuickBooks_Data_64_Bit_QRemote[[#This Row],[SalesOrderLineAmount]],\"\")","v":""},{"$f":"IF(COUNTIF(wms!E:E,Tabla_Consulta_desde_QuickBooks_Data_64_Bit_QRemote[[#This Row],[RefNumber]])>0,\"OK\",\"FALTA\")","v":"OK"}]
["2025-06-02","29112","CORPORACION EL ROSADO S.A.","4615743309 6 DE DICIEMBRE",19,null,"Desc. Ventas COM:311606","SALSA QUESO CHEDDAR OLE 200G",null,null,null,-7.3,-7.3,null,1,291.18,334.86,"IVA EN VENTAS 15%",{"$f":"IFERROR(IF(Tabla_Consulta_desde_QuickBooks_Data_64_Bit_QRemote[[#This Row],[SalesOrderLineUnitOfMeasure]]=\"un\",Tabla_Consulta_desde_QuickBooks_Data_64_Bit_QRemote[[#This Row],[SalesOrderLineQuantity]],Tabla_Consulta_desde_QuickBooks_Data_64_Bit_QRemote[[#This Row],[SalesOrderLineQuantity]]/MID(Tabla_Consulta_desde_QuickBooks_Data_64_Bit_QRemote[[#This Row],[SalesOrderLineUnitOfMeasure]],2,2)),0)","v":0},{"$f":"IFERROR(IF(Tabla_Consulta_desde_QuickBooks_Data_64_Bit_QRemote[[#This Row],[SalesOrderLineUnitOfMeasure]]=\"un\",Tabla_Consulta_desde_QuickBooks_Data_64_Bit_QRemote[[#This Row],[SalesOrderLineInvoiced]],Tabla_Consulta_desde_QuickBooks_Data_64_Bit_QRemote[[#This Row],[SalesOrderLineInvoiced]]/MID(Tabla_Consulta_desde_QuickBooks_Data_64_Bit_QRemote[[#This Row],[SalesOrderLineUnitOfMeasure]],2,2)),0)","v":0},{"$f":"+Tabla_Consulta_desde_QuickBooks_Data_64_Bit_QRemote[[#This Row],[facturado]]-Tabla_Consulta_desde_QuickBooks_Data_64_Bit_QRemote[[#This Row],[pide]]","v":0},{"$f":"IF(Tabla_Consulta_desde_QuickBooks_Data_64_Bit_QRemote[[#This Row],[diferecia]]=0,\"ok\",\"diferen\")","v":"ok"},{"$f":"IFERROR(INDEX(um!A:C,MATCH(Tabla_Consulta_desde_QuickBooks_Data_64_Bit_QRemote[[#This Row],[SalesOrderLineItemRefFullName]],um!A:A,0),3),\"\")","v":""},{"$f":"IFERROR(IF(OR(Tabla_Consulta_desde_QuickBooks_Data_64_Bit_QRemote[[#This Row],[SalesOrderLineUnitOfMeasure]]=\"UN\",Tabla_Consulta_desde_QuickBooks_Data_64_Bit_QRemote[[#This Row],[SalesOrderLineUnitOfMeasure]]=Tabla_Consulta_desde_QuickBooks_Data_64_Bit_QRemote[[#This Row],[U/M]]),\"\",\"ERROR\"),\"\")","v":""},{"$f":"+WEEKNUM(Tabla_Consulta_desde_QuickBooks_Data_64_Bit_QRemote[[#This Row],[TxnDate]])","v":23},{"$f":"+Tabla_Consulta_desde_QuickBooks_Data_64_Bit_QRemote[[#This Row],[SalesOrderLineRate]]*Tabla_Consulta_desde_QuickBooks_Data_64_Bit_QRemote[[#This Row],[SalesOrderLineInvoiced]]","v":-7.3},{"$f":"+IFERROR(IF(Tabla_Consulta_desde_QuickBooks_Data_64_Bit_QRemote[[#This Row],[CustomerRefFullName]]=\"GRUVALCORP SA\",VLOOKUP(Tabla_Consulta_desde_QuickBooks_Data_64_Bit_QRemote[[#This Row],[SalesOrderLineItemRefFullName]],Hoja1!A:E,5,FALSE),\"\")*-Tabla_Consulta_desde_QuickBooks_Data_64_Bit_QRemote[[#This Row],[SalesOrderLineAmount]],\"\")","v":""},{"$f":"IF(COUNTIF(wms!E:E,Tabla_Consulta_desde_QuickBooks_Data_64_Bit_QRemote[[#This Row],[RefNumber]])>0,\"OK\",\"FALTA\")","v":"OK"}]
["2025-06-02","29112","CORPORACION EL ROSADO S.A.","4615743309 6 DE DICIEMBRE",20,null,"Desc. Ventas SLS:110704","DIP DE FREJOL OLE 230G",null,null,null,-2.72,-2.72,null,1,291.18,334.86,"IVA EN VENTAS 15%",{"$f":"IFERROR(IF(Tabla_Consulta_desde_QuickBooks_Data_64_Bit_QRemote[[#This Row],[SalesOrderLineUnitOfMeasure]]=\"un\",Tabla_Consulta_desde_QuickBooks_Data_64_Bit_QRemote[[#This Row],[SalesOrderLineQuantity]],Tabla_Consulta_desde_QuickBooks_Data_64_Bit_QRemote[[#This Row],[SalesOrderLineQuantity]]/MID(Tabla_Consulta_desde_QuickBooks_Data_64_Bit_QRemote[[#This Row],[SalesOrderLineUnitOfMeasure]],2,2)),0)","v":0},{"$f":"IFERROR(IF(Tabla_Consulta_desde_QuickBooks_Data_64_Bit_QRemote[[#This Row],[SalesOrderLineUnitOfMeasure]]=\"un\",Tabla_Consulta_desde_QuickBooks_Data_64_Bit_QRemote[[#This Row],[SalesOrderLineInvoiced]],Tabla_Consulta_desde_QuickBooks_Data_64_Bit_QRemote[[#This Row],[SalesOrderLineInvoiced]]/MID(Tabla_Consulta_desde_QuickBooks_Data_64_Bit_QRemote[[#This Row],[SalesOrderLineUnitOfMeasure]],2,2)),0)","v":0},{"$f":"+Tabla_Consulta_desde_QuickBooks_Data_64_Bit_QRemote[[#This Row],[facturado]]-Tabla_Consulta_desde_QuickBooks_Data_64_Bit_QRemote[[#This Row],[pide]]","v":0},{"$f":"IF(Tabla_Consulta_desde_QuickBooks_Data_64_Bit_QRemote[[#This Row],[diferecia]]=0,\"ok\",\"diferen\")","v":"ok"},{"$f":"IFERROR(INDEX(um!A:C,MATCH(Tabla_Consulta_desde_QuickBooks_Data_64_Bit_QRemote[[#This Row],[SalesOrderLineItemRefFullName]],um!A:A,0),3),\"\")","v":""},{"$f":"IFERROR(IF(OR(Tabla_Consulta_desde_QuickBooks_Data_64_Bit_QRemote[[#This Row],[SalesOrderLineUnitOfMeasure]]=\"UN\",Tabla_Consulta_desde_QuickBooks_Data_64_Bit_QRemote[[#This Row],[SalesOrderLineUnitOfMeasure]]=Tabla_Consulta_desde_QuickBooks_Data_64_Bit_QRemote[[#This Row],[U/M]]),\"\",\"ERROR\"),\"\")","v":""},{"$f":"+WEEKNUM(Tabla_Consulta_desde_QuickBooks_Data_64_Bit_QRemote[[#This Row],[TxnDate]])","v":23},{"$f":"+Tabla_Consulta_desde_QuickBooks_Data_64_Bit_QRemote[[#This Row],[SalesOrderLineRate]]*Tabla_Consulta_desde_QuickBooks_Data_64_Bit_QRemote[[#This Row],[SalesOrderLineInvoiced]]","v":-2.72},{"$f":"+IFERROR(IF(Tabla_Consulta_desde_QuickBooks_Data_64_Bit_QRemote[[#This Row],[CustomerRefFullName]]=\"GRUVALCORP SA\",VLOOKUP(Tabla_Consulta_desde_QuickBooks_Data_64_Bit_QRemote[[#This Row],[SalesOrderLineItemRefFullName]],Hoja1!A:E,5,FALSE),\"\")*-Tabla_Consulta_desde_QuickBooks_Data_64_Bit_QRemote[[#This Row],[SalesOrderLineAmount]],\"\")","v":""},{"$f":"IF(COUNTIF(wms!E:E,Tabla_Consulta_desde_QuickBooks_Data_64_Bit_QRemote[[#This Row],[RefNumber]])>0,\"OK\",\"FALTA\")","v":"OK"}]
["2025-06-02","29112","CORPORACION EL ROSADO S.A.","4615743309 6 DE DICIEMBRE",21,null,"Desc. Ventas SLS:110313","SALSA BBQ WHISKY Y MIEL OLE 430G",null,null,null,-2.4700000000000002,-2.4700000000000002,null,1,291.18,334.86,"IVA EN VENTAS 15%",{"$f":"IFERROR(IF(Tabla_Consulta_desde_QuickBooks_Data_64_Bit_QRemote[[#This Row],[SalesOrderLineUnitOfMeasure]]=\"un\",Tabla_Consulta_desde_QuickBooks_Data_64_Bit_QRemote[[#This Row],[SalesOrderLineQuantity]],Tabla_Consulta_desde_QuickBooks_Data_64_Bit_QRemote[[#This Row],[SalesOrderLineQuantity]]/MID(Tabla_Consulta_desde_QuickBooks_Data_64_Bit_QRemote[[#This Row],[SalesOrderLineUnitOfMeasure]],2,2)),0)","v":0},{"$f":"IFERROR(IF(Tabla_Consulta_desde_QuickBooks_Data_64_Bit_QRemote[[#This Row],[SalesOrderLineUnitOfMeasure]]=\"un\",Tabla_Consulta_desde_QuickBooks_Data_64_Bit_QRemote[[#This Row],[SalesOrderLineInvoiced]],Tabla_Consulta_desde_QuickBooks_Data_64_Bit_QRemote[[#This Row],[SalesOrderLineInvoiced]]/MID(Tabla_Consulta_desde_QuickBooks_Data_64_Bit_QRemote[[#This Row],[SalesOrderLineUnitOfMeasure]],2,2)),0)","v":0},{"$f":"+Tabla_Consulta_desde_QuickBooks_Data_64_Bit_QRemote[[#This Row],[facturado]]-Tabla_Consulta_desde_QuickBooks_Data_64_Bit_QRemote[[#This Row],[pide]]","v":0},{"$f":"IF(Tabla_Consulta_desde_QuickBooks_Data_64_Bit_QRemote[[#This Row],[diferecia]]=0,\"ok\",\"diferen\")","v":"ok"},{"$f":"IFERROR(INDEX(um!A:C,MATCH(Tabla_Consulta_desde_QuickBooks_Data_64_Bit_QRemote[[#This Row],[SalesOrderLineItemRefFullName]],um!A:A,0),3),\"\")","v":""},{"$f":"IFERROR(IF(OR(Tabla_Consulta_desde_QuickBooks_Data_64_Bit_QRemote[[#This Row],[SalesOrderLineUnitOfMeasure]]=\"UN\",Tabla_Consulta_desde_QuickBooks_Data_64_Bit_QRemote[[#This Row],[SalesOrderLineUnitOfMeasure]]=Tabla_Consulta_desde_QuickBooks_Data_64_Bit_QRemote[[#This Row],[U/M]]),\"\",\"ERROR\"),\"\")","v":""},{"$f":"+WEEKNUM(Tabla_Consulta_desde_QuickBooks_Data_64_Bit_QRemote[[#This Row],[TxnDate]])","v":23},{"$f":"+Tabla_Consulta_desde_QuickBooks_Data_64_Bit_QRemote[[#This Row],[SalesOrderLineRate]]*Tabla_Consulta_desde_QuickBooks_Data_64_Bit_QRemote[[#This Row],[SalesOrderLineInvoiced]]","v":-2.4700000000000002},{"$f":"+IFERROR(IF(Tabla_Consulta_desde_QuickBooks_Data_64_Bit_QRemote[[#This Row],[CustomerRefFullName]]=\"GRUVALCORP SA\",VLOOKUP(Tabla_Consulta_desde_QuickBooks_Data_64_Bit_QRemote[[#This Row],[SalesOrderLineItemRefFullName]],Hoja1!A:E,5,FALSE),\"\")*-Tabla_Consulta_desde_QuickBooks_Data_64_Bit_QRemote[[#This Row],[SalesOrderLineAmount]],\"\")","v":""},{"$f":"IF(COUNTIF(wms!E:E,Tabla_Consulta_desde_QuickBooks_Data_64_Bit_QRemote[[#This Row],[RefNumber]])>0,\"OK\",\"FALTA\")","v":"OK"}]
["2025-06-02","29112","CORPORACION EL ROSADO S.A.","4615743309 6 DE DICIEMBRE",22,null,"Desc. Ventas SLS:110745","SALSA PICANTE HABANERO OLE 100G",null,null,null,-5.76,-5.76,null,1,291.18,334.86,"IVA EN VENTAS 15%",{"$f":"IFERROR(IF(Tabla_Consulta_desde_QuickBooks_Data_64_Bit_QRemote[[#This Row],[SalesOrderLineUnitOfMeasure]]=\"un\",Tabla_Consulta_desde_QuickBooks_Data_64_Bit_QRemote[[#This Row],[SalesOrderLineQuantity]],Tabla_Consulta_desde_QuickBooks_Data_64_Bit_QRemote[[#This Row],[SalesOrderLineQuantity]]/MID(Tabla_Consulta_desde_QuickBooks_Data_64_Bit_QRemote[[#This Row],[SalesOrderLineUnitOfMeasure]],2,2)),0)","v":0},{"$f":"IFERROR(IF(Tabla_Consulta_desde_QuickBooks_Data_64_Bit_QRemote[[#This Row],[SalesOrderLineUnitOfMeasure]]=\"un\",Tabla_Consulta_desde_QuickBooks_Data_64_Bit_QRemote[[#This Row],[SalesOrderLineInvoiced]],Tabla_Consulta_desde_QuickBooks_Data_64_Bit_QRemote[[#This Row],[SalesOrderLineInvoiced]]/MID(Tabla_Consulta_desde_QuickBooks_Data_64_Bit_QRemote[[#This Row],[SalesOrderLineUnitOfMeasure]],2,2)),0)","v":0},{"$f":"+Tabla_Consulta_desde_QuickBooks_Data_64_Bit_QRemote[[#This Row],[facturado]]-Tabla_Consulta_desde_QuickBooks_Data_64_Bit_QRemote[[#This Row],[pide]]","v":0},{"$f":"IF(Tabla_Consulta_desde_QuickBooks_Data_64_Bit_QRemote[[#This Row],[diferecia]]=0,\"ok\",\"diferen\")","v":"ok"},{"$f":"IFERROR(INDEX(um!A:C,MATCH(Tabla_Consulta_desde_QuickBooks_Data_64_Bit_QRemote[[#This Row],[SalesOrderLineItemRefFullName]],um!A:A,0),3),\"\")","v":""},{"$f":"IFERROR(IF(OR(Tabla_Consulta_desde_QuickBooks_Data_64_Bit_QRemote[[#This Row],[SalesOrderLineUnitOfMeasure]]=\"UN\",Tabla_Consulta_desde_QuickBooks_Data_64_Bit_QRemote[[#This Row],[SalesOrderLineUnitOfMeasure]]=Tabla_Consulta_desde_QuickBooks_Data_64_Bit_QRemote[[#This Row],[U/M]]),\"\",\"ERROR\"),\"\")","v":""},{"$f":"+WEEKNUM(Tabla_Consulta_desde_QuickBooks_Data_64_Bit_QRemote[[#This Row],[TxnDate]])","v":23},{"$f":"+Tabla_Consulta_desde_QuickBooks_Data_64_Bit_QRemote[[#This Row],[SalesOrderLineRate]]*Tabla_Consulta_desde_QuickBooks_Data_64_Bit_QRemote[[#This Row],[SalesOrderLineInvoiced]]","v":-5.76},{"$f":"+IFERROR(IF(Tabla_Consulta_desde_QuickBooks_Data_64_Bit_QRemote[[#This Row],[CustomerRefFullName]]=\"GRUVALCORP SA\",VLOOKUP(Tabla_Consulta_desde_QuickBooks_Data_64_Bit_QRemote[[#This Row],[SalesOrderLineItemRefFullName]],Hoja1!A:E,5,FALSE),\"\")*-Tabla_Consulta_desde_QuickBooks_Data_64_Bit_QRemote[[#This Row],[SalesOrderLineAmount]],\"\")","v":""},{"$f":"IF(COUNTIF(wms!E:E,Tabla_Consulta_desde_QuickBooks_Data_64_Bit_QRemote[[#This Row],[RefNumber]])>0,\"OK\",\"FALTA\")","v":"OK"}]
["2025-06-02","29112","CORPORACION EL ROSADO S.A.","4615743309 6 DE DICIEMBRE",23,null,"Desc. Ventas SLS:110746","SALSA PICANTE JALAPEÑO OLE 100G",null,null,null,-2.88,-2.88,null,1,291.18,334.86,"IVA EN VENTAS 15%",{"$f":"IFERROR(IF(Tabla_Consulta_desde_QuickBooks_Data_64_Bit_QRemote[[#This Row],[SalesOrderLineUnitOfMeasure]]=\"un\",Tabla_Consulta_desde_QuickBooks_Data_64_Bit_QRemote[[#This Row],[SalesOrderLineQuantity]],Tabla_Consulta_desde_QuickBooks_Data_64_Bit_QRemote[[#This Row],[SalesOrderLineQuantity]]/MID(Tabla_Consulta_desde_QuickBooks_Data_64_Bit_QRemote[[#This Row],[SalesOrderLineUnitOfMeasure]],2,2)),0)","v":0},{"$f":"IFERROR(IF(Tabla_Consulta_desde_QuickBooks_Data_64_Bit_QRemote[[#This Row],[SalesOrderLineUnitOfMeasure]]=\"un\",Tabla_Consulta_desde_QuickBooks_Data_64_Bit_QRemote[[#This Row],[SalesOrderLineInvoiced]],Tabla_Consulta_desde_QuickBooks_Data_64_Bit_QRemote[[#This Row],[SalesOrderLineInvoiced]]/MID(Tabla_Consulta_desde_QuickBooks_Data_64_Bit_QRemote[[#This Row],[SalesOrderLineUnitOfMeasure]],2,2)),0)","v":0},{"$f":"+Tabla_Consulta_desde_QuickBooks_Data_64_Bit_QRemote[[#This Row],[facturado]]-Tabla_Consulta_desde_QuickBooks_Data_64_Bit_QRemote[[#This Row],[pide]]","v":0},{"$f":"IF(Tabla_Consulta_desde_QuickBooks_Data_64_Bit_QRemote[[#This Row],[diferecia]]=0,\"ok\",\"diferen\")","v":"ok"},{"$f":"IFERROR(INDEX(um!A:C,MATCH(Tabla_Consulta_desde_QuickBooks_Data_64_Bit_QRemote[[#This Row],[SalesOrderLineItemRefFullName]],um!A:A,0),3),\"\")","v":""},{"$f":"IFERROR(IF(OR(Tabla_Consulta_desde_QuickBooks_Data_64_Bit_QRemote[[#This Row],[SalesOrderLineUnitOfMeasure]]=\"UN\",Tabla_Consulta_desde_QuickBooks_Data_64_Bit_QRemote[[#This Row],[SalesOrderLineUnitOfMeasure]]=Tabla_Consulta_desde_QuickBooks_Data_64_Bit_QRemote[[#This Row],[U/M]]),\"\",\"ERROR\"),\"\")","v":""},{"$f":"+WEEKNUM(Tabla_Consulta_desde_QuickBooks_Data_64_Bit_QRemote[[#This Row],[TxnDate]])","v":23},{"$f":"+Tabla_Consulta_desde_QuickBooks_Data_64_Bit_QRemote[[#This Row],[SalesOrderLineRate]]*Tabla_Consulta_desde_QuickBooks_Data_64_Bit_QRemote[[#This Row],[SalesOrderLineInvoiced]]","v":-2.88},{"$f":"+IFERROR(IF(Tabla_Consulta_desde_QuickBooks_Data_64_Bit_QRemote[[#This Row],[CustomerRefFullName]]=\"GRUVALCORP SA\",VLOOKUP(Tabla_Consulta_desde_QuickBooks_Data_64_Bit_QRemote[[#This Row],[SalesOrderLineItemRefFullName]],Hoja1!A:E,5,FALSE),\"\")*-Tabla_Consulta_desde_QuickBooks_Data_64_Bit_QRemote[[#This Row],[SalesOrderLineAmount]],\"\")","v":""},{"$f":"IF(COUNTIF(wms!E:E,Tabla_Consulta_desde_QuickBooks_Data_64_Bit_QRemote[[#This Row],[RefNumber]])>0,\"OK\",\"FALTA\")","v":"OK"}]
["2025-06-02","29112","CORPORACION EL ROSADO S.A.","4615743309 6 DE DICIEMBRE",24,null,"INFOADICIONAL","4615743309 6 DE DICIEMBRE",null,null,null,0,0,null,1,291.18,334.86,"IVA EN VENTAS 15%",{"$f":"IFERROR(IF(Tabla_Consulta_desde_QuickBooks_Data_64_Bit_QRemote[[#This Row],[SalesOrderLineUnitOfMeasure]]=\"un\",Tabla_Consulta_desde_QuickBooks_Data_64_Bit_QRemote[[#This Row],[SalesOrderLineQuantity]],Tabla_Consulta_desde_QuickBooks_Data_64_Bit_QRemote[[#This Row],[SalesOrderLineQuantity]]/MID(Tabla_Consulta_desde_QuickBooks_Data_64_Bit_QRemote[[#This Row],[SalesOrderLineUnitOfMeasure]],2,2)),0)","v":0},{"$f":"IFERROR(IF(Tabla_Consulta_desde_QuickBooks_Data_64_Bit_QRemote[[#This Row],[SalesOrderLineUnitOfMeasure]]=\"un\",Tabla_Consulta_desde_QuickBooks_Data_64_Bit_QRemote[[#This Row],[SalesOrderLineInvoiced]],Tabla_Consulta_desde_QuickBooks_Data_64_Bit_QRemote[[#This Row],[SalesOrderLineInvoiced]]/MID(Tabla_Consulta_desde_QuickBooks_Data_64_Bit_QRemote[[#This Row],[SalesOrderLineUnitOfMeasure]],2,2)),0)","v":0},{"$f":"+Tabla_Consulta_desde_QuickBooks_Data_64_Bit_QRemote[[#This Row],[facturado]]-Tabla_Consulta_desde_QuickBooks_Data_64_Bit_QRemote[[#This Row],[pide]]","v":0},{"$f":"IF(Tabla_Consulta_desde_QuickBooks_Data_64_Bit_QRemote[[#This Row],[diferecia]]=0,\"ok\",\"diferen\")","v":"ok"},{"$f":"IFERROR(INDEX(um!A:C,MATCH(Tabla_Consulta_desde_QuickBooks_Data_64_Bit_QRemote[[#This Row],[SalesOrderLineItemRefFullName]],um!A:A,0),3),\"\")","v":""},{"$f":"IFERROR(IF(OR(Tabla_Consulta_desde_QuickBooks_Data_64_Bit_QRemote[[#This Row],[SalesOrderLineUnitOfMeasure]]=\"UN\",Tabla_Consulta_desde_QuickBooks_Data_64_Bit_QRemote[[#This Row],[SalesOrderLineUnitOfMeasure]]=Tabla_Consulta_desde_QuickBooks_Data_64_Bit_QRemote[[#This Row],[U/M]]),\"\",\"ERROR\"),\"\")","v":""},{"$f":"+WEEKNUM(Tabla_Consulta_desde_QuickBooks_Data_64_Bit_QRemote[[#This Row],[TxnDate]])","v":23},{"$f":"+Tabla_Consulta_desde_QuickBooks_Data_64_Bit_QRemote[[#This Row],[SalesOrderLineRate]]*Tabla_Consulta_desde_QuickBooks_Data_64_Bit_QRemote[[#This Row],[SalesOrderLineInvoiced]]","v":0},{"$f":"+IFERROR(IF(Tabla_Consulta_desde_QuickBooks_Data_64_Bit_QRemote[[#This Row],[CustomerRefFullName]]=\"GRUVALCORP SA\",VLOOKUP(Tabla_Consulta_desde_QuickBooks_Data_64_Bit_QRemote[[#This Row],[SalesOrderLineItemRefFullName]],Hoja1!A:E,5,FALSE),\"\")*-Tabla_Consulta_desde_QuickBooks_Data_64_Bit_QRemote[[#This Row],[SalesOrderLineAmount]],\"\")","v":""},{"$f":"IF(COUNTIF(wms!E:E,Tabla_Consulta_desde_QuickBooks_Data_64_Bit_QRemote[[#This Row],[RefNumber]])>0,\"OK\",\"FALTA\")","v":"OK"}]
["2025-06-02","29113","CORPORACION EL ROSADO S.A.","4615743414 MITAD DEL MUNDO",1,"705424000352","P.T:110608","JALAPEÑO ROJOS Y VERDES OLE 370G","Bodega Producto Terminado",12,"X12",2.91,34.92,"UNIDAD SALSA",12,105.85,121.73,"IVA EN VENTAS 15%",{"$f":"IFERROR(IF(Tabla_Consulta_desde_QuickBooks_Data_64_Bit_QRemote[[#This Row],[SalesOrderLineUnitOfMeasure]]=\"un\",Tabla_Consulta_desde_QuickBooks_Data_64_Bit_QRemote[[#This Row],[SalesOrderLineQuantity]],Tabla_Consulta_desde_QuickBooks_Data_64_Bit_QRemote[[#This Row],[SalesOrderLineQuantity]]/MID(Tabla_Consulta_desde_QuickBooks_Data_64_Bit_QRemote[[#This Row],[SalesOrderLineUnitOfMeasure]],2,2)),0)","v":1},{"$f":"IFERROR(IF(Tabla_Consulta_desde_QuickBooks_Data_64_Bit_QRemote[[#This Row],[SalesOrderLineUnitOfMeasure]]=\"un\",Tabla_Consulta_desde_QuickBooks_Data_64_Bit_QRemote[[#This Row],[SalesOrderLineInvoiced]],Tabla_Consulta_desde_QuickBooks_Data_64_Bit_QRemote[[#This Row],[SalesOrderLineInvoiced]]/MID(Tabla_Consulta_desde_QuickBooks_Data_64_Bit_QRemote[[#This Row],[SalesOrderLineUnitOfMeasure]],2,2)),0)","v":1},{"$f":"+Tabla_Consulta_desde_QuickBooks_Data_64_Bit_QRemote[[#This Row],[facturado]]-Tabla_Consulta_desde_QuickBooks_Data_64_Bit_QRemote[[#This Row],[pide]]","v":0},{"$f":"IF(Tabla_Consulta_desde_QuickBooks_Data_64_Bit_QRemote[[#This Row],[diferecia]]=0,\"ok\",\"diferen\")","v":"ok"},{"$f":"IFERROR(INDEX(um!A:C,MATCH(Tabla_Consulta_desde_QuickBooks_Data_64_Bit_QRemote[[#This Row],[SalesOrderLineItemRefFullName]],um!A:A,0),3),\"\")","v":"X12"},{"$f":"IFERROR(IF(OR(Tabla_Consulta_desde_QuickBooks_Data_64_Bit_QRemote[[#This Row],[SalesOrderLineUnitOfMeasure]]=\"UN\",Tabla_Consulta_desde_QuickBooks_Data_64_Bit_QRemote[[#This Row],[SalesOrderLineUnitOfMeasure]]=Tabla_Consulta_desde_QuickBooks_Data_64_Bit_QRemote[[#This Row],[U/M]]),\"\",\"ERROR\"),\"\")","v":""},{"$f":"+WEEKNUM(Tabla_Consulta_desde_QuickBooks_Data_64_Bit_QRemote[[#This Row],[TxnDate]])","v":23},{"$f":"+Tabla_Consulta_desde_QuickBooks_Data_64_Bit_QRemote[[#This Row],[SalesOrderLineRate]]*Tabla_Consulta_desde_QuickBooks_Data_64_Bit_QRemote[[#This Row],[SalesOrderLineInvoiced]]","v":34.92},{"$f":"+IFERROR(IF(Tabla_Consulta_desde_QuickBooks_Data_64_Bit_QRemote[[#This Row],[CustomerRefFullName]]=\"GRUVALCORP SA\",VLOOKUP(Tabla_Consulta_desde_QuickBooks_Data_64_Bit_QRemote[[#This Row],[SalesOrderLineItemRefFullName]],Hoja1!A:E,5,FALSE),\"\")*-Tabla_Consulta_desde_QuickBooks_Data_64_Bit_QRemote[[#This Row],[SalesOrderLineAmount]],\"\")","v":""},{"$f":"IF(COUNTIF(wms!E:E,Tabla_Consulta_desde_QuickBooks_Data_64_Bit_QRemote[[#This Row],[RefNumber]])>0,\"OK\",\"FALTA\")","v":"OK"}]
["2025-06-02","29113","CORPORACION EL ROSADO S.A.","4615743414 MITAD DEL MUNDO",2,"7862112520301","P.T:110700","CHIMICHURRI OLE 230G","Bodega Producto Terminado",12,"X12",2.2599999999999998,27.12,"UNIDAD SALSA",12,105.85,121.73,"IVA EN VENTAS 15%",{"$f":"IFERROR(IF(Tabla_Consulta_desde_QuickBooks_Data_64_Bit_QRemote[[#This Row],[SalesOrderLineUnitOfMeasure]]=\"un\",Tabla_Consulta_desde_QuickBooks_Data_64_Bit_QRemote[[#This Row],[SalesOrderLineQuantity]],Tabla_Consulta_desde_QuickBooks_Data_64_Bit_QRemote[[#This Row],[SalesOrderLineQuantity]]/MID(Tabla_Consulta_desde_QuickBooks_Data_64_Bit_QRemote[[#This Row],[SalesOrderLineUnitOfMeasure]],2,2)),0)","v":1},{"$f":"IFERROR(IF(Tabla_Consulta_desde_QuickBooks_Data_64_Bit_QRemote[[#This Row],[SalesOrderLineUnitOfMeasure]]=\"un\",Tabla_Consulta_desde_QuickBooks_Data_64_Bit_QRemote[[#This Row],[SalesOrderLineInvoiced]],Tabla_Consulta_desde_QuickBooks_Data_64_Bit_QRemote[[#This Row],[SalesOrderLineInvoiced]]/MID(Tabla_Consulta_desde_QuickBooks_Data_64_Bit_QRemote[[#This Row],[SalesOrderLineUnitOfMeasure]],2,2)),0)","v":1},{"$f":"+Tabla_Consulta_desde_QuickBooks_Data_64_Bit_QRemote[[#This Row],[facturado]]-Tabla_Consulta_desde_QuickBooks_Data_64_Bit_QRemote[[#This Row],[pide]]","v":0},{"$f":"IF(Tabla_Consulta_desde_QuickBooks_Data_64_Bit_QRemote[[#This Row],[diferecia]]=0,\"ok\",\"diferen\")","v":"ok"},{"$f":"IFERROR(INDEX(um!A:C,MATCH(Tabla_Consulta_desde_QuickBooks_Data_64_Bit_QRemote[[#This Row],[SalesOrderLineItemRefFullName]],um!A:A,0),3),\"\")","v":"X12"},{"$f":"IFERROR(IF(OR(Tabla_Consulta_desde_QuickBooks_Data_64_Bit_QRemote[[#This Row],[SalesOrderLineUnitOfMeasure]]=\"UN\",Tabla_Consulta_desde_QuickBooks_Data_64_Bit_QRemote[[#This Row],[SalesOrderLineUnitOfMeasure]]=Tabla_Consulta_desde_QuickBooks_Data_64_Bit_QRemote[[#This Row],[U/M]]),\"\",\"ERROR\"),\"\")","v":""},{"$f":"+WEEKNUM(Tabla_Consulta_desde_QuickBooks_Data_64_Bit_QRemote[[#This Row],[TxnDate]])","v":23},{"$f":"+Tabla_Consulta_desde_QuickBooks_Data_64_Bit_QRemote[[#This Row],[SalesOrderLineRate]]*Tabla_Consulta_desde_QuickBooks_Data_64_Bit_QRemote[[#This Row],[SalesOrderLineInvoiced]]","v":27.119999999999997},{"$f":"+IFERROR(IF(Tabla_Consulta_desde_QuickBooks_Data_64_Bit_QRemote[[#This Row],[CustomerRefFullName]]=\"GRUVALCORP SA\",VLOOKUP(Tabla_Consulta_desde_QuickBooks_Data_64_Bit_QRemote[[#This Row],[SalesOrderLineItemRefFullName]],Hoja1!A:E,5,FALSE),\"\")*-Tabla_Consulta_desde_QuickBooks_Data_64_Bit_QRemote[[#This Row],[SalesOrderLineAmount]],\"\")","v":""},{"$f":"IF(COUNTIF(wms!E:E,Tabla_Consulta_desde_QuickBooks_Data_64_Bit_QRemote[[#This Row],[RefNumber]])>0,\"OK\",\"FALTA\")","v":"OK"}]
["2025-06-02","29113","CORPORACION EL ROSADO S.A.","4615743414 MITAD DEL MUNDO",3,"7862112522367","PT:220132","TOTOPOS NATURAL OLE 300G","Bodega Producto Terminado",12,"X12",1.67,20.04,"UNIDAD SNCKS",12,105.85,121.73,"IVA EN VENTAS 15%",{"$f":"IFERROR(IF(Tabla_Consulta_desde_QuickBooks_Data_64_Bit_QRemote[[#This Row],[SalesOrderLineUnitOfMeasure]]=\"un\",Tabla_Consulta_desde_QuickBooks_Data_64_Bit_QRemote[[#This Row],[SalesOrderLineQuantity]],Tabla_Consulta_desde_QuickBooks_Data_64_Bit_QRemote[[#This Row],[SalesOrderLineQuantity]]/MID(Tabla_Consulta_desde_QuickBooks_Data_64_Bit_QRemote[[#This Row],[SalesOrderLineUnitOfMeasure]],2,2)),0)","v":1},{"$f":"IFERROR(IF(Tabla_Consulta_desde_QuickBooks_Data_64_Bit_QRemote[[#This Row],[SalesOrderLineUnitOfMeasure]]=\"un\",Tabla_Consulta_desde_QuickBooks_Data_64_Bit_QRemote[[#This Row],[SalesOrderLineInvoiced]],Tabla_Consulta_desde_QuickBooks_Data_64_Bit_QRemote[[#This Row],[SalesOrderLineInvoiced]]/MID(Tabla_Consulta_desde_QuickBooks_Data_64_Bit_QRemote[[#This Row],[SalesOrderLineUnitOfMeasure]],2,2)),0)","v":1},{"$f":"+Tabla_Consulta_desde_QuickBooks_Data_64_Bit_QRemote[[#This Row],[facturado]]-Tabla_Consulta_desde_QuickBooks_Data_64_Bit_QRemote[[#This Row],[pide]]","v":0},{"$f":"IF(Tabla_Consulta_desde_QuickBooks_Data_64_Bit_QRemote[[#This Row],[diferecia]]=0,\"ok\",\"diferen\")","v":"ok"},{"$f":"IFERROR(INDEX(um!A:C,MATCH(Tabla_Consulta_desde_QuickBooks_Data_64_Bit_QRemote[[#This Row],[SalesOrderLineItemRefFullName]],um!A:A,0),3),\"\")","v":"X12"},{"$f":"IFERROR(IF(OR(Tabla_Consulta_desde_QuickBooks_Data_64_Bit_QRemote[[#This Row],[SalesOrderLineUnitOfMeasure]]=\"UN\",Tabla_Consulta_desde_QuickBooks_Data_64_Bit_QRemote[[#This Row],[SalesOrderLineUnitOfMeasure]]=Tabla_Consulta_desde_QuickBooks_Data_64_Bit_QRemote[[#This Row],[U/M]]),\"\",\"ERROR\"),\"\")","v":""},{"$f":"+WEEKNUM(Tabla_Consulta_desde_QuickBooks_Data_64_Bit_QRemote[[#This Row],[TxnDate]])","v":23},{"$f":"+Tabla_Consulta_desde_QuickBooks_Data_64_Bit_QRemote[[#This Row],[SalesOrderLineRate]]*Tabla_Consulta_desde_QuickBooks_Data_64_Bit_QRemote[[#This Row],[SalesOrderLineInvoiced]]","v":20.04},{"$f":"+IFERROR(IF(Tabla_Consulta_desde_QuickBooks_Data_64_Bit_QRemote[[#This Row],[CustomerRefFullName]]=\"GRUVALCORP SA\",VLOOKUP(Tabla_Consulta_desde_QuickBooks_Data_64_Bit_QRemote[[#This Row],[SalesOrderLineItemRefFullName]],Hoja1!A:E,5,FALSE),\"\")*-Tabla_Consulta_desde_QuickBooks_Data_64_Bit_QRemote[[#This Row],[SalesOrderLineAmount]],\"\")","v":""},{"$f":"IF(COUNTIF(wms!E:E,Tabla_Consulta_desde_QuickBooks_Data_64_Bit_QRemote[[#This Row],[RefNumber]])>0,\"OK\",\"FALTA\")","v":"OK"}]
["2025-06-02","29113","CORPORACION EL ROSADO S.A.","4615743414 MITAD DEL MUNDO",4,"7862112522985","P.T:110704","DIP DE FREJOL OLE 230G","Bodega Producto Terminado",12,"X12",1.51,18.12,"UNIDAD SALSA",12,105.85,121.73,"IVA EN VENTAS 15%",{"$f":"IFERROR(IF(Tabla_Consulta_desde_QuickBooks_Data_64_Bit_QRemote[[#This Row],[SalesOrderLineUnitOfMeasure]]=\"un\",Tabla_Consulta_desde_QuickBooks_Data_64_Bit_QRemote[[#This Row],[SalesOrderLineQuantity]],Tabla_Consulta_desde_QuickBooks_Data_64_Bit_QRemote[[#This Row],[SalesOrderLineQuantity]]/MID(Tabla_Consulta_desde_QuickBooks_Data_64_Bit_QRemote[[#This Row],[SalesOrderLineUnitOfMeasure]],2,2)),0)","v":1},{"$f":"IFERROR(IF(Tabla_Consulta_desde_QuickBooks_Data_64_Bit_QRemote[[#This Row],[SalesOrderLineUnitOfMeasure]]=\"un\",Tabla_Consulta_desde_QuickBooks_Data_64_Bit_QRemote[[#This Row],[SalesOrderLineInvoiced]],Tabla_Consulta_desde_QuickBooks_Data_64_Bit_QRemote[[#This Row],[SalesOrderLineInvoiced]]/MID(Tabla_Consulta_desde_QuickBooks_Data_64_Bit_QRemote[[#This Row],[SalesOrderLineUnitOfMeasure]],2,2)),0)","v":1},{"$f":"+Tabla_Consulta_desde_QuickBooks_Data_64_Bit_QRemote[[#This Row],[facturado]]-Tabla_Consulta_desde_QuickBooks_Data_64_Bit_QRemote[[#This Row],[pide]]","v":0},{"$f":"IF(Tabla_Consulta_desde_QuickBooks_Data_64_Bit_QRemote[[#This Row],[diferecia]]=0,\"ok\",\"diferen\")","v":"ok"},{"$f":"IFERROR(INDEX(um!A:C,MATCH(Tabla_Consulta_desde_QuickBooks_Data_64_Bit_QRemote[[#This Row],[SalesOrderLineItemRefFullName]],um!A:A,0),3),\"\")","v":"X12"},{"$f":"IFERROR(IF(OR(Tabla_Consulta_desde_QuickBooks_Data_64_Bit_QRemote[[#This Row],[SalesOrderLineUnitOfMeasure]]=\"UN\",Tabla_Consulta_desde_QuickBooks_Data_64_Bit_QRemote[[#This Row],[SalesOrderLineUnitOfMeasure]]=Tabla_Consulta_desde_QuickBooks_Data_64_Bit_QRemote[[#This Row],[U/M]]),\"\",\"ERROR\"),\"\")","v":""},{"$f":"+WEEKNUM(Tabla_Consulta_desde_QuickBooks_Data_64_Bit_QRemote[[#This Row],[TxnDate]])","v":23},{"$f":"+Tabla_Consulta_desde_QuickBooks_Data_64_Bit_QRemote[[#This Row],[SalesOrderLineRate]]*Tabla_Consulta_desde_QuickBooks_Data_64_Bit_QRemote[[#This Row],[SalesOrderLineInvoiced]]","v":18.12},{"$f":"+IFERROR(IF(Tabla_Consulta_desde_QuickBooks_Data_64_Bit_QRemote[[#This Row],[CustomerRefFullName]]=\"GRUVALCORP SA\",VLOOKUP(Tabla_Consulta_desde_QuickBooks_Data_64_Bit_QRemote[[#This Row],[SalesOrderLineItemRefFullName]],Hoja1!A:E,5,FALSE),\"\")*-Tabla_Consulta_desde_QuickBooks_Data_64_Bit_QRemote[[#This Row],[SalesOrderLineAmount]],\"\")","v":""},{"$f":"IF(COUNTIF(wms!E:E,Tabla_Consulta_desde_QuickBooks_Data_64_Bit_QRemote[[#This Row],[RefNumber]])>0,\"OK\",\"FALTA\")","v":"OK"}]
["2025-06-02","29113","CORPORACION EL ROSADO S.A.","4615743414 MITAD DEL MUNDO",5,"7862112522497","P.T:110801","SALSA BBQ ORIGINAL OLE DP 200G","Bodega Producto Terminado",12,"X12",0.68,8.16,"UNIDAD SALSA",12,105.85,121.73,"IVA EN VENTAS 15%",{"$f":"IFERROR(IF(Tabla_Consulta_desde_QuickBooks_Data_64_Bit_QRemote[[#This Row],[SalesOrderLineUnitOfMeasure]]=\"un\",Tabla_Consulta_desde_QuickBooks_Data_64_Bit_QRemote[[#This Row],[SalesOrderLineQuantity]],Tabla_Consulta_desde_QuickBooks_Data_64_Bit_QRemote[[#This Row],[SalesOrderLineQuantity]]/MID(Tabla_Consulta_desde_QuickBooks_Data_64_Bit_QRemote[[#This Row],[SalesOrderLineUnitOfMeasure]],2,2)),0)","v":1},{"$f":"IFERROR(IF(Tabla_Consulta_desde_QuickBooks_Data_64_Bit_QRemote[[#This Row],[SalesOrderLineUnitOfMeasure]]=\"un\",Tabla_Consulta_desde_QuickBooks_Data_64_Bit_QRemote[[#This Row],[SalesOrderLineInvoiced]],Tabla_Consulta_desde_QuickBooks_Data_64_Bit_QRemote[[#This Row],[SalesOrderLineInvoiced]]/MID(Tabla_Consulta_desde_QuickBooks_Data_64_Bit_QRemote[[#This Row],[SalesOrderLineUnitOfMeasure]],2,2)),0)","v":1},{"$f":"+Tabla_Consulta_desde_QuickBooks_Data_64_Bit_QRemote[[#This Row],[facturado]]-Tabla_Consulta_desde_QuickBooks_Data_64_Bit_QRemote[[#This Row],[pide]]","v":0},{"$f":"IF(Tabla_Consulta_desde_QuickBooks_Data_64_Bit_QRemote[[#This Row],[diferecia]]=0,\"ok\",\"diferen\")","v":"ok"},{"$f":"IFERROR(INDEX(um!A:C,MATCH(Tabla_Consulta_desde_QuickBooks_Data_64_Bit_QRemote[[#This Row],[SalesOrderLineItemRefFullName]],um!A:A,0),3),\"\")","v":"X12"},{"$f":"IFERROR(IF(OR(Tabla_Consulta_desde_QuickBooks_Data_64_Bit_QRemote[[#This Row],[SalesOrderLineUnitOfMeasure]]=\"UN\",Tabla_Consulta_desde_QuickBooks_Data_64_Bit_QRemote[[#This Row],[SalesOrderLineUnitOfMeasure]]=Tabla_Consulta_desde_QuickBooks_Data_64_Bit_QRemote[[#This Row],[U/M]]),\"\",\"ERROR\"),\"\")","v":""},{"$f":"+WEEKNUM(Tabla_Consulta_desde_QuickBooks_Data_64_Bit_QRemote[[#This Row],[TxnDate]])","v":23},{"$f":"+Tabla_Consulta_desde_QuickBooks_Data_64_Bit_QRemote[[#This Row],[SalesOrderLineRate]]*Tabla_Consulta_desde_QuickBooks_Data_64_Bit_QRemote[[#This Row],[SalesOrderLineInvoiced]]","v":8.16},{"$f":"+IFERROR(IF(Tabla_Consulta_desde_QuickBooks_Data_64_Bit_QRemote[[#This Row],[CustomerRefFullName]]=\"GRUVALCORP SA\",VLOOKUP(Tabla_Consulta_desde_QuickBooks_Data_64_Bit_QRemote[[#This Row],[SalesOrderLineItemRefFullName]],Hoja1!A:E,5,FALSE),\"\")*-Tabla_Consulta_desde_QuickBooks_Data_64_Bit_QRemote[[#This Row],[SalesOrderLineAmount]],\"\")","v":""},{"$f":"IF(COUNTIF(wms!E:E,Tabla_Consulta_desde_QuickBooks_Data_64_Bit_QRemote[[#This Row],[RefNumber]])>0,\"OK\",\"FALTA\")","v":"OK"}]
["2025-06-02","29113","CORPORACION EL ROSADO S.A.","4615743414 MITAD DEL MUNDO",6,"7862112523258","PT:220142","TOTOPOS SABOR GUACAMOLE OLE 45G","Bodega Producto Terminado",30,"X30",0.34,10.199999999999999,"UNIDAD SNCKS",30,105.85,121.73,"IVA EN VENTAS 15%",{"$f":"IFERROR(IF(Tabla_Consulta_desde_QuickBooks_Data_64_Bit_QRemote[[#This Row],[SalesOrderLineUnitOfMeasure]]=\"un\",Tabla_Consulta_desde_QuickBooks_Data_64_Bit_QRemote[[#This Row],[SalesOrderLineQuantity]],Tabla_Consulta_desde_QuickBooks_Data_64_Bit_QRemote[[#This Row],[SalesOrderLineQuantity]]/MID(Tabla_Consulta_desde_QuickBooks_Data_64_Bit_QRemote[[#This Row],[SalesOrderLineUnitOfMeasure]],2,2)),0)","v":1},{"$f":"IFERROR(IF(Tabla_Consulta_desde_QuickBooks_Data_64_Bit_QRemote[[#This Row],[SalesOrderLineUnitOfMeasure]]=\"un\",Tabla_Consulta_desde_QuickBooks_Data_64_Bit_QRemote[[#This Row],[SalesOrderLineInvoiced]],Tabla_Consulta_desde_QuickBooks_Data_64_Bit_QRemote[[#This Row],[SalesOrderLineInvoiced]]/MID(Tabla_Consulta_desde_QuickBooks_Data_64_Bit_QRemote[[#This Row],[SalesOrderLineUnitOfMeasure]],2,2)),0)","v":1},{"$f":"+Tabla_Consulta_desde_QuickBooks_Data_64_Bit_QRemote[[#This Row],[facturado]]-Tabla_Consulta_desde_QuickBooks_Data_64_Bit_QRemote[[#This Row],[pide]]","v":0},{"$f":"IF(Tabla_Consulta_desde_QuickBooks_Data_64_Bit_QRemote[[#This Row],[diferecia]]=0,\"ok\",\"diferen\")","v":"ok"},{"$f":"IFERROR(INDEX(um!A:C,MATCH(Tabla_Consulta_desde_QuickBooks_Data_64_Bit_QRemote[[#This Row],[SalesOrderLineItemRefFullName]],um!A:A,0),3),\"\")","v":"X30"},{"$f":"IFERROR(IF(OR(Tabla_Consulta_desde_QuickBooks_Data_64_Bit_QRemote[[#This Row],[SalesOrderLineUnitOfMeasure]]=\"UN\",Tabla_Consulta_desde_QuickBooks_Data_64_Bit_QRemote[[#This Row],[SalesOrderLineUnitOfMeasure]]=Tabla_Consulta_desde_QuickBooks_Data_64_Bit_QRemote[[#This Row],[U/M]]),\"\",\"ERROR\"),\"\")","v":""},{"$f":"+WEEKNUM(Tabla_Consulta_desde_QuickBooks_Data_64_Bit_QRemote[[#This Row],[TxnDate]])","v":23},{"$f":"+Tabla_Consulta_desde_QuickBooks_Data_64_Bit_QRemote[[#This Row],[SalesOrderLineRate]]*Tabla_Consulta_desde_QuickBooks_Data_64_Bit_QRemote[[#This Row],[SalesOrderLineInvoiced]]","v":10.200000000000001},{"$f":"+IFERROR(IF(Tabla_Consulta_desde_QuickBooks_Data_64_Bit_QRemote[[#This Row],[CustomerRefFullName]]=\"GRUVALCORP SA\",VLOOKUP(Tabla_Consulta_desde_QuickBooks_Data_64_Bit_QRemote[[#This Row],[SalesOrderLineItemRefFullName]],Hoja1!A:E,5,FALSE),\"\")*-Tabla_Consulta_desde_QuickBooks_Data_64_Bit_QRemote[[#This Row],[SalesOrderLineAmount]],\"\")","v":""},{"$f":"IF(COUNTIF(wms!E:E,Tabla_Consulta_desde_QuickBooks_Data_64_Bit_QRemote[[#This Row],[RefNumber]])>0,\"OK\",\"FALTA\")","v":"OK"}]
["2025-06-02","29113","CORPORACION EL ROSADO S.A.","4615743414 MITAD DEL MUNDO",7,null,"Desc. Ventas SLS:110700","CHIMICHURRI OLE 230G",null,null,null,-6.78,-6.78,null,1,105.85,121.73,"IVA EN VENTAS 15%",{"$f":"IFERROR(IF(Tabla_Consulta_desde_QuickBooks_Data_64_Bit_QRemote[[#This Row],[SalesOrderLineUnitOfMeasure]]=\"un\",Tabla_Consulta_desde_QuickBooks_Data_64_Bit_QRemote[[#This Row],[SalesOrderLineQuantity]],Tabla_Consulta_desde_QuickBooks_Data_64_Bit_QRemote[[#This Row],[SalesOrderLineQuantity]]/MID(Tabla_Consulta_desde_QuickBooks_Data_64_Bit_QRemote[[#This Row],[SalesOrderLineUnitOfMeasure]],2,2)),0)","v":0},{"$f":"IFERROR(IF(Tabla_Consulta_desde_QuickBooks_Data_64_Bit_QRemote[[#This Row],[SalesOrderLineUnitOfMeasure]]=\"un\",Tabla_Consulta_desde_QuickBooks_Data_64_Bit_QRemote[[#This Row],[SalesOrderLineInvoiced]],Tabla_Consulta_desde_QuickBooks_Data_64_Bit_QRemote[[#This Row],[SalesOrderLineInvoiced]]/MID(Tabla_Consulta_desde_QuickBooks_Data_64_Bit_QRemote[[#This Row],[SalesOrderLineUnitOfMeasure]],2,2)),0)","v":0},{"$f":"+Tabla_Consulta_desde_QuickBooks_Data_64_Bit_QRemote[[#This Row],[facturado]]-Tabla_Consulta_desde_QuickBooks_Data_64_Bit_QRemote[[#This Row],[pide]]","v":0},{"$f":"IF(Tabla_Consulta_desde_QuickBooks_Data_64_Bit_QRemote[[#This Row],[diferecia]]=0,\"ok\",\"diferen\")","v":"ok"},{"$f":"IFERROR(INDEX(um!A:C,MATCH(Tabla_Consulta_desde_QuickBooks_Data_64_Bit_QRemote[[#This Row],[SalesOrderLineItemRefFullName]],um!A:A,0),3),\"\")","v":""},{"$f":"IFERROR(IF(OR(Tabla_Consulta_desde_QuickBooks_Data_64_Bit_QRemote[[#This Row],[SalesOrderLineUnitOfMeasure]]=\"UN\",Tabla_Consulta_desde_QuickBooks_Data_64_Bit_QRemote[[#This Row],[SalesOrderLineUnitOfMeasure]]=Tabla_Consulta_desde_QuickBooks_Data_64_Bit_QRemote[[#This Row],[U/M]]),\"\",\"ERROR\"),\"\")","v":""},{"$f":"+WEEKNUM(Tabla_Consulta_desde_QuickBooks_Data_64_Bit_QRemote[[#This Row],[TxnDate]])","v":23},{"$f":"+Tabla_Consulta_desde_QuickBooks_Data_64_Bit_QRemote[[#This Row],[SalesOrderLineRate]]*Tabla_Consulta_desde_QuickBooks_Data_64_Bit_QRemote[[#This Row],[SalesOrderLineInvoiced]]","v":-6.78},{"$f":"+IFERROR(IF(Tabla_Consulta_desde_QuickBooks_Data_64_Bit_QRemote[[#This Row],[CustomerRefFullName]]=\"GRUVALCORP SA\",VLOOKUP(Tabla_Consulta_desde_QuickBooks_Data_64_Bit_QRemote[[#This Row],[SalesOrderLineItemRefFullName]],Hoja1!A:E,5,FALSE),\"\")*-Tabla_Consulta_desde_QuickBooks_Data_64_Bit_QRemote[[#This Row],[SalesOrderLineAmount]],\"\")","v":""},{"$f":"IF(COUNTIF(wms!E:E,Tabla_Consulta_desde_QuickBooks_Data_64_Bit_QRemote[[#This Row],[RefNumber]])>0,\"OK\",\"FALTA\")","v":"OK"}]
["2025-06-02","29113","CORPORACION EL ROSADO S.A.","4615743414 MITAD DEL MUNDO",8,null,"Desc. Ventas SNK:220132","TOTOPOS NATURAL OLE 300G",null,null,null,-3.21,-3.21,null,1,105.85,121.73,"IVA EN VENTAS 15%",{"$f":"IFERROR(IF(Tabla_Consulta_desde_QuickBooks_Data_64_Bit_QRemote[[#This Row],[SalesOrderLineUnitOfMeasure]]=\"un\",Tabla_Consulta_desde_QuickBooks_Data_64_Bit_QRemote[[#This Row],[SalesOrderLineQuantity]],Tabla_Consulta_desde_QuickBooks_Data_64_Bit_QRemote[[#This Row],[SalesOrderLineQuantity]]/MID(Tabla_Consulta_desde_QuickBooks_Data_64_Bit_QRemote[[#This Row],[SalesOrderLineUnitOfMeasure]],2,2)),0)","v":0},{"$f":"IFERROR(IF(Tabla_Consulta_desde_QuickBooks_Data_64_Bit_QRemote[[#This Row],[SalesOrderLineUnitOfMeasure]]=\"un\",Tabla_Consulta_desde_QuickBooks_Data_64_Bit_QRemote[[#This Row],[SalesOrderLineInvoiced]],Tabla_Consulta_desde_QuickBooks_Data_64_Bit_QRemote[[#This Row],[SalesOrderLineInvoiced]]/MID(Tabla_Consulta_desde_QuickBooks_Data_64_Bit_QRemote[[#This Row],[SalesOrderLineUnitOfMeasure]],2,2)),0)","v":0},{"$f":"+Tabla_Consulta_desde_QuickBooks_Data_64_Bit_QRemote[[#This Row],[facturado]]-Tabla_Consulta_desde_QuickBooks_Data_64_Bit_QRemote[[#This Row],[pide]]","v":0},{"$f":"IF(Tabla_Consulta_desde_QuickBooks_Data_64_Bit_QRemote[[#This Row],[diferecia]]=0,\"ok\",\"diferen\")","v":"ok"},{"$f":"IFERROR(INDEX(um!A:C,MATCH(Tabla_Consulta_desde_QuickBooks_Data_64_Bit_QRemote[[#This Row],[SalesOrderLineItemRefFullName]],um!A:A,0),3),\"\")","v":""},{"$f":"IFERROR(IF(OR(Tabla_Consulta_desde_QuickBooks_Data_64_Bit_QRemote[[#This Row],[SalesOrderLineUnitOfMeasure]]=\"UN\",Tabla_Consulta_desde_QuickBooks_Data_64_Bit_QRemote[[#This Row],[SalesOrderLineUnitOfMeasure]]=Tabla_Consulta_desde_QuickBooks_Data_64_Bit_QRemote[[#This Row],[U/M]]),\"\",\"ERROR\"),\"\")","v":""},{"$f":"+WEEKNUM(Tabla_Consulta_desde_QuickBooks_Data_64_Bit_QRemote[[#This Row],[TxnDate]])","v":23},{"$f":"+Tabla_Consulta_desde_QuickBooks_Data_64_Bit_QRemote[[#This Row],[SalesOrderLineRate]]*Tabla_Consulta_desde_QuickBooks_Data_64_Bit_QRemote[[#This Row],[SalesOrderLineInvoiced]]","v":-3.21},{"$f":"+IFERROR(IF(Tabla_Consulta_desde_QuickBooks_Data_64_Bit_QRemote[[#This Row],[CustomerRefFullName]]=\"GRUVALCORP SA\",VLOOKUP(Tabla_Consulta_desde_QuickBooks_Data_64_Bit_QRemote[[#This Row],[SalesOrderLineItemRefFullName]],Hoja1!A:E,5,FALSE),\"\")*-Tabla_Consulta_desde_QuickBooks_Data_64_Bit_QRemote[[#This Row],[SalesOrderLineAmount]],\"\")","v":""},{"$f":"IF(COUNTIF(wms!E:E,Tabla_Consulta_desde_QuickBooks_Data_64_Bit_QRemote[[#This Row],[RefNumber]])>0,\"OK\",\"FALTA\")","v":"OK"}]
["2025-06-02","29113","CORPORACION EL ROSADO S.A.","4615743414 MITAD DEL MUNDO",9,null,"Desc. Ventas SLS:110704","DIP DE FREJOL OLE 230G",null,null,null,-2.72,-2.72,null,1,105.85,121.73,"IVA EN VENTAS 15%",{"$f":"IFERROR(IF(Tabla_Consulta_desde_QuickBooks_Data_64_Bit_QRemote[[#This Row],[SalesOrderLineUnitOfMeasure]]=\"un\",Tabla_Consulta_desde_QuickBooks_Data_64_Bit_QRemote[[#This Row],[SalesOrderLineQuantity]],Tabla_Consulta_desde_QuickBooks_Data_64_Bit_QRemote[[#This Row],[SalesOrderLineQuantity]]/MID(Tabla_Consulta_desde_QuickBooks_Data_64_Bit_QRemote[[#This Row],[SalesOrderLineUnitOfMeasure]],2,2)),0)","v":0},{"$f":"IFERROR(IF(Tabla_Consulta_desde_QuickBooks_Data_64_Bit_QRemote[[#This Row],[SalesOrderLineUnitOfMeasure]]=\"un\",Tabla_Consulta_desde_QuickBooks_Data_64_Bit_QRemote[[#This Row],[SalesOrderLineInvoiced]],Tabla_Consulta_desde_QuickBooks_Data_64_Bit_QRemote[[#This Row],[SalesOrderLineInvoiced]]/MID(Tabla_Consulta_desde_QuickBooks_Data_64_Bit_QRemote[[#This Row],[SalesOrderLineUnitOfMeasure]],2,2)),0)","v":0},{"$f":"+Tabla_Consulta_desde_QuickBooks_Data_64_Bit_QRemote[[#This Row],[facturado]]-Tabla_Consulta_desde_QuickBooks_Data_64_Bit_QRemote[[#This Row],[pide]]","v":0},{"$f":"IF(Tabla_Consulta_desde_QuickBooks_Data_64_Bit_QRemote[[#This Row],[diferecia]]=0,\"ok\",\"diferen\")","v":"ok"},{"$f":"IFERROR(INDEX(um!A:C,MATCH(Tabla_Consulta_desde_QuickBooks_Data_64_Bit_QRemote[[#This Row],[SalesOrderLineItemRefFullName]],um!A:A,0),3),\"\")","v":""},{"$f":"IFERROR(IF(OR(Tabla_Consulta_desde_QuickBooks_Data_64_Bit_QRemote[[#This Row],[SalesOrderLineUnitOfMeasure]]=\"UN\",Tabla_Consulta_desde_QuickBooks_Data_64_Bit_QRemote[[#This Row],[SalesOrderLineUnitOfMeasure]]=Tabla_Consulta_desde_QuickBooks_Data_64_Bit_QRemote[[#This Row],[U/M]]),\"\",\"ERROR\"),\"\")","v":""},{"$f":"+WEEKNUM(Tabla_Consulta_desde_QuickBooks_Data_64_Bit_QRemote[[#This Row],[TxnDate]])","v":23},{"$f":"+Tabla_Consulta_desde_QuickBooks_Data_64_Bit_QRemote[[#This Row],[SalesOrderLineRate]]*Tabla_Consulta_desde_QuickBooks_Data_64_Bit_QRemote[[#This Row],[SalesOrderLineInvoiced]]","v":-2.72},{"$f":"+IFERROR(IF(Tabla_Consulta_desde_QuickBooks_Data_64_Bit_QRemote[[#This Row],[CustomerRefFullName]]=\"GRUVALCORP SA\",VLOOKUP(Tabla_Consulta_desde_QuickBooks_Data_64_Bit_QRemote[[#This Row],[SalesOrderLineItemRefFullName]],Hoja1!A:E,5,FALSE),\"\")*-Tabla_Consulta_desde_QuickBooks_Data_64_Bit_QRemote[[#This Row],[SalesOrderLineAmount]],\"\")","v":""},{"$f":"IF(COUNTIF(wms!E:E,Tabla_Consulta_desde_QuickBooks_Data_64_Bit_QRemote[[#This Row],[RefNumber]])>0,\"OK\",\"FALTA\")","v":"OK"}]
["2025-06-02","29113","CORPORACION EL ROSADO S.A.","4615743414 MITAD DEL MUNDO",10,null,"INFOADICIONAL","4615743414 MITAD DEL MUNDO",null,null,null,0,0,null,1,105.85,121.73,"IVA EN VENTAS 15%",{"$f":"IFERROR(IF(Tabla_Consulta_desde_QuickBooks_Data_64_Bit_QRemote[[#This Row],[SalesOrderLineUnitOfMeasure]]=\"un\",Tabla_Consulta_desde_QuickBooks_Data_64_Bit_QRemote[[#This Row],[SalesOrderLineQuantity]],Tabla_Consulta_desde_QuickBooks_Data_64_Bit_QRemote[[#This Row],[SalesOrderLineQuantity]]/MID(Tabla_Consulta_desde_QuickBooks_Data_64_Bit_QRemote[[#This Row],[SalesOrderLineUnitOfMeasure]],2,2)),0)","v":0},{"$f":"IFERROR(IF(Tabla_Consulta_desde_QuickBooks_Data_64_Bit_QRemote[[#This Row],[SalesOrderLineUnitOfMeasure]]=\"un\",Tabla_Consulta_desde_QuickBooks_Data_64_Bit_QRemote[[#This Row],[SalesOrderLineInvoiced]],Tabla_Consulta_desde_QuickBooks_Data_64_Bit_QRemote[[#This Row],[SalesOrderLineInvoiced]]/MID(Tabla_Consulta_desde_QuickBooks_Data_64_Bit_QRemote[[#This Row],[SalesOrderLineUnitOfMeasure]],2,2)),0)","v":0},{"$f":"+Tabla_Consulta_desde_QuickBooks_Data_64_Bit_QRemote[[#This Row],[facturado]]-Tabla_Consulta_desde_QuickBooks_Data_64_Bit_QRemote[[#This Row],[pide]]","v":0},{"$f":"IF(Tabla_Consulta_desde_QuickBooks_Data_64_Bit_QRemote[[#This Row],[diferecia]]=0,\"ok\",\"diferen\")","v":"ok"},{"$f":"IFERROR(INDEX(um!A:C,MATCH(Tabla_Consulta_desde_QuickBooks_Data_64_Bit_QRemote[[#This Row],[SalesOrderLineItemRefFullName]],um!A:A,0),3),\"\")","v":""},{"$f":"IFERROR(IF(OR(Tabla_Consulta_desde_QuickBooks_Data_64_Bit_QRemote[[#This Row],[SalesOrderLineUnitOfMeasure]]=\"UN\",Tabla_Consulta_desde_QuickBooks_Data_64_Bit_QRemote[[#This Row],[SalesOrderLineUnitOfMeasure]]=Tabla_Consulta_desde_QuickBooks_Data_64_Bit_QRemote[[#This Row],[U/M]]),\"\",\"ERROR\"),\"\")","v":""},{"$f":"+WEEKNUM(Tabla_Consulta_desde_QuickBooks_Data_64_Bit_QRemote[[#This Row],[TxnDate]])","v":23},{"$f":"+Tabla_Consulta_desde_QuickBooks_Data_64_Bit_QRemote[[#This Row],[SalesOrderLineRate]]*Tabla_Consulta_desde_QuickBooks_Data_64_Bit_QRemote[[#This Row],[SalesOrderLineInvoiced]]","v":0},{"$f":"+IFERROR(IF(Tabla_Consulta_desde_QuickBooks_Data_64_Bit_QRemote[[#This Row],[CustomerRefFullName]]=\"GRUVALCORP SA\",VLOOKUP(Tabla_Consulta_desde_QuickBooks_Data_64_Bit_QRemote[[#This Row],[SalesOrderLineItemRefFullName]],Hoja1!A:E,5,FALSE),\"\")*-Tabla_Consulta_desde_QuickBooks_Data_64_Bit_QRemote[[#This Row],[SalesOrderLineAmount]],\"\")","v":""},{"$f":"IF(COUNTIF(wms!E:E,Tabla_Consulta_desde_QuickBooks_Data_64_Bit_QRemote[[#This Row],[RefNumber]])>0,\"OK\",\"FALTA\")","v":"OK"}]
["2025-06-02","29114","CORPORACION EL ROSADO S.A.","4615744047 PRENSA",1,"7862112521698","P.T:311407","VINAGRE DE MANZANA CON LA MADRE OLE 500ML","Bodega Producto Terminado",12,"X12",4.29,51.48,"UNIDAD SALSA",12,150.32,172.87,"IVA EN VENTAS 15%",{"$f":"IFERROR(IF(Tabla_Consulta_desde_QuickBooks_Data_64_Bit_QRemote[[#This Row],[SalesOrderLineUnitOfMeasure]]=\"un\",Tabla_Consulta_desde_QuickBooks_Data_64_Bit_QRemote[[#This Row],[SalesOrderLineQuantity]],Tabla_Consulta_desde_QuickBooks_Data_64_Bit_QRemote[[#This Row],[SalesOrderLineQuantity]]/MID(Tabla_Consulta_desde_QuickBooks_Data_64_Bit_QRemote[[#This Row],[SalesOrderLineUnitOfMeasure]],2,2)),0)","v":1},{"$f":"IFERROR(IF(Tabla_Consulta_desde_QuickBooks_Data_64_Bit_QRemote[[#This Row],[SalesOrderLineUnitOfMeasure]]=\"un\",Tabla_Consulta_desde_QuickBooks_Data_64_Bit_QRemote[[#This Row],[SalesOrderLineInvoiced]],Tabla_Consulta_desde_QuickBooks_Data_64_Bit_QRemote[[#This Row],[SalesOrderLineInvoiced]]/MID(Tabla_Consulta_desde_QuickBooks_Data_64_Bit_QRemote[[#This Row],[SalesOrderLineUnitOfMeasure]],2,2)),0)","v":1},{"$f":"+Tabla_Consulta_desde_QuickBooks_Data_64_Bit_QRemote[[#This Row],[facturado]]-Tabla_Consulta_desde_QuickBooks_Data_64_Bit_QRemote[[#This Row],[pide]]","v":0},{"$f":"IF(Tabla_Consulta_desde_QuickBooks_Data_64_Bit_QRemote[[#This Row],[diferecia]]=0,\"ok\",\"diferen\")","v":"ok"},{"$f":"IFERROR(INDEX(um!A:C,MATCH(Tabla_Consulta_desde_QuickBooks_Data_64_Bit_QRemote[[#This Row],[SalesOrderLineItemRefFullName]],um!A:A,0),3),\"\")","v":"X12"},{"$f":"IFERROR(IF(OR(Tabla_Consulta_desde_QuickBooks_Data_64_Bit_QRemote[[#This Row],[SalesOrderLineUnitOfMeasure]]=\"UN\",Tabla_Consulta_desde_QuickBooks_Data_64_Bit_QRemote[[#This Row],[SalesOrderLineUnitOfMeasure]]=Tabla_Consulta_desde_QuickBooks_Data_64_Bit_QRemote[[#This Row],[U/M]]),\"\",\"ERROR\"),\"\")","v":""},{"$f":"+WEEKNUM(Tabla_Consulta_desde_QuickBooks_Data_64_Bit_QRemote[[#This Row],[TxnDate]])","v":23},{"$f":"+Tabla_Consulta_desde_QuickBooks_Data_64_Bit_QRemote[[#This Row],[SalesOrderLineRate]]*Tabla_Consulta_desde_QuickBooks_Data_64_Bit_QRemote[[#This Row],[SalesOrderLineInvoiced]]","v":51.480000000000004},{"$f":"+IFERROR(IF(Tabla_Consulta_desde_QuickBooks_Data_64_Bit_QRemote[[#This Row],[CustomerRefFullName]]=\"GRUVALCORP SA\",VLOOKUP(Tabla_Consulta_desde_QuickBooks_Data_64_Bit_QRemote[[#This Row],[SalesOrderLineItemRefFullName]],Hoja1!A:E,5,FALSE),\"\")*-Tabla_Consulta_desde_QuickBooks_Data_64_Bit_QRemote[[#This Row],[SalesOrderLineAmount]],\"\")","v":""},{"$f":"IF(COUNTIF(wms!E:E,Tabla_Consulta_desde_QuickBooks_Data_64_Bit_QRemote[[#This Row],[RefNumber]])>0,\"OK\",\"FALTA\")","v":"OK"}]
["2025-06-02","29114","CORPORACION EL ROSADO S.A.","4615744047 PRENSA",2,"7862112522831","P.T:110226","SALSA EXTRAPICANTE CAROLINA REAPER OLE 100G","Bodega Producto Terminado",12,"X12",1.05,12.6,"UNIDAD SALSA",12,150.32,172.87,"IVA EN VENTAS 15%",{"$f":"IFERROR(IF(Tabla_Consulta_desde_QuickBooks_Data_64_Bit_QRemote[[#This Row],[SalesOrderLineUnitOfMeasure]]=\"un\",Tabla_Consulta_desde_QuickBooks_Data_64_Bit_QRemote[[#This Row],[SalesOrderLineQuantity]],Tabla_Consulta_desde_QuickBooks_Data_64_Bit_QRemote[[#This Row],[SalesOrderLineQuantity]]/MID(Tabla_Consulta_desde_QuickBooks_Data_64_Bit_QRemote[[#This Row],[SalesOrderLineUnitOfMeasure]],2,2)),0)","v":1},{"$f":"IFERROR(IF(Tabla_Consulta_desde_QuickBooks_Data_64_Bit_QRemote[[#This Row],[SalesOrderLineUnitOfMeasure]]=\"un\",Tabla_Consulta_desde_QuickBooks_Data_64_Bit_QRemote[[#This Row],[SalesOrderLineInvoiced]],Tabla_Consulta_desde_QuickBooks_Data_64_Bit_QRemote[[#This Row],[SalesOrderLineInvoiced]]/MID(Tabla_Consulta_desde_QuickBooks_Data_64_Bit_QRemote[[#This Row],[SalesOrderLineUnitOfMeasure]],2,2)),0)","v":1},{"$f":"+Tabla_Consulta_desde_QuickBooks_Data_64_Bit_QRemote[[#This Row],[facturado]]-Tabla_Consulta_desde_QuickBooks_Data_64_Bit_QRemote[[#This Row],[pide]]","v":0},{"$f":"IF(Tabla_Consulta_desde_QuickBooks_Data_64_Bit_QRemote[[#This Row],[diferecia]]=0,\"ok\",\"diferen\")","v":"ok"},{"$f":"IFERROR(INDEX(um!A:C,MATCH(Tabla_Consulta_desde_QuickBooks_Data_64_Bit_QRemote[[#This Row],[SalesOrderLineItemRefFullName]],um!A:A,0),3),\"\")","v":"X12"},{"$f":"IFERROR(IF(OR(Tabla_Consulta_desde_QuickBooks_Data_64_Bit_QRemote[[#This Row],[SalesOrderLineUnitOfMeasure]]=\"UN\",Tabla_Consulta_desde_QuickBooks_Data_64_Bit_QRemote[[#This Row],[SalesOrderLineUnitOfMeasure]]=Tabla_Consulta_desde_QuickBooks_Data_64_Bit_QRemote[[#This Row],[U/M]]),\"\",\"ERROR\"),\"\")","v":""},{"$f":"+WEEKNUM(Tabla_Consulta_desde_QuickBooks_Data_64_Bit_QRemote[[#This Row],[TxnDate]])","v":23},{"$f":"+Tabla_Consulta_desde_QuickBooks_Data_64_Bit_QRemote[[#This Row],[SalesOrderLineRate]]*Tabla_Consulta_desde_QuickBooks_Data_64_Bit_QRemote[[#This Row],[SalesOrderLineInvoiced]]","v":12.600000000000001},{"$f":"+IFERROR(IF(Tabla_Consulta_desde_QuickBooks_Data_64_Bit_QRemote[[#This Row],[CustomerRefFullName]]=\"GRUVALCORP SA\",VLOOKUP(Tabla_Consulta_desde_QuickBooks_Data_64_Bit_QRemote[[#This Row],[SalesOrderLineItemRefFullName]],Hoja1!A:E,5,FALSE),\"\")*-Tabla_Consulta_desde_QuickBooks_Data_64_Bit_QRemote[[#This Row],[SalesOrderLineAmount]],\"\")","v":""},{"$f":"IF(COUNTIF(wms!E:E,Tabla_Consulta_desde_QuickBooks_Data_64_Bit_QRemote[[#This Row],[RefNumber]])>0,\"OK\",\"FALTA\")","v":"OK"}]
["2025-06-02","29114","CORPORACION EL ROSADO S.A.","4615744047 PRENSA",3,"7862112522855","PT:220138","TOTOPOS AJI MARACUYA OLE 120G","Bodega Producto Terminado",12,"X12",0.91,10.92,"UNIDAD SNCKS",12,150.32,172.87,"IVA EN VENTAS 15%",{"$f":"IFERROR(IF(Tabla_Consulta_desde_QuickBooks_Data_64_Bit_QRemote[[#This Row],[SalesOrderLineUnitOfMeasure]]=\"un\",Tabla_Consulta_desde_QuickBooks_Data_64_Bit_QRemote[[#This Row],[SalesOrderLineQuantity]],Tabla_Consulta_desde_QuickBooks_Data_64_Bit_QRemote[[#This Row],[SalesOrderLineQuantity]]/MID(Tabla_Consulta_desde_QuickBooks_Data_64_Bit_QRemote[[#This Row],[SalesOrderLineUnitOfMeasure]],2,2)),0)","v":1},{"$f":"IFERROR(IF(Tabla_Consulta_desde_QuickBooks_Data_64_Bit_QRemote[[#This Row],[SalesOrderLineUnitOfMeasure]]=\"un\",Tabla_Consulta_desde_QuickBooks_Data_64_Bit_QRemote[[#This Row],[SalesOrderLineInvoiced]],Tabla_Consulta_desde_QuickBooks_Data_64_Bit_QRemote[[#This Row],[SalesOrderLineInvoiced]]/MID(Tabla_Consulta_desde_QuickBooks_Data_64_Bit_QRemote[[#This Row],[SalesOrderLineUnitOfMeasure]],2,2)),0)","v":1},{"$f":"+Tabla_Consulta_desde_QuickBooks_Data_64_Bit_QRemote[[#This Row],[facturado]]-Tabla_Consulta_desde_QuickBooks_Data_64_Bit_QRemote[[#This Row],[pide]]","v":0},{"$f":"IF(Tabla_Consulta_desde_QuickBooks_Data_64_Bit_QRemote[[#This Row],[diferecia]]=0,\"ok\",\"diferen\")","v":"ok"},{"$f":"IFERROR(INDEX(um!A:C,MATCH(Tabla_Consulta_desde_QuickBooks_Data_64_Bit_QRemote[[#This Row],[SalesOrderLineItemRefFullName]],um!A:A,0),3),\"\")","v":"X12"},{"$f":"IFERROR(IF(OR(Tabla_Consulta_desde_QuickBooks_Data_64_Bit_QRemote[[#This Row],[SalesOrderLineUnitOfMeasure]]=\"UN\",Tabla_Consulta_desde_QuickBooks_Data_64_Bit_QRemote[[#This Row],[SalesOrderLineUnitOfMeasure]]=Tabla_Consulta_desde_QuickBooks_Data_64_Bit_QRemote[[#This Row],[U/M]]),\"\",\"ERROR\"),\"\")","v":""},{"$f":"+WEEKNUM(Tabla_Consulta_desde_QuickBooks_Data_64_Bit_QRemote[[#This Row],[TxnDate]])","v":23},{"$f":"+Tabla_Consulta_desde_QuickBooks_Data_64_Bit_QRemote[[#This Row],[SalesOrderLineRate]]*Tabla_Consulta_desde_QuickBooks_Data_64_Bit_QRemote[[#This Row],[SalesOrderLineInvoiced]]","v":10.92},{"$f":"+IFERROR(IF(Tabla_Consulta_desde_QuickBooks_Data_64_Bit_QRemote[[#This Row],[CustomerRefFullName]]=\"GRUVALCORP SA\",VLOOKUP(Tabla_Consulta_desde_QuickBooks_Data_64_Bit_QRemote[[#This Row],[SalesOrderLineItemRefFullName]],Hoja1!A:E,5,FALSE),\"\")*-Tabla_Consulta_desde_QuickBooks_Data_64_Bit_QRemote[[#This Row],[SalesOrderLineAmount]],\"\")","v":""},{"$f":"IF(COUNTIF(wms!E:E,Tabla_Consulta_desde_QuickBooks_Data_64_Bit_QRemote[[#This Row],[RefNumber]])>0,\"OK\",\"FALTA\")","v":"OK"}]
["2025-06-02","29114","CORPORACION EL ROSADO S.A.","4615744047 PRENSA",4,"7862112522893","P.T:311409","VINAGRE DE MANZANA CON LA MADRE OLE 250ML","Bodega Producto Terminado",24,"X24",2.06,49.44,"UNIDAD SALSA",24,150.32,172.87,"IVA EN VENTAS 15%",{"$f":"IFERROR(IF(Tabla_Consulta_desde_QuickBooks_Data_64_Bit_QRemote[[#This Row],[SalesOrderLineUnitOfMeasure]]=\"un\",Tabla_Consulta_desde_QuickBooks_Data_64_Bit_QRemote[[#This Row],[SalesOrderLineQuantity]],Tabla_Consulta_desde_QuickBooks_Data_64_Bit_QRemote[[#This Row],[SalesOrderLineQuantity]]/MID(Tabla_Consulta_desde_QuickBooks_Data_64_Bit_QRemote[[#This Row],[SalesOrderLineUnitOfMeasure]],2,2)),0)","v":1},{"$f":"IFERROR(IF(Tabla_Consulta_desde_QuickBooks_Data_64_Bit_QRemote[[#This Row],[SalesOrderLineUnitOfMeasure]]=\"un\",Tabla_Consulta_desde_QuickBooks_Data_64_Bit_QRemote[[#This Row],[SalesOrderLineInvoiced]],Tabla_Consulta_desde_QuickBooks_Data_64_Bit_QRemote[[#This Row],[SalesOrderLineInvoiced]]/MID(Tabla_Consulta_desde_QuickBooks_Data_64_Bit_QRemote[[#This Row],[SalesOrderLineUnitOfMeasure]],2,2)),0)","v":1},{"$f":"+Tabla_Consulta_desde_QuickBooks_Data_64_Bit_QRemote[[#This Row],[facturado]]-Tabla_Consulta_desde_QuickBooks_Data_64_Bit_QRemote[[#This Row],[pide]]","v":0},{"$f":"IF(Tabla_Consulta_desde_QuickBooks_Data_64_Bit_QRemote[[#This Row],[diferecia]]=0,\"ok\",\"diferen\")","v":"ok"},{"$f":"IFERROR(INDEX(um!A:C,MATCH(Tabla_Consulta_desde_QuickBooks_Data_64_Bit_QRemote[[#This Row],[SalesOrderLineItemRefFullName]],um!A:A,0),3),\"\")","v":"X24"},{"$f":"IFERROR(IF(OR(Tabla_Consulta_desde_QuickBooks_Data_64_Bit_QRemote[[#This Row],[SalesOrderLineUnitOfMeasure]]=\"UN\",Tabla_Consulta_desde_QuickBooks_Data_64_Bit_QRemote[[#This Row],[SalesOrderLineUnitOfMeasure]]=Tabla_Consulta_desde_QuickBooks_Data_64_Bit_QRemote[[#This Row],[U/M]]),\"\",\"ERROR\"),\"\")","v":""},{"$f":"+WEEKNUM(Tabla_Consulta_desde_QuickBooks_Data_64_Bit_QRemote[[#This Row],[TxnDate]])","v":23},{"$f":"+Tabla_Consulta_desde_QuickBooks_Data_64_Bit_QRemote[[#This Row],[SalesOrderLineRate]]*Tabla_Consulta_desde_QuickBooks_Data_64_Bit_QRemote[[#This Row],[SalesOrderLineInvoiced]]","v":49.44},{"$f":"+IFERROR(IF(Tabla_Consulta_desde_QuickBooks_Data_64_Bit_QRemote[[#This Row],[CustomerRefFullName]]=\"GRUVALCORP SA\",VLOOKUP(Tabla_Consulta_desde_QuickBooks_Data_64_Bit_QRemote[[#This Row],[SalesOrderLineItemRefFullName]],Hoja1!A:E,5,FALSE),\"\")*-Tabla_Consulta_desde_QuickBooks_Data_64_Bit_QRemote[[#This Row],[SalesOrderLineAmount]],\"\")","v":""},{"$f":"IF(COUNTIF(wms!E:E,Tabla_Consulta_desde_QuickBooks_Data_64_Bit_QRemote[[#This Row],[RefNumber]])>0,\"OK\",\"FALTA\")","v":"OK"}]
["2025-06-02","29114","CORPORACION EL ROSADO S.A.","4615744047 PRENSA",5,"7862112522497","P.T:110801","SALSA BBQ ORIGINAL OLE DP 200G","Bodega Producto Terminado",12,"X12",0.68,8.16,"UNIDAD SALSA",12,150.32,172.87,"IVA EN VENTAS 15%",{"$f":"IFERROR(IF(Tabla_Consulta_desde_QuickBooks_Data_64_Bit_QRemote[[#This Row],[SalesOrderLineUnitOfMeasure]]=\"un\",Tabla_Consulta_desde_QuickBooks_Data_64_Bit_QRemote[[#This Row],[SalesOrderLineQuantity]],Tabla_Consulta_desde_QuickBooks_Data_64_Bit_QRemote[[#This Row],[SalesOrderLineQuantity]]/MID(Tabla_Consulta_desde_QuickBooks_Data_64_Bit_QRemote[[#This Row],[SalesOrderLineUnitOfMeasure]],2,2)),0)","v":1},{"$f":"IFERROR(IF(Tabla_Consulta_desde_QuickBooks_Data_64_Bit_QRemote[[#This Row],[SalesOrderLineUnitOfMeasure]]=\"un\",Tabla_Consulta_desde_QuickBooks_Data_64_Bit_QRemote[[#This Row],[SalesOrderLineInvoiced]],Tabla_Consulta_desde_QuickBooks_Data_64_Bit_QRemote[[#This Row],[SalesOrderLineInvoiced]]/MID(Tabla_Consulta_desde_QuickBooks_Data_64_Bit_QRemote[[#This Row],[SalesOrderLineUnitOfMeasure]],2,2)),0)","v":1},{"$f":"+Tabla_Consulta_desde_QuickBooks_Data_64_Bit_QRemote[[#This Row],[facturado]]-Tabla_Consulta_desde_QuickBooks_Data_64_Bit_QRemote[[#This Row],[pide]]","v":0},{"$f":"IF(Tabla_Consulta_desde_QuickBooks_Data_64_Bit_QRemote[[#This Row],[diferecia]]=0,\"ok\",\"diferen\")","v":"ok"},{"$f":"IFERROR(INDEX(um!A:C,MATCH(Tabla_Consulta_desde_QuickBooks_Data_64_Bit_QRemote[[#This Row],[SalesOrderLineItemRefFullName]],um!A:A,0),3),\"\")","v":"X12"},{"$f":"IFERROR(IF(OR(Tabla_Consulta_desde_QuickBooks_Data_64_Bit_QRemote[[#This Row],[SalesOrderLineUnitOfMeasure]]=\"UN\",Tabla_Consulta_desde_QuickBooks_Data_64_Bit_QRemote[[#This Row],[SalesOrderLineUnitOfMeasure]]=Tabla_Consulta_desde_QuickBooks_Data_64_Bit_QRemote[[#This Row],[U/M]]),\"\",\"ERROR\"),\"\")","v":""},{"$f":"+WEEKNUM(Tabla_Consulta_desde_QuickBooks_Data_64_Bit_QRemote[[#This Row],[TxnDate]])","v":23},{"$f":"+Tabla_Consulta_desde_QuickBooks_Data_64_Bit_QRemote[[#This Row],[SalesOrderLineRate]]*Tabla_Consulta_desde_QuickBooks_Data_64_Bit_QRemote[[#This Row],[SalesOrderLineInvoiced]]","v":8.16},{"$f":"+IFERROR(IF(Tabla_Consulta_desde_QuickBooks_Data_64_Bit_QRemote[[#This Row],[CustomerRefFullName]]=\"GRUVALCORP SA\",VLOOKUP(Tabla_Consulta_desde_QuickBooks_Data_64_Bit_QRemote[[#This Row],[SalesOrderLineItemRefFullName]],Hoja1!A:E,5,FALSE),\"\")*-Tabla_Consulta_desde_QuickBooks_Data_64_Bit_QRemote[[#This Row],[SalesOrderLineAmount]],\"\")","v":""},{"$f":"IF(COUNTIF(wms!E:E,Tabla_Consulta_desde_QuickBooks_Data_64_Bit_QRemote[[#This Row],[RefNumber]])>0,\"OK\",\"FALTA\")","v":"OK"}]
["2025-06-02","29114","CORPORACION EL ROSADO S.A.","4615744047 PRENSA",6,"7862112523265","PT:220143","TOTOPOS NATURAL MINI OLE 45G","Bodega Producto Terminado",30,"X30",0.34,10.199999999999999,"UNIDAD SNCKS",30,150.32,172.87,"IVA EN VENTAS 15%",{"$f":"IFERROR(IF(Tabla_Consulta_desde_QuickBooks_Data_64_Bit_QRemote[[#This Row],[SalesOrderLineUnitOfMeasure]]=\"un\",Tabla_Consulta_desde_QuickBooks_Data_64_Bit_QRemote[[#This Row],[SalesOrderLineQuantity]],Tabla_Consulta_desde_QuickBooks_Data_64_Bit_QRemote[[#This Row],[SalesOrderLineQuantity]]/MID(Tabla_Consulta_desde_QuickBooks_Data_64_Bit_QRemote[[#This Row],[SalesOrderLineUnitOfMeasure]],2,2)),0)","v":1},{"$f":"IFERROR(IF(Tabla_Consulta_desde_QuickBooks_Data_64_Bit_QRemote[[#This Row],[SalesOrderLineUnitOfMeasure]]=\"un\",Tabla_Consulta_desde_QuickBooks_Data_64_Bit_QRemote[[#This Row],[SalesOrderLineInvoiced]],Tabla_Consulta_desde_QuickBooks_Data_64_Bit_QRemote[[#This Row],[SalesOrderLineInvoiced]]/MID(Tabla_Consulta_desde_QuickBooks_Data_64_Bit_QRemote[[#This Row],[SalesOrderLineUnitOfMeasure]],2,2)),0)","v":1},{"$f":"+Tabla_Consulta_desde_QuickBooks_Data_64_Bit_QRemote[[#This Row],[facturado]]-Tabla_Consulta_desde_QuickBooks_Data_64_Bit_QRemote[[#This Row],[pide]]","v":0},{"$f":"IF(Tabla_Consulta_desde_QuickBooks_Data_64_Bit_QRemote[[#This Row],[diferecia]]=0,\"ok\",\"diferen\")","v":"ok"},{"$f":"IFERROR(INDEX(um!A:C,MATCH(Tabla_Consulta_desde_QuickBooks_Data_64_Bit_QRemote[[#This Row],[SalesOrderLineItemRefFullName]],um!A:A,0),3),\"\")","v":"X30"},{"$f":"IFERROR(IF(OR(Tabla_Consulta_desde_QuickBooks_Data_64_Bit_QRemote[[#This Row],[SalesOrderLineUnitOfMeasure]]=\"UN\",Tabla_Consulta_desde_QuickBooks_Data_64_Bit_QRemote[[#This Row],[SalesOrderLineUnitOfMeasure]]=Tabla_Consulta_desde_QuickBooks_Data_64_Bit_QRemote[[#This Row],[U/M]]),\"\",\"ERROR\"),\"\")","v":""},{"$f":"+WEEKNUM(Tabla_Consulta_desde_QuickBooks_Data_64_Bit_QRemote[[#This Row],[TxnDate]])","v":23},{"$f":"+Tabla_Consulta_desde_QuickBooks_Data_64_Bit_QRemote[[#This Row],[SalesOrderLineRate]]*Tabla_Consulta_desde_QuickBooks_Data_64_Bit_QRemote[[#This Row],[SalesOrderLineInvoiced]]","v":10.200000000000001},{"$f":"+IFERROR(IF(Tabla_Consulta_desde_QuickBooks_Data_64_Bit_QRemote[[#This Row],[CustomerRefFullName]]=\"GRUVALCORP SA\",VLOOKUP(Tabla_Consulta_desde_QuickBooks_Data_64_Bit_QRemote[[#This Row],[SalesOrderLineItemRefFullName]],Hoja1!A:E,5,FALSE),\"\")*-Tabla_Consulta_desde_QuickBooks_Data_64_Bit_QRemote[[#This Row],[SalesOrderLineAmount]],\"\")","v":""},{"$f":"IF(COUNTIF(wms!E:E,Tabla_Consulta_desde_QuickBooks_Data_64_Bit_QRemote[[#This Row],[RefNumber]])>0,\"OK\",\"FALTA\")","v":"OK"}]
["2025-06-02","29114","CORPORACION EL ROSADO S.A.","4615744047 PRENSA",7,"7862112523258","PT:220142","TOTOPOS SABOR GUACAMOLE OLE 45G","Bodega Producto Terminado",30,"X30",0.34,10.199999999999999,"UNIDAD SNCKS",30,150.32,172.87,"IVA EN VENTAS 15%",{"$f":"IFERROR(IF(Tabla_Consulta_desde_QuickBooks_Data_64_Bit_QRemote[[#This Row],[SalesOrderLineUnitOfMeasure]]=\"un\",Tabla_Consulta_desde_QuickBooks_Data_64_Bit_QRemote[[#This Row],[SalesOrderLineQuantity]],Tabla_Consulta_desde_QuickBooks_Data_64_Bit_QRemote[[#This Row],[SalesOrderLineQuantity]]/MID(Tabla_Consulta_desde_QuickBooks_Data_64_Bit_QRemote[[#This Row],[SalesOrderLineUnitOfMeasure]],2,2)),0)","v":1},{"$f":"IFERROR(IF(Tabla_Consulta_desde_QuickBooks_Data_64_Bit_QRemote[[#This Row],[SalesOrderLineUnitOfMeasure]]=\"un\",Tabla_Consulta_desde_QuickBooks_Data_64_Bit_QRemote[[#This Row],[SalesOrderLineInvoiced]],Tabla_Consulta_desde_QuickBooks_Data_64_Bit_QRemote[[#This Row],[SalesOrderLineInvoiced]]/MID(Tabla_Consulta_desde_QuickBooks_Data_64_Bit_QRemote[[#This Row],[SalesOrderLineUnitOfMeasure]],2,2)),0)","v":1},{"$f":"+Tabla_Consulta_desde_QuickBooks_Data_64_Bit_QRemote[[#This Row],[facturado]]-Tabla_Consulta_desde_QuickBooks_Data_64_Bit_QRemote[[#This Row],[pide]]","v":0},{"$f":"IF(Tabla_Consulta_desde_QuickBooks_Data_64_Bit_QRemote[[#This Row],[diferecia]]=0,\"ok\",\"diferen\")","v":"ok"},{"$f":"IFERROR(INDEX(um!A:C,MATCH(Tabla_Consulta_desde_QuickBooks_Data_64_Bit_QRemote[[#This Row],[SalesOrderLineItemRefFullName]],um!A:A,0),3),\"\")","v":"X30"},{"$f":"IFERROR(IF(OR(Tabla_Consulta_desde_QuickBooks_Data_64_Bit_QRemote[[#This Row],[SalesOrderLineUnitOfMeasure]]=\"UN\",Tabla_Consulta_desde_QuickBooks_Data_64_Bit_QRemote[[#This Row],[SalesOrderLineUnitOfMeasure]]=Tabla_Consulta_desde_QuickBooks_Data_64_Bit_QRemote[[#This Row],[U/M]]),\"\",\"ERROR\"),\"\")","v":""},{"$f":"+WEEKNUM(Tabla_Consulta_desde_QuickBooks_Data_64_Bit_QRemote[[#This Row],[TxnDate]])","v":23},{"$f":"+Tabla_Consulta_desde_QuickBooks_Data_64_Bit_QRemote[[#This Row],[SalesOrderLineRate]]*Tabla_Consulta_desde_QuickBooks_Data_64_Bit_QRemote[[#This Row],[SalesOrderLineInvoiced]]","v":10.200000000000001},{"$f":"+IFERROR(IF(Tabla_Consulta_desde_QuickBooks_Data_64_Bit_QRemote[[#This Row],[CustomerRefFullName]]=\"GRUVALCORP SA\",VLOOKUP(Tabla_Consulta_desde_QuickBooks_Data_64_Bit_QRemote[[#This Row],[SalesOrderLineItemRefFullName]],Hoja1!A:E,5,FALSE),\"\")*-Tabla_Consulta_desde_QuickBooks_Data_64_Bit_QRemote[[#This Row],[SalesOrderLineAmount]],\"\")","v":""},{"$f":"IF(COUNTIF(wms!E:E,Tabla_Consulta_desde_QuickBooks_Data_64_Bit_QRemote[[#This Row],[RefNumber]])>0,\"OK\",\"FALTA\")","v":"OK"}]
["2025-06-02","29114","CORPORACION EL ROSADO S.A.","4615744047 PRENSA",8,"7862112523036","P.T:110746","SALSA PICANTE JALAPEÑO OLE 100G","Bodega Producto Terminado",12,"X12",0.66,7.92,"UNIDAD SALSA",12,150.32,172.87,"IVA EN VENTAS 15%",{"$f":"IFERROR(IF(Tabla_Consulta_desde_QuickBooks_Data_64_Bit_QRemote[[#This Row],[SalesOrderLineUnitOfMeasure]]=\"un\",Tabla_Consulta_desde_QuickBooks_Data_64_Bit_QRemote[[#This Row],[SalesOrderLineQuantity]],Tabla_Consulta_desde_QuickBooks_Data_64_Bit_QRemote[[#This Row],[SalesOrderLineQuantity]]/MID(Tabla_Consulta_desde_QuickBooks_Data_64_Bit_QRemote[[#This Row],[SalesOrderLineUnitOfMeasure]],2,2)),0)","v":1},{"$f":"IFERROR(IF(Tabla_Consulta_desde_QuickBooks_Data_64_Bit_QRemote[[#This Row],[SalesOrderLineUnitOfMeasure]]=\"un\",Tabla_Consulta_desde_QuickBooks_Data_64_Bit_QRemote[[#This Row],[SalesOrderLineInvoiced]],Tabla_Consulta_desde_QuickBooks_Data_64_Bit_QRemote[[#This Row],[SalesOrderLineInvoiced]]/MID(Tabla_Consulta_desde_QuickBooks_Data_64_Bit_QRemote[[#This Row],[SalesOrderLineUnitOfMeasure]],2,2)),0)","v":1},{"$f":"+Tabla_Consulta_desde_QuickBooks_Data_64_Bit_QRemote[[#This Row],[facturado]]-Tabla_Consulta_desde_QuickBooks_Data_64_Bit_QRemote[[#This Row],[pide]]","v":0},{"$f":"IF(Tabla_Consulta_desde_QuickBooks_Data_64_Bit_QRemote[[#This Row],[diferecia]]=0,\"ok\",\"diferen\")","v":"ok"},{"$f":"IFERROR(INDEX(um!A:C,MATCH(Tabla_Consulta_desde_QuickBooks_Data_64_Bit_QRemote[[#This Row],[SalesOrderLineItemRefFullName]],um!A:A,0),3),\"\")","v":"X12"},{"$f":"IFERROR(IF(OR(Tabla_Consulta_desde_QuickBooks_Data_64_Bit_QRemote[[#This Row],[SalesOrderLineUnitOfMeasure]]=\"UN\",Tabla_Consulta_desde_QuickBooks_Data_64_Bit_QRemote[[#This Row],[SalesOrderLineUnitOfMeasure]]=Tabla_Consulta_desde_QuickBooks_Data_64_Bit_QRemote[[#This Row],[U/M]]),\"\",\"ERROR\"),\"\")","v":""},{"$f":"+WEEKNUM(Tabla_Consulta_desde_QuickBooks_Data_64_Bit_QRemote[[#This Row],[TxnDate]])","v":23},{"$f":"+Tabla_Consulta_desde_QuickBooks_Data_64_Bit_QRemote[[#This Row],[SalesOrderLineRate]]*Tabla_Consulta_desde_QuickBooks_Data_64_Bit_QRemote[[#This Row],[SalesOrderLineInvoiced]]","v":7.92},{"$f":"+IFERROR(IF(Tabla_Consulta_desde_QuickBooks_Data_64_Bit_QRemote[[#This Row],[CustomerRefFullName]]=\"GRUVALCORP SA\",VLOOKUP(Tabla_Consulta_desde_QuickBooks_Data_64_Bit_QRemote[[#This Row],[SalesOrderLineItemRefFullName]],Hoja1!A:E,5,FALSE),\"\")*-Tabla_Consulta_desde_QuickBooks_Data_64_Bit_QRemote[[#This Row],[SalesOrderLineAmount]],\"\")","v":""},{"$f":"IF(COUNTIF(wms!E:E,Tabla_Consulta_desde_QuickBooks_Data_64_Bit_QRemote[[#This Row],[RefNumber]])>0,\"OK\",\"FALTA\")","v":"OK"}]
["2025-06-02","29114","CORPORACION EL ROSADO S.A.","4615744047 PRENSA",9,null,"Desc. Ventas COM:311407","VINAGRE DE MANZANA CON LA MADRE OLE 500ML",null,null,null,-7.72,-7.72,null,1,150.32,172.87,"IVA EN VENTAS 15%",{"$f":"IFERROR(IF(Tabla_Consulta_desde_QuickBooks_Data_64_Bit_QRemote[[#This Row],[SalesOrderLineUnitOfMeasure]]=\"un\",Tabla_Consulta_desde_QuickBooks_Data_64_Bit_QRemote[[#This Row],[SalesOrderLineQuantity]],Tabla_Consulta_desde_QuickBooks_Data_64_Bit_QRemote[[#This Row],[SalesOrderLineQuantity]]/MID(Tabla_Consulta_desde_QuickBooks_Data_64_Bit_QRemote[[#This Row],[SalesOrderLineUnitOfMeasure]],2,2)),0)","v":0},{"$f":"IFERROR(IF(Tabla_Consulta_desde_QuickBooks_Data_64_Bit_QRemote[[#This Row],[SalesOrderLineUnitOfMeasure]]=\"un\",Tabla_Consulta_desde_QuickBooks_Data_64_Bit_QRemote[[#This Row],[SalesOrderLineInvoiced]],Tabla_Consulta_desde_QuickBooks_Data_64_Bit_QRemote[[#This Row],[SalesOrderLineInvoiced]]/MID(Tabla_Consulta_desde_QuickBooks_Data_64_Bit_QRemote[[#This Row],[SalesOrderLineUnitOfMeasure]],2,2)),0)","v":0},{"$f":"+Tabla_Consulta_desde_QuickBooks_Data_64_Bit_QRemote[[#This Row],[facturado]]-Tabla_Consulta_desde_QuickBooks_Data_64_Bit_QRemote[[#This Row],[pide]]","v":0},{"$f":"IF(Tabla_Consulta_desde_QuickBooks_Data_64_Bit_QRemote[[#This Row],[diferecia]]=0,\"ok\",\"diferen\")","v":"ok"},{"$f":"IFERROR(INDEX(um!A:C,MATCH(Tabla_Consulta_desde_QuickBooks_Data_64_Bit_QRemote[[#This Row],[SalesOrderLineItemRefFullName]],um!A:A,0),3),\"\")","v":""},{"$f":"IFERROR(IF(OR(Tabla_Consulta_desde_QuickBooks_Data_64_Bit_QRemote[[#This Row],[SalesOrderLineUnitOfMeasure]]=\"UN\",Tabla_Consulta_desde_QuickBooks_Data_64_Bit_QRemote[[#This Row],[SalesOrderLineUnitOfMeasure]]=Tabla_Consulta_desde_QuickBooks_Data_64_Bit_QRemote[[#This Row],[U/M]]),\"\",\"ERROR\"),\"\")","v":""},{"$f":"+WEEKNUM(Tabla_Consulta_desde_QuickBooks_Data_64_Bit_QRemote[[#This Row],[TxnDate]])","v":23},{"$f":"+Tabla_Consulta_desde_QuickBooks_Data_64_Bit_QRemote[[#This Row],[SalesOrderLineRate]]*Tabla_Consulta_desde_QuickBooks_Data_64_Bit_QRemote[[#This Row],[SalesOrderLineInvoiced]]","v":-7.72},{"$f":"+IFERROR(IF(Tabla_Consulta_desde_QuickBooks_Data_64_Bit_QRemote[[#This Row],[CustomerRefFullName]]=\"GRUVALCORP SA\",VLOOKUP(Tabla_Consulta_desde_QuickBooks_Data_64_Bit_QRemote[[#This Row],[SalesOrderLineItemRefFullName]],Hoja1!A:E,5,FALSE),\"\")*-Tabla_Consulta_desde_QuickBooks_Data_64_Bit_QRemote[[#This Row],[SalesOrderLineAmount]],\"\")","v":""},{"$f":"IF(COUNTIF(wms!E:E,Tabla_Consulta_desde_QuickBooks_Data_64_Bit_QRemote[[#This Row],[RefNumber]])>0,\"OK\",\"FALTA\")","v":"OK"}]
["2025-06-02","29114","CORPORACION EL ROSADO S.A.","4615744047 PRENSA",10,null,"Desc. Ventas SLS:110746","SALSA PICANTE JALAPEÑO OLE 100G",null,null,null,-2.88,-2.88,null,1,150.32,172.87,"IVA EN VENTAS 15%",{"$f":"IFERROR(IF(Tabla_Consulta_desde_QuickBooks_Data_64_Bit_QRemote[[#This Row],[SalesOrderLineUnitOfMeasure]]=\"un\",Tabla_Consulta_desde_QuickBooks_Data_64_Bit_QRemote[[#This Row],[SalesOrderLineQuantity]],Tabla_Consulta_desde_QuickBooks_Data_64_Bit_QRemote[[#This Row],[SalesOrderLineQuantity]]/MID(Tabla_Consulta_desde_QuickBooks_Data_64_Bit_QRemote[[#This Row],[SalesOrderLineUnitOfMeasure]],2,2)),0)","v":0},{"$f":"IFERROR(IF(Tabla_Consulta_desde_QuickBooks_Data_64_Bit_QRemote[[#This Row],[SalesOrderLineUnitOfMeasure]]=\"un\",Tabla_Consulta_desde_QuickBooks_Data_64_Bit_QRemote[[#This Row],[SalesOrderLineInvoiced]],Tabla_Consulta_desde_QuickBooks_Data_64_Bit_QRemote[[#This Row],[SalesOrderLineInvoiced]]/MID(Tabla_Consulta_desde_QuickBooks_Data_64_Bit_QRemote[[#This Row],[SalesOrderLineUnitOfMeasure]],2,2)),0)","v":0},{"$f":"+Tabla_Consulta_desde_QuickBooks_Data_64_Bit_QRemote[[#This Row],[facturado]]-Tabla_Consulta_desde_QuickBooks_Data_64_Bit_QRemote[[#This Row],[pide]]","v":0},{"$f":"IF(Tabla_Consulta_desde_QuickBooks_Data_64_Bit_QRemote[[#This Row],[diferecia]]=0,\"ok\",\"diferen\")","v":"ok"},{"$f":"IFERROR(INDEX(um!A:C,MATCH(Tabla_Consulta_desde_QuickBooks_Data_64_Bit_QRemote[[#This Row],[SalesOrderLineItemRefFullName]],um!A:A,0),3),\"\")","v":""},{"$f":"IFERROR(IF(OR(Tabla_Consulta_desde_QuickBooks_Data_64_Bit_QRemote[[#This Row],[SalesOrderLineUnitOfMeasure]]=\"UN\",Tabla_Consulta_desde_QuickBooks_Data_64_Bit_QRemote[[#This Row],[SalesOrderLineUnitOfMeasure]]=Tabla_Consulta_desde_QuickBooks_Data_64_Bit_QRemote[[#This Row],[U/M]]),\"\",\"ERROR\"),\"\")","v":""},{"$f":"+WEEKNUM(Tabla_Consulta_desde_QuickBooks_Data_64_Bit_QRemote[[#This Row],[TxnDate]])","v":23},{"$f":"+Tabla_Consulta_desde_QuickBooks_Data_64_Bit_QRemote[[#This Row],[SalesOrderLineRate]]*Tabla_Consulta_desde_QuickBooks_Data_64_Bit_QRemote[[#This Row],[SalesOrderLineInvoiced]]","v":-2.88},{"$f":"+IFERROR(IF(Tabla_Consulta_desde_QuickBooks_Data_64_Bit_QRemote[[#This Row],[CustomerRefFullName]]=\"GRUVALCORP SA\",VLOOKUP(Tabla_Consulta_desde_QuickBooks_Data_64_Bit_QRemote[[#This Row],[SalesOrderLineItemRefFullName]],Hoja1!A:E,5,FALSE),\"\")*-Tabla_Consulta_desde_QuickBooks_Data_64_Bit_QRemote[[#This Row],[SalesOrderLineAmount]],\"\")","v":""},{"$f":"IF(COUNTIF(wms!E:E,Tabla_Consulta_desde_QuickBooks_Data_64_Bit_QRemote[[#This Row],[RefNumber]])>0,\"OK\",\"FALTA\")","v":"OK"}]
["2025-06-02","29114","CORPORACION EL ROSADO S.A.","4615744047 PRENSA",11,null,"INFOADICIONAL","4615744047 PRENSA",null,null,null,0,0,null,1,150.32,172.87,"IVA EN VENTAS 15%",{"$f":"IFERROR(IF(Tabla_Consulta_desde_QuickBooks_Data_64_Bit_QRemote[[#This Row],[SalesOrderLineUnitOfMeasure]]=\"un\",Tabla_Consulta_desde_QuickBooks_Data_64_Bit_QRemote[[#This Row],[SalesOrderLineQuantity]],Tabla_Consulta_desde_QuickBooks_Data_64_Bit_QRemote[[#This Row],[SalesOrderLineQuantity]]/MID(Tabla_Consulta_desde_QuickBooks_Data_64_Bit_QRemote[[#This Row],[SalesOrderLineUnitOfMeasure]],2,2)),0)","v":0},{"$f":"IFERROR(IF(Tabla_Consulta_desde_QuickBooks_Data_64_Bit_QRemote[[#This Row],[SalesOrderLineUnitOfMeasure]]=\"un\",Tabla_Consulta_desde_QuickBooks_Data_64_Bit_QRemote[[#This Row],[SalesOrderLineInvoiced]],Tabla_Consulta_desde_QuickBooks_Data_64_Bit_QRemote[[#This Row],[SalesOrderLineInvoiced]]/MID(Tabla_Consulta_desde_QuickBooks_Data_64_Bit_QRemote[[#This Row],[SalesOrderLineUnitOfMeasure]],2,2)),0)","v":0},{"$f":"+Tabla_Consulta_desde_QuickBooks_Data_64_Bit_QRemote[[#This Row],[facturado]]-Tabla_Consulta_desde_QuickBooks_Data_64_Bit_QRemote[[#This Row],[pide]]","v":0},{"$f":"IF(Tabla_Consulta_desde_QuickBooks_Data_64_Bit_QRemote[[#This Row],[diferecia]]=0,\"ok\",\"diferen\")","v":"ok"},{"$f":"IFERROR(INDEX(um!A:C,MATCH(Tabla_Consulta_desde_QuickBooks_Data_64_Bit_QRemote[[#This Row],[SalesOrderLineItemRefFullName]],um!A:A,0),3),\"\")","v":""},{"$f":"IFERROR(IF(OR(Tabla_Consulta_desde_QuickBooks_Data_64_Bit_QRemote[[#This Row],[SalesOrderLineUnitOfMeasure]]=\"UN\",Tabla_Consulta_desde_QuickBooks_Data_64_Bit_QRemote[[#This Row],[SalesOrderLineUnitOfMeasure]]=Tabla_Consulta_desde_QuickBooks_Data_64_Bit_QRemote[[#This Row],[U/M]]),\"\",\"ERROR\"),\"\")","v":""},{"$f":"+WEEKNUM(Tabla_Consulta_desde_QuickBooks_Data_64_Bit_QRemote[[#This Row],[TxnDate]])","v":23},{"$f":"+Tabla_Consulta_desde_QuickBooks_Data_64_Bit_QRemote[[#This Row],[SalesOrderLineRate]]*Tabla_Consulta_desde_QuickBooks_Data_64_Bit_QRemote[[#This Row],[SalesOrderLineInvoiced]]","v":0},{"$f":"+IFERROR(IF(Tabla_Consulta_desde_QuickBooks_Data_64_Bit_QRemote[[#This Row],[CustomerRefFullName]]=\"GRUVALCORP SA\",VLOOKUP(Tabla_Consulta_desde_QuickBooks_Data_64_Bit_QRemote[[#This Row],[SalesOrderLineItemRefFullName]],Hoja1!A:E,5,FALSE),\"\")*-Tabla_Consulta_desde_QuickBooks_Data_64_Bit_QRemote[[#This Row],[SalesOrderLineAmount]],\"\")","v":""},{"$f":"IF(COUNTIF(wms!E:E,Tabla_Consulta_desde_QuickBooks_Data_64_Bit_QRemote[[#This Row],[RefNumber]])>0,\"OK\",\"FALTA\")","v":"OK"}]
["2025-06-02","29115","CORPORACION EL ROSADO S.A.","4615744055 VALL DE LOS CHILLOS",1,"705424000147","P.T:110209","AJÍ CON TOMATE DE ÁRBOL OLE 180G","Bodega Producto Terminado",24,"X24",1.41,33.840000000000003,"UNIDAD SALSA",24,68.760000000000005,79.069999999999993,"IVA EN VENTAS 15%",{"$f":"IFERROR(IF(Tabla_Consulta_desde_QuickBooks_Data_64_Bit_QRemote[[#This Row],[SalesOrderLineUnitOfMeasure]]=\"un\",Tabla_Consulta_desde_QuickBooks_Data_64_Bit_QRemote[[#This Row],[SalesOrderLineQuantity]],Tabla_Consulta_desde_QuickBooks_Data_64_Bit_QRemote[[#This Row],[SalesOrderLineQuantity]]/MID(Tabla_Consulta_desde_QuickBooks_Data_64_Bit_QRemote[[#This Row],[SalesOrderLineUnitOfMeasure]],2,2)),0)","v":1},{"$f":"IFERROR(IF(Tabla_Consulta_desde_QuickBooks_Data_64_Bit_QRemote[[#This Row],[SalesOrderLineUnitOfMeasure]]=\"un\",Tabla_Consulta_desde_QuickBooks_Data_64_Bit_QRemote[[#This Row],[SalesOrderLineInvoiced]],Tabla_Consulta_desde_QuickBooks_Data_64_Bit_QRemote[[#This Row],[SalesOrderLineInvoiced]]/MID(Tabla_Consulta_desde_QuickBooks_Data_64_Bit_QRemote[[#This Row],[SalesOrderLineUnitOfMeasure]],2,2)),0)","v":1},{"$f":"+Tabla_Consulta_desde_QuickBooks_Data_64_Bit_QRemote[[#This Row],[facturado]]-Tabla_Consulta_desde_QuickBooks_Data_64_Bit_QRemote[[#This Row],[pide]]","v":0},{"$f":"IF(Tabla_Consulta_desde_QuickBooks_Data_64_Bit_QRemote[[#This Row],[diferecia]]=0,\"ok\",\"diferen\")","v":"ok"},{"$f":"IFERROR(INDEX(um!A:C,MATCH(Tabla_Consulta_desde_QuickBooks_Data_64_Bit_QRemote[[#This Row],[SalesOrderLineItemRefFullName]],um!A:A,0),3),\"\")","v":"X24"},{"$f":"IFERROR(IF(OR(Tabla_Consulta_desde_QuickBooks_Data_64_Bit_QRemote[[#This Row],[SalesOrderLineUnitOfMeasure]]=\"UN\",Tabla_Consulta_desde_QuickBooks_Data_64_Bit_QRemote[[#This Row],[SalesOrderLineUnitOfMeasure]]=Tabla_Consulta_desde_QuickBooks_Data_64_Bit_QRemote[[#This Row],[U/M]]),\"\",\"ERROR\"),\"\")","v":""},{"$f":"+WEEKNUM(Tabla_Consulta_desde_QuickBooks_Data_64_Bit_QRemote[[#This Row],[TxnDate]])","v":23},{"$f":"+Tabla_Consulta_desde_QuickBooks_Data_64_Bit_QRemote[[#This Row],[SalesOrderLineRate]]*Tabla_Consulta_desde_QuickBooks_Data_64_Bit_QRemote[[#This Row],[SalesOrderLineInvoiced]]","v":33.839999999999996},{"$f":"+IFERROR(IF(Tabla_Consulta_desde_QuickBooks_Data_64_Bit_QRemote[[#This Row],[CustomerRefFullName]]=\"GRUVALCORP SA\",VLOOKUP(Tabla_Consulta_desde_QuickBooks_Data_64_Bit_QRemote[[#This Row],[SalesOrderLineItemRefFullName]],Hoja1!A:E,5,FALSE),\"\")*-Tabla_Consulta_desde_QuickBooks_Data_64_Bit_QRemote[[#This Row],[SalesOrderLineAmount]],\"\")","v":""},{"$f":"IF(COUNTIF(wms!E:E,Tabla_Consulta_desde_QuickBooks_Data_64_Bit_QRemote[[#This Row],[RefNumber]])>0,\"OK\",\"FALTA\")","v":"OK"}]
["2025-06-02","29115","CORPORACION EL ROSADO S.A.","4615744055 VALL DE LOS CHILLOS",2,"705424000352","P.T:110608","JALAPEÑO ROJOS Y VERDES OLE 370G","Bodega Producto Terminado",12,"X12",2.91,34.92,"UNIDAD SALSA",12,68.760000000000005,79.069999999999993,"IVA EN VENTAS 15%",{"$f":"IFERROR(IF(Tabla_Consulta_desde_QuickBooks_Data_64_Bit_QRemote[[#This Row],[SalesOrderLineUnitOfMeasure]]=\"un\",Tabla_Consulta_desde_QuickBooks_Data_64_Bit_QRemote[[#This Row],[SalesOrderLineQuantity]],Tabla_Consulta_desde_QuickBooks_Data_64_Bit_QRemote[[#This Row],[SalesOrderLineQuantity]]/MID(Tabla_Consulta_desde_QuickBooks_Data_64_Bit_QRemote[[#This Row],[SalesOrderLineUnitOfMeasure]],2,2)),0)","v":1},{"$f":"IFERROR(IF(Tabla_Consulta_desde_QuickBooks_Data_64_Bit_QRemote[[#This Row],[SalesOrderLineUnitOfMeasure]]=\"un\",Tabla_Consulta_desde_QuickBooks_Data_64_Bit_QRemote[[#This Row],[SalesOrderLineInvoiced]],Tabla_Consulta_desde_QuickBooks_Data_64_Bit_QRemote[[#This Row],[SalesOrderLineInvoiced]]/MID(Tabla_Consulta_desde_QuickBooks_Data_64_Bit_QRemote[[#This Row],[SalesOrderLineUnitOfMeasure]],2,2)),0)","v":1},{"$f":"+Tabla_Consulta_desde_QuickBooks_Data_64_Bit_QRemote[[#This Row],[facturado]]-Tabla_Consulta_desde_QuickBooks_Data_64_Bit_QRemote[[#This Row],[pide]]","v":0},{"$f":"IF(Tabla_Consulta_desde_QuickBooks_Data_64_Bit_QRemote[[#This Row],[diferecia]]=0,\"ok\",\"diferen\")","v":"ok"},{"$f":"IFERROR(INDEX(um!A:C,MATCH(Tabla_Consulta_desde_QuickBooks_Data_64_Bit_QRemote[[#This Row],[SalesOrderLineItemRefFullName]],um!A:A,0),3),\"\")","v":"X12"},{"$f":"IFERROR(IF(OR(Tabla_Consulta_desde_QuickBooks_Data_64_Bit_QRemote[[#This Row],[SalesOrderLineUnitOfMeasure]]=\"UN\",Tabla_Consulta_desde_QuickBooks_Data_64_Bit_QRemote[[#This Row],[SalesOrderLineUnitOfMeasure]]=Tabla_Consulta_desde_QuickBooks_Data_64_Bit_QRemote[[#This Row],[U/M]]),\"\",\"ERROR\"),\"\")","v":""},{"$f":"+WEEKNUM(Tabla_Consulta_desde_QuickBooks_Data_64_Bit_QRemote[[#This Row],[TxnDate]])","v":23},{"$f":"+Tabla_Consulta_desde_QuickBooks_Data_64_Bit_QRemote[[#This Row],[SalesOrderLineRate]]*Tabla_Consulta_desde_QuickBooks_Data_64_Bit_QRemote[[#This Row],[SalesOrderLineInvoiced]]","v":34.92},{"$f":"+IFERROR(IF(Tabla_Consulta_desde_QuickBooks_Data_64_Bit_QRemote[[#This Row],[CustomerRefFullName]]=\"GRUVALCORP SA\",VLOOKUP(Tabla_Consulta_desde_QuickBooks_Data_64_Bit_QRemote[[#This Row],[SalesOrderLineItemRefFullName]],Hoja1!A:E,5,FALSE),\"\")*-Tabla_Consulta_desde_QuickBooks_Data_64_Bit_QRemote[[#This Row],[SalesOrderLineAmount]],\"\")","v":""},{"$f":"IF(COUNTIF(wms!E:E,Tabla_Consulta_desde_QuickBooks_Data_64_Bit_QRemote[[#This Row],[RefNumber]])>0,\"OK\",\"FALTA\")","v":"OK"}]
["2025-06-02","29115","CORPORACION EL ROSADO S.A.","4615744055 VALL DE LOS CHILLOS",3,null,"INFOADICIONAL","4615744055 VALLE DE LOS CHILLOS",null,null,null,0,0,null,1,68.760000000000005,79.069999999999993,"IVA EN VENTAS 15%",{"$f":"IFERROR(IF(Tabla_Consulta_desde_QuickBooks_Data_64_Bit_QRemote[[#This Row],[SalesOrderLineUnitOfMeasure]]=\"un\",Tabla_Consulta_desde_QuickBooks_Data_64_Bit_QRemote[[#This Row],[SalesOrderLineQuantity]],Tabla_Consulta_desde_QuickBooks_Data_64_Bit_QRemote[[#This Row],[SalesOrderLineQuantity]]/MID(Tabla_Consulta_desde_QuickBooks_Data_64_Bit_QRemote[[#This Row],[SalesOrderLineUnitOfMeasure]],2,2)),0)","v":0},{"$f":"IFERROR(IF(Tabla_Consulta_desde_QuickBooks_Data_64_Bit_QRemote[[#This Row],[SalesOrderLineUnitOfMeasure]]=\"un\",Tabla_Consulta_desde_QuickBooks_Data_64_Bit_QRemote[[#This Row],[SalesOrderLineInvoiced]],Tabla_Consulta_desde_QuickBooks_Data_64_Bit_QRemote[[#This Row],[SalesOrderLineInvoiced]]/MID(Tabla_Consulta_desde_QuickBooks_Data_64_Bit_QRemote[[#This Row],[SalesOrderLineUnitOfMeasure]],2,2)),0)","v":0},{"$f":"+Tabla_Consulta_desde_QuickBooks_Data_64_Bit_QRemote[[#This Row],[facturado]]-Tabla_Consulta_desde_QuickBooks_Data_64_Bit_QRemote[[#This Row],[pide]]","v":0},{"$f":"IF(Tabla_Consulta_desde_QuickBooks_Data_64_Bit_QRemote[[#This Row],[diferecia]]=0,\"ok\",\"diferen\")","v":"ok"},{"$f":"IFERROR(INDEX(um!A:C,MATCH(Tabla_Consulta_desde_QuickBooks_Data_64_Bit_QRemote[[#This Row],[SalesOrderLineItemRefFullName]],um!A:A,0),3),\"\")","v":""},{"$f":"IFERROR(IF(OR(Tabla_Consulta_desde_QuickBooks_Data_64_Bit_QRemote[[#This Row],[SalesOrderLineUnitOfMeasure]]=\"UN\",Tabla_Consulta_desde_QuickBooks_Data_64_Bit_QRemote[[#This Row],[SalesOrderLineUnitOfMeasure]]=Tabla_Consulta_desde_QuickBooks_Data_64_Bit_QRemote[[#This Row],[U/M]]),\"\",\"ERROR\"),\"\")","v":""},{"$f":"+WEEKNUM(Tabla_Consulta_desde_QuickBooks_Data_64_Bit_QRemote[[#This Row],[TxnDate]])","v":23},{"$f":"+Tabla_Consulta_desde_QuickBooks_Data_64_Bit_QRemote[[#This Row],[SalesOrderLineRate]]*Tabla_Consulta_desde_QuickBooks_Data_64_Bit_QRemote[[#This Row],[SalesOrderLineInvoiced]]","v":0},{"$f":"+IFERROR(IF(Tabla_Consulta_desde_QuickBooks_Data_64_Bit_QRemote[[#This Row],[CustomerRefFullName]]=\"GRUVALCORP SA\",VLOOKUP(Tabla_Consulta_desde_QuickBooks_Data_64_Bit_QRemote[[#This Row],[SalesOrderLineItemRefFullName]],Hoja1!A:E,5,FALSE),\"\")*-Tabla_Consulta_desde_QuickBooks_Data_64_Bit_QRemote[[#This Row],[SalesOrderLineAmount]],\"\")","v":""},{"$f":"IF(COUNTIF(wms!E:E,Tabla_Consulta_desde_QuickBooks_Data_64_Bit_QRemote[[#This Row],[RefNumber]])>0,\"OK\",\"FALTA\")","v":"OK"}]
["2025-06-02","29116","CORPORACION EL ROSADO S.A.","4615744058 VALLE DE LOS CHILLOS",1,"7861000229005","P.T:111201","TOMATE DESHIDRATADO EN ACEITE OLE 225G","Bodega Producto Terminado",12,"X12",3.13,37.56,"UNIDAD SALSA",12,208.03,239.23,"IVA EN VENTAS 15%",{"$f":"IFERROR(IF(Tabla_Consulta_desde_QuickBooks_Data_64_Bit_QRemote[[#This Row],[SalesOrderLineUnitOfMeasure]]=\"un\",Tabla_Consulta_desde_QuickBooks_Data_64_Bit_QRemote[[#This Row],[SalesOrderLineQuantity]],Tabla_Consulta_desde_QuickBooks_Data_64_Bit_QRemote[[#This Row],[SalesOrderLineQuantity]]/MID(Tabla_Consulta_desde_QuickBooks_Data_64_Bit_QRemote[[#This Row],[SalesOrderLineUnitOfMeasure]],2,2)),0)","v":1},{"$f":"IFERROR(IF(Tabla_Consulta_desde_QuickBooks_Data_64_Bit_QRemote[[#This Row],[SalesOrderLineUnitOfMeasure]]=\"un\",Tabla_Consulta_desde_QuickBooks_Data_64_Bit_QRemote[[#This Row],[SalesOrderLineInvoiced]],Tabla_Consulta_desde_QuickBooks_Data_64_Bit_QRemote[[#This Row],[SalesOrderLineInvoiced]]/MID(Tabla_Consulta_desde_QuickBooks_Data_64_Bit_QRemote[[#This Row],[SalesOrderLineUnitOfMeasure]],2,2)),0)","v":1},{"$f":"+Tabla_Consulta_desde_QuickBooks_Data_64_Bit_QRemote[[#This Row],[facturado]]-Tabla_Consulta_desde_QuickBooks_Data_64_Bit_QRemote[[#This Row],[pide]]","v":0},{"$f":"IF(Tabla_Consulta_desde_QuickBooks_Data_64_Bit_QRemote[[#This Row],[diferecia]]=0,\"ok\",\"diferen\")","v":"ok"},{"$f":"IFERROR(INDEX(um!A:C,MATCH(Tabla_Consulta_desde_QuickBooks_Data_64_Bit_QRemote[[#This Row],[SalesOrderLineItemRefFullName]],um!A:A,0),3),\"\")","v":"X12"},{"$f":"IFERROR(IF(OR(Tabla_Consulta_desde_QuickBooks_Data_64_Bit_QRemote[[#This Row],[SalesOrderLineUnitOfMeasure]]=\"UN\",Tabla_Consulta_desde_QuickBooks_Data_64_Bit_QRemote[[#This Row],[SalesOrderLineUnitOfMeasure]]=Tabla_Consulta_desde_QuickBooks_Data_64_Bit_QRemote[[#This Row],[U/M]]),\"\",\"ERROR\"),\"\")","v":""},{"$f":"+WEEKNUM(Tabla_Consulta_desde_QuickBooks_Data_64_Bit_QRemote[[#This Row],[TxnDate]])","v":23},{"$f":"+Tabla_Consulta_desde_QuickBooks_Data_64_Bit_QRemote[[#This Row],[SalesOrderLineRate]]*Tabla_Consulta_desde_QuickBooks_Data_64_Bit_QRemote[[#This Row],[SalesOrderLineInvoiced]]","v":37.56},{"$f":"+IFERROR(IF(Tabla_Consulta_desde_QuickBooks_Data_64_Bit_QRemote[[#This Row],[CustomerRefFullName]]=\"GRUVALCORP SA\",VLOOKUP(Tabla_Consulta_desde_QuickBooks_Data_64_Bit_QRemote[[#This Row],[SalesOrderLineItemRefFullName]],Hoja1!A:E,5,FALSE),\"\")*-Tabla_Consulta_desde_QuickBooks_Data_64_Bit_QRemote[[#This Row],[SalesOrderLineAmount]],\"\")","v":""},{"$f":"IF(COUNTIF(wms!E:E,Tabla_Consulta_desde_QuickBooks_Data_64_Bit_QRemote[[#This Row],[RefNumber]])>0,\"OK\",\"FALTA\")","v":"OK"}]
["2025-06-02","29116","CORPORACION EL ROSADO S.A.","4615744058 VALLE DE LOS CHILLOS",2,"7862112521698","P.T:311407","VINAGRE DE MANZANA CON LA MADRE OLE 500ML","Bodega Producto Terminado",12,"X12",4.29,51.48,"UNIDAD SALSA",12,208.03,239.23,"IVA EN VENTAS 15%",{"$f":"IFERROR(IF(Tabla_Consulta_desde_QuickBooks_Data_64_Bit_QRemote[[#This Row],[SalesOrderLineUnitOfMeasure]]=\"un\",Tabla_Consulta_desde_QuickBooks_Data_64_Bit_QRemote[[#This Row],[SalesOrderLineQuantity]],Tabla_Consulta_desde_QuickBooks_Data_64_Bit_QRemote[[#This Row],[SalesOrderLineQuantity]]/MID(Tabla_Consulta_desde_QuickBooks_Data_64_Bit_QRemote[[#This Row],[SalesOrderLineUnitOfMeasure]],2,2)),0)","v":1},{"$f":"IFERROR(IF(Tabla_Consulta_desde_QuickBooks_Data_64_Bit_QRemote[[#This Row],[SalesOrderLineUnitOfMeasure]]=\"un\",Tabla_Consulta_desde_QuickBooks_Data_64_Bit_QRemote[[#This Row],[SalesOrderLineInvoiced]],Tabla_Consulta_desde_QuickBooks_Data_64_Bit_QRemote[[#This Row],[SalesOrderLineInvoiced]]/MID(Tabla_Consulta_desde_QuickBooks_Data_64_Bit_QRemote[[#This Row],[SalesOrderLineUnitOfMeasure]],2,2)),0)","v":1},{"$f":"+Tabla_Consulta_desde_QuickBooks_Data_64_Bit_QRemote[[#This Row],[facturado]]-Tabla_Consulta_desde_QuickBooks_Data_64_Bit_QRemote[[#This Row],[pide]]","v":0},{"$f":"IF(Tabla_Consulta_desde_QuickBooks_Data_64_Bit_QRemote[[#This Row],[diferecia]]=0,\"ok\",\"diferen\")","v":"ok"},{"$f":"IFERROR(INDEX(um!A:C,MATCH(Tabla_Consulta_desde_QuickBooks_Data_64_Bit_QRemote[[#This Row],[SalesOrderLineItemRefFullName]],um!A:A,0),3),\"\")","v":"X12"},{"$f":"IFERROR(IF(OR(Tabla_Consulta_desde_QuickBooks_Data_64_Bit_QRemote[[#This Row],[SalesOrderLineUnitOfMeasure]]=\"UN\",Tabla_Consulta_desde_QuickBooks_Data_64_Bit_QRemote[[#This Row],[SalesOrderLineUnitOfMeasure]]=Tabla_Consulta_desde_QuickBooks_Data_64_Bit_QRemote[[#This Row],[U/M]]),\"\",\"ERROR\"),\"\")","v":""},{"$f":"+WEEKNUM(Tabla_Consulta_desde_QuickBooks_Data_64_Bit_QRemote[[#This Row],[TxnDate]])","v":23},{"$f":"+Tabla_Consulta_desde_QuickBooks_Data_64_Bit_QRemote[[#This Row],[SalesOrderLineRate]]*Tabla_Consulta_desde_QuickBooks_Data_64_Bit_QRemote[[#This Row],[SalesOrderLineInvoiced]]","v":51.480000000000004},{"$f":"+IFERROR(IF(Tabla_Consulta_desde_QuickBooks_Data_64_Bit_QRemote[[#This Row],[CustomerRefFullName]]=\"GRUVALCORP SA\",VLOOKUP(Tabla_Consulta_desde_QuickBooks_Data_64_Bit_QRemote[[#This Row],[SalesOrderLineItemRefFullName]],Hoja1!A:E,5,FALSE),\"\")*-Tabla_Consulta_desde_QuickBooks_Data_64_Bit_QRemote[[#This Row],[SalesOrderLineAmount]],\"\")","v":""},{"$f":"IF(COUNTIF(wms!E:E,Tabla_Consulta_desde_QuickBooks_Data_64_Bit_QRemote[[#This Row],[RefNumber]])>0,\"OK\",\"FALTA\")","v":"OK"}]
["2025-06-02","29116","CORPORACION EL ROSADO S.A.","4615744058 VALLE DE LOS CHILLOS",3,"7862112522169","P.T:110734","DIP ORIGINAL ROASTED TOMATES ASADOS OLE 220G","Bodega Producto Terminado",24,"X12",1.38,33.119999999999997,"UNIDAD SALSA",24,208.03,239.23,"IVA EN VENTAS 15%",{"$f":"IFERROR(IF(Tabla_Consulta_desde_QuickBooks_Data_64_Bit_QRemote[[#This Row],[SalesOrderLineUnitOfMeasure]]=\"un\",Tabla_Consulta_desde_QuickBooks_Data_64_Bit_QRemote[[#This Row],[SalesOrderLineQuantity]],Tabla_Consulta_desde_QuickBooks_Data_64_Bit_QRemote[[#This Row],[SalesOrderLineQuantity]]/MID(Tabla_Consulta_desde_QuickBooks_Data_64_Bit_QRemote[[#This Row],[SalesOrderLineUnitOfMeasure]],2,2)),0)","v":2},{"$f":"IFERROR(IF(Tabla_Consulta_desde_QuickBooks_Data_64_Bit_QRemote[[#This Row],[SalesOrderLineUnitOfMeasure]]=\"un\",Tabla_Consulta_desde_QuickBooks_Data_64_Bit_QRemote[[#This Row],[SalesOrderLineInvoiced]],Tabla_Consulta_desde_QuickBooks_Data_64_Bit_QRemote[[#This Row],[SalesOrderLineInvoiced]]/MID(Tabla_Consulta_desde_QuickBooks_Data_64_Bit_QRemote[[#This Row],[SalesOrderLineUnitOfMeasure]],2,2)),0)","v":2},{"$f":"+Tabla_Consulta_desde_QuickBooks_Data_64_Bit_QRemote[[#This Row],[facturado]]-Tabla_Consulta_desde_QuickBooks_Data_64_Bit_QRemote[[#This Row],[pide]]","v":0},{"$f":"IF(Tabla_Consulta_desde_QuickBooks_Data_64_Bit_QRemote[[#This Row],[diferecia]]=0,\"ok\",\"diferen\")","v":"ok"},{"$f":"IFERROR(INDEX(um!A:C,MATCH(Tabla_Consulta_desde_QuickBooks_Data_64_Bit_QRemote[[#This Row],[SalesOrderLineItemRefFullName]],um!A:A,0),3),\"\")","v":"X12"},{"$f":"IFERROR(IF(OR(Tabla_Consulta_desde_QuickBooks_Data_64_Bit_QRemote[[#This Row],[SalesOrderLineUnitOfMeasure]]=\"UN\",Tabla_Consulta_desde_QuickBooks_Data_64_Bit_QRemote[[#This Row],[SalesOrderLineUnitOfMeasure]]=Tabla_Consulta_desde_QuickBooks_Data_64_Bit_QRemote[[#This Row],[U/M]]),\"\",\"ERROR\"),\"\")","v":""},{"$f":"+WEEKNUM(Tabla_Consulta_desde_QuickBooks_Data_64_Bit_QRemote[[#This Row],[TxnDate]])","v":23},{"$f":"+Tabla_Consulta_desde_QuickBooks_Data_64_Bit_QRemote[[#This Row],[SalesOrderLineRate]]*Tabla_Consulta_desde_QuickBooks_Data_64_Bit_QRemote[[#This Row],[SalesOrderLineInvoiced]]","v":33.119999999999997},{"$f":"+IFERROR(IF(Tabla_Consulta_desde_QuickBooks_Data_64_Bit_QRemote[[#This Row],[CustomerRefFullName]]=\"GRUVALCORP SA\",VLOOKUP(Tabla_Consulta_desde_QuickBooks_Data_64_Bit_QRemote[[#This Row],[SalesOrderLineItemRefFullName]],Hoja1!A:E,5,FALSE),\"\")*-Tabla_Consulta_desde_QuickBooks_Data_64_Bit_QRemote[[#This Row],[SalesOrderLineAmount]],\"\")","v":""},{"$f":"IF(COUNTIF(wms!E:E,Tabla_Consulta_desde_QuickBooks_Data_64_Bit_QRemote[[#This Row],[RefNumber]])>0,\"OK\",\"FALTA\")","v":"OK"}]
["2025-06-02","29116","CORPORACION EL ROSADO S.A.","4615744058 VALLE DE LOS CHILLOS",4,"7862112522367","PT:220132","TOTOPOS NATURAL OLE 300G","Bodega Producto Terminado",12,"X12",1.67,20.04,"UNIDAD SNCKS",12,208.03,239.23,"IVA EN VENTAS 15%",{"$f":"IFERROR(IF(Tabla_Consulta_desde_QuickBooks_Data_64_Bit_QRemote[[#This Row],[SalesOrderLineUnitOfMeasure]]=\"un\",Tabla_Consulta_desde_QuickBooks_Data_64_Bit_QRemote[[#This Row],[SalesOrderLineQuantity]],Tabla_Consulta_desde_QuickBooks_Data_64_Bit_QRemote[[#This Row],[SalesOrderLineQuantity]]/MID(Tabla_Consulta_desde_QuickBooks_Data_64_Bit_QRemote[[#This Row],[SalesOrderLineUnitOfMeasure]],2,2)),0)","v":1},{"$f":"IFERROR(IF(Tabla_Consulta_desde_QuickBooks_Data_64_Bit_QRemote[[#This Row],[SalesOrderLineUnitOfMeasure]]=\"un\",Tabla_Consulta_desde_QuickBooks_Data_64_Bit_QRemote[[#This Row],[SalesOrderLineInvoiced]],Tabla_Consulta_desde_QuickBooks_Data_64_Bit_QRemote[[#This Row],[SalesOrderLineInvoiced]]/MID(Tabla_Consulta_desde_QuickBooks_Data_64_Bit_QRemote[[#This Row],[SalesOrderLineUnitOfMeasure]],2,2)),0)","v":1},{"$f":"+Tabla_Consulta_desde_QuickBooks_Data_64_Bit_QRemote[[#This Row],[facturado]]-Tabla_Consulta_desde_QuickBooks_Data_64_Bit_QRemote[[#This Row],[pide]]","v":0},{"$f":"IF(Tabla_Consulta_desde_QuickBooks_Data_64_Bit_QRemote[[#This Row],[diferecia]]=0,\"ok\",\"diferen\")","v":"ok"},{"$f":"IFERROR(INDEX(um!A:C,MATCH(Tabla_Consulta_desde_QuickBooks_Data_64_Bit_QRemote[[#This Row],[SalesOrderLineItemRefFullName]],um!A:A,0),3),\"\")","v":"X12"},{"$f":"IFERROR(IF(OR(Tabla_Consulta_desde_QuickBooks_Data_64_Bit_QRemote[[#This Row],[SalesOrderLineUnitOfMeasure]]=\"UN\",Tabla_Consulta_desde_QuickBooks_Data_64_Bit_QRemote[[#This Row],[SalesOrderLineUnitOfMeasure]]=Tabla_Consulta_desde_QuickBooks_Data_64_Bit_QRemote[[#This Row],[U/M]]),\"\",\"ERROR\"),\"\")","v":""},{"$f":"+WEEKNUM(Tabla_Consulta_desde_QuickBooks_Data_64_Bit_QRemote[[#This Row],[TxnDate]])","v":23},{"$f":"+Tabla_Consulta_desde_QuickBooks_Data_64_Bit_QRemote[[#This Row],[SalesOrderLineRate]]*Tabla_Consulta_desde_QuickBooks_Data_64_Bit_QRemote[[#This Row],[SalesOrderLineInvoiced]]","v":20.04},{"$f":"+IFERROR(IF(Tabla_Consulta_desde_QuickBooks_Data_64_Bit_QRemote[[#This Row],[CustomerRefFullName]]=\"GRUVALCORP SA\",VLOOKUP(Tabla_Consulta_desde_QuickBooks_Data_64_Bit_QRemote[[#This Row],[SalesOrderLineItemRefFullName]],Hoja1!A:E,5,FALSE),\"\")*-Tabla_Consulta_desde_QuickBooks_Data_64_Bit_QRemote[[#This Row],[SalesOrderLineAmount]],\"\")","v":""},{"$f":"IF(COUNTIF(wms!E:E,Tabla_Consulta_desde_QuickBooks_Data_64_Bit_QRemote[[#This Row],[RefNumber]])>0,\"OK\",\"FALTA\")","v":"OK"}]
["2025-06-02","29116","CORPORACION EL ROSADO S.A.","4615744058 VALLE DE LOS CHILLOS",5,"7862112522787","P.T:311606","SALSA QUESO CHEDDAR OLE 200G","Bodega Producto Terminado",24,"X24",1.52,36.479999999999997,"UNIDAD SALSA",24,208.03,239.23,"IVA EN VENTAS 15%",{"$f":"IFERROR(IF(Tabla_Consulta_desde_QuickBooks_Data_64_Bit_QRemote[[#This Row],[SalesOrderLineUnitOfMeasure]]=\"un\",Tabla_Consulta_desde_QuickBooks_Data_64_Bit_QRemote[[#This Row],[SalesOrderLineQuantity]],Tabla_Consulta_desde_QuickBooks_Data_64_Bit_QRemote[[#This Row],[SalesOrderLineQuantity]]/MID(Tabla_Consulta_desde_QuickBooks_Data_64_Bit_QRemote[[#This Row],[SalesOrderLineUnitOfMeasure]],2,2)),0)","v":1},{"$f":"IFERROR(IF(Tabla_Consulta_desde_QuickBooks_Data_64_Bit_QRemote[[#This Row],[SalesOrderLineUnitOfMeasure]]=\"un\",Tabla_Consulta_desde_QuickBooks_Data_64_Bit_QRemote[[#This Row],[SalesOrderLineInvoiced]],Tabla_Consulta_desde_QuickBooks_Data_64_Bit_QRemote[[#This Row],[SalesOrderLineInvoiced]]/MID(Tabla_Consulta_desde_QuickBooks_Data_64_Bit_QRemote[[#This Row],[SalesOrderLineUnitOfMeasure]],2,2)),0)","v":1},{"$f":"+Tabla_Consulta_desde_QuickBooks_Data_64_Bit_QRemote[[#This Row],[facturado]]-Tabla_Consulta_desde_QuickBooks_Data_64_Bit_QRemote[[#This Row],[pide]]","v":0},{"$f":"IF(Tabla_Consulta_desde_QuickBooks_Data_64_Bit_QRemote[[#This Row],[diferecia]]=0,\"ok\",\"diferen\")","v":"ok"},{"$f":"IFERROR(INDEX(um!A:C,MATCH(Tabla_Consulta_desde_QuickBooks_Data_64_Bit_QRemote[[#This Row],[SalesOrderLineItemRefFullName]],um!A:A,0),3),\"\")","v":"X24"},{"$f":"IFERROR(IF(OR(Tabla_Consulta_desde_QuickBooks_Data_64_Bit_QRemote[[#This Row],[SalesOrderLineUnitOfMeasure]]=\"UN\",Tabla_Consulta_desde_QuickBooks_Data_64_Bit_QRemote[[#This Row],[SalesOrderLineUnitOfMeasure]]=Tabla_Consulta_desde_QuickBooks_Data_64_Bit_QRemote[[#This Row],[U/M]]),\"\",\"ERROR\"),\"\")","v":""},{"$f":"+WEEKNUM(Tabla_Consulta_desde_QuickBooks_Data_64_Bit_QRemote[[#This Row],[TxnDate]])","v":23},{"$f":"+Tabla_Consulta_desde_QuickBooks_Data_64_Bit_QRemote[[#This Row],[SalesOrderLineRate]]*Tabla_Consulta_desde_QuickBooks_Data_64_Bit_QRemote[[#This Row],[SalesOrderLineInvoiced]]","v":36.480000000000004},{"$f":"+IFERROR(IF(Tabla_Consulta_desde_QuickBooks_Data_64_Bit_QRemote[[#This Row],[CustomerRefFullName]]=\"GRUVALCORP SA\",VLOOKUP(Tabla_Consulta_desde_QuickBooks_Data_64_Bit_QRemote[[#This Row],[SalesOrderLineItemRefFullName]],Hoja1!A:E,5,FALSE),\"\")*-Tabla_Consulta_desde_QuickBooks_Data_64_Bit_QRemote[[#This Row],[SalesOrderLineAmount]],\"\")","v":""},{"$f":"IF(COUNTIF(wms!E:E,Tabla_Consulta_desde_QuickBooks_Data_64_Bit_QRemote[[#This Row],[RefNumber]])>0,\"OK\",\"FALTA\")","v":"OK"}]
["2025-06-02","29116","CORPORACION EL ROSADO S.A.","4615744058 VALLE DE LOS CHILLOS",6,"7862112522831","P.T:110226","SALSA EXTRAPICANTE CAROLINA REAPER OLE 100G","Bodega Producto Terminado",12,"X12",1.05,12.6,"UNIDAD SALSA",12,208.03,239.23,"IVA EN VENTAS 15%",{"$f":"IFERROR(IF(Tabla_Consulta_desde_QuickBooks_Data_64_Bit_QRemote[[#This Row],[SalesOrderLineUnitOfMeasure]]=\"un\",Tabla_Consulta_desde_QuickBooks_Data_64_Bit_QRemote[[#This Row],[SalesOrderLineQuantity]],Tabla_Consulta_desde_QuickBooks_Data_64_Bit_QRemote[[#This Row],[SalesOrderLineQuantity]]/MID(Tabla_Consulta_desde_QuickBooks_Data_64_Bit_QRemote[[#This Row],[SalesOrderLineUnitOfMeasure]],2,2)),0)","v":1},{"$f":"IFERROR(IF(Tabla_Consulta_desde_QuickBooks_Data_64_Bit_QRemote[[#This Row],[SalesOrderLineUnitOfMeasure]]=\"un\",Tabla_Consulta_desde_QuickBooks_Data_64_Bit_QRemote[[#This Row],[SalesOrderLineInvoiced]],Tabla_Consulta_desde_QuickBooks_Data_64_Bit_QRemote[[#This Row],[SalesOrderLineInvoiced]]/MID(Tabla_Consulta_desde_QuickBooks_Data_64_Bit_QRemote[[#This Row],[SalesOrderLineUnitOfMeasure]],2,2)),0)","v":1},{"$f":"+Tabla_Consulta_desde_QuickBooks_Data_64_Bit_QRemote[[#This Row],[facturado]]-Tabla_Consulta_desde_QuickBooks_Data_64_Bit_QRemote[[#This Row],[pide]]","v":0},{"$f":"IF(Tabla_Consulta_desde_QuickBooks_Data_64_Bit_QRemote[[#This Row],[diferecia]]=0,\"ok\",\"diferen\")","v":"ok"},{"$f":"IFERROR(INDEX(um!A:C,MATCH(Tabla_Consulta_desde_QuickBooks_Data_64_Bit_QRemote[[#This Row],[SalesOrderLineItemRefFullName]],um!A:A,0),3),\"\")","v":"X12"},{"$f":"IFERROR(IF(OR(Tabla_Consulta_desde_QuickBooks_Data_64_Bit_QRemote[[#This Row],[SalesOrderLineUnitOfMeasure]]=\"UN\",Tabla_Consulta_desde_QuickBooks_Data_64_Bit_QRemote[[#This Row],[SalesOrderLineUnitOfMeasure]]=Tabla_Consulta_desde_QuickBooks_Data_64_Bit_QRemote[[#This Row],[U/M]]),\"\",\"ERROR\"),\"\")","v":""},{"$f":"+WEEKNUM(Tabla_Consulta_desde_QuickBooks_Data_64_Bit_QRemote[[#This Row],[TxnDate]])","v":23},{"$f":"+Tabla_Consulta_desde_QuickBooks_Data_64_Bit_QRemote[[#This Row],[SalesOrderLineRate]]*Tabla_Consulta_desde_QuickBooks_Data_64_Bit_QRemote[[#This Row],[SalesOrderLineInvoiced]]","v":12.600000000000001},{"$f":"+IFERROR(IF(Tabla_Consulta_desde_QuickBooks_Data_64_Bit_QRemote[[#This Row],[CustomerRefFullName]]=\"GRUVALCORP SA\",VLOOKUP(Tabla_Consulta_desde_QuickBooks_Data_64_Bit_QRemote[[#This Row],[SalesOrderLineItemRefFullName]],Hoja1!A:E,5,FALSE),\"\")*-Tabla_Consulta_desde_QuickBooks_Data_64_Bit_QRemote[[#This Row],[SalesOrderLineAmount]],\"\")","v":""},{"$f":"IF(COUNTIF(wms!E:E,Tabla_Consulta_desde_QuickBooks_Data_64_Bit_QRemote[[#This Row],[RefNumber]])>0,\"OK\",\"FALTA\")","v":"OK"}]
["2025-06-02","29116","CORPORACION EL ROSADO S.A.","4615744058 VALLE DE LOS CHILLOS",7,"7862112522497","P.T:110801","SALSA BBQ ORIGINAL OLE DP 200G","Bodega Producto Terminado",12,"X12",0.68,8.16,"UNIDAD SALSA",12,208.03,239.23,"IVA EN VENTAS 15%",{"$f":"IFERROR(IF(Tabla_Consulta_desde_QuickBooks_Data_64_Bit_QRemote[[#This Row],[SalesOrderLineUnitOfMeasure]]=\"un\",Tabla_Consulta_desde_QuickBooks_Data_64_Bit_QRemote[[#This Row],[SalesOrderLineQuantity]],Tabla_Consulta_desde_QuickBooks_Data_64_Bit_QRemote[[#This Row],[SalesOrderLineQuantity]]/MID(Tabla_Consulta_desde_QuickBooks_Data_64_Bit_QRemote[[#This Row],[SalesOrderLineUnitOfMeasure]],2,2)),0)","v":1},{"$f":"IFERROR(IF(Tabla_Consulta_desde_QuickBooks_Data_64_Bit_QRemote[[#This Row],[SalesOrderLineUnitOfMeasure]]=\"un\",Tabla_Consulta_desde_QuickBooks_Data_64_Bit_QRemote[[#This Row],[SalesOrderLineInvoiced]],Tabla_Consulta_desde_QuickBooks_Data_64_Bit_QRemote[[#This Row],[SalesOrderLineInvoiced]]/MID(Tabla_Consulta_desde_QuickBooks_Data_64_Bit_QRemote[[#This Row],[SalesOrderLineUnitOfMeasure]],2,2)),0)","v":1},{"$f":"+Tabla_Consulta_desde_QuickBooks_Data_64_Bit_QRemote[[#This Row],[facturado]]-Tabla_Consulta_desde_QuickBooks_Data_64_Bit_QRemote[[#This Row],[pide]]","v":0},{"$f":"IF(Tabla_Consulta_desde_QuickBooks_Data_64_Bit_QRemote[[#This Row],[diferecia]]=0,\"ok\",\"diferen\")","v":"ok"},{"$f":"IFERROR(INDEX(um!A:C,MATCH(Tabla_Consulta_desde_QuickBooks_Data_64_Bit_QRemote[[#This Row],[SalesOrderLineItemRefFullName]],um!A:A,0),3),\"\")","v":"X12"},{"$f":"IFERROR(IF(OR(Tabla_Consulta_desde_QuickBooks_Data_64_Bit_QRemote[[#This Row],[SalesOrderLineUnitOfMeasure]]=\"UN\",Tabla_Consulta_desde_QuickBooks_Data_64_Bit_QRemote[[#This Row],[SalesOrderLineUnitOfMeasure]]=Tabla_Consulta_desde_QuickBooks_Data_64_Bit_QRemote[[#This Row],[U/M]]),\"\",\"ERROR\"),\"\")","v":""},{"$f":"+WEEKNUM(Tabla_Consulta_desde_QuickBooks_Data_64_Bit_QRemote[[#This Row],[TxnDate]])","v":23},{"$f":"+Tabla_Consulta_desde_QuickBooks_Data_64_Bit_QRemote[[#This Row],[SalesOrderLineRate]]*Tabla_Consulta_desde_QuickBooks_Data_64_Bit_QRemote[[#This Row],[SalesOrderLineInvoiced]]","v":8.16},{"$f":"+IFERROR(IF(Tabla_Consulta_desde_QuickBooks_Data_64_Bit_QRemote[[#This Row],[CustomerRefFullName]]=\"GRUVALCORP SA\",VLOOKUP(Tabla_Consulta_desde_QuickBooks_Data_64_Bit_QRemote[[#This Row],[SalesOrderLineItemRefFullName]],Hoja1!A:E,5,FALSE),\"\")*-Tabla_Consulta_desde_QuickBooks_Data_64_Bit_QRemote[[#This Row],[SalesOrderLineAmount]],\"\")","v":""},{"$f":"IF(COUNTIF(wms!E:E,Tabla_Consulta_desde_QuickBooks_Data_64_Bit_QRemote[[#This Row],[RefNumber]])>0,\"OK\",\"FALTA\")","v":"OK"}]
["2025-06-02","29116","CORPORACION EL ROSADO S.A.","4615744058 VALLE DE LOS CHILLOS",8,"7862112523227","P.T:110313","SALSA BBQ WHISKY Y MIEL OLE 430G","Bodega Producto Terminado",12,"X12",2.06,24.72,"UNIDAD SALSA",12,208.03,239.23,"IVA EN VENTAS 15%",{"$f":"IFERROR(IF(Tabla_Consulta_desde_QuickBooks_Data_64_Bit_QRemote[[#This Row],[SalesOrderLineUnitOfMeasure]]=\"un\",Tabla_Consulta_desde_QuickBooks_Data_64_Bit_QRemote[[#This Row],[SalesOrderLineQuantity]],Tabla_Consulta_desde_QuickBooks_Data_64_Bit_QRemote[[#This Row],[SalesOrderLineQuantity]]/MID(Tabla_Consulta_desde_QuickBooks_Data_64_Bit_QRemote[[#This Row],[SalesOrderLineUnitOfMeasure]],2,2)),0)","v":1},{"$f":"IFERROR(IF(Tabla_Consulta_desde_QuickBooks_Data_64_Bit_QRemote[[#This Row],[SalesOrderLineUnitOfMeasure]]=\"un\",Tabla_Consulta_desde_QuickBooks_Data_64_Bit_QRemote[[#This Row],[SalesOrderLineInvoiced]],Tabla_Consulta_desde_QuickBooks_Data_64_Bit_QRemote[[#This Row],[SalesOrderLineInvoiced]]/MID(Tabla_Consulta_desde_QuickBooks_Data_64_Bit_QRemote[[#This Row],[SalesOrderLineUnitOfMeasure]],2,2)),0)","v":1},{"$f":"+Tabla_Consulta_desde_QuickBooks_Data_64_Bit_QRemote[[#This Row],[facturado]]-Tabla_Consulta_desde_QuickBooks_Data_64_Bit_QRemote[[#This Row],[pide]]","v":0},{"$f":"IF(Tabla_Consulta_desde_QuickBooks_Data_64_Bit_QRemote[[#This Row],[diferecia]]=0,\"ok\",\"diferen\")","v":"ok"},{"$f":"IFERROR(INDEX(um!A:C,MATCH(Tabla_Consulta_desde_QuickBooks_Data_64_Bit_QRemote[[#This Row],[SalesOrderLineItemRefFullName]],um!A:A,0),3),\"\")","v":"X12"},{"$f":"IFERROR(IF(OR(Tabla_Consulta_desde_QuickBooks_Data_64_Bit_QRemote[[#This Row],[SalesOrderLineUnitOfMeasure]]=\"UN\",Tabla_Consulta_desde_QuickBooks_Data_64_Bit_QRemote[[#This Row],[SalesOrderLineUnitOfMeasure]]=Tabla_Consulta_desde_QuickBooks_Data_64_Bit_QRemote[[#This Row],[U/M]]),\"\",\"ERROR\"),\"\")","v":""},{"$f":"+WEEKNUM(Tabla_Consulta_desde_QuickBooks_Data_64_Bit_QRemote[[#This Row],[TxnDate]])","v":23},{"$f":"+Tabla_Consulta_desde_QuickBooks_Data_64_Bit_QRemote[[#This Row],[SalesOrderLineRate]]*Tabla_Consulta_desde_QuickBooks_Data_64_Bit_QRemote[[#This Row],[SalesOrderLineInvoiced]]","v":24.72},{"$f":"+IFERROR(IF(Tabla_Consulta_desde_QuickBooks_Data_64_Bit_QRemote[[#This Row],[CustomerRefFullName]]=\"GRUVALCORP SA\",VLOOKUP(Tabla_Consulta_desde_QuickBooks_Data_64_Bit_QRemote[[#This Row],[SalesOrderLineItemRefFullName]],Hoja1!A:E,5,FALSE),\"\")*-Tabla_Consulta_desde_QuickBooks_Data_64_Bit_QRemote[[#This Row],[SalesOrderLineAmount]],\"\")","v":""},{"$f":"IF(COUNTIF(wms!E:E,Tabla_Consulta_desde_QuickBooks_Data_64_Bit_QRemote[[#This Row],[RefNumber]])>0,\"OK\",\"FALTA\")","v":"OK"}]
["2025-06-02","29116","CORPORACION EL ROSADO S.A.","4615744058 VALLE DE LOS CHILLOS",9,"7862112523258","PT:220142","TOTOPOS SABOR GUACAMOLE OLE 45G","Bodega Producto Terminado",30,"X30",0.34,10.199999999999999,"UNIDAD SNCKS",30,208.03,239.23,"IVA EN VENTAS 15%",{"$f":"IFERROR(IF(Tabla_Consulta_desde_QuickBooks_Data_64_Bit_QRemote[[#This Row],[SalesOrderLineUnitOfMeasure]]=\"un\",Tabla_Consulta_desde_QuickBooks_Data_64_Bit_QRemote[[#This Row],[SalesOrderLineQuantity]],Tabla_Consulta_desde_QuickBooks_Data_64_Bit_QRemote[[#This Row],[SalesOrderLineQuantity]]/MID(Tabla_Consulta_desde_QuickBooks_Data_64_Bit_QRemote[[#This Row],[SalesOrderLineUnitOfMeasure]],2,2)),0)","v":1},{"$f":"IFERROR(IF(Tabla_Consulta_desde_QuickBooks_Data_64_Bit_QRemote[[#This Row],[SalesOrderLineUnitOfMeasure]]=\"un\",Tabla_Consulta_desde_QuickBooks_Data_64_Bit_QRemote[[#This Row],[SalesOrderLineInvoiced]],Tabla_Consulta_desde_QuickBooks_Data_64_Bit_QRemote[[#This Row],[SalesOrderLineInvoiced]]/MID(Tabla_Consulta_desde_QuickBooks_Data_64_Bit_QRemote[[#This Row],[SalesOrderLineUnitOfMeasure]],2,2)),0)","v":1},{"$f":"+Tabla_Consulta_desde_QuickBooks_Data_64_Bit_QRemote[[#This Row],[facturado]]-Tabla_Consulta_desde_QuickBooks_Data_64_Bit_QRemote[[#This Row],[pide]]","v":0},{"$f":"IF(Tabla_Consulta_desde_QuickBooks_Data_64_Bit_QRemote[[#This Row],[diferecia]]=0,\"ok\",\"diferen\")","v":"ok"},{"$f":"IFERROR(INDEX(um!A:C,MATCH(Tabla_Consulta_desde_QuickBooks_Data_64_Bit_QRemote[[#This Row],[SalesOrderLineItemRefFullName]],um!A:A,0),3),\"\")","v":"X30"},{"$f":"IFERROR(IF(OR(Tabla_Consulta_desde_QuickBooks_Data_64_Bit_QRemote[[#This Row],[SalesOrderLineUnitOfMeasure]]=\"UN\",Tabla_Consulta_desde_QuickBooks_Data_64_Bit_QRemote[[#This Row],[SalesOrderLineUnitOfMeasure]]=Tabla_Consulta_desde_QuickBooks_Data_64_Bit_QRemote[[#This Row],[U/M]]),\"\",\"ERROR\"),\"\")","v":""},{"$f":"+WEEKNUM(Tabla_Consulta_desde_QuickBooks_Data_64_Bit_QRemote[[#This Row],[TxnDate]])","v":23},{"$f":"+Tabla_Consulta_desde_QuickBooks_Data_64_Bit_QRemote[[#This Row],[SalesOrderLineRate]]*Tabla_Consulta_desde_QuickBooks_Data_64_Bit_QRemote[[#This Row],[SalesOrderLineInvoiced]]","v":10.200000000000001},{"$f":"+IFERROR(IF(Tabla_Consulta_desde_QuickBooks_Data_64_Bit_QRemote[[#This Row],[CustomerRefFullName]]=\"GRUVALCORP SA\",VLOOKUP(Tabla_Consulta_desde_QuickBooks_Data_64_Bit_QRemote[[#This Row],[SalesOrderLineItemRefFullName]],Hoja1!A:E,5,FALSE),\"\")*-Tabla_Consulta_desde_QuickBooks_Data_64_Bit_QRemote[[#This Row],[SalesOrderLineAmount]],\"\")","v":""},{"$f":"IF(COUNTIF(wms!E:E,Tabla_Consulta_desde_QuickBooks_Data_64_Bit_QRemote[[#This Row],[RefNumber]])>0,\"OK\",\"FALTA\")","v":"OK"}]
["2025-06-02","29116","CORPORACION EL ROSADO S.A.","4615744058 VALLE DE LOS CHILLOS",10,null,"Desc. Ventas SLS:111201","TOMATE DESHIDRATADO EN ACEITE OLE 225G",null,null,null,-5.63,-5.63,null,1,208.03,239.23,"IVA EN VENTAS 15%",{"$f":"IFERROR(IF(Tabla_Consulta_desde_QuickBooks_Data_64_Bit_QRemote[[#This Row],[SalesOrderLineUnitOfMeasure]]=\"un\",Tabla_Consulta_desde_QuickBooks_Data_64_Bit_QRemote[[#This Row],[SalesOrderLineQuantity]],Tabla_Consulta_desde_QuickBooks_Data_64_Bit_QRemote[[#This Row],[SalesOrderLineQuantity]]/MID(Tabla_Consulta_desde_QuickBooks_Data_64_Bit_QRemote[[#This Row],[SalesOrderLineUnitOfMeasure]],2,2)),0)","v":0},{"$f":"IFERROR(IF(Tabla_Consulta_desde_QuickBooks_Data_64_Bit_QRemote[[#This Row],[SalesOrderLineUnitOfMeasure]]=\"un\",Tabla_Consulta_desde_QuickBooks_Data_64_Bit_QRemote[[#This Row],[SalesOrderLineInvoiced]],Tabla_Consulta_desde_QuickBooks_Data_64_Bit_QRemote[[#This Row],[SalesOrderLineInvoiced]]/MID(Tabla_Consulta_desde_QuickBooks_Data_64_Bit_QRemote[[#This Row],[SalesOrderLineUnitOfMeasure]],2,2)),0)","v":0},{"$f":"+Tabla_Consulta_desde_QuickBooks_Data_64_Bit_QRemote[[#This Row],[facturado]]-Tabla_Consulta_desde_QuickBooks_Data_64_Bit_QRemote[[#This Row],[pide]]","v":0},{"$f":"IF(Tabla_Consulta_desde_QuickBooks_Data_64_Bit_QRemote[[#This Row],[diferecia]]=0,\"ok\",\"diferen\")","v":"ok"},{"$f":"IFERROR(INDEX(um!A:C,MATCH(Tabla_Consulta_desde_QuickBooks_Data_64_Bit_QRemote[[#This Row],[SalesOrderLineItemRefFullName]],um!A:A,0),3),\"\")","v":""},{"$f":"IFERROR(IF(OR(Tabla_Consulta_desde_QuickBooks_Data_64_Bit_QRemote[[#This Row],[SalesOrderLineUnitOfMeasure]]=\"UN\",Tabla_Consulta_desde_QuickBooks_Data_64_Bit_QRemote[[#This Row],[SalesOrderLineUnitOfMeasure]]=Tabla_Consulta_desde_QuickBooks_Data_64_Bit_QRemote[[#This Row],[U/M]]),\"\",\"ERROR\"),\"\")","v":""},{"$f":"+WEEKNUM(Tabla_Consulta_desde_QuickBooks_Data_64_Bit_QRemote[[#This Row],[TxnDate]])","v":23},{"$f":"+Tabla_Consulta_desde_QuickBooks_Data_64_Bit_QRemote[[#This Row],[SalesOrderLineRate]]*Tabla_Consulta_desde_QuickBooks_Data_64_Bit_QRemote[[#This Row],[SalesOrderLineInvoiced]]","v":-5.63},{"$f":"+IFERROR(IF(Tabla_Consulta_desde_QuickBooks_Data_64_Bit_QRemote[[#This Row],[CustomerRefFullName]]=\"GRUVALCORP SA\",VLOOKUP(Tabla_Consulta_desde_QuickBooks_Data_64_Bit_QRemote[[#This Row],[SalesOrderLineItemRefFullName]],Hoja1!A:E,5,FALSE),\"\")*-Tabla_Consulta_desde_QuickBooks_Data_64_Bit_QRemote[[#This Row],[SalesOrderLineAmount]],\"\")","v":""},{"$f":"IF(COUNTIF(wms!E:E,Tabla_Consulta_desde_QuickBooks_Data_64_Bit_QRemote[[#This Row],[RefNumber]])>0,\"OK\",\"FALTA\")","v":"OK"}]
["2025-06-02","29116","CORPORACION EL ROSADO S.A.","4615744058 VALLE DE LOS CHILLOS",11,null,"Desc. Ventas COM:311407","VINAGRE DE MANZANA CON LA MADRE OLE 500ML",null,null,null,-7.72,-7.72,null,1,208.03,239.23,"IVA EN VENTAS 15%",{"$f":"IFERROR(IF(Tabla_Consulta_desde_QuickBooks_Data_64_Bit_QRemote[[#This Row],[SalesOrderLineUnitOfMeasure]]=\"un\",Tabla_Consulta_desde_QuickBooks_Data_64_Bit_QRemote[[#This Row],[SalesOrderLineQuantity]],Tabla_Consulta_desde_QuickBooks_Data_64_Bit_QRemote[[#This Row],[SalesOrderLineQuantity]]/MID(Tabla_Consulta_desde_QuickBooks_Data_64_Bit_QRemote[[#This Row],[SalesOrderLineUnitOfMeasure]],2,2)),0)","v":0},{"$f":"IFERROR(IF(Tabla_Consulta_desde_QuickBooks_Data_64_Bit_QRemote[[#This Row],[SalesOrderLineUnitOfMeasure]]=\"un\",Tabla_Consulta_desde_QuickBooks_Data_64_Bit_QRemote[[#This Row],[SalesOrderLineInvoiced]],Tabla_Consulta_desde_QuickBooks_Data_64_Bit_QRemote[[#This Row],[SalesOrderLineInvoiced]]/MID(Tabla_Consulta_desde_QuickBooks_Data_64_Bit_QRemote[[#This Row],[SalesOrderLineUnitOfMeasure]],2,2)),0)","v":0},{"$f":"+Tabla_Consulta_desde_QuickBooks_Data_64_Bit_QRemote[[#This Row],[facturado]]-Tabla_Consulta_desde_QuickBooks_Data_64_Bit_QRemote[[#This Row],[pide]]","v":0},{"$f":"IF(Tabla_Consulta_desde_QuickBooks_Data_64_Bit_QRemote[[#This Row],[diferecia]]=0,\"ok\",\"diferen\")","v":"ok"},{"$f":"IFERROR(INDEX(um!A:C,MATCH(Tabla_Consulta_desde_QuickBooks_Data_64_Bit_QRemote[[#This Row],[SalesOrderLineItemRefFullName]],um!A:A,0),3),\"\")","v":""},{"$f":"IFERROR(IF(OR(Tabla_Consulta_desde_QuickBooks_Data_64_Bit_QRemote[[#This Row],[SalesOrderLineUnitOfMeasure]]=\"UN\",Tabla_Consulta_desde_QuickBooks_Data_64_Bit_QRemote[[#This Row],[SalesOrderLineUnitOfMeasure]]=Tabla_Consulta_desde_QuickBooks_Data_64_Bit_QRemote[[#This Row],[U/M]]),\"\",\"ERROR\"),\"\")","v":""},{"$f":"+WEEKNUM(Tabla_Consulta_desde_QuickBooks_Data_64_Bit_QRemote[[#This Row],[TxnDate]])","v":23},{"$f":"+Tabla_Consulta_desde_QuickBooks_Data_64_Bit_QRemote[[#This Row],[SalesOrderLineRate]]*Tabla_Consulta_desde_QuickBooks_Data_64_Bit_QRemote[[#This Row],[SalesOrderLineInvoiced]]","v":-7.72},{"$f":"+IFERROR(IF(Tabla_Consulta_desde_QuickBooks_Data_64_Bit_QRemote[[#This Row],[CustomerRefFullName]]=\"GRUVALCORP SA\",VLOOKUP(Tabla_Consulta_desde_QuickBooks_Data_64_Bit_QRemote[[#This Row],[SalesOrderLineItemRefFullName]],Hoja1!A:E,5,FALSE),\"\")*-Tabla_Consulta_desde_QuickBooks_Data_64_Bit_QRemote[[#This Row],[SalesOrderLineAmount]],\"\")","v":""},{"$f":"IF(COUNTIF(wms!E:E,Tabla_Consulta_desde_QuickBooks_Data_64_Bit_QRemote[[#This Row],[RefNumber]])>0,\"OK\",\"FALTA\")","v":"OK"}]
["2025-06-02","29116","CORPORACION EL ROSADO S.A.","4615744058 VALLE DE LOS CHILLOS",12,null,"Desc. Ventas SNK:220132","TOTOPOS NATURAL OLE 300G",null,null,null,-3.21,-3.21,null,1,208.03,239.23,"IVA EN VENTAS 15%",{"$f":"IFERROR(IF(Tabla_Consulta_desde_QuickBooks_Data_64_Bit_QRemote[[#This Row],[SalesOrderLineUnitOfMeasure]]=\"un\",Tabla_Consulta_desde_QuickBooks_Data_64_Bit_QRemote[[#This Row],[SalesOrderLineQuantity]],Tabla_Consulta_desde_QuickBooks_Data_64_Bit_QRemote[[#This Row],[SalesOrderLineQuantity]]/MID(Tabla_Consulta_desde_QuickBooks_Data_64_Bit_QRemote[[#This Row],[SalesOrderLineUnitOfMeasure]],2,2)),0)","v":0},{"$f":"IFERROR(IF(Tabla_Consulta_desde_QuickBooks_Data_64_Bit_QRemote[[#This Row],[SalesOrderLineUnitOfMeasure]]=\"un\",Tabla_Consulta_desde_QuickBooks_Data_64_Bit_QRemote[[#This Row],[SalesOrderLineInvoiced]],Tabla_Consulta_desde_QuickBooks_Data_64_Bit_QRemote[[#This Row],[SalesOrderLineInvoiced]]/MID(Tabla_Consulta_desde_QuickBooks_Data_64_Bit_QRemote[[#This Row],[SalesOrderLineUnitOfMeasure]],2,2)),0)","v":0},{"$f":"+Tabla_Consulta_desde_QuickBooks_Data_64_Bit_QRemote[[#This Row],[facturado]]-Tabla_Consulta_desde_QuickBooks_Data_64_Bit_QRemote[[#This Row],[pide]]","v":0},{"$f":"IF(Tabla_Consulta_desde_QuickBooks_Data_64_Bit_QRemote[[#This Row],[diferecia]]=0,\"ok\",\"diferen\")","v":"ok"},{"$f":"IFERROR(INDEX(um!A:C,MATCH(Tabla_Consulta_desde_QuickBooks_Data_64_Bit_QRemote[[#This Row],[SalesOrderLineItemRefFullName]],um!A:A,0),3),\"\")","v":""},{"$f":"IFERROR(IF(OR(Tabla_Consulta_desde_QuickBooks_Data_64_Bit_QRemote[[#This Row],[SalesOrderLineUnitOfMeasure]]=\"UN\",Tabla_Consulta_desde_QuickBooks_Data_64_Bit_QRemote[[#This Row],[SalesOrderLineUnitOfMeasure]]=Tabla_Consulta_desde_QuickBooks_Data_64_Bit_QRemote[[#This Row],[U/M]]),\"\",\"ERROR\"),\"\")","v":""},{"$f":"+WEEKNUM(Tabla_Consulta_desde_QuickBooks_Data_64_Bit_QRemote[[#This Row],[TxnDate]])","v":23},{"$f":"+Tabla_Consulta_desde_QuickBooks_Data_64_Bit_QRemote[[#This Row],[SalesOrderLineRate]]*Tabla_Consulta_desde_QuickBooks_Data_64_Bit_QRemote[[#This Row],[SalesOrderLineInvoiced]]","v":-3.21},{"$f":"+IFERROR(IF(Tabla_Consulta_desde_QuickBooks_Data_64_Bit_QRemote[[#This Row],[CustomerRefFullName]]=\"GRUVALCORP SA\",VLOOKUP(Tabla_Consulta_desde_QuickBooks_Data_64_Bit_QRemote[[#This Row],[SalesOrderLineItemRefFullName]],Hoja1!A:E,5,FALSE),\"\")*-Tabla_Consulta_desde_QuickBooks_Data_64_Bit_QRemote[[#This Row],[SalesOrderLineAmount]],\"\")","v":""},{"$f":"IF(COUNTIF(wms!E:E,Tabla_Consulta_desde_QuickBooks_Data_64_Bit_QRemote[[#This Row],[RefNumber]])>0,\"OK\",\"FALTA\")","v":"OK"}]
["2025-06-02","29116","CORPORACION EL ROSADO S.A.","4615744058 VALLE DE LOS CHILLOS",13,null,"Desc. Ventas COM:311606","SALSA QUESO CHEDDAR OLE 200G",null,null,null,-7.3,-7.3,null,1,208.03,239.23,"IVA EN VENTAS 15%",{"$f":"IFERROR(IF(Tabla_Consulta_desde_QuickBooks_Data_64_Bit_QRemote[[#This Row],[SalesOrderLineUnitOfMeasure]]=\"un\",Tabla_Consulta_desde_QuickBooks_Data_64_Bit_QRemote[[#This Row],[SalesOrderLineQuantity]],Tabla_Consulta_desde_QuickBooks_Data_64_Bit_QRemote[[#This Row],[SalesOrderLineQuantity]]/MID(Tabla_Consulta_desde_QuickBooks_Data_64_Bit_QRemote[[#This Row],[SalesOrderLineUnitOfMeasure]],2,2)),0)","v":0},{"$f":"IFERROR(IF(Tabla_Consulta_desde_QuickBooks_Data_64_Bit_QRemote[[#This Row],[SalesOrderLineUnitOfMeasure]]=\"un\",Tabla_Consulta_desde_QuickBooks_Data_64_Bit_QRemote[[#This Row],[SalesOrderLineInvoiced]],Tabla_Consulta_desde_QuickBooks_Data_64_Bit_QRemote[[#This Row],[SalesOrderLineInvoiced]]/MID(Tabla_Consulta_desde_QuickBooks_Data_64_Bit_QRemote[[#This Row],[SalesOrderLineUnitOfMeasure]],2,2)),0)","v":0},{"$f":"+Tabla_Consulta_desde_QuickBooks_Data_64_Bit_QRemote[[#This Row],[facturado]]-Tabla_Consulta_desde_QuickBooks_Data_64_Bit_QRemote[[#This Row],[pide]]","v":0},{"$f":"IF(Tabla_Consulta_desde_QuickBooks_Data_64_Bit_QRemote[[#This Row],[diferecia]]=0,\"ok\",\"diferen\")","v":"ok"},{"$f":"IFERROR(INDEX(um!A:C,MATCH(Tabla_Consulta_desde_QuickBooks_Data_64_Bit_QRemote[[#This Row],[SalesOrderLineItemRefFullName]],um!A:A,0),3),\"\")","v":""},{"$f":"IFERROR(IF(OR(Tabla_Consulta_desde_QuickBooks_Data_64_Bit_QRemote[[#This Row],[SalesOrderLineUnitOfMeasure]]=\"UN\",Tabla_Consulta_desde_QuickBooks_Data_64_Bit_QRemote[[#This Row],[SalesOrderLineUnitOfMeasure]]=Tabla_Consulta_desde_QuickBooks_Data_64_Bit_QRemote[[#This Row],[U/M]]),\"\",\"ERROR\"),\"\")","v":""},{"$f":"+WEEKNUM(Tabla_Consulta_desde_QuickBooks_Data_64_Bit_QRemote[[#This Row],[TxnDate]])","v":23},{"$f":"+Tabla_Consulta_desde_QuickBooks_Data_64_Bit_QRemote[[#This Row],[SalesOrderLineRate]]*Tabla_Consulta_desde_QuickBooks_Data_64_Bit_QRemote[[#This Row],[SalesOrderLineInvoiced]]","v":-7.3},{"$f":"+IFERROR(IF(Tabla_Consulta_desde_QuickBooks_Data_64_Bit_QRemote[[#This Row],[CustomerRefFullName]]=\"GRUVALCORP SA\",VLOOKUP(Tabla_Consulta_desde_QuickBooks_Data_64_Bit_QRemote[[#This Row],[SalesOrderLineItemRefFullName]],Hoja1!A:E,5,FALSE),\"\")*-Tabla_Consulta_desde_QuickBooks_Data_64_Bit_QRemote[[#This Row],[SalesOrderLineAmount]],\"\")","v":""},{"$f":"IF(COUNTIF(wms!E:E,Tabla_Consulta_desde_QuickBooks_Data_64_Bit_QRemote[[#This Row],[RefNumber]])>0,\"OK\",\"FALTA\")","v":"OK"}]
["2025-06-02","29116","CORPORACION EL ROSADO S.A.","4615744058 VALLE DE LOS CHILLOS",14,null,"Desc. Ventas SLS:110313","SALSA BBQ WHISKY Y MIEL OLE 430G",null,null,null,-2.4700000000000002,-2.4700000000000002,null,1,208.03,239.23,"IVA EN VENTAS 15%",{"$f":"IFERROR(IF(Tabla_Consulta_desde_QuickBooks_Data_64_Bit_QRemote[[#This Row],[SalesOrderLineUnitOfMeasure]]=\"un\",Tabla_Consulta_desde_QuickBooks_Data_64_Bit_QRemote[[#This Row],[SalesOrderLineQuantity]],Tabla_Consulta_desde_QuickBooks_Data_64_Bit_QRemote[[#This Row],[SalesOrderLineQuantity]]/MID(Tabla_Consulta_desde_QuickBooks_Data_64_Bit_QRemote[[#This Row],[SalesOrderLineUnitOfMeasure]],2,2)),0)","v":0},{"$f":"IFERROR(IF(Tabla_Consulta_desde_QuickBooks_Data_64_Bit_QRemote[[#This Row],[SalesOrderLineUnitOfMeasure]]=\"un\",Tabla_Consulta_desde_QuickBooks_Data_64_Bit_QRemote[[#This Row],[SalesOrderLineInvoiced]],Tabla_Consulta_desde_QuickBooks_Data_64_Bit_QRemote[[#This Row],[SalesOrderLineInvoiced]]/MID(Tabla_Consulta_desde_QuickBooks_Data_64_Bit_QRemote[[#This Row],[SalesOrderLineUnitOfMeasure]],2,2)),0)","v":0},{"$f":"+Tabla_Consulta_desde_QuickBooks_Data_64_Bit_QRemote[[#This Row],[facturado]]-Tabla_Consulta_desde_QuickBooks_Data_64_Bit_QRemote[[#This Row],[pide]]","v":0},{"$f":"IF(Tabla_Consulta_desde_QuickBooks_Data_64_Bit_QRemote[[#This Row],[diferecia]]=0,\"ok\",\"diferen\")","v":"ok"},{"$f":"IFERROR(INDEX(um!A:C,MATCH(Tabla_Consulta_desde_QuickBooks_Data_64_Bit_QRemote[[#This Row],[SalesOrderLineItemRefFullName]],um!A:A,0),3),\"\")","v":""},{"$f":"IFERROR(IF(OR(Tabla_Consulta_desde_QuickBooks_Data_64_Bit_QRemote[[#This Row],[SalesOrderLineUnitOfMeasure]]=\"UN\",Tabla_Consulta_desde_QuickBooks_Data_64_Bit_QRemote[[#This Row],[SalesOrderLineUnitOfMeasure]]=Tabla_Consulta_desde_QuickBooks_Data_64_Bit_QRemote[[#This Row],[U/M]]),\"\",\"ERROR\"),\"\")","v":""},{"$f":"+WEEKNUM(Tabla_Consulta_desde_QuickBooks_Data_64_Bit_QRemote[[#This Row],[TxnDate]])","v":23},{"$f":"+Tabla_Consulta_desde_QuickBooks_Data_64_Bit_QRemote[[#This Row],[SalesOrderLineRate]]*Tabla_Consulta_desde_QuickBooks_Data_64_Bit_QRemote[[#This Row],[SalesOrderLineInvoiced]]","v":-2.4700000000000002},{"$f":"+IFERROR(IF(Tabla_Consulta_desde_QuickBooks_Data_64_Bit_QRemote[[#This Row],[CustomerRefFullName]]=\"GRUVALCORP SA\",VLOOKUP(Tabla_Consulta_desde_QuickBooks_Data_64_Bit_QRemote[[#This Row],[SalesOrderLineItemRefFullName]],Hoja1!A:E,5,FALSE),\"\")*-Tabla_Consulta_desde_QuickBooks_Data_64_Bit_QRemote[[#This Row],[SalesOrderLineAmount]],\"\")","v":""},{"$f":"IF(COUNTIF(wms!E:E,Tabla_Consulta_desde_QuickBooks_Data_64_Bit_QRemote[[#This Row],[RefNumber]])>0,\"OK\",\"FALTA\")","v":"OK"}]
["2025-06-02","29116","CORPORACION EL ROSADO S.A.","4615744058 VALLE DE LOS CHILLOS",15,null,"INFOADICIONAL","4615744058 VALLE DE LOS CHILLOS",null,null,null,0,0,null,1,208.03,239.23,"IVA EN VENTAS 15%",{"$f":"IFERROR(IF(Tabla_Consulta_desde_QuickBooks_Data_64_Bit_QRemote[[#This Row],[SalesOrderLineUnitOfMeasure]]=\"un\",Tabla_Consulta_desde_QuickBooks_Data_64_Bit_QRemote[[#This Row],[SalesOrderLineQuantity]],Tabla_Consulta_desde_QuickBooks_Data_64_Bit_QRemote[[#This Row],[SalesOrderLineQuantity]]/MID(Tabla_Consulta_desde_QuickBooks_Data_64_Bit_QRemote[[#This Row],[SalesOrderLineUnitOfMeasure]],2,2)),0)","v":0},{"$f":"IFERROR(IF(Tabla_Consulta_desde_QuickBooks_Data_64_Bit_QRemote[[#This Row],[SalesOrderLineUnitOfMeasure]]=\"un\",Tabla_Consulta_desde_QuickBooks_Data_64_Bit_QRemote[[#This Row],[SalesOrderLineInvoiced]],Tabla_Consulta_desde_QuickBooks_Data_64_Bit_QRemote[[#This Row],[SalesOrderLineInvoiced]]/MID(Tabla_Consulta_desde_QuickBooks_Data_64_Bit_QRemote[[#This Row],[SalesOrderLineUnitOfMeasure]],2,2)),0)","v":0},{"$f":"+Tabla_Consulta_desde_QuickBooks_Data_64_Bit_QRemote[[#This Row],[facturado]]-Tabla_Consulta_desde_QuickBooks_Data_64_Bit_QRemote[[#This Row],[pide]]","v":0},{"$f":"IF(Tabla_Consulta_desde_QuickBooks_Data_64_Bit_QRemote[[#This Row],[diferecia]]=0,\"ok\",\"diferen\")","v":"ok"},{"$f":"IFERROR(INDEX(um!A:C,MATCH(Tabla_Consulta_desde_QuickBooks_Data_64_Bit_QRemote[[#This Row],[SalesOrderLineItemRefFullName]],um!A:A,0),3),\"\")","v":""},{"$f":"IFERROR(IF(OR(Tabla_Consulta_desde_QuickBooks_Data_64_Bit_QRemote[[#This Row],[SalesOrderLineUnitOfMeasure]]=\"UN\",Tabla_Consulta_desde_QuickBooks_Data_64_Bit_QRemote[[#This Row],[SalesOrderLineUnitOfMeasure]]=Tabla_Consulta_desde_QuickBooks_Data_64_Bit_QRemote[[#This Row],[U/M]]),\"\",\"ERROR\"),\"\")","v":""},{"$f":"+WEEKNUM(Tabla_Consulta_desde_QuickBooks_Data_64_Bit_QRemote[[#This Row],[TxnDate]])","v":23},{"$f":"+Tabla_Consulta_desde_QuickBooks_Data_64_Bit_QRemote[[#This Row],[SalesOrderLineRate]]*Tabla_Consulta_desde_QuickBooks_Data_64_Bit_QRemote[[#This Row],[SalesOrderLineInvoiced]]","v":0},{"$f":"+IFERROR(IF(Tabla_Consulta_desde_QuickBooks_Data_64_Bit_QRemote[[#This Row],[CustomerRefFullName]]=\"GRUVALCORP SA\",VLOOKUP(Tabla_Consulta_desde_QuickBooks_Data_64_Bit_QRemote[[#This Row],[SalesOrderLineItemRefFullName]],Hoja1!A:E,5,FALSE),\"\")*-Tabla_Consulta_desde_QuickBooks_Data_64_Bit_QRemote[[#This Row],[SalesOrderLineAmount]],\"\")","v":""},{"$f":"IF(COUNTIF(wms!E:E,Tabla_Consulta_desde_QuickBooks_Data_64_Bit_QRemote[[#This Row],[RefNumber]])>0,\"OK\",\"FALTA\")","v":"OK"}]
["2025-06-02","29117","CORPORACION EL ROSADO S.A.","5401301600 CD ALOAG",1,"7862112522893","P.T:311409","VINAGRE DE MANZANA CON LA MADRE OLE 250ML","Bodega Producto Terminado",24,"X24",2.06,49.44,"UNIDAD SALSA",0,49.44,56.86,"IVA EN VENTAS 15%",{"$f":"IFERROR(IF(Tabla_Consulta_desde_QuickBooks_Data_64_Bit_QRemote[[#This Row],[SalesOrderLineUnitOfMeasure]]=\"un\",Tabla_Consulta_desde_QuickBooks_Data_64_Bit_QRemote[[#This Row],[SalesOrderLineQuantity]],Tabla_Consulta_desde_QuickBooks_Data_64_Bit_QRemote[[#This Row],[SalesOrderLineQuantity]]/MID(Tabla_Consulta_desde_QuickBooks_Data_64_Bit_QRemote[[#This Row],[SalesOrderLineUnitOfMeasure]],2,2)),0)","v":1},{"$f":"IFERROR(IF(Tabla_Consulta_desde_QuickBooks_Data_64_Bit_QRemote[[#This Row],[SalesOrderLineUnitOfMeasure]]=\"un\",Tabla_Consulta_desde_QuickBooks_Data_64_Bit_QRemote[[#This Row],[SalesOrderLineInvoiced]],Tabla_Consulta_desde_QuickBooks_Data_64_Bit_QRemote[[#This Row],[SalesOrderLineInvoiced]]/MID(Tabla_Consulta_desde_QuickBooks_Data_64_Bit_QRemote[[#This Row],[SalesOrderLineUnitOfMeasure]],2,2)),0)","v":0},{"$f":"+Tabla_Consulta_desde_QuickBooks_Data_64_Bit_QRemote[[#This Row],[facturado]]-Tabla_Consulta_desde_QuickBooks_Data_64_Bit_QRemote[[#This Row],[pide]]","v":-1},{"$f":"IF(Tabla_Consulta_desde_QuickBooks_Data_64_Bit_QRemote[[#This Row],[diferecia]]=0,\"ok\",\"diferen\")","v":"diferen"},{"$f":"IFERROR(INDEX(um!A:C,MATCH(Tabla_Consulta_desde_QuickBooks_Data_64_Bit_QRemote[[#This Row],[SalesOrderLineItemRefFullName]],um!A:A,0),3),\"\")","v":"X24"},{"$f":"IFERROR(IF(OR(Tabla_Consulta_desde_QuickBooks_Data_64_Bit_QRemote[[#This Row],[SalesOrderLineUnitOfMeasure]]=\"UN\",Tabla_Consulta_desde_QuickBooks_Data_64_Bit_QRemote[[#This Row],[SalesOrderLineUnitOfMeasure]]=Tabla_Consulta_desde_QuickBooks_Data_64_Bit_QRemote[[#This Row],[U/M]]),\"\",\"ERROR\"),\"\")","v":""},{"$f":"+WEEKNUM(Tabla_Consulta_desde_QuickBooks_Data_64_Bit_QRemote[[#This Row],[TxnDate]])","v":23},{"$f":"+Tabla_Consulta_desde_QuickBooks_Data_64_Bit_QRemote[[#This Row],[SalesOrderLineRate]]*Tabla_Consulta_desde_QuickBooks_Data_64_Bit_QRemote[[#This Row],[SalesOrderLineInvoiced]]","v":0},{"$f":"+IFERROR(IF(Tabla_Consulta_desde_QuickBooks_Data_64_Bit_QRemote[[#This Row],[CustomerRefFullName]]=\"GRUVALCORP SA\",VLOOKUP(Tabla_Consulta_desde_QuickBooks_Data_64_Bit_QRemote[[#This Row],[SalesOrderLineItemRefFullName]],Hoja1!A:E,5,FALSE),\"\")*-Tabla_Consulta_desde_QuickBooks_Data_64_Bit_QRemote[[#This Row],[SalesOrderLineAmount]],\"\")","v":""},{"$f":"IF(COUNTIF(wms!E:E,Tabla_Consulta_desde_QuickBooks_Data_64_Bit_QRemote[[#This Row],[RefNumber]])>0,\"OK\",\"FALTA\")","v":"FALTA"}]
["2025-06-02","29117","CORPORACION EL ROSADO S.A.","5401301600 CD ALOAG",2,null,"INFOADICIONAL","5401301600 CD ALOAG",null,null,null,0,0,null,0,49.44,56.86,"IVA EN VENTAS 15%",{"$f":"IFERROR(IF(Tabla_Consulta_desde_QuickBooks_Data_64_Bit_QRemote[[#This Row],[SalesOrderLineUnitOfMeasure]]=\"un\",Tabla_Consulta_desde_QuickBooks_Data_64_Bit_QRemote[[#This Row],[SalesOrderLineQuantity]],Tabla_Consulta_desde_QuickBooks_Data_64_Bit_QRemote[[#This Row],[SalesOrderLineQuantity]]/MID(Tabla_Consulta_desde_QuickBooks_Data_64_Bit_QRemote[[#This Row],[SalesOrderLineUnitOfMeasure]],2,2)),0)","v":0},{"$f":"IFERROR(IF(Tabla_Consulta_desde_QuickBooks_Data_64_Bit_QRemote[[#This Row],[SalesOrderLineUnitOfMeasure]]=\"un\",Tabla_Consulta_desde_QuickBooks_Data_64_Bit_QRemote[[#This Row],[SalesOrderLineInvoiced]],Tabla_Consulta_desde_QuickBooks_Data_64_Bit_QRemote[[#This Row],[SalesOrderLineInvoiced]]/MID(Tabla_Consulta_desde_QuickBooks_Data_64_Bit_QRemote[[#This Row],[SalesOrderLineUnitOfMeasure]],2,2)),0)","v":0},{"$f":"+Tabla_Consulta_desde_QuickBooks_Data_64_Bit_QRemote[[#This Row],[facturado]]-Tabla_Consulta_desde_QuickBooks_Data_64_Bit_QRemote[[#This Row],[pide]]","v":0},{"$f":"IF(Tabla_Consulta_desde_QuickBooks_Data_64_Bit_QRemote[[#This Row],[diferecia]]=0,\"ok\",\"diferen\")","v":"ok"},{"$f":"IFERROR(INDEX(um!A:C,MATCH(Tabla_Consulta_desde_QuickBooks_Data_64_Bit_QRemote[[#This Row],[SalesOrderLineItemRefFullName]],um!A:A,0),3),\"\")","v":""},{"$f":"IFERROR(IF(OR(Tabla_Consulta_desde_QuickBooks_Data_64_Bit_QRemote[[#This Row],[SalesOrderLineUnitOfMeasure]]=\"UN\",Tabla_Consulta_desde_QuickBooks_Data_64_Bit_QRemote[[#This Row],[SalesOrderLineUnitOfMeasure]]=Tabla_Consulta_desde_QuickBooks_Data_64_Bit_QRemote[[#This Row],[U/M]]),\"\",\"ERROR\"),\"\")","v":""},{"$f":"+WEEKNUM(Tabla_Consulta_desde_QuickBooks_Data_64_Bit_QRemote[[#This Row],[TxnDate]])","v":23},{"$f":"+Tabla_Consulta_desde_QuickBooks_Data_64_Bit_QRemote[[#This Row],[SalesOrderLineRate]]*Tabla_Consulta_desde_QuickBooks_Data_64_Bit_QRemote[[#This Row],[SalesOrderLineInvoiced]]","v":0},{"$f":"+IFERROR(IF(Tabla_Consulta_desde_QuickBooks_Data_64_Bit_QRemote[[#This Row],[CustomerRefFullName]]=\"GRUVALCORP SA\",VLOOKUP(Tabla_Consulta_desde_QuickBooks_Data_64_Bit_QRemote[[#This Row],[SalesOrderLineItemRefFullName]],Hoja1!A:E,5,FALSE),\"\")*-Tabla_Consulta_desde_QuickBooks_Data_64_Bit_QRemote[[#This Row],[SalesOrderLineAmount]],\"\")","v":""},{"$f":"IF(COUNTIF(wms!E:E,Tabla_Consulta_desde_QuickBooks_Data_64_Bit_QRemote[[#This Row],[RefNumber]])>0,\"OK\",\"FALTA\")","v":"FALTA"}]
["2025-06-02","29118","CORPORACION EL ROSADO S.A.","5401301601 CD ALOAG",1,"705424000116","P.T:110207","AJÍ CON MARACUYA OLE 185G","Bodega Producto Terminado",24,"X24",1.41,33.840000000000003,"UNIDAD SALSA",0,230.04,264.55,"IVA EN VENTAS 15%",{"$f":"IFERROR(IF(Tabla_Consulta_desde_QuickBooks_Data_64_Bit_QRemote[[#This Row],[SalesOrderLineUnitOfMeasure]]=\"un\",Tabla_Consulta_desde_QuickBooks_Data_64_Bit_QRemote[[#This Row],[SalesOrderLineQuantity]],Tabla_Consulta_desde_QuickBooks_Data_64_Bit_QRemote[[#This Row],[SalesOrderLineQuantity]]/MID(Tabla_Consulta_desde_QuickBooks_Data_64_Bit_QRemote[[#This Row],[SalesOrderLineUnitOfMeasure]],2,2)),0)","v":1},{"$f":"IFERROR(IF(Tabla_Consulta_desde_QuickBooks_Data_64_Bit_QRemote[[#This Row],[SalesOrderLineUnitOfMeasure]]=\"un\",Tabla_Consulta_desde_QuickBooks_Data_64_Bit_QRemote[[#This Row],[SalesOrderLineInvoiced]],Tabla_Consulta_desde_QuickBooks_Data_64_Bit_QRemote[[#This Row],[SalesOrderLineInvoiced]]/MID(Tabla_Consulta_desde_QuickBooks_Data_64_Bit_QRemote[[#This Row],[SalesOrderLineUnitOfMeasure]],2,2)),0)","v":0},{"$f":"+Tabla_Consulta_desde_QuickBooks_Data_64_Bit_QRemote[[#This Row],[facturado]]-Tabla_Consulta_desde_QuickBooks_Data_64_Bit_QRemote[[#This Row],[pide]]","v":-1},{"$f":"IF(Tabla_Consulta_desde_QuickBooks_Data_64_Bit_QRemote[[#This Row],[diferecia]]=0,\"ok\",\"diferen\")","v":"diferen"},{"$f":"IFERROR(INDEX(um!A:C,MATCH(Tabla_Consulta_desde_QuickBooks_Data_64_Bit_QRemote[[#This Row],[SalesOrderLineItemRefFullName]],um!A:A,0),3),\"\")","v":"X24"},{"$f":"IFERROR(IF(OR(Tabla_Consulta_desde_QuickBooks_Data_64_Bit_QRemote[[#This Row],[SalesOrderLineUnitOfMeasure]]=\"UN\",Tabla_Consulta_desde_QuickBooks_Data_64_Bit_QRemote[[#This Row],[SalesOrderLineUnitOfMeasure]]=Tabla_Consulta_desde_QuickBooks_Data_64_Bit_QRemote[[#This Row],[U/M]]),\"\",\"ERROR\"),\"\")","v":""},{"$f":"+WEEKNUM(Tabla_Consulta_desde_QuickBooks_Data_64_Bit_QRemote[[#This Row],[TxnDate]])","v":23},{"$f":"+Tabla_Consulta_desde_QuickBooks_Data_64_Bit_QRemote[[#This Row],[SalesOrderLineRate]]*Tabla_Consulta_desde_QuickBooks_Data_64_Bit_QRemote[[#This Row],[SalesOrderLineInvoiced]]","v":0},{"$f":"+IFERROR(IF(Tabla_Consulta_desde_QuickBooks_Data_64_Bit_QRemote[[#This Row],[CustomerRefFullName]]=\"GRUVALCORP SA\",VLOOKUP(Tabla_Consulta_desde_QuickBooks_Data_64_Bit_QRemote[[#This Row],[SalesOrderLineItemRefFullName]],Hoja1!A:E,5,FALSE),\"\")*-Tabla_Consulta_desde_QuickBooks_Data_64_Bit_QRemote[[#This Row],[SalesOrderLineAmount]],\"\")","v":""},{"$f":"IF(COUNTIF(wms!E:E,Tabla_Consulta_desde_QuickBooks_Data_64_Bit_QRemote[[#This Row],[RefNumber]])>0,\"OK\",\"FALTA\")","v":"FALTA"}]
["2025-06-02","29118","CORPORACION EL ROSADO S.A.","5401301601 CD ALOAG",2,"705424000147","P.T:110209","AJÍ CON TOMATE DE ÁRBOL OLE 180G","Bodega Producto Terminado",24,"X24",1.41,33.840000000000003,"UNIDAD SALSA",0,230.04,264.55,"IVA EN VENTAS 15%",{"$f":"IFERROR(IF(Tabla_Consulta_desde_QuickBooks_Data_64_Bit_QRemote[[#This Row],[SalesOrderLineUnitOfMeasure]]=\"un\",Tabla_Consulta_desde_QuickBooks_Data_64_Bit_QRemote[[#This Row],[SalesOrderLineQuantity]],Tabla_Consulta_desde_QuickBooks_Data_64_Bit_QRemote[[#This Row],[SalesOrderLineQuantity]]/MID(Tabla_Consulta_desde_QuickBooks_Data_64_Bit_QRemote[[#This Row],[SalesOrderLineUnitOfMeasure]],2,2)),0)","v":1},{"$f":"IFERROR(IF(Tabla_Consulta_desde_QuickBooks_Data_64_Bit_QRemote[[#This Row],[SalesOrderLineUnitOfMeasure]]=\"un\",Tabla_Consulta_desde_QuickBooks_Data_64_Bit_QRemote[[#This Row],[SalesOrderLineInvoiced]],Tabla_Consulta_desde_QuickBooks_Data_64_Bit_QRemote[[#This Row],[SalesOrderLineInvoiced]]/MID(Tabla_Consulta_desde_QuickBooks_Data_64_Bit_QRemote[[#This Row],[SalesOrderLineUnitOfMeasure]],2,2)),0)","v":0},{"$f":"+Tabla_Consulta_desde_QuickBooks_Data_64_Bit_QRemote[[#This Row],[facturado]]-Tabla_Consulta_desde_QuickBooks_Data_64_Bit_QRemote[[#This Row],[pide]]","v":-1},{"$f":"IF(Tabla_Consulta_desde_QuickBooks_Data_64_Bit_QRemote[[#This Row],[diferecia]]=0,\"ok\",\"diferen\")","v":"diferen"},{"$f":"IFERROR(INDEX(um!A:C,MATCH(Tabla_Consulta_desde_QuickBooks_Data_64_Bit_QRemote[[#This Row],[SalesOrderLineItemRefFullName]],um!A:A,0),3),\"\")","v":"X24"},{"$f":"IFERROR(IF(OR(Tabla_Consulta_desde_QuickBooks_Data_64_Bit_QRemote[[#This Row],[SalesOrderLineUnitOfMeasure]]=\"UN\",Tabla_Consulta_desde_QuickBooks_Data_64_Bit_QRemote[[#This Row],[SalesOrderLineUnitOfMeasure]]=Tabla_Consulta_desde_QuickBooks_Data_64_Bit_QRemote[[#This Row],[U/M]]),\"\",\"ERROR\"),\"\")","v":""},{"$f":"+WEEKNUM(Tabla_Consulta_desde_QuickBooks_Data_64_Bit_QRemote[[#This Row],[TxnDate]])","v":23},{"$f":"+Tabla_Consulta_desde_QuickBooks_Data_64_Bit_QRemote[[#This Row],[SalesOrderLineRate]]*Tabla_Consulta_desde_QuickBooks_Data_64_Bit_QRemote[[#This Row],[SalesOrderLineInvoiced]]","v":0},{"$f":"+IFERROR(IF(Tabla_Consulta_desde_QuickBooks_Data_64_Bit_QRemote[[#This Row],[CustomerRefFullName]]=\"GRUVALCORP SA\",VLOOKUP(Tabla_Consulta_desde_QuickBooks_Data_64_Bit_QRemote[[#This Row],[SalesOrderLineItemRefFullName]],Hoja1!A:E,5,FALSE),\"\")*-Tabla_Consulta_desde_QuickBooks_Data_64_Bit_QRemote[[#This Row],[SalesOrderLineAmount]],\"\")","v":""},{"$f":"IF(COUNTIF(wms!E:E,Tabla_Consulta_desde_QuickBooks_Data_64_Bit_QRemote[[#This Row],[RefNumber]])>0,\"OK\",\"FALTA\")","v":"FALTA"}]
["2025-06-02","29118","CORPORACION EL ROSADO S.A.","5401301601 CD ALOAG",3,"705424000352","P.T:110608","JALAPEÑO ROJOS Y VERDES OLE 370G","Bodega Producto Terminado",12,"X12",2.91,34.92,"UNIDAD SALSA",0,230.04,264.55,"IVA EN VENTAS 15%",{"$f":"IFERROR(IF(Tabla_Consulta_desde_QuickBooks_Data_64_Bit_QRemote[[#This Row],[SalesOrderLineUnitOfMeasure]]=\"un\",Tabla_Consulta_desde_QuickBooks_Data_64_Bit_QRemote[[#This Row],[SalesOrderLineQuantity]],Tabla_Consulta_desde_QuickBooks_Data_64_Bit_QRemote[[#This Row],[SalesOrderLineQuantity]]/MID(Tabla_Consulta_desde_QuickBooks_Data_64_Bit_QRemote[[#This Row],[SalesOrderLineUnitOfMeasure]],2,2)),0)","v":1},{"$f":"IFERROR(IF(Tabla_Consulta_desde_QuickBooks_Data_64_Bit_QRemote[[#This Row],[SalesOrderLineUnitOfMeasure]]=\"un\",Tabla_Consulta_desde_QuickBooks_Data_64_Bit_QRemote[[#This Row],[SalesOrderLineInvoiced]],Tabla_Consulta_desde_QuickBooks_Data_64_Bit_QRemote[[#This Row],[SalesOrderLineInvoiced]]/MID(Tabla_Consulta_desde_QuickBooks_Data_64_Bit_QRemote[[#This Row],[SalesOrderLineUnitOfMeasure]],2,2)),0)","v":0},{"$f":"+Tabla_Consulta_desde_QuickBooks_Data_64_Bit_QRemote[[#This Row],[facturado]]-Tabla_Consulta_desde_QuickBooks_Data_64_Bit_QRemote[[#This Row],[pide]]","v":-1},{"$f":"IF(Tabla_Consulta_desde_QuickBooks_Data_64_Bit_QRemote[[#This Row],[diferecia]]=0,\"ok\",\"diferen\")","v":"diferen"},{"$f":"IFERROR(INDEX(um!A:C,MATCH(Tabla_Consulta_desde_QuickBooks_Data_64_Bit_QRemote[[#This Row],[SalesOrderLineItemRefFullName]],um!A:A,0),3),\"\")","v":"X12"},{"$f":"IFERROR(IF(OR(Tabla_Consulta_desde_QuickBooks_Data_64_Bit_QRemote[[#This Row],[SalesOrderLineUnitOfMeasure]]=\"UN\",Tabla_Consulta_desde_QuickBooks_Data_64_Bit_QRemote[[#This Row],[SalesOrderLineUnitOfMeasure]]=Tabla_Consulta_desde_QuickBooks_Data_64_Bit_QRemote[[#This Row],[U/M]]),\"\",\"ERROR\"),\"\")","v":""},{"$f":"+WEEKNUM(Tabla_Consulta_desde_QuickBooks_Data_64_Bit_QRemote[[#This Row],[TxnDate]])","v":23},{"$f":"+Tabla_Consulta_desde_QuickBooks_Data_64_Bit_QRemote[[#This Row],[SalesOrderLineRate]]*Tabla_Consulta_desde_QuickBooks_Data_64_Bit_QRemote[[#This Row],[SalesOrderLineInvoiced]]","v":0},{"$f":"+IFERROR(IF(Tabla_Consulta_desde_QuickBooks_Data_64_Bit_QRemote[[#This Row],[CustomerRefFullName]]=\"GRUVALCORP SA\",VLOOKUP(Tabla_Consulta_desde_QuickBooks_Data_64_Bit_QRemote[[#This Row],[SalesOrderLineItemRefFullName]],Hoja1!A:E,5,FALSE),\"\")*-Tabla_Consulta_desde_QuickBooks_Data_64_Bit_QRemote[[#This Row],[SalesOrderLineAmount]],\"\")","v":""},{"$f":"IF(COUNTIF(wms!E:E,Tabla_Consulta_desde_QuickBooks_Data_64_Bit_QRemote[[#This Row],[RefNumber]])>0,\"OK\",\"FALTA\")","v":"FALTA"}]
["2025-06-02","29118","CORPORACION EL ROSADO S.A.","5401301601 CD ALOAG",4,"7862112520301","P.T:110700","CHIMICHURRI OLE 230G","Bodega Producto Terminado",12,"X12",2.2599999999999998,27.12,"UNIDAD SALSA",0,230.04,264.55,"IVA EN VENTAS 15%",{"$f":"IFERROR(IF(Tabla_Consulta_desde_QuickBooks_Data_64_Bit_QRemote[[#This Row],[SalesOrderLineUnitOfMeasure]]=\"un\",Tabla_Consulta_desde_QuickBooks_Data_64_Bit_QRemote[[#This Row],[SalesOrderLineQuantity]],Tabla_Consulta_desde_QuickBooks_Data_64_Bit_QRemote[[#This Row],[SalesOrderLineQuantity]]/MID(Tabla_Consulta_desde_QuickBooks_Data_64_Bit_QRemote[[#This Row],[SalesOrderLineUnitOfMeasure]],2,2)),0)","v":1},{"$f":"IFERROR(IF(Tabla_Consulta_desde_QuickBooks_Data_64_Bit_QRemote[[#This Row],[SalesOrderLineUnitOfMeasure]]=\"un\",Tabla_Consulta_desde_QuickBooks_Data_64_Bit_QRemote[[#This Row],[SalesOrderLineInvoiced]],Tabla_Consulta_desde_QuickBooks_Data_64_Bit_QRemote[[#This Row],[SalesOrderLineInvoiced]]/MID(Tabla_Consulta_desde_QuickBooks_Data_64_Bit_QRemote[[#This Row],[SalesOrderLineUnitOfMeasure]],2,2)),0)","v":0},{"$f":"+Tabla_Consulta_desde_QuickBooks_Data_64_Bit_QRemote[[#This Row],[facturado]]-Tabla_Consulta_desde_QuickBooks_Data_64_Bit_QRemote[[#This Row],[pide]]","v":-1},{"$f":"IF(Tabla_Consulta_desde_QuickBooks_Data_64_Bit_QRemote[[#This Row],[diferecia]]=0,\"ok\",\"diferen\")","v":"diferen"},{"$f":"IFERROR(INDEX(um!A:C,MATCH(Tabla_Consulta_desde_QuickBooks_Data_64_Bit_QRemote[[#This Row],[SalesOrderLineItemRefFullName]],um!A:A,0),3),\"\")","v":"X12"},{"$f":"IFERROR(IF(OR(Tabla_Consulta_desde_QuickBooks_Data_64_Bit_QRemote[[#This Row],[SalesOrderLineUnitOfMeasure]]=\"UN\",Tabla_Consulta_desde_QuickBooks_Data_64_Bit_QRemote[[#This Row],[SalesOrderLineUnitOfMeasure]]=Tabla_Consulta_desde_QuickBooks_Data_64_Bit_QRemote[[#This Row],[U/M]]),\"\",\"ERROR\"),\"\")","v":""},{"$f":"+WEEKNUM(Tabla_Consulta_desde_QuickBooks_Data_64_Bit_QRemote[[#This Row],[TxnDate]])","v":23},{"$f":"+Tabla_Consulta_desde_QuickBooks_Data_64_Bit_QRemote[[#This Row],[SalesOrderLineRate]]*Tabla_Consulta_desde_QuickBooks_Data_64_Bit_QRemote[[#This Row],[SalesOrderLineInvoiced]]","v":0},{"$f":"+IFERROR(IF(Tabla_Consulta_desde_QuickBooks_Data_64_Bit_QRemote[[#This Row],[CustomerRefFullName]]=\"GRUVALCORP SA\",VLOOKUP(Tabla_Consulta_desde_QuickBooks_Data_64_Bit_QRemote[[#This Row],[SalesOrderLineItemRefFullName]],Hoja1!A:E,5,FALSE),\"\")*-Tabla_Consulta_desde_QuickBooks_Data_64_Bit_QRemote[[#This Row],[SalesOrderLineAmount]],\"\")","v":""},{"$f":"IF(COUNTIF(wms!E:E,Tabla_Consulta_desde_QuickBooks_Data_64_Bit_QRemote[[#This Row],[RefNumber]])>0,\"OK\",\"FALTA\")","v":"FALTA"}]
["2025-06-02","29118","CORPORACION EL ROSADO S.A.","5401301601 CD ALOAG",5,"7861000229005","P.T:111201","TOMATE DESHIDRATADO EN ACEITE OLE 225G","Bodega Producto Terminado",12,"X12",3.13,37.56,"UNIDAD SALSA",0,230.04,264.55,"IVA EN VENTAS 15%",{"$f":"IFERROR(IF(Tabla_Consulta_desde_QuickBooks_Data_64_Bit_QRemote[[#This Row],[SalesOrderLineUnitOfMeasure]]=\"un\",Tabla_Consulta_desde_QuickBooks_Data_64_Bit_QRemote[[#This Row],[SalesOrderLineQuantity]],Tabla_Consulta_desde_QuickBooks_Data_64_Bit_QRemote[[#This Row],[SalesOrderLineQuantity]]/MID(Tabla_Consulta_desde_QuickBooks_Data_64_Bit_QRemote[[#This Row],[SalesOrderLineUnitOfMeasure]],2,2)),0)","v":1},{"$f":"IFERROR(IF(Tabla_Consulta_desde_QuickBooks_Data_64_Bit_QRemote[[#This Row],[SalesOrderLineUnitOfMeasure]]=\"un\",Tabla_Consulta_desde_QuickBooks_Data_64_Bit_QRemote[[#This Row],[SalesOrderLineInvoiced]],Tabla_Consulta_desde_QuickBooks_Data_64_Bit_QRemote[[#This Row],[SalesOrderLineInvoiced]]/MID(Tabla_Consulta_desde_QuickBooks_Data_64_Bit_QRemote[[#This Row],[SalesOrderLineUnitOfMeasure]],2,2)),0)","v":0},{"$f":"+Tabla_Consulta_desde_QuickBooks_Data_64_Bit_QRemote[[#This Row],[facturado]]-Tabla_Consulta_desde_QuickBooks_Data_64_Bit_QRemote[[#This Row],[pide]]","v":-1},{"$f":"IF(Tabla_Consulta_desde_QuickBooks_Data_64_Bit_QRemote[[#This Row],[diferecia]]=0,\"ok\",\"diferen\")","v":"diferen"},{"$f":"IFERROR(INDEX(um!A:C,MATCH(Tabla_Consulta_desde_QuickBooks_Data_64_Bit_QRemote[[#This Row],[SalesOrderLineItemRefFullName]],um!A:A,0),3),\"\")","v":"X12"},{"$f":"IFERROR(IF(OR(Tabla_Consulta_desde_QuickBooks_Data_64_Bit_QRemote[[#This Row],[SalesOrderLineUnitOfMeasure]]=\"UN\",Tabla_Consulta_desde_QuickBooks_Data_64_Bit_QRemote[[#This Row],[SalesOrderLineUnitOfMeasure]]=Tabla_Consulta_desde_QuickBooks_Data_64_Bit_QRemote[[#This Row],[U/M]]),\"\",\"ERROR\"),\"\")","v":""},{"$f":"+WEEKNUM(Tabla_Consulta_desde_QuickBooks_Data_64_Bit_QRemote[[#This Row],[TxnDate]])","v":23},{"$f":"+Tabla_Consulta_desde_QuickBooks_Data_64_Bit_QRemote[[#This Row],[SalesOrderLineRate]]*Tabla_Consulta_desde_QuickBooks_Data_64_Bit_QRemote[[#This Row],[SalesOrderLineInvoiced]]","v":0},{"$f":"+IFERROR(IF(Tabla_Consulta_desde_QuickBooks_Data_64_Bit_QRemote[[#This Row],[CustomerRefFullName]]=\"GRUVALCORP SA\",VLOOKUP(Tabla_Consulta_desde_QuickBooks_Data_64_Bit_QRemote[[#This Row],[SalesOrderLineItemRefFullName]],Hoja1!A:E,5,FALSE),\"\")*-Tabla_Consulta_desde_QuickBooks_Data_64_Bit_QRemote[[#This Row],[SalesOrderLineAmount]],\"\")","v":""},{"$f":"IF(COUNTIF(wms!E:E,Tabla_Consulta_desde_QuickBooks_Data_64_Bit_QRemote[[#This Row],[RefNumber]])>0,\"OK\",\"FALTA\")","v":"FALTA"}]
["2025-06-02","29118","CORPORACION EL ROSADO S.A.","5401301601 CD ALOAG",6,"7862112522787","P.T:311606","SALSA QUESO CHEDDAR OLE 200G","Bodega Producto Terminado",48,"X24",1.52,72.959999999999994,"UNIDAD SALSA",0,230.04,264.55,"IVA EN VENTAS 15%",{"$f":"IFERROR(IF(Tabla_Consulta_desde_QuickBooks_Data_64_Bit_QRemote[[#This Row],[SalesOrderLineUnitOfMeasure]]=\"un\",Tabla_Consulta_desde_QuickBooks_Data_64_Bit_QRemote[[#This Row],[SalesOrderLineQuantity]],Tabla_Consulta_desde_QuickBooks_Data_64_Bit_QRemote[[#This Row],[SalesOrderLineQuantity]]/MID(Tabla_Consulta_desde_QuickBooks_Data_64_Bit_QRemote[[#This Row],[SalesOrderLineUnitOfMeasure]],2,2)),0)","v":2},{"$f":"IFERROR(IF(Tabla_Consulta_desde_QuickBooks_Data_64_Bit_QRemote[[#This Row],[SalesOrderLineUnitOfMeasure]]=\"un\",Tabla_Consulta_desde_QuickBooks_Data_64_Bit_QRemote[[#This Row],[SalesOrderLineInvoiced]],Tabla_Consulta_desde_QuickBooks_Data_64_Bit_QRemote[[#This Row],[SalesOrderLineInvoiced]]/MID(Tabla_Consulta_desde_QuickBooks_Data_64_Bit_QRemote[[#This Row],[SalesOrderLineUnitOfMeasure]],2,2)),0)","v":0},{"$f":"+Tabla_Consulta_desde_QuickBooks_Data_64_Bit_QRemote[[#This Row],[facturado]]-Tabla_Consulta_desde_QuickBooks_Data_64_Bit_QRemote[[#This Row],[pide]]","v":-2},{"$f":"IF(Tabla_Consulta_desde_QuickBooks_Data_64_Bit_QRemote[[#This Row],[diferecia]]=0,\"ok\",\"diferen\")","v":"diferen"},{"$f":"IFERROR(INDEX(um!A:C,MATCH(Tabla_Consulta_desde_QuickBooks_Data_64_Bit_QRemote[[#This Row],[SalesOrderLineItemRefFullName]],um!A:A,0),3),\"\")","v":"X24"},{"$f":"IFERROR(IF(OR(Tabla_Consulta_desde_QuickBooks_Data_64_Bit_QRemote[[#This Row],[SalesOrderLineUnitOfMeasure]]=\"UN\",Tabla_Consulta_desde_QuickBooks_Data_64_Bit_QRemote[[#This Row],[SalesOrderLineUnitOfMeasure]]=Tabla_Consulta_desde_QuickBooks_Data_64_Bit_QRemote[[#This Row],[U/M]]),\"\",\"ERROR\"),\"\")","v":""},{"$f":"+WEEKNUM(Tabla_Consulta_desde_QuickBooks_Data_64_Bit_QRemote[[#This Row],[TxnDate]])","v":23},{"$f":"+Tabla_Consulta_desde_QuickBooks_Data_64_Bit_QRemote[[#This Row],[SalesOrderLineRate]]*Tabla_Consulta_desde_QuickBooks_Data_64_Bit_QRemote[[#This Row],[SalesOrderLineInvoiced]]","v":0},{"$f":"+IFERROR(IF(Tabla_Consulta_desde_QuickBooks_Data_64_Bit_QRemote[[#This Row],[CustomerRefFullName]]=\"GRUVALCORP SA\",VLOOKUP(Tabla_Consulta_desde_QuickBooks_Data_64_Bit_QRemote[[#This Row],[SalesOrderLineItemRefFullName]],Hoja1!A:E,5,FALSE),\"\")*-Tabla_Consulta_desde_QuickBooks_Data_64_Bit_QRemote[[#This Row],[SalesOrderLineAmount]],\"\")","v":""},{"$f":"IF(COUNTIF(wms!E:E,Tabla_Consulta_desde_QuickBooks_Data_64_Bit_QRemote[[#This Row],[RefNumber]])>0,\"OK\",\"FALTA\")","v":"FALTA"}]
["2025-06-02","29118","CORPORACION EL ROSADO S.A.","5401301601 CD ALOAG",7,"7862112522985","P.T:110704","DIP DE FREJOL OLE 230G","Bodega Producto Terminado",12,"X12",1.51,18.12,"UNIDAD SALSA",0,230.04,264.55,"IVA EN VENTAS 15%",{"$f":"IFERROR(IF(Tabla_Consulta_desde_QuickBooks_Data_64_Bit_QRemote[[#This Row],[SalesOrderLineUnitOfMeasure]]=\"un\",Tabla_Consulta_desde_QuickBooks_Data_64_Bit_QRemote[[#This Row],[SalesOrderLineQuantity]],Tabla_Consulta_desde_QuickBooks_Data_64_Bit_QRemote[[#This Row],[SalesOrderLineQuantity]]/MID(Tabla_Consulta_desde_QuickBooks_Data_64_Bit_QRemote[[#This Row],[SalesOrderLineUnitOfMeasure]],2,2)),0)","v":1},{"$f":"IFERROR(IF(Tabla_Consulta_desde_QuickBooks_Data_64_Bit_QRemote[[#This Row],[SalesOrderLineUnitOfMeasure]]=\"un\",Tabla_Consulta_desde_QuickBooks_Data_64_Bit_QRemote[[#This Row],[SalesOrderLineInvoiced]],Tabla_Consulta_desde_QuickBooks_Data_64_Bit_QRemote[[#This Row],[SalesOrderLineInvoiced]]/MID(Tabla_Consulta_desde_QuickBooks_Data_64_Bit_QRemote[[#This Row],[SalesOrderLineUnitOfMeasure]],2,2)),0)","v":0},{"$f":"+Tabla_Consulta_desde_QuickBooks_Data_64_Bit_QRemote[[#This Row],[facturado]]-Tabla_Consulta_desde_QuickBooks_Data_64_Bit_QRemote[[#This Row],[pide]]","v":-1},{"$f":"IF(Tabla_Consulta_desde_QuickBooks_Data_64_Bit_QRemote[[#This Row],[diferecia]]=0,\"ok\",\"diferen\")","v":"diferen"},{"$f":"IFERROR(INDEX(um!A:C,MATCH(Tabla_Consulta_desde_QuickBooks_Data_64_Bit_QRemote[[#This Row],[SalesOrderLineItemRefFullName]],um!A:A,0),3),\"\")","v":"X12"},{"$f":"IFERROR(IF(OR(Tabla_Consulta_desde_QuickBooks_Data_64_Bit_QRemote[[#This Row],[SalesOrderLineUnitOfMeasure]]=\"UN\",Tabla_Consulta_desde_QuickBooks_Data_64_Bit_QRemote[[#This Row],[SalesOrderLineUnitOfMeasure]]=Tabla_Consulta_desde_QuickBooks_Data_64_Bit_QRemote[[#This Row],[U/M]]),\"\",\"ERROR\"),\"\")","v":""},{"$f":"+WEEKNUM(Tabla_Consulta_desde_QuickBooks_Data_64_Bit_QRemote[[#This Row],[TxnDate]])","v":23},{"$f":"+Tabla_Consulta_desde_QuickBooks_Data_64_Bit_QRemote[[#This Row],[SalesOrderLineRate]]*Tabla_Consulta_desde_QuickBooks_Data_64_Bit_QRemote[[#This Row],[SalesOrderLineInvoiced]]","v":0},{"$f":"+IFERROR(IF(Tabla_Consulta_desde_QuickBooks_Data_64_Bit_QRemote[[#This Row],[CustomerRefFullName]]=\"GRUVALCORP SA\",VLOOKUP(Tabla_Consulta_desde_QuickBooks_Data_64_Bit_QRemote[[#This Row],[SalesOrderLineItemRefFullName]],Hoja1!A:E,5,FALSE),\"\")*-Tabla_Consulta_desde_QuickBooks_Data_64_Bit_QRemote[[#This Row],[SalesOrderLineAmount]],\"\")","v":""},{"$f":"IF(COUNTIF(wms!E:E,Tabla_Consulta_desde_QuickBooks_Data_64_Bit_QRemote[[#This Row],[RefNumber]])>0,\"OK\",\"FALTA\")","v":"FALTA"}]
["2025-06-02","29118","CORPORACION EL ROSADO S.A.","5401301601 CD ALOAG",8,"7862112522497","P.T:110801","SALSA BBQ ORIGINAL OLE DP 200G","Bodega Producto Terminado",12,"X12",0.68,8.16,"UNIDAD SALSA",0,230.04,264.55,"IVA EN VENTAS 15%",{"$f":"IFERROR(IF(Tabla_Consulta_desde_QuickBooks_Data_64_Bit_QRemote[[#This Row],[SalesOrderLineUnitOfMeasure]]=\"un\",Tabla_Consulta_desde_QuickBooks_Data_64_Bit_QRemote[[#This Row],[SalesOrderLineQuantity]],Tabla_Consulta_desde_QuickBooks_Data_64_Bit_QRemote[[#This Row],[SalesOrderLineQuantity]]/MID(Tabla_Consulta_desde_QuickBooks_Data_64_Bit_QRemote[[#This Row],[SalesOrderLineUnitOfMeasure]],2,2)),0)","v":1},{"$f":"IFERROR(IF(Tabla_Consulta_desde_QuickBooks_Data_64_Bit_QRemote[[#This Row],[SalesOrderLineUnitOfMeasure]]=\"un\",Tabla_Consulta_desde_QuickBooks_Data_64_Bit_QRemote[[#This Row],[SalesOrderLineInvoiced]],Tabla_Consulta_desde_QuickBooks_Data_64_Bit_QRemote[[#This Row],[SalesOrderLineInvoiced]]/MID(Tabla_Consulta_desde_QuickBooks_Data_64_Bit_QRemote[[#This Row],[SalesOrderLineUnitOfMeasure]],2,2)),0)","v":0},{"$f":"+Tabla_Consulta_desde_QuickBooks_Data_64_Bit_QRemote[[#This Row],[facturado]]-Tabla_Consulta_desde_QuickBooks_Data_64_Bit_QRemote[[#This Row],[pide]]","v":-1},{"$f":"IF(Tabla_Consulta_desde_QuickBooks_Data_64_Bit_QRemote[[#This Row],[diferecia]]=0,\"ok\",\"diferen\")","v":"diferen"},{"$f":"IFERROR(INDEX(um!A:C,MATCH(Tabla_Consulta_desde_QuickBooks_Data_64_Bit_QRemote[[#This Row],[SalesOrderLineItemRefFullName]],um!A:A,0),3),\"\")","v":"X12"},{"$f":"IFERROR(IF(OR(Tabla_Consulta_desde_QuickBooks_Data_64_Bit_QRemote[[#This Row],[SalesOrderLineUnitOfMeasure]]=\"UN\",Tabla_Consulta_desde_QuickBooks_Data_64_Bit_QRemote[[#This Row],[SalesOrderLineUnitOfMeasure]]=Tabla_Consulta_desde_QuickBooks_Data_64_Bit_QRemote[[#This Row],[U/M]]),\"\",\"ERROR\"),\"\")","v":""},{"$f":"+WEEKNUM(Tabla_Consulta_desde_QuickBooks_Data_64_Bit_QRemote[[#This Row],[TxnDate]])","v":23},{"$f":"+Tabla_Consulta_desde_QuickBooks_Data_64_Bit_QRemote[[#This Row],[SalesOrderLineRate]]*Tabla_Consulta_desde_QuickBooks_Data_64_Bit_QRemote[[#This Row],[SalesOrderLineInvoiced]]","v":0},{"$f":"+IFERROR(IF(Tabla_Consulta_desde_QuickBooks_Data_64_Bit_QRemote[[#This Row],[CustomerRefFullName]]=\"GRUVALCORP SA\",VLOOKUP(Tabla_Consulta_desde_QuickBooks_Data_64_Bit_QRemote[[#This Row],[SalesOrderLineItemRefFullName]],Hoja1!A:E,5,FALSE),\"\")*-Tabla_Consulta_desde_QuickBooks_Data_64_Bit_QRemote[[#This Row],[SalesOrderLineAmount]],\"\")","v":""},{"$f":"IF(COUNTIF(wms!E:E,Tabla_Consulta_desde_QuickBooks_Data_64_Bit_QRemote[[#This Row],[RefNumber]])>0,\"OK\",\"FALTA\")","v":"FALTA"}]
["2025-06-02","29118","CORPORACION EL ROSADO S.A.","5401301601 CD ALOAG",9,null,"Desc. Ventas SLS:110207","AJÍ CON MARACUYA OLE 185G",null,null,null,-6.77,-6.77,null,0,230.04,264.55,"IVA EN VENTAS 15%",{"$f":"IFERROR(IF(Tabla_Consulta_desde_QuickBooks_Data_64_Bit_QRemote[[#This Row],[SalesOrderLineUnitOfMeasure]]=\"un\",Tabla_Consulta_desde_QuickBooks_Data_64_Bit_QRemote[[#This Row],[SalesOrderLineQuantity]],Tabla_Consulta_desde_QuickBooks_Data_64_Bit_QRemote[[#This Row],[SalesOrderLineQuantity]]/MID(Tabla_Consulta_desde_QuickBooks_Data_64_Bit_QRemote[[#This Row],[SalesOrderLineUnitOfMeasure]],2,2)),0)","v":0},{"$f":"IFERROR(IF(Tabla_Consulta_desde_QuickBooks_Data_64_Bit_QRemote[[#This Row],[SalesOrderLineUnitOfMeasure]]=\"un\",Tabla_Consulta_desde_QuickBooks_Data_64_Bit_QRemote[[#This Row],[SalesOrderLineInvoiced]],Tabla_Consulta_desde_QuickBooks_Data_64_Bit_QRemote[[#This Row],[SalesOrderLineInvoiced]]/MID(Tabla_Consulta_desde_QuickBooks_Data_64_Bit_QRemote[[#This Row],[SalesOrderLineUnitOfMeasure]],2,2)),0)","v":0},{"$f":"+Tabla_Consulta_desde_QuickBooks_Data_64_Bit_QRemote[[#This Row],[facturado]]-Tabla_Consulta_desde_QuickBooks_Data_64_Bit_QRemote[[#This Row],[pide]]","v":0},{"$f":"IF(Tabla_Consulta_desde_QuickBooks_Data_64_Bit_QRemote[[#This Row],[diferecia]]=0,\"ok\",\"diferen\")","v":"ok"},{"$f":"IFERROR(INDEX(um!A:C,MATCH(Tabla_Consulta_desde_QuickBooks_Data_64_Bit_QRemote[[#This Row],[SalesOrderLineItemRefFullName]],um!A:A,0),3),\"\")","v":""},{"$f":"IFERROR(IF(OR(Tabla_Consulta_desde_QuickBooks_Data_64_Bit_QRemote[[#This Row],[SalesOrderLineUnitOfMeasure]]=\"UN\",Tabla_Consulta_desde_QuickBooks_Data_64_Bit_QRemote[[#This Row],[SalesOrderLineUnitOfMeasure]]=Tabla_Consulta_desde_QuickBooks_Data_64_Bit_QRemote[[#This Row],[U/M]]),\"\",\"ERROR\"),\"\")","v":""},{"$f":"+WEEKNUM(Tabla_Consulta_desde_QuickBooks_Data_64_Bit_QRemote[[#This Row],[TxnDate]])","v":23},{"$f":"+Tabla_Consulta_desde_QuickBooks_Data_64_Bit_QRemote[[#This Row],[SalesOrderLineRate]]*Tabla_Consulta_desde_QuickBooks_Data_64_Bit_QRemote[[#This Row],[SalesOrderLineInvoiced]]","v":0},{"$f":"+IFERROR(IF(Tabla_Consulta_desde_QuickBooks_Data_64_Bit_QRemote[[#This Row],[CustomerRefFullName]]=\"GRUVALCORP SA\",VLOOKUP(Tabla_Consulta_desde_QuickBooks_Data_64_Bit_QRemote[[#This Row],[SalesOrderLineItemRefFullName]],Hoja1!A:E,5,FALSE),\"\")*-Tabla_Consulta_desde_QuickBooks_Data_64_Bit_QRemote[[#This Row],[SalesOrderLineAmount]],\"\")","v":""},{"$f":"IF(COUNTIF(wms!E:E,Tabla_Consulta_desde_QuickBooks_Data_64_Bit_QRemote[[#This Row],[RefNumber]])>0,\"OK\",\"FALTA\")","v":"FALTA"}]
["2025-06-02","29118","CORPORACION EL ROSADO S.A.","5401301601 CD ALOAG",10,null,"Desc. Ventas SLS:110700","CHIMICHURRI OLE 230G",null,null,null,-6.78,-6.78,null,0,230.04,264.55,"IVA EN VENTAS 15%",{"$f":"IFERROR(IF(Tabla_Consulta_desde_QuickBooks_Data_64_Bit_QRemote[[#This Row],[SalesOrderLineUnitOfMeasure]]=\"un\",Tabla_Consulta_desde_QuickBooks_Data_64_Bit_QRemote[[#This Row],[SalesOrderLineQuantity]],Tabla_Consulta_desde_QuickBooks_Data_64_Bit_QRemote[[#This Row],[SalesOrderLineQuantity]]/MID(Tabla_Consulta_desde_QuickBooks_Data_64_Bit_QRemote[[#This Row],[SalesOrderLineUnitOfMeasure]],2,2)),0)","v":0},{"$f":"IFERROR(IF(Tabla_Consulta_desde_QuickBooks_Data_64_Bit_QRemote[[#This Row],[SalesOrderLineUnitOfMeasure]]=\"un\",Tabla_Consulta_desde_QuickBooks_Data_64_Bit_QRemote[[#This Row],[SalesOrderLineInvoiced]],Tabla_Consulta_desde_QuickBooks_Data_64_Bit_QRemote[[#This Row],[SalesOrderLineInvoiced]]/MID(Tabla_Consulta_desde_QuickBooks_Data_64_Bit_QRemote[[#This Row],[SalesOrderLineUnitOfMeasure]],2,2)),0)","v":0},{"$f":"+Tabla_Consulta_desde_QuickBooks_Data_64_Bit_QRemote[[#This Row],[facturado]]-Tabla_Consulta_desde_QuickBooks_Data_64_Bit_QRemote[[#This Row],[pide]]","v":0},{"$f":"IF(Tabla_Consulta_desde_QuickBooks_Data_64_Bit_QRemote[[#This Row],[diferecia]]=0,\"ok\",\"diferen\")","v":"ok"},{"$f":"IFERROR(INDEX(um!A:C,MATCH(Tabla_Consulta_desde_QuickBooks_Data_64_Bit_QRemote[[#This Row],[SalesOrderLineItemRefFullName]],um!A:A,0),3),\"\")","v":""},{"$f":"IFERROR(IF(OR(Tabla_Consulta_desde_QuickBooks_Data_64_Bit_QRemote[[#This Row],[SalesOrderLineUnitOfMeasure]]=\"UN\",Tabla_Consulta_desde_QuickBooks_Data_64_Bit_QRemote[[#This Row],[SalesOrderLineUnitOfMeasure]]=Tabla_Consulta_desde_QuickBooks_Data_64_Bit_QRemote[[#This Row],[U/M]]),\"\",\"ERROR\"),\"\")","v":""},{"$f":"+WEEKNUM(Tabla_Consulta_desde_QuickBooks_Data_64_Bit_QRemote[[#This Row],[TxnDate]])","v":23},{"$f":"+Tabla_Consulta_desde_QuickBooks_Data_64_Bit_QRemote[[#This Row],[SalesOrderLineRate]]*Tabla_Consulta_desde_QuickBooks_Data_64_Bit_QRemote[[#This Row],[SalesOrderLineInvoiced]]","v":0},{"$f":"+IFERROR(IF(Tabla_Consulta_desde_QuickBooks_Data_64_Bit_QRemote[[#This Row],[CustomerRefFullName]]=\"GRUVALCORP SA\",VLOOKUP(Tabla_Consulta_desde_QuickBooks_Data_64_Bit_QRemote[[#This Row],[SalesOrderLineItemRefFullName]],Hoja1!A:E,5,FALSE),\"\")*-Tabla_Consulta_desde_QuickBooks_Data_64_Bit_QRemote[[#This Row],[SalesOrderLineAmount]],\"\")","v":""},{"$f":"IF(COUNTIF(wms!E:E,Tabla_Consulta_desde_QuickBooks_Data_64_Bit_QRemote[[#This Row],[RefNumber]])>0,\"OK\",\"FALTA\")","v":"FALTA"}]
["2025-06-02","29118","CORPORACION EL ROSADO S.A.","5401301601 CD ALOAG",11,null,"Desc. Ventas SLS:111201","TOMATE DESHIDRATADO EN ACEITE OLE 225G",null,null,null,-5.63,-5.63,null,0,230.04,264.55,"IVA EN VENTAS 15%",{"$f":"IFERROR(IF(Tabla_Consulta_desde_QuickBooks_Data_64_Bit_QRemote[[#This Row],[SalesOrderLineUnitOfMeasure]]=\"un\",Tabla_Consulta_desde_QuickBooks_Data_64_Bit_QRemote[[#This Row],[SalesOrderLineQuantity]],Tabla_Consulta_desde_QuickBooks_Data_64_Bit_QRemote[[#This Row],[SalesOrderLineQuantity]]/MID(Tabla_Consulta_desde_QuickBooks_Data_64_Bit_QRemote[[#This Row],[SalesOrderLineUnitOfMeasure]],2,2)),0)","v":0},{"$f":"IFERROR(IF(Tabla_Consulta_desde_QuickBooks_Data_64_Bit_QRemote[[#This Row],[SalesOrderLineUnitOfMeasure]]=\"un\",Tabla_Consulta_desde_QuickBooks_Data_64_Bit_QRemote[[#This Row],[SalesOrderLineInvoiced]],Tabla_Consulta_desde_QuickBooks_Data_64_Bit_QRemote[[#This Row],[SalesOrderLineInvoiced]]/MID(Tabla_Consulta_desde_QuickBooks_Data_64_Bit_QRemote[[#This Row],[SalesOrderLineUnitOfMeasure]],2,2)),0)","v":0},{"$f":"+Tabla_Consulta_desde_QuickBooks_Data_64_Bit_QRemote[[#This Row],[facturado]]-Tabla_Consulta_desde_QuickBooks_Data_64_Bit_QRemote[[#This Row],[pide]]","v":0},{"$f":"IF(Tabla_Consulta_desde_QuickBooks_Data_64_Bit_QRemote[[#This Row],[diferecia]]=0,\"ok\",\"diferen\")","v":"ok"},{"$f":"IFERROR(INDEX(um!A:C,MATCH(Tabla_Consulta_desde_QuickBooks_Data_64_Bit_QRemote[[#This Row],[SalesOrderLineItemRefFullName]],um!A:A,0),3),\"\")","v":""},{"$f":"IFERROR(IF(OR(Tabla_Consulta_desde_QuickBooks_Data_64_Bit_QRemote[[#This Row],[SalesOrderLineUnitOfMeasure]]=\"UN\",Tabla_Consulta_desde_QuickBooks_Data_64_Bit_QRemote[[#This Row],[SalesOrderLineUnitOfMeasure]]=Tabla_Consulta_desde_QuickBooks_Data_64_Bit_QRemote[[#This Row],[U/M]]),\"\",\"ERROR\"),\"\")","v":""},{"$f":"+WEEKNUM(Tabla_Consulta_desde_QuickBooks_Data_64_Bit_QRemote[[#This Row],[TxnDate]])","v":23},{"$f":"+Tabla_Consulta_desde_QuickBooks_Data_64_Bit_QRemote[[#This Row],[SalesOrderLineRate]]*Tabla_Consulta_desde_QuickBooks_Data_64_Bit_QRemote[[#This Row],[SalesOrderLineInvoiced]]","v":0},{"$f":"+IFERROR(IF(Tabla_Consulta_desde_QuickBooks_Data_64_Bit_QRemote[[#This Row],[CustomerRefFullName]]=\"GRUVALCORP SA\",VLOOKUP(Tabla_Consulta_desde_QuickBooks_Data_64_Bit_QRemote[[#This Row],[SalesOrderLineItemRefFullName]],Hoja1!A:E,5,FALSE),\"\")*-Tabla_Consulta_desde_QuickBooks_Data_64_Bit_QRemote[[#This Row],[SalesOrderLineAmount]],\"\")","v":""},{"$f":"IF(COUNTIF(wms!E:E,Tabla_Consulta_desde_QuickBooks_Data_64_Bit_QRemote[[#This Row],[RefNumber]])>0,\"OK\",\"FALTA\")","v":"FALTA"}]
["2025-06-02","29118","CORPORACION EL ROSADO S.A.","5401301601 CD ALOAG",12,null,"Desc. Ventas COM:311606","SALSA QUESO CHEDDAR OLE 200G",null,null,null,-14.58,-14.58,null,0,230.04,264.55,"IVA EN VENTAS 15%",{"$f":"IFERROR(IF(Tabla_Consulta_desde_QuickBooks_Data_64_Bit_QRemote[[#This Row],[SalesOrderLineUnitOfMeasure]]=\"un\",Tabla_Consulta_desde_QuickBooks_Data_64_Bit_QRemote[[#This Row],[SalesOrderLineQuantity]],Tabla_Consulta_desde_QuickBooks_Data_64_Bit_QRemote[[#This Row],[SalesOrderLineQuantity]]/MID(Tabla_Consulta_desde_QuickBooks_Data_64_Bit_QRemote[[#This Row],[SalesOrderLineUnitOfMeasure]],2,2)),0)","v":0},{"$f":"IFERROR(IF(Tabla_Consulta_desde_QuickBooks_Data_64_Bit_QRemote[[#This Row],[SalesOrderLineUnitOfMeasure]]=\"un\",Tabla_Consulta_desde_QuickBooks_Data_64_Bit_QRemote[[#This Row],[SalesOrderLineInvoiced]],Tabla_Consulta_desde_QuickBooks_Data_64_Bit_QRemote[[#This Row],[SalesOrderLineInvoiced]]/MID(Tabla_Consulta_desde_QuickBooks_Data_64_Bit_QRemote[[#This Row],[SalesOrderLineUnitOfMeasure]],2,2)),0)","v":0},{"$f":"+Tabla_Consulta_desde_QuickBooks_Data_64_Bit_QRemote[[#This Row],[facturado]]-Tabla_Consulta_desde_QuickBooks_Data_64_Bit_QRemote[[#This Row],[pide]]","v":0},{"$f":"IF(Tabla_Consulta_desde_QuickBooks_Data_64_Bit_QRemote[[#This Row],[diferecia]]=0,\"ok\",\"diferen\")","v":"ok"},{"$f":"IFERROR(INDEX(um!A:C,MATCH(Tabla_Consulta_desde_QuickBooks_Data_64_Bit_QRemote[[#This Row],[SalesOrderLineItemRefFullName]],um!A:A,0),3),\"\")","v":""},{"$f":"IFERROR(IF(OR(Tabla_Consulta_desde_QuickBooks_Data_64_Bit_QRemote[[#This Row],[SalesOrderLineUnitOfMeasure]]=\"UN\",Tabla_Consulta_desde_QuickBooks_Data_64_Bit_QRemote[[#This Row],[SalesOrderLineUnitOfMeasure]]=Tabla_Consulta_desde_QuickBooks_Data_64_Bit_QRemote[[#This Row],[U/M]]),\"\",\"ERROR\"),\"\")","v":""},{"$f":"+WEEKNUM(Tabla_Consulta_desde_QuickBooks_Data_64_Bit_QRemote[[#This Row],[TxnDate]])","v":23},{"$f":"+Tabla_Consulta_desde_QuickBooks_Data_64_Bit_QRemote[[#This Row],[SalesOrderLineRate]]*Tabla_Consulta_desde_QuickBooks_Data_64_Bit_QRemote[[#This Row],[SalesOrderLineInvoiced]]","v":0},{"$f":"+IFERROR(IF(Tabla_Consulta_desde_QuickBooks_Data_64_Bit_QRemote[[#This Row],[CustomerRefFullName]]=\"GRUVALCORP SA\",VLOOKUP(Tabla_Consulta_desde_QuickBooks_Data_64_Bit_QRemote[[#This Row],[SalesOrderLineItemRefFullName]],Hoja1!A:E,5,FALSE),\"\")*-Tabla_Consulta_desde_QuickBooks_Data_64_Bit_QRemote[[#This Row],[SalesOrderLineAmount]],\"\")","v":""},{"$f":"IF(COUNTIF(wms!E:E,Tabla_Consulta_desde_QuickBooks_Data_64_Bit_QRemote[[#This Row],[RefNumber]])>0,\"OK\",\"FALTA\")","v":"FALTA"}]
["2025-06-02","29118","CORPORACION EL ROSADO S.A.","5401301601 CD ALOAG",13,null,"Desc. Ventas SLS:110704","DIP DE FREJOL OLE 230G",null,null,null,-2.72,-2.72,null,0,230.04,264.55,"IVA EN VENTAS 15%",{"$f":"IFERROR(IF(Tabla_Consulta_desde_QuickBooks_Data_64_Bit_QRemote[[#This Row],[SalesOrderLineUnitOfMeasure]]=\"un\",Tabla_Consulta_desde_QuickBooks_Data_64_Bit_QRemote[[#This Row],[SalesOrderLineQuantity]],Tabla_Consulta_desde_QuickBooks_Data_64_Bit_QRemote[[#This Row],[SalesOrderLineQuantity]]/MID(Tabla_Consulta_desde_QuickBooks_Data_64_Bit_QRemote[[#This Row],[SalesOrderLineUnitOfMeasure]],2,2)),0)","v":0},{"$f":"IFERROR(IF(Tabla_Consulta_desde_QuickBooks_Data_64_Bit_QRemote[[#This Row],[SalesOrderLineUnitOfMeasure]]=\"un\",Tabla_Consulta_desde_QuickBooks_Data_64_Bit_QRemote[[#This Row],[SalesOrderLineInvoiced]],Tabla_Consulta_desde_QuickBooks_Data_64_Bit_QRemote[[#This Row],[SalesOrderLineInvoiced]]/MID(Tabla_Consulta_desde_QuickBooks_Data_64_Bit_QRemote[[#This Row],[SalesOrderLineUnitOfMeasure]],2,2)),0)","v":0},{"$f":"+Tabla_Consulta_desde_QuickBooks_Data_64_Bit_QRemote[[#This Row],[facturado]]-Tabla_Consulta_desde_QuickBooks_Data_64_Bit_QRemote[[#This Row],[pide]]","v":0},{"$f":"IF(Tabla_Consulta_desde_QuickBooks_Data_64_Bit_QRemote[[#This Row],[diferecia]]=0,\"ok\",\"diferen\")","v":"ok"},{"$f":"IFERROR(INDEX(um!A:C,MATCH(Tabla_Consulta_desde_QuickBooks_Data_64_Bit_QRemote[[#This Row],[SalesOrderLineItemRefFullName]],um!A:A,0),3),\"\")","v":""},{"$f":"IFERROR(IF(OR(Tabla_Consulta_desde_QuickBooks_Data_64_Bit_QRemote[[#This Row],[SalesOrderLineUnitOfMeasure]]=\"UN\",Tabla_Consulta_desde_QuickBooks_Data_64_Bit_QRemote[[#This Row],[SalesOrderLineUnitOfMeasure]]=Tabla_Consulta_desde_QuickBooks_Data_64_Bit_QRemote[[#This Row],[U/M]]),\"\",\"ERROR\"),\"\")","v":""},{"$f":"+WEEKNUM(Tabla_Consulta_desde_QuickBooks_Data_64_Bit_QRemote[[#This Row],[TxnDate]])","v":23},{"$f":"+Tabla_Consulta_desde_QuickBooks_Data_64_Bit_QRemote[[#This Row],[SalesOrderLineRate]]*Tabla_Consulta_desde_QuickBooks_Data_64_Bit_QRemote[[#This Row],[SalesOrderLineInvoiced]]","v":0},{"$f":"+IFERROR(IF(Tabla_Consulta_desde_QuickBooks_Data_64_Bit_QRemote[[#This Row],[CustomerRefFullName]]=\"GRUVALCORP SA\",VLOOKUP(Tabla_Consulta_desde_QuickBooks_Data_64_Bit_QRemote[[#This Row],[SalesOrderLineItemRefFullName]],Hoja1!A:E,5,FALSE),\"\")*-Tabla_Consulta_desde_QuickBooks_Data_64_Bit_QRemote[[#This Row],[SalesOrderLineAmount]],\"\")","v":""},{"$f":"IF(COUNTIF(wms!E:E,Tabla_Consulta_desde_QuickBooks_Data_64_Bit_QRemote[[#This Row],[RefNumber]])>0,\"OK\",\"FALTA\")","v":"FALTA"}]
["2025-06-02","29118","CORPORACION EL ROSADO S.A.","5401301601 CD ALOAG",14,null,"INFOADICIONAL","5401301601 CD ALOAG",null,null,null,0,0,null,0,230.04,264.55,"IVA EN VENTAS 15%",{"$f":"IFERROR(IF(Tabla_Consulta_desde_QuickBooks_Data_64_Bit_QRemote[[#This Row],[SalesOrderLineUnitOfMeasure]]=\"un\",Tabla_Consulta_desde_QuickBooks_Data_64_Bit_QRemote[[#This Row],[SalesOrderLineQuantity]],Tabla_Consulta_desde_QuickBooks_Data_64_Bit_QRemote[[#This Row],[SalesOrderLineQuantity]]/MID(Tabla_Consulta_desde_QuickBooks_Data_64_Bit_QRemote[[#This Row],[SalesOrderLineUnitOfMeasure]],2,2)),0)","v":0},{"$f":"IFERROR(IF(Tabla_Consulta_desde_QuickBooks_Data_64_Bit_QRemote[[#This Row],[SalesOrderLineUnitOfMeasure]]=\"un\",Tabla_Consulta_desde_QuickBooks_Data_64_Bit_QRemote[[#This Row],[SalesOrderLineInvoiced]],Tabla_Consulta_desde_QuickBooks_Data_64_Bit_QRemote[[#This Row],[SalesOrderLineInvoiced]]/MID(Tabla_Consulta_desde_QuickBooks_Data_64_Bit_QRemote[[#This Row],[SalesOrderLineUnitOfMeasure]],2,2)),0)","v":0},{"$f":"+Tabla_Consulta_desde_QuickBooks_Data_64_Bit_QRemote[[#This Row],[facturado]]-Tabla_Consulta_desde_QuickBooks_Data_64_Bit_QRemote[[#This Row],[pide]]","v":0},{"$f":"IF(Tabla_Consulta_desde_QuickBooks_Data_64_Bit_QRemote[[#This Row],[diferecia]]=0,\"ok\",\"diferen\")","v":"ok"},{"$f":"IFERROR(INDEX(um!A:C,MATCH(Tabla_Consulta_desde_QuickBooks_Data_64_Bit_QRemote[[#This Row],[SalesOrderLineItemRefFullName]],um!A:A,0),3),\"\")","v":""},{"$f":"IFERROR(IF(OR(Tabla_Consulta_desde_QuickBooks_Data_64_Bit_QRemote[[#This Row],[SalesOrderLineUnitOfMeasure]]=\"UN\",Tabla_Consulta_desde_QuickBooks_Data_64_Bit_QRemote[[#This Row],[SalesOrderLineUnitOfMeasure]]=Tabla_Consulta_desde_QuickBooks_Data_64_Bit_QRemote[[#This Row],[U/M]]),\"\",\"ERROR\"),\"\")","v":""},{"$f":"+WEEKNUM(Tabla_Consulta_desde_QuickBooks_Data_64_Bit_QRemote[[#This Row],[TxnDate]])","v":23},{"$f":"+Tabla_Consulta_desde_QuickBooks_Data_64_Bit_QRemote[[#This Row],[SalesOrderLineRate]]*Tabla_Consulta_desde_QuickBooks_Data_64_Bit_QRemote[[#This Row],[SalesOrderLineInvoiced]]","v":0},{"$f":"+IFERROR(IF(Tabla_Consulta_desde_QuickBooks_Data_64_Bit_QRemote[[#This Row],[CustomerRefFullName]]=\"GRUVALCORP SA\",VLOOKUP(Tabla_Consulta_desde_QuickBooks_Data_64_Bit_QRemote[[#This Row],[SalesOrderLineItemRefFullName]],Hoja1!A:E,5,FALSE),\"\")*-Tabla_Consulta_desde_QuickBooks_Data_64_Bit_QRemote[[#This Row],[SalesOrderLineAmount]],\"\")","v":""},{"$f":"IF(COUNTIF(wms!E:E,Tabla_Consulta_desde_QuickBooks_Data_64_Bit_QRemote[[#This Row],[RefNumber]])>0,\"OK\",\"FALTA\")","v":"FALTA"}]
["2025-06-02","29119","CORPORACION EL ROSADO S.A.","5401301602 CD ALOAG",1,"7862112520509","P.T:110606","JALAPEÑO ROJOS Y VERDES AGRIDULCES OLE 250G","Bodega Producto Terminado",12,"X12",1.68,20.16,"UNIDAD SALSA",0,211.45,243.17,"IVA EN VENTAS 15%",{"$f":"IFERROR(IF(Tabla_Consulta_desde_QuickBooks_Data_64_Bit_QRemote[[#This Row],[SalesOrderLineUnitOfMeasure]]=\"un\",Tabla_Consulta_desde_QuickBooks_Data_64_Bit_QRemote[[#This Row],[SalesOrderLineQuantity]],Tabla_Consulta_desde_QuickBooks_Data_64_Bit_QRemote[[#This Row],[SalesOrderLineQuantity]]/MID(Tabla_Consulta_desde_QuickBooks_Data_64_Bit_QRemote[[#This Row],[SalesOrderLineUnitOfMeasure]],2,2)),0)","v":1},{"$f":"IFERROR(IF(Tabla_Consulta_desde_QuickBooks_Data_64_Bit_QRemote[[#This Row],[SalesOrderLineUnitOfMeasure]]=\"un\",Tabla_Consulta_desde_QuickBooks_Data_64_Bit_QRemote[[#This Row],[SalesOrderLineInvoiced]],Tabla_Consulta_desde_QuickBooks_Data_64_Bit_QRemote[[#This Row],[SalesOrderLineInvoiced]]/MID(Tabla_Consulta_desde_QuickBooks_Data_64_Bit_QRemote[[#This Row],[SalesOrderLineUnitOfMeasure]],2,2)),0)","v":0},{"$f":"+Tabla_Consulta_desde_QuickBooks_Data_64_Bit_QRemote[[#This Row],[facturado]]-Tabla_Consulta_desde_QuickBooks_Data_64_Bit_QRemote[[#This Row],[pide]]","v":-1},{"$f":"IF(Tabla_Consulta_desde_QuickBooks_Data_64_Bit_QRemote[[#This Row],[diferecia]]=0,\"ok\",\"diferen\")","v":"diferen"},{"$f":"IFERROR(INDEX(um!A:C,MATCH(Tabla_Consulta_desde_QuickBooks_Data_64_Bit_QRemote[[#This Row],[SalesOrderLineItemRefFullName]],um!A:A,0),3),\"\")","v":"X12"},{"$f":"IFERROR(IF(OR(Tabla_Consulta_desde_QuickBooks_Data_64_Bit_QRemote[[#This Row],[SalesOrderLineUnitOfMeasure]]=\"UN\",Tabla_Consulta_desde_QuickBooks_Data_64_Bit_QRemote[[#This Row],[SalesOrderLineUnitOfMeasure]]=Tabla_Consulta_desde_QuickBooks_Data_64_Bit_QRemote[[#This Row],[U/M]]),\"\",\"ERROR\"),\"\")","v":""},{"$f":"+WEEKNUM(Tabla_Consulta_desde_QuickBooks_Data_64_Bit_QRemote[[#This Row],[TxnDate]])","v":23},{"$f":"+Tabla_Consulta_desde_QuickBooks_Data_64_Bit_QRemote[[#This Row],[SalesOrderLineRate]]*Tabla_Consulta_desde_QuickBooks_Data_64_Bit_QRemote[[#This Row],[SalesOrderLineInvoiced]]","v":0},{"$f":"+IFERROR(IF(Tabla_Consulta_desde_QuickBooks_Data_64_Bit_QRemote[[#This Row],[CustomerRefFullName]]=\"GRUVALCORP SA\",VLOOKUP(Tabla_Consulta_desde_QuickBooks_Data_64_Bit_QRemote[[#This Row],[SalesOrderLineItemRefFullName]],Hoja1!A:E,5,FALSE),\"\")*-Tabla_Consulta_desde_QuickBooks_Data_64_Bit_QRemote[[#This Row],[SalesOrderLineAmount]],\"\")","v":""},{"$f":"IF(COUNTIF(wms!E:E,Tabla_Consulta_desde_QuickBooks_Data_64_Bit_QRemote[[#This Row],[RefNumber]])>0,\"OK\",\"FALTA\")","v":"FALTA"}]
["2025-06-02","29119","CORPORACION EL ROSADO S.A.","5401301602 CD ALOAG",2,"7862112521698","P.T:311407","VINAGRE DE MANZANA CON LA MADRE OLE 500ML","Bodega Producto Terminado",12,"X12",4.29,51.48,"UNIDAD SALSA",0,211.45,243.17,"IVA EN VENTAS 15%",{"$f":"IFERROR(IF(Tabla_Consulta_desde_QuickBooks_Data_64_Bit_QRemote[[#This Row],[SalesOrderLineUnitOfMeasure]]=\"un\",Tabla_Consulta_desde_QuickBooks_Data_64_Bit_QRemote[[#This Row],[SalesOrderLineQuantity]],Tabla_Consulta_desde_QuickBooks_Data_64_Bit_QRemote[[#This Row],[SalesOrderLineQuantity]]/MID(Tabla_Consulta_desde_QuickBooks_Data_64_Bit_QRemote[[#This Row],[SalesOrderLineUnitOfMeasure]],2,2)),0)","v":1},{"$f":"IFERROR(IF(Tabla_Consulta_desde_QuickBooks_Data_64_Bit_QRemote[[#This Row],[SalesOrderLineUnitOfMeasure]]=\"un\",Tabla_Consulta_desde_QuickBooks_Data_64_Bit_QRemote[[#This Row],[SalesOrderLineInvoiced]],Tabla_Consulta_desde_QuickBooks_Data_64_Bit_QRemote[[#This Row],[SalesOrderLineInvoiced]]/MID(Tabla_Consulta_desde_QuickBooks_Data_64_Bit_QRemote[[#This Row],[SalesOrderLineUnitOfMeasure]],2,2)),0)","v":0},{"$f":"+Tabla_Consulta_desde_QuickBooks_Data_64_Bit_QRemote[[#This Row],[facturado]]-Tabla_Consulta_desde_QuickBooks_Data_64_Bit_QRemote[[#This Row],[pide]]","v":-1},{"$f":"IF(Tabla_Consulta_desde_QuickBooks_Data_64_Bit_QRemote[[#This Row],[diferecia]]=0,\"ok\",\"diferen\")","v":"diferen"},{"$f":"IFERROR(INDEX(um!A:C,MATCH(Tabla_Consulta_desde_QuickBooks_Data_64_Bit_QRemote[[#This Row],[SalesOrderLineItemRefFullName]],um!A:A,0),3),\"\")","v":"X12"},{"$f":"IFERROR(IF(OR(Tabla_Consulta_desde_QuickBooks_Data_64_Bit_QRemote[[#This Row],[SalesOrderLineUnitOfMeasure]]=\"UN\",Tabla_Consulta_desde_QuickBooks_Data_64_Bit_QRemote[[#This Row],[SalesOrderLineUnitOfMeasure]]=Tabla_Consulta_desde_QuickBooks_Data_64_Bit_QRemote[[#This Row],[U/M]]),\"\",\"ERROR\"),\"\")","v":""},{"$f":"+WEEKNUM(Tabla_Consulta_desde_QuickBooks_Data_64_Bit_QRemote[[#This Row],[TxnDate]])","v":23},{"$f":"+Tabla_Consulta_desde_QuickBooks_Data_64_Bit_QRemote[[#This Row],[SalesOrderLineRate]]*Tabla_Consulta_desde_QuickBooks_Data_64_Bit_QRemote[[#This Row],[SalesOrderLineInvoiced]]","v":0},{"$f":"+IFERROR(IF(Tabla_Consulta_desde_QuickBooks_Data_64_Bit_QRemote[[#This Row],[CustomerRefFullName]]=\"GRUVALCORP SA\",VLOOKUP(Tabla_Consulta_desde_QuickBooks_Data_64_Bit_QRemote[[#This Row],[SalesOrderLineItemRefFullName]],Hoja1!A:E,5,FALSE),\"\")*-Tabla_Consulta_desde_QuickBooks_Data_64_Bit_QRemote[[#This Row],[SalesOrderLineAmount]],\"\")","v":""},{"$f":"IF(COUNTIF(wms!E:E,Tabla_Consulta_desde_QuickBooks_Data_64_Bit_QRemote[[#This Row],[RefNumber]])>0,\"OK\",\"FALTA\")","v":"FALTA"}]
["2025-06-02","29119","CORPORACION EL ROSADO S.A.","5401301602 CD ALOAG",3,"7862112522367","PT:220132","TOTOPOS NATURAL OLE 300G","Bodega Producto Terminado",60,"X12",1.67,100.2,"UNIDAD SNCKS",0,211.45,243.17,"IVA EN VENTAS 15%",{"$f":"IFERROR(IF(Tabla_Consulta_desde_QuickBooks_Data_64_Bit_QRemote[[#This Row],[SalesOrderLineUnitOfMeasure]]=\"un\",Tabla_Consulta_desde_QuickBooks_Data_64_Bit_QRemote[[#This Row],[SalesOrderLineQuantity]],Tabla_Consulta_desde_QuickBooks_Data_64_Bit_QRemote[[#This Row],[SalesOrderLineQuantity]]/MID(Tabla_Consulta_desde_QuickBooks_Data_64_Bit_QRemote[[#This Row],[SalesOrderLineUnitOfMeasure]],2,2)),0)","v":5},{"$f":"IFERROR(IF(Tabla_Consulta_desde_QuickBooks_Data_64_Bit_QRemote[[#This Row],[SalesOrderLineUnitOfMeasure]]=\"un\",Tabla_Consulta_desde_QuickBooks_Data_64_Bit_QRemote[[#This Row],[SalesOrderLineInvoiced]],Tabla_Consulta_desde_QuickBooks_Data_64_Bit_QRemote[[#This Row],[SalesOrderLineInvoiced]]/MID(Tabla_Consulta_desde_QuickBooks_Data_64_Bit_QRemote[[#This Row],[SalesOrderLineUnitOfMeasure]],2,2)),0)","v":0},{"$f":"+Tabla_Consulta_desde_QuickBooks_Data_64_Bit_QRemote[[#This Row],[facturado]]-Tabla_Consulta_desde_QuickBooks_Data_64_Bit_QRemote[[#This Row],[pide]]","v":-5},{"$f":"IF(Tabla_Consulta_desde_QuickBooks_Data_64_Bit_QRemote[[#This Row],[diferecia]]=0,\"ok\",\"diferen\")","v":"diferen"},{"$f":"IFERROR(INDEX(um!A:C,MATCH(Tabla_Consulta_desde_QuickBooks_Data_64_Bit_QRemote[[#This Row],[SalesOrderLineItemRefFullName]],um!A:A,0),3),\"\")","v":"X12"},{"$f":"IFERROR(IF(OR(Tabla_Consulta_desde_QuickBooks_Data_64_Bit_QRemote[[#This Row],[SalesOrderLineUnitOfMeasure]]=\"UN\",Tabla_Consulta_desde_QuickBooks_Data_64_Bit_QRemote[[#This Row],[SalesOrderLineUnitOfMeasure]]=Tabla_Consulta_desde_QuickBooks_Data_64_Bit_QRemote[[#This Row],[U/M]]),\"\",\"ERROR\"),\"\")","v":""},{"$f":"+WEEKNUM(Tabla_Consulta_desde_QuickBooks_Data_64_Bit_QRemote[[#This Row],[TxnDate]])","v":23},{"$f":"+Tabla_Consulta_desde_QuickBooks_Data_64_Bit_QRemote[[#This Row],[SalesOrderLineRate]]*Tabla_Consulta_desde_QuickBooks_Data_64_Bit_QRemote[[#This Row],[SalesOrderLineInvoiced]]","v":0},{"$f":"+IFERROR(IF(Tabla_Consulta_desde_QuickBooks_Data_64_Bit_QRemote[[#This Row],[CustomerRefFullName]]=\"GRUVALCORP SA\",VLOOKUP(Tabla_Consulta_desde_QuickBooks_Data_64_Bit_QRemote[[#This Row],[SalesOrderLineItemRefFullName]],Hoja1!A:E,5,FALSE),\"\")*-Tabla_Consulta_desde_QuickBooks_Data_64_Bit_QRemote[[#This Row],[SalesOrderLineAmount]],\"\")","v":""},{"$f":"IF(COUNTIF(wms!E:E,Tabla_Consulta_desde_QuickBooks_Data_64_Bit_QRemote[[#This Row],[RefNumber]])>0,\"OK\",\"FALTA\")","v":"FALTA"}]
["2025-06-02","29119","CORPORACION EL ROSADO S.A.","5401301602 CD ALOAG",4,"7862112522855","PT:220138","TOTOPOS AJI MARACUYA OLE 120G","Bodega Producto Terminado",12,"X12",0.91,10.92,"UNIDAD SNCKS",0,211.45,243.17,"IVA EN VENTAS 15%",{"$f":"IFERROR(IF(Tabla_Consulta_desde_QuickBooks_Data_64_Bit_QRemote[[#This Row],[SalesOrderLineUnitOfMeasure]]=\"un\",Tabla_Consulta_desde_QuickBooks_Data_64_Bit_QRemote[[#This Row],[SalesOrderLineQuantity]],Tabla_Consulta_desde_QuickBooks_Data_64_Bit_QRemote[[#This Row],[SalesOrderLineQuantity]]/MID(Tabla_Consulta_desde_QuickBooks_Data_64_Bit_QRemote[[#This Row],[SalesOrderLineUnitOfMeasure]],2,2)),0)","v":1},{"$f":"IFERROR(IF(Tabla_Consulta_desde_QuickBooks_Data_64_Bit_QRemote[[#This Row],[SalesOrderLineUnitOfMeasure]]=\"un\",Tabla_Consulta_desde_QuickBooks_Data_64_Bit_QRemote[[#This Row],[SalesOrderLineInvoiced]],Tabla_Consulta_desde_QuickBooks_Data_64_Bit_QRemote[[#This Row],[SalesOrderLineInvoiced]]/MID(Tabla_Consulta_desde_QuickBooks_Data_64_Bit_QRemote[[#This Row],[SalesOrderLineUnitOfMeasure]],2,2)),0)","v":0},{"$f":"+Tabla_Consulta_desde_QuickBooks_Data_64_Bit_QRemote[[#This Row],[facturado]]-Tabla_Consulta_desde_QuickBooks_Data_64_Bit_QRemote[[#This Row],[pide]]","v":-1},{"$f":"IF(Tabla_Consulta_desde_QuickBooks_Data_64_Bit_QRemote[[#This Row],[diferecia]]=0,\"ok\",\"diferen\")","v":"diferen"},{"$f":"IFERROR(INDEX(um!A:C,MATCH(Tabla_Consulta_desde_QuickBooks_Data_64_Bit_QRemote[[#This Row],[SalesOrderLineItemRefFullName]],um!A:A,0),3),\"\")","v":"X12"},{"$f":"IFERROR(IF(OR(Tabla_Consulta_desde_QuickBooks_Data_64_Bit_QRemote[[#This Row],[SalesOrderLineUnitOfMeasure]]=\"UN\",Tabla_Consulta_desde_QuickBooks_Data_64_Bit_QRemote[[#This Row],[SalesOrderLineUnitOfMeasure]]=Tabla_Consulta_desde_QuickBooks_Data_64_Bit_QRemote[[#This Row],[U/M]]),\"\",\"ERROR\"),\"\")","v":""},{"$f":"+WEEKNUM(Tabla_Consulta_desde_QuickBooks_Data_64_Bit_QRemote[[#This Row],[TxnDate]])","v":23},{"$f":"+Tabla_Consulta_desde_QuickBooks_Data_64_Bit_QRemote[[#This Row],[SalesOrderLineRate]]*Tabla_Consulta_desde_QuickBooks_Data_64_Bit_QRemote[[#This Row],[SalesOrderLineInvoiced]]","v":0},{"$f":"+IFERROR(IF(Tabla_Consulta_desde_QuickBooks_Data_64_Bit_QRemote[[#This Row],[CustomerRefFullName]]=\"GRUVALCORP SA\",VLOOKUP(Tabla_Consulta_desde_QuickBooks_Data_64_Bit_QRemote[[#This Row],[SalesOrderLineItemRefFullName]],Hoja1!A:E,5,FALSE),\"\")*-Tabla_Consulta_desde_QuickBooks_Data_64_Bit_QRemote[[#This Row],[SalesOrderLineAmount]],\"\")","v":""},{"$f":"IF(COUNTIF(wms!E:E,Tabla_Consulta_desde_QuickBooks_Data_64_Bit_QRemote[[#This Row],[RefNumber]])>0,\"OK\",\"FALTA\")","v":"FALTA"}]
["2025-06-02","29119","CORPORACION EL ROSADO S.A.","5401301602 CD ALOAG",5,"7862112522992","P.T:110300","SALSA BBQ PICANTE OLE 200G","Bodega Producto Terminado",36,"X12",0.68,24.48,"UNIDAD SALSA",0,211.45,243.17,"IVA EN VENTAS 15%",{"$f":"IFERROR(IF(Tabla_Consulta_desde_QuickBooks_Data_64_Bit_QRemote[[#This Row],[SalesOrderLineUnitOfMeasure]]=\"un\",Tabla_Consulta_desde_QuickBooks_Data_64_Bit_QRemote[[#This Row],[SalesOrderLineQuantity]],Tabla_Consulta_desde_QuickBooks_Data_64_Bit_QRemote[[#This Row],[SalesOrderLineQuantity]]/MID(Tabla_Consulta_desde_QuickBooks_Data_64_Bit_QRemote[[#This Row],[SalesOrderLineUnitOfMeasure]],2,2)),0)","v":3},{"$f":"IFERROR(IF(Tabla_Consulta_desde_QuickBooks_Data_64_Bit_QRemote[[#This Row],[SalesOrderLineUnitOfMeasure]]=\"un\",Tabla_Consulta_desde_QuickBooks_Data_64_Bit_QRemote[[#This Row],[SalesOrderLineInvoiced]],Tabla_Consulta_desde_QuickBooks_Data_64_Bit_QRemote[[#This Row],[SalesOrderLineInvoiced]]/MID(Tabla_Consulta_desde_QuickBooks_Data_64_Bit_QRemote[[#This Row],[SalesOrderLineUnitOfMeasure]],2,2)),0)","v":0},{"$f":"+Tabla_Consulta_desde_QuickBooks_Data_64_Bit_QRemote[[#This Row],[facturado]]-Tabla_Consulta_desde_QuickBooks_Data_64_Bit_QRemote[[#This Row],[pide]]","v":-3},{"$f":"IF(Tabla_Consulta_desde_QuickBooks_Data_64_Bit_QRemote[[#This Row],[diferecia]]=0,\"ok\",\"diferen\")","v":"diferen"},{"$f":"IFERROR(INDEX(um!A:C,MATCH(Tabla_Consulta_desde_QuickBooks_Data_64_Bit_QRemote[[#This Row],[SalesOrderLineItemRefFullName]],um!A:A,0),3),\"\")","v":"X12"},{"$f":"IFERROR(IF(OR(Tabla_Consulta_desde_QuickBooks_Data_64_Bit_QRemote[[#This Row],[SalesOrderLineUnitOfMeasure]]=\"UN\",Tabla_Consulta_desde_QuickBooks_Data_64_Bit_QRemote[[#This Row],[SalesOrderLineUnitOfMeasure]]=Tabla_Consulta_desde_QuickBooks_Data_64_Bit_QRemote[[#This Row],[U/M]]),\"\",\"ERROR\"),\"\")","v":""},{"$f":"+WEEKNUM(Tabla_Consulta_desde_QuickBooks_Data_64_Bit_QRemote[[#This Row],[TxnDate]])","v":23},{"$f":"+Tabla_Consulta_desde_QuickBooks_Data_64_Bit_QRemote[[#This Row],[SalesOrderLineRate]]*Tabla_Consulta_desde_QuickBooks_Data_64_Bit_QRemote[[#This Row],[SalesOrderLineInvoiced]]","v":0},{"$f":"+IFERROR(IF(Tabla_Consulta_desde_QuickBooks_Data_64_Bit_QRemote[[#This Row],[CustomerRefFullName]]=\"GRUVALCORP SA\",VLOOKUP(Tabla_Consulta_desde_QuickBooks_Data_64_Bit_QRemote[[#This Row],[SalesOrderLineItemRefFullName]],Hoja1!A:E,5,FALSE),\"\")*-Tabla_Consulta_desde_QuickBooks_Data_64_Bit_QRemote[[#This Row],[SalesOrderLineAmount]],\"\")","v":""},{"$f":"IF(COUNTIF(wms!E:E,Tabla_Consulta_desde_QuickBooks_Data_64_Bit_QRemote[[#This Row],[RefNumber]])>0,\"OK\",\"FALTA\")","v":"FALTA"}]
["2025-06-02","29119","CORPORACION EL ROSADO S.A.","5401301602 CD ALOAG",6,"7862112523258","PT:220142","TOTOPOS SABOR GUACAMOLE OLE 45G","Bodega Producto Terminado",90,"X30",0.34,30.6,"UNIDAD SNCKS",0,211.45,243.17,"IVA EN VENTAS 15%",{"$f":"IFERROR(IF(Tabla_Consulta_desde_QuickBooks_Data_64_Bit_QRemote[[#This Row],[SalesOrderLineUnitOfMeasure]]=\"un\",Tabla_Consulta_desde_QuickBooks_Data_64_Bit_QRemote[[#This Row],[SalesOrderLineQuantity]],Tabla_Consulta_desde_QuickBooks_Data_64_Bit_QRemote[[#This Row],[SalesOrderLineQuantity]]/MID(Tabla_Consulta_desde_QuickBooks_Data_64_Bit_QRemote[[#This Row],[SalesOrderLineUnitOfMeasure]],2,2)),0)","v":3},{"$f":"IFERROR(IF(Tabla_Consulta_desde_QuickBooks_Data_64_Bit_QRemote[[#This Row],[SalesOrderLineUnitOfMeasure]]=\"un\",Tabla_Consulta_desde_QuickBooks_Data_64_Bit_QRemote[[#This Row],[SalesOrderLineInvoiced]],Tabla_Consulta_desde_QuickBooks_Data_64_Bit_QRemote[[#This Row],[SalesOrderLineInvoiced]]/MID(Tabla_Consulta_desde_QuickBooks_Data_64_Bit_QRemote[[#This Row],[SalesOrderLineUnitOfMeasure]],2,2)),0)","v":0},{"$f":"+Tabla_Consulta_desde_QuickBooks_Data_64_Bit_QRemote[[#This Row],[facturado]]-Tabla_Consulta_desde_QuickBooks_Data_64_Bit_QRemote[[#This Row],[pide]]","v":-3},{"$f":"IF(Tabla_Consulta_desde_QuickBooks_Data_64_Bit_QRemote[[#This Row],[diferecia]]=0,\"ok\",\"diferen\")","v":"diferen"},{"$f":"IFERROR(INDEX(um!A:C,MATCH(Tabla_Consulta_desde_QuickBooks_Data_64_Bit_QRemote[[#This Row],[SalesOrderLineItemRefFullName]],um!A:A,0),3),\"\")","v":"X30"},{"$f":"IFERROR(IF(OR(Tabla_Consulta_desde_QuickBooks_Data_64_Bit_QRemote[[#This Row],[SalesOrderLineUnitOfMeasure]]=\"UN\",Tabla_Consulta_desde_QuickBooks_Data_64_Bit_QRemote[[#This Row],[SalesOrderLineUnitOfMeasure]]=Tabla_Consulta_desde_QuickBooks_Data_64_Bit_QRemote[[#This Row],[U/M]]),\"\",\"ERROR\"),\"\")","v":""},{"$f":"+WEEKNUM(Tabla_Consulta_desde_QuickBooks_Data_64_Bit_QRemote[[#This Row],[TxnDate]])","v":23},{"$f":"+Tabla_Consulta_desde_QuickBooks_Data_64_Bit_QRemote[[#This Row],[SalesOrderLineRate]]*Tabla_Consulta_desde_QuickBooks_Data_64_Bit_QRemote[[#This Row],[SalesOrderLineInvoiced]]","v":0},{"$f":"+IFERROR(IF(Tabla_Consulta_desde_QuickBooks_Data_64_Bit_QRemote[[#This Row],[CustomerRefFullName]]=\"GRUVALCORP SA\",VLOOKUP(Tabla_Consulta_desde_QuickBooks_Data_64_Bit_QRemote[[#This Row],[SalesOrderLineItemRefFullName]],Hoja1!A:E,5,FALSE),\"\")*-Tabla_Consulta_desde_QuickBooks_Data_64_Bit_QRemote[[#This Row],[SalesOrderLineAmount]],\"\")","v":""},{"$f":"IF(COUNTIF(wms!E:E,Tabla_Consulta_desde_QuickBooks_Data_64_Bit_QRemote[[#This Row],[RefNumber]])>0,\"OK\",\"FALTA\")","v":"FALTA"}]
["2025-06-02","29119","CORPORACION EL ROSADO S.A.","5401301602 CD ALOAG",7,null,"Desc. Ventas SLS:110606","JALAPEÑO ROJOS Y VERDES AGRIDULCES OLE 250G",null,null,null,-2.62,-2.62,null,0,211.45,243.17,"IVA EN VENTAS 15%",{"$f":"IFERROR(IF(Tabla_Consulta_desde_QuickBooks_Data_64_Bit_QRemote[[#This Row],[SalesOrderLineUnitOfMeasure]]=\"un\",Tabla_Consulta_desde_QuickBooks_Data_64_Bit_QRemote[[#This Row],[SalesOrderLineQuantity]],Tabla_Consulta_desde_QuickBooks_Data_64_Bit_QRemote[[#This Row],[SalesOrderLineQuantity]]/MID(Tabla_Consulta_desde_QuickBooks_Data_64_Bit_QRemote[[#This Row],[SalesOrderLineUnitOfMeasure]],2,2)),0)","v":0},{"$f":"IFERROR(IF(Tabla_Consulta_desde_QuickBooks_Data_64_Bit_QRemote[[#This Row],[SalesOrderLineUnitOfMeasure]]=\"un\",Tabla_Consulta_desde_QuickBooks_Data_64_Bit_QRemote[[#This Row],[SalesOrderLineInvoiced]],Tabla_Consulta_desde_QuickBooks_Data_64_Bit_QRemote[[#This Row],[SalesOrderLineInvoiced]]/MID(Tabla_Consulta_desde_QuickBooks_Data_64_Bit_QRemote[[#This Row],[SalesOrderLineUnitOfMeasure]],2,2)),0)","v":0},{"$f":"+Tabla_Consulta_desde_QuickBooks_Data_64_Bit_QRemote[[#This Row],[facturado]]-Tabla_Consulta_desde_QuickBooks_Data_64_Bit_QRemote[[#This Row],[pide]]","v":0},{"$f":"IF(Tabla_Consulta_desde_QuickBooks_Data_64_Bit_QRemote[[#This Row],[diferecia]]=0,\"ok\",\"diferen\")","v":"ok"},{"$f":"IFERROR(INDEX(um!A:C,MATCH(Tabla_Consulta_desde_QuickBooks_Data_64_Bit_QRemote[[#This Row],[SalesOrderLineItemRefFullName]],um!A:A,0),3),\"\")","v":""},{"$f":"IFERROR(IF(OR(Tabla_Consulta_desde_QuickBooks_Data_64_Bit_QRemote[[#This Row],[SalesOrderLineUnitOfMeasure]]=\"UN\",Tabla_Consulta_desde_QuickBooks_Data_64_Bit_QRemote[[#This Row],[SalesOrderLineUnitOfMeasure]]=Tabla_Consulta_desde_QuickBooks_Data_64_Bit_QRemote[[#This Row],[U/M]]),\"\",\"ERROR\"),\"\")","v":""},{"$f":"+WEEKNUM(Tabla_Consulta_desde_QuickBooks_Data_64_Bit_QRemote[[#This Row],[TxnDate]])","v":23},{"$f":"+Tabla_Consulta_desde_QuickBooks_Data_64_Bit_QRemote[[#This Row],[SalesOrderLineRate]]*Tabla_Consulta_desde_QuickBooks_Data_64_Bit_QRemote[[#This Row],[SalesOrderLineInvoiced]]","v":0},{"$f":"+IFERROR(IF(Tabla_Consulta_desde_QuickBooks_Data_64_Bit_QRemote[[#This Row],[CustomerRefFullName]]=\"GRUVALCORP SA\",VLOOKUP(Tabla_Consulta_desde_QuickBooks_Data_64_Bit_QRemote[[#This Row],[SalesOrderLineItemRefFullName]],Hoja1!A:E,5,FALSE),\"\")*-Tabla_Consulta_desde_QuickBooks_Data_64_Bit_QRemote[[#This Row],[SalesOrderLineAmount]],\"\")","v":""},{"$f":"IF(COUNTIF(wms!E:E,Tabla_Consulta_desde_QuickBooks_Data_64_Bit_QRemote[[#This Row],[RefNumber]])>0,\"OK\",\"FALTA\")","v":"FALTA"}]
["2025-06-02","29119","CORPORACION EL ROSADO S.A.","5401301602 CD ALOAG",8,null,"Desc. Ventas COM:311407","VINAGRE DE MANZANA CON LA MADRE OLE 500ML",null,null,null,-7.72,-7.72,null,0,211.45,243.17,"IVA EN VENTAS 15%",{"$f":"IFERROR(IF(Tabla_Consulta_desde_QuickBooks_Data_64_Bit_QRemote[[#This Row],[SalesOrderLineUnitOfMeasure]]=\"un\",Tabla_Consulta_desde_QuickBooks_Data_64_Bit_QRemote[[#This Row],[SalesOrderLineQuantity]],Tabla_Consulta_desde_QuickBooks_Data_64_Bit_QRemote[[#This Row],[SalesOrderLineQuantity]]/MID(Tabla_Consulta_desde_QuickBooks_Data_64_Bit_QRemote[[#This Row],[SalesOrderLineUnitOfMeasure]],2,2)),0)","v":0},{"$f":"IFERROR(IF(Tabla_Consulta_desde_QuickBooks_Data_64_Bit_QRemote[[#This Row],[SalesOrderLineUnitOfMeasure]]=\"un\",Tabla_Consulta_desde_QuickBooks_Data_64_Bit_QRemote[[#This Row],[SalesOrderLineInvoiced]],Tabla_Consulta_desde_QuickBooks_Data_64_Bit_QRemote[[#This Row],[SalesOrderLineInvoiced]]/MID(Tabla_Consulta_desde_QuickBooks_Data_64_Bit_QRemote[[#This Row],[SalesOrderLineUnitOfMeasure]],2,2)),0)","v":0},{"$f":"+Tabla_Consulta_desde_QuickBooks_Data_64_Bit_QRemote[[#This Row],[facturado]]-Tabla_Consulta_desde_QuickBooks_Data_64_Bit_QRemote[[#This Row],[pide]]","v":0},{"$f":"IF(Tabla_Consulta_desde_QuickBooks_Data_64_Bit_QRemote[[#This Row],[diferecia]]=0,\"ok\",\"diferen\")","v":"ok"},{"$f":"IFERROR(INDEX(um!A:C,MATCH(Tabla_Consulta_desde_QuickBooks_Data_64_Bit_QRemote[[#This Row],[SalesOrderLineItemRefFullName]],um!A:A,0),3),\"\")","v":""},{"$f":"IFERROR(IF(OR(Tabla_Consulta_desde_QuickBooks_Data_64_Bit_QRemote[[#This Row],[SalesOrderLineUnitOfMeasure]]=\"UN\",Tabla_Consulta_desde_QuickBooks_Data_64_Bit_QRemote[[#This Row],[SalesOrderLineUnitOfMeasure]]=Tabla_Consulta_desde_QuickBooks_Data_64_Bit_QRemote[[#This Row],[U/M]]),\"\",\"ERROR\"),\"\")","v":""},{"$f":"+WEEKNUM(Tabla_Consulta_desde_QuickBooks_Data_64_Bit_QRemote[[#This Row],[TxnDate]])","v":23},{"$f":"+Tabla_Consulta_desde_QuickBooks_Data_64_Bit_QRemote[[#This Row],[SalesOrderLineRate]]*Tabla_Consulta_desde_QuickBooks_Data_64_Bit_QRemote[[#This Row],[SalesOrderLineInvoiced]]","v":0},{"$f":"+IFERROR(IF(Tabla_Consulta_desde_QuickBooks_Data_64_Bit_QRemote[[#This Row],[CustomerRefFullName]]=\"GRUVALCORP SA\",VLOOKUP(Tabla_Consulta_desde_QuickBooks_Data_64_Bit_QRemote[[#This Row],[SalesOrderLineItemRefFullName]],Hoja1!A:E,5,FALSE),\"\")*-Tabla_Consulta_desde_QuickBooks_Data_64_Bit_QRemote[[#This Row],[SalesOrderLineAmount]],\"\")","v":""},{"$f":"IF(COUNTIF(wms!E:E,Tabla_Consulta_desde_QuickBooks_Data_64_Bit_QRemote[[#This Row],[RefNumber]])>0,\"OK\",\"FALTA\")","v":"FALTA"}]
["2025-06-02","29119","CORPORACION EL ROSADO S.A.","5401301602 CD ALOAG",9,null,"Desc. Ventas SNK:220132","TOTOPOS NATURAL OLE 300G",null,null,null,-16.05,-16.05,null,0,211.45,243.17,"IVA EN VENTAS 15%",{"$f":"IFERROR(IF(Tabla_Consulta_desde_QuickBooks_Data_64_Bit_QRemote[[#This Row],[SalesOrderLineUnitOfMeasure]]=\"un\",Tabla_Consulta_desde_QuickBooks_Data_64_Bit_QRemote[[#This Row],[SalesOrderLineQuantity]],Tabla_Consulta_desde_QuickBooks_Data_64_Bit_QRemote[[#This Row],[SalesOrderLineQuantity]]/MID(Tabla_Consulta_desde_QuickBooks_Data_64_Bit_QRemote[[#This Row],[SalesOrderLineUnitOfMeasure]],2,2)),0)","v":0},{"$f":"IFERROR(IF(Tabla_Consulta_desde_QuickBooks_Data_64_Bit_QRemote[[#This Row],[SalesOrderLineUnitOfMeasure]]=\"un\",Tabla_Consulta_desde_QuickBooks_Data_64_Bit_QRemote[[#This Row],[SalesOrderLineInvoiced]],Tabla_Consulta_desde_QuickBooks_Data_64_Bit_QRemote[[#This Row],[SalesOrderLineInvoiced]]/MID(Tabla_Consulta_desde_QuickBooks_Data_64_Bit_QRemote[[#This Row],[SalesOrderLineUnitOfMeasure]],2,2)),0)","v":0},{"$f":"+Tabla_Consulta_desde_QuickBooks_Data_64_Bit_QRemote[[#This Row],[facturado]]-Tabla_Consulta_desde_QuickBooks_Data_64_Bit_QRemote[[#This Row],[pide]]","v":0},{"$f":"IF(Tabla_Consulta_desde_QuickBooks_Data_64_Bit_QRemote[[#This Row],[diferecia]]=0,\"ok\",\"diferen\")","v":"ok"},{"$f":"IFERROR(INDEX(um!A:C,MATCH(Tabla_Consulta_desde_QuickBooks_Data_64_Bit_QRemote[[#This Row],[SalesOrderLineItemRefFullName]],um!A:A,0),3),\"\")","v":""},{"$f":"IFERROR(IF(OR(Tabla_Consulta_desde_QuickBooks_Data_64_Bit_QRemote[[#This Row],[SalesOrderLineUnitOfMeasure]]=\"UN\",Tabla_Consulta_desde_QuickBooks_Data_64_Bit_QRemote[[#This Row],[SalesOrderLineUnitOfMeasure]]=Tabla_Consulta_desde_QuickBooks_Data_64_Bit_QRemote[[#This Row],[U/M]]),\"\",\"ERROR\"),\"\")","v":""},{"$f":"+WEEKNUM(Tabla_Consulta_desde_QuickBooks_Data_64_Bit_QRemote[[#This Row],[TxnDate]])","v":23},{"$f":"+Tabla_Consulta_desde_QuickBooks_Data_64_Bit_QRemote[[#This Row],[SalesOrderLineRate]]*Tabla_Consulta_desde_QuickBooks_Data_64_Bit_QRemote[[#This Row],[SalesOrderLineInvoiced]]","v":0},{"$f":"+IFERROR(IF(Tabla_Consulta_desde_QuickBooks_Data_64_Bit_QRemote[[#This Row],[CustomerRefFullName]]=\"GRUVALCORP SA\",VLOOKUP(Tabla_Consulta_desde_QuickBooks_Data_64_Bit_QRemote[[#This Row],[SalesOrderLineItemRefFullName]],Hoja1!A:E,5,FALSE),\"\")*-Tabla_Consulta_desde_QuickBooks_Data_64_Bit_QRemote[[#This Row],[SalesOrderLineAmount]],\"\")","v":""},{"$f":"IF(COUNTIF(wms!E:E,Tabla_Consulta_desde_QuickBooks_Data_64_Bit_QRemote[[#This Row],[RefNumber]])>0,\"OK\",\"FALTA\")","v":"FALTA"}]
["2025-06-02","29119","CORPORACION EL ROSADO S.A.","5401301602 CD ALOAG",10,null,"INFOADICIONAL","5401301602 CD ALOAG",null,null,null,0,0,null,0,211.45,243.17,"IVA EN VENTAS 15%",{"$f":"IFERROR(IF(Tabla_Consulta_desde_QuickBooks_Data_64_Bit_QRemote[[#This Row],[SalesOrderLineUnitOfMeasure]]=\"un\",Tabla_Consulta_desde_QuickBooks_Data_64_Bit_QRemote[[#This Row],[SalesOrderLineQuantity]],Tabla_Consulta_desde_QuickBooks_Data_64_Bit_QRemote[[#This Row],[SalesOrderLineQuantity]]/MID(Tabla_Consulta_desde_QuickBooks_Data_64_Bit_QRemote[[#This Row],[SalesOrderLineUnitOfMeasure]],2,2)),0)","v":0},{"$f":"IFERROR(IF(Tabla_Consulta_desde_QuickBooks_Data_64_Bit_QRemote[[#This Row],[SalesOrderLineUnitOfMeasure]]=\"un\",Tabla_Consulta_desde_QuickBooks_Data_64_Bit_QRemote[[#This Row],[SalesOrderLineInvoiced]],Tabla_Consulta_desde_QuickBooks_Data_64_Bit_QRemote[[#This Row],[SalesOrderLineInvoiced]]/MID(Tabla_Consulta_desde_QuickBooks_Data_64_Bit_QRemote[[#This Row],[SalesOrderLineUnitOfMeasure]],2,2)),0)","v":0},{"$f":"+Tabla_Consulta_desde_QuickBooks_Data_64_Bit_QRemote[[#This Row],[facturado]]-Tabla_Consulta_desde_QuickBooks_Data_64_Bit_QRemote[[#This Row],[pide]]","v":0},{"$f":"IF(Tabla_Consulta_desde_QuickBooks_Data_64_Bit_QRemote[[#This Row],[diferecia]]=0,\"ok\",\"diferen\")","v":"ok"},{"$f":"IFERROR(INDEX(um!A:C,MATCH(Tabla_Consulta_desde_QuickBooks_Data_64_Bit_QRemote[[#This Row],[SalesOrderLineItemRefFullName]],um!A:A,0),3),\"\")","v":""},{"$f":"IFERROR(IF(OR(Tabla_Consulta_desde_QuickBooks_Data_64_Bit_QRemote[[#This Row],[SalesOrderLineUnitOfMeasure]]=\"UN\",Tabla_Consulta_desde_QuickBooks_Data_64_Bit_QRemote[[#This Row],[SalesOrderLineUnitOfMeasure]]=Tabla_Consulta_desde_QuickBooks_Data_64_Bit_QRemote[[#This Row],[U/M]]),\"\",\"ERROR\"),\"\")","v":""},{"$f":"+WEEKNUM(Tabla_Consulta_desde_QuickBooks_Data_64_Bit_QRemote[[#This Row],[TxnDate]])","v":23},{"$f":"+Tabla_Consulta_desde_QuickBooks_Data_64_Bit_QRemote[[#This Row],[SalesOrderLineRate]]*Tabla_Consulta_desde_QuickBooks_Data_64_Bit_QRemote[[#This Row],[SalesOrderLineInvoiced]]","v":0},{"$f":"+IFERROR(IF(Tabla_Consulta_desde_QuickBooks_Data_64_Bit_QRemote[[#This Row],[CustomerRefFullName]]=\"GRUVALCORP SA\",VLOOKUP(Tabla_Consulta_desde_QuickBooks_Data_64_Bit_QRemote[[#This Row],[SalesOrderLineItemRefFullName]],Hoja1!A:E,5,FALSE),\"\")*-Tabla_Consulta_desde_QuickBooks_Data_64_Bit_QRemote[[#This Row],[SalesOrderLineAmount]],\"\")","v":""},{"$f":"IF(COUNTIF(wms!E:E,Tabla_Consulta_desde_QuickBooks_Data_64_Bit_QRemote[[#This Row],[RefNumber]])>0,\"OK\",\"FALTA\")","v":"FALTA"}]
["2025-06-03","29120","LIRIS S. A.","OC_005559153",1,"7862112522497","P.T:110801","SALSA BBQ ORIGINAL OLE DP 200G","Bodega Producto Terminado",36,"X12",0.81,29.16,"UNIDAD SALSA",0,1533.34,1763.34,"IVA EN VENTAS 15%",{"$f":"IFERROR(IF(Tabla_Consulta_desde_QuickBooks_Data_64_Bit_QRemote[[#This Row],[SalesOrderLineUnitOfMeasure]]=\"un\",Tabla_Consulta_desde_QuickBooks_Data_64_Bit_QRemote[[#This Row],[SalesOrderLineQuantity]],Tabla_Consulta_desde_QuickBooks_Data_64_Bit_QRemote[[#This Row],[SalesOrderLineQuantity]]/MID(Tabla_Consulta_desde_QuickBooks_Data_64_Bit_QRemote[[#This Row],[SalesOrderLineUnitOfMeasure]],2,2)),0)","v":3},{"$f":"IFERROR(IF(Tabla_Consulta_desde_QuickBooks_Data_64_Bit_QRemote[[#This Row],[SalesOrderLineUnitOfMeasure]]=\"un\",Tabla_Consulta_desde_QuickBooks_Data_64_Bit_QRemote[[#This Row],[SalesOrderLineInvoiced]],Tabla_Consulta_desde_QuickBooks_Data_64_Bit_QRemote[[#This Row],[SalesOrderLineInvoiced]]/MID(Tabla_Consulta_desde_QuickBooks_Data_64_Bit_QRemote[[#This Row],[SalesOrderLineUnitOfMeasure]],2,2)),0)","v":0},{"$f":"+Tabla_Consulta_desde_QuickBooks_Data_64_Bit_QRemote[[#This Row],[facturado]]-Tabla_Consulta_desde_QuickBooks_Data_64_Bit_QRemote[[#This Row],[pide]]","v":-3},{"$f":"IF(Tabla_Consulta_desde_QuickBooks_Data_64_Bit_QRemote[[#This Row],[diferecia]]=0,\"ok\",\"diferen\")","v":"diferen"},{"$f":"IFERROR(INDEX(um!A:C,MATCH(Tabla_Consulta_desde_QuickBooks_Data_64_Bit_QRemote[[#This Row],[SalesOrderLineItemRefFullName]],um!A:A,0),3),\"\")","v":"X12"},{"$f":"IFERROR(IF(OR(Tabla_Consulta_desde_QuickBooks_Data_64_Bit_QRemote[[#This Row],[SalesOrderLineUnitOfMeasure]]=\"UN\",Tabla_Consulta_desde_QuickBooks_Data_64_Bit_QRemote[[#This Row],[SalesOrderLineUnitOfMeasure]]=Tabla_Consulta_desde_QuickBooks_Data_64_Bit_QRemote[[#This Row],[U/M]]),\"\",\"ERROR\"),\"\")","v":""},{"$f":"+WEEKNUM(Tabla_Consulta_desde_QuickBooks_Data_64_Bit_QRemote[[#This Row],[TxnDate]])","v":23},{"$f":"+Tabla_Consulta_desde_QuickBooks_Data_64_Bit_QRemote[[#This Row],[SalesOrderLineRate]]*Tabla_Consulta_desde_QuickBooks_Data_64_Bit_QRemote[[#This Row],[SalesOrderLineInvoiced]]","v":0},{"$f":"+IFERROR(IF(Tabla_Consulta_desde_QuickBooks_Data_64_Bit_QRemote[[#This Row],[CustomerRefFullName]]=\"GRUVALCORP SA\",VLOOKUP(Tabla_Consulta_desde_QuickBooks_Data_64_Bit_QRemote[[#This Row],[SalesOrderLineItemRefFullName]],Hoja1!A:E,5,FALSE),\"\")*-Tabla_Consulta_desde_QuickBooks_Data_64_Bit_QRemote[[#This Row],[SalesOrderLineAmount]],\"\")","v":""},{"$f":"IF(COUNTIF(wms!E:E,Tabla_Consulta_desde_QuickBooks_Data_64_Bit_QRemote[[#This Row],[RefNumber]])>0,\"OK\",\"FALTA\")","v":"OK"}]
["2025-06-03","29120","LIRIS S. A.","OC_005559153",2,"7862112522503","P.T:110802","SALSA AJÍ ROCOTO CREMOSO OLE DP 200G","Bodega Producto Terminado",48,"X12",1.1299999999999999,54.24,"UNIDAD SALSA",0,1533.34,1763.34,"IVA EN VENTAS 15%",{"$f":"IFERROR(IF(Tabla_Consulta_desde_QuickBooks_Data_64_Bit_QRemote[[#This Row],[SalesOrderLineUnitOfMeasure]]=\"un\",Tabla_Consulta_desde_QuickBooks_Data_64_Bit_QRemote[[#This Row],[SalesOrderLineQuantity]],Tabla_Consulta_desde_QuickBooks_Data_64_Bit_QRemote[[#This Row],[SalesOrderLineQuantity]]/MID(Tabla_Consulta_desde_QuickBooks_Data_64_Bit_QRemote[[#This Row],[SalesOrderLineUnitOfMeasure]],2,2)),0)","v":4},{"$f":"IFERROR(IF(Tabla_Consulta_desde_QuickBooks_Data_64_Bit_QRemote[[#This Row],[SalesOrderLineUnitOfMeasure]]=\"un\",Tabla_Consulta_desde_QuickBooks_Data_64_Bit_QRemote[[#This Row],[SalesOrderLineInvoiced]],Tabla_Consulta_desde_QuickBooks_Data_64_Bit_QRemote[[#This Row],[SalesOrderLineInvoiced]]/MID(Tabla_Consulta_desde_QuickBooks_Data_64_Bit_QRemote[[#This Row],[SalesOrderLineUnitOfMeasure]],2,2)),0)","v":0},{"$f":"+Tabla_Consulta_desde_QuickBooks_Data_64_Bit_QRemote[[#This Row],[facturado]]-Tabla_Consulta_desde_QuickBooks_Data_64_Bit_QRemote[[#This Row],[pide]]","v":-4},{"$f":"IF(Tabla_Consulta_desde_QuickBooks_Data_64_Bit_QRemote[[#This Row],[diferecia]]=0,\"ok\",\"diferen\")","v":"diferen"},{"$f":"IFERROR(INDEX(um!A:C,MATCH(Tabla_Consulta_desde_QuickBooks_Data_64_Bit_QRemote[[#This Row],[SalesOrderLineItemRefFullName]],um!A:A,0),3),\"\")","v":"X12"},{"$f":"IFERROR(IF(OR(Tabla_Consulta_desde_QuickBooks_Data_64_Bit_QRemote[[#This Row],[SalesOrderLineUnitOfMeasure]]=\"UN\",Tabla_Consulta_desde_QuickBooks_Data_64_Bit_QRemote[[#This Row],[SalesOrderLineUnitOfMeasure]]=Tabla_Consulta_desde_QuickBooks_Data_64_Bit_QRemote[[#This Row],[U/M]]),\"\",\"ERROR\"),\"\")","v":""},{"$f":"+WEEKNUM(Tabla_Consulta_desde_QuickBooks_Data_64_Bit_QRemote[[#This Row],[TxnDate]])","v":23},{"$f":"+Tabla_Consulta_desde_QuickBooks_Data_64_Bit_QRemote[[#This Row],[SalesOrderLineRate]]*Tabla_Consulta_desde_QuickBooks_Data_64_Bit_QRemote[[#This Row],[SalesOrderLineInvoiced]]","v":0},{"$f":"+IFERROR(IF(Tabla_Consulta_desde_QuickBooks_Data_64_Bit_QRemote[[#This Row],[CustomerRefFullName]]=\"GRUVALCORP SA\",VLOOKUP(Tabla_Consulta_desde_QuickBooks_Data_64_Bit_QRemote[[#This Row],[SalesOrderLineItemRefFullName]],Hoja1!A:E,5,FALSE),\"\")*-Tabla_Consulta_desde_QuickBooks_Data_64_Bit_QRemote[[#This Row],[SalesOrderLineAmount]],\"\")","v":""},{"$f":"IF(COUNTIF(wms!E:E,Tabla_Consulta_desde_QuickBooks_Data_64_Bit_QRemote[[#This Row],[RefNumber]])>0,\"OK\",\"FALTA\")","v":"OK"}]
["2025-06-03","29120","LIRIS S. A.","OC_005559153",3,"7862112522787","P.T:311606","SALSA QUESO CHEDDAR OLE 200G","Bodega Producto Terminado",24,"X24",1.59,38.159999999999997,"UNIDAD SALSA",0,1533.34,1763.34,"IVA EN VENTAS 15%",{"$f":"IFERROR(IF(Tabla_Consulta_desde_QuickBooks_Data_64_Bit_QRemote[[#This Row],[SalesOrderLineUnitOfMeasure]]=\"un\",Tabla_Consulta_desde_QuickBooks_Data_64_Bit_QRemote[[#This Row],[SalesOrderLineQuantity]],Tabla_Consulta_desde_QuickBooks_Data_64_Bit_QRemote[[#This Row],[SalesOrderLineQuantity]]/MID(Tabla_Consulta_desde_QuickBooks_Data_64_Bit_QRemote[[#This Row],[SalesOrderLineUnitOfMeasure]],2,2)),0)","v":1},{"$f":"IFERROR(IF(Tabla_Consulta_desde_QuickBooks_Data_64_Bit_QRemote[[#This Row],[SalesOrderLineUnitOfMeasure]]=\"un\",Tabla_Consulta_desde_QuickBooks_Data_64_Bit_QRemote[[#This Row],[SalesOrderLineInvoiced]],Tabla_Consulta_desde_QuickBooks_Data_64_Bit_QRemote[[#This Row],[SalesOrderLineInvoiced]]/MID(Tabla_Consulta_desde_QuickBooks_Data_64_Bit_QRemote[[#This Row],[SalesOrderLineUnitOfMeasure]],2,2)),0)","v":0},{"$f":"+Tabla_Consulta_desde_QuickBooks_Data_64_Bit_QRemote[[#This Row],[facturado]]-Tabla_Consulta_desde_QuickBooks_Data_64_Bit_QRemote[[#This Row],[pide]]","v":-1},{"$f":"IF(Tabla_Consulta_desde_QuickBooks_Data_64_Bit_QRemote[[#This Row],[diferecia]]=0,\"ok\",\"diferen\")","v":"diferen"},{"$f":"IFERROR(INDEX(um!A:C,MATCH(Tabla_Consulta_desde_QuickBooks_Data_64_Bit_QRemote[[#This Row],[SalesOrderLineItemRefFullName]],um!A:A,0),3),\"\")","v":"X24"},{"$f":"IFERROR(IF(OR(Tabla_Consulta_desde_QuickBooks_Data_64_Bit_QRemote[[#This Row],[SalesOrderLineUnitOfMeasure]]=\"UN\",Tabla_Consulta_desde_QuickBooks_Data_64_Bit_QRemote[[#This Row],[SalesOrderLineUnitOfMeasure]]=Tabla_Consulta_desde_QuickBooks_Data_64_Bit_QRemote[[#This Row],[U/M]]),\"\",\"ERROR\"),\"\")","v":""},{"$f":"+WEEKNUM(Tabla_Consulta_desde_QuickBooks_Data_64_Bit_QRemote[[#This Row],[TxnDate]])","v":23},{"$f":"+Tabla_Consulta_desde_QuickBooks_Data_64_Bit_QRemote[[#This Row],[SalesOrderLineRate]]*Tabla_Consulta_desde_QuickBooks_Data_64_Bit_QRemote[[#This Row],[SalesOrderLineInvoiced]]","v":0},{"$f":"+IFERROR(IF(Tabla_Consulta_desde_QuickBooks_Data_64_Bit_QRemote[[#This Row],[CustomerRefFullName]]=\"GRUVALCORP SA\",VLOOKUP(Tabla_Consulta_desde_QuickBooks_Data_64_Bit_QRemote[[#This Row],[SalesOrderLineItemRefFullName]],Hoja1!A:E,5,FALSE),\"\")*-Tabla_Consulta_desde_QuickBooks_Data_64_Bit_QRemote[[#This Row],[SalesOrderLineAmount]],\"\")","v":""},{"$f":"IF(COUNTIF(wms!E:E,Tabla_Consulta_desde_QuickBooks_Data_64_Bit_QRemote[[#This Row],[RefNumber]])>0,\"OK\",\"FALTA\")","v":"OK"}]
["2025-06-03","29120","LIRIS S. A.","OC_005559153",4,"7862112522794","P.T:311605","SALSA CHICKEN DIPPIN OLE 200G","Bodega Producto Terminado",48,"X24",1.31,62.88,"UNIDAD SALSA",0,1533.34,1763.34,"IVA EN VENTAS 15%",{"$f":"IFERROR(IF(Tabla_Consulta_desde_QuickBooks_Data_64_Bit_QRemote[[#This Row],[SalesOrderLineUnitOfMeasure]]=\"un\",Tabla_Consulta_desde_QuickBooks_Data_64_Bit_QRemote[[#This Row],[SalesOrderLineQuantity]],Tabla_Consulta_desde_QuickBooks_Data_64_Bit_QRemote[[#This Row],[SalesOrderLineQuantity]]/MID(Tabla_Consulta_desde_QuickBooks_Data_64_Bit_QRemote[[#This Row],[SalesOrderLineUnitOfMeasure]],2,2)),0)","v":2},{"$f":"IFERROR(IF(Tabla_Consulta_desde_QuickBooks_Data_64_Bit_QRemote[[#This Row],[SalesOrderLineUnitOfMeasure]]=\"un\",Tabla_Consulta_desde_QuickBooks_Data_64_Bit_QRemote[[#This Row],[SalesOrderLineInvoiced]],Tabla_Consulta_desde_QuickBooks_Data_64_Bit_QRemote[[#This Row],[SalesOrderLineInvoiced]]/MID(Tabla_Consulta_desde_QuickBooks_Data_64_Bit_QRemote[[#This Row],[SalesOrderLineUnitOfMeasure]],2,2)),0)","v":0},{"$f":"+Tabla_Consulta_desde_QuickBooks_Data_64_Bit_QRemote[[#This Row],[facturado]]-Tabla_Consulta_desde_QuickBooks_Data_64_Bit_QRemote[[#This Row],[pide]]","v":-2},{"$f":"IF(Tabla_Consulta_desde_QuickBooks_Data_64_Bit_QRemote[[#This Row],[diferecia]]=0,\"ok\",\"diferen\")","v":"diferen"},{"$f":"IFERROR(INDEX(um!A:C,MATCH(Tabla_Consulta_desde_QuickBooks_Data_64_Bit_QRemote[[#This Row],[SalesOrderLineItemRefFullName]],um!A:A,0),3),\"\")","v":"X24"},{"$f":"IFERROR(IF(OR(Tabla_Consulta_desde_QuickBooks_Data_64_Bit_QRemote[[#This Row],[SalesOrderLineUnitOfMeasure]]=\"UN\",Tabla_Consulta_desde_QuickBooks_Data_64_Bit_QRemote[[#This Row],[SalesOrderLineUnitOfMeasure]]=Tabla_Consulta_desde_QuickBooks_Data_64_Bit_QRemote[[#This Row],[U/M]]),\"\",\"ERROR\"),\"\")","v":""},{"$f":"+WEEKNUM(Tabla_Consulta_desde_QuickBooks_Data_64_Bit_QRemote[[#This Row],[TxnDate]])","v":23},{"$f":"+Tabla_Consulta_desde_QuickBooks_Data_64_Bit_QRemote[[#This Row],[SalesOrderLineRate]]*Tabla_Consulta_desde_QuickBooks_Data_64_Bit_QRemote[[#This Row],[SalesOrderLineInvoiced]]","v":0},{"$f":"+IFERROR(IF(Tabla_Consulta_desde_QuickBooks_Data_64_Bit_QRemote[[#This Row],[CustomerRefFullName]]=\"GRUVALCORP SA\",VLOOKUP(Tabla_Consulta_desde_QuickBooks_Data_64_Bit_QRemote[[#This Row],[SalesOrderLineItemRefFullName]],Hoja1!A:E,5,FALSE),\"\")*-Tabla_Consulta_desde_QuickBooks_Data_64_Bit_QRemote[[#This Row],[SalesOrderLineAmount]],\"\")","v":""},{"$f":"IF(COUNTIF(wms!E:E,Tabla_Consulta_desde_QuickBooks_Data_64_Bit_QRemote[[#This Row],[RefNumber]])>0,\"OK\",\"FALTA\")","v":"OK"}]
["2025-06-03","29120","LIRIS S. A.","OC_005559153",5,"7862112522732","PT:220135","TOTOPOS SABOR GUACAMOLE OLE 120G","Bodega Producto Terminado",48,"X12",0.97,46.56,"UNIDAD SNCKS",0,1533.34,1763.34,"IVA EN VENTAS 15%",{"$f":"IFERROR(IF(Tabla_Consulta_desde_QuickBooks_Data_64_Bit_QRemote[[#This Row],[SalesOrderLineUnitOfMeasure]]=\"un\",Tabla_Consulta_desde_QuickBooks_Data_64_Bit_QRemote[[#This Row],[SalesOrderLineQuantity]],Tabla_Consulta_desde_QuickBooks_Data_64_Bit_QRemote[[#This Row],[SalesOrderLineQuantity]]/MID(Tabla_Consulta_desde_QuickBooks_Data_64_Bit_QRemote[[#This Row],[SalesOrderLineUnitOfMeasure]],2,2)),0)","v":4},{"$f":"IFERROR(IF(Tabla_Consulta_desde_QuickBooks_Data_64_Bit_QRemote[[#This Row],[SalesOrderLineUnitOfMeasure]]=\"un\",Tabla_Consulta_desde_QuickBooks_Data_64_Bit_QRemote[[#This Row],[SalesOrderLineInvoiced]],Tabla_Consulta_desde_QuickBooks_Data_64_Bit_QRemote[[#This Row],[SalesOrderLineInvoiced]]/MID(Tabla_Consulta_desde_QuickBooks_Data_64_Bit_QRemote[[#This Row],[SalesOrderLineUnitOfMeasure]],2,2)),0)","v":0},{"$f":"+Tabla_Consulta_desde_QuickBooks_Data_64_Bit_QRemote[[#This Row],[facturado]]-Tabla_Consulta_desde_QuickBooks_Data_64_Bit_QRemote[[#This Row],[pide]]","v":-4},{"$f":"IF(Tabla_Consulta_desde_QuickBooks_Data_64_Bit_QRemote[[#This Row],[diferecia]]=0,\"ok\",\"diferen\")","v":"diferen"},{"$f":"IFERROR(INDEX(um!A:C,MATCH(Tabla_Consulta_desde_QuickBooks_Data_64_Bit_QRemote[[#This Row],[SalesOrderLineItemRefFullName]],um!A:A,0),3),\"\")","v":"X12"},{"$f":"IFERROR(IF(OR(Tabla_Consulta_desde_QuickBooks_Data_64_Bit_QRemote[[#This Row],[SalesOrderLineUnitOfMeasure]]=\"UN\",Tabla_Consulta_desde_QuickBooks_Data_64_Bit_QRemote[[#This Row],[SalesOrderLineUnitOfMeasure]]=Tabla_Consulta_desde_QuickBooks_Data_64_Bit_QRemote[[#This Row],[U/M]]),\"\",\"ERROR\"),\"\")","v":""},{"$f":"+WEEKNUM(Tabla_Consulta_desde_QuickBooks_Data_64_Bit_QRemote[[#This Row],[TxnDate]])","v":23},{"$f":"+Tabla_Consulta_desde_QuickBooks_Data_64_Bit_QRemote[[#This Row],[SalesOrderLineRate]]*Tabla_Consulta_desde_QuickBooks_Data_64_Bit_QRemote[[#This Row],[SalesOrderLineInvoiced]]","v":0},{"$f":"+IFERROR(IF(Tabla_Consulta_desde_QuickBooks_Data_64_Bit_QRemote[[#This Row],[CustomerRefFullName]]=\"GRUVALCORP SA\",VLOOKUP(Tabla_Consulta_desde_QuickBooks_Data_64_Bit_QRemote[[#This Row],[SalesOrderLineItemRefFullName]],Hoja1!A:E,5,FALSE),\"\")*-Tabla_Consulta_desde_QuickBooks_Data_64_Bit_QRemote[[#This Row],[SalesOrderLineAmount]],\"\")","v":""},{"$f":"IF(COUNTIF(wms!E:E,Tabla_Consulta_desde_QuickBooks_Data_64_Bit_QRemote[[#This Row],[RefNumber]])>0,\"OK\",\"FALTA\")","v":"OK"}]
["2025-06-03","29120","LIRIS S. A.","OC_005559153",6,"7862112521698","P.T:311407","VINAGRE DE MANZANA CON LA MADRE OLE 500ML","Bodega Producto Terminado",24,"X12",4.28,102.72,"UNIDAD SALSA",0,1533.34,1763.34,"IVA EN VENTAS 15%",{"$f":"IFERROR(IF(Tabla_Consulta_desde_QuickBooks_Data_64_Bit_QRemote[[#This Row],[SalesOrderLineUnitOfMeasure]]=\"un\",Tabla_Consulta_desde_QuickBooks_Data_64_Bit_QRemote[[#This Row],[SalesOrderLineQuantity]],Tabla_Consulta_desde_QuickBooks_Data_64_Bit_QRemote[[#This Row],[SalesOrderLineQuantity]]/MID(Tabla_Consulta_desde_QuickBooks_Data_64_Bit_QRemote[[#This Row],[SalesOrderLineUnitOfMeasure]],2,2)),0)","v":2},{"$f":"IFERROR(IF(Tabla_Consulta_desde_QuickBooks_Data_64_Bit_QRemote[[#This Row],[SalesOrderLineUnitOfMeasure]]=\"un\",Tabla_Consulta_desde_QuickBooks_Data_64_Bit_QRemote[[#This Row],[SalesOrderLineInvoiced]],Tabla_Consulta_desde_QuickBooks_Data_64_Bit_QRemote[[#This Row],[SalesOrderLineInvoiced]]/MID(Tabla_Consulta_desde_QuickBooks_Data_64_Bit_QRemote[[#This Row],[SalesOrderLineUnitOfMeasure]],2,2)),0)","v":0},{"$f":"+Tabla_Consulta_desde_QuickBooks_Data_64_Bit_QRemote[[#This Row],[facturado]]-Tabla_Consulta_desde_QuickBooks_Data_64_Bit_QRemote[[#This Row],[pide]]","v":-2},{"$f":"IF(Tabla_Consulta_desde_QuickBooks_Data_64_Bit_QRemote[[#This Row],[diferecia]]=0,\"ok\",\"diferen\")","v":"diferen"},{"$f":"IFERROR(INDEX(um!A:C,MATCH(Tabla_Consulta_desde_QuickBooks_Data_64_Bit_QRemote[[#This Row],[SalesOrderLineItemRefFullName]],um!A:A,0),3),\"\")","v":"X12"},{"$f":"IFERROR(IF(OR(Tabla_Consulta_desde_QuickBooks_Data_64_Bit_QRemote[[#This Row],[SalesOrderLineUnitOfMeasure]]=\"UN\",Tabla_Consulta_desde_QuickBooks_Data_64_Bit_QRemote[[#This Row],[SalesOrderLineUnitOfMeasure]]=Tabla_Consulta_desde_QuickBooks_Data_64_Bit_QRemote[[#This Row],[U/M]]),\"\",\"ERROR\"),\"\")","v":""},{"$f":"+WEEKNUM(Tabla_Consulta_desde_QuickBooks_Data_64_Bit_QRemote[[#This Row],[TxnDate]])","v":23},{"$f":"+Tabla_Consulta_desde_QuickBooks_Data_64_Bit_QRemote[[#This Row],[SalesOrderLineRate]]*Tabla_Consulta_desde_QuickBooks_Data_64_Bit_QRemote[[#This Row],[SalesOrderLineInvoiced]]","v":0},{"$f":"+IFERROR(IF(Tabla_Consulta_desde_QuickBooks_Data_64_Bit_QRemote[[#This Row],[CustomerRefFullName]]=\"GRUVALCORP SA\",VLOOKUP(Tabla_Consulta_desde_QuickBooks_Data_64_Bit_QRemote[[#This Row],[SalesOrderLineItemRefFullName]],Hoja1!A:E,5,FALSE),\"\")*-Tabla_Consulta_desde_QuickBooks_Data_64_Bit_QRemote[[#This Row],[SalesOrderLineAmount]],\"\")","v":""},{"$f":"IF(COUNTIF(wms!E:E,Tabla_Consulta_desde_QuickBooks_Data_64_Bit_QRemote[[#This Row],[RefNumber]])>0,\"OK\",\"FALTA\")","v":"OK"}]
["2025-06-03","29120","LIRIS S. A.","OC_005559153",7,"7862112522473","PT:220134","TOTOPOS MICHELADA OLE 120G","Bodega Producto Terminado",12,"X12",0.97,11.64,"UNIDAD SNCKS",0,1533.34,1763.34,"IVA EN VENTAS 15%",{"$f":"IFERROR(IF(Tabla_Consulta_desde_QuickBooks_Data_64_Bit_QRemote[[#This Row],[SalesOrderLineUnitOfMeasure]]=\"un\",Tabla_Consulta_desde_QuickBooks_Data_64_Bit_QRemote[[#This Row],[SalesOrderLineQuantity]],Tabla_Consulta_desde_QuickBooks_Data_64_Bit_QRemote[[#This Row],[SalesOrderLineQuantity]]/MID(Tabla_Consulta_desde_QuickBooks_Data_64_Bit_QRemote[[#This Row],[SalesOrderLineUnitOfMeasure]],2,2)),0)","v":1},{"$f":"IFERROR(IF(Tabla_Consulta_desde_QuickBooks_Data_64_Bit_QRemote[[#This Row],[SalesOrderLineUnitOfMeasure]]=\"un\",Tabla_Consulta_desde_QuickBooks_Data_64_Bit_QRemote[[#This Row],[SalesOrderLineInvoiced]],Tabla_Consulta_desde_QuickBooks_Data_64_Bit_QRemote[[#This Row],[SalesOrderLineInvoiced]]/MID(Tabla_Consulta_desde_QuickBooks_Data_64_Bit_QRemote[[#This Row],[SalesOrderLineUnitOfMeasure]],2,2)),0)","v":0},{"$f":"+Tabla_Consulta_desde_QuickBooks_Data_64_Bit_QRemote[[#This Row],[facturado]]-Tabla_Consulta_desde_QuickBooks_Data_64_Bit_QRemote[[#This Row],[pide]]","v":-1},{"$f":"IF(Tabla_Consulta_desde_QuickBooks_Data_64_Bit_QRemote[[#This Row],[diferecia]]=0,\"ok\",\"diferen\")","v":"diferen"},{"$f":"IFERROR(INDEX(um!A:C,MATCH(Tabla_Consulta_desde_QuickBooks_Data_64_Bit_QRemote[[#This Row],[SalesOrderLineItemRefFullName]],um!A:A,0),3),\"\")","v":"X12"},{"$f":"IFERROR(IF(OR(Tabla_Consulta_desde_QuickBooks_Data_64_Bit_QRemote[[#This Row],[SalesOrderLineUnitOfMeasure]]=\"UN\",Tabla_Consulta_desde_QuickBooks_Data_64_Bit_QRemote[[#This Row],[SalesOrderLineUnitOfMeasure]]=Tabla_Consulta_desde_QuickBooks_Data_64_Bit_QRemote[[#This Row],[U/M]]),\"\",\"ERROR\"),\"\")","v":""},{"$f":"+WEEKNUM(Tabla_Consulta_desde_QuickBooks_Data_64_Bit_QRemote[[#This Row],[TxnDate]])","v":23},{"$f":"+Tabla_Consulta_desde_QuickBooks_Data_64_Bit_QRemote[[#This Row],[SalesOrderLineRate]]*Tabla_Consulta_desde_QuickBooks_Data_64_Bit_QRemote[[#This Row],[SalesOrderLineInvoiced]]","v":0},{"$f":"+IFERROR(IF(Tabla_Consulta_desde_QuickBooks_Data_64_Bit_QRemote[[#This Row],[CustomerRefFullName]]=\"GRUVALCORP SA\",VLOOKUP(Tabla_Consulta_desde_QuickBooks_Data_64_Bit_QRemote[[#This Row],[SalesOrderLineItemRefFullName]],Hoja1!A:E,5,FALSE),\"\")*-Tabla_Consulta_desde_QuickBooks_Data_64_Bit_QRemote[[#This Row],[SalesOrderLineAmount]],\"\")","v":""},{"$f":"IF(COUNTIF(wms!E:E,Tabla_Consulta_desde_QuickBooks_Data_64_Bit_QRemote[[#This Row],[RefNumber]])>0,\"OK\",\"FALTA\")","v":"OK"}]
["2025-06-03","29120","LIRIS S. A.","OC_005559153",8,"7862112522527","P.T:110803","SALSA GUACAMOLE ORIGINAL OLE DP 200G","Bodega Producto Terminado",12,"X12",1.44,17.28,"UNIDAD SALSA",0,1533.34,1763.34,"IVA EN VENTAS 15%",{"$f":"IFERROR(IF(Tabla_Consulta_desde_QuickBooks_Data_64_Bit_QRemote[[#This Row],[SalesOrderLineUnitOfMeasure]]=\"un\",Tabla_Consulta_desde_QuickBooks_Data_64_Bit_QRemote[[#This Row],[SalesOrderLineQuantity]],Tabla_Consulta_desde_QuickBooks_Data_64_Bit_QRemote[[#This Row],[SalesOrderLineQuantity]]/MID(Tabla_Consulta_desde_QuickBooks_Data_64_Bit_QRemote[[#This Row],[SalesOrderLineUnitOfMeasure]],2,2)),0)","v":1},{"$f":"IFERROR(IF(Tabla_Consulta_desde_QuickBooks_Data_64_Bit_QRemote[[#This Row],[SalesOrderLineUnitOfMeasure]]=\"un\",Tabla_Consulta_desde_QuickBooks_Data_64_Bit_QRemote[[#This Row],[SalesOrderLineInvoiced]],Tabla_Consulta_desde_QuickBooks_Data_64_Bit_QRemote[[#This Row],[SalesOrderLineInvoiced]]/MID(Tabla_Consulta_desde_QuickBooks_Data_64_Bit_QRemote[[#This Row],[SalesOrderLineUnitOfMeasure]],2,2)),0)","v":0},{"$f":"+Tabla_Consulta_desde_QuickBooks_Data_64_Bit_QRemote[[#This Row],[facturado]]-Tabla_Consulta_desde_QuickBooks_Data_64_Bit_QRemote[[#This Row],[pide]]","v":-1},{"$f":"IF(Tabla_Consulta_desde_QuickBooks_Data_64_Bit_QRemote[[#This Row],[diferecia]]=0,\"ok\",\"diferen\")","v":"diferen"},{"$f":"IFERROR(INDEX(um!A:C,MATCH(Tabla_Consulta_desde_QuickBooks_Data_64_Bit_QRemote[[#This Row],[SalesOrderLineItemRefFullName]],um!A:A,0),3),\"\")","v":"X12"},{"$f":"IFERROR(IF(OR(Tabla_Consulta_desde_QuickBooks_Data_64_Bit_QRemote[[#This Row],[SalesOrderLineUnitOfMeasure]]=\"UN\",Tabla_Consulta_desde_QuickBooks_Data_64_Bit_QRemote[[#This Row],[SalesOrderLineUnitOfMeasure]]=Tabla_Consulta_desde_QuickBooks_Data_64_Bit_QRemote[[#This Row],[U/M]]),\"\",\"ERROR\"),\"\")","v":""},{"$f":"+WEEKNUM(Tabla_Consulta_desde_QuickBooks_Data_64_Bit_QRemote[[#This Row],[TxnDate]])","v":23},{"$f":"+Tabla_Consulta_desde_QuickBooks_Data_64_Bit_QRemote[[#This Row],[SalesOrderLineRate]]*Tabla_Consulta_desde_QuickBooks_Data_64_Bit_QRemote[[#This Row],[SalesOrderLineInvoiced]]","v":0},{"$f":"+IFERROR(IF(Tabla_Consulta_desde_QuickBooks_Data_64_Bit_QRemote[[#This Row],[CustomerRefFullName]]=\"GRUVALCORP SA\",VLOOKUP(Tabla_Consulta_desde_QuickBooks_Data_64_Bit_QRemote[[#This Row],[SalesOrderLineItemRefFullName]],Hoja1!A:E,5,FALSE),\"\")*-Tabla_Consulta_desde_QuickBooks_Data_64_Bit_QRemote[[#This Row],[SalesOrderLineAmount]],\"\")","v":""},{"$f":"IF(COUNTIF(wms!E:E,Tabla_Consulta_desde_QuickBooks_Data_64_Bit_QRemote[[#This Row],[RefNumber]])>0,\"OK\",\"FALTA\")","v":"OK"}]
["2025-06-03","29120","LIRIS S. A.","OC_005559153",9,"7862112522848","PT:221004","ARITOS DE PAPA SABOR CEBOLLA CHILE Y LIMÓN OLE 100G","Bodega Producto Terminado",10,"X10",1.22,12.2,"UNIDAD SNCKS",0,1533.34,1763.34,"IVA EN VENTAS 15%",{"$f":"IFERROR(IF(Tabla_Consulta_desde_QuickBooks_Data_64_Bit_QRemote[[#This Row],[SalesOrderLineUnitOfMeasure]]=\"un\",Tabla_Consulta_desde_QuickBooks_Data_64_Bit_QRemote[[#This Row],[SalesOrderLineQuantity]],Tabla_Consulta_desde_QuickBooks_Data_64_Bit_QRemote[[#This Row],[SalesOrderLineQuantity]]/MID(Tabla_Consulta_desde_QuickBooks_Data_64_Bit_QRemote[[#This Row],[SalesOrderLineUnitOfMeasure]],2,2)),0)","v":1},{"$f":"IFERROR(IF(Tabla_Consulta_desde_QuickBooks_Data_64_Bit_QRemote[[#This Row],[SalesOrderLineUnitOfMeasure]]=\"un\",Tabla_Consulta_desde_QuickBooks_Data_64_Bit_QRemote[[#This Row],[SalesOrderLineInvoiced]],Tabla_Consulta_desde_QuickBooks_Data_64_Bit_QRemote[[#This Row],[SalesOrderLineInvoiced]]/MID(Tabla_Consulta_desde_QuickBooks_Data_64_Bit_QRemote[[#This Row],[SalesOrderLineUnitOfMeasure]],2,2)),0)","v":0},{"$f":"+Tabla_Consulta_desde_QuickBooks_Data_64_Bit_QRemote[[#This Row],[facturado]]-Tabla_Consulta_desde_QuickBooks_Data_64_Bit_QRemote[[#This Row],[pide]]","v":-1},{"$f":"IF(Tabla_Consulta_desde_QuickBooks_Data_64_Bit_QRemote[[#This Row],[diferecia]]=0,\"ok\",\"diferen\")","v":"diferen"},{"$f":"IFERROR(INDEX(um!A:C,MATCH(Tabla_Consulta_desde_QuickBooks_Data_64_Bit_QRemote[[#This Row],[SalesOrderLineItemRefFullName]],um!A:A,0),3),\"\")","v":"X10"},{"$f":"IFERROR(IF(OR(Tabla_Consulta_desde_QuickBooks_Data_64_Bit_QRemote[[#This Row],[SalesOrderLineUnitOfMeasure]]=\"UN\",Tabla_Consulta_desde_QuickBooks_Data_64_Bit_QRemote[[#This Row],[SalesOrderLineUnitOfMeasure]]=Tabla_Consulta_desde_QuickBooks_Data_64_Bit_QRemote[[#This Row],[U/M]]),\"\",\"ERROR\"),\"\")","v":""},{"$f":"+WEEKNUM(Tabla_Consulta_desde_QuickBooks_Data_64_Bit_QRemote[[#This Row],[TxnDate]])","v":23},{"$f":"+Tabla_Consulta_desde_QuickBooks_Data_64_Bit_QRemote[[#This Row],[SalesOrderLineRate]]*Tabla_Consulta_desde_QuickBooks_Data_64_Bit_QRemote[[#This Row],[SalesOrderLineInvoiced]]","v":0},{"$f":"+IFERROR(IF(Tabla_Consulta_desde_QuickBooks_Data_64_Bit_QRemote[[#This Row],[CustomerRefFullName]]=\"GRUVALCORP SA\",VLOOKUP(Tabla_Consulta_desde_QuickBooks_Data_64_Bit_QRemote[[#This Row],[SalesOrderLineItemRefFullName]],Hoja1!A:E,5,FALSE),\"\")*-Tabla_Consulta_desde_QuickBooks_Data_64_Bit_QRemote[[#This Row],[SalesOrderLineAmount]],\"\")","v":""},{"$f":"IF(COUNTIF(wms!E:E,Tabla_Consulta_desde_QuickBooks_Data_64_Bit_QRemote[[#This Row],[RefNumber]])>0,\"OK\",\"FALTA\")","v":"OK"}]
["2025-06-03","29120","LIRIS S. A.","OC_005559153",10,"7862112523227","P.T:110313","SALSA BBQ WHISKY Y MIEL OLE 430G","Bodega Producto Terminado",60,"X12",2.1,126,"UNIDAD SALSA",0,1533.34,1763.34,"IVA EN VENTAS 15%",{"$f":"IFERROR(IF(Tabla_Consulta_desde_QuickBooks_Data_64_Bit_QRemote[[#This Row],[SalesOrderLineUnitOfMeasure]]=\"un\",Tabla_Consulta_desde_QuickBooks_Data_64_Bit_QRemote[[#This Row],[SalesOrderLineQuantity]],Tabla_Consulta_desde_QuickBooks_Data_64_Bit_QRemote[[#This Row],[SalesOrderLineQuantity]]/MID(Tabla_Consulta_desde_QuickBooks_Data_64_Bit_QRemote[[#This Row],[SalesOrderLineUnitOfMeasure]],2,2)),0)","v":5},{"$f":"IFERROR(IF(Tabla_Consulta_desde_QuickBooks_Data_64_Bit_QRemote[[#This Row],[SalesOrderLineUnitOfMeasure]]=\"un\",Tabla_Consulta_desde_QuickBooks_Data_64_Bit_QRemote[[#This Row],[SalesOrderLineInvoiced]],Tabla_Consulta_desde_QuickBooks_Data_64_Bit_QRemote[[#This Row],[SalesOrderLineInvoiced]]/MID(Tabla_Consulta_desde_QuickBooks_Data_64_Bit_QRemote[[#This Row],[SalesOrderLineUnitOfMeasure]],2,2)),0)","v":0},{"$f":"+Tabla_Consulta_desde_QuickBooks_Data_64_Bit_QRemote[[#This Row],[facturado]]-Tabla_Consulta_desde_QuickBooks_Data_64_Bit_QRemote[[#This Row],[pide]]","v":-5},{"$f":"IF(Tabla_Consulta_desde_QuickBooks_Data_64_Bit_QRemote[[#This Row],[diferecia]]=0,\"ok\",\"diferen\")","v":"diferen"},{"$f":"IFERROR(INDEX(um!A:C,MATCH(Tabla_Consulta_desde_QuickBooks_Data_64_Bit_QRemote[[#This Row],[SalesOrderLineItemRefFullName]],um!A:A,0),3),\"\")","v":"X12"},{"$f":"IFERROR(IF(OR(Tabla_Consulta_desde_QuickBooks_Data_64_Bit_QRemote[[#This Row],[SalesOrderLineUnitOfMeasure]]=\"UN\",Tabla_Consulta_desde_QuickBooks_Data_64_Bit_QRemote[[#This Row],[SalesOrderLineUnitOfMeasure]]=Tabla_Consulta_desde_QuickBooks_Data_64_Bit_QRemote[[#This Row],[U/M]]),\"\",\"ERROR\"),\"\")","v":""},{"$f":"+WEEKNUM(Tabla_Consulta_desde_QuickBooks_Data_64_Bit_QRemote[[#This Row],[TxnDate]])","v":23},{"$f":"+Tabla_Consulta_desde_QuickBooks_Data_64_Bit_QRemote[[#This Row],[SalesOrderLineRate]]*Tabla_Consulta_desde_QuickBooks_Data_64_Bit_QRemote[[#This Row],[SalesOrderLineInvoiced]]","v":0},{"$f":"+IFERROR(IF(Tabla_Consulta_desde_QuickBooks_Data_64_Bit_QRemote[[#This Row],[CustomerRefFullName]]=\"GRUVALCORP SA\",VLOOKUP(Tabla_Consulta_desde_QuickBooks_Data_64_Bit_QRemote[[#This Row],[SalesOrderLineItemRefFullName]],Hoja1!A:E,5,FALSE),\"\")*-Tabla_Consulta_desde_QuickBooks_Data_64_Bit_QRemote[[#This Row],[SalesOrderLineAmount]],\"\")","v":""},{"$f":"IF(COUNTIF(wms!E:E,Tabla_Consulta_desde_QuickBooks_Data_64_Bit_QRemote[[#This Row],[RefNumber]])>0,\"OK\",\"FALTA\")","v":"OK"}]
["2025-06-03","29120","LIRIS S. A.","OC_005559153",11,"7862112522183","P.T:110733","SALSA GUACAMOLE OLE 220G","Bodega Producto Terminado",36,"X12",1.71,61.56,"UNIDAD SALSA",0,1533.34,1763.34,"IVA EN VENTAS 15%",{"$f":"IFERROR(IF(Tabla_Consulta_desde_QuickBooks_Data_64_Bit_QRemote[[#This Row],[SalesOrderLineUnitOfMeasure]]=\"un\",Tabla_Consulta_desde_QuickBooks_Data_64_Bit_QRemote[[#This Row],[SalesOrderLineQuantity]],Tabla_Consulta_desde_QuickBooks_Data_64_Bit_QRemote[[#This Row],[SalesOrderLineQuantity]]/MID(Tabla_Consulta_desde_QuickBooks_Data_64_Bit_QRemote[[#This Row],[SalesOrderLineUnitOfMeasure]],2,2)),0)","v":3},{"$f":"IFERROR(IF(Tabla_Consulta_desde_QuickBooks_Data_64_Bit_QRemote[[#This Row],[SalesOrderLineUnitOfMeasure]]=\"un\",Tabla_Consulta_desde_QuickBooks_Data_64_Bit_QRemote[[#This Row],[SalesOrderLineInvoiced]],Tabla_Consulta_desde_QuickBooks_Data_64_Bit_QRemote[[#This Row],[SalesOrderLineInvoiced]]/MID(Tabla_Consulta_desde_QuickBooks_Data_64_Bit_QRemote[[#This Row],[SalesOrderLineUnitOfMeasure]],2,2)),0)","v":0},{"$f":"+Tabla_Consulta_desde_QuickBooks_Data_64_Bit_QRemote[[#This Row],[facturado]]-Tabla_Consulta_desde_QuickBooks_Data_64_Bit_QRemote[[#This Row],[pide]]","v":-3},{"$f":"IF(Tabla_Consulta_desde_QuickBooks_Data_64_Bit_QRemote[[#This Row],[diferecia]]=0,\"ok\",\"diferen\")","v":"diferen"},{"$f":"IFERROR(INDEX(um!A:C,MATCH(Tabla_Consulta_desde_QuickBooks_Data_64_Bit_QRemote[[#This Row],[SalesOrderLineItemRefFullName]],um!A:A,0),3),\"\")","v":"X12"},{"$f":"IFERROR(IF(OR(Tabla_Consulta_desde_QuickBooks_Data_64_Bit_QRemote[[#This Row],[SalesOrderLineUnitOfMeasure]]=\"UN\",Tabla_Consulta_desde_QuickBooks_Data_64_Bit_QRemote[[#This Row],[SalesOrderLineUnitOfMeasure]]=Tabla_Consulta_desde_QuickBooks_Data_64_Bit_QRemote[[#This Row],[U/M]]),\"\",\"ERROR\"),\"\")","v":""},{"$f":"+WEEKNUM(Tabla_Consulta_desde_QuickBooks_Data_64_Bit_QRemote[[#This Row],[TxnDate]])","v":23},{"$f":"+Tabla_Consulta_desde_QuickBooks_Data_64_Bit_QRemote[[#This Row],[SalesOrderLineRate]]*Tabla_Consulta_desde_QuickBooks_Data_64_Bit_QRemote[[#This Row],[SalesOrderLineInvoiced]]","v":0},{"$f":"+IFERROR(IF(Tabla_Consulta_desde_QuickBooks_Data_64_Bit_QRemote[[#This Row],[CustomerRefFullName]]=\"GRUVALCORP SA\",VLOOKUP(Tabla_Consulta_desde_QuickBooks_Data_64_Bit_QRemote[[#This Row],[SalesOrderLineItemRefFullName]],Hoja1!A:E,5,FALSE),\"\")*-Tabla_Consulta_desde_QuickBooks_Data_64_Bit_QRemote[[#This Row],[SalesOrderLineAmount]],\"\")","v":""},{"$f":"IF(COUNTIF(wms!E:E,Tabla_Consulta_desde_QuickBooks_Data_64_Bit_QRemote[[#This Row],[RefNumber]])>0,\"OK\",\"FALTA\")","v":"OK"}]
["2025-06-03","29120","LIRIS S. A.","OC_005559153",12,"7862112522756","PT:220136","TOTOPOS NATURAL MINI OLE 300G","Bodega Producto Terminado",12,"X12",1.72,20.64,"UNIDAD SNCKS",0,1533.34,1763.34,"IVA EN VENTAS 15%",{"$f":"IFERROR(IF(Tabla_Consulta_desde_QuickBooks_Data_64_Bit_QRemote[[#This Row],[SalesOrderLineUnitOfMeasure]]=\"un\",Tabla_Consulta_desde_QuickBooks_Data_64_Bit_QRemote[[#This Row],[SalesOrderLineQuantity]],Tabla_Consulta_desde_QuickBooks_Data_64_Bit_QRemote[[#This Row],[SalesOrderLineQuantity]]/MID(Tabla_Consulta_desde_QuickBooks_Data_64_Bit_QRemote[[#This Row],[SalesOrderLineUnitOfMeasure]],2,2)),0)","v":1},{"$f":"IFERROR(IF(Tabla_Consulta_desde_QuickBooks_Data_64_Bit_QRemote[[#This Row],[SalesOrderLineUnitOfMeasure]]=\"un\",Tabla_Consulta_desde_QuickBooks_Data_64_Bit_QRemote[[#This Row],[SalesOrderLineInvoiced]],Tabla_Consulta_desde_QuickBooks_Data_64_Bit_QRemote[[#This Row],[SalesOrderLineInvoiced]]/MID(Tabla_Consulta_desde_QuickBooks_Data_64_Bit_QRemote[[#This Row],[SalesOrderLineUnitOfMeasure]],2,2)),0)","v":0},{"$f":"+Tabla_Consulta_desde_QuickBooks_Data_64_Bit_QRemote[[#This Row],[facturado]]-Tabla_Consulta_desde_QuickBooks_Data_64_Bit_QRemote[[#This Row],[pide]]","v":-1},{"$f":"IF(Tabla_Consulta_desde_QuickBooks_Data_64_Bit_QRemote[[#This Row],[diferecia]]=0,\"ok\",\"diferen\")","v":"diferen"},{"$f":"IFERROR(INDEX(um!A:C,MATCH(Tabla_Consulta_desde_QuickBooks_Data_64_Bit_QRemote[[#This Row],[SalesOrderLineItemRefFullName]],um!A:A,0),3),\"\")","v":"X12"},{"$f":"IFERROR(IF(OR(Tabla_Consulta_desde_QuickBooks_Data_64_Bit_QRemote[[#This Row],[SalesOrderLineUnitOfMeasure]]=\"UN\",Tabla_Consulta_desde_QuickBooks_Data_64_Bit_QRemote[[#This Row],[SalesOrderLineUnitOfMeasure]]=Tabla_Consulta_desde_QuickBooks_Data_64_Bit_QRemote[[#This Row],[U/M]]),\"\",\"ERROR\"),\"\")","v":""},{"$f":"+WEEKNUM(Tabla_Consulta_desde_QuickBooks_Data_64_Bit_QRemote[[#This Row],[TxnDate]])","v":23},{"$f":"+Tabla_Consulta_desde_QuickBooks_Data_64_Bit_QRemote[[#This Row],[SalesOrderLineRate]]*Tabla_Consulta_desde_QuickBooks_Data_64_Bit_QRemote[[#This Row],[SalesOrderLineInvoiced]]","v":0},{"$f":"+IFERROR(IF(Tabla_Consulta_desde_QuickBooks_Data_64_Bit_QRemote[[#This Row],[CustomerRefFullName]]=\"GRUVALCORP SA\",VLOOKUP(Tabla_Consulta_desde_QuickBooks_Data_64_Bit_QRemote[[#This Row],[SalesOrderLineItemRefFullName]],Hoja1!A:E,5,FALSE),\"\")*-Tabla_Consulta_desde_QuickBooks_Data_64_Bit_QRemote[[#This Row],[SalesOrderLineAmount]],\"\")","v":""},{"$f":"IF(COUNTIF(wms!E:E,Tabla_Consulta_desde_QuickBooks_Data_64_Bit_QRemote[[#This Row],[RefNumber]])>0,\"OK\",\"FALTA\")","v":"OK"}]
["2025-06-03","29120","LIRIS S. A.","OC_005559153",13,"7862112522855","PT:220138","TOTOPOS AJI MARACUYA OLE 120G","Bodega Producto Terminado",12,"X12",0.97,11.64,"UNIDAD SNCKS",0,1533.34,1763.34,"IVA EN VENTAS 15%",{"$f":"IFERROR(IF(Tabla_Consulta_desde_QuickBooks_Data_64_Bit_QRemote[[#This Row],[SalesOrderLineUnitOfMeasure]]=\"un\",Tabla_Consulta_desde_QuickBooks_Data_64_Bit_QRemote[[#This Row],[SalesOrderLineQuantity]],Tabla_Consulta_desde_QuickBooks_Data_64_Bit_QRemote[[#This Row],[SalesOrderLineQuantity]]/MID(Tabla_Consulta_desde_QuickBooks_Data_64_Bit_QRemote[[#This Row],[SalesOrderLineUnitOfMeasure]],2,2)),0)","v":1},{"$f":"IFERROR(IF(Tabla_Consulta_desde_QuickBooks_Data_64_Bit_QRemote[[#This Row],[SalesOrderLineUnitOfMeasure]]=\"un\",Tabla_Consulta_desde_QuickBooks_Data_64_Bit_QRemote[[#This Row],[SalesOrderLineInvoiced]],Tabla_Consulta_desde_QuickBooks_Data_64_Bit_QRemote[[#This Row],[SalesOrderLineInvoiced]]/MID(Tabla_Consulta_desde_QuickBooks_Data_64_Bit_QRemote[[#This Row],[SalesOrderLineUnitOfMeasure]],2,2)),0)","v":0},{"$f":"+Tabla_Consulta_desde_QuickBooks_Data_64_Bit_QRemote[[#This Row],[facturado]]-Tabla_Consulta_desde_QuickBooks_Data_64_Bit_QRemote[[#This Row],[pide]]","v":-1},{"$f":"IF(Tabla_Consulta_desde_QuickBooks_Data_64_Bit_QRemote[[#This Row],[diferecia]]=0,\"ok\",\"diferen\")","v":"diferen"},{"$f":"IFERROR(INDEX(um!A:C,MATCH(Tabla_Consulta_desde_QuickBooks_Data_64_Bit_QRemote[[#This Row],[SalesOrderLineItemRefFullName]],um!A:A,0),3),\"\")","v":"X12"},{"$f":"IFERROR(IF(OR(Tabla_Consulta_desde_QuickBooks_Data_64_Bit_QRemote[[#This Row],[SalesOrderLineUnitOfMeasure]]=\"UN\",Tabla_Consulta_desde_QuickBooks_Data_64_Bit_QRemote[[#This Row],[SalesOrderLineUnitOfMeasure]]=Tabla_Consulta_desde_QuickBooks_Data_64_Bit_QRemote[[#This Row],[U/M]]),\"\",\"ERROR\"),\"\")","v":""},{"$f":"+WEEKNUM(Tabla_Consulta_desde_QuickBooks_Data_64_Bit_QRemote[[#This Row],[TxnDate]])","v":23},{"$f":"+Tabla_Consulta_desde_QuickBooks_Data_64_Bit_QRemote[[#This Row],[SalesOrderLineRate]]*Tabla_Consulta_desde_QuickBooks_Data_64_Bit_QRemote[[#This Row],[SalesOrderLineInvoiced]]","v":0},{"$f":"+IFERROR(IF(Tabla_Consulta_desde_QuickBooks_Data_64_Bit_QRemote[[#This Row],[CustomerRefFullName]]=\"GRUVALCORP SA\",VLOOKUP(Tabla_Consulta_desde_QuickBooks_Data_64_Bit_QRemote[[#This Row],[SalesOrderLineItemRefFullName]],Hoja1!A:E,5,FALSE),\"\")*-Tabla_Consulta_desde_QuickBooks_Data_64_Bit_QRemote[[#This Row],[SalesOrderLineAmount]],\"\")","v":""},{"$f":"IF(COUNTIF(wms!E:E,Tabla_Consulta_desde_QuickBooks_Data_64_Bit_QRemote[[#This Row],[RefNumber]])>0,\"OK\",\"FALTA\")","v":"OK"}]
["2025-06-03","29120","LIRIS S. A.","OC_005559153",14,"7862112522169","P.T:110734","DIP ORIGINAL ROASTED TOMATES ASADOS OLE 220G","Bodega Producto Terminado",60,"X12",1.5,90,"UNIDAD SALSA",0,1533.34,1763.34,"IVA EN VENTAS 15%",{"$f":"IFERROR(IF(Tabla_Consulta_desde_QuickBooks_Data_64_Bit_QRemote[[#This Row],[SalesOrderLineUnitOfMeasure]]=\"un\",Tabla_Consulta_desde_QuickBooks_Data_64_Bit_QRemote[[#This Row],[SalesOrderLineQuantity]],Tabla_Consulta_desde_QuickBooks_Data_64_Bit_QRemote[[#This Row],[SalesOrderLineQuantity]]/MID(Tabla_Consulta_desde_QuickBooks_Data_64_Bit_QRemote[[#This Row],[SalesOrderLineUnitOfMeasure]],2,2)),0)","v":5},{"$f":"IFERROR(IF(Tabla_Consulta_desde_QuickBooks_Data_64_Bit_QRemote[[#This Row],[SalesOrderLineUnitOfMeasure]]=\"un\",Tabla_Consulta_desde_QuickBooks_Data_64_Bit_QRemote[[#This Row],[SalesOrderLineInvoiced]],Tabla_Consulta_desde_QuickBooks_Data_64_Bit_QRemote[[#This Row],[SalesOrderLineInvoiced]]/MID(Tabla_Consulta_desde_QuickBooks_Data_64_Bit_QRemote[[#This Row],[SalesOrderLineUnitOfMeasure]],2,2)),0)","v":0},{"$f":"+Tabla_Consulta_desde_QuickBooks_Data_64_Bit_QRemote[[#This Row],[facturado]]-Tabla_Consulta_desde_QuickBooks_Data_64_Bit_QRemote[[#This Row],[pide]]","v":-5},{"$f":"IF(Tabla_Consulta_desde_QuickBooks_Data_64_Bit_QRemote[[#This Row],[diferecia]]=0,\"ok\",\"diferen\")","v":"diferen"},{"$f":"IFERROR(INDEX(um!A:C,MATCH(Tabla_Consulta_desde_QuickBooks_Data_64_Bit_QRemote[[#This Row],[SalesOrderLineItemRefFullName]],um!A:A,0),3),\"\")","v":"X12"},{"$f":"IFERROR(IF(OR(Tabla_Consulta_desde_QuickBooks_Data_64_Bit_QRemote[[#This Row],[SalesOrderLineUnitOfMeasure]]=\"UN\",Tabla_Consulta_desde_QuickBooks_Data_64_Bit_QRemote[[#This Row],[SalesOrderLineUnitOfMeasure]]=Tabla_Consulta_desde_QuickBooks_Data_64_Bit_QRemote[[#This Row],[U/M]]),\"\",\"ERROR\"),\"\")","v":""},{"$f":"+WEEKNUM(Tabla_Consulta_desde_QuickBooks_Data_64_Bit_QRemote[[#This Row],[TxnDate]])","v":23},{"$f":"+Tabla_Consulta_desde_QuickBooks_Data_64_Bit_QRemote[[#This Row],[SalesOrderLineRate]]*Tabla_Consulta_desde_QuickBooks_Data_64_Bit_QRemote[[#This Row],[SalesOrderLineInvoiced]]","v":0},{"$f":"+IFERROR(IF(Tabla_Consulta_desde_QuickBooks_Data_64_Bit_QRemote[[#This Row],[CustomerRefFullName]]=\"GRUVALCORP SA\",VLOOKUP(Tabla_Consulta_desde_QuickBooks_Data_64_Bit_QRemote[[#This Row],[SalesOrderLineItemRefFullName]],Hoja1!A:E,5,FALSE),\"\")*-Tabla_Consulta_desde_QuickBooks_Data_64_Bit_QRemote[[#This Row],[SalesOrderLineAmount]],\"\")","v":""},{"$f":"IF(COUNTIF(wms!E:E,Tabla_Consulta_desde_QuickBooks_Data_64_Bit_QRemote[[#This Row],[RefNumber]])>0,\"OK\",\"FALTA\")","v":"OK"}]
["2025-06-03","29120","LIRIS S. A.","OC_005559153",15,"7862112522626","P.T:110701","CHIMICHURRI ESTILO ARGENTINO OLE 380G","Bodega Producto Terminado",18,"UN",3.02,54.36,"UNIDAD SALSA",0,1533.34,1763.34,"IVA EN VENTAS 15%",{"$f":"IFERROR(IF(Tabla_Consulta_desde_QuickBooks_Data_64_Bit_QRemote[[#This Row],[SalesOrderLineUnitOfMeasure]]=\"un\",Tabla_Consulta_desde_QuickBooks_Data_64_Bit_QRemote[[#This Row],[SalesOrderLineQuantity]],Tabla_Consulta_desde_QuickBooks_Data_64_Bit_QRemote[[#This Row],[SalesOrderLineQuantity]]/MID(Tabla_Consulta_desde_QuickBooks_Data_64_Bit_QRemote[[#This Row],[SalesOrderLineUnitOfMeasure]],2,2)),0)","v":18},{"$f":"IFERROR(IF(Tabla_Consulta_desde_QuickBooks_Data_64_Bit_QRemote[[#This Row],[SalesOrderLineUnitOfMeasure]]=\"un\",Tabla_Consulta_desde_QuickBooks_Data_64_Bit_QRemote[[#This Row],[SalesOrderLineInvoiced]],Tabla_Consulta_desde_QuickBooks_Data_64_Bit_QRemote[[#This Row],[SalesOrderLineInvoiced]]/MID(Tabla_Consulta_desde_QuickBooks_Data_64_Bit_QRemote[[#This Row],[SalesOrderLineUnitOfMeasure]],2,2)),0)","v":0},{"$f":"+Tabla_Consulta_desde_QuickBooks_Data_64_Bit_QRemote[[#This Row],[facturado]]-Tabla_Consulta_desde_QuickBooks_Data_64_Bit_QRemote[[#This Row],[pide]]","v":-18},{"$f":"IF(Tabla_Consulta_desde_QuickBooks_Data_64_Bit_QRemote[[#This Row],[diferecia]]=0,\"ok\",\"diferen\")","v":"diferen"},{"$f":"IFERROR(INDEX(um!A:C,MATCH(Tabla_Consulta_desde_QuickBooks_Data_64_Bit_QRemote[[#This Row],[SalesOrderLineItemRefFullName]],um!A:A,0),3),\"\")","v":"X12"},{"$f":"IFERROR(IF(OR(Tabla_Consulta_desde_QuickBooks_Data_64_Bit_QRemote[[#This Row],[SalesOrderLineUnitOfMeasure]]=\"UN\",Tabla_Consulta_desde_QuickBooks_Data_64_Bit_QRemote[[#This Row],[SalesOrderLineUnitOfMeasure]]=Tabla_Consulta_desde_QuickBooks_Data_64_Bit_QRemote[[#This Row],[U/M]]),\"\",\"ERROR\"),\"\")","v":""},{"$f":"+WEEKNUM(Tabla_Consulta_desde_QuickBooks_Data_64_Bit_QRemote[[#This Row],[TxnDate]])","v":23},{"$f":"+Tabla_Consulta_desde_QuickBooks_Data_64_Bit_QRemote[[#This Row],[SalesOrderLineRate]]*Tabla_Consulta_desde_QuickBooks_Data_64_Bit_QRemote[[#This Row],[SalesOrderLineInvoiced]]","v":0},{"$f":"+IFERROR(IF(Tabla_Consulta_desde_QuickBooks_Data_64_Bit_QRemote[[#This Row],[CustomerRefFullName]]=\"GRUVALCORP SA\",VLOOKUP(Tabla_Consulta_desde_QuickBooks_Data_64_Bit_QRemote[[#This Row],[SalesOrderLineItemRefFullName]],Hoja1!A:E,5,FALSE),\"\")*-Tabla_Consulta_desde_QuickBooks_Data_64_Bit_QRemote[[#This Row],[SalesOrderLineAmount]],\"\")","v":""},{"$f":"IF(COUNTIF(wms!E:E,Tabla_Consulta_desde_QuickBooks_Data_64_Bit_QRemote[[#This Row],[RefNumber]])>0,\"OK\",\"FALTA\")","v":"OK"}]
["2025-06-03","29120","LIRIS S. A.","OC_005559153",16,"7862112522572","P.T:311408","VINAGRE DE MANZANA CON LA MADRE MIEL DE ABEJA Y JENGIBRE OLE 500ML","Bodega Producto Terminado",24,"X12",5.03,120.72,"UNIDAD SALSA",0,1533.34,1763.34,"IVA EN VENTAS 15%",{"$f":"IFERROR(IF(Tabla_Consulta_desde_QuickBooks_Data_64_Bit_QRemote[[#This Row],[SalesOrderLineUnitOfMeasure]]=\"un\",Tabla_Consulta_desde_QuickBooks_Data_64_Bit_QRemote[[#This Row],[SalesOrderLineQuantity]],Tabla_Consulta_desde_QuickBooks_Data_64_Bit_QRemote[[#This Row],[SalesOrderLineQuantity]]/MID(Tabla_Consulta_desde_QuickBooks_Data_64_Bit_QRemote[[#This Row],[SalesOrderLineUnitOfMeasure]],2,2)),0)","v":2},{"$f":"IFERROR(IF(Tabla_Consulta_desde_QuickBooks_Data_64_Bit_QRemote[[#This Row],[SalesOrderLineUnitOfMeasure]]=\"un\",Tabla_Consulta_desde_QuickBooks_Data_64_Bit_QRemote[[#This Row],[SalesOrderLineInvoiced]],Tabla_Consulta_desde_QuickBooks_Data_64_Bit_QRemote[[#This Row],[SalesOrderLineInvoiced]]/MID(Tabla_Consulta_desde_QuickBooks_Data_64_Bit_QRemote[[#This Row],[SalesOrderLineUnitOfMeasure]],2,2)),0)","v":0},{"$f":"+Tabla_Consulta_desde_QuickBooks_Data_64_Bit_QRemote[[#This Row],[facturado]]-Tabla_Consulta_desde_QuickBooks_Data_64_Bit_QRemote[[#This Row],[pide]]","v":-2},{"$f":"IF(Tabla_Consulta_desde_QuickBooks_Data_64_Bit_QRemote[[#This Row],[diferecia]]=0,\"ok\",\"diferen\")","v":"diferen"},{"$f":"IFERROR(INDEX(um!A:C,MATCH(Tabla_Consulta_desde_QuickBooks_Data_64_Bit_QRemote[[#This Row],[SalesOrderLineItemRefFullName]],um!A:A,0),3),\"\")","v":"X12"},{"$f":"IFERROR(IF(OR(Tabla_Consulta_desde_QuickBooks_Data_64_Bit_QRemote[[#This Row],[SalesOrderLineUnitOfMeasure]]=\"UN\",Tabla_Consulta_desde_QuickBooks_Data_64_Bit_QRemote[[#This Row],[SalesOrderLineUnitOfMeasure]]=Tabla_Consulta_desde_QuickBooks_Data_64_Bit_QRemote[[#This Row],[U/M]]),\"\",\"ERROR\"),\"\")","v":""},{"$f":"+WEEKNUM(Tabla_Consulta_desde_QuickBooks_Data_64_Bit_QRemote[[#This Row],[TxnDate]])","v":23},{"$f":"+Tabla_Consulta_desde_QuickBooks_Data_64_Bit_QRemote[[#This Row],[SalesOrderLineRate]]*Tabla_Consulta_desde_QuickBooks_Data_64_Bit_QRemote[[#This Row],[SalesOrderLineInvoiced]]","v":0},{"$f":"+IFERROR(IF(Tabla_Consulta_desde_QuickBooks_Data_64_Bit_QRemote[[#This Row],[CustomerRefFullName]]=\"GRUVALCORP SA\",VLOOKUP(Tabla_Consulta_desde_QuickBooks_Data_64_Bit_QRemote[[#This Row],[SalesOrderLineItemRefFullName]],Hoja1!A:E,5,FALSE),\"\")*-Tabla_Consulta_desde_QuickBooks_Data_64_Bit_QRemote[[#This Row],[SalesOrderLineAmount]],\"\")","v":""},{"$f":"IF(COUNTIF(wms!E:E,Tabla_Consulta_desde_QuickBooks_Data_64_Bit_QRemote[[#This Row],[RefNumber]])>0,\"OK\",\"FALTA\")","v":"OK"}]
["2025-06-03","29120","LIRIS S. A.","OC_005559153",17,"7862112522831","P.T:110226","SALSA EXTRAPICANTE CAROLINA REAPER OLE 100G","Bodega Producto Terminado",12,"X12",1.1000000000000001,13.2,"UNIDAD SALSA",0,1533.34,1763.34,"IVA EN VENTAS 15%",{"$f":"IFERROR(IF(Tabla_Consulta_desde_QuickBooks_Data_64_Bit_QRemote[[#This Row],[SalesOrderLineUnitOfMeasure]]=\"un\",Tabla_Consulta_desde_QuickBooks_Data_64_Bit_QRemote[[#This Row],[SalesOrderLineQuantity]],Tabla_Consulta_desde_QuickBooks_Data_64_Bit_QRemote[[#This Row],[SalesOrderLineQuantity]]/MID(Tabla_Consulta_desde_QuickBooks_Data_64_Bit_QRemote[[#This Row],[SalesOrderLineUnitOfMeasure]],2,2)),0)","v":1},{"$f":"IFERROR(IF(Tabla_Consulta_desde_QuickBooks_Data_64_Bit_QRemote[[#This Row],[SalesOrderLineUnitOfMeasure]]=\"un\",Tabla_Consulta_desde_QuickBooks_Data_64_Bit_QRemote[[#This Row],[SalesOrderLineInvoiced]],Tabla_Consulta_desde_QuickBooks_Data_64_Bit_QRemote[[#This Row],[SalesOrderLineInvoiced]]/MID(Tabla_Consulta_desde_QuickBooks_Data_64_Bit_QRemote[[#This Row],[SalesOrderLineUnitOfMeasure]],2,2)),0)","v":0},{"$f":"+Tabla_Consulta_desde_QuickBooks_Data_64_Bit_QRemote[[#This Row],[facturado]]-Tabla_Consulta_desde_QuickBooks_Data_64_Bit_QRemote[[#This Row],[pide]]","v":-1},{"$f":"IF(Tabla_Consulta_desde_QuickBooks_Data_64_Bit_QRemote[[#This Row],[diferecia]]=0,\"ok\",\"diferen\")","v":"diferen"},{"$f":"IFERROR(INDEX(um!A:C,MATCH(Tabla_Consulta_desde_QuickBooks_Data_64_Bit_QRemote[[#This Row],[SalesOrderLineItemRefFullName]],um!A:A,0),3),\"\")","v":"X12"},{"$f":"IFERROR(IF(OR(Tabla_Consulta_desde_QuickBooks_Data_64_Bit_QRemote[[#This Row],[SalesOrderLineUnitOfMeasure]]=\"UN\",Tabla_Consulta_desde_QuickBooks_Data_64_Bit_QRemote[[#This Row],[SalesOrderLineUnitOfMeasure]]=Tabla_Consulta_desde_QuickBooks_Data_64_Bit_QRemote[[#This Row],[U/M]]),\"\",\"ERROR\"),\"\")","v":""},{"$f":"+WEEKNUM(Tabla_Consulta_desde_QuickBooks_Data_64_Bit_QRemote[[#This Row],[TxnDate]])","v":23},{"$f":"+Tabla_Consulta_desde_QuickBooks_Data_64_Bit_QRemote[[#This Row],[SalesOrderLineRate]]*Tabla_Consulta_desde_QuickBooks_Data_64_Bit_QRemote[[#This Row],[SalesOrderLineInvoiced]]","v":0},{"$f":"+IFERROR(IF(Tabla_Consulta_desde_QuickBooks_Data_64_Bit_QRemote[[#This Row],[CustomerRefFullName]]=\"GRUVALCORP SA\",VLOOKUP(Tabla_Consulta_desde_QuickBooks_Data_64_Bit_QRemote[[#This Row],[SalesOrderLineItemRefFullName]],Hoja1!A:E,5,FALSE),\"\")*-Tabla_Consulta_desde_QuickBooks_Data_64_Bit_QRemote[[#This Row],[SalesOrderLineAmount]],\"\")","v":""},{"$f":"IF(COUNTIF(wms!E:E,Tabla_Consulta_desde_QuickBooks_Data_64_Bit_QRemote[[#This Row],[RefNumber]])>0,\"OK\",\"FALTA\")","v":"OK"}]
["2025-06-03","29120","LIRIS S. A.","OC_005559153",18,"7862112520301","P.T:110700","CHIMICHURRI OLE 230G","Bodega Producto Terminado",84,"X12",2.35,197.4,"UNIDAD SALSA",0,1533.34,1763.34,"IVA EN VENTAS 15%",{"$f":"IFERROR(IF(Tabla_Consulta_desde_QuickBooks_Data_64_Bit_QRemote[[#This Row],[SalesOrderLineUnitOfMeasure]]=\"un\",Tabla_Consulta_desde_QuickBooks_Data_64_Bit_QRemote[[#This Row],[SalesOrderLineQuantity]],Tabla_Consulta_desde_QuickBooks_Data_64_Bit_QRemote[[#This Row],[SalesOrderLineQuantity]]/MID(Tabla_Consulta_desde_QuickBooks_Data_64_Bit_QRemote[[#This Row],[SalesOrderLineUnitOfMeasure]],2,2)),0)","v":7},{"$f":"IFERROR(IF(Tabla_Consulta_desde_QuickBooks_Data_64_Bit_QRemote[[#This Row],[SalesOrderLineUnitOfMeasure]]=\"un\",Tabla_Consulta_desde_QuickBooks_Data_64_Bit_QRemote[[#This Row],[SalesOrderLineInvoiced]],Tabla_Consulta_desde_QuickBooks_Data_64_Bit_QRemote[[#This Row],[SalesOrderLineInvoiced]]/MID(Tabla_Consulta_desde_QuickBooks_Data_64_Bit_QRemote[[#This Row],[SalesOrderLineUnitOfMeasure]],2,2)),0)","v":0},{"$f":"+Tabla_Consulta_desde_QuickBooks_Data_64_Bit_QRemote[[#This Row],[facturado]]-Tabla_Consulta_desde_QuickBooks_Data_64_Bit_QRemote[[#This Row],[pide]]","v":-7},{"$f":"IF(Tabla_Consulta_desde_QuickBooks_Data_64_Bit_QRemote[[#This Row],[diferecia]]=0,\"ok\",\"diferen\")","v":"diferen"},{"$f":"IFERROR(INDEX(um!A:C,MATCH(Tabla_Consulta_desde_QuickBooks_Data_64_Bit_QRemote[[#This Row],[SalesOrderLineItemRefFullName]],um!A:A,0),3),\"\")","v":"X12"},{"$f":"IFERROR(IF(OR(Tabla_Consulta_desde_QuickBooks_Data_64_Bit_QRemote[[#This Row],[SalesOrderLineUnitOfMeasure]]=\"UN\",Tabla_Consulta_desde_QuickBooks_Data_64_Bit_QRemote[[#This Row],[SalesOrderLineUnitOfMeasure]]=Tabla_Consulta_desde_QuickBooks_Data_64_Bit_QRemote[[#This Row],[U/M]]),\"\",\"ERROR\"),\"\")","v":""},{"$f":"+WEEKNUM(Tabla_Consulta_desde_QuickBooks_Data_64_Bit_QRemote[[#This Row],[TxnDate]])","v":23},{"$f":"+Tabla_Consulta_desde_QuickBooks_Data_64_Bit_QRemote[[#This Row],[SalesOrderLineRate]]*Tabla_Consulta_desde_QuickBooks_Data_64_Bit_QRemote[[#This Row],[SalesOrderLineInvoiced]]","v":0},{"$f":"+IFERROR(IF(Tabla_Consulta_desde_QuickBooks_Data_64_Bit_QRemote[[#This Row],[CustomerRefFullName]]=\"GRUVALCORP SA\",VLOOKUP(Tabla_Consulta_desde_QuickBooks_Data_64_Bit_QRemote[[#This Row],[SalesOrderLineItemRefFullName]],Hoja1!A:E,5,FALSE),\"\")*-Tabla_Consulta_desde_QuickBooks_Data_64_Bit_QRemote[[#This Row],[SalesOrderLineAmount]],\"\")","v":""},{"$f":"IF(COUNTIF(wms!E:E,Tabla_Consulta_desde_QuickBooks_Data_64_Bit_QRemote[[#This Row],[RefNumber]])>0,\"OK\",\"FALTA\")","v":"OK"}]
["2025-06-03","29120","LIRIS S. A.","OC_005559153",19,"705424000116","P.T:110207","AJÍ CON MARACUYA OLE 185G","Bodega Producto Terminado",24,"X24",1.37,32.880000000000003,"UNIDAD SALSA",0,1533.34,1763.34,"IVA EN VENTAS 15%",{"$f":"IFERROR(IF(Tabla_Consulta_desde_QuickBooks_Data_64_Bit_QRemote[[#This Row],[SalesOrderLineUnitOfMeasure]]=\"un\",Tabla_Consulta_desde_QuickBooks_Data_64_Bit_QRemote[[#This Row],[SalesOrderLineQuantity]],Tabla_Consulta_desde_QuickBooks_Data_64_Bit_QRemote[[#This Row],[SalesOrderLineQuantity]]/MID(Tabla_Consulta_desde_QuickBooks_Data_64_Bit_QRemote[[#This Row],[SalesOrderLineUnitOfMeasure]],2,2)),0)","v":1},{"$f":"IFERROR(IF(Tabla_Consulta_desde_QuickBooks_Data_64_Bit_QRemote[[#This Row],[SalesOrderLineUnitOfMeasure]]=\"un\",Tabla_Consulta_desde_QuickBooks_Data_64_Bit_QRemote[[#This Row],[SalesOrderLineInvoiced]],Tabla_Consulta_desde_QuickBooks_Data_64_Bit_QRemote[[#This Row],[SalesOrderLineInvoiced]]/MID(Tabla_Consulta_desde_QuickBooks_Data_64_Bit_QRemote[[#This Row],[SalesOrderLineUnitOfMeasure]],2,2)),0)","v":0},{"$f":"+Tabla_Consulta_desde_QuickBooks_Data_64_Bit_QRemote[[#This Row],[facturado]]-Tabla_Consulta_desde_QuickBooks_Data_64_Bit_QRemote[[#This Row],[pide]]","v":-1},{"$f":"IF(Tabla_Consulta_desde_QuickBooks_Data_64_Bit_QRemote[[#This Row],[diferecia]]=0,\"ok\",\"diferen\")","v":"diferen"},{"$f":"IFERROR(INDEX(um!A:C,MATCH(Tabla_Consulta_desde_QuickBooks_Data_64_Bit_QRemote[[#This Row],[SalesOrderLineItemRefFullName]],um!A:A,0),3),\"\")","v":"X24"},{"$f":"IFERROR(IF(OR(Tabla_Consulta_desde_QuickBooks_Data_64_Bit_QRemote[[#This Row],[SalesOrderLineUnitOfMeasure]]=\"UN\",Tabla_Consulta_desde_QuickBooks_Data_64_Bit_QRemote[[#This Row],[SalesOrderLineUnitOfMeasure]]=Tabla_Consulta_desde_QuickBooks_Data_64_Bit_QRemote[[#This Row],[U/M]]),\"\",\"ERROR\"),\"\")","v":""},{"$f":"+WEEKNUM(Tabla_Consulta_desde_QuickBooks_Data_64_Bit_QRemote[[#This Row],[TxnDate]])","v":23},{"$f":"+Tabla_Consulta_desde_QuickBooks_Data_64_Bit_QRemote[[#This Row],[SalesOrderLineRate]]*Tabla_Consulta_desde_QuickBooks_Data_64_Bit_QRemote[[#This Row],[SalesOrderLineInvoiced]]","v":0},{"$f":"+IFERROR(IF(Tabla_Consulta_desde_QuickBooks_Data_64_Bit_QRemote[[#This Row],[CustomerRefFullName]]=\"GRUVALCORP SA\",VLOOKUP(Tabla_Consulta_desde_QuickBooks_Data_64_Bit_QRemote[[#This Row],[SalesOrderLineItemRefFullName]],Hoja1!A:E,5,FALSE),\"\")*-Tabla_Consulta_desde_QuickBooks_Data_64_Bit_QRemote[[#This Row],[SalesOrderLineAmount]],\"\")","v":""},{"$f":"IF(COUNTIF(wms!E:E,Tabla_Consulta_desde_QuickBooks_Data_64_Bit_QRemote[[#This Row],[RefNumber]])>0,\"OK\",\"FALTA\")","v":"OK"}]
["2025-06-03","29120","LIRIS S. A.","OC_005559153",20,"7862112521520","P.T:110205","SALSA AJÍ CON CHOCHOS OLE 300G","Bodega Producto Terminado",12,"X12",1.99,23.88,"UNIDAD SALSA",0,1533.34,1763.34,"IVA EN VENTAS 15%",{"$f":"IFERROR(IF(Tabla_Consulta_desde_QuickBooks_Data_64_Bit_QRemote[[#This Row],[SalesOrderLineUnitOfMeasure]]=\"un\",Tabla_Consulta_desde_QuickBooks_Data_64_Bit_QRemote[[#This Row],[SalesOrderLineQuantity]],Tabla_Consulta_desde_QuickBooks_Data_64_Bit_QRemote[[#This Row],[SalesOrderLineQuantity]]/MID(Tabla_Consulta_desde_QuickBooks_Data_64_Bit_QRemote[[#This Row],[SalesOrderLineUnitOfMeasure]],2,2)),0)","v":1},{"$f":"IFERROR(IF(Tabla_Consulta_desde_QuickBooks_Data_64_Bit_QRemote[[#This Row],[SalesOrderLineUnitOfMeasure]]=\"un\",Tabla_Consulta_desde_QuickBooks_Data_64_Bit_QRemote[[#This Row],[SalesOrderLineInvoiced]],Tabla_Consulta_desde_QuickBooks_Data_64_Bit_QRemote[[#This Row],[SalesOrderLineInvoiced]]/MID(Tabla_Consulta_desde_QuickBooks_Data_64_Bit_QRemote[[#This Row],[SalesOrderLineUnitOfMeasure]],2,2)),0)","v":0},{"$f":"+Tabla_Consulta_desde_QuickBooks_Data_64_Bit_QRemote[[#This Row],[facturado]]-Tabla_Consulta_desde_QuickBooks_Data_64_Bit_QRemote[[#This Row],[pide]]","v":-1},{"$f":"IF(Tabla_Consulta_desde_QuickBooks_Data_64_Bit_QRemote[[#This Row],[diferecia]]=0,\"ok\",\"diferen\")","v":"diferen"},{"$f":"IFERROR(INDEX(um!A:C,MATCH(Tabla_Consulta_desde_QuickBooks_Data_64_Bit_QRemote[[#This Row],[SalesOrderLineItemRefFullName]],um!A:A,0),3),\"\")","v":"X12"},{"$f":"IFERROR(IF(OR(Tabla_Consulta_desde_QuickBooks_Data_64_Bit_QRemote[[#This Row],[SalesOrderLineUnitOfMeasure]]=\"UN\",Tabla_Consulta_desde_QuickBooks_Data_64_Bit_QRemote[[#This Row],[SalesOrderLineUnitOfMeasure]]=Tabla_Consulta_desde_QuickBooks_Data_64_Bit_QRemote[[#This Row],[U/M]]),\"\",\"ERROR\"),\"\")","v":""},{"$f":"+WEEKNUM(Tabla_Consulta_desde_QuickBooks_Data_64_Bit_QRemote[[#This Row],[TxnDate]])","v":23},{"$f":"+Tabla_Consulta_desde_QuickBooks_Data_64_Bit_QRemote[[#This Row],[SalesOrderLineRate]]*Tabla_Consulta_desde_QuickBooks_Data_64_Bit_QRemote[[#This Row],[SalesOrderLineInvoiced]]","v":0},{"$f":"+IFERROR(IF(Tabla_Consulta_desde_QuickBooks_Data_64_Bit_QRemote[[#This Row],[CustomerRefFullName]]=\"GRUVALCORP SA\",VLOOKUP(Tabla_Consulta_desde_QuickBooks_Data_64_Bit_QRemote[[#This Row],[SalesOrderLineItemRefFullName]],Hoja1!A:E,5,FALSE),\"\")*-Tabla_Consulta_desde_QuickBooks_Data_64_Bit_QRemote[[#This Row],[SalesOrderLineAmount]],\"\")","v":""},{"$f":"IF(COUNTIF(wms!E:E,Tabla_Consulta_desde_QuickBooks_Data_64_Bit_QRemote[[#This Row],[RefNumber]])>0,\"OK\",\"FALTA\")","v":"OK"}]
["2025-06-03","29120","LIRIS S. A.","OC_005559153",21,"7862112522367","PT:220132","TOTOPOS NATURAL OLE 300G","Bodega Producto Terminado",84,"X12",1.67,140.28,"UNIDAD SNCKS",0,1533.34,1763.34,"IVA EN VENTAS 15%",{"$f":"IFERROR(IF(Tabla_Consulta_desde_QuickBooks_Data_64_Bit_QRemote[[#This Row],[SalesOrderLineUnitOfMeasure]]=\"un\",Tabla_Consulta_desde_QuickBooks_Data_64_Bit_QRemote[[#This Row],[SalesOrderLineQuantity]],Tabla_Consulta_desde_QuickBooks_Data_64_Bit_QRemote[[#This Row],[SalesOrderLineQuantity]]/MID(Tabla_Consulta_desde_QuickBooks_Data_64_Bit_QRemote[[#This Row],[SalesOrderLineUnitOfMeasure]],2,2)),0)","v":7},{"$f":"IFERROR(IF(Tabla_Consulta_desde_QuickBooks_Data_64_Bit_QRemote[[#This Row],[SalesOrderLineUnitOfMeasure]]=\"un\",Tabla_Consulta_desde_QuickBooks_Data_64_Bit_QRemote[[#This Row],[SalesOrderLineInvoiced]],Tabla_Consulta_desde_QuickBooks_Data_64_Bit_QRemote[[#This Row],[SalesOrderLineInvoiced]]/MID(Tabla_Consulta_desde_QuickBooks_Data_64_Bit_QRemote[[#This Row],[SalesOrderLineUnitOfMeasure]],2,2)),0)","v":0},{"$f":"+Tabla_Consulta_desde_QuickBooks_Data_64_Bit_QRemote[[#This Row],[facturado]]-Tabla_Consulta_desde_QuickBooks_Data_64_Bit_QRemote[[#This Row],[pide]]","v":-7},{"$f":"IF(Tabla_Consulta_desde_QuickBooks_Data_64_Bit_QRemote[[#This Row],[diferecia]]=0,\"ok\",\"diferen\")","v":"diferen"},{"$f":"IFERROR(INDEX(um!A:C,MATCH(Tabla_Consulta_desde_QuickBooks_Data_64_Bit_QRemote[[#This Row],[SalesOrderLineItemRefFullName]],um!A:A,0),3),\"\")","v":"X12"},{"$f":"IFERROR(IF(OR(Tabla_Consulta_desde_QuickBooks_Data_64_Bit_QRemote[[#This Row],[SalesOrderLineUnitOfMeasure]]=\"UN\",Tabla_Consulta_desde_QuickBooks_Data_64_Bit_QRemote[[#This Row],[SalesOrderLineUnitOfMeasure]]=Tabla_Consulta_desde_QuickBooks_Data_64_Bit_QRemote[[#This Row],[U/M]]),\"\",\"ERROR\"),\"\")","v":""},{"$f":"+WEEKNUM(Tabla_Consulta_desde_QuickBooks_Data_64_Bit_QRemote[[#This Row],[TxnDate]])","v":23},{"$f":"+Tabla_Consulta_desde_QuickBooks_Data_64_Bit_QRemote[[#This Row],[SalesOrderLineRate]]*Tabla_Consulta_desde_QuickBooks_Data_64_Bit_QRemote[[#This Row],[SalesOrderLineInvoiced]]","v":0},{"$f":"+IFERROR(IF(Tabla_Consulta_desde_QuickBooks_Data_64_Bit_QRemote[[#This Row],[CustomerRefFullName]]=\"GRUVALCORP SA\",VLOOKUP(Tabla_Consulta_desde_QuickBooks_Data_64_Bit_QRemote[[#This Row],[SalesOrderLineItemRefFullName]],Hoja1!A:E,5,FALSE),\"\")*-Tabla_Consulta_desde_QuickBooks_Data_64_Bit_QRemote[[#This Row],[SalesOrderLineAmount]],\"\")","v":""},{"$f":"IF(COUNTIF(wms!E:E,Tabla_Consulta_desde_QuickBooks_Data_64_Bit_QRemote[[#This Row],[RefNumber]])>0,\"OK\",\"FALTA\")","v":"OK"}]
["2025-06-03","29120","LIRIS S. A.","OC_005559153",22,"7862112523128","P.T:311610","MIEL PICANTE OLE 350G","Bodega Producto Terminado",36,"X12",5.2738899999999997,189.86,"UNIDAD SALSA",0,1533.34,1763.34,"IVA EN VENTAS 15%",{"$f":"IFERROR(IF(Tabla_Consulta_desde_QuickBooks_Data_64_Bit_QRemote[[#This Row],[SalesOrderLineUnitOfMeasure]]=\"un\",Tabla_Consulta_desde_QuickBooks_Data_64_Bit_QRemote[[#This Row],[SalesOrderLineQuantity]],Tabla_Consulta_desde_QuickBooks_Data_64_Bit_QRemote[[#This Row],[SalesOrderLineQuantity]]/MID(Tabla_Consulta_desde_QuickBooks_Data_64_Bit_QRemote[[#This Row],[SalesOrderLineUnitOfMeasure]],2,2)),0)","v":3},{"$f":"IFERROR(IF(Tabla_Consulta_desde_QuickBooks_Data_64_Bit_QRemote[[#This Row],[SalesOrderLineUnitOfMeasure]]=\"un\",Tabla_Consulta_desde_QuickBooks_Data_64_Bit_QRemote[[#This Row],[SalesOrderLineInvoiced]],Tabla_Consulta_desde_QuickBooks_Data_64_Bit_QRemote[[#This Row],[SalesOrderLineInvoiced]]/MID(Tabla_Consulta_desde_QuickBooks_Data_64_Bit_QRemote[[#This Row],[SalesOrderLineUnitOfMeasure]],2,2)),0)","v":0},{"$f":"+Tabla_Consulta_desde_QuickBooks_Data_64_Bit_QRemote[[#This Row],[facturado]]-Tabla_Consulta_desde_QuickBooks_Data_64_Bit_QRemote[[#This Row],[pide]]","v":-3},{"$f":"IF(Tabla_Consulta_desde_QuickBooks_Data_64_Bit_QRemote[[#This Row],[diferecia]]=0,\"ok\",\"diferen\")","v":"diferen"},{"$f":"IFERROR(INDEX(um!A:C,MATCH(Tabla_Consulta_desde_QuickBooks_Data_64_Bit_QRemote[[#This Row],[SalesOrderLineItemRefFullName]],um!A:A,0),3),\"\")","v":"X12"},{"$f":"IFERROR(IF(OR(Tabla_Consulta_desde_QuickBooks_Data_64_Bit_QRemote[[#This Row],[SalesOrderLineUnitOfMeasure]]=\"UN\",Tabla_Consulta_desde_QuickBooks_Data_64_Bit_QRemote[[#This Row],[SalesOrderLineUnitOfMeasure]]=Tabla_Consulta_desde_QuickBooks_Data_64_Bit_QRemote[[#This Row],[U/M]]),\"\",\"ERROR\"),\"\")","v":""},{"$f":"+WEEKNUM(Tabla_Consulta_desde_QuickBooks_Data_64_Bit_QRemote[[#This Row],[TxnDate]])","v":23},{"$f":"+Tabla_Consulta_desde_QuickBooks_Data_64_Bit_QRemote[[#This Row],[SalesOrderLineRate]]*Tabla_Consulta_desde_QuickBooks_Data_64_Bit_QRemote[[#This Row],[SalesOrderLineInvoiced]]","v":0},{"$f":"+IFERROR(IF(Tabla_Consulta_desde_QuickBooks_Data_64_Bit_QRemote[[#This Row],[CustomerRefFullName]]=\"GRUVALCORP SA\",VLOOKUP(Tabla_Consulta_desde_QuickBooks_Data_64_Bit_QRemote[[#This Row],[SalesOrderLineItemRefFullName]],Hoja1!A:E,5,FALSE),\"\")*-Tabla_Consulta_desde_QuickBooks_Data_64_Bit_QRemote[[#This Row],[SalesOrderLineAmount]],\"\")","v":""},{"$f":"IF(COUNTIF(wms!E:E,Tabla_Consulta_desde_QuickBooks_Data_64_Bit_QRemote[[#This Row],[RefNumber]])>0,\"OK\",\"FALTA\")","v":"OK"}]
["2025-06-03","29120","LIRIS S. A.","OC_005559153",23,"7861000229005","P.T:111201","TOMATE DESHIDRATADO EN ACEITE OLE 225G","Bodega Producto Terminado",24,"X12",3.17,76.08,"UNIDAD SALSA",0,1533.34,1763.34,"IVA EN VENTAS 15%",{"$f":"IFERROR(IF(Tabla_Consulta_desde_QuickBooks_Data_64_Bit_QRemote[[#This Row],[SalesOrderLineUnitOfMeasure]]=\"un\",Tabla_Consulta_desde_QuickBooks_Data_64_Bit_QRemote[[#This Row],[SalesOrderLineQuantity]],Tabla_Consulta_desde_QuickBooks_Data_64_Bit_QRemote[[#This Row],[SalesOrderLineQuantity]]/MID(Tabla_Consulta_desde_QuickBooks_Data_64_Bit_QRemote[[#This Row],[SalesOrderLineUnitOfMeasure]],2,2)),0)","v":2},{"$f":"IFERROR(IF(Tabla_Consulta_desde_QuickBooks_Data_64_Bit_QRemote[[#This Row],[SalesOrderLineUnitOfMeasure]]=\"un\",Tabla_Consulta_desde_QuickBooks_Data_64_Bit_QRemote[[#This Row],[SalesOrderLineInvoiced]],Tabla_Consulta_desde_QuickBooks_Data_64_Bit_QRemote[[#This Row],[SalesOrderLineInvoiced]]/MID(Tabla_Consulta_desde_QuickBooks_Data_64_Bit_QRemote[[#This Row],[SalesOrderLineUnitOfMeasure]],2,2)),0)","v":0},{"$f":"+Tabla_Consulta_desde_QuickBooks_Data_64_Bit_QRemote[[#This Row],[facturado]]-Tabla_Consulta_desde_QuickBooks_Data_64_Bit_QRemote[[#This Row],[pide]]","v":-2},{"$f":"IF(Tabla_Consulta_desde_QuickBooks_Data_64_Bit_QRemote[[#This Row],[diferecia]]=0,\"ok\",\"diferen\")","v":"diferen"},{"$f":"IFERROR(INDEX(um!A:C,MATCH(Tabla_Consulta_desde_QuickBooks_Data_64_Bit_QRemote[[#This Row],[SalesOrderLineItemRefFullName]],um!A:A,0),3),\"\")","v":"X12"},{"$f":"IFERROR(IF(OR(Tabla_Consulta_desde_QuickBooks_Data_64_Bit_QRemote[[#This Row],[SalesOrderLineUnitOfMeasure]]=\"UN\",Tabla_Consulta_desde_QuickBooks_Data_64_Bit_QRemote[[#This Row],[SalesOrderLineUnitOfMeasure]]=Tabla_Consulta_desde_QuickBooks_Data_64_Bit_QRemote[[#This Row],[U/M]]),\"\",\"ERROR\"),\"\")","v":""},{"$f":"+WEEKNUM(Tabla_Consulta_desde_QuickBooks_Data_64_Bit_QRemote[[#This Row],[TxnDate]])","v":23},{"$f":"+Tabla_Consulta_desde_QuickBooks_Data_64_Bit_QRemote[[#This Row],[SalesOrderLineRate]]*Tabla_Consulta_desde_QuickBooks_Data_64_Bit_QRemote[[#This Row],[SalesOrderLineInvoiced]]","v":0},{"$f":"+IFERROR(IF(Tabla_Consulta_desde_QuickBooks_Data_64_Bit_QRemote[[#This Row],[CustomerRefFullName]]=\"GRUVALCORP SA\",VLOOKUP(Tabla_Consulta_desde_QuickBooks_Data_64_Bit_QRemote[[#This Row],[SalesOrderLineItemRefFullName]],Hoja1!A:E,5,FALSE),\"\")*-Tabla_Consulta_desde_QuickBooks_Data_64_Bit_QRemote[[#This Row],[SalesOrderLineAmount]],\"\")","v":""},{"$f":"IF(COUNTIF(wms!E:E,Tabla_Consulta_desde_QuickBooks_Data_64_Bit_QRemote[[#This Row],[RefNumber]])>0,\"OK\",\"FALTA\")","v":"OK"}]
["2025-06-03","29120","LIRIS S. A.","OC_005559153",24,null,"INFOADICIONAL","OC_005559153",null,null,null,0,0,null,0,1533.34,1763.34,"IVA EN VENTAS 15%",{"$f":"IFERROR(IF(Tabla_Consulta_desde_QuickBooks_Data_64_Bit_QRemote[[#This Row],[SalesOrderLineUnitOfMeasure]]=\"un\",Tabla_Consulta_desde_QuickBooks_Data_64_Bit_QRemote[[#This Row],[SalesOrderLineQuantity]],Tabla_Consulta_desde_QuickBooks_Data_64_Bit_QRemote[[#This Row],[SalesOrderLineQuantity]]/MID(Tabla_Consulta_desde_QuickBooks_Data_64_Bit_QRemote[[#This Row],[SalesOrderLineUnitOfMeasure]],2,2)),0)","v":0},{"$f":"IFERROR(IF(Tabla_Consulta_desde_QuickBooks_Data_64_Bit_QRemote[[#This Row],[SalesOrderLineUnitOfMeasure]]=\"un\",Tabla_Consulta_desde_QuickBooks_Data_64_Bit_QRemote[[#This Row],[SalesOrderLineInvoiced]],Tabla_Consulta_desde_QuickBooks_Data_64_Bit_QRemote[[#This Row],[SalesOrderLineInvoiced]]/MID(Tabla_Consulta_desde_QuickBooks_Data_64_Bit_QRemote[[#This Row],[SalesOrderLineUnitOfMeasure]],2,2)),0)","v":0},{"$f":"+Tabla_Consulta_desde_QuickBooks_Data_64_Bit_QRemote[[#This Row],[facturado]]-Tabla_Consulta_desde_QuickBooks_Data_64_Bit_QRemote[[#This Row],[pide]]","v":0},{"$f":"IF(Tabla_Consulta_desde_QuickBooks_Data_64_Bit_QRemote[[#This Row],[diferecia]]=0,\"ok\",\"diferen\")","v":"ok"},{"$f":"IFERROR(INDEX(um!A:C,MATCH(Tabla_Consulta_desde_QuickBooks_Data_64_Bit_QRemote[[#This Row],[SalesOrderLineItemRefFullName]],um!A:A,0),3),\"\")","v":""},{"$f":"IFERROR(IF(OR(Tabla_Consulta_desde_QuickBooks_Data_64_Bit_QRemote[[#This Row],[SalesOrderLineUnitOfMeasure]]=\"UN\",Tabla_Consulta_desde_QuickBooks_Data_64_Bit_QRemote[[#This Row],[SalesOrderLineUnitOfMeasure]]=Tabla_Consulta_desde_QuickBooks_Data_64_Bit_QRemote[[#This Row],[U/M]]),\"\",\"ERROR\"),\"\")","v":""},{"$f":"+WEEKNUM(Tabla_Consulta_desde_QuickBooks_Data_64_Bit_QRemote[[#This Row],[TxnDate]])","v":23},{"$f":"+Tabla_Consulta_desde_QuickBooks_Data_64_Bit_QRemote[[#This Row],[SalesOrderLineRate]]*Tabla_Consulta_desde_QuickBooks_Data_64_Bit_QRemote[[#This Row],[SalesOrderLineInvoiced]]","v":0},{"$f":"+IFERROR(IF(Tabla_Consulta_desde_QuickBooks_Data_64_Bit_QRemote[[#This Row],[CustomerRefFullName]]=\"GRUVALCORP SA\",VLOOKUP(Tabla_Consulta_desde_QuickBooks_Data_64_Bit_QRemote[[#This Row],[SalesOrderLineItemRefFullName]],Hoja1!A:E,5,FALSE),\"\")*-Tabla_Consulta_desde_QuickBooks_Data_64_Bit_QRemote[[#This Row],[SalesOrderLineAmount]],\"\")","v":""},{"$f":"IF(COUNTIF(wms!E:E,Tabla_Consulta_desde_QuickBooks_Data_64_Bit_QRemote[[#This Row],[RefNumber]])>0,\"OK\",\"FALTA\")","v":"OK"}]
["2025-06-02","29121","CORPORACION EL ROSADO S.A.","5401301474 CD GYE",1,"7862112522893","P.T:311409","VINAGRE DE MANZANA CON LA MADRE OLE 250ML","Bodega Producto Terminado",288,"X24",2.06,593.28,"UNIDAD SALSA",0,593.28,682.27,"IVA EN VENTAS 15%",{"$f":"IFERROR(IF(Tabla_Consulta_desde_QuickBooks_Data_64_Bit_QRemote[[#This Row],[SalesOrderLineUnitOfMeasure]]=\"un\",Tabla_Consulta_desde_QuickBooks_Data_64_Bit_QRemote[[#This Row],[SalesOrderLineQuantity]],Tabla_Consulta_desde_QuickBooks_Data_64_Bit_QRemote[[#This Row],[SalesOrderLineQuantity]]/MID(Tabla_Consulta_desde_QuickBooks_Data_64_Bit_QRemote[[#This Row],[SalesOrderLineUnitOfMeasure]],2,2)),0)","v":12},{"$f":"IFERROR(IF(Tabla_Consulta_desde_QuickBooks_Data_64_Bit_QRemote[[#This Row],[SalesOrderLineUnitOfMeasure]]=\"un\",Tabla_Consulta_desde_QuickBooks_Data_64_Bit_QRemote[[#This Row],[SalesOrderLineInvoiced]],Tabla_Consulta_desde_QuickBooks_Data_64_Bit_QRemote[[#This Row],[SalesOrderLineInvoiced]]/MID(Tabla_Consulta_desde_QuickBooks_Data_64_Bit_QRemote[[#This Row],[SalesOrderLineUnitOfMeasure]],2,2)),0)","v":0},{"$f":"+Tabla_Consulta_desde_QuickBooks_Data_64_Bit_QRemote[[#This Row],[facturado]]-Tabla_Consulta_desde_QuickBooks_Data_64_Bit_QRemote[[#This Row],[pide]]","v":-12},{"$f":"IF(Tabla_Consulta_desde_QuickBooks_Data_64_Bit_QRemote[[#This Row],[diferecia]]=0,\"ok\",\"diferen\")","v":"diferen"},{"$f":"IFERROR(INDEX(um!A:C,MATCH(Tabla_Consulta_desde_QuickBooks_Data_64_Bit_QRemote[[#This Row],[SalesOrderLineItemRefFullName]],um!A:A,0),3),\"\")","v":"X24"},{"$f":"IFERROR(IF(OR(Tabla_Consulta_desde_QuickBooks_Data_64_Bit_QRemote[[#This Row],[SalesOrderLineUnitOfMeasure]]=\"UN\",Tabla_Consulta_desde_QuickBooks_Data_64_Bit_QRemote[[#This Row],[SalesOrderLineUnitOfMeasure]]=Tabla_Consulta_desde_QuickBooks_Data_64_Bit_QRemote[[#This Row],[U/M]]),\"\",\"ERROR\"),\"\")","v":""},{"$f":"+WEEKNUM(Tabla_Consulta_desde_QuickBooks_Data_64_Bit_QRemote[[#This Row],[TxnDate]])","v":23},{"$f":"+Tabla_Consulta_desde_QuickBooks_Data_64_Bit_QRemote[[#This Row],[SalesOrderLineRate]]*Tabla_Consulta_desde_QuickBooks_Data_64_Bit_QRemote[[#This Row],[SalesOrderLineInvoiced]]","v":0},{"$f":"+IFERROR(IF(Tabla_Consulta_desde_QuickBooks_Data_64_Bit_QRemote[[#This Row],[CustomerRefFullName]]=\"GRUVALCORP SA\",VLOOKUP(Tabla_Consulta_desde_QuickBooks_Data_64_Bit_QRemote[[#This Row],[SalesOrderLineItemRefFullName]],Hoja1!A:E,5,FALSE),\"\")*-Tabla_Consulta_desde_QuickBooks_Data_64_Bit_QRemote[[#This Row],[SalesOrderLineAmount]],\"\")","v":""},{"$f":"IF(COUNTIF(wms!E:E,Tabla_Consulta_desde_QuickBooks_Data_64_Bit_QRemote[[#This Row],[RefNumber]])>0,\"OK\",\"FALTA\")","v":"FALTA"}]
["2025-06-02","29121","CORPORACION EL ROSADO S.A.","5401301474 CD GYE",2,null,"INFOADICIONAL","5401301474 CD GYE",null,null,null,0,0,null,0,593.28,682.27,"IVA EN VENTAS 15%",{"$f":"IFERROR(IF(Tabla_Consulta_desde_QuickBooks_Data_64_Bit_QRemote[[#This Row],[SalesOrderLineUnitOfMeasure]]=\"un\",Tabla_Consulta_desde_QuickBooks_Data_64_Bit_QRemote[[#This Row],[SalesOrderLineQuantity]],Tabla_Consulta_desde_QuickBooks_Data_64_Bit_QRemote[[#This Row],[SalesOrderLineQuantity]]/MID(Tabla_Consulta_desde_QuickBooks_Data_64_Bit_QRemote[[#This Row],[SalesOrderLineUnitOfMeasure]],2,2)),0)","v":0},{"$f":"IFERROR(IF(Tabla_Consulta_desde_QuickBooks_Data_64_Bit_QRemote[[#This Row],[SalesOrderLineUnitOfMeasure]]=\"un\",Tabla_Consulta_desde_QuickBooks_Data_64_Bit_QRemote[[#This Row],[SalesOrderLineInvoiced]],Tabla_Consulta_desde_QuickBooks_Data_64_Bit_QRemote[[#This Row],[SalesOrderLineInvoiced]]/MID(Tabla_Consulta_desde_QuickBooks_Data_64_Bit_QRemote[[#This Row],[SalesOrderLineUnitOfMeasure]],2,2)),0)","v":0},{"$f":"+Tabla_Consulta_desde_QuickBooks_Data_64_Bit_QRemote[[#This Row],[facturado]]-Tabla_Consulta_desde_QuickBooks_Data_64_Bit_QRemote[[#This Row],[pide]]","v":0},{"$f":"IF(Tabla_Consulta_desde_QuickBooks_Data_64_Bit_QRemote[[#This Row],[diferecia]]=0,\"ok\",\"diferen\")","v":"ok"},{"$f":"IFERROR(INDEX(um!A:C,MATCH(Tabla_Consulta_desde_QuickBooks_Data_64_Bit_QRemote[[#This Row],[SalesOrderLineItemRefFullName]],um!A:A,0),3),\"\")","v":""},{"$f":"IFERROR(IF(OR(Tabla_Consulta_desde_QuickBooks_Data_64_Bit_QRemote[[#This Row],[SalesOrderLineUnitOfMeasure]]=\"UN\",Tabla_Consulta_desde_QuickBooks_Data_64_Bit_QRemote[[#This Row],[SalesOrderLineUnitOfMeasure]]=Tabla_Consulta_desde_QuickBooks_Data_64_Bit_QRemote[[#This Row],[U/M]]),\"\",\"ERROR\"),\"\")","v":""},{"$f":"+WEEKNUM(Tabla_Consulta_desde_QuickBooks_Data_64_Bit_QRemote[[#This Row],[TxnDate]])","v":23},{"$f":"+Tabla_Consulta_desde_QuickBooks_Data_64_Bit_QRemote[[#This Row],[SalesOrderLineRate]]*Tabla_Consulta_desde_QuickBooks_Data_64_Bit_QRemote[[#This Row],[SalesOrderLineInvoiced]]","v":0},{"$f":"+IFERROR(IF(Tabla_Consulta_desde_QuickBooks_Data_64_Bit_QRemote[[#This Row],[CustomerRefFullName]]=\"GRUVALCORP SA\",VLOOKUP(Tabla_Consulta_desde_QuickBooks_Data_64_Bit_QRemote[[#This Row],[SalesOrderLineItemRefFullName]],Hoja1!A:E,5,FALSE),\"\")*-Tabla_Consulta_desde_QuickBooks_Data_64_Bit_QRemote[[#This Row],[SalesOrderLineAmount]],\"\")","v":""},{"$f":"IF(COUNTIF(wms!E:E,Tabla_Consulta_desde_QuickBooks_Data_64_Bit_QRemote[[#This Row],[RefNumber]])>0,\"OK\",\"FALTA\")","v":"FALTA"}]
["2025-06-02","29122","CORPORACION EL ROSADO S.A.","5401301475 CD GYE",1,"7862112522787","P.T:311606","SALSA QUESO CHEDDAR OLE 200G","Bodega Producto Terminado",360,"X24",1.52,547.20000000000005,"UNIDAD SALSA",0,1104.02,1269.6199999999999,"IVA EN VENTAS 15%",{"$f":"IFERROR(IF(Tabla_Consulta_desde_QuickBooks_Data_64_Bit_QRemote[[#This Row],[SalesOrderLineUnitOfMeasure]]=\"un\",Tabla_Consulta_desde_QuickBooks_Data_64_Bit_QRemote[[#This Row],[SalesOrderLineQuantity]],Tabla_Consulta_desde_QuickBooks_Data_64_Bit_QRemote[[#This Row],[SalesOrderLineQuantity]]/MID(Tabla_Consulta_desde_QuickBooks_Data_64_Bit_QRemote[[#This Row],[SalesOrderLineUnitOfMeasure]],2,2)),0)","v":15},{"$f":"IFERROR(IF(Tabla_Consulta_desde_QuickBooks_Data_64_Bit_QRemote[[#This Row],[SalesOrderLineUnitOfMeasure]]=\"un\",Tabla_Consulta_desde_QuickBooks_Data_64_Bit_QRemote[[#This Row],[SalesOrderLineInvoiced]],Tabla_Consulta_desde_QuickBooks_Data_64_Bit_QRemote[[#This Row],[SalesOrderLineInvoiced]]/MID(Tabla_Consulta_desde_QuickBooks_Data_64_Bit_QRemote[[#This Row],[SalesOrderLineUnitOfMeasure]],2,2)),0)","v":0},{"$f":"+Tabla_Consulta_desde_QuickBooks_Data_64_Bit_QRemote[[#This Row],[facturado]]-Tabla_Consulta_desde_QuickBooks_Data_64_Bit_QRemote[[#This Row],[pide]]","v":-15},{"$f":"IF(Tabla_Consulta_desde_QuickBooks_Data_64_Bit_QRemote[[#This Row],[diferecia]]=0,\"ok\",\"diferen\")","v":"diferen"},{"$f":"IFERROR(INDEX(um!A:C,MATCH(Tabla_Consulta_desde_QuickBooks_Data_64_Bit_QRemote[[#This Row],[SalesOrderLineItemRefFullName]],um!A:A,0),3),\"\")","v":"X24"},{"$f":"IFERROR(IF(OR(Tabla_Consulta_desde_QuickBooks_Data_64_Bit_QRemote[[#This Row],[SalesOrderLineUnitOfMeasure]]=\"UN\",Tabla_Consulta_desde_QuickBooks_Data_64_Bit_QRemote[[#This Row],[SalesOrderLineUnitOfMeasure]]=Tabla_Consulta_desde_QuickBooks_Data_64_Bit_QRemote[[#This Row],[U/M]]),\"\",\"ERROR\"),\"\")","v":""},{"$f":"+WEEKNUM(Tabla_Consulta_desde_QuickBooks_Data_64_Bit_QRemote[[#This Row],[TxnDate]])","v":23},{"$f":"+Tabla_Consulta_desde_QuickBooks_Data_64_Bit_QRemote[[#This Row],[SalesOrderLineRate]]*Tabla_Consulta_desde_QuickBooks_Data_64_Bit_QRemote[[#This Row],[SalesOrderLineInvoiced]]","v":0},{"$f":"+IFERROR(IF(Tabla_Consulta_desde_QuickBooks_Data_64_Bit_QRemote[[#This Row],[CustomerRefFullName]]=\"GRUVALCORP SA\",VLOOKUP(Tabla_Consulta_desde_QuickBooks_Data_64_Bit_QRemote[[#This Row],[SalesOrderLineItemRefFullName]],Hoja1!A:E,5,FALSE),\"\")*-Tabla_Consulta_desde_QuickBooks_Data_64_Bit_QRemote[[#This Row],[SalesOrderLineAmount]],\"\")","v":""},{"$f":"IF(COUNTIF(wms!E:E,Tabla_Consulta_desde_QuickBooks_Data_64_Bit_QRemote[[#This Row],[RefNumber]])>0,\"OK\",\"FALTA\")","v":"FALTA"}]
["2025-06-02","29122","CORPORACION EL ROSADO S.A.","5401301475 CD GYE",2,"7862112522794","P.T:311605","SALSA CHICKEN DIPPIN OLE 200G","Bodega Producto Terminado",144,"X24",1.27,182.88,"UNIDAD SALSA",0,1104.02,1269.6199999999999,"IVA EN VENTAS 15%",{"$f":"IFERROR(IF(Tabla_Consulta_desde_QuickBooks_Data_64_Bit_QRemote[[#This Row],[SalesOrderLineUnitOfMeasure]]=\"un\",Tabla_Consulta_desde_QuickBooks_Data_64_Bit_QRemote[[#This Row],[SalesOrderLineQuantity]],Tabla_Consulta_desde_QuickBooks_Data_64_Bit_QRemote[[#This Row],[SalesOrderLineQuantity]]/MID(Tabla_Consulta_desde_QuickBooks_Data_64_Bit_QRemote[[#This Row],[SalesOrderLineUnitOfMeasure]],2,2)),0)","v":6},{"$f":"IFERROR(IF(Tabla_Consulta_desde_QuickBooks_Data_64_Bit_QRemote[[#This Row],[SalesOrderLineUnitOfMeasure]]=\"un\",Tabla_Consulta_desde_QuickBooks_Data_64_Bit_QRemote[[#This Row],[SalesOrderLineInvoiced]],Tabla_Consulta_desde_QuickBooks_Data_64_Bit_QRemote[[#This Row],[SalesOrderLineInvoiced]]/MID(Tabla_Consulta_desde_QuickBooks_Data_64_Bit_QRemote[[#This Row],[SalesOrderLineUnitOfMeasure]],2,2)),0)","v":0},{"$f":"+Tabla_Consulta_desde_QuickBooks_Data_64_Bit_QRemote[[#This Row],[facturado]]-Tabla_Consulta_desde_QuickBooks_Data_64_Bit_QRemote[[#This Row],[pide]]","v":-6},{"$f":"IF(Tabla_Consulta_desde_QuickBooks_Data_64_Bit_QRemote[[#This Row],[diferecia]]=0,\"ok\",\"diferen\")","v":"diferen"},{"$f":"IFERROR(INDEX(um!A:C,MATCH(Tabla_Consulta_desde_QuickBooks_Data_64_Bit_QRemote[[#This Row],[SalesOrderLineItemRefFullName]],um!A:A,0),3),\"\")","v":"X24"},{"$f":"IFERROR(IF(OR(Tabla_Consulta_desde_QuickBooks_Data_64_Bit_QRemote[[#This Row],[SalesOrderLineUnitOfMeasure]]=\"UN\",Tabla_Consulta_desde_QuickBooks_Data_64_Bit_QRemote[[#This Row],[SalesOrderLineUnitOfMeasure]]=Tabla_Consulta_desde_QuickBooks_Data_64_Bit_QRemote[[#This Row],[U/M]]),\"\",\"ERROR\"),\"\")","v":""},{"$f":"+WEEKNUM(Tabla_Consulta_desde_QuickBooks_Data_64_Bit_QRemote[[#This Row],[TxnDate]])","v":23},{"$f":"+Tabla_Consulta_desde_QuickBooks_Data_64_Bit_QRemote[[#This Row],[SalesOrderLineRate]]*Tabla_Consulta_desde_QuickBooks_Data_64_Bit_QRemote[[#This Row],[SalesOrderLineInvoiced]]","v":0},{"$f":"+IFERROR(IF(Tabla_Consulta_desde_QuickBooks_Data_64_Bit_QRemote[[#This Row],[CustomerRefFullName]]=\"GRUVALCORP SA\",VLOOKUP(Tabla_Consulta_desde_QuickBooks_Data_64_Bit_QRemote[[#This Row],[SalesOrderLineItemRefFullName]],Hoja1!A:E,5,FALSE),\"\")*-Tabla_Consulta_desde_QuickBooks_Data_64_Bit_QRemote[[#This Row],[SalesOrderLineAmount]],\"\")","v":""},{"$f":"IF(COUNTIF(wms!E:E,Tabla_Consulta_desde_QuickBooks_Data_64_Bit_QRemote[[#This Row],[RefNumber]])>0,\"OK\",\"FALTA\")","v":"FALTA"}]
["2025-06-02","29122","CORPORACION EL ROSADO S.A.","5401301475 CD GYE",3,"7862112522985","P.T:110704","DIP DE FREJOL OLE 230G","Bodega Producto Terminado",168,"X12",1.51,253.68,"UNIDAD SALSA",0,1104.02,1269.6199999999999,"IVA EN VENTAS 15%",{"$f":"IFERROR(IF(Tabla_Consulta_desde_QuickBooks_Data_64_Bit_QRemote[[#This Row],[SalesOrderLineUnitOfMeasure]]=\"un\",Tabla_Consulta_desde_QuickBooks_Data_64_Bit_QRemote[[#This Row],[SalesOrderLineQuantity]],Tabla_Consulta_desde_QuickBooks_Data_64_Bit_QRemote[[#This Row],[SalesOrderLineQuantity]]/MID(Tabla_Consulta_desde_QuickBooks_Data_64_Bit_QRemote[[#This Row],[SalesOrderLineUnitOfMeasure]],2,2)),0)","v":14},{"$f":"IFERROR(IF(Tabla_Consulta_desde_QuickBooks_Data_64_Bit_QRemote[[#This Row],[SalesOrderLineUnitOfMeasure]]=\"un\",Tabla_Consulta_desde_QuickBooks_Data_64_Bit_QRemote[[#This Row],[SalesOrderLineInvoiced]],Tabla_Consulta_desde_QuickBooks_Data_64_Bit_QRemote[[#This Row],[SalesOrderLineInvoiced]]/MID(Tabla_Consulta_desde_QuickBooks_Data_64_Bit_QRemote[[#This Row],[SalesOrderLineUnitOfMeasure]],2,2)),0)","v":0},{"$f":"+Tabla_Consulta_desde_QuickBooks_Data_64_Bit_QRemote[[#This Row],[facturado]]-Tabla_Consulta_desde_QuickBooks_Data_64_Bit_QRemote[[#This Row],[pide]]","v":-14},{"$f":"IF(Tabla_Consulta_desde_QuickBooks_Data_64_Bit_QRemote[[#This Row],[diferecia]]=0,\"ok\",\"diferen\")","v":"diferen"},{"$f":"IFERROR(INDEX(um!A:C,MATCH(Tabla_Consulta_desde_QuickBooks_Data_64_Bit_QRemote[[#This Row],[SalesOrderLineItemRefFullName]],um!A:A,0),3),\"\")","v":"X12"},{"$f":"IFERROR(IF(OR(Tabla_Consulta_desde_QuickBooks_Data_64_Bit_QRemote[[#This Row],[SalesOrderLineUnitOfMeasure]]=\"UN\",Tabla_Consulta_desde_QuickBooks_Data_64_Bit_QRemote[[#This Row],[SalesOrderLineUnitOfMeasure]]=Tabla_Consulta_desde_QuickBooks_Data_64_Bit_QRemote[[#This Row],[U/M]]),\"\",\"ERROR\"),\"\")","v":""},{"$f":"+WEEKNUM(Tabla_Consulta_desde_QuickBooks_Data_64_Bit_QRemote[[#This Row],[TxnDate]])","v":23},{"$f":"+Tabla_Consulta_desde_QuickBooks_Data_64_Bit_QRemote[[#This Row],[SalesOrderLineRate]]*Tabla_Consulta_desde_QuickBooks_Data_64_Bit_QRemote[[#This Row],[SalesOrderLineInvoiced]]","v":0},{"$f":"+IFERROR(IF(Tabla_Consulta_desde_QuickBooks_Data_64_Bit_QRemote[[#This Row],[CustomerRefFullName]]=\"GRUVALCORP SA\",VLOOKUP(Tabla_Consulta_desde_QuickBooks_Data_64_Bit_QRemote[[#This Row],[SalesOrderLineItemRefFullName]],Hoja1!A:E,5,FALSE),\"\")*-Tabla_Consulta_desde_QuickBooks_Data_64_Bit_QRemote[[#This Row],[SalesOrderLineAmount]],\"\")","v":""},{"$f":"IF(COUNTIF(wms!E:E,Tabla_Consulta_desde_QuickBooks_Data_64_Bit_QRemote[[#This Row],[RefNumber]])>0,\"OK\",\"FALTA\")","v":"FALTA"}]
["2025-06-02","29122","CORPORACION EL ROSADO S.A.","5401301475 CD GYE",4,"7862112522497","P.T:110801","SALSA BBQ ORIGINAL OLE DP 200G","Bodega Producto Terminado",132,"X12",0.68,89.76,"UNIDAD SALSA",0,1104.02,1269.6199999999999,"IVA EN VENTAS 15%",{"$f":"IFERROR(IF(Tabla_Consulta_desde_QuickBooks_Data_64_Bit_QRemote[[#This Row],[SalesOrderLineUnitOfMeasure]]=\"un\",Tabla_Consulta_desde_QuickBooks_Data_64_Bit_QRemote[[#This Row],[SalesOrderLineQuantity]],Tabla_Consulta_desde_QuickBooks_Data_64_Bit_QRemote[[#This Row],[SalesOrderLineQuantity]]/MID(Tabla_Consulta_desde_QuickBooks_Data_64_Bit_QRemote[[#This Row],[SalesOrderLineUnitOfMeasure]],2,2)),0)","v":11},{"$f":"IFERROR(IF(Tabla_Consulta_desde_QuickBooks_Data_64_Bit_QRemote[[#This Row],[SalesOrderLineUnitOfMeasure]]=\"un\",Tabla_Consulta_desde_QuickBooks_Data_64_Bit_QRemote[[#This Row],[SalesOrderLineInvoiced]],Tabla_Consulta_desde_QuickBooks_Data_64_Bit_QRemote[[#This Row],[SalesOrderLineInvoiced]]/MID(Tabla_Consulta_desde_QuickBooks_Data_64_Bit_QRemote[[#This Row],[SalesOrderLineUnitOfMeasure]],2,2)),0)","v":0},{"$f":"+Tabla_Consulta_desde_QuickBooks_Data_64_Bit_QRemote[[#This Row],[facturado]]-Tabla_Consulta_desde_QuickBooks_Data_64_Bit_QRemote[[#This Row],[pide]]","v":-11},{"$f":"IF(Tabla_Consulta_desde_QuickBooks_Data_64_Bit_QRemote[[#This Row],[diferecia]]=0,\"ok\",\"diferen\")","v":"diferen"},{"$f":"IFERROR(INDEX(um!A:C,MATCH(Tabla_Consulta_desde_QuickBooks_Data_64_Bit_QRemote[[#This Row],[SalesOrderLineItemRefFullName]],um!A:A,0),3),\"\")","v":"X12"},{"$f":"IFERROR(IF(OR(Tabla_Consulta_desde_QuickBooks_Data_64_Bit_QRemote[[#This Row],[SalesOrderLineUnitOfMeasure]]=\"UN\",Tabla_Consulta_desde_QuickBooks_Data_64_Bit_QRemote[[#This Row],[SalesOrderLineUnitOfMeasure]]=Tabla_Consulta_desde_QuickBooks_Data_64_Bit_QRemote[[#This Row],[U/M]]),\"\",\"ERROR\"),\"\")","v":""},{"$f":"+WEEKNUM(Tabla_Consulta_desde_QuickBooks_Data_64_Bit_QRemote[[#This Row],[TxnDate]])","v":23},{"$f":"+Tabla_Consulta_desde_QuickBooks_Data_64_Bit_QRemote[[#This Row],[SalesOrderLineRate]]*Tabla_Consulta_desde_QuickBooks_Data_64_Bit_QRemote[[#This Row],[SalesOrderLineInvoiced]]","v":0},{"$f":"+IFERROR(IF(Tabla_Consulta_desde_QuickBooks_Data_64_Bit_QRemote[[#This Row],[CustomerRefFullName]]=\"GRUVALCORP SA\",VLOOKUP(Tabla_Consulta_desde_QuickBooks_Data_64_Bit_QRemote[[#This Row],[SalesOrderLineItemRefFullName]],Hoja1!A:E,5,FALSE),\"\")*-Tabla_Consulta_desde_QuickBooks_Data_64_Bit_QRemote[[#This Row],[SalesOrderLineAmount]],\"\")","v":""},{"$f":"IF(COUNTIF(wms!E:E,Tabla_Consulta_desde_QuickBooks_Data_64_Bit_QRemote[[#This Row],[RefNumber]])>0,\"OK\",\"FALTA\")","v":"FALTA"}]
["2025-06-02","29122","CORPORACION EL ROSADO S.A.","5401301475 CD GYE",5,"7862112523227","P.T:110313","SALSA BBQ WHISKY Y MIEL OLE 430G","Bodega Producto Terminado",84,"X12",2.06,173.04,"UNIDAD SALSA",0,1104.02,1269.6199999999999,"IVA EN VENTAS 15%",{"$f":"IFERROR(IF(Tabla_Consulta_desde_QuickBooks_Data_64_Bit_QRemote[[#This Row],[SalesOrderLineUnitOfMeasure]]=\"un\",Tabla_Consulta_desde_QuickBooks_Data_64_Bit_QRemote[[#This Row],[SalesOrderLineQuantity]],Tabla_Consulta_desde_QuickBooks_Data_64_Bit_QRemote[[#This Row],[SalesOrderLineQuantity]]/MID(Tabla_Consulta_desde_QuickBooks_Data_64_Bit_QRemote[[#This Row],[SalesOrderLineUnitOfMeasure]],2,2)),0)","v":7},{"$f":"IFERROR(IF(Tabla_Consulta_desde_QuickBooks_Data_64_Bit_QRemote[[#This Row],[SalesOrderLineUnitOfMeasure]]=\"un\",Tabla_Consulta_desde_QuickBooks_Data_64_Bit_QRemote[[#This Row],[SalesOrderLineInvoiced]],Tabla_Consulta_desde_QuickBooks_Data_64_Bit_QRemote[[#This Row],[SalesOrderLineInvoiced]]/MID(Tabla_Consulta_desde_QuickBooks_Data_64_Bit_QRemote[[#This Row],[SalesOrderLineUnitOfMeasure]],2,2)),0)","v":0},{"$f":"+Tabla_Consulta_desde_QuickBooks_Data_64_Bit_QRemote[[#This Row],[facturado]]-Tabla_Consulta_desde_QuickBooks_Data_64_Bit_QRemote[[#This Row],[pide]]","v":-7},{"$f":"IF(Tabla_Consulta_desde_QuickBooks_Data_64_Bit_QRemote[[#This Row],[diferecia]]=0,\"ok\",\"diferen\")","v":"diferen"},{"$f":"IFERROR(INDEX(um!A:C,MATCH(Tabla_Consulta_desde_QuickBooks_Data_64_Bit_QRemote[[#This Row],[SalesOrderLineItemRefFullName]],um!A:A,0),3),\"\")","v":"X12"},{"$f":"IFERROR(IF(OR(Tabla_Consulta_desde_QuickBooks_Data_64_Bit_QRemote[[#This Row],[SalesOrderLineUnitOfMeasure]]=\"UN\",Tabla_Consulta_desde_QuickBooks_Data_64_Bit_QRemote[[#This Row],[SalesOrderLineUnitOfMeasure]]=Tabla_Consulta_desde_QuickBooks_Data_64_Bit_QRemote[[#This Row],[U/M]]),\"\",\"ERROR\"),\"\")","v":""},{"$f":"+WEEKNUM(Tabla_Consulta_desde_QuickBooks_Data_64_Bit_QRemote[[#This Row],[TxnDate]])","v":23},{"$f":"+Tabla_Consulta_desde_QuickBooks_Data_64_Bit_QRemote[[#This Row],[SalesOrderLineRate]]*Tabla_Consulta_desde_QuickBooks_Data_64_Bit_QRemote[[#This Row],[SalesOrderLineInvoiced]]","v":0},{"$f":"+IFERROR(IF(Tabla_Consulta_desde_QuickBooks_Data_64_Bit_QRemote[[#This Row],[CustomerRefFullName]]=\"GRUVALCORP SA\",VLOOKUP(Tabla_Consulta_desde_QuickBooks_Data_64_Bit_QRemote[[#This Row],[SalesOrderLineItemRefFullName]],Hoja1!A:E,5,FALSE),\"\")*-Tabla_Consulta_desde_QuickBooks_Data_64_Bit_QRemote[[#This Row],[SalesOrderLineAmount]],\"\")","v":""},{"$f":"IF(COUNTIF(wms!E:E,Tabla_Consulta_desde_QuickBooks_Data_64_Bit_QRemote[[#This Row],[RefNumber]])>0,\"OK\",\"FALTA\")","v":"FALTA"}]
["2025-06-02","29122","CORPORACION EL ROSADO S.A.","5401301475 CD GYE",6,"7862112523128","P.T:311610","MIEL PICANTE OLE 350G","Bodega Producto Terminado",12,"X12",5.69,68.28,"UNIDAD SALSA",0,1104.02,1269.6199999999999,"IVA EN VENTAS 15%",{"$f":"IFERROR(IF(Tabla_Consulta_desde_QuickBooks_Data_64_Bit_QRemote[[#This Row],[SalesOrderLineUnitOfMeasure]]=\"un\",Tabla_Consulta_desde_QuickBooks_Data_64_Bit_QRemote[[#This Row],[SalesOrderLineQuantity]],Tabla_Consulta_desde_QuickBooks_Data_64_Bit_QRemote[[#This Row],[SalesOrderLineQuantity]]/MID(Tabla_Consulta_desde_QuickBooks_Data_64_Bit_QRemote[[#This Row],[SalesOrderLineUnitOfMeasure]],2,2)),0)","v":1},{"$f":"IFERROR(IF(Tabla_Consulta_desde_QuickBooks_Data_64_Bit_QRemote[[#This Row],[SalesOrderLineUnitOfMeasure]]=\"un\",Tabla_Consulta_desde_QuickBooks_Data_64_Bit_QRemote[[#This Row],[SalesOrderLineInvoiced]],Tabla_Consulta_desde_QuickBooks_Data_64_Bit_QRemote[[#This Row],[SalesOrderLineInvoiced]]/MID(Tabla_Consulta_desde_QuickBooks_Data_64_Bit_QRemote[[#This Row],[SalesOrderLineUnitOfMeasure]],2,2)),0)","v":0},{"$f":"+Tabla_Consulta_desde_QuickBooks_Data_64_Bit_QRemote[[#This Row],[facturado]]-Tabla_Consulta_desde_QuickBooks_Data_64_Bit_QRemote[[#This Row],[pide]]","v":-1},{"$f":"IF(Tabla_Consulta_desde_QuickBooks_Data_64_Bit_QRemote[[#This Row],[diferecia]]=0,\"ok\",\"diferen\")","v":"diferen"},{"$f":"IFERROR(INDEX(um!A:C,MATCH(Tabla_Consulta_desde_QuickBooks_Data_64_Bit_QRemote[[#This Row],[SalesOrderLineItemRefFullName]],um!A:A,0),3),\"\")","v":"X12"},{"$f":"IFERROR(IF(OR(Tabla_Consulta_desde_QuickBooks_Data_64_Bit_QRemote[[#This Row],[SalesOrderLineUnitOfMeasure]]=\"UN\",Tabla_Consulta_desde_QuickBooks_Data_64_Bit_QRemote[[#This Row],[SalesOrderLineUnitOfMeasure]]=Tabla_Consulta_desde_QuickBooks_Data_64_Bit_QRemote[[#This Row],[U/M]]),\"\",\"ERROR\"),\"\")","v":""},{"$f":"+WEEKNUM(Tabla_Consulta_desde_QuickBooks_Data_64_Bit_QRemote[[#This Row],[TxnDate]])","v":23},{"$f":"+Tabla_Consulta_desde_QuickBooks_Data_64_Bit_QRemote[[#This Row],[SalesOrderLineRate]]*Tabla_Consulta_desde_QuickBooks_Data_64_Bit_QRemote[[#This Row],[SalesOrderLineInvoiced]]","v":0},{"$f":"+IFERROR(IF(Tabla_Consulta_desde_QuickBooks_Data_64_Bit_QRemote[[#This Row],[CustomerRefFullName]]=\"GRUVALCORP SA\",VLOOKUP(Tabla_Consulta_desde_QuickBooks_Data_64_Bit_QRemote[[#This Row],[SalesOrderLineItemRefFullName]],Hoja1!A:E,5,FALSE),\"\")*-Tabla_Consulta_desde_QuickBooks_Data_64_Bit_QRemote[[#This Row],[SalesOrderLineAmount]],\"\")","v":""},{"$f":"IF(COUNTIF(wms!E:E,Tabla_Consulta_desde_QuickBooks_Data_64_Bit_QRemote[[#This Row],[RefNumber]])>0,\"OK\",\"FALTA\")","v":"FALTA"}]
["2025-06-02","29122","CORPORACION EL ROSADO S.A.","5401301475 CD GYE",7,null,"INFOADICIONAL","5401301475 CD GYE",null,null,null,-109.5,-109.5,null,0,1104.02,1269.6199999999999,"IVA EN VENTAS 15%",{"$f":"IFERROR(IF(Tabla_Consulta_desde_QuickBooks_Data_64_Bit_QRemote[[#This Row],[SalesOrderLineUnitOfMeasure]]=\"un\",Tabla_Consulta_desde_QuickBooks_Data_64_Bit_QRemote[[#This Row],[SalesOrderLineQuantity]],Tabla_Consulta_desde_QuickBooks_Data_64_Bit_QRemote[[#This Row],[SalesOrderLineQuantity]]/MID(Tabla_Consulta_desde_QuickBooks_Data_64_Bit_QRemote[[#This Row],[SalesOrderLineUnitOfMeasure]],2,2)),0)","v":0},{"$f":"IFERROR(IF(Tabla_Consulta_desde_QuickBooks_Data_64_Bit_QRemote[[#This Row],[SalesOrderLineUnitOfMeasure]]=\"un\",Tabla_Consulta_desde_QuickBooks_Data_64_Bit_QRemote[[#This Row],[SalesOrderLineInvoiced]],Tabla_Consulta_desde_QuickBooks_Data_64_Bit_QRemote[[#This Row],[SalesOrderLineInvoiced]]/MID(Tabla_Consulta_desde_QuickBooks_Data_64_Bit_QRemote[[#This Row],[SalesOrderLineUnitOfMeasure]],2,2)),0)","v":0},{"$f":"+Tabla_Consulta_desde_QuickBooks_Data_64_Bit_QRemote[[#This Row],[facturado]]-Tabla_Consulta_desde_QuickBooks_Data_64_Bit_QRemote[[#This Row],[pide]]","v":0},{"$f":"IF(Tabla_Consulta_desde_QuickBooks_Data_64_Bit_QRemote[[#This Row],[diferecia]]=0,\"ok\",\"diferen\")","v":"ok"},{"$f":"IFERROR(INDEX(um!A:C,MATCH(Tabla_Consulta_desde_QuickBooks_Data_64_Bit_QRemote[[#This Row],[SalesOrderLineItemRefFullName]],um!A:A,0),3),\"\")","v":""},{"$f":"IFERROR(IF(OR(Tabla_Consulta_desde_QuickBooks_Data_64_Bit_QRemote[[#This Row],[SalesOrderLineUnitOfMeasure]]=\"UN\",Tabla_Consulta_desde_QuickBooks_Data_64_Bit_QRemote[[#This Row],[SalesOrderLineUnitOfMeasure]]=Tabla_Consulta_desde_QuickBooks_Data_64_Bit_QRemote[[#This Row],[U/M]]),\"\",\"ERROR\"),\"\")","v":""},{"$f":"+WEEKNUM(Tabla_Consulta_desde_QuickBooks_Data_64_Bit_QRemote[[#This Row],[TxnDate]])","v":23},{"$f":"+Tabla_Consulta_desde_QuickBooks_Data_64_Bit_QRemote[[#This Row],[SalesOrderLineRate]]*Tabla_Consulta_desde_QuickBooks_Data_64_Bit_QRemote[[#This Row],[SalesOrderLineInvoiced]]","v":0},{"$f":"+IFERROR(IF(Tabla_Consulta_desde_QuickBooks_Data_64_Bit_QRemote[[#This Row],[CustomerRefFullName]]=\"GRUVALCORP SA\",VLOOKUP(Tabla_Consulta_desde_QuickBooks_Data_64_Bit_QRemote[[#This Row],[SalesOrderLineItemRefFullName]],Hoja1!A:E,5,FALSE),\"\")*-Tabla_Consulta_desde_QuickBooks_Data_64_Bit_QRemote[[#This Row],[SalesOrderLineAmount]],\"\")","v":""},{"$f":"IF(COUNTIF(wms!E:E,Tabla_Consulta_desde_QuickBooks_Data_64_Bit_QRemote[[#This Row],[RefNumber]])>0,\"OK\",\"FALTA\")","v":"FALTA"}]
["2025-06-02","29122","CORPORACION EL ROSADO S.A.","5401301475 CD GYE",8,null,"Desc. Ventas COM:311606","SALSA QUESO CHEDDAR OLE 200G",null,null,null,-23.76,-23.76,null,0,1104.02,1269.6199999999999,"IVA EN VENTAS 15%",{"$f":"IFERROR(IF(Tabla_Consulta_desde_QuickBooks_Data_64_Bit_QRemote[[#This Row],[SalesOrderLineUnitOfMeasure]]=\"un\",Tabla_Consulta_desde_QuickBooks_Data_64_Bit_QRemote[[#This Row],[SalesOrderLineQuantity]],Tabla_Consulta_desde_QuickBooks_Data_64_Bit_QRemote[[#This Row],[SalesOrderLineQuantity]]/MID(Tabla_Consulta_desde_QuickBooks_Data_64_Bit_QRemote[[#This Row],[SalesOrderLineUnitOfMeasure]],2,2)),0)","v":0},{"$f":"IFERROR(IF(Tabla_Consulta_desde_QuickBooks_Data_64_Bit_QRemote[[#This Row],[SalesOrderLineUnitOfMeasure]]=\"un\",Tabla_Consulta_desde_QuickBooks_Data_64_Bit_QRemote[[#This Row],[SalesOrderLineInvoiced]],Tabla_Consulta_desde_QuickBooks_Data_64_Bit_QRemote[[#This Row],[SalesOrderLineInvoiced]]/MID(Tabla_Consulta_desde_QuickBooks_Data_64_Bit_QRemote[[#This Row],[SalesOrderLineUnitOfMeasure]],2,2)),0)","v":0},{"$f":"+Tabla_Consulta_desde_QuickBooks_Data_64_Bit_QRemote[[#This Row],[facturado]]-Tabla_Consulta_desde_QuickBooks_Data_64_Bit_QRemote[[#This Row],[pide]]","v":0},{"$f":"IF(Tabla_Consulta_desde_QuickBooks_Data_64_Bit_QRemote[[#This Row],[diferecia]]=0,\"ok\",\"diferen\")","v":"ok"},{"$f":"IFERROR(INDEX(um!A:C,MATCH(Tabla_Consulta_desde_QuickBooks_Data_64_Bit_QRemote[[#This Row],[SalesOrderLineItemRefFullName]],um!A:A,0),3),\"\")","v":""},{"$f":"IFERROR(IF(OR(Tabla_Consulta_desde_QuickBooks_Data_64_Bit_QRemote[[#This Row],[SalesOrderLineUnitOfMeasure]]=\"UN\",Tabla_Consulta_desde_QuickBooks_Data_64_Bit_QRemote[[#This Row],[SalesOrderLineUnitOfMeasure]]=Tabla_Consulta_desde_QuickBooks_Data_64_Bit_QRemote[[#This Row],[U/M]]),\"\",\"ERROR\"),\"\")","v":""},{"$f":"+WEEKNUM(Tabla_Consulta_desde_QuickBooks_Data_64_Bit_QRemote[[#This Row],[TxnDate]])","v":23},{"$f":"+Tabla_Consulta_desde_QuickBooks_Data_64_Bit_QRemote[[#This Row],[SalesOrderLineRate]]*Tabla_Consulta_desde_QuickBooks_Data_64_Bit_QRemote[[#This Row],[SalesOrderLineInvoiced]]","v":0},{"$f":"+IFERROR(IF(Tabla_Consulta_desde_QuickBooks_Data_64_Bit_QRemote[[#This Row],[CustomerRefFullName]]=\"GRUVALCORP SA\",VLOOKUP(Tabla_Consulta_desde_QuickBooks_Data_64_Bit_QRemote[[#This Row],[SalesOrderLineItemRefFullName]],Hoja1!A:E,5,FALSE),\"\")*-Tabla_Consulta_desde_QuickBooks_Data_64_Bit_QRemote[[#This Row],[SalesOrderLineAmount]],\"\")","v":""},{"$f":"IF(COUNTIF(wms!E:E,Tabla_Consulta_desde_QuickBooks_Data_64_Bit_QRemote[[#This Row],[RefNumber]])>0,\"OK\",\"FALTA\")","v":"FALTA"}]
["2025-06-02","29122","CORPORACION EL ROSADO S.A.","5401301475 CD GYE",9,null,"Desc. Ventas COM:311605","SALSA CHICKEN DIPPIN OLE 200G",null,null,null,-38.08,-38.08,null,0,1104.02,1269.6199999999999,"IVA EN VENTAS 15%",{"$f":"IFERROR(IF(Tabla_Consulta_desde_QuickBooks_Data_64_Bit_QRemote[[#This Row],[SalesOrderLineUnitOfMeasure]]=\"un\",Tabla_Consulta_desde_QuickBooks_Data_64_Bit_QRemote[[#This Row],[SalesOrderLineQuantity]],Tabla_Consulta_desde_QuickBooks_Data_64_Bit_QRemote[[#This Row],[SalesOrderLineQuantity]]/MID(Tabla_Consulta_desde_QuickBooks_Data_64_Bit_QRemote[[#This Row],[SalesOrderLineUnitOfMeasure]],2,2)),0)","v":0},{"$f":"IFERROR(IF(Tabla_Consulta_desde_QuickBooks_Data_64_Bit_QRemote[[#This Row],[SalesOrderLineUnitOfMeasure]]=\"un\",Tabla_Consulta_desde_QuickBooks_Data_64_Bit_QRemote[[#This Row],[SalesOrderLineInvoiced]],Tabla_Consulta_desde_QuickBooks_Data_64_Bit_QRemote[[#This Row],[SalesOrderLineInvoiced]]/MID(Tabla_Consulta_desde_QuickBooks_Data_64_Bit_QRemote[[#This Row],[SalesOrderLineUnitOfMeasure]],2,2)),0)","v":0},{"$f":"+Tabla_Consulta_desde_QuickBooks_Data_64_Bit_QRemote[[#This Row],[facturado]]-Tabla_Consulta_desde_QuickBooks_Data_64_Bit_QRemote[[#This Row],[pide]]","v":0},{"$f":"IF(Tabla_Consulta_desde_QuickBooks_Data_64_Bit_QRemote[[#This Row],[diferecia]]=0,\"ok\",\"diferen\")","v":"ok"},{"$f":"IFERROR(INDEX(um!A:C,MATCH(Tabla_Consulta_desde_QuickBooks_Data_64_Bit_QRemote[[#This Row],[SalesOrderLineItemRefFullName]],um!A:A,0),3),\"\")","v":""},{"$f":"IFERROR(IF(OR(Tabla_Consulta_desde_QuickBooks_Data_64_Bit_QRemote[[#This Row],[SalesOrderLineUnitOfMeasure]]=\"UN\",Tabla_Consulta_desde_QuickBooks_Data_64_Bit_QRemote[[#This Row],[SalesOrderLineUnitOfMeasure]]=Tabla_Consulta_desde_QuickBooks_Data_64_Bit_QRemote[[#This Row],[U/M]]),\"\",\"ERROR\"),\"\")","v":""},{"$f":"+WEEKNUM(Tabla_Consulta_desde_QuickBooks_Data_64_Bit_QRemote[[#This Row],[TxnDate]])","v":23},{"$f":"+Tabla_Consulta_desde_QuickBooks_Data_64_Bit_QRemote[[#This Row],[SalesOrderLineRate]]*Tabla_Consulta_desde_QuickBooks_Data_64_Bit_QRemote[[#This Row],[SalesOrderLineInvoiced]]","v":0},{"$f":"+IFERROR(IF(Tabla_Consulta_desde_QuickBooks_Data_64_Bit_QRemote[[#This Row],[CustomerRefFullName]]=\"GRUVALCORP SA\",VLOOKUP(Tabla_Consulta_desde_QuickBooks_Data_64_Bit_QRemote[[#This Row],[SalesOrderLineItemRefFullName]],Hoja1!A:E,5,FALSE),\"\")*-Tabla_Consulta_desde_QuickBooks_Data_64_Bit_QRemote[[#This Row],[SalesOrderLineAmount]],\"\")","v":""},{"$f":"IF(COUNTIF(wms!E:E,Tabla_Consulta_desde_QuickBooks_Data_64_Bit_QRemote[[#This Row],[RefNumber]])>0,\"OK\",\"FALTA\")","v":"FALTA"}]
["2025-06-02","29122","CORPORACION EL ROSADO S.A.","5401301475 CD GYE",10,null,"Desc. Ventas SLS:110704","DIP DE FREJOL OLE 230G",null,null,null,-17.29,-17.29,null,0,1104.02,1269.6199999999999,"IVA EN VENTAS 15%",{"$f":"IFERROR(IF(Tabla_Consulta_desde_QuickBooks_Data_64_Bit_QRemote[[#This Row],[SalesOrderLineUnitOfMeasure]]=\"un\",Tabla_Consulta_desde_QuickBooks_Data_64_Bit_QRemote[[#This Row],[SalesOrderLineQuantity]],Tabla_Consulta_desde_QuickBooks_Data_64_Bit_QRemote[[#This Row],[SalesOrderLineQuantity]]/MID(Tabla_Consulta_desde_QuickBooks_Data_64_Bit_QRemote[[#This Row],[SalesOrderLineUnitOfMeasure]],2,2)),0)","v":0},{"$f":"IFERROR(IF(Tabla_Consulta_desde_QuickBooks_Data_64_Bit_QRemote[[#This Row],[SalesOrderLineUnitOfMeasure]]=\"un\",Tabla_Consulta_desde_QuickBooks_Data_64_Bit_QRemote[[#This Row],[SalesOrderLineInvoiced]],Tabla_Consulta_desde_QuickBooks_Data_64_Bit_QRemote[[#This Row],[SalesOrderLineInvoiced]]/MID(Tabla_Consulta_desde_QuickBooks_Data_64_Bit_QRemote[[#This Row],[SalesOrderLineUnitOfMeasure]],2,2)),0)","v":0},{"$f":"+Tabla_Consulta_desde_QuickBooks_Data_64_Bit_QRemote[[#This Row],[facturado]]-Tabla_Consulta_desde_QuickBooks_Data_64_Bit_QRemote[[#This Row],[pide]]","v":0},{"$f":"IF(Tabla_Consulta_desde_QuickBooks_Data_64_Bit_QRemote[[#This Row],[diferecia]]=0,\"ok\",\"diferen\")","v":"ok"},{"$f":"IFERROR(INDEX(um!A:C,MATCH(Tabla_Consulta_desde_QuickBooks_Data_64_Bit_QRemote[[#This Row],[SalesOrderLineItemRefFullName]],um!A:A,0),3),\"\")","v":""},{"$f":"IFERROR(IF(OR(Tabla_Consulta_desde_QuickBooks_Data_64_Bit_QRemote[[#This Row],[SalesOrderLineUnitOfMeasure]]=\"UN\",Tabla_Consulta_desde_QuickBooks_Data_64_Bit_QRemote[[#This Row],[SalesOrderLineUnitOfMeasure]]=Tabla_Consulta_desde_QuickBooks_Data_64_Bit_QRemote[[#This Row],[U/M]]),\"\",\"ERROR\"),\"\")","v":""},{"$f":"+WEEKNUM(Tabla_Consulta_desde_QuickBooks_Data_64_Bit_QRemote[[#This Row],[TxnDate]])","v":23},{"$f":"+Tabla_Consulta_desde_QuickBooks_Data_64_Bit_QRemote[[#This Row],[SalesOrderLineRate]]*Tabla_Consulta_desde_QuickBooks_Data_64_Bit_QRemote[[#This Row],[SalesOrderLineInvoiced]]","v":0},{"$f":"+IFERROR(IF(Tabla_Consulta_desde_QuickBooks_Data_64_Bit_QRemote[[#This Row],[CustomerRefFullName]]=\"GRUVALCORP SA\",VLOOKUP(Tabla_Consulta_desde_QuickBooks_Data_64_Bit_QRemote[[#This Row],[SalesOrderLineItemRefFullName]],Hoja1!A:E,5,FALSE),\"\")*-Tabla_Consulta_desde_QuickBooks_Data_64_Bit_QRemote[[#This Row],[SalesOrderLineAmount]],\"\")","v":""},{"$f":"IF(COUNTIF(wms!E:E,Tabla_Consulta_desde_QuickBooks_Data_64_Bit_QRemote[[#This Row],[RefNumber]])>0,\"OK\",\"FALTA\")","v":"FALTA"}]
["2025-06-02","29122","CORPORACION EL ROSADO S.A.","5401301475 CD GYE",11,null,"Desc. Ventas SLS:110313","SALSA BBQ WHISKY Y MIEL OLE 430G",null,null,null,-22.19,-22.19,null,0,1104.02,1269.6199999999999,"IVA EN VENTAS 15%",{"$f":"IFERROR(IF(Tabla_Consulta_desde_QuickBooks_Data_64_Bit_QRemote[[#This Row],[SalesOrderLineUnitOfMeasure]]=\"un\",Tabla_Consulta_desde_QuickBooks_Data_64_Bit_QRemote[[#This Row],[SalesOrderLineQuantity]],Tabla_Consulta_desde_QuickBooks_Data_64_Bit_QRemote[[#This Row],[SalesOrderLineQuantity]]/MID(Tabla_Consulta_desde_QuickBooks_Data_64_Bit_QRemote[[#This Row],[SalesOrderLineUnitOfMeasure]],2,2)),0)","v":0},{"$f":"IFERROR(IF(Tabla_Consulta_desde_QuickBooks_Data_64_Bit_QRemote[[#This Row],[SalesOrderLineUnitOfMeasure]]=\"un\",Tabla_Consulta_desde_QuickBooks_Data_64_Bit_QRemote[[#This Row],[SalesOrderLineInvoiced]],Tabla_Consulta_desde_QuickBooks_Data_64_Bit_QRemote[[#This Row],[SalesOrderLineInvoiced]]/MID(Tabla_Consulta_desde_QuickBooks_Data_64_Bit_QRemote[[#This Row],[SalesOrderLineUnitOfMeasure]],2,2)),0)","v":0},{"$f":"+Tabla_Consulta_desde_QuickBooks_Data_64_Bit_QRemote[[#This Row],[facturado]]-Tabla_Consulta_desde_QuickBooks_Data_64_Bit_QRemote[[#This Row],[pide]]","v":0},{"$f":"IF(Tabla_Consulta_desde_QuickBooks_Data_64_Bit_QRemote[[#This Row],[diferecia]]=0,\"ok\",\"diferen\")","v":"ok"},{"$f":"IFERROR(INDEX(um!A:C,MATCH(Tabla_Consulta_desde_QuickBooks_Data_64_Bit_QRemote[[#This Row],[SalesOrderLineItemRefFullName]],um!A:A,0),3),\"\")","v":""},{"$f":"IFERROR(IF(OR(Tabla_Consulta_desde_QuickBooks_Data_64_Bit_QRemote[[#This Row],[SalesOrderLineUnitOfMeasure]]=\"UN\",Tabla_Consulta_desde_QuickBooks_Data_64_Bit_QRemote[[#This Row],[SalesOrderLineUnitOfMeasure]]=Tabla_Consulta_desde_QuickBooks_Data_64_Bit_QRemote[[#This Row],[U/M]]),\"\",\"ERROR\"),\"\")","v":""},{"$f":"+WEEKNUM(Tabla_Consulta_desde_QuickBooks_Data_64_Bit_QRemote[[#This Row],[TxnDate]])","v":23},{"$f":"+Tabla_Consulta_desde_QuickBooks_Data_64_Bit_QRemote[[#This Row],[SalesOrderLineRate]]*Tabla_Consulta_desde_QuickBooks_Data_64_Bit_QRemote[[#This Row],[SalesOrderLineInvoiced]]","v":0},{"$f":"+IFERROR(IF(Tabla_Consulta_desde_QuickBooks_Data_64_Bit_QRemote[[#This Row],[CustomerRefFullName]]=\"GRUVALCORP SA\",VLOOKUP(Tabla_Consulta_desde_QuickBooks_Data_64_Bit_QRemote[[#This Row],[SalesOrderLineItemRefFullName]],Hoja1!A:E,5,FALSE),\"\")*-Tabla_Consulta_desde_QuickBooks_Data_64_Bit_QRemote[[#This Row],[SalesOrderLineAmount]],\"\")","v":""},{"$f":"IF(COUNTIF(wms!E:E,Tabla_Consulta_desde_QuickBooks_Data_64_Bit_QRemote[[#This Row],[RefNumber]])>0,\"OK\",\"FALTA\")","v":"FALTA"}]
["2025-06-02","29122","CORPORACION EL ROSADO S.A.","5401301475 CD GYE",12,null,"Desc. Ventas COM:311610","MIEL PICANTE OLE 350G",null,null,null,0,0,null,0,1104.02,1269.6199999999999,"IVA EN VENTAS 15%",{"$f":"IFERROR(IF(Tabla_Consulta_desde_QuickBooks_Data_64_Bit_QRemote[[#This Row],[SalesOrderLineUnitOfMeasure]]=\"un\",Tabla_Consulta_desde_QuickBooks_Data_64_Bit_QRemote[[#This Row],[SalesOrderLineQuantity]],Tabla_Consulta_desde_QuickBooks_Data_64_Bit_QRemote[[#This Row],[SalesOrderLineQuantity]]/MID(Tabla_Consulta_desde_QuickBooks_Data_64_Bit_QRemote[[#This Row],[SalesOrderLineUnitOfMeasure]],2,2)),0)","v":0},{"$f":"IFERROR(IF(Tabla_Consulta_desde_QuickBooks_Data_64_Bit_QRemote[[#This Row],[SalesOrderLineUnitOfMeasure]]=\"un\",Tabla_Consulta_desde_QuickBooks_Data_64_Bit_QRemote[[#This Row],[SalesOrderLineInvoiced]],Tabla_Consulta_desde_QuickBooks_Data_64_Bit_QRemote[[#This Row],[SalesOrderLineInvoiced]]/MID(Tabla_Consulta_desde_QuickBooks_Data_64_Bit_QRemote[[#This Row],[SalesOrderLineUnitOfMeasure]],2,2)),0)","v":0},{"$f":"+Tabla_Consulta_desde_QuickBooks_Data_64_Bit_QRemote[[#This Row],[facturado]]-Tabla_Consulta_desde_QuickBooks_Data_64_Bit_QRemote[[#This Row],[pide]]","v":0},{"$f":"IF(Tabla_Consulta_desde_QuickBooks_Data_64_Bit_QRemote[[#This Row],[diferecia]]=0,\"ok\",\"diferen\")","v":"ok"},{"$f":"IFERROR(INDEX(um!A:C,MATCH(Tabla_Consulta_desde_QuickBooks_Data_64_Bit_QRemote[[#This Row],[SalesOrderLineItemRefFullName]],um!A:A,0),3),\"\")","v":""},{"$f":"IFERROR(IF(OR(Tabla_Consulta_desde_QuickBooks_Data_64_Bit_QRemote[[#This Row],[SalesOrderLineUnitOfMeasure]]=\"UN\",Tabla_Consulta_desde_QuickBooks_Data_64_Bit_QRemote[[#This Row],[SalesOrderLineUnitOfMeasure]]=Tabla_Consulta_desde_QuickBooks_Data_64_Bit_QRemote[[#This Row],[U/M]]),\"\",\"ERROR\"),\"\")","v":""},{"$f":"+WEEKNUM(Tabla_Consulta_desde_QuickBooks_Data_64_Bit_QRemote[[#This Row],[TxnDate]])","v":23},{"$f":"+Tabla_Consulta_desde_QuickBooks_Data_64_Bit_QRemote[[#This Row],[SalesOrderLineRate]]*Tabla_Consulta_desde_QuickBooks_Data_64_Bit_QRemote[[#This Row],[SalesOrderLineInvoiced]]","v":0},{"$f":"+IFERROR(IF(Tabla_Consulta_desde_QuickBooks_Data_64_Bit_QRemote[[#This Row],[CustomerRefFullName]]=\"GRUVALCORP SA\",VLOOKUP(Tabla_Consulta_desde_QuickBooks_Data_64_Bit_QRemote[[#This Row],[SalesOrderLineItemRefFullName]],Hoja1!A:E,5,FALSE),\"\")*-Tabla_Consulta_desde_QuickBooks_Data_64_Bit_QRemote[[#This Row],[SalesOrderLineAmount]],\"\")","v":""},{"$f":"IF(COUNTIF(wms!E:E,Tabla_Consulta_desde_QuickBooks_Data_64_Bit_QRemote[[#This Row],[RefNumber]])>0,\"OK\",\"FALTA\")","v":"FALTA"}]
["2025-06-02","29122","CORPORACION EL ROSADO S.A.","5401301475 CD GYE",13,null,"INFOADICIONAL","5401301475 CD GYE",null,null,null,0,0,null,0,1104.02,1269.6199999999999,"IVA EN VENTAS 15%",{"$f":"IFERROR(IF(Tabla_Consulta_desde_QuickBooks_Data_64_Bit_QRemote[[#This Row],[SalesOrderLineUnitOfMeasure]]=\"un\",Tabla_Consulta_desde_QuickBooks_Data_64_Bit_QRemote[[#This Row],[SalesOrderLineQuantity]],Tabla_Consulta_desde_QuickBooks_Data_64_Bit_QRemote[[#This Row],[SalesOrderLineQuantity]]/MID(Tabla_Consulta_desde_QuickBooks_Data_64_Bit_QRemote[[#This Row],[SalesOrderLineUnitOfMeasure]],2,2)),0)","v":0},{"$f":"IFERROR(IF(Tabla_Consulta_desde_QuickBooks_Data_64_Bit_QRemote[[#This Row],[SalesOrderLineUnitOfMeasure]]=\"un\",Tabla_Consulta_desde_QuickBooks_Data_64_Bit_QRemote[[#This Row],[SalesOrderLineInvoiced]],Tabla_Consulta_desde_QuickBooks_Data_64_Bit_QRemote[[#This Row],[SalesOrderLineInvoiced]]/MID(Tabla_Consulta_desde_QuickBooks_Data_64_Bit_QRemote[[#This Row],[SalesOrderLineUnitOfMeasure]],2,2)),0)","v":0},{"$f":"+Tabla_Consulta_desde_QuickBooks_Data_64_Bit_QRemote[[#This Row],[facturado]]-Tabla_Consulta_desde_QuickBooks_Data_64_Bit_QRemote[[#This Row],[pide]]","v":0},{"$f":"IF(Tabla_Consulta_desde_QuickBooks_Data_64_Bit_QRemote[[#This Row],[diferecia]]=0,\"ok\",\"diferen\")","v":"ok"},{"$f":"IFERROR(INDEX(um!A:C,MATCH(Tabla_Consulta_desde_QuickBooks_Data_64_Bit_QRemote[[#This Row],[SalesOrderLineItemRefFullName]],um!A:A,0),3),\"\")","v":""},{"$f":"IFERROR(IF(OR(Tabla_Consulta_desde_QuickBooks_Data_64_Bit_QRemote[[#This Row],[SalesOrderLineUnitOfMeasure]]=\"UN\",Tabla_Consulta_desde_QuickBooks_Data_64_Bit_QRemote[[#This Row],[SalesOrderLineUnitOfMeasure]]=Tabla_Consulta_desde_QuickBooks_Data_64_Bit_QRemote[[#This Row],[U/M]]),\"\",\"ERROR\"),\"\")","v":""},{"$f":"+WEEKNUM(Tabla_Consulta_desde_QuickBooks_Data_64_Bit_QRemote[[#This Row],[TxnDate]])","v":23},{"$f":"+Tabla_Consulta_desde_QuickBooks_Data_64_Bit_QRemote[[#This Row],[SalesOrderLineRate]]*Tabla_Consulta_desde_QuickBooks_Data_64_Bit_QRemote[[#This Row],[SalesOrderLineInvoiced]]","v":0},{"$f":"+IFERROR(IF(Tabla_Consulta_desde_QuickBooks_Data_64_Bit_QRemote[[#This Row],[CustomerRefFullName]]=\"GRUVALCORP SA\",VLOOKUP(Tabla_Consulta_desde_QuickBooks_Data_64_Bit_QRemote[[#This Row],[SalesOrderLineItemRefFullName]],Hoja1!A:E,5,FALSE),\"\")*-Tabla_Consulta_desde_QuickBooks_Data_64_Bit_QRemote[[#This Row],[SalesOrderLineAmount]],\"\")","v":""},{"$f":"IF(COUNTIF(wms!E:E,Tabla_Consulta_desde_QuickBooks_Data_64_Bit_QRemote[[#This Row],[RefNumber]])>0,\"OK\",\"FALTA\")","v":"FALTA"}]
["2025-06-02","29123","CORPORACION EL ROSADO S.A.","5401301476 CD GYE",1,"7862112520509","P.T:110606","JALAPEÑO ROJOS Y VERDES AGRIDULCES OLE 250G","Bodega Producto Terminado",72,"X12",1.68,120.96,"UNIDAD SALSA",0,3563.85,4098.43,"IVA EN VENTAS 15%",{"$f":"IFERROR(IF(Tabla_Consulta_desde_QuickBooks_Data_64_Bit_QRemote[[#This Row],[SalesOrderLineUnitOfMeasure]]=\"un\",Tabla_Consulta_desde_QuickBooks_Data_64_Bit_QRemote[[#This Row],[SalesOrderLineQuantity]],Tabla_Consulta_desde_QuickBooks_Data_64_Bit_QRemote[[#This Row],[SalesOrderLineQuantity]]/MID(Tabla_Consulta_desde_QuickBooks_Data_64_Bit_QRemote[[#This Row],[SalesOrderLineUnitOfMeasure]],2,2)),0)","v":6},{"$f":"IFERROR(IF(Tabla_Consulta_desde_QuickBooks_Data_64_Bit_QRemote[[#This Row],[SalesOrderLineUnitOfMeasure]]=\"un\",Tabla_Consulta_desde_QuickBooks_Data_64_Bit_QRemote[[#This Row],[SalesOrderLineInvoiced]],Tabla_Consulta_desde_QuickBooks_Data_64_Bit_QRemote[[#This Row],[SalesOrderLineInvoiced]]/MID(Tabla_Consulta_desde_QuickBooks_Data_64_Bit_QRemote[[#This Row],[SalesOrderLineUnitOfMeasure]],2,2)),0)","v":0},{"$f":"+Tabla_Consulta_desde_QuickBooks_Data_64_Bit_QRemote[[#This Row],[facturado]]-Tabla_Consulta_desde_QuickBooks_Data_64_Bit_QRemote[[#This Row],[pide]]","v":-6},{"$f":"IF(Tabla_Consulta_desde_QuickBooks_Data_64_Bit_QRemote[[#This Row],[diferecia]]=0,\"ok\",\"diferen\")","v":"diferen"},{"$f":"IFERROR(INDEX(um!A:C,MATCH(Tabla_Consulta_desde_QuickBooks_Data_64_Bit_QRemote[[#This Row],[SalesOrderLineItemRefFullName]],um!A:A,0),3),\"\")","v":"X12"},{"$f":"IFERROR(IF(OR(Tabla_Consulta_desde_QuickBooks_Data_64_Bit_QRemote[[#This Row],[SalesOrderLineUnitOfMeasure]]=\"UN\",Tabla_Consulta_desde_QuickBooks_Data_64_Bit_QRemote[[#This Row],[SalesOrderLineUnitOfMeasure]]=Tabla_Consulta_desde_QuickBooks_Data_64_Bit_QRemote[[#This Row],[U/M]]),\"\",\"ERROR\"),\"\")","v":""},{"$f":"+WEEKNUM(Tabla_Consulta_desde_QuickBooks_Data_64_Bit_QRemote[[#This Row],[TxnDate]])","v":23},{"$f":"+Tabla_Consulta_desde_QuickBooks_Data_64_Bit_QRemote[[#This Row],[SalesOrderLineRate]]*Tabla_Consulta_desde_QuickBooks_Data_64_Bit_QRemote[[#This Row],[SalesOrderLineInvoiced]]","v":0},{"$f":"+IFERROR(IF(Tabla_Consulta_desde_QuickBooks_Data_64_Bit_QRemote[[#This Row],[CustomerRefFullName]]=\"GRUVALCORP SA\",VLOOKUP(Tabla_Consulta_desde_QuickBooks_Data_64_Bit_QRemote[[#This Row],[SalesOrderLineItemRefFullName]],Hoja1!A:E,5,FALSE),\"\")*-Tabla_Consulta_desde_QuickBooks_Data_64_Bit_QRemote[[#This Row],[SalesOrderLineAmount]],\"\")","v":""},{"$f":"IF(COUNTIF(wms!E:E,Tabla_Consulta_desde_QuickBooks_Data_64_Bit_QRemote[[#This Row],[RefNumber]])>0,\"OK\",\"FALTA\")","v":"FALTA"}]
["2025-06-02","29123","CORPORACION EL ROSADO S.A.","5401301476 CD GYE",2,"7862112521698","P.T:311407","VINAGRE DE MANZANA CON LA MADRE OLE 500ML","Bodega Producto Terminado",408,"X12",4.29,1750.32,"UNIDAD SALSA",0,3563.85,4098.43,"IVA EN VENTAS 15%",{"$f":"IFERROR(IF(Tabla_Consulta_desde_QuickBooks_Data_64_Bit_QRemote[[#This Row],[SalesOrderLineUnitOfMeasure]]=\"un\",Tabla_Consulta_desde_QuickBooks_Data_64_Bit_QRemote[[#This Row],[SalesOrderLineQuantity]],Tabla_Consulta_desde_QuickBooks_Data_64_Bit_QRemote[[#This Row],[SalesOrderLineQuantity]]/MID(Tabla_Consulta_desde_QuickBooks_Data_64_Bit_QRemote[[#This Row],[SalesOrderLineUnitOfMeasure]],2,2)),0)","v":34},{"$f":"IFERROR(IF(Tabla_Consulta_desde_QuickBooks_Data_64_Bit_QRemote[[#This Row],[SalesOrderLineUnitOfMeasure]]=\"un\",Tabla_Consulta_desde_QuickBooks_Data_64_Bit_QRemote[[#This Row],[SalesOrderLineInvoiced]],Tabla_Consulta_desde_QuickBooks_Data_64_Bit_QRemote[[#This Row],[SalesOrderLineInvoiced]]/MID(Tabla_Consulta_desde_QuickBooks_Data_64_Bit_QRemote[[#This Row],[SalesOrderLineUnitOfMeasure]],2,2)),0)","v":0},{"$f":"+Tabla_Consulta_desde_QuickBooks_Data_64_Bit_QRemote[[#This Row],[facturado]]-Tabla_Consulta_desde_QuickBooks_Data_64_Bit_QRemote[[#This Row],[pide]]","v":-34},{"$f":"IF(Tabla_Consulta_desde_QuickBooks_Data_64_Bit_QRemote[[#This Row],[diferecia]]=0,\"ok\",\"diferen\")","v":"diferen"},{"$f":"IFERROR(INDEX(um!A:C,MATCH(Tabla_Consulta_desde_QuickBooks_Data_64_Bit_QRemote[[#This Row],[SalesOrderLineItemRefFullName]],um!A:A,0),3),\"\")","v":"X12"},{"$f":"IFERROR(IF(OR(Tabla_Consulta_desde_QuickBooks_Data_64_Bit_QRemote[[#This Row],[SalesOrderLineUnitOfMeasure]]=\"UN\",Tabla_Consulta_desde_QuickBooks_Data_64_Bit_QRemote[[#This Row],[SalesOrderLineUnitOfMeasure]]=Tabla_Consulta_desde_QuickBooks_Data_64_Bit_QRemote[[#This Row],[U/M]]),\"\",\"ERROR\"),\"\")","v":""},{"$f":"+WEEKNUM(Tabla_Consulta_desde_QuickBooks_Data_64_Bit_QRemote[[#This Row],[TxnDate]])","v":23},{"$f":"+Tabla_Consulta_desde_QuickBooks_Data_64_Bit_QRemote[[#This Row],[SalesOrderLineRate]]*Tabla_Consulta_desde_QuickBooks_Data_64_Bit_QRemote[[#This Row],[SalesOrderLineInvoiced]]","v":0},{"$f":"+IFERROR(IF(Tabla_Consulta_desde_QuickBooks_Data_64_Bit_QRemote[[#This Row],[CustomerRefFullName]]=\"GRUVALCORP SA\",VLOOKUP(Tabla_Consulta_desde_QuickBooks_Data_64_Bit_QRemote[[#This Row],[SalesOrderLineItemRefFullName]],Hoja1!A:E,5,FALSE),\"\")*-Tabla_Consulta_desde_QuickBooks_Data_64_Bit_QRemote[[#This Row],[SalesOrderLineAmount]],\"\")","v":""},{"$f":"IF(COUNTIF(wms!E:E,Tabla_Consulta_desde_QuickBooks_Data_64_Bit_QRemote[[#This Row],[RefNumber]])>0,\"OK\",\"FALTA\")","v":"FALTA"}]
["2025-06-02","29123","CORPORACION EL ROSADO S.A.","5401301476 CD GYE",3,"7862112522169","P.T:110734","DIP ORIGINAL ROASTED TOMATES ASADOS OLE 220G","Bodega Producto Terminado",132,"X12",1.38,182.16,"UNIDAD SALSA",0,3563.85,4098.43,"IVA EN VENTAS 15%",{"$f":"IFERROR(IF(Tabla_Consulta_desde_QuickBooks_Data_64_Bit_QRemote[[#This Row],[SalesOrderLineUnitOfMeasure]]=\"un\",Tabla_Consulta_desde_QuickBooks_Data_64_Bit_QRemote[[#This Row],[SalesOrderLineQuantity]],Tabla_Consulta_desde_QuickBooks_Data_64_Bit_QRemote[[#This Row],[SalesOrderLineQuantity]]/MID(Tabla_Consulta_desde_QuickBooks_Data_64_Bit_QRemote[[#This Row],[SalesOrderLineUnitOfMeasure]],2,2)),0)","v":11},{"$f":"IFERROR(IF(Tabla_Consulta_desde_QuickBooks_Data_64_Bit_QRemote[[#This Row],[SalesOrderLineUnitOfMeasure]]=\"un\",Tabla_Consulta_desde_QuickBooks_Data_64_Bit_QRemote[[#This Row],[SalesOrderLineInvoiced]],Tabla_Consulta_desde_QuickBooks_Data_64_Bit_QRemote[[#This Row],[SalesOrderLineInvoiced]]/MID(Tabla_Consulta_desde_QuickBooks_Data_64_Bit_QRemote[[#This Row],[SalesOrderLineUnitOfMeasure]],2,2)),0)","v":0},{"$f":"+Tabla_Consulta_desde_QuickBooks_Data_64_Bit_QRemote[[#This Row],[facturado]]-Tabla_Consulta_desde_QuickBooks_Data_64_Bit_QRemote[[#This Row],[pide]]","v":-11},{"$f":"IF(Tabla_Consulta_desde_QuickBooks_Data_64_Bit_QRemote[[#This Row],[diferecia]]=0,\"ok\",\"diferen\")","v":"diferen"},{"$f":"IFERROR(INDEX(um!A:C,MATCH(Tabla_Consulta_desde_QuickBooks_Data_64_Bit_QRemote[[#This Row],[SalesOrderLineItemRefFullName]],um!A:A,0),3),\"\")","v":"X12"},{"$f":"IFERROR(IF(OR(Tabla_Consulta_desde_QuickBooks_Data_64_Bit_QRemote[[#This Row],[SalesOrderLineUnitOfMeasure]]=\"UN\",Tabla_Consulta_desde_QuickBooks_Data_64_Bit_QRemote[[#This Row],[SalesOrderLineUnitOfMeasure]]=Tabla_Consulta_desde_QuickBooks_Data_64_Bit_QRemote[[#This Row],[U/M]]),\"\",\"ERROR\"),\"\")","v":""},{"$f":"+WEEKNUM(Tabla_Consulta_desde_QuickBooks_Data_64_Bit_QRemote[[#This Row],[TxnDate]])","v":23},{"$f":"+Tabla_Consulta_desde_QuickBooks_Data_64_Bit_QRemote[[#This Row],[SalesOrderLineRate]]*Tabla_Consulta_desde_QuickBooks_Data_64_Bit_QRemote[[#This Row],[SalesOrderLineInvoiced]]","v":0},{"$f":"+IFERROR(IF(Tabla_Consulta_desde_QuickBooks_Data_64_Bit_QRemote[[#This Row],[CustomerRefFullName]]=\"GRUVALCORP SA\",VLOOKUP(Tabla_Consulta_desde_QuickBooks_Data_64_Bit_QRemote[[#This Row],[SalesOrderLineItemRefFullName]],Hoja1!A:E,5,FALSE),\"\")*-Tabla_Consulta_desde_QuickBooks_Data_64_Bit_QRemote[[#This Row],[SalesOrderLineAmount]],\"\")","v":""},{"$f":"IF(COUNTIF(wms!E:E,Tabla_Consulta_desde_QuickBooks_Data_64_Bit_QRemote[[#This Row],[RefNumber]])>0,\"OK\",\"FALTA\")","v":"FALTA"}]
["2025-06-02","29123","CORPORACION EL ROSADO S.A.","5401301476 CD GYE",4,"7862112522183","P.T:110733","SALSA GUACAMOLE OLE 220G","Bodega Producto Terminado",264,"X12",1.58,417.12,"UNIDAD SALSA",0,3563.85,4098.43,"IVA EN VENTAS 15%",{"$f":"IFERROR(IF(Tabla_Consulta_desde_QuickBooks_Data_64_Bit_QRemote[[#This Row],[SalesOrderLineUnitOfMeasure]]=\"un\",Tabla_Consulta_desde_QuickBooks_Data_64_Bit_QRemote[[#This Row],[SalesOrderLineQuantity]],Tabla_Consulta_desde_QuickBooks_Data_64_Bit_QRemote[[#This Row],[SalesOrderLineQuantity]]/MID(Tabla_Consulta_desde_QuickBooks_Data_64_Bit_QRemote[[#This Row],[SalesOrderLineUnitOfMeasure]],2,2)),0)","v":22},{"$f":"IFERROR(IF(Tabla_Consulta_desde_QuickBooks_Data_64_Bit_QRemote[[#This Row],[SalesOrderLineUnitOfMeasure]]=\"un\",Tabla_Consulta_desde_QuickBooks_Data_64_Bit_QRemote[[#This Row],[SalesOrderLineInvoiced]],Tabla_Consulta_desde_QuickBooks_Data_64_Bit_QRemote[[#This Row],[SalesOrderLineInvoiced]]/MID(Tabla_Consulta_desde_QuickBooks_Data_64_Bit_QRemote[[#This Row],[SalesOrderLineUnitOfMeasure]],2,2)),0)","v":0},{"$f":"+Tabla_Consulta_desde_QuickBooks_Data_64_Bit_QRemote[[#This Row],[facturado]]-Tabla_Consulta_desde_QuickBooks_Data_64_Bit_QRemote[[#This Row],[pide]]","v":-22},{"$f":"IF(Tabla_Consulta_desde_QuickBooks_Data_64_Bit_QRemote[[#This Row],[diferecia]]=0,\"ok\",\"diferen\")","v":"diferen"},{"$f":"IFERROR(INDEX(um!A:C,MATCH(Tabla_Consulta_desde_QuickBooks_Data_64_Bit_QRemote[[#This Row],[SalesOrderLineItemRefFullName]],um!A:A,0),3),\"\")","v":"X12"},{"$f":"IFERROR(IF(OR(Tabla_Consulta_desde_QuickBooks_Data_64_Bit_QRemote[[#This Row],[SalesOrderLineUnitOfMeasure]]=\"UN\",Tabla_Consulta_desde_QuickBooks_Data_64_Bit_QRemote[[#This Row],[SalesOrderLineUnitOfMeasure]]=Tabla_Consulta_desde_QuickBooks_Data_64_Bit_QRemote[[#This Row],[U/M]]),\"\",\"ERROR\"),\"\")","v":""},{"$f":"+WEEKNUM(Tabla_Consulta_desde_QuickBooks_Data_64_Bit_QRemote[[#This Row],[TxnDate]])","v":23},{"$f":"+Tabla_Consulta_desde_QuickBooks_Data_64_Bit_QRemote[[#This Row],[SalesOrderLineRate]]*Tabla_Consulta_desde_QuickBooks_Data_64_Bit_QRemote[[#This Row],[SalesOrderLineInvoiced]]","v":0},{"$f":"+IFERROR(IF(Tabla_Consulta_desde_QuickBooks_Data_64_Bit_QRemote[[#This Row],[CustomerRefFullName]]=\"GRUVALCORP SA\",VLOOKUP(Tabla_Consulta_desde_QuickBooks_Data_64_Bit_QRemote[[#This Row],[SalesOrderLineItemRefFullName]],Hoja1!A:E,5,FALSE),\"\")*-Tabla_Consulta_desde_QuickBooks_Data_64_Bit_QRemote[[#This Row],[SalesOrderLineAmount]],\"\")","v":""},{"$f":"IF(COUNTIF(wms!E:E,Tabla_Consulta_desde_QuickBooks_Data_64_Bit_QRemote[[#This Row],[RefNumber]])>0,\"OK\",\"FALTA\")","v":"FALTA"}]
["2025-06-02","29123","CORPORACION EL ROSADO S.A.","5401301476 CD GYE",5,"7862112522367","PT:220132","TOTOPOS NATURAL OLE 300G","Bodega Producto Terminado",324,"X12",1.67,541.08000000000004,"UNIDAD SNCKS",0,3563.85,4098.43,"IVA EN VENTAS 15%",{"$f":"IFERROR(IF(Tabla_Consulta_desde_QuickBooks_Data_64_Bit_QRemote[[#This Row],[SalesOrderLineUnitOfMeasure]]=\"un\",Tabla_Consulta_desde_QuickBooks_Data_64_Bit_QRemote[[#This Row],[SalesOrderLineQuantity]],Tabla_Consulta_desde_QuickBooks_Data_64_Bit_QRemote[[#This Row],[SalesOrderLineQuantity]]/MID(Tabla_Consulta_desde_QuickBooks_Data_64_Bit_QRemote[[#This Row],[SalesOrderLineUnitOfMeasure]],2,2)),0)","v":27},{"$f":"IFERROR(IF(Tabla_Consulta_desde_QuickBooks_Data_64_Bit_QRemote[[#This Row],[SalesOrderLineUnitOfMeasure]]=\"un\",Tabla_Consulta_desde_QuickBooks_Data_64_Bit_QRemote[[#This Row],[SalesOrderLineInvoiced]],Tabla_Consulta_desde_QuickBooks_Data_64_Bit_QRemote[[#This Row],[SalesOrderLineInvoiced]]/MID(Tabla_Consulta_desde_QuickBooks_Data_64_Bit_QRemote[[#This Row],[SalesOrderLineUnitOfMeasure]],2,2)),0)","v":0},{"$f":"+Tabla_Consulta_desde_QuickBooks_Data_64_Bit_QRemote[[#This Row],[facturado]]-Tabla_Consulta_desde_QuickBooks_Data_64_Bit_QRemote[[#This Row],[pide]]","v":-27},{"$f":"IF(Tabla_Consulta_desde_QuickBooks_Data_64_Bit_QRemote[[#This Row],[diferecia]]=0,\"ok\",\"diferen\")","v":"diferen"},{"$f":"IFERROR(INDEX(um!A:C,MATCH(Tabla_Consulta_desde_QuickBooks_Data_64_Bit_QRemote[[#This Row],[SalesOrderLineItemRefFullName]],um!A:A,0),3),\"\")","v":"X12"},{"$f":"IFERROR(IF(OR(Tabla_Consulta_desde_QuickBooks_Data_64_Bit_QRemote[[#This Row],[SalesOrderLineUnitOfMeasure]]=\"UN\",Tabla_Consulta_desde_QuickBooks_Data_64_Bit_QRemote[[#This Row],[SalesOrderLineUnitOfMeasure]]=Tabla_Consulta_desde_QuickBooks_Data_64_Bit_QRemote[[#This Row],[U/M]]),\"\",\"ERROR\"),\"\")","v":""},{"$f":"+WEEKNUM(Tabla_Consulta_desde_QuickBooks_Data_64_Bit_QRemote[[#This Row],[TxnDate]])","v":23},{"$f":"+Tabla_Consulta_desde_QuickBooks_Data_64_Bit_QRemote[[#This Row],[SalesOrderLineRate]]*Tabla_Consulta_desde_QuickBooks_Data_64_Bit_QRemote[[#This Row],[SalesOrderLineInvoiced]]","v":0},{"$f":"+IFERROR(IF(Tabla_Consulta_desde_QuickBooks_Data_64_Bit_QRemote[[#This Row],[CustomerRefFullName]]=\"GRUVALCORP SA\",VLOOKUP(Tabla_Consulta_desde_QuickBooks_Data_64_Bit_QRemote[[#This Row],[SalesOrderLineItemRefFullName]],Hoja1!A:E,5,FALSE),\"\")*-Tabla_Consulta_desde_QuickBooks_Data_64_Bit_QRemote[[#This Row],[SalesOrderLineAmount]],\"\")","v":""},{"$f":"IF(COUNTIF(wms!E:E,Tabla_Consulta_desde_QuickBooks_Data_64_Bit_QRemote[[#This Row],[RefNumber]])>0,\"OK\",\"FALTA\")","v":"FALTA"}]
["2025-06-02","29123","CORPORACION EL ROSADO S.A.","5401301476 CD GYE",6,"7862112522527","P.T:110803","SALSA GUACAMOLE ORIGINAL OLE DP 200G","Bodega Producto Terminado",168,"X12",1.39,233.52,"UNIDAD SALSA",0,3563.85,4098.43,"IVA EN VENTAS 15%",{"$f":"IFERROR(IF(Tabla_Consulta_desde_QuickBooks_Data_64_Bit_QRemote[[#This Row],[SalesOrderLineUnitOfMeasure]]=\"un\",Tabla_Consulta_desde_QuickBooks_Data_64_Bit_QRemote[[#This Row],[SalesOrderLineQuantity]],Tabla_Consulta_desde_QuickBooks_Data_64_Bit_QRemote[[#This Row],[SalesOrderLineQuantity]]/MID(Tabla_Consulta_desde_QuickBooks_Data_64_Bit_QRemote[[#This Row],[SalesOrderLineUnitOfMeasure]],2,2)),0)","v":14},{"$f":"IFERROR(IF(Tabla_Consulta_desde_QuickBooks_Data_64_Bit_QRemote[[#This Row],[SalesOrderLineUnitOfMeasure]]=\"un\",Tabla_Consulta_desde_QuickBooks_Data_64_Bit_QRemote[[#This Row],[SalesOrderLineInvoiced]],Tabla_Consulta_desde_QuickBooks_Data_64_Bit_QRemote[[#This Row],[SalesOrderLineInvoiced]]/MID(Tabla_Consulta_desde_QuickBooks_Data_64_Bit_QRemote[[#This Row],[SalesOrderLineUnitOfMeasure]],2,2)),0)","v":0},{"$f":"+Tabla_Consulta_desde_QuickBooks_Data_64_Bit_QRemote[[#This Row],[facturado]]-Tabla_Consulta_desde_QuickBooks_Data_64_Bit_QRemote[[#This Row],[pide]]","v":-14},{"$f":"IF(Tabla_Consulta_desde_QuickBooks_Data_64_Bit_QRemote[[#This Row],[diferecia]]=0,\"ok\",\"diferen\")","v":"diferen"},{"$f":"IFERROR(INDEX(um!A:C,MATCH(Tabla_Consulta_desde_QuickBooks_Data_64_Bit_QRemote[[#This Row],[SalesOrderLineItemRefFullName]],um!A:A,0),3),\"\")","v":"X12"},{"$f":"IFERROR(IF(OR(Tabla_Consulta_desde_QuickBooks_Data_64_Bit_QRemote[[#This Row],[SalesOrderLineUnitOfMeasure]]=\"UN\",Tabla_Consulta_desde_QuickBooks_Data_64_Bit_QRemote[[#This Row],[SalesOrderLineUnitOfMeasure]]=Tabla_Consulta_desde_QuickBooks_Data_64_Bit_QRemote[[#This Row],[U/M]]),\"\",\"ERROR\"),\"\")","v":""},{"$f":"+WEEKNUM(Tabla_Consulta_desde_QuickBooks_Data_64_Bit_QRemote[[#This Row],[TxnDate]])","v":23},{"$f":"+Tabla_Consulta_desde_QuickBooks_Data_64_Bit_QRemote[[#This Row],[SalesOrderLineRate]]*Tabla_Consulta_desde_QuickBooks_Data_64_Bit_QRemote[[#This Row],[SalesOrderLineInvoiced]]","v":0},{"$f":"+IFERROR(IF(Tabla_Consulta_desde_QuickBooks_Data_64_Bit_QRemote[[#This Row],[CustomerRefFullName]]=\"GRUVALCORP SA\",VLOOKUP(Tabla_Consulta_desde_QuickBooks_Data_64_Bit_QRemote[[#This Row],[SalesOrderLineItemRefFullName]],Hoja1!A:E,5,FALSE),\"\")*-Tabla_Consulta_desde_QuickBooks_Data_64_Bit_QRemote[[#This Row],[SalesOrderLineAmount]],\"\")","v":""},{"$f":"IF(COUNTIF(wms!E:E,Tabla_Consulta_desde_QuickBooks_Data_64_Bit_QRemote[[#This Row],[RefNumber]])>0,\"OK\",\"FALTA\")","v":"FALTA"}]
["2025-06-02","29123","CORPORACION EL ROSADO S.A.","5401301476 CD GYE",7,"7861000227513","P.T:110603","JALAPEÑO ROJOS Y VERDES OLE 200G","Bodega Producto Terminado",24,"X24",1.96,47.04,"UNIDAD SALSA",0,3563.85,4098.43,"IVA EN VENTAS 15%",{"$f":"IFERROR(IF(Tabla_Consulta_desde_QuickBooks_Data_64_Bit_QRemote[[#This Row],[SalesOrderLineUnitOfMeasure]]=\"un\",Tabla_Consulta_desde_QuickBooks_Data_64_Bit_QRemote[[#This Row],[SalesOrderLineQuantity]],Tabla_Consulta_desde_QuickBooks_Data_64_Bit_QRemote[[#This Row],[SalesOrderLineQuantity]]/MID(Tabla_Consulta_desde_QuickBooks_Data_64_Bit_QRemote[[#This Row],[SalesOrderLineUnitOfMeasure]],2,2)),0)","v":1},{"$f":"IFERROR(IF(Tabla_Consulta_desde_QuickBooks_Data_64_Bit_QRemote[[#This Row],[SalesOrderLineUnitOfMeasure]]=\"un\",Tabla_Consulta_desde_QuickBooks_Data_64_Bit_QRemote[[#This Row],[SalesOrderLineInvoiced]],Tabla_Consulta_desde_QuickBooks_Data_64_Bit_QRemote[[#This Row],[SalesOrderLineInvoiced]]/MID(Tabla_Consulta_desde_QuickBooks_Data_64_Bit_QRemote[[#This Row],[SalesOrderLineUnitOfMeasure]],2,2)),0)","v":0},{"$f":"+Tabla_Consulta_desde_QuickBooks_Data_64_Bit_QRemote[[#This Row],[facturado]]-Tabla_Consulta_desde_QuickBooks_Data_64_Bit_QRemote[[#This Row],[pide]]","v":-1},{"$f":"IF(Tabla_Consulta_desde_QuickBooks_Data_64_Bit_QRemote[[#This Row],[diferecia]]=0,\"ok\",\"diferen\")","v":"diferen"},{"$f":"IFERROR(INDEX(um!A:C,MATCH(Tabla_Consulta_desde_QuickBooks_Data_64_Bit_QRemote[[#This Row],[SalesOrderLineItemRefFullName]],um!A:A,0),3),\"\")","v":"X24"},{"$f":"IFERROR(IF(OR(Tabla_Consulta_desde_QuickBooks_Data_64_Bit_QRemote[[#This Row],[SalesOrderLineUnitOfMeasure]]=\"UN\",Tabla_Consulta_desde_QuickBooks_Data_64_Bit_QRemote[[#This Row],[SalesOrderLineUnitOfMeasure]]=Tabla_Consulta_desde_QuickBooks_Data_64_Bit_QRemote[[#This Row],[U/M]]),\"\",\"ERROR\"),\"\")","v":""},{"$f":"+WEEKNUM(Tabla_Consulta_desde_QuickBooks_Data_64_Bit_QRemote[[#This Row],[TxnDate]])","v":23},{"$f":"+Tabla_Consulta_desde_QuickBooks_Data_64_Bit_QRemote[[#This Row],[SalesOrderLineRate]]*Tabla_Consulta_desde_QuickBooks_Data_64_Bit_QRemote[[#This Row],[SalesOrderLineInvoiced]]","v":0},{"$f":"+IFERROR(IF(Tabla_Consulta_desde_QuickBooks_Data_64_Bit_QRemote[[#This Row],[CustomerRefFullName]]=\"GRUVALCORP SA\",VLOOKUP(Tabla_Consulta_desde_QuickBooks_Data_64_Bit_QRemote[[#This Row],[SalesOrderLineItemRefFullName]],Hoja1!A:E,5,FALSE),\"\")*-Tabla_Consulta_desde_QuickBooks_Data_64_Bit_QRemote[[#This Row],[SalesOrderLineAmount]],\"\")","v":""},{"$f":"IF(COUNTIF(wms!E:E,Tabla_Consulta_desde_QuickBooks_Data_64_Bit_QRemote[[#This Row],[RefNumber]])>0,\"OK\",\"FALTA\")","v":"FALTA"}]
["2025-06-02","29123","CORPORACION EL ROSADO S.A.","5401301476 CD GYE",8,"7862112522831","P.T:110226","SALSA EXTRAPICANTE CAROLINA REAPER OLE 100G","Bodega Producto Terminado",36,"X12",1.05,37.799999999999997,"UNIDAD SALSA",0,3563.85,4098.43,"IVA EN VENTAS 15%",{"$f":"IFERROR(IF(Tabla_Consulta_desde_QuickBooks_Data_64_Bit_QRemote[[#This Row],[SalesOrderLineUnitOfMeasure]]=\"un\",Tabla_Consulta_desde_QuickBooks_Data_64_Bit_QRemote[[#This Row],[SalesOrderLineQuantity]],Tabla_Consulta_desde_QuickBooks_Data_64_Bit_QRemote[[#This Row],[SalesOrderLineQuantity]]/MID(Tabla_Consulta_desde_QuickBooks_Data_64_Bit_QRemote[[#This Row],[SalesOrderLineUnitOfMeasure]],2,2)),0)","v":3},{"$f":"IFERROR(IF(Tabla_Consulta_desde_QuickBooks_Data_64_Bit_QRemote[[#This Row],[SalesOrderLineUnitOfMeasure]]=\"un\",Tabla_Consulta_desde_QuickBooks_Data_64_Bit_QRemote[[#This Row],[SalesOrderLineInvoiced]],Tabla_Consulta_desde_QuickBooks_Data_64_Bit_QRemote[[#This Row],[SalesOrderLineInvoiced]]/MID(Tabla_Consulta_desde_QuickBooks_Data_64_Bit_QRemote[[#This Row],[SalesOrderLineUnitOfMeasure]],2,2)),0)","v":0},{"$f":"+Tabla_Consulta_desde_QuickBooks_Data_64_Bit_QRemote[[#This Row],[facturado]]-Tabla_Consulta_desde_QuickBooks_Data_64_Bit_QRemote[[#This Row],[pide]]","v":-3},{"$f":"IF(Tabla_Consulta_desde_QuickBooks_Data_64_Bit_QRemote[[#This Row],[diferecia]]=0,\"ok\",\"diferen\")","v":"diferen"},{"$f":"IFERROR(INDEX(um!A:C,MATCH(Tabla_Consulta_desde_QuickBooks_Data_64_Bit_QRemote[[#This Row],[SalesOrderLineItemRefFullName]],um!A:A,0),3),\"\")","v":"X12"},{"$f":"IFERROR(IF(OR(Tabla_Consulta_desde_QuickBooks_Data_64_Bit_QRemote[[#This Row],[SalesOrderLineUnitOfMeasure]]=\"UN\",Tabla_Consulta_desde_QuickBooks_Data_64_Bit_QRemote[[#This Row],[SalesOrderLineUnitOfMeasure]]=Tabla_Consulta_desde_QuickBooks_Data_64_Bit_QRemote[[#This Row],[U/M]]),\"\",\"ERROR\"),\"\")","v":""},{"$f":"+WEEKNUM(Tabla_Consulta_desde_QuickBooks_Data_64_Bit_QRemote[[#This Row],[TxnDate]])","v":23},{"$f":"+Tabla_Consulta_desde_QuickBooks_Data_64_Bit_QRemote[[#This Row],[SalesOrderLineRate]]*Tabla_Consulta_desde_QuickBooks_Data_64_Bit_QRemote[[#This Row],[SalesOrderLineInvoiced]]","v":0},{"$f":"+IFERROR(IF(Tabla_Consulta_desde_QuickBooks_Data_64_Bit_QRemote[[#This Row],[CustomerRefFullName]]=\"GRUVALCORP SA\",VLOOKUP(Tabla_Consulta_desde_QuickBooks_Data_64_Bit_QRemote[[#This Row],[SalesOrderLineItemRefFullName]],Hoja1!A:E,5,FALSE),\"\")*-Tabla_Consulta_desde_QuickBooks_Data_64_Bit_QRemote[[#This Row],[SalesOrderLineAmount]],\"\")","v":""},{"$f":"IF(COUNTIF(wms!E:E,Tabla_Consulta_desde_QuickBooks_Data_64_Bit_QRemote[[#This Row],[RefNumber]])>0,\"OK\",\"FALTA\")","v":"FALTA"}]
["2025-06-02","29123","CORPORACION EL ROSADO S.A.","5401301476 CD GYE",9,"7862112522855","PT:220138","TOTOPOS AJI MARACUYA OLE 120G","Bodega Producto Terminado",48,"X12",0.91,43.68,"UNIDAD SNCKS",0,3563.85,4098.43,"IVA EN VENTAS 15%",{"$f":"IFERROR(IF(Tabla_Consulta_desde_QuickBooks_Data_64_Bit_QRemote[[#This Row],[SalesOrderLineUnitOfMeasure]]=\"un\",Tabla_Consulta_desde_QuickBooks_Data_64_Bit_QRemote[[#This Row],[SalesOrderLineQuantity]],Tabla_Consulta_desde_QuickBooks_Data_64_Bit_QRemote[[#This Row],[SalesOrderLineQuantity]]/MID(Tabla_Consulta_desde_QuickBooks_Data_64_Bit_QRemote[[#This Row],[SalesOrderLineUnitOfMeasure]],2,2)),0)","v":4},{"$f":"IFERROR(IF(Tabla_Consulta_desde_QuickBooks_Data_64_Bit_QRemote[[#This Row],[SalesOrderLineUnitOfMeasure]]=\"un\",Tabla_Consulta_desde_QuickBooks_Data_64_Bit_QRemote[[#This Row],[SalesOrderLineInvoiced]],Tabla_Consulta_desde_QuickBooks_Data_64_Bit_QRemote[[#This Row],[SalesOrderLineInvoiced]]/MID(Tabla_Consulta_desde_QuickBooks_Data_64_Bit_QRemote[[#This Row],[SalesOrderLineUnitOfMeasure]],2,2)),0)","v":0},{"$f":"+Tabla_Consulta_desde_QuickBooks_Data_64_Bit_QRemote[[#This Row],[facturado]]-Tabla_Consulta_desde_QuickBooks_Data_64_Bit_QRemote[[#This Row],[pide]]","v":-4},{"$f":"IF(Tabla_Consulta_desde_QuickBooks_Data_64_Bit_QRemote[[#This Row],[diferecia]]=0,\"ok\",\"diferen\")","v":"diferen"},{"$f":"IFERROR(INDEX(um!A:C,MATCH(Tabla_Consulta_desde_QuickBooks_Data_64_Bit_QRemote[[#This Row],[SalesOrderLineItemRefFullName]],um!A:A,0),3),\"\")","v":"X12"},{"$f":"IFERROR(IF(OR(Tabla_Consulta_desde_QuickBooks_Data_64_Bit_QRemote[[#This Row],[SalesOrderLineUnitOfMeasure]]=\"UN\",Tabla_Consulta_desde_QuickBooks_Data_64_Bit_QRemote[[#This Row],[SalesOrderLineUnitOfMeasure]]=Tabla_Consulta_desde_QuickBooks_Data_64_Bit_QRemote[[#This Row],[U/M]]),\"\",\"ERROR\"),\"\")","v":""},{"$f":"+WEEKNUM(Tabla_Consulta_desde_QuickBooks_Data_64_Bit_QRemote[[#This Row],[TxnDate]])","v":23},{"$f":"+Tabla_Consulta_desde_QuickBooks_Data_64_Bit_QRemote[[#This Row],[SalesOrderLineRate]]*Tabla_Consulta_desde_QuickBooks_Data_64_Bit_QRemote[[#This Row],[SalesOrderLineInvoiced]]","v":0},{"$f":"+IFERROR(IF(Tabla_Consulta_desde_QuickBooks_Data_64_Bit_QRemote[[#This Row],[CustomerRefFullName]]=\"GRUVALCORP SA\",VLOOKUP(Tabla_Consulta_desde_QuickBooks_Data_64_Bit_QRemote[[#This Row],[SalesOrderLineItemRefFullName]],Hoja1!A:E,5,FALSE),\"\")*-Tabla_Consulta_desde_QuickBooks_Data_64_Bit_QRemote[[#This Row],[SalesOrderLineAmount]],\"\")","v":""},{"$f":"IF(COUNTIF(wms!E:E,Tabla_Consulta_desde_QuickBooks_Data_64_Bit_QRemote[[#This Row],[RefNumber]])>0,\"OK\",\"FALTA\")","v":"FALTA"}]
["2025-06-02","29123","CORPORACION EL ROSADO S.A.","5401301476 CD GYE",10,"7862112522992","P.T:110300","SALSA BBQ PICANTE OLE 200G","Bodega Producto Terminado",84,"X12",0.68,57.12,"UNIDAD SALSA",0,3563.85,4098.43,"IVA EN VENTAS 15%",{"$f":"IFERROR(IF(Tabla_Consulta_desde_QuickBooks_Data_64_Bit_QRemote[[#This Row],[SalesOrderLineUnitOfMeasure]]=\"un\",Tabla_Consulta_desde_QuickBooks_Data_64_Bit_QRemote[[#This Row],[SalesOrderLineQuantity]],Tabla_Consulta_desde_QuickBooks_Data_64_Bit_QRemote[[#This Row],[SalesOrderLineQuantity]]/MID(Tabla_Consulta_desde_QuickBooks_Data_64_Bit_QRemote[[#This Row],[SalesOrderLineUnitOfMeasure]],2,2)),0)","v":7},{"$f":"IFERROR(IF(Tabla_Consulta_desde_QuickBooks_Data_64_Bit_QRemote[[#This Row],[SalesOrderLineUnitOfMeasure]]=\"un\",Tabla_Consulta_desde_QuickBooks_Data_64_Bit_QRemote[[#This Row],[SalesOrderLineInvoiced]],Tabla_Consulta_desde_QuickBooks_Data_64_Bit_QRemote[[#This Row],[SalesOrderLineInvoiced]]/MID(Tabla_Consulta_desde_QuickBooks_Data_64_Bit_QRemote[[#This Row],[SalesOrderLineUnitOfMeasure]],2,2)),0)","v":0},{"$f":"+Tabla_Consulta_desde_QuickBooks_Data_64_Bit_QRemote[[#This Row],[facturado]]-Tabla_Consulta_desde_QuickBooks_Data_64_Bit_QRemote[[#This Row],[pide]]","v":-7},{"$f":"IF(Tabla_Consulta_desde_QuickBooks_Data_64_Bit_QRemote[[#This Row],[diferecia]]=0,\"ok\",\"diferen\")","v":"diferen"},{"$f":"IFERROR(INDEX(um!A:C,MATCH(Tabla_Consulta_desde_QuickBooks_Data_64_Bit_QRemote[[#This Row],[SalesOrderLineItemRefFullName]],um!A:A,0),3),\"\")","v":"X12"},{"$f":"IFERROR(IF(OR(Tabla_Consulta_desde_QuickBooks_Data_64_Bit_QRemote[[#This Row],[SalesOrderLineUnitOfMeasure]]=\"UN\",Tabla_Consulta_desde_QuickBooks_Data_64_Bit_QRemote[[#This Row],[SalesOrderLineUnitOfMeasure]]=Tabla_Consulta_desde_QuickBooks_Data_64_Bit_QRemote[[#This Row],[U/M]]),\"\",\"ERROR\"),\"\")","v":""},{"$f":"+WEEKNUM(Tabla_Consulta_desde_QuickBooks_Data_64_Bit_QRemote[[#This Row],[TxnDate]])","v":23},{"$f":"+Tabla_Consulta_desde_QuickBooks_Data_64_Bit_QRemote[[#This Row],[SalesOrderLineRate]]*Tabla_Consulta_desde_QuickBooks_Data_64_Bit_QRemote[[#This Row],[SalesOrderLineInvoiced]]","v":0},{"$f":"+IFERROR(IF(Tabla_Consulta_desde_QuickBooks_Data_64_Bit_QRemote[[#This Row],[CustomerRefFullName]]=\"GRUVALCORP SA\",VLOOKUP(Tabla_Consulta_desde_QuickBooks_Data_64_Bit_QRemote[[#This Row],[SalesOrderLineItemRefFullName]],Hoja1!A:E,5,FALSE),\"\")*-Tabla_Consulta_desde_QuickBooks_Data_64_Bit_QRemote[[#This Row],[SalesOrderLineAmount]],\"\")","v":""},{"$f":"IF(COUNTIF(wms!E:E,Tabla_Consulta_desde_QuickBooks_Data_64_Bit_QRemote[[#This Row],[RefNumber]])>0,\"OK\",\"FALTA\")","v":"FALTA"}]
["2025-06-02","29123","CORPORACION EL ROSADO S.A.","5401301476 CD GYE",11,"7862112523265","PT:220143","TOTOPOS NATURAL MINI OLE 45G","Bodega Producto Terminado",210,"X30",0.34,71.400000000000006,"UNIDAD SNCKS",0,3563.85,4098.43,"IVA EN VENTAS 15%",{"$f":"IFERROR(IF(Tabla_Consulta_desde_QuickBooks_Data_64_Bit_QRemote[[#This Row],[SalesOrderLineUnitOfMeasure]]=\"un\",Tabla_Consulta_desde_QuickBooks_Data_64_Bit_QRemote[[#This Row],[SalesOrderLineQuantity]],Tabla_Consulta_desde_QuickBooks_Data_64_Bit_QRemote[[#This Row],[SalesOrderLineQuantity]]/MID(Tabla_Consulta_desde_QuickBooks_Data_64_Bit_QRemote[[#This Row],[SalesOrderLineUnitOfMeasure]],2,2)),0)","v":7},{"$f":"IFERROR(IF(Tabla_Consulta_desde_QuickBooks_Data_64_Bit_QRemote[[#This Row],[SalesOrderLineUnitOfMeasure]]=\"un\",Tabla_Consulta_desde_QuickBooks_Data_64_Bit_QRemote[[#This Row],[SalesOrderLineInvoiced]],Tabla_Consulta_desde_QuickBooks_Data_64_Bit_QRemote[[#This Row],[SalesOrderLineInvoiced]]/MID(Tabla_Consulta_desde_QuickBooks_Data_64_Bit_QRemote[[#This Row],[SalesOrderLineUnitOfMeasure]],2,2)),0)","v":0},{"$f":"+Tabla_Consulta_desde_QuickBooks_Data_64_Bit_QRemote[[#This Row],[facturado]]-Tabla_Consulta_desde_QuickBooks_Data_64_Bit_QRemote[[#This Row],[pide]]","v":-7},{"$f":"IF(Tabla_Consulta_desde_QuickBooks_Data_64_Bit_QRemote[[#This Row],[diferecia]]=0,\"ok\",\"diferen\")","v":"diferen"},{"$f":"IFERROR(INDEX(um!A:C,MATCH(Tabla_Consulta_desde_QuickBooks_Data_64_Bit_QRemote[[#This Row],[SalesOrderLineItemRefFullName]],um!A:A,0),3),\"\")","v":"X30"},{"$f":"IFERROR(IF(OR(Tabla_Consulta_desde_QuickBooks_Data_64_Bit_QRemote[[#This Row],[SalesOrderLineUnitOfMeasure]]=\"UN\",Tabla_Consulta_desde_QuickBooks_Data_64_Bit_QRemote[[#This Row],[SalesOrderLineUnitOfMeasure]]=Tabla_Consulta_desde_QuickBooks_Data_64_Bit_QRemote[[#This Row],[U/M]]),\"\",\"ERROR\"),\"\")","v":""},{"$f":"+WEEKNUM(Tabla_Consulta_desde_QuickBooks_Data_64_Bit_QRemote[[#This Row],[TxnDate]])","v":23},{"$f":"+Tabla_Consulta_desde_QuickBooks_Data_64_Bit_QRemote[[#This Row],[SalesOrderLineRate]]*Tabla_Consulta_desde_QuickBooks_Data_64_Bit_QRemote[[#This Row],[SalesOrderLineInvoiced]]","v":0},{"$f":"+IFERROR(IF(Tabla_Consulta_desde_QuickBooks_Data_64_Bit_QRemote[[#This Row],[CustomerRefFullName]]=\"GRUVALCORP SA\",VLOOKUP(Tabla_Consulta_desde_QuickBooks_Data_64_Bit_QRemote[[#This Row],[SalesOrderLineItemRefFullName]],Hoja1!A:E,5,FALSE),\"\")*-Tabla_Consulta_desde_QuickBooks_Data_64_Bit_QRemote[[#This Row],[SalesOrderLineAmount]],\"\")","v":""},{"$f":"IF(COUNTIF(wms!E:E,Tabla_Consulta_desde_QuickBooks_Data_64_Bit_QRemote[[#This Row],[RefNumber]])>0,\"OK\",\"FALTA\")","v":"FALTA"}]
["2025-06-02","29123","CORPORACION EL ROSADO S.A.","5401301476 CD GYE",12,"7862112523258","PT:220142","TOTOPOS SABOR GUACAMOLE OLE 45G","Bodega Producto Terminado",600,"X30",0.34,204,"UNIDAD SNCKS",0,3563.85,4098.43,"IVA EN VENTAS 15%",{"$f":"IFERROR(IF(Tabla_Consulta_desde_QuickBooks_Data_64_Bit_QRemote[[#This Row],[SalesOrderLineUnitOfMeasure]]=\"un\",Tabla_Consulta_desde_QuickBooks_Data_64_Bit_QRemote[[#This Row],[SalesOrderLineQuantity]],Tabla_Consulta_desde_QuickBooks_Data_64_Bit_QRemote[[#This Row],[SalesOrderLineQuantity]]/MID(Tabla_Consulta_desde_QuickBooks_Data_64_Bit_QRemote[[#This Row],[SalesOrderLineUnitOfMeasure]],2,2)),0)","v":20},{"$f":"IFERROR(IF(Tabla_Consulta_desde_QuickBooks_Data_64_Bit_QRemote[[#This Row],[SalesOrderLineUnitOfMeasure]]=\"un\",Tabla_Consulta_desde_QuickBooks_Data_64_Bit_QRemote[[#This Row],[SalesOrderLineInvoiced]],Tabla_Consulta_desde_QuickBooks_Data_64_Bit_QRemote[[#This Row],[SalesOrderLineInvoiced]]/MID(Tabla_Consulta_desde_QuickBooks_Data_64_Bit_QRemote[[#This Row],[SalesOrderLineUnitOfMeasure]],2,2)),0)","v":0},{"$f":"+Tabla_Consulta_desde_QuickBooks_Data_64_Bit_QRemote[[#This Row],[facturado]]-Tabla_Consulta_desde_QuickBooks_Data_64_Bit_QRemote[[#This Row],[pide]]","v":-20},{"$f":"IF(Tabla_Consulta_desde_QuickBooks_Data_64_Bit_QRemote[[#This Row],[diferecia]]=0,\"ok\",\"diferen\")","v":"diferen"},{"$f":"IFERROR(INDEX(um!A:C,MATCH(Tabla_Consulta_desde_QuickBooks_Data_64_Bit_QRemote[[#This Row],[SalesOrderLineItemRefFullName]],um!A:A,0),3),\"\")","v":"X30"},{"$f":"IFERROR(IF(OR(Tabla_Consulta_desde_QuickBooks_Data_64_Bit_QRemote[[#This Row],[SalesOrderLineUnitOfMeasure]]=\"UN\",Tabla_Consulta_desde_QuickBooks_Data_64_Bit_QRemote[[#This Row],[SalesOrderLineUnitOfMeasure]]=Tabla_Consulta_desde_QuickBooks_Data_64_Bit_QRemote[[#This Row],[U/M]]),\"\",\"ERROR\"),\"\")","v":""},{"$f":"+WEEKNUM(Tabla_Consulta_desde_QuickBooks_Data_64_Bit_QRemote[[#This Row],[TxnDate]])","v":23},{"$f":"+Tabla_Consulta_desde_QuickBooks_Data_64_Bit_QRemote[[#This Row],[SalesOrderLineRate]]*Tabla_Consulta_desde_QuickBooks_Data_64_Bit_QRemote[[#This Row],[SalesOrderLineInvoiced]]","v":0},{"$f":"+IFERROR(IF(Tabla_Consulta_desde_QuickBooks_Data_64_Bit_QRemote[[#This Row],[CustomerRefFullName]]=\"GRUVALCORP SA\",VLOOKUP(Tabla_Consulta_desde_QuickBooks_Data_64_Bit_QRemote[[#This Row],[SalesOrderLineItemRefFullName]],Hoja1!A:E,5,FALSE),\"\")*-Tabla_Consulta_desde_QuickBooks_Data_64_Bit_QRemote[[#This Row],[SalesOrderLineAmount]],\"\")","v":""},{"$f":"IF(COUNTIF(wms!E:E,Tabla_Consulta_desde_QuickBooks_Data_64_Bit_QRemote[[#This Row],[RefNumber]])>0,\"OK\",\"FALTA\")","v":"FALTA"}]
["2025-06-02","29123","CORPORACION EL ROSADO S.A.","5401301476 CD GYE",13,"7862112523289","PT:221008","CHEDARITOS OLE 90G","Bodega Producto Terminado",140,"X10",1.1299999999999999,158.19999999999999,"UNIDAD SNCKS",0,3563.85,4098.43,"IVA EN VENTAS 15%",{"$f":"IFERROR(IF(Tabla_Consulta_desde_QuickBooks_Data_64_Bit_QRemote[[#This Row],[SalesOrderLineUnitOfMeasure]]=\"un\",Tabla_Consulta_desde_QuickBooks_Data_64_Bit_QRemote[[#This Row],[SalesOrderLineQuantity]],Tabla_Consulta_desde_QuickBooks_Data_64_Bit_QRemote[[#This Row],[SalesOrderLineQuantity]]/MID(Tabla_Consulta_desde_QuickBooks_Data_64_Bit_QRemote[[#This Row],[SalesOrderLineUnitOfMeasure]],2,2)),0)","v":14},{"$f":"IFERROR(IF(Tabla_Consulta_desde_QuickBooks_Data_64_Bit_QRemote[[#This Row],[SalesOrderLineUnitOfMeasure]]=\"un\",Tabla_Consulta_desde_QuickBooks_Data_64_Bit_QRemote[[#This Row],[SalesOrderLineInvoiced]],Tabla_Consulta_desde_QuickBooks_Data_64_Bit_QRemote[[#This Row],[SalesOrderLineInvoiced]]/MID(Tabla_Consulta_desde_QuickBooks_Data_64_Bit_QRemote[[#This Row],[SalesOrderLineUnitOfMeasure]],2,2)),0)","v":0},{"$f":"+Tabla_Consulta_desde_QuickBooks_Data_64_Bit_QRemote[[#This Row],[facturado]]-Tabla_Consulta_desde_QuickBooks_Data_64_Bit_QRemote[[#This Row],[pide]]","v":-14},{"$f":"IF(Tabla_Consulta_desde_QuickBooks_Data_64_Bit_QRemote[[#This Row],[diferecia]]=0,\"ok\",\"diferen\")","v":"diferen"},{"$f":"IFERROR(INDEX(um!A:C,MATCH(Tabla_Consulta_desde_QuickBooks_Data_64_Bit_QRemote[[#This Row],[SalesOrderLineItemRefFullName]],um!A:A,0),3),\"\")","v":"X10"},{"$f":"IFERROR(IF(OR(Tabla_Consulta_desde_QuickBooks_Data_64_Bit_QRemote[[#This Row],[SalesOrderLineUnitOfMeasure]]=\"UN\",Tabla_Consulta_desde_QuickBooks_Data_64_Bit_QRemote[[#This Row],[SalesOrderLineUnitOfMeasure]]=Tabla_Consulta_desde_QuickBooks_Data_64_Bit_QRemote[[#This Row],[U/M]]),\"\",\"ERROR\"),\"\")","v":""},{"$f":"+WEEKNUM(Tabla_Consulta_desde_QuickBooks_Data_64_Bit_QRemote[[#This Row],[TxnDate]])","v":23},{"$f":"+Tabla_Consulta_desde_QuickBooks_Data_64_Bit_QRemote[[#This Row],[SalesOrderLineRate]]*Tabla_Consulta_desde_QuickBooks_Data_64_Bit_QRemote[[#This Row],[SalesOrderLineInvoiced]]","v":0},{"$f":"+IFERROR(IF(Tabla_Consulta_desde_QuickBooks_Data_64_Bit_QRemote[[#This Row],[CustomerRefFullName]]=\"GRUVALCORP SA\",VLOOKUP(Tabla_Consulta_desde_QuickBooks_Data_64_Bit_QRemote[[#This Row],[SalesOrderLineItemRefFullName]],Hoja1!A:E,5,FALSE),\"\")*-Tabla_Consulta_desde_QuickBooks_Data_64_Bit_QRemote[[#This Row],[SalesOrderLineAmount]],\"\")","v":""},{"$f":"IF(COUNTIF(wms!E:E,Tabla_Consulta_desde_QuickBooks_Data_64_Bit_QRemote[[#This Row],[RefNumber]])>0,\"OK\",\"FALTA\")","v":"FALTA"}]
["2025-06-02","29123","CORPORACION EL ROSADO S.A.","5401301476 CD GYE",14,"7862112523043","P.T:110745","SALSA PICANTE HABANERO OLE 100G","Bodega Producto Terminado",324,"X12",0.66,213.84,"UNIDAD SALSA",0,3563.85,4098.43,"IVA EN VENTAS 15%",{"$f":"IFERROR(IF(Tabla_Consulta_desde_QuickBooks_Data_64_Bit_QRemote[[#This Row],[SalesOrderLineUnitOfMeasure]]=\"un\",Tabla_Consulta_desde_QuickBooks_Data_64_Bit_QRemote[[#This Row],[SalesOrderLineQuantity]],Tabla_Consulta_desde_QuickBooks_Data_64_Bit_QRemote[[#This Row],[SalesOrderLineQuantity]]/MID(Tabla_Consulta_desde_QuickBooks_Data_64_Bit_QRemote[[#This Row],[SalesOrderLineUnitOfMeasure]],2,2)),0)","v":27},{"$f":"IFERROR(IF(Tabla_Consulta_desde_QuickBooks_Data_64_Bit_QRemote[[#This Row],[SalesOrderLineUnitOfMeasure]]=\"un\",Tabla_Consulta_desde_QuickBooks_Data_64_Bit_QRemote[[#This Row],[SalesOrderLineInvoiced]],Tabla_Consulta_desde_QuickBooks_Data_64_Bit_QRemote[[#This Row],[SalesOrderLineInvoiced]]/MID(Tabla_Consulta_desde_QuickBooks_Data_64_Bit_QRemote[[#This Row],[SalesOrderLineUnitOfMeasure]],2,2)),0)","v":0},{"$f":"+Tabla_Consulta_desde_QuickBooks_Data_64_Bit_QRemote[[#This Row],[facturado]]-Tabla_Consulta_desde_QuickBooks_Data_64_Bit_QRemote[[#This Row],[pide]]","v":-27},{"$f":"IF(Tabla_Consulta_desde_QuickBooks_Data_64_Bit_QRemote[[#This Row],[diferecia]]=0,\"ok\",\"diferen\")","v":"diferen"},{"$f":"IFERROR(INDEX(um!A:C,MATCH(Tabla_Consulta_desde_QuickBooks_Data_64_Bit_QRemote[[#This Row],[SalesOrderLineItemRefFullName]],um!A:A,0),3),\"\")","v":"X12"},{"$f":"IFERROR(IF(OR(Tabla_Consulta_desde_QuickBooks_Data_64_Bit_QRemote[[#This Row],[SalesOrderLineUnitOfMeasure]]=\"UN\",Tabla_Consulta_desde_QuickBooks_Data_64_Bit_QRemote[[#This Row],[SalesOrderLineUnitOfMeasure]]=Tabla_Consulta_desde_QuickBooks_Data_64_Bit_QRemote[[#This Row],[U/M]]),\"\",\"ERROR\"),\"\")","v":""},{"$f":"+WEEKNUM(Tabla_Consulta_desde_QuickBooks_Data_64_Bit_QRemote[[#This Row],[TxnDate]])","v":23},{"$f":"+Tabla_Consulta_desde_QuickBooks_Data_64_Bit_QRemote[[#This Row],[SalesOrderLineRate]]*Tabla_Consulta_desde_QuickBooks_Data_64_Bit_QRemote[[#This Row],[SalesOrderLineInvoiced]]","v":0},{"$f":"+IFERROR(IF(Tabla_Consulta_desde_QuickBooks_Data_64_Bit_QRemote[[#This Row],[CustomerRefFullName]]=\"GRUVALCORP SA\",VLOOKUP(Tabla_Consulta_desde_QuickBooks_Data_64_Bit_QRemote[[#This Row],[SalesOrderLineItemRefFullName]],Hoja1!A:E,5,FALSE),\"\")*-Tabla_Consulta_desde_QuickBooks_Data_64_Bit_QRemote[[#This Row],[SalesOrderLineAmount]],\"\")","v":""},{"$f":"IF(COUNTIF(wms!E:E,Tabla_Consulta_desde_QuickBooks_Data_64_Bit_QRemote[[#This Row],[RefNumber]])>0,\"OK\",\"FALTA\")","v":"FALTA"}]
["2025-06-02","29123","CORPORACION EL ROSADO S.A.","5401301476 CD GYE",15,"7862112523036","P.T:110746","SALSA PICANTE JALAPEÑO OLE 100G","Bodega Producto Terminado",84,"X12",0.66,55.44,"UNIDAD SALSA",0,3563.85,4098.43,"IVA EN VENTAS 15%",{"$f":"IFERROR(IF(Tabla_Consulta_desde_QuickBooks_Data_64_Bit_QRemote[[#This Row],[SalesOrderLineUnitOfMeasure]]=\"un\",Tabla_Consulta_desde_QuickBooks_Data_64_Bit_QRemote[[#This Row],[SalesOrderLineQuantity]],Tabla_Consulta_desde_QuickBooks_Data_64_Bit_QRemote[[#This Row],[SalesOrderLineQuantity]]/MID(Tabla_Consulta_desde_QuickBooks_Data_64_Bit_QRemote[[#This Row],[SalesOrderLineUnitOfMeasure]],2,2)),0)","v":7},{"$f":"IFERROR(IF(Tabla_Consulta_desde_QuickBooks_Data_64_Bit_QRemote[[#This Row],[SalesOrderLineUnitOfMeasure]]=\"un\",Tabla_Consulta_desde_QuickBooks_Data_64_Bit_QRemote[[#This Row],[SalesOrderLineInvoiced]],Tabla_Consulta_desde_QuickBooks_Data_64_Bit_QRemote[[#This Row],[SalesOrderLineInvoiced]]/MID(Tabla_Consulta_desde_QuickBooks_Data_64_Bit_QRemote[[#This Row],[SalesOrderLineUnitOfMeasure]],2,2)),0)","v":0},{"$f":"+Tabla_Consulta_desde_QuickBooks_Data_64_Bit_QRemote[[#This Row],[facturado]]-Tabla_Consulta_desde_QuickBooks_Data_64_Bit_QRemote[[#This Row],[pide]]","v":-7},{"$f":"IF(Tabla_Consulta_desde_QuickBooks_Data_64_Bit_QRemote[[#This Row],[diferecia]]=0,\"ok\",\"diferen\")","v":"diferen"},{"$f":"IFERROR(INDEX(um!A:C,MATCH(Tabla_Consulta_desde_QuickBooks_Data_64_Bit_QRemote[[#This Row],[SalesOrderLineItemRefFullName]],um!A:A,0),3),\"\")","v":"X12"},{"$f":"IFERROR(IF(OR(Tabla_Consulta_desde_QuickBooks_Data_64_Bit_QRemote[[#This Row],[SalesOrderLineUnitOfMeasure]]=\"UN\",Tabla_Consulta_desde_QuickBooks_Data_64_Bit_QRemote[[#This Row],[SalesOrderLineUnitOfMeasure]]=Tabla_Consulta_desde_QuickBooks_Data_64_Bit_QRemote[[#This Row],[U/M]]),\"\",\"ERROR\"),\"\")","v":""},{"$f":"+WEEKNUM(Tabla_Consulta_desde_QuickBooks_Data_64_Bit_QRemote[[#This Row],[TxnDate]])","v":23},{"$f":"+Tabla_Consulta_desde_QuickBooks_Data_64_Bit_QRemote[[#This Row],[SalesOrderLineRate]]*Tabla_Consulta_desde_QuickBooks_Data_64_Bit_QRemote[[#This Row],[SalesOrderLineInvoiced]]","v":0},{"$f":"+IFERROR(IF(Tabla_Consulta_desde_QuickBooks_Data_64_Bit_QRemote[[#This Row],[CustomerRefFullName]]=\"GRUVALCORP SA\",VLOOKUP(Tabla_Consulta_desde_QuickBooks_Data_64_Bit_QRemote[[#This Row],[SalesOrderLineItemRefFullName]],Hoja1!A:E,5,FALSE),\"\")*-Tabla_Consulta_desde_QuickBooks_Data_64_Bit_QRemote[[#This Row],[SalesOrderLineAmount]],\"\")","v":""},{"$f":"IF(COUNTIF(wms!E:E,Tabla_Consulta_desde_QuickBooks_Data_64_Bit_QRemote[[#This Row],[RefNumber]])>0,\"OK\",\"FALTA\")","v":"FALTA"}]
["2025-06-02","29123","CORPORACION EL ROSADO S.A.","5401301476 CD GYE",16,null,"Desc. Ventas SLS:110606","JALAPEÑO ROJOS Y VERDES AGRIDULCES OLE 250G",null,null,null,-15.72,-15.72,null,0,3563.85,4098.43,"IVA EN VENTAS 15%",{"$f":"IFERROR(IF(Tabla_Consulta_desde_QuickBooks_Data_64_Bit_QRemote[[#This Row],[SalesOrderLineUnitOfMeasure]]=\"un\",Tabla_Consulta_desde_QuickBooks_Data_64_Bit_QRemote[[#This Row],[SalesOrderLineQuantity]],Tabla_Consulta_desde_QuickBooks_Data_64_Bit_QRemote[[#This Row],[SalesOrderLineQuantity]]/MID(Tabla_Consulta_desde_QuickBooks_Data_64_Bit_QRemote[[#This Row],[SalesOrderLineUnitOfMeasure]],2,2)),0)","v":0},{"$f":"IFERROR(IF(Tabla_Consulta_desde_QuickBooks_Data_64_Bit_QRemote[[#This Row],[SalesOrderLineUnitOfMeasure]]=\"un\",Tabla_Consulta_desde_QuickBooks_Data_64_Bit_QRemote[[#This Row],[SalesOrderLineInvoiced]],Tabla_Consulta_desde_QuickBooks_Data_64_Bit_QRemote[[#This Row],[SalesOrderLineInvoiced]]/MID(Tabla_Consulta_desde_QuickBooks_Data_64_Bit_QRemote[[#This Row],[SalesOrderLineUnitOfMeasure]],2,2)),0)","v":0},{"$f":"+Tabla_Consulta_desde_QuickBooks_Data_64_Bit_QRemote[[#This Row],[facturado]]-Tabla_Consulta_desde_QuickBooks_Data_64_Bit_QRemote[[#This Row],[pide]]","v":0},{"$f":"IF(Tabla_Consulta_desde_QuickBooks_Data_64_Bit_QRemote[[#This Row],[diferecia]]=0,\"ok\",\"diferen\")","v":"ok"},{"$f":"IFERROR(INDEX(um!A:C,MATCH(Tabla_Consulta_desde_QuickBooks_Data_64_Bit_QRemote[[#This Row],[SalesOrderLineItemRefFullName]],um!A:A,0),3),\"\")","v":""},{"$f":"IFERROR(IF(OR(Tabla_Consulta_desde_QuickBooks_Data_64_Bit_QRemote[[#This Row],[SalesOrderLineUnitOfMeasure]]=\"UN\",Tabla_Consulta_desde_QuickBooks_Data_64_Bit_QRemote[[#This Row],[SalesOrderLineUnitOfMeasure]]=Tabla_Consulta_desde_QuickBooks_Data_64_Bit_QRemote[[#This Row],[U/M]]),\"\",\"ERROR\"),\"\")","v":""},{"$f":"+WEEKNUM(Tabla_Consulta_desde_QuickBooks_Data_64_Bit_QRemote[[#This Row],[TxnDate]])","v":23},{"$f":"+Tabla_Consulta_desde_QuickBooks_Data_64_Bit_QRemote[[#This Row],[SalesOrderLineRate]]*Tabla_Consulta_desde_QuickBooks_Data_64_Bit_QRemote[[#This Row],[SalesOrderLineInvoiced]]","v":0},{"$f":"+IFERROR(IF(Tabla_Consulta_desde_QuickBooks_Data_64_Bit_QRemote[[#This Row],[CustomerRefFullName]]=\"GRUVALCORP SA\",VLOOKUP(Tabla_Consulta_desde_QuickBooks_Data_64_Bit_QRemote[[#This Row],[SalesOrderLineItemRefFullName]],Hoja1!A:E,5,FALSE),\"\")*-Tabla_Consulta_desde_QuickBooks_Data_64_Bit_QRemote[[#This Row],[SalesOrderLineAmount]],\"\")","v":""},{"$f":"IF(COUNTIF(wms!E:E,Tabla_Consulta_desde_QuickBooks_Data_64_Bit_QRemote[[#This Row],[RefNumber]])>0,\"OK\",\"FALTA\")","v":"FALTA"}]
["2025-06-02","29123","CORPORACION EL ROSADO S.A.","5401301476 CD GYE",17,null,"Desc. Ventas COM:311407","VINAGRE DE MANZANA CON LA MADRE OLE 500ML",null,null,null,-262.48,-262.48,null,0,3563.85,4098.43,"IVA EN VENTAS 15%",{"$f":"IFERROR(IF(Tabla_Consulta_desde_QuickBooks_Data_64_Bit_QRemote[[#This Row],[SalesOrderLineUnitOfMeasure]]=\"un\",Tabla_Consulta_desde_QuickBooks_Data_64_Bit_QRemote[[#This Row],[SalesOrderLineQuantity]],Tabla_Consulta_desde_QuickBooks_Data_64_Bit_QRemote[[#This Row],[SalesOrderLineQuantity]]/MID(Tabla_Consulta_desde_QuickBooks_Data_64_Bit_QRemote[[#This Row],[SalesOrderLineUnitOfMeasure]],2,2)),0)","v":0},{"$f":"IFERROR(IF(Tabla_Consulta_desde_QuickBooks_Data_64_Bit_QRemote[[#This Row],[SalesOrderLineUnitOfMeasure]]=\"un\",Tabla_Consulta_desde_QuickBooks_Data_64_Bit_QRemote[[#This Row],[SalesOrderLineInvoiced]],Tabla_Consulta_desde_QuickBooks_Data_64_Bit_QRemote[[#This Row],[SalesOrderLineInvoiced]]/MID(Tabla_Consulta_desde_QuickBooks_Data_64_Bit_QRemote[[#This Row],[SalesOrderLineUnitOfMeasure]],2,2)),0)","v":0},{"$f":"+Tabla_Consulta_desde_QuickBooks_Data_64_Bit_QRemote[[#This Row],[facturado]]-Tabla_Consulta_desde_QuickBooks_Data_64_Bit_QRemote[[#This Row],[pide]]","v":0},{"$f":"IF(Tabla_Consulta_desde_QuickBooks_Data_64_Bit_QRemote[[#This Row],[diferecia]]=0,\"ok\",\"diferen\")","v":"ok"},{"$f":"IFERROR(INDEX(um!A:C,MATCH(Tabla_Consulta_desde_QuickBooks_Data_64_Bit_QRemote[[#This Row],[SalesOrderLineItemRefFullName]],um!A:A,0),3),\"\")","v":""},{"$f":"IFERROR(IF(OR(Tabla_Consulta_desde_QuickBooks_Data_64_Bit_QRemote[[#This Row],[SalesOrderLineUnitOfMeasure]]=\"UN\",Tabla_Consulta_desde_QuickBooks_Data_64_Bit_QRemote[[#This Row],[SalesOrderLineUnitOfMeasure]]=Tabla_Consulta_desde_QuickBooks_Data_64_Bit_QRemote[[#This Row],[U/M]]),\"\",\"ERROR\"),\"\")","v":""},{"$f":"+WEEKNUM(Tabla_Consulta_desde_QuickBooks_Data_64_Bit_QRemote[[#This Row],[TxnDate]])","v":23},{"$f":"+Tabla_Consulta_desde_QuickBooks_Data_64_Bit_QRemote[[#This Row],[SalesOrderLineRate]]*Tabla_Consulta_desde_QuickBooks_Data_64_Bit_QRemote[[#This Row],[SalesOrderLineInvoiced]]","v":0},{"$f":"+IFERROR(IF(Tabla_Consulta_desde_QuickBooks_Data_64_Bit_QRemote[[#This Row],[CustomerRefFullName]]=\"GRUVALCORP SA\",VLOOKUP(Tabla_Consulta_desde_QuickBooks_Data_64_Bit_QRemote[[#This Row],[SalesOrderLineItemRefFullName]],Hoja1!A:E,5,FALSE),\"\")*-Tabla_Consulta_desde_QuickBooks_Data_64_Bit_QRemote[[#This Row],[SalesOrderLineAmount]],\"\")","v":""},{"$f":"IF(COUNTIF(wms!E:E,Tabla_Consulta_desde_QuickBooks_Data_64_Bit_QRemote[[#This Row],[RefNumber]])>0,\"OK\",\"FALTA\")","v":"FALTA"}]
["2025-06-02","29123","CORPORACION EL ROSADO S.A.","5401301476 CD GYE",18,null,"Desc. Ventas SLS:110733","SALSA GUACAMOLE OLE 220G",null,null,null,-83.38,-83.38,null,0,3563.85,4098.43,"IVA EN VENTAS 15%",{"$f":"IFERROR(IF(Tabla_Consulta_desde_QuickBooks_Data_64_Bit_QRemote[[#This Row],[SalesOrderLineUnitOfMeasure]]=\"un\",Tabla_Consulta_desde_QuickBooks_Data_64_Bit_QRemote[[#This Row],[SalesOrderLineQuantity]],Tabla_Consulta_desde_QuickBooks_Data_64_Bit_QRemote[[#This Row],[SalesOrderLineQuantity]]/MID(Tabla_Consulta_desde_QuickBooks_Data_64_Bit_QRemote[[#This Row],[SalesOrderLineUnitOfMeasure]],2,2)),0)","v":0},{"$f":"IFERROR(IF(Tabla_Consulta_desde_QuickBooks_Data_64_Bit_QRemote[[#This Row],[SalesOrderLineUnitOfMeasure]]=\"un\",Tabla_Consulta_desde_QuickBooks_Data_64_Bit_QRemote[[#This Row],[SalesOrderLineInvoiced]],Tabla_Consulta_desde_QuickBooks_Data_64_Bit_QRemote[[#This Row],[SalesOrderLineInvoiced]]/MID(Tabla_Consulta_desde_QuickBooks_Data_64_Bit_QRemote[[#This Row],[SalesOrderLineUnitOfMeasure]],2,2)),0)","v":0},{"$f":"+Tabla_Consulta_desde_QuickBooks_Data_64_Bit_QRemote[[#This Row],[facturado]]-Tabla_Consulta_desde_QuickBooks_Data_64_Bit_QRemote[[#This Row],[pide]]","v":0},{"$f":"IF(Tabla_Consulta_desde_QuickBooks_Data_64_Bit_QRemote[[#This Row],[diferecia]]=0,\"ok\",\"diferen\")","v":"ok"},{"$f":"IFERROR(INDEX(um!A:C,MATCH(Tabla_Consulta_desde_QuickBooks_Data_64_Bit_QRemote[[#This Row],[SalesOrderLineItemRefFullName]],um!A:A,0),3),\"\")","v":""},{"$f":"IFERROR(IF(OR(Tabla_Consulta_desde_QuickBooks_Data_64_Bit_QRemote[[#This Row],[SalesOrderLineUnitOfMeasure]]=\"UN\",Tabla_Consulta_desde_QuickBooks_Data_64_Bit_QRemote[[#This Row],[SalesOrderLineUnitOfMeasure]]=Tabla_Consulta_desde_QuickBooks_Data_64_Bit_QRemote[[#This Row],[U/M]]),\"\",\"ERROR\"),\"\")","v":""},{"$f":"+WEEKNUM(Tabla_Consulta_desde_QuickBooks_Data_64_Bit_QRemote[[#This Row],[TxnDate]])","v":23},{"$f":"+Tabla_Consulta_desde_QuickBooks_Data_64_Bit_QRemote[[#This Row],[SalesOrderLineRate]]*Tabla_Consulta_desde_QuickBooks_Data_64_Bit_QRemote[[#This Row],[SalesOrderLineInvoiced]]","v":0},{"$f":"+IFERROR(IF(Tabla_Consulta_desde_QuickBooks_Data_64_Bit_QRemote[[#This Row],[CustomerRefFullName]]=\"GRUVALCORP SA\",VLOOKUP(Tabla_Consulta_desde_QuickBooks_Data_64_Bit_QRemote[[#This Row],[SalesOrderLineItemRefFullName]],Hoja1!A:E,5,FALSE),\"\")*-Tabla_Consulta_desde_QuickBooks_Data_64_Bit_QRemote[[#This Row],[SalesOrderLineAmount]],\"\")","v":""},{"$f":"IF(COUNTIF(wms!E:E,Tabla_Consulta_desde_QuickBooks_Data_64_Bit_QRemote[[#This Row],[RefNumber]])>0,\"OK\",\"FALTA\")","v":"FALTA"}]
["2025-06-02","29123","CORPORACION EL ROSADO S.A.","5401301476 CD GYE",19,null,"Desc. Ventas SNK:220132","TOTOPOS NATURAL OLE 300G",null,null,null,-86.67,-86.67,null,0,3563.85,4098.43,"IVA EN VENTAS 15%",{"$f":"IFERROR(IF(Tabla_Consulta_desde_QuickBooks_Data_64_Bit_QRemote[[#This Row],[SalesOrderLineUnitOfMeasure]]=\"un\",Tabla_Consulta_desde_QuickBooks_Data_64_Bit_QRemote[[#This Row],[SalesOrderLineQuantity]],Tabla_Consulta_desde_QuickBooks_Data_64_Bit_QRemote[[#This Row],[SalesOrderLineQuantity]]/MID(Tabla_Consulta_desde_QuickBooks_Data_64_Bit_QRemote[[#This Row],[SalesOrderLineUnitOfMeasure]],2,2)),0)","v":0},{"$f":"IFERROR(IF(Tabla_Consulta_desde_QuickBooks_Data_64_Bit_QRemote[[#This Row],[SalesOrderLineUnitOfMeasure]]=\"un\",Tabla_Consulta_desde_QuickBooks_Data_64_Bit_QRemote[[#This Row],[SalesOrderLineInvoiced]],Tabla_Consulta_desde_QuickBooks_Data_64_Bit_QRemote[[#This Row],[SalesOrderLineInvoiced]]/MID(Tabla_Consulta_desde_QuickBooks_Data_64_Bit_QRemote[[#This Row],[SalesOrderLineUnitOfMeasure]],2,2)),0)","v":0},{"$f":"+Tabla_Consulta_desde_QuickBooks_Data_64_Bit_QRemote[[#This Row],[facturado]]-Tabla_Consulta_desde_QuickBooks_Data_64_Bit_QRemote[[#This Row],[pide]]","v":0},{"$f":"IF(Tabla_Consulta_desde_QuickBooks_Data_64_Bit_QRemote[[#This Row],[diferecia]]=0,\"ok\",\"diferen\")","v":"ok"},{"$f":"IFERROR(INDEX(um!A:C,MATCH(Tabla_Consulta_desde_QuickBooks_Data_64_Bit_QRemote[[#This Row],[SalesOrderLineItemRefFullName]],um!A:A,0),3),\"\")","v":""},{"$f":"IFERROR(IF(OR(Tabla_Consulta_desde_QuickBooks_Data_64_Bit_QRemote[[#This Row],[SalesOrderLineUnitOfMeasure]]=\"UN\",Tabla_Consulta_desde_QuickBooks_Data_64_Bit_QRemote[[#This Row],[SalesOrderLineUnitOfMeasure]]=Tabla_Consulta_desde_QuickBooks_Data_64_Bit_QRemote[[#This Row],[U/M]]),\"\",\"ERROR\"),\"\")","v":""},{"$f":"+WEEKNUM(Tabla_Consulta_desde_QuickBooks_Data_64_Bit_QRemote[[#This Row],[TxnDate]])","v":23},{"$f":"+Tabla_Consulta_desde_QuickBooks_Data_64_Bit_QRemote[[#This Row],[SalesOrderLineRate]]*Tabla_Consulta_desde_QuickBooks_Data_64_Bit_QRemote[[#This Row],[SalesOrderLineInvoiced]]","v":0},{"$f":"+IFERROR(IF(Tabla_Consulta_desde_QuickBooks_Data_64_Bit_QRemote[[#This Row],[CustomerRefFullName]]=\"GRUVALCORP SA\",VLOOKUP(Tabla_Consulta_desde_QuickBooks_Data_64_Bit_QRemote[[#This Row],[SalesOrderLineItemRefFullName]],Hoja1!A:E,5,FALSE),\"\")*-Tabla_Consulta_desde_QuickBooks_Data_64_Bit_QRemote[[#This Row],[SalesOrderLineAmount]],\"\")","v":""},{"$f":"IF(COUNTIF(wms!E:E,Tabla_Consulta_desde_QuickBooks_Data_64_Bit_QRemote[[#This Row],[RefNumber]])>0,\"OK\",\"FALTA\")","v":"FALTA"}]
["2025-06-02","29123","CORPORACION EL ROSADO S.A.","5401301476 CD GYE",20,"7862112523289","Desc. Ventas SNK:221008","CHEDARITOS OLE 90G",null,null,null,-23.66,-23.66,null,0,3563.85,4098.43,"IVA EN VENTAS 15%",{"$f":"IFERROR(IF(Tabla_Consulta_desde_QuickBooks_Data_64_Bit_QRemote[[#This Row],[SalesOrderLineUnitOfMeasure]]=\"un\",Tabla_Consulta_desde_QuickBooks_Data_64_Bit_QRemote[[#This Row],[SalesOrderLineQuantity]],Tabla_Consulta_desde_QuickBooks_Data_64_Bit_QRemote[[#This Row],[SalesOrderLineQuantity]]/MID(Tabla_Consulta_desde_QuickBooks_Data_64_Bit_QRemote[[#This Row],[SalesOrderLineUnitOfMeasure]],2,2)),0)","v":0},{"$f":"IFERROR(IF(Tabla_Consulta_desde_QuickBooks_Data_64_Bit_QRemote[[#This Row],[SalesOrderLineUnitOfMeasure]]=\"un\",Tabla_Consulta_desde_QuickBooks_Data_64_Bit_QRemote[[#This Row],[SalesOrderLineInvoiced]],Tabla_Consulta_desde_QuickBooks_Data_64_Bit_QRemote[[#This Row],[SalesOrderLineInvoiced]]/MID(Tabla_Consulta_desde_QuickBooks_Data_64_Bit_QRemote[[#This Row],[SalesOrderLineUnitOfMeasure]],2,2)),0)","v":0},{"$f":"+Tabla_Consulta_desde_QuickBooks_Data_64_Bit_QRemote[[#This Row],[facturado]]-Tabla_Consulta_desde_QuickBooks_Data_64_Bit_QRemote[[#This Row],[pide]]","v":0},{"$f":"IF(Tabla_Consulta_desde_QuickBooks_Data_64_Bit_QRemote[[#This Row],[diferecia]]=0,\"ok\",\"diferen\")","v":"ok"},{"$f":"IFERROR(INDEX(um!A:C,MATCH(Tabla_Consulta_desde_QuickBooks_Data_64_Bit_QRemote[[#This Row],[SalesOrderLineItemRefFullName]],um!A:A,0),3),\"\")","v":""},{"$f":"IFERROR(IF(OR(Tabla_Consulta_desde_QuickBooks_Data_64_Bit_QRemote[[#This Row],[SalesOrderLineUnitOfMeasure]]=\"UN\",Tabla_Consulta_desde_QuickBooks_Data_64_Bit_QRemote[[#This Row],[SalesOrderLineUnitOfMeasure]]=Tabla_Consulta_desde_QuickBooks_Data_64_Bit_QRemote[[#This Row],[U/M]]),\"\",\"ERROR\"),\"\")","v":""},{"$f":"+WEEKNUM(Tabla_Consulta_desde_QuickBooks_Data_64_Bit_QRemote[[#This Row],[TxnDate]])","v":23},{"$f":"+Tabla_Consulta_desde_QuickBooks_Data_64_Bit_QRemote[[#This Row],[SalesOrderLineRate]]*Tabla_Consulta_desde_QuickBooks_Data_64_Bit_QRemote[[#This Row],[SalesOrderLineInvoiced]]","v":0},{"$f":"+IFERROR(IF(Tabla_Consulta_desde_QuickBooks_Data_64_Bit_QRemote[[#This Row],[CustomerRefFullName]]=\"GRUVALCORP SA\",VLOOKUP(Tabla_Consulta_desde_QuickBooks_Data_64_Bit_QRemote[[#This Row],[SalesOrderLineItemRefFullName]],Hoja1!A:E,5,FALSE),\"\")*-Tabla_Consulta_desde_QuickBooks_Data_64_Bit_QRemote[[#This Row],[SalesOrderLineAmount]],\"\")","v":""},{"$f":"IF(COUNTIF(wms!E:E,Tabla_Consulta_desde_QuickBooks_Data_64_Bit_QRemote[[#This Row],[RefNumber]])>0,\"OK\",\"FALTA\")","v":"FALTA"}]
["2025-06-02","29123","CORPORACION EL ROSADO S.A.","5401301476 CD GYE",21,null,"Desc. Ventas SLS:110745","SALSA PICANTE HABANERO OLE 100G",null,null,null,-77.760000000000005,-77.760000000000005,null,0,3563.85,4098.43,"IVA EN VENTAS 15%",{"$f":"IFERROR(IF(Tabla_Consulta_desde_QuickBooks_Data_64_Bit_QRemote[[#This Row],[SalesOrderLineUnitOfMeasure]]=\"un\",Tabla_Consulta_desde_QuickBooks_Data_64_Bit_QRemote[[#This Row],[SalesOrderLineQuantity]],Tabla_Consulta_desde_QuickBooks_Data_64_Bit_QRemote[[#This Row],[SalesOrderLineQuantity]]/MID(Tabla_Consulta_desde_QuickBooks_Data_64_Bit_QRemote[[#This Row],[SalesOrderLineUnitOfMeasure]],2,2)),0)","v":0},{"$f":"IFERROR(IF(Tabla_Consulta_desde_QuickBooks_Data_64_Bit_QRemote[[#This Row],[SalesOrderLineUnitOfMeasure]]=\"un\",Tabla_Consulta_desde_QuickBooks_Data_64_Bit_QRemote[[#This Row],[SalesOrderLineInvoiced]],Tabla_Consulta_desde_QuickBooks_Data_64_Bit_QRemote[[#This Row],[SalesOrderLineInvoiced]]/MID(Tabla_Consulta_desde_QuickBooks_Data_64_Bit_QRemote[[#This Row],[SalesOrderLineUnitOfMeasure]],2,2)),0)","v":0},{"$f":"+Tabla_Consulta_desde_QuickBooks_Data_64_Bit_QRemote[[#This Row],[facturado]]-Tabla_Consulta_desde_QuickBooks_Data_64_Bit_QRemote[[#This Row],[pide]]","v":0},{"$f":"IF(Tabla_Consulta_desde_QuickBooks_Data_64_Bit_QRemote[[#This Row],[diferecia]]=0,\"ok\",\"diferen\")","v":"ok"},{"$f":"IFERROR(INDEX(um!A:C,MATCH(Tabla_Consulta_desde_QuickBooks_Data_64_Bit_QRemote[[#This Row],[SalesOrderLineItemRefFullName]],um!A:A,0),3),\"\")","v":""},{"$f":"IFERROR(IF(OR(Tabla_Consulta_desde_QuickBooks_Data_64_Bit_QRemote[[#This Row],[SalesOrderLineUnitOfMeasure]]=\"UN\",Tabla_Consulta_desde_QuickBooks_Data_64_Bit_QRemote[[#This Row],[SalesOrderLineUnitOfMeasure]]=Tabla_Consulta_desde_QuickBooks_Data_64_Bit_QRemote[[#This Row],[U/M]]),\"\",\"ERROR\"),\"\")","v":""},{"$f":"+WEEKNUM(Tabla_Consulta_desde_QuickBooks_Data_64_Bit_QRemote[[#This Row],[TxnDate]])","v":23},{"$f":"+Tabla_Consulta_desde_QuickBooks_Data_64_Bit_QRemote[[#This Row],[SalesOrderLineRate]]*Tabla_Consulta_desde_QuickBooks_Data_64_Bit_QRemote[[#This Row],[SalesOrderLineInvoiced]]","v":0},{"$f":"+IFERROR(IF(Tabla_Consulta_desde_QuickBooks_Data_64_Bit_QRemote[[#This Row],[CustomerRefFullName]]=\"GRUVALCORP SA\",VLOOKUP(Tabla_Consulta_desde_QuickBooks_Data_64_Bit_QRemote[[#This Row],[SalesOrderLineItemRefFullName]],Hoja1!A:E,5,FALSE),\"\")*-Tabla_Consulta_desde_QuickBooks_Data_64_Bit_QRemote[[#This Row],[SalesOrderLineAmount]],\"\")","v":""},{"$f":"IF(COUNTIF(wms!E:E,Tabla_Consulta_desde_QuickBooks_Data_64_Bit_QRemote[[#This Row],[RefNumber]])>0,\"OK\",\"FALTA\")","v":"FALTA"}]
["2025-06-02","29123","CORPORACION EL ROSADO S.A.","5401301476 CD GYE",22,null,"Desc. Ventas SLS:110746","SALSA PICANTE JALAPEÑO OLE 100G",null,null,null,-20.16,-20.16,null,0,3563.85,4098.43,"IVA EN VENTAS 15%",{"$f":"IFERROR(IF(Tabla_Consulta_desde_QuickBooks_Data_64_Bit_QRemote[[#This Row],[SalesOrderLineUnitOfMeasure]]=\"un\",Tabla_Consulta_desde_QuickBooks_Data_64_Bit_QRemote[[#This Row],[SalesOrderLineQuantity]],Tabla_Consulta_desde_QuickBooks_Data_64_Bit_QRemote[[#This Row],[SalesOrderLineQuantity]]/MID(Tabla_Consulta_desde_QuickBooks_Data_64_Bit_QRemote[[#This Row],[SalesOrderLineUnitOfMeasure]],2,2)),0)","v":0},{"$f":"IFERROR(IF(Tabla_Consulta_desde_QuickBooks_Data_64_Bit_QRemote[[#This Row],[SalesOrderLineUnitOfMeasure]]=\"un\",Tabla_Consulta_desde_QuickBooks_Data_64_Bit_QRemote[[#This Row],[SalesOrderLineInvoiced]],Tabla_Consulta_desde_QuickBooks_Data_64_Bit_QRemote[[#This Row],[SalesOrderLineInvoiced]]/MID(Tabla_Consulta_desde_QuickBooks_Data_64_Bit_QRemote[[#This Row],[SalesOrderLineUnitOfMeasure]],2,2)),0)","v":0},{"$f":"+Tabla_Consulta_desde_QuickBooks_Data_64_Bit_QRemote[[#This Row],[facturado]]-Tabla_Consulta_desde_QuickBooks_Data_64_Bit_QRemote[[#This Row],[pide]]","v":0},{"$f":"IF(Tabla_Consulta_desde_QuickBooks_Data_64_Bit_QRemote[[#This Row],[diferecia]]=0,\"ok\",\"diferen\")","v":"ok"},{"$f":"IFERROR(INDEX(um!A:C,MATCH(Tabla_Consulta_desde_QuickBooks_Data_64_Bit_QRemote[[#This Row],[SalesOrderLineItemRefFullName]],um!A:A,0),3),\"\")","v":""},{"$f":"IFERROR(IF(OR(Tabla_Consulta_desde_QuickBooks_Data_64_Bit_QRemote[[#This Row],[SalesOrderLineUnitOfMeasure]]=\"UN\",Tabla_Consulta_desde_QuickBooks_Data_64_Bit_QRemote[[#This Row],[SalesOrderLineUnitOfMeasure]]=Tabla_Consulta_desde_QuickBooks_Data_64_Bit_QRemote[[#This Row],[U/M]]),\"\",\"ERROR\"),\"\")","v":""},{"$f":"+WEEKNUM(Tabla_Consulta_desde_QuickBooks_Data_64_Bit_QRemote[[#This Row],[TxnDate]])","v":23},{"$f":"+Tabla_Consulta_desde_QuickBooks_Data_64_Bit_QRemote[[#This Row],[SalesOrderLineRate]]*Tabla_Consulta_desde_QuickBooks_Data_64_Bit_QRemote[[#This Row],[SalesOrderLineInvoiced]]","v":0},{"$f":"+IFERROR(IF(Tabla_Consulta_desde_QuickBooks_Data_64_Bit_QRemote[[#This Row],[CustomerRefFullName]]=\"GRUVALCORP SA\",VLOOKUP(Tabla_Consulta_desde_QuickBooks_Data_64_Bit_QRemote[[#This Row],[SalesOrderLineItemRefFullName]],Hoja1!A:E,5,FALSE),\"\")*-Tabla_Consulta_desde_QuickBooks_Data_64_Bit_QRemote[[#This Row],[SalesOrderLineAmount]],\"\")","v":""},{"$f":"IF(COUNTIF(wms!E:E,Tabla_Consulta_desde_QuickBooks_Data_64_Bit_QRemote[[#This Row],[RefNumber]])>0,\"OK\",\"FALTA\")","v":"FALTA"}]
["2025-06-02","29123","CORPORACION EL ROSADO S.A.","5401301476 CD GYE",23,null,"INFOADICIONAL","5401301476 CD GYE",null,null,null,0,0,null,0,3563.85,4098.43,"IVA EN VENTAS 15%",{"$f":"IFERROR(IF(Tabla_Consulta_desde_QuickBooks_Data_64_Bit_QRemote[[#This Row],[SalesOrderLineUnitOfMeasure]]=\"un\",Tabla_Consulta_desde_QuickBooks_Data_64_Bit_QRemote[[#This Row],[SalesOrderLineQuantity]],Tabla_Consulta_desde_QuickBooks_Data_64_Bit_QRemote[[#This Row],[SalesOrderLineQuantity]]/MID(Tabla_Consulta_desde_QuickBooks_Data_64_Bit_QRemote[[#This Row],[SalesOrderLineUnitOfMeasure]],2,2)),0)","v":0},{"$f":"IFERROR(IF(Tabla_Consulta_desde_QuickBooks_Data_64_Bit_QRemote[[#This Row],[SalesOrderLineUnitOfMeasure]]=\"un\",Tabla_Consulta_desde_QuickBooks_Data_64_Bit_QRemote[[#This Row],[SalesOrderLineInvoiced]],Tabla_Consulta_desde_QuickBooks_Data_64_Bit_QRemote[[#This Row],[SalesOrderLineInvoiced]]/MID(Tabla_Consulta_desde_QuickBooks_Data_64_Bit_QRemote[[#This Row],[SalesOrderLineUnitOfMeasure]],2,2)),0)","v":0},{"$f":"+Tabla_Consulta_desde_QuickBooks_Data_64_Bit_QRemote[[#This Row],[facturado]]-Tabla_Consulta_desde_QuickBooks_Data_64_Bit_QRemote[[#This Row],[pide]]","v":0},{"$f":"IF(Tabla_Consulta_desde_QuickBooks_Data_64_Bit_QRemote[[#This Row],[diferecia]]=0,\"ok\",\"diferen\")","v":"ok"},{"$f":"IFERROR(INDEX(um!A:C,MATCH(Tabla_Consulta_desde_QuickBooks_Data_64_Bit_QRemote[[#This Row],[SalesOrderLineItemRefFullName]],um!A:A,0),3),\"\")","v":""},{"$f":"IFERROR(IF(OR(Tabla_Consulta_desde_QuickBooks_Data_64_Bit_QRemote[[#This Row],[SalesOrderLineUnitOfMeasure]]=\"UN\",Tabla_Consulta_desde_QuickBooks_Data_64_Bit_QRemote[[#This Row],[SalesOrderLineUnitOfMeasure]]=Tabla_Consulta_desde_QuickBooks_Data_64_Bit_QRemote[[#This Row],[U/M]]),\"\",\"ERROR\"),\"\")","v":""},{"$f":"+WEEKNUM(Tabla_Consulta_desde_QuickBooks_Data_64_Bit_QRemote[[#This Row],[TxnDate]])","v":23},{"$f":"+Tabla_Consulta_desde_QuickBooks_Data_64_Bit_QRemote[[#This Row],[SalesOrderLineRate]]*Tabla_Consulta_desde_QuickBooks_Data_64_Bit_QRemote[[#This Row],[SalesOrderLineInvoiced]]","v":0},{"$f":"+IFERROR(IF(Tabla_Consulta_desde_QuickBooks_Data_64_Bit_QRemote[[#This Row],[CustomerRefFullName]]=\"GRUVALCORP SA\",VLOOKUP(Tabla_Consulta_desde_QuickBooks_Data_64_Bit_QRemote[[#This Row],[SalesOrderLineItemRefFullName]],Hoja1!A:E,5,FALSE),\"\")*-Tabla_Consulta_desde_QuickBooks_Data_64_Bit_QRemote[[#This Row],[SalesOrderLineAmount]],\"\")","v":""},{"$f":"IF(COUNTIF(wms!E:E,Tabla_Consulta_desde_QuickBooks_Data_64_Bit_QRemote[[#This Row],[RefNumber]])>0,\"OK\",\"FALTA\")","v":"FALTA"}]
["2025-06-02","29124","CORPORACION EL ROSADO S.A.","4615744269 CD GYE",1,"705424000147","P.T:110209","AJÍ CON TOMATE DE ÁRBOL OLE 180G","Bodega Producto Terminado",720,"X24",1.41,1015.2,"UNIDAD SALSA",0,2229.23,2563.61,"IVA EN VENTAS 15%",{"$f":"IFERROR(IF(Tabla_Consulta_desde_QuickBooks_Data_64_Bit_QRemote[[#This Row],[SalesOrderLineUnitOfMeasure]]=\"un\",Tabla_Consulta_desde_QuickBooks_Data_64_Bit_QRemote[[#This Row],[SalesOrderLineQuantity]],Tabla_Consulta_desde_QuickBooks_Data_64_Bit_QRemote[[#This Row],[SalesOrderLineQuantity]]/MID(Tabla_Consulta_desde_QuickBooks_Data_64_Bit_QRemote[[#This Row],[SalesOrderLineUnitOfMeasure]],2,2)),0)","v":30},{"$f":"IFERROR(IF(Tabla_Consulta_desde_QuickBooks_Data_64_Bit_QRemote[[#This Row],[SalesOrderLineUnitOfMeasure]]=\"un\",Tabla_Consulta_desde_QuickBooks_Data_64_Bit_QRemote[[#This Row],[SalesOrderLineInvoiced]],Tabla_Consulta_desde_QuickBooks_Data_64_Bit_QRemote[[#This Row],[SalesOrderLineInvoiced]]/MID(Tabla_Consulta_desde_QuickBooks_Data_64_Bit_QRemote[[#This Row],[SalesOrderLineUnitOfMeasure]],2,2)),0)","v":0},{"$f":"+Tabla_Consulta_desde_QuickBooks_Data_64_Bit_QRemote[[#This Row],[facturado]]-Tabla_Consulta_desde_QuickBooks_Data_64_Bit_QRemote[[#This Row],[pide]]","v":-30},{"$f":"IF(Tabla_Consulta_desde_QuickBooks_Data_64_Bit_QRemote[[#This Row],[diferecia]]=0,\"ok\",\"diferen\")","v":"diferen"},{"$f":"IFERROR(INDEX(um!A:C,MATCH(Tabla_Consulta_desde_QuickBooks_Data_64_Bit_QRemote[[#This Row],[SalesOrderLineItemRefFullName]],um!A:A,0),3),\"\")","v":"X24"},{"$f":"IFERROR(IF(OR(Tabla_Consulta_desde_QuickBooks_Data_64_Bit_QRemote[[#This Row],[SalesOrderLineUnitOfMeasure]]=\"UN\",Tabla_Consulta_desde_QuickBooks_Data_64_Bit_QRemote[[#This Row],[SalesOrderLineUnitOfMeasure]]=Tabla_Consulta_desde_QuickBooks_Data_64_Bit_QRemote[[#This Row],[U/M]]),\"\",\"ERROR\"),\"\")","v":""},{"$f":"+WEEKNUM(Tabla_Consulta_desde_QuickBooks_Data_64_Bit_QRemote[[#This Row],[TxnDate]])","v":23},{"$f":"+Tabla_Consulta_desde_QuickBooks_Data_64_Bit_QRemote[[#This Row],[SalesOrderLineRate]]*Tabla_Consulta_desde_QuickBooks_Data_64_Bit_QRemote[[#This Row],[SalesOrderLineInvoiced]]","v":0},{"$f":"+IFERROR(IF(Tabla_Consulta_desde_QuickBooks_Data_64_Bit_QRemote[[#This Row],[CustomerRefFullName]]=\"GRUVALCORP SA\",VLOOKUP(Tabla_Consulta_desde_QuickBooks_Data_64_Bit_QRemote[[#This Row],[SalesOrderLineItemRefFullName]],Hoja1!A:E,5,FALSE),\"\")*-Tabla_Consulta_desde_QuickBooks_Data_64_Bit_QRemote[[#This Row],[SalesOrderLineAmount]],\"\")","v":""},{"$f":"IF(COUNTIF(wms!E:E,Tabla_Consulta_desde_QuickBooks_Data_64_Bit_QRemote[[#This Row],[RefNumber]])>0,\"OK\",\"FALTA\")","v":"FALTA"}]
["2025-06-02","29124","CORPORACION EL ROSADO S.A.","4615744269 CD GYE",2,"7862112520301","P.T:110700","CHIMICHURRI OLE 230G","Bodega Producto Terminado",396,"X12",2.2599999999999998,894.96,"UNIDAD SALSA",0,2229.23,2563.61,"IVA EN VENTAS 15%",{"$f":"IFERROR(IF(Tabla_Consulta_desde_QuickBooks_Data_64_Bit_QRemote[[#This Row],[SalesOrderLineUnitOfMeasure]]=\"un\",Tabla_Consulta_desde_QuickBooks_Data_64_Bit_QRemote[[#This Row],[SalesOrderLineQuantity]],Tabla_Consulta_desde_QuickBooks_Data_64_Bit_QRemote[[#This Row],[SalesOrderLineQuantity]]/MID(Tabla_Consulta_desde_QuickBooks_Data_64_Bit_QRemote[[#This Row],[SalesOrderLineUnitOfMeasure]],2,2)),0)","v":33},{"$f":"IFERROR(IF(Tabla_Consulta_desde_QuickBooks_Data_64_Bit_QRemote[[#This Row],[SalesOrderLineUnitOfMeasure]]=\"un\",Tabla_Consulta_desde_QuickBooks_Data_64_Bit_QRemote[[#This Row],[SalesOrderLineInvoiced]],Tabla_Consulta_desde_QuickBooks_Data_64_Bit_QRemote[[#This Row],[SalesOrderLineInvoiced]]/MID(Tabla_Consulta_desde_QuickBooks_Data_64_Bit_QRemote[[#This Row],[SalesOrderLineUnitOfMeasure]],2,2)),0)","v":0},{"$f":"+Tabla_Consulta_desde_QuickBooks_Data_64_Bit_QRemote[[#This Row],[facturado]]-Tabla_Consulta_desde_QuickBooks_Data_64_Bit_QRemote[[#This Row],[pide]]","v":-33},{"$f":"IF(Tabla_Consulta_desde_QuickBooks_Data_64_Bit_QRemote[[#This Row],[diferecia]]=0,\"ok\",\"diferen\")","v":"diferen"},{"$f":"IFERROR(INDEX(um!A:C,MATCH(Tabla_Consulta_desde_QuickBooks_Data_64_Bit_QRemote[[#This Row],[SalesOrderLineItemRefFullName]],um!A:A,0),3),\"\")","v":"X12"},{"$f":"IFERROR(IF(OR(Tabla_Consulta_desde_QuickBooks_Data_64_Bit_QRemote[[#This Row],[SalesOrderLineUnitOfMeasure]]=\"UN\",Tabla_Consulta_desde_QuickBooks_Data_64_Bit_QRemote[[#This Row],[SalesOrderLineUnitOfMeasure]]=Tabla_Consulta_desde_QuickBooks_Data_64_Bit_QRemote[[#This Row],[U/M]]),\"\",\"ERROR\"),\"\")","v":""},{"$f":"+WEEKNUM(Tabla_Consulta_desde_QuickBooks_Data_64_Bit_QRemote[[#This Row],[TxnDate]])","v":23},{"$f":"+Tabla_Consulta_desde_QuickBooks_Data_64_Bit_QRemote[[#This Row],[SalesOrderLineRate]]*Tabla_Consulta_desde_QuickBooks_Data_64_Bit_QRemote[[#This Row],[SalesOrderLineInvoiced]]","v":0},{"$f":"+IFERROR(IF(Tabla_Consulta_desde_QuickBooks_Data_64_Bit_QRemote[[#This Row],[CustomerRefFullName]]=\"GRUVALCORP SA\",VLOOKUP(Tabla_Consulta_desde_QuickBooks_Data_64_Bit_QRemote[[#This Row],[SalesOrderLineItemRefFullName]],Hoja1!A:E,5,FALSE),\"\")*-Tabla_Consulta_desde_QuickBooks_Data_64_Bit_QRemote[[#This Row],[SalesOrderLineAmount]],\"\")","v":""},{"$f":"IF(COUNTIF(wms!E:E,Tabla_Consulta_desde_QuickBooks_Data_64_Bit_QRemote[[#This Row],[RefNumber]])>0,\"OK\",\"FALTA\")","v":"FALTA"}]
["2025-06-02","29124","CORPORACION EL ROSADO S.A.","4615744269 CD GYE",3,"7861000229005","P.T:111201","TOMATE DESHIDRATADO EN ACEITE OLE 225G","Bodega Producto Terminado",204,"X12",3.13,638.52,"UNIDAD SALSA",0,2229.23,2563.61,"IVA EN VENTAS 15%",{"$f":"IFERROR(IF(Tabla_Consulta_desde_QuickBooks_Data_64_Bit_QRemote[[#This Row],[SalesOrderLineUnitOfMeasure]]=\"un\",Tabla_Consulta_desde_QuickBooks_Data_64_Bit_QRemote[[#This Row],[SalesOrderLineQuantity]],Tabla_Consulta_desde_QuickBooks_Data_64_Bit_QRemote[[#This Row],[SalesOrderLineQuantity]]/MID(Tabla_Consulta_desde_QuickBooks_Data_64_Bit_QRemote[[#This Row],[SalesOrderLineUnitOfMeasure]],2,2)),0)","v":17},{"$f":"IFERROR(IF(Tabla_Consulta_desde_QuickBooks_Data_64_Bit_QRemote[[#This Row],[SalesOrderLineUnitOfMeasure]]=\"un\",Tabla_Consulta_desde_QuickBooks_Data_64_Bit_QRemote[[#This Row],[SalesOrderLineInvoiced]],Tabla_Consulta_desde_QuickBooks_Data_64_Bit_QRemote[[#This Row],[SalesOrderLineInvoiced]]/MID(Tabla_Consulta_desde_QuickBooks_Data_64_Bit_QRemote[[#This Row],[SalesOrderLineUnitOfMeasure]],2,2)),0)","v":0},{"$f":"+Tabla_Consulta_desde_QuickBooks_Data_64_Bit_QRemote[[#This Row],[facturado]]-Tabla_Consulta_desde_QuickBooks_Data_64_Bit_QRemote[[#This Row],[pide]]","v":-17},{"$f":"IF(Tabla_Consulta_desde_QuickBooks_Data_64_Bit_QRemote[[#This Row],[diferecia]]=0,\"ok\",\"diferen\")","v":"diferen"},{"$f":"IFERROR(INDEX(um!A:C,MATCH(Tabla_Consulta_desde_QuickBooks_Data_64_Bit_QRemote[[#This Row],[SalesOrderLineItemRefFullName]],um!A:A,0),3),\"\")","v":"X12"},{"$f":"IFERROR(IF(OR(Tabla_Consulta_desde_QuickBooks_Data_64_Bit_QRemote[[#This Row],[SalesOrderLineUnitOfMeasure]]=\"UN\",Tabla_Consulta_desde_QuickBooks_Data_64_Bit_QRemote[[#This Row],[SalesOrderLineUnitOfMeasure]]=Tabla_Consulta_desde_QuickBooks_Data_64_Bit_QRemote[[#This Row],[U/M]]),\"\",\"ERROR\"),\"\")","v":""},{"$f":"+WEEKNUM(Tabla_Consulta_desde_QuickBooks_Data_64_Bit_QRemote[[#This Row],[TxnDate]])","v":23},{"$f":"+Tabla_Consulta_desde_QuickBooks_Data_64_Bit_QRemote[[#This Row],[SalesOrderLineRate]]*Tabla_Consulta_desde_QuickBooks_Data_64_Bit_QRemote[[#This Row],[SalesOrderLineInvoiced]]","v":0},{"$f":"+IFERROR(IF(Tabla_Consulta_desde_QuickBooks_Data_64_Bit_QRemote[[#This Row],[CustomerRefFullName]]=\"GRUVALCORP SA\",VLOOKUP(Tabla_Consulta_desde_QuickBooks_Data_64_Bit_QRemote[[#This Row],[SalesOrderLineItemRefFullName]],Hoja1!A:E,5,FALSE),\"\")*-Tabla_Consulta_desde_QuickBooks_Data_64_Bit_QRemote[[#This Row],[SalesOrderLineAmount]],\"\")","v":""},{"$f":"IF(COUNTIF(wms!E:E,Tabla_Consulta_desde_QuickBooks_Data_64_Bit_QRemote[[#This Row],[RefNumber]])>0,\"OK\",\"FALTA\")","v":"FALTA"}]
["2025-06-02","29124","CORPORACION EL ROSADO S.A.","4615744269 CD GYE",4,null,"Desc. Ventas SLS:110700","CHIMICHURRI OLE 230G",null,null,null,-223.74,-223.74,null,0,2229.23,2563.61,"IVA EN VENTAS 15%",{"$f":"IFERROR(IF(Tabla_Consulta_desde_QuickBooks_Data_64_Bit_QRemote[[#This Row],[SalesOrderLineUnitOfMeasure]]=\"un\",Tabla_Consulta_desde_QuickBooks_Data_64_Bit_QRemote[[#This Row],[SalesOrderLineQuantity]],Tabla_Consulta_desde_QuickBooks_Data_64_Bit_QRemote[[#This Row],[SalesOrderLineQuantity]]/MID(Tabla_Consulta_desde_QuickBooks_Data_64_Bit_QRemote[[#This Row],[SalesOrderLineUnitOfMeasure]],2,2)),0)","v":0},{"$f":"IFERROR(IF(Tabla_Consulta_desde_QuickBooks_Data_64_Bit_QRemote[[#This Row],[SalesOrderLineUnitOfMeasure]]=\"un\",Tabla_Consulta_desde_QuickBooks_Data_64_Bit_QRemote[[#This Row],[SalesOrderLineInvoiced]],Tabla_Consulta_desde_QuickBooks_Data_64_Bit_QRemote[[#This Row],[SalesOrderLineInvoiced]]/MID(Tabla_Consulta_desde_QuickBooks_Data_64_Bit_QRemote[[#This Row],[SalesOrderLineUnitOfMeasure]],2,2)),0)","v":0},{"$f":"+Tabla_Consulta_desde_QuickBooks_Data_64_Bit_QRemote[[#This Row],[facturado]]-Tabla_Consulta_desde_QuickBooks_Data_64_Bit_QRemote[[#This Row],[pide]]","v":0},{"$f":"IF(Tabla_Consulta_desde_QuickBooks_Data_64_Bit_QRemote[[#This Row],[diferecia]]=0,\"ok\",\"diferen\")","v":"ok"},{"$f":"IFERROR(INDEX(um!A:C,MATCH(Tabla_Consulta_desde_QuickBooks_Data_64_Bit_QRemote[[#This Row],[SalesOrderLineItemRefFullName]],um!A:A,0),3),\"\")","v":""},{"$f":"IFERROR(IF(OR(Tabla_Consulta_desde_QuickBooks_Data_64_Bit_QRemote[[#This Row],[SalesOrderLineUnitOfMeasure]]=\"UN\",Tabla_Consulta_desde_QuickBooks_Data_64_Bit_QRemote[[#This Row],[SalesOrderLineUnitOfMeasure]]=Tabla_Consulta_desde_QuickBooks_Data_64_Bit_QRemote[[#This Row],[U/M]]),\"\",\"ERROR\"),\"\")","v":""},{"$f":"+WEEKNUM(Tabla_Consulta_desde_QuickBooks_Data_64_Bit_QRemote[[#This Row],[TxnDate]])","v":23},{"$f":"+Tabla_Consulta_desde_QuickBooks_Data_64_Bit_QRemote[[#This Row],[SalesOrderLineRate]]*Tabla_Consulta_desde_QuickBooks_Data_64_Bit_QRemote[[#This Row],[SalesOrderLineInvoiced]]","v":0},{"$f":"+IFERROR(IF(Tabla_Consulta_desde_QuickBooks_Data_64_Bit_QRemote[[#This Row],[CustomerRefFullName]]=\"GRUVALCORP SA\",VLOOKUP(Tabla_Consulta_desde_QuickBooks_Data_64_Bit_QRemote[[#This Row],[SalesOrderLineItemRefFullName]],Hoja1!A:E,5,FALSE),\"\")*-Tabla_Consulta_desde_QuickBooks_Data_64_Bit_QRemote[[#This Row],[SalesOrderLineAmount]],\"\")","v":""},{"$f":"IF(COUNTIF(wms!E:E,Tabla_Consulta_desde_QuickBooks_Data_64_Bit_QRemote[[#This Row],[RefNumber]])>0,\"OK\",\"FALTA\")","v":"FALTA"}]
["2025-06-02","29124","CORPORACION EL ROSADO S.A.","4615744269 CD GYE",5,null,"Desc. Ventas SLS:111201","TOMATE DESHIDRATADO EN ACEITE OLE 225G",null,null,null,-95.71,-95.71,null,0,2229.23,2563.61,"IVA EN VENTAS 15%",{"$f":"IFERROR(IF(Tabla_Consulta_desde_QuickBooks_Data_64_Bit_QRemote[[#This Row],[SalesOrderLineUnitOfMeasure]]=\"un\",Tabla_Consulta_desde_QuickBooks_Data_64_Bit_QRemote[[#This Row],[SalesOrderLineQuantity]],Tabla_Consulta_desde_QuickBooks_Data_64_Bit_QRemote[[#This Row],[SalesOrderLineQuantity]]/MID(Tabla_Consulta_desde_QuickBooks_Data_64_Bit_QRemote[[#This Row],[SalesOrderLineUnitOfMeasure]],2,2)),0)","v":0},{"$f":"IFERROR(IF(Tabla_Consulta_desde_QuickBooks_Data_64_Bit_QRemote[[#This Row],[SalesOrderLineUnitOfMeasure]]=\"un\",Tabla_Consulta_desde_QuickBooks_Data_64_Bit_QRemote[[#This Row],[SalesOrderLineInvoiced]],Tabla_Consulta_desde_QuickBooks_Data_64_Bit_QRemote[[#This Row],[SalesOrderLineInvoiced]]/MID(Tabla_Consulta_desde_QuickBooks_Data_64_Bit_QRemote[[#This Row],[SalesOrderLineUnitOfMeasure]],2,2)),0)","v":0},{"$f":"+Tabla_Consulta_desde_QuickBooks_Data_64_Bit_QRemote[[#This Row],[facturado]]-Tabla_Consulta_desde_QuickBooks_Data_64_Bit_QRemote[[#This Row],[pide]]","v":0},{"$f":"IF(Tabla_Consulta_desde_QuickBooks_Data_64_Bit_QRemote[[#This Row],[diferecia]]=0,\"ok\",\"diferen\")","v":"ok"},{"$f":"IFERROR(INDEX(um!A:C,MATCH(Tabla_Consulta_desde_QuickBooks_Data_64_Bit_QRemote[[#This Row],[SalesOrderLineItemRefFullName]],um!A:A,0),3),\"\")","v":""},{"$f":"IFERROR(IF(OR(Tabla_Consulta_desde_QuickBooks_Data_64_Bit_QRemote[[#This Row],[SalesOrderLineUnitOfMeasure]]=\"UN\",Tabla_Consulta_desde_QuickBooks_Data_64_Bit_QRemote[[#This Row],[SalesOrderLineUnitOfMeasure]]=Tabla_Consulta_desde_QuickBooks_Data_64_Bit_QRemote[[#This Row],[U/M]]),\"\",\"ERROR\"),\"\")","v":""},{"$f":"+WEEKNUM(Tabla_Consulta_desde_QuickBooks_Data_64_Bit_QRemote[[#This Row],[TxnDate]])","v":23},{"$f":"+Tabla_Consulta_desde_QuickBooks_Data_64_Bit_QRemote[[#This Row],[SalesOrderLineRate]]*Tabla_Consulta_desde_QuickBooks_Data_64_Bit_QRemote[[#This Row],[SalesOrderLineInvoiced]]","v":0},{"$f":"+IFERROR(IF(Tabla_Consulta_desde_QuickBooks_Data_64_Bit_QRemote[[#This Row],[CustomerRefFullName]]=\"GRUVALCORP SA\",VLOOKUP(Tabla_Consulta_desde_QuickBooks_Data_64_Bit_QRemote[[#This Row],[SalesOrderLineItemRefFullName]],Hoja1!A:E,5,FALSE),\"\")*-Tabla_Consulta_desde_QuickBooks_Data_64_Bit_QRemote[[#This Row],[SalesOrderLineAmount]],\"\")","v":""},{"$f":"IF(COUNTIF(wms!E:E,Tabla_Consulta_desde_QuickBooks_Data_64_Bit_QRemote[[#This Row],[RefNumber]])>0,\"OK\",\"FALTA\")","v":"FALTA"}]
["2025-06-02","29124","CORPORACION EL ROSADO S.A.","4615744269 CD GYE",6,null,"INFOADICIONAL","4615744269 CD GYE",null,null,null,0,0,null,0,2229.23,2563.61,"IVA EN VENTAS 15%",{"$f":"IFERROR(IF(Tabla_Consulta_desde_QuickBooks_Data_64_Bit_QRemote[[#This Row],[SalesOrderLineUnitOfMeasure]]=\"un\",Tabla_Consulta_desde_QuickBooks_Data_64_Bit_QRemote[[#This Row],[SalesOrderLineQuantity]],Tabla_Consulta_desde_QuickBooks_Data_64_Bit_QRemote[[#This Row],[SalesOrderLineQuantity]]/MID(Tabla_Consulta_desde_QuickBooks_Data_64_Bit_QRemote[[#This Row],[SalesOrderLineUnitOfMeasure]],2,2)),0)","v":0},{"$f":"IFERROR(IF(Tabla_Consulta_desde_QuickBooks_Data_64_Bit_QRemote[[#This Row],[SalesOrderLineUnitOfMeasure]]=\"un\",Tabla_Consulta_desde_QuickBooks_Data_64_Bit_QRemote[[#This Row],[SalesOrderLineInvoiced]],Tabla_Consulta_desde_QuickBooks_Data_64_Bit_QRemote[[#This Row],[SalesOrderLineInvoiced]]/MID(Tabla_Consulta_desde_QuickBooks_Data_64_Bit_QRemote[[#This Row],[SalesOrderLineUnitOfMeasure]],2,2)),0)","v":0},{"$f":"+Tabla_Consulta_desde_QuickBooks_Data_64_Bit_QRemote[[#This Row],[facturado]]-Tabla_Consulta_desde_QuickBooks_Data_64_Bit_QRemote[[#This Row],[pide]]","v":0},{"$f":"IF(Tabla_Consulta_desde_QuickBooks_Data_64_Bit_QRemote[[#This Row],[diferecia]]=0,\"ok\",\"diferen\")","v":"ok"},{"$f":"IFERROR(INDEX(um!A:C,MATCH(Tabla_Consulta_desde_QuickBooks_Data_64_Bit_QRemote[[#This Row],[SalesOrderLineItemRefFullName]],um!A:A,0),3),\"\")","v":""},{"$f":"IFERROR(IF(OR(Tabla_Consulta_desde_QuickBooks_Data_64_Bit_QRemote[[#This Row],[SalesOrderLineUnitOfMeasure]]=\"UN\",Tabla_Consulta_desde_QuickBooks_Data_64_Bit_QRemote[[#This Row],[SalesOrderLineUnitOfMeasure]]=Tabla_Consulta_desde_QuickBooks_Data_64_Bit_QRemote[[#This Row],[U/M]]),\"\",\"ERROR\"),\"\")","v":""},{"$f":"+WEEKNUM(Tabla_Consulta_desde_QuickBooks_Data_64_Bit_QRemote[[#This Row],[TxnDate]])","v":23},{"$f":"+Tabla_Consulta_desde_QuickBooks_Data_64_Bit_QRemote[[#This Row],[SalesOrderLineRate]]*Tabla_Consulta_desde_QuickBooks_Data_64_Bit_QRemote[[#This Row],[SalesOrderLineInvoiced]]","v":0},{"$f":"+IFERROR(IF(Tabla_Consulta_desde_QuickBooks_Data_64_Bit_QRemote[[#This Row],[CustomerRefFullName]]=\"GRUVALCORP SA\",VLOOKUP(Tabla_Consulta_desde_QuickBooks_Data_64_Bit_QRemote[[#This Row],[SalesOrderLineItemRefFullName]],Hoja1!A:E,5,FALSE),\"\")*-Tabla_Consulta_desde_QuickBooks_Data_64_Bit_QRemote[[#This Row],[SalesOrderLineAmount]],\"\")","v":""},{"$f":"IF(COUNTIF(wms!E:E,Tabla_Consulta_desde_QuickBooks_Data_64_Bit_QRemote[[#This Row],[RefNumber]])>0,\"OK\",\"FALTA\")","v":"FALTA"}]
["2025-06-03","29125","GERARDO ORTIZ E HIJOS CIA. LTDA.","CQ274815 SHYRIS",1,"7862112523296","P.T:110622","PEPINILLOS CON JALAPEÑO OLE 225G","Bodega Producto Terminado",24,"X24",1.69,40.56,"UNIDAD SALSA",0,207.72,238.88,"IVA EN VENTAS 15%",{"$f":"IFERROR(IF(Tabla_Consulta_desde_QuickBooks_Data_64_Bit_QRemote[[#This Row],[SalesOrderLineUnitOfMeasure]]=\"un\",Tabla_Consulta_desde_QuickBooks_Data_64_Bit_QRemote[[#This Row],[SalesOrderLineQuantity]],Tabla_Consulta_desde_QuickBooks_Data_64_Bit_QRemote[[#This Row],[SalesOrderLineQuantity]]/MID(Tabla_Consulta_desde_QuickBooks_Data_64_Bit_QRemote[[#This Row],[SalesOrderLineUnitOfMeasure]],2,2)),0)","v":1},{"$f":"IFERROR(IF(Tabla_Consulta_desde_QuickBooks_Data_64_Bit_QRemote[[#This Row],[SalesOrderLineUnitOfMeasure]]=\"un\",Tabla_Consulta_desde_QuickBooks_Data_64_Bit_QRemote[[#This Row],[SalesOrderLineInvoiced]],Tabla_Consulta_desde_QuickBooks_Data_64_Bit_QRemote[[#This Row],[SalesOrderLineInvoiced]]/MID(Tabla_Consulta_desde_QuickBooks_Data_64_Bit_QRemote[[#This Row],[SalesOrderLineUnitOfMeasure]],2,2)),0)","v":0},{"$f":"+Tabla_Consulta_desde_QuickBooks_Data_64_Bit_QRemote[[#This Row],[facturado]]-Tabla_Consulta_desde_QuickBooks_Data_64_Bit_QRemote[[#This Row],[pide]]","v":-1},{"$f":"IF(Tabla_Consulta_desde_QuickBooks_Data_64_Bit_QRemote[[#This Row],[diferecia]]=0,\"ok\",\"diferen\")","v":"diferen"},{"$f":"IFERROR(INDEX(um!A:C,MATCH(Tabla_Consulta_desde_QuickBooks_Data_64_Bit_QRemote[[#This Row],[SalesOrderLineItemRefFullName]],um!A:A,0),3),\"\")","v":"X24"},{"$f":"IFERROR(IF(OR(Tabla_Consulta_desde_QuickBooks_Data_64_Bit_QRemote[[#This Row],[SalesOrderLineUnitOfMeasure]]=\"UN\",Tabla_Consulta_desde_QuickBooks_Data_64_Bit_QRemote[[#This Row],[SalesOrderLineUnitOfMeasure]]=Tabla_Consulta_desde_QuickBooks_Data_64_Bit_QRemote[[#This Row],[U/M]]),\"\",\"ERROR\"),\"\")","v":""},{"$f":"+WEEKNUM(Tabla_Consulta_desde_QuickBooks_Data_64_Bit_QRemote[[#This Row],[TxnDate]])","v":23},{"$f":"+Tabla_Consulta_desde_QuickBooks_Data_64_Bit_QRemote[[#This Row],[SalesOrderLineRate]]*Tabla_Consulta_desde_QuickBooks_Data_64_Bit_QRemote[[#This Row],[SalesOrderLineInvoiced]]","v":0},{"$f":"+IFERROR(IF(Tabla_Consulta_desde_QuickBooks_Data_64_Bit_QRemote[[#This Row],[CustomerRefFullName]]=\"GRUVALCORP SA\",VLOOKUP(Tabla_Consulta_desde_QuickBooks_Data_64_Bit_QRemote[[#This Row],[SalesOrderLineItemRefFullName]],Hoja1!A:E,5,FALSE),\"\")*-Tabla_Consulta_desde_QuickBooks_Data_64_Bit_QRemote[[#This Row],[SalesOrderLineAmount]],\"\")","v":""},{"$f":"IF(COUNTIF(wms!E:E,Tabla_Consulta_desde_QuickBooks_Data_64_Bit_QRemote[[#This Row],[RefNumber]])>0,\"OK\",\"FALTA\")","v":"FALTA"}]
["2025-06-03","29125","GERARDO ORTIZ E HIJOS CIA. LTDA.","CQ274815 SHYRIS",2,"7862112520509","P.T:110606","JALAPEÑO ROJOS Y VERDES AGRIDULCES OLE 250G","Bodega Producto Terminado",12,"X12",1.62,19.440000000000001,"UNIDAD SALSA",0,207.72,238.88,"IVA EN VENTAS 15%",{"$f":"IFERROR(IF(Tabla_Consulta_desde_QuickBooks_Data_64_Bit_QRemote[[#This Row],[SalesOrderLineUnitOfMeasure]]=\"un\",Tabla_Consulta_desde_QuickBooks_Data_64_Bit_QRemote[[#This Row],[SalesOrderLineQuantity]],Tabla_Consulta_desde_QuickBooks_Data_64_Bit_QRemote[[#This Row],[SalesOrderLineQuantity]]/MID(Tabla_Consulta_desde_QuickBooks_Data_64_Bit_QRemote[[#This Row],[SalesOrderLineUnitOfMeasure]],2,2)),0)","v":1},{"$f":"IFERROR(IF(Tabla_Consulta_desde_QuickBooks_Data_64_Bit_QRemote[[#This Row],[SalesOrderLineUnitOfMeasure]]=\"un\",Tabla_Consulta_desde_QuickBooks_Data_64_Bit_QRemote[[#This Row],[SalesOrderLineInvoiced]],Tabla_Consulta_desde_QuickBooks_Data_64_Bit_QRemote[[#This Row],[SalesOrderLineInvoiced]]/MID(Tabla_Consulta_desde_QuickBooks_Data_64_Bit_QRemote[[#This Row],[SalesOrderLineUnitOfMeasure]],2,2)),0)","v":0},{"$f":"+Tabla_Consulta_desde_QuickBooks_Data_64_Bit_QRemote[[#This Row],[facturado]]-Tabla_Consulta_desde_QuickBooks_Data_64_Bit_QRemote[[#This Row],[pide]]","v":-1},{"$f":"IF(Tabla_Consulta_desde_QuickBooks_Data_64_Bit_QRemote[[#This Row],[diferecia]]=0,\"ok\",\"diferen\")","v":"diferen"},{"$f":"IFERROR(INDEX(um!A:C,MATCH(Tabla_Consulta_desde_QuickBooks_Data_64_Bit_QRemote[[#This Row],[SalesOrderLineItemRefFullName]],um!A:A,0),3),\"\")","v":"X12"},{"$f":"IFERROR(IF(OR(Tabla_Consulta_desde_QuickBooks_Data_64_Bit_QRemote[[#This Row],[SalesOrderLineUnitOfMeasure]]=\"UN\",Tabla_Consulta_desde_QuickBooks_Data_64_Bit_QRemote[[#This Row],[SalesOrderLineUnitOfMeasure]]=Tabla_Consulta_desde_QuickBooks_Data_64_Bit_QRemote[[#This Row],[U/M]]),\"\",\"ERROR\"),\"\")","v":""},{"$f":"+WEEKNUM(Tabla_Consulta_desde_QuickBooks_Data_64_Bit_QRemote[[#This Row],[TxnDate]])","v":23},{"$f":"+Tabla_Consulta_desde_QuickBooks_Data_64_Bit_QRemote[[#This Row],[SalesOrderLineRate]]*Tabla_Consulta_desde_QuickBooks_Data_64_Bit_QRemote[[#This Row],[SalesOrderLineInvoiced]]","v":0},{"$f":"+IFERROR(IF(Tabla_Consulta_desde_QuickBooks_Data_64_Bit_QRemote[[#This Row],[CustomerRefFullName]]=\"GRUVALCORP SA\",VLOOKUP(Tabla_Consulta_desde_QuickBooks_Data_64_Bit_QRemote[[#This Row],[SalesOrderLineItemRefFullName]],Hoja1!A:E,5,FALSE),\"\")*-Tabla_Consulta_desde_QuickBooks_Data_64_Bit_QRemote[[#This Row],[SalesOrderLineAmount]],\"\")","v":""},{"$f":"IF(COUNTIF(wms!E:E,Tabla_Consulta_desde_QuickBooks_Data_64_Bit_QRemote[[#This Row],[RefNumber]])>0,\"OK\",\"FALTA\")","v":"FALTA"}]
["2025-06-03","29125","GERARDO ORTIZ E HIJOS CIA. LTDA.","CQ274815 SHYRIS",3,"7862112523234","P.T:110730","CHIMICHURRI HAWAIANO OLE 230G","Bodega Producto Terminado",12,"X12",2.2599999999999998,27.12,"UNIDAD SALSA",0,207.72,238.88,"IVA EN VENTAS 15%",{"$f":"IFERROR(IF(Tabla_Consulta_desde_QuickBooks_Data_64_Bit_QRemote[[#This Row],[SalesOrderLineUnitOfMeasure]]=\"un\",Tabla_Consulta_desde_QuickBooks_Data_64_Bit_QRemote[[#This Row],[SalesOrderLineQuantity]],Tabla_Consulta_desde_QuickBooks_Data_64_Bit_QRemote[[#This Row],[SalesOrderLineQuantity]]/MID(Tabla_Consulta_desde_QuickBooks_Data_64_Bit_QRemote[[#This Row],[SalesOrderLineUnitOfMeasure]],2,2)),0)","v":1},{"$f":"IFERROR(IF(Tabla_Consulta_desde_QuickBooks_Data_64_Bit_QRemote[[#This Row],[SalesOrderLineUnitOfMeasure]]=\"un\",Tabla_Consulta_desde_QuickBooks_Data_64_Bit_QRemote[[#This Row],[SalesOrderLineInvoiced]],Tabla_Consulta_desde_QuickBooks_Data_64_Bit_QRemote[[#This Row],[SalesOrderLineInvoiced]]/MID(Tabla_Consulta_desde_QuickBooks_Data_64_Bit_QRemote[[#This Row],[SalesOrderLineUnitOfMeasure]],2,2)),0)","v":0},{"$f":"+Tabla_Consulta_desde_QuickBooks_Data_64_Bit_QRemote[[#This Row],[facturado]]-Tabla_Consulta_desde_QuickBooks_Data_64_Bit_QRemote[[#This Row],[pide]]","v":-1},{"$f":"IF(Tabla_Consulta_desde_QuickBooks_Data_64_Bit_QRemote[[#This Row],[diferecia]]=0,\"ok\",\"diferen\")","v":"diferen"},{"$f":"IFERROR(INDEX(um!A:C,MATCH(Tabla_Consulta_desde_QuickBooks_Data_64_Bit_QRemote[[#This Row],[SalesOrderLineItemRefFullName]],um!A:A,0),3),\"\")","v":"X12"},{"$f":"IFERROR(IF(OR(Tabla_Consulta_desde_QuickBooks_Data_64_Bit_QRemote[[#This Row],[SalesOrderLineUnitOfMeasure]]=\"UN\",Tabla_Consulta_desde_QuickBooks_Data_64_Bit_QRemote[[#This Row],[SalesOrderLineUnitOfMeasure]]=Tabla_Consulta_desde_QuickBooks_Data_64_Bit_QRemote[[#This Row],[U/M]]),\"\",\"ERROR\"),\"\")","v":""},{"$f":"+WEEKNUM(Tabla_Consulta_desde_QuickBooks_Data_64_Bit_QRemote[[#This Row],[TxnDate]])","v":23},{"$f":"+Tabla_Consulta_desde_QuickBooks_Data_64_Bit_QRemote[[#This Row],[SalesOrderLineRate]]*Tabla_Consulta_desde_QuickBooks_Data_64_Bit_QRemote[[#This Row],[SalesOrderLineInvoiced]]","v":0},{"$f":"+IFERROR(IF(Tabla_Consulta_desde_QuickBooks_Data_64_Bit_QRemote[[#This Row],[CustomerRefFullName]]=\"GRUVALCORP SA\",VLOOKUP(Tabla_Consulta_desde_QuickBooks_Data_64_Bit_QRemote[[#This Row],[SalesOrderLineItemRefFullName]],Hoja1!A:E,5,FALSE),\"\")*-Tabla_Consulta_desde_QuickBooks_Data_64_Bit_QRemote[[#This Row],[SalesOrderLineAmount]],\"\")","v":""},{"$f":"IF(COUNTIF(wms!E:E,Tabla_Consulta_desde_QuickBooks_Data_64_Bit_QRemote[[#This Row],[RefNumber]])>0,\"OK\",\"FALTA\")","v":"FALTA"}]
["2025-06-03","29125","GERARDO ORTIZ E HIJOS CIA. LTDA.","CQ274815 SHYRIS",4,"7862112520301","P.T:110700","CHIMICHURRI OLE 230G","Bodega Producto Terminado",12,"X12",2.33,27.96,"UNIDAD SALSA",0,207.72,238.88,"IVA EN VENTAS 15%",{"$f":"IFERROR(IF(Tabla_Consulta_desde_QuickBooks_Data_64_Bit_QRemote[[#This Row],[SalesOrderLineUnitOfMeasure]]=\"un\",Tabla_Consulta_desde_QuickBooks_Data_64_Bit_QRemote[[#This Row],[SalesOrderLineQuantity]],Tabla_Consulta_desde_QuickBooks_Data_64_Bit_QRemote[[#This Row],[SalesOrderLineQuantity]]/MID(Tabla_Consulta_desde_QuickBooks_Data_64_Bit_QRemote[[#This Row],[SalesOrderLineUnitOfMeasure]],2,2)),0)","v":1},{"$f":"IFERROR(IF(Tabla_Consulta_desde_QuickBooks_Data_64_Bit_QRemote[[#This Row],[SalesOrderLineUnitOfMeasure]]=\"un\",Tabla_Consulta_desde_QuickBooks_Data_64_Bit_QRemote[[#This Row],[SalesOrderLineInvoiced]],Tabla_Consulta_desde_QuickBooks_Data_64_Bit_QRemote[[#This Row],[SalesOrderLineInvoiced]]/MID(Tabla_Consulta_desde_QuickBooks_Data_64_Bit_QRemote[[#This Row],[SalesOrderLineUnitOfMeasure]],2,2)),0)","v":0},{"$f":"+Tabla_Consulta_desde_QuickBooks_Data_64_Bit_QRemote[[#This Row],[facturado]]-Tabla_Consulta_desde_QuickBooks_Data_64_Bit_QRemote[[#This Row],[pide]]","v":-1},{"$f":"IF(Tabla_Consulta_desde_QuickBooks_Data_64_Bit_QRemote[[#This Row],[diferecia]]=0,\"ok\",\"diferen\")","v":"diferen"},{"$f":"IFERROR(INDEX(um!A:C,MATCH(Tabla_Consulta_desde_QuickBooks_Data_64_Bit_QRemote[[#This Row],[SalesOrderLineItemRefFullName]],um!A:A,0),3),\"\")","v":"X12"},{"$f":"IFERROR(IF(OR(Tabla_Consulta_desde_QuickBooks_Data_64_Bit_QRemote[[#This Row],[SalesOrderLineUnitOfMeasure]]=\"UN\",Tabla_Consulta_desde_QuickBooks_Data_64_Bit_QRemote[[#This Row],[SalesOrderLineUnitOfMeasure]]=Tabla_Consulta_desde_QuickBooks_Data_64_Bit_QRemote[[#This Row],[U/M]]),\"\",\"ERROR\"),\"\")","v":""},{"$f":"+WEEKNUM(Tabla_Consulta_desde_QuickBooks_Data_64_Bit_QRemote[[#This Row],[TxnDate]])","v":23},{"$f":"+Tabla_Consulta_desde_QuickBooks_Data_64_Bit_QRemote[[#This Row],[SalesOrderLineRate]]*Tabla_Consulta_desde_QuickBooks_Data_64_Bit_QRemote[[#This Row],[SalesOrderLineInvoiced]]","v":0},{"$f":"+IFERROR(IF(Tabla_Consulta_desde_QuickBooks_Data_64_Bit_QRemote[[#This Row],[CustomerRefFullName]]=\"GRUVALCORP SA\",VLOOKUP(Tabla_Consulta_desde_QuickBooks_Data_64_Bit_QRemote[[#This Row],[SalesOrderLineItemRefFullName]],Hoja1!A:E,5,FALSE),\"\")*-Tabla_Consulta_desde_QuickBooks_Data_64_Bit_QRemote[[#This Row],[SalesOrderLineAmount]],\"\")","v":""},{"$f":"IF(COUNTIF(wms!E:E,Tabla_Consulta_desde_QuickBooks_Data_64_Bit_QRemote[[#This Row],[RefNumber]])>0,\"OK\",\"FALTA\")","v":"FALTA"}]
["2025-06-03","29125","GERARDO ORTIZ E HIJOS CIA. LTDA.","CQ274815 SHYRIS",5,"7862112523036","P.T:110746","SALSA PICANTE JALAPEÑO OLE 100G","Bodega Producto Terminado",12,"X12",0.6,7.2,"UNIDAD SALSA",0,207.72,238.88,"IVA EN VENTAS 15%",{"$f":"IFERROR(IF(Tabla_Consulta_desde_QuickBooks_Data_64_Bit_QRemote[[#This Row],[SalesOrderLineUnitOfMeasure]]=\"un\",Tabla_Consulta_desde_QuickBooks_Data_64_Bit_QRemote[[#This Row],[SalesOrderLineQuantity]],Tabla_Consulta_desde_QuickBooks_Data_64_Bit_QRemote[[#This Row],[SalesOrderLineQuantity]]/MID(Tabla_Consulta_desde_QuickBooks_Data_64_Bit_QRemote[[#This Row],[SalesOrderLineUnitOfMeasure]],2,2)),0)","v":1},{"$f":"IFERROR(IF(Tabla_Consulta_desde_QuickBooks_Data_64_Bit_QRemote[[#This Row],[SalesOrderLineUnitOfMeasure]]=\"un\",Tabla_Consulta_desde_QuickBooks_Data_64_Bit_QRemote[[#This Row],[SalesOrderLineInvoiced]],Tabla_Consulta_desde_QuickBooks_Data_64_Bit_QRemote[[#This Row],[SalesOrderLineInvoiced]]/MID(Tabla_Consulta_desde_QuickBooks_Data_64_Bit_QRemote[[#This Row],[SalesOrderLineUnitOfMeasure]],2,2)),0)","v":0},{"$f":"+Tabla_Consulta_desde_QuickBooks_Data_64_Bit_QRemote[[#This Row],[facturado]]-Tabla_Consulta_desde_QuickBooks_Data_64_Bit_QRemote[[#This Row],[pide]]","v":-1},{"$f":"IF(Tabla_Consulta_desde_QuickBooks_Data_64_Bit_QRemote[[#This Row],[diferecia]]=0,\"ok\",\"diferen\")","v":"diferen"},{"$f":"IFERROR(INDEX(um!A:C,MATCH(Tabla_Consulta_desde_QuickBooks_Data_64_Bit_QRemote[[#This Row],[SalesOrderLineItemRefFullName]],um!A:A,0),3),\"\")","v":"X12"},{"$f":"IFERROR(IF(OR(Tabla_Consulta_desde_QuickBooks_Data_64_Bit_QRemote[[#This Row],[SalesOrderLineUnitOfMeasure]]=\"UN\",Tabla_Consulta_desde_QuickBooks_Data_64_Bit_QRemote[[#This Row],[SalesOrderLineUnitOfMeasure]]=Tabla_Consulta_desde_QuickBooks_Data_64_Bit_QRemote[[#This Row],[U/M]]),\"\",\"ERROR\"),\"\")","v":""},{"$f":"+WEEKNUM(Tabla_Consulta_desde_QuickBooks_Data_64_Bit_QRemote[[#This Row],[TxnDate]])","v":23},{"$f":"+Tabla_Consulta_desde_QuickBooks_Data_64_Bit_QRemote[[#This Row],[SalesOrderLineRate]]*Tabla_Consulta_desde_QuickBooks_Data_64_Bit_QRemote[[#This Row],[SalesOrderLineInvoiced]]","v":0},{"$f":"+IFERROR(IF(Tabla_Consulta_desde_QuickBooks_Data_64_Bit_QRemote[[#This Row],[CustomerRefFullName]]=\"GRUVALCORP SA\",VLOOKUP(Tabla_Consulta_desde_QuickBooks_Data_64_Bit_QRemote[[#This Row],[SalesOrderLineItemRefFullName]],Hoja1!A:E,5,FALSE),\"\")*-Tabla_Consulta_desde_QuickBooks_Data_64_Bit_QRemote[[#This Row],[SalesOrderLineAmount]],\"\")","v":""},{"$f":"IF(COUNTIF(wms!E:E,Tabla_Consulta_desde_QuickBooks_Data_64_Bit_QRemote[[#This Row],[RefNumber]])>0,\"OK\",\"FALTA\")","v":"FALTA"}]
["2025-06-03","29125","GERARDO ORTIZ E HIJOS CIA. LTDA.","CQ274815 SHYRIS",6,"705424000116","P.T:110207","AJÍ CON MARACUYA OLE 185G","Bodega Producto Terminado",24,"X24",1.42,34.08,"UNIDAD SALSA",0,207.72,238.88,"IVA EN VENTAS 15%",{"$f":"IFERROR(IF(Tabla_Consulta_desde_QuickBooks_Data_64_Bit_QRemote[[#This Row],[SalesOrderLineUnitOfMeasure]]=\"un\",Tabla_Consulta_desde_QuickBooks_Data_64_Bit_QRemote[[#This Row],[SalesOrderLineQuantity]],Tabla_Consulta_desde_QuickBooks_Data_64_Bit_QRemote[[#This Row],[SalesOrderLineQuantity]]/MID(Tabla_Consulta_desde_QuickBooks_Data_64_Bit_QRemote[[#This Row],[SalesOrderLineUnitOfMeasure]],2,2)),0)","v":1},{"$f":"IFERROR(IF(Tabla_Consulta_desde_QuickBooks_Data_64_Bit_QRemote[[#This Row],[SalesOrderLineUnitOfMeasure]]=\"un\",Tabla_Consulta_desde_QuickBooks_Data_64_Bit_QRemote[[#This Row],[SalesOrderLineInvoiced]],Tabla_Consulta_desde_QuickBooks_Data_64_Bit_QRemote[[#This Row],[SalesOrderLineInvoiced]]/MID(Tabla_Consulta_desde_QuickBooks_Data_64_Bit_QRemote[[#This Row],[SalesOrderLineUnitOfMeasure]],2,2)),0)","v":0},{"$f":"+Tabla_Consulta_desde_QuickBooks_Data_64_Bit_QRemote[[#This Row],[facturado]]-Tabla_Consulta_desde_QuickBooks_Data_64_Bit_QRemote[[#This Row],[pide]]","v":-1},{"$f":"IF(Tabla_Consulta_desde_QuickBooks_Data_64_Bit_QRemote[[#This Row],[diferecia]]=0,\"ok\",\"diferen\")","v":"diferen"},{"$f":"IFERROR(INDEX(um!A:C,MATCH(Tabla_Consulta_desde_QuickBooks_Data_64_Bit_QRemote[[#This Row],[SalesOrderLineItemRefFullName]],um!A:A,0),3),\"\")","v":"X24"},{"$f":"IFERROR(IF(OR(Tabla_Consulta_desde_QuickBooks_Data_64_Bit_QRemote[[#This Row],[SalesOrderLineUnitOfMeasure]]=\"UN\",Tabla_Consulta_desde_QuickBooks_Data_64_Bit_QRemote[[#This Row],[SalesOrderLineUnitOfMeasure]]=Tabla_Consulta_desde_QuickBooks_Data_64_Bit_QRemote[[#This Row],[U/M]]),\"\",\"ERROR\"),\"\")","v":""},{"$f":"+WEEKNUM(Tabla_Consulta_desde_QuickBooks_Data_64_Bit_QRemote[[#This Row],[TxnDate]])","v":23},{"$f":"+Tabla_Consulta_desde_QuickBooks_Data_64_Bit_QRemote[[#This Row],[SalesOrderLineRate]]*Tabla_Consulta_desde_QuickBooks_Data_64_Bit_QRemote[[#This Row],[SalesOrderLineInvoiced]]","v":0},{"$f":"+IFERROR(IF(Tabla_Consulta_desde_QuickBooks_Data_64_Bit_QRemote[[#This Row],[CustomerRefFullName]]=\"GRUVALCORP SA\",VLOOKUP(Tabla_Consulta_desde_QuickBooks_Data_64_Bit_QRemote[[#This Row],[SalesOrderLineItemRefFullName]],Hoja1!A:E,5,FALSE),\"\")*-Tabla_Consulta_desde_QuickBooks_Data_64_Bit_QRemote[[#This Row],[SalesOrderLineAmount]],\"\")","v":""},{"$f":"IF(COUNTIF(wms!E:E,Tabla_Consulta_desde_QuickBooks_Data_64_Bit_QRemote[[#This Row],[RefNumber]])>0,\"OK\",\"FALTA\")","v":"FALTA"}]
["2025-06-03","29125","GERARDO ORTIZ E HIJOS CIA. LTDA.","CQ274815 SHYRIS",7,"7862112521698","P.T:311407","VINAGRE DE MANZANA CON LA MADRE OLE 500ML","Bodega Producto Terminado",12,"X12",4.28,51.36,"UNIDAD SALSA",0,207.72,238.88,"IVA EN VENTAS 15%",{"$f":"IFERROR(IF(Tabla_Consulta_desde_QuickBooks_Data_64_Bit_QRemote[[#This Row],[SalesOrderLineUnitOfMeasure]]=\"un\",Tabla_Consulta_desde_QuickBooks_Data_64_Bit_QRemote[[#This Row],[SalesOrderLineQuantity]],Tabla_Consulta_desde_QuickBooks_Data_64_Bit_QRemote[[#This Row],[SalesOrderLineQuantity]]/MID(Tabla_Consulta_desde_QuickBooks_Data_64_Bit_QRemote[[#This Row],[SalesOrderLineUnitOfMeasure]],2,2)),0)","v":1},{"$f":"IFERROR(IF(Tabla_Consulta_desde_QuickBooks_Data_64_Bit_QRemote[[#This Row],[SalesOrderLineUnitOfMeasure]]=\"un\",Tabla_Consulta_desde_QuickBooks_Data_64_Bit_QRemote[[#This Row],[SalesOrderLineInvoiced]],Tabla_Consulta_desde_QuickBooks_Data_64_Bit_QRemote[[#This Row],[SalesOrderLineInvoiced]]/MID(Tabla_Consulta_desde_QuickBooks_Data_64_Bit_QRemote[[#This Row],[SalesOrderLineUnitOfMeasure]],2,2)),0)","v":0},{"$f":"+Tabla_Consulta_desde_QuickBooks_Data_64_Bit_QRemote[[#This Row],[facturado]]-Tabla_Consulta_desde_QuickBooks_Data_64_Bit_QRemote[[#This Row],[pide]]","v":-1},{"$f":"IF(Tabla_Consulta_desde_QuickBooks_Data_64_Bit_QRemote[[#This Row],[diferecia]]=0,\"ok\",\"diferen\")","v":"diferen"},{"$f":"IFERROR(INDEX(um!A:C,MATCH(Tabla_Consulta_desde_QuickBooks_Data_64_Bit_QRemote[[#This Row],[SalesOrderLineItemRefFullName]],um!A:A,0),3),\"\")","v":"X12"},{"$f":"IFERROR(IF(OR(Tabla_Consulta_desde_QuickBooks_Data_64_Bit_QRemote[[#This Row],[SalesOrderLineUnitOfMeasure]]=\"UN\",Tabla_Consulta_desde_QuickBooks_Data_64_Bit_QRemote[[#This Row],[SalesOrderLineUnitOfMeasure]]=Tabla_Consulta_desde_QuickBooks_Data_64_Bit_QRemote[[#This Row],[U/M]]),\"\",\"ERROR\"),\"\")","v":""},{"$f":"+WEEKNUM(Tabla_Consulta_desde_QuickBooks_Data_64_Bit_QRemote[[#This Row],[TxnDate]])","v":23},{"$f":"+Tabla_Consulta_desde_QuickBooks_Data_64_Bit_QRemote[[#This Row],[SalesOrderLineRate]]*Tabla_Consulta_desde_QuickBooks_Data_64_Bit_QRemote[[#This Row],[SalesOrderLineInvoiced]]","v":0},{"$f":"+IFERROR(IF(Tabla_Consulta_desde_QuickBooks_Data_64_Bit_QRemote[[#This Row],[CustomerRefFullName]]=\"GRUVALCORP SA\",VLOOKUP(Tabla_Consulta_desde_QuickBooks_Data_64_Bit_QRemote[[#This Row],[SalesOrderLineItemRefFullName]],Hoja1!A:E,5,FALSE),\"\")*-Tabla_Consulta_desde_QuickBooks_Data_64_Bit_QRemote[[#This Row],[SalesOrderLineAmount]],\"\")","v":""},{"$f":"IF(COUNTIF(wms!E:E,Tabla_Consulta_desde_QuickBooks_Data_64_Bit_QRemote[[#This Row],[RefNumber]])>0,\"OK\",\"FALTA\")","v":"FALTA"}]
["2025-06-03","29125","GERARDO ORTIZ E HIJOS CIA. LTDA.","CQ274815 SHYRIS",8,null,"INFOADICIONAL","CQ274815 SHYRIS",null,null,null,0,0,null,0,207.72,238.88,"IVA EN VENTAS 15%",{"$f":"IFERROR(IF(Tabla_Consulta_desde_QuickBooks_Data_64_Bit_QRemote[[#This Row],[SalesOrderLineUnitOfMeasure]]=\"un\",Tabla_Consulta_desde_QuickBooks_Data_64_Bit_QRemote[[#This Row],[SalesOrderLineQuantity]],Tabla_Consulta_desde_QuickBooks_Data_64_Bit_QRemote[[#This Row],[SalesOrderLineQuantity]]/MID(Tabla_Consulta_desde_QuickBooks_Data_64_Bit_QRemote[[#This Row],[SalesOrderLineUnitOfMeasure]],2,2)),0)","v":0},{"$f":"IFERROR(IF(Tabla_Consulta_desde_QuickBooks_Data_64_Bit_QRemote[[#This Row],[SalesOrderLineUnitOfMeasure]]=\"un\",Tabla_Consulta_desde_QuickBooks_Data_64_Bit_QRemote[[#This Row],[SalesOrderLineInvoiced]],Tabla_Consulta_desde_QuickBooks_Data_64_Bit_QRemote[[#This Row],[SalesOrderLineInvoiced]]/MID(Tabla_Consulta_desde_QuickBooks_Data_64_Bit_QRemote[[#This Row],[SalesOrderLineUnitOfMeasure]],2,2)),0)","v":0},{"$f":"+Tabla_Consulta_desde_QuickBooks_Data_64_Bit_QRemote[[#This Row],[facturado]]-Tabla_Consulta_desde_QuickBooks_Data_64_Bit_QRemote[[#This Row],[pide]]","v":0},{"$f":"IF(Tabla_Consulta_desde_QuickBooks_Data_64_Bit_QRemote[[#This Row],[diferecia]]=0,\"ok\",\"diferen\")","v":"ok"},{"$f":"IFERROR(INDEX(um!A:C,MATCH(Tabla_Consulta_desde_QuickBooks_Data_64_Bit_QRemote[[#This Row],[SalesOrderLineItemRefFullName]],um!A:A,0),3),\"\")","v":""},{"$f":"IFERROR(IF(OR(Tabla_Consulta_desde_QuickBooks_Data_64_Bit_QRemote[[#This Row],[SalesOrderLineUnitOfMeasure]]=\"UN\",Tabla_Consulta_desde_QuickBooks_Data_64_Bit_QRemote[[#This Row],[SalesOrderLineUnitOfMeasure]]=Tabla_Consulta_desde_QuickBooks_Data_64_Bit_QRemote[[#This Row],[U/M]]),\"\",\"ERROR\"),\"\")","v":""},{"$f":"+WEEKNUM(Tabla_Consulta_desde_QuickBooks_Data_64_Bit_QRemote[[#This Row],[TxnDate]])","v":23},{"$f":"+Tabla_Consulta_desde_QuickBooks_Data_64_Bit_QRemote[[#This Row],[SalesOrderLineRate]]*Tabla_Consulta_desde_QuickBooks_Data_64_Bit_QRemote[[#This Row],[SalesOrderLineInvoiced]]","v":0},{"$f":"+IFERROR(IF(Tabla_Consulta_desde_QuickBooks_Data_64_Bit_QRemote[[#This Row],[CustomerRefFullName]]=\"GRUVALCORP SA\",VLOOKUP(Tabla_Consulta_desde_QuickBooks_Data_64_Bit_QRemote[[#This Row],[SalesOrderLineItemRefFullName]],Hoja1!A:E,5,FALSE),\"\")*-Tabla_Consulta_desde_QuickBooks_Data_64_Bit_QRemote[[#This Row],[SalesOrderLineAmount]],\"\")","v":""},{"$f":"IF(COUNTIF(wms!E:E,Tabla_Consulta_desde_QuickBooks_Data_64_Bit_QRemote[[#This Row],[RefNumber]])>0,\"OK\",\"FALTA\")","v":"FALTA"}]
["2025-06-03","29126","GERARDO ORTIZ E HIJOS CIA. LTDA.","AM055195 AMBATO",1,"7862112523296","P.T:110622","PEPINILLOS CON JALAPEÑO OLE 225G","Bodega Producto Terminado",24,"X24",1.69,40.56,"UNIDAD SALSA",0,202.56,232.94,"IVA EN VENTAS 15%",{"$f":"IFERROR(IF(Tabla_Consulta_desde_QuickBooks_Data_64_Bit_QRemote[[#This Row],[SalesOrderLineUnitOfMeasure]]=\"un\",Tabla_Consulta_desde_QuickBooks_Data_64_Bit_QRemote[[#This Row],[SalesOrderLineQuantity]],Tabla_Consulta_desde_QuickBooks_Data_64_Bit_QRemote[[#This Row],[SalesOrderLineQuantity]]/MID(Tabla_Consulta_desde_QuickBooks_Data_64_Bit_QRemote[[#This Row],[SalesOrderLineUnitOfMeasure]],2,2)),0)","v":1},{"$f":"IFERROR(IF(Tabla_Consulta_desde_QuickBooks_Data_64_Bit_QRemote[[#This Row],[SalesOrderLineUnitOfMeasure]]=\"un\",Tabla_Consulta_desde_QuickBooks_Data_64_Bit_QRemote[[#This Row],[SalesOrderLineInvoiced]],Tabla_Consulta_desde_QuickBooks_Data_64_Bit_QRemote[[#This Row],[SalesOrderLineInvoiced]]/MID(Tabla_Consulta_desde_QuickBooks_Data_64_Bit_QRemote[[#This Row],[SalesOrderLineUnitOfMeasure]],2,2)),0)","v":0},{"$f":"+Tabla_Consulta_desde_QuickBooks_Data_64_Bit_QRemote[[#This Row],[facturado]]-Tabla_Consulta_desde_QuickBooks_Data_64_Bit_QRemote[[#This Row],[pide]]","v":-1},{"$f":"IF(Tabla_Consulta_desde_QuickBooks_Data_64_Bit_QRemote[[#This Row],[diferecia]]=0,\"ok\",\"diferen\")","v":"diferen"},{"$f":"IFERROR(INDEX(um!A:C,MATCH(Tabla_Consulta_desde_QuickBooks_Data_64_Bit_QRemote[[#This Row],[SalesOrderLineItemRefFullName]],um!A:A,0),3),\"\")","v":"X24"},{"$f":"IFERROR(IF(OR(Tabla_Consulta_desde_QuickBooks_Data_64_Bit_QRemote[[#This Row],[SalesOrderLineUnitOfMeasure]]=\"UN\",Tabla_Consulta_desde_QuickBooks_Data_64_Bit_QRemote[[#This Row],[SalesOrderLineUnitOfMeasure]]=Tabla_Consulta_desde_QuickBooks_Data_64_Bit_QRemote[[#This Row],[U/M]]),\"\",\"ERROR\"),\"\")","v":""},{"$f":"+WEEKNUM(Tabla_Consulta_desde_QuickBooks_Data_64_Bit_QRemote[[#This Row],[TxnDate]])","v":23},{"$f":"+Tabla_Consulta_desde_QuickBooks_Data_64_Bit_QRemote[[#This Row],[SalesOrderLineRate]]*Tabla_Consulta_desde_QuickBooks_Data_64_Bit_QRemote[[#This Row],[SalesOrderLineInvoiced]]","v":0},{"$f":"+IFERROR(IF(Tabla_Consulta_desde_QuickBooks_Data_64_Bit_QRemote[[#This Row],[CustomerRefFullName]]=\"GRUVALCORP SA\",VLOOKUP(Tabla_Consulta_desde_QuickBooks_Data_64_Bit_QRemote[[#This Row],[SalesOrderLineItemRefFullName]],Hoja1!A:E,5,FALSE),\"\")*-Tabla_Consulta_desde_QuickBooks_Data_64_Bit_QRemote[[#This Row],[SalesOrderLineAmount]],\"\")","v":""},{"$f":"IF(COUNTIF(wms!E:E,Tabla_Consulta_desde_QuickBooks_Data_64_Bit_QRemote[[#This Row],[RefNumber]])>0,\"OK\",\"FALTA\")","v":"FALTA"}]
["2025-06-03","29126","GERARDO ORTIZ E HIJOS CIA. LTDA.","AM055195 AMBATO",2,"7861000227513","P.T:110603","JALAPEÑO ROJOS Y VERDES OLE 200G","Bodega Producto Terminado",24,"X24",2.29,54.96,"UNIDAD SALSA",0,202.56,232.94,"IVA EN VENTAS 15%",{"$f":"IFERROR(IF(Tabla_Consulta_desde_QuickBooks_Data_64_Bit_QRemote[[#This Row],[SalesOrderLineUnitOfMeasure]]=\"un\",Tabla_Consulta_desde_QuickBooks_Data_64_Bit_QRemote[[#This Row],[SalesOrderLineQuantity]],Tabla_Consulta_desde_QuickBooks_Data_64_Bit_QRemote[[#This Row],[SalesOrderLineQuantity]]/MID(Tabla_Consulta_desde_QuickBooks_Data_64_Bit_QRemote[[#This Row],[SalesOrderLineUnitOfMeasure]],2,2)),0)","v":1},{"$f":"IFERROR(IF(Tabla_Consulta_desde_QuickBooks_Data_64_Bit_QRemote[[#This Row],[SalesOrderLineUnitOfMeasure]]=\"un\",Tabla_Consulta_desde_QuickBooks_Data_64_Bit_QRemote[[#This Row],[SalesOrderLineInvoiced]],Tabla_Consulta_desde_QuickBooks_Data_64_Bit_QRemote[[#This Row],[SalesOrderLineInvoiced]]/MID(Tabla_Consulta_desde_QuickBooks_Data_64_Bit_QRemote[[#This Row],[SalesOrderLineUnitOfMeasure]],2,2)),0)","v":0},{"$f":"+Tabla_Consulta_desde_QuickBooks_Data_64_Bit_QRemote[[#This Row],[facturado]]-Tabla_Consulta_desde_QuickBooks_Data_64_Bit_QRemote[[#This Row],[pide]]","v":-1},{"$f":"IF(Tabla_Consulta_desde_QuickBooks_Data_64_Bit_QRemote[[#This Row],[diferecia]]=0,\"ok\",\"diferen\")","v":"diferen"},{"$f":"IFERROR(INDEX(um!A:C,MATCH(Tabla_Consulta_desde_QuickBooks_Data_64_Bit_QRemote[[#This Row],[SalesOrderLineItemRefFullName]],um!A:A,0),3),\"\")","v":"X24"},{"$f":"IFERROR(IF(OR(Tabla_Consulta_desde_QuickBooks_Data_64_Bit_QRemote[[#This Row],[SalesOrderLineUnitOfMeasure]]=\"UN\",Tabla_Consulta_desde_QuickBooks_Data_64_Bit_QRemote[[#This Row],[SalesOrderLineUnitOfMeasure]]=Tabla_Consulta_desde_QuickBooks_Data_64_Bit_QRemote[[#This Row],[U/M]]),\"\",\"ERROR\"),\"\")","v":""},{"$f":"+WEEKNUM(Tabla_Consulta_desde_QuickBooks_Data_64_Bit_QRemote[[#This Row],[TxnDate]])","v":23},{"$f":"+Tabla_Consulta_desde_QuickBooks_Data_64_Bit_QRemote[[#This Row],[SalesOrderLineRate]]*Tabla_Consulta_desde_QuickBooks_Data_64_Bit_QRemote[[#This Row],[SalesOrderLineInvoiced]]","v":0},{"$f":"+IFERROR(IF(Tabla_Consulta_desde_QuickBooks_Data_64_Bit_QRemote[[#This Row],[CustomerRefFullName]]=\"GRUVALCORP SA\",VLOOKUP(Tabla_Consulta_desde_QuickBooks_Data_64_Bit_QRemote[[#This Row],[SalesOrderLineItemRefFullName]],Hoja1!A:E,5,FALSE),\"\")*-Tabla_Consulta_desde_QuickBooks_Data_64_Bit_QRemote[[#This Row],[SalesOrderLineAmount]],\"\")","v":""},{"$f":"IF(COUNTIF(wms!E:E,Tabla_Consulta_desde_QuickBooks_Data_64_Bit_QRemote[[#This Row],[RefNumber]])>0,\"OK\",\"FALTA\")","v":"FALTA"}]
["2025-06-03","29126","GERARDO ORTIZ E HIJOS CIA. LTDA.","AM055195 AMBATO",3,"7862112523036","P.T:110746","SALSA PICANTE JALAPEÑO OLE 100G","Bodega Producto Terminado",24,"X12",0.6,14.4,"UNIDAD SALSA",0,202.56,232.94,"IVA EN VENTAS 15%",{"$f":"IFERROR(IF(Tabla_Consulta_desde_QuickBooks_Data_64_Bit_QRemote[[#This Row],[SalesOrderLineUnitOfMeasure]]=\"un\",Tabla_Consulta_desde_QuickBooks_Data_64_Bit_QRemote[[#This Row],[SalesOrderLineQuantity]],Tabla_Consulta_desde_QuickBooks_Data_64_Bit_QRemote[[#This Row],[SalesOrderLineQuantity]]/MID(Tabla_Consulta_desde_QuickBooks_Data_64_Bit_QRemote[[#This Row],[SalesOrderLineUnitOfMeasure]],2,2)),0)","v":2},{"$f":"IFERROR(IF(Tabla_Consulta_desde_QuickBooks_Data_64_Bit_QRemote[[#This Row],[SalesOrderLineUnitOfMeasure]]=\"un\",Tabla_Consulta_desde_QuickBooks_Data_64_Bit_QRemote[[#This Row],[SalesOrderLineInvoiced]],Tabla_Consulta_desde_QuickBooks_Data_64_Bit_QRemote[[#This Row],[SalesOrderLineInvoiced]]/MID(Tabla_Consulta_desde_QuickBooks_Data_64_Bit_QRemote[[#This Row],[SalesOrderLineUnitOfMeasure]],2,2)),0)","v":0},{"$f":"+Tabla_Consulta_desde_QuickBooks_Data_64_Bit_QRemote[[#This Row],[facturado]]-Tabla_Consulta_desde_QuickBooks_Data_64_Bit_QRemote[[#This Row],[pide]]","v":-2},{"$f":"IF(Tabla_Consulta_desde_QuickBooks_Data_64_Bit_QRemote[[#This Row],[diferecia]]=0,\"ok\",\"diferen\")","v":"diferen"},{"$f":"IFERROR(INDEX(um!A:C,MATCH(Tabla_Consulta_desde_QuickBooks_Data_64_Bit_QRemote[[#This Row],[SalesOrderLineItemRefFullName]],um!A:A,0),3),\"\")","v":"X12"},{"$f":"IFERROR(IF(OR(Tabla_Consulta_desde_QuickBooks_Data_64_Bit_QRemote[[#This Row],[SalesOrderLineUnitOfMeasure]]=\"UN\",Tabla_Consulta_desde_QuickBooks_Data_64_Bit_QRemote[[#This Row],[SalesOrderLineUnitOfMeasure]]=Tabla_Consulta_desde_QuickBooks_Data_64_Bit_QRemote[[#This Row],[U/M]]),\"\",\"ERROR\"),\"\")","v":""},{"$f":"+WEEKNUM(Tabla_Consulta_desde_QuickBooks_Data_64_Bit_QRemote[[#This Row],[TxnDate]])","v":23},{"$f":"+Tabla_Consulta_desde_QuickBooks_Data_64_Bit_QRemote[[#This Row],[SalesOrderLineRate]]*Tabla_Consulta_desde_QuickBooks_Data_64_Bit_QRemote[[#This Row],[SalesOrderLineInvoiced]]","v":0},{"$f":"+IFERROR(IF(Tabla_Consulta_desde_QuickBooks_Data_64_Bit_QRemote[[#This Row],[CustomerRefFullName]]=\"GRUVALCORP SA\",VLOOKUP(Tabla_Consulta_desde_QuickBooks_Data_64_Bit_QRemote[[#This Row],[SalesOrderLineItemRefFullName]],Hoja1!A:E,5,FALSE),\"\")*-Tabla_Consulta_desde_QuickBooks_Data_64_Bit_QRemote[[#This Row],[SalesOrderLineAmount]],\"\")","v":""},{"$f":"IF(COUNTIF(wms!E:E,Tabla_Consulta_desde_QuickBooks_Data_64_Bit_QRemote[[#This Row],[RefNumber]])>0,\"OK\",\"FALTA\")","v":"FALTA"}]
["2025-06-03","29126","GERARDO ORTIZ E HIJOS CIA. LTDA.","AM055195 AMBATO",4,"7862112523043","P.T:110745","SALSA PICANTE HABANERO OLE 100G","Bodega Producto Terminado",12,"X12",0.6,7.2,"UNIDAD SALSA",0,202.56,232.94,"IVA EN VENTAS 15%",{"$f":"IFERROR(IF(Tabla_Consulta_desde_QuickBooks_Data_64_Bit_QRemote[[#This Row],[SalesOrderLineUnitOfMeasure]]=\"un\",Tabla_Consulta_desde_QuickBooks_Data_64_Bit_QRemote[[#This Row],[SalesOrderLineQuantity]],Tabla_Consulta_desde_QuickBooks_Data_64_Bit_QRemote[[#This Row],[SalesOrderLineQuantity]]/MID(Tabla_Consulta_desde_QuickBooks_Data_64_Bit_QRemote[[#This Row],[SalesOrderLineUnitOfMeasure]],2,2)),0)","v":1},{"$f":"IFERROR(IF(Tabla_Consulta_desde_QuickBooks_Data_64_Bit_QRemote[[#This Row],[SalesOrderLineUnitOfMeasure]]=\"un\",Tabla_Consulta_desde_QuickBooks_Data_64_Bit_QRemote[[#This Row],[SalesOrderLineInvoiced]],Tabla_Consulta_desde_QuickBooks_Data_64_Bit_QRemote[[#This Row],[SalesOrderLineInvoiced]]/MID(Tabla_Consulta_desde_QuickBooks_Data_64_Bit_QRemote[[#This Row],[SalesOrderLineUnitOfMeasure]],2,2)),0)","v":0},{"$f":"+Tabla_Consulta_desde_QuickBooks_Data_64_Bit_QRemote[[#This Row],[facturado]]-Tabla_Consulta_desde_QuickBooks_Data_64_Bit_QRemote[[#This Row],[pide]]","v":-1},{"$f":"IF(Tabla_Consulta_desde_QuickBooks_Data_64_Bit_QRemote[[#This Row],[diferecia]]=0,\"ok\",\"diferen\")","v":"diferen"},{"$f":"IFERROR(INDEX(um!A:C,MATCH(Tabla_Consulta_desde_QuickBooks_Data_64_Bit_QRemote[[#This Row],[SalesOrderLineItemRefFullName]],um!A:A,0),3),\"\")","v":"X12"},{"$f":"IFERROR(IF(OR(Tabla_Consulta_desde_QuickBooks_Data_64_Bit_QRemote[[#This Row],[SalesOrderLineUnitOfMeasure]]=\"UN\",Tabla_Consulta_desde_QuickBooks_Data_64_Bit_QRemote[[#This Row],[SalesOrderLineUnitOfMeasure]]=Tabla_Consulta_desde_QuickBooks_Data_64_Bit_QRemote[[#This Row],[U/M]]),\"\",\"ERROR\"),\"\")","v":""},{"$f":"+WEEKNUM(Tabla_Consulta_desde_QuickBooks_Data_64_Bit_QRemote[[#This Row],[TxnDate]])","v":23},{"$f":"+Tabla_Consulta_desde_QuickBooks_Data_64_Bit_QRemote[[#This Row],[SalesOrderLineRate]]*Tabla_Consulta_desde_QuickBooks_Data_64_Bit_QRemote[[#This Row],[SalesOrderLineInvoiced]]","v":0},{"$f":"+IFERROR(IF(Tabla_Consulta_desde_QuickBooks_Data_64_Bit_QRemote[[#This Row],[CustomerRefFullName]]=\"GRUVALCORP SA\",VLOOKUP(Tabla_Consulta_desde_QuickBooks_Data_64_Bit_QRemote[[#This Row],[SalesOrderLineItemRefFullName]],Hoja1!A:E,5,FALSE),\"\")*-Tabla_Consulta_desde_QuickBooks_Data_64_Bit_QRemote[[#This Row],[SalesOrderLineAmount]],\"\")","v":""},{"$f":"IF(COUNTIF(wms!E:E,Tabla_Consulta_desde_QuickBooks_Data_64_Bit_QRemote[[#This Row],[RefNumber]])>0,\"OK\",\"FALTA\")","v":"FALTA"}]
["2025-06-03","29126","GERARDO ORTIZ E HIJOS CIA. LTDA.","AM055195 AMBATO",5,"705424000116","P.T:110207","AJÍ CON MARACUYA OLE 185G","Bodega Producto Terminado",24,"X24",1.42,34.08,"UNIDAD SALSA",0,202.56,232.94,"IVA EN VENTAS 15%",{"$f":"IFERROR(IF(Tabla_Consulta_desde_QuickBooks_Data_64_Bit_QRemote[[#This Row],[SalesOrderLineUnitOfMeasure]]=\"un\",Tabla_Consulta_desde_QuickBooks_Data_64_Bit_QRemote[[#This Row],[SalesOrderLineQuantity]],Tabla_Consulta_desde_QuickBooks_Data_64_Bit_QRemote[[#This Row],[SalesOrderLineQuantity]]/MID(Tabla_Consulta_desde_QuickBooks_Data_64_Bit_QRemote[[#This Row],[SalesOrderLineUnitOfMeasure]],2,2)),0)","v":1},{"$f":"IFERROR(IF(Tabla_Consulta_desde_QuickBooks_Data_64_Bit_QRemote[[#This Row],[SalesOrderLineUnitOfMeasure]]=\"un\",Tabla_Consulta_desde_QuickBooks_Data_64_Bit_QRemote[[#This Row],[SalesOrderLineInvoiced]],Tabla_Consulta_desde_QuickBooks_Data_64_Bit_QRemote[[#This Row],[SalesOrderLineInvoiced]]/MID(Tabla_Consulta_desde_QuickBooks_Data_64_Bit_QRemote[[#This Row],[SalesOrderLineUnitOfMeasure]],2,2)),0)","v":0},{"$f":"+Tabla_Consulta_desde_QuickBooks_Data_64_Bit_QRemote[[#This Row],[facturado]]-Tabla_Consulta_desde_QuickBooks_Data_64_Bit_QRemote[[#This Row],[pide]]","v":-1},{"$f":"IF(Tabla_Consulta_desde_QuickBooks_Data_64_Bit_QRemote[[#This Row],[diferecia]]=0,\"ok\",\"diferen\")","v":"diferen"},{"$f":"IFERROR(INDEX(um!A:C,MATCH(Tabla_Consulta_desde_QuickBooks_Data_64_Bit_QRemote[[#This Row],[SalesOrderLineItemRefFullName]],um!A:A,0),3),\"\")","v":"X24"},{"$f":"IFERROR(IF(OR(Tabla_Consulta_desde_QuickBooks_Data_64_Bit_QRemote[[#This Row],[SalesOrderLineUnitOfMeasure]]=\"UN\",Tabla_Consulta_desde_QuickBooks_Data_64_Bit_QRemote[[#This Row],[SalesOrderLineUnitOfMeasure]]=Tabla_Consulta_desde_QuickBooks_Data_64_Bit_QRemote[[#This Row],[U/M]]),\"\",\"ERROR\"),\"\")","v":""},{"$f":"+WEEKNUM(Tabla_Consulta_desde_QuickBooks_Data_64_Bit_QRemote[[#This Row],[TxnDate]])","v":23},{"$f":"+Tabla_Consulta_desde_QuickBooks_Data_64_Bit_QRemote[[#This Row],[SalesOrderLineRate]]*Tabla_Consulta_desde_QuickBooks_Data_64_Bit_QRemote[[#This Row],[SalesOrderLineInvoiced]]","v":0},{"$f":"+IFERROR(IF(Tabla_Consulta_desde_QuickBooks_Data_64_Bit_QRemote[[#This Row],[CustomerRefFullName]]=\"GRUVALCORP SA\",VLOOKUP(Tabla_Consulta_desde_QuickBooks_Data_64_Bit_QRemote[[#This Row],[SalesOrderLineItemRefFullName]],Hoja1!A:E,5,FALSE),\"\")*-Tabla_Consulta_desde_QuickBooks_Data_64_Bit_QRemote[[#This Row],[SalesOrderLineAmount]],\"\")","v":""},{"$f":"IF(COUNTIF(wms!E:E,Tabla_Consulta_desde_QuickBooks_Data_64_Bit_QRemote[[#This Row],[RefNumber]])>0,\"OK\",\"FALTA\")","v":"FALTA"}]
["2025-06-03","29126","GERARDO ORTIZ E HIJOS CIA. LTDA.","AM055195 AMBATO",6,"7862112521698","P.T:311407","VINAGRE DE MANZANA CON LA MADRE OLE 500ML","Bodega Producto Terminado",12,"X12",4.28,51.36,"UNIDAD SALSA",0,202.56,232.94,"IVA EN VENTAS 15%",{"$f":"IFERROR(IF(Tabla_Consulta_desde_QuickBooks_Data_64_Bit_QRemote[[#This Row],[SalesOrderLineUnitOfMeasure]]=\"un\",Tabla_Consulta_desde_QuickBooks_Data_64_Bit_QRemote[[#This Row],[SalesOrderLineQuantity]],Tabla_Consulta_desde_QuickBooks_Data_64_Bit_QRemote[[#This Row],[SalesOrderLineQuantity]]/MID(Tabla_Consulta_desde_QuickBooks_Data_64_Bit_QRemote[[#This Row],[SalesOrderLineUnitOfMeasure]],2,2)),0)","v":1},{"$f":"IFERROR(IF(Tabla_Consulta_desde_QuickBooks_Data_64_Bit_QRemote[[#This Row],[SalesOrderLineUnitOfMeasure]]=\"un\",Tabla_Consulta_desde_QuickBooks_Data_64_Bit_QRemote[[#This Row],[SalesOrderLineInvoiced]],Tabla_Consulta_desde_QuickBooks_Data_64_Bit_QRemote[[#This Row],[SalesOrderLineInvoiced]]/MID(Tabla_Consulta_desde_QuickBooks_Data_64_Bit_QRemote[[#This Row],[SalesOrderLineUnitOfMeasure]],2,2)),0)","v":0},{"$f":"+Tabla_Consulta_desde_QuickBooks_Data_64_Bit_QRemote[[#This Row],[facturado]]-Tabla_Consulta_desde_QuickBooks_Data_64_Bit_QRemote[[#This Row],[pide]]","v":-1},{"$f":"IF(Tabla_Consulta_desde_QuickBooks_Data_64_Bit_QRemote[[#This Row],[diferecia]]=0,\"ok\",\"diferen\")","v":"diferen"},{"$f":"IFERROR(INDEX(um!A:C,MATCH(Tabla_Consulta_desde_QuickBooks_Data_64_Bit_QRemote[[#This Row],[SalesOrderLineItemRefFullName]],um!A:A,0),3),\"\")","v":"X12"},{"$f":"IFERROR(IF(OR(Tabla_Consulta_desde_QuickBooks_Data_64_Bit_QRemote[[#This Row],[SalesOrderLineUnitOfMeasure]]=\"UN\",Tabla_Consulta_desde_QuickBooks_Data_64_Bit_QRemote[[#This Row],[SalesOrderLineUnitOfMeasure]]=Tabla_Consulta_desde_QuickBooks_Data_64_Bit_QRemote[[#This Row],[U/M]]),\"\",\"ERROR\"),\"\")","v":""},{"$f":"+WEEKNUM(Tabla_Consulta_desde_QuickBooks_Data_64_Bit_QRemote[[#This Row],[TxnDate]])","v":23},{"$f":"+Tabla_Consulta_desde_QuickBooks_Data_64_Bit_QRemote[[#This Row],[SalesOrderLineRate]]*Tabla_Consulta_desde_QuickBooks_Data_64_Bit_QRemote[[#This Row],[SalesOrderLineInvoiced]]","v":0},{"$f":"+IFERROR(IF(Tabla_Consulta_desde_QuickBooks_Data_64_Bit_QRemote[[#This Row],[CustomerRefFullName]]=\"GRUVALCORP SA\",VLOOKUP(Tabla_Consulta_desde_QuickBooks_Data_64_Bit_QRemote[[#This Row],[SalesOrderLineItemRefFullName]],Hoja1!A:E,5,FALSE),\"\")*-Tabla_Consulta_desde_QuickBooks_Data_64_Bit_QRemote[[#This Row],[SalesOrderLineAmount]],\"\")","v":""},{"$f":"IF(COUNTIF(wms!E:E,Tabla_Consulta_desde_QuickBooks_Data_64_Bit_QRemote[[#This Row],[RefNumber]])>0,\"OK\",\"FALTA\")","v":"FALTA"}]
["2025-06-03","29126","GERARDO ORTIZ E HIJOS CIA. LTDA.","AM055195 AMBATO",7,null,"INFOADICIONAL","AM055195 AMBATO",null,null,null,0,0,null,0,202.56,232.94,"IVA EN VENTAS 15%",{"$f":"IFERROR(IF(Tabla_Consulta_desde_QuickBooks_Data_64_Bit_QRemote[[#This Row],[SalesOrderLineUnitOfMeasure]]=\"un\",Tabla_Consulta_desde_QuickBooks_Data_64_Bit_QRemote[[#This Row],[SalesOrderLineQuantity]],Tabla_Consulta_desde_QuickBooks_Data_64_Bit_QRemote[[#This Row],[SalesOrderLineQuantity]]/MID(Tabla_Consulta_desde_QuickBooks_Data_64_Bit_QRemote[[#This Row],[SalesOrderLineUnitOfMeasure]],2,2)),0)","v":0},{"$f":"IFERROR(IF(Tabla_Consulta_desde_QuickBooks_Data_64_Bit_QRemote[[#This Row],[SalesOrderLineUnitOfMeasure]]=\"un\",Tabla_Consulta_desde_QuickBooks_Data_64_Bit_QRemote[[#This Row],[SalesOrderLineInvoiced]],Tabla_Consulta_desde_QuickBooks_Data_64_Bit_QRemote[[#This Row],[SalesOrderLineInvoiced]]/MID(Tabla_Consulta_desde_QuickBooks_Data_64_Bit_QRemote[[#This Row],[SalesOrderLineUnitOfMeasure]],2,2)),0)","v":0},{"$f":"+Tabla_Consulta_desde_QuickBooks_Data_64_Bit_QRemote[[#This Row],[facturado]]-Tabla_Consulta_desde_QuickBooks_Data_64_Bit_QRemote[[#This Row],[pide]]","v":0},{"$f":"IF(Tabla_Consulta_desde_QuickBooks_Data_64_Bit_QRemote[[#This Row],[diferecia]]=0,\"ok\",\"diferen\")","v":"ok"},{"$f":"IFERROR(INDEX(um!A:C,MATCH(Tabla_Consulta_desde_QuickBooks_Data_64_Bit_QRemote[[#This Row],[SalesOrderLineItemRefFullName]],um!A:A,0),3),\"\")","v":""},{"$f":"IFERROR(IF(OR(Tabla_Consulta_desde_QuickBooks_Data_64_Bit_QRemote[[#This Row],[SalesOrderLineUnitOfMeasure]]=\"UN\",Tabla_Consulta_desde_QuickBooks_Data_64_Bit_QRemote[[#This Row],[SalesOrderLineUnitOfMeasure]]=Tabla_Consulta_desde_QuickBooks_Data_64_Bit_QRemote[[#This Row],[U/M]]),\"\",\"ERROR\"),\"\")","v":""},{"$f":"+WEEKNUM(Tabla_Consulta_desde_QuickBooks_Data_64_Bit_QRemote[[#This Row],[TxnDate]])","v":23},{"$f":"+Tabla_Consulta_desde_QuickBooks_Data_64_Bit_QRemote[[#This Row],[SalesOrderLineRate]]*Tabla_Consulta_desde_QuickBooks_Data_64_Bit_QRemote[[#This Row],[SalesOrderLineInvoiced]]","v":0},{"$f":"+IFERROR(IF(Tabla_Consulta_desde_QuickBooks_Data_64_Bit_QRemote[[#This Row],[CustomerRefFullName]]=\"GRUVALCORP SA\",VLOOKUP(Tabla_Consulta_desde_QuickBooks_Data_64_Bit_QRemote[[#This Row],[SalesOrderLineItemRefFullName]],Hoja1!A:E,5,FALSE),\"\")*-Tabla_Consulta_desde_QuickBooks_Data_64_Bit_QRemote[[#This Row],[SalesOrderLineAmount]],\"\")","v":""},{"$f":"IF(COUNTIF(wms!E:E,Tabla_Consulta_desde_QuickBooks_Data_64_Bit_QRemote[[#This Row],[RefNumber]])>0,\"OK\",\"FALTA\")","v":"FALTA"}]
["2025-06-03","29127","GERARDO ORTIZ E HIJOS CIA. LTDA.","SD191732 STO. DOMIN",1,"7862112523296","P.T:110622","PEPINILLOS CON JALAPEÑO OLE 225G","Bodega Producto Terminado",24,"X24",1.69,40.56,"UNIDAD SALSA",0,101.76,117.02,"IVA EN VENTAS 15%",{"$f":"IFERROR(IF(Tabla_Consulta_desde_QuickBooks_Data_64_Bit_QRemote[[#This Row],[SalesOrderLineUnitOfMeasure]]=\"un\",Tabla_Consulta_desde_QuickBooks_Data_64_Bit_QRemote[[#This Row],[SalesOrderLineQuantity]],Tabla_Consulta_desde_QuickBooks_Data_64_Bit_QRemote[[#This Row],[SalesOrderLineQuantity]]/MID(Tabla_Consulta_desde_QuickBooks_Data_64_Bit_QRemote[[#This Row],[SalesOrderLineUnitOfMeasure]],2,2)),0)","v":1},{"$f":"IFERROR(IF(Tabla_Consulta_desde_QuickBooks_Data_64_Bit_QRemote[[#This Row],[SalesOrderLineUnitOfMeasure]]=\"un\",Tabla_Consulta_desde_QuickBooks_Data_64_Bit_QRemote[[#This Row],[SalesOrderLineInvoiced]],Tabla_Consulta_desde_QuickBooks_Data_64_Bit_QRemote[[#This Row],[SalesOrderLineInvoiced]]/MID(Tabla_Consulta_desde_QuickBooks_Data_64_Bit_QRemote[[#This Row],[SalesOrderLineUnitOfMeasure]],2,2)),0)","v":0},{"$f":"+Tabla_Consulta_desde_QuickBooks_Data_64_Bit_QRemote[[#This Row],[facturado]]-Tabla_Consulta_desde_QuickBooks_Data_64_Bit_QRemote[[#This Row],[pide]]","v":-1},{"$f":"IF(Tabla_Consulta_desde_QuickBooks_Data_64_Bit_QRemote[[#This Row],[diferecia]]=0,\"ok\",\"diferen\")","v":"diferen"},{"$f":"IFERROR(INDEX(um!A:C,MATCH(Tabla_Consulta_desde_QuickBooks_Data_64_Bit_QRemote[[#This Row],[SalesOrderLineItemRefFullName]],um!A:A,0),3),\"\")","v":"X24"},{"$f":"IFERROR(IF(OR(Tabla_Consulta_desde_QuickBooks_Data_64_Bit_QRemote[[#This Row],[SalesOrderLineUnitOfMeasure]]=\"UN\",Tabla_Consulta_desde_QuickBooks_Data_64_Bit_QRemote[[#This Row],[SalesOrderLineUnitOfMeasure]]=Tabla_Consulta_desde_QuickBooks_Data_64_Bit_QRemote[[#This Row],[U/M]]),\"\",\"ERROR\"),\"\")","v":""},{"$f":"+WEEKNUM(Tabla_Consulta_desde_QuickBooks_Data_64_Bit_QRemote[[#This Row],[TxnDate]])","v":23},{"$f":"+Tabla_Consulta_desde_QuickBooks_Data_64_Bit_QRemote[[#This Row],[SalesOrderLineRate]]*Tabla_Consulta_desde_QuickBooks_Data_64_Bit_QRemote[[#This Row],[SalesOrderLineInvoiced]]","v":0},{"$f":"+IFERROR(IF(Tabla_Consulta_desde_QuickBooks_Data_64_Bit_QRemote[[#This Row],[CustomerRefFullName]]=\"GRUVALCORP SA\",VLOOKUP(Tabla_Consulta_desde_QuickBooks_Data_64_Bit_QRemote[[#This Row],[SalesOrderLineItemRefFullName]],Hoja1!A:E,5,FALSE),\"\")*-Tabla_Consulta_desde_QuickBooks_Data_64_Bit_QRemote[[#This Row],[SalesOrderLineAmount]],\"\")","v":""},{"$f":"IF(COUNTIF(wms!E:E,Tabla_Consulta_desde_QuickBooks_Data_64_Bit_QRemote[[#This Row],[RefNumber]])>0,\"OK\",\"FALTA\")","v":"FALTA"}]
["2025-06-03","29127","GERARDO ORTIZ E HIJOS CIA. LTDA.","SD191732 STO. DOMIN",2,"7862112523043","P.T:110745","SALSA PICANTE HABANERO OLE 100G","Bodega Producto Terminado",12,"X12",0.6,7.2,"UNIDAD SALSA",0,101.76,117.02,"IVA EN VENTAS 15%",{"$f":"IFERROR(IF(Tabla_Consulta_desde_QuickBooks_Data_64_Bit_QRemote[[#This Row],[SalesOrderLineUnitOfMeasure]]=\"un\",Tabla_Consulta_desde_QuickBooks_Data_64_Bit_QRemote[[#This Row],[SalesOrderLineQuantity]],Tabla_Consulta_desde_QuickBooks_Data_64_Bit_QRemote[[#This Row],[SalesOrderLineQuantity]]/MID(Tabla_Consulta_desde_QuickBooks_Data_64_Bit_QRemote[[#This Row],[SalesOrderLineUnitOfMeasure]],2,2)),0)","v":1},{"$f":"IFERROR(IF(Tabla_Consulta_desde_QuickBooks_Data_64_Bit_QRemote[[#This Row],[SalesOrderLineUnitOfMeasure]]=\"un\",Tabla_Consulta_desde_QuickBooks_Data_64_Bit_QRemote[[#This Row],[SalesOrderLineInvoiced]],Tabla_Consulta_desde_QuickBooks_Data_64_Bit_QRemote[[#This Row],[SalesOrderLineInvoiced]]/MID(Tabla_Consulta_desde_QuickBooks_Data_64_Bit_QRemote[[#This Row],[SalesOrderLineUnitOfMeasure]],2,2)),0)","v":0},{"$f":"+Tabla_Consulta_desde_QuickBooks_Data_64_Bit_QRemote[[#This Row],[facturado]]-Tabla_Consulta_desde_QuickBooks_Data_64_Bit_QRemote[[#This Row],[pide]]","v":-1},{"$f":"IF(Tabla_Consulta_desde_QuickBooks_Data_64_Bit_QRemote[[#This Row],[diferecia]]=0,\"ok\",\"diferen\")","v":"diferen"},{"$f":"IFERROR(INDEX(um!A:C,MATCH(Tabla_Consulta_desde_QuickBooks_Data_64_Bit_QRemote[[#This Row],[SalesOrderLineItemRefFullName]],um!A:A,0),3),\"\")","v":"X12"},{"$f":"IFERROR(IF(OR(Tabla_Consulta_desde_QuickBooks_Data_64_Bit_QRemote[[#This Row],[SalesOrderLineUnitOfMeasure]]=\"UN\",Tabla_Consulta_desde_QuickBooks_Data_64_Bit_QRemote[[#This Row],[SalesOrderLineUnitOfMeasure]]=Tabla_Consulta_desde_QuickBooks_Data_64_Bit_QRemote[[#This Row],[U/M]]),\"\",\"ERROR\"),\"\")","v":""},{"$f":"+WEEKNUM(Tabla_Consulta_desde_QuickBooks_Data_64_Bit_QRemote[[#This Row],[TxnDate]])","v":23},{"$f":"+Tabla_Consulta_desde_QuickBooks_Data_64_Bit_QRemote[[#This Row],[SalesOrderLineRate]]*Tabla_Consulta_desde_QuickBooks_Data_64_Bit_QRemote[[#This Row],[SalesOrderLineInvoiced]]","v":0},{"$f":"+IFERROR(IF(Tabla_Consulta_desde_QuickBooks_Data_64_Bit_QRemote[[#This Row],[CustomerRefFullName]]=\"GRUVALCORP SA\",VLOOKUP(Tabla_Consulta_desde_QuickBooks_Data_64_Bit_QRemote[[#This Row],[SalesOrderLineItemRefFullName]],Hoja1!A:E,5,FALSE),\"\")*-Tabla_Consulta_desde_QuickBooks_Data_64_Bit_QRemote[[#This Row],[SalesOrderLineAmount]],\"\")","v":""},{"$f":"IF(COUNTIF(wms!E:E,Tabla_Consulta_desde_QuickBooks_Data_64_Bit_QRemote[[#This Row],[RefNumber]])>0,\"OK\",\"FALTA\")","v":"FALTA"}]
["2025-06-03","29127","GERARDO ORTIZ E HIJOS CIA. LTDA.","SD191732 STO. DOMIN",3,"705424000116","P.T:110207","AJÍ CON MARACUYA OLE 185G","Bodega Producto Terminado",24,"X24",1.42,34.08,"UNIDAD SALSA",0,101.76,117.02,"IVA EN VENTAS 15%",{"$f":"IFERROR(IF(Tabla_Consulta_desde_QuickBooks_Data_64_Bit_QRemote[[#This Row],[SalesOrderLineUnitOfMeasure]]=\"un\",Tabla_Consulta_desde_QuickBooks_Data_64_Bit_QRemote[[#This Row],[SalesOrderLineQuantity]],Tabla_Consulta_desde_QuickBooks_Data_64_Bit_QRemote[[#This Row],[SalesOrderLineQuantity]]/MID(Tabla_Consulta_desde_QuickBooks_Data_64_Bit_QRemote[[#This Row],[SalesOrderLineUnitOfMeasure]],2,2)),0)","v":1},{"$f":"IFERROR(IF(Tabla_Consulta_desde_QuickBooks_Data_64_Bit_QRemote[[#This Row],[SalesOrderLineUnitOfMeasure]]=\"un\",Tabla_Consulta_desde_QuickBooks_Data_64_Bit_QRemote[[#This Row],[SalesOrderLineInvoiced]],Tabla_Consulta_desde_QuickBooks_Data_64_Bit_QRemote[[#This Row],[SalesOrderLineInvoiced]]/MID(Tabla_Consulta_desde_QuickBooks_Data_64_Bit_QRemote[[#This Row],[SalesOrderLineUnitOfMeasure]],2,2)),0)","v":0},{"$f":"+Tabla_Consulta_desde_QuickBooks_Data_64_Bit_QRemote[[#This Row],[facturado]]-Tabla_Consulta_desde_QuickBooks_Data_64_Bit_QRemote[[#This Row],[pide]]","v":-1},{"$f":"IF(Tabla_Consulta_desde_QuickBooks_Data_64_Bit_QRemote[[#This Row],[diferecia]]=0,\"ok\",\"diferen\")","v":"diferen"},{"$f":"IFERROR(INDEX(um!A:C,MATCH(Tabla_Consulta_desde_QuickBooks_Data_64_Bit_QRemote[[#This Row],[SalesOrderLineItemRefFullName]],um!A:A,0),3),\"\")","v":"X24"},{"$f":"IFERROR(IF(OR(Tabla_Consulta_desde_QuickBooks_Data_64_Bit_QRemote[[#This Row],[SalesOrderLineUnitOfMeasure]]=\"UN\",Tabla_Consulta_desde_QuickBooks_Data_64_Bit_QRemote[[#This Row],[SalesOrderLineUnitOfMeasure]]=Tabla_Consulta_desde_QuickBooks_Data_64_Bit_QRemote[[#This Row],[U/M]]),\"\",\"ERROR\"),\"\")","v":""},{"$f":"+WEEKNUM(Tabla_Consulta_desde_QuickBooks_Data_64_Bit_QRemote[[#This Row],[TxnDate]])","v":23},{"$f":"+Tabla_Consulta_desde_QuickBooks_Data_64_Bit_QRemote[[#This Row],[SalesOrderLineRate]]*Tabla_Consulta_desde_QuickBooks_Data_64_Bit_QRemote[[#This Row],[SalesOrderLineInvoiced]]","v":0},{"$f":"+IFERROR(IF(Tabla_Consulta_desde_QuickBooks_Data_64_Bit_QRemote[[#This Row],[CustomerRefFullName]]=\"GRUVALCORP SA\",VLOOKUP(Tabla_Consulta_desde_QuickBooks_Data_64_Bit_QRemote[[#This Row],[SalesOrderLineItemRefFullName]],Hoja1!A:E,5,FALSE),\"\")*-Tabla_Consulta_desde_QuickBooks_Data_64_Bit_QRemote[[#This Row],[SalesOrderLineAmount]],\"\")","v":""},{"$f":"IF(COUNTIF(wms!E:E,Tabla_Consulta_desde_QuickBooks_Data_64_Bit_QRemote[[#This Row],[RefNumber]])>0,\"OK\",\"FALTA\")","v":"FALTA"}]
["2025-06-03","29127","GERARDO ORTIZ E HIJOS CIA. LTDA.","SD191732 STO. DOMIN",4,"7862112522183","P.T:110733","SALSA GUACAMOLE OLE 220G","Bodega Producto Terminado",12,"X12",1.66,19.920000000000002,"UNIDAD SALSA",0,101.76,117.02,"IVA EN VENTAS 15%",{"$f":"IFERROR(IF(Tabla_Consulta_desde_QuickBooks_Data_64_Bit_QRemote[[#This Row],[SalesOrderLineUnitOfMeasure]]=\"un\",Tabla_Consulta_desde_QuickBooks_Data_64_Bit_QRemote[[#This Row],[SalesOrderLineQuantity]],Tabla_Consulta_desde_QuickBooks_Data_64_Bit_QRemote[[#This Row],[SalesOrderLineQuantity]]/MID(Tabla_Consulta_desde_QuickBooks_Data_64_Bit_QRemote[[#This Row],[SalesOrderLineUnitOfMeasure]],2,2)),0)","v":1},{"$f":"IFERROR(IF(Tabla_Consulta_desde_QuickBooks_Data_64_Bit_QRemote[[#This Row],[SalesOrderLineUnitOfMeasure]]=\"un\",Tabla_Consulta_desde_QuickBooks_Data_64_Bit_QRemote[[#This Row],[SalesOrderLineInvoiced]],Tabla_Consulta_desde_QuickBooks_Data_64_Bit_QRemote[[#This Row],[SalesOrderLineInvoiced]]/MID(Tabla_Consulta_desde_QuickBooks_Data_64_Bit_QRemote[[#This Row],[SalesOrderLineUnitOfMeasure]],2,2)),0)","v":0},{"$f":"+Tabla_Consulta_desde_QuickBooks_Data_64_Bit_QRemote[[#This Row],[facturado]]-Tabla_Consulta_desde_QuickBooks_Data_64_Bit_QRemote[[#This Row],[pide]]","v":-1},{"$f":"IF(Tabla_Consulta_desde_QuickBooks_Data_64_Bit_QRemote[[#This Row],[diferecia]]=0,\"ok\",\"diferen\")","v":"diferen"},{"$f":"IFERROR(INDEX(um!A:C,MATCH(Tabla_Consulta_desde_QuickBooks_Data_64_Bit_QRemote[[#This Row],[SalesOrderLineItemRefFullName]],um!A:A,0),3),\"\")","v":"X12"},{"$f":"IFERROR(IF(OR(Tabla_Consulta_desde_QuickBooks_Data_64_Bit_QRemote[[#This Row],[SalesOrderLineUnitOfMeasure]]=\"UN\",Tabla_Consulta_desde_QuickBooks_Data_64_Bit_QRemote[[#This Row],[SalesOrderLineUnitOfMeasure]]=Tabla_Consulta_desde_QuickBooks_Data_64_Bit_QRemote[[#This Row],[U/M]]),\"\",\"ERROR\"),\"\")","v":""},{"$f":"+WEEKNUM(Tabla_Consulta_desde_QuickBooks_Data_64_Bit_QRemote[[#This Row],[TxnDate]])","v":23},{"$f":"+Tabla_Consulta_desde_QuickBooks_Data_64_Bit_QRemote[[#This Row],[SalesOrderLineRate]]*Tabla_Consulta_desde_QuickBooks_Data_64_Bit_QRemote[[#This Row],[SalesOrderLineInvoiced]]","v":0},{"$f":"+IFERROR(IF(Tabla_Consulta_desde_QuickBooks_Data_64_Bit_QRemote[[#This Row],[CustomerRefFullName]]=\"GRUVALCORP SA\",VLOOKUP(Tabla_Consulta_desde_QuickBooks_Data_64_Bit_QRemote[[#This Row],[SalesOrderLineItemRefFullName]],Hoja1!A:E,5,FALSE),\"\")*-Tabla_Consulta_desde_QuickBooks_Data_64_Bit_QRemote[[#This Row],[SalesOrderLineAmount]],\"\")","v":""},{"$f":"IF(COUNTIF(wms!E:E,Tabla_Consulta_desde_QuickBooks_Data_64_Bit_QRemote[[#This Row],[RefNumber]])>0,\"OK\",\"FALTA\")","v":"FALTA"}]
["2025-06-03","29127","GERARDO ORTIZ E HIJOS CIA. LTDA.","SD191732 STO. DOMIN",5,null,"INFOADICIONAL","SD191732 STO. DOMIN",null,null,null,0,0,null,0,101.76,117.02,"IVA EN VENTAS 15%",{"$f":"IFERROR(IF(Tabla_Consulta_desde_QuickBooks_Data_64_Bit_QRemote[[#This Row],[SalesOrderLineUnitOfMeasure]]=\"un\",Tabla_Consulta_desde_QuickBooks_Data_64_Bit_QRemote[[#This Row],[SalesOrderLineQuantity]],Tabla_Consulta_desde_QuickBooks_Data_64_Bit_QRemote[[#This Row],[SalesOrderLineQuantity]]/MID(Tabla_Consulta_desde_QuickBooks_Data_64_Bit_QRemote[[#This Row],[SalesOrderLineUnitOfMeasure]],2,2)),0)","v":0},{"$f":"IFERROR(IF(Tabla_Consulta_desde_QuickBooks_Data_64_Bit_QRemote[[#This Row],[SalesOrderLineUnitOfMeasure]]=\"un\",Tabla_Consulta_desde_QuickBooks_Data_64_Bit_QRemote[[#This Row],[SalesOrderLineInvoiced]],Tabla_Consulta_desde_QuickBooks_Data_64_Bit_QRemote[[#This Row],[SalesOrderLineInvoiced]]/MID(Tabla_Consulta_desde_QuickBooks_Data_64_Bit_QRemote[[#This Row],[SalesOrderLineUnitOfMeasure]],2,2)),0)","v":0},{"$f":"+Tabla_Consulta_desde_QuickBooks_Data_64_Bit_QRemote[[#This Row],[facturado]]-Tabla_Consulta_desde_QuickBooks_Data_64_Bit_QRemote[[#This Row],[pide]]","v":0},{"$f":"IF(Tabla_Consulta_desde_QuickBooks_Data_64_Bit_QRemote[[#This Row],[diferecia]]=0,\"ok\",\"diferen\")","v":"ok"},{"$f":"IFERROR(INDEX(um!A:C,MATCH(Tabla_Consulta_desde_QuickBooks_Data_64_Bit_QRemote[[#This Row],[SalesOrderLineItemRefFullName]],um!A:A,0),3),\"\")","v":""},{"$f":"IFERROR(IF(OR(Tabla_Consulta_desde_QuickBooks_Data_64_Bit_QRemote[[#This Row],[SalesOrderLineUnitOfMeasure]]=\"UN\",Tabla_Consulta_desde_QuickBooks_Data_64_Bit_QRemote[[#This Row],[SalesOrderLineUnitOfMeasure]]=Tabla_Consulta_desde_QuickBooks_Data_64_Bit_QRemote[[#This Row],[U/M]]),\"\",\"ERROR\"),\"\")","v":""},{"$f":"+WEEKNUM(Tabla_Consulta_desde_QuickBooks_Data_64_Bit_QRemote[[#This Row],[TxnDate]])","v":23},{"$f":"+Tabla_Consulta_desde_QuickBooks_Data_64_Bit_QRemote[[#This Row],[SalesOrderLineRate]]*Tabla_Consulta_desde_QuickBooks_Data_64_Bit_QRemote[[#This Row],[SalesOrderLineInvoiced]]","v":0},{"$f":"+IFERROR(IF(Tabla_Consulta_desde_QuickBooks_Data_64_Bit_QRemote[[#This Row],[CustomerRefFullName]]=\"GRUVALCORP SA\",VLOOKUP(Tabla_Consulta_desde_QuickBooks_Data_64_Bit_QRemote[[#This Row],[SalesOrderLineItemRefFullName]],Hoja1!A:E,5,FALSE),\"\")*-Tabla_Consulta_desde_QuickBooks_Data_64_Bit_QRemote[[#This Row],[SalesOrderLineAmount]],\"\")","v":""},{"$f":"IF(COUNTIF(wms!E:E,Tabla_Consulta_desde_QuickBooks_Data_64_Bit_QRemote[[#This Row],[RefNumber]])>0,\"OK\",\"FALTA\")","v":"FALTA"}]
["2025-06-03","29128","GERARDO ORTIZ E HIJOS CIA. LTDA.","CA036200 TUMBACO",1,"7862112523296","P.T:110622","PEPINILLOS CON JALAPEÑO OLE 225G","Bodega Producto Terminado",24,"X24",1.69,40.56,"UNIDAD SALSA",0,423.54,487.07,"IVA EN VENTAS 15%",{"$f":"IFERROR(IF(Tabla_Consulta_desde_QuickBooks_Data_64_Bit_QRemote[[#This Row],[SalesOrderLineUnitOfMeasure]]=\"un\",Tabla_Consulta_desde_QuickBooks_Data_64_Bit_QRemote[[#This Row],[SalesOrderLineQuantity]],Tabla_Consulta_desde_QuickBooks_Data_64_Bit_QRemote[[#This Row],[SalesOrderLineQuantity]]/MID(Tabla_Consulta_desde_QuickBooks_Data_64_Bit_QRemote[[#This Row],[SalesOrderLineUnitOfMeasure]],2,2)),0)","v":1},{"$f":"IFERROR(IF(Tabla_Consulta_desde_QuickBooks_Data_64_Bit_QRemote[[#This Row],[SalesOrderLineUnitOfMeasure]]=\"un\",Tabla_Consulta_desde_QuickBooks_Data_64_Bit_QRemote[[#This Row],[SalesOrderLineInvoiced]],Tabla_Consulta_desde_QuickBooks_Data_64_Bit_QRemote[[#This Row],[SalesOrderLineInvoiced]]/MID(Tabla_Consulta_desde_QuickBooks_Data_64_Bit_QRemote[[#This Row],[SalesOrderLineUnitOfMeasure]],2,2)),0)","v":0},{"$f":"+Tabla_Consulta_desde_QuickBooks_Data_64_Bit_QRemote[[#This Row],[facturado]]-Tabla_Consulta_desde_QuickBooks_Data_64_Bit_QRemote[[#This Row],[pide]]","v":-1},{"$f":"IF(Tabla_Consulta_desde_QuickBooks_Data_64_Bit_QRemote[[#This Row],[diferecia]]=0,\"ok\",\"diferen\")","v":"diferen"},{"$f":"IFERROR(INDEX(um!A:C,MATCH(Tabla_Consulta_desde_QuickBooks_Data_64_Bit_QRemote[[#This Row],[SalesOrderLineItemRefFullName]],um!A:A,0),3),\"\")","v":"X24"},{"$f":"IFERROR(IF(OR(Tabla_Consulta_desde_QuickBooks_Data_64_Bit_QRemote[[#This Row],[SalesOrderLineUnitOfMeasure]]=\"UN\",Tabla_Consulta_desde_QuickBooks_Data_64_Bit_QRemote[[#This Row],[SalesOrderLineUnitOfMeasure]]=Tabla_Consulta_desde_QuickBooks_Data_64_Bit_QRemote[[#This Row],[U/M]]),\"\",\"ERROR\"),\"\")","v":""},{"$f":"+WEEKNUM(Tabla_Consulta_desde_QuickBooks_Data_64_Bit_QRemote[[#This Row],[TxnDate]])","v":23},{"$f":"+Tabla_Consulta_desde_QuickBooks_Data_64_Bit_QRemote[[#This Row],[SalesOrderLineRate]]*Tabla_Consulta_desde_QuickBooks_Data_64_Bit_QRemote[[#This Row],[SalesOrderLineInvoiced]]","v":0},{"$f":"+IFERROR(IF(Tabla_Consulta_desde_QuickBooks_Data_64_Bit_QRemote[[#This Row],[CustomerRefFullName]]=\"GRUVALCORP SA\",VLOOKUP(Tabla_Consulta_desde_QuickBooks_Data_64_Bit_QRemote[[#This Row],[SalesOrderLineItemRefFullName]],Hoja1!A:E,5,FALSE),\"\")*-Tabla_Consulta_desde_QuickBooks_Data_64_Bit_QRemote[[#This Row],[SalesOrderLineAmount]],\"\")","v":""},{"$f":"IF(COUNTIF(wms!E:E,Tabla_Consulta_desde_QuickBooks_Data_64_Bit_QRemote[[#This Row],[RefNumber]])>0,\"OK\",\"FALTA\")","v":"FALTA"}]
["2025-06-03","29128","GERARDO ORTIZ E HIJOS CIA. LTDA.","CA036200 TUMBACO",2,"7862112520509","P.T:110606","JALAPEÑO ROJOS Y VERDES AGRIDULCES OLE 250G","Bodega Producto Terminado",12,"X12",1.62,19.440000000000001,"UNIDAD SALSA",0,423.54,487.07,"IVA EN VENTAS 15%",{"$f":"IFERROR(IF(Tabla_Consulta_desde_QuickBooks_Data_64_Bit_QRemote[[#This Row],[SalesOrderLineUnitOfMeasure]]=\"un\",Tabla_Consulta_desde_QuickBooks_Data_64_Bit_QRemote[[#This Row],[SalesOrderLineQuantity]],Tabla_Consulta_desde_QuickBooks_Data_64_Bit_QRemote[[#This Row],[SalesOrderLineQuantity]]/MID(Tabla_Consulta_desde_QuickBooks_Data_64_Bit_QRemote[[#This Row],[SalesOrderLineUnitOfMeasure]],2,2)),0)","v":1},{"$f":"IFERROR(IF(Tabla_Consulta_desde_QuickBooks_Data_64_Bit_QRemote[[#This Row],[SalesOrderLineUnitOfMeasure]]=\"un\",Tabla_Consulta_desde_QuickBooks_Data_64_Bit_QRemote[[#This Row],[SalesOrderLineInvoiced]],Tabla_Consulta_desde_QuickBooks_Data_64_Bit_QRemote[[#This Row],[SalesOrderLineInvoiced]]/MID(Tabla_Consulta_desde_QuickBooks_Data_64_Bit_QRemote[[#This Row],[SalesOrderLineUnitOfMeasure]],2,2)),0)","v":0},{"$f":"+Tabla_Consulta_desde_QuickBooks_Data_64_Bit_QRemote[[#This Row],[facturado]]-Tabla_Consulta_desde_QuickBooks_Data_64_Bit_QRemote[[#This Row],[pide]]","v":-1},{"$f":"IF(Tabla_Consulta_desde_QuickBooks_Data_64_Bit_QRemote[[#This Row],[diferecia]]=0,\"ok\",\"diferen\")","v":"diferen"},{"$f":"IFERROR(INDEX(um!A:C,MATCH(Tabla_Consulta_desde_QuickBooks_Data_64_Bit_QRemote[[#This Row],[SalesOrderLineItemRefFullName]],um!A:A,0),3),\"\")","v":"X12"},{"$f":"IFERROR(IF(OR(Tabla_Consulta_desde_QuickBooks_Data_64_Bit_QRemote[[#This Row],[SalesOrderLineUnitOfMeasure]]=\"UN\",Tabla_Consulta_desde_QuickBooks_Data_64_Bit_QRemote[[#This Row],[SalesOrderLineUnitOfMeasure]]=Tabla_Consulta_desde_QuickBooks_Data_64_Bit_QRemote[[#This Row],[U/M]]),\"\",\"ERROR\"),\"\")","v":""},{"$f":"+WEEKNUM(Tabla_Consulta_desde_QuickBooks_Data_64_Bit_QRemote[[#This Row],[TxnDate]])","v":23},{"$f":"+Tabla_Consulta_desde_QuickBooks_Data_64_Bit_QRemote[[#This Row],[SalesOrderLineRate]]*Tabla_Consulta_desde_QuickBooks_Data_64_Bit_QRemote[[#This Row],[SalesOrderLineInvoiced]]","v":0},{"$f":"+IFERROR(IF(Tabla_Consulta_desde_QuickBooks_Data_64_Bit_QRemote[[#This Row],[CustomerRefFullName]]=\"GRUVALCORP SA\",VLOOKUP(Tabla_Consulta_desde_QuickBooks_Data_64_Bit_QRemote[[#This Row],[SalesOrderLineItemRefFullName]],Hoja1!A:E,5,FALSE),\"\")*-Tabla_Consulta_desde_QuickBooks_Data_64_Bit_QRemote[[#This Row],[SalesOrderLineAmount]],\"\")","v":""},{"$f":"IF(COUNTIF(wms!E:E,Tabla_Consulta_desde_QuickBooks_Data_64_Bit_QRemote[[#This Row],[RefNumber]])>0,\"OK\",\"FALTA\")","v":"FALTA"}]
["2025-06-03","29128","GERARDO ORTIZ E HIJOS CIA. LTDA.","CA036200 TUMBACO",3,"7862112523234","P.T:110730","CHIMICHURRI HAWAIANO OLE 230G","Bodega Producto Terminado",12,"X12",2.2599999999999998,27.12,"UNIDAD SALSA",0,423.54,487.07,"IVA EN VENTAS 15%",{"$f":"IFERROR(IF(Tabla_Consulta_desde_QuickBooks_Data_64_Bit_QRemote[[#This Row],[SalesOrderLineUnitOfMeasure]]=\"un\",Tabla_Consulta_desde_QuickBooks_Data_64_Bit_QRemote[[#This Row],[SalesOrderLineQuantity]],Tabla_Consulta_desde_QuickBooks_Data_64_Bit_QRemote[[#This Row],[SalesOrderLineQuantity]]/MID(Tabla_Consulta_desde_QuickBooks_Data_64_Bit_QRemote[[#This Row],[SalesOrderLineUnitOfMeasure]],2,2)),0)","v":1},{"$f":"IFERROR(IF(Tabla_Consulta_desde_QuickBooks_Data_64_Bit_QRemote[[#This Row],[SalesOrderLineUnitOfMeasure]]=\"un\",Tabla_Consulta_desde_QuickBooks_Data_64_Bit_QRemote[[#This Row],[SalesOrderLineInvoiced]],Tabla_Consulta_desde_QuickBooks_Data_64_Bit_QRemote[[#This Row],[SalesOrderLineInvoiced]]/MID(Tabla_Consulta_desde_QuickBooks_Data_64_Bit_QRemote[[#This Row],[SalesOrderLineUnitOfMeasure]],2,2)),0)","v":0},{"$f":"+Tabla_Consulta_desde_QuickBooks_Data_64_Bit_QRemote[[#This Row],[facturado]]-Tabla_Consulta_desde_QuickBooks_Data_64_Bit_QRemote[[#This Row],[pide]]","v":-1},{"$f":"IF(Tabla_Consulta_desde_QuickBooks_Data_64_Bit_QRemote[[#This Row],[diferecia]]=0,\"ok\",\"diferen\")","v":"diferen"},{"$f":"IFERROR(INDEX(um!A:C,MATCH(Tabla_Consulta_desde_QuickBooks_Data_64_Bit_QRemote[[#This Row],[SalesOrderLineItemRefFullName]],um!A:A,0),3),\"\")","v":"X12"},{"$f":"IFERROR(IF(OR(Tabla_Consulta_desde_QuickBooks_Data_64_Bit_QRemote[[#This Row],[SalesOrderLineUnitOfMeasure]]=\"UN\",Tabla_Consulta_desde_QuickBooks_Data_64_Bit_QRemote[[#This Row],[SalesOrderLineUnitOfMeasure]]=Tabla_Consulta_desde_QuickBooks_Data_64_Bit_QRemote[[#This Row],[U/M]]),\"\",\"ERROR\"),\"\")","v":""},{"$f":"+WEEKNUM(Tabla_Consulta_desde_QuickBooks_Data_64_Bit_QRemote[[#This Row],[TxnDate]])","v":23},{"$f":"+Tabla_Consulta_desde_QuickBooks_Data_64_Bit_QRemote[[#This Row],[SalesOrderLineRate]]*Tabla_Consulta_desde_QuickBooks_Data_64_Bit_QRemote[[#This Row],[SalesOrderLineInvoiced]]","v":0},{"$f":"+IFERROR(IF(Tabla_Consulta_desde_QuickBooks_Data_64_Bit_QRemote[[#This Row],[CustomerRefFullName]]=\"GRUVALCORP SA\",VLOOKUP(Tabla_Consulta_desde_QuickBooks_Data_64_Bit_QRemote[[#This Row],[SalesOrderLineItemRefFullName]],Hoja1!A:E,5,FALSE),\"\")*-Tabla_Consulta_desde_QuickBooks_Data_64_Bit_QRemote[[#This Row],[SalesOrderLineAmount]],\"\")","v":""},{"$f":"IF(COUNTIF(wms!E:E,Tabla_Consulta_desde_QuickBooks_Data_64_Bit_QRemote[[#This Row],[RefNumber]])>0,\"OK\",\"FALTA\")","v":"FALTA"}]
["2025-06-03","29128","GERARDO ORTIZ E HIJOS CIA. LTDA.","CA036200 TUMBACO",4,"7862112522626","P.T:110701","CHIMICHURRI ESTILO ARGENTINO OLE 380G","Bodega Producto Terminado",12,"X12",2.9,34.799999999999997,"UNIDAD SALSA",0,423.54,487.07,"IVA EN VENTAS 15%",{"$f":"IFERROR(IF(Tabla_Consulta_desde_QuickBooks_Data_64_Bit_QRemote[[#This Row],[SalesOrderLineUnitOfMeasure]]=\"un\",Tabla_Consulta_desde_QuickBooks_Data_64_Bit_QRemote[[#This Row],[SalesOrderLineQuantity]],Tabla_Consulta_desde_QuickBooks_Data_64_Bit_QRemote[[#This Row],[SalesOrderLineQuantity]]/MID(Tabla_Consulta_desde_QuickBooks_Data_64_Bit_QRemote[[#This Row],[SalesOrderLineUnitOfMeasure]],2,2)),0)","v":1},{"$f":"IFERROR(IF(Tabla_Consulta_desde_QuickBooks_Data_64_Bit_QRemote[[#This Row],[SalesOrderLineUnitOfMeasure]]=\"un\",Tabla_Consulta_desde_QuickBooks_Data_64_Bit_QRemote[[#This Row],[SalesOrderLineInvoiced]],Tabla_Consulta_desde_QuickBooks_Data_64_Bit_QRemote[[#This Row],[SalesOrderLineInvoiced]]/MID(Tabla_Consulta_desde_QuickBooks_Data_64_Bit_QRemote[[#This Row],[SalesOrderLineUnitOfMeasure]],2,2)),0)","v":0},{"$f":"+Tabla_Consulta_desde_QuickBooks_Data_64_Bit_QRemote[[#This Row],[facturado]]-Tabla_Consulta_desde_QuickBooks_Data_64_Bit_QRemote[[#This Row],[pide]]","v":-1},{"$f":"IF(Tabla_Consulta_desde_QuickBooks_Data_64_Bit_QRemote[[#This Row],[diferecia]]=0,\"ok\",\"diferen\")","v":"diferen"},{"$f":"IFERROR(INDEX(um!A:C,MATCH(Tabla_Consulta_desde_QuickBooks_Data_64_Bit_QRemote[[#This Row],[SalesOrderLineItemRefFullName]],um!A:A,0),3),\"\")","v":"X12"},{"$f":"IFERROR(IF(OR(Tabla_Consulta_desde_QuickBooks_Data_64_Bit_QRemote[[#This Row],[SalesOrderLineUnitOfMeasure]]=\"UN\",Tabla_Consulta_desde_QuickBooks_Data_64_Bit_QRemote[[#This Row],[SalesOrderLineUnitOfMeasure]]=Tabla_Consulta_desde_QuickBooks_Data_64_Bit_QRemote[[#This Row],[U/M]]),\"\",\"ERROR\"),\"\")","v":""},{"$f":"+WEEKNUM(Tabla_Consulta_desde_QuickBooks_Data_64_Bit_QRemote[[#This Row],[TxnDate]])","v":23},{"$f":"+Tabla_Consulta_desde_QuickBooks_Data_64_Bit_QRemote[[#This Row],[SalesOrderLineRate]]*Tabla_Consulta_desde_QuickBooks_Data_64_Bit_QRemote[[#This Row],[SalesOrderLineInvoiced]]","v":0},{"$f":"+IFERROR(IF(Tabla_Consulta_desde_QuickBooks_Data_64_Bit_QRemote[[#This Row],[CustomerRefFullName]]=\"GRUVALCORP SA\",VLOOKUP(Tabla_Consulta_desde_QuickBooks_Data_64_Bit_QRemote[[#This Row],[SalesOrderLineItemRefFullName]],Hoja1!A:E,5,FALSE),\"\")*-Tabla_Consulta_desde_QuickBooks_Data_64_Bit_QRemote[[#This Row],[SalesOrderLineAmount]],\"\")","v":""},{"$f":"IF(COUNTIF(wms!E:E,Tabla_Consulta_desde_QuickBooks_Data_64_Bit_QRemote[[#This Row],[RefNumber]])>0,\"OK\",\"FALTA\")","v":"FALTA"}]
["2025-06-03","29128","GERARDO ORTIZ E HIJOS CIA. LTDA.","CA036200 TUMBACO",5,"7862112523036","P.T:110746","SALSA PICANTE JALAPEÑO OLE 100G","Bodega Producto Terminado",12,"X12",0.6,7.2,"UNIDAD SALSA",0,423.54,487.07,"IVA EN VENTAS 15%",{"$f":"IFERROR(IF(Tabla_Consulta_desde_QuickBooks_Data_64_Bit_QRemote[[#This Row],[SalesOrderLineUnitOfMeasure]]=\"un\",Tabla_Consulta_desde_QuickBooks_Data_64_Bit_QRemote[[#This Row],[SalesOrderLineQuantity]],Tabla_Consulta_desde_QuickBooks_Data_64_Bit_QRemote[[#This Row],[SalesOrderLineQuantity]]/MID(Tabla_Consulta_desde_QuickBooks_Data_64_Bit_QRemote[[#This Row],[SalesOrderLineUnitOfMeasure]],2,2)),0)","v":1},{"$f":"IFERROR(IF(Tabla_Consulta_desde_QuickBooks_Data_64_Bit_QRemote[[#This Row],[SalesOrderLineUnitOfMeasure]]=\"un\",Tabla_Consulta_desde_QuickBooks_Data_64_Bit_QRemote[[#This Row],[SalesOrderLineInvoiced]],Tabla_Consulta_desde_QuickBooks_Data_64_Bit_QRemote[[#This Row],[SalesOrderLineInvoiced]]/MID(Tabla_Consulta_desde_QuickBooks_Data_64_Bit_QRemote[[#This Row],[SalesOrderLineUnitOfMeasure]],2,2)),0)","v":0},{"$f":"+Tabla_Consulta_desde_QuickBooks_Data_64_Bit_QRemote[[#This Row],[facturado]]-Tabla_Consulta_desde_QuickBooks_Data_64_Bit_QRemote[[#This Row],[pide]]","v":-1},{"$f":"IF(Tabla_Consulta_desde_QuickBooks_Data_64_Bit_QRemote[[#This Row],[diferecia]]=0,\"ok\",\"diferen\")","v":"diferen"},{"$f":"IFERROR(INDEX(um!A:C,MATCH(Tabla_Consulta_desde_QuickBooks_Data_64_Bit_QRemote[[#This Row],[SalesOrderLineItemRefFullName]],um!A:A,0),3),\"\")","v":"X12"},{"$f":"IFERROR(IF(OR(Tabla_Consulta_desde_QuickBooks_Data_64_Bit_QRemote[[#This Row],[SalesOrderLineUnitOfMeasure]]=\"UN\",Tabla_Consulta_desde_QuickBooks_Data_64_Bit_QRemote[[#This Row],[SalesOrderLineUnitOfMeasure]]=Tabla_Consulta_desde_QuickBooks_Data_64_Bit_QRemote[[#This Row],[U/M]]),\"\",\"ERROR\"),\"\")","v":""},{"$f":"+WEEKNUM(Tabla_Consulta_desde_QuickBooks_Data_64_Bit_QRemote[[#This Row],[TxnDate]])","v":23},{"$f":"+Tabla_Consulta_desde_QuickBooks_Data_64_Bit_QRemote[[#This Row],[SalesOrderLineRate]]*Tabla_Consulta_desde_QuickBooks_Data_64_Bit_QRemote[[#This Row],[SalesOrderLineInvoiced]]","v":0},{"$f":"+IFERROR(IF(Tabla_Consulta_desde_QuickBooks_Data_64_Bit_QRemote[[#This Row],[CustomerRefFullName]]=\"GRUVALCORP SA\",VLOOKUP(Tabla_Consulta_desde_QuickBooks_Data_64_Bit_QRemote[[#This Row],[SalesOrderLineItemRefFullName]],Hoja1!A:E,5,FALSE),\"\")*-Tabla_Consulta_desde_QuickBooks_Data_64_Bit_QRemote[[#This Row],[SalesOrderLineAmount]],\"\")","v":""},{"$f":"IF(COUNTIF(wms!E:E,Tabla_Consulta_desde_QuickBooks_Data_64_Bit_QRemote[[#This Row],[RefNumber]])>0,\"OK\",\"FALTA\")","v":"FALTA"}]
["2025-06-03","29128","GERARDO ORTIZ E HIJOS CIA. LTDA.","CA036200 TUMBACO",6,"7862112523104","P.T:110804","SALSA CHAMOY OLE 275G","Bodega Producto Terminado",12,"X12",1.76,21.12,"UNIDAD SALSA",0,423.54,487.07,"IVA EN VENTAS 15%",{"$f":"IFERROR(IF(Tabla_Consulta_desde_QuickBooks_Data_64_Bit_QRemote[[#This Row],[SalesOrderLineUnitOfMeasure]]=\"un\",Tabla_Consulta_desde_QuickBooks_Data_64_Bit_QRemote[[#This Row],[SalesOrderLineQuantity]],Tabla_Consulta_desde_QuickBooks_Data_64_Bit_QRemote[[#This Row],[SalesOrderLineQuantity]]/MID(Tabla_Consulta_desde_QuickBooks_Data_64_Bit_QRemote[[#This Row],[SalesOrderLineUnitOfMeasure]],2,2)),0)","v":1},{"$f":"IFERROR(IF(Tabla_Consulta_desde_QuickBooks_Data_64_Bit_QRemote[[#This Row],[SalesOrderLineUnitOfMeasure]]=\"un\",Tabla_Consulta_desde_QuickBooks_Data_64_Bit_QRemote[[#This Row],[SalesOrderLineInvoiced]],Tabla_Consulta_desde_QuickBooks_Data_64_Bit_QRemote[[#This Row],[SalesOrderLineInvoiced]]/MID(Tabla_Consulta_desde_QuickBooks_Data_64_Bit_QRemote[[#This Row],[SalesOrderLineUnitOfMeasure]],2,2)),0)","v":0},{"$f":"+Tabla_Consulta_desde_QuickBooks_Data_64_Bit_QRemote[[#This Row],[facturado]]-Tabla_Consulta_desde_QuickBooks_Data_64_Bit_QRemote[[#This Row],[pide]]","v":-1},{"$f":"IF(Tabla_Consulta_desde_QuickBooks_Data_64_Bit_QRemote[[#This Row],[diferecia]]=0,\"ok\",\"diferen\")","v":"diferen"},{"$f":"IFERROR(INDEX(um!A:C,MATCH(Tabla_Consulta_desde_QuickBooks_Data_64_Bit_QRemote[[#This Row],[SalesOrderLineItemRefFullName]],um!A:A,0),3),\"\")","v":"X12"},{"$f":"IFERROR(IF(OR(Tabla_Consulta_desde_QuickBooks_Data_64_Bit_QRemote[[#This Row],[SalesOrderLineUnitOfMeasure]]=\"UN\",Tabla_Consulta_desde_QuickBooks_Data_64_Bit_QRemote[[#This Row],[SalesOrderLineUnitOfMeasure]]=Tabla_Consulta_desde_QuickBooks_Data_64_Bit_QRemote[[#This Row],[U/M]]),\"\",\"ERROR\"),\"\")","v":""},{"$f":"+WEEKNUM(Tabla_Consulta_desde_QuickBooks_Data_64_Bit_QRemote[[#This Row],[TxnDate]])","v":23},{"$f":"+Tabla_Consulta_desde_QuickBooks_Data_64_Bit_QRemote[[#This Row],[SalesOrderLineRate]]*Tabla_Consulta_desde_QuickBooks_Data_64_Bit_QRemote[[#This Row],[SalesOrderLineInvoiced]]","v":0},{"$f":"+IFERROR(IF(Tabla_Consulta_desde_QuickBooks_Data_64_Bit_QRemote[[#This Row],[CustomerRefFullName]]=\"GRUVALCORP SA\",VLOOKUP(Tabla_Consulta_desde_QuickBooks_Data_64_Bit_QRemote[[#This Row],[SalesOrderLineItemRefFullName]],Hoja1!A:E,5,FALSE),\"\")*-Tabla_Consulta_desde_QuickBooks_Data_64_Bit_QRemote[[#This Row],[SalesOrderLineAmount]],\"\")","v":""},{"$f":"IF(COUNTIF(wms!E:E,Tabla_Consulta_desde_QuickBooks_Data_64_Bit_QRemote[[#This Row],[RefNumber]])>0,\"OK\",\"FALTA\")","v":"FALTA"}]
["2025-06-03","29128","GERARDO ORTIZ E HIJOS CIA. LTDA.","CA036200 TUMBACO",7,"7862112523227","P.T:110313","SALSA BBQ WHISKY Y MIEL OLE 430G","Bodega Producto Terminado",24,"X12",2.06,49.44,"UNIDAD SALSA",0,423.54,487.07,"IVA EN VENTAS 15%",{"$f":"IFERROR(IF(Tabla_Consulta_desde_QuickBooks_Data_64_Bit_QRemote[[#This Row],[SalesOrderLineUnitOfMeasure]]=\"un\",Tabla_Consulta_desde_QuickBooks_Data_64_Bit_QRemote[[#This Row],[SalesOrderLineQuantity]],Tabla_Consulta_desde_QuickBooks_Data_64_Bit_QRemote[[#This Row],[SalesOrderLineQuantity]]/MID(Tabla_Consulta_desde_QuickBooks_Data_64_Bit_QRemote[[#This Row],[SalesOrderLineUnitOfMeasure]],2,2)),0)","v":2},{"$f":"IFERROR(IF(Tabla_Consulta_desde_QuickBooks_Data_64_Bit_QRemote[[#This Row],[SalesOrderLineUnitOfMeasure]]=\"un\",Tabla_Consulta_desde_QuickBooks_Data_64_Bit_QRemote[[#This Row],[SalesOrderLineInvoiced]],Tabla_Consulta_desde_QuickBooks_Data_64_Bit_QRemote[[#This Row],[SalesOrderLineInvoiced]]/MID(Tabla_Consulta_desde_QuickBooks_Data_64_Bit_QRemote[[#This Row],[SalesOrderLineUnitOfMeasure]],2,2)),0)","v":0},{"$f":"+Tabla_Consulta_desde_QuickBooks_Data_64_Bit_QRemote[[#This Row],[facturado]]-Tabla_Consulta_desde_QuickBooks_Data_64_Bit_QRemote[[#This Row],[pide]]","v":-2},{"$f":"IF(Tabla_Consulta_desde_QuickBooks_Data_64_Bit_QRemote[[#This Row],[diferecia]]=0,\"ok\",\"diferen\")","v":"diferen"},{"$f":"IFERROR(INDEX(um!A:C,MATCH(Tabla_Consulta_desde_QuickBooks_Data_64_Bit_QRemote[[#This Row],[SalesOrderLineItemRefFullName]],um!A:A,0),3),\"\")","v":"X12"},{"$f":"IFERROR(IF(OR(Tabla_Consulta_desde_QuickBooks_Data_64_Bit_QRemote[[#This Row],[SalesOrderLineUnitOfMeasure]]=\"UN\",Tabla_Consulta_desde_QuickBooks_Data_64_Bit_QRemote[[#This Row],[SalesOrderLineUnitOfMeasure]]=Tabla_Consulta_desde_QuickBooks_Data_64_Bit_QRemote[[#This Row],[U/M]]),\"\",\"ERROR\"),\"\")","v":""},{"$f":"+WEEKNUM(Tabla_Consulta_desde_QuickBooks_Data_64_Bit_QRemote[[#This Row],[TxnDate]])","v":23},{"$f":"+Tabla_Consulta_desde_QuickBooks_Data_64_Bit_QRemote[[#This Row],[SalesOrderLineRate]]*Tabla_Consulta_desde_QuickBooks_Data_64_Bit_QRemote[[#This Row],[SalesOrderLineInvoiced]]","v":0},{"$f":"+IFERROR(IF(Tabla_Consulta_desde_QuickBooks_Data_64_Bit_QRemote[[#This Row],[CustomerRefFullName]]=\"GRUVALCORP SA\",VLOOKUP(Tabla_Consulta_desde_QuickBooks_Data_64_Bit_QRemote[[#This Row],[SalesOrderLineItemRefFullName]],Hoja1!A:E,5,FALSE),\"\")*-Tabla_Consulta_desde_QuickBooks_Data_64_Bit_QRemote[[#This Row],[SalesOrderLineAmount]],\"\")","v":""},{"$f":"IF(COUNTIF(wms!E:E,Tabla_Consulta_desde_QuickBooks_Data_64_Bit_QRemote[[#This Row],[RefNumber]])>0,\"OK\",\"FALTA\")","v":"FALTA"}]
["2025-06-03","29128","GERARDO ORTIZ E HIJOS CIA. LTDA.","CA036200 TUMBACO",8,"705424000116","P.T:110207","AJÍ CON MARACUYA OLE 185G","Bodega Producto Terminado",24,"X24",1.42,34.08,"UNIDAD SALSA",0,423.54,487.07,"IVA EN VENTAS 15%",{"$f":"IFERROR(IF(Tabla_Consulta_desde_QuickBooks_Data_64_Bit_QRemote[[#This Row],[SalesOrderLineUnitOfMeasure]]=\"un\",Tabla_Consulta_desde_QuickBooks_Data_64_Bit_QRemote[[#This Row],[SalesOrderLineQuantity]],Tabla_Consulta_desde_QuickBooks_Data_64_Bit_QRemote[[#This Row],[SalesOrderLineQuantity]]/MID(Tabla_Consulta_desde_QuickBooks_Data_64_Bit_QRemote[[#This Row],[SalesOrderLineUnitOfMeasure]],2,2)),0)","v":1},{"$f":"IFERROR(IF(Tabla_Consulta_desde_QuickBooks_Data_64_Bit_QRemote[[#This Row],[SalesOrderLineUnitOfMeasure]]=\"un\",Tabla_Consulta_desde_QuickBooks_Data_64_Bit_QRemote[[#This Row],[SalesOrderLineInvoiced]],Tabla_Consulta_desde_QuickBooks_Data_64_Bit_QRemote[[#This Row],[SalesOrderLineInvoiced]]/MID(Tabla_Consulta_desde_QuickBooks_Data_64_Bit_QRemote[[#This Row],[SalesOrderLineUnitOfMeasure]],2,2)),0)","v":0},{"$f":"+Tabla_Consulta_desde_QuickBooks_Data_64_Bit_QRemote[[#This Row],[facturado]]-Tabla_Consulta_desde_QuickBooks_Data_64_Bit_QRemote[[#This Row],[pide]]","v":-1},{"$f":"IF(Tabla_Consulta_desde_QuickBooks_Data_64_Bit_QRemote[[#This Row],[diferecia]]=0,\"ok\",\"diferen\")","v":"diferen"},{"$f":"IFERROR(INDEX(um!A:C,MATCH(Tabla_Consulta_desde_QuickBooks_Data_64_Bit_QRemote[[#This Row],[SalesOrderLineItemRefFullName]],um!A:A,0),3),\"\")","v":"X24"},{"$f":"IFERROR(IF(OR(Tabla_Consulta_desde_QuickBooks_Data_64_Bit_QRemote[[#This Row],[SalesOrderLineUnitOfMeasure]]=\"UN\",Tabla_Consulta_desde_QuickBooks_Data_64_Bit_QRemote[[#This Row],[SalesOrderLineUnitOfMeasure]]=Tabla_Consulta_desde_QuickBooks_Data_64_Bit_QRemote[[#This Row],[U/M]]),\"\",\"ERROR\"),\"\")","v":""},{"$f":"+WEEKNUM(Tabla_Consulta_desde_QuickBooks_Data_64_Bit_QRemote[[#This Row],[TxnDate]])","v":23},{"$f":"+Tabla_Consulta_desde_QuickBooks_Data_64_Bit_QRemote[[#This Row],[SalesOrderLineRate]]*Tabla_Consulta_desde_QuickBooks_Data_64_Bit_QRemote[[#This Row],[SalesOrderLineInvoiced]]","v":0},{"$f":"+IFERROR(IF(Tabla_Consulta_desde_QuickBooks_Data_64_Bit_QRemote[[#This Row],[CustomerRefFullName]]=\"GRUVALCORP SA\",VLOOKUP(Tabla_Consulta_desde_QuickBooks_Data_64_Bit_QRemote[[#This Row],[SalesOrderLineItemRefFullName]],Hoja1!A:E,5,FALSE),\"\")*-Tabla_Consulta_desde_QuickBooks_Data_64_Bit_QRemote[[#This Row],[SalesOrderLineAmount]],\"\")","v":""},{"$f":"IF(COUNTIF(wms!E:E,Tabla_Consulta_desde_QuickBooks_Data_64_Bit_QRemote[[#This Row],[RefNumber]])>0,\"OK\",\"FALTA\")","v":"FALTA"}]
["2025-06-03","29128","GERARDO ORTIZ E HIJOS CIA. LTDA.","CA036200 TUMBACO",9,"705424000147","P.T:110209","AJÍ CON TOMATE DE ÁRBOL OLE 180G","Bodega Producto Terminado",24,"X24",1.42,34.08,"UNIDAD SALSA",0,423.54,487.07,"IVA EN VENTAS 15%",{"$f":"IFERROR(IF(Tabla_Consulta_desde_QuickBooks_Data_64_Bit_QRemote[[#This Row],[SalesOrderLineUnitOfMeasure]]=\"un\",Tabla_Consulta_desde_QuickBooks_Data_64_Bit_QRemote[[#This Row],[SalesOrderLineQuantity]],Tabla_Consulta_desde_QuickBooks_Data_64_Bit_QRemote[[#This Row],[SalesOrderLineQuantity]]/MID(Tabla_Consulta_desde_QuickBooks_Data_64_Bit_QRemote[[#This Row],[SalesOrderLineUnitOfMeasure]],2,2)),0)","v":1},{"$f":"IFERROR(IF(Tabla_Consulta_desde_QuickBooks_Data_64_Bit_QRemote[[#This Row],[SalesOrderLineUnitOfMeasure]]=\"un\",Tabla_Consulta_desde_QuickBooks_Data_64_Bit_QRemote[[#This Row],[SalesOrderLineInvoiced]],Tabla_Consulta_desde_QuickBooks_Data_64_Bit_QRemote[[#This Row],[SalesOrderLineInvoiced]]/MID(Tabla_Consulta_desde_QuickBooks_Data_64_Bit_QRemote[[#This Row],[SalesOrderLineUnitOfMeasure]],2,2)),0)","v":0},{"$f":"+Tabla_Consulta_desde_QuickBooks_Data_64_Bit_QRemote[[#This Row],[facturado]]-Tabla_Consulta_desde_QuickBooks_Data_64_Bit_QRemote[[#This Row],[pide]]","v":-1},{"$f":"IF(Tabla_Consulta_desde_QuickBooks_Data_64_Bit_QRemote[[#This Row],[diferecia]]=0,\"ok\",\"diferen\")","v":"diferen"},{"$f":"IFERROR(INDEX(um!A:C,MATCH(Tabla_Consulta_desde_QuickBooks_Data_64_Bit_QRemote[[#This Row],[SalesOrderLineItemRefFullName]],um!A:A,0),3),\"\")","v":"X24"},{"$f":"IFERROR(IF(OR(Tabla_Consulta_desde_QuickBooks_Data_64_Bit_QRemote[[#This Row],[SalesOrderLineUnitOfMeasure]]=\"UN\",Tabla_Consulta_desde_QuickBooks_Data_64_Bit_QRemote[[#This Row],[SalesOrderLineUnitOfMeasure]]=Tabla_Consulta_desde_QuickBooks_Data_64_Bit_QRemote[[#This Row],[U/M]]),\"\",\"ERROR\"),\"\")","v":""},{"$f":"+WEEKNUM(Tabla_Consulta_desde_QuickBooks_Data_64_Bit_QRemote[[#This Row],[TxnDate]])","v":23},{"$f":"+Tabla_Consulta_desde_QuickBooks_Data_64_Bit_QRemote[[#This Row],[SalesOrderLineRate]]*Tabla_Consulta_desde_QuickBooks_Data_64_Bit_QRemote[[#This Row],[SalesOrderLineInvoiced]]","v":0},{"$f":"+IFERROR(IF(Tabla_Consulta_desde_QuickBooks_Data_64_Bit_QRemote[[#This Row],[CustomerRefFullName]]=\"GRUVALCORP SA\",VLOOKUP(Tabla_Consulta_desde_QuickBooks_Data_64_Bit_QRemote[[#This Row],[SalesOrderLineItemRefFullName]],Hoja1!A:E,5,FALSE),\"\")*-Tabla_Consulta_desde_QuickBooks_Data_64_Bit_QRemote[[#This Row],[SalesOrderLineAmount]],\"\")","v":""},{"$f":"IF(COUNTIF(wms!E:E,Tabla_Consulta_desde_QuickBooks_Data_64_Bit_QRemote[[#This Row],[RefNumber]])>0,\"OK\",\"FALTA\")","v":"FALTA"}]
["2025-06-03","29128","GERARDO ORTIZ E HIJOS CIA. LTDA.","CA036200 TUMBACO",10,"7862112522794","P.T:311605","SALSA CHICKEN DIPPIN OLE 200G","Bodega Producto Terminado",24,"X24",1.27,30.48,"UNIDAD SALSA",0,423.54,487.07,"IVA EN VENTAS 15%",{"$f":"IFERROR(IF(Tabla_Consulta_desde_QuickBooks_Data_64_Bit_QRemote[[#This Row],[SalesOrderLineUnitOfMeasure]]=\"un\",Tabla_Consulta_desde_QuickBooks_Data_64_Bit_QRemote[[#This Row],[SalesOrderLineQuantity]],Tabla_Consulta_desde_QuickBooks_Data_64_Bit_QRemote[[#This Row],[SalesOrderLineQuantity]]/MID(Tabla_Consulta_desde_QuickBooks_Data_64_Bit_QRemote[[#This Row],[SalesOrderLineUnitOfMeasure]],2,2)),0)","v":1},{"$f":"IFERROR(IF(Tabla_Consulta_desde_QuickBooks_Data_64_Bit_QRemote[[#This Row],[SalesOrderLineUnitOfMeasure]]=\"un\",Tabla_Consulta_desde_QuickBooks_Data_64_Bit_QRemote[[#This Row],[SalesOrderLineInvoiced]],Tabla_Consulta_desde_QuickBooks_Data_64_Bit_QRemote[[#This Row],[SalesOrderLineInvoiced]]/MID(Tabla_Consulta_desde_QuickBooks_Data_64_Bit_QRemote[[#This Row],[SalesOrderLineUnitOfMeasure]],2,2)),0)","v":0},{"$f":"+Tabla_Consulta_desde_QuickBooks_Data_64_Bit_QRemote[[#This Row],[facturado]]-Tabla_Consulta_desde_QuickBooks_Data_64_Bit_QRemote[[#This Row],[pide]]","v":-1},{"$f":"IF(Tabla_Consulta_desde_QuickBooks_Data_64_Bit_QRemote[[#This Row],[diferecia]]=0,\"ok\",\"diferen\")","v":"diferen"},{"$f":"IFERROR(INDEX(um!A:C,MATCH(Tabla_Consulta_desde_QuickBooks_Data_64_Bit_QRemote[[#This Row],[SalesOrderLineItemRefFullName]],um!A:A,0),3),\"\")","v":"X24"},{"$f":"IFERROR(IF(OR(Tabla_Consulta_desde_QuickBooks_Data_64_Bit_QRemote[[#This Row],[SalesOrderLineUnitOfMeasure]]=\"UN\",Tabla_Consulta_desde_QuickBooks_Data_64_Bit_QRemote[[#This Row],[SalesOrderLineUnitOfMeasure]]=Tabla_Consulta_desde_QuickBooks_Data_64_Bit_QRemote[[#This Row],[U/M]]),\"\",\"ERROR\"),\"\")","v":""},{"$f":"+WEEKNUM(Tabla_Consulta_desde_QuickBooks_Data_64_Bit_QRemote[[#This Row],[TxnDate]])","v":23},{"$f":"+Tabla_Consulta_desde_QuickBooks_Data_64_Bit_QRemote[[#This Row],[SalesOrderLineRate]]*Tabla_Consulta_desde_QuickBooks_Data_64_Bit_QRemote[[#This Row],[SalesOrderLineInvoiced]]","v":0},{"$f":"+IFERROR(IF(Tabla_Consulta_desde_QuickBooks_Data_64_Bit_QRemote[[#This Row],[CustomerRefFullName]]=\"GRUVALCORP SA\",VLOOKUP(Tabla_Consulta_desde_QuickBooks_Data_64_Bit_QRemote[[#This Row],[SalesOrderLineItemRefFullName]],Hoja1!A:E,5,FALSE),\"\")*-Tabla_Consulta_desde_QuickBooks_Data_64_Bit_QRemote[[#This Row],[SalesOrderLineAmount]],\"\")","v":""},{"$f":"IF(COUNTIF(wms!E:E,Tabla_Consulta_desde_QuickBooks_Data_64_Bit_QRemote[[#This Row],[RefNumber]])>0,\"OK\",\"FALTA\")","v":"FALTA"}]
["2025-06-03","29128","GERARDO ORTIZ E HIJOS CIA. LTDA.","CA036200 TUMBACO",11,"7862112522817","P.T:110737","SALSA DE TOMATE CASERA OLE DP 200G","Bodega Producto Terminado",12,"X12",0.7,8.4,"UNIDAD SALSA",0,423.54,487.07,"IVA EN VENTAS 15%",{"$f":"IFERROR(IF(Tabla_Consulta_desde_QuickBooks_Data_64_Bit_QRemote[[#This Row],[SalesOrderLineUnitOfMeasure]]=\"un\",Tabla_Consulta_desde_QuickBooks_Data_64_Bit_QRemote[[#This Row],[SalesOrderLineQuantity]],Tabla_Consulta_desde_QuickBooks_Data_64_Bit_QRemote[[#This Row],[SalesOrderLineQuantity]]/MID(Tabla_Consulta_desde_QuickBooks_Data_64_Bit_QRemote[[#This Row],[SalesOrderLineUnitOfMeasure]],2,2)),0)","v":1},{"$f":"IFERROR(IF(Tabla_Consulta_desde_QuickBooks_Data_64_Bit_QRemote[[#This Row],[SalesOrderLineUnitOfMeasure]]=\"un\",Tabla_Consulta_desde_QuickBooks_Data_64_Bit_QRemote[[#This Row],[SalesOrderLineInvoiced]],Tabla_Consulta_desde_QuickBooks_Data_64_Bit_QRemote[[#This Row],[SalesOrderLineInvoiced]]/MID(Tabla_Consulta_desde_QuickBooks_Data_64_Bit_QRemote[[#This Row],[SalesOrderLineUnitOfMeasure]],2,2)),0)","v":0},{"$f":"+Tabla_Consulta_desde_QuickBooks_Data_64_Bit_QRemote[[#This Row],[facturado]]-Tabla_Consulta_desde_QuickBooks_Data_64_Bit_QRemote[[#This Row],[pide]]","v":-1},{"$f":"IF(Tabla_Consulta_desde_QuickBooks_Data_64_Bit_QRemote[[#This Row],[diferecia]]=0,\"ok\",\"diferen\")","v":"diferen"},{"$f":"IFERROR(INDEX(um!A:C,MATCH(Tabla_Consulta_desde_QuickBooks_Data_64_Bit_QRemote[[#This Row],[SalesOrderLineItemRefFullName]],um!A:A,0),3),\"\")","v":"X12"},{"$f":"IFERROR(IF(OR(Tabla_Consulta_desde_QuickBooks_Data_64_Bit_QRemote[[#This Row],[SalesOrderLineUnitOfMeasure]]=\"UN\",Tabla_Consulta_desde_QuickBooks_Data_64_Bit_QRemote[[#This Row],[SalesOrderLineUnitOfMeasure]]=Tabla_Consulta_desde_QuickBooks_Data_64_Bit_QRemote[[#This Row],[U/M]]),\"\",\"ERROR\"),\"\")","v":""},{"$f":"+WEEKNUM(Tabla_Consulta_desde_QuickBooks_Data_64_Bit_QRemote[[#This Row],[TxnDate]])","v":23},{"$f":"+Tabla_Consulta_desde_QuickBooks_Data_64_Bit_QRemote[[#This Row],[SalesOrderLineRate]]*Tabla_Consulta_desde_QuickBooks_Data_64_Bit_QRemote[[#This Row],[SalesOrderLineInvoiced]]","v":0},{"$f":"+IFERROR(IF(Tabla_Consulta_desde_QuickBooks_Data_64_Bit_QRemote[[#This Row],[CustomerRefFullName]]=\"GRUVALCORP SA\",VLOOKUP(Tabla_Consulta_desde_QuickBooks_Data_64_Bit_QRemote[[#This Row],[SalesOrderLineItemRefFullName]],Hoja1!A:E,5,FALSE),\"\")*-Tabla_Consulta_desde_QuickBooks_Data_64_Bit_QRemote[[#This Row],[SalesOrderLineAmount]],\"\")","v":""},{"$f":"IF(COUNTIF(wms!E:E,Tabla_Consulta_desde_QuickBooks_Data_64_Bit_QRemote[[#This Row],[RefNumber]])>0,\"OK\",\"FALTA\")","v":"FALTA"}]
["2025-06-03","29128","GERARDO ORTIZ E HIJOS CIA. LTDA.","CA036200 TUMBACO",12,"7862112521544","P.T:110224","SALSA SRIRACHA PICANTE OLE 285G","Bodega Producto Terminado",12,"X12",2.83,33.96,"UNIDAD SALSA",0,423.54,487.07,"IVA EN VENTAS 15%",{"$f":"IFERROR(IF(Tabla_Consulta_desde_QuickBooks_Data_64_Bit_QRemote[[#This Row],[SalesOrderLineUnitOfMeasure]]=\"un\",Tabla_Consulta_desde_QuickBooks_Data_64_Bit_QRemote[[#This Row],[SalesOrderLineQuantity]],Tabla_Consulta_desde_QuickBooks_Data_64_Bit_QRemote[[#This Row],[SalesOrderLineQuantity]]/MID(Tabla_Consulta_desde_QuickBooks_Data_64_Bit_QRemote[[#This Row],[SalesOrderLineUnitOfMeasure]],2,2)),0)","v":1},{"$f":"IFERROR(IF(Tabla_Consulta_desde_QuickBooks_Data_64_Bit_QRemote[[#This Row],[SalesOrderLineUnitOfMeasure]]=\"un\",Tabla_Consulta_desde_QuickBooks_Data_64_Bit_QRemote[[#This Row],[SalesOrderLineInvoiced]],Tabla_Consulta_desde_QuickBooks_Data_64_Bit_QRemote[[#This Row],[SalesOrderLineInvoiced]]/MID(Tabla_Consulta_desde_QuickBooks_Data_64_Bit_QRemote[[#This Row],[SalesOrderLineUnitOfMeasure]],2,2)),0)","v":0},{"$f":"+Tabla_Consulta_desde_QuickBooks_Data_64_Bit_QRemote[[#This Row],[facturado]]-Tabla_Consulta_desde_QuickBooks_Data_64_Bit_QRemote[[#This Row],[pide]]","v":-1},{"$f":"IF(Tabla_Consulta_desde_QuickBooks_Data_64_Bit_QRemote[[#This Row],[diferecia]]=0,\"ok\",\"diferen\")","v":"diferen"},{"$f":"IFERROR(INDEX(um!A:C,MATCH(Tabla_Consulta_desde_QuickBooks_Data_64_Bit_QRemote[[#This Row],[SalesOrderLineItemRefFullName]],um!A:A,0),3),\"\")","v":"X12"},{"$f":"IFERROR(IF(OR(Tabla_Consulta_desde_QuickBooks_Data_64_Bit_QRemote[[#This Row],[SalesOrderLineUnitOfMeasure]]=\"UN\",Tabla_Consulta_desde_QuickBooks_Data_64_Bit_QRemote[[#This Row],[SalesOrderLineUnitOfMeasure]]=Tabla_Consulta_desde_QuickBooks_Data_64_Bit_QRemote[[#This Row],[U/M]]),\"\",\"ERROR\"),\"\")","v":""},{"$f":"+WEEKNUM(Tabla_Consulta_desde_QuickBooks_Data_64_Bit_QRemote[[#This Row],[TxnDate]])","v":23},{"$f":"+Tabla_Consulta_desde_QuickBooks_Data_64_Bit_QRemote[[#This Row],[SalesOrderLineRate]]*Tabla_Consulta_desde_QuickBooks_Data_64_Bit_QRemote[[#This Row],[SalesOrderLineInvoiced]]","v":0},{"$f":"+IFERROR(IF(Tabla_Consulta_desde_QuickBooks_Data_64_Bit_QRemote[[#This Row],[CustomerRefFullName]]=\"GRUVALCORP SA\",VLOOKUP(Tabla_Consulta_desde_QuickBooks_Data_64_Bit_QRemote[[#This Row],[SalesOrderLineItemRefFullName]],Hoja1!A:E,5,FALSE),\"\")*-Tabla_Consulta_desde_QuickBooks_Data_64_Bit_QRemote[[#This Row],[SalesOrderLineAmount]],\"\")","v":""},{"$f":"IF(COUNTIF(wms!E:E,Tabla_Consulta_desde_QuickBooks_Data_64_Bit_QRemote[[#This Row],[RefNumber]])>0,\"OK\",\"FALTA\")","v":"FALTA"}]
["2025-06-03","29128","GERARDO ORTIZ E HIJOS CIA. LTDA.","CA036200 TUMBACO",13,"7862112522503","P.T:110802","SALSA AJÍ ROCOTO CREMOSO OLE DP 200G","Bodega Producto Terminado",12,"X12",1.22,14.64,"UNIDAD SALSA",0,423.54,487.07,"IVA EN VENTAS 15%",{"$f":"IFERROR(IF(Tabla_Consulta_desde_QuickBooks_Data_64_Bit_QRemote[[#This Row],[SalesOrderLineUnitOfMeasure]]=\"un\",Tabla_Consulta_desde_QuickBooks_Data_64_Bit_QRemote[[#This Row],[SalesOrderLineQuantity]],Tabla_Consulta_desde_QuickBooks_Data_64_Bit_QRemote[[#This Row],[SalesOrderLineQuantity]]/MID(Tabla_Consulta_desde_QuickBooks_Data_64_Bit_QRemote[[#This Row],[SalesOrderLineUnitOfMeasure]],2,2)),0)","v":1},{"$f":"IFERROR(IF(Tabla_Consulta_desde_QuickBooks_Data_64_Bit_QRemote[[#This Row],[SalesOrderLineUnitOfMeasure]]=\"un\",Tabla_Consulta_desde_QuickBooks_Data_64_Bit_QRemote[[#This Row],[SalesOrderLineInvoiced]],Tabla_Consulta_desde_QuickBooks_Data_64_Bit_QRemote[[#This Row],[SalesOrderLineInvoiced]]/MID(Tabla_Consulta_desde_QuickBooks_Data_64_Bit_QRemote[[#This Row],[SalesOrderLineUnitOfMeasure]],2,2)),0)","v":0},{"$f":"+Tabla_Consulta_desde_QuickBooks_Data_64_Bit_QRemote[[#This Row],[facturado]]-Tabla_Consulta_desde_QuickBooks_Data_64_Bit_QRemote[[#This Row],[pide]]","v":-1},{"$f":"IF(Tabla_Consulta_desde_QuickBooks_Data_64_Bit_QRemote[[#This Row],[diferecia]]=0,\"ok\",\"diferen\")","v":"diferen"},{"$f":"IFERROR(INDEX(um!A:C,MATCH(Tabla_Consulta_desde_QuickBooks_Data_64_Bit_QRemote[[#This Row],[SalesOrderLineItemRefFullName]],um!A:A,0),3),\"\")","v":"X12"},{"$f":"IFERROR(IF(OR(Tabla_Consulta_desde_QuickBooks_Data_64_Bit_QRemote[[#This Row],[SalesOrderLineUnitOfMeasure]]=\"UN\",Tabla_Consulta_desde_QuickBooks_Data_64_Bit_QRemote[[#This Row],[SalesOrderLineUnitOfMeasure]]=Tabla_Consulta_desde_QuickBooks_Data_64_Bit_QRemote[[#This Row],[U/M]]),\"\",\"ERROR\"),\"\")","v":""},{"$f":"+WEEKNUM(Tabla_Consulta_desde_QuickBooks_Data_64_Bit_QRemote[[#This Row],[TxnDate]])","v":23},{"$f":"+Tabla_Consulta_desde_QuickBooks_Data_64_Bit_QRemote[[#This Row],[SalesOrderLineRate]]*Tabla_Consulta_desde_QuickBooks_Data_64_Bit_QRemote[[#This Row],[SalesOrderLineInvoiced]]","v":0},{"$f":"+IFERROR(IF(Tabla_Consulta_desde_QuickBooks_Data_64_Bit_QRemote[[#This Row],[CustomerRefFullName]]=\"GRUVALCORP SA\",VLOOKUP(Tabla_Consulta_desde_QuickBooks_Data_64_Bit_QRemote[[#This Row],[SalesOrderLineItemRefFullName]],Hoja1!A:E,5,FALSE),\"\")*-Tabla_Consulta_desde_QuickBooks_Data_64_Bit_QRemote[[#This Row],[SalesOrderLineAmount]],\"\")","v":""},{"$f":"IF(COUNTIF(wms!E:E,Tabla_Consulta_desde_QuickBooks_Data_64_Bit_QRemote[[#This Row],[RefNumber]])>0,\"OK\",\"FALTA\")","v":"FALTA"}]
["2025-06-03","29128","GERARDO ORTIZ E HIJOS CIA. LTDA.","CA036200 TUMBACO",14,"7862112522244","P.T:110736","TERIYAKI SALSA ASIATICA OLE 300G","Bodega Producto Terminado",12,"X12",2.13,25.56,"UNIDAD SALSA",0,423.54,487.07,"IVA EN VENTAS 15%",{"$f":"IFERROR(IF(Tabla_Consulta_desde_QuickBooks_Data_64_Bit_QRemote[[#This Row],[SalesOrderLineUnitOfMeasure]]=\"un\",Tabla_Consulta_desde_QuickBooks_Data_64_Bit_QRemote[[#This Row],[SalesOrderLineQuantity]],Tabla_Consulta_desde_QuickBooks_Data_64_Bit_QRemote[[#This Row],[SalesOrderLineQuantity]]/MID(Tabla_Consulta_desde_QuickBooks_Data_64_Bit_QRemote[[#This Row],[SalesOrderLineUnitOfMeasure]],2,2)),0)","v":1},{"$f":"IFERROR(IF(Tabla_Consulta_desde_QuickBooks_Data_64_Bit_QRemote[[#This Row],[SalesOrderLineUnitOfMeasure]]=\"un\",Tabla_Consulta_desde_QuickBooks_Data_64_Bit_QRemote[[#This Row],[SalesOrderLineInvoiced]],Tabla_Consulta_desde_QuickBooks_Data_64_Bit_QRemote[[#This Row],[SalesOrderLineInvoiced]]/MID(Tabla_Consulta_desde_QuickBooks_Data_64_Bit_QRemote[[#This Row],[SalesOrderLineUnitOfMeasure]],2,2)),0)","v":0},{"$f":"+Tabla_Consulta_desde_QuickBooks_Data_64_Bit_QRemote[[#This Row],[facturado]]-Tabla_Consulta_desde_QuickBooks_Data_64_Bit_QRemote[[#This Row],[pide]]","v":-1},{"$f":"IF(Tabla_Consulta_desde_QuickBooks_Data_64_Bit_QRemote[[#This Row],[diferecia]]=0,\"ok\",\"diferen\")","v":"diferen"},{"$f":"IFERROR(INDEX(um!A:C,MATCH(Tabla_Consulta_desde_QuickBooks_Data_64_Bit_QRemote[[#This Row],[SalesOrderLineItemRefFullName]],um!A:A,0),3),\"\")","v":"X12"},{"$f":"IFERROR(IF(OR(Tabla_Consulta_desde_QuickBooks_Data_64_Bit_QRemote[[#This Row],[SalesOrderLineUnitOfMeasure]]=\"UN\",Tabla_Consulta_desde_QuickBooks_Data_64_Bit_QRemote[[#This Row],[SalesOrderLineUnitOfMeasure]]=Tabla_Consulta_desde_QuickBooks_Data_64_Bit_QRemote[[#This Row],[U/M]]),\"\",\"ERROR\"),\"\")","v":""},{"$f":"+WEEKNUM(Tabla_Consulta_desde_QuickBooks_Data_64_Bit_QRemote[[#This Row],[TxnDate]])","v":23},{"$f":"+Tabla_Consulta_desde_QuickBooks_Data_64_Bit_QRemote[[#This Row],[SalesOrderLineRate]]*Tabla_Consulta_desde_QuickBooks_Data_64_Bit_QRemote[[#This Row],[SalesOrderLineInvoiced]]","v":0},{"$f":"+IFERROR(IF(Tabla_Consulta_desde_QuickBooks_Data_64_Bit_QRemote[[#This Row],[CustomerRefFullName]]=\"GRUVALCORP SA\",VLOOKUP(Tabla_Consulta_desde_QuickBooks_Data_64_Bit_QRemote[[#This Row],[SalesOrderLineItemRefFullName]],Hoja1!A:E,5,FALSE),\"\")*-Tabla_Consulta_desde_QuickBooks_Data_64_Bit_QRemote[[#This Row],[SalesOrderLineAmount]],\"\")","v":""},{"$f":"IF(COUNTIF(wms!E:E,Tabla_Consulta_desde_QuickBooks_Data_64_Bit_QRemote[[#This Row],[RefNumber]])>0,\"OK\",\"FALTA\")","v":"FALTA"}]
["2025-06-03","29128","GERARDO ORTIZ E HIJOS CIA. LTDA.","CA036200 TUMBACO",15,"7862112522848","PT:221004","ARITOS DE PAPA SABOR CEBOLLA CHILE Y LIMÓN OLE 100G","Bodega Producto Terminado",10,"X10",1.17,11.7,"UNIDAD SNCKS",0,423.54,487.07,"IVA EN VENTAS 15%",{"$f":"IFERROR(IF(Tabla_Consulta_desde_QuickBooks_Data_64_Bit_QRemote[[#This Row],[SalesOrderLineUnitOfMeasure]]=\"un\",Tabla_Consulta_desde_QuickBooks_Data_64_Bit_QRemote[[#This Row],[SalesOrderLineQuantity]],Tabla_Consulta_desde_QuickBooks_Data_64_Bit_QRemote[[#This Row],[SalesOrderLineQuantity]]/MID(Tabla_Consulta_desde_QuickBooks_Data_64_Bit_QRemote[[#This Row],[SalesOrderLineUnitOfMeasure]],2,2)),0)","v":1},{"$f":"IFERROR(IF(Tabla_Consulta_desde_QuickBooks_Data_64_Bit_QRemote[[#This Row],[SalesOrderLineUnitOfMeasure]]=\"un\",Tabla_Consulta_desde_QuickBooks_Data_64_Bit_QRemote[[#This Row],[SalesOrderLineInvoiced]],Tabla_Consulta_desde_QuickBooks_Data_64_Bit_QRemote[[#This Row],[SalesOrderLineInvoiced]]/MID(Tabla_Consulta_desde_QuickBooks_Data_64_Bit_QRemote[[#This Row],[SalesOrderLineUnitOfMeasure]],2,2)),0)","v":0},{"$f":"+Tabla_Consulta_desde_QuickBooks_Data_64_Bit_QRemote[[#This Row],[facturado]]-Tabla_Consulta_desde_QuickBooks_Data_64_Bit_QRemote[[#This Row],[pide]]","v":-1},{"$f":"IF(Tabla_Consulta_desde_QuickBooks_Data_64_Bit_QRemote[[#This Row],[diferecia]]=0,\"ok\",\"diferen\")","v":"diferen"},{"$f":"IFERROR(INDEX(um!A:C,MATCH(Tabla_Consulta_desde_QuickBooks_Data_64_Bit_QRemote[[#This Row],[SalesOrderLineItemRefFullName]],um!A:A,0),3),\"\")","v":"X10"},{"$f":"IFERROR(IF(OR(Tabla_Consulta_desde_QuickBooks_Data_64_Bit_QRemote[[#This Row],[SalesOrderLineUnitOfMeasure]]=\"UN\",Tabla_Consulta_desde_QuickBooks_Data_64_Bit_QRemote[[#This Row],[SalesOrderLineUnitOfMeasure]]=Tabla_Consulta_desde_QuickBooks_Data_64_Bit_QRemote[[#This Row],[U/M]]),\"\",\"ERROR\"),\"\")","v":""},{"$f":"+WEEKNUM(Tabla_Consulta_desde_QuickBooks_Data_64_Bit_QRemote[[#This Row],[TxnDate]])","v":23},{"$f":"+Tabla_Consulta_desde_QuickBooks_Data_64_Bit_QRemote[[#This Row],[SalesOrderLineRate]]*Tabla_Consulta_desde_QuickBooks_Data_64_Bit_QRemote[[#This Row],[SalesOrderLineInvoiced]]","v":0},{"$f":"+IFERROR(IF(Tabla_Consulta_desde_QuickBooks_Data_64_Bit_QRemote[[#This Row],[CustomerRefFullName]]=\"GRUVALCORP SA\",VLOOKUP(Tabla_Consulta_desde_QuickBooks_Data_64_Bit_QRemote[[#This Row],[SalesOrderLineItemRefFullName]],Hoja1!A:E,5,FALSE),\"\")*-Tabla_Consulta_desde_QuickBooks_Data_64_Bit_QRemote[[#This Row],[SalesOrderLineAmount]],\"\")","v":""},{"$f":"IF(COUNTIF(wms!E:E,Tabla_Consulta_desde_QuickBooks_Data_64_Bit_QRemote[[#This Row],[RefNumber]])>0,\"OK\",\"FALTA\")","v":"FALTA"}]
["2025-06-03","29128","GERARDO ORTIZ E HIJOS CIA. LTDA.","CA036200 TUMBACO",16,"7862112522732","PT:220135","TOTOPOS SABOR GUACAMOLE OLE 120G","Bodega Producto Terminado",12,"X12",0.91,10.92,"UNIDAD SNCKS",0,423.54,487.07,"IVA EN VENTAS 15%",{"$f":"IFERROR(IF(Tabla_Consulta_desde_QuickBooks_Data_64_Bit_QRemote[[#This Row],[SalesOrderLineUnitOfMeasure]]=\"un\",Tabla_Consulta_desde_QuickBooks_Data_64_Bit_QRemote[[#This Row],[SalesOrderLineQuantity]],Tabla_Consulta_desde_QuickBooks_Data_64_Bit_QRemote[[#This Row],[SalesOrderLineQuantity]]/MID(Tabla_Consulta_desde_QuickBooks_Data_64_Bit_QRemote[[#This Row],[SalesOrderLineUnitOfMeasure]],2,2)),0)","v":1},{"$f":"IFERROR(IF(Tabla_Consulta_desde_QuickBooks_Data_64_Bit_QRemote[[#This Row],[SalesOrderLineUnitOfMeasure]]=\"un\",Tabla_Consulta_desde_QuickBooks_Data_64_Bit_QRemote[[#This Row],[SalesOrderLineInvoiced]],Tabla_Consulta_desde_QuickBooks_Data_64_Bit_QRemote[[#This Row],[SalesOrderLineInvoiced]]/MID(Tabla_Consulta_desde_QuickBooks_Data_64_Bit_QRemote[[#This Row],[SalesOrderLineUnitOfMeasure]],2,2)),0)","v":0},{"$f":"+Tabla_Consulta_desde_QuickBooks_Data_64_Bit_QRemote[[#This Row],[facturado]]-Tabla_Consulta_desde_QuickBooks_Data_64_Bit_QRemote[[#This Row],[pide]]","v":-1},{"$f":"IF(Tabla_Consulta_desde_QuickBooks_Data_64_Bit_QRemote[[#This Row],[diferecia]]=0,\"ok\",\"diferen\")","v":"diferen"},{"$f":"IFERROR(INDEX(um!A:C,MATCH(Tabla_Consulta_desde_QuickBooks_Data_64_Bit_QRemote[[#This Row],[SalesOrderLineItemRefFullName]],um!A:A,0),3),\"\")","v":"X12"},{"$f":"IFERROR(IF(OR(Tabla_Consulta_desde_QuickBooks_Data_64_Bit_QRemote[[#This Row],[SalesOrderLineUnitOfMeasure]]=\"UN\",Tabla_Consulta_desde_QuickBooks_Data_64_Bit_QRemote[[#This Row],[SalesOrderLineUnitOfMeasure]]=Tabla_Consulta_desde_QuickBooks_Data_64_Bit_QRemote[[#This Row],[U/M]]),\"\",\"ERROR\"),\"\")","v":""},{"$f":"+WEEKNUM(Tabla_Consulta_desde_QuickBooks_Data_64_Bit_QRemote[[#This Row],[TxnDate]])","v":23},{"$f":"+Tabla_Consulta_desde_QuickBooks_Data_64_Bit_QRemote[[#This Row],[SalesOrderLineRate]]*Tabla_Consulta_desde_QuickBooks_Data_64_Bit_QRemote[[#This Row],[SalesOrderLineInvoiced]]","v":0},{"$f":"+IFERROR(IF(Tabla_Consulta_desde_QuickBooks_Data_64_Bit_QRemote[[#This Row],[CustomerRefFullName]]=\"GRUVALCORP SA\",VLOOKUP(Tabla_Consulta_desde_QuickBooks_Data_64_Bit_QRemote[[#This Row],[SalesOrderLineItemRefFullName]],Hoja1!A:E,5,FALSE),\"\")*-Tabla_Consulta_desde_QuickBooks_Data_64_Bit_QRemote[[#This Row],[SalesOrderLineAmount]],\"\")","v":""},{"$f":"IF(COUNTIF(wms!E:E,Tabla_Consulta_desde_QuickBooks_Data_64_Bit_QRemote[[#This Row],[RefNumber]])>0,\"OK\",\"FALTA\")","v":"FALTA"}]
["2025-06-03","29128","GERARDO ORTIZ E HIJOS CIA. LTDA.","CA036200 TUMBACO",17,"7862112522367","PT:220132","TOTOPOS NATURAL OLE 300G","Bodega Producto Terminado",12,"X12",1.67,20.04,"UNIDAD SNCKS",0,423.54,487.07,"IVA EN VENTAS 15%",{"$f":"IFERROR(IF(Tabla_Consulta_desde_QuickBooks_Data_64_Bit_QRemote[[#This Row],[SalesOrderLineUnitOfMeasure]]=\"un\",Tabla_Consulta_desde_QuickBooks_Data_64_Bit_QRemote[[#This Row],[SalesOrderLineQuantity]],Tabla_Consulta_desde_QuickBooks_Data_64_Bit_QRemote[[#This Row],[SalesOrderLineQuantity]]/MID(Tabla_Consulta_desde_QuickBooks_Data_64_Bit_QRemote[[#This Row],[SalesOrderLineUnitOfMeasure]],2,2)),0)","v":1},{"$f":"IFERROR(IF(Tabla_Consulta_desde_QuickBooks_Data_64_Bit_QRemote[[#This Row],[SalesOrderLineUnitOfMeasure]]=\"un\",Tabla_Consulta_desde_QuickBooks_Data_64_Bit_QRemote[[#This Row],[SalesOrderLineInvoiced]],Tabla_Consulta_desde_QuickBooks_Data_64_Bit_QRemote[[#This Row],[SalesOrderLineInvoiced]]/MID(Tabla_Consulta_desde_QuickBooks_Data_64_Bit_QRemote[[#This Row],[SalesOrderLineUnitOfMeasure]],2,2)),0)","v":0},{"$f":"+Tabla_Consulta_desde_QuickBooks_Data_64_Bit_QRemote[[#This Row],[facturado]]-Tabla_Consulta_desde_QuickBooks_Data_64_Bit_QRemote[[#This Row],[pide]]","v":-1},{"$f":"IF(Tabla_Consulta_desde_QuickBooks_Data_64_Bit_QRemote[[#This Row],[diferecia]]=0,\"ok\",\"diferen\")","v":"diferen"},{"$f":"IFERROR(INDEX(um!A:C,MATCH(Tabla_Consulta_desde_QuickBooks_Data_64_Bit_QRemote[[#This Row],[SalesOrderLineItemRefFullName]],um!A:A,0),3),\"\")","v":"X12"},{"$f":"IFERROR(IF(OR(Tabla_Consulta_desde_QuickBooks_Data_64_Bit_QRemote[[#This Row],[SalesOrderLineUnitOfMeasure]]=\"UN\",Tabla_Consulta_desde_QuickBooks_Data_64_Bit_QRemote[[#This Row],[SalesOrderLineUnitOfMeasure]]=Tabla_Consulta_desde_QuickBooks_Data_64_Bit_QRemote[[#This Row],[U/M]]),\"\",\"ERROR\"),\"\")","v":""},{"$f":"+WEEKNUM(Tabla_Consulta_desde_QuickBooks_Data_64_Bit_QRemote[[#This Row],[TxnDate]])","v":23},{"$f":"+Tabla_Consulta_desde_QuickBooks_Data_64_Bit_QRemote[[#This Row],[SalesOrderLineRate]]*Tabla_Consulta_desde_QuickBooks_Data_64_Bit_QRemote[[#This Row],[SalesOrderLineInvoiced]]","v":0},{"$f":"+IFERROR(IF(Tabla_Consulta_desde_QuickBooks_Data_64_Bit_QRemote[[#This Row],[CustomerRefFullName]]=\"GRUVALCORP SA\",VLOOKUP(Tabla_Consulta_desde_QuickBooks_Data_64_Bit_QRemote[[#This Row],[SalesOrderLineItemRefFullName]],Hoja1!A:E,5,FALSE),\"\")*-Tabla_Consulta_desde_QuickBooks_Data_64_Bit_QRemote[[#This Row],[SalesOrderLineAmount]],\"\")","v":""},{"$f":"IF(COUNTIF(wms!E:E,Tabla_Consulta_desde_QuickBooks_Data_64_Bit_QRemote[[#This Row],[RefNumber]])>0,\"OK\",\"FALTA\")","v":"FALTA"}]
["2025-06-03","29128","GERARDO ORTIZ E HIJOS CIA. LTDA.","CA036200 TUMBACO",18,null,"INFOADICIONAL","CA036200 TUMBACO",null,null,null,0,0,null,0,423.54,487.07,"IVA EN VENTAS 15%",{"$f":"IFERROR(IF(Tabla_Consulta_desde_QuickBooks_Data_64_Bit_QRemote[[#This Row],[SalesOrderLineUnitOfMeasure]]=\"un\",Tabla_Consulta_desde_QuickBooks_Data_64_Bit_QRemote[[#This Row],[SalesOrderLineQuantity]],Tabla_Consulta_desde_QuickBooks_Data_64_Bit_QRemote[[#This Row],[SalesOrderLineQuantity]]/MID(Tabla_Consulta_desde_QuickBooks_Data_64_Bit_QRemote[[#This Row],[SalesOrderLineUnitOfMeasure]],2,2)),0)","v":0},{"$f":"IFERROR(IF(Tabla_Consulta_desde_QuickBooks_Data_64_Bit_QRemote[[#This Row],[SalesOrderLineUnitOfMeasure]]=\"un\",Tabla_Consulta_desde_QuickBooks_Data_64_Bit_QRemote[[#This Row],[SalesOrderLineInvoiced]],Tabla_Consulta_desde_QuickBooks_Data_64_Bit_QRemote[[#This Row],[SalesOrderLineInvoiced]]/MID(Tabla_Consulta_desde_QuickBooks_Data_64_Bit_QRemote[[#This Row],[SalesOrderLineUnitOfMeasure]],2,2)),0)","v":0},{"$f":"+Tabla_Consulta_desde_QuickBooks_Data_64_Bit_QRemote[[#This Row],[facturado]]-Tabla_Consulta_desde_QuickBooks_Data_64_Bit_QRemote[[#This Row],[pide]]","v":0},{"$f":"IF(Tabla_Consulta_desde_QuickBooks_Data_64_Bit_QRemote[[#This Row],[diferecia]]=0,\"ok\",\"diferen\")","v":"ok"},{"$f":"IFERROR(INDEX(um!A:C,MATCH(Tabla_Consulta_desde_QuickBooks_Data_64_Bit_QRemote[[#This Row],[SalesOrderLineItemRefFullName]],um!A:A,0),3),\"\")","v":""},{"$f":"IFERROR(IF(OR(Tabla_Consulta_desde_QuickBooks_Data_64_Bit_QRemote[[#This Row],[SalesOrderLineUnitOfMeasure]]=\"UN\",Tabla_Consulta_desde_QuickBooks_Data_64_Bit_QRemote[[#This Row],[SalesOrderLineUnitOfMeasure]]=Tabla_Consulta_desde_QuickBooks_Data_64_Bit_QRemote[[#This Row],[U/M]]),\"\",\"ERROR\"),\"\")","v":""},{"$f":"+WEEKNUM(Tabla_Consulta_desde_QuickBooks_Data_64_Bit_QRemote[[#This Row],[TxnDate]])","v":23},{"$f":"+Tabla_Consulta_desde_QuickBooks_Data_64_Bit_QRemote[[#This Row],[SalesOrderLineRate]]*Tabla_Consulta_desde_QuickBooks_Data_64_Bit_QRemote[[#This Row],[SalesOrderLineInvoiced]]","v":0},{"$f":"+IFERROR(IF(Tabla_Consulta_desde_QuickBooks_Data_64_Bit_QRemote[[#This Row],[CustomerRefFullName]]=\"GRUVALCORP SA\",VLOOKUP(Tabla_Consulta_desde_QuickBooks_Data_64_Bit_QRemote[[#This Row],[SalesOrderLineItemRefFullName]],Hoja1!A:E,5,FALSE),\"\")*-Tabla_Consulta_desde_QuickBooks_Data_64_Bit_QRemote[[#This Row],[SalesOrderLineAmount]],\"\")","v":""},{"$f":"IF(COUNTIF(wms!E:E,Tabla_Consulta_desde_QuickBooks_Data_64_Bit_QRemote[[#This Row],[RefNumber]])>0,\"OK\",\"FALTA\")","v":"FALTA"}]
["2025-06-03","29129","GERARDO ORTIZ E HIJOS CIA. LTDA.","CS272908 SUCRE",1,"7862112523296","P.T:110622","PEPINILLOS CON JALAPEÑO OLE 225G","Bodega Producto Terminado",24,"X24",1.69,40.56,"UNIDAD SALSA",0,114,131.1,"IVA EN VENTAS 15%",{"$f":"IFERROR(IF(Tabla_Consulta_desde_QuickBooks_Data_64_Bit_QRemote[[#This Row],[SalesOrderLineUnitOfMeasure]]=\"un\",Tabla_Consulta_desde_QuickBooks_Data_64_Bit_QRemote[[#This Row],[SalesOrderLineQuantity]],Tabla_Consulta_desde_QuickBooks_Data_64_Bit_QRemote[[#This Row],[SalesOrderLineQuantity]]/MID(Tabla_Consulta_desde_QuickBooks_Data_64_Bit_QRemote[[#This Row],[SalesOrderLineUnitOfMeasure]],2,2)),0)","v":1},{"$f":"IFERROR(IF(Tabla_Consulta_desde_QuickBooks_Data_64_Bit_QRemote[[#This Row],[SalesOrderLineUnitOfMeasure]]=\"un\",Tabla_Consulta_desde_QuickBooks_Data_64_Bit_QRemote[[#This Row],[SalesOrderLineInvoiced]],Tabla_Consulta_desde_QuickBooks_Data_64_Bit_QRemote[[#This Row],[SalesOrderLineInvoiced]]/MID(Tabla_Consulta_desde_QuickBooks_Data_64_Bit_QRemote[[#This Row],[SalesOrderLineUnitOfMeasure]],2,2)),0)","v":0},{"$f":"+Tabla_Consulta_desde_QuickBooks_Data_64_Bit_QRemote[[#This Row],[facturado]]-Tabla_Consulta_desde_QuickBooks_Data_64_Bit_QRemote[[#This Row],[pide]]","v":-1},{"$f":"IF(Tabla_Consulta_desde_QuickBooks_Data_64_Bit_QRemote[[#This Row],[diferecia]]=0,\"ok\",\"diferen\")","v":"diferen"},{"$f":"IFERROR(INDEX(um!A:C,MATCH(Tabla_Consulta_desde_QuickBooks_Data_64_Bit_QRemote[[#This Row],[SalesOrderLineItemRefFullName]],um!A:A,0),3),\"\")","v":"X24"},{"$f":"IFERROR(IF(OR(Tabla_Consulta_desde_QuickBooks_Data_64_Bit_QRemote[[#This Row],[SalesOrderLineUnitOfMeasure]]=\"UN\",Tabla_Consulta_desde_QuickBooks_Data_64_Bit_QRemote[[#This Row],[SalesOrderLineUnitOfMeasure]]=Tabla_Consulta_desde_QuickBooks_Data_64_Bit_QRemote[[#This Row],[U/M]]),\"\",\"ERROR\"),\"\")","v":""},{"$f":"+WEEKNUM(Tabla_Consulta_desde_QuickBooks_Data_64_Bit_QRemote[[#This Row],[TxnDate]])","v":23},{"$f":"+Tabla_Consulta_desde_QuickBooks_Data_64_Bit_QRemote[[#This Row],[SalesOrderLineRate]]*Tabla_Consulta_desde_QuickBooks_Data_64_Bit_QRemote[[#This Row],[SalesOrderLineInvoiced]]","v":0},{"$f":"+IFERROR(IF(Tabla_Consulta_desde_QuickBooks_Data_64_Bit_QRemote[[#This Row],[CustomerRefFullName]]=\"GRUVALCORP SA\",VLOOKUP(Tabla_Consulta_desde_QuickBooks_Data_64_Bit_QRemote[[#This Row],[SalesOrderLineItemRefFullName]],Hoja1!A:E,5,FALSE),\"\")*-Tabla_Consulta_desde_QuickBooks_Data_64_Bit_QRemote[[#This Row],[SalesOrderLineAmount]],\"\")","v":""},{"$f":"IF(COUNTIF(wms!E:E,Tabla_Consulta_desde_QuickBooks_Data_64_Bit_QRemote[[#This Row],[RefNumber]])>0,\"OK\",\"FALTA\")","v":"FALTA"}]
["2025-06-03","29129","GERARDO ORTIZ E HIJOS CIA. LTDA.","CS272908 SUCRE",2,"7862112523104","P.T:110804","SALSA CHAMOY OLE 275G","Bodega Producto Terminado",12,"X12",1.76,21.12,"UNIDAD SALSA",0,114,131.1,"IVA EN VENTAS 15%",{"$f":"IFERROR(IF(Tabla_Consulta_desde_QuickBooks_Data_64_Bit_QRemote[[#This Row],[SalesOrderLineUnitOfMeasure]]=\"un\",Tabla_Consulta_desde_QuickBooks_Data_64_Bit_QRemote[[#This Row],[SalesOrderLineQuantity]],Tabla_Consulta_desde_QuickBooks_Data_64_Bit_QRemote[[#This Row],[SalesOrderLineQuantity]]/MID(Tabla_Consulta_desde_QuickBooks_Data_64_Bit_QRemote[[#This Row],[SalesOrderLineUnitOfMeasure]],2,2)),0)","v":1},{"$f":"IFERROR(IF(Tabla_Consulta_desde_QuickBooks_Data_64_Bit_QRemote[[#This Row],[SalesOrderLineUnitOfMeasure]]=\"un\",Tabla_Consulta_desde_QuickBooks_Data_64_Bit_QRemote[[#This Row],[SalesOrderLineInvoiced]],Tabla_Consulta_desde_QuickBooks_Data_64_Bit_QRemote[[#This Row],[SalesOrderLineInvoiced]]/MID(Tabla_Consulta_desde_QuickBooks_Data_64_Bit_QRemote[[#This Row],[SalesOrderLineUnitOfMeasure]],2,2)),0)","v":0},{"$f":"+Tabla_Consulta_desde_QuickBooks_Data_64_Bit_QRemote[[#This Row],[facturado]]-Tabla_Consulta_desde_QuickBooks_Data_64_Bit_QRemote[[#This Row],[pide]]","v":-1},{"$f":"IF(Tabla_Consulta_desde_QuickBooks_Data_64_Bit_QRemote[[#This Row],[diferecia]]=0,\"ok\",\"diferen\")","v":"diferen"},{"$f":"IFERROR(INDEX(um!A:C,MATCH(Tabla_Consulta_desde_QuickBooks_Data_64_Bit_QRemote[[#This Row],[SalesOrderLineItemRefFullName]],um!A:A,0),3),\"\")","v":"X12"},{"$f":"IFERROR(IF(OR(Tabla_Consulta_desde_QuickBooks_Data_64_Bit_QRemote[[#This Row],[SalesOrderLineUnitOfMeasure]]=\"UN\",Tabla_Consulta_desde_QuickBooks_Data_64_Bit_QRemote[[#This Row],[SalesOrderLineUnitOfMeasure]]=Tabla_Consulta_desde_QuickBooks_Data_64_Bit_QRemote[[#This Row],[U/M]]),\"\",\"ERROR\"),\"\")","v":""},{"$f":"+WEEKNUM(Tabla_Consulta_desde_QuickBooks_Data_64_Bit_QRemote[[#This Row],[TxnDate]])","v":23},{"$f":"+Tabla_Consulta_desde_QuickBooks_Data_64_Bit_QRemote[[#This Row],[SalesOrderLineRate]]*Tabla_Consulta_desde_QuickBooks_Data_64_Bit_QRemote[[#This Row],[SalesOrderLineInvoiced]]","v":0},{"$f":"+IFERROR(IF(Tabla_Consulta_desde_QuickBooks_Data_64_Bit_QRemote[[#This Row],[CustomerRefFullName]]=\"GRUVALCORP SA\",VLOOKUP(Tabla_Consulta_desde_QuickBooks_Data_64_Bit_QRemote[[#This Row],[SalesOrderLineItemRefFullName]],Hoja1!A:E,5,FALSE),\"\")*-Tabla_Consulta_desde_QuickBooks_Data_64_Bit_QRemote[[#This Row],[SalesOrderLineAmount]],\"\")","v":""},{"$f":"IF(COUNTIF(wms!E:E,Tabla_Consulta_desde_QuickBooks_Data_64_Bit_QRemote[[#This Row],[RefNumber]])>0,\"OK\",\"FALTA\")","v":"FALTA"}]
["2025-06-03","29129","GERARDO ORTIZ E HIJOS CIA. LTDA.","CS272908 SUCRE",3,"7862112523227","P.T:110313","SALSA BBQ WHISKY Y MIEL OLE 430G","Bodega Producto Terminado",12,"X12",2.06,24.72,"UNIDAD SALSA",0,114,131.1,"IVA EN VENTAS 15%",{"$f":"IFERROR(IF(Tabla_Consulta_desde_QuickBooks_Data_64_Bit_QRemote[[#This Row],[SalesOrderLineUnitOfMeasure]]=\"un\",Tabla_Consulta_desde_QuickBooks_Data_64_Bit_QRemote[[#This Row],[SalesOrderLineQuantity]],Tabla_Consulta_desde_QuickBooks_Data_64_Bit_QRemote[[#This Row],[SalesOrderLineQuantity]]/MID(Tabla_Consulta_desde_QuickBooks_Data_64_Bit_QRemote[[#This Row],[SalesOrderLineUnitOfMeasure]],2,2)),0)","v":1},{"$f":"IFERROR(IF(Tabla_Consulta_desde_QuickBooks_Data_64_Bit_QRemote[[#This Row],[SalesOrderLineUnitOfMeasure]]=\"un\",Tabla_Consulta_desde_QuickBooks_Data_64_Bit_QRemote[[#This Row],[SalesOrderLineInvoiced]],Tabla_Consulta_desde_QuickBooks_Data_64_Bit_QRemote[[#This Row],[SalesOrderLineInvoiced]]/MID(Tabla_Consulta_desde_QuickBooks_Data_64_Bit_QRemote[[#This Row],[SalesOrderLineUnitOfMeasure]],2,2)),0)","v":0},{"$f":"+Tabla_Consulta_desde_QuickBooks_Data_64_Bit_QRemote[[#This Row],[facturado]]-Tabla_Consulta_desde_QuickBooks_Data_64_Bit_QRemote[[#This Row],[pide]]","v":-1},{"$f":"IF(Tabla_Consulta_desde_QuickBooks_Data_64_Bit_QRemote[[#This Row],[diferecia]]=0,\"ok\",\"diferen\")","v":"diferen"},{"$f":"IFERROR(INDEX(um!A:C,MATCH(Tabla_Consulta_desde_QuickBooks_Data_64_Bit_QRemote[[#This Row],[SalesOrderLineItemRefFullName]],um!A:A,0),3),\"\")","v":"X12"},{"$f":"IFERROR(IF(OR(Tabla_Consulta_desde_QuickBooks_Data_64_Bit_QRemote[[#This Row],[SalesOrderLineUnitOfMeasure]]=\"UN\",Tabla_Consulta_desde_QuickBooks_Data_64_Bit_QRemote[[#This Row],[SalesOrderLineUnitOfMeasure]]=Tabla_Consulta_desde_QuickBooks_Data_64_Bit_QRemote[[#This Row],[U/M]]),\"\",\"ERROR\"),\"\")","v":""},{"$f":"+WEEKNUM(Tabla_Consulta_desde_QuickBooks_Data_64_Bit_QRemote[[#This Row],[TxnDate]])","v":23},{"$f":"+Tabla_Consulta_desde_QuickBooks_Data_64_Bit_QRemote[[#This Row],[SalesOrderLineRate]]*Tabla_Consulta_desde_QuickBooks_Data_64_Bit_QRemote[[#This Row],[SalesOrderLineInvoiced]]","v":0},{"$f":"+IFERROR(IF(Tabla_Consulta_desde_QuickBooks_Data_64_Bit_QRemote[[#This Row],[CustomerRefFullName]]=\"GRUVALCORP SA\",VLOOKUP(Tabla_Consulta_desde_QuickBooks_Data_64_Bit_QRemote[[#This Row],[SalesOrderLineItemRefFullName]],Hoja1!A:E,5,FALSE),\"\")*-Tabla_Consulta_desde_QuickBooks_Data_64_Bit_QRemote[[#This Row],[SalesOrderLineAmount]],\"\")","v":""},{"$f":"IF(COUNTIF(wms!E:E,Tabla_Consulta_desde_QuickBooks_Data_64_Bit_QRemote[[#This Row],[RefNumber]])>0,\"OK\",\"FALTA\")","v":"FALTA"}]
["2025-06-03","29129","GERARDO ORTIZ E HIJOS CIA. LTDA.","CS272908 SUCRE",4,"7862112522169","P.T:110734","DIP ORIGINAL ROASTED TOMATES ASADOS OLE 220G","Bodega Producto Terminado",12,"X12",1.45,17.399999999999999,"UNIDAD SALSA",0,114,131.1,"IVA EN VENTAS 15%",{"$f":"IFERROR(IF(Tabla_Consulta_desde_QuickBooks_Data_64_Bit_QRemote[[#This Row],[SalesOrderLineUnitOfMeasure]]=\"un\",Tabla_Consulta_desde_QuickBooks_Data_64_Bit_QRemote[[#This Row],[SalesOrderLineQuantity]],Tabla_Consulta_desde_QuickBooks_Data_64_Bit_QRemote[[#This Row],[SalesOrderLineQuantity]]/MID(Tabla_Consulta_desde_QuickBooks_Data_64_Bit_QRemote[[#This Row],[SalesOrderLineUnitOfMeasure]],2,2)),0)","v":1},{"$f":"IFERROR(IF(Tabla_Consulta_desde_QuickBooks_Data_64_Bit_QRemote[[#This Row],[SalesOrderLineUnitOfMeasure]]=\"un\",Tabla_Consulta_desde_QuickBooks_Data_64_Bit_QRemote[[#This Row],[SalesOrderLineInvoiced]],Tabla_Consulta_desde_QuickBooks_Data_64_Bit_QRemote[[#This Row],[SalesOrderLineInvoiced]]/MID(Tabla_Consulta_desde_QuickBooks_Data_64_Bit_QRemote[[#This Row],[SalesOrderLineUnitOfMeasure]],2,2)),0)","v":0},{"$f":"+Tabla_Consulta_desde_QuickBooks_Data_64_Bit_QRemote[[#This Row],[facturado]]-Tabla_Consulta_desde_QuickBooks_Data_64_Bit_QRemote[[#This Row],[pide]]","v":-1},{"$f":"IF(Tabla_Consulta_desde_QuickBooks_Data_64_Bit_QRemote[[#This Row],[diferecia]]=0,\"ok\",\"diferen\")","v":"diferen"},{"$f":"IFERROR(INDEX(um!A:C,MATCH(Tabla_Consulta_desde_QuickBooks_Data_64_Bit_QRemote[[#This Row],[SalesOrderLineItemRefFullName]],um!A:A,0),3),\"\")","v":"X12"},{"$f":"IFERROR(IF(OR(Tabla_Consulta_desde_QuickBooks_Data_64_Bit_QRemote[[#This Row],[SalesOrderLineUnitOfMeasure]]=\"UN\",Tabla_Consulta_desde_QuickBooks_Data_64_Bit_QRemote[[#This Row],[SalesOrderLineUnitOfMeasure]]=Tabla_Consulta_desde_QuickBooks_Data_64_Bit_QRemote[[#This Row],[U/M]]),\"\",\"ERROR\"),\"\")","v":""},{"$f":"+WEEKNUM(Tabla_Consulta_desde_QuickBooks_Data_64_Bit_QRemote[[#This Row],[TxnDate]])","v":23},{"$f":"+Tabla_Consulta_desde_QuickBooks_Data_64_Bit_QRemote[[#This Row],[SalesOrderLineRate]]*Tabla_Consulta_desde_QuickBooks_Data_64_Bit_QRemote[[#This Row],[SalesOrderLineInvoiced]]","v":0},{"$f":"+IFERROR(IF(Tabla_Consulta_desde_QuickBooks_Data_64_Bit_QRemote[[#This Row],[CustomerRefFullName]]=\"GRUVALCORP SA\",VLOOKUP(Tabla_Consulta_desde_QuickBooks_Data_64_Bit_QRemote[[#This Row],[SalesOrderLineItemRefFullName]],Hoja1!A:E,5,FALSE),\"\")*-Tabla_Consulta_desde_QuickBooks_Data_64_Bit_QRemote[[#This Row],[SalesOrderLineAmount]],\"\")","v":""},{"$f":"IF(COUNTIF(wms!E:E,Tabla_Consulta_desde_QuickBooks_Data_64_Bit_QRemote[[#This Row],[RefNumber]])>0,\"OK\",\"FALTA\")","v":"FALTA"}]
["2025-06-03","29129","GERARDO ORTIZ E HIJOS CIA. LTDA.","CS272908 SUCRE",5,"7862112523258","PT:220142","TOTOPOS SABOR GUACAMOLE OLE 45G","Bodega Producto Terminado",30,"X30",0.34,10.199999999999999,"UNIDAD SNCKS",0,114,131.1,"IVA EN VENTAS 15%",{"$f":"IFERROR(IF(Tabla_Consulta_desde_QuickBooks_Data_64_Bit_QRemote[[#This Row],[SalesOrderLineUnitOfMeasure]]=\"un\",Tabla_Consulta_desde_QuickBooks_Data_64_Bit_QRemote[[#This Row],[SalesOrderLineQuantity]],Tabla_Consulta_desde_QuickBooks_Data_64_Bit_QRemote[[#This Row],[SalesOrderLineQuantity]]/MID(Tabla_Consulta_desde_QuickBooks_Data_64_Bit_QRemote[[#This Row],[SalesOrderLineUnitOfMeasure]],2,2)),0)","v":1},{"$f":"IFERROR(IF(Tabla_Consulta_desde_QuickBooks_Data_64_Bit_QRemote[[#This Row],[SalesOrderLineUnitOfMeasure]]=\"un\",Tabla_Consulta_desde_QuickBooks_Data_64_Bit_QRemote[[#This Row],[SalesOrderLineInvoiced]],Tabla_Consulta_desde_QuickBooks_Data_64_Bit_QRemote[[#This Row],[SalesOrderLineInvoiced]]/MID(Tabla_Consulta_desde_QuickBooks_Data_64_Bit_QRemote[[#This Row],[SalesOrderLineUnitOfMeasure]],2,2)),0)","v":0},{"$f":"+Tabla_Consulta_desde_QuickBooks_Data_64_Bit_QRemote[[#This Row],[facturado]]-Tabla_Consulta_desde_QuickBooks_Data_64_Bit_QRemote[[#This Row],[pide]]","v":-1},{"$f":"IF(Tabla_Consulta_desde_QuickBooks_Data_64_Bit_QRemote[[#This Row],[diferecia]]=0,\"ok\",\"diferen\")","v":"diferen"},{"$f":"IFERROR(INDEX(um!A:C,MATCH(Tabla_Consulta_desde_QuickBooks_Data_64_Bit_QRemote[[#This Row],[SalesOrderLineItemRefFullName]],um!A:A,0),3),\"\")","v":"X30"},{"$f":"IFERROR(IF(OR(Tabla_Consulta_desde_QuickBooks_Data_64_Bit_QRemote[[#This Row],[SalesOrderLineUnitOfMeasure]]=\"UN\",Tabla_Consulta_desde_QuickBooks_Data_64_Bit_QRemote[[#This Row],[SalesOrderLineUnitOfMeasure]]=Tabla_Consulta_desde_QuickBooks_Data_64_Bit_QRemote[[#This Row],[U/M]]),\"\",\"ERROR\"),\"\")","v":""},{"$f":"+WEEKNUM(Tabla_Consulta_desde_QuickBooks_Data_64_Bit_QRemote[[#This Row],[TxnDate]])","v":23},{"$f":"+Tabla_Consulta_desde_QuickBooks_Data_64_Bit_QRemote[[#This Row],[SalesOrderLineRate]]*Tabla_Consulta_desde_QuickBooks_Data_64_Bit_QRemote[[#This Row],[SalesOrderLineInvoiced]]","v":0},{"$f":"+IFERROR(IF(Tabla_Consulta_desde_QuickBooks_Data_64_Bit_QRemote[[#This Row],[CustomerRefFullName]]=\"GRUVALCORP SA\",VLOOKUP(Tabla_Consulta_desde_QuickBooks_Data_64_Bit_QRemote[[#This Row],[SalesOrderLineItemRefFullName]],Hoja1!A:E,5,FALSE),\"\")*-Tabla_Consulta_desde_QuickBooks_Data_64_Bit_QRemote[[#This Row],[SalesOrderLineAmount]],\"\")","v":""},{"$f":"IF(COUNTIF(wms!E:E,Tabla_Consulta_desde_QuickBooks_Data_64_Bit_QRemote[[#This Row],[RefNumber]])>0,\"OK\",\"FALTA\")","v":"FALTA"}]
["2025-06-03","29129","GERARDO ORTIZ E HIJOS CIA. LTDA.","CS272908 SUCRE",6,null,"INFOADICIONAL","CS272908 SUCRE",null,null,null,0,0,null,0,114,131.1,"IVA EN VENTAS 15%",{"$f":"IFERROR(IF(Tabla_Consulta_desde_QuickBooks_Data_64_Bit_QRemote[[#This Row],[SalesOrderLineUnitOfMeasure]]=\"un\",Tabla_Consulta_desde_QuickBooks_Data_64_Bit_QRemote[[#This Row],[SalesOrderLineQuantity]],Tabla_Consulta_desde_QuickBooks_Data_64_Bit_QRemote[[#This Row],[SalesOrderLineQuantity]]/MID(Tabla_Consulta_desde_QuickBooks_Data_64_Bit_QRemote[[#This Row],[SalesOrderLineUnitOfMeasure]],2,2)),0)","v":0},{"$f":"IFERROR(IF(Tabla_Consulta_desde_QuickBooks_Data_64_Bit_QRemote[[#This Row],[SalesOrderLineUnitOfMeasure]]=\"un\",Tabla_Consulta_desde_QuickBooks_Data_64_Bit_QRemote[[#This Row],[SalesOrderLineInvoiced]],Tabla_Consulta_desde_QuickBooks_Data_64_Bit_QRemote[[#This Row],[SalesOrderLineInvoiced]]/MID(Tabla_Consulta_desde_QuickBooks_Data_64_Bit_QRemote[[#This Row],[SalesOrderLineUnitOfMeasure]],2,2)),0)","v":0},{"$f":"+Tabla_Consulta_desde_QuickBooks_Data_64_Bit_QRemote[[#This Row],[facturado]]-Tabla_Consulta_desde_QuickBooks_Data_64_Bit_QRemote[[#This Row],[pide]]","v":0},{"$f":"IF(Tabla_Consulta_desde_QuickBooks_Data_64_Bit_QRemote[[#This Row],[diferecia]]=0,\"ok\",\"diferen\")","v":"ok"},{"$f":"IFERROR(INDEX(um!A:C,MATCH(Tabla_Consulta_desde_QuickBooks_Data_64_Bit_QRemote[[#This Row],[SalesOrderLineItemRefFullName]],um!A:A,0),3),\"\")","v":""},{"$f":"IFERROR(IF(OR(Tabla_Consulta_desde_QuickBooks_Data_64_Bit_QRemote[[#This Row],[SalesOrderLineUnitOfMeasure]]=\"UN\",Tabla_Consulta_desde_QuickBooks_Data_64_Bit_QRemote[[#This Row],[SalesOrderLineUnitOfMeasure]]=Tabla_Consulta_desde_QuickBooks_Data_64_Bit_QRemote[[#This Row],[U/M]]),\"\",\"ERROR\"),\"\")","v":""},{"$f":"+WEEKNUM(Tabla_Consulta_desde_QuickBooks_Data_64_Bit_QRemote[[#This Row],[TxnDate]])","v":23},{"$f":"+Tabla_Consulta_desde_QuickBooks_Data_64_Bit_QRemote[[#This Row],[SalesOrderLineRate]]*Tabla_Consulta_desde_QuickBooks_Data_64_Bit_QRemote[[#This Row],[SalesOrderLineInvoiced]]","v":0},{"$f":"+IFERROR(IF(Tabla_Consulta_desde_QuickBooks_Data_64_Bit_QRemote[[#This Row],[CustomerRefFullName]]=\"GRUVALCORP SA\",VLOOKUP(Tabla_Consulta_desde_QuickBooks_Data_64_Bit_QRemote[[#This Row],[SalesOrderLineItemRefFullName]],Hoja1!A:E,5,FALSE),\"\")*-Tabla_Consulta_desde_QuickBooks_Data_64_Bit_QRemote[[#This Row],[SalesOrderLineAmount]],\"\")","v":""},{"$f":"IF(COUNTIF(wms!E:E,Tabla_Consulta_desde_QuickBooks_Data_64_Bit_QRemote[[#This Row],[RefNumber]])>0,\"OK\",\"FALTA\")","v":"FALTA"}]
["2025-06-03","29130","GERARDO ORTIZ E HIJOS CIA. LTDA.","RA292694 RACAR",1,"7862112523296","P.T:110622","PEPINILLOS CON JALAPEÑO OLE 225G","Bodega Producto Terminado",24,"X24",1.69,40.56,"UNIDAD SALSA",0,220.02,253.02,"IVA EN VENTAS 15%",{"$f":"IFERROR(IF(Tabla_Consulta_desde_QuickBooks_Data_64_Bit_QRemote[[#This Row],[SalesOrderLineUnitOfMeasure]]=\"un\",Tabla_Consulta_desde_QuickBooks_Data_64_Bit_QRemote[[#This Row],[SalesOrderLineQuantity]],Tabla_Consulta_desde_QuickBooks_Data_64_Bit_QRemote[[#This Row],[SalesOrderLineQuantity]]/MID(Tabla_Consulta_desde_QuickBooks_Data_64_Bit_QRemote[[#This Row],[SalesOrderLineUnitOfMeasure]],2,2)),0)","v":1},{"$f":"IFERROR(IF(Tabla_Consulta_desde_QuickBooks_Data_64_Bit_QRemote[[#This Row],[SalesOrderLineUnitOfMeasure]]=\"un\",Tabla_Consulta_desde_QuickBooks_Data_64_Bit_QRemote[[#This Row],[SalesOrderLineInvoiced]],Tabla_Consulta_desde_QuickBooks_Data_64_Bit_QRemote[[#This Row],[SalesOrderLineInvoiced]]/MID(Tabla_Consulta_desde_QuickBooks_Data_64_Bit_QRemote[[#This Row],[SalesOrderLineUnitOfMeasure]],2,2)),0)","v":0},{"$f":"+Tabla_Consulta_desde_QuickBooks_Data_64_Bit_QRemote[[#This Row],[facturado]]-Tabla_Consulta_desde_QuickBooks_Data_64_Bit_QRemote[[#This Row],[pide]]","v":-1},{"$f":"IF(Tabla_Consulta_desde_QuickBooks_Data_64_Bit_QRemote[[#This Row],[diferecia]]=0,\"ok\",\"diferen\")","v":"diferen"},{"$f":"IFERROR(INDEX(um!A:C,MATCH(Tabla_Consulta_desde_QuickBooks_Data_64_Bit_QRemote[[#This Row],[SalesOrderLineItemRefFullName]],um!A:A,0),3),\"\")","v":"X24"},{"$f":"IFERROR(IF(OR(Tabla_Consulta_desde_QuickBooks_Data_64_Bit_QRemote[[#This Row],[SalesOrderLineUnitOfMeasure]]=\"UN\",Tabla_Consulta_desde_QuickBooks_Data_64_Bit_QRemote[[#This Row],[SalesOrderLineUnitOfMeasure]]=Tabla_Consulta_desde_QuickBooks_Data_64_Bit_QRemote[[#This Row],[U/M]]),\"\",\"ERROR\"),\"\")","v":""},{"$f":"+WEEKNUM(Tabla_Consulta_desde_QuickBooks_Data_64_Bit_QRemote[[#This Row],[TxnDate]])","v":23},{"$f":"+Tabla_Consulta_desde_QuickBooks_Data_64_Bit_QRemote[[#This Row],[SalesOrderLineRate]]*Tabla_Consulta_desde_QuickBooks_Data_64_Bit_QRemote[[#This Row],[SalesOrderLineInvoiced]]","v":0},{"$f":"+IFERROR(IF(Tabla_Consulta_desde_QuickBooks_Data_64_Bit_QRemote[[#This Row],[CustomerRefFullName]]=\"GRUVALCORP SA\",VLOOKUP(Tabla_Consulta_desde_QuickBooks_Data_64_Bit_QRemote[[#This Row],[SalesOrderLineItemRefFullName]],Hoja1!A:E,5,FALSE),\"\")*-Tabla_Consulta_desde_QuickBooks_Data_64_Bit_QRemote[[#This Row],[SalesOrderLineAmount]],\"\")","v":""},{"$f":"IF(COUNTIF(wms!E:E,Tabla_Consulta_desde_QuickBooks_Data_64_Bit_QRemote[[#This Row],[RefNumber]])>0,\"OK\",\"FALTA\")","v":"FALTA"}]
["2025-06-03","29130","GERARDO ORTIZ E HIJOS CIA. LTDA.","RA292694 RACAR",2,"7862112520509","P.T:110606","JALAPEÑO ROJOS Y VERDES AGRIDULCES OLE 250G","Bodega Producto Terminado",12,"X12",1.62,19.440000000000001,"UNIDAD SALSA",0,220.02,253.02,"IVA EN VENTAS 15%",{"$f":"IFERROR(IF(Tabla_Consulta_desde_QuickBooks_Data_64_Bit_QRemote[[#This Row],[SalesOrderLineUnitOfMeasure]]=\"un\",Tabla_Consulta_desde_QuickBooks_Data_64_Bit_QRemote[[#This Row],[SalesOrderLineQuantity]],Tabla_Consulta_desde_QuickBooks_Data_64_Bit_QRemote[[#This Row],[SalesOrderLineQuantity]]/MID(Tabla_Consulta_desde_QuickBooks_Data_64_Bit_QRemote[[#This Row],[SalesOrderLineUnitOfMeasure]],2,2)),0)","v":1},{"$f":"IFERROR(IF(Tabla_Consulta_desde_QuickBooks_Data_64_Bit_QRemote[[#This Row],[SalesOrderLineUnitOfMeasure]]=\"un\",Tabla_Consulta_desde_QuickBooks_Data_64_Bit_QRemote[[#This Row],[SalesOrderLineInvoiced]],Tabla_Consulta_desde_QuickBooks_Data_64_Bit_QRemote[[#This Row],[SalesOrderLineInvoiced]]/MID(Tabla_Consulta_desde_QuickBooks_Data_64_Bit_QRemote[[#This Row],[SalesOrderLineUnitOfMeasure]],2,2)),0)","v":0},{"$f":"+Tabla_Consulta_desde_QuickBooks_Data_64_Bit_QRemote[[#This Row],[facturado]]-Tabla_Consulta_desde_QuickBooks_Data_64_Bit_QRemote[[#This Row],[pide]]","v":-1},{"$f":"IF(Tabla_Consulta_desde_QuickBooks_Data_64_Bit_QRemote[[#This Row],[diferecia]]=0,\"ok\",\"diferen\")","v":"diferen"},{"$f":"IFERROR(INDEX(um!A:C,MATCH(Tabla_Consulta_desde_QuickBooks_Data_64_Bit_QRemote[[#This Row],[SalesOrderLineItemRefFullName]],um!A:A,0),3),\"\")","v":"X12"},{"$f":"IFERROR(IF(OR(Tabla_Consulta_desde_QuickBooks_Data_64_Bit_QRemote[[#This Row],[SalesOrderLineUnitOfMeasure]]=\"UN\",Tabla_Consulta_desde_QuickBooks_Data_64_Bit_QRemote[[#This Row],[SalesOrderLineUnitOfMeasure]]=Tabla_Consulta_desde_QuickBooks_Data_64_Bit_QRemote[[#This Row],[U/M]]),\"\",\"ERROR\"),\"\")","v":""},{"$f":"+WEEKNUM(Tabla_Consulta_desde_QuickBooks_Data_64_Bit_QRemote[[#This Row],[TxnDate]])","v":23},{"$f":"+Tabla_Consulta_desde_QuickBooks_Data_64_Bit_QRemote[[#This Row],[SalesOrderLineRate]]*Tabla_Consulta_desde_QuickBooks_Data_64_Bit_QRemote[[#This Row],[SalesOrderLineInvoiced]]","v":0},{"$f":"+IFERROR(IF(Tabla_Consulta_desde_QuickBooks_Data_64_Bit_QRemote[[#This Row],[CustomerRefFullName]]=\"GRUVALCORP SA\",VLOOKUP(Tabla_Consulta_desde_QuickBooks_Data_64_Bit_QRemote[[#This Row],[SalesOrderLineItemRefFullName]],Hoja1!A:E,5,FALSE),\"\")*-Tabla_Consulta_desde_QuickBooks_Data_64_Bit_QRemote[[#This Row],[SalesOrderLineAmount]],\"\")","v":""},{"$f":"IF(COUNTIF(wms!E:E,Tabla_Consulta_desde_QuickBooks_Data_64_Bit_QRemote[[#This Row],[RefNumber]])>0,\"OK\",\"FALTA\")","v":"FALTA"}]
["2025-06-03","29130","GERARDO ORTIZ E HIJOS CIA. LTDA.","RA292694 RACAR",3,"7862112521414","P.T:310104","ACEITUNAS VERDES RELLENAS CON ROCOTO OLE 240G","Bodega Producto Terminado",12,"X12",2.4,28.8,"UNIDAD SALSA",0,220.02,253.02,"IVA EN VENTAS 15%",{"$f":"IFERROR(IF(Tabla_Consulta_desde_QuickBooks_Data_64_Bit_QRemote[[#This Row],[SalesOrderLineUnitOfMeasure]]=\"un\",Tabla_Consulta_desde_QuickBooks_Data_64_Bit_QRemote[[#This Row],[SalesOrderLineQuantity]],Tabla_Consulta_desde_QuickBooks_Data_64_Bit_QRemote[[#This Row],[SalesOrderLineQuantity]]/MID(Tabla_Consulta_desde_QuickBooks_Data_64_Bit_QRemote[[#This Row],[SalesOrderLineUnitOfMeasure]],2,2)),0)","v":1},{"$f":"IFERROR(IF(Tabla_Consulta_desde_QuickBooks_Data_64_Bit_QRemote[[#This Row],[SalesOrderLineUnitOfMeasure]]=\"un\",Tabla_Consulta_desde_QuickBooks_Data_64_Bit_QRemote[[#This Row],[SalesOrderLineInvoiced]],Tabla_Consulta_desde_QuickBooks_Data_64_Bit_QRemote[[#This Row],[SalesOrderLineInvoiced]]/MID(Tabla_Consulta_desde_QuickBooks_Data_64_Bit_QRemote[[#This Row],[SalesOrderLineUnitOfMeasure]],2,2)),0)","v":0},{"$f":"+Tabla_Consulta_desde_QuickBooks_Data_64_Bit_QRemote[[#This Row],[facturado]]-Tabla_Consulta_desde_QuickBooks_Data_64_Bit_QRemote[[#This Row],[pide]]","v":-1},{"$f":"IF(Tabla_Consulta_desde_QuickBooks_Data_64_Bit_QRemote[[#This Row],[diferecia]]=0,\"ok\",\"diferen\")","v":"diferen"},{"$f":"IFERROR(INDEX(um!A:C,MATCH(Tabla_Consulta_desde_QuickBooks_Data_64_Bit_QRemote[[#This Row],[SalesOrderLineItemRefFullName]],um!A:A,0),3),\"\")","v":"X12"},{"$f":"IFERROR(IF(OR(Tabla_Consulta_desde_QuickBooks_Data_64_Bit_QRemote[[#This Row],[SalesOrderLineUnitOfMeasure]]=\"UN\",Tabla_Consulta_desde_QuickBooks_Data_64_Bit_QRemote[[#This Row],[SalesOrderLineUnitOfMeasure]]=Tabla_Consulta_desde_QuickBooks_Data_64_Bit_QRemote[[#This Row],[U/M]]),\"\",\"ERROR\"),\"\")","v":""},{"$f":"+WEEKNUM(Tabla_Consulta_desde_QuickBooks_Data_64_Bit_QRemote[[#This Row],[TxnDate]])","v":23},{"$f":"+Tabla_Consulta_desde_QuickBooks_Data_64_Bit_QRemote[[#This Row],[SalesOrderLineRate]]*Tabla_Consulta_desde_QuickBooks_Data_64_Bit_QRemote[[#This Row],[SalesOrderLineInvoiced]]","v":0},{"$f":"+IFERROR(IF(Tabla_Consulta_desde_QuickBooks_Data_64_Bit_QRemote[[#This Row],[CustomerRefFullName]]=\"GRUVALCORP SA\",VLOOKUP(Tabla_Consulta_desde_QuickBooks_Data_64_Bit_QRemote[[#This Row],[SalesOrderLineItemRefFullName]],Hoja1!A:E,5,FALSE),\"\")*-Tabla_Consulta_desde_QuickBooks_Data_64_Bit_QRemote[[#This Row],[SalesOrderLineAmount]],\"\")","v":""},{"$f":"IF(COUNTIF(wms!E:E,Tabla_Consulta_desde_QuickBooks_Data_64_Bit_QRemote[[#This Row],[RefNumber]])>0,\"OK\",\"FALTA\")","v":"FALTA"}]
["2025-06-03","29130","GERARDO ORTIZ E HIJOS CIA. LTDA.","RA292694 RACAR",4,"7862112523104","P.T:110804","SALSA CHAMOY OLE 275G","Bodega Producto Terminado",12,"X12",1.76,21.12,"UNIDAD SALSA",0,220.02,253.02,"IVA EN VENTAS 15%",{"$f":"IFERROR(IF(Tabla_Consulta_desde_QuickBooks_Data_64_Bit_QRemote[[#This Row],[SalesOrderLineUnitOfMeasure]]=\"un\",Tabla_Consulta_desde_QuickBooks_Data_64_Bit_QRemote[[#This Row],[SalesOrderLineQuantity]],Tabla_Consulta_desde_QuickBooks_Data_64_Bit_QRemote[[#This Row],[SalesOrderLineQuantity]]/MID(Tabla_Consulta_desde_QuickBooks_Data_64_Bit_QRemote[[#This Row],[SalesOrderLineUnitOfMeasure]],2,2)),0)","v":1},{"$f":"IFERROR(IF(Tabla_Consulta_desde_QuickBooks_Data_64_Bit_QRemote[[#This Row],[SalesOrderLineUnitOfMeasure]]=\"un\",Tabla_Consulta_desde_QuickBooks_Data_64_Bit_QRemote[[#This Row],[SalesOrderLineInvoiced]],Tabla_Consulta_desde_QuickBooks_Data_64_Bit_QRemote[[#This Row],[SalesOrderLineInvoiced]]/MID(Tabla_Consulta_desde_QuickBooks_Data_64_Bit_QRemote[[#This Row],[SalesOrderLineUnitOfMeasure]],2,2)),0)","v":0},{"$f":"+Tabla_Consulta_desde_QuickBooks_Data_64_Bit_QRemote[[#This Row],[facturado]]-Tabla_Consulta_desde_QuickBooks_Data_64_Bit_QRemote[[#This Row],[pide]]","v":-1},{"$f":"IF(Tabla_Consulta_desde_QuickBooks_Data_64_Bit_QRemote[[#This Row],[diferecia]]=0,\"ok\",\"diferen\")","v":"diferen"},{"$f":"IFERROR(INDEX(um!A:C,MATCH(Tabla_Consulta_desde_QuickBooks_Data_64_Bit_QRemote[[#This Row],[SalesOrderLineItemRefFullName]],um!A:A,0),3),\"\")","v":"X12"},{"$f":"IFERROR(IF(OR(Tabla_Consulta_desde_QuickBooks_Data_64_Bit_QRemote[[#This Row],[SalesOrderLineUnitOfMeasure]]=\"UN\",Tabla_Consulta_desde_QuickBooks_Data_64_Bit_QRemote[[#This Row],[SalesOrderLineUnitOfMeasure]]=Tabla_Consulta_desde_QuickBooks_Data_64_Bit_QRemote[[#This Row],[U/M]]),\"\",\"ERROR\"),\"\")","v":""},{"$f":"+WEEKNUM(Tabla_Consulta_desde_QuickBooks_Data_64_Bit_QRemote[[#This Row],[TxnDate]])","v":23},{"$f":"+Tabla_Consulta_desde_QuickBooks_Data_64_Bit_QRemote[[#This Row],[SalesOrderLineRate]]*Tabla_Consulta_desde_QuickBooks_Data_64_Bit_QRemote[[#This Row],[SalesOrderLineInvoiced]]","v":0},{"$f":"+IFERROR(IF(Tabla_Consulta_desde_QuickBooks_Data_64_Bit_QRemote[[#This Row],[CustomerRefFullName]]=\"GRUVALCORP SA\",VLOOKUP(Tabla_Consulta_desde_QuickBooks_Data_64_Bit_QRemote[[#This Row],[SalesOrderLineItemRefFullName]],Hoja1!A:E,5,FALSE),\"\")*-Tabla_Consulta_desde_QuickBooks_Data_64_Bit_QRemote[[#This Row],[SalesOrderLineAmount]],\"\")","v":""},{"$f":"IF(COUNTIF(wms!E:E,Tabla_Consulta_desde_QuickBooks_Data_64_Bit_QRemote[[#This Row],[RefNumber]])>0,\"OK\",\"FALTA\")","v":"FALTA"}]
["2025-06-03","29130","GERARDO ORTIZ E HIJOS CIA. LTDA.","RA292694 RACAR",5,"705424000147","P.T:110209","AJÍ CON TOMATE DE ÁRBOL OLE 180G","Bodega Producto Terminado",24,"X24",1.42,34.08,"UNIDAD SALSA",0,220.02,253.02,"IVA EN VENTAS 15%",{"$f":"IFERROR(IF(Tabla_Consulta_desde_QuickBooks_Data_64_Bit_QRemote[[#This Row],[SalesOrderLineUnitOfMeasure]]=\"un\",Tabla_Consulta_desde_QuickBooks_Data_64_Bit_QRemote[[#This Row],[SalesOrderLineQuantity]],Tabla_Consulta_desde_QuickBooks_Data_64_Bit_QRemote[[#This Row],[SalesOrderLineQuantity]]/MID(Tabla_Consulta_desde_QuickBooks_Data_64_Bit_QRemote[[#This Row],[SalesOrderLineUnitOfMeasure]],2,2)),0)","v":1},{"$f":"IFERROR(IF(Tabla_Consulta_desde_QuickBooks_Data_64_Bit_QRemote[[#This Row],[SalesOrderLineUnitOfMeasure]]=\"un\",Tabla_Consulta_desde_QuickBooks_Data_64_Bit_QRemote[[#This Row],[SalesOrderLineInvoiced]],Tabla_Consulta_desde_QuickBooks_Data_64_Bit_QRemote[[#This Row],[SalesOrderLineInvoiced]]/MID(Tabla_Consulta_desde_QuickBooks_Data_64_Bit_QRemote[[#This Row],[SalesOrderLineUnitOfMeasure]],2,2)),0)","v":0},{"$f":"+Tabla_Consulta_desde_QuickBooks_Data_64_Bit_QRemote[[#This Row],[facturado]]-Tabla_Consulta_desde_QuickBooks_Data_64_Bit_QRemote[[#This Row],[pide]]","v":-1},{"$f":"IF(Tabla_Consulta_desde_QuickBooks_Data_64_Bit_QRemote[[#This Row],[diferecia]]=0,\"ok\",\"diferen\")","v":"diferen"},{"$f":"IFERROR(INDEX(um!A:C,MATCH(Tabla_Consulta_desde_QuickBooks_Data_64_Bit_QRemote[[#This Row],[SalesOrderLineItemRefFullName]],um!A:A,0),3),\"\")","v":"X24"},{"$f":"IFERROR(IF(OR(Tabla_Consulta_desde_QuickBooks_Data_64_Bit_QRemote[[#This Row],[SalesOrderLineUnitOfMeasure]]=\"UN\",Tabla_Consulta_desde_QuickBooks_Data_64_Bit_QRemote[[#This Row],[SalesOrderLineUnitOfMeasure]]=Tabla_Consulta_desde_QuickBooks_Data_64_Bit_QRemote[[#This Row],[U/M]]),\"\",\"ERROR\"),\"\")","v":""},{"$f":"+WEEKNUM(Tabla_Consulta_desde_QuickBooks_Data_64_Bit_QRemote[[#This Row],[TxnDate]])","v":23},{"$f":"+Tabla_Consulta_desde_QuickBooks_Data_64_Bit_QRemote[[#This Row],[SalesOrderLineRate]]*Tabla_Consulta_desde_QuickBooks_Data_64_Bit_QRemote[[#This Row],[SalesOrderLineInvoiced]]","v":0},{"$f":"+IFERROR(IF(Tabla_Consulta_desde_QuickBooks_Data_64_Bit_QRemote[[#This Row],[CustomerRefFullName]]=\"GRUVALCORP SA\",VLOOKUP(Tabla_Consulta_desde_QuickBooks_Data_64_Bit_QRemote[[#This Row],[SalesOrderLineItemRefFullName]],Hoja1!A:E,5,FALSE),\"\")*-Tabla_Consulta_desde_QuickBooks_Data_64_Bit_QRemote[[#This Row],[SalesOrderLineAmount]],\"\")","v":""},{"$f":"IF(COUNTIF(wms!E:E,Tabla_Consulta_desde_QuickBooks_Data_64_Bit_QRemote[[#This Row],[RefNumber]])>0,\"OK\",\"FALTA\")","v":"FALTA"}]
["2025-06-03","29130","GERARDO ORTIZ E HIJOS CIA. LTDA.","RA292694 RACAR",6,"7862112522572","P.T:311408","VINAGRE DE MANZANA CON LA MADRE MIEL DE ABEJA Y JENGIBRE OLE 500ML","Bodega Producto Terminado",12,"X12",4.45,53.4,"UNIDAD SALSA",0,220.02,253.02,"IVA EN VENTAS 15%",{"$f":"IFERROR(IF(Tabla_Consulta_desde_QuickBooks_Data_64_Bit_QRemote[[#This Row],[SalesOrderLineUnitOfMeasure]]=\"un\",Tabla_Consulta_desde_QuickBooks_Data_64_Bit_QRemote[[#This Row],[SalesOrderLineQuantity]],Tabla_Consulta_desde_QuickBooks_Data_64_Bit_QRemote[[#This Row],[SalesOrderLineQuantity]]/MID(Tabla_Consulta_desde_QuickBooks_Data_64_Bit_QRemote[[#This Row],[SalesOrderLineUnitOfMeasure]],2,2)),0)","v":1},{"$f":"IFERROR(IF(Tabla_Consulta_desde_QuickBooks_Data_64_Bit_QRemote[[#This Row],[SalesOrderLineUnitOfMeasure]]=\"un\",Tabla_Consulta_desde_QuickBooks_Data_64_Bit_QRemote[[#This Row],[SalesOrderLineInvoiced]],Tabla_Consulta_desde_QuickBooks_Data_64_Bit_QRemote[[#This Row],[SalesOrderLineInvoiced]]/MID(Tabla_Consulta_desde_QuickBooks_Data_64_Bit_QRemote[[#This Row],[SalesOrderLineUnitOfMeasure]],2,2)),0)","v":0},{"$f":"+Tabla_Consulta_desde_QuickBooks_Data_64_Bit_QRemote[[#This Row],[facturado]]-Tabla_Consulta_desde_QuickBooks_Data_64_Bit_QRemote[[#This Row],[pide]]","v":-1},{"$f":"IF(Tabla_Consulta_desde_QuickBooks_Data_64_Bit_QRemote[[#This Row],[diferecia]]=0,\"ok\",\"diferen\")","v":"diferen"},{"$f":"IFERROR(INDEX(um!A:C,MATCH(Tabla_Consulta_desde_QuickBooks_Data_64_Bit_QRemote[[#This Row],[SalesOrderLineItemRefFullName]],um!A:A,0),3),\"\")","v":"X12"},{"$f":"IFERROR(IF(OR(Tabla_Consulta_desde_QuickBooks_Data_64_Bit_QRemote[[#This Row],[SalesOrderLineUnitOfMeasure]]=\"UN\",Tabla_Consulta_desde_QuickBooks_Data_64_Bit_QRemote[[#This Row],[SalesOrderLineUnitOfMeasure]]=Tabla_Consulta_desde_QuickBooks_Data_64_Bit_QRemote[[#This Row],[U/M]]),\"\",\"ERROR\"),\"\")","v":""},{"$f":"+WEEKNUM(Tabla_Consulta_desde_QuickBooks_Data_64_Bit_QRemote[[#This Row],[TxnDate]])","v":23},{"$f":"+Tabla_Consulta_desde_QuickBooks_Data_64_Bit_QRemote[[#This Row],[SalesOrderLineRate]]*Tabla_Consulta_desde_QuickBooks_Data_64_Bit_QRemote[[#This Row],[SalesOrderLineInvoiced]]","v":0},{"$f":"+IFERROR(IF(Tabla_Consulta_desde_QuickBooks_Data_64_Bit_QRemote[[#This Row],[CustomerRefFullName]]=\"GRUVALCORP SA\",VLOOKUP(Tabla_Consulta_desde_QuickBooks_Data_64_Bit_QRemote[[#This Row],[SalesOrderLineItemRefFullName]],Hoja1!A:E,5,FALSE),\"\")*-Tabla_Consulta_desde_QuickBooks_Data_64_Bit_QRemote[[#This Row],[SalesOrderLineAmount]],\"\")","v":""},{"$f":"IF(COUNTIF(wms!E:E,Tabla_Consulta_desde_QuickBooks_Data_64_Bit_QRemote[[#This Row],[RefNumber]])>0,\"OK\",\"FALTA\")","v":"FALTA"}]
["2025-06-03","29130","GERARDO ORTIZ E HIJOS CIA. LTDA.","RA292694 RACAR",7,"7862112522848","PT:221004","ARITOS DE PAPA SABOR CEBOLLA CHILE Y LIMÓN OLE 100G","Bodega Producto Terminado",10,"X10",1.17,11.7,"UNIDAD SNCKS",0,220.02,253.02,"IVA EN VENTAS 15%",{"$f":"IFERROR(IF(Tabla_Consulta_desde_QuickBooks_Data_64_Bit_QRemote[[#This Row],[SalesOrderLineUnitOfMeasure]]=\"un\",Tabla_Consulta_desde_QuickBooks_Data_64_Bit_QRemote[[#This Row],[SalesOrderLineQuantity]],Tabla_Consulta_desde_QuickBooks_Data_64_Bit_QRemote[[#This Row],[SalesOrderLineQuantity]]/MID(Tabla_Consulta_desde_QuickBooks_Data_64_Bit_QRemote[[#This Row],[SalesOrderLineUnitOfMeasure]],2,2)),0)","v":1},{"$f":"IFERROR(IF(Tabla_Consulta_desde_QuickBooks_Data_64_Bit_QRemote[[#This Row],[SalesOrderLineUnitOfMeasure]]=\"un\",Tabla_Consulta_desde_QuickBooks_Data_64_Bit_QRemote[[#This Row],[SalesOrderLineInvoiced]],Tabla_Consulta_desde_QuickBooks_Data_64_Bit_QRemote[[#This Row],[SalesOrderLineInvoiced]]/MID(Tabla_Consulta_desde_QuickBooks_Data_64_Bit_QRemote[[#This Row],[SalesOrderLineUnitOfMeasure]],2,2)),0)","v":0},{"$f":"+Tabla_Consulta_desde_QuickBooks_Data_64_Bit_QRemote[[#This Row],[facturado]]-Tabla_Consulta_desde_QuickBooks_Data_64_Bit_QRemote[[#This Row],[pide]]","v":-1},{"$f":"IF(Tabla_Consulta_desde_QuickBooks_Data_64_Bit_QRemote[[#This Row],[diferecia]]=0,\"ok\",\"diferen\")","v":"diferen"},{"$f":"IFERROR(INDEX(um!A:C,MATCH(Tabla_Consulta_desde_QuickBooks_Data_64_Bit_QRemote[[#This Row],[SalesOrderLineItemRefFullName]],um!A:A,0),3),\"\")","v":"X10"},{"$f":"IFERROR(IF(OR(Tabla_Consulta_desde_QuickBooks_Data_64_Bit_QRemote[[#This Row],[SalesOrderLineUnitOfMeasure]]=\"UN\",Tabla_Consulta_desde_QuickBooks_Data_64_Bit_QRemote[[#This Row],[SalesOrderLineUnitOfMeasure]]=Tabla_Consulta_desde_QuickBooks_Data_64_Bit_QRemote[[#This Row],[U/M]]),\"\",\"ERROR\"),\"\")","v":""},{"$f":"+WEEKNUM(Tabla_Consulta_desde_QuickBooks_Data_64_Bit_QRemote[[#This Row],[TxnDate]])","v":23},{"$f":"+Tabla_Consulta_desde_QuickBooks_Data_64_Bit_QRemote[[#This Row],[SalesOrderLineRate]]*Tabla_Consulta_desde_QuickBooks_Data_64_Bit_QRemote[[#This Row],[SalesOrderLineInvoiced]]","v":0},{"$f":"+IFERROR(IF(Tabla_Consulta_desde_QuickBooks_Data_64_Bit_QRemote[[#This Row],[CustomerRefFullName]]=\"GRUVALCORP SA\",VLOOKUP(Tabla_Consulta_desde_QuickBooks_Data_64_Bit_QRemote[[#This Row],[SalesOrderLineItemRefFullName]],Hoja1!A:E,5,FALSE),\"\")*-Tabla_Consulta_desde_QuickBooks_Data_64_Bit_QRemote[[#This Row],[SalesOrderLineAmount]],\"\")","v":""},{"$f":"IF(COUNTIF(wms!E:E,Tabla_Consulta_desde_QuickBooks_Data_64_Bit_QRemote[[#This Row],[RefNumber]])>0,\"OK\",\"FALTA\")","v":"FALTA"}]
["2025-06-03","29130","GERARDO ORTIZ E HIJOS CIA. LTDA.","RA292694 RACAR",8,"7862112522732","PT:220135","TOTOPOS SABOR GUACAMOLE OLE 120G","Bodega Producto Terminado",12,"X12",0.91,10.92,"UNIDAD SNCKS",0,220.02,253.02,"IVA EN VENTAS 15%",{"$f":"IFERROR(IF(Tabla_Consulta_desde_QuickBooks_Data_64_Bit_QRemote[[#This Row],[SalesOrderLineUnitOfMeasure]]=\"un\",Tabla_Consulta_desde_QuickBooks_Data_64_Bit_QRemote[[#This Row],[SalesOrderLineQuantity]],Tabla_Consulta_desde_QuickBooks_Data_64_Bit_QRemote[[#This Row],[SalesOrderLineQuantity]]/MID(Tabla_Consulta_desde_QuickBooks_Data_64_Bit_QRemote[[#This Row],[SalesOrderLineUnitOfMeasure]],2,2)),0)","v":1},{"$f":"IFERROR(IF(Tabla_Consulta_desde_QuickBooks_Data_64_Bit_QRemote[[#This Row],[SalesOrderLineUnitOfMeasure]]=\"un\",Tabla_Consulta_desde_QuickBooks_Data_64_Bit_QRemote[[#This Row],[SalesOrderLineInvoiced]],Tabla_Consulta_desde_QuickBooks_Data_64_Bit_QRemote[[#This Row],[SalesOrderLineInvoiced]]/MID(Tabla_Consulta_desde_QuickBooks_Data_64_Bit_QRemote[[#This Row],[SalesOrderLineUnitOfMeasure]],2,2)),0)","v":0},{"$f":"+Tabla_Consulta_desde_QuickBooks_Data_64_Bit_QRemote[[#This Row],[facturado]]-Tabla_Consulta_desde_QuickBooks_Data_64_Bit_QRemote[[#This Row],[pide]]","v":-1},{"$f":"IF(Tabla_Consulta_desde_QuickBooks_Data_64_Bit_QRemote[[#This Row],[diferecia]]=0,\"ok\",\"diferen\")","v":"diferen"},{"$f":"IFERROR(INDEX(um!A:C,MATCH(Tabla_Consulta_desde_QuickBooks_Data_64_Bit_QRemote[[#This Row],[SalesOrderLineItemRefFullName]],um!A:A,0),3),\"\")","v":"X12"},{"$f":"IFERROR(IF(OR(Tabla_Consulta_desde_QuickBooks_Data_64_Bit_QRemote[[#This Row],[SalesOrderLineUnitOfMeasure]]=\"UN\",Tabla_Consulta_desde_QuickBooks_Data_64_Bit_QRemote[[#This Row],[SalesOrderLineUnitOfMeasure]]=Tabla_Consulta_desde_QuickBooks_Data_64_Bit_QRemote[[#This Row],[U/M]]),\"\",\"ERROR\"),\"\")","v":""},{"$f":"+WEEKNUM(Tabla_Consulta_desde_QuickBooks_Data_64_Bit_QRemote[[#This Row],[TxnDate]])","v":23},{"$f":"+Tabla_Consulta_desde_QuickBooks_Data_64_Bit_QRemote[[#This Row],[SalesOrderLineRate]]*Tabla_Consulta_desde_QuickBooks_Data_64_Bit_QRemote[[#This Row],[SalesOrderLineInvoiced]]","v":0},{"$f":"+IFERROR(IF(Tabla_Consulta_desde_QuickBooks_Data_64_Bit_QRemote[[#This Row],[CustomerRefFullName]]=\"GRUVALCORP SA\",VLOOKUP(Tabla_Consulta_desde_QuickBooks_Data_64_Bit_QRemote[[#This Row],[SalesOrderLineItemRefFullName]],Hoja1!A:E,5,FALSE),\"\")*-Tabla_Consulta_desde_QuickBooks_Data_64_Bit_QRemote[[#This Row],[SalesOrderLineAmount]],\"\")","v":""},{"$f":"IF(COUNTIF(wms!E:E,Tabla_Consulta_desde_QuickBooks_Data_64_Bit_QRemote[[#This Row],[RefNumber]])>0,\"OK\",\"FALTA\")","v":"FALTA"}]
["2025-06-03","29130","GERARDO ORTIZ E HIJOS CIA. LTDA.","RA292694 RACAR",9,null,"INFOADICIONAL","RA292694 RACAR",null,null,null,0,0,null,0,220.02,253.02,"IVA EN VENTAS 15%",{"$f":"IFERROR(IF(Tabla_Consulta_desde_QuickBooks_Data_64_Bit_QRemote[[#This Row],[SalesOrderLineUnitOfMeasure]]=\"un\",Tabla_Consulta_desde_QuickBooks_Data_64_Bit_QRemote[[#This Row],[SalesOrderLineQuantity]],Tabla_Consulta_desde_QuickBooks_Data_64_Bit_QRemote[[#This Row],[SalesOrderLineQuantity]]/MID(Tabla_Consulta_desde_QuickBooks_Data_64_Bit_QRemote[[#This Row],[SalesOrderLineUnitOfMeasure]],2,2)),0)","v":0},{"$f":"IFERROR(IF(Tabla_Consulta_desde_QuickBooks_Data_64_Bit_QRemote[[#This Row],[SalesOrderLineUnitOfMeasure]]=\"un\",Tabla_Consulta_desde_QuickBooks_Data_64_Bit_QRemote[[#This Row],[SalesOrderLineInvoiced]],Tabla_Consulta_desde_QuickBooks_Data_64_Bit_QRemote[[#This Row],[SalesOrderLineInvoiced]]/MID(Tabla_Consulta_desde_QuickBooks_Data_64_Bit_QRemote[[#This Row],[SalesOrderLineUnitOfMeasure]],2,2)),0)","v":0},{"$f":"+Tabla_Consulta_desde_QuickBooks_Data_64_Bit_QRemote[[#This Row],[facturado]]-Tabla_Consulta_desde_QuickBooks_Data_64_Bit_QRemote[[#This Row],[pide]]","v":0},{"$f":"IF(Tabla_Consulta_desde_QuickBooks_Data_64_Bit_QRemote[[#This Row],[diferecia]]=0,\"ok\",\"diferen\")","v":"ok"},{"$f":"IFERROR(INDEX(um!A:C,MATCH(Tabla_Consulta_desde_QuickBooks_Data_64_Bit_QRemote[[#This Row],[SalesOrderLineItemRefFullName]],um!A:A,0),3),\"\")","v":""},{"$f":"IFERROR(IF(OR(Tabla_Consulta_desde_QuickBooks_Data_64_Bit_QRemote[[#This Row],[SalesOrderLineUnitOfMeasure]]=\"UN\",Tabla_Consulta_desde_QuickBooks_Data_64_Bit_QRemote[[#This Row],[SalesOrderLineUnitOfMeasure]]=Tabla_Consulta_desde_QuickBooks_Data_64_Bit_QRemote[[#This Row],[U/M]]),\"\",\"ERROR\"),\"\")","v":""},{"$f":"+WEEKNUM(Tabla_Consulta_desde_QuickBooks_Data_64_Bit_QRemote[[#This Row],[TxnDate]])","v":23},{"$f":"+Tabla_Consulta_desde_QuickBooks_Data_64_Bit_QRemote[[#This Row],[SalesOrderLineRate]]*Tabla_Consulta_desde_QuickBooks_Data_64_Bit_QRemote[[#This Row],[SalesOrderLineInvoiced]]","v":0},{"$f":"+IFERROR(IF(Tabla_Consulta_desde_QuickBooks_Data_64_Bit_QRemote[[#This Row],[CustomerRefFullName]]=\"GRUVALCORP SA\",VLOOKUP(Tabla_Consulta_desde_QuickBooks_Data_64_Bit_QRemote[[#This Row],[SalesOrderLineItemRefFullName]],Hoja1!A:E,5,FALSE),\"\")*-Tabla_Consulta_desde_QuickBooks_Data_64_Bit_QRemote[[#This Row],[SalesOrderLineAmount]],\"\")","v":""},{"$f":"IF(COUNTIF(wms!E:E,Tabla_Consulta_desde_QuickBooks_Data_64_Bit_QRemote[[#This Row],[RefNumber]])>0,\"OK\",\"FALTA\")","v":"FALTA"}]
["2025-06-03","29131","GERARDO ORTIZ E HIJOS CIA. LTDA.","BA221133 BATAN",1,"7862112523296","P.T:110622","PEPINILLOS CON JALAPEÑO OLE 225G","Bodega Producto Terminado",24,"X24",1.69,40.56,"UNIDAD SALSA",0,361.08,415.24,"IVA EN VENTAS 15%",{"$f":"IFERROR(IF(Tabla_Consulta_desde_QuickBooks_Data_64_Bit_QRemote[[#This Row],[SalesOrderLineUnitOfMeasure]]=\"un\",Tabla_Consulta_desde_QuickBooks_Data_64_Bit_QRemote[[#This Row],[SalesOrderLineQuantity]],Tabla_Consulta_desde_QuickBooks_Data_64_Bit_QRemote[[#This Row],[SalesOrderLineQuantity]]/MID(Tabla_Consulta_desde_QuickBooks_Data_64_Bit_QRemote[[#This Row],[SalesOrderLineUnitOfMeasure]],2,2)),0)","v":1},{"$f":"IFERROR(IF(Tabla_Consulta_desde_QuickBooks_Data_64_Bit_QRemote[[#This Row],[SalesOrderLineUnitOfMeasure]]=\"un\",Tabla_Consulta_desde_QuickBooks_Data_64_Bit_QRemote[[#This Row],[SalesOrderLineInvoiced]],Tabla_Consulta_desde_QuickBooks_Data_64_Bit_QRemote[[#This Row],[SalesOrderLineInvoiced]]/MID(Tabla_Consulta_desde_QuickBooks_Data_64_Bit_QRemote[[#This Row],[SalesOrderLineUnitOfMeasure]],2,2)),0)","v":0},{"$f":"+Tabla_Consulta_desde_QuickBooks_Data_64_Bit_QRemote[[#This Row],[facturado]]-Tabla_Consulta_desde_QuickBooks_Data_64_Bit_QRemote[[#This Row],[pide]]","v":-1},{"$f":"IF(Tabla_Consulta_desde_QuickBooks_Data_64_Bit_QRemote[[#This Row],[diferecia]]=0,\"ok\",\"diferen\")","v":"diferen"},{"$f":"IFERROR(INDEX(um!A:C,MATCH(Tabla_Consulta_desde_QuickBooks_Data_64_Bit_QRemote[[#This Row],[SalesOrderLineItemRefFullName]],um!A:A,0),3),\"\")","v":"X24"},{"$f":"IFERROR(IF(OR(Tabla_Consulta_desde_QuickBooks_Data_64_Bit_QRemote[[#This Row],[SalesOrderLineUnitOfMeasure]]=\"UN\",Tabla_Consulta_desde_QuickBooks_Data_64_Bit_QRemote[[#This Row],[SalesOrderLineUnitOfMeasure]]=Tabla_Consulta_desde_QuickBooks_Data_64_Bit_QRemote[[#This Row],[U/M]]),\"\",\"ERROR\"),\"\")","v":""},{"$f":"+WEEKNUM(Tabla_Consulta_desde_QuickBooks_Data_64_Bit_QRemote[[#This Row],[TxnDate]])","v":23},{"$f":"+Tabla_Consulta_desde_QuickBooks_Data_64_Bit_QRemote[[#This Row],[SalesOrderLineRate]]*Tabla_Consulta_desde_QuickBooks_Data_64_Bit_QRemote[[#This Row],[SalesOrderLineInvoiced]]","v":0},{"$f":"+IFERROR(IF(Tabla_Consulta_desde_QuickBooks_Data_64_Bit_QRemote[[#This Row],[CustomerRefFullName]]=\"GRUVALCORP SA\",VLOOKUP(Tabla_Consulta_desde_QuickBooks_Data_64_Bit_QRemote[[#This Row],[SalesOrderLineItemRefFullName]],Hoja1!A:E,5,FALSE),\"\")*-Tabla_Consulta_desde_QuickBooks_Data_64_Bit_QRemote[[#This Row],[SalesOrderLineAmount]],\"\")","v":""},{"$f":"IF(COUNTIF(wms!E:E,Tabla_Consulta_desde_QuickBooks_Data_64_Bit_QRemote[[#This Row],[RefNumber]])>0,\"OK\",\"FALTA\")","v":"FALTA"}]
["2025-06-03","29131","GERARDO ORTIZ E HIJOS CIA. LTDA.","BA221133 BATAN",2,"705424000352","P.T:110608","JALAPEÑO ROJOS Y VERDES OLE 370G","Bodega Producto Terminado",12,"X12",2.99,35.880000000000003,"UNIDAD SALSA",0,361.08,415.24,"IVA EN VENTAS 15%",{"$f":"IFERROR(IF(Tabla_Consulta_desde_QuickBooks_Data_64_Bit_QRemote[[#This Row],[SalesOrderLineUnitOfMeasure]]=\"un\",Tabla_Consulta_desde_QuickBooks_Data_64_Bit_QRemote[[#This Row],[SalesOrderLineQuantity]],Tabla_Consulta_desde_QuickBooks_Data_64_Bit_QRemote[[#This Row],[SalesOrderLineQuantity]]/MID(Tabla_Consulta_desde_QuickBooks_Data_64_Bit_QRemote[[#This Row],[SalesOrderLineUnitOfMeasure]],2,2)),0)","v":1},{"$f":"IFERROR(IF(Tabla_Consulta_desde_QuickBooks_Data_64_Bit_QRemote[[#This Row],[SalesOrderLineUnitOfMeasure]]=\"un\",Tabla_Consulta_desde_QuickBooks_Data_64_Bit_QRemote[[#This Row],[SalesOrderLineInvoiced]],Tabla_Consulta_desde_QuickBooks_Data_64_Bit_QRemote[[#This Row],[SalesOrderLineInvoiced]]/MID(Tabla_Consulta_desde_QuickBooks_Data_64_Bit_QRemote[[#This Row],[SalesOrderLineUnitOfMeasure]],2,2)),0)","v":0},{"$f":"+Tabla_Consulta_desde_QuickBooks_Data_64_Bit_QRemote[[#This Row],[facturado]]-Tabla_Consulta_desde_QuickBooks_Data_64_Bit_QRemote[[#This Row],[pide]]","v":-1},{"$f":"IF(Tabla_Consulta_desde_QuickBooks_Data_64_Bit_QRemote[[#This Row],[diferecia]]=0,\"ok\",\"diferen\")","v":"diferen"},{"$f":"IFERROR(INDEX(um!A:C,MATCH(Tabla_Consulta_desde_QuickBooks_Data_64_Bit_QRemote[[#This Row],[SalesOrderLineItemRefFullName]],um!A:A,0),3),\"\")","v":"X12"},{"$f":"IFERROR(IF(OR(Tabla_Consulta_desde_QuickBooks_Data_64_Bit_QRemote[[#This Row],[SalesOrderLineUnitOfMeasure]]=\"UN\",Tabla_Consulta_desde_QuickBooks_Data_64_Bit_QRemote[[#This Row],[SalesOrderLineUnitOfMeasure]]=Tabla_Consulta_desde_QuickBooks_Data_64_Bit_QRemote[[#This Row],[U/M]]),\"\",\"ERROR\"),\"\")","v":""},{"$f":"+WEEKNUM(Tabla_Consulta_desde_QuickBooks_Data_64_Bit_QRemote[[#This Row],[TxnDate]])","v":23},{"$f":"+Tabla_Consulta_desde_QuickBooks_Data_64_Bit_QRemote[[#This Row],[SalesOrderLineRate]]*Tabla_Consulta_desde_QuickBooks_Data_64_Bit_QRemote[[#This Row],[SalesOrderLineInvoiced]]","v":0},{"$f":"+IFERROR(IF(Tabla_Consulta_desde_QuickBooks_Data_64_Bit_QRemote[[#This Row],[CustomerRefFullName]]=\"GRUVALCORP SA\",VLOOKUP(Tabla_Consulta_desde_QuickBooks_Data_64_Bit_QRemote[[#This Row],[SalesOrderLineItemRefFullName]],Hoja1!A:E,5,FALSE),\"\")*-Tabla_Consulta_desde_QuickBooks_Data_64_Bit_QRemote[[#This Row],[SalesOrderLineAmount]],\"\")","v":""},{"$f":"IF(COUNTIF(wms!E:E,Tabla_Consulta_desde_QuickBooks_Data_64_Bit_QRemote[[#This Row],[RefNumber]])>0,\"OK\",\"FALTA\")","v":"FALTA"}]
["2025-06-03","29131","GERARDO ORTIZ E HIJOS CIA. LTDA.","BA221133 BATAN",3,"7862112520509","P.T:110606","JALAPEÑO ROJOS Y VERDES AGRIDULCES OLE 250G","Bodega Producto Terminado",12,"X12",1.62,19.440000000000001,"UNIDAD SALSA",0,361.08,415.24,"IVA EN VENTAS 15%",{"$f":"IFERROR(IF(Tabla_Consulta_desde_QuickBooks_Data_64_Bit_QRemote[[#This Row],[SalesOrderLineUnitOfMeasure]]=\"un\",Tabla_Consulta_desde_QuickBooks_Data_64_Bit_QRemote[[#This Row],[SalesOrderLineQuantity]],Tabla_Consulta_desde_QuickBooks_Data_64_Bit_QRemote[[#This Row],[SalesOrderLineQuantity]]/MID(Tabla_Consulta_desde_QuickBooks_Data_64_Bit_QRemote[[#This Row],[SalesOrderLineUnitOfMeasure]],2,2)),0)","v":1},{"$f":"IFERROR(IF(Tabla_Consulta_desde_QuickBooks_Data_64_Bit_QRemote[[#This Row],[SalesOrderLineUnitOfMeasure]]=\"un\",Tabla_Consulta_desde_QuickBooks_Data_64_Bit_QRemote[[#This Row],[SalesOrderLineInvoiced]],Tabla_Consulta_desde_QuickBooks_Data_64_Bit_QRemote[[#This Row],[SalesOrderLineInvoiced]]/MID(Tabla_Consulta_desde_QuickBooks_Data_64_Bit_QRemote[[#This Row],[SalesOrderLineUnitOfMeasure]],2,2)),0)","v":0},{"$f":"+Tabla_Consulta_desde_QuickBooks_Data_64_Bit_QRemote[[#This Row],[facturado]]-Tabla_Consulta_desde_QuickBooks_Data_64_Bit_QRemote[[#This Row],[pide]]","v":-1},{"$f":"IF(Tabla_Consulta_desde_QuickBooks_Data_64_Bit_QRemote[[#This Row],[diferecia]]=0,\"ok\",\"diferen\")","v":"diferen"},{"$f":"IFERROR(INDEX(um!A:C,MATCH(Tabla_Consulta_desde_QuickBooks_Data_64_Bit_QRemote[[#This Row],[SalesOrderLineItemRefFullName]],um!A:A,0),3),\"\")","v":"X12"},{"$f":"IFERROR(IF(OR(Tabla_Consulta_desde_QuickBooks_Data_64_Bit_QRemote[[#This Row],[SalesOrderLineUnitOfMeasure]]=\"UN\",Tabla_Consulta_desde_QuickBooks_Data_64_Bit_QRemote[[#This Row],[SalesOrderLineUnitOfMeasure]]=Tabla_Consulta_desde_QuickBooks_Data_64_Bit_QRemote[[#This Row],[U/M]]),\"\",\"ERROR\"),\"\")","v":""},{"$f":"+WEEKNUM(Tabla_Consulta_desde_QuickBooks_Data_64_Bit_QRemote[[#This Row],[TxnDate]])","v":23},{"$f":"+Tabla_Consulta_desde_QuickBooks_Data_64_Bit_QRemote[[#This Row],[SalesOrderLineRate]]*Tabla_Consulta_desde_QuickBooks_Data_64_Bit_QRemote[[#This Row],[SalesOrderLineInvoiced]]","v":0},{"$f":"+IFERROR(IF(Tabla_Consulta_desde_QuickBooks_Data_64_Bit_QRemote[[#This Row],[CustomerRefFullName]]=\"GRUVALCORP SA\",VLOOKUP(Tabla_Consulta_desde_QuickBooks_Data_64_Bit_QRemote[[#This Row],[SalesOrderLineItemRefFullName]],Hoja1!A:E,5,FALSE),\"\")*-Tabla_Consulta_desde_QuickBooks_Data_64_Bit_QRemote[[#This Row],[SalesOrderLineAmount]],\"\")","v":""},{"$f":"IF(COUNTIF(wms!E:E,Tabla_Consulta_desde_QuickBooks_Data_64_Bit_QRemote[[#This Row],[RefNumber]])>0,\"OK\",\"FALTA\")","v":"FALTA"}]
["2025-06-03","29131","GERARDO ORTIZ E HIJOS CIA. LTDA.","BA221133 BATAN",4,"7862112523036","P.T:110746","SALSA PICANTE JALAPEÑO OLE 100G","Bodega Producto Terminado",12,"X12",0.6,7.2,"UNIDAD SALSA",0,361.08,415.24,"IVA EN VENTAS 15%",{"$f":"IFERROR(IF(Tabla_Consulta_desde_QuickBooks_Data_64_Bit_QRemote[[#This Row],[SalesOrderLineUnitOfMeasure]]=\"un\",Tabla_Consulta_desde_QuickBooks_Data_64_Bit_QRemote[[#This Row],[SalesOrderLineQuantity]],Tabla_Consulta_desde_QuickBooks_Data_64_Bit_QRemote[[#This Row],[SalesOrderLineQuantity]]/MID(Tabla_Consulta_desde_QuickBooks_Data_64_Bit_QRemote[[#This Row],[SalesOrderLineUnitOfMeasure]],2,2)),0)","v":1},{"$f":"IFERROR(IF(Tabla_Consulta_desde_QuickBooks_Data_64_Bit_QRemote[[#This Row],[SalesOrderLineUnitOfMeasure]]=\"un\",Tabla_Consulta_desde_QuickBooks_Data_64_Bit_QRemote[[#This Row],[SalesOrderLineInvoiced]],Tabla_Consulta_desde_QuickBooks_Data_64_Bit_QRemote[[#This Row],[SalesOrderLineInvoiced]]/MID(Tabla_Consulta_desde_QuickBooks_Data_64_Bit_QRemote[[#This Row],[SalesOrderLineUnitOfMeasure]],2,2)),0)","v":0},{"$f":"+Tabla_Consulta_desde_QuickBooks_Data_64_Bit_QRemote[[#This Row],[facturado]]-Tabla_Consulta_desde_QuickBooks_Data_64_Bit_QRemote[[#This Row],[pide]]","v":-1},{"$f":"IF(Tabla_Consulta_desde_QuickBooks_Data_64_Bit_QRemote[[#This Row],[diferecia]]=0,\"ok\",\"diferen\")","v":"diferen"},{"$f":"IFERROR(INDEX(um!A:C,MATCH(Tabla_Consulta_desde_QuickBooks_Data_64_Bit_QRemote[[#This Row],[SalesOrderLineItemRefFullName]],um!A:A,0),3),\"\")","v":"X12"},{"$f":"IFERROR(IF(OR(Tabla_Consulta_desde_QuickBooks_Data_64_Bit_QRemote[[#This Row],[SalesOrderLineUnitOfMeasure]]=\"UN\",Tabla_Consulta_desde_QuickBooks_Data_64_Bit_QRemote[[#This Row],[SalesOrderLineUnitOfMeasure]]=Tabla_Consulta_desde_QuickBooks_Data_64_Bit_QRemote[[#This Row],[U/M]]),\"\",\"ERROR\"),\"\")","v":""},{"$f":"+WEEKNUM(Tabla_Consulta_desde_QuickBooks_Data_64_Bit_QRemote[[#This Row],[TxnDate]])","v":23},{"$f":"+Tabla_Consulta_desde_QuickBooks_Data_64_Bit_QRemote[[#This Row],[SalesOrderLineRate]]*Tabla_Consulta_desde_QuickBooks_Data_64_Bit_QRemote[[#This Row],[SalesOrderLineInvoiced]]","v":0},{"$f":"+IFERROR(IF(Tabla_Consulta_desde_QuickBooks_Data_64_Bit_QRemote[[#This Row],[CustomerRefFullName]]=\"GRUVALCORP SA\",VLOOKUP(Tabla_Consulta_desde_QuickBooks_Data_64_Bit_QRemote[[#This Row],[SalesOrderLineItemRefFullName]],Hoja1!A:E,5,FALSE),\"\")*-Tabla_Consulta_desde_QuickBooks_Data_64_Bit_QRemote[[#This Row],[SalesOrderLineAmount]],\"\")","v":""},{"$f":"IF(COUNTIF(wms!E:E,Tabla_Consulta_desde_QuickBooks_Data_64_Bit_QRemote[[#This Row],[RefNumber]])>0,\"OK\",\"FALTA\")","v":"FALTA"}]
["2025-06-03","29131","GERARDO ORTIZ E HIJOS CIA. LTDA.","BA221133 BATAN",5,"7862112523043","P.T:110745","SALSA PICANTE HABANERO OLE 100G","Bodega Producto Terminado",12,"X12",0.6,7.2,"UNIDAD SALSA",0,361.08,415.24,"IVA EN VENTAS 15%",{"$f":"IFERROR(IF(Tabla_Consulta_desde_QuickBooks_Data_64_Bit_QRemote[[#This Row],[SalesOrderLineUnitOfMeasure]]=\"un\",Tabla_Consulta_desde_QuickBooks_Data_64_Bit_QRemote[[#This Row],[SalesOrderLineQuantity]],Tabla_Consulta_desde_QuickBooks_Data_64_Bit_QRemote[[#This Row],[SalesOrderLineQuantity]]/MID(Tabla_Consulta_desde_QuickBooks_Data_64_Bit_QRemote[[#This Row],[SalesOrderLineUnitOfMeasure]],2,2)),0)","v":1},{"$f":"IFERROR(IF(Tabla_Consulta_desde_QuickBooks_Data_64_Bit_QRemote[[#This Row],[SalesOrderLineUnitOfMeasure]]=\"un\",Tabla_Consulta_desde_QuickBooks_Data_64_Bit_QRemote[[#This Row],[SalesOrderLineInvoiced]],Tabla_Consulta_desde_QuickBooks_Data_64_Bit_QRemote[[#This Row],[SalesOrderLineInvoiced]]/MID(Tabla_Consulta_desde_QuickBooks_Data_64_Bit_QRemote[[#This Row],[SalesOrderLineUnitOfMeasure]],2,2)),0)","v":0},{"$f":"+Tabla_Consulta_desde_QuickBooks_Data_64_Bit_QRemote[[#This Row],[facturado]]-Tabla_Consulta_desde_QuickBooks_Data_64_Bit_QRemote[[#This Row],[pide]]","v":-1},{"$f":"IF(Tabla_Consulta_desde_QuickBooks_Data_64_Bit_QRemote[[#This Row],[diferecia]]=0,\"ok\",\"diferen\")","v":"diferen"},{"$f":"IFERROR(INDEX(um!A:C,MATCH(Tabla_Consulta_desde_QuickBooks_Data_64_Bit_QRemote[[#This Row],[SalesOrderLineItemRefFullName]],um!A:A,0),3),\"\")","v":"X12"},{"$f":"IFERROR(IF(OR(Tabla_Consulta_desde_QuickBooks_Data_64_Bit_QRemote[[#This Row],[SalesOrderLineUnitOfMeasure]]=\"UN\",Tabla_Consulta_desde_QuickBooks_Data_64_Bit_QRemote[[#This Row],[SalesOrderLineUnitOfMeasure]]=Tabla_Consulta_desde_QuickBooks_Data_64_Bit_QRemote[[#This Row],[U/M]]),\"\",\"ERROR\"),\"\")","v":""},{"$f":"+WEEKNUM(Tabla_Consulta_desde_QuickBooks_Data_64_Bit_QRemote[[#This Row],[TxnDate]])","v":23},{"$f":"+Tabla_Consulta_desde_QuickBooks_Data_64_Bit_QRemote[[#This Row],[SalesOrderLineRate]]*Tabla_Consulta_desde_QuickBooks_Data_64_Bit_QRemote[[#This Row],[SalesOrderLineInvoiced]]","v":0},{"$f":"+IFERROR(IF(Tabla_Consulta_desde_QuickBooks_Data_64_Bit_QRemote[[#This Row],[CustomerRefFullName]]=\"GRUVALCORP SA\",VLOOKUP(Tabla_Consulta_desde_QuickBooks_Data_64_Bit_QRemote[[#This Row],[SalesOrderLineItemRefFullName]],Hoja1!A:E,5,FALSE),\"\")*-Tabla_Consulta_desde_QuickBooks_Data_64_Bit_QRemote[[#This Row],[SalesOrderLineAmount]],\"\")","v":""},{"$f":"IF(COUNTIF(wms!E:E,Tabla_Consulta_desde_QuickBooks_Data_64_Bit_QRemote[[#This Row],[RefNumber]])>0,\"OK\",\"FALTA\")","v":"FALTA"}]
["2025-06-03","29131","GERARDO ORTIZ E HIJOS CIA. LTDA.","BA221133 BATAN",6,"7862112523104","P.T:110804","SALSA CHAMOY OLE 275G","Bodega Producto Terminado",12,"X12",1.76,21.12,"UNIDAD SALSA",0,361.08,415.24,"IVA EN VENTAS 15%",{"$f":"IFERROR(IF(Tabla_Consulta_desde_QuickBooks_Data_64_Bit_QRemote[[#This Row],[SalesOrderLineUnitOfMeasure]]=\"un\",Tabla_Consulta_desde_QuickBooks_Data_64_Bit_QRemote[[#This Row],[SalesOrderLineQuantity]],Tabla_Consulta_desde_QuickBooks_Data_64_Bit_QRemote[[#This Row],[SalesOrderLineQuantity]]/MID(Tabla_Consulta_desde_QuickBooks_Data_64_Bit_QRemote[[#This Row],[SalesOrderLineUnitOfMeasure]],2,2)),0)","v":1},{"$f":"IFERROR(IF(Tabla_Consulta_desde_QuickBooks_Data_64_Bit_QRemote[[#This Row],[SalesOrderLineUnitOfMeasure]]=\"un\",Tabla_Consulta_desde_QuickBooks_Data_64_Bit_QRemote[[#This Row],[SalesOrderLineInvoiced]],Tabla_Consulta_desde_QuickBooks_Data_64_Bit_QRemote[[#This Row],[SalesOrderLineInvoiced]]/MID(Tabla_Consulta_desde_QuickBooks_Data_64_Bit_QRemote[[#This Row],[SalesOrderLineUnitOfMeasure]],2,2)),0)","v":0},{"$f":"+Tabla_Consulta_desde_QuickBooks_Data_64_Bit_QRemote[[#This Row],[facturado]]-Tabla_Consulta_desde_QuickBooks_Data_64_Bit_QRemote[[#This Row],[pide]]","v":-1},{"$f":"IF(Tabla_Consulta_desde_QuickBooks_Data_64_Bit_QRemote[[#This Row],[diferecia]]=0,\"ok\",\"diferen\")","v":"diferen"},{"$f":"IFERROR(INDEX(um!A:C,MATCH(Tabla_Consulta_desde_QuickBooks_Data_64_Bit_QRemote[[#This Row],[SalesOrderLineItemRefFullName]],um!A:A,0),3),\"\")","v":"X12"},{"$f":"IFERROR(IF(OR(Tabla_Consulta_desde_QuickBooks_Data_64_Bit_QRemote[[#This Row],[SalesOrderLineUnitOfMeasure]]=\"UN\",Tabla_Consulta_desde_QuickBooks_Data_64_Bit_QRemote[[#This Row],[SalesOrderLineUnitOfMeasure]]=Tabla_Consulta_desde_QuickBooks_Data_64_Bit_QRemote[[#This Row],[U/M]]),\"\",\"ERROR\"),\"\")","v":""},{"$f":"+WEEKNUM(Tabla_Consulta_desde_QuickBooks_Data_64_Bit_QRemote[[#This Row],[TxnDate]])","v":23},{"$f":"+Tabla_Consulta_desde_QuickBooks_Data_64_Bit_QRemote[[#This Row],[SalesOrderLineRate]]*Tabla_Consulta_desde_QuickBooks_Data_64_Bit_QRemote[[#This Row],[SalesOrderLineInvoiced]]","v":0},{"$f":"+IFERROR(IF(Tabla_Consulta_desde_QuickBooks_Data_64_Bit_QRemote[[#This Row],[CustomerRefFullName]]=\"GRUVALCORP SA\",VLOOKUP(Tabla_Consulta_desde_QuickBooks_Data_64_Bit_QRemote[[#This Row],[SalesOrderLineItemRefFullName]],Hoja1!A:E,5,FALSE),\"\")*-Tabla_Consulta_desde_QuickBooks_Data_64_Bit_QRemote[[#This Row],[SalesOrderLineAmount]],\"\")","v":""},{"$f":"IF(COUNTIF(wms!E:E,Tabla_Consulta_desde_QuickBooks_Data_64_Bit_QRemote[[#This Row],[RefNumber]])>0,\"OK\",\"FALTA\")","v":"FALTA"}]
["2025-06-03","29131","GERARDO ORTIZ E HIJOS CIA. LTDA.","BA221133 BATAN",7,"705424000116","P.T:110207","AJÍ CON MARACUYA OLE 185G","Bodega Producto Terminado",24,"X24",1.42,34.08,"UNIDAD SALSA",0,361.08,415.24,"IVA EN VENTAS 15%",{"$f":"IFERROR(IF(Tabla_Consulta_desde_QuickBooks_Data_64_Bit_QRemote[[#This Row],[SalesOrderLineUnitOfMeasure]]=\"un\",Tabla_Consulta_desde_QuickBooks_Data_64_Bit_QRemote[[#This Row],[SalesOrderLineQuantity]],Tabla_Consulta_desde_QuickBooks_Data_64_Bit_QRemote[[#This Row],[SalesOrderLineQuantity]]/MID(Tabla_Consulta_desde_QuickBooks_Data_64_Bit_QRemote[[#This Row],[SalesOrderLineUnitOfMeasure]],2,2)),0)","v":1},{"$f":"IFERROR(IF(Tabla_Consulta_desde_QuickBooks_Data_64_Bit_QRemote[[#This Row],[SalesOrderLineUnitOfMeasure]]=\"un\",Tabla_Consulta_desde_QuickBooks_Data_64_Bit_QRemote[[#This Row],[SalesOrderLineInvoiced]],Tabla_Consulta_desde_QuickBooks_Data_64_Bit_QRemote[[#This Row],[SalesOrderLineInvoiced]]/MID(Tabla_Consulta_desde_QuickBooks_Data_64_Bit_QRemote[[#This Row],[SalesOrderLineUnitOfMeasure]],2,2)),0)","v":0},{"$f":"+Tabla_Consulta_desde_QuickBooks_Data_64_Bit_QRemote[[#This Row],[facturado]]-Tabla_Consulta_desde_QuickBooks_Data_64_Bit_QRemote[[#This Row],[pide]]","v":-1},{"$f":"IF(Tabla_Consulta_desde_QuickBooks_Data_64_Bit_QRemote[[#This Row],[diferecia]]=0,\"ok\",\"diferen\")","v":"diferen"},{"$f":"IFERROR(INDEX(um!A:C,MATCH(Tabla_Consulta_desde_QuickBooks_Data_64_Bit_QRemote[[#This Row],[SalesOrderLineItemRefFullName]],um!A:A,0),3),\"\")","v":"X24"},{"$f":"IFERROR(IF(OR(Tabla_Consulta_desde_QuickBooks_Data_64_Bit_QRemote[[#This Row],[SalesOrderLineUnitOfMeasure]]=\"UN\",Tabla_Consulta_desde_QuickBooks_Data_64_Bit_QRemote[[#This Row],[SalesOrderLineUnitOfMeasure]]=Tabla_Consulta_desde_QuickBooks_Data_64_Bit_QRemote[[#This Row],[U/M]]),\"\",\"ERROR\"),\"\")","v":""},{"$f":"+WEEKNUM(Tabla_Consulta_desde_QuickBooks_Data_64_Bit_QRemote[[#This Row],[TxnDate]])","v":23},{"$f":"+Tabla_Consulta_desde_QuickBooks_Data_64_Bit_QRemote[[#This Row],[SalesOrderLineRate]]*Tabla_Consulta_desde_QuickBooks_Data_64_Bit_QRemote[[#This Row],[SalesOrderLineInvoiced]]","v":0},{"$f":"+IFERROR(IF(Tabla_Consulta_desde_QuickBooks_Data_64_Bit_QRemote[[#This Row],[CustomerRefFullName]]=\"GRUVALCORP SA\",VLOOKUP(Tabla_Consulta_desde_QuickBooks_Data_64_Bit_QRemote[[#This Row],[SalesOrderLineItemRefFullName]],Hoja1!A:E,5,FALSE),\"\")*-Tabla_Consulta_desde_QuickBooks_Data_64_Bit_QRemote[[#This Row],[SalesOrderLineAmount]],\"\")","v":""},{"$f":"IF(COUNTIF(wms!E:E,Tabla_Consulta_desde_QuickBooks_Data_64_Bit_QRemote[[#This Row],[RefNumber]])>0,\"OK\",\"FALTA\")","v":"FALTA"}]
["2025-06-03","29131","GERARDO ORTIZ E HIJOS CIA. LTDA.","BA221133 BATAN",8,"7862112522787","P.T:311606","SALSA QUESO CHEDDAR OLE 200G","Bodega Producto Terminado",24,"X24",1.52,36.479999999999997,"UNIDAD SALSA",0,361.08,415.24,"IVA EN VENTAS 15%",{"$f":"IFERROR(IF(Tabla_Consulta_desde_QuickBooks_Data_64_Bit_QRemote[[#This Row],[SalesOrderLineUnitOfMeasure]]=\"un\",Tabla_Consulta_desde_QuickBooks_Data_64_Bit_QRemote[[#This Row],[SalesOrderLineQuantity]],Tabla_Consulta_desde_QuickBooks_Data_64_Bit_QRemote[[#This Row],[SalesOrderLineQuantity]]/MID(Tabla_Consulta_desde_QuickBooks_Data_64_Bit_QRemote[[#This Row],[SalesOrderLineUnitOfMeasure]],2,2)),0)","v":1},{"$f":"IFERROR(IF(Tabla_Consulta_desde_QuickBooks_Data_64_Bit_QRemote[[#This Row],[SalesOrderLineUnitOfMeasure]]=\"un\",Tabla_Consulta_desde_QuickBooks_Data_64_Bit_QRemote[[#This Row],[SalesOrderLineInvoiced]],Tabla_Consulta_desde_QuickBooks_Data_64_Bit_QRemote[[#This Row],[SalesOrderLineInvoiced]]/MID(Tabla_Consulta_desde_QuickBooks_Data_64_Bit_QRemote[[#This Row],[SalesOrderLineUnitOfMeasure]],2,2)),0)","v":0},{"$f":"+Tabla_Consulta_desde_QuickBooks_Data_64_Bit_QRemote[[#This Row],[facturado]]-Tabla_Consulta_desde_QuickBooks_Data_64_Bit_QRemote[[#This Row],[pide]]","v":-1},{"$f":"IF(Tabla_Consulta_desde_QuickBooks_Data_64_Bit_QRemote[[#This Row],[diferecia]]=0,\"ok\",\"diferen\")","v":"diferen"},{"$f":"IFERROR(INDEX(um!A:C,MATCH(Tabla_Consulta_desde_QuickBooks_Data_64_Bit_QRemote[[#This Row],[SalesOrderLineItemRefFullName]],um!A:A,0),3),\"\")","v":"X24"},{"$f":"IFERROR(IF(OR(Tabla_Consulta_desde_QuickBooks_Data_64_Bit_QRemote[[#This Row],[SalesOrderLineUnitOfMeasure]]=\"UN\",Tabla_Consulta_desde_QuickBooks_Data_64_Bit_QRemote[[#This Row],[SalesOrderLineUnitOfMeasure]]=Tabla_Consulta_desde_QuickBooks_Data_64_Bit_QRemote[[#This Row],[U/M]]),\"\",\"ERROR\"),\"\")","v":""},{"$f":"+WEEKNUM(Tabla_Consulta_desde_QuickBooks_Data_64_Bit_QRemote[[#This Row],[TxnDate]])","v":23},{"$f":"+Tabla_Consulta_desde_QuickBooks_Data_64_Bit_QRemote[[#This Row],[SalesOrderLineRate]]*Tabla_Consulta_desde_QuickBooks_Data_64_Bit_QRemote[[#This Row],[SalesOrderLineInvoiced]]","v":0},{"$f":"+IFERROR(IF(Tabla_Consulta_desde_QuickBooks_Data_64_Bit_QRemote[[#This Row],[CustomerRefFullName]]=\"GRUVALCORP SA\",VLOOKUP(Tabla_Consulta_desde_QuickBooks_Data_64_Bit_QRemote[[#This Row],[SalesOrderLineItemRefFullName]],Hoja1!A:E,5,FALSE),\"\")*-Tabla_Consulta_desde_QuickBooks_Data_64_Bit_QRemote[[#This Row],[SalesOrderLineAmount]],\"\")","v":""},{"$f":"IF(COUNTIF(wms!E:E,Tabla_Consulta_desde_QuickBooks_Data_64_Bit_QRemote[[#This Row],[RefNumber]])>0,\"OK\",\"FALTA\")","v":"FALTA"}]
["2025-06-03","29131","GERARDO ORTIZ E HIJOS CIA. LTDA.","BA221133 BATAN",9,"7862112522794","P.T:311605","SALSA CHICKEN DIPPIN OLE 200G","Bodega Producto Terminado",24,"X24",1.27,30.48,"UNIDAD SALSA",0,361.08,415.24,"IVA EN VENTAS 15%",{"$f":"IFERROR(IF(Tabla_Consulta_desde_QuickBooks_Data_64_Bit_QRemote[[#This Row],[SalesOrderLineUnitOfMeasure]]=\"un\",Tabla_Consulta_desde_QuickBooks_Data_64_Bit_QRemote[[#This Row],[SalesOrderLineQuantity]],Tabla_Consulta_desde_QuickBooks_Data_64_Bit_QRemote[[#This Row],[SalesOrderLineQuantity]]/MID(Tabla_Consulta_desde_QuickBooks_Data_64_Bit_QRemote[[#This Row],[SalesOrderLineUnitOfMeasure]],2,2)),0)","v":1},{"$f":"IFERROR(IF(Tabla_Consulta_desde_QuickBooks_Data_64_Bit_QRemote[[#This Row],[SalesOrderLineUnitOfMeasure]]=\"un\",Tabla_Consulta_desde_QuickBooks_Data_64_Bit_QRemote[[#This Row],[SalesOrderLineInvoiced]],Tabla_Consulta_desde_QuickBooks_Data_64_Bit_QRemote[[#This Row],[SalesOrderLineInvoiced]]/MID(Tabla_Consulta_desde_QuickBooks_Data_64_Bit_QRemote[[#This Row],[SalesOrderLineUnitOfMeasure]],2,2)),0)","v":0},{"$f":"+Tabla_Consulta_desde_QuickBooks_Data_64_Bit_QRemote[[#This Row],[facturado]]-Tabla_Consulta_desde_QuickBooks_Data_64_Bit_QRemote[[#This Row],[pide]]","v":-1},{"$f":"IF(Tabla_Consulta_desde_QuickBooks_Data_64_Bit_QRemote[[#This Row],[diferecia]]=0,\"ok\",\"diferen\")","v":"diferen"},{"$f":"IFERROR(INDEX(um!A:C,MATCH(Tabla_Consulta_desde_QuickBooks_Data_64_Bit_QRemote[[#This Row],[SalesOrderLineItemRefFullName]],um!A:A,0),3),\"\")","v":"X24"},{"$f":"IFERROR(IF(OR(Tabla_Consulta_desde_QuickBooks_Data_64_Bit_QRemote[[#This Row],[SalesOrderLineUnitOfMeasure]]=\"UN\",Tabla_Consulta_desde_QuickBooks_Data_64_Bit_QRemote[[#This Row],[SalesOrderLineUnitOfMeasure]]=Tabla_Consulta_desde_QuickBooks_Data_64_Bit_QRemote[[#This Row],[U/M]]),\"\",\"ERROR\"),\"\")","v":""},{"$f":"+WEEKNUM(Tabla_Consulta_desde_QuickBooks_Data_64_Bit_QRemote[[#This Row],[TxnDate]])","v":23},{"$f":"+Tabla_Consulta_desde_QuickBooks_Data_64_Bit_QRemote[[#This Row],[SalesOrderLineRate]]*Tabla_Consulta_desde_QuickBooks_Data_64_Bit_QRemote[[#This Row],[SalesOrderLineInvoiced]]","v":0},{"$f":"+IFERROR(IF(Tabla_Consulta_desde_QuickBooks_Data_64_Bit_QRemote[[#This Row],[CustomerRefFullName]]=\"GRUVALCORP SA\",VLOOKUP(Tabla_Consulta_desde_QuickBooks_Data_64_Bit_QRemote[[#This Row],[SalesOrderLineItemRefFullName]],Hoja1!A:E,5,FALSE),\"\")*-Tabla_Consulta_desde_QuickBooks_Data_64_Bit_QRemote[[#This Row],[SalesOrderLineAmount]],\"\")","v":""},{"$f":"IF(COUNTIF(wms!E:E,Tabla_Consulta_desde_QuickBooks_Data_64_Bit_QRemote[[#This Row],[RefNumber]])>0,\"OK\",\"FALTA\")","v":"FALTA"}]
["2025-06-03","29131","GERARDO ORTIZ E HIJOS CIA. LTDA.","BA221133 BATAN",10,"7862112522831","P.T:110226","SALSA EXTRAPICANTE CAROLINA REAPER OLE 100G","Bodega Producto Terminado",12,"X12",1.05,12.6,"UNIDAD SALSA",0,361.08,415.24,"IVA EN VENTAS 15%",{"$f":"IFERROR(IF(Tabla_Consulta_desde_QuickBooks_Data_64_Bit_QRemote[[#This Row],[SalesOrderLineUnitOfMeasure]]=\"un\",Tabla_Consulta_desde_QuickBooks_Data_64_Bit_QRemote[[#This Row],[SalesOrderLineQuantity]],Tabla_Consulta_desde_QuickBooks_Data_64_Bit_QRemote[[#This Row],[SalesOrderLineQuantity]]/MID(Tabla_Consulta_desde_QuickBooks_Data_64_Bit_QRemote[[#This Row],[SalesOrderLineUnitOfMeasure]],2,2)),0)","v":1},{"$f":"IFERROR(IF(Tabla_Consulta_desde_QuickBooks_Data_64_Bit_QRemote[[#This Row],[SalesOrderLineUnitOfMeasure]]=\"un\",Tabla_Consulta_desde_QuickBooks_Data_64_Bit_QRemote[[#This Row],[SalesOrderLineInvoiced]],Tabla_Consulta_desde_QuickBooks_Data_64_Bit_QRemote[[#This Row],[SalesOrderLineInvoiced]]/MID(Tabla_Consulta_desde_QuickBooks_Data_64_Bit_QRemote[[#This Row],[SalesOrderLineUnitOfMeasure]],2,2)),0)","v":0},{"$f":"+Tabla_Consulta_desde_QuickBooks_Data_64_Bit_QRemote[[#This Row],[facturado]]-Tabla_Consulta_desde_QuickBooks_Data_64_Bit_QRemote[[#This Row],[pide]]","v":-1},{"$f":"IF(Tabla_Consulta_desde_QuickBooks_Data_64_Bit_QRemote[[#This Row],[diferecia]]=0,\"ok\",\"diferen\")","v":"diferen"},{"$f":"IFERROR(INDEX(um!A:C,MATCH(Tabla_Consulta_desde_QuickBooks_Data_64_Bit_QRemote[[#This Row],[SalesOrderLineItemRefFullName]],um!A:A,0),3),\"\")","v":"X12"},{"$f":"IFERROR(IF(OR(Tabla_Consulta_desde_QuickBooks_Data_64_Bit_QRemote[[#This Row],[SalesOrderLineUnitOfMeasure]]=\"UN\",Tabla_Consulta_desde_QuickBooks_Data_64_Bit_QRemote[[#This Row],[SalesOrderLineUnitOfMeasure]]=Tabla_Consulta_desde_QuickBooks_Data_64_Bit_QRemote[[#This Row],[U/M]]),\"\",\"ERROR\"),\"\")","v":""},{"$f":"+WEEKNUM(Tabla_Consulta_desde_QuickBooks_Data_64_Bit_QRemote[[#This Row],[TxnDate]])","v":23},{"$f":"+Tabla_Consulta_desde_QuickBooks_Data_64_Bit_QRemote[[#This Row],[SalesOrderLineRate]]*Tabla_Consulta_desde_QuickBooks_Data_64_Bit_QRemote[[#This Row],[SalesOrderLineInvoiced]]","v":0},{"$f":"+IFERROR(IF(Tabla_Consulta_desde_QuickBooks_Data_64_Bit_QRemote[[#This Row],[CustomerRefFullName]]=\"GRUVALCORP SA\",VLOOKUP(Tabla_Consulta_desde_QuickBooks_Data_64_Bit_QRemote[[#This Row],[SalesOrderLineItemRefFullName]],Hoja1!A:E,5,FALSE),\"\")*-Tabla_Consulta_desde_QuickBooks_Data_64_Bit_QRemote[[#This Row],[SalesOrderLineAmount]],\"\")","v":""},{"$f":"IF(COUNTIF(wms!E:E,Tabla_Consulta_desde_QuickBooks_Data_64_Bit_QRemote[[#This Row],[RefNumber]])>0,\"OK\",\"FALTA\")","v":"FALTA"}]
["2025-06-03","29131","GERARDO ORTIZ E HIJOS CIA. LTDA.","BA221133 BATAN",11,"7862112522169","P.T:110734","DIP ORIGINAL ROASTED TOMATES ASADOS OLE 220G","Bodega Producto Terminado",12,"X12",1.45,17.399999999999999,"UNIDAD SALSA",0,361.08,415.24,"IVA EN VENTAS 15%",{"$f":"IFERROR(IF(Tabla_Consulta_desde_QuickBooks_Data_64_Bit_QRemote[[#This Row],[SalesOrderLineUnitOfMeasure]]=\"un\",Tabla_Consulta_desde_QuickBooks_Data_64_Bit_QRemote[[#This Row],[SalesOrderLineQuantity]],Tabla_Consulta_desde_QuickBooks_Data_64_Bit_QRemote[[#This Row],[SalesOrderLineQuantity]]/MID(Tabla_Consulta_desde_QuickBooks_Data_64_Bit_QRemote[[#This Row],[SalesOrderLineUnitOfMeasure]],2,2)),0)","v":1},{"$f":"IFERROR(IF(Tabla_Consulta_desde_QuickBooks_Data_64_Bit_QRemote[[#This Row],[SalesOrderLineUnitOfMeasure]]=\"un\",Tabla_Consulta_desde_QuickBooks_Data_64_Bit_QRemote[[#This Row],[SalesOrderLineInvoiced]],Tabla_Consulta_desde_QuickBooks_Data_64_Bit_QRemote[[#This Row],[SalesOrderLineInvoiced]]/MID(Tabla_Consulta_desde_QuickBooks_Data_64_Bit_QRemote[[#This Row],[SalesOrderLineUnitOfMeasure]],2,2)),0)","v":0},{"$f":"+Tabla_Consulta_desde_QuickBooks_Data_64_Bit_QRemote[[#This Row],[facturado]]-Tabla_Consulta_desde_QuickBooks_Data_64_Bit_QRemote[[#This Row],[pide]]","v":-1},{"$f":"IF(Tabla_Consulta_desde_QuickBooks_Data_64_Bit_QRemote[[#This Row],[diferecia]]=0,\"ok\",\"diferen\")","v":"diferen"},{"$f":"IFERROR(INDEX(um!A:C,MATCH(Tabla_Consulta_desde_QuickBooks_Data_64_Bit_QRemote[[#This Row],[SalesOrderLineItemRefFullName]],um!A:A,0),3),\"\")","v":"X12"},{"$f":"IFERROR(IF(OR(Tabla_Consulta_desde_QuickBooks_Data_64_Bit_QRemote[[#This Row],[SalesOrderLineUnitOfMeasure]]=\"UN\",Tabla_Consulta_desde_QuickBooks_Data_64_Bit_QRemote[[#This Row],[SalesOrderLineUnitOfMeasure]]=Tabla_Consulta_desde_QuickBooks_Data_64_Bit_QRemote[[#This Row],[U/M]]),\"\",\"ERROR\"),\"\")","v":""},{"$f":"+WEEKNUM(Tabla_Consulta_desde_QuickBooks_Data_64_Bit_QRemote[[#This Row],[TxnDate]])","v":23},{"$f":"+Tabla_Consulta_desde_QuickBooks_Data_64_Bit_QRemote[[#This Row],[SalesOrderLineRate]]*Tabla_Consulta_desde_QuickBooks_Data_64_Bit_QRemote[[#This Row],[SalesOrderLineInvoiced]]","v":0},{"$f":"+IFERROR(IF(Tabla_Consulta_desde_QuickBooks_Data_64_Bit_QRemote[[#This Row],[CustomerRefFullName]]=\"GRUVALCORP SA\",VLOOKUP(Tabla_Consulta_desde_QuickBooks_Data_64_Bit_QRemote[[#This Row],[SalesOrderLineItemRefFullName]],Hoja1!A:E,5,FALSE),\"\")*-Tabla_Consulta_desde_QuickBooks_Data_64_Bit_QRemote[[#This Row],[SalesOrderLineAmount]],\"\")","v":""},{"$f":"IF(COUNTIF(wms!E:E,Tabla_Consulta_desde_QuickBooks_Data_64_Bit_QRemote[[#This Row],[RefNumber]])>0,\"OK\",\"FALTA\")","v":"FALTA"}]
["2025-06-03","29131","GERARDO ORTIZ E HIJOS CIA. LTDA.","BA221133 BATAN",12,"7862112522497","P.T:110801","SALSA BBQ ORIGINAL OLE DP 200G","Bodega Producto Terminado",12,"X12",0.88,10.56,"UNIDAD SALSA",0,361.08,415.24,"IVA EN VENTAS 15%",{"$f":"IFERROR(IF(Tabla_Consulta_desde_QuickBooks_Data_64_Bit_QRemote[[#This Row],[SalesOrderLineUnitOfMeasure]]=\"un\",Tabla_Consulta_desde_QuickBooks_Data_64_Bit_QRemote[[#This Row],[SalesOrderLineQuantity]],Tabla_Consulta_desde_QuickBooks_Data_64_Bit_QRemote[[#This Row],[SalesOrderLineQuantity]]/MID(Tabla_Consulta_desde_QuickBooks_Data_64_Bit_QRemote[[#This Row],[SalesOrderLineUnitOfMeasure]],2,2)),0)","v":1},{"$f":"IFERROR(IF(Tabla_Consulta_desde_QuickBooks_Data_64_Bit_QRemote[[#This Row],[SalesOrderLineUnitOfMeasure]]=\"un\",Tabla_Consulta_desde_QuickBooks_Data_64_Bit_QRemote[[#This Row],[SalesOrderLineInvoiced]],Tabla_Consulta_desde_QuickBooks_Data_64_Bit_QRemote[[#This Row],[SalesOrderLineInvoiced]]/MID(Tabla_Consulta_desde_QuickBooks_Data_64_Bit_QRemote[[#This Row],[SalesOrderLineUnitOfMeasure]],2,2)),0)","v":0},{"$f":"+Tabla_Consulta_desde_QuickBooks_Data_64_Bit_QRemote[[#This Row],[facturado]]-Tabla_Consulta_desde_QuickBooks_Data_64_Bit_QRemote[[#This Row],[pide]]","v":-1},{"$f":"IF(Tabla_Consulta_desde_QuickBooks_Data_64_Bit_QRemote[[#This Row],[diferecia]]=0,\"ok\",\"diferen\")","v":"diferen"},{"$f":"IFERROR(INDEX(um!A:C,MATCH(Tabla_Consulta_desde_QuickBooks_Data_64_Bit_QRemote[[#This Row],[SalesOrderLineItemRefFullName]],um!A:A,0),3),\"\")","v":"X12"},{"$f":"IFERROR(IF(OR(Tabla_Consulta_desde_QuickBooks_Data_64_Bit_QRemote[[#This Row],[SalesOrderLineUnitOfMeasure]]=\"UN\",Tabla_Consulta_desde_QuickBooks_Data_64_Bit_QRemote[[#This Row],[SalesOrderLineUnitOfMeasure]]=Tabla_Consulta_desde_QuickBooks_Data_64_Bit_QRemote[[#This Row],[U/M]]),\"\",\"ERROR\"),\"\")","v":""},{"$f":"+WEEKNUM(Tabla_Consulta_desde_QuickBooks_Data_64_Bit_QRemote[[#This Row],[TxnDate]])","v":23},{"$f":"+Tabla_Consulta_desde_QuickBooks_Data_64_Bit_QRemote[[#This Row],[SalesOrderLineRate]]*Tabla_Consulta_desde_QuickBooks_Data_64_Bit_QRemote[[#This Row],[SalesOrderLineInvoiced]]","v":0},{"$f":"+IFERROR(IF(Tabla_Consulta_desde_QuickBooks_Data_64_Bit_QRemote[[#This Row],[CustomerRefFullName]]=\"GRUVALCORP SA\",VLOOKUP(Tabla_Consulta_desde_QuickBooks_Data_64_Bit_QRemote[[#This Row],[SalesOrderLineItemRefFullName]],Hoja1!A:E,5,FALSE),\"\")*-Tabla_Consulta_desde_QuickBooks_Data_64_Bit_QRemote[[#This Row],[SalesOrderLineAmount]],\"\")","v":""},{"$f":"IF(COUNTIF(wms!E:E,Tabla_Consulta_desde_QuickBooks_Data_64_Bit_QRemote[[#This Row],[RefNumber]])>0,\"OK\",\"FALTA\")","v":"FALTA"}]
["2025-06-03","29131","GERARDO ORTIZ E HIJOS CIA. LTDA.","BA221133 BATAN",13,"7862112522527","P.T:110803","SALSA GUACAMOLE ORIGINAL OLE DP 200G","Bodega Producto Terminado",12,"X12",1.39,16.68,"UNIDAD SALSA",0,361.08,415.24,"IVA EN VENTAS 15%",{"$f":"IFERROR(IF(Tabla_Consulta_desde_QuickBooks_Data_64_Bit_QRemote[[#This Row],[SalesOrderLineUnitOfMeasure]]=\"un\",Tabla_Consulta_desde_QuickBooks_Data_64_Bit_QRemote[[#This Row],[SalesOrderLineQuantity]],Tabla_Consulta_desde_QuickBooks_Data_64_Bit_QRemote[[#This Row],[SalesOrderLineQuantity]]/MID(Tabla_Consulta_desde_QuickBooks_Data_64_Bit_QRemote[[#This Row],[SalesOrderLineUnitOfMeasure]],2,2)),0)","v":1},{"$f":"IFERROR(IF(Tabla_Consulta_desde_QuickBooks_Data_64_Bit_QRemote[[#This Row],[SalesOrderLineUnitOfMeasure]]=\"un\",Tabla_Consulta_desde_QuickBooks_Data_64_Bit_QRemote[[#This Row],[SalesOrderLineInvoiced]],Tabla_Consulta_desde_QuickBooks_Data_64_Bit_QRemote[[#This Row],[SalesOrderLineInvoiced]]/MID(Tabla_Consulta_desde_QuickBooks_Data_64_Bit_QRemote[[#This Row],[SalesOrderLineUnitOfMeasure]],2,2)),0)","v":0},{"$f":"+Tabla_Consulta_desde_QuickBooks_Data_64_Bit_QRemote[[#This Row],[facturado]]-Tabla_Consulta_desde_QuickBooks_Data_64_Bit_QRemote[[#This Row],[pide]]","v":-1},{"$f":"IF(Tabla_Consulta_desde_QuickBooks_Data_64_Bit_QRemote[[#This Row],[diferecia]]=0,\"ok\",\"diferen\")","v":"diferen"},{"$f":"IFERROR(INDEX(um!A:C,MATCH(Tabla_Consulta_desde_QuickBooks_Data_64_Bit_QRemote[[#This Row],[SalesOrderLineItemRefFullName]],um!A:A,0),3),\"\")","v":"X12"},{"$f":"IFERROR(IF(OR(Tabla_Consulta_desde_QuickBooks_Data_64_Bit_QRemote[[#This Row],[SalesOrderLineUnitOfMeasure]]=\"UN\",Tabla_Consulta_desde_QuickBooks_Data_64_Bit_QRemote[[#This Row],[SalesOrderLineUnitOfMeasure]]=Tabla_Consulta_desde_QuickBooks_Data_64_Bit_QRemote[[#This Row],[U/M]]),\"\",\"ERROR\"),\"\")","v":""},{"$f":"+WEEKNUM(Tabla_Consulta_desde_QuickBooks_Data_64_Bit_QRemote[[#This Row],[TxnDate]])","v":23},{"$f":"+Tabla_Consulta_desde_QuickBooks_Data_64_Bit_QRemote[[#This Row],[SalesOrderLineRate]]*Tabla_Consulta_desde_QuickBooks_Data_64_Bit_QRemote[[#This Row],[SalesOrderLineInvoiced]]","v":0},{"$f":"+IFERROR(IF(Tabla_Consulta_desde_QuickBooks_Data_64_Bit_QRemote[[#This Row],[CustomerRefFullName]]=\"GRUVALCORP SA\",VLOOKUP(Tabla_Consulta_desde_QuickBooks_Data_64_Bit_QRemote[[#This Row],[SalesOrderLineItemRefFullName]],Hoja1!A:E,5,FALSE),\"\")*-Tabla_Consulta_desde_QuickBooks_Data_64_Bit_QRemote[[#This Row],[SalesOrderLineAmount]],\"\")","v":""},{"$f":"IF(COUNTIF(wms!E:E,Tabla_Consulta_desde_QuickBooks_Data_64_Bit_QRemote[[#This Row],[RefNumber]])>0,\"OK\",\"FALTA\")","v":"FALTA"}]
["2025-06-03","29131","GERARDO ORTIZ E HIJOS CIA. LTDA.","BA221133 BATAN",14,"7862112521698","P.T:311407","VINAGRE DE MANZANA CON LA MADRE OLE 500ML","Bodega Producto Terminado",12,"X12",4.28,51.36,"UNIDAD SALSA",0,361.08,415.24,"IVA EN VENTAS 15%",{"$f":"IFERROR(IF(Tabla_Consulta_desde_QuickBooks_Data_64_Bit_QRemote[[#This Row],[SalesOrderLineUnitOfMeasure]]=\"un\",Tabla_Consulta_desde_QuickBooks_Data_64_Bit_QRemote[[#This Row],[SalesOrderLineQuantity]],Tabla_Consulta_desde_QuickBooks_Data_64_Bit_QRemote[[#This Row],[SalesOrderLineQuantity]]/MID(Tabla_Consulta_desde_QuickBooks_Data_64_Bit_QRemote[[#This Row],[SalesOrderLineUnitOfMeasure]],2,2)),0)","v":1},{"$f":"IFERROR(IF(Tabla_Consulta_desde_QuickBooks_Data_64_Bit_QRemote[[#This Row],[SalesOrderLineUnitOfMeasure]]=\"un\",Tabla_Consulta_desde_QuickBooks_Data_64_Bit_QRemote[[#This Row],[SalesOrderLineInvoiced]],Tabla_Consulta_desde_QuickBooks_Data_64_Bit_QRemote[[#This Row],[SalesOrderLineInvoiced]]/MID(Tabla_Consulta_desde_QuickBooks_Data_64_Bit_QRemote[[#This Row],[SalesOrderLineUnitOfMeasure]],2,2)),0)","v":0},{"$f":"+Tabla_Consulta_desde_QuickBooks_Data_64_Bit_QRemote[[#This Row],[facturado]]-Tabla_Consulta_desde_QuickBooks_Data_64_Bit_QRemote[[#This Row],[pide]]","v":-1},{"$f":"IF(Tabla_Consulta_desde_QuickBooks_Data_64_Bit_QRemote[[#This Row],[diferecia]]=0,\"ok\",\"diferen\")","v":"diferen"},{"$f":"IFERROR(INDEX(um!A:C,MATCH(Tabla_Consulta_desde_QuickBooks_Data_64_Bit_QRemote[[#This Row],[SalesOrderLineItemRefFullName]],um!A:A,0),3),\"\")","v":"X12"},{"$f":"IFERROR(IF(OR(Tabla_Consulta_desde_QuickBooks_Data_64_Bit_QRemote[[#This Row],[SalesOrderLineUnitOfMeasure]]=\"UN\",Tabla_Consulta_desde_QuickBooks_Data_64_Bit_QRemote[[#This Row],[SalesOrderLineUnitOfMeasure]]=Tabla_Consulta_desde_QuickBooks_Data_64_Bit_QRemote[[#This Row],[U/M]]),\"\",\"ERROR\"),\"\")","v":""},{"$f":"+WEEKNUM(Tabla_Consulta_desde_QuickBooks_Data_64_Bit_QRemote[[#This Row],[TxnDate]])","v":23},{"$f":"+Tabla_Consulta_desde_QuickBooks_Data_64_Bit_QRemote[[#This Row],[SalesOrderLineRate]]*Tabla_Consulta_desde_QuickBooks_Data_64_Bit_QRemote[[#This Row],[SalesOrderLineInvoiced]]","v":0},{"$f":"+IFERROR(IF(Tabla_Consulta_desde_QuickBooks_Data_64_Bit_QRemote[[#This Row],[CustomerRefFullName]]=\"GRUVALCORP SA\",VLOOKUP(Tabla_Consulta_desde_QuickBooks_Data_64_Bit_QRemote[[#This Row],[SalesOrderLineItemRefFullName]],Hoja1!A:E,5,FALSE),\"\")*-Tabla_Consulta_desde_QuickBooks_Data_64_Bit_QRemote[[#This Row],[SalesOrderLineAmount]],\"\")","v":""},{"$f":"IF(COUNTIF(wms!E:E,Tabla_Consulta_desde_QuickBooks_Data_64_Bit_QRemote[[#This Row],[RefNumber]])>0,\"OK\",\"FALTA\")","v":"FALTA"}]
["2025-06-03","29131","GERARDO ORTIZ E HIJOS CIA. LTDA.","BA221133 BATAN",15,"7862112522367","PT:220132","TOTOPOS NATURAL OLE 300G","Bodega Producto Terminado",12,"X12",1.67,20.04,"UNIDAD SNCKS",0,361.08,415.24,"IVA EN VENTAS 15%",{"$f":"IFERROR(IF(Tabla_Consulta_desde_QuickBooks_Data_64_Bit_QRemote[[#This Row],[SalesOrderLineUnitOfMeasure]]=\"un\",Tabla_Consulta_desde_QuickBooks_Data_64_Bit_QRemote[[#This Row],[SalesOrderLineQuantity]],Tabla_Consulta_desde_QuickBooks_Data_64_Bit_QRemote[[#This Row],[SalesOrderLineQuantity]]/MID(Tabla_Consulta_desde_QuickBooks_Data_64_Bit_QRemote[[#This Row],[SalesOrderLineUnitOfMeasure]],2,2)),0)","v":1},{"$f":"IFERROR(IF(Tabla_Consulta_desde_QuickBooks_Data_64_Bit_QRemote[[#This Row],[SalesOrderLineUnitOfMeasure]]=\"un\",Tabla_Consulta_desde_QuickBooks_Data_64_Bit_QRemote[[#This Row],[SalesOrderLineInvoiced]],Tabla_Consulta_desde_QuickBooks_Data_64_Bit_QRemote[[#This Row],[SalesOrderLineInvoiced]]/MID(Tabla_Consulta_desde_QuickBooks_Data_64_Bit_QRemote[[#This Row],[SalesOrderLineUnitOfMeasure]],2,2)),0)","v":0},{"$f":"+Tabla_Consulta_desde_QuickBooks_Data_64_Bit_QRemote[[#This Row],[facturado]]-Tabla_Consulta_desde_QuickBooks_Data_64_Bit_QRemote[[#This Row],[pide]]","v":-1},{"$f":"IF(Tabla_Consulta_desde_QuickBooks_Data_64_Bit_QRemote[[#This Row],[diferecia]]=0,\"ok\",\"diferen\")","v":"diferen"},{"$f":"IFERROR(INDEX(um!A:C,MATCH(Tabla_Consulta_desde_QuickBooks_Data_64_Bit_QRemote[[#This Row],[SalesOrderLineItemRefFullName]],um!A:A,0),3),\"\")","v":"X12"},{"$f":"IFERROR(IF(OR(Tabla_Consulta_desde_QuickBooks_Data_64_Bit_QRemote[[#This Row],[SalesOrderLineUnitOfMeasure]]=\"UN\",Tabla_Consulta_desde_QuickBooks_Data_64_Bit_QRemote[[#This Row],[SalesOrderLineUnitOfMeasure]]=Tabla_Consulta_desde_QuickBooks_Data_64_Bit_QRemote[[#This Row],[U/M]]),\"\",\"ERROR\"),\"\")","v":""},{"$f":"+WEEKNUM(Tabla_Consulta_desde_QuickBooks_Data_64_Bit_QRemote[[#This Row],[TxnDate]])","v":23},{"$f":"+Tabla_Consulta_desde_QuickBooks_Data_64_Bit_QRemote[[#This Row],[SalesOrderLineRate]]*Tabla_Consulta_desde_QuickBooks_Data_64_Bit_QRemote[[#This Row],[SalesOrderLineInvoiced]]","v":0},{"$f":"+IFERROR(IF(Tabla_Consulta_desde_QuickBooks_Data_64_Bit_QRemote[[#This Row],[CustomerRefFullName]]=\"GRUVALCORP SA\",VLOOKUP(Tabla_Consulta_desde_QuickBooks_Data_64_Bit_QRemote[[#This Row],[SalesOrderLineItemRefFullName]],Hoja1!A:E,5,FALSE),\"\")*-Tabla_Consulta_desde_QuickBooks_Data_64_Bit_QRemote[[#This Row],[SalesOrderLineAmount]],\"\")","v":""},{"$f":"IF(COUNTIF(wms!E:E,Tabla_Consulta_desde_QuickBooks_Data_64_Bit_QRemote[[#This Row],[RefNumber]])>0,\"OK\",\"FALTA\")","v":"FALTA"}]
["2025-06-03","29131","GERARDO ORTIZ E HIJOS CIA. LTDA.","BA221133 BATAN",16,null,"INFOADICIONAL","BA221133 BATAN",null,null,null,0,0,null,0,361.08,415.24,"IVA EN VENTAS 15%",{"$f":"IFERROR(IF(Tabla_Consulta_desde_QuickBooks_Data_64_Bit_QRemote[[#This Row],[SalesOrderLineUnitOfMeasure]]=\"un\",Tabla_Consulta_desde_QuickBooks_Data_64_Bit_QRemote[[#This Row],[SalesOrderLineQuantity]],Tabla_Consulta_desde_QuickBooks_Data_64_Bit_QRemote[[#This Row],[SalesOrderLineQuantity]]/MID(Tabla_Consulta_desde_QuickBooks_Data_64_Bit_QRemote[[#This Row],[SalesOrderLineUnitOfMeasure]],2,2)),0)","v":0},{"$f":"IFERROR(IF(Tabla_Consulta_desde_QuickBooks_Data_64_Bit_QRemote[[#This Row],[SalesOrderLineUnitOfMeasure]]=\"un\",Tabla_Consulta_desde_QuickBooks_Data_64_Bit_QRemote[[#This Row],[SalesOrderLineInvoiced]],Tabla_Consulta_desde_QuickBooks_Data_64_Bit_QRemote[[#This Row],[SalesOrderLineInvoiced]]/MID(Tabla_Consulta_desde_QuickBooks_Data_64_Bit_QRemote[[#This Row],[SalesOrderLineUnitOfMeasure]],2,2)),0)","v":0},{"$f":"+Tabla_Consulta_desde_QuickBooks_Data_64_Bit_QRemote[[#This Row],[facturado]]-Tabla_Consulta_desde_QuickBooks_Data_64_Bit_QRemote[[#This Row],[pide]]","v":0},{"$f":"IF(Tabla_Consulta_desde_QuickBooks_Data_64_Bit_QRemote[[#This Row],[diferecia]]=0,\"ok\",\"diferen\")","v":"ok"},{"$f":"IFERROR(INDEX(um!A:C,MATCH(Tabla_Consulta_desde_QuickBooks_Data_64_Bit_QRemote[[#This Row],[SalesOrderLineItemRefFullName]],um!A:A,0),3),\"\")","v":""},{"$f":"IFERROR(IF(OR(Tabla_Consulta_desde_QuickBooks_Data_64_Bit_QRemote[[#This Row],[SalesOrderLineUnitOfMeasure]]=\"UN\",Tabla_Consulta_desde_QuickBooks_Data_64_Bit_QRemote[[#This Row],[SalesOrderLineUnitOfMeasure]]=Tabla_Consulta_desde_QuickBooks_Data_64_Bit_QRemote[[#This Row],[U/M]]),\"\",\"ERROR\"),\"\")","v":""},{"$f":"+WEEKNUM(Tabla_Consulta_desde_QuickBooks_Data_64_Bit_QRemote[[#This Row],[TxnDate]])","v":23},{"$f":"+Tabla_Consulta_desde_QuickBooks_Data_64_Bit_QRemote[[#This Row],[SalesOrderLineRate]]*Tabla_Consulta_desde_QuickBooks_Data_64_Bit_QRemote[[#This Row],[SalesOrderLineInvoiced]]","v":0},{"$f":"+IFERROR(IF(Tabla_Consulta_desde_QuickBooks_Data_64_Bit_QRemote[[#This Row],[CustomerRefFullName]]=\"GRUVALCORP SA\",VLOOKUP(Tabla_Consulta_desde_QuickBooks_Data_64_Bit_QRemote[[#This Row],[SalesOrderLineItemRefFullName]],Hoja1!A:E,5,FALSE),\"\")*-Tabla_Consulta_desde_QuickBooks_Data_64_Bit_QRemote[[#This Row],[SalesOrderLineAmount]],\"\")","v":""},{"$f":"IF(COUNTIF(wms!E:E,Tabla_Consulta_desde_QuickBooks_Data_64_Bit_QRemote[[#This Row],[RefNumber]])>0,\"OK\",\"FALTA\")","v":"FALTA"}]
["2025-06-03","29132","GERARDO ORTIZ E HIJOS CIA. LTDA.","CC339277 CENTRO",1,"7862112523296","P.T:110622","PEPINILLOS CON JALAPEÑO OLE 225G","Bodega Producto Terminado",24,"X24",1.69,40.56,"UNIDAD SALSA",0,248.34,285.58999999999997,"IVA EN VENTAS 15%",{"$f":"IFERROR(IF(Tabla_Consulta_desde_QuickBooks_Data_64_Bit_QRemote[[#This Row],[SalesOrderLineUnitOfMeasure]]=\"un\",Tabla_Consulta_desde_QuickBooks_Data_64_Bit_QRemote[[#This Row],[SalesOrderLineQuantity]],Tabla_Consulta_desde_QuickBooks_Data_64_Bit_QRemote[[#This Row],[SalesOrderLineQuantity]]/MID(Tabla_Consulta_desde_QuickBooks_Data_64_Bit_QRemote[[#This Row],[SalesOrderLineUnitOfMeasure]],2,2)),0)","v":1},{"$f":"IFERROR(IF(Tabla_Consulta_desde_QuickBooks_Data_64_Bit_QRemote[[#This Row],[SalesOrderLineUnitOfMeasure]]=\"un\",Tabla_Consulta_desde_QuickBooks_Data_64_Bit_QRemote[[#This Row],[SalesOrderLineInvoiced]],Tabla_Consulta_desde_QuickBooks_Data_64_Bit_QRemote[[#This Row],[SalesOrderLineInvoiced]]/MID(Tabla_Consulta_desde_QuickBooks_Data_64_Bit_QRemote[[#This Row],[SalesOrderLineUnitOfMeasure]],2,2)),0)","v":0},{"$f":"+Tabla_Consulta_desde_QuickBooks_Data_64_Bit_QRemote[[#This Row],[facturado]]-Tabla_Consulta_desde_QuickBooks_Data_64_Bit_QRemote[[#This Row],[pide]]","v":-1},{"$f":"IF(Tabla_Consulta_desde_QuickBooks_Data_64_Bit_QRemote[[#This Row],[diferecia]]=0,\"ok\",\"diferen\")","v":"diferen"},{"$f":"IFERROR(INDEX(um!A:C,MATCH(Tabla_Consulta_desde_QuickBooks_Data_64_Bit_QRemote[[#This Row],[SalesOrderLineItemRefFullName]],um!A:A,0),3),\"\")","v":"X24"},{"$f":"IFERROR(IF(OR(Tabla_Consulta_desde_QuickBooks_Data_64_Bit_QRemote[[#This Row],[SalesOrderLineUnitOfMeasure]]=\"UN\",Tabla_Consulta_desde_QuickBooks_Data_64_Bit_QRemote[[#This Row],[SalesOrderLineUnitOfMeasure]]=Tabla_Consulta_desde_QuickBooks_Data_64_Bit_QRemote[[#This Row],[U/M]]),\"\",\"ERROR\"),\"\")","v":""},{"$f":"+WEEKNUM(Tabla_Consulta_desde_QuickBooks_Data_64_Bit_QRemote[[#This Row],[TxnDate]])","v":23},{"$f":"+Tabla_Consulta_desde_QuickBooks_Data_64_Bit_QRemote[[#This Row],[SalesOrderLineRate]]*Tabla_Consulta_desde_QuickBooks_Data_64_Bit_QRemote[[#This Row],[SalesOrderLineInvoiced]]","v":0},{"$f":"+IFERROR(IF(Tabla_Consulta_desde_QuickBooks_Data_64_Bit_QRemote[[#This Row],[CustomerRefFullName]]=\"GRUVALCORP SA\",VLOOKUP(Tabla_Consulta_desde_QuickBooks_Data_64_Bit_QRemote[[#This Row],[SalesOrderLineItemRefFullName]],Hoja1!A:E,5,FALSE),\"\")*-Tabla_Consulta_desde_QuickBooks_Data_64_Bit_QRemote[[#This Row],[SalesOrderLineAmount]],\"\")","v":""},{"$f":"IF(COUNTIF(wms!E:E,Tabla_Consulta_desde_QuickBooks_Data_64_Bit_QRemote[[#This Row],[RefNumber]])>0,\"OK\",\"FALTA\")","v":"FALTA"}]
["2025-06-03","29132","GERARDO ORTIZ E HIJOS CIA. LTDA.","CC339277 CENTRO",2,"7862112520509","P.T:110606","JALAPEÑO ROJOS Y VERDES AGRIDULCES OLE 250G","Bodega Producto Terminado",12,"X12",1.62,19.440000000000001,"UNIDAD SALSA",0,248.34,285.58999999999997,"IVA EN VENTAS 15%",{"$f":"IFERROR(IF(Tabla_Consulta_desde_QuickBooks_Data_64_Bit_QRemote[[#This Row],[SalesOrderLineUnitOfMeasure]]=\"un\",Tabla_Consulta_desde_QuickBooks_Data_64_Bit_QRemote[[#This Row],[SalesOrderLineQuantity]],Tabla_Consulta_desde_QuickBooks_Data_64_Bit_QRemote[[#This Row],[SalesOrderLineQuantity]]/MID(Tabla_Consulta_desde_QuickBooks_Data_64_Bit_QRemote[[#This Row],[SalesOrderLineUnitOfMeasure]],2,2)),0)","v":1},{"$f":"IFERROR(IF(Tabla_Consulta_desde_QuickBooks_Data_64_Bit_QRemote[[#This Row],[SalesOrderLineUnitOfMeasure]]=\"un\",Tabla_Consulta_desde_QuickBooks_Data_64_Bit_QRemote[[#This Row],[SalesOrderLineInvoiced]],Tabla_Consulta_desde_QuickBooks_Data_64_Bit_QRemote[[#This Row],[SalesOrderLineInvoiced]]/MID(Tabla_Consulta_desde_QuickBooks_Data_64_Bit_QRemote[[#This Row],[SalesOrderLineUnitOfMeasure]],2,2)),0)","v":0},{"$f":"+Tabla_Consulta_desde_QuickBooks_Data_64_Bit_QRemote[[#This Row],[facturado]]-Tabla_Consulta_desde_QuickBooks_Data_64_Bit_QRemote[[#This Row],[pide]]","v":-1},{"$f":"IF(Tabla_Consulta_desde_QuickBooks_Data_64_Bit_QRemote[[#This Row],[diferecia]]=0,\"ok\",\"diferen\")","v":"diferen"},{"$f":"IFERROR(INDEX(um!A:C,MATCH(Tabla_Consulta_desde_QuickBooks_Data_64_Bit_QRemote[[#This Row],[SalesOrderLineItemRefFullName]],um!A:A,0),3),\"\")","v":"X12"},{"$f":"IFERROR(IF(OR(Tabla_Consulta_desde_QuickBooks_Data_64_Bit_QRemote[[#This Row],[SalesOrderLineUnitOfMeasure]]=\"UN\",Tabla_Consulta_desde_QuickBooks_Data_64_Bit_QRemote[[#This Row],[SalesOrderLineUnitOfMeasure]]=Tabla_Consulta_desde_QuickBooks_Data_64_Bit_QRemote[[#This Row],[U/M]]),\"\",\"ERROR\"),\"\")","v":""},{"$f":"+WEEKNUM(Tabla_Consulta_desde_QuickBooks_Data_64_Bit_QRemote[[#This Row],[TxnDate]])","v":23},{"$f":"+Tabla_Consulta_desde_QuickBooks_Data_64_Bit_QRemote[[#This Row],[SalesOrderLineRate]]*Tabla_Consulta_desde_QuickBooks_Data_64_Bit_QRemote[[#This Row],[SalesOrderLineInvoiced]]","v":0},{"$f":"+IFERROR(IF(Tabla_Consulta_desde_QuickBooks_Data_64_Bit_QRemote[[#This Row],[CustomerRefFullName]]=\"GRUVALCORP SA\",VLOOKUP(Tabla_Consulta_desde_QuickBooks_Data_64_Bit_QRemote[[#This Row],[SalesOrderLineItemRefFullName]],Hoja1!A:E,5,FALSE),\"\")*-Tabla_Consulta_desde_QuickBooks_Data_64_Bit_QRemote[[#This Row],[SalesOrderLineAmount]],\"\")","v":""},{"$f":"IF(COUNTIF(wms!E:E,Tabla_Consulta_desde_QuickBooks_Data_64_Bit_QRemote[[#This Row],[RefNumber]])>0,\"OK\",\"FALTA\")","v":"FALTA"}]
["2025-06-03","29132","GERARDO ORTIZ E HIJOS CIA. LTDA.","CC339277 CENTRO",3,"7862112523043","P.T:110745","SALSA PICANTE HABANERO OLE 100G","Bodega Producto Terminado",12,"X12",0.6,7.2,"UNIDAD SALSA",0,248.34,285.58999999999997,"IVA EN VENTAS 15%",{"$f":"IFERROR(IF(Tabla_Consulta_desde_QuickBooks_Data_64_Bit_QRemote[[#This Row],[SalesOrderLineUnitOfMeasure]]=\"un\",Tabla_Consulta_desde_QuickBooks_Data_64_Bit_QRemote[[#This Row],[SalesOrderLineQuantity]],Tabla_Consulta_desde_QuickBooks_Data_64_Bit_QRemote[[#This Row],[SalesOrderLineQuantity]]/MID(Tabla_Consulta_desde_QuickBooks_Data_64_Bit_QRemote[[#This Row],[SalesOrderLineUnitOfMeasure]],2,2)),0)","v":1},{"$f":"IFERROR(IF(Tabla_Consulta_desde_QuickBooks_Data_64_Bit_QRemote[[#This Row],[SalesOrderLineUnitOfMeasure]]=\"un\",Tabla_Consulta_desde_QuickBooks_Data_64_Bit_QRemote[[#This Row],[SalesOrderLineInvoiced]],Tabla_Consulta_desde_QuickBooks_Data_64_Bit_QRemote[[#This Row],[SalesOrderLineInvoiced]]/MID(Tabla_Consulta_desde_QuickBooks_Data_64_Bit_QRemote[[#This Row],[SalesOrderLineUnitOfMeasure]],2,2)),0)","v":0},{"$f":"+Tabla_Consulta_desde_QuickBooks_Data_64_Bit_QRemote[[#This Row],[facturado]]-Tabla_Consulta_desde_QuickBooks_Data_64_Bit_QRemote[[#This Row],[pide]]","v":-1},{"$f":"IF(Tabla_Consulta_desde_QuickBooks_Data_64_Bit_QRemote[[#This Row],[diferecia]]=0,\"ok\",\"diferen\")","v":"diferen"},{"$f":"IFERROR(INDEX(um!A:C,MATCH(Tabla_Consulta_desde_QuickBooks_Data_64_Bit_QRemote[[#This Row],[SalesOrderLineItemRefFullName]],um!A:A,0),3),\"\")","v":"X12"},{"$f":"IFERROR(IF(OR(Tabla_Consulta_desde_QuickBooks_Data_64_Bit_QRemote[[#This Row],[SalesOrderLineUnitOfMeasure]]=\"UN\",Tabla_Consulta_desde_QuickBooks_Data_64_Bit_QRemote[[#This Row],[SalesOrderLineUnitOfMeasure]]=Tabla_Consulta_desde_QuickBooks_Data_64_Bit_QRemote[[#This Row],[U/M]]),\"\",\"ERROR\"),\"\")","v":""},{"$f":"+WEEKNUM(Tabla_Consulta_desde_QuickBooks_Data_64_Bit_QRemote[[#This Row],[TxnDate]])","v":23},{"$f":"+Tabla_Consulta_desde_QuickBooks_Data_64_Bit_QRemote[[#This Row],[SalesOrderLineRate]]*Tabla_Consulta_desde_QuickBooks_Data_64_Bit_QRemote[[#This Row],[SalesOrderLineInvoiced]]","v":0},{"$f":"+IFERROR(IF(Tabla_Consulta_desde_QuickBooks_Data_64_Bit_QRemote[[#This Row],[CustomerRefFullName]]=\"GRUVALCORP SA\",VLOOKUP(Tabla_Consulta_desde_QuickBooks_Data_64_Bit_QRemote[[#This Row],[SalesOrderLineItemRefFullName]],Hoja1!A:E,5,FALSE),\"\")*-Tabla_Consulta_desde_QuickBooks_Data_64_Bit_QRemote[[#This Row],[SalesOrderLineAmount]],\"\")","v":""},{"$f":"IF(COUNTIF(wms!E:E,Tabla_Consulta_desde_QuickBooks_Data_64_Bit_QRemote[[#This Row],[RefNumber]])>0,\"OK\",\"FALTA\")","v":"FALTA"}]
["2025-06-03","29132","GERARDO ORTIZ E HIJOS CIA. LTDA.","CC339277 CENTRO",4,"7862112523227","P.T:110313","SALSA BBQ WHISKY Y MIEL OLE 430G","Bodega Producto Terminado",24,"X12",2.06,49.44,"UNIDAD SALSA",0,248.34,285.58999999999997,"IVA EN VENTAS 15%",{"$f":"IFERROR(IF(Tabla_Consulta_desde_QuickBooks_Data_64_Bit_QRemote[[#This Row],[SalesOrderLineUnitOfMeasure]]=\"un\",Tabla_Consulta_desde_QuickBooks_Data_64_Bit_QRemote[[#This Row],[SalesOrderLineQuantity]],Tabla_Consulta_desde_QuickBooks_Data_64_Bit_QRemote[[#This Row],[SalesOrderLineQuantity]]/MID(Tabla_Consulta_desde_QuickBooks_Data_64_Bit_QRemote[[#This Row],[SalesOrderLineUnitOfMeasure]],2,2)),0)","v":2},{"$f":"IFERROR(IF(Tabla_Consulta_desde_QuickBooks_Data_64_Bit_QRemote[[#This Row],[SalesOrderLineUnitOfMeasure]]=\"un\",Tabla_Consulta_desde_QuickBooks_Data_64_Bit_QRemote[[#This Row],[SalesOrderLineInvoiced]],Tabla_Consulta_desde_QuickBooks_Data_64_Bit_QRemote[[#This Row],[SalesOrderLineInvoiced]]/MID(Tabla_Consulta_desde_QuickBooks_Data_64_Bit_QRemote[[#This Row],[SalesOrderLineUnitOfMeasure]],2,2)),0)","v":0},{"$f":"+Tabla_Consulta_desde_QuickBooks_Data_64_Bit_QRemote[[#This Row],[facturado]]-Tabla_Consulta_desde_QuickBooks_Data_64_Bit_QRemote[[#This Row],[pide]]","v":-2},{"$f":"IF(Tabla_Consulta_desde_QuickBooks_Data_64_Bit_QRemote[[#This Row],[diferecia]]=0,\"ok\",\"diferen\")","v":"diferen"},{"$f":"IFERROR(INDEX(um!A:C,MATCH(Tabla_Consulta_desde_QuickBooks_Data_64_Bit_QRemote[[#This Row],[SalesOrderLineItemRefFullName]],um!A:A,0),3),\"\")","v":"X12"},{"$f":"IFERROR(IF(OR(Tabla_Consulta_desde_QuickBooks_Data_64_Bit_QRemote[[#This Row],[SalesOrderLineUnitOfMeasure]]=\"UN\",Tabla_Consulta_desde_QuickBooks_Data_64_Bit_QRemote[[#This Row],[SalesOrderLineUnitOfMeasure]]=Tabla_Consulta_desde_QuickBooks_Data_64_Bit_QRemote[[#This Row],[U/M]]),\"\",\"ERROR\"),\"\")","v":""},{"$f":"+WEEKNUM(Tabla_Consulta_desde_QuickBooks_Data_64_Bit_QRemote[[#This Row],[TxnDate]])","v":23},{"$f":"+Tabla_Consulta_desde_QuickBooks_Data_64_Bit_QRemote[[#This Row],[SalesOrderLineRate]]*Tabla_Consulta_desde_QuickBooks_Data_64_Bit_QRemote[[#This Row],[SalesOrderLineInvoiced]]","v":0},{"$f":"+IFERROR(IF(Tabla_Consulta_desde_QuickBooks_Data_64_Bit_QRemote[[#This Row],[CustomerRefFullName]]=\"GRUVALCORP SA\",VLOOKUP(Tabla_Consulta_desde_QuickBooks_Data_64_Bit_QRemote[[#This Row],[SalesOrderLineItemRefFullName]],Hoja1!A:E,5,FALSE),\"\")*-Tabla_Consulta_desde_QuickBooks_Data_64_Bit_QRemote[[#This Row],[SalesOrderLineAmount]],\"\")","v":""},{"$f":"IF(COUNTIF(wms!E:E,Tabla_Consulta_desde_QuickBooks_Data_64_Bit_QRemote[[#This Row],[RefNumber]])>0,\"OK\",\"FALTA\")","v":"FALTA"}]
["2025-06-03","29132","GERARDO ORTIZ E HIJOS CIA. LTDA.","CC339277 CENTRO",5,"7862112522602","P.T:110206","SALSA DE AJÍ LOJANO OLE 290G","Bodega Producto Terminado",12,"X12",2.09,25.08,"UNIDAD SALSA",0,248.34,285.58999999999997,"IVA EN VENTAS 15%",{"$f":"IFERROR(IF(Tabla_Consulta_desde_QuickBooks_Data_64_Bit_QRemote[[#This Row],[SalesOrderLineUnitOfMeasure]]=\"un\",Tabla_Consulta_desde_QuickBooks_Data_64_Bit_QRemote[[#This Row],[SalesOrderLineQuantity]],Tabla_Consulta_desde_QuickBooks_Data_64_Bit_QRemote[[#This Row],[SalesOrderLineQuantity]]/MID(Tabla_Consulta_desde_QuickBooks_Data_64_Bit_QRemote[[#This Row],[SalesOrderLineUnitOfMeasure]],2,2)),0)","v":1},{"$f":"IFERROR(IF(Tabla_Consulta_desde_QuickBooks_Data_64_Bit_QRemote[[#This Row],[SalesOrderLineUnitOfMeasure]]=\"un\",Tabla_Consulta_desde_QuickBooks_Data_64_Bit_QRemote[[#This Row],[SalesOrderLineInvoiced]],Tabla_Consulta_desde_QuickBooks_Data_64_Bit_QRemote[[#This Row],[SalesOrderLineInvoiced]]/MID(Tabla_Consulta_desde_QuickBooks_Data_64_Bit_QRemote[[#This Row],[SalesOrderLineUnitOfMeasure]],2,2)),0)","v":0},{"$f":"+Tabla_Consulta_desde_QuickBooks_Data_64_Bit_QRemote[[#This Row],[facturado]]-Tabla_Consulta_desde_QuickBooks_Data_64_Bit_QRemote[[#This Row],[pide]]","v":-1},{"$f":"IF(Tabla_Consulta_desde_QuickBooks_Data_64_Bit_QRemote[[#This Row],[diferecia]]=0,\"ok\",\"diferen\")","v":"diferen"},{"$f":"IFERROR(INDEX(um!A:C,MATCH(Tabla_Consulta_desde_QuickBooks_Data_64_Bit_QRemote[[#This Row],[SalesOrderLineItemRefFullName]],um!A:A,0),3),\"\")","v":"X12"},{"$f":"IFERROR(IF(OR(Tabla_Consulta_desde_QuickBooks_Data_64_Bit_QRemote[[#This Row],[SalesOrderLineUnitOfMeasure]]=\"UN\",Tabla_Consulta_desde_QuickBooks_Data_64_Bit_QRemote[[#This Row],[SalesOrderLineUnitOfMeasure]]=Tabla_Consulta_desde_QuickBooks_Data_64_Bit_QRemote[[#This Row],[U/M]]),\"\",\"ERROR\"),\"\")","v":""},{"$f":"+WEEKNUM(Tabla_Consulta_desde_QuickBooks_Data_64_Bit_QRemote[[#This Row],[TxnDate]])","v":23},{"$f":"+Tabla_Consulta_desde_QuickBooks_Data_64_Bit_QRemote[[#This Row],[SalesOrderLineRate]]*Tabla_Consulta_desde_QuickBooks_Data_64_Bit_QRemote[[#This Row],[SalesOrderLineInvoiced]]","v":0},{"$f":"+IFERROR(IF(Tabla_Consulta_desde_QuickBooks_Data_64_Bit_QRemote[[#This Row],[CustomerRefFullName]]=\"GRUVALCORP SA\",VLOOKUP(Tabla_Consulta_desde_QuickBooks_Data_64_Bit_QRemote[[#This Row],[SalesOrderLineItemRefFullName]],Hoja1!A:E,5,FALSE),\"\")*-Tabla_Consulta_desde_QuickBooks_Data_64_Bit_QRemote[[#This Row],[SalesOrderLineAmount]],\"\")","v":""},{"$f":"IF(COUNTIF(wms!E:E,Tabla_Consulta_desde_QuickBooks_Data_64_Bit_QRemote[[#This Row],[RefNumber]])>0,\"OK\",\"FALTA\")","v":"FALTA"}]
["2025-06-03","29132","GERARDO ORTIZ E HIJOS CIA. LTDA.","CC339277 CENTRO",6,"7862112522572","P.T:311408","VINAGRE DE MANZANA CON LA MADRE MIEL DE ABEJA Y JENGIBRE OLE 500ML","Bodega Producto Terminado",12,"X12",4.45,53.4,"UNIDAD SALSA",0,248.34,285.58999999999997,"IVA EN VENTAS 15%",{"$f":"IFERROR(IF(Tabla_Consulta_desde_QuickBooks_Data_64_Bit_QRemote[[#This Row],[SalesOrderLineUnitOfMeasure]]=\"un\",Tabla_Consulta_desde_QuickBooks_Data_64_Bit_QRemote[[#This Row],[SalesOrderLineQuantity]],Tabla_Consulta_desde_QuickBooks_Data_64_Bit_QRemote[[#This Row],[SalesOrderLineQuantity]]/MID(Tabla_Consulta_desde_QuickBooks_Data_64_Bit_QRemote[[#This Row],[SalesOrderLineUnitOfMeasure]],2,2)),0)","v":1},{"$f":"IFERROR(IF(Tabla_Consulta_desde_QuickBooks_Data_64_Bit_QRemote[[#This Row],[SalesOrderLineUnitOfMeasure]]=\"un\",Tabla_Consulta_desde_QuickBooks_Data_64_Bit_QRemote[[#This Row],[SalesOrderLineInvoiced]],Tabla_Consulta_desde_QuickBooks_Data_64_Bit_QRemote[[#This Row],[SalesOrderLineInvoiced]]/MID(Tabla_Consulta_desde_QuickBooks_Data_64_Bit_QRemote[[#This Row],[SalesOrderLineUnitOfMeasure]],2,2)),0)","v":0},{"$f":"+Tabla_Consulta_desde_QuickBooks_Data_64_Bit_QRemote[[#This Row],[facturado]]-Tabla_Consulta_desde_QuickBooks_Data_64_Bit_QRemote[[#This Row],[pide]]","v":-1},{"$f":"IF(Tabla_Consulta_desde_QuickBooks_Data_64_Bit_QRemote[[#This Row],[diferecia]]=0,\"ok\",\"diferen\")","v":"diferen"},{"$f":"IFERROR(INDEX(um!A:C,MATCH(Tabla_Consulta_desde_QuickBooks_Data_64_Bit_QRemote[[#This Row],[SalesOrderLineItemRefFullName]],um!A:A,0),3),\"\")","v":"X12"},{"$f":"IFERROR(IF(OR(Tabla_Consulta_desde_QuickBooks_Data_64_Bit_QRemote[[#This Row],[SalesOrderLineUnitOfMeasure]]=\"UN\",Tabla_Consulta_desde_QuickBooks_Data_64_Bit_QRemote[[#This Row],[SalesOrderLineUnitOfMeasure]]=Tabla_Consulta_desde_QuickBooks_Data_64_Bit_QRemote[[#This Row],[U/M]]),\"\",\"ERROR\"),\"\")","v":""},{"$f":"+WEEKNUM(Tabla_Consulta_desde_QuickBooks_Data_64_Bit_QRemote[[#This Row],[TxnDate]])","v":23},{"$f":"+Tabla_Consulta_desde_QuickBooks_Data_64_Bit_QRemote[[#This Row],[SalesOrderLineRate]]*Tabla_Consulta_desde_QuickBooks_Data_64_Bit_QRemote[[#This Row],[SalesOrderLineInvoiced]]","v":0},{"$f":"+IFERROR(IF(Tabla_Consulta_desde_QuickBooks_Data_64_Bit_QRemote[[#This Row],[CustomerRefFullName]]=\"GRUVALCORP SA\",VLOOKUP(Tabla_Consulta_desde_QuickBooks_Data_64_Bit_QRemote[[#This Row],[SalesOrderLineItemRefFullName]],Hoja1!A:E,5,FALSE),\"\")*-Tabla_Consulta_desde_QuickBooks_Data_64_Bit_QRemote[[#This Row],[SalesOrderLineAmount]],\"\")","v":""},{"$f":"IF(COUNTIF(wms!E:E,Tabla_Consulta_desde_QuickBooks_Data_64_Bit_QRemote[[#This Row],[RefNumber]])>0,\"OK\",\"FALTA\")","v":"FALTA"}]
["2025-06-03","29132","GERARDO ORTIZ E HIJOS CIA. LTDA.","CC339277 CENTRO",7,"7862112523258","PT:220142","TOTOPOS SABOR GUACAMOLE OLE 45G","Bodega Producto Terminado",60,"X30",0.34,20.399999999999999,"UNIDAD SNCKS",0,248.34,285.58999999999997,"IVA EN VENTAS 15%",{"$f":"IFERROR(IF(Tabla_Consulta_desde_QuickBooks_Data_64_Bit_QRemote[[#This Row],[SalesOrderLineUnitOfMeasure]]=\"un\",Tabla_Consulta_desde_QuickBooks_Data_64_Bit_QRemote[[#This Row],[SalesOrderLineQuantity]],Tabla_Consulta_desde_QuickBooks_Data_64_Bit_QRemote[[#This Row],[SalesOrderLineQuantity]]/MID(Tabla_Consulta_desde_QuickBooks_Data_64_Bit_QRemote[[#This Row],[SalesOrderLineUnitOfMeasure]],2,2)),0)","v":2},{"$f":"IFERROR(IF(Tabla_Consulta_desde_QuickBooks_Data_64_Bit_QRemote[[#This Row],[SalesOrderLineUnitOfMeasure]]=\"un\",Tabla_Consulta_desde_QuickBooks_Data_64_Bit_QRemote[[#This Row],[SalesOrderLineInvoiced]],Tabla_Consulta_desde_QuickBooks_Data_64_Bit_QRemote[[#This Row],[SalesOrderLineInvoiced]]/MID(Tabla_Consulta_desde_QuickBooks_Data_64_Bit_QRemote[[#This Row],[SalesOrderLineUnitOfMeasure]],2,2)),0)","v":0},{"$f":"+Tabla_Consulta_desde_QuickBooks_Data_64_Bit_QRemote[[#This Row],[facturado]]-Tabla_Consulta_desde_QuickBooks_Data_64_Bit_QRemote[[#This Row],[pide]]","v":-2},{"$f":"IF(Tabla_Consulta_desde_QuickBooks_Data_64_Bit_QRemote[[#This Row],[diferecia]]=0,\"ok\",\"diferen\")","v":"diferen"},{"$f":"IFERROR(INDEX(um!A:C,MATCH(Tabla_Consulta_desde_QuickBooks_Data_64_Bit_QRemote[[#This Row],[SalesOrderLineItemRefFullName]],um!A:A,0),3),\"\")","v":"X30"},{"$f":"IFERROR(IF(OR(Tabla_Consulta_desde_QuickBooks_Data_64_Bit_QRemote[[#This Row],[SalesOrderLineUnitOfMeasure]]=\"UN\",Tabla_Consulta_desde_QuickBooks_Data_64_Bit_QRemote[[#This Row],[SalesOrderLineUnitOfMeasure]]=Tabla_Consulta_desde_QuickBooks_Data_64_Bit_QRemote[[#This Row],[U/M]]),\"\",\"ERROR\"),\"\")","v":""},{"$f":"+WEEKNUM(Tabla_Consulta_desde_QuickBooks_Data_64_Bit_QRemote[[#This Row],[TxnDate]])","v":23},{"$f":"+Tabla_Consulta_desde_QuickBooks_Data_64_Bit_QRemote[[#This Row],[SalesOrderLineRate]]*Tabla_Consulta_desde_QuickBooks_Data_64_Bit_QRemote[[#This Row],[SalesOrderLineInvoiced]]","v":0},{"$f":"+IFERROR(IF(Tabla_Consulta_desde_QuickBooks_Data_64_Bit_QRemote[[#This Row],[CustomerRefFullName]]=\"GRUVALCORP SA\",VLOOKUP(Tabla_Consulta_desde_QuickBooks_Data_64_Bit_QRemote[[#This Row],[SalesOrderLineItemRefFullName]],Hoja1!A:E,5,FALSE),\"\")*-Tabla_Consulta_desde_QuickBooks_Data_64_Bit_QRemote[[#This Row],[SalesOrderLineAmount]],\"\")","v":""},{"$f":"IF(COUNTIF(wms!E:E,Tabla_Consulta_desde_QuickBooks_Data_64_Bit_QRemote[[#This Row],[RefNumber]])>0,\"OK\",\"FALTA\")","v":"FALTA"}]
["2025-06-03","29132","GERARDO ORTIZ E HIJOS CIA. LTDA.","CC339277 CENTRO",8,"7862112523265","PT:220143","TOTOPOS NATURAL MINI OLE 45G","Bodega Producto Terminado",30,"X30",0.34,10.199999999999999,"UNIDAD SNCKS",0,248.34,285.58999999999997,"IVA EN VENTAS 15%",{"$f":"IFERROR(IF(Tabla_Consulta_desde_QuickBooks_Data_64_Bit_QRemote[[#This Row],[SalesOrderLineUnitOfMeasure]]=\"un\",Tabla_Consulta_desde_QuickBooks_Data_64_Bit_QRemote[[#This Row],[SalesOrderLineQuantity]],Tabla_Consulta_desde_QuickBooks_Data_64_Bit_QRemote[[#This Row],[SalesOrderLineQuantity]]/MID(Tabla_Consulta_desde_QuickBooks_Data_64_Bit_QRemote[[#This Row],[SalesOrderLineUnitOfMeasure]],2,2)),0)","v":1},{"$f":"IFERROR(IF(Tabla_Consulta_desde_QuickBooks_Data_64_Bit_QRemote[[#This Row],[SalesOrderLineUnitOfMeasure]]=\"un\",Tabla_Consulta_desde_QuickBooks_Data_64_Bit_QRemote[[#This Row],[SalesOrderLineInvoiced]],Tabla_Consulta_desde_QuickBooks_Data_64_Bit_QRemote[[#This Row],[SalesOrderLineInvoiced]]/MID(Tabla_Consulta_desde_QuickBooks_Data_64_Bit_QRemote[[#This Row],[SalesOrderLineUnitOfMeasure]],2,2)),0)","v":0},{"$f":"+Tabla_Consulta_desde_QuickBooks_Data_64_Bit_QRemote[[#This Row],[facturado]]-Tabla_Consulta_desde_QuickBooks_Data_64_Bit_QRemote[[#This Row],[pide]]","v":-1},{"$f":"IF(Tabla_Consulta_desde_QuickBooks_Data_64_Bit_QRemote[[#This Row],[diferecia]]=0,\"ok\",\"diferen\")","v":"diferen"},{"$f":"IFERROR(INDEX(um!A:C,MATCH(Tabla_Consulta_desde_QuickBooks_Data_64_Bit_QRemote[[#This Row],[SalesOrderLineItemRefFullName]],um!A:A,0),3),\"\")","v":"X30"},{"$f":"IFERROR(IF(OR(Tabla_Consulta_desde_QuickBooks_Data_64_Bit_QRemote[[#This Row],[SalesOrderLineUnitOfMeasure]]=\"UN\",Tabla_Consulta_desde_QuickBooks_Data_64_Bit_QRemote[[#This Row],[SalesOrderLineUnitOfMeasure]]=Tabla_Consulta_desde_QuickBooks_Data_64_Bit_QRemote[[#This Row],[U/M]]),\"\",\"ERROR\"),\"\")","v":""},{"$f":"+WEEKNUM(Tabla_Consulta_desde_QuickBooks_Data_64_Bit_QRemote[[#This Row],[TxnDate]])","v":23},{"$f":"+Tabla_Consulta_desde_QuickBooks_Data_64_Bit_QRemote[[#This Row],[SalesOrderLineRate]]*Tabla_Consulta_desde_QuickBooks_Data_64_Bit_QRemote[[#This Row],[SalesOrderLineInvoiced]]","v":0},{"$f":"+IFERROR(IF(Tabla_Consulta_desde_QuickBooks_Data_64_Bit_QRemote[[#This Row],[CustomerRefFullName]]=\"GRUVALCORP SA\",VLOOKUP(Tabla_Consulta_desde_QuickBooks_Data_64_Bit_QRemote[[#This Row],[SalesOrderLineItemRefFullName]],Hoja1!A:E,5,FALSE),\"\")*-Tabla_Consulta_desde_QuickBooks_Data_64_Bit_QRemote[[#This Row],[SalesOrderLineAmount]],\"\")","v":""},{"$f":"IF(COUNTIF(wms!E:E,Tabla_Consulta_desde_QuickBooks_Data_64_Bit_QRemote[[#This Row],[RefNumber]])>0,\"OK\",\"FALTA\")","v":"FALTA"}]
["2025-06-03","29132","GERARDO ORTIZ E HIJOS CIA. LTDA.","CC339277 CENTRO",9,"7862112522848","PT:221004","ARITOS DE PAPA SABOR CEBOLLA CHILE Y LIMÓN OLE 100G","Bodega Producto Terminado",10,"X10",1.17,11.7,"UNIDAD SNCKS",0,248.34,285.58999999999997,"IVA EN VENTAS 15%",{"$f":"IFERROR(IF(Tabla_Consulta_desde_QuickBooks_Data_64_Bit_QRemote[[#This Row],[SalesOrderLineUnitOfMeasure]]=\"un\",Tabla_Consulta_desde_QuickBooks_Data_64_Bit_QRemote[[#This Row],[SalesOrderLineQuantity]],Tabla_Consulta_desde_QuickBooks_Data_64_Bit_QRemote[[#This Row],[SalesOrderLineQuantity]]/MID(Tabla_Consulta_desde_QuickBooks_Data_64_Bit_QRemote[[#This Row],[SalesOrderLineUnitOfMeasure]],2,2)),0)","v":1},{"$f":"IFERROR(IF(Tabla_Consulta_desde_QuickBooks_Data_64_Bit_QRemote[[#This Row],[SalesOrderLineUnitOfMeasure]]=\"un\",Tabla_Consulta_desde_QuickBooks_Data_64_Bit_QRemote[[#This Row],[SalesOrderLineInvoiced]],Tabla_Consulta_desde_QuickBooks_Data_64_Bit_QRemote[[#This Row],[SalesOrderLineInvoiced]]/MID(Tabla_Consulta_desde_QuickBooks_Data_64_Bit_QRemote[[#This Row],[SalesOrderLineUnitOfMeasure]],2,2)),0)","v":0},{"$f":"+Tabla_Consulta_desde_QuickBooks_Data_64_Bit_QRemote[[#This Row],[facturado]]-Tabla_Consulta_desde_QuickBooks_Data_64_Bit_QRemote[[#This Row],[pide]]","v":-1},{"$f":"IF(Tabla_Consulta_desde_QuickBooks_Data_64_Bit_QRemote[[#This Row],[diferecia]]=0,\"ok\",\"diferen\")","v":"diferen"},{"$f":"IFERROR(INDEX(um!A:C,MATCH(Tabla_Consulta_desde_QuickBooks_Data_64_Bit_QRemote[[#This Row],[SalesOrderLineItemRefFullName]],um!A:A,0),3),\"\")","v":"X10"},{"$f":"IFERROR(IF(OR(Tabla_Consulta_desde_QuickBooks_Data_64_Bit_QRemote[[#This Row],[SalesOrderLineUnitOfMeasure]]=\"UN\",Tabla_Consulta_desde_QuickBooks_Data_64_Bit_QRemote[[#This Row],[SalesOrderLineUnitOfMeasure]]=Tabla_Consulta_desde_QuickBooks_Data_64_Bit_QRemote[[#This Row],[U/M]]),\"\",\"ERROR\"),\"\")","v":""},{"$f":"+WEEKNUM(Tabla_Consulta_desde_QuickBooks_Data_64_Bit_QRemote[[#This Row],[TxnDate]])","v":23},{"$f":"+Tabla_Consulta_desde_QuickBooks_Data_64_Bit_QRemote[[#This Row],[SalesOrderLineRate]]*Tabla_Consulta_desde_QuickBooks_Data_64_Bit_QRemote[[#This Row],[SalesOrderLineInvoiced]]","v":0},{"$f":"+IFERROR(IF(Tabla_Consulta_desde_QuickBooks_Data_64_Bit_QRemote[[#This Row],[CustomerRefFullName]]=\"GRUVALCORP SA\",VLOOKUP(Tabla_Consulta_desde_QuickBooks_Data_64_Bit_QRemote[[#This Row],[SalesOrderLineItemRefFullName]],Hoja1!A:E,5,FALSE),\"\")*-Tabla_Consulta_desde_QuickBooks_Data_64_Bit_QRemote[[#This Row],[SalesOrderLineAmount]],\"\")","v":""},{"$f":"IF(COUNTIF(wms!E:E,Tabla_Consulta_desde_QuickBooks_Data_64_Bit_QRemote[[#This Row],[RefNumber]])>0,\"OK\",\"FALTA\")","v":"FALTA"}]
["2025-06-03","29132","GERARDO ORTIZ E HIJOS CIA. LTDA.","CC339277 CENTRO",10,"7862112522732","PT:220135","TOTOPOS SABOR GUACAMOLE OLE 120G","Bodega Producto Terminado",12,"X12",0.91,10.92,"UNIDAD SNCKS",0,248.34,285.58999999999997,"IVA EN VENTAS 15%",{"$f":"IFERROR(IF(Tabla_Consulta_desde_QuickBooks_Data_64_Bit_QRemote[[#This Row],[SalesOrderLineUnitOfMeasure]]=\"un\",Tabla_Consulta_desde_QuickBooks_Data_64_Bit_QRemote[[#This Row],[SalesOrderLineQuantity]],Tabla_Consulta_desde_QuickBooks_Data_64_Bit_QRemote[[#This Row],[SalesOrderLineQuantity]]/MID(Tabla_Consulta_desde_QuickBooks_Data_64_Bit_QRemote[[#This Row],[SalesOrderLineUnitOfMeasure]],2,2)),0)","v":1},{"$f":"IFERROR(IF(Tabla_Consulta_desde_QuickBooks_Data_64_Bit_QRemote[[#This Row],[SalesOrderLineUnitOfMeasure]]=\"un\",Tabla_Consulta_desde_QuickBooks_Data_64_Bit_QRemote[[#This Row],[SalesOrderLineInvoiced]],Tabla_Consulta_desde_QuickBooks_Data_64_Bit_QRemote[[#This Row],[SalesOrderLineInvoiced]]/MID(Tabla_Consulta_desde_QuickBooks_Data_64_Bit_QRemote[[#This Row],[SalesOrderLineUnitOfMeasure]],2,2)),0)","v":0},{"$f":"+Tabla_Consulta_desde_QuickBooks_Data_64_Bit_QRemote[[#This Row],[facturado]]-Tabla_Consulta_desde_QuickBooks_Data_64_Bit_QRemote[[#This Row],[pide]]","v":-1},{"$f":"IF(Tabla_Consulta_desde_QuickBooks_Data_64_Bit_QRemote[[#This Row],[diferecia]]=0,\"ok\",\"diferen\")","v":"diferen"},{"$f":"IFERROR(INDEX(um!A:C,MATCH(Tabla_Consulta_desde_QuickBooks_Data_64_Bit_QRemote[[#This Row],[SalesOrderLineItemRefFullName]],um!A:A,0),3),\"\")","v":"X12"},{"$f":"IFERROR(IF(OR(Tabla_Consulta_desde_QuickBooks_Data_64_Bit_QRemote[[#This Row],[SalesOrderLineUnitOfMeasure]]=\"UN\",Tabla_Consulta_desde_QuickBooks_Data_64_Bit_QRemote[[#This Row],[SalesOrderLineUnitOfMeasure]]=Tabla_Consulta_desde_QuickBooks_Data_64_Bit_QRemote[[#This Row],[U/M]]),\"\",\"ERROR\"),\"\")","v":""},{"$f":"+WEEKNUM(Tabla_Consulta_desde_QuickBooks_Data_64_Bit_QRemote[[#This Row],[TxnDate]])","v":23},{"$f":"+Tabla_Consulta_desde_QuickBooks_Data_64_Bit_QRemote[[#This Row],[SalesOrderLineRate]]*Tabla_Consulta_desde_QuickBooks_Data_64_Bit_QRemote[[#This Row],[SalesOrderLineInvoiced]]","v":0},{"$f":"+IFERROR(IF(Tabla_Consulta_desde_QuickBooks_Data_64_Bit_QRemote[[#This Row],[CustomerRefFullName]]=\"GRUVALCORP SA\",VLOOKUP(Tabla_Consulta_desde_QuickBooks_Data_64_Bit_QRemote[[#This Row],[SalesOrderLineItemRefFullName]],Hoja1!A:E,5,FALSE),\"\")*-Tabla_Consulta_desde_QuickBooks_Data_64_Bit_QRemote[[#This Row],[SalesOrderLineAmount]],\"\")","v":""},{"$f":"IF(COUNTIF(wms!E:E,Tabla_Consulta_desde_QuickBooks_Data_64_Bit_QRemote[[#This Row],[RefNumber]])>0,\"OK\",\"FALTA\")","v":"FALTA"}]
["2025-06-03","29132","GERARDO ORTIZ E HIJOS CIA. LTDA.","CC339277 CENTRO",11,null,"INFOADICIONAL","CC339277 CENTRO",null,null,null,0,0,null,0,248.34,285.58999999999997,"IVA EN VENTAS 15%",{"$f":"IFERROR(IF(Tabla_Consulta_desde_QuickBooks_Data_64_Bit_QRemote[[#This Row],[SalesOrderLineUnitOfMeasure]]=\"un\",Tabla_Consulta_desde_QuickBooks_Data_64_Bit_QRemote[[#This Row],[SalesOrderLineQuantity]],Tabla_Consulta_desde_QuickBooks_Data_64_Bit_QRemote[[#This Row],[SalesOrderLineQuantity]]/MID(Tabla_Consulta_desde_QuickBooks_Data_64_Bit_QRemote[[#This Row],[SalesOrderLineUnitOfMeasure]],2,2)),0)","v":0},{"$f":"IFERROR(IF(Tabla_Consulta_desde_QuickBooks_Data_64_Bit_QRemote[[#This Row],[SalesOrderLineUnitOfMeasure]]=\"un\",Tabla_Consulta_desde_QuickBooks_Data_64_Bit_QRemote[[#This Row],[SalesOrderLineInvoiced]],Tabla_Consulta_desde_QuickBooks_Data_64_Bit_QRemote[[#This Row],[SalesOrderLineInvoiced]]/MID(Tabla_Consulta_desde_QuickBooks_Data_64_Bit_QRemote[[#This Row],[SalesOrderLineUnitOfMeasure]],2,2)),0)","v":0},{"$f":"+Tabla_Consulta_desde_QuickBooks_Data_64_Bit_QRemote[[#This Row],[facturado]]-Tabla_Consulta_desde_QuickBooks_Data_64_Bit_QRemote[[#This Row],[pide]]","v":0},{"$f":"IF(Tabla_Consulta_desde_QuickBooks_Data_64_Bit_QRemote[[#This Row],[diferecia]]=0,\"ok\",\"diferen\")","v":"ok"},{"$f":"IFERROR(INDEX(um!A:C,MATCH(Tabla_Consulta_desde_QuickBooks_Data_64_Bit_QRemote[[#This Row],[SalesOrderLineItemRefFullName]],um!A:A,0),3),\"\")","v":""},{"$f":"IFERROR(IF(OR(Tabla_Consulta_desde_QuickBooks_Data_64_Bit_QRemote[[#This Row],[SalesOrderLineUnitOfMeasure]]=\"UN\",Tabla_Consulta_desde_QuickBooks_Data_64_Bit_QRemote[[#This Row],[SalesOrderLineUnitOfMeasure]]=Tabla_Consulta_desde_QuickBooks_Data_64_Bit_QRemote[[#This Row],[U/M]]),\"\",\"ERROR\"),\"\")","v":""},{"$f":"+WEEKNUM(Tabla_Consulta_desde_QuickBooks_Data_64_Bit_QRemote[[#This Row],[TxnDate]])","v":23},{"$f":"+Tabla_Consulta_desde_QuickBooks_Data_64_Bit_QRemote[[#This Row],[SalesOrderLineRate]]*Tabla_Consulta_desde_QuickBooks_Data_64_Bit_QRemote[[#This Row],[SalesOrderLineInvoiced]]","v":0},{"$f":"+IFERROR(IF(Tabla_Consulta_desde_QuickBooks_Data_64_Bit_QRemote[[#This Row],[CustomerRefFullName]]=\"GRUVALCORP SA\",VLOOKUP(Tabla_Consulta_desde_QuickBooks_Data_64_Bit_QRemote[[#This Row],[SalesOrderLineItemRefFullName]],Hoja1!A:E,5,FALSE),\"\")*-Tabla_Consulta_desde_QuickBooks_Data_64_Bit_QRemote[[#This Row],[SalesOrderLineAmount]],\"\")","v":""},{"$f":"IF(COUNTIF(wms!E:E,Tabla_Consulta_desde_QuickBooks_Data_64_Bit_QRemote[[#This Row],[RefNumber]])>0,\"OK\",\"FALTA\")","v":"FALTA"}]
["2025-06-03","29133","GERARDO ORTIZ E HIJOS CIA. LTDA.","QI252416 10 DE AGOSTO",1,"7862112523296","P.T:110622","PEPINILLOS CON JALAPEÑO OLE 225G","Bodega Producto Terminado",24,"X24",1.69,40.56,"UNIDAD SALSA",0,352.44,405.31,"IVA EN VENTAS 15%",{"$f":"IFERROR(IF(Tabla_Consulta_desde_QuickBooks_Data_64_Bit_QRemote[[#This Row],[SalesOrderLineUnitOfMeasure]]=\"un\",Tabla_Consulta_desde_QuickBooks_Data_64_Bit_QRemote[[#This Row],[SalesOrderLineQuantity]],Tabla_Consulta_desde_QuickBooks_Data_64_Bit_QRemote[[#This Row],[SalesOrderLineQuantity]]/MID(Tabla_Consulta_desde_QuickBooks_Data_64_Bit_QRemote[[#This Row],[SalesOrderLineUnitOfMeasure]],2,2)),0)","v":1},{"$f":"IFERROR(IF(Tabla_Consulta_desde_QuickBooks_Data_64_Bit_QRemote[[#This Row],[SalesOrderLineUnitOfMeasure]]=\"un\",Tabla_Consulta_desde_QuickBooks_Data_64_Bit_QRemote[[#This Row],[SalesOrderLineInvoiced]],Tabla_Consulta_desde_QuickBooks_Data_64_Bit_QRemote[[#This Row],[SalesOrderLineInvoiced]]/MID(Tabla_Consulta_desde_QuickBooks_Data_64_Bit_QRemote[[#This Row],[SalesOrderLineUnitOfMeasure]],2,2)),0)","v":0},{"$f":"+Tabla_Consulta_desde_QuickBooks_Data_64_Bit_QRemote[[#This Row],[facturado]]-Tabla_Consulta_desde_QuickBooks_Data_64_Bit_QRemote[[#This Row],[pide]]","v":-1},{"$f":"IF(Tabla_Consulta_desde_QuickBooks_Data_64_Bit_QRemote[[#This Row],[diferecia]]=0,\"ok\",\"diferen\")","v":"diferen"},{"$f":"IFERROR(INDEX(um!A:C,MATCH(Tabla_Consulta_desde_QuickBooks_Data_64_Bit_QRemote[[#This Row],[SalesOrderLineItemRefFullName]],um!A:A,0),3),\"\")","v":"X24"},{"$f":"IFERROR(IF(OR(Tabla_Consulta_desde_QuickBooks_Data_64_Bit_QRemote[[#This Row],[SalesOrderLineUnitOfMeasure]]=\"UN\",Tabla_Consulta_desde_QuickBooks_Data_64_Bit_QRemote[[#This Row],[SalesOrderLineUnitOfMeasure]]=Tabla_Consulta_desde_QuickBooks_Data_64_Bit_QRemote[[#This Row],[U/M]]),\"\",\"ERROR\"),\"\")","v":""},{"$f":"+WEEKNUM(Tabla_Consulta_desde_QuickBooks_Data_64_Bit_QRemote[[#This Row],[TxnDate]])","v":23},{"$f":"+Tabla_Consulta_desde_QuickBooks_Data_64_Bit_QRemote[[#This Row],[SalesOrderLineRate]]*Tabla_Consulta_desde_QuickBooks_Data_64_Bit_QRemote[[#This Row],[SalesOrderLineInvoiced]]","v":0},{"$f":"+IFERROR(IF(Tabla_Consulta_desde_QuickBooks_Data_64_Bit_QRemote[[#This Row],[CustomerRefFullName]]=\"GRUVALCORP SA\",VLOOKUP(Tabla_Consulta_desde_QuickBooks_Data_64_Bit_QRemote[[#This Row],[SalesOrderLineItemRefFullName]],Hoja1!A:E,5,FALSE),\"\")*-Tabla_Consulta_desde_QuickBooks_Data_64_Bit_QRemote[[#This Row],[SalesOrderLineAmount]],\"\")","v":""},{"$f":"IF(COUNTIF(wms!E:E,Tabla_Consulta_desde_QuickBooks_Data_64_Bit_QRemote[[#This Row],[RefNumber]])>0,\"OK\",\"FALTA\")","v":"FALTA"}]
["2025-06-03","29133","GERARDO ORTIZ E HIJOS CIA. LTDA.","QI252416 10 DE AGOSTO",2,"705424000352","P.T:110608","JALAPEÑO ROJOS Y VERDES OLE 370G","Bodega Producto Terminado",12,"X12",2.99,35.880000000000003,"UNIDAD SALSA",0,352.44,405.31,"IVA EN VENTAS 15%",{"$f":"IFERROR(IF(Tabla_Consulta_desde_QuickBooks_Data_64_Bit_QRemote[[#This Row],[SalesOrderLineUnitOfMeasure]]=\"un\",Tabla_Consulta_desde_QuickBooks_Data_64_Bit_QRemote[[#This Row],[SalesOrderLineQuantity]],Tabla_Consulta_desde_QuickBooks_Data_64_Bit_QRemote[[#This Row],[SalesOrderLineQuantity]]/MID(Tabla_Consulta_desde_QuickBooks_Data_64_Bit_QRemote[[#This Row],[SalesOrderLineUnitOfMeasure]],2,2)),0)","v":1},{"$f":"IFERROR(IF(Tabla_Consulta_desde_QuickBooks_Data_64_Bit_QRemote[[#This Row],[SalesOrderLineUnitOfMeasure]]=\"un\",Tabla_Consulta_desde_QuickBooks_Data_64_Bit_QRemote[[#This Row],[SalesOrderLineInvoiced]],Tabla_Consulta_desde_QuickBooks_Data_64_Bit_QRemote[[#This Row],[SalesOrderLineInvoiced]]/MID(Tabla_Consulta_desde_QuickBooks_Data_64_Bit_QRemote[[#This Row],[SalesOrderLineUnitOfMeasure]],2,2)),0)","v":0},{"$f":"+Tabla_Consulta_desde_QuickBooks_Data_64_Bit_QRemote[[#This Row],[facturado]]-Tabla_Consulta_desde_QuickBooks_Data_64_Bit_QRemote[[#This Row],[pide]]","v":-1},{"$f":"IF(Tabla_Consulta_desde_QuickBooks_Data_64_Bit_QRemote[[#This Row],[diferecia]]=0,\"ok\",\"diferen\")","v":"diferen"},{"$f":"IFERROR(INDEX(um!A:C,MATCH(Tabla_Consulta_desde_QuickBooks_Data_64_Bit_QRemote[[#This Row],[SalesOrderLineItemRefFullName]],um!A:A,0),3),\"\")","v":"X12"},{"$f":"IFERROR(IF(OR(Tabla_Consulta_desde_QuickBooks_Data_64_Bit_QRemote[[#This Row],[SalesOrderLineUnitOfMeasure]]=\"UN\",Tabla_Consulta_desde_QuickBooks_Data_64_Bit_QRemote[[#This Row],[SalesOrderLineUnitOfMeasure]]=Tabla_Consulta_desde_QuickBooks_Data_64_Bit_QRemote[[#This Row],[U/M]]),\"\",\"ERROR\"),\"\")","v":""},{"$f":"+WEEKNUM(Tabla_Consulta_desde_QuickBooks_Data_64_Bit_QRemote[[#This Row],[TxnDate]])","v":23},{"$f":"+Tabla_Consulta_desde_QuickBooks_Data_64_Bit_QRemote[[#This Row],[SalesOrderLineRate]]*Tabla_Consulta_desde_QuickBooks_Data_64_Bit_QRemote[[#This Row],[SalesOrderLineInvoiced]]","v":0},{"$f":"+IFERROR(IF(Tabla_Consulta_desde_QuickBooks_Data_64_Bit_QRemote[[#This Row],[CustomerRefFullName]]=\"GRUVALCORP SA\",VLOOKUP(Tabla_Consulta_desde_QuickBooks_Data_64_Bit_QRemote[[#This Row],[SalesOrderLineItemRefFullName]],Hoja1!A:E,5,FALSE),\"\")*-Tabla_Consulta_desde_QuickBooks_Data_64_Bit_QRemote[[#This Row],[SalesOrderLineAmount]],\"\")","v":""},{"$f":"IF(COUNTIF(wms!E:E,Tabla_Consulta_desde_QuickBooks_Data_64_Bit_QRemote[[#This Row],[RefNumber]])>0,\"OK\",\"FALTA\")","v":"FALTA"}]
["2025-06-03","29133","GERARDO ORTIZ E HIJOS CIA. LTDA.","QI252416 10 DE AGOSTO",3,"7862112520509","P.T:110606","JALAPEÑO ROJOS Y VERDES AGRIDULCES OLE 250G","Bodega Producto Terminado",12,"X12",1.62,19.440000000000001,"UNIDAD SALSA",0,352.44,405.31,"IVA EN VENTAS 15%",{"$f":"IFERROR(IF(Tabla_Consulta_desde_QuickBooks_Data_64_Bit_QRemote[[#This Row],[SalesOrderLineUnitOfMeasure]]=\"un\",Tabla_Consulta_desde_QuickBooks_Data_64_Bit_QRemote[[#This Row],[SalesOrderLineQuantity]],Tabla_Consulta_desde_QuickBooks_Data_64_Bit_QRemote[[#This Row],[SalesOrderLineQuantity]]/MID(Tabla_Consulta_desde_QuickBooks_Data_64_Bit_QRemote[[#This Row],[SalesOrderLineUnitOfMeasure]],2,2)),0)","v":1},{"$f":"IFERROR(IF(Tabla_Consulta_desde_QuickBooks_Data_64_Bit_QRemote[[#This Row],[SalesOrderLineUnitOfMeasure]]=\"un\",Tabla_Consulta_desde_QuickBooks_Data_64_Bit_QRemote[[#This Row],[SalesOrderLineInvoiced]],Tabla_Consulta_desde_QuickBooks_Data_64_Bit_QRemote[[#This Row],[SalesOrderLineInvoiced]]/MID(Tabla_Consulta_desde_QuickBooks_Data_64_Bit_QRemote[[#This Row],[SalesOrderLineUnitOfMeasure]],2,2)),0)","v":0},{"$f":"+Tabla_Consulta_desde_QuickBooks_Data_64_Bit_QRemote[[#This Row],[facturado]]-Tabla_Consulta_desde_QuickBooks_Data_64_Bit_QRemote[[#This Row],[pide]]","v":-1},{"$f":"IF(Tabla_Consulta_desde_QuickBooks_Data_64_Bit_QRemote[[#This Row],[diferecia]]=0,\"ok\",\"diferen\")","v":"diferen"},{"$f":"IFERROR(INDEX(um!A:C,MATCH(Tabla_Consulta_desde_QuickBooks_Data_64_Bit_QRemote[[#This Row],[SalesOrderLineItemRefFullName]],um!A:A,0),3),\"\")","v":"X12"},{"$f":"IFERROR(IF(OR(Tabla_Consulta_desde_QuickBooks_Data_64_Bit_QRemote[[#This Row],[SalesOrderLineUnitOfMeasure]]=\"UN\",Tabla_Consulta_desde_QuickBooks_Data_64_Bit_QRemote[[#This Row],[SalesOrderLineUnitOfMeasure]]=Tabla_Consulta_desde_QuickBooks_Data_64_Bit_QRemote[[#This Row],[U/M]]),\"\",\"ERROR\"),\"\")","v":""},{"$f":"+WEEKNUM(Tabla_Consulta_desde_QuickBooks_Data_64_Bit_QRemote[[#This Row],[TxnDate]])","v":23},{"$f":"+Tabla_Consulta_desde_QuickBooks_Data_64_Bit_QRemote[[#This Row],[SalesOrderLineRate]]*Tabla_Consulta_desde_QuickBooks_Data_64_Bit_QRemote[[#This Row],[SalesOrderLineInvoiced]]","v":0},{"$f":"+IFERROR(IF(Tabla_Consulta_desde_QuickBooks_Data_64_Bit_QRemote[[#This Row],[CustomerRefFullName]]=\"GRUVALCORP SA\",VLOOKUP(Tabla_Consulta_desde_QuickBooks_Data_64_Bit_QRemote[[#This Row],[SalesOrderLineItemRefFullName]],Hoja1!A:E,5,FALSE),\"\")*-Tabla_Consulta_desde_QuickBooks_Data_64_Bit_QRemote[[#This Row],[SalesOrderLineAmount]],\"\")","v":""},{"$f":"IF(COUNTIF(wms!E:E,Tabla_Consulta_desde_QuickBooks_Data_64_Bit_QRemote[[#This Row],[RefNumber]])>0,\"OK\",\"FALTA\")","v":"FALTA"}]
["2025-06-03","29133","GERARDO ORTIZ E HIJOS CIA. LTDA.","QI252416 10 DE AGOSTO",4,"7862112521407","P.T:310105","ACEITUNAS VERDES RELLENAS CON ALMENDRAS OLE 240G","Bodega Producto Terminado",12,"X12",3.02,36.24,"UNIDAD SALSA",0,352.44,405.31,"IVA EN VENTAS 15%",{"$f":"IFERROR(IF(Tabla_Consulta_desde_QuickBooks_Data_64_Bit_QRemote[[#This Row],[SalesOrderLineUnitOfMeasure]]=\"un\",Tabla_Consulta_desde_QuickBooks_Data_64_Bit_QRemote[[#This Row],[SalesOrderLineQuantity]],Tabla_Consulta_desde_QuickBooks_Data_64_Bit_QRemote[[#This Row],[SalesOrderLineQuantity]]/MID(Tabla_Consulta_desde_QuickBooks_Data_64_Bit_QRemote[[#This Row],[SalesOrderLineUnitOfMeasure]],2,2)),0)","v":1},{"$f":"IFERROR(IF(Tabla_Consulta_desde_QuickBooks_Data_64_Bit_QRemote[[#This Row],[SalesOrderLineUnitOfMeasure]]=\"un\",Tabla_Consulta_desde_QuickBooks_Data_64_Bit_QRemote[[#This Row],[SalesOrderLineInvoiced]],Tabla_Consulta_desde_QuickBooks_Data_64_Bit_QRemote[[#This Row],[SalesOrderLineInvoiced]]/MID(Tabla_Consulta_desde_QuickBooks_Data_64_Bit_QRemote[[#This Row],[SalesOrderLineUnitOfMeasure]],2,2)),0)","v":0},{"$f":"+Tabla_Consulta_desde_QuickBooks_Data_64_Bit_QRemote[[#This Row],[facturado]]-Tabla_Consulta_desde_QuickBooks_Data_64_Bit_QRemote[[#This Row],[pide]]","v":-1},{"$f":"IF(Tabla_Consulta_desde_QuickBooks_Data_64_Bit_QRemote[[#This Row],[diferecia]]=0,\"ok\",\"diferen\")","v":"diferen"},{"$f":"IFERROR(INDEX(um!A:C,MATCH(Tabla_Consulta_desde_QuickBooks_Data_64_Bit_QRemote[[#This Row],[SalesOrderLineItemRefFullName]],um!A:A,0),3),\"\")","v":"X12"},{"$f":"IFERROR(IF(OR(Tabla_Consulta_desde_QuickBooks_Data_64_Bit_QRemote[[#This Row],[SalesOrderLineUnitOfMeasure]]=\"UN\",Tabla_Consulta_desde_QuickBooks_Data_64_Bit_QRemote[[#This Row],[SalesOrderLineUnitOfMeasure]]=Tabla_Consulta_desde_QuickBooks_Data_64_Bit_QRemote[[#This Row],[U/M]]),\"\",\"ERROR\"),\"\")","v":""},{"$f":"+WEEKNUM(Tabla_Consulta_desde_QuickBooks_Data_64_Bit_QRemote[[#This Row],[TxnDate]])","v":23},{"$f":"+Tabla_Consulta_desde_QuickBooks_Data_64_Bit_QRemote[[#This Row],[SalesOrderLineRate]]*Tabla_Consulta_desde_QuickBooks_Data_64_Bit_QRemote[[#This Row],[SalesOrderLineInvoiced]]","v":0},{"$f":"+IFERROR(IF(Tabla_Consulta_desde_QuickBooks_Data_64_Bit_QRemote[[#This Row],[CustomerRefFullName]]=\"GRUVALCORP SA\",VLOOKUP(Tabla_Consulta_desde_QuickBooks_Data_64_Bit_QRemote[[#This Row],[SalesOrderLineItemRefFullName]],Hoja1!A:E,5,FALSE),\"\")*-Tabla_Consulta_desde_QuickBooks_Data_64_Bit_QRemote[[#This Row],[SalesOrderLineAmount]],\"\")","v":""},{"$f":"IF(COUNTIF(wms!E:E,Tabla_Consulta_desde_QuickBooks_Data_64_Bit_QRemote[[#This Row],[RefNumber]])>0,\"OK\",\"FALTA\")","v":"FALTA"}]
["2025-06-03","29133","GERARDO ORTIZ E HIJOS CIA. LTDA.","QI252416 10 DE AGOSTO",5,"7862112523036","P.T:110746","SALSA PICANTE JALAPEÑO OLE 100G","Bodega Producto Terminado",12,"X12",0.6,7.2,"UNIDAD SALSA",0,352.44,405.31,"IVA EN VENTAS 15%",{"$f":"IFERROR(IF(Tabla_Consulta_desde_QuickBooks_Data_64_Bit_QRemote[[#This Row],[SalesOrderLineUnitOfMeasure]]=\"un\",Tabla_Consulta_desde_QuickBooks_Data_64_Bit_QRemote[[#This Row],[SalesOrderLineQuantity]],Tabla_Consulta_desde_QuickBooks_Data_64_Bit_QRemote[[#This Row],[SalesOrderLineQuantity]]/MID(Tabla_Consulta_desde_QuickBooks_Data_64_Bit_QRemote[[#This Row],[SalesOrderLineUnitOfMeasure]],2,2)),0)","v":1},{"$f":"IFERROR(IF(Tabla_Consulta_desde_QuickBooks_Data_64_Bit_QRemote[[#This Row],[SalesOrderLineUnitOfMeasure]]=\"un\",Tabla_Consulta_desde_QuickBooks_Data_64_Bit_QRemote[[#This Row],[SalesOrderLineInvoiced]],Tabla_Consulta_desde_QuickBooks_Data_64_Bit_QRemote[[#This Row],[SalesOrderLineInvoiced]]/MID(Tabla_Consulta_desde_QuickBooks_Data_64_Bit_QRemote[[#This Row],[SalesOrderLineUnitOfMeasure]],2,2)),0)","v":0},{"$f":"+Tabla_Consulta_desde_QuickBooks_Data_64_Bit_QRemote[[#This Row],[facturado]]-Tabla_Consulta_desde_QuickBooks_Data_64_Bit_QRemote[[#This Row],[pide]]","v":-1},{"$f":"IF(Tabla_Consulta_desde_QuickBooks_Data_64_Bit_QRemote[[#This Row],[diferecia]]=0,\"ok\",\"diferen\")","v":"diferen"},{"$f":"IFERROR(INDEX(um!A:C,MATCH(Tabla_Consulta_desde_QuickBooks_Data_64_Bit_QRemote[[#This Row],[SalesOrderLineItemRefFullName]],um!A:A,0),3),\"\")","v":"X12"},{"$f":"IFERROR(IF(OR(Tabla_Consulta_desde_QuickBooks_Data_64_Bit_QRemote[[#This Row],[SalesOrderLineUnitOfMeasure]]=\"UN\",Tabla_Consulta_desde_QuickBooks_Data_64_Bit_QRemote[[#This Row],[SalesOrderLineUnitOfMeasure]]=Tabla_Consulta_desde_QuickBooks_Data_64_Bit_QRemote[[#This Row],[U/M]]),\"\",\"ERROR\"),\"\")","v":""},{"$f":"+WEEKNUM(Tabla_Consulta_desde_QuickBooks_Data_64_Bit_QRemote[[#This Row],[TxnDate]])","v":23},{"$f":"+Tabla_Consulta_desde_QuickBooks_Data_64_Bit_QRemote[[#This Row],[SalesOrderLineRate]]*Tabla_Consulta_desde_QuickBooks_Data_64_Bit_QRemote[[#This Row],[SalesOrderLineInvoiced]]","v":0},{"$f":"+IFERROR(IF(Tabla_Consulta_desde_QuickBooks_Data_64_Bit_QRemote[[#This Row],[CustomerRefFullName]]=\"GRUVALCORP SA\",VLOOKUP(Tabla_Consulta_desde_QuickBooks_Data_64_Bit_QRemote[[#This Row],[SalesOrderLineItemRefFullName]],Hoja1!A:E,5,FALSE),\"\")*-Tabla_Consulta_desde_QuickBooks_Data_64_Bit_QRemote[[#This Row],[SalesOrderLineAmount]],\"\")","v":""},{"$f":"IF(COUNTIF(wms!E:E,Tabla_Consulta_desde_QuickBooks_Data_64_Bit_QRemote[[#This Row],[RefNumber]])>0,\"OK\",\"FALTA\")","v":"FALTA"}]
["2025-06-03","29133","GERARDO ORTIZ E HIJOS CIA. LTDA.","QI252416 10 DE AGOSTO",6,"7862112523043","P.T:110745","SALSA PICANTE HABANERO OLE 100G","Bodega Producto Terminado",12,"X12",0.6,7.2,"UNIDAD SALSA",0,352.44,405.31,"IVA EN VENTAS 15%",{"$f":"IFERROR(IF(Tabla_Consulta_desde_QuickBooks_Data_64_Bit_QRemote[[#This Row],[SalesOrderLineUnitOfMeasure]]=\"un\",Tabla_Consulta_desde_QuickBooks_Data_64_Bit_QRemote[[#This Row],[SalesOrderLineQuantity]],Tabla_Consulta_desde_QuickBooks_Data_64_Bit_QRemote[[#This Row],[SalesOrderLineQuantity]]/MID(Tabla_Consulta_desde_QuickBooks_Data_64_Bit_QRemote[[#This Row],[SalesOrderLineUnitOfMeasure]],2,2)),0)","v":1},{"$f":"IFERROR(IF(Tabla_Consulta_desde_QuickBooks_Data_64_Bit_QRemote[[#This Row],[SalesOrderLineUnitOfMeasure]]=\"un\",Tabla_Consulta_desde_QuickBooks_Data_64_Bit_QRemote[[#This Row],[SalesOrderLineInvoiced]],Tabla_Consulta_desde_QuickBooks_Data_64_Bit_QRemote[[#This Row],[SalesOrderLineInvoiced]]/MID(Tabla_Consulta_desde_QuickBooks_Data_64_Bit_QRemote[[#This Row],[SalesOrderLineUnitOfMeasure]],2,2)),0)","v":0},{"$f":"+Tabla_Consulta_desde_QuickBooks_Data_64_Bit_QRemote[[#This Row],[facturado]]-Tabla_Consulta_desde_QuickBooks_Data_64_Bit_QRemote[[#This Row],[pide]]","v":-1},{"$f":"IF(Tabla_Consulta_desde_QuickBooks_Data_64_Bit_QRemote[[#This Row],[diferecia]]=0,\"ok\",\"diferen\")","v":"diferen"},{"$f":"IFERROR(INDEX(um!A:C,MATCH(Tabla_Consulta_desde_QuickBooks_Data_64_Bit_QRemote[[#This Row],[SalesOrderLineItemRefFullName]],um!A:A,0),3),\"\")","v":"X12"},{"$f":"IFERROR(IF(OR(Tabla_Consulta_desde_QuickBooks_Data_64_Bit_QRemote[[#This Row],[SalesOrderLineUnitOfMeasure]]=\"UN\",Tabla_Consulta_desde_QuickBooks_Data_64_Bit_QRemote[[#This Row],[SalesOrderLineUnitOfMeasure]]=Tabla_Consulta_desde_QuickBooks_Data_64_Bit_QRemote[[#This Row],[U/M]]),\"\",\"ERROR\"),\"\")","v":""},{"$f":"+WEEKNUM(Tabla_Consulta_desde_QuickBooks_Data_64_Bit_QRemote[[#This Row],[TxnDate]])","v":23},{"$f":"+Tabla_Consulta_desde_QuickBooks_Data_64_Bit_QRemote[[#This Row],[SalesOrderLineRate]]*Tabla_Consulta_desde_QuickBooks_Data_64_Bit_QRemote[[#This Row],[SalesOrderLineInvoiced]]","v":0},{"$f":"+IFERROR(IF(Tabla_Consulta_desde_QuickBooks_Data_64_Bit_QRemote[[#This Row],[CustomerRefFullName]]=\"GRUVALCORP SA\",VLOOKUP(Tabla_Consulta_desde_QuickBooks_Data_64_Bit_QRemote[[#This Row],[SalesOrderLineItemRefFullName]],Hoja1!A:E,5,FALSE),\"\")*-Tabla_Consulta_desde_QuickBooks_Data_64_Bit_QRemote[[#This Row],[SalesOrderLineAmount]],\"\")","v":""},{"$f":"IF(COUNTIF(wms!E:E,Tabla_Consulta_desde_QuickBooks_Data_64_Bit_QRemote[[#This Row],[RefNumber]])>0,\"OK\",\"FALTA\")","v":"FALTA"}]
["2025-06-03","29133","GERARDO ORTIZ E HIJOS CIA. LTDA.","QI252416 10 DE AGOSTO",7,"7862112523227","P.T:110313","SALSA BBQ WHISKY Y MIEL OLE 430G","Bodega Producto Terminado",12,"X12",2.06,24.72,"UNIDAD SALSA",0,352.44,405.31,"IVA EN VENTAS 15%",{"$f":"IFERROR(IF(Tabla_Consulta_desde_QuickBooks_Data_64_Bit_QRemote[[#This Row],[SalesOrderLineUnitOfMeasure]]=\"un\",Tabla_Consulta_desde_QuickBooks_Data_64_Bit_QRemote[[#This Row],[SalesOrderLineQuantity]],Tabla_Consulta_desde_QuickBooks_Data_64_Bit_QRemote[[#This Row],[SalesOrderLineQuantity]]/MID(Tabla_Consulta_desde_QuickBooks_Data_64_Bit_QRemote[[#This Row],[SalesOrderLineUnitOfMeasure]],2,2)),0)","v":1},{"$f":"IFERROR(IF(Tabla_Consulta_desde_QuickBooks_Data_64_Bit_QRemote[[#This Row],[SalesOrderLineUnitOfMeasure]]=\"un\",Tabla_Consulta_desde_QuickBooks_Data_64_Bit_QRemote[[#This Row],[SalesOrderLineInvoiced]],Tabla_Consulta_desde_QuickBooks_Data_64_Bit_QRemote[[#This Row],[SalesOrderLineInvoiced]]/MID(Tabla_Consulta_desde_QuickBooks_Data_64_Bit_QRemote[[#This Row],[SalesOrderLineUnitOfMeasure]],2,2)),0)","v":0},{"$f":"+Tabla_Consulta_desde_QuickBooks_Data_64_Bit_QRemote[[#This Row],[facturado]]-Tabla_Consulta_desde_QuickBooks_Data_64_Bit_QRemote[[#This Row],[pide]]","v":-1},{"$f":"IF(Tabla_Consulta_desde_QuickBooks_Data_64_Bit_QRemote[[#This Row],[diferecia]]=0,\"ok\",\"diferen\")","v":"diferen"},{"$f":"IFERROR(INDEX(um!A:C,MATCH(Tabla_Consulta_desde_QuickBooks_Data_64_Bit_QRemote[[#This Row],[SalesOrderLineItemRefFullName]],um!A:A,0),3),\"\")","v":"X12"},{"$f":"IFERROR(IF(OR(Tabla_Consulta_desde_QuickBooks_Data_64_Bit_QRemote[[#This Row],[SalesOrderLineUnitOfMeasure]]=\"UN\",Tabla_Consulta_desde_QuickBooks_Data_64_Bit_QRemote[[#This Row],[SalesOrderLineUnitOfMeasure]]=Tabla_Consulta_desde_QuickBooks_Data_64_Bit_QRemote[[#This Row],[U/M]]),\"\",\"ERROR\"),\"\")","v":""},{"$f":"+WEEKNUM(Tabla_Consulta_desde_QuickBooks_Data_64_Bit_QRemote[[#This Row],[TxnDate]])","v":23},{"$f":"+Tabla_Consulta_desde_QuickBooks_Data_64_Bit_QRemote[[#This Row],[SalesOrderLineRate]]*Tabla_Consulta_desde_QuickBooks_Data_64_Bit_QRemote[[#This Row],[SalesOrderLineInvoiced]]","v":0},{"$f":"+IFERROR(IF(Tabla_Consulta_desde_QuickBooks_Data_64_Bit_QRemote[[#This Row],[CustomerRefFullName]]=\"GRUVALCORP SA\",VLOOKUP(Tabla_Consulta_desde_QuickBooks_Data_64_Bit_QRemote[[#This Row],[SalesOrderLineItemRefFullName]],Hoja1!A:E,5,FALSE),\"\")*-Tabla_Consulta_desde_QuickBooks_Data_64_Bit_QRemote[[#This Row],[SalesOrderLineAmount]],\"\")","v":""},{"$f":"IF(COUNTIF(wms!E:E,Tabla_Consulta_desde_QuickBooks_Data_64_Bit_QRemote[[#This Row],[RefNumber]])>0,\"OK\",\"FALTA\")","v":"FALTA"}]
["2025-06-03","29133","GERARDO ORTIZ E HIJOS CIA. LTDA.","QI252416 10 DE AGOSTO",8,"705424000116","P.T:110207","AJÍ CON MARACUYA OLE 185G","Bodega Producto Terminado",24,"X24",1.42,34.08,"UNIDAD SALSA",0,352.44,405.31,"IVA EN VENTAS 15%",{"$f":"IFERROR(IF(Tabla_Consulta_desde_QuickBooks_Data_64_Bit_QRemote[[#This Row],[SalesOrderLineUnitOfMeasure]]=\"un\",Tabla_Consulta_desde_QuickBooks_Data_64_Bit_QRemote[[#This Row],[SalesOrderLineQuantity]],Tabla_Consulta_desde_QuickBooks_Data_64_Bit_QRemote[[#This Row],[SalesOrderLineQuantity]]/MID(Tabla_Consulta_desde_QuickBooks_Data_64_Bit_QRemote[[#This Row],[SalesOrderLineUnitOfMeasure]],2,2)),0)","v":1},{"$f":"IFERROR(IF(Tabla_Consulta_desde_QuickBooks_Data_64_Bit_QRemote[[#This Row],[SalesOrderLineUnitOfMeasure]]=\"un\",Tabla_Consulta_desde_QuickBooks_Data_64_Bit_QRemote[[#This Row],[SalesOrderLineInvoiced]],Tabla_Consulta_desde_QuickBooks_Data_64_Bit_QRemote[[#This Row],[SalesOrderLineInvoiced]]/MID(Tabla_Consulta_desde_QuickBooks_Data_64_Bit_QRemote[[#This Row],[SalesOrderLineUnitOfMeasure]],2,2)),0)","v":0},{"$f":"+Tabla_Consulta_desde_QuickBooks_Data_64_Bit_QRemote[[#This Row],[facturado]]-Tabla_Consulta_desde_QuickBooks_Data_64_Bit_QRemote[[#This Row],[pide]]","v":-1},{"$f":"IF(Tabla_Consulta_desde_QuickBooks_Data_64_Bit_QRemote[[#This Row],[diferecia]]=0,\"ok\",\"diferen\")","v":"diferen"},{"$f":"IFERROR(INDEX(um!A:C,MATCH(Tabla_Consulta_desde_QuickBooks_Data_64_Bit_QRemote[[#This Row],[SalesOrderLineItemRefFullName]],um!A:A,0),3),\"\")","v":"X24"},{"$f":"IFERROR(IF(OR(Tabla_Consulta_desde_QuickBooks_Data_64_Bit_QRemote[[#This Row],[SalesOrderLineUnitOfMeasure]]=\"UN\",Tabla_Consulta_desde_QuickBooks_Data_64_Bit_QRemote[[#This Row],[SalesOrderLineUnitOfMeasure]]=Tabla_Consulta_desde_QuickBooks_Data_64_Bit_QRemote[[#This Row],[U/M]]),\"\",\"ERROR\"),\"\")","v":""},{"$f":"+WEEKNUM(Tabla_Consulta_desde_QuickBooks_Data_64_Bit_QRemote[[#This Row],[TxnDate]])","v":23},{"$f":"+Tabla_Consulta_desde_QuickBooks_Data_64_Bit_QRemote[[#This Row],[SalesOrderLineRate]]*Tabla_Consulta_desde_QuickBooks_Data_64_Bit_QRemote[[#This Row],[SalesOrderLineInvoiced]]","v":0},{"$f":"+IFERROR(IF(Tabla_Consulta_desde_QuickBooks_Data_64_Bit_QRemote[[#This Row],[CustomerRefFullName]]=\"GRUVALCORP SA\",VLOOKUP(Tabla_Consulta_desde_QuickBooks_Data_64_Bit_QRemote[[#This Row],[SalesOrderLineItemRefFullName]],Hoja1!A:E,5,FALSE),\"\")*-Tabla_Consulta_desde_QuickBooks_Data_64_Bit_QRemote[[#This Row],[SalesOrderLineAmount]],\"\")","v":""},{"$f":"IF(COUNTIF(wms!E:E,Tabla_Consulta_desde_QuickBooks_Data_64_Bit_QRemote[[#This Row],[RefNumber]])>0,\"OK\",\"FALTA\")","v":"FALTA"}]
["2025-06-03","29133","GERARDO ORTIZ E HIJOS CIA. LTDA.","QI252416 10 DE AGOSTO",9,"7862112522831","P.T:110226","SALSA EXTRAPICANTE CAROLINA REAPER OLE 100G","Bodega Producto Terminado",12,"X12",1.05,12.6,"UNIDAD SALSA",0,352.44,405.31,"IVA EN VENTAS 15%",{"$f":"IFERROR(IF(Tabla_Consulta_desde_QuickBooks_Data_64_Bit_QRemote[[#This Row],[SalesOrderLineUnitOfMeasure]]=\"un\",Tabla_Consulta_desde_QuickBooks_Data_64_Bit_QRemote[[#This Row],[SalesOrderLineQuantity]],Tabla_Consulta_desde_QuickBooks_Data_64_Bit_QRemote[[#This Row],[SalesOrderLineQuantity]]/MID(Tabla_Consulta_desde_QuickBooks_Data_64_Bit_QRemote[[#This Row],[SalesOrderLineUnitOfMeasure]],2,2)),0)","v":1},{"$f":"IFERROR(IF(Tabla_Consulta_desde_QuickBooks_Data_64_Bit_QRemote[[#This Row],[SalesOrderLineUnitOfMeasure]]=\"un\",Tabla_Consulta_desde_QuickBooks_Data_64_Bit_QRemote[[#This Row],[SalesOrderLineInvoiced]],Tabla_Consulta_desde_QuickBooks_Data_64_Bit_QRemote[[#This Row],[SalesOrderLineInvoiced]]/MID(Tabla_Consulta_desde_QuickBooks_Data_64_Bit_QRemote[[#This Row],[SalesOrderLineUnitOfMeasure]],2,2)),0)","v":0},{"$f":"+Tabla_Consulta_desde_QuickBooks_Data_64_Bit_QRemote[[#This Row],[facturado]]-Tabla_Consulta_desde_QuickBooks_Data_64_Bit_QRemote[[#This Row],[pide]]","v":-1},{"$f":"IF(Tabla_Consulta_desde_QuickBooks_Data_64_Bit_QRemote[[#This Row],[diferecia]]=0,\"ok\",\"diferen\")","v":"diferen"},{"$f":"IFERROR(INDEX(um!A:C,MATCH(Tabla_Consulta_desde_QuickBooks_Data_64_Bit_QRemote[[#This Row],[SalesOrderLineItemRefFullName]],um!A:A,0),3),\"\")","v":"X12"},{"$f":"IFERROR(IF(OR(Tabla_Consulta_desde_QuickBooks_Data_64_Bit_QRemote[[#This Row],[SalesOrderLineUnitOfMeasure]]=\"UN\",Tabla_Consulta_desde_QuickBooks_Data_64_Bit_QRemote[[#This Row],[SalesOrderLineUnitOfMeasure]]=Tabla_Consulta_desde_QuickBooks_Data_64_Bit_QRemote[[#This Row],[U/M]]),\"\",\"ERROR\"),\"\")","v":""},{"$f":"+WEEKNUM(Tabla_Consulta_desde_QuickBooks_Data_64_Bit_QRemote[[#This Row],[TxnDate]])","v":23},{"$f":"+Tabla_Consulta_desde_QuickBooks_Data_64_Bit_QRemote[[#This Row],[SalesOrderLineRate]]*Tabla_Consulta_desde_QuickBooks_Data_64_Bit_QRemote[[#This Row],[SalesOrderLineInvoiced]]","v":0},{"$f":"+IFERROR(IF(Tabla_Consulta_desde_QuickBooks_Data_64_Bit_QRemote[[#This Row],[CustomerRefFullName]]=\"GRUVALCORP SA\",VLOOKUP(Tabla_Consulta_desde_QuickBooks_Data_64_Bit_QRemote[[#This Row],[SalesOrderLineItemRefFullName]],Hoja1!A:E,5,FALSE),\"\")*-Tabla_Consulta_desde_QuickBooks_Data_64_Bit_QRemote[[#This Row],[SalesOrderLineAmount]],\"\")","v":""},{"$f":"IF(COUNTIF(wms!E:E,Tabla_Consulta_desde_QuickBooks_Data_64_Bit_QRemote[[#This Row],[RefNumber]])>0,\"OK\",\"FALTA\")","v":"FALTA"}]
["2025-06-03","29133","GERARDO ORTIZ E HIJOS CIA. LTDA.","QI252416 10 DE AGOSTO",10,"7862112521810","P.T:110303","SALSA BBQ ORIGINAL OLE 430G","Bodega Producto Terminado",12,"X12",1.57,18.84,"UNIDAD SALSA",0,352.44,405.31,"IVA EN VENTAS 15%",{"$f":"IFERROR(IF(Tabla_Consulta_desde_QuickBooks_Data_64_Bit_QRemote[[#This Row],[SalesOrderLineUnitOfMeasure]]=\"un\",Tabla_Consulta_desde_QuickBooks_Data_64_Bit_QRemote[[#This Row],[SalesOrderLineQuantity]],Tabla_Consulta_desde_QuickBooks_Data_64_Bit_QRemote[[#This Row],[SalesOrderLineQuantity]]/MID(Tabla_Consulta_desde_QuickBooks_Data_64_Bit_QRemote[[#This Row],[SalesOrderLineUnitOfMeasure]],2,2)),0)","v":1},{"$f":"IFERROR(IF(Tabla_Consulta_desde_QuickBooks_Data_64_Bit_QRemote[[#This Row],[SalesOrderLineUnitOfMeasure]]=\"un\",Tabla_Consulta_desde_QuickBooks_Data_64_Bit_QRemote[[#This Row],[SalesOrderLineInvoiced]],Tabla_Consulta_desde_QuickBooks_Data_64_Bit_QRemote[[#This Row],[SalesOrderLineInvoiced]]/MID(Tabla_Consulta_desde_QuickBooks_Data_64_Bit_QRemote[[#This Row],[SalesOrderLineUnitOfMeasure]],2,2)),0)","v":0},{"$f":"+Tabla_Consulta_desde_QuickBooks_Data_64_Bit_QRemote[[#This Row],[facturado]]-Tabla_Consulta_desde_QuickBooks_Data_64_Bit_QRemote[[#This Row],[pide]]","v":-1},{"$f":"IF(Tabla_Consulta_desde_QuickBooks_Data_64_Bit_QRemote[[#This Row],[diferecia]]=0,\"ok\",\"diferen\")","v":"diferen"},{"$f":"IFERROR(INDEX(um!A:C,MATCH(Tabla_Consulta_desde_QuickBooks_Data_64_Bit_QRemote[[#This Row],[SalesOrderLineItemRefFullName]],um!A:A,0),3),\"\")","v":"X12"},{"$f":"IFERROR(IF(OR(Tabla_Consulta_desde_QuickBooks_Data_64_Bit_QRemote[[#This Row],[SalesOrderLineUnitOfMeasure]]=\"UN\",Tabla_Consulta_desde_QuickBooks_Data_64_Bit_QRemote[[#This Row],[SalesOrderLineUnitOfMeasure]]=Tabla_Consulta_desde_QuickBooks_Data_64_Bit_QRemote[[#This Row],[U/M]]),\"\",\"ERROR\"),\"\")","v":""},{"$f":"+WEEKNUM(Tabla_Consulta_desde_QuickBooks_Data_64_Bit_QRemote[[#This Row],[TxnDate]])","v":23},{"$f":"+Tabla_Consulta_desde_QuickBooks_Data_64_Bit_QRemote[[#This Row],[SalesOrderLineRate]]*Tabla_Consulta_desde_QuickBooks_Data_64_Bit_QRemote[[#This Row],[SalesOrderLineInvoiced]]","v":0},{"$f":"+IFERROR(IF(Tabla_Consulta_desde_QuickBooks_Data_64_Bit_QRemote[[#This Row],[CustomerRefFullName]]=\"GRUVALCORP SA\",VLOOKUP(Tabla_Consulta_desde_QuickBooks_Data_64_Bit_QRemote[[#This Row],[SalesOrderLineItemRefFullName]],Hoja1!A:E,5,FALSE),\"\")*-Tabla_Consulta_desde_QuickBooks_Data_64_Bit_QRemote[[#This Row],[SalesOrderLineAmount]],\"\")","v":""},{"$f":"IF(COUNTIF(wms!E:E,Tabla_Consulta_desde_QuickBooks_Data_64_Bit_QRemote[[#This Row],[RefNumber]])>0,\"OK\",\"FALTA\")","v":"FALTA"}]
["2025-06-03","29133","GERARDO ORTIZ E HIJOS CIA. LTDA.","QI252416 10 DE AGOSTO",11,"7862112522572","P.T:311408","VINAGRE DE MANZANA CON LA MADRE MIEL DE ABEJA Y JENGIBRE OLE 500ML","Bodega Producto Terminado",12,"X12",4.45,53.4,"UNIDAD SALSA",0,352.44,405.31,"IVA EN VENTAS 15%",{"$f":"IFERROR(IF(Tabla_Consulta_desde_QuickBooks_Data_64_Bit_QRemote[[#This Row],[SalesOrderLineUnitOfMeasure]]=\"un\",Tabla_Consulta_desde_QuickBooks_Data_64_Bit_QRemote[[#This Row],[SalesOrderLineQuantity]],Tabla_Consulta_desde_QuickBooks_Data_64_Bit_QRemote[[#This Row],[SalesOrderLineQuantity]]/MID(Tabla_Consulta_desde_QuickBooks_Data_64_Bit_QRemote[[#This Row],[SalesOrderLineUnitOfMeasure]],2,2)),0)","v":1},{"$f":"IFERROR(IF(Tabla_Consulta_desde_QuickBooks_Data_64_Bit_QRemote[[#This Row],[SalesOrderLineUnitOfMeasure]]=\"un\",Tabla_Consulta_desde_QuickBooks_Data_64_Bit_QRemote[[#This Row],[SalesOrderLineInvoiced]],Tabla_Consulta_desde_QuickBooks_Data_64_Bit_QRemote[[#This Row],[SalesOrderLineInvoiced]]/MID(Tabla_Consulta_desde_QuickBooks_Data_64_Bit_QRemote[[#This Row],[SalesOrderLineUnitOfMeasure]],2,2)),0)","v":0},{"$f":"+Tabla_Consulta_desde_QuickBooks_Data_64_Bit_QRemote[[#This Row],[facturado]]-Tabla_Consulta_desde_QuickBooks_Data_64_Bit_QRemote[[#This Row],[pide]]","v":-1},{"$f":"IF(Tabla_Consulta_desde_QuickBooks_Data_64_Bit_QRemote[[#This Row],[diferecia]]=0,\"ok\",\"diferen\")","v":"diferen"},{"$f":"IFERROR(INDEX(um!A:C,MATCH(Tabla_Consulta_desde_QuickBooks_Data_64_Bit_QRemote[[#This Row],[SalesOrderLineItemRefFullName]],um!A:A,0),3),\"\")","v":"X12"},{"$f":"IFERROR(IF(OR(Tabla_Consulta_desde_QuickBooks_Data_64_Bit_QRemote[[#This Row],[SalesOrderLineUnitOfMeasure]]=\"UN\",Tabla_Consulta_desde_QuickBooks_Data_64_Bit_QRemote[[#This Row],[SalesOrderLineUnitOfMeasure]]=Tabla_Consulta_desde_QuickBooks_Data_64_Bit_QRemote[[#This Row],[U/M]]),\"\",\"ERROR\"),\"\")","v":""},{"$f":"+WEEKNUM(Tabla_Consulta_desde_QuickBooks_Data_64_Bit_QRemote[[#This Row],[TxnDate]])","v":23},{"$f":"+Tabla_Consulta_desde_QuickBooks_Data_64_Bit_QRemote[[#This Row],[SalesOrderLineRate]]*Tabla_Consulta_desde_QuickBooks_Data_64_Bit_QRemote[[#This Row],[SalesOrderLineInvoiced]]","v":0},{"$f":"+IFERROR(IF(Tabla_Consulta_desde_QuickBooks_Data_64_Bit_QRemote[[#This Row],[CustomerRefFullName]]=\"GRUVALCORP SA\",VLOOKUP(Tabla_Consulta_desde_QuickBooks_Data_64_Bit_QRemote[[#This Row],[SalesOrderLineItemRefFullName]],Hoja1!A:E,5,FALSE),\"\")*-Tabla_Consulta_desde_QuickBooks_Data_64_Bit_QRemote[[#This Row],[SalesOrderLineAmount]],\"\")","v":""},{"$f":"IF(COUNTIF(wms!E:E,Tabla_Consulta_desde_QuickBooks_Data_64_Bit_QRemote[[#This Row],[RefNumber]])>0,\"OK\",\"FALTA\")","v":"FALTA"}]
["2025-06-03","29133","GERARDO ORTIZ E HIJOS CIA. LTDA.","QI252416 10 DE AGOSTO",12,"7862112521698","P.T:311407","VINAGRE DE MANZANA CON LA MADRE OLE 500ML","Bodega Producto Terminado",12,"X12",4.28,51.36,"UNIDAD SALSA",0,352.44,405.31,"IVA EN VENTAS 15%",{"$f":"IFERROR(IF(Tabla_Consulta_desde_QuickBooks_Data_64_Bit_QRemote[[#This Row],[SalesOrderLineUnitOfMeasure]]=\"un\",Tabla_Consulta_desde_QuickBooks_Data_64_Bit_QRemote[[#This Row],[SalesOrderLineQuantity]],Tabla_Consulta_desde_QuickBooks_Data_64_Bit_QRemote[[#This Row],[SalesOrderLineQuantity]]/MID(Tabla_Consulta_desde_QuickBooks_Data_64_Bit_QRemote[[#This Row],[SalesOrderLineUnitOfMeasure]],2,2)),0)","v":1},{"$f":"IFERROR(IF(Tabla_Consulta_desde_QuickBooks_Data_64_Bit_QRemote[[#This Row],[SalesOrderLineUnitOfMeasure]]=\"un\",Tabla_Consulta_desde_QuickBooks_Data_64_Bit_QRemote[[#This Row],[SalesOrderLineInvoiced]],Tabla_Consulta_desde_QuickBooks_Data_64_Bit_QRemote[[#This Row],[SalesOrderLineInvoiced]]/MID(Tabla_Consulta_desde_QuickBooks_Data_64_Bit_QRemote[[#This Row],[SalesOrderLineUnitOfMeasure]],2,2)),0)","v":0},{"$f":"+Tabla_Consulta_desde_QuickBooks_Data_64_Bit_QRemote[[#This Row],[facturado]]-Tabla_Consulta_desde_QuickBooks_Data_64_Bit_QRemote[[#This Row],[pide]]","v":-1},{"$f":"IF(Tabla_Consulta_desde_QuickBooks_Data_64_Bit_QRemote[[#This Row],[diferecia]]=0,\"ok\",\"diferen\")","v":"diferen"},{"$f":"IFERROR(INDEX(um!A:C,MATCH(Tabla_Consulta_desde_QuickBooks_Data_64_Bit_QRemote[[#This Row],[SalesOrderLineItemRefFullName]],um!A:A,0),3),\"\")","v":"X12"},{"$f":"IFERROR(IF(OR(Tabla_Consulta_desde_QuickBooks_Data_64_Bit_QRemote[[#This Row],[SalesOrderLineUnitOfMeasure]]=\"UN\",Tabla_Consulta_desde_QuickBooks_Data_64_Bit_QRemote[[#This Row],[SalesOrderLineUnitOfMeasure]]=Tabla_Consulta_desde_QuickBooks_Data_64_Bit_QRemote[[#This Row],[U/M]]),\"\",\"ERROR\"),\"\")","v":""},{"$f":"+WEEKNUM(Tabla_Consulta_desde_QuickBooks_Data_64_Bit_QRemote[[#This Row],[TxnDate]])","v":23},{"$f":"+Tabla_Consulta_desde_QuickBooks_Data_64_Bit_QRemote[[#This Row],[SalesOrderLineRate]]*Tabla_Consulta_desde_QuickBooks_Data_64_Bit_QRemote[[#This Row],[SalesOrderLineInvoiced]]","v":0},{"$f":"+IFERROR(IF(Tabla_Consulta_desde_QuickBooks_Data_64_Bit_QRemote[[#This Row],[CustomerRefFullName]]=\"GRUVALCORP SA\",VLOOKUP(Tabla_Consulta_desde_QuickBooks_Data_64_Bit_QRemote[[#This Row],[SalesOrderLineItemRefFullName]],Hoja1!A:E,5,FALSE),\"\")*-Tabla_Consulta_desde_QuickBooks_Data_64_Bit_QRemote[[#This Row],[SalesOrderLineAmount]],\"\")","v":""},{"$f":"IF(COUNTIF(wms!E:E,Tabla_Consulta_desde_QuickBooks_Data_64_Bit_QRemote[[#This Row],[RefNumber]])>0,\"OK\",\"FALTA\")","v":"FALTA"}]
["2025-06-03","29133","GERARDO ORTIZ E HIJOS CIA. LTDA.","QI252416 10 DE AGOSTO",13,"7862112522732","PT:220135","TOTOPOS SABOR GUACAMOLE OLE 120G","Bodega Producto Terminado",12,"X12",0.91,10.92,"UNIDAD SNCKS",0,352.44,405.31,"IVA EN VENTAS 15%",{"$f":"IFERROR(IF(Tabla_Consulta_desde_QuickBooks_Data_64_Bit_QRemote[[#This Row],[SalesOrderLineUnitOfMeasure]]=\"un\",Tabla_Consulta_desde_QuickBooks_Data_64_Bit_QRemote[[#This Row],[SalesOrderLineQuantity]],Tabla_Consulta_desde_QuickBooks_Data_64_Bit_QRemote[[#This Row],[SalesOrderLineQuantity]]/MID(Tabla_Consulta_desde_QuickBooks_Data_64_Bit_QRemote[[#This Row],[SalesOrderLineUnitOfMeasure]],2,2)),0)","v":1},{"$f":"IFERROR(IF(Tabla_Consulta_desde_QuickBooks_Data_64_Bit_QRemote[[#This Row],[SalesOrderLineUnitOfMeasure]]=\"un\",Tabla_Consulta_desde_QuickBooks_Data_64_Bit_QRemote[[#This Row],[SalesOrderLineInvoiced]],Tabla_Consulta_desde_QuickBooks_Data_64_Bit_QRemote[[#This Row],[SalesOrderLineInvoiced]]/MID(Tabla_Consulta_desde_QuickBooks_Data_64_Bit_QRemote[[#This Row],[SalesOrderLineUnitOfMeasure]],2,2)),0)","v":0},{"$f":"+Tabla_Consulta_desde_QuickBooks_Data_64_Bit_QRemote[[#This Row],[facturado]]-Tabla_Consulta_desde_QuickBooks_Data_64_Bit_QRemote[[#This Row],[pide]]","v":-1},{"$f":"IF(Tabla_Consulta_desde_QuickBooks_Data_64_Bit_QRemote[[#This Row],[diferecia]]=0,\"ok\",\"diferen\")","v":"diferen"},{"$f":"IFERROR(INDEX(um!A:C,MATCH(Tabla_Consulta_desde_QuickBooks_Data_64_Bit_QRemote[[#This Row],[SalesOrderLineItemRefFullName]],um!A:A,0),3),\"\")","v":"X12"},{"$f":"IFERROR(IF(OR(Tabla_Consulta_desde_QuickBooks_Data_64_Bit_QRemote[[#This Row],[SalesOrderLineUnitOfMeasure]]=\"UN\",Tabla_Consulta_desde_QuickBooks_Data_64_Bit_QRemote[[#This Row],[SalesOrderLineUnitOfMeasure]]=Tabla_Consulta_desde_QuickBooks_Data_64_Bit_QRemote[[#This Row],[U/M]]),\"\",\"ERROR\"),\"\")","v":""},{"$f":"+WEEKNUM(Tabla_Consulta_desde_QuickBooks_Data_64_Bit_QRemote[[#This Row],[TxnDate]])","v":23},{"$f":"+Tabla_Consulta_desde_QuickBooks_Data_64_Bit_QRemote[[#This Row],[SalesOrderLineRate]]*Tabla_Consulta_desde_QuickBooks_Data_64_Bit_QRemote[[#This Row],[SalesOrderLineInvoiced]]","v":0},{"$f":"+IFERROR(IF(Tabla_Consulta_desde_QuickBooks_Data_64_Bit_QRemote[[#This Row],[CustomerRefFullName]]=\"GRUVALCORP SA\",VLOOKUP(Tabla_Consulta_desde_QuickBooks_Data_64_Bit_QRemote[[#This Row],[SalesOrderLineItemRefFullName]],Hoja1!A:E,5,FALSE),\"\")*-Tabla_Consulta_desde_QuickBooks_Data_64_Bit_QRemote[[#This Row],[SalesOrderLineAmount]],\"\")","v":""},{"$f":"IF(COUNTIF(wms!E:E,Tabla_Consulta_desde_QuickBooks_Data_64_Bit_QRemote[[#This Row],[RefNumber]])>0,\"OK\",\"FALTA\")","v":"FALTA"}]
["2025-06-03","29133","GERARDO ORTIZ E HIJOS CIA. LTDA.","QI252416 10 DE AGOSTO",14,null,"INFOADICIONAL","QI252416 10 DE AGOSTO",null,null,null,0,0,null,0,352.44,405.31,"IVA EN VENTAS 15%",{"$f":"IFERROR(IF(Tabla_Consulta_desde_QuickBooks_Data_64_Bit_QRemote[[#This Row],[SalesOrderLineUnitOfMeasure]]=\"un\",Tabla_Consulta_desde_QuickBooks_Data_64_Bit_QRemote[[#This Row],[SalesOrderLineQuantity]],Tabla_Consulta_desde_QuickBooks_Data_64_Bit_QRemote[[#This Row],[SalesOrderLineQuantity]]/MID(Tabla_Consulta_desde_QuickBooks_Data_64_Bit_QRemote[[#This Row],[SalesOrderLineUnitOfMeasure]],2,2)),0)","v":0},{"$f":"IFERROR(IF(Tabla_Consulta_desde_QuickBooks_Data_64_Bit_QRemote[[#This Row],[SalesOrderLineUnitOfMeasure]]=\"un\",Tabla_Consulta_desde_QuickBooks_Data_64_Bit_QRemote[[#This Row],[SalesOrderLineInvoiced]],Tabla_Consulta_desde_QuickBooks_Data_64_Bit_QRemote[[#This Row],[SalesOrderLineInvoiced]]/MID(Tabla_Consulta_desde_QuickBooks_Data_64_Bit_QRemote[[#This Row],[SalesOrderLineUnitOfMeasure]],2,2)),0)","v":0},{"$f":"+Tabla_Consulta_desde_QuickBooks_Data_64_Bit_QRemote[[#This Row],[facturado]]-Tabla_Consulta_desde_QuickBooks_Data_64_Bit_QRemote[[#This Row],[pide]]","v":0},{"$f":"IF(Tabla_Consulta_desde_QuickBooks_Data_64_Bit_QRemote[[#This Row],[diferecia]]=0,\"ok\",\"diferen\")","v":"ok"},{"$f":"IFERROR(INDEX(um!A:C,MATCH(Tabla_Consulta_desde_QuickBooks_Data_64_Bit_QRemote[[#This Row],[SalesOrderLineItemRefFullName]],um!A:A,0),3),\"\")","v":""},{"$f":"IFERROR(IF(OR(Tabla_Consulta_desde_QuickBooks_Data_64_Bit_QRemote[[#This Row],[SalesOrderLineUnitOfMeasure]]=\"UN\",Tabla_Consulta_desde_QuickBooks_Data_64_Bit_QRemote[[#This Row],[SalesOrderLineUnitOfMeasure]]=Tabla_Consulta_desde_QuickBooks_Data_64_Bit_QRemote[[#This Row],[U/M]]),\"\",\"ERROR\"),\"\")","v":""},{"$f":"+WEEKNUM(Tabla_Consulta_desde_QuickBooks_Data_64_Bit_QRemote[[#This Row],[TxnDate]])","v":23},{"$f":"+Tabla_Consulta_desde_QuickBooks_Data_64_Bit_QRemote[[#This Row],[SalesOrderLineRate]]*Tabla_Consulta_desde_QuickBooks_Data_64_Bit_QRemote[[#This Row],[SalesOrderLineInvoiced]]","v":0},{"$f":"+IFERROR(IF(Tabla_Consulta_desde_QuickBooks_Data_64_Bit_QRemote[[#This Row],[CustomerRefFullName]]=\"GRUVALCORP SA\",VLOOKUP(Tabla_Consulta_desde_QuickBooks_Data_64_Bit_QRemote[[#This Row],[SalesOrderLineItemRefFullName]],Hoja1!A:E,5,FALSE),\"\")*-Tabla_Consulta_desde_QuickBooks_Data_64_Bit_QRemote[[#This Row],[SalesOrderLineAmount]],\"\")","v":""},{"$f":"IF(COUNTIF(wms!E:E,Tabla_Consulta_desde_QuickBooks_Data_64_Bit_QRemote[[#This Row],[RefNumber]])>0,\"OK\",\"FALTA\")","v":"FALTA"}]
["2025-06-03","29134","GERARDO ORTIZ E HIJOS CIA. LTDA.","CM358835 MONAY",1,"7862112523296","P.T:110622","PEPINILLOS CON JALAPEÑO OLE 225G","Bodega Producto Terminado",24,"X24",1.69,40.56,"UNIDAD SALSA",0,400.32,460.37,"IVA EN VENTAS 15%",{"$f":"IFERROR(IF(Tabla_Consulta_desde_QuickBooks_Data_64_Bit_QRemote[[#This Row],[SalesOrderLineUnitOfMeasure]]=\"un\",Tabla_Consulta_desde_QuickBooks_Data_64_Bit_QRemote[[#This Row],[SalesOrderLineQuantity]],Tabla_Consulta_desde_QuickBooks_Data_64_Bit_QRemote[[#This Row],[SalesOrderLineQuantity]]/MID(Tabla_Consulta_desde_QuickBooks_Data_64_Bit_QRemote[[#This Row],[SalesOrderLineUnitOfMeasure]],2,2)),0)","v":1},{"$f":"IFERROR(IF(Tabla_Consulta_desde_QuickBooks_Data_64_Bit_QRemote[[#This Row],[SalesOrderLineUnitOfMeasure]]=\"un\",Tabla_Consulta_desde_QuickBooks_Data_64_Bit_QRemote[[#This Row],[SalesOrderLineInvoiced]],Tabla_Consulta_desde_QuickBooks_Data_64_Bit_QRemote[[#This Row],[SalesOrderLineInvoiced]]/MID(Tabla_Consulta_desde_QuickBooks_Data_64_Bit_QRemote[[#This Row],[SalesOrderLineUnitOfMeasure]],2,2)),0)","v":0},{"$f":"+Tabla_Consulta_desde_QuickBooks_Data_64_Bit_QRemote[[#This Row],[facturado]]-Tabla_Consulta_desde_QuickBooks_Data_64_Bit_QRemote[[#This Row],[pide]]","v":-1},{"$f":"IF(Tabla_Consulta_desde_QuickBooks_Data_64_Bit_QRemote[[#This Row],[diferecia]]=0,\"ok\",\"diferen\")","v":"diferen"},{"$f":"IFERROR(INDEX(um!A:C,MATCH(Tabla_Consulta_desde_QuickBooks_Data_64_Bit_QRemote[[#This Row],[SalesOrderLineItemRefFullName]],um!A:A,0),3),\"\")","v":"X24"},{"$f":"IFERROR(IF(OR(Tabla_Consulta_desde_QuickBooks_Data_64_Bit_QRemote[[#This Row],[SalesOrderLineUnitOfMeasure]]=\"UN\",Tabla_Consulta_desde_QuickBooks_Data_64_Bit_QRemote[[#This Row],[SalesOrderLineUnitOfMeasure]]=Tabla_Consulta_desde_QuickBooks_Data_64_Bit_QRemote[[#This Row],[U/M]]),\"\",\"ERROR\"),\"\")","v":""},{"$f":"+WEEKNUM(Tabla_Consulta_desde_QuickBooks_Data_64_Bit_QRemote[[#This Row],[TxnDate]])","v":23},{"$f":"+Tabla_Consulta_desde_QuickBooks_Data_64_Bit_QRemote[[#This Row],[SalesOrderLineRate]]*Tabla_Consulta_desde_QuickBooks_Data_64_Bit_QRemote[[#This Row],[SalesOrderLineInvoiced]]","v":0},{"$f":"+IFERROR(IF(Tabla_Consulta_desde_QuickBooks_Data_64_Bit_QRemote[[#This Row],[CustomerRefFullName]]=\"GRUVALCORP SA\",VLOOKUP(Tabla_Consulta_desde_QuickBooks_Data_64_Bit_QRemote[[#This Row],[SalesOrderLineItemRefFullName]],Hoja1!A:E,5,FALSE),\"\")*-Tabla_Consulta_desde_QuickBooks_Data_64_Bit_QRemote[[#This Row],[SalesOrderLineAmount]],\"\")","v":""},{"$f":"IF(COUNTIF(wms!E:E,Tabla_Consulta_desde_QuickBooks_Data_64_Bit_QRemote[[#This Row],[RefNumber]])>0,\"OK\",\"FALTA\")","v":"FALTA"}]
["2025-06-03","29134","GERARDO ORTIZ E HIJOS CIA. LTDA.","CM358835 MONAY",2,"705424000352","P.T:110608","JALAPEÑO ROJOS Y VERDES OLE 370G","Bodega Producto Terminado",12,"X12",2.99,35.880000000000003,"UNIDAD SALSA",0,400.32,460.37,"IVA EN VENTAS 15%",{"$f":"IFERROR(IF(Tabla_Consulta_desde_QuickBooks_Data_64_Bit_QRemote[[#This Row],[SalesOrderLineUnitOfMeasure]]=\"un\",Tabla_Consulta_desde_QuickBooks_Data_64_Bit_QRemote[[#This Row],[SalesOrderLineQuantity]],Tabla_Consulta_desde_QuickBooks_Data_64_Bit_QRemote[[#This Row],[SalesOrderLineQuantity]]/MID(Tabla_Consulta_desde_QuickBooks_Data_64_Bit_QRemote[[#This Row],[SalesOrderLineUnitOfMeasure]],2,2)),0)","v":1},{"$f":"IFERROR(IF(Tabla_Consulta_desde_QuickBooks_Data_64_Bit_QRemote[[#This Row],[SalesOrderLineUnitOfMeasure]]=\"un\",Tabla_Consulta_desde_QuickBooks_Data_64_Bit_QRemote[[#This Row],[SalesOrderLineInvoiced]],Tabla_Consulta_desde_QuickBooks_Data_64_Bit_QRemote[[#This Row],[SalesOrderLineInvoiced]]/MID(Tabla_Consulta_desde_QuickBooks_Data_64_Bit_QRemote[[#This Row],[SalesOrderLineUnitOfMeasure]],2,2)),0)","v":0},{"$f":"+Tabla_Consulta_desde_QuickBooks_Data_64_Bit_QRemote[[#This Row],[facturado]]-Tabla_Consulta_desde_QuickBooks_Data_64_Bit_QRemote[[#This Row],[pide]]","v":-1},{"$f":"IF(Tabla_Consulta_desde_QuickBooks_Data_64_Bit_QRemote[[#This Row],[diferecia]]=0,\"ok\",\"diferen\")","v":"diferen"},{"$f":"IFERROR(INDEX(um!A:C,MATCH(Tabla_Consulta_desde_QuickBooks_Data_64_Bit_QRemote[[#This Row],[SalesOrderLineItemRefFullName]],um!A:A,0),3),\"\")","v":"X12"},{"$f":"IFERROR(IF(OR(Tabla_Consulta_desde_QuickBooks_Data_64_Bit_QRemote[[#This Row],[SalesOrderLineUnitOfMeasure]]=\"UN\",Tabla_Consulta_desde_QuickBooks_Data_64_Bit_QRemote[[#This Row],[SalesOrderLineUnitOfMeasure]]=Tabla_Consulta_desde_QuickBooks_Data_64_Bit_QRemote[[#This Row],[U/M]]),\"\",\"ERROR\"),\"\")","v":""},{"$f":"+WEEKNUM(Tabla_Consulta_desde_QuickBooks_Data_64_Bit_QRemote[[#This Row],[TxnDate]])","v":23},{"$f":"+Tabla_Consulta_desde_QuickBooks_Data_64_Bit_QRemote[[#This Row],[SalesOrderLineRate]]*Tabla_Consulta_desde_QuickBooks_Data_64_Bit_QRemote[[#This Row],[SalesOrderLineInvoiced]]","v":0},{"$f":"+IFERROR(IF(Tabla_Consulta_desde_QuickBooks_Data_64_Bit_QRemote[[#This Row],[CustomerRefFullName]]=\"GRUVALCORP SA\",VLOOKUP(Tabla_Consulta_desde_QuickBooks_Data_64_Bit_QRemote[[#This Row],[SalesOrderLineItemRefFullName]],Hoja1!A:E,5,FALSE),\"\")*-Tabla_Consulta_desde_QuickBooks_Data_64_Bit_QRemote[[#This Row],[SalesOrderLineAmount]],\"\")","v":""},{"$f":"IF(COUNTIF(wms!E:E,Tabla_Consulta_desde_QuickBooks_Data_64_Bit_QRemote[[#This Row],[RefNumber]])>0,\"OK\",\"FALTA\")","v":"FALTA"}]
["2025-06-03","29134","GERARDO ORTIZ E HIJOS CIA. LTDA.","CM358835 MONAY",3,"7862112520509","P.T:110606","JALAPEÑO ROJOS Y VERDES AGRIDULCES OLE 250G","Bodega Producto Terminado",12,"X12",1.62,19.440000000000001,"UNIDAD SALSA",0,400.32,460.37,"IVA EN VENTAS 15%",{"$f":"IFERROR(IF(Tabla_Consulta_desde_QuickBooks_Data_64_Bit_QRemote[[#This Row],[SalesOrderLineUnitOfMeasure]]=\"un\",Tabla_Consulta_desde_QuickBooks_Data_64_Bit_QRemote[[#This Row],[SalesOrderLineQuantity]],Tabla_Consulta_desde_QuickBooks_Data_64_Bit_QRemote[[#This Row],[SalesOrderLineQuantity]]/MID(Tabla_Consulta_desde_QuickBooks_Data_64_Bit_QRemote[[#This Row],[SalesOrderLineUnitOfMeasure]],2,2)),0)","v":1},{"$f":"IFERROR(IF(Tabla_Consulta_desde_QuickBooks_Data_64_Bit_QRemote[[#This Row],[SalesOrderLineUnitOfMeasure]]=\"un\",Tabla_Consulta_desde_QuickBooks_Data_64_Bit_QRemote[[#This Row],[SalesOrderLineInvoiced]],Tabla_Consulta_desde_QuickBooks_Data_64_Bit_QRemote[[#This Row],[SalesOrderLineInvoiced]]/MID(Tabla_Consulta_desde_QuickBooks_Data_64_Bit_QRemote[[#This Row],[SalesOrderLineUnitOfMeasure]],2,2)),0)","v":0},{"$f":"+Tabla_Consulta_desde_QuickBooks_Data_64_Bit_QRemote[[#This Row],[facturado]]-Tabla_Consulta_desde_QuickBooks_Data_64_Bit_QRemote[[#This Row],[pide]]","v":-1},{"$f":"IF(Tabla_Consulta_desde_QuickBooks_Data_64_Bit_QRemote[[#This Row],[diferecia]]=0,\"ok\",\"diferen\")","v":"diferen"},{"$f":"IFERROR(INDEX(um!A:C,MATCH(Tabla_Consulta_desde_QuickBooks_Data_64_Bit_QRemote[[#This Row],[SalesOrderLineItemRefFullName]],um!A:A,0),3),\"\")","v":"X12"},{"$f":"IFERROR(IF(OR(Tabla_Consulta_desde_QuickBooks_Data_64_Bit_QRemote[[#This Row],[SalesOrderLineUnitOfMeasure]]=\"UN\",Tabla_Consulta_desde_QuickBooks_Data_64_Bit_QRemote[[#This Row],[SalesOrderLineUnitOfMeasure]]=Tabla_Consulta_desde_QuickBooks_Data_64_Bit_QRemote[[#This Row],[U/M]]),\"\",\"ERROR\"),\"\")","v":""},{"$f":"+WEEKNUM(Tabla_Consulta_desde_QuickBooks_Data_64_Bit_QRemote[[#This Row],[TxnDate]])","v":23},{"$f":"+Tabla_Consulta_desde_QuickBooks_Data_64_Bit_QRemote[[#This Row],[SalesOrderLineRate]]*Tabla_Consulta_desde_QuickBooks_Data_64_Bit_QRemote[[#This Row],[SalesOrderLineInvoiced]]","v":0},{"$f":"+IFERROR(IF(Tabla_Consulta_desde_QuickBooks_Data_64_Bit_QRemote[[#This Row],[CustomerRefFullName]]=\"GRUVALCORP SA\",VLOOKUP(Tabla_Consulta_desde_QuickBooks_Data_64_Bit_QRemote[[#This Row],[SalesOrderLineItemRefFullName]],Hoja1!A:E,5,FALSE),\"\")*-Tabla_Consulta_desde_QuickBooks_Data_64_Bit_QRemote[[#This Row],[SalesOrderLineAmount]],\"\")","v":""},{"$f":"IF(COUNTIF(wms!E:E,Tabla_Consulta_desde_QuickBooks_Data_64_Bit_QRemote[[#This Row],[RefNumber]])>0,\"OK\",\"FALTA\")","v":"FALTA"}]
["2025-06-03","29134","GERARDO ORTIZ E HIJOS CIA. LTDA.","CM358835 MONAY",4,"7862112523036","P.T:110746","SALSA PICANTE JALAPEÑO OLE 100G","Bodega Producto Terminado",12,"X12",0.6,7.2,"UNIDAD SALSA",0,400.32,460.37,"IVA EN VENTAS 15%",{"$f":"IFERROR(IF(Tabla_Consulta_desde_QuickBooks_Data_64_Bit_QRemote[[#This Row],[SalesOrderLineUnitOfMeasure]]=\"un\",Tabla_Consulta_desde_QuickBooks_Data_64_Bit_QRemote[[#This Row],[SalesOrderLineQuantity]],Tabla_Consulta_desde_QuickBooks_Data_64_Bit_QRemote[[#This Row],[SalesOrderLineQuantity]]/MID(Tabla_Consulta_desde_QuickBooks_Data_64_Bit_QRemote[[#This Row],[SalesOrderLineUnitOfMeasure]],2,2)),0)","v":1},{"$f":"IFERROR(IF(Tabla_Consulta_desde_QuickBooks_Data_64_Bit_QRemote[[#This Row],[SalesOrderLineUnitOfMeasure]]=\"un\",Tabla_Consulta_desde_QuickBooks_Data_64_Bit_QRemote[[#This Row],[SalesOrderLineInvoiced]],Tabla_Consulta_desde_QuickBooks_Data_64_Bit_QRemote[[#This Row],[SalesOrderLineInvoiced]]/MID(Tabla_Consulta_desde_QuickBooks_Data_64_Bit_QRemote[[#This Row],[SalesOrderLineUnitOfMeasure]],2,2)),0)","v":0},{"$f":"+Tabla_Consulta_desde_QuickBooks_Data_64_Bit_QRemote[[#This Row],[facturado]]-Tabla_Consulta_desde_QuickBooks_Data_64_Bit_QRemote[[#This Row],[pide]]","v":-1},{"$f":"IF(Tabla_Consulta_desde_QuickBooks_Data_64_Bit_QRemote[[#This Row],[diferecia]]=0,\"ok\",\"diferen\")","v":"diferen"},{"$f":"IFERROR(INDEX(um!A:C,MATCH(Tabla_Consulta_desde_QuickBooks_Data_64_Bit_QRemote[[#This Row],[SalesOrderLineItemRefFullName]],um!A:A,0),3),\"\")","v":"X12"},{"$f":"IFERROR(IF(OR(Tabla_Consulta_desde_QuickBooks_Data_64_Bit_QRemote[[#This Row],[SalesOrderLineUnitOfMeasure]]=\"UN\",Tabla_Consulta_desde_QuickBooks_Data_64_Bit_QRemote[[#This Row],[SalesOrderLineUnitOfMeasure]]=Tabla_Consulta_desde_QuickBooks_Data_64_Bit_QRemote[[#This Row],[U/M]]),\"\",\"ERROR\"),\"\")","v":""},{"$f":"+WEEKNUM(Tabla_Consulta_desde_QuickBooks_Data_64_Bit_QRemote[[#This Row],[TxnDate]])","v":23},{"$f":"+Tabla_Consulta_desde_QuickBooks_Data_64_Bit_QRemote[[#This Row],[SalesOrderLineRate]]*Tabla_Consulta_desde_QuickBooks_Data_64_Bit_QRemote[[#This Row],[SalesOrderLineInvoiced]]","v":0},{"$f":"+IFERROR(IF(Tabla_Consulta_desde_QuickBooks_Data_64_Bit_QRemote[[#This Row],[CustomerRefFullName]]=\"GRUVALCORP SA\",VLOOKUP(Tabla_Consulta_desde_QuickBooks_Data_64_Bit_QRemote[[#This Row],[SalesOrderLineItemRefFullName]],Hoja1!A:E,5,FALSE),\"\")*-Tabla_Consulta_desde_QuickBooks_Data_64_Bit_QRemote[[#This Row],[SalesOrderLineAmount]],\"\")","v":""},{"$f":"IF(COUNTIF(wms!E:E,Tabla_Consulta_desde_QuickBooks_Data_64_Bit_QRemote[[#This Row],[RefNumber]])>0,\"OK\",\"FALTA\")","v":"FALTA"}]
["2025-06-03","29134","GERARDO ORTIZ E HIJOS CIA. LTDA.","CM358835 MONAY",5,"705424000116","P.T:110207","AJÍ CON MARACUYA OLE 185G","Bodega Producto Terminado",24,"X24",1.42,34.08,"UNIDAD SALSA",0,400.32,460.37,"IVA EN VENTAS 15%",{"$f":"IFERROR(IF(Tabla_Consulta_desde_QuickBooks_Data_64_Bit_QRemote[[#This Row],[SalesOrderLineUnitOfMeasure]]=\"un\",Tabla_Consulta_desde_QuickBooks_Data_64_Bit_QRemote[[#This Row],[SalesOrderLineQuantity]],Tabla_Consulta_desde_QuickBooks_Data_64_Bit_QRemote[[#This Row],[SalesOrderLineQuantity]]/MID(Tabla_Consulta_desde_QuickBooks_Data_64_Bit_QRemote[[#This Row],[SalesOrderLineUnitOfMeasure]],2,2)),0)","v":1},{"$f":"IFERROR(IF(Tabla_Consulta_desde_QuickBooks_Data_64_Bit_QRemote[[#This Row],[SalesOrderLineUnitOfMeasure]]=\"un\",Tabla_Consulta_desde_QuickBooks_Data_64_Bit_QRemote[[#This Row],[SalesOrderLineInvoiced]],Tabla_Consulta_desde_QuickBooks_Data_64_Bit_QRemote[[#This Row],[SalesOrderLineInvoiced]]/MID(Tabla_Consulta_desde_QuickBooks_Data_64_Bit_QRemote[[#This Row],[SalesOrderLineUnitOfMeasure]],2,2)),0)","v":0},{"$f":"+Tabla_Consulta_desde_QuickBooks_Data_64_Bit_QRemote[[#This Row],[facturado]]-Tabla_Consulta_desde_QuickBooks_Data_64_Bit_QRemote[[#This Row],[pide]]","v":-1},{"$f":"IF(Tabla_Consulta_desde_QuickBooks_Data_64_Bit_QRemote[[#This Row],[diferecia]]=0,\"ok\",\"diferen\")","v":"diferen"},{"$f":"IFERROR(INDEX(um!A:C,MATCH(Tabla_Consulta_desde_QuickBooks_Data_64_Bit_QRemote[[#This Row],[SalesOrderLineItemRefFullName]],um!A:A,0),3),\"\")","v":"X24"},{"$f":"IFERROR(IF(OR(Tabla_Consulta_desde_QuickBooks_Data_64_Bit_QRemote[[#This Row],[SalesOrderLineUnitOfMeasure]]=\"UN\",Tabla_Consulta_desde_QuickBooks_Data_64_Bit_QRemote[[#This Row],[SalesOrderLineUnitOfMeasure]]=Tabla_Consulta_desde_QuickBooks_Data_64_Bit_QRemote[[#This Row],[U/M]]),\"\",\"ERROR\"),\"\")","v":""},{"$f":"+WEEKNUM(Tabla_Consulta_desde_QuickBooks_Data_64_Bit_QRemote[[#This Row],[TxnDate]])","v":23},{"$f":"+Tabla_Consulta_desde_QuickBooks_Data_64_Bit_QRemote[[#This Row],[SalesOrderLineRate]]*Tabla_Consulta_desde_QuickBooks_Data_64_Bit_QRemote[[#This Row],[SalesOrderLineInvoiced]]","v":0},{"$f":"+IFERROR(IF(Tabla_Consulta_desde_QuickBooks_Data_64_Bit_QRemote[[#This Row],[CustomerRefFullName]]=\"GRUVALCORP SA\",VLOOKUP(Tabla_Consulta_desde_QuickBooks_Data_64_Bit_QRemote[[#This Row],[SalesOrderLineItemRefFullName]],Hoja1!A:E,5,FALSE),\"\")*-Tabla_Consulta_desde_QuickBooks_Data_64_Bit_QRemote[[#This Row],[SalesOrderLineAmount]],\"\")","v":""},{"$f":"IF(COUNTIF(wms!E:E,Tabla_Consulta_desde_QuickBooks_Data_64_Bit_QRemote[[#This Row],[RefNumber]])>0,\"OK\",\"FALTA\")","v":"FALTA"}]
["2025-06-03","29134","GERARDO ORTIZ E HIJOS CIA. LTDA.","CM358835 MONAY",6,"705424000147","P.T:110209","AJÍ CON TOMATE DE ÁRBOL OLE 180G","Bodega Producto Terminado",24,"X24",1.42,34.08,"UNIDAD SALSA",0,400.32,460.37,"IVA EN VENTAS 15%",{"$f":"IFERROR(IF(Tabla_Consulta_desde_QuickBooks_Data_64_Bit_QRemote[[#This Row],[SalesOrderLineUnitOfMeasure]]=\"un\",Tabla_Consulta_desde_QuickBooks_Data_64_Bit_QRemote[[#This Row],[SalesOrderLineQuantity]],Tabla_Consulta_desde_QuickBooks_Data_64_Bit_QRemote[[#This Row],[SalesOrderLineQuantity]]/MID(Tabla_Consulta_desde_QuickBooks_Data_64_Bit_QRemote[[#This Row],[SalesOrderLineUnitOfMeasure]],2,2)),0)","v":1},{"$f":"IFERROR(IF(Tabla_Consulta_desde_QuickBooks_Data_64_Bit_QRemote[[#This Row],[SalesOrderLineUnitOfMeasure]]=\"un\",Tabla_Consulta_desde_QuickBooks_Data_64_Bit_QRemote[[#This Row],[SalesOrderLineInvoiced]],Tabla_Consulta_desde_QuickBooks_Data_64_Bit_QRemote[[#This Row],[SalesOrderLineInvoiced]]/MID(Tabla_Consulta_desde_QuickBooks_Data_64_Bit_QRemote[[#This Row],[SalesOrderLineUnitOfMeasure]],2,2)),0)","v":0},{"$f":"+Tabla_Consulta_desde_QuickBooks_Data_64_Bit_QRemote[[#This Row],[facturado]]-Tabla_Consulta_desde_QuickBooks_Data_64_Bit_QRemote[[#This Row],[pide]]","v":-1},{"$f":"IF(Tabla_Consulta_desde_QuickBooks_Data_64_Bit_QRemote[[#This Row],[diferecia]]=0,\"ok\",\"diferen\")","v":"diferen"},{"$f":"IFERROR(INDEX(um!A:C,MATCH(Tabla_Consulta_desde_QuickBooks_Data_64_Bit_QRemote[[#This Row],[SalesOrderLineItemRefFullName]],um!A:A,0),3),\"\")","v":"X24"},{"$f":"IFERROR(IF(OR(Tabla_Consulta_desde_QuickBooks_Data_64_Bit_QRemote[[#This Row],[SalesOrderLineUnitOfMeasure]]=\"UN\",Tabla_Consulta_desde_QuickBooks_Data_64_Bit_QRemote[[#This Row],[SalesOrderLineUnitOfMeasure]]=Tabla_Consulta_desde_QuickBooks_Data_64_Bit_QRemote[[#This Row],[U/M]]),\"\",\"ERROR\"),\"\")","v":""},{"$f":"+WEEKNUM(Tabla_Consulta_desde_QuickBooks_Data_64_Bit_QRemote[[#This Row],[TxnDate]])","v":23},{"$f":"+Tabla_Consulta_desde_QuickBooks_Data_64_Bit_QRemote[[#This Row],[SalesOrderLineRate]]*Tabla_Consulta_desde_QuickBooks_Data_64_Bit_QRemote[[#This Row],[SalesOrderLineInvoiced]]","v":0},{"$f":"+IFERROR(IF(Tabla_Consulta_desde_QuickBooks_Data_64_Bit_QRemote[[#This Row],[CustomerRefFullName]]=\"GRUVALCORP SA\",VLOOKUP(Tabla_Consulta_desde_QuickBooks_Data_64_Bit_QRemote[[#This Row],[SalesOrderLineItemRefFullName]],Hoja1!A:E,5,FALSE),\"\")*-Tabla_Consulta_desde_QuickBooks_Data_64_Bit_QRemote[[#This Row],[SalesOrderLineAmount]],\"\")","v":""},{"$f":"IF(COUNTIF(wms!E:E,Tabla_Consulta_desde_QuickBooks_Data_64_Bit_QRemote[[#This Row],[RefNumber]])>0,\"OK\",\"FALTA\")","v":"FALTA"}]
["2025-06-03","29134","GERARDO ORTIZ E HIJOS CIA. LTDA.","CM358835 MONAY",7,"7862112522787","P.T:311606","SALSA QUESO CHEDDAR OLE 200G","Bodega Producto Terminado",24,"X24",1.52,36.479999999999997,"UNIDAD SALSA",0,400.32,460.37,"IVA EN VENTAS 15%",{"$f":"IFERROR(IF(Tabla_Consulta_desde_QuickBooks_Data_64_Bit_QRemote[[#This Row],[SalesOrderLineUnitOfMeasure]]=\"un\",Tabla_Consulta_desde_QuickBooks_Data_64_Bit_QRemote[[#This Row],[SalesOrderLineQuantity]],Tabla_Consulta_desde_QuickBooks_Data_64_Bit_QRemote[[#This Row],[SalesOrderLineQuantity]]/MID(Tabla_Consulta_desde_QuickBooks_Data_64_Bit_QRemote[[#This Row],[SalesOrderLineUnitOfMeasure]],2,2)),0)","v":1},{"$f":"IFERROR(IF(Tabla_Consulta_desde_QuickBooks_Data_64_Bit_QRemote[[#This Row],[SalesOrderLineUnitOfMeasure]]=\"un\",Tabla_Consulta_desde_QuickBooks_Data_64_Bit_QRemote[[#This Row],[SalesOrderLineInvoiced]],Tabla_Consulta_desde_QuickBooks_Data_64_Bit_QRemote[[#This Row],[SalesOrderLineInvoiced]]/MID(Tabla_Consulta_desde_QuickBooks_Data_64_Bit_QRemote[[#This Row],[SalesOrderLineUnitOfMeasure]],2,2)),0)","v":0},{"$f":"+Tabla_Consulta_desde_QuickBooks_Data_64_Bit_QRemote[[#This Row],[facturado]]-Tabla_Consulta_desde_QuickBooks_Data_64_Bit_QRemote[[#This Row],[pide]]","v":-1},{"$f":"IF(Tabla_Consulta_desde_QuickBooks_Data_64_Bit_QRemote[[#This Row],[diferecia]]=0,\"ok\",\"diferen\")","v":"diferen"},{"$f":"IFERROR(INDEX(um!A:C,MATCH(Tabla_Consulta_desde_QuickBooks_Data_64_Bit_QRemote[[#This Row],[SalesOrderLineItemRefFullName]],um!A:A,0),3),\"\")","v":"X24"},{"$f":"IFERROR(IF(OR(Tabla_Consulta_desde_QuickBooks_Data_64_Bit_QRemote[[#This Row],[SalesOrderLineUnitOfMeasure]]=\"UN\",Tabla_Consulta_desde_QuickBooks_Data_64_Bit_QRemote[[#This Row],[SalesOrderLineUnitOfMeasure]]=Tabla_Consulta_desde_QuickBooks_Data_64_Bit_QRemote[[#This Row],[U/M]]),\"\",\"ERROR\"),\"\")","v":""},{"$f":"+WEEKNUM(Tabla_Consulta_desde_QuickBooks_Data_64_Bit_QRemote[[#This Row],[TxnDate]])","v":23},{"$f":"+Tabla_Consulta_desde_QuickBooks_Data_64_Bit_QRemote[[#This Row],[SalesOrderLineRate]]*Tabla_Consulta_desde_QuickBooks_Data_64_Bit_QRemote[[#This Row],[SalesOrderLineInvoiced]]","v":0},{"$f":"+IFERROR(IF(Tabla_Consulta_desde_QuickBooks_Data_64_Bit_QRemote[[#This Row],[CustomerRefFullName]]=\"GRUVALCORP SA\",VLOOKUP(Tabla_Consulta_desde_QuickBooks_Data_64_Bit_QRemote[[#This Row],[SalesOrderLineItemRefFullName]],Hoja1!A:E,5,FALSE),\"\")*-Tabla_Consulta_desde_QuickBooks_Data_64_Bit_QRemote[[#This Row],[SalesOrderLineAmount]],\"\")","v":""},{"$f":"IF(COUNTIF(wms!E:E,Tabla_Consulta_desde_QuickBooks_Data_64_Bit_QRemote[[#This Row],[RefNumber]])>0,\"OK\",\"FALTA\")","v":"FALTA"}]
["2025-06-03","29134","GERARDO ORTIZ E HIJOS CIA. LTDA.","CM358835 MONAY",8,"7862112522831","P.T:110226","SALSA EXTRAPICANTE CAROLINA REAPER OLE 100G","Bodega Producto Terminado",12,"X12",1.05,12.6,"UNIDAD SALSA",0,400.32,460.37,"IVA EN VENTAS 15%",{"$f":"IFERROR(IF(Tabla_Consulta_desde_QuickBooks_Data_64_Bit_QRemote[[#This Row],[SalesOrderLineUnitOfMeasure]]=\"un\",Tabla_Consulta_desde_QuickBooks_Data_64_Bit_QRemote[[#This Row],[SalesOrderLineQuantity]],Tabla_Consulta_desde_QuickBooks_Data_64_Bit_QRemote[[#This Row],[SalesOrderLineQuantity]]/MID(Tabla_Consulta_desde_QuickBooks_Data_64_Bit_QRemote[[#This Row],[SalesOrderLineUnitOfMeasure]],2,2)),0)","v":1},{"$f":"IFERROR(IF(Tabla_Consulta_desde_QuickBooks_Data_64_Bit_QRemote[[#This Row],[SalesOrderLineUnitOfMeasure]]=\"un\",Tabla_Consulta_desde_QuickBooks_Data_64_Bit_QRemote[[#This Row],[SalesOrderLineInvoiced]],Tabla_Consulta_desde_QuickBooks_Data_64_Bit_QRemote[[#This Row],[SalesOrderLineInvoiced]]/MID(Tabla_Consulta_desde_QuickBooks_Data_64_Bit_QRemote[[#This Row],[SalesOrderLineUnitOfMeasure]],2,2)),0)","v":0},{"$f":"+Tabla_Consulta_desde_QuickBooks_Data_64_Bit_QRemote[[#This Row],[facturado]]-Tabla_Consulta_desde_QuickBooks_Data_64_Bit_QRemote[[#This Row],[pide]]","v":-1},{"$f":"IF(Tabla_Consulta_desde_QuickBooks_Data_64_Bit_QRemote[[#This Row],[diferecia]]=0,\"ok\",\"diferen\")","v":"diferen"},{"$f":"IFERROR(INDEX(um!A:C,MATCH(Tabla_Consulta_desde_QuickBooks_Data_64_Bit_QRemote[[#This Row],[SalesOrderLineItemRefFullName]],um!A:A,0),3),\"\")","v":"X12"},{"$f":"IFERROR(IF(OR(Tabla_Consulta_desde_QuickBooks_Data_64_Bit_QRemote[[#This Row],[SalesOrderLineUnitOfMeasure]]=\"UN\",Tabla_Consulta_desde_QuickBooks_Data_64_Bit_QRemote[[#This Row],[SalesOrderLineUnitOfMeasure]]=Tabla_Consulta_desde_QuickBooks_Data_64_Bit_QRemote[[#This Row],[U/M]]),\"\",\"ERROR\"),\"\")","v":""},{"$f":"+WEEKNUM(Tabla_Consulta_desde_QuickBooks_Data_64_Bit_QRemote[[#This Row],[TxnDate]])","v":23},{"$f":"+Tabla_Consulta_desde_QuickBooks_Data_64_Bit_QRemote[[#This Row],[SalesOrderLineRate]]*Tabla_Consulta_desde_QuickBooks_Data_64_Bit_QRemote[[#This Row],[SalesOrderLineInvoiced]]","v":0},{"$f":"+IFERROR(IF(Tabla_Consulta_desde_QuickBooks_Data_64_Bit_QRemote[[#This Row],[CustomerRefFullName]]=\"GRUVALCORP SA\",VLOOKUP(Tabla_Consulta_desde_QuickBooks_Data_64_Bit_QRemote[[#This Row],[SalesOrderLineItemRefFullName]],Hoja1!A:E,5,FALSE),\"\")*-Tabla_Consulta_desde_QuickBooks_Data_64_Bit_QRemote[[#This Row],[SalesOrderLineAmount]],\"\")","v":""},{"$f":"IF(COUNTIF(wms!E:E,Tabla_Consulta_desde_QuickBooks_Data_64_Bit_QRemote[[#This Row],[RefNumber]])>0,\"OK\",\"FALTA\")","v":"FALTA"}]
["2025-06-03","29134","GERARDO ORTIZ E HIJOS CIA. LTDA.","CM358835 MONAY",9,"7862112522985","P.T:110704","DIP DE FREJOL OLE 230G","Bodega Producto Terminado",12,"X12",1.51,18.12,"UNIDAD SALSA",0,400.32,460.37,"IVA EN VENTAS 15%",{"$f":"IFERROR(IF(Tabla_Consulta_desde_QuickBooks_Data_64_Bit_QRemote[[#This Row],[SalesOrderLineUnitOfMeasure]]=\"un\",Tabla_Consulta_desde_QuickBooks_Data_64_Bit_QRemote[[#This Row],[SalesOrderLineQuantity]],Tabla_Consulta_desde_QuickBooks_Data_64_Bit_QRemote[[#This Row],[SalesOrderLineQuantity]]/MID(Tabla_Consulta_desde_QuickBooks_Data_64_Bit_QRemote[[#This Row],[SalesOrderLineUnitOfMeasure]],2,2)),0)","v":1},{"$f":"IFERROR(IF(Tabla_Consulta_desde_QuickBooks_Data_64_Bit_QRemote[[#This Row],[SalesOrderLineUnitOfMeasure]]=\"un\",Tabla_Consulta_desde_QuickBooks_Data_64_Bit_QRemote[[#This Row],[SalesOrderLineInvoiced]],Tabla_Consulta_desde_QuickBooks_Data_64_Bit_QRemote[[#This Row],[SalesOrderLineInvoiced]]/MID(Tabla_Consulta_desde_QuickBooks_Data_64_Bit_QRemote[[#This Row],[SalesOrderLineUnitOfMeasure]],2,2)),0)","v":0},{"$f":"+Tabla_Consulta_desde_QuickBooks_Data_64_Bit_QRemote[[#This Row],[facturado]]-Tabla_Consulta_desde_QuickBooks_Data_64_Bit_QRemote[[#This Row],[pide]]","v":-1},{"$f":"IF(Tabla_Consulta_desde_QuickBooks_Data_64_Bit_QRemote[[#This Row],[diferecia]]=0,\"ok\",\"diferen\")","v":"diferen"},{"$f":"IFERROR(INDEX(um!A:C,MATCH(Tabla_Consulta_desde_QuickBooks_Data_64_Bit_QRemote[[#This Row],[SalesOrderLineItemRefFullName]],um!A:A,0),3),\"\")","v":"X12"},{"$f":"IFERROR(IF(OR(Tabla_Consulta_desde_QuickBooks_Data_64_Bit_QRemote[[#This Row],[SalesOrderLineUnitOfMeasure]]=\"UN\",Tabla_Consulta_desde_QuickBooks_Data_64_Bit_QRemote[[#This Row],[SalesOrderLineUnitOfMeasure]]=Tabla_Consulta_desde_QuickBooks_Data_64_Bit_QRemote[[#This Row],[U/M]]),\"\",\"ERROR\"),\"\")","v":""},{"$f":"+WEEKNUM(Tabla_Consulta_desde_QuickBooks_Data_64_Bit_QRemote[[#This Row],[TxnDate]])","v":23},{"$f":"+Tabla_Consulta_desde_QuickBooks_Data_64_Bit_QRemote[[#This Row],[SalesOrderLineRate]]*Tabla_Consulta_desde_QuickBooks_Data_64_Bit_QRemote[[#This Row],[SalesOrderLineInvoiced]]","v":0},{"$f":"+IFERROR(IF(Tabla_Consulta_desde_QuickBooks_Data_64_Bit_QRemote[[#This Row],[CustomerRefFullName]]=\"GRUVALCORP SA\",VLOOKUP(Tabla_Consulta_desde_QuickBooks_Data_64_Bit_QRemote[[#This Row],[SalesOrderLineItemRefFullName]],Hoja1!A:E,5,FALSE),\"\")*-Tabla_Consulta_desde_QuickBooks_Data_64_Bit_QRemote[[#This Row],[SalesOrderLineAmount]],\"\")","v":""},{"$f":"IF(COUNTIF(wms!E:E,Tabla_Consulta_desde_QuickBooks_Data_64_Bit_QRemote[[#This Row],[RefNumber]])>0,\"OK\",\"FALTA\")","v":"FALTA"}]
["2025-06-03","29134","GERARDO ORTIZ E HIJOS CIA. LTDA.","CM358835 MONAY",10,"7862112521544","P.T:110224","SALSA SRIRACHA PICANTE OLE 285G","Bodega Producto Terminado",12,"X12",2.83,33.96,"UNIDAD SALSA",0,400.32,460.37,"IVA EN VENTAS 15%",{"$f":"IFERROR(IF(Tabla_Consulta_desde_QuickBooks_Data_64_Bit_QRemote[[#This Row],[SalesOrderLineUnitOfMeasure]]=\"un\",Tabla_Consulta_desde_QuickBooks_Data_64_Bit_QRemote[[#This Row],[SalesOrderLineQuantity]],Tabla_Consulta_desde_QuickBooks_Data_64_Bit_QRemote[[#This Row],[SalesOrderLineQuantity]]/MID(Tabla_Consulta_desde_QuickBooks_Data_64_Bit_QRemote[[#This Row],[SalesOrderLineUnitOfMeasure]],2,2)),0)","v":1},{"$f":"IFERROR(IF(Tabla_Consulta_desde_QuickBooks_Data_64_Bit_QRemote[[#This Row],[SalesOrderLineUnitOfMeasure]]=\"un\",Tabla_Consulta_desde_QuickBooks_Data_64_Bit_QRemote[[#This Row],[SalesOrderLineInvoiced]],Tabla_Consulta_desde_QuickBooks_Data_64_Bit_QRemote[[#This Row],[SalesOrderLineInvoiced]]/MID(Tabla_Consulta_desde_QuickBooks_Data_64_Bit_QRemote[[#This Row],[SalesOrderLineUnitOfMeasure]],2,2)),0)","v":0},{"$f":"+Tabla_Consulta_desde_QuickBooks_Data_64_Bit_QRemote[[#This Row],[facturado]]-Tabla_Consulta_desde_QuickBooks_Data_64_Bit_QRemote[[#This Row],[pide]]","v":-1},{"$f":"IF(Tabla_Consulta_desde_QuickBooks_Data_64_Bit_QRemote[[#This Row],[diferecia]]=0,\"ok\",\"diferen\")","v":"diferen"},{"$f":"IFERROR(INDEX(um!A:C,MATCH(Tabla_Consulta_desde_QuickBooks_Data_64_Bit_QRemote[[#This Row],[SalesOrderLineItemRefFullName]],um!A:A,0),3),\"\")","v":"X12"},{"$f":"IFERROR(IF(OR(Tabla_Consulta_desde_QuickBooks_Data_64_Bit_QRemote[[#This Row],[SalesOrderLineUnitOfMeasure]]=\"UN\",Tabla_Consulta_desde_QuickBooks_Data_64_Bit_QRemote[[#This Row],[SalesOrderLineUnitOfMeasure]]=Tabla_Consulta_desde_QuickBooks_Data_64_Bit_QRemote[[#This Row],[U/M]]),\"\",\"ERROR\"),\"\")","v":""},{"$f":"+WEEKNUM(Tabla_Consulta_desde_QuickBooks_Data_64_Bit_QRemote[[#This Row],[TxnDate]])","v":23},{"$f":"+Tabla_Consulta_desde_QuickBooks_Data_64_Bit_QRemote[[#This Row],[SalesOrderLineRate]]*Tabla_Consulta_desde_QuickBooks_Data_64_Bit_QRemote[[#This Row],[SalesOrderLineInvoiced]]","v":0},{"$f":"+IFERROR(IF(Tabla_Consulta_desde_QuickBooks_Data_64_Bit_QRemote[[#This Row],[CustomerRefFullName]]=\"GRUVALCORP SA\",VLOOKUP(Tabla_Consulta_desde_QuickBooks_Data_64_Bit_QRemote[[#This Row],[SalesOrderLineItemRefFullName]],Hoja1!A:E,5,FALSE),\"\")*-Tabla_Consulta_desde_QuickBooks_Data_64_Bit_QRemote[[#This Row],[SalesOrderLineAmount]],\"\")","v":""},{"$f":"IF(COUNTIF(wms!E:E,Tabla_Consulta_desde_QuickBooks_Data_64_Bit_QRemote[[#This Row],[RefNumber]])>0,\"OK\",\"FALTA\")","v":"FALTA"}]
["2025-06-03","29134","GERARDO ORTIZ E HIJOS CIA. LTDA.","CM358835 MONAY",11,"7862112521599","P.T:110214","SALSA AJÍ MANABA OLE 300G","Bodega Producto Terminado",12,"X12",2.12,25.44,"UNIDAD SALSA",0,400.32,460.37,"IVA EN VENTAS 15%",{"$f":"IFERROR(IF(Tabla_Consulta_desde_QuickBooks_Data_64_Bit_QRemote[[#This Row],[SalesOrderLineUnitOfMeasure]]=\"un\",Tabla_Consulta_desde_QuickBooks_Data_64_Bit_QRemote[[#This Row],[SalesOrderLineQuantity]],Tabla_Consulta_desde_QuickBooks_Data_64_Bit_QRemote[[#This Row],[SalesOrderLineQuantity]]/MID(Tabla_Consulta_desde_QuickBooks_Data_64_Bit_QRemote[[#This Row],[SalesOrderLineUnitOfMeasure]],2,2)),0)","v":1},{"$f":"IFERROR(IF(Tabla_Consulta_desde_QuickBooks_Data_64_Bit_QRemote[[#This Row],[SalesOrderLineUnitOfMeasure]]=\"un\",Tabla_Consulta_desde_QuickBooks_Data_64_Bit_QRemote[[#This Row],[SalesOrderLineInvoiced]],Tabla_Consulta_desde_QuickBooks_Data_64_Bit_QRemote[[#This Row],[SalesOrderLineInvoiced]]/MID(Tabla_Consulta_desde_QuickBooks_Data_64_Bit_QRemote[[#This Row],[SalesOrderLineUnitOfMeasure]],2,2)),0)","v":0},{"$f":"+Tabla_Consulta_desde_QuickBooks_Data_64_Bit_QRemote[[#This Row],[facturado]]-Tabla_Consulta_desde_QuickBooks_Data_64_Bit_QRemote[[#This Row],[pide]]","v":-1},{"$f":"IF(Tabla_Consulta_desde_QuickBooks_Data_64_Bit_QRemote[[#This Row],[diferecia]]=0,\"ok\",\"diferen\")","v":"diferen"},{"$f":"IFERROR(INDEX(um!A:C,MATCH(Tabla_Consulta_desde_QuickBooks_Data_64_Bit_QRemote[[#This Row],[SalesOrderLineItemRefFullName]],um!A:A,0),3),\"\")","v":"X12"},{"$f":"IFERROR(IF(OR(Tabla_Consulta_desde_QuickBooks_Data_64_Bit_QRemote[[#This Row],[SalesOrderLineUnitOfMeasure]]=\"UN\",Tabla_Consulta_desde_QuickBooks_Data_64_Bit_QRemote[[#This Row],[SalesOrderLineUnitOfMeasure]]=Tabla_Consulta_desde_QuickBooks_Data_64_Bit_QRemote[[#This Row],[U/M]]),\"\",\"ERROR\"),\"\")","v":""},{"$f":"+WEEKNUM(Tabla_Consulta_desde_QuickBooks_Data_64_Bit_QRemote[[#This Row],[TxnDate]])","v":23},{"$f":"+Tabla_Consulta_desde_QuickBooks_Data_64_Bit_QRemote[[#This Row],[SalesOrderLineRate]]*Tabla_Consulta_desde_QuickBooks_Data_64_Bit_QRemote[[#This Row],[SalesOrderLineInvoiced]]","v":0},{"$f":"+IFERROR(IF(Tabla_Consulta_desde_QuickBooks_Data_64_Bit_QRemote[[#This Row],[CustomerRefFullName]]=\"GRUVALCORP SA\",VLOOKUP(Tabla_Consulta_desde_QuickBooks_Data_64_Bit_QRemote[[#This Row],[SalesOrderLineItemRefFullName]],Hoja1!A:E,5,FALSE),\"\")*-Tabla_Consulta_desde_QuickBooks_Data_64_Bit_QRemote[[#This Row],[SalesOrderLineAmount]],\"\")","v":""},{"$f":"IF(COUNTIF(wms!E:E,Tabla_Consulta_desde_QuickBooks_Data_64_Bit_QRemote[[#This Row],[RefNumber]])>0,\"OK\",\"FALTA\")","v":"FALTA"}]
["2025-06-03","29134","GERARDO ORTIZ E HIJOS CIA. LTDA.","CM358835 MONAY",12,"7862112522183","P.T:110733","SALSA GUACAMOLE OLE 220G","Bodega Producto Terminado",12,"X12",1.66,19.920000000000002,"UNIDAD SALSA",0,400.32,460.37,"IVA EN VENTAS 15%",{"$f":"IFERROR(IF(Tabla_Consulta_desde_QuickBooks_Data_64_Bit_QRemote[[#This Row],[SalesOrderLineUnitOfMeasure]]=\"un\",Tabla_Consulta_desde_QuickBooks_Data_64_Bit_QRemote[[#This Row],[SalesOrderLineQuantity]],Tabla_Consulta_desde_QuickBooks_Data_64_Bit_QRemote[[#This Row],[SalesOrderLineQuantity]]/MID(Tabla_Consulta_desde_QuickBooks_Data_64_Bit_QRemote[[#This Row],[SalesOrderLineUnitOfMeasure]],2,2)),0)","v":1},{"$f":"IFERROR(IF(Tabla_Consulta_desde_QuickBooks_Data_64_Bit_QRemote[[#This Row],[SalesOrderLineUnitOfMeasure]]=\"un\",Tabla_Consulta_desde_QuickBooks_Data_64_Bit_QRemote[[#This Row],[SalesOrderLineInvoiced]],Tabla_Consulta_desde_QuickBooks_Data_64_Bit_QRemote[[#This Row],[SalesOrderLineInvoiced]]/MID(Tabla_Consulta_desde_QuickBooks_Data_64_Bit_QRemote[[#This Row],[SalesOrderLineUnitOfMeasure]],2,2)),0)","v":0},{"$f":"+Tabla_Consulta_desde_QuickBooks_Data_64_Bit_QRemote[[#This Row],[facturado]]-Tabla_Consulta_desde_QuickBooks_Data_64_Bit_QRemote[[#This Row],[pide]]","v":-1},{"$f":"IF(Tabla_Consulta_desde_QuickBooks_Data_64_Bit_QRemote[[#This Row],[diferecia]]=0,\"ok\",\"diferen\")","v":"diferen"},{"$f":"IFERROR(INDEX(um!A:C,MATCH(Tabla_Consulta_desde_QuickBooks_Data_64_Bit_QRemote[[#This Row],[SalesOrderLineItemRefFullName]],um!A:A,0),3),\"\")","v":"X12"},{"$f":"IFERROR(IF(OR(Tabla_Consulta_desde_QuickBooks_Data_64_Bit_QRemote[[#This Row],[SalesOrderLineUnitOfMeasure]]=\"UN\",Tabla_Consulta_desde_QuickBooks_Data_64_Bit_QRemote[[#This Row],[SalesOrderLineUnitOfMeasure]]=Tabla_Consulta_desde_QuickBooks_Data_64_Bit_QRemote[[#This Row],[U/M]]),\"\",\"ERROR\"),\"\")","v":""},{"$f":"+WEEKNUM(Tabla_Consulta_desde_QuickBooks_Data_64_Bit_QRemote[[#This Row],[TxnDate]])","v":23},{"$f":"+Tabla_Consulta_desde_QuickBooks_Data_64_Bit_QRemote[[#This Row],[SalesOrderLineRate]]*Tabla_Consulta_desde_QuickBooks_Data_64_Bit_QRemote[[#This Row],[SalesOrderLineInvoiced]]","v":0},{"$f":"+IFERROR(IF(Tabla_Consulta_desde_QuickBooks_Data_64_Bit_QRemote[[#This Row],[CustomerRefFullName]]=\"GRUVALCORP SA\",VLOOKUP(Tabla_Consulta_desde_QuickBooks_Data_64_Bit_QRemote[[#This Row],[SalesOrderLineItemRefFullName]],Hoja1!A:E,5,FALSE),\"\")*-Tabla_Consulta_desde_QuickBooks_Data_64_Bit_QRemote[[#This Row],[SalesOrderLineAmount]],\"\")","v":""},{"$f":"IF(COUNTIF(wms!E:E,Tabla_Consulta_desde_QuickBooks_Data_64_Bit_QRemote[[#This Row],[RefNumber]])>0,\"OK\",\"FALTA\")","v":"FALTA"}]
["2025-06-03","29134","GERARDO ORTIZ E HIJOS CIA. LTDA.","CM358835 MONAY",13,"7862112522503","P.T:110802","SALSA AJÍ ROCOTO CREMOSO OLE DP 200G","Bodega Producto Terminado",12,"X12",1.22,14.64,"UNIDAD SALSA",0,400.32,460.37,"IVA EN VENTAS 15%",{"$f":"IFERROR(IF(Tabla_Consulta_desde_QuickBooks_Data_64_Bit_QRemote[[#This Row],[SalesOrderLineUnitOfMeasure]]=\"un\",Tabla_Consulta_desde_QuickBooks_Data_64_Bit_QRemote[[#This Row],[SalesOrderLineQuantity]],Tabla_Consulta_desde_QuickBooks_Data_64_Bit_QRemote[[#This Row],[SalesOrderLineQuantity]]/MID(Tabla_Consulta_desde_QuickBooks_Data_64_Bit_QRemote[[#This Row],[SalesOrderLineUnitOfMeasure]],2,2)),0)","v":1},{"$f":"IFERROR(IF(Tabla_Consulta_desde_QuickBooks_Data_64_Bit_QRemote[[#This Row],[SalesOrderLineUnitOfMeasure]]=\"un\",Tabla_Consulta_desde_QuickBooks_Data_64_Bit_QRemote[[#This Row],[SalesOrderLineInvoiced]],Tabla_Consulta_desde_QuickBooks_Data_64_Bit_QRemote[[#This Row],[SalesOrderLineInvoiced]]/MID(Tabla_Consulta_desde_QuickBooks_Data_64_Bit_QRemote[[#This Row],[SalesOrderLineUnitOfMeasure]],2,2)),0)","v":0},{"$f":"+Tabla_Consulta_desde_QuickBooks_Data_64_Bit_QRemote[[#This Row],[facturado]]-Tabla_Consulta_desde_QuickBooks_Data_64_Bit_QRemote[[#This Row],[pide]]","v":-1},{"$f":"IF(Tabla_Consulta_desde_QuickBooks_Data_64_Bit_QRemote[[#This Row],[diferecia]]=0,\"ok\",\"diferen\")","v":"diferen"},{"$f":"IFERROR(INDEX(um!A:C,MATCH(Tabla_Consulta_desde_QuickBooks_Data_64_Bit_QRemote[[#This Row],[SalesOrderLineItemRefFullName]],um!A:A,0),3),\"\")","v":"X12"},{"$f":"IFERROR(IF(OR(Tabla_Consulta_desde_QuickBooks_Data_64_Bit_QRemote[[#This Row],[SalesOrderLineUnitOfMeasure]]=\"UN\",Tabla_Consulta_desde_QuickBooks_Data_64_Bit_QRemote[[#This Row],[SalesOrderLineUnitOfMeasure]]=Tabla_Consulta_desde_QuickBooks_Data_64_Bit_QRemote[[#This Row],[U/M]]),\"\",\"ERROR\"),\"\")","v":""},{"$f":"+WEEKNUM(Tabla_Consulta_desde_QuickBooks_Data_64_Bit_QRemote[[#This Row],[TxnDate]])","v":23},{"$f":"+Tabla_Consulta_desde_QuickBooks_Data_64_Bit_QRemote[[#This Row],[SalesOrderLineRate]]*Tabla_Consulta_desde_QuickBooks_Data_64_Bit_QRemote[[#This Row],[SalesOrderLineInvoiced]]","v":0},{"$f":"+IFERROR(IF(Tabla_Consulta_desde_QuickBooks_Data_64_Bit_QRemote[[#This Row],[CustomerRefFullName]]=\"GRUVALCORP SA\",VLOOKUP(Tabla_Consulta_desde_QuickBooks_Data_64_Bit_QRemote[[#This Row],[SalesOrderLineItemRefFullName]],Hoja1!A:E,5,FALSE),\"\")*-Tabla_Consulta_desde_QuickBooks_Data_64_Bit_QRemote[[#This Row],[SalesOrderLineAmount]],\"\")","v":""},{"$f":"IF(COUNTIF(wms!E:E,Tabla_Consulta_desde_QuickBooks_Data_64_Bit_QRemote[[#This Row],[RefNumber]])>0,\"OK\",\"FALTA\")","v":"FALTA"}]
["2025-06-03","29134","GERARDO ORTIZ E HIJOS CIA. LTDA.","CM358835 MONAY",14,"7862112522527","P.T:110803","SALSA GUACAMOLE ORIGINAL OLE DP 200G","Bodega Producto Terminado",12,"X12",1.39,16.68,"UNIDAD SALSA",0,400.32,460.37,"IVA EN VENTAS 15%",{"$f":"IFERROR(IF(Tabla_Consulta_desde_QuickBooks_Data_64_Bit_QRemote[[#This Row],[SalesOrderLineUnitOfMeasure]]=\"un\",Tabla_Consulta_desde_QuickBooks_Data_64_Bit_QRemote[[#This Row],[SalesOrderLineQuantity]],Tabla_Consulta_desde_QuickBooks_Data_64_Bit_QRemote[[#This Row],[SalesOrderLineQuantity]]/MID(Tabla_Consulta_desde_QuickBooks_Data_64_Bit_QRemote[[#This Row],[SalesOrderLineUnitOfMeasure]],2,2)),0)","v":1},{"$f":"IFERROR(IF(Tabla_Consulta_desde_QuickBooks_Data_64_Bit_QRemote[[#This Row],[SalesOrderLineUnitOfMeasure]]=\"un\",Tabla_Consulta_desde_QuickBooks_Data_64_Bit_QRemote[[#This Row],[SalesOrderLineInvoiced]],Tabla_Consulta_desde_QuickBooks_Data_64_Bit_QRemote[[#This Row],[SalesOrderLineInvoiced]]/MID(Tabla_Consulta_desde_QuickBooks_Data_64_Bit_QRemote[[#This Row],[SalesOrderLineUnitOfMeasure]],2,2)),0)","v":0},{"$f":"+Tabla_Consulta_desde_QuickBooks_Data_64_Bit_QRemote[[#This Row],[facturado]]-Tabla_Consulta_desde_QuickBooks_Data_64_Bit_QRemote[[#This Row],[pide]]","v":-1},{"$f":"IF(Tabla_Consulta_desde_QuickBooks_Data_64_Bit_QRemote[[#This Row],[diferecia]]=0,\"ok\",\"diferen\")","v":"diferen"},{"$f":"IFERROR(INDEX(um!A:C,MATCH(Tabla_Consulta_desde_QuickBooks_Data_64_Bit_QRemote[[#This Row],[SalesOrderLineItemRefFullName]],um!A:A,0),3),\"\")","v":"X12"},{"$f":"IFERROR(IF(OR(Tabla_Consulta_desde_QuickBooks_Data_64_Bit_QRemote[[#This Row],[SalesOrderLineUnitOfMeasure]]=\"UN\",Tabla_Consulta_desde_QuickBooks_Data_64_Bit_QRemote[[#This Row],[SalesOrderLineUnitOfMeasure]]=Tabla_Consulta_desde_QuickBooks_Data_64_Bit_QRemote[[#This Row],[U/M]]),\"\",\"ERROR\"),\"\")","v":""},{"$f":"+WEEKNUM(Tabla_Consulta_desde_QuickBooks_Data_64_Bit_QRemote[[#This Row],[TxnDate]])","v":23},{"$f":"+Tabla_Consulta_desde_QuickBooks_Data_64_Bit_QRemote[[#This Row],[SalesOrderLineRate]]*Tabla_Consulta_desde_QuickBooks_Data_64_Bit_QRemote[[#This Row],[SalesOrderLineInvoiced]]","v":0},{"$f":"+IFERROR(IF(Tabla_Consulta_desde_QuickBooks_Data_64_Bit_QRemote[[#This Row],[CustomerRefFullName]]=\"GRUVALCORP SA\",VLOOKUP(Tabla_Consulta_desde_QuickBooks_Data_64_Bit_QRemote[[#This Row],[SalesOrderLineItemRefFullName]],Hoja1!A:E,5,FALSE),\"\")*-Tabla_Consulta_desde_QuickBooks_Data_64_Bit_QRemote[[#This Row],[SalesOrderLineAmount]],\"\")","v":""},{"$f":"IF(COUNTIF(wms!E:E,Tabla_Consulta_desde_QuickBooks_Data_64_Bit_QRemote[[#This Row],[RefNumber]])>0,\"OK\",\"FALTA\")","v":"FALTA"}]
["2025-06-03","29134","GERARDO ORTIZ E HIJOS CIA. LTDA.","CM358835 MONAY",15,"7862112522473","PT:220134","TOTOPOS MICHELADA OLE 120G","Bodega Producto Terminado",12,"X12",0.93,11.16,"UNIDAD SNCKS",0,400.32,460.37,"IVA EN VENTAS 15%",{"$f":"IFERROR(IF(Tabla_Consulta_desde_QuickBooks_Data_64_Bit_QRemote[[#This Row],[SalesOrderLineUnitOfMeasure]]=\"un\",Tabla_Consulta_desde_QuickBooks_Data_64_Bit_QRemote[[#This Row],[SalesOrderLineQuantity]],Tabla_Consulta_desde_QuickBooks_Data_64_Bit_QRemote[[#This Row],[SalesOrderLineQuantity]]/MID(Tabla_Consulta_desde_QuickBooks_Data_64_Bit_QRemote[[#This Row],[SalesOrderLineUnitOfMeasure]],2,2)),0)","v":1},{"$f":"IFERROR(IF(Tabla_Consulta_desde_QuickBooks_Data_64_Bit_QRemote[[#This Row],[SalesOrderLineUnitOfMeasure]]=\"un\",Tabla_Consulta_desde_QuickBooks_Data_64_Bit_QRemote[[#This Row],[SalesOrderLineInvoiced]],Tabla_Consulta_desde_QuickBooks_Data_64_Bit_QRemote[[#This Row],[SalesOrderLineInvoiced]]/MID(Tabla_Consulta_desde_QuickBooks_Data_64_Bit_QRemote[[#This Row],[SalesOrderLineUnitOfMeasure]],2,2)),0)","v":0},{"$f":"+Tabla_Consulta_desde_QuickBooks_Data_64_Bit_QRemote[[#This Row],[facturado]]-Tabla_Consulta_desde_QuickBooks_Data_64_Bit_QRemote[[#This Row],[pide]]","v":-1},{"$f":"IF(Tabla_Consulta_desde_QuickBooks_Data_64_Bit_QRemote[[#This Row],[diferecia]]=0,\"ok\",\"diferen\")","v":"diferen"},{"$f":"IFERROR(INDEX(um!A:C,MATCH(Tabla_Consulta_desde_QuickBooks_Data_64_Bit_QRemote[[#This Row],[SalesOrderLineItemRefFullName]],um!A:A,0),3),\"\")","v":"X12"},{"$f":"IFERROR(IF(OR(Tabla_Consulta_desde_QuickBooks_Data_64_Bit_QRemote[[#This Row],[SalesOrderLineUnitOfMeasure]]=\"UN\",Tabla_Consulta_desde_QuickBooks_Data_64_Bit_QRemote[[#This Row],[SalesOrderLineUnitOfMeasure]]=Tabla_Consulta_desde_QuickBooks_Data_64_Bit_QRemote[[#This Row],[U/M]]),\"\",\"ERROR\"),\"\")","v":""},{"$f":"+WEEKNUM(Tabla_Consulta_desde_QuickBooks_Data_64_Bit_QRemote[[#This Row],[TxnDate]])","v":23},{"$f":"+Tabla_Consulta_desde_QuickBooks_Data_64_Bit_QRemote[[#This Row],[SalesOrderLineRate]]*Tabla_Consulta_desde_QuickBooks_Data_64_Bit_QRemote[[#This Row],[SalesOrderLineInvoiced]]","v":0},{"$f":"+IFERROR(IF(Tabla_Consulta_desde_QuickBooks_Data_64_Bit_QRemote[[#This Row],[CustomerRefFullName]]=\"GRUVALCORP SA\",VLOOKUP(Tabla_Consulta_desde_QuickBooks_Data_64_Bit_QRemote[[#This Row],[SalesOrderLineItemRefFullName]],Hoja1!A:E,5,FALSE),\"\")*-Tabla_Consulta_desde_QuickBooks_Data_64_Bit_QRemote[[#This Row],[SalesOrderLineAmount]],\"\")","v":""},{"$f":"IF(COUNTIF(wms!E:E,Tabla_Consulta_desde_QuickBooks_Data_64_Bit_QRemote[[#This Row],[RefNumber]])>0,\"OK\",\"FALTA\")","v":"FALTA"}]
["2025-06-03","29134","GERARDO ORTIZ E HIJOS CIA. LTDA.","CM358835 MONAY",16,"7862112522367","PT:220132","TOTOPOS NATURAL OLE 300G","Bodega Producto Terminado",24,"X12",1.67,40.08,"UNIDAD SNCKS",0,400.32,460.37,"IVA EN VENTAS 15%",{"$f":"IFERROR(IF(Tabla_Consulta_desde_QuickBooks_Data_64_Bit_QRemote[[#This Row],[SalesOrderLineUnitOfMeasure]]=\"un\",Tabla_Consulta_desde_QuickBooks_Data_64_Bit_QRemote[[#This Row],[SalesOrderLineQuantity]],Tabla_Consulta_desde_QuickBooks_Data_64_Bit_QRemote[[#This Row],[SalesOrderLineQuantity]]/MID(Tabla_Consulta_desde_QuickBooks_Data_64_Bit_QRemote[[#This Row],[SalesOrderLineUnitOfMeasure]],2,2)),0)","v":2},{"$f":"IFERROR(IF(Tabla_Consulta_desde_QuickBooks_Data_64_Bit_QRemote[[#This Row],[SalesOrderLineUnitOfMeasure]]=\"un\",Tabla_Consulta_desde_QuickBooks_Data_64_Bit_QRemote[[#This Row],[SalesOrderLineInvoiced]],Tabla_Consulta_desde_QuickBooks_Data_64_Bit_QRemote[[#This Row],[SalesOrderLineInvoiced]]/MID(Tabla_Consulta_desde_QuickBooks_Data_64_Bit_QRemote[[#This Row],[SalesOrderLineUnitOfMeasure]],2,2)),0)","v":0},{"$f":"+Tabla_Consulta_desde_QuickBooks_Data_64_Bit_QRemote[[#This Row],[facturado]]-Tabla_Consulta_desde_QuickBooks_Data_64_Bit_QRemote[[#This Row],[pide]]","v":-2},{"$f":"IF(Tabla_Consulta_desde_QuickBooks_Data_64_Bit_QRemote[[#This Row],[diferecia]]=0,\"ok\",\"diferen\")","v":"diferen"},{"$f":"IFERROR(INDEX(um!A:C,MATCH(Tabla_Consulta_desde_QuickBooks_Data_64_Bit_QRemote[[#This Row],[SalesOrderLineItemRefFullName]],um!A:A,0),3),\"\")","v":"X12"},{"$f":"IFERROR(IF(OR(Tabla_Consulta_desde_QuickBooks_Data_64_Bit_QRemote[[#This Row],[SalesOrderLineUnitOfMeasure]]=\"UN\",Tabla_Consulta_desde_QuickBooks_Data_64_Bit_QRemote[[#This Row],[SalesOrderLineUnitOfMeasure]]=Tabla_Consulta_desde_QuickBooks_Data_64_Bit_QRemote[[#This Row],[U/M]]),\"\",\"ERROR\"),\"\")","v":""},{"$f":"+WEEKNUM(Tabla_Consulta_desde_QuickBooks_Data_64_Bit_QRemote[[#This Row],[TxnDate]])","v":23},{"$f":"+Tabla_Consulta_desde_QuickBooks_Data_64_Bit_QRemote[[#This Row],[SalesOrderLineRate]]*Tabla_Consulta_desde_QuickBooks_Data_64_Bit_QRemote[[#This Row],[SalesOrderLineInvoiced]]","v":0},{"$f":"+IFERROR(IF(Tabla_Consulta_desde_QuickBooks_Data_64_Bit_QRemote[[#This Row],[CustomerRefFullName]]=\"GRUVALCORP SA\",VLOOKUP(Tabla_Consulta_desde_QuickBooks_Data_64_Bit_QRemote[[#This Row],[SalesOrderLineItemRefFullName]],Hoja1!A:E,5,FALSE),\"\")*-Tabla_Consulta_desde_QuickBooks_Data_64_Bit_QRemote[[#This Row],[SalesOrderLineAmount]],\"\")","v":""},{"$f":"IF(COUNTIF(wms!E:E,Tabla_Consulta_desde_QuickBooks_Data_64_Bit_QRemote[[#This Row],[RefNumber]])>0,\"OK\",\"FALTA\")","v":"FALTA"}]
["2025-06-03","29134","GERARDO ORTIZ E HIJOS CIA. LTDA.","CM358835 MONAY",17,null,"INFOADICIONAL","CM358835 MONAY",null,null,null,0,0,null,0,400.32,460.37,"IVA EN VENTAS 15%",{"$f":"IFERROR(IF(Tabla_Consulta_desde_QuickBooks_Data_64_Bit_QRemote[[#This Row],[SalesOrderLineUnitOfMeasure]]=\"un\",Tabla_Consulta_desde_QuickBooks_Data_64_Bit_QRemote[[#This Row],[SalesOrderLineQuantity]],Tabla_Consulta_desde_QuickBooks_Data_64_Bit_QRemote[[#This Row],[SalesOrderLineQuantity]]/MID(Tabla_Consulta_desde_QuickBooks_Data_64_Bit_QRemote[[#This Row],[SalesOrderLineUnitOfMeasure]],2,2)),0)","v":0},{"$f":"IFERROR(IF(Tabla_Consulta_desde_QuickBooks_Data_64_Bit_QRemote[[#This Row],[SalesOrderLineUnitOfMeasure]]=\"un\",Tabla_Consulta_desde_QuickBooks_Data_64_Bit_QRemote[[#This Row],[SalesOrderLineInvoiced]],Tabla_Consulta_desde_QuickBooks_Data_64_Bit_QRemote[[#This Row],[SalesOrderLineInvoiced]]/MID(Tabla_Consulta_desde_QuickBooks_Data_64_Bit_QRemote[[#This Row],[SalesOrderLineUnitOfMeasure]],2,2)),0)","v":0},{"$f":"+Tabla_Consulta_desde_QuickBooks_Data_64_Bit_QRemote[[#This Row],[facturado]]-Tabla_Consulta_desde_QuickBooks_Data_64_Bit_QRemote[[#This Row],[pide]]","v":0},{"$f":"IF(Tabla_Consulta_desde_QuickBooks_Data_64_Bit_QRemote[[#This Row],[diferecia]]=0,\"ok\",\"diferen\")","v":"ok"},{"$f":"IFERROR(INDEX(um!A:C,MATCH(Tabla_Consulta_desde_QuickBooks_Data_64_Bit_QRemote[[#This Row],[SalesOrderLineItemRefFullName]],um!A:A,0),3),\"\")","v":""},{"$f":"IFERROR(IF(OR(Tabla_Consulta_desde_QuickBooks_Data_64_Bit_QRemote[[#This Row],[SalesOrderLineUnitOfMeasure]]=\"UN\",Tabla_Consulta_desde_QuickBooks_Data_64_Bit_QRemote[[#This Row],[SalesOrderLineUnitOfMeasure]]=Tabla_Consulta_desde_QuickBooks_Data_64_Bit_QRemote[[#This Row],[U/M]]),\"\",\"ERROR\"),\"\")","v":""},{"$f":"+WEEKNUM(Tabla_Consulta_desde_QuickBooks_Data_64_Bit_QRemote[[#This Row],[TxnDate]])","v":23},{"$f":"+Tabla_Consulta_desde_QuickBooks_Data_64_Bit_QRemote[[#This Row],[SalesOrderLineRate]]*Tabla_Consulta_desde_QuickBooks_Data_64_Bit_QRemote[[#This Row],[SalesOrderLineInvoiced]]","v":0},{"$f":"+IFERROR(IF(Tabla_Consulta_desde_QuickBooks_Data_64_Bit_QRemote[[#This Row],[CustomerRefFullName]]=\"GRUVALCORP SA\",VLOOKUP(Tabla_Consulta_desde_QuickBooks_Data_64_Bit_QRemote[[#This Row],[SalesOrderLineItemRefFullName]],Hoja1!A:E,5,FALSE),\"\")*-Tabla_Consulta_desde_QuickBooks_Data_64_Bit_QRemote[[#This Row],[SalesOrderLineAmount]],\"\")","v":""},{"$f":"IF(COUNTIF(wms!E:E,Tabla_Consulta_desde_QuickBooks_Data_64_Bit_QRemote[[#This Row],[RefNumber]])>0,\"OK\",\"FALTA\")","v":"FALTA"}]
["2025-06-03","29135","GERARDO ORTIZ E HIJOS CIA. LTDA.","CR408268 RIO",1,"7862112523296","P.T:110622","PEPINILLOS CON JALAPEÑO OLE 225G","Bodega Producto Terminado",24,"X24",1.69,40.56,"UNIDAD SALSA",0,315.95999999999998,363.35,"IVA EN VENTAS 15%",{"$f":"IFERROR(IF(Tabla_Consulta_desde_QuickBooks_Data_64_Bit_QRemote[[#This Row],[SalesOrderLineUnitOfMeasure]]=\"un\",Tabla_Consulta_desde_QuickBooks_Data_64_Bit_QRemote[[#This Row],[SalesOrderLineQuantity]],Tabla_Consulta_desde_QuickBooks_Data_64_Bit_QRemote[[#This Row],[SalesOrderLineQuantity]]/MID(Tabla_Consulta_desde_QuickBooks_Data_64_Bit_QRemote[[#This Row],[SalesOrderLineUnitOfMeasure]],2,2)),0)","v":1},{"$f":"IFERROR(IF(Tabla_Consulta_desde_QuickBooks_Data_64_Bit_QRemote[[#This Row],[SalesOrderLineUnitOfMeasure]]=\"un\",Tabla_Consulta_desde_QuickBooks_Data_64_Bit_QRemote[[#This Row],[SalesOrderLineInvoiced]],Tabla_Consulta_desde_QuickBooks_Data_64_Bit_QRemote[[#This Row],[SalesOrderLineInvoiced]]/MID(Tabla_Consulta_desde_QuickBooks_Data_64_Bit_QRemote[[#This Row],[SalesOrderLineUnitOfMeasure]],2,2)),0)","v":0},{"$f":"+Tabla_Consulta_desde_QuickBooks_Data_64_Bit_QRemote[[#This Row],[facturado]]-Tabla_Consulta_desde_QuickBooks_Data_64_Bit_QRemote[[#This Row],[pide]]","v":-1},{"$f":"IF(Tabla_Consulta_desde_QuickBooks_Data_64_Bit_QRemote[[#This Row],[diferecia]]=0,\"ok\",\"diferen\")","v":"diferen"},{"$f":"IFERROR(INDEX(um!A:C,MATCH(Tabla_Consulta_desde_QuickBooks_Data_64_Bit_QRemote[[#This Row],[SalesOrderLineItemRefFullName]],um!A:A,0),3),\"\")","v":"X24"},{"$f":"IFERROR(IF(OR(Tabla_Consulta_desde_QuickBooks_Data_64_Bit_QRemote[[#This Row],[SalesOrderLineUnitOfMeasure]]=\"UN\",Tabla_Consulta_desde_QuickBooks_Data_64_Bit_QRemote[[#This Row],[SalesOrderLineUnitOfMeasure]]=Tabla_Consulta_desde_QuickBooks_Data_64_Bit_QRemote[[#This Row],[U/M]]),\"\",\"ERROR\"),\"\")","v":""},{"$f":"+WEEKNUM(Tabla_Consulta_desde_QuickBooks_Data_64_Bit_QRemote[[#This Row],[TxnDate]])","v":23},{"$f":"+Tabla_Consulta_desde_QuickBooks_Data_64_Bit_QRemote[[#This Row],[SalesOrderLineRate]]*Tabla_Consulta_desde_QuickBooks_Data_64_Bit_QRemote[[#This Row],[SalesOrderLineInvoiced]]","v":0},{"$f":"+IFERROR(IF(Tabla_Consulta_desde_QuickBooks_Data_64_Bit_QRemote[[#This Row],[CustomerRefFullName]]=\"GRUVALCORP SA\",VLOOKUP(Tabla_Consulta_desde_QuickBooks_Data_64_Bit_QRemote[[#This Row],[SalesOrderLineItemRefFullName]],Hoja1!A:E,5,FALSE),\"\")*-Tabla_Consulta_desde_QuickBooks_Data_64_Bit_QRemote[[#This Row],[SalesOrderLineAmount]],\"\")","v":""},{"$f":"IF(COUNTIF(wms!E:E,Tabla_Consulta_desde_QuickBooks_Data_64_Bit_QRemote[[#This Row],[RefNumber]])>0,\"OK\",\"FALTA\")","v":"FALTA"}]
["2025-06-03","29135","GERARDO ORTIZ E HIJOS CIA. LTDA.","CR408268 RIO",2,"7862112520509","P.T:110606","JALAPEÑO ROJOS Y VERDES AGRIDULCES OLE 250G","Bodega Producto Terminado",12,"X12",1.62,19.440000000000001,"UNIDAD SALSA",0,315.95999999999998,363.35,"IVA EN VENTAS 15%",{"$f":"IFERROR(IF(Tabla_Consulta_desde_QuickBooks_Data_64_Bit_QRemote[[#This Row],[SalesOrderLineUnitOfMeasure]]=\"un\",Tabla_Consulta_desde_QuickBooks_Data_64_Bit_QRemote[[#This Row],[SalesOrderLineQuantity]],Tabla_Consulta_desde_QuickBooks_Data_64_Bit_QRemote[[#This Row],[SalesOrderLineQuantity]]/MID(Tabla_Consulta_desde_QuickBooks_Data_64_Bit_QRemote[[#This Row],[SalesOrderLineUnitOfMeasure]],2,2)),0)","v":1},{"$f":"IFERROR(IF(Tabla_Consulta_desde_QuickBooks_Data_64_Bit_QRemote[[#This Row],[SalesOrderLineUnitOfMeasure]]=\"un\",Tabla_Consulta_desde_QuickBooks_Data_64_Bit_QRemote[[#This Row],[SalesOrderLineInvoiced]],Tabla_Consulta_desde_QuickBooks_Data_64_Bit_QRemote[[#This Row],[SalesOrderLineInvoiced]]/MID(Tabla_Consulta_desde_QuickBooks_Data_64_Bit_QRemote[[#This Row],[SalesOrderLineUnitOfMeasure]],2,2)),0)","v":0},{"$f":"+Tabla_Consulta_desde_QuickBooks_Data_64_Bit_QRemote[[#This Row],[facturado]]-Tabla_Consulta_desde_QuickBooks_Data_64_Bit_QRemote[[#This Row],[pide]]","v":-1},{"$f":"IF(Tabla_Consulta_desde_QuickBooks_Data_64_Bit_QRemote[[#This Row],[diferecia]]=0,\"ok\",\"diferen\")","v":"diferen"},{"$f":"IFERROR(INDEX(um!A:C,MATCH(Tabla_Consulta_desde_QuickBooks_Data_64_Bit_QRemote[[#This Row],[SalesOrderLineItemRefFullName]],um!A:A,0),3),\"\")","v":"X12"},{"$f":"IFERROR(IF(OR(Tabla_Consulta_desde_QuickBooks_Data_64_Bit_QRemote[[#This Row],[SalesOrderLineUnitOfMeasure]]=\"UN\",Tabla_Consulta_desde_QuickBooks_Data_64_Bit_QRemote[[#This Row],[SalesOrderLineUnitOfMeasure]]=Tabla_Consulta_desde_QuickBooks_Data_64_Bit_QRemote[[#This Row],[U/M]]),\"\",\"ERROR\"),\"\")","v":""},{"$f":"+WEEKNUM(Tabla_Consulta_desde_QuickBooks_Data_64_Bit_QRemote[[#This Row],[TxnDate]])","v":23},{"$f":"+Tabla_Consulta_desde_QuickBooks_Data_64_Bit_QRemote[[#This Row],[SalesOrderLineRate]]*Tabla_Consulta_desde_QuickBooks_Data_64_Bit_QRemote[[#This Row],[SalesOrderLineInvoiced]]","v":0},{"$f":"+IFERROR(IF(Tabla_Consulta_desde_QuickBooks_Data_64_Bit_QRemote[[#This Row],[CustomerRefFullName]]=\"GRUVALCORP SA\",VLOOKUP(Tabla_Consulta_desde_QuickBooks_Data_64_Bit_QRemote[[#This Row],[SalesOrderLineItemRefFullName]],Hoja1!A:E,5,FALSE),\"\")*-Tabla_Consulta_desde_QuickBooks_Data_64_Bit_QRemote[[#This Row],[SalesOrderLineAmount]],\"\")","v":""},{"$f":"IF(COUNTIF(wms!E:E,Tabla_Consulta_desde_QuickBooks_Data_64_Bit_QRemote[[#This Row],[RefNumber]])>0,\"OK\",\"FALTA\")","v":"FALTA"}]
["2025-06-03","29135","GERARDO ORTIZ E HIJOS CIA. LTDA.","CR408268 RIO",3,"7862112523128","P.T:311610","MIEL PICANTE OLE 350G","Bodega Producto Terminado",12,"X12",5.69,68.28,"UNIDAD SALSA",0,315.95999999999998,363.35,"IVA EN VENTAS 15%",{"$f":"IFERROR(IF(Tabla_Consulta_desde_QuickBooks_Data_64_Bit_QRemote[[#This Row],[SalesOrderLineUnitOfMeasure]]=\"un\",Tabla_Consulta_desde_QuickBooks_Data_64_Bit_QRemote[[#This Row],[SalesOrderLineQuantity]],Tabla_Consulta_desde_QuickBooks_Data_64_Bit_QRemote[[#This Row],[SalesOrderLineQuantity]]/MID(Tabla_Consulta_desde_QuickBooks_Data_64_Bit_QRemote[[#This Row],[SalesOrderLineUnitOfMeasure]],2,2)),0)","v":1},{"$f":"IFERROR(IF(Tabla_Consulta_desde_QuickBooks_Data_64_Bit_QRemote[[#This Row],[SalesOrderLineUnitOfMeasure]]=\"un\",Tabla_Consulta_desde_QuickBooks_Data_64_Bit_QRemote[[#This Row],[SalesOrderLineInvoiced]],Tabla_Consulta_desde_QuickBooks_Data_64_Bit_QRemote[[#This Row],[SalesOrderLineInvoiced]]/MID(Tabla_Consulta_desde_QuickBooks_Data_64_Bit_QRemote[[#This Row],[SalesOrderLineUnitOfMeasure]],2,2)),0)","v":0},{"$f":"+Tabla_Consulta_desde_QuickBooks_Data_64_Bit_QRemote[[#This Row],[facturado]]-Tabla_Consulta_desde_QuickBooks_Data_64_Bit_QRemote[[#This Row],[pide]]","v":-1},{"$f":"IF(Tabla_Consulta_desde_QuickBooks_Data_64_Bit_QRemote[[#This Row],[diferecia]]=0,\"ok\",\"diferen\")","v":"diferen"},{"$f":"IFERROR(INDEX(um!A:C,MATCH(Tabla_Consulta_desde_QuickBooks_Data_64_Bit_QRemote[[#This Row],[SalesOrderLineItemRefFullName]],um!A:A,0),3),\"\")","v":"X12"},{"$f":"IFERROR(IF(OR(Tabla_Consulta_desde_QuickBooks_Data_64_Bit_QRemote[[#This Row],[SalesOrderLineUnitOfMeasure]]=\"UN\",Tabla_Consulta_desde_QuickBooks_Data_64_Bit_QRemote[[#This Row],[SalesOrderLineUnitOfMeasure]]=Tabla_Consulta_desde_QuickBooks_Data_64_Bit_QRemote[[#This Row],[U/M]]),\"\",\"ERROR\"),\"\")","v":""},{"$f":"+WEEKNUM(Tabla_Consulta_desde_QuickBooks_Data_64_Bit_QRemote[[#This Row],[TxnDate]])","v":23},{"$f":"+Tabla_Consulta_desde_QuickBooks_Data_64_Bit_QRemote[[#This Row],[SalesOrderLineRate]]*Tabla_Consulta_desde_QuickBooks_Data_64_Bit_QRemote[[#This Row],[SalesOrderLineInvoiced]]","v":0},{"$f":"+IFERROR(IF(Tabla_Consulta_desde_QuickBooks_Data_64_Bit_QRemote[[#This Row],[CustomerRefFullName]]=\"GRUVALCORP SA\",VLOOKUP(Tabla_Consulta_desde_QuickBooks_Data_64_Bit_QRemote[[#This Row],[SalesOrderLineItemRefFullName]],Hoja1!A:E,5,FALSE),\"\")*-Tabla_Consulta_desde_QuickBooks_Data_64_Bit_QRemote[[#This Row],[SalesOrderLineAmount]],\"\")","v":""},{"$f":"IF(COUNTIF(wms!E:E,Tabla_Consulta_desde_QuickBooks_Data_64_Bit_QRemote[[#This Row],[RefNumber]])>0,\"OK\",\"FALTA\")","v":"FALTA"}]
["2025-06-03","29135","GERARDO ORTIZ E HIJOS CIA. LTDA.","CR408268 RIO",4,"7862112523036","P.T:110746","SALSA PICANTE JALAPEÑO OLE 100G","Bodega Producto Terminado",12,"X12",0.6,7.2,"UNIDAD SALSA",0,315.95999999999998,363.35,"IVA EN VENTAS 15%",{"$f":"IFERROR(IF(Tabla_Consulta_desde_QuickBooks_Data_64_Bit_QRemote[[#This Row],[SalesOrderLineUnitOfMeasure]]=\"un\",Tabla_Consulta_desde_QuickBooks_Data_64_Bit_QRemote[[#This Row],[SalesOrderLineQuantity]],Tabla_Consulta_desde_QuickBooks_Data_64_Bit_QRemote[[#This Row],[SalesOrderLineQuantity]]/MID(Tabla_Consulta_desde_QuickBooks_Data_64_Bit_QRemote[[#This Row],[SalesOrderLineUnitOfMeasure]],2,2)),0)","v":1},{"$f":"IFERROR(IF(Tabla_Consulta_desde_QuickBooks_Data_64_Bit_QRemote[[#This Row],[SalesOrderLineUnitOfMeasure]]=\"un\",Tabla_Consulta_desde_QuickBooks_Data_64_Bit_QRemote[[#This Row],[SalesOrderLineInvoiced]],Tabla_Consulta_desde_QuickBooks_Data_64_Bit_QRemote[[#This Row],[SalesOrderLineInvoiced]]/MID(Tabla_Consulta_desde_QuickBooks_Data_64_Bit_QRemote[[#This Row],[SalesOrderLineUnitOfMeasure]],2,2)),0)","v":0},{"$f":"+Tabla_Consulta_desde_QuickBooks_Data_64_Bit_QRemote[[#This Row],[facturado]]-Tabla_Consulta_desde_QuickBooks_Data_64_Bit_QRemote[[#This Row],[pide]]","v":-1},{"$f":"IF(Tabla_Consulta_desde_QuickBooks_Data_64_Bit_QRemote[[#This Row],[diferecia]]=0,\"ok\",\"diferen\")","v":"diferen"},{"$f":"IFERROR(INDEX(um!A:C,MATCH(Tabla_Consulta_desde_QuickBooks_Data_64_Bit_QRemote[[#This Row],[SalesOrderLineItemRefFullName]],um!A:A,0),3),\"\")","v":"X12"},{"$f":"IFERROR(IF(OR(Tabla_Consulta_desde_QuickBooks_Data_64_Bit_QRemote[[#This Row],[SalesOrderLineUnitOfMeasure]]=\"UN\",Tabla_Consulta_desde_QuickBooks_Data_64_Bit_QRemote[[#This Row],[SalesOrderLineUnitOfMeasure]]=Tabla_Consulta_desde_QuickBooks_Data_64_Bit_QRemote[[#This Row],[U/M]]),\"\",\"ERROR\"),\"\")","v":""},{"$f":"+WEEKNUM(Tabla_Consulta_desde_QuickBooks_Data_64_Bit_QRemote[[#This Row],[TxnDate]])","v":23},{"$f":"+Tabla_Consulta_desde_QuickBooks_Data_64_Bit_QRemote[[#This Row],[SalesOrderLineRate]]*Tabla_Consulta_desde_QuickBooks_Data_64_Bit_QRemote[[#This Row],[SalesOrderLineInvoiced]]","v":0},{"$f":"+IFERROR(IF(Tabla_Consulta_desde_QuickBooks_Data_64_Bit_QRemote[[#This Row],[CustomerRefFullName]]=\"GRUVALCORP SA\",VLOOKUP(Tabla_Consulta_desde_QuickBooks_Data_64_Bit_QRemote[[#This Row],[SalesOrderLineItemRefFullName]],Hoja1!A:E,5,FALSE),\"\")*-Tabla_Consulta_desde_QuickBooks_Data_64_Bit_QRemote[[#This Row],[SalesOrderLineAmount]],\"\")","v":""},{"$f":"IF(COUNTIF(wms!E:E,Tabla_Consulta_desde_QuickBooks_Data_64_Bit_QRemote[[#This Row],[RefNumber]])>0,\"OK\",\"FALTA\")","v":"FALTA"}]
["2025-06-03","29135","GERARDO ORTIZ E HIJOS CIA. LTDA.","CR408268 RIO",5,"7862112523043","P.T:110745","SALSA PICANTE HABANERO OLE 100G","Bodega Producto Terminado",12,"X12",0.6,7.2,"UNIDAD SALSA",0,315.95999999999998,363.35,"IVA EN VENTAS 15%",{"$f":"IFERROR(IF(Tabla_Consulta_desde_QuickBooks_Data_64_Bit_QRemote[[#This Row],[SalesOrderLineUnitOfMeasure]]=\"un\",Tabla_Consulta_desde_QuickBooks_Data_64_Bit_QRemote[[#This Row],[SalesOrderLineQuantity]],Tabla_Consulta_desde_QuickBooks_Data_64_Bit_QRemote[[#This Row],[SalesOrderLineQuantity]]/MID(Tabla_Consulta_desde_QuickBooks_Data_64_Bit_QRemote[[#This Row],[SalesOrderLineUnitOfMeasure]],2,2)),0)","v":1},{"$f":"IFERROR(IF(Tabla_Consulta_desde_QuickBooks_Data_64_Bit_QRemote[[#This Row],[SalesOrderLineUnitOfMeasure]]=\"un\",Tabla_Consulta_desde_QuickBooks_Data_64_Bit_QRemote[[#This Row],[SalesOrderLineInvoiced]],Tabla_Consulta_desde_QuickBooks_Data_64_Bit_QRemote[[#This Row],[SalesOrderLineInvoiced]]/MID(Tabla_Consulta_desde_QuickBooks_Data_64_Bit_QRemote[[#This Row],[SalesOrderLineUnitOfMeasure]],2,2)),0)","v":0},{"$f":"+Tabla_Consulta_desde_QuickBooks_Data_64_Bit_QRemote[[#This Row],[facturado]]-Tabla_Consulta_desde_QuickBooks_Data_64_Bit_QRemote[[#This Row],[pide]]","v":-1},{"$f":"IF(Tabla_Consulta_desde_QuickBooks_Data_64_Bit_QRemote[[#This Row],[diferecia]]=0,\"ok\",\"diferen\")","v":"diferen"},{"$f":"IFERROR(INDEX(um!A:C,MATCH(Tabla_Consulta_desde_QuickBooks_Data_64_Bit_QRemote[[#This Row],[SalesOrderLineItemRefFullName]],um!A:A,0),3),\"\")","v":"X12"},{"$f":"IFERROR(IF(OR(Tabla_Consulta_desde_QuickBooks_Data_64_Bit_QRemote[[#This Row],[SalesOrderLineUnitOfMeasure]]=\"UN\",Tabla_Consulta_desde_QuickBooks_Data_64_Bit_QRemote[[#This Row],[SalesOrderLineUnitOfMeasure]]=Tabla_Consulta_desde_QuickBooks_Data_64_Bit_QRemote[[#This Row],[U/M]]),\"\",\"ERROR\"),\"\")","v":""},{"$f":"+WEEKNUM(Tabla_Consulta_desde_QuickBooks_Data_64_Bit_QRemote[[#This Row],[TxnDate]])","v":23},{"$f":"+Tabla_Consulta_desde_QuickBooks_Data_64_Bit_QRemote[[#This Row],[SalesOrderLineRate]]*Tabla_Consulta_desde_QuickBooks_Data_64_Bit_QRemote[[#This Row],[SalesOrderLineInvoiced]]","v":0},{"$f":"+IFERROR(IF(Tabla_Consulta_desde_QuickBooks_Data_64_Bit_QRemote[[#This Row],[CustomerRefFullName]]=\"GRUVALCORP SA\",VLOOKUP(Tabla_Consulta_desde_QuickBooks_Data_64_Bit_QRemote[[#This Row],[SalesOrderLineItemRefFullName]],Hoja1!A:E,5,FALSE),\"\")*-Tabla_Consulta_desde_QuickBooks_Data_64_Bit_QRemote[[#This Row],[SalesOrderLineAmount]],\"\")","v":""},{"$f":"IF(COUNTIF(wms!E:E,Tabla_Consulta_desde_QuickBooks_Data_64_Bit_QRemote[[#This Row],[RefNumber]])>0,\"OK\",\"FALTA\")","v":"FALTA"}]
["2025-06-03","29135","GERARDO ORTIZ E HIJOS CIA. LTDA.","CR408268 RIO",6,"7862112523104","P.T:110804","SALSA CHAMOY OLE 275G","Bodega Producto Terminado",12,"X12",1.76,21.12,"UNIDAD SALSA",0,315.95999999999998,363.35,"IVA EN VENTAS 15%",{"$f":"IFERROR(IF(Tabla_Consulta_desde_QuickBooks_Data_64_Bit_QRemote[[#This Row],[SalesOrderLineUnitOfMeasure]]=\"un\",Tabla_Consulta_desde_QuickBooks_Data_64_Bit_QRemote[[#This Row],[SalesOrderLineQuantity]],Tabla_Consulta_desde_QuickBooks_Data_64_Bit_QRemote[[#This Row],[SalesOrderLineQuantity]]/MID(Tabla_Consulta_desde_QuickBooks_Data_64_Bit_QRemote[[#This Row],[SalesOrderLineUnitOfMeasure]],2,2)),0)","v":1},{"$f":"IFERROR(IF(Tabla_Consulta_desde_QuickBooks_Data_64_Bit_QRemote[[#This Row],[SalesOrderLineUnitOfMeasure]]=\"un\",Tabla_Consulta_desde_QuickBooks_Data_64_Bit_QRemote[[#This Row],[SalesOrderLineInvoiced]],Tabla_Consulta_desde_QuickBooks_Data_64_Bit_QRemote[[#This Row],[SalesOrderLineInvoiced]]/MID(Tabla_Consulta_desde_QuickBooks_Data_64_Bit_QRemote[[#This Row],[SalesOrderLineUnitOfMeasure]],2,2)),0)","v":0},{"$f":"+Tabla_Consulta_desde_QuickBooks_Data_64_Bit_QRemote[[#This Row],[facturado]]-Tabla_Consulta_desde_QuickBooks_Data_64_Bit_QRemote[[#This Row],[pide]]","v":-1},{"$f":"IF(Tabla_Consulta_desde_QuickBooks_Data_64_Bit_QRemote[[#This Row],[diferecia]]=0,\"ok\",\"diferen\")","v":"diferen"},{"$f":"IFERROR(INDEX(um!A:C,MATCH(Tabla_Consulta_desde_QuickBooks_Data_64_Bit_QRemote[[#This Row],[SalesOrderLineItemRefFullName]],um!A:A,0),3),\"\")","v":"X12"},{"$f":"IFERROR(IF(OR(Tabla_Consulta_desde_QuickBooks_Data_64_Bit_QRemote[[#This Row],[SalesOrderLineUnitOfMeasure]]=\"UN\",Tabla_Consulta_desde_QuickBooks_Data_64_Bit_QRemote[[#This Row],[SalesOrderLineUnitOfMeasure]]=Tabla_Consulta_desde_QuickBooks_Data_64_Bit_QRemote[[#This Row],[U/M]]),\"\",\"ERROR\"),\"\")","v":""},{"$f":"+WEEKNUM(Tabla_Consulta_desde_QuickBooks_Data_64_Bit_QRemote[[#This Row],[TxnDate]])","v":23},{"$f":"+Tabla_Consulta_desde_QuickBooks_Data_64_Bit_QRemote[[#This Row],[SalesOrderLineRate]]*Tabla_Consulta_desde_QuickBooks_Data_64_Bit_QRemote[[#This Row],[SalesOrderLineInvoiced]]","v":0},{"$f":"+IFERROR(IF(Tabla_Consulta_desde_QuickBooks_Data_64_Bit_QRemote[[#This Row],[CustomerRefFullName]]=\"GRUVALCORP SA\",VLOOKUP(Tabla_Consulta_desde_QuickBooks_Data_64_Bit_QRemote[[#This Row],[SalesOrderLineItemRefFullName]],Hoja1!A:E,5,FALSE),\"\")*-Tabla_Consulta_desde_QuickBooks_Data_64_Bit_QRemote[[#This Row],[SalesOrderLineAmount]],\"\")","v":""},{"$f":"IF(COUNTIF(wms!E:E,Tabla_Consulta_desde_QuickBooks_Data_64_Bit_QRemote[[#This Row],[RefNumber]])>0,\"OK\",\"FALTA\")","v":"FALTA"}]
["2025-06-03","29135","GERARDO ORTIZ E HIJOS CIA. LTDA.","CR408268 RIO",7,"7862112522817","P.T:110737","SALSA DE TOMATE CASERA OLE DP 200G","Bodega Producto Terminado",12,"X12",0.7,8.4,"UNIDAD SALSA",0,315.95999999999998,363.35,"IVA EN VENTAS 15%",{"$f":"IFERROR(IF(Tabla_Consulta_desde_QuickBooks_Data_64_Bit_QRemote[[#This Row],[SalesOrderLineUnitOfMeasure]]=\"un\",Tabla_Consulta_desde_QuickBooks_Data_64_Bit_QRemote[[#This Row],[SalesOrderLineQuantity]],Tabla_Consulta_desde_QuickBooks_Data_64_Bit_QRemote[[#This Row],[SalesOrderLineQuantity]]/MID(Tabla_Consulta_desde_QuickBooks_Data_64_Bit_QRemote[[#This Row],[SalesOrderLineUnitOfMeasure]],2,2)),0)","v":1},{"$f":"IFERROR(IF(Tabla_Consulta_desde_QuickBooks_Data_64_Bit_QRemote[[#This Row],[SalesOrderLineUnitOfMeasure]]=\"un\",Tabla_Consulta_desde_QuickBooks_Data_64_Bit_QRemote[[#This Row],[SalesOrderLineInvoiced]],Tabla_Consulta_desde_QuickBooks_Data_64_Bit_QRemote[[#This Row],[SalesOrderLineInvoiced]]/MID(Tabla_Consulta_desde_QuickBooks_Data_64_Bit_QRemote[[#This Row],[SalesOrderLineUnitOfMeasure]],2,2)),0)","v":0},{"$f":"+Tabla_Consulta_desde_QuickBooks_Data_64_Bit_QRemote[[#This Row],[facturado]]-Tabla_Consulta_desde_QuickBooks_Data_64_Bit_QRemote[[#This Row],[pide]]","v":-1},{"$f":"IF(Tabla_Consulta_desde_QuickBooks_Data_64_Bit_QRemote[[#This Row],[diferecia]]=0,\"ok\",\"diferen\")","v":"diferen"},{"$f":"IFERROR(INDEX(um!A:C,MATCH(Tabla_Consulta_desde_QuickBooks_Data_64_Bit_QRemote[[#This Row],[SalesOrderLineItemRefFullName]],um!A:A,0),3),\"\")","v":"X12"},{"$f":"IFERROR(IF(OR(Tabla_Consulta_desde_QuickBooks_Data_64_Bit_QRemote[[#This Row],[SalesOrderLineUnitOfMeasure]]=\"UN\",Tabla_Consulta_desde_QuickBooks_Data_64_Bit_QRemote[[#This Row],[SalesOrderLineUnitOfMeasure]]=Tabla_Consulta_desde_QuickBooks_Data_64_Bit_QRemote[[#This Row],[U/M]]),\"\",\"ERROR\"),\"\")","v":""},{"$f":"+WEEKNUM(Tabla_Consulta_desde_QuickBooks_Data_64_Bit_QRemote[[#This Row],[TxnDate]])","v":23},{"$f":"+Tabla_Consulta_desde_QuickBooks_Data_64_Bit_QRemote[[#This Row],[SalesOrderLineRate]]*Tabla_Consulta_desde_QuickBooks_Data_64_Bit_QRemote[[#This Row],[SalesOrderLineInvoiced]]","v":0},{"$f":"+IFERROR(IF(Tabla_Consulta_desde_QuickBooks_Data_64_Bit_QRemote[[#This Row],[CustomerRefFullName]]=\"GRUVALCORP SA\",VLOOKUP(Tabla_Consulta_desde_QuickBooks_Data_64_Bit_QRemote[[#This Row],[SalesOrderLineItemRefFullName]],Hoja1!A:E,5,FALSE),\"\")*-Tabla_Consulta_desde_QuickBooks_Data_64_Bit_QRemote[[#This Row],[SalesOrderLineAmount]],\"\")","v":""},{"$f":"IF(COUNTIF(wms!E:E,Tabla_Consulta_desde_QuickBooks_Data_64_Bit_QRemote[[#This Row],[RefNumber]])>0,\"OK\",\"FALTA\")","v":"FALTA"}]
["2025-06-03","29135","GERARDO ORTIZ E HIJOS CIA. LTDA.","CR408268 RIO",8,"7862112522169","P.T:110734","DIP ORIGINAL ROASTED TOMATES ASADOS OLE 220G","Bodega Producto Terminado",12,"X12",1.45,17.399999999999999,"UNIDAD SALSA",0,315.95999999999998,363.35,"IVA EN VENTAS 15%",{"$f":"IFERROR(IF(Tabla_Consulta_desde_QuickBooks_Data_64_Bit_QRemote[[#This Row],[SalesOrderLineUnitOfMeasure]]=\"un\",Tabla_Consulta_desde_QuickBooks_Data_64_Bit_QRemote[[#This Row],[SalesOrderLineQuantity]],Tabla_Consulta_desde_QuickBooks_Data_64_Bit_QRemote[[#This Row],[SalesOrderLineQuantity]]/MID(Tabla_Consulta_desde_QuickBooks_Data_64_Bit_QRemote[[#This Row],[SalesOrderLineUnitOfMeasure]],2,2)),0)","v":1},{"$f":"IFERROR(IF(Tabla_Consulta_desde_QuickBooks_Data_64_Bit_QRemote[[#This Row],[SalesOrderLineUnitOfMeasure]]=\"un\",Tabla_Consulta_desde_QuickBooks_Data_64_Bit_QRemote[[#This Row],[SalesOrderLineInvoiced]],Tabla_Consulta_desde_QuickBooks_Data_64_Bit_QRemote[[#This Row],[SalesOrderLineInvoiced]]/MID(Tabla_Consulta_desde_QuickBooks_Data_64_Bit_QRemote[[#This Row],[SalesOrderLineUnitOfMeasure]],2,2)),0)","v":0},{"$f":"+Tabla_Consulta_desde_QuickBooks_Data_64_Bit_QRemote[[#This Row],[facturado]]-Tabla_Consulta_desde_QuickBooks_Data_64_Bit_QRemote[[#This Row],[pide]]","v":-1},{"$f":"IF(Tabla_Consulta_desde_QuickBooks_Data_64_Bit_QRemote[[#This Row],[diferecia]]=0,\"ok\",\"diferen\")","v":"diferen"},{"$f":"IFERROR(INDEX(um!A:C,MATCH(Tabla_Consulta_desde_QuickBooks_Data_64_Bit_QRemote[[#This Row],[SalesOrderLineItemRefFullName]],um!A:A,0),3),\"\")","v":"X12"},{"$f":"IFERROR(IF(OR(Tabla_Consulta_desde_QuickBooks_Data_64_Bit_QRemote[[#This Row],[SalesOrderLineUnitOfMeasure]]=\"UN\",Tabla_Consulta_desde_QuickBooks_Data_64_Bit_QRemote[[#This Row],[SalesOrderLineUnitOfMeasure]]=Tabla_Consulta_desde_QuickBooks_Data_64_Bit_QRemote[[#This Row],[U/M]]),\"\",\"ERROR\"),\"\")","v":""},{"$f":"+WEEKNUM(Tabla_Consulta_desde_QuickBooks_Data_64_Bit_QRemote[[#This Row],[TxnDate]])","v":23},{"$f":"+Tabla_Consulta_desde_QuickBooks_Data_64_Bit_QRemote[[#This Row],[SalesOrderLineRate]]*Tabla_Consulta_desde_QuickBooks_Data_64_Bit_QRemote[[#This Row],[SalesOrderLineInvoiced]]","v":0},{"$f":"+IFERROR(IF(Tabla_Consulta_desde_QuickBooks_Data_64_Bit_QRemote[[#This Row],[CustomerRefFullName]]=\"GRUVALCORP SA\",VLOOKUP(Tabla_Consulta_desde_QuickBooks_Data_64_Bit_QRemote[[#This Row],[SalesOrderLineItemRefFullName]],Hoja1!A:E,5,FALSE),\"\")*-Tabla_Consulta_desde_QuickBooks_Data_64_Bit_QRemote[[#This Row],[SalesOrderLineAmount]],\"\")","v":""},{"$f":"IF(COUNTIF(wms!E:E,Tabla_Consulta_desde_QuickBooks_Data_64_Bit_QRemote[[#This Row],[RefNumber]])>0,\"OK\",\"FALTA\")","v":"FALTA"}]
["2025-06-03","29135","GERARDO ORTIZ E HIJOS CIA. LTDA.","CR408268 RIO",9,"7862112522244","P.T:110736","TERIYAKI SALSA ASIATICA OLE 300G","Bodega Producto Terminado",12,"X12",2.13,25.56,"UNIDAD SALSA",0,315.95999999999998,363.35,"IVA EN VENTAS 15%",{"$f":"IFERROR(IF(Tabla_Consulta_desde_QuickBooks_Data_64_Bit_QRemote[[#This Row],[SalesOrderLineUnitOfMeasure]]=\"un\",Tabla_Consulta_desde_QuickBooks_Data_64_Bit_QRemote[[#This Row],[SalesOrderLineQuantity]],Tabla_Consulta_desde_QuickBooks_Data_64_Bit_QRemote[[#This Row],[SalesOrderLineQuantity]]/MID(Tabla_Consulta_desde_QuickBooks_Data_64_Bit_QRemote[[#This Row],[SalesOrderLineUnitOfMeasure]],2,2)),0)","v":1},{"$f":"IFERROR(IF(Tabla_Consulta_desde_QuickBooks_Data_64_Bit_QRemote[[#This Row],[SalesOrderLineUnitOfMeasure]]=\"un\",Tabla_Consulta_desde_QuickBooks_Data_64_Bit_QRemote[[#This Row],[SalesOrderLineInvoiced]],Tabla_Consulta_desde_QuickBooks_Data_64_Bit_QRemote[[#This Row],[SalesOrderLineInvoiced]]/MID(Tabla_Consulta_desde_QuickBooks_Data_64_Bit_QRemote[[#This Row],[SalesOrderLineUnitOfMeasure]],2,2)),0)","v":0},{"$f":"+Tabla_Consulta_desde_QuickBooks_Data_64_Bit_QRemote[[#This Row],[facturado]]-Tabla_Consulta_desde_QuickBooks_Data_64_Bit_QRemote[[#This Row],[pide]]","v":-1},{"$f":"IF(Tabla_Consulta_desde_QuickBooks_Data_64_Bit_QRemote[[#This Row],[diferecia]]=0,\"ok\",\"diferen\")","v":"diferen"},{"$f":"IFERROR(INDEX(um!A:C,MATCH(Tabla_Consulta_desde_QuickBooks_Data_64_Bit_QRemote[[#This Row],[SalesOrderLineItemRefFullName]],um!A:A,0),3),\"\")","v":"X12"},{"$f":"IFERROR(IF(OR(Tabla_Consulta_desde_QuickBooks_Data_64_Bit_QRemote[[#This Row],[SalesOrderLineUnitOfMeasure]]=\"UN\",Tabla_Consulta_desde_QuickBooks_Data_64_Bit_QRemote[[#This Row],[SalesOrderLineUnitOfMeasure]]=Tabla_Consulta_desde_QuickBooks_Data_64_Bit_QRemote[[#This Row],[U/M]]),\"\",\"ERROR\"),\"\")","v":""},{"$f":"+WEEKNUM(Tabla_Consulta_desde_QuickBooks_Data_64_Bit_QRemote[[#This Row],[TxnDate]])","v":23},{"$f":"+Tabla_Consulta_desde_QuickBooks_Data_64_Bit_QRemote[[#This Row],[SalesOrderLineRate]]*Tabla_Consulta_desde_QuickBooks_Data_64_Bit_QRemote[[#This Row],[SalesOrderLineInvoiced]]","v":0},{"$f":"+IFERROR(IF(Tabla_Consulta_desde_QuickBooks_Data_64_Bit_QRemote[[#This Row],[CustomerRefFullName]]=\"GRUVALCORP SA\",VLOOKUP(Tabla_Consulta_desde_QuickBooks_Data_64_Bit_QRemote[[#This Row],[SalesOrderLineItemRefFullName]],Hoja1!A:E,5,FALSE),\"\")*-Tabla_Consulta_desde_QuickBooks_Data_64_Bit_QRemote[[#This Row],[SalesOrderLineAmount]],\"\")","v":""},{"$f":"IF(COUNTIF(wms!E:E,Tabla_Consulta_desde_QuickBooks_Data_64_Bit_QRemote[[#This Row],[RefNumber]])>0,\"OK\",\"FALTA\")","v":"FALTA"}]
["2025-06-03","29135","GERARDO ORTIZ E HIJOS CIA. LTDA.","CR408268 RIO",10,"7862112522527","P.T:110803","SALSA GUACAMOLE ORIGINAL OLE DP 200G","Bodega Producto Terminado",12,"X12",1.39,16.68,"UNIDAD SALSA",0,315.95999999999998,363.35,"IVA EN VENTAS 15%",{"$f":"IFERROR(IF(Tabla_Consulta_desde_QuickBooks_Data_64_Bit_QRemote[[#This Row],[SalesOrderLineUnitOfMeasure]]=\"un\",Tabla_Consulta_desde_QuickBooks_Data_64_Bit_QRemote[[#This Row],[SalesOrderLineQuantity]],Tabla_Consulta_desde_QuickBooks_Data_64_Bit_QRemote[[#This Row],[SalesOrderLineQuantity]]/MID(Tabla_Consulta_desde_QuickBooks_Data_64_Bit_QRemote[[#This Row],[SalesOrderLineUnitOfMeasure]],2,2)),0)","v":1},{"$f":"IFERROR(IF(Tabla_Consulta_desde_QuickBooks_Data_64_Bit_QRemote[[#This Row],[SalesOrderLineUnitOfMeasure]]=\"un\",Tabla_Consulta_desde_QuickBooks_Data_64_Bit_QRemote[[#This Row],[SalesOrderLineInvoiced]],Tabla_Consulta_desde_QuickBooks_Data_64_Bit_QRemote[[#This Row],[SalesOrderLineInvoiced]]/MID(Tabla_Consulta_desde_QuickBooks_Data_64_Bit_QRemote[[#This Row],[SalesOrderLineUnitOfMeasure]],2,2)),0)","v":0},{"$f":"+Tabla_Consulta_desde_QuickBooks_Data_64_Bit_QRemote[[#This Row],[facturado]]-Tabla_Consulta_desde_QuickBooks_Data_64_Bit_QRemote[[#This Row],[pide]]","v":-1},{"$f":"IF(Tabla_Consulta_desde_QuickBooks_Data_64_Bit_QRemote[[#This Row],[diferecia]]=0,\"ok\",\"diferen\")","v":"diferen"},{"$f":"IFERROR(INDEX(um!A:C,MATCH(Tabla_Consulta_desde_QuickBooks_Data_64_Bit_QRemote[[#This Row],[SalesOrderLineItemRefFullName]],um!A:A,0),3),\"\")","v":"X12"},{"$f":"IFERROR(IF(OR(Tabla_Consulta_desde_QuickBooks_Data_64_Bit_QRemote[[#This Row],[SalesOrderLineUnitOfMeasure]]=\"UN\",Tabla_Consulta_desde_QuickBooks_Data_64_Bit_QRemote[[#This Row],[SalesOrderLineUnitOfMeasure]]=Tabla_Consulta_desde_QuickBooks_Data_64_Bit_QRemote[[#This Row],[U/M]]),\"\",\"ERROR\"),\"\")","v":""},{"$f":"+WEEKNUM(Tabla_Consulta_desde_QuickBooks_Data_64_Bit_QRemote[[#This Row],[TxnDate]])","v":23},{"$f":"+Tabla_Consulta_desde_QuickBooks_Data_64_Bit_QRemote[[#This Row],[SalesOrderLineRate]]*Tabla_Consulta_desde_QuickBooks_Data_64_Bit_QRemote[[#This Row],[SalesOrderLineInvoiced]]","v":0},{"$f":"+IFERROR(IF(Tabla_Consulta_desde_QuickBooks_Data_64_Bit_QRemote[[#This Row],[CustomerRefFullName]]=\"GRUVALCORP SA\",VLOOKUP(Tabla_Consulta_desde_QuickBooks_Data_64_Bit_QRemote[[#This Row],[SalesOrderLineItemRefFullName]],Hoja1!A:E,5,FALSE),\"\")*-Tabla_Consulta_desde_QuickBooks_Data_64_Bit_QRemote[[#This Row],[SalesOrderLineAmount]],\"\")","v":""},{"$f":"IF(COUNTIF(wms!E:E,Tabla_Consulta_desde_QuickBooks_Data_64_Bit_QRemote[[#This Row],[RefNumber]])>0,\"OK\",\"FALTA\")","v":"FALTA"}]
["2025-06-03","29135","GERARDO ORTIZ E HIJOS CIA. LTDA.","CR408268 RIO",11,"7862112523258","PT:220142","TOTOPOS SABOR GUACAMOLE OLE 45G","Bodega Producto Terminado",30,"X30",0.34,10.199999999999999,"UNIDAD SNCKS",0,315.95999999999998,363.35,"IVA EN VENTAS 15%",{"$f":"IFERROR(IF(Tabla_Consulta_desde_QuickBooks_Data_64_Bit_QRemote[[#This Row],[SalesOrderLineUnitOfMeasure]]=\"un\",Tabla_Consulta_desde_QuickBooks_Data_64_Bit_QRemote[[#This Row],[SalesOrderLineQuantity]],Tabla_Consulta_desde_QuickBooks_Data_64_Bit_QRemote[[#This Row],[SalesOrderLineQuantity]]/MID(Tabla_Consulta_desde_QuickBooks_Data_64_Bit_QRemote[[#This Row],[SalesOrderLineUnitOfMeasure]],2,2)),0)","v":1},{"$f":"IFERROR(IF(Tabla_Consulta_desde_QuickBooks_Data_64_Bit_QRemote[[#This Row],[SalesOrderLineUnitOfMeasure]]=\"un\",Tabla_Consulta_desde_QuickBooks_Data_64_Bit_QRemote[[#This Row],[SalesOrderLineInvoiced]],Tabla_Consulta_desde_QuickBooks_Data_64_Bit_QRemote[[#This Row],[SalesOrderLineInvoiced]]/MID(Tabla_Consulta_desde_QuickBooks_Data_64_Bit_QRemote[[#This Row],[SalesOrderLineUnitOfMeasure]],2,2)),0)","v":0},{"$f":"+Tabla_Consulta_desde_QuickBooks_Data_64_Bit_QRemote[[#This Row],[facturado]]-Tabla_Consulta_desde_QuickBooks_Data_64_Bit_QRemote[[#This Row],[pide]]","v":-1},{"$f":"IF(Tabla_Consulta_desde_QuickBooks_Data_64_Bit_QRemote[[#This Row],[diferecia]]=0,\"ok\",\"diferen\")","v":"diferen"},{"$f":"IFERROR(INDEX(um!A:C,MATCH(Tabla_Consulta_desde_QuickBooks_Data_64_Bit_QRemote[[#This Row],[SalesOrderLineItemRefFullName]],um!A:A,0),3),\"\")","v":"X30"},{"$f":"IFERROR(IF(OR(Tabla_Consulta_desde_QuickBooks_Data_64_Bit_QRemote[[#This Row],[SalesOrderLineUnitOfMeasure]]=\"UN\",Tabla_Consulta_desde_QuickBooks_Data_64_Bit_QRemote[[#This Row],[SalesOrderLineUnitOfMeasure]]=Tabla_Consulta_desde_QuickBooks_Data_64_Bit_QRemote[[#This Row],[U/M]]),\"\",\"ERROR\"),\"\")","v":""},{"$f":"+WEEKNUM(Tabla_Consulta_desde_QuickBooks_Data_64_Bit_QRemote[[#This Row],[TxnDate]])","v":23},{"$f":"+Tabla_Consulta_desde_QuickBooks_Data_64_Bit_QRemote[[#This Row],[SalesOrderLineRate]]*Tabla_Consulta_desde_QuickBooks_Data_64_Bit_QRemote[[#This Row],[SalesOrderLineInvoiced]]","v":0},{"$f":"+IFERROR(IF(Tabla_Consulta_desde_QuickBooks_Data_64_Bit_QRemote[[#This Row],[CustomerRefFullName]]=\"GRUVALCORP SA\",VLOOKUP(Tabla_Consulta_desde_QuickBooks_Data_64_Bit_QRemote[[#This Row],[SalesOrderLineItemRefFullName]],Hoja1!A:E,5,FALSE),\"\")*-Tabla_Consulta_desde_QuickBooks_Data_64_Bit_QRemote[[#This Row],[SalesOrderLineAmount]],\"\")","v":""},{"$f":"IF(COUNTIF(wms!E:E,Tabla_Consulta_desde_QuickBooks_Data_64_Bit_QRemote[[#This Row],[RefNumber]])>0,\"OK\",\"FALTA\")","v":"FALTA"}]
["2025-06-03","29135","GERARDO ORTIZ E HIJOS CIA. LTDA.","CR408268 RIO",12,"7862112522848","PT:221004","ARITOS DE PAPA SABOR CEBOLLA CHILE Y LIMÓN OLE 100G","Bodega Producto Terminado",20,"X10",1.17,23.4,"UNIDAD SNCKS",0,315.95999999999998,363.35,"IVA EN VENTAS 15%",{"$f":"IFERROR(IF(Tabla_Consulta_desde_QuickBooks_Data_64_Bit_QRemote[[#This Row],[SalesOrderLineUnitOfMeasure]]=\"un\",Tabla_Consulta_desde_QuickBooks_Data_64_Bit_QRemote[[#This Row],[SalesOrderLineQuantity]],Tabla_Consulta_desde_QuickBooks_Data_64_Bit_QRemote[[#This Row],[SalesOrderLineQuantity]]/MID(Tabla_Consulta_desde_QuickBooks_Data_64_Bit_QRemote[[#This Row],[SalesOrderLineUnitOfMeasure]],2,2)),0)","v":2},{"$f":"IFERROR(IF(Tabla_Consulta_desde_QuickBooks_Data_64_Bit_QRemote[[#This Row],[SalesOrderLineUnitOfMeasure]]=\"un\",Tabla_Consulta_desde_QuickBooks_Data_64_Bit_QRemote[[#This Row],[SalesOrderLineInvoiced]],Tabla_Consulta_desde_QuickBooks_Data_64_Bit_QRemote[[#This Row],[SalesOrderLineInvoiced]]/MID(Tabla_Consulta_desde_QuickBooks_Data_64_Bit_QRemote[[#This Row],[SalesOrderLineUnitOfMeasure]],2,2)),0)","v":0},{"$f":"+Tabla_Consulta_desde_QuickBooks_Data_64_Bit_QRemote[[#This Row],[facturado]]-Tabla_Consulta_desde_QuickBooks_Data_64_Bit_QRemote[[#This Row],[pide]]","v":-2},{"$f":"IF(Tabla_Consulta_desde_QuickBooks_Data_64_Bit_QRemote[[#This Row],[diferecia]]=0,\"ok\",\"diferen\")","v":"diferen"},{"$f":"IFERROR(INDEX(um!A:C,MATCH(Tabla_Consulta_desde_QuickBooks_Data_64_Bit_QRemote[[#This Row],[SalesOrderLineItemRefFullName]],um!A:A,0),3),\"\")","v":"X10"},{"$f":"IFERROR(IF(OR(Tabla_Consulta_desde_QuickBooks_Data_64_Bit_QRemote[[#This Row],[SalesOrderLineUnitOfMeasure]]=\"UN\",Tabla_Consulta_desde_QuickBooks_Data_64_Bit_QRemote[[#This Row],[SalesOrderLineUnitOfMeasure]]=Tabla_Consulta_desde_QuickBooks_Data_64_Bit_QRemote[[#This Row],[U/M]]),\"\",\"ERROR\"),\"\")","v":""},{"$f":"+WEEKNUM(Tabla_Consulta_desde_QuickBooks_Data_64_Bit_QRemote[[#This Row],[TxnDate]])","v":23},{"$f":"+Tabla_Consulta_desde_QuickBooks_Data_64_Bit_QRemote[[#This Row],[SalesOrderLineRate]]*Tabla_Consulta_desde_QuickBooks_Data_64_Bit_QRemote[[#This Row],[SalesOrderLineInvoiced]]","v":0},{"$f":"+IFERROR(IF(Tabla_Consulta_desde_QuickBooks_Data_64_Bit_QRemote[[#This Row],[CustomerRefFullName]]=\"GRUVALCORP SA\",VLOOKUP(Tabla_Consulta_desde_QuickBooks_Data_64_Bit_QRemote[[#This Row],[SalesOrderLineItemRefFullName]],Hoja1!A:E,5,FALSE),\"\")*-Tabla_Consulta_desde_QuickBooks_Data_64_Bit_QRemote[[#This Row],[SalesOrderLineAmount]],\"\")","v":""},{"$f":"IF(COUNTIF(wms!E:E,Tabla_Consulta_desde_QuickBooks_Data_64_Bit_QRemote[[#This Row],[RefNumber]])>0,\"OK\",\"FALTA\")","v":"FALTA"}]
["2025-06-03","29135","GERARDO ORTIZ E HIJOS CIA. LTDA.","CR408268 RIO",13,"7862112522756","PT:220136","TOTOPOS NATURAL MINI OLE 300G","Bodega Producto Terminado",12,"X12",1.61,19.32,"UNIDAD SNCKS",0,315.95999999999998,363.35,"IVA EN VENTAS 15%",{"$f":"IFERROR(IF(Tabla_Consulta_desde_QuickBooks_Data_64_Bit_QRemote[[#This Row],[SalesOrderLineUnitOfMeasure]]=\"un\",Tabla_Consulta_desde_QuickBooks_Data_64_Bit_QRemote[[#This Row],[SalesOrderLineQuantity]],Tabla_Consulta_desde_QuickBooks_Data_64_Bit_QRemote[[#This Row],[SalesOrderLineQuantity]]/MID(Tabla_Consulta_desde_QuickBooks_Data_64_Bit_QRemote[[#This Row],[SalesOrderLineUnitOfMeasure]],2,2)),0)","v":1},{"$f":"IFERROR(IF(Tabla_Consulta_desde_QuickBooks_Data_64_Bit_QRemote[[#This Row],[SalesOrderLineUnitOfMeasure]]=\"un\",Tabla_Consulta_desde_QuickBooks_Data_64_Bit_QRemote[[#This Row],[SalesOrderLineInvoiced]],Tabla_Consulta_desde_QuickBooks_Data_64_Bit_QRemote[[#This Row],[SalesOrderLineInvoiced]]/MID(Tabla_Consulta_desde_QuickBooks_Data_64_Bit_QRemote[[#This Row],[SalesOrderLineUnitOfMeasure]],2,2)),0)","v":0},{"$f":"+Tabla_Consulta_desde_QuickBooks_Data_64_Bit_QRemote[[#This Row],[facturado]]-Tabla_Consulta_desde_QuickBooks_Data_64_Bit_QRemote[[#This Row],[pide]]","v":-1},{"$f":"IF(Tabla_Consulta_desde_QuickBooks_Data_64_Bit_QRemote[[#This Row],[diferecia]]=0,\"ok\",\"diferen\")","v":"diferen"},{"$f":"IFERROR(INDEX(um!A:C,MATCH(Tabla_Consulta_desde_QuickBooks_Data_64_Bit_QRemote[[#This Row],[SalesOrderLineItemRefFullName]],um!A:A,0),3),\"\")","v":"X12"},{"$f":"IFERROR(IF(OR(Tabla_Consulta_desde_QuickBooks_Data_64_Bit_QRemote[[#This Row],[SalesOrderLineUnitOfMeasure]]=\"UN\",Tabla_Consulta_desde_QuickBooks_Data_64_Bit_QRemote[[#This Row],[SalesOrderLineUnitOfMeasure]]=Tabla_Consulta_desde_QuickBooks_Data_64_Bit_QRemote[[#This Row],[U/M]]),\"\",\"ERROR\"),\"\")","v":""},{"$f":"+WEEKNUM(Tabla_Consulta_desde_QuickBooks_Data_64_Bit_QRemote[[#This Row],[TxnDate]])","v":23},{"$f":"+Tabla_Consulta_desde_QuickBooks_Data_64_Bit_QRemote[[#This Row],[SalesOrderLineRate]]*Tabla_Consulta_desde_QuickBooks_Data_64_Bit_QRemote[[#This Row],[SalesOrderLineInvoiced]]","v":0},{"$f":"+IFERROR(IF(Tabla_Consulta_desde_QuickBooks_Data_64_Bit_QRemote[[#This Row],[CustomerRefFullName]]=\"GRUVALCORP SA\",VLOOKUP(Tabla_Consulta_desde_QuickBooks_Data_64_Bit_QRemote[[#This Row],[SalesOrderLineItemRefFullName]],Hoja1!A:E,5,FALSE),\"\")*-Tabla_Consulta_desde_QuickBooks_Data_64_Bit_QRemote[[#This Row],[SalesOrderLineAmount]],\"\")","v":""},{"$f":"IF(COUNTIF(wms!E:E,Tabla_Consulta_desde_QuickBooks_Data_64_Bit_QRemote[[#This Row],[RefNumber]])>0,\"OK\",\"FALTA\")","v":"FALTA"}]
["2025-06-03","29135","GERARDO ORTIZ E HIJOS CIA. LTDA.","CR408268 RIO",14,"7862112522442","PT:220133","TOTOPOS QUESO RANCHERO OLE 120G","Bodega Producto Terminado",12,"X12",0.93,11.16,"UNIDAD SNCKS",0,315.95999999999998,363.35,"IVA EN VENTAS 15%",{"$f":"IFERROR(IF(Tabla_Consulta_desde_QuickBooks_Data_64_Bit_QRemote[[#This Row],[SalesOrderLineUnitOfMeasure]]=\"un\",Tabla_Consulta_desde_QuickBooks_Data_64_Bit_QRemote[[#This Row],[SalesOrderLineQuantity]],Tabla_Consulta_desde_QuickBooks_Data_64_Bit_QRemote[[#This Row],[SalesOrderLineQuantity]]/MID(Tabla_Consulta_desde_QuickBooks_Data_64_Bit_QRemote[[#This Row],[SalesOrderLineUnitOfMeasure]],2,2)),0)","v":1},{"$f":"IFERROR(IF(Tabla_Consulta_desde_QuickBooks_Data_64_Bit_QRemote[[#This Row],[SalesOrderLineUnitOfMeasure]]=\"un\",Tabla_Consulta_desde_QuickBooks_Data_64_Bit_QRemote[[#This Row],[SalesOrderLineInvoiced]],Tabla_Consulta_desde_QuickBooks_Data_64_Bit_QRemote[[#This Row],[SalesOrderLineInvoiced]]/MID(Tabla_Consulta_desde_QuickBooks_Data_64_Bit_QRemote[[#This Row],[SalesOrderLineUnitOfMeasure]],2,2)),0)","v":0},{"$f":"+Tabla_Consulta_desde_QuickBooks_Data_64_Bit_QRemote[[#This Row],[facturado]]-Tabla_Consulta_desde_QuickBooks_Data_64_Bit_QRemote[[#This Row],[pide]]","v":-1},{"$f":"IF(Tabla_Consulta_desde_QuickBooks_Data_64_Bit_QRemote[[#This Row],[diferecia]]=0,\"ok\",\"diferen\")","v":"diferen"},{"$f":"IFERROR(INDEX(um!A:C,MATCH(Tabla_Consulta_desde_QuickBooks_Data_64_Bit_QRemote[[#This Row],[SalesOrderLineItemRefFullName]],um!A:A,0),3),\"\")","v":"X12"},{"$f":"IFERROR(IF(OR(Tabla_Consulta_desde_QuickBooks_Data_64_Bit_QRemote[[#This Row],[SalesOrderLineUnitOfMeasure]]=\"UN\",Tabla_Consulta_desde_QuickBooks_Data_64_Bit_QRemote[[#This Row],[SalesOrderLineUnitOfMeasure]]=Tabla_Consulta_desde_QuickBooks_Data_64_Bit_QRemote[[#This Row],[U/M]]),\"\",\"ERROR\"),\"\")","v":""},{"$f":"+WEEKNUM(Tabla_Consulta_desde_QuickBooks_Data_64_Bit_QRemote[[#This Row],[TxnDate]])","v":23},{"$f":"+Tabla_Consulta_desde_QuickBooks_Data_64_Bit_QRemote[[#This Row],[SalesOrderLineRate]]*Tabla_Consulta_desde_QuickBooks_Data_64_Bit_QRemote[[#This Row],[SalesOrderLineInvoiced]]","v":0},{"$f":"+IFERROR(IF(Tabla_Consulta_desde_QuickBooks_Data_64_Bit_QRemote[[#This Row],[CustomerRefFullName]]=\"GRUVALCORP SA\",VLOOKUP(Tabla_Consulta_desde_QuickBooks_Data_64_Bit_QRemote[[#This Row],[SalesOrderLineItemRefFullName]],Hoja1!A:E,5,FALSE),\"\")*-Tabla_Consulta_desde_QuickBooks_Data_64_Bit_QRemote[[#This Row],[SalesOrderLineAmount]],\"\")","v":""},{"$f":"IF(COUNTIF(wms!E:E,Tabla_Consulta_desde_QuickBooks_Data_64_Bit_QRemote[[#This Row],[RefNumber]])>0,\"OK\",\"FALTA\")","v":"FALTA"}]
["2025-06-03","29135","GERARDO ORTIZ E HIJOS CIA. LTDA.","CR408268 RIO",15,"7862112522367","PT:220132","TOTOPOS NATURAL OLE 300G","Bodega Producto Terminado",12,"X12",1.67,20.04,"UNIDAD SNCKS",0,315.95999999999998,363.35,"IVA EN VENTAS 15%",{"$f":"IFERROR(IF(Tabla_Consulta_desde_QuickBooks_Data_64_Bit_QRemote[[#This Row],[SalesOrderLineUnitOfMeasure]]=\"un\",Tabla_Consulta_desde_QuickBooks_Data_64_Bit_QRemote[[#This Row],[SalesOrderLineQuantity]],Tabla_Consulta_desde_QuickBooks_Data_64_Bit_QRemote[[#This Row],[SalesOrderLineQuantity]]/MID(Tabla_Consulta_desde_QuickBooks_Data_64_Bit_QRemote[[#This Row],[SalesOrderLineUnitOfMeasure]],2,2)),0)","v":1},{"$f":"IFERROR(IF(Tabla_Consulta_desde_QuickBooks_Data_64_Bit_QRemote[[#This Row],[SalesOrderLineUnitOfMeasure]]=\"un\",Tabla_Consulta_desde_QuickBooks_Data_64_Bit_QRemote[[#This Row],[SalesOrderLineInvoiced]],Tabla_Consulta_desde_QuickBooks_Data_64_Bit_QRemote[[#This Row],[SalesOrderLineInvoiced]]/MID(Tabla_Consulta_desde_QuickBooks_Data_64_Bit_QRemote[[#This Row],[SalesOrderLineUnitOfMeasure]],2,2)),0)","v":0},{"$f":"+Tabla_Consulta_desde_QuickBooks_Data_64_Bit_QRemote[[#This Row],[facturado]]-Tabla_Consulta_desde_QuickBooks_Data_64_Bit_QRemote[[#This Row],[pide]]","v":-1},{"$f":"IF(Tabla_Consulta_desde_QuickBooks_Data_64_Bit_QRemote[[#This Row],[diferecia]]=0,\"ok\",\"diferen\")","v":"diferen"},{"$f":"IFERROR(INDEX(um!A:C,MATCH(Tabla_Consulta_desde_QuickBooks_Data_64_Bit_QRemote[[#This Row],[SalesOrderLineItemRefFullName]],um!A:A,0),3),\"\")","v":"X12"},{"$f":"IFERROR(IF(OR(Tabla_Consulta_desde_QuickBooks_Data_64_Bit_QRemote[[#This Row],[SalesOrderLineUnitOfMeasure]]=\"UN\",Tabla_Consulta_desde_QuickBooks_Data_64_Bit_QRemote[[#This Row],[SalesOrderLineUnitOfMeasure]]=Tabla_Consulta_desde_QuickBooks_Data_64_Bit_QRemote[[#This Row],[U/M]]),\"\",\"ERROR\"),\"\")","v":""},{"$f":"+WEEKNUM(Tabla_Consulta_desde_QuickBooks_Data_64_Bit_QRemote[[#This Row],[TxnDate]])","v":23},{"$f":"+Tabla_Consulta_desde_QuickBooks_Data_64_Bit_QRemote[[#This Row],[SalesOrderLineRate]]*Tabla_Consulta_desde_QuickBooks_Data_64_Bit_QRemote[[#This Row],[SalesOrderLineInvoiced]]","v":0},{"$f":"+IFERROR(IF(Tabla_Consulta_desde_QuickBooks_Data_64_Bit_QRemote[[#This Row],[CustomerRefFullName]]=\"GRUVALCORP SA\",VLOOKUP(Tabla_Consulta_desde_QuickBooks_Data_64_Bit_QRemote[[#This Row],[SalesOrderLineItemRefFullName]],Hoja1!A:E,5,FALSE),\"\")*-Tabla_Consulta_desde_QuickBooks_Data_64_Bit_QRemote[[#This Row],[SalesOrderLineAmount]],\"\")","v":""},{"$f":"IF(COUNTIF(wms!E:E,Tabla_Consulta_desde_QuickBooks_Data_64_Bit_QRemote[[#This Row],[RefNumber]])>0,\"OK\",\"FALTA\")","v":"FALTA"}]
["2025-06-03","29135","GERARDO ORTIZ E HIJOS CIA. LTDA.","CR408268 RIO",16,null,"INFOADICIONAL","CR408268 RIO",null,null,null,0,0,null,0,315.95999999999998,363.35,"IVA EN VENTAS 15%",{"$f":"IFERROR(IF(Tabla_Consulta_desde_QuickBooks_Data_64_Bit_QRemote[[#This Row],[SalesOrderLineUnitOfMeasure]]=\"un\",Tabla_Consulta_desde_QuickBooks_Data_64_Bit_QRemote[[#This Row],[SalesOrderLineQuantity]],Tabla_Consulta_desde_QuickBooks_Data_64_Bit_QRemote[[#This Row],[SalesOrderLineQuantity]]/MID(Tabla_Consulta_desde_QuickBooks_Data_64_Bit_QRemote[[#This Row],[SalesOrderLineUnitOfMeasure]],2,2)),0)","v":0},{"$f":"IFERROR(IF(Tabla_Consulta_desde_QuickBooks_Data_64_Bit_QRemote[[#This Row],[SalesOrderLineUnitOfMeasure]]=\"un\",Tabla_Consulta_desde_QuickBooks_Data_64_Bit_QRemote[[#This Row],[SalesOrderLineInvoiced]],Tabla_Consulta_desde_QuickBooks_Data_64_Bit_QRemote[[#This Row],[SalesOrderLineInvoiced]]/MID(Tabla_Consulta_desde_QuickBooks_Data_64_Bit_QRemote[[#This Row],[SalesOrderLineUnitOfMeasure]],2,2)),0)","v":0},{"$f":"+Tabla_Consulta_desde_QuickBooks_Data_64_Bit_QRemote[[#This Row],[facturado]]-Tabla_Consulta_desde_QuickBooks_Data_64_Bit_QRemote[[#This Row],[pide]]","v":0},{"$f":"IF(Tabla_Consulta_desde_QuickBooks_Data_64_Bit_QRemote[[#This Row],[diferecia]]=0,\"ok\",\"diferen\")","v":"ok"},{"$f":"IFERROR(INDEX(um!A:C,MATCH(Tabla_Consulta_desde_QuickBooks_Data_64_Bit_QRemote[[#This Row],[SalesOrderLineItemRefFullName]],um!A:A,0),3),\"\")","v":""},{"$f":"IFERROR(IF(OR(Tabla_Consulta_desde_QuickBooks_Data_64_Bit_QRemote[[#This Row],[SalesOrderLineUnitOfMeasure]]=\"UN\",Tabla_Consulta_desde_QuickBooks_Data_64_Bit_QRemote[[#This Row],[SalesOrderLineUnitOfMeasure]]=Tabla_Consulta_desde_QuickBooks_Data_64_Bit_QRemote[[#This Row],[U/M]]),\"\",\"ERROR\"),\"\")","v":""},{"$f":"+WEEKNUM(Tabla_Consulta_desde_QuickBooks_Data_64_Bit_QRemote[[#This Row],[TxnDate]])","v":23},{"$f":"+Tabla_Consulta_desde_QuickBooks_Data_64_Bit_QRemote[[#This Row],[SalesOrderLineRate]]*Tabla_Consulta_desde_QuickBooks_Data_64_Bit_QRemote[[#This Row],[SalesOrderLineInvoiced]]","v":0},{"$f":"+IFERROR(IF(Tabla_Consulta_desde_QuickBooks_Data_64_Bit_QRemote[[#This Row],[CustomerRefFullName]]=\"GRUVALCORP SA\",VLOOKUP(Tabla_Consulta_desde_QuickBooks_Data_64_Bit_QRemote[[#This Row],[SalesOrderLineItemRefFullName]],Hoja1!A:E,5,FALSE),\"\")*-Tabla_Consulta_desde_QuickBooks_Data_64_Bit_QRemote[[#This Row],[SalesOrderLineAmount]],\"\")","v":""},{"$f":"IF(COUNTIF(wms!E:E,Tabla_Consulta_desde_QuickBooks_Data_64_Bit_QRemote[[#This Row],[RefNumber]])>0,\"OK\",\"FALTA\")","v":"FALTA"}]
["2025-06-03","29136","GERARDO ORTIZ E HIJOS CIA. LTDA.","BM112529 MAGDALENA",1,"7862112523296","P.T:110622","PEPINILLOS CON JALAPEÑO OLE 225G","Bodega Producto Terminado",24,"X24",1.69,40.56,"UNIDAD SALSA",0,691.74,795.5,"IVA EN VENTAS 15%",{"$f":"IFERROR(IF(Tabla_Consulta_desde_QuickBooks_Data_64_Bit_QRemote[[#This Row],[SalesOrderLineUnitOfMeasure]]=\"un\",Tabla_Consulta_desde_QuickBooks_Data_64_Bit_QRemote[[#This Row],[SalesOrderLineQuantity]],Tabla_Consulta_desde_QuickBooks_Data_64_Bit_QRemote[[#This Row],[SalesOrderLineQuantity]]/MID(Tabla_Consulta_desde_QuickBooks_Data_64_Bit_QRemote[[#This Row],[SalesOrderLineUnitOfMeasure]],2,2)),0)","v":1},{"$f":"IFERROR(IF(Tabla_Consulta_desde_QuickBooks_Data_64_Bit_QRemote[[#This Row],[SalesOrderLineUnitOfMeasure]]=\"un\",Tabla_Consulta_desde_QuickBooks_Data_64_Bit_QRemote[[#This Row],[SalesOrderLineInvoiced]],Tabla_Consulta_desde_QuickBooks_Data_64_Bit_QRemote[[#This Row],[SalesOrderLineInvoiced]]/MID(Tabla_Consulta_desde_QuickBooks_Data_64_Bit_QRemote[[#This Row],[SalesOrderLineUnitOfMeasure]],2,2)),0)","v":0},{"$f":"+Tabla_Consulta_desde_QuickBooks_Data_64_Bit_QRemote[[#This Row],[facturado]]-Tabla_Consulta_desde_QuickBooks_Data_64_Bit_QRemote[[#This Row],[pide]]","v":-1},{"$f":"IF(Tabla_Consulta_desde_QuickBooks_Data_64_Bit_QRemote[[#This Row],[diferecia]]=0,\"ok\",\"diferen\")","v":"diferen"},{"$f":"IFERROR(INDEX(um!A:C,MATCH(Tabla_Consulta_desde_QuickBooks_Data_64_Bit_QRemote[[#This Row],[SalesOrderLineItemRefFullName]],um!A:A,0),3),\"\")","v":"X24"},{"$f":"IFERROR(IF(OR(Tabla_Consulta_desde_QuickBooks_Data_64_Bit_QRemote[[#This Row],[SalesOrderLineUnitOfMeasure]]=\"UN\",Tabla_Consulta_desde_QuickBooks_Data_64_Bit_QRemote[[#This Row],[SalesOrderLineUnitOfMeasure]]=Tabla_Consulta_desde_QuickBooks_Data_64_Bit_QRemote[[#This Row],[U/M]]),\"\",\"ERROR\"),\"\")","v":""},{"$f":"+WEEKNUM(Tabla_Consulta_desde_QuickBooks_Data_64_Bit_QRemote[[#This Row],[TxnDate]])","v":23},{"$f":"+Tabla_Consulta_desde_QuickBooks_Data_64_Bit_QRemote[[#This Row],[SalesOrderLineRate]]*Tabla_Consulta_desde_QuickBooks_Data_64_Bit_QRemote[[#This Row],[SalesOrderLineInvoiced]]","v":0},{"$f":"+IFERROR(IF(Tabla_Consulta_desde_QuickBooks_Data_64_Bit_QRemote[[#This Row],[CustomerRefFullName]]=\"GRUVALCORP SA\",VLOOKUP(Tabla_Consulta_desde_QuickBooks_Data_64_Bit_QRemote[[#This Row],[SalesOrderLineItemRefFullName]],Hoja1!A:E,5,FALSE),\"\")*-Tabla_Consulta_desde_QuickBooks_Data_64_Bit_QRemote[[#This Row],[SalesOrderLineAmount]],\"\")","v":""},{"$f":"IF(COUNTIF(wms!E:E,Tabla_Consulta_desde_QuickBooks_Data_64_Bit_QRemote[[#This Row],[RefNumber]])>0,\"OK\",\"FALTA\")","v":"FALTA"}]
["2025-06-03","29136","GERARDO ORTIZ E HIJOS CIA. LTDA.","BM112529 MAGDALENA",2,"705424000352","P.T:110608","JALAPEÑO ROJOS Y VERDES OLE 370G","Bodega Producto Terminado",12,"X12",2.99,35.880000000000003,"UNIDAD SALSA",0,691.74,795.5,"IVA EN VENTAS 15%",{"$f":"IFERROR(IF(Tabla_Consulta_desde_QuickBooks_Data_64_Bit_QRemote[[#This Row],[SalesOrderLineUnitOfMeasure]]=\"un\",Tabla_Consulta_desde_QuickBooks_Data_64_Bit_QRemote[[#This Row],[SalesOrderLineQuantity]],Tabla_Consulta_desde_QuickBooks_Data_64_Bit_QRemote[[#This Row],[SalesOrderLineQuantity]]/MID(Tabla_Consulta_desde_QuickBooks_Data_64_Bit_QRemote[[#This Row],[SalesOrderLineUnitOfMeasure]],2,2)),0)","v":1},{"$f":"IFERROR(IF(Tabla_Consulta_desde_QuickBooks_Data_64_Bit_QRemote[[#This Row],[SalesOrderLineUnitOfMeasure]]=\"un\",Tabla_Consulta_desde_QuickBooks_Data_64_Bit_QRemote[[#This Row],[SalesOrderLineInvoiced]],Tabla_Consulta_desde_QuickBooks_Data_64_Bit_QRemote[[#This Row],[SalesOrderLineInvoiced]]/MID(Tabla_Consulta_desde_QuickBooks_Data_64_Bit_QRemote[[#This Row],[SalesOrderLineUnitOfMeasure]],2,2)),0)","v":0},{"$f":"+Tabla_Consulta_desde_QuickBooks_Data_64_Bit_QRemote[[#This Row],[facturado]]-Tabla_Consulta_desde_QuickBooks_Data_64_Bit_QRemote[[#This Row],[pide]]","v":-1},{"$f":"IF(Tabla_Consulta_desde_QuickBooks_Data_64_Bit_QRemote[[#This Row],[diferecia]]=0,\"ok\",\"diferen\")","v":"diferen"},{"$f":"IFERROR(INDEX(um!A:C,MATCH(Tabla_Consulta_desde_QuickBooks_Data_64_Bit_QRemote[[#This Row],[SalesOrderLineItemRefFullName]],um!A:A,0),3),\"\")","v":"X12"},{"$f":"IFERROR(IF(OR(Tabla_Consulta_desde_QuickBooks_Data_64_Bit_QRemote[[#This Row],[SalesOrderLineUnitOfMeasure]]=\"UN\",Tabla_Consulta_desde_QuickBooks_Data_64_Bit_QRemote[[#This Row],[SalesOrderLineUnitOfMeasure]]=Tabla_Consulta_desde_QuickBooks_Data_64_Bit_QRemote[[#This Row],[U/M]]),\"\",\"ERROR\"),\"\")","v":""},{"$f":"+WEEKNUM(Tabla_Consulta_desde_QuickBooks_Data_64_Bit_QRemote[[#This Row],[TxnDate]])","v":23},{"$f":"+Tabla_Consulta_desde_QuickBooks_Data_64_Bit_QRemote[[#This Row],[SalesOrderLineRate]]*Tabla_Consulta_desde_QuickBooks_Data_64_Bit_QRemote[[#This Row],[SalesOrderLineInvoiced]]","v":0},{"$f":"+IFERROR(IF(Tabla_Consulta_desde_QuickBooks_Data_64_Bit_QRemote[[#This Row],[CustomerRefFullName]]=\"GRUVALCORP SA\",VLOOKUP(Tabla_Consulta_desde_QuickBooks_Data_64_Bit_QRemote[[#This Row],[SalesOrderLineItemRefFullName]],Hoja1!A:E,5,FALSE),\"\")*-Tabla_Consulta_desde_QuickBooks_Data_64_Bit_QRemote[[#This Row],[SalesOrderLineAmount]],\"\")","v":""},{"$f":"IF(COUNTIF(wms!E:E,Tabla_Consulta_desde_QuickBooks_Data_64_Bit_QRemote[[#This Row],[RefNumber]])>0,\"OK\",\"FALTA\")","v":"FALTA"}]
["2025-06-03","29136","GERARDO ORTIZ E HIJOS CIA. LTDA.","BM112529 MAGDALENA",3,"7862112520509","P.T:110606","JALAPEÑO ROJOS Y VERDES AGRIDULCES OLE 250G","Bodega Producto Terminado",12,"X12",1.62,19.440000000000001,"UNIDAD SALSA",0,691.74,795.5,"IVA EN VENTAS 15%",{"$f":"IFERROR(IF(Tabla_Consulta_desde_QuickBooks_Data_64_Bit_QRemote[[#This Row],[SalesOrderLineUnitOfMeasure]]=\"un\",Tabla_Consulta_desde_QuickBooks_Data_64_Bit_QRemote[[#This Row],[SalesOrderLineQuantity]],Tabla_Consulta_desde_QuickBooks_Data_64_Bit_QRemote[[#This Row],[SalesOrderLineQuantity]]/MID(Tabla_Consulta_desde_QuickBooks_Data_64_Bit_QRemote[[#This Row],[SalesOrderLineUnitOfMeasure]],2,2)),0)","v":1},{"$f":"IFERROR(IF(Tabla_Consulta_desde_QuickBooks_Data_64_Bit_QRemote[[#This Row],[SalesOrderLineUnitOfMeasure]]=\"un\",Tabla_Consulta_desde_QuickBooks_Data_64_Bit_QRemote[[#This Row],[SalesOrderLineInvoiced]],Tabla_Consulta_desde_QuickBooks_Data_64_Bit_QRemote[[#This Row],[SalesOrderLineInvoiced]]/MID(Tabla_Consulta_desde_QuickBooks_Data_64_Bit_QRemote[[#This Row],[SalesOrderLineUnitOfMeasure]],2,2)),0)","v":0},{"$f":"+Tabla_Consulta_desde_QuickBooks_Data_64_Bit_QRemote[[#This Row],[facturado]]-Tabla_Consulta_desde_QuickBooks_Data_64_Bit_QRemote[[#This Row],[pide]]","v":-1},{"$f":"IF(Tabla_Consulta_desde_QuickBooks_Data_64_Bit_QRemote[[#This Row],[diferecia]]=0,\"ok\",\"diferen\")","v":"diferen"},{"$f":"IFERROR(INDEX(um!A:C,MATCH(Tabla_Consulta_desde_QuickBooks_Data_64_Bit_QRemote[[#This Row],[SalesOrderLineItemRefFullName]],um!A:A,0),3),\"\")","v":"X12"},{"$f":"IFERROR(IF(OR(Tabla_Consulta_desde_QuickBooks_Data_64_Bit_QRemote[[#This Row],[SalesOrderLineUnitOfMeasure]]=\"UN\",Tabla_Consulta_desde_QuickBooks_Data_64_Bit_QRemote[[#This Row],[SalesOrderLineUnitOfMeasure]]=Tabla_Consulta_desde_QuickBooks_Data_64_Bit_QRemote[[#This Row],[U/M]]),\"\",\"ERROR\"),\"\")","v":""},{"$f":"+WEEKNUM(Tabla_Consulta_desde_QuickBooks_Data_64_Bit_QRemote[[#This Row],[TxnDate]])","v":23},{"$f":"+Tabla_Consulta_desde_QuickBooks_Data_64_Bit_QRemote[[#This Row],[SalesOrderLineRate]]*Tabla_Consulta_desde_QuickBooks_Data_64_Bit_QRemote[[#This Row],[SalesOrderLineInvoiced]]","v":0},{"$f":"+IFERROR(IF(Tabla_Consulta_desde_QuickBooks_Data_64_Bit_QRemote[[#This Row],[CustomerRefFullName]]=\"GRUVALCORP SA\",VLOOKUP(Tabla_Consulta_desde_QuickBooks_Data_64_Bit_QRemote[[#This Row],[SalesOrderLineItemRefFullName]],Hoja1!A:E,5,FALSE),\"\")*-Tabla_Consulta_desde_QuickBooks_Data_64_Bit_QRemote[[#This Row],[SalesOrderLineAmount]],\"\")","v":""},{"$f":"IF(COUNTIF(wms!E:E,Tabla_Consulta_desde_QuickBooks_Data_64_Bit_QRemote[[#This Row],[RefNumber]])>0,\"OK\",\"FALTA\")","v":"FALTA"}]
["2025-06-03","29136","GERARDO ORTIZ E HIJOS CIA. LTDA.","BM112529 MAGDALENA",4,"7861000227513","P.T:110603","JALAPEÑO ROJOS Y VERDES OLE 200G","Bodega Producto Terminado",24,"X24",2.29,54.96,"UNIDAD SALSA",0,691.74,795.5,"IVA EN VENTAS 15%",{"$f":"IFERROR(IF(Tabla_Consulta_desde_QuickBooks_Data_64_Bit_QRemote[[#This Row],[SalesOrderLineUnitOfMeasure]]=\"un\",Tabla_Consulta_desde_QuickBooks_Data_64_Bit_QRemote[[#This Row],[SalesOrderLineQuantity]],Tabla_Consulta_desde_QuickBooks_Data_64_Bit_QRemote[[#This Row],[SalesOrderLineQuantity]]/MID(Tabla_Consulta_desde_QuickBooks_Data_64_Bit_QRemote[[#This Row],[SalesOrderLineUnitOfMeasure]],2,2)),0)","v":1},{"$f":"IFERROR(IF(Tabla_Consulta_desde_QuickBooks_Data_64_Bit_QRemote[[#This Row],[SalesOrderLineUnitOfMeasure]]=\"un\",Tabla_Consulta_desde_QuickBooks_Data_64_Bit_QRemote[[#This Row],[SalesOrderLineInvoiced]],Tabla_Consulta_desde_QuickBooks_Data_64_Bit_QRemote[[#This Row],[SalesOrderLineInvoiced]]/MID(Tabla_Consulta_desde_QuickBooks_Data_64_Bit_QRemote[[#This Row],[SalesOrderLineUnitOfMeasure]],2,2)),0)","v":0},{"$f":"+Tabla_Consulta_desde_QuickBooks_Data_64_Bit_QRemote[[#This Row],[facturado]]-Tabla_Consulta_desde_QuickBooks_Data_64_Bit_QRemote[[#This Row],[pide]]","v":-1},{"$f":"IF(Tabla_Consulta_desde_QuickBooks_Data_64_Bit_QRemote[[#This Row],[diferecia]]=0,\"ok\",\"diferen\")","v":"diferen"},{"$f":"IFERROR(INDEX(um!A:C,MATCH(Tabla_Consulta_desde_QuickBooks_Data_64_Bit_QRemote[[#This Row],[SalesOrderLineItemRefFullName]],um!A:A,0),3),\"\")","v":"X24"},{"$f":"IFERROR(IF(OR(Tabla_Consulta_desde_QuickBooks_Data_64_Bit_QRemote[[#This Row],[SalesOrderLineUnitOfMeasure]]=\"UN\",Tabla_Consulta_desde_QuickBooks_Data_64_Bit_QRemote[[#This Row],[SalesOrderLineUnitOfMeasure]]=Tabla_Consulta_desde_QuickBooks_Data_64_Bit_QRemote[[#This Row],[U/M]]),\"\",\"ERROR\"),\"\")","v":""},{"$f":"+WEEKNUM(Tabla_Consulta_desde_QuickBooks_Data_64_Bit_QRemote[[#This Row],[TxnDate]])","v":23},{"$f":"+Tabla_Consulta_desde_QuickBooks_Data_64_Bit_QRemote[[#This Row],[SalesOrderLineRate]]*Tabla_Consulta_desde_QuickBooks_Data_64_Bit_QRemote[[#This Row],[SalesOrderLineInvoiced]]","v":0},{"$f":"+IFERROR(IF(Tabla_Consulta_desde_QuickBooks_Data_64_Bit_QRemote[[#This Row],[CustomerRefFullName]]=\"GRUVALCORP SA\",VLOOKUP(Tabla_Consulta_desde_QuickBooks_Data_64_Bit_QRemote[[#This Row],[SalesOrderLineItemRefFullName]],Hoja1!A:E,5,FALSE),\"\")*-Tabla_Consulta_desde_QuickBooks_Data_64_Bit_QRemote[[#This Row],[SalesOrderLineAmount]],\"\")","v":""},{"$f":"IF(COUNTIF(wms!E:E,Tabla_Consulta_desde_QuickBooks_Data_64_Bit_QRemote[[#This Row],[RefNumber]])>0,\"OK\",\"FALTA\")","v":"FALTA"}]
["2025-06-03","29136","GERARDO ORTIZ E HIJOS CIA. LTDA.","BM112529 MAGDALENA",5,"7862112520301","P.T:110700","CHIMICHURRI OLE 230G","Bodega Producto Terminado",12,"X12",2.33,27.96,"UNIDAD SALSA",0,691.74,795.5,"IVA EN VENTAS 15%",{"$f":"IFERROR(IF(Tabla_Consulta_desde_QuickBooks_Data_64_Bit_QRemote[[#This Row],[SalesOrderLineUnitOfMeasure]]=\"un\",Tabla_Consulta_desde_QuickBooks_Data_64_Bit_QRemote[[#This Row],[SalesOrderLineQuantity]],Tabla_Consulta_desde_QuickBooks_Data_64_Bit_QRemote[[#This Row],[SalesOrderLineQuantity]]/MID(Tabla_Consulta_desde_QuickBooks_Data_64_Bit_QRemote[[#This Row],[SalesOrderLineUnitOfMeasure]],2,2)),0)","v":1},{"$f":"IFERROR(IF(Tabla_Consulta_desde_QuickBooks_Data_64_Bit_QRemote[[#This Row],[SalesOrderLineUnitOfMeasure]]=\"un\",Tabla_Consulta_desde_QuickBooks_Data_64_Bit_QRemote[[#This Row],[SalesOrderLineInvoiced]],Tabla_Consulta_desde_QuickBooks_Data_64_Bit_QRemote[[#This Row],[SalesOrderLineInvoiced]]/MID(Tabla_Consulta_desde_QuickBooks_Data_64_Bit_QRemote[[#This Row],[SalesOrderLineUnitOfMeasure]],2,2)),0)","v":0},{"$f":"+Tabla_Consulta_desde_QuickBooks_Data_64_Bit_QRemote[[#This Row],[facturado]]-Tabla_Consulta_desde_QuickBooks_Data_64_Bit_QRemote[[#This Row],[pide]]","v":-1},{"$f":"IF(Tabla_Consulta_desde_QuickBooks_Data_64_Bit_QRemote[[#This Row],[diferecia]]=0,\"ok\",\"diferen\")","v":"diferen"},{"$f":"IFERROR(INDEX(um!A:C,MATCH(Tabla_Consulta_desde_QuickBooks_Data_64_Bit_QRemote[[#This Row],[SalesOrderLineItemRefFullName]],um!A:A,0),3),\"\")","v":"X12"},{"$f":"IFERROR(IF(OR(Tabla_Consulta_desde_QuickBooks_Data_64_Bit_QRemote[[#This Row],[SalesOrderLineUnitOfMeasure]]=\"UN\",Tabla_Consulta_desde_QuickBooks_Data_64_Bit_QRemote[[#This Row],[SalesOrderLineUnitOfMeasure]]=Tabla_Consulta_desde_QuickBooks_Data_64_Bit_QRemote[[#This Row],[U/M]]),\"\",\"ERROR\"),\"\")","v":""},{"$f":"+WEEKNUM(Tabla_Consulta_desde_QuickBooks_Data_64_Bit_QRemote[[#This Row],[TxnDate]])","v":23},{"$f":"+Tabla_Consulta_desde_QuickBooks_Data_64_Bit_QRemote[[#This Row],[SalesOrderLineRate]]*Tabla_Consulta_desde_QuickBooks_Data_64_Bit_QRemote[[#This Row],[SalesOrderLineInvoiced]]","v":0},{"$f":"+IFERROR(IF(Tabla_Consulta_desde_QuickBooks_Data_64_Bit_QRemote[[#This Row],[CustomerRefFullName]]=\"GRUVALCORP SA\",VLOOKUP(Tabla_Consulta_desde_QuickBooks_Data_64_Bit_QRemote[[#This Row],[SalesOrderLineItemRefFullName]],Hoja1!A:E,5,FALSE),\"\")*-Tabla_Consulta_desde_QuickBooks_Data_64_Bit_QRemote[[#This Row],[SalesOrderLineAmount]],\"\")","v":""},{"$f":"IF(COUNTIF(wms!E:E,Tabla_Consulta_desde_QuickBooks_Data_64_Bit_QRemote[[#This Row],[RefNumber]])>0,\"OK\",\"FALTA\")","v":"FALTA"}]
["2025-06-03","29136","GERARDO ORTIZ E HIJOS CIA. LTDA.","BM112529 MAGDALENA",6,"7862112522626","P.T:110701","CHIMICHURRI ESTILO ARGENTINO OLE 380G","Bodega Producto Terminado",12,"X12",2.9,34.799999999999997,"UNIDAD SALSA",0,691.74,795.5,"IVA EN VENTAS 15%",{"$f":"IFERROR(IF(Tabla_Consulta_desde_QuickBooks_Data_64_Bit_QRemote[[#This Row],[SalesOrderLineUnitOfMeasure]]=\"un\",Tabla_Consulta_desde_QuickBooks_Data_64_Bit_QRemote[[#This Row],[SalesOrderLineQuantity]],Tabla_Consulta_desde_QuickBooks_Data_64_Bit_QRemote[[#This Row],[SalesOrderLineQuantity]]/MID(Tabla_Consulta_desde_QuickBooks_Data_64_Bit_QRemote[[#This Row],[SalesOrderLineUnitOfMeasure]],2,2)),0)","v":1},{"$f":"IFERROR(IF(Tabla_Consulta_desde_QuickBooks_Data_64_Bit_QRemote[[#This Row],[SalesOrderLineUnitOfMeasure]]=\"un\",Tabla_Consulta_desde_QuickBooks_Data_64_Bit_QRemote[[#This Row],[SalesOrderLineInvoiced]],Tabla_Consulta_desde_QuickBooks_Data_64_Bit_QRemote[[#This Row],[SalesOrderLineInvoiced]]/MID(Tabla_Consulta_desde_QuickBooks_Data_64_Bit_QRemote[[#This Row],[SalesOrderLineUnitOfMeasure]],2,2)),0)","v":0},{"$f":"+Tabla_Consulta_desde_QuickBooks_Data_64_Bit_QRemote[[#This Row],[facturado]]-Tabla_Consulta_desde_QuickBooks_Data_64_Bit_QRemote[[#This Row],[pide]]","v":-1},{"$f":"IF(Tabla_Consulta_desde_QuickBooks_Data_64_Bit_QRemote[[#This Row],[diferecia]]=0,\"ok\",\"diferen\")","v":"diferen"},{"$f":"IFERROR(INDEX(um!A:C,MATCH(Tabla_Consulta_desde_QuickBooks_Data_64_Bit_QRemote[[#This Row],[SalesOrderLineItemRefFullName]],um!A:A,0),3),\"\")","v":"X12"},{"$f":"IFERROR(IF(OR(Tabla_Consulta_desde_QuickBooks_Data_64_Bit_QRemote[[#This Row],[SalesOrderLineUnitOfMeasure]]=\"UN\",Tabla_Consulta_desde_QuickBooks_Data_64_Bit_QRemote[[#This Row],[SalesOrderLineUnitOfMeasure]]=Tabla_Consulta_desde_QuickBooks_Data_64_Bit_QRemote[[#This Row],[U/M]]),\"\",\"ERROR\"),\"\")","v":""},{"$f":"+WEEKNUM(Tabla_Consulta_desde_QuickBooks_Data_64_Bit_QRemote[[#This Row],[TxnDate]])","v":23},{"$f":"+Tabla_Consulta_desde_QuickBooks_Data_64_Bit_QRemote[[#This Row],[SalesOrderLineRate]]*Tabla_Consulta_desde_QuickBooks_Data_64_Bit_QRemote[[#This Row],[SalesOrderLineInvoiced]]","v":0},{"$f":"+IFERROR(IF(Tabla_Consulta_desde_QuickBooks_Data_64_Bit_QRemote[[#This Row],[CustomerRefFullName]]=\"GRUVALCORP SA\",VLOOKUP(Tabla_Consulta_desde_QuickBooks_Data_64_Bit_QRemote[[#This Row],[SalesOrderLineItemRefFullName]],Hoja1!A:E,5,FALSE),\"\")*-Tabla_Consulta_desde_QuickBooks_Data_64_Bit_QRemote[[#This Row],[SalesOrderLineAmount]],\"\")","v":""},{"$f":"IF(COUNTIF(wms!E:E,Tabla_Consulta_desde_QuickBooks_Data_64_Bit_QRemote[[#This Row],[RefNumber]])>0,\"OK\",\"FALTA\")","v":"FALTA"}]
["2025-06-03","29136","GERARDO ORTIZ E HIJOS CIA. LTDA.","BM112529 MAGDALENA",7,"7862112523036","P.T:110746","SALSA PICANTE JALAPEÑO OLE 100G","Bodega Producto Terminado",24,"X12",0.6,14.4,"UNIDAD SALSA",0,691.74,795.5,"IVA EN VENTAS 15%",{"$f":"IFERROR(IF(Tabla_Consulta_desde_QuickBooks_Data_64_Bit_QRemote[[#This Row],[SalesOrderLineUnitOfMeasure]]=\"un\",Tabla_Consulta_desde_QuickBooks_Data_64_Bit_QRemote[[#This Row],[SalesOrderLineQuantity]],Tabla_Consulta_desde_QuickBooks_Data_64_Bit_QRemote[[#This Row],[SalesOrderLineQuantity]]/MID(Tabla_Consulta_desde_QuickBooks_Data_64_Bit_QRemote[[#This Row],[SalesOrderLineUnitOfMeasure]],2,2)),0)","v":2},{"$f":"IFERROR(IF(Tabla_Consulta_desde_QuickBooks_Data_64_Bit_QRemote[[#This Row],[SalesOrderLineUnitOfMeasure]]=\"un\",Tabla_Consulta_desde_QuickBooks_Data_64_Bit_QRemote[[#This Row],[SalesOrderLineInvoiced]],Tabla_Consulta_desde_QuickBooks_Data_64_Bit_QRemote[[#This Row],[SalesOrderLineInvoiced]]/MID(Tabla_Consulta_desde_QuickBooks_Data_64_Bit_QRemote[[#This Row],[SalesOrderLineUnitOfMeasure]],2,2)),0)","v":0},{"$f":"+Tabla_Consulta_desde_QuickBooks_Data_64_Bit_QRemote[[#This Row],[facturado]]-Tabla_Consulta_desde_QuickBooks_Data_64_Bit_QRemote[[#This Row],[pide]]","v":-2},{"$f":"IF(Tabla_Consulta_desde_QuickBooks_Data_64_Bit_QRemote[[#This Row],[diferecia]]=0,\"ok\",\"diferen\")","v":"diferen"},{"$f":"IFERROR(INDEX(um!A:C,MATCH(Tabla_Consulta_desde_QuickBooks_Data_64_Bit_QRemote[[#This Row],[SalesOrderLineItemRefFullName]],um!A:A,0),3),\"\")","v":"X12"},{"$f":"IFERROR(IF(OR(Tabla_Consulta_desde_QuickBooks_Data_64_Bit_QRemote[[#This Row],[SalesOrderLineUnitOfMeasure]]=\"UN\",Tabla_Consulta_desde_QuickBooks_Data_64_Bit_QRemote[[#This Row],[SalesOrderLineUnitOfMeasure]]=Tabla_Consulta_desde_QuickBooks_Data_64_Bit_QRemote[[#This Row],[U/M]]),\"\",\"ERROR\"),\"\")","v":""},{"$f":"+WEEKNUM(Tabla_Consulta_desde_QuickBooks_Data_64_Bit_QRemote[[#This Row],[TxnDate]])","v":23},{"$f":"+Tabla_Consulta_desde_QuickBooks_Data_64_Bit_QRemote[[#This Row],[SalesOrderLineRate]]*Tabla_Consulta_desde_QuickBooks_Data_64_Bit_QRemote[[#This Row],[SalesOrderLineInvoiced]]","v":0},{"$f":"+IFERROR(IF(Tabla_Consulta_desde_QuickBooks_Data_64_Bit_QRemote[[#This Row],[CustomerRefFullName]]=\"GRUVALCORP SA\",VLOOKUP(Tabla_Consulta_desde_QuickBooks_Data_64_Bit_QRemote[[#This Row],[SalesOrderLineItemRefFullName]],Hoja1!A:E,5,FALSE),\"\")*-Tabla_Consulta_desde_QuickBooks_Data_64_Bit_QRemote[[#This Row],[SalesOrderLineAmount]],\"\")","v":""},{"$f":"IF(COUNTIF(wms!E:E,Tabla_Consulta_desde_QuickBooks_Data_64_Bit_QRemote[[#This Row],[RefNumber]])>0,\"OK\",\"FALTA\")","v":"FALTA"}]
["2025-06-03","29136","GERARDO ORTIZ E HIJOS CIA. LTDA.","BM112529 MAGDALENA",8,"7862112523043","P.T:110745","SALSA PICANTE HABANERO OLE 100G","Bodega Producto Terminado",12,"X12",0.6,7.2,"UNIDAD SALSA",0,691.74,795.5,"IVA EN VENTAS 15%",{"$f":"IFERROR(IF(Tabla_Consulta_desde_QuickBooks_Data_64_Bit_QRemote[[#This Row],[SalesOrderLineUnitOfMeasure]]=\"un\",Tabla_Consulta_desde_QuickBooks_Data_64_Bit_QRemote[[#This Row],[SalesOrderLineQuantity]],Tabla_Consulta_desde_QuickBooks_Data_64_Bit_QRemote[[#This Row],[SalesOrderLineQuantity]]/MID(Tabla_Consulta_desde_QuickBooks_Data_64_Bit_QRemote[[#This Row],[SalesOrderLineUnitOfMeasure]],2,2)),0)","v":1},{"$f":"IFERROR(IF(Tabla_Consulta_desde_QuickBooks_Data_64_Bit_QRemote[[#This Row],[SalesOrderLineUnitOfMeasure]]=\"un\",Tabla_Consulta_desde_QuickBooks_Data_64_Bit_QRemote[[#This Row],[SalesOrderLineInvoiced]],Tabla_Consulta_desde_QuickBooks_Data_64_Bit_QRemote[[#This Row],[SalesOrderLineInvoiced]]/MID(Tabla_Consulta_desde_QuickBooks_Data_64_Bit_QRemote[[#This Row],[SalesOrderLineUnitOfMeasure]],2,2)),0)","v":0},{"$f":"+Tabla_Consulta_desde_QuickBooks_Data_64_Bit_QRemote[[#This Row],[facturado]]-Tabla_Consulta_desde_QuickBooks_Data_64_Bit_QRemote[[#This Row],[pide]]","v":-1},{"$f":"IF(Tabla_Consulta_desde_QuickBooks_Data_64_Bit_QRemote[[#This Row],[diferecia]]=0,\"ok\",\"diferen\")","v":"diferen"},{"$f":"IFERROR(INDEX(um!A:C,MATCH(Tabla_Consulta_desde_QuickBooks_Data_64_Bit_QRemote[[#This Row],[SalesOrderLineItemRefFullName]],um!A:A,0),3),\"\")","v":"X12"},{"$f":"IFERROR(IF(OR(Tabla_Consulta_desde_QuickBooks_Data_64_Bit_QRemote[[#This Row],[SalesOrderLineUnitOfMeasure]]=\"UN\",Tabla_Consulta_desde_QuickBooks_Data_64_Bit_QRemote[[#This Row],[SalesOrderLineUnitOfMeasure]]=Tabla_Consulta_desde_QuickBooks_Data_64_Bit_QRemote[[#This Row],[U/M]]),\"\",\"ERROR\"),\"\")","v":""},{"$f":"+WEEKNUM(Tabla_Consulta_desde_QuickBooks_Data_64_Bit_QRemote[[#This Row],[TxnDate]])","v":23},{"$f":"+Tabla_Consulta_desde_QuickBooks_Data_64_Bit_QRemote[[#This Row],[SalesOrderLineRate]]*Tabla_Consulta_desde_QuickBooks_Data_64_Bit_QRemote[[#This Row],[SalesOrderLineInvoiced]]","v":0},{"$f":"+IFERROR(IF(Tabla_Consulta_desde_QuickBooks_Data_64_Bit_QRemote[[#This Row],[CustomerRefFullName]]=\"GRUVALCORP SA\",VLOOKUP(Tabla_Consulta_desde_QuickBooks_Data_64_Bit_QRemote[[#This Row],[SalesOrderLineItemRefFullName]],Hoja1!A:E,5,FALSE),\"\")*-Tabla_Consulta_desde_QuickBooks_Data_64_Bit_QRemote[[#This Row],[SalesOrderLineAmount]],\"\")","v":""},{"$f":"IF(COUNTIF(wms!E:E,Tabla_Consulta_desde_QuickBooks_Data_64_Bit_QRemote[[#This Row],[RefNumber]])>0,\"OK\",\"FALTA\")","v":"FALTA"}]
["2025-06-03","29136","GERARDO ORTIZ E HIJOS CIA. LTDA.","BM112529 MAGDALENA",9,"7862112523227","P.T:110313","SALSA BBQ WHISKY Y MIEL OLE 430G","Bodega Producto Terminado",12,"X12",2.06,24.72,"UNIDAD SALSA",0,691.74,795.5,"IVA EN VENTAS 15%",{"$f":"IFERROR(IF(Tabla_Consulta_desde_QuickBooks_Data_64_Bit_QRemote[[#This Row],[SalesOrderLineUnitOfMeasure]]=\"un\",Tabla_Consulta_desde_QuickBooks_Data_64_Bit_QRemote[[#This Row],[SalesOrderLineQuantity]],Tabla_Consulta_desde_QuickBooks_Data_64_Bit_QRemote[[#This Row],[SalesOrderLineQuantity]]/MID(Tabla_Consulta_desde_QuickBooks_Data_64_Bit_QRemote[[#This Row],[SalesOrderLineUnitOfMeasure]],2,2)),0)","v":1},{"$f":"IFERROR(IF(Tabla_Consulta_desde_QuickBooks_Data_64_Bit_QRemote[[#This Row],[SalesOrderLineUnitOfMeasure]]=\"un\",Tabla_Consulta_desde_QuickBooks_Data_64_Bit_QRemote[[#This Row],[SalesOrderLineInvoiced]],Tabla_Consulta_desde_QuickBooks_Data_64_Bit_QRemote[[#This Row],[SalesOrderLineInvoiced]]/MID(Tabla_Consulta_desde_QuickBooks_Data_64_Bit_QRemote[[#This Row],[SalesOrderLineUnitOfMeasure]],2,2)),0)","v":0},{"$f":"+Tabla_Consulta_desde_QuickBooks_Data_64_Bit_QRemote[[#This Row],[facturado]]-Tabla_Consulta_desde_QuickBooks_Data_64_Bit_QRemote[[#This Row],[pide]]","v":-1},{"$f":"IF(Tabla_Consulta_desde_QuickBooks_Data_64_Bit_QRemote[[#This Row],[diferecia]]=0,\"ok\",\"diferen\")","v":"diferen"},{"$f":"IFERROR(INDEX(um!A:C,MATCH(Tabla_Consulta_desde_QuickBooks_Data_64_Bit_QRemote[[#This Row],[SalesOrderLineItemRefFullName]],um!A:A,0),3),\"\")","v":"X12"},{"$f":"IFERROR(IF(OR(Tabla_Consulta_desde_QuickBooks_Data_64_Bit_QRemote[[#This Row],[SalesOrderLineUnitOfMeasure]]=\"UN\",Tabla_Consulta_desde_QuickBooks_Data_64_Bit_QRemote[[#This Row],[SalesOrderLineUnitOfMeasure]]=Tabla_Consulta_desde_QuickBooks_Data_64_Bit_QRemote[[#This Row],[U/M]]),\"\",\"ERROR\"),\"\")","v":""},{"$f":"+WEEKNUM(Tabla_Consulta_desde_QuickBooks_Data_64_Bit_QRemote[[#This Row],[TxnDate]])","v":23},{"$f":"+Tabla_Consulta_desde_QuickBooks_Data_64_Bit_QRemote[[#This Row],[SalesOrderLineRate]]*Tabla_Consulta_desde_QuickBooks_Data_64_Bit_QRemote[[#This Row],[SalesOrderLineInvoiced]]","v":0},{"$f":"+IFERROR(IF(Tabla_Consulta_desde_QuickBooks_Data_64_Bit_QRemote[[#This Row],[CustomerRefFullName]]=\"GRUVALCORP SA\",VLOOKUP(Tabla_Consulta_desde_QuickBooks_Data_64_Bit_QRemote[[#This Row],[SalesOrderLineItemRefFullName]],Hoja1!A:E,5,FALSE),\"\")*-Tabla_Consulta_desde_QuickBooks_Data_64_Bit_QRemote[[#This Row],[SalesOrderLineAmount]],\"\")","v":""},{"$f":"IF(COUNTIF(wms!E:E,Tabla_Consulta_desde_QuickBooks_Data_64_Bit_QRemote[[#This Row],[RefNumber]])>0,\"OK\",\"FALTA\")","v":"FALTA"}]
["2025-06-03","29136","GERARDO ORTIZ E HIJOS CIA. LTDA.","BM112529 MAGDALENA",10,"7862112522657","P.T:110709","SALSA PIZZA OLE DP 400G","Bodega Producto Terminado",24,"X24",1.32,31.68,"UNIDAD SALSA",0,691.74,795.5,"IVA EN VENTAS 15%",{"$f":"IFERROR(IF(Tabla_Consulta_desde_QuickBooks_Data_64_Bit_QRemote[[#This Row],[SalesOrderLineUnitOfMeasure]]=\"un\",Tabla_Consulta_desde_QuickBooks_Data_64_Bit_QRemote[[#This Row],[SalesOrderLineQuantity]],Tabla_Consulta_desde_QuickBooks_Data_64_Bit_QRemote[[#This Row],[SalesOrderLineQuantity]]/MID(Tabla_Consulta_desde_QuickBooks_Data_64_Bit_QRemote[[#This Row],[SalesOrderLineUnitOfMeasure]],2,2)),0)","v":1},{"$f":"IFERROR(IF(Tabla_Consulta_desde_QuickBooks_Data_64_Bit_QRemote[[#This Row],[SalesOrderLineUnitOfMeasure]]=\"un\",Tabla_Consulta_desde_QuickBooks_Data_64_Bit_QRemote[[#This Row],[SalesOrderLineInvoiced]],Tabla_Consulta_desde_QuickBooks_Data_64_Bit_QRemote[[#This Row],[SalesOrderLineInvoiced]]/MID(Tabla_Consulta_desde_QuickBooks_Data_64_Bit_QRemote[[#This Row],[SalesOrderLineUnitOfMeasure]],2,2)),0)","v":0},{"$f":"+Tabla_Consulta_desde_QuickBooks_Data_64_Bit_QRemote[[#This Row],[facturado]]-Tabla_Consulta_desde_QuickBooks_Data_64_Bit_QRemote[[#This Row],[pide]]","v":-1},{"$f":"IF(Tabla_Consulta_desde_QuickBooks_Data_64_Bit_QRemote[[#This Row],[diferecia]]=0,\"ok\",\"diferen\")","v":"diferen"},{"$f":"IFERROR(INDEX(um!A:C,MATCH(Tabla_Consulta_desde_QuickBooks_Data_64_Bit_QRemote[[#This Row],[SalesOrderLineItemRefFullName]],um!A:A,0),3),\"\")","v":"X24"},{"$f":"IFERROR(IF(OR(Tabla_Consulta_desde_QuickBooks_Data_64_Bit_QRemote[[#This Row],[SalesOrderLineUnitOfMeasure]]=\"UN\",Tabla_Consulta_desde_QuickBooks_Data_64_Bit_QRemote[[#This Row],[SalesOrderLineUnitOfMeasure]]=Tabla_Consulta_desde_QuickBooks_Data_64_Bit_QRemote[[#This Row],[U/M]]),\"\",\"ERROR\"),\"\")","v":""},{"$f":"+WEEKNUM(Tabla_Consulta_desde_QuickBooks_Data_64_Bit_QRemote[[#This Row],[TxnDate]])","v":23},{"$f":"+Tabla_Consulta_desde_QuickBooks_Data_64_Bit_QRemote[[#This Row],[SalesOrderLineRate]]*Tabla_Consulta_desde_QuickBooks_Data_64_Bit_QRemote[[#This Row],[SalesOrderLineInvoiced]]","v":0},{"$f":"+IFERROR(IF(Tabla_Consulta_desde_QuickBooks_Data_64_Bit_QRemote[[#This Row],[CustomerRefFullName]]=\"GRUVALCORP SA\",VLOOKUP(Tabla_Consulta_desde_QuickBooks_Data_64_Bit_QRemote[[#This Row],[SalesOrderLineItemRefFullName]],Hoja1!A:E,5,FALSE),\"\")*-Tabla_Consulta_desde_QuickBooks_Data_64_Bit_QRemote[[#This Row],[SalesOrderLineAmount]],\"\")","v":""},{"$f":"IF(COUNTIF(wms!E:E,Tabla_Consulta_desde_QuickBooks_Data_64_Bit_QRemote[[#This Row],[RefNumber]])>0,\"OK\",\"FALTA\")","v":"FALTA"}]
["2025-06-03","29136","GERARDO ORTIZ E HIJOS CIA. LTDA.","BM112529 MAGDALENA",11,"705424000116","P.T:110207","AJÍ CON MARACUYA OLE 185G","Bodega Producto Terminado",48,"X24",1.42,68.16,"UNIDAD SALSA",0,691.74,795.5,"IVA EN VENTAS 15%",{"$f":"IFERROR(IF(Tabla_Consulta_desde_QuickBooks_Data_64_Bit_QRemote[[#This Row],[SalesOrderLineUnitOfMeasure]]=\"un\",Tabla_Consulta_desde_QuickBooks_Data_64_Bit_QRemote[[#This Row],[SalesOrderLineQuantity]],Tabla_Consulta_desde_QuickBooks_Data_64_Bit_QRemote[[#This Row],[SalesOrderLineQuantity]]/MID(Tabla_Consulta_desde_QuickBooks_Data_64_Bit_QRemote[[#This Row],[SalesOrderLineUnitOfMeasure]],2,2)),0)","v":2},{"$f":"IFERROR(IF(Tabla_Consulta_desde_QuickBooks_Data_64_Bit_QRemote[[#This Row],[SalesOrderLineUnitOfMeasure]]=\"un\",Tabla_Consulta_desde_QuickBooks_Data_64_Bit_QRemote[[#This Row],[SalesOrderLineInvoiced]],Tabla_Consulta_desde_QuickBooks_Data_64_Bit_QRemote[[#This Row],[SalesOrderLineInvoiced]]/MID(Tabla_Consulta_desde_QuickBooks_Data_64_Bit_QRemote[[#This Row],[SalesOrderLineUnitOfMeasure]],2,2)),0)","v":0},{"$f":"+Tabla_Consulta_desde_QuickBooks_Data_64_Bit_QRemote[[#This Row],[facturado]]-Tabla_Consulta_desde_QuickBooks_Data_64_Bit_QRemote[[#This Row],[pide]]","v":-2},{"$f":"IF(Tabla_Consulta_desde_QuickBooks_Data_64_Bit_QRemote[[#This Row],[diferecia]]=0,\"ok\",\"diferen\")","v":"diferen"},{"$f":"IFERROR(INDEX(um!A:C,MATCH(Tabla_Consulta_desde_QuickBooks_Data_64_Bit_QRemote[[#This Row],[SalesOrderLineItemRefFullName]],um!A:A,0),3),\"\")","v":"X24"},{"$f":"IFERROR(IF(OR(Tabla_Consulta_desde_QuickBooks_Data_64_Bit_QRemote[[#This Row],[SalesOrderLineUnitOfMeasure]]=\"UN\",Tabla_Consulta_desde_QuickBooks_Data_64_Bit_QRemote[[#This Row],[SalesOrderLineUnitOfMeasure]]=Tabla_Consulta_desde_QuickBooks_Data_64_Bit_QRemote[[#This Row],[U/M]]),\"\",\"ERROR\"),\"\")","v":""},{"$f":"+WEEKNUM(Tabla_Consulta_desde_QuickBooks_Data_64_Bit_QRemote[[#This Row],[TxnDate]])","v":23},{"$f":"+Tabla_Consulta_desde_QuickBooks_Data_64_Bit_QRemote[[#This Row],[SalesOrderLineRate]]*Tabla_Consulta_desde_QuickBooks_Data_64_Bit_QRemote[[#This Row],[SalesOrderLineInvoiced]]","v":0},{"$f":"+IFERROR(IF(Tabla_Consulta_desde_QuickBooks_Data_64_Bit_QRemote[[#This Row],[CustomerRefFullName]]=\"GRUVALCORP SA\",VLOOKUP(Tabla_Consulta_desde_QuickBooks_Data_64_Bit_QRemote[[#This Row],[SalesOrderLineItemRefFullName]],Hoja1!A:E,5,FALSE),\"\")*-Tabla_Consulta_desde_QuickBooks_Data_64_Bit_QRemote[[#This Row],[SalesOrderLineAmount]],\"\")","v":""},{"$f":"IF(COUNTIF(wms!E:E,Tabla_Consulta_desde_QuickBooks_Data_64_Bit_QRemote[[#This Row],[RefNumber]])>0,\"OK\",\"FALTA\")","v":"FALTA"}]
["2025-06-03","29136","GERARDO ORTIZ E HIJOS CIA. LTDA.","BM112529 MAGDALENA",12,"7862112522787","P.T:311606","SALSA QUESO CHEDDAR OLE 200G","Bodega Producto Terminado",24,"X24",1.52,36.479999999999997,"UNIDAD SALSA",0,691.74,795.5,"IVA EN VENTAS 15%",{"$f":"IFERROR(IF(Tabla_Consulta_desde_QuickBooks_Data_64_Bit_QRemote[[#This Row],[SalesOrderLineUnitOfMeasure]]=\"un\",Tabla_Consulta_desde_QuickBooks_Data_64_Bit_QRemote[[#This Row],[SalesOrderLineQuantity]],Tabla_Consulta_desde_QuickBooks_Data_64_Bit_QRemote[[#This Row],[SalesOrderLineQuantity]]/MID(Tabla_Consulta_desde_QuickBooks_Data_64_Bit_QRemote[[#This Row],[SalesOrderLineUnitOfMeasure]],2,2)),0)","v":1},{"$f":"IFERROR(IF(Tabla_Consulta_desde_QuickBooks_Data_64_Bit_QRemote[[#This Row],[SalesOrderLineUnitOfMeasure]]=\"un\",Tabla_Consulta_desde_QuickBooks_Data_64_Bit_QRemote[[#This Row],[SalesOrderLineInvoiced]],Tabla_Consulta_desde_QuickBooks_Data_64_Bit_QRemote[[#This Row],[SalesOrderLineInvoiced]]/MID(Tabla_Consulta_desde_QuickBooks_Data_64_Bit_QRemote[[#This Row],[SalesOrderLineUnitOfMeasure]],2,2)),0)","v":0},{"$f":"+Tabla_Consulta_desde_QuickBooks_Data_64_Bit_QRemote[[#This Row],[facturado]]-Tabla_Consulta_desde_QuickBooks_Data_64_Bit_QRemote[[#This Row],[pide]]","v":-1},{"$f":"IF(Tabla_Consulta_desde_QuickBooks_Data_64_Bit_QRemote[[#This Row],[diferecia]]=0,\"ok\",\"diferen\")","v":"diferen"},{"$f":"IFERROR(INDEX(um!A:C,MATCH(Tabla_Consulta_desde_QuickBooks_Data_64_Bit_QRemote[[#This Row],[SalesOrderLineItemRefFullName]],um!A:A,0),3),\"\")","v":"X24"},{"$f":"IFERROR(IF(OR(Tabla_Consulta_desde_QuickBooks_Data_64_Bit_QRemote[[#This Row],[SalesOrderLineUnitOfMeasure]]=\"UN\",Tabla_Consulta_desde_QuickBooks_Data_64_Bit_QRemote[[#This Row],[SalesOrderLineUnitOfMeasure]]=Tabla_Consulta_desde_QuickBooks_Data_64_Bit_QRemote[[#This Row],[U/M]]),\"\",\"ERROR\"),\"\")","v":""},{"$f":"+WEEKNUM(Tabla_Consulta_desde_QuickBooks_Data_64_Bit_QRemote[[#This Row],[TxnDate]])","v":23},{"$f":"+Tabla_Consulta_desde_QuickBooks_Data_64_Bit_QRemote[[#This Row],[SalesOrderLineRate]]*Tabla_Consulta_desde_QuickBooks_Data_64_Bit_QRemote[[#This Row],[SalesOrderLineInvoiced]]","v":0},{"$f":"+IFERROR(IF(Tabla_Consulta_desde_QuickBooks_Data_64_Bit_QRemote[[#This Row],[CustomerRefFullName]]=\"GRUVALCORP SA\",VLOOKUP(Tabla_Consulta_desde_QuickBooks_Data_64_Bit_QRemote[[#This Row],[SalesOrderLineItemRefFullName]],Hoja1!A:E,5,FALSE),\"\")*-Tabla_Consulta_desde_QuickBooks_Data_64_Bit_QRemote[[#This Row],[SalesOrderLineAmount]],\"\")","v":""},{"$f":"IF(COUNTIF(wms!E:E,Tabla_Consulta_desde_QuickBooks_Data_64_Bit_QRemote[[#This Row],[RefNumber]])>0,\"OK\",\"FALTA\")","v":"FALTA"}]
["2025-06-03","29136","GERARDO ORTIZ E HIJOS CIA. LTDA.","BM112529 MAGDALENA",13,"7862112522817","P.T:110737","SALSA DE TOMATE CASERA OLE DP 200G","Bodega Producto Terminado",12,"X12",0.7,8.4,"UNIDAD SALSA",0,691.74,795.5,"IVA EN VENTAS 15%",{"$f":"IFERROR(IF(Tabla_Consulta_desde_QuickBooks_Data_64_Bit_QRemote[[#This Row],[SalesOrderLineUnitOfMeasure]]=\"un\",Tabla_Consulta_desde_QuickBooks_Data_64_Bit_QRemote[[#This Row],[SalesOrderLineQuantity]],Tabla_Consulta_desde_QuickBooks_Data_64_Bit_QRemote[[#This Row],[SalesOrderLineQuantity]]/MID(Tabla_Consulta_desde_QuickBooks_Data_64_Bit_QRemote[[#This Row],[SalesOrderLineUnitOfMeasure]],2,2)),0)","v":1},{"$f":"IFERROR(IF(Tabla_Consulta_desde_QuickBooks_Data_64_Bit_QRemote[[#This Row],[SalesOrderLineUnitOfMeasure]]=\"un\",Tabla_Consulta_desde_QuickBooks_Data_64_Bit_QRemote[[#This Row],[SalesOrderLineInvoiced]],Tabla_Consulta_desde_QuickBooks_Data_64_Bit_QRemote[[#This Row],[SalesOrderLineInvoiced]]/MID(Tabla_Consulta_desde_QuickBooks_Data_64_Bit_QRemote[[#This Row],[SalesOrderLineUnitOfMeasure]],2,2)),0)","v":0},{"$f":"+Tabla_Consulta_desde_QuickBooks_Data_64_Bit_QRemote[[#This Row],[facturado]]-Tabla_Consulta_desde_QuickBooks_Data_64_Bit_QRemote[[#This Row],[pide]]","v":-1},{"$f":"IF(Tabla_Consulta_desde_QuickBooks_Data_64_Bit_QRemote[[#This Row],[diferecia]]=0,\"ok\",\"diferen\")","v":"diferen"},{"$f":"IFERROR(INDEX(um!A:C,MATCH(Tabla_Consulta_desde_QuickBooks_Data_64_Bit_QRemote[[#This Row],[SalesOrderLineItemRefFullName]],um!A:A,0),3),\"\")","v":"X12"},{"$f":"IFERROR(IF(OR(Tabla_Consulta_desde_QuickBooks_Data_64_Bit_QRemote[[#This Row],[SalesOrderLineUnitOfMeasure]]=\"UN\",Tabla_Consulta_desde_QuickBooks_Data_64_Bit_QRemote[[#This Row],[SalesOrderLineUnitOfMeasure]]=Tabla_Consulta_desde_QuickBooks_Data_64_Bit_QRemote[[#This Row],[U/M]]),\"\",\"ERROR\"),\"\")","v":""},{"$f":"+WEEKNUM(Tabla_Consulta_desde_QuickBooks_Data_64_Bit_QRemote[[#This Row],[TxnDate]])","v":23},{"$f":"+Tabla_Consulta_desde_QuickBooks_Data_64_Bit_QRemote[[#This Row],[SalesOrderLineRate]]*Tabla_Consulta_desde_QuickBooks_Data_64_Bit_QRemote[[#This Row],[SalesOrderLineInvoiced]]","v":0},{"$f":"+IFERROR(IF(Tabla_Consulta_desde_QuickBooks_Data_64_Bit_QRemote[[#This Row],[CustomerRefFullName]]=\"GRUVALCORP SA\",VLOOKUP(Tabla_Consulta_desde_QuickBooks_Data_64_Bit_QRemote[[#This Row],[SalesOrderLineItemRefFullName]],Hoja1!A:E,5,FALSE),\"\")*-Tabla_Consulta_desde_QuickBooks_Data_64_Bit_QRemote[[#This Row],[SalesOrderLineAmount]],\"\")","v":""},{"$f":"IF(COUNTIF(wms!E:E,Tabla_Consulta_desde_QuickBooks_Data_64_Bit_QRemote[[#This Row],[RefNumber]])>0,\"OK\",\"FALTA\")","v":"FALTA"}]
["2025-06-03","29136","GERARDO ORTIZ E HIJOS CIA. LTDA.","BM112529 MAGDALENA",14,"7862112521599","P.T:110214","SALSA AJÍ MANABA OLE 300G","Bodega Producto Terminado",12,"X12",2.12,25.44,"UNIDAD SALSA",0,691.74,795.5,"IVA EN VENTAS 15%",{"$f":"IFERROR(IF(Tabla_Consulta_desde_QuickBooks_Data_64_Bit_QRemote[[#This Row],[SalesOrderLineUnitOfMeasure]]=\"un\",Tabla_Consulta_desde_QuickBooks_Data_64_Bit_QRemote[[#This Row],[SalesOrderLineQuantity]],Tabla_Consulta_desde_QuickBooks_Data_64_Bit_QRemote[[#This Row],[SalesOrderLineQuantity]]/MID(Tabla_Consulta_desde_QuickBooks_Data_64_Bit_QRemote[[#This Row],[SalesOrderLineUnitOfMeasure]],2,2)),0)","v":1},{"$f":"IFERROR(IF(Tabla_Consulta_desde_QuickBooks_Data_64_Bit_QRemote[[#This Row],[SalesOrderLineUnitOfMeasure]]=\"un\",Tabla_Consulta_desde_QuickBooks_Data_64_Bit_QRemote[[#This Row],[SalesOrderLineInvoiced]],Tabla_Consulta_desde_QuickBooks_Data_64_Bit_QRemote[[#This Row],[SalesOrderLineInvoiced]]/MID(Tabla_Consulta_desde_QuickBooks_Data_64_Bit_QRemote[[#This Row],[SalesOrderLineUnitOfMeasure]],2,2)),0)","v":0},{"$f":"+Tabla_Consulta_desde_QuickBooks_Data_64_Bit_QRemote[[#This Row],[facturado]]-Tabla_Consulta_desde_QuickBooks_Data_64_Bit_QRemote[[#This Row],[pide]]","v":-1},{"$f":"IF(Tabla_Consulta_desde_QuickBooks_Data_64_Bit_QRemote[[#This Row],[diferecia]]=0,\"ok\",\"diferen\")","v":"diferen"},{"$f":"IFERROR(INDEX(um!A:C,MATCH(Tabla_Consulta_desde_QuickBooks_Data_64_Bit_QRemote[[#This Row],[SalesOrderLineItemRefFullName]],um!A:A,0),3),\"\")","v":"X12"},{"$f":"IFERROR(IF(OR(Tabla_Consulta_desde_QuickBooks_Data_64_Bit_QRemote[[#This Row],[SalesOrderLineUnitOfMeasure]]=\"UN\",Tabla_Consulta_desde_QuickBooks_Data_64_Bit_QRemote[[#This Row],[SalesOrderLineUnitOfMeasure]]=Tabla_Consulta_desde_QuickBooks_Data_64_Bit_QRemote[[#This Row],[U/M]]),\"\",\"ERROR\"),\"\")","v":""},{"$f":"+WEEKNUM(Tabla_Consulta_desde_QuickBooks_Data_64_Bit_QRemote[[#This Row],[TxnDate]])","v":23},{"$f":"+Tabla_Consulta_desde_QuickBooks_Data_64_Bit_QRemote[[#This Row],[SalesOrderLineRate]]*Tabla_Consulta_desde_QuickBooks_Data_64_Bit_QRemote[[#This Row],[SalesOrderLineInvoiced]]","v":0},{"$f":"+IFERROR(IF(Tabla_Consulta_desde_QuickBooks_Data_64_Bit_QRemote[[#This Row],[CustomerRefFullName]]=\"GRUVALCORP SA\",VLOOKUP(Tabla_Consulta_desde_QuickBooks_Data_64_Bit_QRemote[[#This Row],[SalesOrderLineItemRefFullName]],Hoja1!A:E,5,FALSE),\"\")*-Tabla_Consulta_desde_QuickBooks_Data_64_Bit_QRemote[[#This Row],[SalesOrderLineAmount]],\"\")","v":""},{"$f":"IF(COUNTIF(wms!E:E,Tabla_Consulta_desde_QuickBooks_Data_64_Bit_QRemote[[#This Row],[RefNumber]])>0,\"OK\",\"FALTA\")","v":"FALTA"}]
["2025-06-03","29136","GERARDO ORTIZ E HIJOS CIA. LTDA.","BM112529 MAGDALENA",15,"7862112522183","P.T:110733","SALSA GUACAMOLE OLE 220G","Bodega Producto Terminado",12,"X12",1.66,19.920000000000002,"UNIDAD SALSA",0,691.74,795.5,"IVA EN VENTAS 15%",{"$f":"IFERROR(IF(Tabla_Consulta_desde_QuickBooks_Data_64_Bit_QRemote[[#This Row],[SalesOrderLineUnitOfMeasure]]=\"un\",Tabla_Consulta_desde_QuickBooks_Data_64_Bit_QRemote[[#This Row],[SalesOrderLineQuantity]],Tabla_Consulta_desde_QuickBooks_Data_64_Bit_QRemote[[#This Row],[SalesOrderLineQuantity]]/MID(Tabla_Consulta_desde_QuickBooks_Data_64_Bit_QRemote[[#This Row],[SalesOrderLineUnitOfMeasure]],2,2)),0)","v":1},{"$f":"IFERROR(IF(Tabla_Consulta_desde_QuickBooks_Data_64_Bit_QRemote[[#This Row],[SalesOrderLineUnitOfMeasure]]=\"un\",Tabla_Consulta_desde_QuickBooks_Data_64_Bit_QRemote[[#This Row],[SalesOrderLineInvoiced]],Tabla_Consulta_desde_QuickBooks_Data_64_Bit_QRemote[[#This Row],[SalesOrderLineInvoiced]]/MID(Tabla_Consulta_desde_QuickBooks_Data_64_Bit_QRemote[[#This Row],[SalesOrderLineUnitOfMeasure]],2,2)),0)","v":0},{"$f":"+Tabla_Consulta_desde_QuickBooks_Data_64_Bit_QRemote[[#This Row],[facturado]]-Tabla_Consulta_desde_QuickBooks_Data_64_Bit_QRemote[[#This Row],[pide]]","v":-1},{"$f":"IF(Tabla_Consulta_desde_QuickBooks_Data_64_Bit_QRemote[[#This Row],[diferecia]]=0,\"ok\",\"diferen\")","v":"diferen"},{"$f":"IFERROR(INDEX(um!A:C,MATCH(Tabla_Consulta_desde_QuickBooks_Data_64_Bit_QRemote[[#This Row],[SalesOrderLineItemRefFullName]],um!A:A,0),3),\"\")","v":"X12"},{"$f":"IFERROR(IF(OR(Tabla_Consulta_desde_QuickBooks_Data_64_Bit_QRemote[[#This Row],[SalesOrderLineUnitOfMeasure]]=\"UN\",Tabla_Consulta_desde_QuickBooks_Data_64_Bit_QRemote[[#This Row],[SalesOrderLineUnitOfMeasure]]=Tabla_Consulta_desde_QuickBooks_Data_64_Bit_QRemote[[#This Row],[U/M]]),\"\",\"ERROR\"),\"\")","v":""},{"$f":"+WEEKNUM(Tabla_Consulta_desde_QuickBooks_Data_64_Bit_QRemote[[#This Row],[TxnDate]])","v":23},{"$f":"+Tabla_Consulta_desde_QuickBooks_Data_64_Bit_QRemote[[#This Row],[SalesOrderLineRate]]*Tabla_Consulta_desde_QuickBooks_Data_64_Bit_QRemote[[#This Row],[SalesOrderLineInvoiced]]","v":0},{"$f":"+IFERROR(IF(Tabla_Consulta_desde_QuickBooks_Data_64_Bit_QRemote[[#This Row],[CustomerRefFullName]]=\"GRUVALCORP SA\",VLOOKUP(Tabla_Consulta_desde_QuickBooks_Data_64_Bit_QRemote[[#This Row],[SalesOrderLineItemRefFullName]],Hoja1!A:E,5,FALSE),\"\")*-Tabla_Consulta_desde_QuickBooks_Data_64_Bit_QRemote[[#This Row],[SalesOrderLineAmount]],\"\")","v":""},{"$f":"IF(COUNTIF(wms!E:E,Tabla_Consulta_desde_QuickBooks_Data_64_Bit_QRemote[[#This Row],[RefNumber]])>0,\"OK\",\"FALTA\")","v":"FALTA"}]
["2025-06-03","29136","GERARDO ORTIZ E HIJOS CIA. LTDA.","BM112529 MAGDALENA",16,"7862112522572","P.T:311408","VINAGRE DE MANZANA CON LA MADRE MIEL DE ABEJA Y JENGIBRE OLE 500ML","Bodega Producto Terminado",12,"X12",4.45,53.4,"UNIDAD SALSA",0,691.74,795.5,"IVA EN VENTAS 15%",{"$f":"IFERROR(IF(Tabla_Consulta_desde_QuickBooks_Data_64_Bit_QRemote[[#This Row],[SalesOrderLineUnitOfMeasure]]=\"un\",Tabla_Consulta_desde_QuickBooks_Data_64_Bit_QRemote[[#This Row],[SalesOrderLineQuantity]],Tabla_Consulta_desde_QuickBooks_Data_64_Bit_QRemote[[#This Row],[SalesOrderLineQuantity]]/MID(Tabla_Consulta_desde_QuickBooks_Data_64_Bit_QRemote[[#This Row],[SalesOrderLineUnitOfMeasure]],2,2)),0)","v":1},{"$f":"IFERROR(IF(Tabla_Consulta_desde_QuickBooks_Data_64_Bit_QRemote[[#This Row],[SalesOrderLineUnitOfMeasure]]=\"un\",Tabla_Consulta_desde_QuickBooks_Data_64_Bit_QRemote[[#This Row],[SalesOrderLineInvoiced]],Tabla_Consulta_desde_QuickBooks_Data_64_Bit_QRemote[[#This Row],[SalesOrderLineInvoiced]]/MID(Tabla_Consulta_desde_QuickBooks_Data_64_Bit_QRemote[[#This Row],[SalesOrderLineUnitOfMeasure]],2,2)),0)","v":0},{"$f":"+Tabla_Consulta_desde_QuickBooks_Data_64_Bit_QRemote[[#This Row],[facturado]]-Tabla_Consulta_desde_QuickBooks_Data_64_Bit_QRemote[[#This Row],[pide]]","v":-1},{"$f":"IF(Tabla_Consulta_desde_QuickBooks_Data_64_Bit_QRemote[[#This Row],[diferecia]]=0,\"ok\",\"diferen\")","v":"diferen"},{"$f":"IFERROR(INDEX(um!A:C,MATCH(Tabla_Consulta_desde_QuickBooks_Data_64_Bit_QRemote[[#This Row],[SalesOrderLineItemRefFullName]],um!A:A,0),3),\"\")","v":"X12"},{"$f":"IFERROR(IF(OR(Tabla_Consulta_desde_QuickBooks_Data_64_Bit_QRemote[[#This Row],[SalesOrderLineUnitOfMeasure]]=\"UN\",Tabla_Consulta_desde_QuickBooks_Data_64_Bit_QRemote[[#This Row],[SalesOrderLineUnitOfMeasure]]=Tabla_Consulta_desde_QuickBooks_Data_64_Bit_QRemote[[#This Row],[U/M]]),\"\",\"ERROR\"),\"\")","v":""},{"$f":"+WEEKNUM(Tabla_Consulta_desde_QuickBooks_Data_64_Bit_QRemote[[#This Row],[TxnDate]])","v":23},{"$f":"+Tabla_Consulta_desde_QuickBooks_Data_64_Bit_QRemote[[#This Row],[SalesOrderLineRate]]*Tabla_Consulta_desde_QuickBooks_Data_64_Bit_QRemote[[#This Row],[SalesOrderLineInvoiced]]","v":0},{"$f":"+IFERROR(IF(Tabla_Consulta_desde_QuickBooks_Data_64_Bit_QRemote[[#This Row],[CustomerRefFullName]]=\"GRUVALCORP SA\",VLOOKUP(Tabla_Consulta_desde_QuickBooks_Data_64_Bit_QRemote[[#This Row],[SalesOrderLineItemRefFullName]],Hoja1!A:E,5,FALSE),\"\")*-Tabla_Consulta_desde_QuickBooks_Data_64_Bit_QRemote[[#This Row],[SalesOrderLineAmount]],\"\")","v":""},{"$f":"IF(COUNTIF(wms!E:E,Tabla_Consulta_desde_QuickBooks_Data_64_Bit_QRemote[[#This Row],[RefNumber]])>0,\"OK\",\"FALTA\")","v":"FALTA"}]
["2025-06-03","29136","GERARDO ORTIZ E HIJOS CIA. LTDA.","BM112529 MAGDALENA",17,"7862112521698","P.T:311407","VINAGRE DE MANZANA CON LA MADRE OLE 500ML","Bodega Producto Terminado",12,"X12",4.28,51.36,"UNIDAD SALSA",0,691.74,795.5,"IVA EN VENTAS 15%",{"$f":"IFERROR(IF(Tabla_Consulta_desde_QuickBooks_Data_64_Bit_QRemote[[#This Row],[SalesOrderLineUnitOfMeasure]]=\"un\",Tabla_Consulta_desde_QuickBooks_Data_64_Bit_QRemote[[#This Row],[SalesOrderLineQuantity]],Tabla_Consulta_desde_QuickBooks_Data_64_Bit_QRemote[[#This Row],[SalesOrderLineQuantity]]/MID(Tabla_Consulta_desde_QuickBooks_Data_64_Bit_QRemote[[#This Row],[SalesOrderLineUnitOfMeasure]],2,2)),0)","v":1},{"$f":"IFERROR(IF(Tabla_Consulta_desde_QuickBooks_Data_64_Bit_QRemote[[#This Row],[SalesOrderLineUnitOfMeasure]]=\"un\",Tabla_Consulta_desde_QuickBooks_Data_64_Bit_QRemote[[#This Row],[SalesOrderLineInvoiced]],Tabla_Consulta_desde_QuickBooks_Data_64_Bit_QRemote[[#This Row],[SalesOrderLineInvoiced]]/MID(Tabla_Consulta_desde_QuickBooks_Data_64_Bit_QRemote[[#This Row],[SalesOrderLineUnitOfMeasure]],2,2)),0)","v":0},{"$f":"+Tabla_Consulta_desde_QuickBooks_Data_64_Bit_QRemote[[#This Row],[facturado]]-Tabla_Consulta_desde_QuickBooks_Data_64_Bit_QRemote[[#This Row],[pide]]","v":-1},{"$f":"IF(Tabla_Consulta_desde_QuickBooks_Data_64_Bit_QRemote[[#This Row],[diferecia]]=0,\"ok\",\"diferen\")","v":"diferen"},{"$f":"IFERROR(INDEX(um!A:C,MATCH(Tabla_Consulta_desde_QuickBooks_Data_64_Bit_QRemote[[#This Row],[SalesOrderLineItemRefFullName]],um!A:A,0),3),\"\")","v":"X12"},{"$f":"IFERROR(IF(OR(Tabla_Consulta_desde_QuickBooks_Data_64_Bit_QRemote[[#This Row],[SalesOrderLineUnitOfMeasure]]=\"UN\",Tabla_Consulta_desde_QuickBooks_Data_64_Bit_QRemote[[#This Row],[SalesOrderLineUnitOfMeasure]]=Tabla_Consulta_desde_QuickBooks_Data_64_Bit_QRemote[[#This Row],[U/M]]),\"\",\"ERROR\"),\"\")","v":""},{"$f":"+WEEKNUM(Tabla_Consulta_desde_QuickBooks_Data_64_Bit_QRemote[[#This Row],[TxnDate]])","v":23},{"$f":"+Tabla_Consulta_desde_QuickBooks_Data_64_Bit_QRemote[[#This Row],[SalesOrderLineRate]]*Tabla_Consulta_desde_QuickBooks_Data_64_Bit_QRemote[[#This Row],[SalesOrderLineInvoiced]]","v":0},{"$f":"+IFERROR(IF(Tabla_Consulta_desde_QuickBooks_Data_64_Bit_QRemote[[#This Row],[CustomerRefFullName]]=\"GRUVALCORP SA\",VLOOKUP(Tabla_Consulta_desde_QuickBooks_Data_64_Bit_QRemote[[#This Row],[SalesOrderLineItemRefFullName]],Hoja1!A:E,5,FALSE),\"\")*-Tabla_Consulta_desde_QuickBooks_Data_64_Bit_QRemote[[#This Row],[SalesOrderLineAmount]],\"\")","v":""},{"$f":"IF(COUNTIF(wms!E:E,Tabla_Consulta_desde_QuickBooks_Data_64_Bit_QRemote[[#This Row],[RefNumber]])>0,\"OK\",\"FALTA\")","v":"FALTA"}]
["2025-06-03","29136","GERARDO ORTIZ E HIJOS CIA. LTDA.","BM112529 MAGDALENA",18,"7862112523258","PT:220142","TOTOPOS SABOR GUACAMOLE OLE 45G","Bodega Producto Terminado",90,"X30",0.22667000000000001,20.399999999999999,"UNIDAD SNCKS",0,691.74,795.5,"IVA EN VENTAS 15%",{"$f":"IFERROR(IF(Tabla_Consulta_desde_QuickBooks_Data_64_Bit_QRemote[[#This Row],[SalesOrderLineUnitOfMeasure]]=\"un\",Tabla_Consulta_desde_QuickBooks_Data_64_Bit_QRemote[[#This Row],[SalesOrderLineQuantity]],Tabla_Consulta_desde_QuickBooks_Data_64_Bit_QRemote[[#This Row],[SalesOrderLineQuantity]]/MID(Tabla_Consulta_desde_QuickBooks_Data_64_Bit_QRemote[[#This Row],[SalesOrderLineUnitOfMeasure]],2,2)),0)","v":3},{"$f":"IFERROR(IF(Tabla_Consulta_desde_QuickBooks_Data_64_Bit_QRemote[[#This Row],[SalesOrderLineUnitOfMeasure]]=\"un\",Tabla_Consulta_desde_QuickBooks_Data_64_Bit_QRemote[[#This Row],[SalesOrderLineInvoiced]],Tabla_Consulta_desde_QuickBooks_Data_64_Bit_QRemote[[#This Row],[SalesOrderLineInvoiced]]/MID(Tabla_Consulta_desde_QuickBooks_Data_64_Bit_QRemote[[#This Row],[SalesOrderLineUnitOfMeasure]],2,2)),0)","v":0},{"$f":"+Tabla_Consulta_desde_QuickBooks_Data_64_Bit_QRemote[[#This Row],[facturado]]-Tabla_Consulta_desde_QuickBooks_Data_64_Bit_QRemote[[#This Row],[pide]]","v":-3},{"$f":"IF(Tabla_Consulta_desde_QuickBooks_Data_64_Bit_QRemote[[#This Row],[diferecia]]=0,\"ok\",\"diferen\")","v":"diferen"},{"$f":"IFERROR(INDEX(um!A:C,MATCH(Tabla_Consulta_desde_QuickBooks_Data_64_Bit_QRemote[[#This Row],[SalesOrderLineItemRefFullName]],um!A:A,0),3),\"\")","v":"X30"},{"$f":"IFERROR(IF(OR(Tabla_Consulta_desde_QuickBooks_Data_64_Bit_QRemote[[#This Row],[SalesOrderLineUnitOfMeasure]]=\"UN\",Tabla_Consulta_desde_QuickBooks_Data_64_Bit_QRemote[[#This Row],[SalesOrderLineUnitOfMeasure]]=Tabla_Consulta_desde_QuickBooks_Data_64_Bit_QRemote[[#This Row],[U/M]]),\"\",\"ERROR\"),\"\")","v":""},{"$f":"+WEEKNUM(Tabla_Consulta_desde_QuickBooks_Data_64_Bit_QRemote[[#This Row],[TxnDate]])","v":23},{"$f":"+Tabla_Consulta_desde_QuickBooks_Data_64_Bit_QRemote[[#This Row],[SalesOrderLineRate]]*Tabla_Consulta_desde_QuickBooks_Data_64_Bit_QRemote[[#This Row],[SalesOrderLineInvoiced]]","v":0},{"$f":"+IFERROR(IF(Tabla_Consulta_desde_QuickBooks_Data_64_Bit_QRemote[[#This Row],[CustomerRefFullName]]=\"GRUVALCORP SA\",VLOOKUP(Tabla_Consulta_desde_QuickBooks_Data_64_Bit_QRemote[[#This Row],[SalesOrderLineItemRefFullName]],Hoja1!A:E,5,FALSE),\"\")*-Tabla_Consulta_desde_QuickBooks_Data_64_Bit_QRemote[[#This Row],[SalesOrderLineAmount]],\"\")","v":""},{"$f":"IF(COUNTIF(wms!E:E,Tabla_Consulta_desde_QuickBooks_Data_64_Bit_QRemote[[#This Row],[RefNumber]])>0,\"OK\",\"FALTA\")","v":"FALTA"}]
["2025-06-03","29136","GERARDO ORTIZ E HIJOS CIA. LTDA.","BM112529 MAGDALENA",19,"7862112523265","PT:220143","TOTOPOS NATURAL MINI OLE 45G","Bodega Producto Terminado",90,"X30",0.22667000000000001,20.399999999999999,"UNIDAD SNCKS",0,691.74,795.5,"IVA EN VENTAS 15%",{"$f":"IFERROR(IF(Tabla_Consulta_desde_QuickBooks_Data_64_Bit_QRemote[[#This Row],[SalesOrderLineUnitOfMeasure]]=\"un\",Tabla_Consulta_desde_QuickBooks_Data_64_Bit_QRemote[[#This Row],[SalesOrderLineQuantity]],Tabla_Consulta_desde_QuickBooks_Data_64_Bit_QRemote[[#This Row],[SalesOrderLineQuantity]]/MID(Tabla_Consulta_desde_QuickBooks_Data_64_Bit_QRemote[[#This Row],[SalesOrderLineUnitOfMeasure]],2,2)),0)","v":3},{"$f":"IFERROR(IF(Tabla_Consulta_desde_QuickBooks_Data_64_Bit_QRemote[[#This Row],[SalesOrderLineUnitOfMeasure]]=\"un\",Tabla_Consulta_desde_QuickBooks_Data_64_Bit_QRemote[[#This Row],[SalesOrderLineInvoiced]],Tabla_Consulta_desde_QuickBooks_Data_64_Bit_QRemote[[#This Row],[SalesOrderLineInvoiced]]/MID(Tabla_Consulta_desde_QuickBooks_Data_64_Bit_QRemote[[#This Row],[SalesOrderLineUnitOfMeasure]],2,2)),0)","v":0},{"$f":"+Tabla_Consulta_desde_QuickBooks_Data_64_Bit_QRemote[[#This Row],[facturado]]-Tabla_Consulta_desde_QuickBooks_Data_64_Bit_QRemote[[#This Row],[pide]]","v":-3},{"$f":"IF(Tabla_Consulta_desde_QuickBooks_Data_64_Bit_QRemote[[#This Row],[diferecia]]=0,\"ok\",\"diferen\")","v":"diferen"},{"$f":"IFERROR(INDEX(um!A:C,MATCH(Tabla_Consulta_desde_QuickBooks_Data_64_Bit_QRemote[[#This Row],[SalesOrderLineItemRefFullName]],um!A:A,0),3),\"\")","v":"X30"},{"$f":"IFERROR(IF(OR(Tabla_Consulta_desde_QuickBooks_Data_64_Bit_QRemote[[#This Row],[SalesOrderLineUnitOfMeasure]]=\"UN\",Tabla_Consulta_desde_QuickBooks_Data_64_Bit_QRemote[[#This Row],[SalesOrderLineUnitOfMeasure]]=Tabla_Consulta_desde_QuickBooks_Data_64_Bit_QRemote[[#This Row],[U/M]]),\"\",\"ERROR\"),\"\")","v":""},{"$f":"+WEEKNUM(Tabla_Consulta_desde_QuickBooks_Data_64_Bit_QRemote[[#This Row],[TxnDate]])","v":23},{"$f":"+Tabla_Consulta_desde_QuickBooks_Data_64_Bit_QRemote[[#This Row],[SalesOrderLineRate]]*Tabla_Consulta_desde_QuickBooks_Data_64_Bit_QRemote[[#This Row],[SalesOrderLineInvoiced]]","v":0},{"$f":"+IFERROR(IF(Tabla_Consulta_desde_QuickBooks_Data_64_Bit_QRemote[[#This Row],[CustomerRefFullName]]=\"GRUVALCORP SA\",VLOOKUP(Tabla_Consulta_desde_QuickBooks_Data_64_Bit_QRemote[[#This Row],[SalesOrderLineItemRefFullName]],Hoja1!A:E,5,FALSE),\"\")*-Tabla_Consulta_desde_QuickBooks_Data_64_Bit_QRemote[[#This Row],[SalesOrderLineAmount]],\"\")","v":""},{"$f":"IF(COUNTIF(wms!E:E,Tabla_Consulta_desde_QuickBooks_Data_64_Bit_QRemote[[#This Row],[RefNumber]])>0,\"OK\",\"FALTA\")","v":"FALTA"}]
["2025-06-03","29136","GERARDO ORTIZ E HIJOS CIA. LTDA.","BM112529 MAGDALENA",20,"7862112522848","PT:221004","ARITOS DE PAPA SABOR CEBOLLA CHILE Y LIMÓN OLE 100G","Bodega Producto Terminado",10,"X10",1.17,11.7,"UNIDAD SNCKS",0,691.74,795.5,"IVA EN VENTAS 15%",{"$f":"IFERROR(IF(Tabla_Consulta_desde_QuickBooks_Data_64_Bit_QRemote[[#This Row],[SalesOrderLineUnitOfMeasure]]=\"un\",Tabla_Consulta_desde_QuickBooks_Data_64_Bit_QRemote[[#This Row],[SalesOrderLineQuantity]],Tabla_Consulta_desde_QuickBooks_Data_64_Bit_QRemote[[#This Row],[SalesOrderLineQuantity]]/MID(Tabla_Consulta_desde_QuickBooks_Data_64_Bit_QRemote[[#This Row],[SalesOrderLineUnitOfMeasure]],2,2)),0)","v":1},{"$f":"IFERROR(IF(Tabla_Consulta_desde_QuickBooks_Data_64_Bit_QRemote[[#This Row],[SalesOrderLineUnitOfMeasure]]=\"un\",Tabla_Consulta_desde_QuickBooks_Data_64_Bit_QRemote[[#This Row],[SalesOrderLineInvoiced]],Tabla_Consulta_desde_QuickBooks_Data_64_Bit_QRemote[[#This Row],[SalesOrderLineInvoiced]]/MID(Tabla_Consulta_desde_QuickBooks_Data_64_Bit_QRemote[[#This Row],[SalesOrderLineUnitOfMeasure]],2,2)),0)","v":0},{"$f":"+Tabla_Consulta_desde_QuickBooks_Data_64_Bit_QRemote[[#This Row],[facturado]]-Tabla_Consulta_desde_QuickBooks_Data_64_Bit_QRemote[[#This Row],[pide]]","v":-1},{"$f":"IF(Tabla_Consulta_desde_QuickBooks_Data_64_Bit_QRemote[[#This Row],[diferecia]]=0,\"ok\",\"diferen\")","v":"diferen"},{"$f":"IFERROR(INDEX(um!A:C,MATCH(Tabla_Consulta_desde_QuickBooks_Data_64_Bit_QRemote[[#This Row],[SalesOrderLineItemRefFullName]],um!A:A,0),3),\"\")","v":"X10"},{"$f":"IFERROR(IF(OR(Tabla_Consulta_desde_QuickBooks_Data_64_Bit_QRemote[[#This Row],[SalesOrderLineUnitOfMeasure]]=\"UN\",Tabla_Consulta_desde_QuickBooks_Data_64_Bit_QRemote[[#This Row],[SalesOrderLineUnitOfMeasure]]=Tabla_Consulta_desde_QuickBooks_Data_64_Bit_QRemote[[#This Row],[U/M]]),\"\",\"ERROR\"),\"\")","v":""},{"$f":"+WEEKNUM(Tabla_Consulta_desde_QuickBooks_Data_64_Bit_QRemote[[#This Row],[TxnDate]])","v":23},{"$f":"+Tabla_Consulta_desde_QuickBooks_Data_64_Bit_QRemote[[#This Row],[SalesOrderLineRate]]*Tabla_Consulta_desde_QuickBooks_Data_64_Bit_QRemote[[#This Row],[SalesOrderLineInvoiced]]","v":0},{"$f":"+IFERROR(IF(Tabla_Consulta_desde_QuickBooks_Data_64_Bit_QRemote[[#This Row],[CustomerRefFullName]]=\"GRUVALCORP SA\",VLOOKUP(Tabla_Consulta_desde_QuickBooks_Data_64_Bit_QRemote[[#This Row],[SalesOrderLineItemRefFullName]],Hoja1!A:E,5,FALSE),\"\")*-Tabla_Consulta_desde_QuickBooks_Data_64_Bit_QRemote[[#This Row],[SalesOrderLineAmount]],\"\")","v":""},{"$f":"IF(COUNTIF(wms!E:E,Tabla_Consulta_desde_QuickBooks_Data_64_Bit_QRemote[[#This Row],[RefNumber]])>0,\"OK\",\"FALTA\")","v":"FALTA"}]
["2025-06-03","29136","GERARDO ORTIZ E HIJOS CIA. LTDA.","BM112529 MAGDALENA",21,"7862112522732","PT:220135","TOTOPOS SABOR GUACAMOLE OLE 120G","Bodega Producto Terminado",12,"X12",0.91,10.92,"UNIDAD SNCKS",0,691.74,795.5,"IVA EN VENTAS 15%",{"$f":"IFERROR(IF(Tabla_Consulta_desde_QuickBooks_Data_64_Bit_QRemote[[#This Row],[SalesOrderLineUnitOfMeasure]]=\"un\",Tabla_Consulta_desde_QuickBooks_Data_64_Bit_QRemote[[#This Row],[SalesOrderLineQuantity]],Tabla_Consulta_desde_QuickBooks_Data_64_Bit_QRemote[[#This Row],[SalesOrderLineQuantity]]/MID(Tabla_Consulta_desde_QuickBooks_Data_64_Bit_QRemote[[#This Row],[SalesOrderLineUnitOfMeasure]],2,2)),0)","v":1},{"$f":"IFERROR(IF(Tabla_Consulta_desde_QuickBooks_Data_64_Bit_QRemote[[#This Row],[SalesOrderLineUnitOfMeasure]]=\"un\",Tabla_Consulta_desde_QuickBooks_Data_64_Bit_QRemote[[#This Row],[SalesOrderLineInvoiced]],Tabla_Consulta_desde_QuickBooks_Data_64_Bit_QRemote[[#This Row],[SalesOrderLineInvoiced]]/MID(Tabla_Consulta_desde_QuickBooks_Data_64_Bit_QRemote[[#This Row],[SalesOrderLineUnitOfMeasure]],2,2)),0)","v":0},{"$f":"+Tabla_Consulta_desde_QuickBooks_Data_64_Bit_QRemote[[#This Row],[facturado]]-Tabla_Consulta_desde_QuickBooks_Data_64_Bit_QRemote[[#This Row],[pide]]","v":-1},{"$f":"IF(Tabla_Consulta_desde_QuickBooks_Data_64_Bit_QRemote[[#This Row],[diferecia]]=0,\"ok\",\"diferen\")","v":"diferen"},{"$f":"IFERROR(INDEX(um!A:C,MATCH(Tabla_Consulta_desde_QuickBooks_Data_64_Bit_QRemote[[#This Row],[SalesOrderLineItemRefFullName]],um!A:A,0),3),\"\")","v":"X12"},{"$f":"IFERROR(IF(OR(Tabla_Consulta_desde_QuickBooks_Data_64_Bit_QRemote[[#This Row],[SalesOrderLineUnitOfMeasure]]=\"UN\",Tabla_Consulta_desde_QuickBooks_Data_64_Bit_QRemote[[#This Row],[SalesOrderLineUnitOfMeasure]]=Tabla_Consulta_desde_QuickBooks_Data_64_Bit_QRemote[[#This Row],[U/M]]),\"\",\"ERROR\"),\"\")","v":""},{"$f":"+WEEKNUM(Tabla_Consulta_desde_QuickBooks_Data_64_Bit_QRemote[[#This Row],[TxnDate]])","v":23},{"$f":"+Tabla_Consulta_desde_QuickBooks_Data_64_Bit_QRemote[[#This Row],[SalesOrderLineRate]]*Tabla_Consulta_desde_QuickBooks_Data_64_Bit_QRemote[[#This Row],[SalesOrderLineInvoiced]]","v":0},{"$f":"+IFERROR(IF(Tabla_Consulta_desde_QuickBooks_Data_64_Bit_QRemote[[#This Row],[CustomerRefFullName]]=\"GRUVALCORP SA\",VLOOKUP(Tabla_Consulta_desde_QuickBooks_Data_64_Bit_QRemote[[#This Row],[SalesOrderLineItemRefFullName]],Hoja1!A:E,5,FALSE),\"\")*-Tabla_Consulta_desde_QuickBooks_Data_64_Bit_QRemote[[#This Row],[SalesOrderLineAmount]],\"\")","v":""},{"$f":"IF(COUNTIF(wms!E:E,Tabla_Consulta_desde_QuickBooks_Data_64_Bit_QRemote[[#This Row],[RefNumber]])>0,\"OK\",\"FALTA\")","v":"FALTA"}]
["2025-06-03","29136","GERARDO ORTIZ E HIJOS CIA. LTDA.","BM112529 MAGDALENA",22,"7862112522442","PT:220133","TOTOPOS QUESO RANCHERO OLE 120G","Bodega Producto Terminado",12,"X12",0.93,11.16,"UNIDAD SNCKS",0,691.74,795.5,"IVA EN VENTAS 15%",{"$f":"IFERROR(IF(Tabla_Consulta_desde_QuickBooks_Data_64_Bit_QRemote[[#This Row],[SalesOrderLineUnitOfMeasure]]=\"un\",Tabla_Consulta_desde_QuickBooks_Data_64_Bit_QRemote[[#This Row],[SalesOrderLineQuantity]],Tabla_Consulta_desde_QuickBooks_Data_64_Bit_QRemote[[#This Row],[SalesOrderLineQuantity]]/MID(Tabla_Consulta_desde_QuickBooks_Data_64_Bit_QRemote[[#This Row],[SalesOrderLineUnitOfMeasure]],2,2)),0)","v":1},{"$f":"IFERROR(IF(Tabla_Consulta_desde_QuickBooks_Data_64_Bit_QRemote[[#This Row],[SalesOrderLineUnitOfMeasure]]=\"un\",Tabla_Consulta_desde_QuickBooks_Data_64_Bit_QRemote[[#This Row],[SalesOrderLineInvoiced]],Tabla_Consulta_desde_QuickBooks_Data_64_Bit_QRemote[[#This Row],[SalesOrderLineInvoiced]]/MID(Tabla_Consulta_desde_QuickBooks_Data_64_Bit_QRemote[[#This Row],[SalesOrderLineUnitOfMeasure]],2,2)),0)","v":0},{"$f":"+Tabla_Consulta_desde_QuickBooks_Data_64_Bit_QRemote[[#This Row],[facturado]]-Tabla_Consulta_desde_QuickBooks_Data_64_Bit_QRemote[[#This Row],[pide]]","v":-1},{"$f":"IF(Tabla_Consulta_desde_QuickBooks_Data_64_Bit_QRemote[[#This Row],[diferecia]]=0,\"ok\",\"diferen\")","v":"diferen"},{"$f":"IFERROR(INDEX(um!A:C,MATCH(Tabla_Consulta_desde_QuickBooks_Data_64_Bit_QRemote[[#This Row],[SalesOrderLineItemRefFullName]],um!A:A,0),3),\"\")","v":"X12"},{"$f":"IFERROR(IF(OR(Tabla_Consulta_desde_QuickBooks_Data_64_Bit_QRemote[[#This Row],[SalesOrderLineUnitOfMeasure]]=\"UN\",Tabla_Consulta_desde_QuickBooks_Data_64_Bit_QRemote[[#This Row],[SalesOrderLineUnitOfMeasure]]=Tabla_Consulta_desde_QuickBooks_Data_64_Bit_QRemote[[#This Row],[U/M]]),\"\",\"ERROR\"),\"\")","v":""},{"$f":"+WEEKNUM(Tabla_Consulta_desde_QuickBooks_Data_64_Bit_QRemote[[#This Row],[TxnDate]])","v":23},{"$f":"+Tabla_Consulta_desde_QuickBooks_Data_64_Bit_QRemote[[#This Row],[SalesOrderLineRate]]*Tabla_Consulta_desde_QuickBooks_Data_64_Bit_QRemote[[#This Row],[SalesOrderLineInvoiced]]","v":0},{"$f":"+IFERROR(IF(Tabla_Consulta_desde_QuickBooks_Data_64_Bit_QRemote[[#This Row],[CustomerRefFullName]]=\"GRUVALCORP SA\",VLOOKUP(Tabla_Consulta_desde_QuickBooks_Data_64_Bit_QRemote[[#This Row],[SalesOrderLineItemRefFullName]],Hoja1!A:E,5,FALSE),\"\")*-Tabla_Consulta_desde_QuickBooks_Data_64_Bit_QRemote[[#This Row],[SalesOrderLineAmount]],\"\")","v":""},{"$f":"IF(COUNTIF(wms!E:E,Tabla_Consulta_desde_QuickBooks_Data_64_Bit_QRemote[[#This Row],[RefNumber]])>0,\"OK\",\"FALTA\")","v":"FALTA"}]
["2025-06-03","29136","GERARDO ORTIZ E HIJOS CIA. LTDA.","BM112529 MAGDALENA",23,"7862112522473","PT:220134","TOTOPOS MICHELADA OLE 120G","Bodega Producto Terminado",24,"X12",0.93,22.32,"UNIDAD SNCKS",0,691.74,795.5,"IVA EN VENTAS 15%",{"$f":"IFERROR(IF(Tabla_Consulta_desde_QuickBooks_Data_64_Bit_QRemote[[#This Row],[SalesOrderLineUnitOfMeasure]]=\"un\",Tabla_Consulta_desde_QuickBooks_Data_64_Bit_QRemote[[#This Row],[SalesOrderLineQuantity]],Tabla_Consulta_desde_QuickBooks_Data_64_Bit_QRemote[[#This Row],[SalesOrderLineQuantity]]/MID(Tabla_Consulta_desde_QuickBooks_Data_64_Bit_QRemote[[#This Row],[SalesOrderLineUnitOfMeasure]],2,2)),0)","v":2},{"$f":"IFERROR(IF(Tabla_Consulta_desde_QuickBooks_Data_64_Bit_QRemote[[#This Row],[SalesOrderLineUnitOfMeasure]]=\"un\",Tabla_Consulta_desde_QuickBooks_Data_64_Bit_QRemote[[#This Row],[SalesOrderLineInvoiced]],Tabla_Consulta_desde_QuickBooks_Data_64_Bit_QRemote[[#This Row],[SalesOrderLineInvoiced]]/MID(Tabla_Consulta_desde_QuickBooks_Data_64_Bit_QRemote[[#This Row],[SalesOrderLineUnitOfMeasure]],2,2)),0)","v":0},{"$f":"+Tabla_Consulta_desde_QuickBooks_Data_64_Bit_QRemote[[#This Row],[facturado]]-Tabla_Consulta_desde_QuickBooks_Data_64_Bit_QRemote[[#This Row],[pide]]","v":-2},{"$f":"IF(Tabla_Consulta_desde_QuickBooks_Data_64_Bit_QRemote[[#This Row],[diferecia]]=0,\"ok\",\"diferen\")","v":"diferen"},{"$f":"IFERROR(INDEX(um!A:C,MATCH(Tabla_Consulta_desde_QuickBooks_Data_64_Bit_QRemote[[#This Row],[SalesOrderLineItemRefFullName]],um!A:A,0),3),\"\")","v":"X12"},{"$f":"IFERROR(IF(OR(Tabla_Consulta_desde_QuickBooks_Data_64_Bit_QRemote[[#This Row],[SalesOrderLineUnitOfMeasure]]=\"UN\",Tabla_Consulta_desde_QuickBooks_Data_64_Bit_QRemote[[#This Row],[SalesOrderLineUnitOfMeasure]]=Tabla_Consulta_desde_QuickBooks_Data_64_Bit_QRemote[[#This Row],[U/M]]),\"\",\"ERROR\"),\"\")","v":""},{"$f":"+WEEKNUM(Tabla_Consulta_desde_QuickBooks_Data_64_Bit_QRemote[[#This Row],[TxnDate]])","v":23},{"$f":"+Tabla_Consulta_desde_QuickBooks_Data_64_Bit_QRemote[[#This Row],[SalesOrderLineRate]]*Tabla_Consulta_desde_QuickBooks_Data_64_Bit_QRemote[[#This Row],[SalesOrderLineInvoiced]]","v":0},{"$f":"+IFERROR(IF(Tabla_Consulta_desde_QuickBooks_Data_64_Bit_QRemote[[#This Row],[CustomerRefFullName]]=\"GRUVALCORP SA\",VLOOKUP(Tabla_Consulta_desde_QuickBooks_Data_64_Bit_QRemote[[#This Row],[SalesOrderLineItemRefFullName]],Hoja1!A:E,5,FALSE),\"\")*-Tabla_Consulta_desde_QuickBooks_Data_64_Bit_QRemote[[#This Row],[SalesOrderLineAmount]],\"\")","v":""},{"$f":"IF(COUNTIF(wms!E:E,Tabla_Consulta_desde_QuickBooks_Data_64_Bit_QRemote[[#This Row],[RefNumber]])>0,\"OK\",\"FALTA\")","v":"FALTA"}]
["2025-06-03","29136","GERARDO ORTIZ E HIJOS CIA. LTDA.","BM112529 MAGDALENA",24,"7862112522367","PT:220132","TOTOPOS NATURAL OLE 300G","Bodega Producto Terminado",24,"X12",1.67,40.08,"UNIDAD SNCKS",0,691.74,795.5,"IVA EN VENTAS 15%",{"$f":"IFERROR(IF(Tabla_Consulta_desde_QuickBooks_Data_64_Bit_QRemote[[#This Row],[SalesOrderLineUnitOfMeasure]]=\"un\",Tabla_Consulta_desde_QuickBooks_Data_64_Bit_QRemote[[#This Row],[SalesOrderLineQuantity]],Tabla_Consulta_desde_QuickBooks_Data_64_Bit_QRemote[[#This Row],[SalesOrderLineQuantity]]/MID(Tabla_Consulta_desde_QuickBooks_Data_64_Bit_QRemote[[#This Row],[SalesOrderLineUnitOfMeasure]],2,2)),0)","v":2},{"$f":"IFERROR(IF(Tabla_Consulta_desde_QuickBooks_Data_64_Bit_QRemote[[#This Row],[SalesOrderLineUnitOfMeasure]]=\"un\",Tabla_Consulta_desde_QuickBooks_Data_64_Bit_QRemote[[#This Row],[SalesOrderLineInvoiced]],Tabla_Consulta_desde_QuickBooks_Data_64_Bit_QRemote[[#This Row],[SalesOrderLineInvoiced]]/MID(Tabla_Consulta_desde_QuickBooks_Data_64_Bit_QRemote[[#This Row],[SalesOrderLineUnitOfMeasure]],2,2)),0)","v":0},{"$f":"+Tabla_Consulta_desde_QuickBooks_Data_64_Bit_QRemote[[#This Row],[facturado]]-Tabla_Consulta_desde_QuickBooks_Data_64_Bit_QRemote[[#This Row],[pide]]","v":-2},{"$f":"IF(Tabla_Consulta_desde_QuickBooks_Data_64_Bit_QRemote[[#This Row],[diferecia]]=0,\"ok\",\"diferen\")","v":"diferen"},{"$f":"IFERROR(INDEX(um!A:C,MATCH(Tabla_Consulta_desde_QuickBooks_Data_64_Bit_QRemote[[#This Row],[SalesOrderLineItemRefFullName]],um!A:A,0),3),\"\")","v":"X12"},{"$f":"IFERROR(IF(OR(Tabla_Consulta_desde_QuickBooks_Data_64_Bit_QRemote[[#This Row],[SalesOrderLineUnitOfMeasure]]=\"UN\",Tabla_Consulta_desde_QuickBooks_Data_64_Bit_QRemote[[#This Row],[SalesOrderLineUnitOfMeasure]]=Tabla_Consulta_desde_QuickBooks_Data_64_Bit_QRemote[[#This Row],[U/M]]),\"\",\"ERROR\"),\"\")","v":""},{"$f":"+WEEKNUM(Tabla_Consulta_desde_QuickBooks_Data_64_Bit_QRemote[[#This Row],[TxnDate]])","v":23},{"$f":"+Tabla_Consulta_desde_QuickBooks_Data_64_Bit_QRemote[[#This Row],[SalesOrderLineRate]]*Tabla_Consulta_desde_QuickBooks_Data_64_Bit_QRemote[[#This Row],[SalesOrderLineInvoiced]]","v":0},{"$f":"+IFERROR(IF(Tabla_Consulta_desde_QuickBooks_Data_64_Bit_QRemote[[#This Row],[CustomerRefFullName]]=\"GRUVALCORP SA\",VLOOKUP(Tabla_Consulta_desde_QuickBooks_Data_64_Bit_QRemote[[#This Row],[SalesOrderLineItemRefFullName]],Hoja1!A:E,5,FALSE),\"\")*-Tabla_Consulta_desde_QuickBooks_Data_64_Bit_QRemote[[#This Row],[SalesOrderLineAmount]],\"\")","v":""},{"$f":"IF(COUNTIF(wms!E:E,Tabla_Consulta_desde_QuickBooks_Data_64_Bit_QRemote[[#This Row],[RefNumber]])>0,\"OK\",\"FALTA\")","v":"FALTA"}]
["2025-06-03","29136","GERARDO ORTIZ E HIJOS CIA. LTDA.","BM112529 MAGDALENA",25,null,"INFOADICIONAL","BM112529 MAGDALENA",null,null,null,0,0,null,0,691.74,795.5,"IVA EN VENTAS 15%",{"$f":"IFERROR(IF(Tabla_Consulta_desde_QuickBooks_Data_64_Bit_QRemote[[#This Row],[SalesOrderLineUnitOfMeasure]]=\"un\",Tabla_Consulta_desde_QuickBooks_Data_64_Bit_QRemote[[#This Row],[SalesOrderLineQuantity]],Tabla_Consulta_desde_QuickBooks_Data_64_Bit_QRemote[[#This Row],[SalesOrderLineQuantity]]/MID(Tabla_Consulta_desde_QuickBooks_Data_64_Bit_QRemote[[#This Row],[SalesOrderLineUnitOfMeasure]],2,2)),0)","v":0},{"$f":"IFERROR(IF(Tabla_Consulta_desde_QuickBooks_Data_64_Bit_QRemote[[#This Row],[SalesOrderLineUnitOfMeasure]]=\"un\",Tabla_Consulta_desde_QuickBooks_Data_64_Bit_QRemote[[#This Row],[SalesOrderLineInvoiced]],Tabla_Consulta_desde_QuickBooks_Data_64_Bit_QRemote[[#This Row],[SalesOrderLineInvoiced]]/MID(Tabla_Consulta_desde_QuickBooks_Data_64_Bit_QRemote[[#This Row],[SalesOrderLineUnitOfMeasure]],2,2)),0)","v":0},{"$f":"+Tabla_Consulta_desde_QuickBooks_Data_64_Bit_QRemote[[#This Row],[facturado]]-Tabla_Consulta_desde_QuickBooks_Data_64_Bit_QRemote[[#This Row],[pide]]","v":0},{"$f":"IF(Tabla_Consulta_desde_QuickBooks_Data_64_Bit_QRemote[[#This Row],[diferecia]]=0,\"ok\",\"diferen\")","v":"ok"},{"$f":"IFERROR(INDEX(um!A:C,MATCH(Tabla_Consulta_desde_QuickBooks_Data_64_Bit_QRemote[[#This Row],[SalesOrderLineItemRefFullName]],um!A:A,0),3),\"\")","v":""},{"$f":"IFERROR(IF(OR(Tabla_Consulta_desde_QuickBooks_Data_64_Bit_QRemote[[#This Row],[SalesOrderLineUnitOfMeasure]]=\"UN\",Tabla_Consulta_desde_QuickBooks_Data_64_Bit_QRemote[[#This Row],[SalesOrderLineUnitOfMeasure]]=Tabla_Consulta_desde_QuickBooks_Data_64_Bit_QRemote[[#This Row],[U/M]]),\"\",\"ERROR\"),\"\")","v":""},{"$f":"+WEEKNUM(Tabla_Consulta_desde_QuickBooks_Data_64_Bit_QRemote[[#This Row],[TxnDate]])","v":23},{"$f":"+Tabla_Consulta_desde_QuickBooks_Data_64_Bit_QRemote[[#This Row],[SalesOrderLineRate]]*Tabla_Consulta_desde_QuickBooks_Data_64_Bit_QRemote[[#This Row],[SalesOrderLineInvoiced]]","v":0},{"$f":"+IFERROR(IF(Tabla_Consulta_desde_QuickBooks_Data_64_Bit_QRemote[[#This Row],[CustomerRefFullName]]=\"GRUVALCORP SA\",VLOOKUP(Tabla_Consulta_desde_QuickBooks_Data_64_Bit_QRemote[[#This Row],[SalesOrderLineItemRefFullName]],Hoja1!A:E,5,FALSE),\"\")*-Tabla_Consulta_desde_QuickBooks_Data_64_Bit_QRemote[[#This Row],[SalesOrderLineAmount]],\"\")","v":""},{"$f":"IF(COUNTIF(wms!E:E,Tabla_Consulta_desde_QuickBooks_Data_64_Bit_QRemote[[#This Row],[RefNumber]])>0,\"OK\",\"FALTA\")","v":"FALTA"}]
["2025-06-03","29137","GERARDO ORTIZ E HIJOS CIA. LTDA.","CP092848 CARAPUNGO",1,"7862112523296","P.T:110622","PEPINILLOS CON JALAPEÑO OLE 225G","Bodega Producto Terminado",24,"X24",1.69,40.56,"UNIDAD SALSA",0,293.52,337.55,"IVA EN VENTAS 15%",{"$f":"IFERROR(IF(Tabla_Consulta_desde_QuickBooks_Data_64_Bit_QRemote[[#This Row],[SalesOrderLineUnitOfMeasure]]=\"un\",Tabla_Consulta_desde_QuickBooks_Data_64_Bit_QRemote[[#This Row],[SalesOrderLineQuantity]],Tabla_Consulta_desde_QuickBooks_Data_64_Bit_QRemote[[#This Row],[SalesOrderLineQuantity]]/MID(Tabla_Consulta_desde_QuickBooks_Data_64_Bit_QRemote[[#This Row],[SalesOrderLineUnitOfMeasure]],2,2)),0)","v":1},{"$f":"IFERROR(IF(Tabla_Consulta_desde_QuickBooks_Data_64_Bit_QRemote[[#This Row],[SalesOrderLineUnitOfMeasure]]=\"un\",Tabla_Consulta_desde_QuickBooks_Data_64_Bit_QRemote[[#This Row],[SalesOrderLineInvoiced]],Tabla_Consulta_desde_QuickBooks_Data_64_Bit_QRemote[[#This Row],[SalesOrderLineInvoiced]]/MID(Tabla_Consulta_desde_QuickBooks_Data_64_Bit_QRemote[[#This Row],[SalesOrderLineUnitOfMeasure]],2,2)),0)","v":0},{"$f":"+Tabla_Consulta_desde_QuickBooks_Data_64_Bit_QRemote[[#This Row],[facturado]]-Tabla_Consulta_desde_QuickBooks_Data_64_Bit_QRemote[[#This Row],[pide]]","v":-1},{"$f":"IF(Tabla_Consulta_desde_QuickBooks_Data_64_Bit_QRemote[[#This Row],[diferecia]]=0,\"ok\",\"diferen\")","v":"diferen"},{"$f":"IFERROR(INDEX(um!A:C,MATCH(Tabla_Consulta_desde_QuickBooks_Data_64_Bit_QRemote[[#This Row],[SalesOrderLineItemRefFullName]],um!A:A,0),3),\"\")","v":"X24"},{"$f":"IFERROR(IF(OR(Tabla_Consulta_desde_QuickBooks_Data_64_Bit_QRemote[[#This Row],[SalesOrderLineUnitOfMeasure]]=\"UN\",Tabla_Consulta_desde_QuickBooks_Data_64_Bit_QRemote[[#This Row],[SalesOrderLineUnitOfMeasure]]=Tabla_Consulta_desde_QuickBooks_Data_64_Bit_QRemote[[#This Row],[U/M]]),\"\",\"ERROR\"),\"\")","v":""},{"$f":"+WEEKNUM(Tabla_Consulta_desde_QuickBooks_Data_64_Bit_QRemote[[#This Row],[TxnDate]])","v":23},{"$f":"+Tabla_Consulta_desde_QuickBooks_Data_64_Bit_QRemote[[#This Row],[SalesOrderLineRate]]*Tabla_Consulta_desde_QuickBooks_Data_64_Bit_QRemote[[#This Row],[SalesOrderLineInvoiced]]","v":0},{"$f":"+IFERROR(IF(Tabla_Consulta_desde_QuickBooks_Data_64_Bit_QRemote[[#This Row],[CustomerRefFullName]]=\"GRUVALCORP SA\",VLOOKUP(Tabla_Consulta_desde_QuickBooks_Data_64_Bit_QRemote[[#This Row],[SalesOrderLineItemRefFullName]],Hoja1!A:E,5,FALSE),\"\")*-Tabla_Consulta_desde_QuickBooks_Data_64_Bit_QRemote[[#This Row],[SalesOrderLineAmount]],\"\")","v":""},{"$f":"IF(COUNTIF(wms!E:E,Tabla_Consulta_desde_QuickBooks_Data_64_Bit_QRemote[[#This Row],[RefNumber]])>0,\"OK\",\"FALTA\")","v":"FALTA"}]
["2025-06-03","29137","GERARDO ORTIZ E HIJOS CIA. LTDA.","CP092848 CARAPUNGO",2,"705424000352","P.T:110608","JALAPEÑO ROJOS Y VERDES OLE 370G","Bodega Producto Terminado",12,"X12",2.99,35.880000000000003,"UNIDAD SALSA",0,293.52,337.55,"IVA EN VENTAS 15%",{"$f":"IFERROR(IF(Tabla_Consulta_desde_QuickBooks_Data_64_Bit_QRemote[[#This Row],[SalesOrderLineUnitOfMeasure]]=\"un\",Tabla_Consulta_desde_QuickBooks_Data_64_Bit_QRemote[[#This Row],[SalesOrderLineQuantity]],Tabla_Consulta_desde_QuickBooks_Data_64_Bit_QRemote[[#This Row],[SalesOrderLineQuantity]]/MID(Tabla_Consulta_desde_QuickBooks_Data_64_Bit_QRemote[[#This Row],[SalesOrderLineUnitOfMeasure]],2,2)),0)","v":1},{"$f":"IFERROR(IF(Tabla_Consulta_desde_QuickBooks_Data_64_Bit_QRemote[[#This Row],[SalesOrderLineUnitOfMeasure]]=\"un\",Tabla_Consulta_desde_QuickBooks_Data_64_Bit_QRemote[[#This Row],[SalesOrderLineInvoiced]],Tabla_Consulta_desde_QuickBooks_Data_64_Bit_QRemote[[#This Row],[SalesOrderLineInvoiced]]/MID(Tabla_Consulta_desde_QuickBooks_Data_64_Bit_QRemote[[#This Row],[SalesOrderLineUnitOfMeasure]],2,2)),0)","v":0},{"$f":"+Tabla_Consulta_desde_QuickBooks_Data_64_Bit_QRemote[[#This Row],[facturado]]-Tabla_Consulta_desde_QuickBooks_Data_64_Bit_QRemote[[#This Row],[pide]]","v":-1},{"$f":"IF(Tabla_Consulta_desde_QuickBooks_Data_64_Bit_QRemote[[#This Row],[diferecia]]=0,\"ok\",\"diferen\")","v":"diferen"},{"$f":"IFERROR(INDEX(um!A:C,MATCH(Tabla_Consulta_desde_QuickBooks_Data_64_Bit_QRemote[[#This Row],[SalesOrderLineItemRefFullName]],um!A:A,0),3),\"\")","v":"X12"},{"$f":"IFERROR(IF(OR(Tabla_Consulta_desde_QuickBooks_Data_64_Bit_QRemote[[#This Row],[SalesOrderLineUnitOfMeasure]]=\"UN\",Tabla_Consulta_desde_QuickBooks_Data_64_Bit_QRemote[[#This Row],[SalesOrderLineUnitOfMeasure]]=Tabla_Consulta_desde_QuickBooks_Data_64_Bit_QRemote[[#This Row],[U/M]]),\"\",\"ERROR\"),\"\")","v":""},{"$f":"+WEEKNUM(Tabla_Consulta_desde_QuickBooks_Data_64_Bit_QRemote[[#This Row],[TxnDate]])","v":23},{"$f":"+Tabla_Consulta_desde_QuickBooks_Data_64_Bit_QRemote[[#This Row],[SalesOrderLineRate]]*Tabla_Consulta_desde_QuickBooks_Data_64_Bit_QRemote[[#This Row],[SalesOrderLineInvoiced]]","v":0},{"$f":"+IFERROR(IF(Tabla_Consulta_desde_QuickBooks_Data_64_Bit_QRemote[[#This Row],[CustomerRefFullName]]=\"GRUVALCORP SA\",VLOOKUP(Tabla_Consulta_desde_QuickBooks_Data_64_Bit_QRemote[[#This Row],[SalesOrderLineItemRefFullName]],Hoja1!A:E,5,FALSE),\"\")*-Tabla_Consulta_desde_QuickBooks_Data_64_Bit_QRemote[[#This Row],[SalesOrderLineAmount]],\"\")","v":""},{"$f":"IF(COUNTIF(wms!E:E,Tabla_Consulta_desde_QuickBooks_Data_64_Bit_QRemote[[#This Row],[RefNumber]])>0,\"OK\",\"FALTA\")","v":"FALTA"}]
["2025-06-03","29137","GERARDO ORTIZ E HIJOS CIA. LTDA.","CP092848 CARAPUNGO",3,"7862112523104","P.T:110804","SALSA CHAMOY OLE 275G","Bodega Producto Terminado",12,"X12",1.76,21.12,"UNIDAD SALSA",0,293.52,337.55,"IVA EN VENTAS 15%",{"$f":"IFERROR(IF(Tabla_Consulta_desde_QuickBooks_Data_64_Bit_QRemote[[#This Row],[SalesOrderLineUnitOfMeasure]]=\"un\",Tabla_Consulta_desde_QuickBooks_Data_64_Bit_QRemote[[#This Row],[SalesOrderLineQuantity]],Tabla_Consulta_desde_QuickBooks_Data_64_Bit_QRemote[[#This Row],[SalesOrderLineQuantity]]/MID(Tabla_Consulta_desde_QuickBooks_Data_64_Bit_QRemote[[#This Row],[SalesOrderLineUnitOfMeasure]],2,2)),0)","v":1},{"$f":"IFERROR(IF(Tabla_Consulta_desde_QuickBooks_Data_64_Bit_QRemote[[#This Row],[SalesOrderLineUnitOfMeasure]]=\"un\",Tabla_Consulta_desde_QuickBooks_Data_64_Bit_QRemote[[#This Row],[SalesOrderLineInvoiced]],Tabla_Consulta_desde_QuickBooks_Data_64_Bit_QRemote[[#This Row],[SalesOrderLineInvoiced]]/MID(Tabla_Consulta_desde_QuickBooks_Data_64_Bit_QRemote[[#This Row],[SalesOrderLineUnitOfMeasure]],2,2)),0)","v":0},{"$f":"+Tabla_Consulta_desde_QuickBooks_Data_64_Bit_QRemote[[#This Row],[facturado]]-Tabla_Consulta_desde_QuickBooks_Data_64_Bit_QRemote[[#This Row],[pide]]","v":-1},{"$f":"IF(Tabla_Consulta_desde_QuickBooks_Data_64_Bit_QRemote[[#This Row],[diferecia]]=0,\"ok\",\"diferen\")","v":"diferen"},{"$f":"IFERROR(INDEX(um!A:C,MATCH(Tabla_Consulta_desde_QuickBooks_Data_64_Bit_QRemote[[#This Row],[SalesOrderLineItemRefFullName]],um!A:A,0),3),\"\")","v":"X12"},{"$f":"IFERROR(IF(OR(Tabla_Consulta_desde_QuickBooks_Data_64_Bit_QRemote[[#This Row],[SalesOrderLineUnitOfMeasure]]=\"UN\",Tabla_Consulta_desde_QuickBooks_Data_64_Bit_QRemote[[#This Row],[SalesOrderLineUnitOfMeasure]]=Tabla_Consulta_desde_QuickBooks_Data_64_Bit_QRemote[[#This Row],[U/M]]),\"\",\"ERROR\"),\"\")","v":""},{"$f":"+WEEKNUM(Tabla_Consulta_desde_QuickBooks_Data_64_Bit_QRemote[[#This Row],[TxnDate]])","v":23},{"$f":"+Tabla_Consulta_desde_QuickBooks_Data_64_Bit_QRemote[[#This Row],[SalesOrderLineRate]]*Tabla_Consulta_desde_QuickBooks_Data_64_Bit_QRemote[[#This Row],[SalesOrderLineInvoiced]]","v":0},{"$f":"+IFERROR(IF(Tabla_Consulta_desde_QuickBooks_Data_64_Bit_QRemote[[#This Row],[CustomerRefFullName]]=\"GRUVALCORP SA\",VLOOKUP(Tabla_Consulta_desde_QuickBooks_Data_64_Bit_QRemote[[#This Row],[SalesOrderLineItemRefFullName]],Hoja1!A:E,5,FALSE),\"\")*-Tabla_Consulta_desde_QuickBooks_Data_64_Bit_QRemote[[#This Row],[SalesOrderLineAmount]],\"\")","v":""},{"$f":"IF(COUNTIF(wms!E:E,Tabla_Consulta_desde_QuickBooks_Data_64_Bit_QRemote[[#This Row],[RefNumber]])>0,\"OK\",\"FALTA\")","v":"FALTA"}]
["2025-06-03","29137","GERARDO ORTIZ E HIJOS CIA. LTDA.","CP092848 CARAPUNGO",4,"705424000116","P.T:110207","AJÍ CON MARACUYA OLE 185G","Bodega Producto Terminado",24,"X24",1.42,34.08,"UNIDAD SALSA",0,293.52,337.55,"IVA EN VENTAS 15%",{"$f":"IFERROR(IF(Tabla_Consulta_desde_QuickBooks_Data_64_Bit_QRemote[[#This Row],[SalesOrderLineUnitOfMeasure]]=\"un\",Tabla_Consulta_desde_QuickBooks_Data_64_Bit_QRemote[[#This Row],[SalesOrderLineQuantity]],Tabla_Consulta_desde_QuickBooks_Data_64_Bit_QRemote[[#This Row],[SalesOrderLineQuantity]]/MID(Tabla_Consulta_desde_QuickBooks_Data_64_Bit_QRemote[[#This Row],[SalesOrderLineUnitOfMeasure]],2,2)),0)","v":1},{"$f":"IFERROR(IF(Tabla_Consulta_desde_QuickBooks_Data_64_Bit_QRemote[[#This Row],[SalesOrderLineUnitOfMeasure]]=\"un\",Tabla_Consulta_desde_QuickBooks_Data_64_Bit_QRemote[[#This Row],[SalesOrderLineInvoiced]],Tabla_Consulta_desde_QuickBooks_Data_64_Bit_QRemote[[#This Row],[SalesOrderLineInvoiced]]/MID(Tabla_Consulta_desde_QuickBooks_Data_64_Bit_QRemote[[#This Row],[SalesOrderLineUnitOfMeasure]],2,2)),0)","v":0},{"$f":"+Tabla_Consulta_desde_QuickBooks_Data_64_Bit_QRemote[[#This Row],[facturado]]-Tabla_Consulta_desde_QuickBooks_Data_64_Bit_QRemote[[#This Row],[pide]]","v":-1},{"$f":"IF(Tabla_Consulta_desde_QuickBooks_Data_64_Bit_QRemote[[#This Row],[diferecia]]=0,\"ok\",\"diferen\")","v":"diferen"},{"$f":"IFERROR(INDEX(um!A:C,MATCH(Tabla_Consulta_desde_QuickBooks_Data_64_Bit_QRemote[[#This Row],[SalesOrderLineItemRefFullName]],um!A:A,0),3),\"\")","v":"X24"},{"$f":"IFERROR(IF(OR(Tabla_Consulta_desde_QuickBooks_Data_64_Bit_QRemote[[#This Row],[SalesOrderLineUnitOfMeasure]]=\"UN\",Tabla_Consulta_desde_QuickBooks_Data_64_Bit_QRemote[[#This Row],[SalesOrderLineUnitOfMeasure]]=Tabla_Consulta_desde_QuickBooks_Data_64_Bit_QRemote[[#This Row],[U/M]]),\"\",\"ERROR\"),\"\")","v":""},{"$f":"+WEEKNUM(Tabla_Consulta_desde_QuickBooks_Data_64_Bit_QRemote[[#This Row],[TxnDate]])","v":23},{"$f":"+Tabla_Consulta_desde_QuickBooks_Data_64_Bit_QRemote[[#This Row],[SalesOrderLineRate]]*Tabla_Consulta_desde_QuickBooks_Data_64_Bit_QRemote[[#This Row],[SalesOrderLineInvoiced]]","v":0},{"$f":"+IFERROR(IF(Tabla_Consulta_desde_QuickBooks_Data_64_Bit_QRemote[[#This Row],[CustomerRefFullName]]=\"GRUVALCORP SA\",VLOOKUP(Tabla_Consulta_desde_QuickBooks_Data_64_Bit_QRemote[[#This Row],[SalesOrderLineItemRefFullName]],Hoja1!A:E,5,FALSE),\"\")*-Tabla_Consulta_desde_QuickBooks_Data_64_Bit_QRemote[[#This Row],[SalesOrderLineAmount]],\"\")","v":""},{"$f":"IF(COUNTIF(wms!E:E,Tabla_Consulta_desde_QuickBooks_Data_64_Bit_QRemote[[#This Row],[RefNumber]])>0,\"OK\",\"FALTA\")","v":"FALTA"}]
["2025-06-03","29137","GERARDO ORTIZ E HIJOS CIA. LTDA.","CP092848 CARAPUNGO",5,"7862112522831","P.T:110226","SALSA EXTRAPICANTE CAROLINA REAPER OLE 100G","Bodega Producto Terminado",12,"X12",1.05,12.6,"UNIDAD SALSA",0,293.52,337.55,"IVA EN VENTAS 15%",{"$f":"IFERROR(IF(Tabla_Consulta_desde_QuickBooks_Data_64_Bit_QRemote[[#This Row],[SalesOrderLineUnitOfMeasure]]=\"un\",Tabla_Consulta_desde_QuickBooks_Data_64_Bit_QRemote[[#This Row],[SalesOrderLineQuantity]],Tabla_Consulta_desde_QuickBooks_Data_64_Bit_QRemote[[#This Row],[SalesOrderLineQuantity]]/MID(Tabla_Consulta_desde_QuickBooks_Data_64_Bit_QRemote[[#This Row],[SalesOrderLineUnitOfMeasure]],2,2)),0)","v":1},{"$f":"IFERROR(IF(Tabla_Consulta_desde_QuickBooks_Data_64_Bit_QRemote[[#This Row],[SalesOrderLineUnitOfMeasure]]=\"un\",Tabla_Consulta_desde_QuickBooks_Data_64_Bit_QRemote[[#This Row],[SalesOrderLineInvoiced]],Tabla_Consulta_desde_QuickBooks_Data_64_Bit_QRemote[[#This Row],[SalesOrderLineInvoiced]]/MID(Tabla_Consulta_desde_QuickBooks_Data_64_Bit_QRemote[[#This Row],[SalesOrderLineUnitOfMeasure]],2,2)),0)","v":0},{"$f":"+Tabla_Consulta_desde_QuickBooks_Data_64_Bit_QRemote[[#This Row],[facturado]]-Tabla_Consulta_desde_QuickBooks_Data_64_Bit_QRemote[[#This Row],[pide]]","v":-1},{"$f":"IF(Tabla_Consulta_desde_QuickBooks_Data_64_Bit_QRemote[[#This Row],[diferecia]]=0,\"ok\",\"diferen\")","v":"diferen"},{"$f":"IFERROR(INDEX(um!A:C,MATCH(Tabla_Consulta_desde_QuickBooks_Data_64_Bit_QRemote[[#This Row],[SalesOrderLineItemRefFullName]],um!A:A,0),3),\"\")","v":"X12"},{"$f":"IFERROR(IF(OR(Tabla_Consulta_desde_QuickBooks_Data_64_Bit_QRemote[[#This Row],[SalesOrderLineUnitOfMeasure]]=\"UN\",Tabla_Consulta_desde_QuickBooks_Data_64_Bit_QRemote[[#This Row],[SalesOrderLineUnitOfMeasure]]=Tabla_Consulta_desde_QuickBooks_Data_64_Bit_QRemote[[#This Row],[U/M]]),\"\",\"ERROR\"),\"\")","v":""},{"$f":"+WEEKNUM(Tabla_Consulta_desde_QuickBooks_Data_64_Bit_QRemote[[#This Row],[TxnDate]])","v":23},{"$f":"+Tabla_Consulta_desde_QuickBooks_Data_64_Bit_QRemote[[#This Row],[SalesOrderLineRate]]*Tabla_Consulta_desde_QuickBooks_Data_64_Bit_QRemote[[#This Row],[SalesOrderLineInvoiced]]","v":0},{"$f":"+IFERROR(IF(Tabla_Consulta_desde_QuickBooks_Data_64_Bit_QRemote[[#This Row],[CustomerRefFullName]]=\"GRUVALCORP SA\",VLOOKUP(Tabla_Consulta_desde_QuickBooks_Data_64_Bit_QRemote[[#This Row],[SalesOrderLineItemRefFullName]],Hoja1!A:E,5,FALSE),\"\")*-Tabla_Consulta_desde_QuickBooks_Data_64_Bit_QRemote[[#This Row],[SalesOrderLineAmount]],\"\")","v":""},{"$f":"IF(COUNTIF(wms!E:E,Tabla_Consulta_desde_QuickBooks_Data_64_Bit_QRemote[[#This Row],[RefNumber]])>0,\"OK\",\"FALTA\")","v":"FALTA"}]
["2025-06-03","29137","GERARDO ORTIZ E HIJOS CIA. LTDA.","CP092848 CARAPUNGO",6,"7862112522817","P.T:110737","SALSA DE TOMATE CASERA OLE DP 200G","Bodega Producto Terminado",12,"X12",0.7,8.4,"UNIDAD SALSA",0,293.52,337.55,"IVA EN VENTAS 15%",{"$f":"IFERROR(IF(Tabla_Consulta_desde_QuickBooks_Data_64_Bit_QRemote[[#This Row],[SalesOrderLineUnitOfMeasure]]=\"un\",Tabla_Consulta_desde_QuickBooks_Data_64_Bit_QRemote[[#This Row],[SalesOrderLineQuantity]],Tabla_Consulta_desde_QuickBooks_Data_64_Bit_QRemote[[#This Row],[SalesOrderLineQuantity]]/MID(Tabla_Consulta_desde_QuickBooks_Data_64_Bit_QRemote[[#This Row],[SalesOrderLineUnitOfMeasure]],2,2)),0)","v":1},{"$f":"IFERROR(IF(Tabla_Consulta_desde_QuickBooks_Data_64_Bit_QRemote[[#This Row],[SalesOrderLineUnitOfMeasure]]=\"un\",Tabla_Consulta_desde_QuickBooks_Data_64_Bit_QRemote[[#This Row],[SalesOrderLineInvoiced]],Tabla_Consulta_desde_QuickBooks_Data_64_Bit_QRemote[[#This Row],[SalesOrderLineInvoiced]]/MID(Tabla_Consulta_desde_QuickBooks_Data_64_Bit_QRemote[[#This Row],[SalesOrderLineUnitOfMeasure]],2,2)),0)","v":0},{"$f":"+Tabla_Consulta_desde_QuickBooks_Data_64_Bit_QRemote[[#This Row],[facturado]]-Tabla_Consulta_desde_QuickBooks_Data_64_Bit_QRemote[[#This Row],[pide]]","v":-1},{"$f":"IF(Tabla_Consulta_desde_QuickBooks_Data_64_Bit_QRemote[[#This Row],[diferecia]]=0,\"ok\",\"diferen\")","v":"diferen"},{"$f":"IFERROR(INDEX(um!A:C,MATCH(Tabla_Consulta_desde_QuickBooks_Data_64_Bit_QRemote[[#This Row],[SalesOrderLineItemRefFullName]],um!A:A,0),3),\"\")","v":"X12"},{"$f":"IFERROR(IF(OR(Tabla_Consulta_desde_QuickBooks_Data_64_Bit_QRemote[[#This Row],[SalesOrderLineUnitOfMeasure]]=\"UN\",Tabla_Consulta_desde_QuickBooks_Data_64_Bit_QRemote[[#This Row],[SalesOrderLineUnitOfMeasure]]=Tabla_Consulta_desde_QuickBooks_Data_64_Bit_QRemote[[#This Row],[U/M]]),\"\",\"ERROR\"),\"\")","v":""},{"$f":"+WEEKNUM(Tabla_Consulta_desde_QuickBooks_Data_64_Bit_QRemote[[#This Row],[TxnDate]])","v":23},{"$f":"+Tabla_Consulta_desde_QuickBooks_Data_64_Bit_QRemote[[#This Row],[SalesOrderLineRate]]*Tabla_Consulta_desde_QuickBooks_Data_64_Bit_QRemote[[#This Row],[SalesOrderLineInvoiced]]","v":0},{"$f":"+IFERROR(IF(Tabla_Consulta_desde_QuickBooks_Data_64_Bit_QRemote[[#This Row],[CustomerRefFullName]]=\"GRUVALCORP SA\",VLOOKUP(Tabla_Consulta_desde_QuickBooks_Data_64_Bit_QRemote[[#This Row],[SalesOrderLineItemRefFullName]],Hoja1!A:E,5,FALSE),\"\")*-Tabla_Consulta_desde_QuickBooks_Data_64_Bit_QRemote[[#This Row],[SalesOrderLineAmount]],\"\")","v":""},{"$f":"IF(COUNTIF(wms!E:E,Tabla_Consulta_desde_QuickBooks_Data_64_Bit_QRemote[[#This Row],[RefNumber]])>0,\"OK\",\"FALTA\")","v":"FALTA"}]
["2025-06-03","29137","GERARDO ORTIZ E HIJOS CIA. LTDA.","CP092848 CARAPUNGO",7,"7862112521544","P.T:110224","SALSA SRIRACHA PICANTE OLE 285G","Bodega Producto Terminado",12,"X12",2.83,33.96,"UNIDAD SALSA",0,293.52,337.55,"IVA EN VENTAS 15%",{"$f":"IFERROR(IF(Tabla_Consulta_desde_QuickBooks_Data_64_Bit_QRemote[[#This Row],[SalesOrderLineUnitOfMeasure]]=\"un\",Tabla_Consulta_desde_QuickBooks_Data_64_Bit_QRemote[[#This Row],[SalesOrderLineQuantity]],Tabla_Consulta_desde_QuickBooks_Data_64_Bit_QRemote[[#This Row],[SalesOrderLineQuantity]]/MID(Tabla_Consulta_desde_QuickBooks_Data_64_Bit_QRemote[[#This Row],[SalesOrderLineUnitOfMeasure]],2,2)),0)","v":1},{"$f":"IFERROR(IF(Tabla_Consulta_desde_QuickBooks_Data_64_Bit_QRemote[[#This Row],[SalesOrderLineUnitOfMeasure]]=\"un\",Tabla_Consulta_desde_QuickBooks_Data_64_Bit_QRemote[[#This Row],[SalesOrderLineInvoiced]],Tabla_Consulta_desde_QuickBooks_Data_64_Bit_QRemote[[#This Row],[SalesOrderLineInvoiced]]/MID(Tabla_Consulta_desde_QuickBooks_Data_64_Bit_QRemote[[#This Row],[SalesOrderLineUnitOfMeasure]],2,2)),0)","v":0},{"$f":"+Tabla_Consulta_desde_QuickBooks_Data_64_Bit_QRemote[[#This Row],[facturado]]-Tabla_Consulta_desde_QuickBooks_Data_64_Bit_QRemote[[#This Row],[pide]]","v":-1},{"$f":"IF(Tabla_Consulta_desde_QuickBooks_Data_64_Bit_QRemote[[#This Row],[diferecia]]=0,\"ok\",\"diferen\")","v":"diferen"},{"$f":"IFERROR(INDEX(um!A:C,MATCH(Tabla_Consulta_desde_QuickBooks_Data_64_Bit_QRemote[[#This Row],[SalesOrderLineItemRefFullName]],um!A:A,0),3),\"\")","v":"X12"},{"$f":"IFERROR(IF(OR(Tabla_Consulta_desde_QuickBooks_Data_64_Bit_QRemote[[#This Row],[SalesOrderLineUnitOfMeasure]]=\"UN\",Tabla_Consulta_desde_QuickBooks_Data_64_Bit_QRemote[[#This Row],[SalesOrderLineUnitOfMeasure]]=Tabla_Consulta_desde_QuickBooks_Data_64_Bit_QRemote[[#This Row],[U/M]]),\"\",\"ERROR\"),\"\")","v":""},{"$f":"+WEEKNUM(Tabla_Consulta_desde_QuickBooks_Data_64_Bit_QRemote[[#This Row],[TxnDate]])","v":23},{"$f":"+Tabla_Consulta_desde_QuickBooks_Data_64_Bit_QRemote[[#This Row],[SalesOrderLineRate]]*Tabla_Consulta_desde_QuickBooks_Data_64_Bit_QRemote[[#This Row],[SalesOrderLineInvoiced]]","v":0},{"$f":"+IFERROR(IF(Tabla_Consulta_desde_QuickBooks_Data_64_Bit_QRemote[[#This Row],[CustomerRefFullName]]=\"GRUVALCORP SA\",VLOOKUP(Tabla_Consulta_desde_QuickBooks_Data_64_Bit_QRemote[[#This Row],[SalesOrderLineItemRefFullName]],Hoja1!A:E,5,FALSE),\"\")*-Tabla_Consulta_desde_QuickBooks_Data_64_Bit_QRemote[[#This Row],[SalesOrderLineAmount]],\"\")","v":""},{"$f":"IF(COUNTIF(wms!E:E,Tabla_Consulta_desde_QuickBooks_Data_64_Bit_QRemote[[#This Row],[RefNumber]])>0,\"OK\",\"FALTA\")","v":"FALTA"}]
["2025-06-03","29137","GERARDO ORTIZ E HIJOS CIA. LTDA.","CP092848 CARAPUNGO",8,"7862112521599","P.T:110214","SALSA AJÍ MANABA OLE 300G","Bodega Producto Terminado",12,"X12",2.12,25.44,"UNIDAD SALSA",0,293.52,337.55,"IVA EN VENTAS 15%",{"$f":"IFERROR(IF(Tabla_Consulta_desde_QuickBooks_Data_64_Bit_QRemote[[#This Row],[SalesOrderLineUnitOfMeasure]]=\"un\",Tabla_Consulta_desde_QuickBooks_Data_64_Bit_QRemote[[#This Row],[SalesOrderLineQuantity]],Tabla_Consulta_desde_QuickBooks_Data_64_Bit_QRemote[[#This Row],[SalesOrderLineQuantity]]/MID(Tabla_Consulta_desde_QuickBooks_Data_64_Bit_QRemote[[#This Row],[SalesOrderLineUnitOfMeasure]],2,2)),0)","v":1},{"$f":"IFERROR(IF(Tabla_Consulta_desde_QuickBooks_Data_64_Bit_QRemote[[#This Row],[SalesOrderLineUnitOfMeasure]]=\"un\",Tabla_Consulta_desde_QuickBooks_Data_64_Bit_QRemote[[#This Row],[SalesOrderLineInvoiced]],Tabla_Consulta_desde_QuickBooks_Data_64_Bit_QRemote[[#This Row],[SalesOrderLineInvoiced]]/MID(Tabla_Consulta_desde_QuickBooks_Data_64_Bit_QRemote[[#This Row],[SalesOrderLineUnitOfMeasure]],2,2)),0)","v":0},{"$f":"+Tabla_Consulta_desde_QuickBooks_Data_64_Bit_QRemote[[#This Row],[facturado]]-Tabla_Consulta_desde_QuickBooks_Data_64_Bit_QRemote[[#This Row],[pide]]","v":-1},{"$f":"IF(Tabla_Consulta_desde_QuickBooks_Data_64_Bit_QRemote[[#This Row],[diferecia]]=0,\"ok\",\"diferen\")","v":"diferen"},{"$f":"IFERROR(INDEX(um!A:C,MATCH(Tabla_Consulta_desde_QuickBooks_Data_64_Bit_QRemote[[#This Row],[SalesOrderLineItemRefFullName]],um!A:A,0),3),\"\")","v":"X12"},{"$f":"IFERROR(IF(OR(Tabla_Consulta_desde_QuickBooks_Data_64_Bit_QRemote[[#This Row],[SalesOrderLineUnitOfMeasure]]=\"UN\",Tabla_Consulta_desde_QuickBooks_Data_64_Bit_QRemote[[#This Row],[SalesOrderLineUnitOfMeasure]]=Tabla_Consulta_desde_QuickBooks_Data_64_Bit_QRemote[[#This Row],[U/M]]),\"\",\"ERROR\"),\"\")","v":""},{"$f":"+WEEKNUM(Tabla_Consulta_desde_QuickBooks_Data_64_Bit_QRemote[[#This Row],[TxnDate]])","v":23},{"$f":"+Tabla_Consulta_desde_QuickBooks_Data_64_Bit_QRemote[[#This Row],[SalesOrderLineRate]]*Tabla_Consulta_desde_QuickBooks_Data_64_Bit_QRemote[[#This Row],[SalesOrderLineInvoiced]]","v":0},{"$f":"+IFERROR(IF(Tabla_Consulta_desde_QuickBooks_Data_64_Bit_QRemote[[#This Row],[CustomerRefFullName]]=\"GRUVALCORP SA\",VLOOKUP(Tabla_Consulta_desde_QuickBooks_Data_64_Bit_QRemote[[#This Row],[SalesOrderLineItemRefFullName]],Hoja1!A:E,5,FALSE),\"\")*-Tabla_Consulta_desde_QuickBooks_Data_64_Bit_QRemote[[#This Row],[SalesOrderLineAmount]],\"\")","v":""},{"$f":"IF(COUNTIF(wms!E:E,Tabla_Consulta_desde_QuickBooks_Data_64_Bit_QRemote[[#This Row],[RefNumber]])>0,\"OK\",\"FALTA\")","v":"FALTA"}]
["2025-06-03","29137","GERARDO ORTIZ E HIJOS CIA. LTDA.","CP092848 CARAPUNGO",9,"7862112522183","P.T:110733","SALSA GUACAMOLE OLE 220G","Bodega Producto Terminado",12,"X12",1.66,19.920000000000002,"UNIDAD SALSA",0,293.52,337.55,"IVA EN VENTAS 15%",{"$f":"IFERROR(IF(Tabla_Consulta_desde_QuickBooks_Data_64_Bit_QRemote[[#This Row],[SalesOrderLineUnitOfMeasure]]=\"un\",Tabla_Consulta_desde_QuickBooks_Data_64_Bit_QRemote[[#This Row],[SalesOrderLineQuantity]],Tabla_Consulta_desde_QuickBooks_Data_64_Bit_QRemote[[#This Row],[SalesOrderLineQuantity]]/MID(Tabla_Consulta_desde_QuickBooks_Data_64_Bit_QRemote[[#This Row],[SalesOrderLineUnitOfMeasure]],2,2)),0)","v":1},{"$f":"IFERROR(IF(Tabla_Consulta_desde_QuickBooks_Data_64_Bit_QRemote[[#This Row],[SalesOrderLineUnitOfMeasure]]=\"un\",Tabla_Consulta_desde_QuickBooks_Data_64_Bit_QRemote[[#This Row],[SalesOrderLineInvoiced]],Tabla_Consulta_desde_QuickBooks_Data_64_Bit_QRemote[[#This Row],[SalesOrderLineInvoiced]]/MID(Tabla_Consulta_desde_QuickBooks_Data_64_Bit_QRemote[[#This Row],[SalesOrderLineUnitOfMeasure]],2,2)),0)","v":0},{"$f":"+Tabla_Consulta_desde_QuickBooks_Data_64_Bit_QRemote[[#This Row],[facturado]]-Tabla_Consulta_desde_QuickBooks_Data_64_Bit_QRemote[[#This Row],[pide]]","v":-1},{"$f":"IF(Tabla_Consulta_desde_QuickBooks_Data_64_Bit_QRemote[[#This Row],[diferecia]]=0,\"ok\",\"diferen\")","v":"diferen"},{"$f":"IFERROR(INDEX(um!A:C,MATCH(Tabla_Consulta_desde_QuickBooks_Data_64_Bit_QRemote[[#This Row],[SalesOrderLineItemRefFullName]],um!A:A,0),3),\"\")","v":"X12"},{"$f":"IFERROR(IF(OR(Tabla_Consulta_desde_QuickBooks_Data_64_Bit_QRemote[[#This Row],[SalesOrderLineUnitOfMeasure]]=\"UN\",Tabla_Consulta_desde_QuickBooks_Data_64_Bit_QRemote[[#This Row],[SalesOrderLineUnitOfMeasure]]=Tabla_Consulta_desde_QuickBooks_Data_64_Bit_QRemote[[#This Row],[U/M]]),\"\",\"ERROR\"),\"\")","v":""},{"$f":"+WEEKNUM(Tabla_Consulta_desde_QuickBooks_Data_64_Bit_QRemote[[#This Row],[TxnDate]])","v":23},{"$f":"+Tabla_Consulta_desde_QuickBooks_Data_64_Bit_QRemote[[#This Row],[SalesOrderLineRate]]*Tabla_Consulta_desde_QuickBooks_Data_64_Bit_QRemote[[#This Row],[SalesOrderLineInvoiced]]","v":0},{"$f":"+IFERROR(IF(Tabla_Consulta_desde_QuickBooks_Data_64_Bit_QRemote[[#This Row],[CustomerRefFullName]]=\"GRUVALCORP SA\",VLOOKUP(Tabla_Consulta_desde_QuickBooks_Data_64_Bit_QRemote[[#This Row],[SalesOrderLineItemRefFullName]],Hoja1!A:E,5,FALSE),\"\")*-Tabla_Consulta_desde_QuickBooks_Data_64_Bit_QRemote[[#This Row],[SalesOrderLineAmount]],\"\")","v":""},{"$f":"IF(COUNTIF(wms!E:E,Tabla_Consulta_desde_QuickBooks_Data_64_Bit_QRemote[[#This Row],[RefNumber]])>0,\"OK\",\"FALTA\")","v":"FALTA"}]
["2025-06-03","29137","GERARDO ORTIZ E HIJOS CIA. LTDA.","CP092848 CARAPUNGO",10,"7862112521698","P.T:311407","VINAGRE DE MANZANA CON LA MADRE OLE 500ML","Bodega Producto Terminado",12,"X12",4.28,51.36,"UNIDAD SALSA",0,293.52,337.55,"IVA EN VENTAS 15%",{"$f":"IFERROR(IF(Tabla_Consulta_desde_QuickBooks_Data_64_Bit_QRemote[[#This Row],[SalesOrderLineUnitOfMeasure]]=\"un\",Tabla_Consulta_desde_QuickBooks_Data_64_Bit_QRemote[[#This Row],[SalesOrderLineQuantity]],Tabla_Consulta_desde_QuickBooks_Data_64_Bit_QRemote[[#This Row],[SalesOrderLineQuantity]]/MID(Tabla_Consulta_desde_QuickBooks_Data_64_Bit_QRemote[[#This Row],[SalesOrderLineUnitOfMeasure]],2,2)),0)","v":1},{"$f":"IFERROR(IF(Tabla_Consulta_desde_QuickBooks_Data_64_Bit_QRemote[[#This Row],[SalesOrderLineUnitOfMeasure]]=\"un\",Tabla_Consulta_desde_QuickBooks_Data_64_Bit_QRemote[[#This Row],[SalesOrderLineInvoiced]],Tabla_Consulta_desde_QuickBooks_Data_64_Bit_QRemote[[#This Row],[SalesOrderLineInvoiced]]/MID(Tabla_Consulta_desde_QuickBooks_Data_64_Bit_QRemote[[#This Row],[SalesOrderLineUnitOfMeasure]],2,2)),0)","v":0},{"$f":"+Tabla_Consulta_desde_QuickBooks_Data_64_Bit_QRemote[[#This Row],[facturado]]-Tabla_Consulta_desde_QuickBooks_Data_64_Bit_QRemote[[#This Row],[pide]]","v":-1},{"$f":"IF(Tabla_Consulta_desde_QuickBooks_Data_64_Bit_QRemote[[#This Row],[diferecia]]=0,\"ok\",\"diferen\")","v":"diferen"},{"$f":"IFERROR(INDEX(um!A:C,MATCH(Tabla_Consulta_desde_QuickBooks_Data_64_Bit_QRemote[[#This Row],[SalesOrderLineItemRefFullName]],um!A:A,0),3),\"\")","v":"X12"},{"$f":"IFERROR(IF(OR(Tabla_Consulta_desde_QuickBooks_Data_64_Bit_QRemote[[#This Row],[SalesOrderLineUnitOfMeasure]]=\"UN\",Tabla_Consulta_desde_QuickBooks_Data_64_Bit_QRemote[[#This Row],[SalesOrderLineUnitOfMeasure]]=Tabla_Consulta_desde_QuickBooks_Data_64_Bit_QRemote[[#This Row],[U/M]]),\"\",\"ERROR\"),\"\")","v":""},{"$f":"+WEEKNUM(Tabla_Consulta_desde_QuickBooks_Data_64_Bit_QRemote[[#This Row],[TxnDate]])","v":23},{"$f":"+Tabla_Consulta_desde_QuickBooks_Data_64_Bit_QRemote[[#This Row],[SalesOrderLineRate]]*Tabla_Consulta_desde_QuickBooks_Data_64_Bit_QRemote[[#This Row],[SalesOrderLineInvoiced]]","v":0},{"$f":"+IFERROR(IF(Tabla_Consulta_desde_QuickBooks_Data_64_Bit_QRemote[[#This Row],[CustomerRefFullName]]=\"GRUVALCORP SA\",VLOOKUP(Tabla_Consulta_desde_QuickBooks_Data_64_Bit_QRemote[[#This Row],[SalesOrderLineItemRefFullName]],Hoja1!A:E,5,FALSE),\"\")*-Tabla_Consulta_desde_QuickBooks_Data_64_Bit_QRemote[[#This Row],[SalesOrderLineAmount]],\"\")","v":""},{"$f":"IF(COUNTIF(wms!E:E,Tabla_Consulta_desde_QuickBooks_Data_64_Bit_QRemote[[#This Row],[RefNumber]])>0,\"OK\",\"FALTA\")","v":"FALTA"}]
["2025-06-03","29137","GERARDO ORTIZ E HIJOS CIA. LTDA.","CP092848 CARAPUNGO",11,"7862112523258","PT:220142","TOTOPOS SABOR GUACAMOLE OLE 45G","Bodega Producto Terminado",30,"X30",0.34,10.199999999999999,"UNIDAD SNCKS",0,293.52,337.55,"IVA EN VENTAS 15%",{"$f":"IFERROR(IF(Tabla_Consulta_desde_QuickBooks_Data_64_Bit_QRemote[[#This Row],[SalesOrderLineUnitOfMeasure]]=\"un\",Tabla_Consulta_desde_QuickBooks_Data_64_Bit_QRemote[[#This Row],[SalesOrderLineQuantity]],Tabla_Consulta_desde_QuickBooks_Data_64_Bit_QRemote[[#This Row],[SalesOrderLineQuantity]]/MID(Tabla_Consulta_desde_QuickBooks_Data_64_Bit_QRemote[[#This Row],[SalesOrderLineUnitOfMeasure]],2,2)),0)","v":1},{"$f":"IFERROR(IF(Tabla_Consulta_desde_QuickBooks_Data_64_Bit_QRemote[[#This Row],[SalesOrderLineUnitOfMeasure]]=\"un\",Tabla_Consulta_desde_QuickBooks_Data_64_Bit_QRemote[[#This Row],[SalesOrderLineInvoiced]],Tabla_Consulta_desde_QuickBooks_Data_64_Bit_QRemote[[#This Row],[SalesOrderLineInvoiced]]/MID(Tabla_Consulta_desde_QuickBooks_Data_64_Bit_QRemote[[#This Row],[SalesOrderLineUnitOfMeasure]],2,2)),0)","v":0},{"$f":"+Tabla_Consulta_desde_QuickBooks_Data_64_Bit_QRemote[[#This Row],[facturado]]-Tabla_Consulta_desde_QuickBooks_Data_64_Bit_QRemote[[#This Row],[pide]]","v":-1},{"$f":"IF(Tabla_Consulta_desde_QuickBooks_Data_64_Bit_QRemote[[#This Row],[diferecia]]=0,\"ok\",\"diferen\")","v":"diferen"},{"$f":"IFERROR(INDEX(um!A:C,MATCH(Tabla_Consulta_desde_QuickBooks_Data_64_Bit_QRemote[[#This Row],[SalesOrderLineItemRefFullName]],um!A:A,0),3),\"\")","v":"X30"},{"$f":"IFERROR(IF(OR(Tabla_Consulta_desde_QuickBooks_Data_64_Bit_QRemote[[#This Row],[SalesOrderLineUnitOfMeasure]]=\"UN\",Tabla_Consulta_desde_QuickBooks_Data_64_Bit_QRemote[[#This Row],[SalesOrderLineUnitOfMeasure]]=Tabla_Consulta_desde_QuickBooks_Data_64_Bit_QRemote[[#This Row],[U/M]]),\"\",\"ERROR\"),\"\")","v":""},{"$f":"+WEEKNUM(Tabla_Consulta_desde_QuickBooks_Data_64_Bit_QRemote[[#This Row],[TxnDate]])","v":23},{"$f":"+Tabla_Consulta_desde_QuickBooks_Data_64_Bit_QRemote[[#This Row],[SalesOrderLineRate]]*Tabla_Consulta_desde_QuickBooks_Data_64_Bit_QRemote[[#This Row],[SalesOrderLineInvoiced]]","v":0},{"$f":"+IFERROR(IF(Tabla_Consulta_desde_QuickBooks_Data_64_Bit_QRemote[[#This Row],[CustomerRefFullName]]=\"GRUVALCORP SA\",VLOOKUP(Tabla_Consulta_desde_QuickBooks_Data_64_Bit_QRemote[[#This Row],[SalesOrderLineItemRefFullName]],Hoja1!A:E,5,FALSE),\"\")*-Tabla_Consulta_desde_QuickBooks_Data_64_Bit_QRemote[[#This Row],[SalesOrderLineAmount]],\"\")","v":""},{"$f":"IF(COUNTIF(wms!E:E,Tabla_Consulta_desde_QuickBooks_Data_64_Bit_QRemote[[#This Row],[RefNumber]])>0,\"OK\",\"FALTA\")","v":"FALTA"}]
["2025-06-03","29137","GERARDO ORTIZ E HIJOS CIA. LTDA.","CP092848 CARAPUNGO",12,null,"INFOADICIONAL","CP092848 CARAPUNGO",null,null,null,0,0,null,0,293.52,337.55,"IVA EN VENTAS 15%",{"$f":"IFERROR(IF(Tabla_Consulta_desde_QuickBooks_Data_64_Bit_QRemote[[#This Row],[SalesOrderLineUnitOfMeasure]]=\"un\",Tabla_Consulta_desde_QuickBooks_Data_64_Bit_QRemote[[#This Row],[SalesOrderLineQuantity]],Tabla_Consulta_desde_QuickBooks_Data_64_Bit_QRemote[[#This Row],[SalesOrderLineQuantity]]/MID(Tabla_Consulta_desde_QuickBooks_Data_64_Bit_QRemote[[#This Row],[SalesOrderLineUnitOfMeasure]],2,2)),0)","v":0},{"$f":"IFERROR(IF(Tabla_Consulta_desde_QuickBooks_Data_64_Bit_QRemote[[#This Row],[SalesOrderLineUnitOfMeasure]]=\"un\",Tabla_Consulta_desde_QuickBooks_Data_64_Bit_QRemote[[#This Row],[SalesOrderLineInvoiced]],Tabla_Consulta_desde_QuickBooks_Data_64_Bit_QRemote[[#This Row],[SalesOrderLineInvoiced]]/MID(Tabla_Consulta_desde_QuickBooks_Data_64_Bit_QRemote[[#This Row],[SalesOrderLineUnitOfMeasure]],2,2)),0)","v":0},{"$f":"+Tabla_Consulta_desde_QuickBooks_Data_64_Bit_QRemote[[#This Row],[facturado]]-Tabla_Consulta_desde_QuickBooks_Data_64_Bit_QRemote[[#This Row],[pide]]","v":0},{"$f":"IF(Tabla_Consulta_desde_QuickBooks_Data_64_Bit_QRemote[[#This Row],[diferecia]]=0,\"ok\",\"diferen\")","v":"ok"},{"$f":"IFERROR(INDEX(um!A:C,MATCH(Tabla_Consulta_desde_QuickBooks_Data_64_Bit_QRemote[[#This Row],[SalesOrderLineItemRefFullName]],um!A:A,0),3),\"\")","v":""},{"$f":"IFERROR(IF(OR(Tabla_Consulta_desde_QuickBooks_Data_64_Bit_QRemote[[#This Row],[SalesOrderLineUnitOfMeasure]]=\"UN\",Tabla_Consulta_desde_QuickBooks_Data_64_Bit_QRemote[[#This Row],[SalesOrderLineUnitOfMeasure]]=Tabla_Consulta_desde_QuickBooks_Data_64_Bit_QRemote[[#This Row],[U/M]]),\"\",\"ERROR\"),\"\")","v":""},{"$f":"+WEEKNUM(Tabla_Consulta_desde_QuickBooks_Data_64_Bit_QRemote[[#This Row],[TxnDate]])","v":23},{"$f":"+Tabla_Consulta_desde_QuickBooks_Data_64_Bit_QRemote[[#This Row],[SalesOrderLineRate]]*Tabla_Consulta_desde_QuickBooks_Data_64_Bit_QRemote[[#This Row],[SalesOrderLineInvoiced]]","v":0},{"$f":"+IFERROR(IF(Tabla_Consulta_desde_QuickBooks_Data_64_Bit_QRemote[[#This Row],[CustomerRefFullName]]=\"GRUVALCORP SA\",VLOOKUP(Tabla_Consulta_desde_QuickBooks_Data_64_Bit_QRemote[[#This Row],[SalesOrderLineItemRefFullName]],Hoja1!A:E,5,FALSE),\"\")*-Tabla_Consulta_desde_QuickBooks_Data_64_Bit_QRemote[[#This Row],[SalesOrderLineAmount]],\"\")","v":""},{"$f":"IF(COUNTIF(wms!E:E,Tabla_Consulta_desde_QuickBooks_Data_64_Bit_QRemote[[#This Row],[RefNumber]])>0,\"OK\",\"FALTA\")","v":"FALTA"}]
["2025-06-03","29138","GERARDO ORTIZ E HIJOS CIA. LTDA.","AL152622 ALBORADA",1,"7862112523296","P.T:110622","PEPINILLOS CON JALAPEÑO OLE 225G","Bodega Producto Terminado",24,"X24",1.69,40.56,"UNIDAD SALSA",0,265.5,305.33,"IVA EN VENTAS 15%",{"$f":"IFERROR(IF(Tabla_Consulta_desde_QuickBooks_Data_64_Bit_QRemote[[#This Row],[SalesOrderLineUnitOfMeasure]]=\"un\",Tabla_Consulta_desde_QuickBooks_Data_64_Bit_QRemote[[#This Row],[SalesOrderLineQuantity]],Tabla_Consulta_desde_QuickBooks_Data_64_Bit_QRemote[[#This Row],[SalesOrderLineQuantity]]/MID(Tabla_Consulta_desde_QuickBooks_Data_64_Bit_QRemote[[#This Row],[SalesOrderLineUnitOfMeasure]],2,2)),0)","v":1},{"$f":"IFERROR(IF(Tabla_Consulta_desde_QuickBooks_Data_64_Bit_QRemote[[#This Row],[SalesOrderLineUnitOfMeasure]]=\"un\",Tabla_Consulta_desde_QuickBooks_Data_64_Bit_QRemote[[#This Row],[SalesOrderLineInvoiced]],Tabla_Consulta_desde_QuickBooks_Data_64_Bit_QRemote[[#This Row],[SalesOrderLineInvoiced]]/MID(Tabla_Consulta_desde_QuickBooks_Data_64_Bit_QRemote[[#This Row],[SalesOrderLineUnitOfMeasure]],2,2)),0)","v":0},{"$f":"+Tabla_Consulta_desde_QuickBooks_Data_64_Bit_QRemote[[#This Row],[facturado]]-Tabla_Consulta_desde_QuickBooks_Data_64_Bit_QRemote[[#This Row],[pide]]","v":-1},{"$f":"IF(Tabla_Consulta_desde_QuickBooks_Data_64_Bit_QRemote[[#This Row],[diferecia]]=0,\"ok\",\"diferen\")","v":"diferen"},{"$f":"IFERROR(INDEX(um!A:C,MATCH(Tabla_Consulta_desde_QuickBooks_Data_64_Bit_QRemote[[#This Row],[SalesOrderLineItemRefFullName]],um!A:A,0),3),\"\")","v":"X24"},{"$f":"IFERROR(IF(OR(Tabla_Consulta_desde_QuickBooks_Data_64_Bit_QRemote[[#This Row],[SalesOrderLineUnitOfMeasure]]=\"UN\",Tabla_Consulta_desde_QuickBooks_Data_64_Bit_QRemote[[#This Row],[SalesOrderLineUnitOfMeasure]]=Tabla_Consulta_desde_QuickBooks_Data_64_Bit_QRemote[[#This Row],[U/M]]),\"\",\"ERROR\"),\"\")","v":""},{"$f":"+WEEKNUM(Tabla_Consulta_desde_QuickBooks_Data_64_Bit_QRemote[[#This Row],[TxnDate]])","v":23},{"$f":"+Tabla_Consulta_desde_QuickBooks_Data_64_Bit_QRemote[[#This Row],[SalesOrderLineRate]]*Tabla_Consulta_desde_QuickBooks_Data_64_Bit_QRemote[[#This Row],[SalesOrderLineInvoiced]]","v":0},{"$f":"+IFERROR(IF(Tabla_Consulta_desde_QuickBooks_Data_64_Bit_QRemote[[#This Row],[CustomerRefFullName]]=\"GRUVALCORP SA\",VLOOKUP(Tabla_Consulta_desde_QuickBooks_Data_64_Bit_QRemote[[#This Row],[SalesOrderLineItemRefFullName]],Hoja1!A:E,5,FALSE),\"\")*-Tabla_Consulta_desde_QuickBooks_Data_64_Bit_QRemote[[#This Row],[SalesOrderLineAmount]],\"\")","v":""},{"$f":"IF(COUNTIF(wms!E:E,Tabla_Consulta_desde_QuickBooks_Data_64_Bit_QRemote[[#This Row],[RefNumber]])>0,\"OK\",\"FALTA\")","v":"FALTA"}]
["2025-06-03","29138","GERARDO ORTIZ E HIJOS CIA. LTDA.","AL152622 ALBORADA",2,"7862112520509","P.T:110606","JALAPEÑO ROJOS Y VERDES AGRIDULCES OLE 250G","Bodega Producto Terminado",12,"X12",1.62,19.440000000000001,"UNIDAD SALSA",0,265.5,305.33,"IVA EN VENTAS 15%",{"$f":"IFERROR(IF(Tabla_Consulta_desde_QuickBooks_Data_64_Bit_QRemote[[#This Row],[SalesOrderLineUnitOfMeasure]]=\"un\",Tabla_Consulta_desde_QuickBooks_Data_64_Bit_QRemote[[#This Row],[SalesOrderLineQuantity]],Tabla_Consulta_desde_QuickBooks_Data_64_Bit_QRemote[[#This Row],[SalesOrderLineQuantity]]/MID(Tabla_Consulta_desde_QuickBooks_Data_64_Bit_QRemote[[#This Row],[SalesOrderLineUnitOfMeasure]],2,2)),0)","v":1},{"$f":"IFERROR(IF(Tabla_Consulta_desde_QuickBooks_Data_64_Bit_QRemote[[#This Row],[SalesOrderLineUnitOfMeasure]]=\"un\",Tabla_Consulta_desde_QuickBooks_Data_64_Bit_QRemote[[#This Row],[SalesOrderLineInvoiced]],Tabla_Consulta_desde_QuickBooks_Data_64_Bit_QRemote[[#This Row],[SalesOrderLineInvoiced]]/MID(Tabla_Consulta_desde_QuickBooks_Data_64_Bit_QRemote[[#This Row],[SalesOrderLineUnitOfMeasure]],2,2)),0)","v":0},{"$f":"+Tabla_Consulta_desde_QuickBooks_Data_64_Bit_QRemote[[#This Row],[facturado]]-Tabla_Consulta_desde_QuickBooks_Data_64_Bit_QRemote[[#This Row],[pide]]","v":-1},{"$f":"IF(Tabla_Consulta_desde_QuickBooks_Data_64_Bit_QRemote[[#This Row],[diferecia]]=0,\"ok\",\"diferen\")","v":"diferen"},{"$f":"IFERROR(INDEX(um!A:C,MATCH(Tabla_Consulta_desde_QuickBooks_Data_64_Bit_QRemote[[#This Row],[SalesOrderLineItemRefFullName]],um!A:A,0),3),\"\")","v":"X12"},{"$f":"IFERROR(IF(OR(Tabla_Consulta_desde_QuickBooks_Data_64_Bit_QRemote[[#This Row],[SalesOrderLineUnitOfMeasure]]=\"UN\",Tabla_Consulta_desde_QuickBooks_Data_64_Bit_QRemote[[#This Row],[SalesOrderLineUnitOfMeasure]]=Tabla_Consulta_desde_QuickBooks_Data_64_Bit_QRemote[[#This Row],[U/M]]),\"\",\"ERROR\"),\"\")","v":""},{"$f":"+WEEKNUM(Tabla_Consulta_desde_QuickBooks_Data_64_Bit_QRemote[[#This Row],[TxnDate]])","v":23},{"$f":"+Tabla_Consulta_desde_QuickBooks_Data_64_Bit_QRemote[[#This Row],[SalesOrderLineRate]]*Tabla_Consulta_desde_QuickBooks_Data_64_Bit_QRemote[[#This Row],[SalesOrderLineInvoiced]]","v":0},{"$f":"+IFERROR(IF(Tabla_Consulta_desde_QuickBooks_Data_64_Bit_QRemote[[#This Row],[CustomerRefFullName]]=\"GRUVALCORP SA\",VLOOKUP(Tabla_Consulta_desde_QuickBooks_Data_64_Bit_QRemote[[#This Row],[SalesOrderLineItemRefFullName]],Hoja1!A:E,5,FALSE),\"\")*-Tabla_Consulta_desde_QuickBooks_Data_64_Bit_QRemote[[#This Row],[SalesOrderLineAmount]],\"\")","v":""},{"$f":"IF(COUNTIF(wms!E:E,Tabla_Consulta_desde_QuickBooks_Data_64_Bit_QRemote[[#This Row],[RefNumber]])>0,\"OK\",\"FALTA\")","v":"FALTA"}]
["2025-06-03","29138","GERARDO ORTIZ E HIJOS CIA. LTDA.","AL152622 ALBORADA",3,"7862112520301","P.T:110700","CHIMICHURRI OLE 230G","Bodega Producto Terminado",12,"X12",2.33,27.96,"UNIDAD SALSA",0,265.5,305.33,"IVA EN VENTAS 15%",{"$f":"IFERROR(IF(Tabla_Consulta_desde_QuickBooks_Data_64_Bit_QRemote[[#This Row],[SalesOrderLineUnitOfMeasure]]=\"un\",Tabla_Consulta_desde_QuickBooks_Data_64_Bit_QRemote[[#This Row],[SalesOrderLineQuantity]],Tabla_Consulta_desde_QuickBooks_Data_64_Bit_QRemote[[#This Row],[SalesOrderLineQuantity]]/MID(Tabla_Consulta_desde_QuickBooks_Data_64_Bit_QRemote[[#This Row],[SalesOrderLineUnitOfMeasure]],2,2)),0)","v":1},{"$f":"IFERROR(IF(Tabla_Consulta_desde_QuickBooks_Data_64_Bit_QRemote[[#This Row],[SalesOrderLineUnitOfMeasure]]=\"un\",Tabla_Consulta_desde_QuickBooks_Data_64_Bit_QRemote[[#This Row],[SalesOrderLineInvoiced]],Tabla_Consulta_desde_QuickBooks_Data_64_Bit_QRemote[[#This Row],[SalesOrderLineInvoiced]]/MID(Tabla_Consulta_desde_QuickBooks_Data_64_Bit_QRemote[[#This Row],[SalesOrderLineUnitOfMeasure]],2,2)),0)","v":0},{"$f":"+Tabla_Consulta_desde_QuickBooks_Data_64_Bit_QRemote[[#This Row],[facturado]]-Tabla_Consulta_desde_QuickBooks_Data_64_Bit_QRemote[[#This Row],[pide]]","v":-1},{"$f":"IF(Tabla_Consulta_desde_QuickBooks_Data_64_Bit_QRemote[[#This Row],[diferecia]]=0,\"ok\",\"diferen\")","v":"diferen"},{"$f":"IFERROR(INDEX(um!A:C,MATCH(Tabla_Consulta_desde_QuickBooks_Data_64_Bit_QRemote[[#This Row],[SalesOrderLineItemRefFullName]],um!A:A,0),3),\"\")","v":"X12"},{"$f":"IFERROR(IF(OR(Tabla_Consulta_desde_QuickBooks_Data_64_Bit_QRemote[[#This Row],[SalesOrderLineUnitOfMeasure]]=\"UN\",Tabla_Consulta_desde_QuickBooks_Data_64_Bit_QRemote[[#This Row],[SalesOrderLineUnitOfMeasure]]=Tabla_Consulta_desde_QuickBooks_Data_64_Bit_QRemote[[#This Row],[U/M]]),\"\",\"ERROR\"),\"\")","v":""},{"$f":"+WEEKNUM(Tabla_Consulta_desde_QuickBooks_Data_64_Bit_QRemote[[#This Row],[TxnDate]])","v":23},{"$f":"+Tabla_Consulta_desde_QuickBooks_Data_64_Bit_QRemote[[#This Row],[SalesOrderLineRate]]*Tabla_Consulta_desde_QuickBooks_Data_64_Bit_QRemote[[#This Row],[SalesOrderLineInvoiced]]","v":0},{"$f":"+IFERROR(IF(Tabla_Consulta_desde_QuickBooks_Data_64_Bit_QRemote[[#This Row],[CustomerRefFullName]]=\"GRUVALCORP SA\",VLOOKUP(Tabla_Consulta_desde_QuickBooks_Data_64_Bit_QRemote[[#This Row],[SalesOrderLineItemRefFullName]],Hoja1!A:E,5,FALSE),\"\")*-Tabla_Consulta_desde_QuickBooks_Data_64_Bit_QRemote[[#This Row],[SalesOrderLineAmount]],\"\")","v":""},{"$f":"IF(COUNTIF(wms!E:E,Tabla_Consulta_desde_QuickBooks_Data_64_Bit_QRemote[[#This Row],[RefNumber]])>0,\"OK\",\"FALTA\")","v":"FALTA"}]
["2025-06-03","29138","GERARDO ORTIZ E HIJOS CIA. LTDA.","AL152622 ALBORADA",4,"7862112523104","P.T:110804","SALSA CHAMOY OLE 275G","Bodega Producto Terminado",12,"X12",1.76,21.12,"UNIDAD SALSA",0,265.5,305.33,"IVA EN VENTAS 15%",{"$f":"IFERROR(IF(Tabla_Consulta_desde_QuickBooks_Data_64_Bit_QRemote[[#This Row],[SalesOrderLineUnitOfMeasure]]=\"un\",Tabla_Consulta_desde_QuickBooks_Data_64_Bit_QRemote[[#This Row],[SalesOrderLineQuantity]],Tabla_Consulta_desde_QuickBooks_Data_64_Bit_QRemote[[#This Row],[SalesOrderLineQuantity]]/MID(Tabla_Consulta_desde_QuickBooks_Data_64_Bit_QRemote[[#This Row],[SalesOrderLineUnitOfMeasure]],2,2)),0)","v":1},{"$f":"IFERROR(IF(Tabla_Consulta_desde_QuickBooks_Data_64_Bit_QRemote[[#This Row],[SalesOrderLineUnitOfMeasure]]=\"un\",Tabla_Consulta_desde_QuickBooks_Data_64_Bit_QRemote[[#This Row],[SalesOrderLineInvoiced]],Tabla_Consulta_desde_QuickBooks_Data_64_Bit_QRemote[[#This Row],[SalesOrderLineInvoiced]]/MID(Tabla_Consulta_desde_QuickBooks_Data_64_Bit_QRemote[[#This Row],[SalesOrderLineUnitOfMeasure]],2,2)),0)","v":0},{"$f":"+Tabla_Consulta_desde_QuickBooks_Data_64_Bit_QRemote[[#This Row],[facturado]]-Tabla_Consulta_desde_QuickBooks_Data_64_Bit_QRemote[[#This Row],[pide]]","v":-1},{"$f":"IF(Tabla_Consulta_desde_QuickBooks_Data_64_Bit_QRemote[[#This Row],[diferecia]]=0,\"ok\",\"diferen\")","v":"diferen"},{"$f":"IFERROR(INDEX(um!A:C,MATCH(Tabla_Consulta_desde_QuickBooks_Data_64_Bit_QRemote[[#This Row],[SalesOrderLineItemRefFullName]],um!A:A,0),3),\"\")","v":"X12"},{"$f":"IFERROR(IF(OR(Tabla_Consulta_desde_QuickBooks_Data_64_Bit_QRemote[[#This Row],[SalesOrderLineUnitOfMeasure]]=\"UN\",Tabla_Consulta_desde_QuickBooks_Data_64_Bit_QRemote[[#This Row],[SalesOrderLineUnitOfMeasure]]=Tabla_Consulta_desde_QuickBooks_Data_64_Bit_QRemote[[#This Row],[U/M]]),\"\",\"ERROR\"),\"\")","v":""},{"$f":"+WEEKNUM(Tabla_Consulta_desde_QuickBooks_Data_64_Bit_QRemote[[#This Row],[TxnDate]])","v":23},{"$f":"+Tabla_Consulta_desde_QuickBooks_Data_64_Bit_QRemote[[#This Row],[SalesOrderLineRate]]*Tabla_Consulta_desde_QuickBooks_Data_64_Bit_QRemote[[#This Row],[SalesOrderLineInvoiced]]","v":0},{"$f":"+IFERROR(IF(Tabla_Consulta_desde_QuickBooks_Data_64_Bit_QRemote[[#This Row],[CustomerRefFullName]]=\"GRUVALCORP SA\",VLOOKUP(Tabla_Consulta_desde_QuickBooks_Data_64_Bit_QRemote[[#This Row],[SalesOrderLineItemRefFullName]],Hoja1!A:E,5,FALSE),\"\")*-Tabla_Consulta_desde_QuickBooks_Data_64_Bit_QRemote[[#This Row],[SalesOrderLineAmount]],\"\")","v":""},{"$f":"IF(COUNTIF(wms!E:E,Tabla_Consulta_desde_QuickBooks_Data_64_Bit_QRemote[[#This Row],[RefNumber]])>0,\"OK\",\"FALTA\")","v":"FALTA"}]
["2025-06-03","29138","GERARDO ORTIZ E HIJOS CIA. LTDA.","AL152622 ALBORADA",5,"705424000147","P.T:110209","AJÍ CON TOMATE DE ÁRBOL OLE 180G","Bodega Producto Terminado",24,"X24",1.42,34.08,"UNIDAD SALSA",0,265.5,305.33,"IVA EN VENTAS 15%",{"$f":"IFERROR(IF(Tabla_Consulta_desde_QuickBooks_Data_64_Bit_QRemote[[#This Row],[SalesOrderLineUnitOfMeasure]]=\"un\",Tabla_Consulta_desde_QuickBooks_Data_64_Bit_QRemote[[#This Row],[SalesOrderLineQuantity]],Tabla_Consulta_desde_QuickBooks_Data_64_Bit_QRemote[[#This Row],[SalesOrderLineQuantity]]/MID(Tabla_Consulta_desde_QuickBooks_Data_64_Bit_QRemote[[#This Row],[SalesOrderLineUnitOfMeasure]],2,2)),0)","v":1},{"$f":"IFERROR(IF(Tabla_Consulta_desde_QuickBooks_Data_64_Bit_QRemote[[#This Row],[SalesOrderLineUnitOfMeasure]]=\"un\",Tabla_Consulta_desde_QuickBooks_Data_64_Bit_QRemote[[#This Row],[SalesOrderLineInvoiced]],Tabla_Consulta_desde_QuickBooks_Data_64_Bit_QRemote[[#This Row],[SalesOrderLineInvoiced]]/MID(Tabla_Consulta_desde_QuickBooks_Data_64_Bit_QRemote[[#This Row],[SalesOrderLineUnitOfMeasure]],2,2)),0)","v":0},{"$f":"+Tabla_Consulta_desde_QuickBooks_Data_64_Bit_QRemote[[#This Row],[facturado]]-Tabla_Consulta_desde_QuickBooks_Data_64_Bit_QRemote[[#This Row],[pide]]","v":-1},{"$f":"IF(Tabla_Consulta_desde_QuickBooks_Data_64_Bit_QRemote[[#This Row],[diferecia]]=0,\"ok\",\"diferen\")","v":"diferen"},{"$f":"IFERROR(INDEX(um!A:C,MATCH(Tabla_Consulta_desde_QuickBooks_Data_64_Bit_QRemote[[#This Row],[SalesOrderLineItemRefFullName]],um!A:A,0),3),\"\")","v":"X24"},{"$f":"IFERROR(IF(OR(Tabla_Consulta_desde_QuickBooks_Data_64_Bit_QRemote[[#This Row],[SalesOrderLineUnitOfMeasure]]=\"UN\",Tabla_Consulta_desde_QuickBooks_Data_64_Bit_QRemote[[#This Row],[SalesOrderLineUnitOfMeasure]]=Tabla_Consulta_desde_QuickBooks_Data_64_Bit_QRemote[[#This Row],[U/M]]),\"\",\"ERROR\"),\"\")","v":""},{"$f":"+WEEKNUM(Tabla_Consulta_desde_QuickBooks_Data_64_Bit_QRemote[[#This Row],[TxnDate]])","v":23},{"$f":"+Tabla_Consulta_desde_QuickBooks_Data_64_Bit_QRemote[[#This Row],[SalesOrderLineRate]]*Tabla_Consulta_desde_QuickBooks_Data_64_Bit_QRemote[[#This Row],[SalesOrderLineInvoiced]]","v":0},{"$f":"+IFERROR(IF(Tabla_Consulta_desde_QuickBooks_Data_64_Bit_QRemote[[#This Row],[CustomerRefFullName]]=\"GRUVALCORP SA\",VLOOKUP(Tabla_Consulta_desde_QuickBooks_Data_64_Bit_QRemote[[#This Row],[SalesOrderLineItemRefFullName]],Hoja1!A:E,5,FALSE),\"\")*-Tabla_Consulta_desde_QuickBooks_Data_64_Bit_QRemote[[#This Row],[SalesOrderLineAmount]],\"\")","v":""},{"$f":"IF(COUNTIF(wms!E:E,Tabla_Consulta_desde_QuickBooks_Data_64_Bit_QRemote[[#This Row],[RefNumber]])>0,\"OK\",\"FALTA\")","v":"FALTA"}]
["2025-06-03","29138","GERARDO ORTIZ E HIJOS CIA. LTDA.","AL152622 ALBORADA",6,"7862112522787","P.T:311606","SALSA QUESO CHEDDAR OLE 200G","Bodega Producto Terminado",24,"X24",1.52,36.479999999999997,"UNIDAD SALSA",0,265.5,305.33,"IVA EN VENTAS 15%",{"$f":"IFERROR(IF(Tabla_Consulta_desde_QuickBooks_Data_64_Bit_QRemote[[#This Row],[SalesOrderLineUnitOfMeasure]]=\"un\",Tabla_Consulta_desde_QuickBooks_Data_64_Bit_QRemote[[#This Row],[SalesOrderLineQuantity]],Tabla_Consulta_desde_QuickBooks_Data_64_Bit_QRemote[[#This Row],[SalesOrderLineQuantity]]/MID(Tabla_Consulta_desde_QuickBooks_Data_64_Bit_QRemote[[#This Row],[SalesOrderLineUnitOfMeasure]],2,2)),0)","v":1},{"$f":"IFERROR(IF(Tabla_Consulta_desde_QuickBooks_Data_64_Bit_QRemote[[#This Row],[SalesOrderLineUnitOfMeasure]]=\"un\",Tabla_Consulta_desde_QuickBooks_Data_64_Bit_QRemote[[#This Row],[SalesOrderLineInvoiced]],Tabla_Consulta_desde_QuickBooks_Data_64_Bit_QRemote[[#This Row],[SalesOrderLineInvoiced]]/MID(Tabla_Consulta_desde_QuickBooks_Data_64_Bit_QRemote[[#This Row],[SalesOrderLineUnitOfMeasure]],2,2)),0)","v":0},{"$f":"+Tabla_Consulta_desde_QuickBooks_Data_64_Bit_QRemote[[#This Row],[facturado]]-Tabla_Consulta_desde_QuickBooks_Data_64_Bit_QRemote[[#This Row],[pide]]","v":-1},{"$f":"IF(Tabla_Consulta_desde_QuickBooks_Data_64_Bit_QRemote[[#This Row],[diferecia]]=0,\"ok\",\"diferen\")","v":"diferen"},{"$f":"IFERROR(INDEX(um!A:C,MATCH(Tabla_Consulta_desde_QuickBooks_Data_64_Bit_QRemote[[#This Row],[SalesOrderLineItemRefFullName]],um!A:A,0),3),\"\")","v":"X24"},{"$f":"IFERROR(IF(OR(Tabla_Consulta_desde_QuickBooks_Data_64_Bit_QRemote[[#This Row],[SalesOrderLineUnitOfMeasure]]=\"UN\",Tabla_Consulta_desde_QuickBooks_Data_64_Bit_QRemote[[#This Row],[SalesOrderLineUnitOfMeasure]]=Tabla_Consulta_desde_QuickBooks_Data_64_Bit_QRemote[[#This Row],[U/M]]),\"\",\"ERROR\"),\"\")","v":""},{"$f":"+WEEKNUM(Tabla_Consulta_desde_QuickBooks_Data_64_Bit_QRemote[[#This Row],[TxnDate]])","v":23},{"$f":"+Tabla_Consulta_desde_QuickBooks_Data_64_Bit_QRemote[[#This Row],[SalesOrderLineRate]]*Tabla_Consulta_desde_QuickBooks_Data_64_Bit_QRemote[[#This Row],[SalesOrderLineInvoiced]]","v":0},{"$f":"+IFERROR(IF(Tabla_Consulta_desde_QuickBooks_Data_64_Bit_QRemote[[#This Row],[CustomerRefFullName]]=\"GRUVALCORP SA\",VLOOKUP(Tabla_Consulta_desde_QuickBooks_Data_64_Bit_QRemote[[#This Row],[SalesOrderLineItemRefFullName]],Hoja1!A:E,5,FALSE),\"\")*-Tabla_Consulta_desde_QuickBooks_Data_64_Bit_QRemote[[#This Row],[SalesOrderLineAmount]],\"\")","v":""},{"$f":"IF(COUNTIF(wms!E:E,Tabla_Consulta_desde_QuickBooks_Data_64_Bit_QRemote[[#This Row],[RefNumber]])>0,\"OK\",\"FALTA\")","v":"FALTA"}]
["2025-06-03","29138","GERARDO ORTIZ E HIJOS CIA. LTDA.","AL152622 ALBORADA",7,"7862112522831","P.T:110226","SALSA EXTRAPICANTE CAROLINA REAPER OLE 100G","Bodega Producto Terminado",12,"X12",1.05,12.6,"UNIDAD SALSA",0,265.5,305.33,"IVA EN VENTAS 15%",{"$f":"IFERROR(IF(Tabla_Consulta_desde_QuickBooks_Data_64_Bit_QRemote[[#This Row],[SalesOrderLineUnitOfMeasure]]=\"un\",Tabla_Consulta_desde_QuickBooks_Data_64_Bit_QRemote[[#This Row],[SalesOrderLineQuantity]],Tabla_Consulta_desde_QuickBooks_Data_64_Bit_QRemote[[#This Row],[SalesOrderLineQuantity]]/MID(Tabla_Consulta_desde_QuickBooks_Data_64_Bit_QRemote[[#This Row],[SalesOrderLineUnitOfMeasure]],2,2)),0)","v":1},{"$f":"IFERROR(IF(Tabla_Consulta_desde_QuickBooks_Data_64_Bit_QRemote[[#This Row],[SalesOrderLineUnitOfMeasure]]=\"un\",Tabla_Consulta_desde_QuickBooks_Data_64_Bit_QRemote[[#This Row],[SalesOrderLineInvoiced]],Tabla_Consulta_desde_QuickBooks_Data_64_Bit_QRemote[[#This Row],[SalesOrderLineInvoiced]]/MID(Tabla_Consulta_desde_QuickBooks_Data_64_Bit_QRemote[[#This Row],[SalesOrderLineUnitOfMeasure]],2,2)),0)","v":0},{"$f":"+Tabla_Consulta_desde_QuickBooks_Data_64_Bit_QRemote[[#This Row],[facturado]]-Tabla_Consulta_desde_QuickBooks_Data_64_Bit_QRemote[[#This Row],[pide]]","v":-1},{"$f":"IF(Tabla_Consulta_desde_QuickBooks_Data_64_Bit_QRemote[[#This Row],[diferecia]]=0,\"ok\",\"diferen\")","v":"diferen"},{"$f":"IFERROR(INDEX(um!A:C,MATCH(Tabla_Consulta_desde_QuickBooks_Data_64_Bit_QRemote[[#This Row],[SalesOrderLineItemRefFullName]],um!A:A,0),3),\"\")","v":"X12"},{"$f":"IFERROR(IF(OR(Tabla_Consulta_desde_QuickBooks_Data_64_Bit_QRemote[[#This Row],[SalesOrderLineUnitOfMeasure]]=\"UN\",Tabla_Consulta_desde_QuickBooks_Data_64_Bit_QRemote[[#This Row],[SalesOrderLineUnitOfMeasure]]=Tabla_Consulta_desde_QuickBooks_Data_64_Bit_QRemote[[#This Row],[U/M]]),\"\",\"ERROR\"),\"\")","v":""},{"$f":"+WEEKNUM(Tabla_Consulta_desde_QuickBooks_Data_64_Bit_QRemote[[#This Row],[TxnDate]])","v":23},{"$f":"+Tabla_Consulta_desde_QuickBooks_Data_64_Bit_QRemote[[#This Row],[SalesOrderLineRate]]*Tabla_Consulta_desde_QuickBooks_Data_64_Bit_QRemote[[#This Row],[SalesOrderLineInvoiced]]","v":0},{"$f":"+IFERROR(IF(Tabla_Consulta_desde_QuickBooks_Data_64_Bit_QRemote[[#This Row],[CustomerRefFullName]]=\"GRUVALCORP SA\",VLOOKUP(Tabla_Consulta_desde_QuickBooks_Data_64_Bit_QRemote[[#This Row],[SalesOrderLineItemRefFullName]],Hoja1!A:E,5,FALSE),\"\")*-Tabla_Consulta_desde_QuickBooks_Data_64_Bit_QRemote[[#This Row],[SalesOrderLineAmount]],\"\")","v":""},{"$f":"IF(COUNTIF(wms!E:E,Tabla_Consulta_desde_QuickBooks_Data_64_Bit_QRemote[[#This Row],[RefNumber]])>0,\"OK\",\"FALTA\")","v":"FALTA"}]
["2025-06-03","29138","GERARDO ORTIZ E HIJOS CIA. LTDA.","AL152622 ALBORADA",8,"7862112521698","P.T:311407","VINAGRE DE MANZANA CON LA MADRE OLE 500ML","Bodega Producto Terminado",12,"X12",4.28,51.36,"UNIDAD SALSA",0,265.5,305.33,"IVA EN VENTAS 15%",{"$f":"IFERROR(IF(Tabla_Consulta_desde_QuickBooks_Data_64_Bit_QRemote[[#This Row],[SalesOrderLineUnitOfMeasure]]=\"un\",Tabla_Consulta_desde_QuickBooks_Data_64_Bit_QRemote[[#This Row],[SalesOrderLineQuantity]],Tabla_Consulta_desde_QuickBooks_Data_64_Bit_QRemote[[#This Row],[SalesOrderLineQuantity]]/MID(Tabla_Consulta_desde_QuickBooks_Data_64_Bit_QRemote[[#This Row],[SalesOrderLineUnitOfMeasure]],2,2)),0)","v":1},{"$f":"IFERROR(IF(Tabla_Consulta_desde_QuickBooks_Data_64_Bit_QRemote[[#This Row],[SalesOrderLineUnitOfMeasure]]=\"un\",Tabla_Consulta_desde_QuickBooks_Data_64_Bit_QRemote[[#This Row],[SalesOrderLineInvoiced]],Tabla_Consulta_desde_QuickBooks_Data_64_Bit_QRemote[[#This Row],[SalesOrderLineInvoiced]]/MID(Tabla_Consulta_desde_QuickBooks_Data_64_Bit_QRemote[[#This Row],[SalesOrderLineUnitOfMeasure]],2,2)),0)","v":0},{"$f":"+Tabla_Consulta_desde_QuickBooks_Data_64_Bit_QRemote[[#This Row],[facturado]]-Tabla_Consulta_desde_QuickBooks_Data_64_Bit_QRemote[[#This Row],[pide]]","v":-1},{"$f":"IF(Tabla_Consulta_desde_QuickBooks_Data_64_Bit_QRemote[[#This Row],[diferecia]]=0,\"ok\",\"diferen\")","v":"diferen"},{"$f":"IFERROR(INDEX(um!A:C,MATCH(Tabla_Consulta_desde_QuickBooks_Data_64_Bit_QRemote[[#This Row],[SalesOrderLineItemRefFullName]],um!A:A,0),3),\"\")","v":"X12"},{"$f":"IFERROR(IF(OR(Tabla_Consulta_desde_QuickBooks_Data_64_Bit_QRemote[[#This Row],[SalesOrderLineUnitOfMeasure]]=\"UN\",Tabla_Consulta_desde_QuickBooks_Data_64_Bit_QRemote[[#This Row],[SalesOrderLineUnitOfMeasure]]=Tabla_Consulta_desde_QuickBooks_Data_64_Bit_QRemote[[#This Row],[U/M]]),\"\",\"ERROR\"),\"\")","v":""},{"$f":"+WEEKNUM(Tabla_Consulta_desde_QuickBooks_Data_64_Bit_QRemote[[#This Row],[TxnDate]])","v":23},{"$f":"+Tabla_Consulta_desde_QuickBooks_Data_64_Bit_QRemote[[#This Row],[SalesOrderLineRate]]*Tabla_Consulta_desde_QuickBooks_Data_64_Bit_QRemote[[#This Row],[SalesOrderLineInvoiced]]","v":0},{"$f":"+IFERROR(IF(Tabla_Consulta_desde_QuickBooks_Data_64_Bit_QRemote[[#This Row],[CustomerRefFullName]]=\"GRUVALCORP SA\",VLOOKUP(Tabla_Consulta_desde_QuickBooks_Data_64_Bit_QRemote[[#This Row],[SalesOrderLineItemRefFullName]],Hoja1!A:E,5,FALSE),\"\")*-Tabla_Consulta_desde_QuickBooks_Data_64_Bit_QRemote[[#This Row],[SalesOrderLineAmount]],\"\")","v":""},{"$f":"IF(COUNTIF(wms!E:E,Tabla_Consulta_desde_QuickBooks_Data_64_Bit_QRemote[[#This Row],[RefNumber]])>0,\"OK\",\"FALTA\")","v":"FALTA"}]
["2025-06-03","29138","GERARDO ORTIZ E HIJOS CIA. LTDA.","AL152622 ALBORADA",9,"7862112523258","PT:220142","TOTOPOS SABOR GUACAMOLE OLE 45G","Bodega Producto Terminado",30,"X30",0.34,10.199999999999999,"UNIDAD SNCKS",0,265.5,305.33,"IVA EN VENTAS 15%",{"$f":"IFERROR(IF(Tabla_Consulta_desde_QuickBooks_Data_64_Bit_QRemote[[#This Row],[SalesOrderLineUnitOfMeasure]]=\"un\",Tabla_Consulta_desde_QuickBooks_Data_64_Bit_QRemote[[#This Row],[SalesOrderLineQuantity]],Tabla_Consulta_desde_QuickBooks_Data_64_Bit_QRemote[[#This Row],[SalesOrderLineQuantity]]/MID(Tabla_Consulta_desde_QuickBooks_Data_64_Bit_QRemote[[#This Row],[SalesOrderLineUnitOfMeasure]],2,2)),0)","v":1},{"$f":"IFERROR(IF(Tabla_Consulta_desde_QuickBooks_Data_64_Bit_QRemote[[#This Row],[SalesOrderLineUnitOfMeasure]]=\"un\",Tabla_Consulta_desde_QuickBooks_Data_64_Bit_QRemote[[#This Row],[SalesOrderLineInvoiced]],Tabla_Consulta_desde_QuickBooks_Data_64_Bit_QRemote[[#This Row],[SalesOrderLineInvoiced]]/MID(Tabla_Consulta_desde_QuickBooks_Data_64_Bit_QRemote[[#This Row],[SalesOrderLineUnitOfMeasure]],2,2)),0)","v":0},{"$f":"+Tabla_Consulta_desde_QuickBooks_Data_64_Bit_QRemote[[#This Row],[facturado]]-Tabla_Consulta_desde_QuickBooks_Data_64_Bit_QRemote[[#This Row],[pide]]","v":-1},{"$f":"IF(Tabla_Consulta_desde_QuickBooks_Data_64_Bit_QRemote[[#This Row],[diferecia]]=0,\"ok\",\"diferen\")","v":"diferen"},{"$f":"IFERROR(INDEX(um!A:C,MATCH(Tabla_Consulta_desde_QuickBooks_Data_64_Bit_QRemote[[#This Row],[SalesOrderLineItemRefFullName]],um!A:A,0),3),\"\")","v":"X30"},{"$f":"IFERROR(IF(OR(Tabla_Consulta_desde_QuickBooks_Data_64_Bit_QRemote[[#This Row],[SalesOrderLineUnitOfMeasure]]=\"UN\",Tabla_Consulta_desde_QuickBooks_Data_64_Bit_QRemote[[#This Row],[SalesOrderLineUnitOfMeasure]]=Tabla_Consulta_desde_QuickBooks_Data_64_Bit_QRemote[[#This Row],[U/M]]),\"\",\"ERROR\"),\"\")","v":""},{"$f":"+WEEKNUM(Tabla_Consulta_desde_QuickBooks_Data_64_Bit_QRemote[[#This Row],[TxnDate]])","v":23},{"$f":"+Tabla_Consulta_desde_QuickBooks_Data_64_Bit_QRemote[[#This Row],[SalesOrderLineRate]]*Tabla_Consulta_desde_QuickBooks_Data_64_Bit_QRemote[[#This Row],[SalesOrderLineInvoiced]]","v":0},{"$f":"+IFERROR(IF(Tabla_Consulta_desde_QuickBooks_Data_64_Bit_QRemote[[#This Row],[CustomerRefFullName]]=\"GRUVALCORP SA\",VLOOKUP(Tabla_Consulta_desde_QuickBooks_Data_64_Bit_QRemote[[#This Row],[SalesOrderLineItemRefFullName]],Hoja1!A:E,5,FALSE),\"\")*-Tabla_Consulta_desde_QuickBooks_Data_64_Bit_QRemote[[#This Row],[SalesOrderLineAmount]],\"\")","v":""},{"$f":"IF(COUNTIF(wms!E:E,Tabla_Consulta_desde_QuickBooks_Data_64_Bit_QRemote[[#This Row],[RefNumber]])>0,\"OK\",\"FALTA\")","v":"FALTA"}]
["2025-06-03","29138","GERARDO ORTIZ E HIJOS CIA. LTDA.","AL152622 ALBORADA",10,"7862112522848","PT:221004","ARITOS DE PAPA SABOR CEBOLLA CHILE Y LIMÓN OLE 100G","Bodega Producto Terminado",10,"X10",1.17,11.7,"UNIDAD SNCKS",0,265.5,305.33,"IVA EN VENTAS 15%",{"$f":"IFERROR(IF(Tabla_Consulta_desde_QuickBooks_Data_64_Bit_QRemote[[#This Row],[SalesOrderLineUnitOfMeasure]]=\"un\",Tabla_Consulta_desde_QuickBooks_Data_64_Bit_QRemote[[#This Row],[SalesOrderLineQuantity]],Tabla_Consulta_desde_QuickBooks_Data_64_Bit_QRemote[[#This Row],[SalesOrderLineQuantity]]/MID(Tabla_Consulta_desde_QuickBooks_Data_64_Bit_QRemote[[#This Row],[SalesOrderLineUnitOfMeasure]],2,2)),0)","v":1},{"$f":"IFERROR(IF(Tabla_Consulta_desde_QuickBooks_Data_64_Bit_QRemote[[#This Row],[SalesOrderLineUnitOfMeasure]]=\"un\",Tabla_Consulta_desde_QuickBooks_Data_64_Bit_QRemote[[#This Row],[SalesOrderLineInvoiced]],Tabla_Consulta_desde_QuickBooks_Data_64_Bit_QRemote[[#This Row],[SalesOrderLineInvoiced]]/MID(Tabla_Consulta_desde_QuickBooks_Data_64_Bit_QRemote[[#This Row],[SalesOrderLineUnitOfMeasure]],2,2)),0)","v":0},{"$f":"+Tabla_Consulta_desde_QuickBooks_Data_64_Bit_QRemote[[#This Row],[facturado]]-Tabla_Consulta_desde_QuickBooks_Data_64_Bit_QRemote[[#This Row],[pide]]","v":-1},{"$f":"IF(Tabla_Consulta_desde_QuickBooks_Data_64_Bit_QRemote[[#This Row],[diferecia]]=0,\"ok\",\"diferen\")","v":"diferen"},{"$f":"IFERROR(INDEX(um!A:C,MATCH(Tabla_Consulta_desde_QuickBooks_Data_64_Bit_QRemote[[#This Row],[SalesOrderLineItemRefFullName]],um!A:A,0),3),\"\")","v":"X10"},{"$f":"IFERROR(IF(OR(Tabla_Consulta_desde_QuickBooks_Data_64_Bit_QRemote[[#This Row],[SalesOrderLineUnitOfMeasure]]=\"UN\",Tabla_Consulta_desde_QuickBooks_Data_64_Bit_QRemote[[#This Row],[SalesOrderLineUnitOfMeasure]]=Tabla_Consulta_desde_QuickBooks_Data_64_Bit_QRemote[[#This Row],[U/M]]),\"\",\"ERROR\"),\"\")","v":""},{"$f":"+WEEKNUM(Tabla_Consulta_desde_QuickBooks_Data_64_Bit_QRemote[[#This Row],[TxnDate]])","v":23},{"$f":"+Tabla_Consulta_desde_QuickBooks_Data_64_Bit_QRemote[[#This Row],[SalesOrderLineRate]]*Tabla_Consulta_desde_QuickBooks_Data_64_Bit_QRemote[[#This Row],[SalesOrderLineInvoiced]]","v":0},{"$f":"+IFERROR(IF(Tabla_Consulta_desde_QuickBooks_Data_64_Bit_QRemote[[#This Row],[CustomerRefFullName]]=\"GRUVALCORP SA\",VLOOKUP(Tabla_Consulta_desde_QuickBooks_Data_64_Bit_QRemote[[#This Row],[SalesOrderLineItemRefFullName]],Hoja1!A:E,5,FALSE),\"\")*-Tabla_Consulta_desde_QuickBooks_Data_64_Bit_QRemote[[#This Row],[SalesOrderLineAmount]],\"\")","v":""},{"$f":"IF(COUNTIF(wms!E:E,Tabla_Consulta_desde_QuickBooks_Data_64_Bit_QRemote[[#This Row],[RefNumber]])>0,\"OK\",\"FALTA\")","v":"FALTA"}]
["2025-06-03","29138","GERARDO ORTIZ E HIJOS CIA. LTDA.","AL152622 ALBORADA",11,null,"INFOADICIONAL","AL152622 ALBORADA",null,null,null,0,0,null,0,265.5,305.33,"IVA EN VENTAS 15%",{"$f":"IFERROR(IF(Tabla_Consulta_desde_QuickBooks_Data_64_Bit_QRemote[[#This Row],[SalesOrderLineUnitOfMeasure]]=\"un\",Tabla_Consulta_desde_QuickBooks_Data_64_Bit_QRemote[[#This Row],[SalesOrderLineQuantity]],Tabla_Consulta_desde_QuickBooks_Data_64_Bit_QRemote[[#This Row],[SalesOrderLineQuantity]]/MID(Tabla_Consulta_desde_QuickBooks_Data_64_Bit_QRemote[[#This Row],[SalesOrderLineUnitOfMeasure]],2,2)),0)","v":0},{"$f":"IFERROR(IF(Tabla_Consulta_desde_QuickBooks_Data_64_Bit_QRemote[[#This Row],[SalesOrderLineUnitOfMeasure]]=\"un\",Tabla_Consulta_desde_QuickBooks_Data_64_Bit_QRemote[[#This Row],[SalesOrderLineInvoiced]],Tabla_Consulta_desde_QuickBooks_Data_64_Bit_QRemote[[#This Row],[SalesOrderLineInvoiced]]/MID(Tabla_Consulta_desde_QuickBooks_Data_64_Bit_QRemote[[#This Row],[SalesOrderLineUnitOfMeasure]],2,2)),0)","v":0},{"$f":"+Tabla_Consulta_desde_QuickBooks_Data_64_Bit_QRemote[[#This Row],[facturado]]-Tabla_Consulta_desde_QuickBooks_Data_64_Bit_QRemote[[#This Row],[pide]]","v":0},{"$f":"IF(Tabla_Consulta_desde_QuickBooks_Data_64_Bit_QRemote[[#This Row],[diferecia]]=0,\"ok\",\"diferen\")","v":"ok"},{"$f":"IFERROR(INDEX(um!A:C,MATCH(Tabla_Consulta_desde_QuickBooks_Data_64_Bit_QRemote[[#This Row],[SalesOrderLineItemRefFullName]],um!A:A,0),3),\"\")","v":""},{"$f":"IFERROR(IF(OR(Tabla_Consulta_desde_QuickBooks_Data_64_Bit_QRemote[[#This Row],[SalesOrderLineUnitOfMeasure]]=\"UN\",Tabla_Consulta_desde_QuickBooks_Data_64_Bit_QRemote[[#This Row],[SalesOrderLineUnitOfMeasure]]=Tabla_Consulta_desde_QuickBooks_Data_64_Bit_QRemote[[#This Row],[U/M]]),\"\",\"ERROR\"),\"\")","v":""},{"$f":"+WEEKNUM(Tabla_Consulta_desde_QuickBooks_Data_64_Bit_QRemote[[#This Row],[TxnDate]])","v":23},{"$f":"+Tabla_Consulta_desde_QuickBooks_Data_64_Bit_QRemote[[#This Row],[SalesOrderLineRate]]*Tabla_Consulta_desde_QuickBooks_Data_64_Bit_QRemote[[#This Row],[SalesOrderLineInvoiced]]","v":0},{"$f":"+IFERROR(IF(Tabla_Consulta_desde_QuickBooks_Data_64_Bit_QRemote[[#This Row],[CustomerRefFullName]]=\"GRUVALCORP SA\",VLOOKUP(Tabla_Consulta_desde_QuickBooks_Data_64_Bit_QRemote[[#This Row],[SalesOrderLineItemRefFullName]],Hoja1!A:E,5,FALSE),\"\")*-Tabla_Consulta_desde_QuickBooks_Data_64_Bit_QRemote[[#This Row],[SalesOrderLineAmount]],\"\")","v":""},{"$f":"IF(COUNTIF(wms!E:E,Tabla_Consulta_desde_QuickBooks_Data_64_Bit_QRemote[[#This Row],[RefNumber]])>0,\"OK\",\"FALTA\")","v":"FALTA"}]
["2025-06-03","29139","GERARDO ORTIZ E HIJOS CIA. LTDA.","CI055131 CEIBOS",1,"7862112523296","P.T:110622","PEPINILLOS CON JALAPEÑO OLE 225G","Bodega Producto Terminado",24,"X24",1.69,40.56,"UNIDAD SALSA",0,232.56,267.44,"IVA EN VENTAS 15%",{"$f":"IFERROR(IF(Tabla_Consulta_desde_QuickBooks_Data_64_Bit_QRemote[[#This Row],[SalesOrderLineUnitOfMeasure]]=\"un\",Tabla_Consulta_desde_QuickBooks_Data_64_Bit_QRemote[[#This Row],[SalesOrderLineQuantity]],Tabla_Consulta_desde_QuickBooks_Data_64_Bit_QRemote[[#This Row],[SalesOrderLineQuantity]]/MID(Tabla_Consulta_desde_QuickBooks_Data_64_Bit_QRemote[[#This Row],[SalesOrderLineUnitOfMeasure]],2,2)),0)","v":1},{"$f":"IFERROR(IF(Tabla_Consulta_desde_QuickBooks_Data_64_Bit_QRemote[[#This Row],[SalesOrderLineUnitOfMeasure]]=\"un\",Tabla_Consulta_desde_QuickBooks_Data_64_Bit_QRemote[[#This Row],[SalesOrderLineInvoiced]],Tabla_Consulta_desde_QuickBooks_Data_64_Bit_QRemote[[#This Row],[SalesOrderLineInvoiced]]/MID(Tabla_Consulta_desde_QuickBooks_Data_64_Bit_QRemote[[#This Row],[SalesOrderLineUnitOfMeasure]],2,2)),0)","v":0},{"$f":"+Tabla_Consulta_desde_QuickBooks_Data_64_Bit_QRemote[[#This Row],[facturado]]-Tabla_Consulta_desde_QuickBooks_Data_64_Bit_QRemote[[#This Row],[pide]]","v":-1},{"$f":"IF(Tabla_Consulta_desde_QuickBooks_Data_64_Bit_QRemote[[#This Row],[diferecia]]=0,\"ok\",\"diferen\")","v":"diferen"},{"$f":"IFERROR(INDEX(um!A:C,MATCH(Tabla_Consulta_desde_QuickBooks_Data_64_Bit_QRemote[[#This Row],[SalesOrderLineItemRefFullName]],um!A:A,0),3),\"\")","v":"X24"},{"$f":"IFERROR(IF(OR(Tabla_Consulta_desde_QuickBooks_Data_64_Bit_QRemote[[#This Row],[SalesOrderLineUnitOfMeasure]]=\"UN\",Tabla_Consulta_desde_QuickBooks_Data_64_Bit_QRemote[[#This Row],[SalesOrderLineUnitOfMeasure]]=Tabla_Consulta_desde_QuickBooks_Data_64_Bit_QRemote[[#This Row],[U/M]]),\"\",\"ERROR\"),\"\")","v":""},{"$f":"+WEEKNUM(Tabla_Consulta_desde_QuickBooks_Data_64_Bit_QRemote[[#This Row],[TxnDate]])","v":23},{"$f":"+Tabla_Consulta_desde_QuickBooks_Data_64_Bit_QRemote[[#This Row],[SalesOrderLineRate]]*Tabla_Consulta_desde_QuickBooks_Data_64_Bit_QRemote[[#This Row],[SalesOrderLineInvoiced]]","v":0},{"$f":"+IFERROR(IF(Tabla_Consulta_desde_QuickBooks_Data_64_Bit_QRemote[[#This Row],[CustomerRefFullName]]=\"GRUVALCORP SA\",VLOOKUP(Tabla_Consulta_desde_QuickBooks_Data_64_Bit_QRemote[[#This Row],[SalesOrderLineItemRefFullName]],Hoja1!A:E,5,FALSE),\"\")*-Tabla_Consulta_desde_QuickBooks_Data_64_Bit_QRemote[[#This Row],[SalesOrderLineAmount]],\"\")","v":""},{"$f":"IF(COUNTIF(wms!E:E,Tabla_Consulta_desde_QuickBooks_Data_64_Bit_QRemote[[#This Row],[RefNumber]])>0,\"OK\",\"FALTA\")","v":"FALTA"}]
["2025-06-03","29139","GERARDO ORTIZ E HIJOS CIA. LTDA.","CI055131 CEIBOS",2,"705424000352","P.T:110608","JALAPEÑO ROJOS Y VERDES OLE 370G","Bodega Producto Terminado",12,"X12",2.99,35.880000000000003,"UNIDAD SALSA",0,232.56,267.44,"IVA EN VENTAS 15%",{"$f":"IFERROR(IF(Tabla_Consulta_desde_QuickBooks_Data_64_Bit_QRemote[[#This Row],[SalesOrderLineUnitOfMeasure]]=\"un\",Tabla_Consulta_desde_QuickBooks_Data_64_Bit_QRemote[[#This Row],[SalesOrderLineQuantity]],Tabla_Consulta_desde_QuickBooks_Data_64_Bit_QRemote[[#This Row],[SalesOrderLineQuantity]]/MID(Tabla_Consulta_desde_QuickBooks_Data_64_Bit_QRemote[[#This Row],[SalesOrderLineUnitOfMeasure]],2,2)),0)","v":1},{"$f":"IFERROR(IF(Tabla_Consulta_desde_QuickBooks_Data_64_Bit_QRemote[[#This Row],[SalesOrderLineUnitOfMeasure]]=\"un\",Tabla_Consulta_desde_QuickBooks_Data_64_Bit_QRemote[[#This Row],[SalesOrderLineInvoiced]],Tabla_Consulta_desde_QuickBooks_Data_64_Bit_QRemote[[#This Row],[SalesOrderLineInvoiced]]/MID(Tabla_Consulta_desde_QuickBooks_Data_64_Bit_QRemote[[#This Row],[SalesOrderLineUnitOfMeasure]],2,2)),0)","v":0},{"$f":"+Tabla_Consulta_desde_QuickBooks_Data_64_Bit_QRemote[[#This Row],[facturado]]-Tabla_Consulta_desde_QuickBooks_Data_64_Bit_QRemote[[#This Row],[pide]]","v":-1},{"$f":"IF(Tabla_Consulta_desde_QuickBooks_Data_64_Bit_QRemote[[#This Row],[diferecia]]=0,\"ok\",\"diferen\")","v":"diferen"},{"$f":"IFERROR(INDEX(um!A:C,MATCH(Tabla_Consulta_desde_QuickBooks_Data_64_Bit_QRemote[[#This Row],[SalesOrderLineItemRefFullName]],um!A:A,0),3),\"\")","v":"X12"},{"$f":"IFERROR(IF(OR(Tabla_Consulta_desde_QuickBooks_Data_64_Bit_QRemote[[#This Row],[SalesOrderLineUnitOfMeasure]]=\"UN\",Tabla_Consulta_desde_QuickBooks_Data_64_Bit_QRemote[[#This Row],[SalesOrderLineUnitOfMeasure]]=Tabla_Consulta_desde_QuickBooks_Data_64_Bit_QRemote[[#This Row],[U/M]]),\"\",\"ERROR\"),\"\")","v":""},{"$f":"+WEEKNUM(Tabla_Consulta_desde_QuickBooks_Data_64_Bit_QRemote[[#This Row],[TxnDate]])","v":23},{"$f":"+Tabla_Consulta_desde_QuickBooks_Data_64_Bit_QRemote[[#This Row],[SalesOrderLineRate]]*Tabla_Consulta_desde_QuickBooks_Data_64_Bit_QRemote[[#This Row],[SalesOrderLineInvoiced]]","v":0},{"$f":"+IFERROR(IF(Tabla_Consulta_desde_QuickBooks_Data_64_Bit_QRemote[[#This Row],[CustomerRefFullName]]=\"GRUVALCORP SA\",VLOOKUP(Tabla_Consulta_desde_QuickBooks_Data_64_Bit_QRemote[[#This Row],[SalesOrderLineItemRefFullName]],Hoja1!A:E,5,FALSE),\"\")*-Tabla_Consulta_desde_QuickBooks_Data_64_Bit_QRemote[[#This Row],[SalesOrderLineAmount]],\"\")","v":""},{"$f":"IF(COUNTIF(wms!E:E,Tabla_Consulta_desde_QuickBooks_Data_64_Bit_QRemote[[#This Row],[RefNumber]])>0,\"OK\",\"FALTA\")","v":"FALTA"}]
["2025-06-03","29139","GERARDO ORTIZ E HIJOS CIA. LTDA.","CI055131 CEIBOS",3,"7862112523043","P.T:110745","SALSA PICANTE HABANERO OLE 100G","Bodega Producto Terminado",12,"X12",0.6,7.2,"UNIDAD SALSA",0,232.56,267.44,"IVA EN VENTAS 15%",{"$f":"IFERROR(IF(Tabla_Consulta_desde_QuickBooks_Data_64_Bit_QRemote[[#This Row],[SalesOrderLineUnitOfMeasure]]=\"un\",Tabla_Consulta_desde_QuickBooks_Data_64_Bit_QRemote[[#This Row],[SalesOrderLineQuantity]],Tabla_Consulta_desde_QuickBooks_Data_64_Bit_QRemote[[#This Row],[SalesOrderLineQuantity]]/MID(Tabla_Consulta_desde_QuickBooks_Data_64_Bit_QRemote[[#This Row],[SalesOrderLineUnitOfMeasure]],2,2)),0)","v":1},{"$f":"IFERROR(IF(Tabla_Consulta_desde_QuickBooks_Data_64_Bit_QRemote[[#This Row],[SalesOrderLineUnitOfMeasure]]=\"un\",Tabla_Consulta_desde_QuickBooks_Data_64_Bit_QRemote[[#This Row],[SalesOrderLineInvoiced]],Tabla_Consulta_desde_QuickBooks_Data_64_Bit_QRemote[[#This Row],[SalesOrderLineInvoiced]]/MID(Tabla_Consulta_desde_QuickBooks_Data_64_Bit_QRemote[[#This Row],[SalesOrderLineUnitOfMeasure]],2,2)),0)","v":0},{"$f":"+Tabla_Consulta_desde_QuickBooks_Data_64_Bit_QRemote[[#This Row],[facturado]]-Tabla_Consulta_desde_QuickBooks_Data_64_Bit_QRemote[[#This Row],[pide]]","v":-1},{"$f":"IF(Tabla_Consulta_desde_QuickBooks_Data_64_Bit_QRemote[[#This Row],[diferecia]]=0,\"ok\",\"diferen\")","v":"diferen"},{"$f":"IFERROR(INDEX(um!A:C,MATCH(Tabla_Consulta_desde_QuickBooks_Data_64_Bit_QRemote[[#This Row],[SalesOrderLineItemRefFullName]],um!A:A,0),3),\"\")","v":"X12"},{"$f":"IFERROR(IF(OR(Tabla_Consulta_desde_QuickBooks_Data_64_Bit_QRemote[[#This Row],[SalesOrderLineUnitOfMeasure]]=\"UN\",Tabla_Consulta_desde_QuickBooks_Data_64_Bit_QRemote[[#This Row],[SalesOrderLineUnitOfMeasure]]=Tabla_Consulta_desde_QuickBooks_Data_64_Bit_QRemote[[#This Row],[U/M]]),\"\",\"ERROR\"),\"\")","v":""},{"$f":"+WEEKNUM(Tabla_Consulta_desde_QuickBooks_Data_64_Bit_QRemote[[#This Row],[TxnDate]])","v":23},{"$f":"+Tabla_Consulta_desde_QuickBooks_Data_64_Bit_QRemote[[#This Row],[SalesOrderLineRate]]*Tabla_Consulta_desde_QuickBooks_Data_64_Bit_QRemote[[#This Row],[SalesOrderLineInvoiced]]","v":0},{"$f":"+IFERROR(IF(Tabla_Consulta_desde_QuickBooks_Data_64_Bit_QRemote[[#This Row],[CustomerRefFullName]]=\"GRUVALCORP SA\",VLOOKUP(Tabla_Consulta_desde_QuickBooks_Data_64_Bit_QRemote[[#This Row],[SalesOrderLineItemRefFullName]],Hoja1!A:E,5,FALSE),\"\")*-Tabla_Consulta_desde_QuickBooks_Data_64_Bit_QRemote[[#This Row],[SalesOrderLineAmount]],\"\")","v":""},{"$f":"IF(COUNTIF(wms!E:E,Tabla_Consulta_desde_QuickBooks_Data_64_Bit_QRemote[[#This Row],[RefNumber]])>0,\"OK\",\"FALTA\")","v":"FALTA"}]
["2025-06-03","29139","GERARDO ORTIZ E HIJOS CIA. LTDA.","CI055131 CEIBOS",4,"7862112523104","P.T:110804","SALSA CHAMOY OLE 275G","Bodega Producto Terminado",12,"X12",1.76,21.12,"UNIDAD SALSA",0,232.56,267.44,"IVA EN VENTAS 15%",{"$f":"IFERROR(IF(Tabla_Consulta_desde_QuickBooks_Data_64_Bit_QRemote[[#This Row],[SalesOrderLineUnitOfMeasure]]=\"un\",Tabla_Consulta_desde_QuickBooks_Data_64_Bit_QRemote[[#This Row],[SalesOrderLineQuantity]],Tabla_Consulta_desde_QuickBooks_Data_64_Bit_QRemote[[#This Row],[SalesOrderLineQuantity]]/MID(Tabla_Consulta_desde_QuickBooks_Data_64_Bit_QRemote[[#This Row],[SalesOrderLineUnitOfMeasure]],2,2)),0)","v":1},{"$f":"IFERROR(IF(Tabla_Consulta_desde_QuickBooks_Data_64_Bit_QRemote[[#This Row],[SalesOrderLineUnitOfMeasure]]=\"un\",Tabla_Consulta_desde_QuickBooks_Data_64_Bit_QRemote[[#This Row],[SalesOrderLineInvoiced]],Tabla_Consulta_desde_QuickBooks_Data_64_Bit_QRemote[[#This Row],[SalesOrderLineInvoiced]]/MID(Tabla_Consulta_desde_QuickBooks_Data_64_Bit_QRemote[[#This Row],[SalesOrderLineUnitOfMeasure]],2,2)),0)","v":0},{"$f":"+Tabla_Consulta_desde_QuickBooks_Data_64_Bit_QRemote[[#This Row],[facturado]]-Tabla_Consulta_desde_QuickBooks_Data_64_Bit_QRemote[[#This Row],[pide]]","v":-1},{"$f":"IF(Tabla_Consulta_desde_QuickBooks_Data_64_Bit_QRemote[[#This Row],[diferecia]]=0,\"ok\",\"diferen\")","v":"diferen"},{"$f":"IFERROR(INDEX(um!A:C,MATCH(Tabla_Consulta_desde_QuickBooks_Data_64_Bit_QRemote[[#This Row],[SalesOrderLineItemRefFullName]],um!A:A,0),3),\"\")","v":"X12"},{"$f":"IFERROR(IF(OR(Tabla_Consulta_desde_QuickBooks_Data_64_Bit_QRemote[[#This Row],[SalesOrderLineUnitOfMeasure]]=\"UN\",Tabla_Consulta_desde_QuickBooks_Data_64_Bit_QRemote[[#This Row],[SalesOrderLineUnitOfMeasure]]=Tabla_Consulta_desde_QuickBooks_Data_64_Bit_QRemote[[#This Row],[U/M]]),\"\",\"ERROR\"),\"\")","v":""},{"$f":"+WEEKNUM(Tabla_Consulta_desde_QuickBooks_Data_64_Bit_QRemote[[#This Row],[TxnDate]])","v":23},{"$f":"+Tabla_Consulta_desde_QuickBooks_Data_64_Bit_QRemote[[#This Row],[SalesOrderLineRate]]*Tabla_Consulta_desde_QuickBooks_Data_64_Bit_QRemote[[#This Row],[SalesOrderLineInvoiced]]","v":0},{"$f":"+IFERROR(IF(Tabla_Consulta_desde_QuickBooks_Data_64_Bit_QRemote[[#This Row],[CustomerRefFullName]]=\"GRUVALCORP SA\",VLOOKUP(Tabla_Consulta_desde_QuickBooks_Data_64_Bit_QRemote[[#This Row],[SalesOrderLineItemRefFullName]],Hoja1!A:E,5,FALSE),\"\")*-Tabla_Consulta_desde_QuickBooks_Data_64_Bit_QRemote[[#This Row],[SalesOrderLineAmount]],\"\")","v":""},{"$f":"IF(COUNTIF(wms!E:E,Tabla_Consulta_desde_QuickBooks_Data_64_Bit_QRemote[[#This Row],[RefNumber]])>0,\"OK\",\"FALTA\")","v":"FALTA"}]
["2025-06-03","29139","GERARDO ORTIZ E HIJOS CIA. LTDA.","CI055131 CEIBOS",5,"7862112522527","P.T:110803","SALSA GUACAMOLE ORIGINAL OLE DP 200G","Bodega Producto Terminado",12,"X12",1.39,16.68,"UNIDAD SALSA",0,232.56,267.44,"IVA EN VENTAS 15%",{"$f":"IFERROR(IF(Tabla_Consulta_desde_QuickBooks_Data_64_Bit_QRemote[[#This Row],[SalesOrderLineUnitOfMeasure]]=\"un\",Tabla_Consulta_desde_QuickBooks_Data_64_Bit_QRemote[[#This Row],[SalesOrderLineQuantity]],Tabla_Consulta_desde_QuickBooks_Data_64_Bit_QRemote[[#This Row],[SalesOrderLineQuantity]]/MID(Tabla_Consulta_desde_QuickBooks_Data_64_Bit_QRemote[[#This Row],[SalesOrderLineUnitOfMeasure]],2,2)),0)","v":1},{"$f":"IFERROR(IF(Tabla_Consulta_desde_QuickBooks_Data_64_Bit_QRemote[[#This Row],[SalesOrderLineUnitOfMeasure]]=\"un\",Tabla_Consulta_desde_QuickBooks_Data_64_Bit_QRemote[[#This Row],[SalesOrderLineInvoiced]],Tabla_Consulta_desde_QuickBooks_Data_64_Bit_QRemote[[#This Row],[SalesOrderLineInvoiced]]/MID(Tabla_Consulta_desde_QuickBooks_Data_64_Bit_QRemote[[#This Row],[SalesOrderLineUnitOfMeasure]],2,2)),0)","v":0},{"$f":"+Tabla_Consulta_desde_QuickBooks_Data_64_Bit_QRemote[[#This Row],[facturado]]-Tabla_Consulta_desde_QuickBooks_Data_64_Bit_QRemote[[#This Row],[pide]]","v":-1},{"$f":"IF(Tabla_Consulta_desde_QuickBooks_Data_64_Bit_QRemote[[#This Row],[diferecia]]=0,\"ok\",\"diferen\")","v":"diferen"},{"$f":"IFERROR(INDEX(um!A:C,MATCH(Tabla_Consulta_desde_QuickBooks_Data_64_Bit_QRemote[[#This Row],[SalesOrderLineItemRefFullName]],um!A:A,0),3),\"\")","v":"X12"},{"$f":"IFERROR(IF(OR(Tabla_Consulta_desde_QuickBooks_Data_64_Bit_QRemote[[#This Row],[SalesOrderLineUnitOfMeasure]]=\"UN\",Tabla_Consulta_desde_QuickBooks_Data_64_Bit_QRemote[[#This Row],[SalesOrderLineUnitOfMeasure]]=Tabla_Consulta_desde_QuickBooks_Data_64_Bit_QRemote[[#This Row],[U/M]]),\"\",\"ERROR\"),\"\")","v":""},{"$f":"+WEEKNUM(Tabla_Consulta_desde_QuickBooks_Data_64_Bit_QRemote[[#This Row],[TxnDate]])","v":23},{"$f":"+Tabla_Consulta_desde_QuickBooks_Data_64_Bit_QRemote[[#This Row],[SalesOrderLineRate]]*Tabla_Consulta_desde_QuickBooks_Data_64_Bit_QRemote[[#This Row],[SalesOrderLineInvoiced]]","v":0},{"$f":"+IFERROR(IF(Tabla_Consulta_desde_QuickBooks_Data_64_Bit_QRemote[[#This Row],[CustomerRefFullName]]=\"GRUVALCORP SA\",VLOOKUP(Tabla_Consulta_desde_QuickBooks_Data_64_Bit_QRemote[[#This Row],[SalesOrderLineItemRefFullName]],Hoja1!A:E,5,FALSE),\"\")*-Tabla_Consulta_desde_QuickBooks_Data_64_Bit_QRemote[[#This Row],[SalesOrderLineAmount]],\"\")","v":""},{"$f":"IF(COUNTIF(wms!E:E,Tabla_Consulta_desde_QuickBooks_Data_64_Bit_QRemote[[#This Row],[RefNumber]])>0,\"OK\",\"FALTA\")","v":"FALTA"}]
["2025-06-03","29139","GERARDO ORTIZ E HIJOS CIA. LTDA.","CI055131 CEIBOS",6,"7862112521698","P.T:311407","VINAGRE DE MANZANA CON LA MADRE OLE 500ML","Bodega Producto Terminado",12,"X12",4.28,51.36,"UNIDAD SALSA",0,232.56,267.44,"IVA EN VENTAS 15%",{"$f":"IFERROR(IF(Tabla_Consulta_desde_QuickBooks_Data_64_Bit_QRemote[[#This Row],[SalesOrderLineUnitOfMeasure]]=\"un\",Tabla_Consulta_desde_QuickBooks_Data_64_Bit_QRemote[[#This Row],[SalesOrderLineQuantity]],Tabla_Consulta_desde_QuickBooks_Data_64_Bit_QRemote[[#This Row],[SalesOrderLineQuantity]]/MID(Tabla_Consulta_desde_QuickBooks_Data_64_Bit_QRemote[[#This Row],[SalesOrderLineUnitOfMeasure]],2,2)),0)","v":1},{"$f":"IFERROR(IF(Tabla_Consulta_desde_QuickBooks_Data_64_Bit_QRemote[[#This Row],[SalesOrderLineUnitOfMeasure]]=\"un\",Tabla_Consulta_desde_QuickBooks_Data_64_Bit_QRemote[[#This Row],[SalesOrderLineInvoiced]],Tabla_Consulta_desde_QuickBooks_Data_64_Bit_QRemote[[#This Row],[SalesOrderLineInvoiced]]/MID(Tabla_Consulta_desde_QuickBooks_Data_64_Bit_QRemote[[#This Row],[SalesOrderLineUnitOfMeasure]],2,2)),0)","v":0},{"$f":"+Tabla_Consulta_desde_QuickBooks_Data_64_Bit_QRemote[[#This Row],[facturado]]-Tabla_Consulta_desde_QuickBooks_Data_64_Bit_QRemote[[#This Row],[pide]]","v":-1},{"$f":"IF(Tabla_Consulta_desde_QuickBooks_Data_64_Bit_QRemote[[#This Row],[diferecia]]=0,\"ok\",\"diferen\")","v":"diferen"},{"$f":"IFERROR(INDEX(um!A:C,MATCH(Tabla_Consulta_desde_QuickBooks_Data_64_Bit_QRemote[[#This Row],[SalesOrderLineItemRefFullName]],um!A:A,0),3),\"\")","v":"X12"},{"$f":"IFERROR(IF(OR(Tabla_Consulta_desde_QuickBooks_Data_64_Bit_QRemote[[#This Row],[SalesOrderLineUnitOfMeasure]]=\"UN\",Tabla_Consulta_desde_QuickBooks_Data_64_Bit_QRemote[[#This Row],[SalesOrderLineUnitOfMeasure]]=Tabla_Consulta_desde_QuickBooks_Data_64_Bit_QRemote[[#This Row],[U/M]]),\"\",\"ERROR\"),\"\")","v":""},{"$f":"+WEEKNUM(Tabla_Consulta_desde_QuickBooks_Data_64_Bit_QRemote[[#This Row],[TxnDate]])","v":23},{"$f":"+Tabla_Consulta_desde_QuickBooks_Data_64_Bit_QRemote[[#This Row],[SalesOrderLineRate]]*Tabla_Consulta_desde_QuickBooks_Data_64_Bit_QRemote[[#This Row],[SalesOrderLineInvoiced]]","v":0},{"$f":"+IFERROR(IF(Tabla_Consulta_desde_QuickBooks_Data_64_Bit_QRemote[[#This Row],[CustomerRefFullName]]=\"GRUVALCORP SA\",VLOOKUP(Tabla_Consulta_desde_QuickBooks_Data_64_Bit_QRemote[[#This Row],[SalesOrderLineItemRefFullName]],Hoja1!A:E,5,FALSE),\"\")*-Tabla_Consulta_desde_QuickBooks_Data_64_Bit_QRemote[[#This Row],[SalesOrderLineAmount]],\"\")","v":""},{"$f":"IF(COUNTIF(wms!E:E,Tabla_Consulta_desde_QuickBooks_Data_64_Bit_QRemote[[#This Row],[RefNumber]])>0,\"OK\",\"FALTA\")","v":"FALTA"}]
["2025-06-03","29139","GERARDO ORTIZ E HIJOS CIA. LTDA.","CI055131 CEIBOS",7,"7862112523258","PT:220142","TOTOPOS SABOR GUACAMOLE OLE 45G","Bodega Producto Terminado",30,"X30",0.34,10.199999999999999,"UNIDAD SNCKS",0,232.56,267.44,"IVA EN VENTAS 15%",{"$f":"IFERROR(IF(Tabla_Consulta_desde_QuickBooks_Data_64_Bit_QRemote[[#This Row],[SalesOrderLineUnitOfMeasure]]=\"un\",Tabla_Consulta_desde_QuickBooks_Data_64_Bit_QRemote[[#This Row],[SalesOrderLineQuantity]],Tabla_Consulta_desde_QuickBooks_Data_64_Bit_QRemote[[#This Row],[SalesOrderLineQuantity]]/MID(Tabla_Consulta_desde_QuickBooks_Data_64_Bit_QRemote[[#This Row],[SalesOrderLineUnitOfMeasure]],2,2)),0)","v":1},{"$f":"IFERROR(IF(Tabla_Consulta_desde_QuickBooks_Data_64_Bit_QRemote[[#This Row],[SalesOrderLineUnitOfMeasure]]=\"un\",Tabla_Consulta_desde_QuickBooks_Data_64_Bit_QRemote[[#This Row],[SalesOrderLineInvoiced]],Tabla_Consulta_desde_QuickBooks_Data_64_Bit_QRemote[[#This Row],[SalesOrderLineInvoiced]]/MID(Tabla_Consulta_desde_QuickBooks_Data_64_Bit_QRemote[[#This Row],[SalesOrderLineUnitOfMeasure]],2,2)),0)","v":0},{"$f":"+Tabla_Consulta_desde_QuickBooks_Data_64_Bit_QRemote[[#This Row],[facturado]]-Tabla_Consulta_desde_QuickBooks_Data_64_Bit_QRemote[[#This Row],[pide]]","v":-1},{"$f":"IF(Tabla_Consulta_desde_QuickBooks_Data_64_Bit_QRemote[[#This Row],[diferecia]]=0,\"ok\",\"diferen\")","v":"diferen"},{"$f":"IFERROR(INDEX(um!A:C,MATCH(Tabla_Consulta_desde_QuickBooks_Data_64_Bit_QRemote[[#This Row],[SalesOrderLineItemRefFullName]],um!A:A,0),3),\"\")","v":"X30"},{"$f":"IFERROR(IF(OR(Tabla_Consulta_desde_QuickBooks_Data_64_Bit_QRemote[[#This Row],[SalesOrderLineUnitOfMeasure]]=\"UN\",Tabla_Consulta_desde_QuickBooks_Data_64_Bit_QRemote[[#This Row],[SalesOrderLineUnitOfMeasure]]=Tabla_Consulta_desde_QuickBooks_Data_64_Bit_QRemote[[#This Row],[U/M]]),\"\",\"ERROR\"),\"\")","v":""},{"$f":"+WEEKNUM(Tabla_Consulta_desde_QuickBooks_Data_64_Bit_QRemote[[#This Row],[TxnDate]])","v":23},{"$f":"+Tabla_Consulta_desde_QuickBooks_Data_64_Bit_QRemote[[#This Row],[SalesOrderLineRate]]*Tabla_Consulta_desde_QuickBooks_Data_64_Bit_QRemote[[#This Row],[SalesOrderLineInvoiced]]","v":0},{"$f":"+IFERROR(IF(Tabla_Consulta_desde_QuickBooks_Data_64_Bit_QRemote[[#This Row],[CustomerRefFullName]]=\"GRUVALCORP SA\",VLOOKUP(Tabla_Consulta_desde_QuickBooks_Data_64_Bit_QRemote[[#This Row],[SalesOrderLineItemRefFullName]],Hoja1!A:E,5,FALSE),\"\")*-Tabla_Consulta_desde_QuickBooks_Data_64_Bit_QRemote[[#This Row],[SalesOrderLineAmount]],\"\")","v":""},{"$f":"IF(COUNTIF(wms!E:E,Tabla_Consulta_desde_QuickBooks_Data_64_Bit_QRemote[[#This Row],[RefNumber]])>0,\"OK\",\"FALTA\")","v":"FALTA"}]
["2025-06-03","29139","GERARDO ORTIZ E HIJOS CIA. LTDA.","CI055131 CEIBOS",8,"7862112523265","PT:220143","TOTOPOS NATURAL MINI OLE 45G","Bodega Producto Terminado",30,"X30",0.34,10.199999999999999,"UNIDAD SNCKS",0,232.56,267.44,"IVA EN VENTAS 15%",{"$f":"IFERROR(IF(Tabla_Consulta_desde_QuickBooks_Data_64_Bit_QRemote[[#This Row],[SalesOrderLineUnitOfMeasure]]=\"un\",Tabla_Consulta_desde_QuickBooks_Data_64_Bit_QRemote[[#This Row],[SalesOrderLineQuantity]],Tabla_Consulta_desde_QuickBooks_Data_64_Bit_QRemote[[#This Row],[SalesOrderLineQuantity]]/MID(Tabla_Consulta_desde_QuickBooks_Data_64_Bit_QRemote[[#This Row],[SalesOrderLineUnitOfMeasure]],2,2)),0)","v":1},{"$f":"IFERROR(IF(Tabla_Consulta_desde_QuickBooks_Data_64_Bit_QRemote[[#This Row],[SalesOrderLineUnitOfMeasure]]=\"un\",Tabla_Consulta_desde_QuickBooks_Data_64_Bit_QRemote[[#This Row],[SalesOrderLineInvoiced]],Tabla_Consulta_desde_QuickBooks_Data_64_Bit_QRemote[[#This Row],[SalesOrderLineInvoiced]]/MID(Tabla_Consulta_desde_QuickBooks_Data_64_Bit_QRemote[[#This Row],[SalesOrderLineUnitOfMeasure]],2,2)),0)","v":0},{"$f":"+Tabla_Consulta_desde_QuickBooks_Data_64_Bit_QRemote[[#This Row],[facturado]]-Tabla_Consulta_desde_QuickBooks_Data_64_Bit_QRemote[[#This Row],[pide]]","v":-1},{"$f":"IF(Tabla_Consulta_desde_QuickBooks_Data_64_Bit_QRemote[[#This Row],[diferecia]]=0,\"ok\",\"diferen\")","v":"diferen"},{"$f":"IFERROR(INDEX(um!A:C,MATCH(Tabla_Consulta_desde_QuickBooks_Data_64_Bit_QRemote[[#This Row],[SalesOrderLineItemRefFullName]],um!A:A,0),3),\"\")","v":"X30"},{"$f":"IFERROR(IF(OR(Tabla_Consulta_desde_QuickBooks_Data_64_Bit_QRemote[[#This Row],[SalesOrderLineUnitOfMeasure]]=\"UN\",Tabla_Consulta_desde_QuickBooks_Data_64_Bit_QRemote[[#This Row],[SalesOrderLineUnitOfMeasure]]=Tabla_Consulta_desde_QuickBooks_Data_64_Bit_QRemote[[#This Row],[U/M]]),\"\",\"ERROR\"),\"\")","v":""},{"$f":"+WEEKNUM(Tabla_Consulta_desde_QuickBooks_Data_64_Bit_QRemote[[#This Row],[TxnDate]])","v":23},{"$f":"+Tabla_Consulta_desde_QuickBooks_Data_64_Bit_QRemote[[#This Row],[SalesOrderLineRate]]*Tabla_Consulta_desde_QuickBooks_Data_64_Bit_QRemote[[#This Row],[SalesOrderLineInvoiced]]","v":0},{"$f":"+IFERROR(IF(Tabla_Consulta_desde_QuickBooks_Data_64_Bit_QRemote[[#This Row],[CustomerRefFullName]]=\"GRUVALCORP SA\",VLOOKUP(Tabla_Consulta_desde_QuickBooks_Data_64_Bit_QRemote[[#This Row],[SalesOrderLineItemRefFullName]],Hoja1!A:E,5,FALSE),\"\")*-Tabla_Consulta_desde_QuickBooks_Data_64_Bit_QRemote[[#This Row],[SalesOrderLineAmount]],\"\")","v":""},{"$f":"IF(COUNTIF(wms!E:E,Tabla_Consulta_desde_QuickBooks_Data_64_Bit_QRemote[[#This Row],[RefNumber]])>0,\"OK\",\"FALTA\")","v":"FALTA"}]
["2025-06-03","29139","GERARDO ORTIZ E HIJOS CIA. LTDA.","CI055131 CEIBOS",9,"7862112522756","PT:220136","TOTOPOS NATURAL MINI OLE 300G","Bodega Producto Terminado",12,"X12",1.61,19.32,"UNIDAD SNCKS",0,232.56,267.44,"IVA EN VENTAS 15%",{"$f":"IFERROR(IF(Tabla_Consulta_desde_QuickBooks_Data_64_Bit_QRemote[[#This Row],[SalesOrderLineUnitOfMeasure]]=\"un\",Tabla_Consulta_desde_QuickBooks_Data_64_Bit_QRemote[[#This Row],[SalesOrderLineQuantity]],Tabla_Consulta_desde_QuickBooks_Data_64_Bit_QRemote[[#This Row],[SalesOrderLineQuantity]]/MID(Tabla_Consulta_desde_QuickBooks_Data_64_Bit_QRemote[[#This Row],[SalesOrderLineUnitOfMeasure]],2,2)),0)","v":1},{"$f":"IFERROR(IF(Tabla_Consulta_desde_QuickBooks_Data_64_Bit_QRemote[[#This Row],[SalesOrderLineUnitOfMeasure]]=\"un\",Tabla_Consulta_desde_QuickBooks_Data_64_Bit_QRemote[[#This Row],[SalesOrderLineInvoiced]],Tabla_Consulta_desde_QuickBooks_Data_64_Bit_QRemote[[#This Row],[SalesOrderLineInvoiced]]/MID(Tabla_Consulta_desde_QuickBooks_Data_64_Bit_QRemote[[#This Row],[SalesOrderLineUnitOfMeasure]],2,2)),0)","v":0},{"$f":"+Tabla_Consulta_desde_QuickBooks_Data_64_Bit_QRemote[[#This Row],[facturado]]-Tabla_Consulta_desde_QuickBooks_Data_64_Bit_QRemote[[#This Row],[pide]]","v":-1},{"$f":"IF(Tabla_Consulta_desde_QuickBooks_Data_64_Bit_QRemote[[#This Row],[diferecia]]=0,\"ok\",\"diferen\")","v":"diferen"},{"$f":"IFERROR(INDEX(um!A:C,MATCH(Tabla_Consulta_desde_QuickBooks_Data_64_Bit_QRemote[[#This Row],[SalesOrderLineItemRefFullName]],um!A:A,0),3),\"\")","v":"X12"},{"$f":"IFERROR(IF(OR(Tabla_Consulta_desde_QuickBooks_Data_64_Bit_QRemote[[#This Row],[SalesOrderLineUnitOfMeasure]]=\"UN\",Tabla_Consulta_desde_QuickBooks_Data_64_Bit_QRemote[[#This Row],[SalesOrderLineUnitOfMeasure]]=Tabla_Consulta_desde_QuickBooks_Data_64_Bit_QRemote[[#This Row],[U/M]]),\"\",\"ERROR\"),\"\")","v":""},{"$f":"+WEEKNUM(Tabla_Consulta_desde_QuickBooks_Data_64_Bit_QRemote[[#This Row],[TxnDate]])","v":23},{"$f":"+Tabla_Consulta_desde_QuickBooks_Data_64_Bit_QRemote[[#This Row],[SalesOrderLineRate]]*Tabla_Consulta_desde_QuickBooks_Data_64_Bit_QRemote[[#This Row],[SalesOrderLineInvoiced]]","v":0},{"$f":"+IFERROR(IF(Tabla_Consulta_desde_QuickBooks_Data_64_Bit_QRemote[[#This Row],[CustomerRefFullName]]=\"GRUVALCORP SA\",VLOOKUP(Tabla_Consulta_desde_QuickBooks_Data_64_Bit_QRemote[[#This Row],[SalesOrderLineItemRefFullName]],Hoja1!A:E,5,FALSE),\"\")*-Tabla_Consulta_desde_QuickBooks_Data_64_Bit_QRemote[[#This Row],[SalesOrderLineAmount]],\"\")","v":""},{"$f":"IF(COUNTIF(wms!E:E,Tabla_Consulta_desde_QuickBooks_Data_64_Bit_QRemote[[#This Row],[RefNumber]])>0,\"OK\",\"FALTA\")","v":"FALTA"}]
["2025-06-03","29139","GERARDO ORTIZ E HIJOS CIA. LTDA.","CI055131 CEIBOS",10,"7862112522367","PT:220132","TOTOPOS NATURAL OLE 300G","Bodega Producto Terminado",12,"X12",1.67,20.04,"UNIDAD SNCKS",0,232.56,267.44,"IVA EN VENTAS 15%",{"$f":"IFERROR(IF(Tabla_Consulta_desde_QuickBooks_Data_64_Bit_QRemote[[#This Row],[SalesOrderLineUnitOfMeasure]]=\"un\",Tabla_Consulta_desde_QuickBooks_Data_64_Bit_QRemote[[#This Row],[SalesOrderLineQuantity]],Tabla_Consulta_desde_QuickBooks_Data_64_Bit_QRemote[[#This Row],[SalesOrderLineQuantity]]/MID(Tabla_Consulta_desde_QuickBooks_Data_64_Bit_QRemote[[#This Row],[SalesOrderLineUnitOfMeasure]],2,2)),0)","v":1},{"$f":"IFERROR(IF(Tabla_Consulta_desde_QuickBooks_Data_64_Bit_QRemote[[#This Row],[SalesOrderLineUnitOfMeasure]]=\"un\",Tabla_Consulta_desde_QuickBooks_Data_64_Bit_QRemote[[#This Row],[SalesOrderLineInvoiced]],Tabla_Consulta_desde_QuickBooks_Data_64_Bit_QRemote[[#This Row],[SalesOrderLineInvoiced]]/MID(Tabla_Consulta_desde_QuickBooks_Data_64_Bit_QRemote[[#This Row],[SalesOrderLineUnitOfMeasure]],2,2)),0)","v":0},{"$f":"+Tabla_Consulta_desde_QuickBooks_Data_64_Bit_QRemote[[#This Row],[facturado]]-Tabla_Consulta_desde_QuickBooks_Data_64_Bit_QRemote[[#This Row],[pide]]","v":-1},{"$f":"IF(Tabla_Consulta_desde_QuickBooks_Data_64_Bit_QRemote[[#This Row],[diferecia]]=0,\"ok\",\"diferen\")","v":"diferen"},{"$f":"IFERROR(INDEX(um!A:C,MATCH(Tabla_Consulta_desde_QuickBooks_Data_64_Bit_QRemote[[#This Row],[SalesOrderLineItemRefFullName]],um!A:A,0),3),\"\")","v":"X12"},{"$f":"IFERROR(IF(OR(Tabla_Consulta_desde_QuickBooks_Data_64_Bit_QRemote[[#This Row],[SalesOrderLineUnitOfMeasure]]=\"UN\",Tabla_Consulta_desde_QuickBooks_Data_64_Bit_QRemote[[#This Row],[SalesOrderLineUnitOfMeasure]]=Tabla_Consulta_desde_QuickBooks_Data_64_Bit_QRemote[[#This Row],[U/M]]),\"\",\"ERROR\"),\"\")","v":""},{"$f":"+WEEKNUM(Tabla_Consulta_desde_QuickBooks_Data_64_Bit_QRemote[[#This Row],[TxnDate]])","v":23},{"$f":"+Tabla_Consulta_desde_QuickBooks_Data_64_Bit_QRemote[[#This Row],[SalesOrderLineRate]]*Tabla_Consulta_desde_QuickBooks_Data_64_Bit_QRemote[[#This Row],[SalesOrderLineInvoiced]]","v":0},{"$f":"+IFERROR(IF(Tabla_Consulta_desde_QuickBooks_Data_64_Bit_QRemote[[#This Row],[CustomerRefFullName]]=\"GRUVALCORP SA\",VLOOKUP(Tabla_Consulta_desde_QuickBooks_Data_64_Bit_QRemote[[#This Row],[SalesOrderLineItemRefFullName]],Hoja1!A:E,5,FALSE),\"\")*-Tabla_Consulta_desde_QuickBooks_Data_64_Bit_QRemote[[#This Row],[SalesOrderLineAmount]],\"\")","v":""},{"$f":"IF(COUNTIF(wms!E:E,Tabla_Consulta_desde_QuickBooks_Data_64_Bit_QRemote[[#This Row],[RefNumber]])>0,\"OK\",\"FALTA\")","v":"FALTA"}]
["2025-06-03","29139","GERARDO ORTIZ E HIJOS CIA. LTDA.","CI055131 CEIBOS",11,null,"INFOADICIONAL","CI055131 CEIBOS",null,null,null,0,0,null,0,232.56,267.44,"IVA EN VENTAS 15%",{"$f":"IFERROR(IF(Tabla_Consulta_desde_QuickBooks_Data_64_Bit_QRemote[[#This Row],[SalesOrderLineUnitOfMeasure]]=\"un\",Tabla_Consulta_desde_QuickBooks_Data_64_Bit_QRemote[[#This Row],[SalesOrderLineQuantity]],Tabla_Consulta_desde_QuickBooks_Data_64_Bit_QRemote[[#This Row],[SalesOrderLineQuantity]]/MID(Tabla_Consulta_desde_QuickBooks_Data_64_Bit_QRemote[[#This Row],[SalesOrderLineUnitOfMeasure]],2,2)),0)","v":0},{"$f":"IFERROR(IF(Tabla_Consulta_desde_QuickBooks_Data_64_Bit_QRemote[[#This Row],[SalesOrderLineUnitOfMeasure]]=\"un\",Tabla_Consulta_desde_QuickBooks_Data_64_Bit_QRemote[[#This Row],[SalesOrderLineInvoiced]],Tabla_Consulta_desde_QuickBooks_Data_64_Bit_QRemote[[#This Row],[SalesOrderLineInvoiced]]/MID(Tabla_Consulta_desde_QuickBooks_Data_64_Bit_QRemote[[#This Row],[SalesOrderLineUnitOfMeasure]],2,2)),0)","v":0},{"$f":"+Tabla_Consulta_desde_QuickBooks_Data_64_Bit_QRemote[[#This Row],[facturado]]-Tabla_Consulta_desde_QuickBooks_Data_64_Bit_QRemote[[#This Row],[pide]]","v":0},{"$f":"IF(Tabla_Consulta_desde_QuickBooks_Data_64_Bit_QRemote[[#This Row],[diferecia]]=0,\"ok\",\"diferen\")","v":"ok"},{"$f":"IFERROR(INDEX(um!A:C,MATCH(Tabla_Consulta_desde_QuickBooks_Data_64_Bit_QRemote[[#This Row],[SalesOrderLineItemRefFullName]],um!A:A,0),3),\"\")","v":""},{"$f":"IFERROR(IF(OR(Tabla_Consulta_desde_QuickBooks_Data_64_Bit_QRemote[[#This Row],[SalesOrderLineUnitOfMeasure]]=\"UN\",Tabla_Consulta_desde_QuickBooks_Data_64_Bit_QRemote[[#This Row],[SalesOrderLineUnitOfMeasure]]=Tabla_Consulta_desde_QuickBooks_Data_64_Bit_QRemote[[#This Row],[U/M]]),\"\",\"ERROR\"),\"\")","v":""},{"$f":"+WEEKNUM(Tabla_Consulta_desde_QuickBooks_Data_64_Bit_QRemote[[#This Row],[TxnDate]])","v":23},{"$f":"+Tabla_Consulta_desde_QuickBooks_Data_64_Bit_QRemote[[#This Row],[SalesOrderLineRate]]*Tabla_Consulta_desde_QuickBooks_Data_64_Bit_QRemote[[#This Row],[SalesOrderLineInvoiced]]","v":0},{"$f":"+IFERROR(IF(Tabla_Consulta_desde_QuickBooks_Data_64_Bit_QRemote[[#This Row],[CustomerRefFullName]]=\"GRUVALCORP SA\",VLOOKUP(Tabla_Consulta_desde_QuickBooks_Data_64_Bit_QRemote[[#This Row],[SalesOrderLineItemRefFullName]],Hoja1!A:E,5,FALSE),\"\")*-Tabla_Consulta_desde_QuickBooks_Data_64_Bit_QRemote[[#This Row],[SalesOrderLineAmount]],\"\")","v":""},{"$f":"IF(COUNTIF(wms!E:E,Tabla_Consulta_desde_QuickBooks_Data_64_Bit_QRemote[[#This Row],[RefNumber]])>0,\"OK\",\"FALTA\")","v":"FALTA"}]
["2025-06-03","29140","GERARDO ORTIZ E HIJOS CIA. LTDA.","OV132691 MANTA",1,"7862112523296","P.T:110622","PEPINILLOS CON JALAPEÑO OLE 225G","Bodega Producto Terminado",24,"X24",1.69,40.56,"UNIDAD SALSA",0,233.34,268.33999999999997,"IVA EN VENTAS 15%",{"$f":"IFERROR(IF(Tabla_Consulta_desde_QuickBooks_Data_64_Bit_QRemote[[#This Row],[SalesOrderLineUnitOfMeasure]]=\"un\",Tabla_Consulta_desde_QuickBooks_Data_64_Bit_QRemote[[#This Row],[SalesOrderLineQuantity]],Tabla_Consulta_desde_QuickBooks_Data_64_Bit_QRemote[[#This Row],[SalesOrderLineQuantity]]/MID(Tabla_Consulta_desde_QuickBooks_Data_64_Bit_QRemote[[#This Row],[SalesOrderLineUnitOfMeasure]],2,2)),0)","v":1},{"$f":"IFERROR(IF(Tabla_Consulta_desde_QuickBooks_Data_64_Bit_QRemote[[#This Row],[SalesOrderLineUnitOfMeasure]]=\"un\",Tabla_Consulta_desde_QuickBooks_Data_64_Bit_QRemote[[#This Row],[SalesOrderLineInvoiced]],Tabla_Consulta_desde_QuickBooks_Data_64_Bit_QRemote[[#This Row],[SalesOrderLineInvoiced]]/MID(Tabla_Consulta_desde_QuickBooks_Data_64_Bit_QRemote[[#This Row],[SalesOrderLineUnitOfMeasure]],2,2)),0)","v":0},{"$f":"+Tabla_Consulta_desde_QuickBooks_Data_64_Bit_QRemote[[#This Row],[facturado]]-Tabla_Consulta_desde_QuickBooks_Data_64_Bit_QRemote[[#This Row],[pide]]","v":-1},{"$f":"IF(Tabla_Consulta_desde_QuickBooks_Data_64_Bit_QRemote[[#This Row],[diferecia]]=0,\"ok\",\"diferen\")","v":"diferen"},{"$f":"IFERROR(INDEX(um!A:C,MATCH(Tabla_Consulta_desde_QuickBooks_Data_64_Bit_QRemote[[#This Row],[SalesOrderLineItemRefFullName]],um!A:A,0),3),\"\")","v":"X24"},{"$f":"IFERROR(IF(OR(Tabla_Consulta_desde_QuickBooks_Data_64_Bit_QRemote[[#This Row],[SalesOrderLineUnitOfMeasure]]=\"UN\",Tabla_Consulta_desde_QuickBooks_Data_64_Bit_QRemote[[#This Row],[SalesOrderLineUnitOfMeasure]]=Tabla_Consulta_desde_QuickBooks_Data_64_Bit_QRemote[[#This Row],[U/M]]),\"\",\"ERROR\"),\"\")","v":""},{"$f":"+WEEKNUM(Tabla_Consulta_desde_QuickBooks_Data_64_Bit_QRemote[[#This Row],[TxnDate]])","v":23},{"$f":"+Tabla_Consulta_desde_QuickBooks_Data_64_Bit_QRemote[[#This Row],[SalesOrderLineRate]]*Tabla_Consulta_desde_QuickBooks_Data_64_Bit_QRemote[[#This Row],[SalesOrderLineInvoiced]]","v":0},{"$f":"+IFERROR(IF(Tabla_Consulta_desde_QuickBooks_Data_64_Bit_QRemote[[#This Row],[CustomerRefFullName]]=\"GRUVALCORP SA\",VLOOKUP(Tabla_Consulta_desde_QuickBooks_Data_64_Bit_QRemote[[#This Row],[SalesOrderLineItemRefFullName]],Hoja1!A:E,5,FALSE),\"\")*-Tabla_Consulta_desde_QuickBooks_Data_64_Bit_QRemote[[#This Row],[SalesOrderLineAmount]],\"\")","v":""},{"$f":"IF(COUNTIF(wms!E:E,Tabla_Consulta_desde_QuickBooks_Data_64_Bit_QRemote[[#This Row],[RefNumber]])>0,\"OK\",\"FALTA\")","v":"FALTA"}]
["2025-06-03","29140","GERARDO ORTIZ E HIJOS CIA. LTDA.","OV132691 MANTA",2,"7862112523234","P.T:110730","CHIMICHURRI HAWAIANO OLE 230G","Bodega Producto Terminado",12,"X12",2.2599999999999998,27.12,"UNIDAD SALSA",0,233.34,268.33999999999997,"IVA EN VENTAS 15%",{"$f":"IFERROR(IF(Tabla_Consulta_desde_QuickBooks_Data_64_Bit_QRemote[[#This Row],[SalesOrderLineUnitOfMeasure]]=\"un\",Tabla_Consulta_desde_QuickBooks_Data_64_Bit_QRemote[[#This Row],[SalesOrderLineQuantity]],Tabla_Consulta_desde_QuickBooks_Data_64_Bit_QRemote[[#This Row],[SalesOrderLineQuantity]]/MID(Tabla_Consulta_desde_QuickBooks_Data_64_Bit_QRemote[[#This Row],[SalesOrderLineUnitOfMeasure]],2,2)),0)","v":1},{"$f":"IFERROR(IF(Tabla_Consulta_desde_QuickBooks_Data_64_Bit_QRemote[[#This Row],[SalesOrderLineUnitOfMeasure]]=\"un\",Tabla_Consulta_desde_QuickBooks_Data_64_Bit_QRemote[[#This Row],[SalesOrderLineInvoiced]],Tabla_Consulta_desde_QuickBooks_Data_64_Bit_QRemote[[#This Row],[SalesOrderLineInvoiced]]/MID(Tabla_Consulta_desde_QuickBooks_Data_64_Bit_QRemote[[#This Row],[SalesOrderLineUnitOfMeasure]],2,2)),0)","v":0},{"$f":"+Tabla_Consulta_desde_QuickBooks_Data_64_Bit_QRemote[[#This Row],[facturado]]-Tabla_Consulta_desde_QuickBooks_Data_64_Bit_QRemote[[#This Row],[pide]]","v":-1},{"$f":"IF(Tabla_Consulta_desde_QuickBooks_Data_64_Bit_QRemote[[#This Row],[diferecia]]=0,\"ok\",\"diferen\")","v":"diferen"},{"$f":"IFERROR(INDEX(um!A:C,MATCH(Tabla_Consulta_desde_QuickBooks_Data_64_Bit_QRemote[[#This Row],[SalesOrderLineItemRefFullName]],um!A:A,0),3),\"\")","v":"X12"},{"$f":"IFERROR(IF(OR(Tabla_Consulta_desde_QuickBooks_Data_64_Bit_QRemote[[#This Row],[SalesOrderLineUnitOfMeasure]]=\"UN\",Tabla_Consulta_desde_QuickBooks_Data_64_Bit_QRemote[[#This Row],[SalesOrderLineUnitOfMeasure]]=Tabla_Consulta_desde_QuickBooks_Data_64_Bit_QRemote[[#This Row],[U/M]]),\"\",\"ERROR\"),\"\")","v":""},{"$f":"+WEEKNUM(Tabla_Consulta_desde_QuickBooks_Data_64_Bit_QRemote[[#This Row],[TxnDate]])","v":23},{"$f":"+Tabla_Consulta_desde_QuickBooks_Data_64_Bit_QRemote[[#This Row],[SalesOrderLineRate]]*Tabla_Consulta_desde_QuickBooks_Data_64_Bit_QRemote[[#This Row],[SalesOrderLineInvoiced]]","v":0},{"$f":"+IFERROR(IF(Tabla_Consulta_desde_QuickBooks_Data_64_Bit_QRemote[[#This Row],[CustomerRefFullName]]=\"GRUVALCORP SA\",VLOOKUP(Tabla_Consulta_desde_QuickBooks_Data_64_Bit_QRemote[[#This Row],[SalesOrderLineItemRefFullName]],Hoja1!A:E,5,FALSE),\"\")*-Tabla_Consulta_desde_QuickBooks_Data_64_Bit_QRemote[[#This Row],[SalesOrderLineAmount]],\"\")","v":""},{"$f":"IF(COUNTIF(wms!E:E,Tabla_Consulta_desde_QuickBooks_Data_64_Bit_QRemote[[#This Row],[RefNumber]])>0,\"OK\",\"FALTA\")","v":"FALTA"}]
["2025-06-03","29140","GERARDO ORTIZ E HIJOS CIA. LTDA.","OV132691 MANTA",3,"7862112520301","P.T:110700","CHIMICHURRI OLE 230G","Bodega Producto Terminado",12,"X12",2.33,27.96,"UNIDAD SALSA",0,233.34,268.33999999999997,"IVA EN VENTAS 15%",{"$f":"IFERROR(IF(Tabla_Consulta_desde_QuickBooks_Data_64_Bit_QRemote[[#This Row],[SalesOrderLineUnitOfMeasure]]=\"un\",Tabla_Consulta_desde_QuickBooks_Data_64_Bit_QRemote[[#This Row],[SalesOrderLineQuantity]],Tabla_Consulta_desde_QuickBooks_Data_64_Bit_QRemote[[#This Row],[SalesOrderLineQuantity]]/MID(Tabla_Consulta_desde_QuickBooks_Data_64_Bit_QRemote[[#This Row],[SalesOrderLineUnitOfMeasure]],2,2)),0)","v":1},{"$f":"IFERROR(IF(Tabla_Consulta_desde_QuickBooks_Data_64_Bit_QRemote[[#This Row],[SalesOrderLineUnitOfMeasure]]=\"un\",Tabla_Consulta_desde_QuickBooks_Data_64_Bit_QRemote[[#This Row],[SalesOrderLineInvoiced]],Tabla_Consulta_desde_QuickBooks_Data_64_Bit_QRemote[[#This Row],[SalesOrderLineInvoiced]]/MID(Tabla_Consulta_desde_QuickBooks_Data_64_Bit_QRemote[[#This Row],[SalesOrderLineUnitOfMeasure]],2,2)),0)","v":0},{"$f":"+Tabla_Consulta_desde_QuickBooks_Data_64_Bit_QRemote[[#This Row],[facturado]]-Tabla_Consulta_desde_QuickBooks_Data_64_Bit_QRemote[[#This Row],[pide]]","v":-1},{"$f":"IF(Tabla_Consulta_desde_QuickBooks_Data_64_Bit_QRemote[[#This Row],[diferecia]]=0,\"ok\",\"diferen\")","v":"diferen"},{"$f":"IFERROR(INDEX(um!A:C,MATCH(Tabla_Consulta_desde_QuickBooks_Data_64_Bit_QRemote[[#This Row],[SalesOrderLineItemRefFullName]],um!A:A,0),3),\"\")","v":"X12"},{"$f":"IFERROR(IF(OR(Tabla_Consulta_desde_QuickBooks_Data_64_Bit_QRemote[[#This Row],[SalesOrderLineUnitOfMeasure]]=\"UN\",Tabla_Consulta_desde_QuickBooks_Data_64_Bit_QRemote[[#This Row],[SalesOrderLineUnitOfMeasure]]=Tabla_Consulta_desde_QuickBooks_Data_64_Bit_QRemote[[#This Row],[U/M]]),\"\",\"ERROR\"),\"\")","v":""},{"$f":"+WEEKNUM(Tabla_Consulta_desde_QuickBooks_Data_64_Bit_QRemote[[#This Row],[TxnDate]])","v":23},{"$f":"+Tabla_Consulta_desde_QuickBooks_Data_64_Bit_QRemote[[#This Row],[SalesOrderLineRate]]*Tabla_Consulta_desde_QuickBooks_Data_64_Bit_QRemote[[#This Row],[SalesOrderLineInvoiced]]","v":0},{"$f":"+IFERROR(IF(Tabla_Consulta_desde_QuickBooks_Data_64_Bit_QRemote[[#This Row],[CustomerRefFullName]]=\"GRUVALCORP SA\",VLOOKUP(Tabla_Consulta_desde_QuickBooks_Data_64_Bit_QRemote[[#This Row],[SalesOrderLineItemRefFullName]],Hoja1!A:E,5,FALSE),\"\")*-Tabla_Consulta_desde_QuickBooks_Data_64_Bit_QRemote[[#This Row],[SalesOrderLineAmount]],\"\")","v":""},{"$f":"IF(COUNTIF(wms!E:E,Tabla_Consulta_desde_QuickBooks_Data_64_Bit_QRemote[[#This Row],[RefNumber]])>0,\"OK\",\"FALTA\")","v":"FALTA"}]
["2025-06-03","29140","GERARDO ORTIZ E HIJOS CIA. LTDA.","OV132691 MANTA",4,"7862112523036","P.T:110746","SALSA PICANTE JALAPEÑO OLE 100G","Bodega Producto Terminado",12,"X12",0.6,7.2,"UNIDAD SALSA",0,233.34,268.33999999999997,"IVA EN VENTAS 15%",{"$f":"IFERROR(IF(Tabla_Consulta_desde_QuickBooks_Data_64_Bit_QRemote[[#This Row],[SalesOrderLineUnitOfMeasure]]=\"un\",Tabla_Consulta_desde_QuickBooks_Data_64_Bit_QRemote[[#This Row],[SalesOrderLineQuantity]],Tabla_Consulta_desde_QuickBooks_Data_64_Bit_QRemote[[#This Row],[SalesOrderLineQuantity]]/MID(Tabla_Consulta_desde_QuickBooks_Data_64_Bit_QRemote[[#This Row],[SalesOrderLineUnitOfMeasure]],2,2)),0)","v":1},{"$f":"IFERROR(IF(Tabla_Consulta_desde_QuickBooks_Data_64_Bit_QRemote[[#This Row],[SalesOrderLineUnitOfMeasure]]=\"un\",Tabla_Consulta_desde_QuickBooks_Data_64_Bit_QRemote[[#This Row],[SalesOrderLineInvoiced]],Tabla_Consulta_desde_QuickBooks_Data_64_Bit_QRemote[[#This Row],[SalesOrderLineInvoiced]]/MID(Tabla_Consulta_desde_QuickBooks_Data_64_Bit_QRemote[[#This Row],[SalesOrderLineUnitOfMeasure]],2,2)),0)","v":0},{"$f":"+Tabla_Consulta_desde_QuickBooks_Data_64_Bit_QRemote[[#This Row],[facturado]]-Tabla_Consulta_desde_QuickBooks_Data_64_Bit_QRemote[[#This Row],[pide]]","v":-1},{"$f":"IF(Tabla_Consulta_desde_QuickBooks_Data_64_Bit_QRemote[[#This Row],[diferecia]]=0,\"ok\",\"diferen\")","v":"diferen"},{"$f":"IFERROR(INDEX(um!A:C,MATCH(Tabla_Consulta_desde_QuickBooks_Data_64_Bit_QRemote[[#This Row],[SalesOrderLineItemRefFullName]],um!A:A,0),3),\"\")","v":"X12"},{"$f":"IFERROR(IF(OR(Tabla_Consulta_desde_QuickBooks_Data_64_Bit_QRemote[[#This Row],[SalesOrderLineUnitOfMeasure]]=\"UN\",Tabla_Consulta_desde_QuickBooks_Data_64_Bit_QRemote[[#This Row],[SalesOrderLineUnitOfMeasure]]=Tabla_Consulta_desde_QuickBooks_Data_64_Bit_QRemote[[#This Row],[U/M]]),\"\",\"ERROR\"),\"\")","v":""},{"$f":"+WEEKNUM(Tabla_Consulta_desde_QuickBooks_Data_64_Bit_QRemote[[#This Row],[TxnDate]])","v":23},{"$f":"+Tabla_Consulta_desde_QuickBooks_Data_64_Bit_QRemote[[#This Row],[SalesOrderLineRate]]*Tabla_Consulta_desde_QuickBooks_Data_64_Bit_QRemote[[#This Row],[SalesOrderLineInvoiced]]","v":0},{"$f":"+IFERROR(IF(Tabla_Consulta_desde_QuickBooks_Data_64_Bit_QRemote[[#This Row],[CustomerRefFullName]]=\"GRUVALCORP SA\",VLOOKUP(Tabla_Consulta_desde_QuickBooks_Data_64_Bit_QRemote[[#This Row],[SalesOrderLineItemRefFullName]],Hoja1!A:E,5,FALSE),\"\")*-Tabla_Consulta_desde_QuickBooks_Data_64_Bit_QRemote[[#This Row],[SalesOrderLineAmount]],\"\")","v":""},{"$f":"IF(COUNTIF(wms!E:E,Tabla_Consulta_desde_QuickBooks_Data_64_Bit_QRemote[[#This Row],[RefNumber]])>0,\"OK\",\"FALTA\")","v":"FALTA"}]
["2025-06-03","29140","GERARDO ORTIZ E HIJOS CIA. LTDA.","OV132691 MANTA",5,"7862112523043","P.T:110745","SALSA PICANTE HABANERO OLE 100G","Bodega Producto Terminado",12,"X12",0.6,7.2,"UNIDAD SALSA",0,233.34,268.33999999999997,"IVA EN VENTAS 15%",{"$f":"IFERROR(IF(Tabla_Consulta_desde_QuickBooks_Data_64_Bit_QRemote[[#This Row],[SalesOrderLineUnitOfMeasure]]=\"un\",Tabla_Consulta_desde_QuickBooks_Data_64_Bit_QRemote[[#This Row],[SalesOrderLineQuantity]],Tabla_Consulta_desde_QuickBooks_Data_64_Bit_QRemote[[#This Row],[SalesOrderLineQuantity]]/MID(Tabla_Consulta_desde_QuickBooks_Data_64_Bit_QRemote[[#This Row],[SalesOrderLineUnitOfMeasure]],2,2)),0)","v":1},{"$f":"IFERROR(IF(Tabla_Consulta_desde_QuickBooks_Data_64_Bit_QRemote[[#This Row],[SalesOrderLineUnitOfMeasure]]=\"un\",Tabla_Consulta_desde_QuickBooks_Data_64_Bit_QRemote[[#This Row],[SalesOrderLineInvoiced]],Tabla_Consulta_desde_QuickBooks_Data_64_Bit_QRemote[[#This Row],[SalesOrderLineInvoiced]]/MID(Tabla_Consulta_desde_QuickBooks_Data_64_Bit_QRemote[[#This Row],[SalesOrderLineUnitOfMeasure]],2,2)),0)","v":0},{"$f":"+Tabla_Consulta_desde_QuickBooks_Data_64_Bit_QRemote[[#This Row],[facturado]]-Tabla_Consulta_desde_QuickBooks_Data_64_Bit_QRemote[[#This Row],[pide]]","v":-1},{"$f":"IF(Tabla_Consulta_desde_QuickBooks_Data_64_Bit_QRemote[[#This Row],[diferecia]]=0,\"ok\",\"diferen\")","v":"diferen"},{"$f":"IFERROR(INDEX(um!A:C,MATCH(Tabla_Consulta_desde_QuickBooks_Data_64_Bit_QRemote[[#This Row],[SalesOrderLineItemRefFullName]],um!A:A,0),3),\"\")","v":"X12"},{"$f":"IFERROR(IF(OR(Tabla_Consulta_desde_QuickBooks_Data_64_Bit_QRemote[[#This Row],[SalesOrderLineUnitOfMeasure]]=\"UN\",Tabla_Consulta_desde_QuickBooks_Data_64_Bit_QRemote[[#This Row],[SalesOrderLineUnitOfMeasure]]=Tabla_Consulta_desde_QuickBooks_Data_64_Bit_QRemote[[#This Row],[U/M]]),\"\",\"ERROR\"),\"\")","v":""},{"$f":"+WEEKNUM(Tabla_Consulta_desde_QuickBooks_Data_64_Bit_QRemote[[#This Row],[TxnDate]])","v":23},{"$f":"+Tabla_Consulta_desde_QuickBooks_Data_64_Bit_QRemote[[#This Row],[SalesOrderLineRate]]*Tabla_Consulta_desde_QuickBooks_Data_64_Bit_QRemote[[#This Row],[SalesOrderLineInvoiced]]","v":0},{"$f":"+IFERROR(IF(Tabla_Consulta_desde_QuickBooks_Data_64_Bit_QRemote[[#This Row],[CustomerRefFullName]]=\"GRUVALCORP SA\",VLOOKUP(Tabla_Consulta_desde_QuickBooks_Data_64_Bit_QRemote[[#This Row],[SalesOrderLineItemRefFullName]],Hoja1!A:E,5,FALSE),\"\")*-Tabla_Consulta_desde_QuickBooks_Data_64_Bit_QRemote[[#This Row],[SalesOrderLineAmount]],\"\")","v":""},{"$f":"IF(COUNTIF(wms!E:E,Tabla_Consulta_desde_QuickBooks_Data_64_Bit_QRemote[[#This Row],[RefNumber]])>0,\"OK\",\"FALTA\")","v":"FALTA"}]
["2025-06-03","29140","GERARDO ORTIZ E HIJOS CIA. LTDA.","OV132691 MANTA",6,"7862112523104","P.T:110804","SALSA CHAMOY OLE 275G","Bodega Producto Terminado",12,"X12",1.76,21.12,"UNIDAD SALSA",0,233.34,268.33999999999997,"IVA EN VENTAS 15%",{"$f":"IFERROR(IF(Tabla_Consulta_desde_QuickBooks_Data_64_Bit_QRemote[[#This Row],[SalesOrderLineUnitOfMeasure]]=\"un\",Tabla_Consulta_desde_QuickBooks_Data_64_Bit_QRemote[[#This Row],[SalesOrderLineQuantity]],Tabla_Consulta_desde_QuickBooks_Data_64_Bit_QRemote[[#This Row],[SalesOrderLineQuantity]]/MID(Tabla_Consulta_desde_QuickBooks_Data_64_Bit_QRemote[[#This Row],[SalesOrderLineUnitOfMeasure]],2,2)),0)","v":1},{"$f":"IFERROR(IF(Tabla_Consulta_desde_QuickBooks_Data_64_Bit_QRemote[[#This Row],[SalesOrderLineUnitOfMeasure]]=\"un\",Tabla_Consulta_desde_QuickBooks_Data_64_Bit_QRemote[[#This Row],[SalesOrderLineInvoiced]],Tabla_Consulta_desde_QuickBooks_Data_64_Bit_QRemote[[#This Row],[SalesOrderLineInvoiced]]/MID(Tabla_Consulta_desde_QuickBooks_Data_64_Bit_QRemote[[#This Row],[SalesOrderLineUnitOfMeasure]],2,2)),0)","v":0},{"$f":"+Tabla_Consulta_desde_QuickBooks_Data_64_Bit_QRemote[[#This Row],[facturado]]-Tabla_Consulta_desde_QuickBooks_Data_64_Bit_QRemote[[#This Row],[pide]]","v":-1},{"$f":"IF(Tabla_Consulta_desde_QuickBooks_Data_64_Bit_QRemote[[#This Row],[diferecia]]=0,\"ok\",\"diferen\")","v":"diferen"},{"$f":"IFERROR(INDEX(um!A:C,MATCH(Tabla_Consulta_desde_QuickBooks_Data_64_Bit_QRemote[[#This Row],[SalesOrderLineItemRefFullName]],um!A:A,0),3),\"\")","v":"X12"},{"$f":"IFERROR(IF(OR(Tabla_Consulta_desde_QuickBooks_Data_64_Bit_QRemote[[#This Row],[SalesOrderLineUnitOfMeasure]]=\"UN\",Tabla_Consulta_desde_QuickBooks_Data_64_Bit_QRemote[[#This Row],[SalesOrderLineUnitOfMeasure]]=Tabla_Consulta_desde_QuickBooks_Data_64_Bit_QRemote[[#This Row],[U/M]]),\"\",\"ERROR\"),\"\")","v":""},{"$f":"+WEEKNUM(Tabla_Consulta_desde_QuickBooks_Data_64_Bit_QRemote[[#This Row],[TxnDate]])","v":23},{"$f":"+Tabla_Consulta_desde_QuickBooks_Data_64_Bit_QRemote[[#This Row],[SalesOrderLineRate]]*Tabla_Consulta_desde_QuickBooks_Data_64_Bit_QRemote[[#This Row],[SalesOrderLineInvoiced]]","v":0},{"$f":"+IFERROR(IF(Tabla_Consulta_desde_QuickBooks_Data_64_Bit_QRemote[[#This Row],[CustomerRefFullName]]=\"GRUVALCORP SA\",VLOOKUP(Tabla_Consulta_desde_QuickBooks_Data_64_Bit_QRemote[[#This Row],[SalesOrderLineItemRefFullName]],Hoja1!A:E,5,FALSE),\"\")*-Tabla_Consulta_desde_QuickBooks_Data_64_Bit_QRemote[[#This Row],[SalesOrderLineAmount]],\"\")","v":""},{"$f":"IF(COUNTIF(wms!E:E,Tabla_Consulta_desde_QuickBooks_Data_64_Bit_QRemote[[#This Row],[RefNumber]])>0,\"OK\",\"FALTA\")","v":"FALTA"}]
["2025-06-03","29140","GERARDO ORTIZ E HIJOS CIA. LTDA.","OV132691 MANTA",7,"705424000116","P.T:110207","AJÍ CON MARACUYA OLE 185G","Bodega Producto Terminado",48,"X24",1.42,68.16,"UNIDAD SALSA",0,233.34,268.33999999999997,"IVA EN VENTAS 15%",{"$f":"IFERROR(IF(Tabla_Consulta_desde_QuickBooks_Data_64_Bit_QRemote[[#This Row],[SalesOrderLineUnitOfMeasure]]=\"un\",Tabla_Consulta_desde_QuickBooks_Data_64_Bit_QRemote[[#This Row],[SalesOrderLineQuantity]],Tabla_Consulta_desde_QuickBooks_Data_64_Bit_QRemote[[#This Row],[SalesOrderLineQuantity]]/MID(Tabla_Consulta_desde_QuickBooks_Data_64_Bit_QRemote[[#This Row],[SalesOrderLineUnitOfMeasure]],2,2)),0)","v":2},{"$f":"IFERROR(IF(Tabla_Consulta_desde_QuickBooks_Data_64_Bit_QRemote[[#This Row],[SalesOrderLineUnitOfMeasure]]=\"un\",Tabla_Consulta_desde_QuickBooks_Data_64_Bit_QRemote[[#This Row],[SalesOrderLineInvoiced]],Tabla_Consulta_desde_QuickBooks_Data_64_Bit_QRemote[[#This Row],[SalesOrderLineInvoiced]]/MID(Tabla_Consulta_desde_QuickBooks_Data_64_Bit_QRemote[[#This Row],[SalesOrderLineUnitOfMeasure]],2,2)),0)","v":0},{"$f":"+Tabla_Consulta_desde_QuickBooks_Data_64_Bit_QRemote[[#This Row],[facturado]]-Tabla_Consulta_desde_QuickBooks_Data_64_Bit_QRemote[[#This Row],[pide]]","v":-2},{"$f":"IF(Tabla_Consulta_desde_QuickBooks_Data_64_Bit_QRemote[[#This Row],[diferecia]]=0,\"ok\",\"diferen\")","v":"diferen"},{"$f":"IFERROR(INDEX(um!A:C,MATCH(Tabla_Consulta_desde_QuickBooks_Data_64_Bit_QRemote[[#This Row],[SalesOrderLineItemRefFullName]],um!A:A,0),3),\"\")","v":"X24"},{"$f":"IFERROR(IF(OR(Tabla_Consulta_desde_QuickBooks_Data_64_Bit_QRemote[[#This Row],[SalesOrderLineUnitOfMeasure]]=\"UN\",Tabla_Consulta_desde_QuickBooks_Data_64_Bit_QRemote[[#This Row],[SalesOrderLineUnitOfMeasure]]=Tabla_Consulta_desde_QuickBooks_Data_64_Bit_QRemote[[#This Row],[U/M]]),\"\",\"ERROR\"),\"\")","v":""},{"$f":"+WEEKNUM(Tabla_Consulta_desde_QuickBooks_Data_64_Bit_QRemote[[#This Row],[TxnDate]])","v":23},{"$f":"+Tabla_Consulta_desde_QuickBooks_Data_64_Bit_QRemote[[#This Row],[SalesOrderLineRate]]*Tabla_Consulta_desde_QuickBooks_Data_64_Bit_QRemote[[#This Row],[SalesOrderLineInvoiced]]","v":0},{"$f":"+IFERROR(IF(Tabla_Consulta_desde_QuickBooks_Data_64_Bit_QRemote[[#This Row],[CustomerRefFullName]]=\"GRUVALCORP SA\",VLOOKUP(Tabla_Consulta_desde_QuickBooks_Data_64_Bit_QRemote[[#This Row],[SalesOrderLineItemRefFullName]],Hoja1!A:E,5,FALSE),\"\")*-Tabla_Consulta_desde_QuickBooks_Data_64_Bit_QRemote[[#This Row],[SalesOrderLineAmount]],\"\")","v":""},{"$f":"IF(COUNTIF(wms!E:E,Tabla_Consulta_desde_QuickBooks_Data_64_Bit_QRemote[[#This Row],[RefNumber]])>0,\"OK\",\"FALTA\")","v":"FALTA"}]
["2025-06-03","29140","GERARDO ORTIZ E HIJOS CIA. LTDA.","OV132691 MANTA",8,"7862112522855","PT:220138","TOTOPOS AJI MARACUYA OLE 120G","Bodega Producto Terminado",12,"X12",0.93,11.16,"UNIDAD SNCKS",0,233.34,268.33999999999997,"IVA EN VENTAS 15%",{"$f":"IFERROR(IF(Tabla_Consulta_desde_QuickBooks_Data_64_Bit_QRemote[[#This Row],[SalesOrderLineUnitOfMeasure]]=\"un\",Tabla_Consulta_desde_QuickBooks_Data_64_Bit_QRemote[[#This Row],[SalesOrderLineQuantity]],Tabla_Consulta_desde_QuickBooks_Data_64_Bit_QRemote[[#This Row],[SalesOrderLineQuantity]]/MID(Tabla_Consulta_desde_QuickBooks_Data_64_Bit_QRemote[[#This Row],[SalesOrderLineUnitOfMeasure]],2,2)),0)","v":1},{"$f":"IFERROR(IF(Tabla_Consulta_desde_QuickBooks_Data_64_Bit_QRemote[[#This Row],[SalesOrderLineUnitOfMeasure]]=\"un\",Tabla_Consulta_desde_QuickBooks_Data_64_Bit_QRemote[[#This Row],[SalesOrderLineInvoiced]],Tabla_Consulta_desde_QuickBooks_Data_64_Bit_QRemote[[#This Row],[SalesOrderLineInvoiced]]/MID(Tabla_Consulta_desde_QuickBooks_Data_64_Bit_QRemote[[#This Row],[SalesOrderLineUnitOfMeasure]],2,2)),0)","v":0},{"$f":"+Tabla_Consulta_desde_QuickBooks_Data_64_Bit_QRemote[[#This Row],[facturado]]-Tabla_Consulta_desde_QuickBooks_Data_64_Bit_QRemote[[#This Row],[pide]]","v":-1},{"$f":"IF(Tabla_Consulta_desde_QuickBooks_Data_64_Bit_QRemote[[#This Row],[diferecia]]=0,\"ok\",\"diferen\")","v":"diferen"},{"$f":"IFERROR(INDEX(um!A:C,MATCH(Tabla_Consulta_desde_QuickBooks_Data_64_Bit_QRemote[[#This Row],[SalesOrderLineItemRefFullName]],um!A:A,0),3),\"\")","v":"X12"},{"$f":"IFERROR(IF(OR(Tabla_Consulta_desde_QuickBooks_Data_64_Bit_QRemote[[#This Row],[SalesOrderLineUnitOfMeasure]]=\"UN\",Tabla_Consulta_desde_QuickBooks_Data_64_Bit_QRemote[[#This Row],[SalesOrderLineUnitOfMeasure]]=Tabla_Consulta_desde_QuickBooks_Data_64_Bit_QRemote[[#This Row],[U/M]]),\"\",\"ERROR\"),\"\")","v":""},{"$f":"+WEEKNUM(Tabla_Consulta_desde_QuickBooks_Data_64_Bit_QRemote[[#This Row],[TxnDate]])","v":23},{"$f":"+Tabla_Consulta_desde_QuickBooks_Data_64_Bit_QRemote[[#This Row],[SalesOrderLineRate]]*Tabla_Consulta_desde_QuickBooks_Data_64_Bit_QRemote[[#This Row],[SalesOrderLineInvoiced]]","v":0},{"$f":"+IFERROR(IF(Tabla_Consulta_desde_QuickBooks_Data_64_Bit_QRemote[[#This Row],[CustomerRefFullName]]=\"GRUVALCORP SA\",VLOOKUP(Tabla_Consulta_desde_QuickBooks_Data_64_Bit_QRemote[[#This Row],[SalesOrderLineItemRefFullName]],Hoja1!A:E,5,FALSE),\"\")*-Tabla_Consulta_desde_QuickBooks_Data_64_Bit_QRemote[[#This Row],[SalesOrderLineAmount]],\"\")","v":""},{"$f":"IF(COUNTIF(wms!E:E,Tabla_Consulta_desde_QuickBooks_Data_64_Bit_QRemote[[#This Row],[RefNumber]])>0,\"OK\",\"FALTA\")","v":"FALTA"}]
["2025-06-03","29140","GERARDO ORTIZ E HIJOS CIA. LTDA.","OV132691 MANTA",9,"7862112522848","PT:221004","ARITOS DE PAPA SABOR CEBOLLA CHILE Y LIMÓN OLE 100G","Bodega Producto Terminado",10,"X10",1.17,11.7,"UNIDAD SNCKS",0,233.34,268.33999999999997,"IVA EN VENTAS 15%",{"$f":"IFERROR(IF(Tabla_Consulta_desde_QuickBooks_Data_64_Bit_QRemote[[#This Row],[SalesOrderLineUnitOfMeasure]]=\"un\",Tabla_Consulta_desde_QuickBooks_Data_64_Bit_QRemote[[#This Row],[SalesOrderLineQuantity]],Tabla_Consulta_desde_QuickBooks_Data_64_Bit_QRemote[[#This Row],[SalesOrderLineQuantity]]/MID(Tabla_Consulta_desde_QuickBooks_Data_64_Bit_QRemote[[#This Row],[SalesOrderLineUnitOfMeasure]],2,2)),0)","v":1},{"$f":"IFERROR(IF(Tabla_Consulta_desde_QuickBooks_Data_64_Bit_QRemote[[#This Row],[SalesOrderLineUnitOfMeasure]]=\"un\",Tabla_Consulta_desde_QuickBooks_Data_64_Bit_QRemote[[#This Row],[SalesOrderLineInvoiced]],Tabla_Consulta_desde_QuickBooks_Data_64_Bit_QRemote[[#This Row],[SalesOrderLineInvoiced]]/MID(Tabla_Consulta_desde_QuickBooks_Data_64_Bit_QRemote[[#This Row],[SalesOrderLineUnitOfMeasure]],2,2)),0)","v":0},{"$f":"+Tabla_Consulta_desde_QuickBooks_Data_64_Bit_QRemote[[#This Row],[facturado]]-Tabla_Consulta_desde_QuickBooks_Data_64_Bit_QRemote[[#This Row],[pide]]","v":-1},{"$f":"IF(Tabla_Consulta_desde_QuickBooks_Data_64_Bit_QRemote[[#This Row],[diferecia]]=0,\"ok\",\"diferen\")","v":"diferen"},{"$f":"IFERROR(INDEX(um!A:C,MATCH(Tabla_Consulta_desde_QuickBooks_Data_64_Bit_QRemote[[#This Row],[SalesOrderLineItemRefFullName]],um!A:A,0),3),\"\")","v":"X10"},{"$f":"IFERROR(IF(OR(Tabla_Consulta_desde_QuickBooks_Data_64_Bit_QRemote[[#This Row],[SalesOrderLineUnitOfMeasure]]=\"UN\",Tabla_Consulta_desde_QuickBooks_Data_64_Bit_QRemote[[#This Row],[SalesOrderLineUnitOfMeasure]]=Tabla_Consulta_desde_QuickBooks_Data_64_Bit_QRemote[[#This Row],[U/M]]),\"\",\"ERROR\"),\"\")","v":""},{"$f":"+WEEKNUM(Tabla_Consulta_desde_QuickBooks_Data_64_Bit_QRemote[[#This Row],[TxnDate]])","v":23},{"$f":"+Tabla_Consulta_desde_QuickBooks_Data_64_Bit_QRemote[[#This Row],[SalesOrderLineRate]]*Tabla_Consulta_desde_QuickBooks_Data_64_Bit_QRemote[[#This Row],[SalesOrderLineInvoiced]]","v":0},{"$f":"+IFERROR(IF(Tabla_Consulta_desde_QuickBooks_Data_64_Bit_QRemote[[#This Row],[CustomerRefFullName]]=\"GRUVALCORP SA\",VLOOKUP(Tabla_Consulta_desde_QuickBooks_Data_64_Bit_QRemote[[#This Row],[SalesOrderLineItemRefFullName]],Hoja1!A:E,5,FALSE),\"\")*-Tabla_Consulta_desde_QuickBooks_Data_64_Bit_QRemote[[#This Row],[SalesOrderLineAmount]],\"\")","v":""},{"$f":"IF(COUNTIF(wms!E:E,Tabla_Consulta_desde_QuickBooks_Data_64_Bit_QRemote[[#This Row],[RefNumber]])>0,\"OK\",\"FALTA\")","v":"FALTA"}]
["2025-06-03","29140","GERARDO ORTIZ E HIJOS CIA. LTDA.","OV132691 MANTA",10,"7862112522473","PT:220134","TOTOPOS MICHELADA OLE 120G","Bodega Producto Terminado",12,"X12",0.93,11.16,"UNIDAD SNCKS",0,233.34,268.33999999999997,"IVA EN VENTAS 15%",{"$f":"IFERROR(IF(Tabla_Consulta_desde_QuickBooks_Data_64_Bit_QRemote[[#This Row],[SalesOrderLineUnitOfMeasure]]=\"un\",Tabla_Consulta_desde_QuickBooks_Data_64_Bit_QRemote[[#This Row],[SalesOrderLineQuantity]],Tabla_Consulta_desde_QuickBooks_Data_64_Bit_QRemote[[#This Row],[SalesOrderLineQuantity]]/MID(Tabla_Consulta_desde_QuickBooks_Data_64_Bit_QRemote[[#This Row],[SalesOrderLineUnitOfMeasure]],2,2)),0)","v":1},{"$f":"IFERROR(IF(Tabla_Consulta_desde_QuickBooks_Data_64_Bit_QRemote[[#This Row],[SalesOrderLineUnitOfMeasure]]=\"un\",Tabla_Consulta_desde_QuickBooks_Data_64_Bit_QRemote[[#This Row],[SalesOrderLineInvoiced]],Tabla_Consulta_desde_QuickBooks_Data_64_Bit_QRemote[[#This Row],[SalesOrderLineInvoiced]]/MID(Tabla_Consulta_desde_QuickBooks_Data_64_Bit_QRemote[[#This Row],[SalesOrderLineUnitOfMeasure]],2,2)),0)","v":0},{"$f":"+Tabla_Consulta_desde_QuickBooks_Data_64_Bit_QRemote[[#This Row],[facturado]]-Tabla_Consulta_desde_QuickBooks_Data_64_Bit_QRemote[[#This Row],[pide]]","v":-1},{"$f":"IF(Tabla_Consulta_desde_QuickBooks_Data_64_Bit_QRemote[[#This Row],[diferecia]]=0,\"ok\",\"diferen\")","v":"diferen"},{"$f":"IFERROR(INDEX(um!A:C,MATCH(Tabla_Consulta_desde_QuickBooks_Data_64_Bit_QRemote[[#This Row],[SalesOrderLineItemRefFullName]],um!A:A,0),3),\"\")","v":"X12"},{"$f":"IFERROR(IF(OR(Tabla_Consulta_desde_QuickBooks_Data_64_Bit_QRemote[[#This Row],[SalesOrderLineUnitOfMeasure]]=\"UN\",Tabla_Consulta_desde_QuickBooks_Data_64_Bit_QRemote[[#This Row],[SalesOrderLineUnitOfMeasure]]=Tabla_Consulta_desde_QuickBooks_Data_64_Bit_QRemote[[#This Row],[U/M]]),\"\",\"ERROR\"),\"\")","v":""},{"$f":"+WEEKNUM(Tabla_Consulta_desde_QuickBooks_Data_64_Bit_QRemote[[#This Row],[TxnDate]])","v":23},{"$f":"+Tabla_Consulta_desde_QuickBooks_Data_64_Bit_QRemote[[#This Row],[SalesOrderLineRate]]*Tabla_Consulta_desde_QuickBooks_Data_64_Bit_QRemote[[#This Row],[SalesOrderLineInvoiced]]","v":0},{"$f":"+IFERROR(IF(Tabla_Consulta_desde_QuickBooks_Data_64_Bit_QRemote[[#This Row],[CustomerRefFullName]]=\"GRUVALCORP SA\",VLOOKUP(Tabla_Consulta_desde_QuickBooks_Data_64_Bit_QRemote[[#This Row],[SalesOrderLineItemRefFullName]],Hoja1!A:E,5,FALSE),\"\")*-Tabla_Consulta_desde_QuickBooks_Data_64_Bit_QRemote[[#This Row],[SalesOrderLineAmount]],\"\")","v":""},{"$f":"IF(COUNTIF(wms!E:E,Tabla_Consulta_desde_QuickBooks_Data_64_Bit_QRemote[[#This Row],[RefNumber]])>0,\"OK\",\"FALTA\")","v":"FALTA"}]
["2025-06-03","29140","GERARDO ORTIZ E HIJOS CIA. LTDA.","OV132691 MANTA",11,null,"INFOADICIONAL","OV132691 MANTA",null,null,null,0,0,null,0,233.34,268.33999999999997,"IVA EN VENTAS 15%",{"$f":"IFERROR(IF(Tabla_Consulta_desde_QuickBooks_Data_64_Bit_QRemote[[#This Row],[SalesOrderLineUnitOfMeasure]]=\"un\",Tabla_Consulta_desde_QuickBooks_Data_64_Bit_QRemote[[#This Row],[SalesOrderLineQuantity]],Tabla_Consulta_desde_QuickBooks_Data_64_Bit_QRemote[[#This Row],[SalesOrderLineQuantity]]/MID(Tabla_Consulta_desde_QuickBooks_Data_64_Bit_QRemote[[#This Row],[SalesOrderLineUnitOfMeasure]],2,2)),0)","v":0},{"$f":"IFERROR(IF(Tabla_Consulta_desde_QuickBooks_Data_64_Bit_QRemote[[#This Row],[SalesOrderLineUnitOfMeasure]]=\"un\",Tabla_Consulta_desde_QuickBooks_Data_64_Bit_QRemote[[#This Row],[SalesOrderLineInvoiced]],Tabla_Consulta_desde_QuickBooks_Data_64_Bit_QRemote[[#This Row],[SalesOrderLineInvoiced]]/MID(Tabla_Consulta_desde_QuickBooks_Data_64_Bit_QRemote[[#This Row],[SalesOrderLineUnitOfMeasure]],2,2)),0)","v":0},{"$f":"+Tabla_Consulta_desde_QuickBooks_Data_64_Bit_QRemote[[#This Row],[facturado]]-Tabla_Consulta_desde_QuickBooks_Data_64_Bit_QRemote[[#This Row],[pide]]","v":0},{"$f":"IF(Tabla_Consulta_desde_QuickBooks_Data_64_Bit_QRemote[[#This Row],[diferecia]]=0,\"ok\",\"diferen\")","v":"ok"},{"$f":"IFERROR(INDEX(um!A:C,MATCH(Tabla_Consulta_desde_QuickBooks_Data_64_Bit_QRemote[[#This Row],[SalesOrderLineItemRefFullName]],um!A:A,0),3),\"\")","v":""},{"$f":"IFERROR(IF(OR(Tabla_Consulta_desde_QuickBooks_Data_64_Bit_QRemote[[#This Row],[SalesOrderLineUnitOfMeasure]]=\"UN\",Tabla_Consulta_desde_QuickBooks_Data_64_Bit_QRemote[[#This Row],[SalesOrderLineUnitOfMeasure]]=Tabla_Consulta_desde_QuickBooks_Data_64_Bit_QRemote[[#This Row],[U/M]]),\"\",\"ERROR\"),\"\")","v":""},{"$f":"+WEEKNUM(Tabla_Consulta_desde_QuickBooks_Data_64_Bit_QRemote[[#This Row],[TxnDate]])","v":23},{"$f":"+Tabla_Consulta_desde_QuickBooks_Data_64_Bit_QRemote[[#This Row],[SalesOrderLineRate]]*Tabla_Consulta_desde_QuickBooks_Data_64_Bit_QRemote[[#This Row],[SalesOrderLineInvoiced]]","v":0},{"$f":"+IFERROR(IF(Tabla_Consulta_desde_QuickBooks_Data_64_Bit_QRemote[[#This Row],[CustomerRefFullName]]=\"GRUVALCORP SA\",VLOOKUP(Tabla_Consulta_desde_QuickBooks_Data_64_Bit_QRemote[[#This Row],[SalesOrderLineItemRefFullName]],Hoja1!A:E,5,FALSE),\"\")*-Tabla_Consulta_desde_QuickBooks_Data_64_Bit_QRemote[[#This Row],[SalesOrderLineAmount]],\"\")","v":""},{"$f":"IF(COUNTIF(wms!E:E,Tabla_Consulta_desde_QuickBooks_Data_64_Bit_QRemote[[#This Row],[RefNumber]])>0,\"OK\",\"FALTA\")","v":"FALTA"}]
["2025-06-03","29141","GERARDO ORTIZ E HIJOS CIA. LTDA.","CG276389 CARLOS JULIO",1,"7862112523296","P.T:110622","PEPINILLOS CON JALAPEÑO OLE 225G","Bodega Producto Terminado",24,"X24",1.69,40.56,"UNIDAD SALSA",0,254.88,293.11,"IVA EN VENTAS 15%",{"$f":"IFERROR(IF(Tabla_Consulta_desde_QuickBooks_Data_64_Bit_QRemote[[#This Row],[SalesOrderLineUnitOfMeasure]]=\"un\",Tabla_Consulta_desde_QuickBooks_Data_64_Bit_QRemote[[#This Row],[SalesOrderLineQuantity]],Tabla_Consulta_desde_QuickBooks_Data_64_Bit_QRemote[[#This Row],[SalesOrderLineQuantity]]/MID(Tabla_Consulta_desde_QuickBooks_Data_64_Bit_QRemote[[#This Row],[SalesOrderLineUnitOfMeasure]],2,2)),0)","v":1},{"$f":"IFERROR(IF(Tabla_Consulta_desde_QuickBooks_Data_64_Bit_QRemote[[#This Row],[SalesOrderLineUnitOfMeasure]]=\"un\",Tabla_Consulta_desde_QuickBooks_Data_64_Bit_QRemote[[#This Row],[SalesOrderLineInvoiced]],Tabla_Consulta_desde_QuickBooks_Data_64_Bit_QRemote[[#This Row],[SalesOrderLineInvoiced]]/MID(Tabla_Consulta_desde_QuickBooks_Data_64_Bit_QRemote[[#This Row],[SalesOrderLineUnitOfMeasure]],2,2)),0)","v":0},{"$f":"+Tabla_Consulta_desde_QuickBooks_Data_64_Bit_QRemote[[#This Row],[facturado]]-Tabla_Consulta_desde_QuickBooks_Data_64_Bit_QRemote[[#This Row],[pide]]","v":-1},{"$f":"IF(Tabla_Consulta_desde_QuickBooks_Data_64_Bit_QRemote[[#This Row],[diferecia]]=0,\"ok\",\"diferen\")","v":"diferen"},{"$f":"IFERROR(INDEX(um!A:C,MATCH(Tabla_Consulta_desde_QuickBooks_Data_64_Bit_QRemote[[#This Row],[SalesOrderLineItemRefFullName]],um!A:A,0),3),\"\")","v":"X24"},{"$f":"IFERROR(IF(OR(Tabla_Consulta_desde_QuickBooks_Data_64_Bit_QRemote[[#This Row],[SalesOrderLineUnitOfMeasure]]=\"UN\",Tabla_Consulta_desde_QuickBooks_Data_64_Bit_QRemote[[#This Row],[SalesOrderLineUnitOfMeasure]]=Tabla_Consulta_desde_QuickBooks_Data_64_Bit_QRemote[[#This Row],[U/M]]),\"\",\"ERROR\"),\"\")","v":""},{"$f":"+WEEKNUM(Tabla_Consulta_desde_QuickBooks_Data_64_Bit_QRemote[[#This Row],[TxnDate]])","v":23},{"$f":"+Tabla_Consulta_desde_QuickBooks_Data_64_Bit_QRemote[[#This Row],[SalesOrderLineRate]]*Tabla_Consulta_desde_QuickBooks_Data_64_Bit_QRemote[[#This Row],[SalesOrderLineInvoiced]]","v":0},{"$f":"+IFERROR(IF(Tabla_Consulta_desde_QuickBooks_Data_64_Bit_QRemote[[#This Row],[CustomerRefFullName]]=\"GRUVALCORP SA\",VLOOKUP(Tabla_Consulta_desde_QuickBooks_Data_64_Bit_QRemote[[#This Row],[SalesOrderLineItemRefFullName]],Hoja1!A:E,5,FALSE),\"\")*-Tabla_Consulta_desde_QuickBooks_Data_64_Bit_QRemote[[#This Row],[SalesOrderLineAmount]],\"\")","v":""},{"$f":"IF(COUNTIF(wms!E:E,Tabla_Consulta_desde_QuickBooks_Data_64_Bit_QRemote[[#This Row],[RefNumber]])>0,\"OK\",\"FALTA\")","v":"FALTA"}]
["2025-06-03","29141","GERARDO ORTIZ E HIJOS CIA. LTDA.","CG276389 CARLOS JULIO",2,"7862112520301","P.T:110700","CHIMICHURRI OLE 230G","Bodega Producto Terminado",12,"X12",2.33,27.96,"UNIDAD SALSA",0,254.88,293.11,"IVA EN VENTAS 15%",{"$f":"IFERROR(IF(Tabla_Consulta_desde_QuickBooks_Data_64_Bit_QRemote[[#This Row],[SalesOrderLineUnitOfMeasure]]=\"un\",Tabla_Consulta_desde_QuickBooks_Data_64_Bit_QRemote[[#This Row],[SalesOrderLineQuantity]],Tabla_Consulta_desde_QuickBooks_Data_64_Bit_QRemote[[#This Row],[SalesOrderLineQuantity]]/MID(Tabla_Consulta_desde_QuickBooks_Data_64_Bit_QRemote[[#This Row],[SalesOrderLineUnitOfMeasure]],2,2)),0)","v":1},{"$f":"IFERROR(IF(Tabla_Consulta_desde_QuickBooks_Data_64_Bit_QRemote[[#This Row],[SalesOrderLineUnitOfMeasure]]=\"un\",Tabla_Consulta_desde_QuickBooks_Data_64_Bit_QRemote[[#This Row],[SalesOrderLineInvoiced]],Tabla_Consulta_desde_QuickBooks_Data_64_Bit_QRemote[[#This Row],[SalesOrderLineInvoiced]]/MID(Tabla_Consulta_desde_QuickBooks_Data_64_Bit_QRemote[[#This Row],[SalesOrderLineUnitOfMeasure]],2,2)),0)","v":0},{"$f":"+Tabla_Consulta_desde_QuickBooks_Data_64_Bit_QRemote[[#This Row],[facturado]]-Tabla_Consulta_desde_QuickBooks_Data_64_Bit_QRemote[[#This Row],[pide]]","v":-1},{"$f":"IF(Tabla_Consulta_desde_QuickBooks_Data_64_Bit_QRemote[[#This Row],[diferecia]]=0,\"ok\",\"diferen\")","v":"diferen"},{"$f":"IFERROR(INDEX(um!A:C,MATCH(Tabla_Consulta_desde_QuickBooks_Data_64_Bit_QRemote[[#This Row],[SalesOrderLineItemRefFullName]],um!A:A,0),3),\"\")","v":"X12"},{"$f":"IFERROR(IF(OR(Tabla_Consulta_desde_QuickBooks_Data_64_Bit_QRemote[[#This Row],[SalesOrderLineUnitOfMeasure]]=\"UN\",Tabla_Consulta_desde_QuickBooks_Data_64_Bit_QRemote[[#This Row],[SalesOrderLineUnitOfMeasure]]=Tabla_Consulta_desde_QuickBooks_Data_64_Bit_QRemote[[#This Row],[U/M]]),\"\",\"ERROR\"),\"\")","v":""},{"$f":"+WEEKNUM(Tabla_Consulta_desde_QuickBooks_Data_64_Bit_QRemote[[#This Row],[TxnDate]])","v":23},{"$f":"+Tabla_Consulta_desde_QuickBooks_Data_64_Bit_QRemote[[#This Row],[SalesOrderLineRate]]*Tabla_Consulta_desde_QuickBooks_Data_64_Bit_QRemote[[#This Row],[SalesOrderLineInvoiced]]","v":0},{"$f":"+IFERROR(IF(Tabla_Consulta_desde_QuickBooks_Data_64_Bit_QRemote[[#This Row],[CustomerRefFullName]]=\"GRUVALCORP SA\",VLOOKUP(Tabla_Consulta_desde_QuickBooks_Data_64_Bit_QRemote[[#This Row],[SalesOrderLineItemRefFullName]],Hoja1!A:E,5,FALSE),\"\")*-Tabla_Consulta_desde_QuickBooks_Data_64_Bit_QRemote[[#This Row],[SalesOrderLineAmount]],\"\")","v":""},{"$f":"IF(COUNTIF(wms!E:E,Tabla_Consulta_desde_QuickBooks_Data_64_Bit_QRemote[[#This Row],[RefNumber]])>0,\"OK\",\"FALTA\")","v":"FALTA"}]
["2025-06-03","29141","GERARDO ORTIZ E HIJOS CIA. LTDA.","CG276389 CARLOS JULIO",3,"7862112523043","P.T:110745","SALSA PICANTE HABANERO OLE 100G","Bodega Producto Terminado",12,"X12",0.6,7.2,"UNIDAD SALSA",0,254.88,293.11,"IVA EN VENTAS 15%",{"$f":"IFERROR(IF(Tabla_Consulta_desde_QuickBooks_Data_64_Bit_QRemote[[#This Row],[SalesOrderLineUnitOfMeasure]]=\"un\",Tabla_Consulta_desde_QuickBooks_Data_64_Bit_QRemote[[#This Row],[SalesOrderLineQuantity]],Tabla_Consulta_desde_QuickBooks_Data_64_Bit_QRemote[[#This Row],[SalesOrderLineQuantity]]/MID(Tabla_Consulta_desde_QuickBooks_Data_64_Bit_QRemote[[#This Row],[SalesOrderLineUnitOfMeasure]],2,2)),0)","v":1},{"$f":"IFERROR(IF(Tabla_Consulta_desde_QuickBooks_Data_64_Bit_QRemote[[#This Row],[SalesOrderLineUnitOfMeasure]]=\"un\",Tabla_Consulta_desde_QuickBooks_Data_64_Bit_QRemote[[#This Row],[SalesOrderLineInvoiced]],Tabla_Consulta_desde_QuickBooks_Data_64_Bit_QRemote[[#This Row],[SalesOrderLineInvoiced]]/MID(Tabla_Consulta_desde_QuickBooks_Data_64_Bit_QRemote[[#This Row],[SalesOrderLineUnitOfMeasure]],2,2)),0)","v":0},{"$f":"+Tabla_Consulta_desde_QuickBooks_Data_64_Bit_QRemote[[#This Row],[facturado]]-Tabla_Consulta_desde_QuickBooks_Data_64_Bit_QRemote[[#This Row],[pide]]","v":-1},{"$f":"IF(Tabla_Consulta_desde_QuickBooks_Data_64_Bit_QRemote[[#This Row],[diferecia]]=0,\"ok\",\"diferen\")","v":"diferen"},{"$f":"IFERROR(INDEX(um!A:C,MATCH(Tabla_Consulta_desde_QuickBooks_Data_64_Bit_QRemote[[#This Row],[SalesOrderLineItemRefFullName]],um!A:A,0),3),\"\")","v":"X12"},{"$f":"IFERROR(IF(OR(Tabla_Consulta_desde_QuickBooks_Data_64_Bit_QRemote[[#This Row],[SalesOrderLineUnitOfMeasure]]=\"UN\",Tabla_Consulta_desde_QuickBooks_Data_64_Bit_QRemote[[#This Row],[SalesOrderLineUnitOfMeasure]]=Tabla_Consulta_desde_QuickBooks_Data_64_Bit_QRemote[[#This Row],[U/M]]),\"\",\"ERROR\"),\"\")","v":""},{"$f":"+WEEKNUM(Tabla_Consulta_desde_QuickBooks_Data_64_Bit_QRemote[[#This Row],[TxnDate]])","v":23},{"$f":"+Tabla_Consulta_desde_QuickBooks_Data_64_Bit_QRemote[[#This Row],[SalesOrderLineRate]]*Tabla_Consulta_desde_QuickBooks_Data_64_Bit_QRemote[[#This Row],[SalesOrderLineInvoiced]]","v":0},{"$f":"+IFERROR(IF(Tabla_Consulta_desde_QuickBooks_Data_64_Bit_QRemote[[#This Row],[CustomerRefFullName]]=\"GRUVALCORP SA\",VLOOKUP(Tabla_Consulta_desde_QuickBooks_Data_64_Bit_QRemote[[#This Row],[SalesOrderLineItemRefFullName]],Hoja1!A:E,5,FALSE),\"\")*-Tabla_Consulta_desde_QuickBooks_Data_64_Bit_QRemote[[#This Row],[SalesOrderLineAmount]],\"\")","v":""},{"$f":"IF(COUNTIF(wms!E:E,Tabla_Consulta_desde_QuickBooks_Data_64_Bit_QRemote[[#This Row],[RefNumber]])>0,\"OK\",\"FALTA\")","v":"FALTA"}]
["2025-06-03","29141","GERARDO ORTIZ E HIJOS CIA. LTDA.","CG276389 CARLOS JULIO",4,"7862112523104","P.T:110804","SALSA CHAMOY OLE 275G","Bodega Producto Terminado",24,"X12",1.76,42.24,"UNIDAD SALSA",0,254.88,293.11,"IVA EN VENTAS 15%",{"$f":"IFERROR(IF(Tabla_Consulta_desde_QuickBooks_Data_64_Bit_QRemote[[#This Row],[SalesOrderLineUnitOfMeasure]]=\"un\",Tabla_Consulta_desde_QuickBooks_Data_64_Bit_QRemote[[#This Row],[SalesOrderLineQuantity]],Tabla_Consulta_desde_QuickBooks_Data_64_Bit_QRemote[[#This Row],[SalesOrderLineQuantity]]/MID(Tabla_Consulta_desde_QuickBooks_Data_64_Bit_QRemote[[#This Row],[SalesOrderLineUnitOfMeasure]],2,2)),0)","v":2},{"$f":"IFERROR(IF(Tabla_Consulta_desde_QuickBooks_Data_64_Bit_QRemote[[#This Row],[SalesOrderLineUnitOfMeasure]]=\"un\",Tabla_Consulta_desde_QuickBooks_Data_64_Bit_QRemote[[#This Row],[SalesOrderLineInvoiced]],Tabla_Consulta_desde_QuickBooks_Data_64_Bit_QRemote[[#This Row],[SalesOrderLineInvoiced]]/MID(Tabla_Consulta_desde_QuickBooks_Data_64_Bit_QRemote[[#This Row],[SalesOrderLineUnitOfMeasure]],2,2)),0)","v":0},{"$f":"+Tabla_Consulta_desde_QuickBooks_Data_64_Bit_QRemote[[#This Row],[facturado]]-Tabla_Consulta_desde_QuickBooks_Data_64_Bit_QRemote[[#This Row],[pide]]","v":-2},{"$f":"IF(Tabla_Consulta_desde_QuickBooks_Data_64_Bit_QRemote[[#This Row],[diferecia]]=0,\"ok\",\"diferen\")","v":"diferen"},{"$f":"IFERROR(INDEX(um!A:C,MATCH(Tabla_Consulta_desde_QuickBooks_Data_64_Bit_QRemote[[#This Row],[SalesOrderLineItemRefFullName]],um!A:A,0),3),\"\")","v":"X12"},{"$f":"IFERROR(IF(OR(Tabla_Consulta_desde_QuickBooks_Data_64_Bit_QRemote[[#This Row],[SalesOrderLineUnitOfMeasure]]=\"UN\",Tabla_Consulta_desde_QuickBooks_Data_64_Bit_QRemote[[#This Row],[SalesOrderLineUnitOfMeasure]]=Tabla_Consulta_desde_QuickBooks_Data_64_Bit_QRemote[[#This Row],[U/M]]),\"\",\"ERROR\"),\"\")","v":""},{"$f":"+WEEKNUM(Tabla_Consulta_desde_QuickBooks_Data_64_Bit_QRemote[[#This Row],[TxnDate]])","v":23},{"$f":"+Tabla_Consulta_desde_QuickBooks_Data_64_Bit_QRemote[[#This Row],[SalesOrderLineRate]]*Tabla_Consulta_desde_QuickBooks_Data_64_Bit_QRemote[[#This Row],[SalesOrderLineInvoiced]]","v":0},{"$f":"+IFERROR(IF(Tabla_Consulta_desde_QuickBooks_Data_64_Bit_QRemote[[#This Row],[CustomerRefFullName]]=\"GRUVALCORP SA\",VLOOKUP(Tabla_Consulta_desde_QuickBooks_Data_64_Bit_QRemote[[#This Row],[SalesOrderLineItemRefFullName]],Hoja1!A:E,5,FALSE),\"\")*-Tabla_Consulta_desde_QuickBooks_Data_64_Bit_QRemote[[#This Row],[SalesOrderLineAmount]],\"\")","v":""},{"$f":"IF(COUNTIF(wms!E:E,Tabla_Consulta_desde_QuickBooks_Data_64_Bit_QRemote[[#This Row],[RefNumber]])>0,\"OK\",\"FALTA\")","v":"FALTA"}]
["2025-06-03","29141","GERARDO ORTIZ E HIJOS CIA. LTDA.","CG276389 CARLOS JULIO",5,"705424000116","P.T:110207","AJÍ CON MARACUYA OLE 185G","Bodega Producto Terminado",24,"X24",1.42,34.08,"UNIDAD SALSA",0,254.88,293.11,"IVA EN VENTAS 15%",{"$f":"IFERROR(IF(Tabla_Consulta_desde_QuickBooks_Data_64_Bit_QRemote[[#This Row],[SalesOrderLineUnitOfMeasure]]=\"un\",Tabla_Consulta_desde_QuickBooks_Data_64_Bit_QRemote[[#This Row],[SalesOrderLineQuantity]],Tabla_Consulta_desde_QuickBooks_Data_64_Bit_QRemote[[#This Row],[SalesOrderLineQuantity]]/MID(Tabla_Consulta_desde_QuickBooks_Data_64_Bit_QRemote[[#This Row],[SalesOrderLineUnitOfMeasure]],2,2)),0)","v":1},{"$f":"IFERROR(IF(Tabla_Consulta_desde_QuickBooks_Data_64_Bit_QRemote[[#This Row],[SalesOrderLineUnitOfMeasure]]=\"un\",Tabla_Consulta_desde_QuickBooks_Data_64_Bit_QRemote[[#This Row],[SalesOrderLineInvoiced]],Tabla_Consulta_desde_QuickBooks_Data_64_Bit_QRemote[[#This Row],[SalesOrderLineInvoiced]]/MID(Tabla_Consulta_desde_QuickBooks_Data_64_Bit_QRemote[[#This Row],[SalesOrderLineUnitOfMeasure]],2,2)),0)","v":0},{"$f":"+Tabla_Consulta_desde_QuickBooks_Data_64_Bit_QRemote[[#This Row],[facturado]]-Tabla_Consulta_desde_QuickBooks_Data_64_Bit_QRemote[[#This Row],[pide]]","v":-1},{"$f":"IF(Tabla_Consulta_desde_QuickBooks_Data_64_Bit_QRemote[[#This Row],[diferecia]]=0,\"ok\",\"diferen\")","v":"diferen"},{"$f":"IFERROR(INDEX(um!A:C,MATCH(Tabla_Consulta_desde_QuickBooks_Data_64_Bit_QRemote[[#This Row],[SalesOrderLineItemRefFullName]],um!A:A,0),3),\"\")","v":"X24"},{"$f":"IFERROR(IF(OR(Tabla_Consulta_desde_QuickBooks_Data_64_Bit_QRemote[[#This Row],[SalesOrderLineUnitOfMeasure]]=\"UN\",Tabla_Consulta_desde_QuickBooks_Data_64_Bit_QRemote[[#This Row],[SalesOrderLineUnitOfMeasure]]=Tabla_Consulta_desde_QuickBooks_Data_64_Bit_QRemote[[#This Row],[U/M]]),\"\",\"ERROR\"),\"\")","v":""},{"$f":"+WEEKNUM(Tabla_Consulta_desde_QuickBooks_Data_64_Bit_QRemote[[#This Row],[TxnDate]])","v":23},{"$f":"+Tabla_Consulta_desde_QuickBooks_Data_64_Bit_QRemote[[#This Row],[SalesOrderLineRate]]*Tabla_Consulta_desde_QuickBooks_Data_64_Bit_QRemote[[#This Row],[SalesOrderLineInvoiced]]","v":0},{"$f":"+IFERROR(IF(Tabla_Consulta_desde_QuickBooks_Data_64_Bit_QRemote[[#This Row],[CustomerRefFullName]]=\"GRUVALCORP SA\",VLOOKUP(Tabla_Consulta_desde_QuickBooks_Data_64_Bit_QRemote[[#This Row],[SalesOrderLineItemRefFullName]],Hoja1!A:E,5,FALSE),\"\")*-Tabla_Consulta_desde_QuickBooks_Data_64_Bit_QRemote[[#This Row],[SalesOrderLineAmount]],\"\")","v":""},{"$f":"IF(COUNTIF(wms!E:E,Tabla_Consulta_desde_QuickBooks_Data_64_Bit_QRemote[[#This Row],[RefNumber]])>0,\"OK\",\"FALTA\")","v":"FALTA"}]
["2025-06-03","29141","GERARDO ORTIZ E HIJOS CIA. LTDA.","CG276389 CARLOS JULIO",6,"7862112522787","P.T:311606","SALSA QUESO CHEDDAR OLE 200G","Bodega Producto Terminado",24,"X24",1.52,36.479999999999997,"UNIDAD SALSA",0,254.88,293.11,"IVA EN VENTAS 15%",{"$f":"IFERROR(IF(Tabla_Consulta_desde_QuickBooks_Data_64_Bit_QRemote[[#This Row],[SalesOrderLineUnitOfMeasure]]=\"un\",Tabla_Consulta_desde_QuickBooks_Data_64_Bit_QRemote[[#This Row],[SalesOrderLineQuantity]],Tabla_Consulta_desde_QuickBooks_Data_64_Bit_QRemote[[#This Row],[SalesOrderLineQuantity]]/MID(Tabla_Consulta_desde_QuickBooks_Data_64_Bit_QRemote[[#This Row],[SalesOrderLineUnitOfMeasure]],2,2)),0)","v":1},{"$f":"IFERROR(IF(Tabla_Consulta_desde_QuickBooks_Data_64_Bit_QRemote[[#This Row],[SalesOrderLineUnitOfMeasure]]=\"un\",Tabla_Consulta_desde_QuickBooks_Data_64_Bit_QRemote[[#This Row],[SalesOrderLineInvoiced]],Tabla_Consulta_desde_QuickBooks_Data_64_Bit_QRemote[[#This Row],[SalesOrderLineInvoiced]]/MID(Tabla_Consulta_desde_QuickBooks_Data_64_Bit_QRemote[[#This Row],[SalesOrderLineUnitOfMeasure]],2,2)),0)","v":0},{"$f":"+Tabla_Consulta_desde_QuickBooks_Data_64_Bit_QRemote[[#This Row],[facturado]]-Tabla_Consulta_desde_QuickBooks_Data_64_Bit_QRemote[[#This Row],[pide]]","v":-1},{"$f":"IF(Tabla_Consulta_desde_QuickBooks_Data_64_Bit_QRemote[[#This Row],[diferecia]]=0,\"ok\",\"diferen\")","v":"diferen"},{"$f":"IFERROR(INDEX(um!A:C,MATCH(Tabla_Consulta_desde_QuickBooks_Data_64_Bit_QRemote[[#This Row],[SalesOrderLineItemRefFullName]],um!A:A,0),3),\"\")","v":"X24"},{"$f":"IFERROR(IF(OR(Tabla_Consulta_desde_QuickBooks_Data_64_Bit_QRemote[[#This Row],[SalesOrderLineUnitOfMeasure]]=\"UN\",Tabla_Consulta_desde_QuickBooks_Data_64_Bit_QRemote[[#This Row],[SalesOrderLineUnitOfMeasure]]=Tabla_Consulta_desde_QuickBooks_Data_64_Bit_QRemote[[#This Row],[U/M]]),\"\",\"ERROR\"),\"\")","v":""},{"$f":"+WEEKNUM(Tabla_Consulta_desde_QuickBooks_Data_64_Bit_QRemote[[#This Row],[TxnDate]])","v":23},{"$f":"+Tabla_Consulta_desde_QuickBooks_Data_64_Bit_QRemote[[#This Row],[SalesOrderLineRate]]*Tabla_Consulta_desde_QuickBooks_Data_64_Bit_QRemote[[#This Row],[SalesOrderLineInvoiced]]","v":0},{"$f":"+IFERROR(IF(Tabla_Consulta_desde_QuickBooks_Data_64_Bit_QRemote[[#This Row],[CustomerRefFullName]]=\"GRUVALCORP SA\",VLOOKUP(Tabla_Consulta_desde_QuickBooks_Data_64_Bit_QRemote[[#This Row],[SalesOrderLineItemRefFullName]],Hoja1!A:E,5,FALSE),\"\")*-Tabla_Consulta_desde_QuickBooks_Data_64_Bit_QRemote[[#This Row],[SalesOrderLineAmount]],\"\")","v":""},{"$f":"IF(COUNTIF(wms!E:E,Tabla_Consulta_desde_QuickBooks_Data_64_Bit_QRemote[[#This Row],[RefNumber]])>0,\"OK\",\"FALTA\")","v":"FALTA"}]
["2025-06-03","29141","GERARDO ORTIZ E HIJOS CIA. LTDA.","CG276389 CARLOS JULIO",7,"7862112521599","P.T:110214","SALSA AJÍ MANABA OLE 300G","Bodega Producto Terminado",12,"X12",2.12,25.44,"UNIDAD SALSA",0,254.88,293.11,"IVA EN VENTAS 15%",{"$f":"IFERROR(IF(Tabla_Consulta_desde_QuickBooks_Data_64_Bit_QRemote[[#This Row],[SalesOrderLineUnitOfMeasure]]=\"un\",Tabla_Consulta_desde_QuickBooks_Data_64_Bit_QRemote[[#This Row],[SalesOrderLineQuantity]],Tabla_Consulta_desde_QuickBooks_Data_64_Bit_QRemote[[#This Row],[SalesOrderLineQuantity]]/MID(Tabla_Consulta_desde_QuickBooks_Data_64_Bit_QRemote[[#This Row],[SalesOrderLineUnitOfMeasure]],2,2)),0)","v":1},{"$f":"IFERROR(IF(Tabla_Consulta_desde_QuickBooks_Data_64_Bit_QRemote[[#This Row],[SalesOrderLineUnitOfMeasure]]=\"un\",Tabla_Consulta_desde_QuickBooks_Data_64_Bit_QRemote[[#This Row],[SalesOrderLineInvoiced]],Tabla_Consulta_desde_QuickBooks_Data_64_Bit_QRemote[[#This Row],[SalesOrderLineInvoiced]]/MID(Tabla_Consulta_desde_QuickBooks_Data_64_Bit_QRemote[[#This Row],[SalesOrderLineUnitOfMeasure]],2,2)),0)","v":0},{"$f":"+Tabla_Consulta_desde_QuickBooks_Data_64_Bit_QRemote[[#This Row],[facturado]]-Tabla_Consulta_desde_QuickBooks_Data_64_Bit_QRemote[[#This Row],[pide]]","v":-1},{"$f":"IF(Tabla_Consulta_desde_QuickBooks_Data_64_Bit_QRemote[[#This Row],[diferecia]]=0,\"ok\",\"diferen\")","v":"diferen"},{"$f":"IFERROR(INDEX(um!A:C,MATCH(Tabla_Consulta_desde_QuickBooks_Data_64_Bit_QRemote[[#This Row],[SalesOrderLineItemRefFullName]],um!A:A,0),3),\"\")","v":"X12"},{"$f":"IFERROR(IF(OR(Tabla_Consulta_desde_QuickBooks_Data_64_Bit_QRemote[[#This Row],[SalesOrderLineUnitOfMeasure]]=\"UN\",Tabla_Consulta_desde_QuickBooks_Data_64_Bit_QRemote[[#This Row],[SalesOrderLineUnitOfMeasure]]=Tabla_Consulta_desde_QuickBooks_Data_64_Bit_QRemote[[#This Row],[U/M]]),\"\",\"ERROR\"),\"\")","v":""},{"$f":"+WEEKNUM(Tabla_Consulta_desde_QuickBooks_Data_64_Bit_QRemote[[#This Row],[TxnDate]])","v":23},{"$f":"+Tabla_Consulta_desde_QuickBooks_Data_64_Bit_QRemote[[#This Row],[SalesOrderLineRate]]*Tabla_Consulta_desde_QuickBooks_Data_64_Bit_QRemote[[#This Row],[SalesOrderLineInvoiced]]","v":0},{"$f":"+IFERROR(IF(Tabla_Consulta_desde_QuickBooks_Data_64_Bit_QRemote[[#This Row],[CustomerRefFullName]]=\"GRUVALCORP SA\",VLOOKUP(Tabla_Consulta_desde_QuickBooks_Data_64_Bit_QRemote[[#This Row],[SalesOrderLineItemRefFullName]],Hoja1!A:E,5,FALSE),\"\")*-Tabla_Consulta_desde_QuickBooks_Data_64_Bit_QRemote[[#This Row],[SalesOrderLineAmount]],\"\")","v":""},{"$f":"IF(COUNTIF(wms!E:E,Tabla_Consulta_desde_QuickBooks_Data_64_Bit_QRemote[[#This Row],[RefNumber]])>0,\"OK\",\"FALTA\")","v":"FALTA"}]
["2025-06-03","29141","GERARDO ORTIZ E HIJOS CIA. LTDA.","CG276389 CARLOS JULIO",8,"7862112521810","P.T:110303","SALSA BBQ ORIGINAL OLE 430G","Bodega Producto Terminado",12,"X12",1.57,18.84,"UNIDAD SALSA",0,254.88,293.11,"IVA EN VENTAS 15%",{"$f":"IFERROR(IF(Tabla_Consulta_desde_QuickBooks_Data_64_Bit_QRemote[[#This Row],[SalesOrderLineUnitOfMeasure]]=\"un\",Tabla_Consulta_desde_QuickBooks_Data_64_Bit_QRemote[[#This Row],[SalesOrderLineQuantity]],Tabla_Consulta_desde_QuickBooks_Data_64_Bit_QRemote[[#This Row],[SalesOrderLineQuantity]]/MID(Tabla_Consulta_desde_QuickBooks_Data_64_Bit_QRemote[[#This Row],[SalesOrderLineUnitOfMeasure]],2,2)),0)","v":1},{"$f":"IFERROR(IF(Tabla_Consulta_desde_QuickBooks_Data_64_Bit_QRemote[[#This Row],[SalesOrderLineUnitOfMeasure]]=\"un\",Tabla_Consulta_desde_QuickBooks_Data_64_Bit_QRemote[[#This Row],[SalesOrderLineInvoiced]],Tabla_Consulta_desde_QuickBooks_Data_64_Bit_QRemote[[#This Row],[SalesOrderLineInvoiced]]/MID(Tabla_Consulta_desde_QuickBooks_Data_64_Bit_QRemote[[#This Row],[SalesOrderLineUnitOfMeasure]],2,2)),0)","v":0},{"$f":"+Tabla_Consulta_desde_QuickBooks_Data_64_Bit_QRemote[[#This Row],[facturado]]-Tabla_Consulta_desde_QuickBooks_Data_64_Bit_QRemote[[#This Row],[pide]]","v":-1},{"$f":"IF(Tabla_Consulta_desde_QuickBooks_Data_64_Bit_QRemote[[#This Row],[diferecia]]=0,\"ok\",\"diferen\")","v":"diferen"},{"$f":"IFERROR(INDEX(um!A:C,MATCH(Tabla_Consulta_desde_QuickBooks_Data_64_Bit_QRemote[[#This Row],[SalesOrderLineItemRefFullName]],um!A:A,0),3),\"\")","v":"X12"},{"$f":"IFERROR(IF(OR(Tabla_Consulta_desde_QuickBooks_Data_64_Bit_QRemote[[#This Row],[SalesOrderLineUnitOfMeasure]]=\"UN\",Tabla_Consulta_desde_QuickBooks_Data_64_Bit_QRemote[[#This Row],[SalesOrderLineUnitOfMeasure]]=Tabla_Consulta_desde_QuickBooks_Data_64_Bit_QRemote[[#This Row],[U/M]]),\"\",\"ERROR\"),\"\")","v":""},{"$f":"+WEEKNUM(Tabla_Consulta_desde_QuickBooks_Data_64_Bit_QRemote[[#This Row],[TxnDate]])","v":23},{"$f":"+Tabla_Consulta_desde_QuickBooks_Data_64_Bit_QRemote[[#This Row],[SalesOrderLineRate]]*Tabla_Consulta_desde_QuickBooks_Data_64_Bit_QRemote[[#This Row],[SalesOrderLineInvoiced]]","v":0},{"$f":"+IFERROR(IF(Tabla_Consulta_desde_QuickBooks_Data_64_Bit_QRemote[[#This Row],[CustomerRefFullName]]=\"GRUVALCORP SA\",VLOOKUP(Tabla_Consulta_desde_QuickBooks_Data_64_Bit_QRemote[[#This Row],[SalesOrderLineItemRefFullName]],Hoja1!A:E,5,FALSE),\"\")*-Tabla_Consulta_desde_QuickBooks_Data_64_Bit_QRemote[[#This Row],[SalesOrderLineAmount]],\"\")","v":""},{"$f":"IF(COUNTIF(wms!E:E,Tabla_Consulta_desde_QuickBooks_Data_64_Bit_QRemote[[#This Row],[RefNumber]])>0,\"OK\",\"FALTA\")","v":"FALTA"}]
["2025-06-03","29141","GERARDO ORTIZ E HIJOS CIA. LTDA.","CG276389 CARLOS JULIO",9,"7862112522732","PT:220135","TOTOPOS SABOR GUACAMOLE OLE 120G","Bodega Producto Terminado",12,"X12",0.91,10.92,"UNIDAD SNCKS",0,254.88,293.11,"IVA EN VENTAS 15%",{"$f":"IFERROR(IF(Tabla_Consulta_desde_QuickBooks_Data_64_Bit_QRemote[[#This Row],[SalesOrderLineUnitOfMeasure]]=\"un\",Tabla_Consulta_desde_QuickBooks_Data_64_Bit_QRemote[[#This Row],[SalesOrderLineQuantity]],Tabla_Consulta_desde_QuickBooks_Data_64_Bit_QRemote[[#This Row],[SalesOrderLineQuantity]]/MID(Tabla_Consulta_desde_QuickBooks_Data_64_Bit_QRemote[[#This Row],[SalesOrderLineUnitOfMeasure]],2,2)),0)","v":1},{"$f":"IFERROR(IF(Tabla_Consulta_desde_QuickBooks_Data_64_Bit_QRemote[[#This Row],[SalesOrderLineUnitOfMeasure]]=\"un\",Tabla_Consulta_desde_QuickBooks_Data_64_Bit_QRemote[[#This Row],[SalesOrderLineInvoiced]],Tabla_Consulta_desde_QuickBooks_Data_64_Bit_QRemote[[#This Row],[SalesOrderLineInvoiced]]/MID(Tabla_Consulta_desde_QuickBooks_Data_64_Bit_QRemote[[#This Row],[SalesOrderLineUnitOfMeasure]],2,2)),0)","v":0},{"$f":"+Tabla_Consulta_desde_QuickBooks_Data_64_Bit_QRemote[[#This Row],[facturado]]-Tabla_Consulta_desde_QuickBooks_Data_64_Bit_QRemote[[#This Row],[pide]]","v":-1},{"$f":"IF(Tabla_Consulta_desde_QuickBooks_Data_64_Bit_QRemote[[#This Row],[diferecia]]=0,\"ok\",\"diferen\")","v":"diferen"},{"$f":"IFERROR(INDEX(um!A:C,MATCH(Tabla_Consulta_desde_QuickBooks_Data_64_Bit_QRemote[[#This Row],[SalesOrderLineItemRefFullName]],um!A:A,0),3),\"\")","v":"X12"},{"$f":"IFERROR(IF(OR(Tabla_Consulta_desde_QuickBooks_Data_64_Bit_QRemote[[#This Row],[SalesOrderLineUnitOfMeasure]]=\"UN\",Tabla_Consulta_desde_QuickBooks_Data_64_Bit_QRemote[[#This Row],[SalesOrderLineUnitOfMeasure]]=Tabla_Consulta_desde_QuickBooks_Data_64_Bit_QRemote[[#This Row],[U/M]]),\"\",\"ERROR\"),\"\")","v":""},{"$f":"+WEEKNUM(Tabla_Consulta_desde_QuickBooks_Data_64_Bit_QRemote[[#This Row],[TxnDate]])","v":23},{"$f":"+Tabla_Consulta_desde_QuickBooks_Data_64_Bit_QRemote[[#This Row],[SalesOrderLineRate]]*Tabla_Consulta_desde_QuickBooks_Data_64_Bit_QRemote[[#This Row],[SalesOrderLineInvoiced]]","v":0},{"$f":"+IFERROR(IF(Tabla_Consulta_desde_QuickBooks_Data_64_Bit_QRemote[[#This Row],[CustomerRefFullName]]=\"GRUVALCORP SA\",VLOOKUP(Tabla_Consulta_desde_QuickBooks_Data_64_Bit_QRemote[[#This Row],[SalesOrderLineItemRefFullName]],Hoja1!A:E,5,FALSE),\"\")*-Tabla_Consulta_desde_QuickBooks_Data_64_Bit_QRemote[[#This Row],[SalesOrderLineAmount]],\"\")","v":""},{"$f":"IF(COUNTIF(wms!E:E,Tabla_Consulta_desde_QuickBooks_Data_64_Bit_QRemote[[#This Row],[RefNumber]])>0,\"OK\",\"FALTA\")","v":"FALTA"}]
["2025-06-03","29141","GERARDO ORTIZ E HIJOS CIA. LTDA.","CG276389 CARLOS JULIO",10,"7862112522442","PT:220133","TOTOPOS QUESO RANCHERO OLE 120G","Bodega Producto Terminado",12,"X12",0.93,11.16,"UNIDAD SNCKS",0,254.88,293.11,"IVA EN VENTAS 15%",{"$f":"IFERROR(IF(Tabla_Consulta_desde_QuickBooks_Data_64_Bit_QRemote[[#This Row],[SalesOrderLineUnitOfMeasure]]=\"un\",Tabla_Consulta_desde_QuickBooks_Data_64_Bit_QRemote[[#This Row],[SalesOrderLineQuantity]],Tabla_Consulta_desde_QuickBooks_Data_64_Bit_QRemote[[#This Row],[SalesOrderLineQuantity]]/MID(Tabla_Consulta_desde_QuickBooks_Data_64_Bit_QRemote[[#This Row],[SalesOrderLineUnitOfMeasure]],2,2)),0)","v":1},{"$f":"IFERROR(IF(Tabla_Consulta_desde_QuickBooks_Data_64_Bit_QRemote[[#This Row],[SalesOrderLineUnitOfMeasure]]=\"un\",Tabla_Consulta_desde_QuickBooks_Data_64_Bit_QRemote[[#This Row],[SalesOrderLineInvoiced]],Tabla_Consulta_desde_QuickBooks_Data_64_Bit_QRemote[[#This Row],[SalesOrderLineInvoiced]]/MID(Tabla_Consulta_desde_QuickBooks_Data_64_Bit_QRemote[[#This Row],[SalesOrderLineUnitOfMeasure]],2,2)),0)","v":0},{"$f":"+Tabla_Consulta_desde_QuickBooks_Data_64_Bit_QRemote[[#This Row],[facturado]]-Tabla_Consulta_desde_QuickBooks_Data_64_Bit_QRemote[[#This Row],[pide]]","v":-1},{"$f":"IF(Tabla_Consulta_desde_QuickBooks_Data_64_Bit_QRemote[[#This Row],[diferecia]]=0,\"ok\",\"diferen\")","v":"diferen"},{"$f":"IFERROR(INDEX(um!A:C,MATCH(Tabla_Consulta_desde_QuickBooks_Data_64_Bit_QRemote[[#This Row],[SalesOrderLineItemRefFullName]],um!A:A,0),3),\"\")","v":"X12"},{"$f":"IFERROR(IF(OR(Tabla_Consulta_desde_QuickBooks_Data_64_Bit_QRemote[[#This Row],[SalesOrderLineUnitOfMeasure]]=\"UN\",Tabla_Consulta_desde_QuickBooks_Data_64_Bit_QRemote[[#This Row],[SalesOrderLineUnitOfMeasure]]=Tabla_Consulta_desde_QuickBooks_Data_64_Bit_QRemote[[#This Row],[U/M]]),\"\",\"ERROR\"),\"\")","v":""},{"$f":"+WEEKNUM(Tabla_Consulta_desde_QuickBooks_Data_64_Bit_QRemote[[#This Row],[TxnDate]])","v":23},{"$f":"+Tabla_Consulta_desde_QuickBooks_Data_64_Bit_QRemote[[#This Row],[SalesOrderLineRate]]*Tabla_Consulta_desde_QuickBooks_Data_64_Bit_QRemote[[#This Row],[SalesOrderLineInvoiced]]","v":0},{"$f":"+IFERROR(IF(Tabla_Consulta_desde_QuickBooks_Data_64_Bit_QRemote[[#This Row],[CustomerRefFullName]]=\"GRUVALCORP SA\",VLOOKUP(Tabla_Consulta_desde_QuickBooks_Data_64_Bit_QRemote[[#This Row],[SalesOrderLineItemRefFullName]],Hoja1!A:E,5,FALSE),\"\")*-Tabla_Consulta_desde_QuickBooks_Data_64_Bit_QRemote[[#This Row],[SalesOrderLineAmount]],\"\")","v":""},{"$f":"IF(COUNTIF(wms!E:E,Tabla_Consulta_desde_QuickBooks_Data_64_Bit_QRemote[[#This Row],[RefNumber]])>0,\"OK\",\"FALTA\")","v":"FALTA"}]
["2025-06-03","29141","GERARDO ORTIZ E HIJOS CIA. LTDA.","CG276389 CARLOS JULIO",11,null,"INFOADICIONAL","CG276389 CARLOS JULIO",null,null,null,0,0,null,0,254.88,293.11,"IVA EN VENTAS 15%",{"$f":"IFERROR(IF(Tabla_Consulta_desde_QuickBooks_Data_64_Bit_QRemote[[#This Row],[SalesOrderLineUnitOfMeasure]]=\"un\",Tabla_Consulta_desde_QuickBooks_Data_64_Bit_QRemote[[#This Row],[SalesOrderLineQuantity]],Tabla_Consulta_desde_QuickBooks_Data_64_Bit_QRemote[[#This Row],[SalesOrderLineQuantity]]/MID(Tabla_Consulta_desde_QuickBooks_Data_64_Bit_QRemote[[#This Row],[SalesOrderLineUnitOfMeasure]],2,2)),0)","v":0},{"$f":"IFERROR(IF(Tabla_Consulta_desde_QuickBooks_Data_64_Bit_QRemote[[#This Row],[SalesOrderLineUnitOfMeasure]]=\"un\",Tabla_Consulta_desde_QuickBooks_Data_64_Bit_QRemote[[#This Row],[SalesOrderLineInvoiced]],Tabla_Consulta_desde_QuickBooks_Data_64_Bit_QRemote[[#This Row],[SalesOrderLineInvoiced]]/MID(Tabla_Consulta_desde_QuickBooks_Data_64_Bit_QRemote[[#This Row],[SalesOrderLineUnitOfMeasure]],2,2)),0)","v":0},{"$f":"+Tabla_Consulta_desde_QuickBooks_Data_64_Bit_QRemote[[#This Row],[facturado]]-Tabla_Consulta_desde_QuickBooks_Data_64_Bit_QRemote[[#This Row],[pide]]","v":0},{"$f":"IF(Tabla_Consulta_desde_QuickBooks_Data_64_Bit_QRemote[[#This Row],[diferecia]]=0,\"ok\",\"diferen\")","v":"ok"},{"$f":"IFERROR(INDEX(um!A:C,MATCH(Tabla_Consulta_desde_QuickBooks_Data_64_Bit_QRemote[[#This Row],[SalesOrderLineItemRefFullName]],um!A:A,0),3),\"\")","v":""},{"$f":"IFERROR(IF(OR(Tabla_Consulta_desde_QuickBooks_Data_64_Bit_QRemote[[#This Row],[SalesOrderLineUnitOfMeasure]]=\"UN\",Tabla_Consulta_desde_QuickBooks_Data_64_Bit_QRemote[[#This Row],[SalesOrderLineUnitOfMeasure]]=Tabla_Consulta_desde_QuickBooks_Data_64_Bit_QRemote[[#This Row],[U/M]]),\"\",\"ERROR\"),\"\")","v":""},{"$f":"+WEEKNUM(Tabla_Consulta_desde_QuickBooks_Data_64_Bit_QRemote[[#This Row],[TxnDate]])","v":23},{"$f":"+Tabla_Consulta_desde_QuickBooks_Data_64_Bit_QRemote[[#This Row],[SalesOrderLineRate]]*Tabla_Consulta_desde_QuickBooks_Data_64_Bit_QRemote[[#This Row],[SalesOrderLineInvoiced]]","v":0},{"$f":"+IFERROR(IF(Tabla_Consulta_desde_QuickBooks_Data_64_Bit_QRemote[[#This Row],[CustomerRefFullName]]=\"GRUVALCORP SA\",VLOOKUP(Tabla_Consulta_desde_QuickBooks_Data_64_Bit_QRemote[[#This Row],[SalesOrderLineItemRefFullName]],Hoja1!A:E,5,FALSE),\"\")*-Tabla_Consulta_desde_QuickBooks_Data_64_Bit_QRemote[[#This Row],[SalesOrderLineAmount]],\"\")","v":""},{"$f":"IF(COUNTIF(wms!E:E,Tabla_Consulta_desde_QuickBooks_Data_64_Bit_QRemote[[#This Row],[RefNumber]])>0,\"OK\",\"FALTA\")","v":"FALTA"}]
["2025-06-03","29142","GERARDO ORTIZ E HIJOS CIA. LTDA.","SR107013 SAMBORONDON",1,"7862112523296","P.T:110622","PEPINILLOS CON JALAPEÑO OLE 225G","Bodega Producto Terminado",24,"X24",1.69,40.56,"UNIDAD SALSA",0,328.56,377.84,"IVA EN VENTAS 15%",{"$f":"IFERROR(IF(Tabla_Consulta_desde_QuickBooks_Data_64_Bit_QRemote[[#This Row],[SalesOrderLineUnitOfMeasure]]=\"un\",Tabla_Consulta_desde_QuickBooks_Data_64_Bit_QRemote[[#This Row],[SalesOrderLineQuantity]],Tabla_Consulta_desde_QuickBooks_Data_64_Bit_QRemote[[#This Row],[SalesOrderLineQuantity]]/MID(Tabla_Consulta_desde_QuickBooks_Data_64_Bit_QRemote[[#This Row],[SalesOrderLineUnitOfMeasure]],2,2)),0)","v":1},{"$f":"IFERROR(IF(Tabla_Consulta_desde_QuickBooks_Data_64_Bit_QRemote[[#This Row],[SalesOrderLineUnitOfMeasure]]=\"un\",Tabla_Consulta_desde_QuickBooks_Data_64_Bit_QRemote[[#This Row],[SalesOrderLineInvoiced]],Tabla_Consulta_desde_QuickBooks_Data_64_Bit_QRemote[[#This Row],[SalesOrderLineInvoiced]]/MID(Tabla_Consulta_desde_QuickBooks_Data_64_Bit_QRemote[[#This Row],[SalesOrderLineUnitOfMeasure]],2,2)),0)","v":0},{"$f":"+Tabla_Consulta_desde_QuickBooks_Data_64_Bit_QRemote[[#This Row],[facturado]]-Tabla_Consulta_desde_QuickBooks_Data_64_Bit_QRemote[[#This Row],[pide]]","v":-1},{"$f":"IF(Tabla_Consulta_desde_QuickBooks_Data_64_Bit_QRemote[[#This Row],[diferecia]]=0,\"ok\",\"diferen\")","v":"diferen"},{"$f":"IFERROR(INDEX(um!A:C,MATCH(Tabla_Consulta_desde_QuickBooks_Data_64_Bit_QRemote[[#This Row],[SalesOrderLineItemRefFullName]],um!A:A,0),3),\"\")","v":"X24"},{"$f":"IFERROR(IF(OR(Tabla_Consulta_desde_QuickBooks_Data_64_Bit_QRemote[[#This Row],[SalesOrderLineUnitOfMeasure]]=\"UN\",Tabla_Consulta_desde_QuickBooks_Data_64_Bit_QRemote[[#This Row],[SalesOrderLineUnitOfMeasure]]=Tabla_Consulta_desde_QuickBooks_Data_64_Bit_QRemote[[#This Row],[U/M]]),\"\",\"ERROR\"),\"\")","v":""},{"$f":"+WEEKNUM(Tabla_Consulta_desde_QuickBooks_Data_64_Bit_QRemote[[#This Row],[TxnDate]])","v":23},{"$f":"+Tabla_Consulta_desde_QuickBooks_Data_64_Bit_QRemote[[#This Row],[SalesOrderLineRate]]*Tabla_Consulta_desde_QuickBooks_Data_64_Bit_QRemote[[#This Row],[SalesOrderLineInvoiced]]","v":0},{"$f":"+IFERROR(IF(Tabla_Consulta_desde_QuickBooks_Data_64_Bit_QRemote[[#This Row],[CustomerRefFullName]]=\"GRUVALCORP SA\",VLOOKUP(Tabla_Consulta_desde_QuickBooks_Data_64_Bit_QRemote[[#This Row],[SalesOrderLineItemRefFullName]],Hoja1!A:E,5,FALSE),\"\")*-Tabla_Consulta_desde_QuickBooks_Data_64_Bit_QRemote[[#This Row],[SalesOrderLineAmount]],\"\")","v":""},{"$f":"IF(COUNTIF(wms!E:E,Tabla_Consulta_desde_QuickBooks_Data_64_Bit_QRemote[[#This Row],[RefNumber]])>0,\"OK\",\"FALTA\")","v":"FALTA"}]
["2025-06-03","29142","GERARDO ORTIZ E HIJOS CIA. LTDA.","SR107013 SAMBORONDON",2,"7862112522626","P.T:110701","CHIMICHURRI ESTILO ARGENTINO OLE 380G","Bodega Producto Terminado",12,"X12",2.9,34.799999999999997,"UNIDAD SALSA",0,328.56,377.84,"IVA EN VENTAS 15%",{"$f":"IFERROR(IF(Tabla_Consulta_desde_QuickBooks_Data_64_Bit_QRemote[[#This Row],[SalesOrderLineUnitOfMeasure]]=\"un\",Tabla_Consulta_desde_QuickBooks_Data_64_Bit_QRemote[[#This Row],[SalesOrderLineQuantity]],Tabla_Consulta_desde_QuickBooks_Data_64_Bit_QRemote[[#This Row],[SalesOrderLineQuantity]]/MID(Tabla_Consulta_desde_QuickBooks_Data_64_Bit_QRemote[[#This Row],[SalesOrderLineUnitOfMeasure]],2,2)),0)","v":1},{"$f":"IFERROR(IF(Tabla_Consulta_desde_QuickBooks_Data_64_Bit_QRemote[[#This Row],[SalesOrderLineUnitOfMeasure]]=\"un\",Tabla_Consulta_desde_QuickBooks_Data_64_Bit_QRemote[[#This Row],[SalesOrderLineInvoiced]],Tabla_Consulta_desde_QuickBooks_Data_64_Bit_QRemote[[#This Row],[SalesOrderLineInvoiced]]/MID(Tabla_Consulta_desde_QuickBooks_Data_64_Bit_QRemote[[#This Row],[SalesOrderLineUnitOfMeasure]],2,2)),0)","v":0},{"$f":"+Tabla_Consulta_desde_QuickBooks_Data_64_Bit_QRemote[[#This Row],[facturado]]-Tabla_Consulta_desde_QuickBooks_Data_64_Bit_QRemote[[#This Row],[pide]]","v":-1},{"$f":"IF(Tabla_Consulta_desde_QuickBooks_Data_64_Bit_QRemote[[#This Row],[diferecia]]=0,\"ok\",\"diferen\")","v":"diferen"},{"$f":"IFERROR(INDEX(um!A:C,MATCH(Tabla_Consulta_desde_QuickBooks_Data_64_Bit_QRemote[[#This Row],[SalesOrderLineItemRefFullName]],um!A:A,0),3),\"\")","v":"X12"},{"$f":"IFERROR(IF(OR(Tabla_Consulta_desde_QuickBooks_Data_64_Bit_QRemote[[#This Row],[SalesOrderLineUnitOfMeasure]]=\"UN\",Tabla_Consulta_desde_QuickBooks_Data_64_Bit_QRemote[[#This Row],[SalesOrderLineUnitOfMeasure]]=Tabla_Consulta_desde_QuickBooks_Data_64_Bit_QRemote[[#This Row],[U/M]]),\"\",\"ERROR\"),\"\")","v":""},{"$f":"+WEEKNUM(Tabla_Consulta_desde_QuickBooks_Data_64_Bit_QRemote[[#This Row],[TxnDate]])","v":23},{"$f":"+Tabla_Consulta_desde_QuickBooks_Data_64_Bit_QRemote[[#This Row],[SalesOrderLineRate]]*Tabla_Consulta_desde_QuickBooks_Data_64_Bit_QRemote[[#This Row],[SalesOrderLineInvoiced]]","v":0},{"$f":"+IFERROR(IF(Tabla_Consulta_desde_QuickBooks_Data_64_Bit_QRemote[[#This Row],[CustomerRefFullName]]=\"GRUVALCORP SA\",VLOOKUP(Tabla_Consulta_desde_QuickBooks_Data_64_Bit_QRemote[[#This Row],[SalesOrderLineItemRefFullName]],Hoja1!A:E,5,FALSE),\"\")*-Tabla_Consulta_desde_QuickBooks_Data_64_Bit_QRemote[[#This Row],[SalesOrderLineAmount]],\"\")","v":""},{"$f":"IF(COUNTIF(wms!E:E,Tabla_Consulta_desde_QuickBooks_Data_64_Bit_QRemote[[#This Row],[RefNumber]])>0,\"OK\",\"FALTA\")","v":"FALTA"}]
["2025-06-03","29142","GERARDO ORTIZ E HIJOS CIA. LTDA.","SR107013 SAMBORONDON",3,"7862112523036","P.T:110746","SALSA PICANTE JALAPEÑO OLE 100G","Bodega Producto Terminado",12,"X12",0.6,7.2,"UNIDAD SALSA",0,328.56,377.84,"IVA EN VENTAS 15%",{"$f":"IFERROR(IF(Tabla_Consulta_desde_QuickBooks_Data_64_Bit_QRemote[[#This Row],[SalesOrderLineUnitOfMeasure]]=\"un\",Tabla_Consulta_desde_QuickBooks_Data_64_Bit_QRemote[[#This Row],[SalesOrderLineQuantity]],Tabla_Consulta_desde_QuickBooks_Data_64_Bit_QRemote[[#This Row],[SalesOrderLineQuantity]]/MID(Tabla_Consulta_desde_QuickBooks_Data_64_Bit_QRemote[[#This Row],[SalesOrderLineUnitOfMeasure]],2,2)),0)","v":1},{"$f":"IFERROR(IF(Tabla_Consulta_desde_QuickBooks_Data_64_Bit_QRemote[[#This Row],[SalesOrderLineUnitOfMeasure]]=\"un\",Tabla_Consulta_desde_QuickBooks_Data_64_Bit_QRemote[[#This Row],[SalesOrderLineInvoiced]],Tabla_Consulta_desde_QuickBooks_Data_64_Bit_QRemote[[#This Row],[SalesOrderLineInvoiced]]/MID(Tabla_Consulta_desde_QuickBooks_Data_64_Bit_QRemote[[#This Row],[SalesOrderLineUnitOfMeasure]],2,2)),0)","v":0},{"$f":"+Tabla_Consulta_desde_QuickBooks_Data_64_Bit_QRemote[[#This Row],[facturado]]-Tabla_Consulta_desde_QuickBooks_Data_64_Bit_QRemote[[#This Row],[pide]]","v":-1},{"$f":"IF(Tabla_Consulta_desde_QuickBooks_Data_64_Bit_QRemote[[#This Row],[diferecia]]=0,\"ok\",\"diferen\")","v":"diferen"},{"$f":"IFERROR(INDEX(um!A:C,MATCH(Tabla_Consulta_desde_QuickBooks_Data_64_Bit_QRemote[[#This Row],[SalesOrderLineItemRefFullName]],um!A:A,0),3),\"\")","v":"X12"},{"$f":"IFERROR(IF(OR(Tabla_Consulta_desde_QuickBooks_Data_64_Bit_QRemote[[#This Row],[SalesOrderLineUnitOfMeasure]]=\"UN\",Tabla_Consulta_desde_QuickBooks_Data_64_Bit_QRemote[[#This Row],[SalesOrderLineUnitOfMeasure]]=Tabla_Consulta_desde_QuickBooks_Data_64_Bit_QRemote[[#This Row],[U/M]]),\"\",\"ERROR\"),\"\")","v":""},{"$f":"+WEEKNUM(Tabla_Consulta_desde_QuickBooks_Data_64_Bit_QRemote[[#This Row],[TxnDate]])","v":23},{"$f":"+Tabla_Consulta_desde_QuickBooks_Data_64_Bit_QRemote[[#This Row],[SalesOrderLineRate]]*Tabla_Consulta_desde_QuickBooks_Data_64_Bit_QRemote[[#This Row],[SalesOrderLineInvoiced]]","v":0},{"$f":"+IFERROR(IF(Tabla_Consulta_desde_QuickBooks_Data_64_Bit_QRemote[[#This Row],[CustomerRefFullName]]=\"GRUVALCORP SA\",VLOOKUP(Tabla_Consulta_desde_QuickBooks_Data_64_Bit_QRemote[[#This Row],[SalesOrderLineItemRefFullName]],Hoja1!A:E,5,FALSE),\"\")*-Tabla_Consulta_desde_QuickBooks_Data_64_Bit_QRemote[[#This Row],[SalesOrderLineAmount]],\"\")","v":""},{"$f":"IF(COUNTIF(wms!E:E,Tabla_Consulta_desde_QuickBooks_Data_64_Bit_QRemote[[#This Row],[RefNumber]])>0,\"OK\",\"FALTA\")","v":"FALTA"}]
["2025-06-03","29142","GERARDO ORTIZ E HIJOS CIA. LTDA.","SR107013 SAMBORONDON",4,"7862112523104","P.T:110804","SALSA CHAMOY OLE 275G","Bodega Producto Terminado",24,"X12",1.76,42.24,"UNIDAD SALSA",0,328.56,377.84,"IVA EN VENTAS 15%",{"$f":"IFERROR(IF(Tabla_Consulta_desde_QuickBooks_Data_64_Bit_QRemote[[#This Row],[SalesOrderLineUnitOfMeasure]]=\"un\",Tabla_Consulta_desde_QuickBooks_Data_64_Bit_QRemote[[#This Row],[SalesOrderLineQuantity]],Tabla_Consulta_desde_QuickBooks_Data_64_Bit_QRemote[[#This Row],[SalesOrderLineQuantity]]/MID(Tabla_Consulta_desde_QuickBooks_Data_64_Bit_QRemote[[#This Row],[SalesOrderLineUnitOfMeasure]],2,2)),0)","v":2},{"$f":"IFERROR(IF(Tabla_Consulta_desde_QuickBooks_Data_64_Bit_QRemote[[#This Row],[SalesOrderLineUnitOfMeasure]]=\"un\",Tabla_Consulta_desde_QuickBooks_Data_64_Bit_QRemote[[#This Row],[SalesOrderLineInvoiced]],Tabla_Consulta_desde_QuickBooks_Data_64_Bit_QRemote[[#This Row],[SalesOrderLineInvoiced]]/MID(Tabla_Consulta_desde_QuickBooks_Data_64_Bit_QRemote[[#This Row],[SalesOrderLineUnitOfMeasure]],2,2)),0)","v":0},{"$f":"+Tabla_Consulta_desde_QuickBooks_Data_64_Bit_QRemote[[#This Row],[facturado]]-Tabla_Consulta_desde_QuickBooks_Data_64_Bit_QRemote[[#This Row],[pide]]","v":-2},{"$f":"IF(Tabla_Consulta_desde_QuickBooks_Data_64_Bit_QRemote[[#This Row],[diferecia]]=0,\"ok\",\"diferen\")","v":"diferen"},{"$f":"IFERROR(INDEX(um!A:C,MATCH(Tabla_Consulta_desde_QuickBooks_Data_64_Bit_QRemote[[#This Row],[SalesOrderLineItemRefFullName]],um!A:A,0),3),\"\")","v":"X12"},{"$f":"IFERROR(IF(OR(Tabla_Consulta_desde_QuickBooks_Data_64_Bit_QRemote[[#This Row],[SalesOrderLineUnitOfMeasure]]=\"UN\",Tabla_Consulta_desde_QuickBooks_Data_64_Bit_QRemote[[#This Row],[SalesOrderLineUnitOfMeasure]]=Tabla_Consulta_desde_QuickBooks_Data_64_Bit_QRemote[[#This Row],[U/M]]),\"\",\"ERROR\"),\"\")","v":""},{"$f":"+WEEKNUM(Tabla_Consulta_desde_QuickBooks_Data_64_Bit_QRemote[[#This Row],[TxnDate]])","v":23},{"$f":"+Tabla_Consulta_desde_QuickBooks_Data_64_Bit_QRemote[[#This Row],[SalesOrderLineRate]]*Tabla_Consulta_desde_QuickBooks_Data_64_Bit_QRemote[[#This Row],[SalesOrderLineInvoiced]]","v":0},{"$f":"+IFERROR(IF(Tabla_Consulta_desde_QuickBooks_Data_64_Bit_QRemote[[#This Row],[CustomerRefFullName]]=\"GRUVALCORP SA\",VLOOKUP(Tabla_Consulta_desde_QuickBooks_Data_64_Bit_QRemote[[#This Row],[SalesOrderLineItemRefFullName]],Hoja1!A:E,5,FALSE),\"\")*-Tabla_Consulta_desde_QuickBooks_Data_64_Bit_QRemote[[#This Row],[SalesOrderLineAmount]],\"\")","v":""},{"$f":"IF(COUNTIF(wms!E:E,Tabla_Consulta_desde_QuickBooks_Data_64_Bit_QRemote[[#This Row],[RefNumber]])>0,\"OK\",\"FALTA\")","v":"FALTA"}]
["2025-06-03","29142","GERARDO ORTIZ E HIJOS CIA. LTDA.","SR107013 SAMBORONDON",5,"705424000116","P.T:110207","AJÍ CON MARACUYA OLE 185G","Bodega Producto Terminado",24,"X24",1.42,34.08,"UNIDAD SALSA",0,328.56,377.84,"IVA EN VENTAS 15%",{"$f":"IFERROR(IF(Tabla_Consulta_desde_QuickBooks_Data_64_Bit_QRemote[[#This Row],[SalesOrderLineUnitOfMeasure]]=\"un\",Tabla_Consulta_desde_QuickBooks_Data_64_Bit_QRemote[[#This Row],[SalesOrderLineQuantity]],Tabla_Consulta_desde_QuickBooks_Data_64_Bit_QRemote[[#This Row],[SalesOrderLineQuantity]]/MID(Tabla_Consulta_desde_QuickBooks_Data_64_Bit_QRemote[[#This Row],[SalesOrderLineUnitOfMeasure]],2,2)),0)","v":1},{"$f":"IFERROR(IF(Tabla_Consulta_desde_QuickBooks_Data_64_Bit_QRemote[[#This Row],[SalesOrderLineUnitOfMeasure]]=\"un\",Tabla_Consulta_desde_QuickBooks_Data_64_Bit_QRemote[[#This Row],[SalesOrderLineInvoiced]],Tabla_Consulta_desde_QuickBooks_Data_64_Bit_QRemote[[#This Row],[SalesOrderLineInvoiced]]/MID(Tabla_Consulta_desde_QuickBooks_Data_64_Bit_QRemote[[#This Row],[SalesOrderLineUnitOfMeasure]],2,2)),0)","v":0},{"$f":"+Tabla_Consulta_desde_QuickBooks_Data_64_Bit_QRemote[[#This Row],[facturado]]-Tabla_Consulta_desde_QuickBooks_Data_64_Bit_QRemote[[#This Row],[pide]]","v":-1},{"$f":"IF(Tabla_Consulta_desde_QuickBooks_Data_64_Bit_QRemote[[#This Row],[diferecia]]=0,\"ok\",\"diferen\")","v":"diferen"},{"$f":"IFERROR(INDEX(um!A:C,MATCH(Tabla_Consulta_desde_QuickBooks_Data_64_Bit_QRemote[[#This Row],[SalesOrderLineItemRefFullName]],um!A:A,0),3),\"\")","v":"X24"},{"$f":"IFERROR(IF(OR(Tabla_Consulta_desde_QuickBooks_Data_64_Bit_QRemote[[#This Row],[SalesOrderLineUnitOfMeasure]]=\"UN\",Tabla_Consulta_desde_QuickBooks_Data_64_Bit_QRemote[[#This Row],[SalesOrderLineUnitOfMeasure]]=Tabla_Consulta_desde_QuickBooks_Data_64_Bit_QRemote[[#This Row],[U/M]]),\"\",\"ERROR\"),\"\")","v":""},{"$f":"+WEEKNUM(Tabla_Consulta_desde_QuickBooks_Data_64_Bit_QRemote[[#This Row],[TxnDate]])","v":23},{"$f":"+Tabla_Consulta_desde_QuickBooks_Data_64_Bit_QRemote[[#This Row],[SalesOrderLineRate]]*Tabla_Consulta_desde_QuickBooks_Data_64_Bit_QRemote[[#This Row],[SalesOrderLineInvoiced]]","v":0},{"$f":"+IFERROR(IF(Tabla_Consulta_desde_QuickBooks_Data_64_Bit_QRemote[[#This Row],[CustomerRefFullName]]=\"GRUVALCORP SA\",VLOOKUP(Tabla_Consulta_desde_QuickBooks_Data_64_Bit_QRemote[[#This Row],[SalesOrderLineItemRefFullName]],Hoja1!A:E,5,FALSE),\"\")*-Tabla_Consulta_desde_QuickBooks_Data_64_Bit_QRemote[[#This Row],[SalesOrderLineAmount]],\"\")","v":""},{"$f":"IF(COUNTIF(wms!E:E,Tabla_Consulta_desde_QuickBooks_Data_64_Bit_QRemote[[#This Row],[RefNumber]])>0,\"OK\",\"FALTA\")","v":"FALTA"}]
["2025-06-03","29142","GERARDO ORTIZ E HIJOS CIA. LTDA.","SR107013 SAMBORONDON",6,"7862112522817","P.T:110737","SALSA DE TOMATE CASERA OLE DP 200G","Bodega Producto Terminado",12,"X12",0.7,8.4,"UNIDAD SALSA",0,328.56,377.84,"IVA EN VENTAS 15%",{"$f":"IFERROR(IF(Tabla_Consulta_desde_QuickBooks_Data_64_Bit_QRemote[[#This Row],[SalesOrderLineUnitOfMeasure]]=\"un\",Tabla_Consulta_desde_QuickBooks_Data_64_Bit_QRemote[[#This Row],[SalesOrderLineQuantity]],Tabla_Consulta_desde_QuickBooks_Data_64_Bit_QRemote[[#This Row],[SalesOrderLineQuantity]]/MID(Tabla_Consulta_desde_QuickBooks_Data_64_Bit_QRemote[[#This Row],[SalesOrderLineUnitOfMeasure]],2,2)),0)","v":1},{"$f":"IFERROR(IF(Tabla_Consulta_desde_QuickBooks_Data_64_Bit_QRemote[[#This Row],[SalesOrderLineUnitOfMeasure]]=\"un\",Tabla_Consulta_desde_QuickBooks_Data_64_Bit_QRemote[[#This Row],[SalesOrderLineInvoiced]],Tabla_Consulta_desde_QuickBooks_Data_64_Bit_QRemote[[#This Row],[SalesOrderLineInvoiced]]/MID(Tabla_Consulta_desde_QuickBooks_Data_64_Bit_QRemote[[#This Row],[SalesOrderLineUnitOfMeasure]],2,2)),0)","v":0},{"$f":"+Tabla_Consulta_desde_QuickBooks_Data_64_Bit_QRemote[[#This Row],[facturado]]-Tabla_Consulta_desde_QuickBooks_Data_64_Bit_QRemote[[#This Row],[pide]]","v":-1},{"$f":"IF(Tabla_Consulta_desde_QuickBooks_Data_64_Bit_QRemote[[#This Row],[diferecia]]=0,\"ok\",\"diferen\")","v":"diferen"},{"$f":"IFERROR(INDEX(um!A:C,MATCH(Tabla_Consulta_desde_QuickBooks_Data_64_Bit_QRemote[[#This Row],[SalesOrderLineItemRefFullName]],um!A:A,0),3),\"\")","v":"X12"},{"$f":"IFERROR(IF(OR(Tabla_Consulta_desde_QuickBooks_Data_64_Bit_QRemote[[#This Row],[SalesOrderLineUnitOfMeasure]]=\"UN\",Tabla_Consulta_desde_QuickBooks_Data_64_Bit_QRemote[[#This Row],[SalesOrderLineUnitOfMeasure]]=Tabla_Consulta_desde_QuickBooks_Data_64_Bit_QRemote[[#This Row],[U/M]]),\"\",\"ERROR\"),\"\")","v":""},{"$f":"+WEEKNUM(Tabla_Consulta_desde_QuickBooks_Data_64_Bit_QRemote[[#This Row],[TxnDate]])","v":23},{"$f":"+Tabla_Consulta_desde_QuickBooks_Data_64_Bit_QRemote[[#This Row],[SalesOrderLineRate]]*Tabla_Consulta_desde_QuickBooks_Data_64_Bit_QRemote[[#This Row],[SalesOrderLineInvoiced]]","v":0},{"$f":"+IFERROR(IF(Tabla_Consulta_desde_QuickBooks_Data_64_Bit_QRemote[[#This Row],[CustomerRefFullName]]=\"GRUVALCORP SA\",VLOOKUP(Tabla_Consulta_desde_QuickBooks_Data_64_Bit_QRemote[[#This Row],[SalesOrderLineItemRefFullName]],Hoja1!A:E,5,FALSE),\"\")*-Tabla_Consulta_desde_QuickBooks_Data_64_Bit_QRemote[[#This Row],[SalesOrderLineAmount]],\"\")","v":""},{"$f":"IF(COUNTIF(wms!E:E,Tabla_Consulta_desde_QuickBooks_Data_64_Bit_QRemote[[#This Row],[RefNumber]])>0,\"OK\",\"FALTA\")","v":"FALTA"}]
["2025-06-03","29142","GERARDO ORTIZ E HIJOS CIA. LTDA.","SR107013 SAMBORONDON",7,"7862112522985","P.T:110704","DIP DE FREJOL OLE 230G","Bodega Producto Terminado",12,"X12",1.51,18.12,"UNIDAD SALSA",0,328.56,377.84,"IVA EN VENTAS 15%",{"$f":"IFERROR(IF(Tabla_Consulta_desde_QuickBooks_Data_64_Bit_QRemote[[#This Row],[SalesOrderLineUnitOfMeasure]]=\"un\",Tabla_Consulta_desde_QuickBooks_Data_64_Bit_QRemote[[#This Row],[SalesOrderLineQuantity]],Tabla_Consulta_desde_QuickBooks_Data_64_Bit_QRemote[[#This Row],[SalesOrderLineQuantity]]/MID(Tabla_Consulta_desde_QuickBooks_Data_64_Bit_QRemote[[#This Row],[SalesOrderLineUnitOfMeasure]],2,2)),0)","v":1},{"$f":"IFERROR(IF(Tabla_Consulta_desde_QuickBooks_Data_64_Bit_QRemote[[#This Row],[SalesOrderLineUnitOfMeasure]]=\"un\",Tabla_Consulta_desde_QuickBooks_Data_64_Bit_QRemote[[#This Row],[SalesOrderLineInvoiced]],Tabla_Consulta_desde_QuickBooks_Data_64_Bit_QRemote[[#This Row],[SalesOrderLineInvoiced]]/MID(Tabla_Consulta_desde_QuickBooks_Data_64_Bit_QRemote[[#This Row],[SalesOrderLineUnitOfMeasure]],2,2)),0)","v":0},{"$f":"+Tabla_Consulta_desde_QuickBooks_Data_64_Bit_QRemote[[#This Row],[facturado]]-Tabla_Consulta_desde_QuickBooks_Data_64_Bit_QRemote[[#This Row],[pide]]","v":-1},{"$f":"IF(Tabla_Consulta_desde_QuickBooks_Data_64_Bit_QRemote[[#This Row],[diferecia]]=0,\"ok\",\"diferen\")","v":"diferen"},{"$f":"IFERROR(INDEX(um!A:C,MATCH(Tabla_Consulta_desde_QuickBooks_Data_64_Bit_QRemote[[#This Row],[SalesOrderLineItemRefFullName]],um!A:A,0),3),\"\")","v":"X12"},{"$f":"IFERROR(IF(OR(Tabla_Consulta_desde_QuickBooks_Data_64_Bit_QRemote[[#This Row],[SalesOrderLineUnitOfMeasure]]=\"UN\",Tabla_Consulta_desde_QuickBooks_Data_64_Bit_QRemote[[#This Row],[SalesOrderLineUnitOfMeasure]]=Tabla_Consulta_desde_QuickBooks_Data_64_Bit_QRemote[[#This Row],[U/M]]),\"\",\"ERROR\"),\"\")","v":""},{"$f":"+WEEKNUM(Tabla_Consulta_desde_QuickBooks_Data_64_Bit_QRemote[[#This Row],[TxnDate]])","v":23},{"$f":"+Tabla_Consulta_desde_QuickBooks_Data_64_Bit_QRemote[[#This Row],[SalesOrderLineRate]]*Tabla_Consulta_desde_QuickBooks_Data_64_Bit_QRemote[[#This Row],[SalesOrderLineInvoiced]]","v":0},{"$f":"+IFERROR(IF(Tabla_Consulta_desde_QuickBooks_Data_64_Bit_QRemote[[#This Row],[CustomerRefFullName]]=\"GRUVALCORP SA\",VLOOKUP(Tabla_Consulta_desde_QuickBooks_Data_64_Bit_QRemote[[#This Row],[SalesOrderLineItemRefFullName]],Hoja1!A:E,5,FALSE),\"\")*-Tabla_Consulta_desde_QuickBooks_Data_64_Bit_QRemote[[#This Row],[SalesOrderLineAmount]],\"\")","v":""},{"$f":"IF(COUNTIF(wms!E:E,Tabla_Consulta_desde_QuickBooks_Data_64_Bit_QRemote[[#This Row],[RefNumber]])>0,\"OK\",\"FALTA\")","v":"FALTA"}]
["2025-06-03","29142","GERARDO ORTIZ E HIJOS CIA. LTDA.","SR107013 SAMBORONDON",8,"7862112522503","P.T:110802","SALSA AJÍ ROCOTO CREMOSO OLE DP 200G","Bodega Producto Terminado",12,"X12",1.22,14.64,"UNIDAD SALSA",0,328.56,377.84,"IVA EN VENTAS 15%",{"$f":"IFERROR(IF(Tabla_Consulta_desde_QuickBooks_Data_64_Bit_QRemote[[#This Row],[SalesOrderLineUnitOfMeasure]]=\"un\",Tabla_Consulta_desde_QuickBooks_Data_64_Bit_QRemote[[#This Row],[SalesOrderLineQuantity]],Tabla_Consulta_desde_QuickBooks_Data_64_Bit_QRemote[[#This Row],[SalesOrderLineQuantity]]/MID(Tabla_Consulta_desde_QuickBooks_Data_64_Bit_QRemote[[#This Row],[SalesOrderLineUnitOfMeasure]],2,2)),0)","v":1},{"$f":"IFERROR(IF(Tabla_Consulta_desde_QuickBooks_Data_64_Bit_QRemote[[#This Row],[SalesOrderLineUnitOfMeasure]]=\"un\",Tabla_Consulta_desde_QuickBooks_Data_64_Bit_QRemote[[#This Row],[SalesOrderLineInvoiced]],Tabla_Consulta_desde_QuickBooks_Data_64_Bit_QRemote[[#This Row],[SalesOrderLineInvoiced]]/MID(Tabla_Consulta_desde_QuickBooks_Data_64_Bit_QRemote[[#This Row],[SalesOrderLineUnitOfMeasure]],2,2)),0)","v":0},{"$f":"+Tabla_Consulta_desde_QuickBooks_Data_64_Bit_QRemote[[#This Row],[facturado]]-Tabla_Consulta_desde_QuickBooks_Data_64_Bit_QRemote[[#This Row],[pide]]","v":-1},{"$f":"IF(Tabla_Consulta_desde_QuickBooks_Data_64_Bit_QRemote[[#This Row],[diferecia]]=0,\"ok\",\"diferen\")","v":"diferen"},{"$f":"IFERROR(INDEX(um!A:C,MATCH(Tabla_Consulta_desde_QuickBooks_Data_64_Bit_QRemote[[#This Row],[SalesOrderLineItemRefFullName]],um!A:A,0),3),\"\")","v":"X12"},{"$f":"IFERROR(IF(OR(Tabla_Consulta_desde_QuickBooks_Data_64_Bit_QRemote[[#This Row],[SalesOrderLineUnitOfMeasure]]=\"UN\",Tabla_Consulta_desde_QuickBooks_Data_64_Bit_QRemote[[#This Row],[SalesOrderLineUnitOfMeasure]]=Tabla_Consulta_desde_QuickBooks_Data_64_Bit_QRemote[[#This Row],[U/M]]),\"\",\"ERROR\"),\"\")","v":""},{"$f":"+WEEKNUM(Tabla_Consulta_desde_QuickBooks_Data_64_Bit_QRemote[[#This Row],[TxnDate]])","v":23},{"$f":"+Tabla_Consulta_desde_QuickBooks_Data_64_Bit_QRemote[[#This Row],[SalesOrderLineRate]]*Tabla_Consulta_desde_QuickBooks_Data_64_Bit_QRemote[[#This Row],[SalesOrderLineInvoiced]]","v":0},{"$f":"+IFERROR(IF(Tabla_Consulta_desde_QuickBooks_Data_64_Bit_QRemote[[#This Row],[CustomerRefFullName]]=\"GRUVALCORP SA\",VLOOKUP(Tabla_Consulta_desde_QuickBooks_Data_64_Bit_QRemote[[#This Row],[SalesOrderLineItemRefFullName]],Hoja1!A:E,5,FALSE),\"\")*-Tabla_Consulta_desde_QuickBooks_Data_64_Bit_QRemote[[#This Row],[SalesOrderLineAmount]],\"\")","v":""},{"$f":"IF(COUNTIF(wms!E:E,Tabla_Consulta_desde_QuickBooks_Data_64_Bit_QRemote[[#This Row],[RefNumber]])>0,\"OK\",\"FALTA\")","v":"FALTA"}]
["2025-06-03","29142","GERARDO ORTIZ E HIJOS CIA. LTDA.","SR107013 SAMBORONDON",9,"7862112522244","P.T:110736","TERIYAKI SALSA ASIATICA OLE 300G","Bodega Producto Terminado",12,"X12",2.13,25.56,"UNIDAD SALSA",0,328.56,377.84,"IVA EN VENTAS 15%",{"$f":"IFERROR(IF(Tabla_Consulta_desde_QuickBooks_Data_64_Bit_QRemote[[#This Row],[SalesOrderLineUnitOfMeasure]]=\"un\",Tabla_Consulta_desde_QuickBooks_Data_64_Bit_QRemote[[#This Row],[SalesOrderLineQuantity]],Tabla_Consulta_desde_QuickBooks_Data_64_Bit_QRemote[[#This Row],[SalesOrderLineQuantity]]/MID(Tabla_Consulta_desde_QuickBooks_Data_64_Bit_QRemote[[#This Row],[SalesOrderLineUnitOfMeasure]],2,2)),0)","v":1},{"$f":"IFERROR(IF(Tabla_Consulta_desde_QuickBooks_Data_64_Bit_QRemote[[#This Row],[SalesOrderLineUnitOfMeasure]]=\"un\",Tabla_Consulta_desde_QuickBooks_Data_64_Bit_QRemote[[#This Row],[SalesOrderLineInvoiced]],Tabla_Consulta_desde_QuickBooks_Data_64_Bit_QRemote[[#This Row],[SalesOrderLineInvoiced]]/MID(Tabla_Consulta_desde_QuickBooks_Data_64_Bit_QRemote[[#This Row],[SalesOrderLineUnitOfMeasure]],2,2)),0)","v":0},{"$f":"+Tabla_Consulta_desde_QuickBooks_Data_64_Bit_QRemote[[#This Row],[facturado]]-Tabla_Consulta_desde_QuickBooks_Data_64_Bit_QRemote[[#This Row],[pide]]","v":-1},{"$f":"IF(Tabla_Consulta_desde_QuickBooks_Data_64_Bit_QRemote[[#This Row],[diferecia]]=0,\"ok\",\"diferen\")","v":"diferen"},{"$f":"IFERROR(INDEX(um!A:C,MATCH(Tabla_Consulta_desde_QuickBooks_Data_64_Bit_QRemote[[#This Row],[SalesOrderLineItemRefFullName]],um!A:A,0),3),\"\")","v":"X12"},{"$f":"IFERROR(IF(OR(Tabla_Consulta_desde_QuickBooks_Data_64_Bit_QRemote[[#This Row],[SalesOrderLineUnitOfMeasure]]=\"UN\",Tabla_Consulta_desde_QuickBooks_Data_64_Bit_QRemote[[#This Row],[SalesOrderLineUnitOfMeasure]]=Tabla_Consulta_desde_QuickBooks_Data_64_Bit_QRemote[[#This Row],[U/M]]),\"\",\"ERROR\"),\"\")","v":""},{"$f":"+WEEKNUM(Tabla_Consulta_desde_QuickBooks_Data_64_Bit_QRemote[[#This Row],[TxnDate]])","v":23},{"$f":"+Tabla_Consulta_desde_QuickBooks_Data_64_Bit_QRemote[[#This Row],[SalesOrderLineRate]]*Tabla_Consulta_desde_QuickBooks_Data_64_Bit_QRemote[[#This Row],[SalesOrderLineInvoiced]]","v":0},{"$f":"+IFERROR(IF(Tabla_Consulta_desde_QuickBooks_Data_64_Bit_QRemote[[#This Row],[CustomerRefFullName]]=\"GRUVALCORP SA\",VLOOKUP(Tabla_Consulta_desde_QuickBooks_Data_64_Bit_QRemote[[#This Row],[SalesOrderLineItemRefFullName]],Hoja1!A:E,5,FALSE),\"\")*-Tabla_Consulta_desde_QuickBooks_Data_64_Bit_QRemote[[#This Row],[SalesOrderLineAmount]],\"\")","v":""},{"$f":"IF(COUNTIF(wms!E:E,Tabla_Consulta_desde_QuickBooks_Data_64_Bit_QRemote[[#This Row],[RefNumber]])>0,\"OK\",\"FALTA\")","v":"FALTA"}]
["2025-06-03","29142","GERARDO ORTIZ E HIJOS CIA. LTDA.","SR107013 SAMBORONDON",10,"7862112521698","P.T:311407","VINAGRE DE MANZANA CON LA MADRE OLE 500ML","Bodega Producto Terminado",12,"X12",4.28,51.36,"UNIDAD SALSA",0,328.56,377.84,"IVA EN VENTAS 15%",{"$f":"IFERROR(IF(Tabla_Consulta_desde_QuickBooks_Data_64_Bit_QRemote[[#This Row],[SalesOrderLineUnitOfMeasure]]=\"un\",Tabla_Consulta_desde_QuickBooks_Data_64_Bit_QRemote[[#This Row],[SalesOrderLineQuantity]],Tabla_Consulta_desde_QuickBooks_Data_64_Bit_QRemote[[#This Row],[SalesOrderLineQuantity]]/MID(Tabla_Consulta_desde_QuickBooks_Data_64_Bit_QRemote[[#This Row],[SalesOrderLineUnitOfMeasure]],2,2)),0)","v":1},{"$f":"IFERROR(IF(Tabla_Consulta_desde_QuickBooks_Data_64_Bit_QRemote[[#This Row],[SalesOrderLineUnitOfMeasure]]=\"un\",Tabla_Consulta_desde_QuickBooks_Data_64_Bit_QRemote[[#This Row],[SalesOrderLineInvoiced]],Tabla_Consulta_desde_QuickBooks_Data_64_Bit_QRemote[[#This Row],[SalesOrderLineInvoiced]]/MID(Tabla_Consulta_desde_QuickBooks_Data_64_Bit_QRemote[[#This Row],[SalesOrderLineUnitOfMeasure]],2,2)),0)","v":0},{"$f":"+Tabla_Consulta_desde_QuickBooks_Data_64_Bit_QRemote[[#This Row],[facturado]]-Tabla_Consulta_desde_QuickBooks_Data_64_Bit_QRemote[[#This Row],[pide]]","v":-1},{"$f":"IF(Tabla_Consulta_desde_QuickBooks_Data_64_Bit_QRemote[[#This Row],[diferecia]]=0,\"ok\",\"diferen\")","v":"diferen"},{"$f":"IFERROR(INDEX(um!A:C,MATCH(Tabla_Consulta_desde_QuickBooks_Data_64_Bit_QRemote[[#This Row],[SalesOrderLineItemRefFullName]],um!A:A,0),3),\"\")","v":"X12"},{"$f":"IFERROR(IF(OR(Tabla_Consulta_desde_QuickBooks_Data_64_Bit_QRemote[[#This Row],[SalesOrderLineUnitOfMeasure]]=\"UN\",Tabla_Consulta_desde_QuickBooks_Data_64_Bit_QRemote[[#This Row],[SalesOrderLineUnitOfMeasure]]=Tabla_Consulta_desde_QuickBooks_Data_64_Bit_QRemote[[#This Row],[U/M]]),\"\",\"ERROR\"),\"\")","v":""},{"$f":"+WEEKNUM(Tabla_Consulta_desde_QuickBooks_Data_64_Bit_QRemote[[#This Row],[TxnDate]])","v":23},{"$f":"+Tabla_Consulta_desde_QuickBooks_Data_64_Bit_QRemote[[#This Row],[SalesOrderLineRate]]*Tabla_Consulta_desde_QuickBooks_Data_64_Bit_QRemote[[#This Row],[SalesOrderLineInvoiced]]","v":0},{"$f":"+IFERROR(IF(Tabla_Consulta_desde_QuickBooks_Data_64_Bit_QRemote[[#This Row],[CustomerRefFullName]]=\"GRUVALCORP SA\",VLOOKUP(Tabla_Consulta_desde_QuickBooks_Data_64_Bit_QRemote[[#This Row],[SalesOrderLineItemRefFullName]],Hoja1!A:E,5,FALSE),\"\")*-Tabla_Consulta_desde_QuickBooks_Data_64_Bit_QRemote[[#This Row],[SalesOrderLineAmount]],\"\")","v":""},{"$f":"IF(COUNTIF(wms!E:E,Tabla_Consulta_desde_QuickBooks_Data_64_Bit_QRemote[[#This Row],[RefNumber]])>0,\"OK\",\"FALTA\")","v":"FALTA"}]
["2025-06-03","29142","GERARDO ORTIZ E HIJOS CIA. LTDA.","SR107013 SAMBORONDON",11,"7862112523265","PT:220143","TOTOPOS NATURAL MINI OLE 45G","Bodega Producto Terminado",30,"X30",0.34,10.199999999999999,"UNIDAD SNCKS",0,328.56,377.84,"IVA EN VENTAS 15%",{"$f":"IFERROR(IF(Tabla_Consulta_desde_QuickBooks_Data_64_Bit_QRemote[[#This Row],[SalesOrderLineUnitOfMeasure]]=\"un\",Tabla_Consulta_desde_QuickBooks_Data_64_Bit_QRemote[[#This Row],[SalesOrderLineQuantity]],Tabla_Consulta_desde_QuickBooks_Data_64_Bit_QRemote[[#This Row],[SalesOrderLineQuantity]]/MID(Tabla_Consulta_desde_QuickBooks_Data_64_Bit_QRemote[[#This Row],[SalesOrderLineUnitOfMeasure]],2,2)),0)","v":1},{"$f":"IFERROR(IF(Tabla_Consulta_desde_QuickBooks_Data_64_Bit_QRemote[[#This Row],[SalesOrderLineUnitOfMeasure]]=\"un\",Tabla_Consulta_desde_QuickBooks_Data_64_Bit_QRemote[[#This Row],[SalesOrderLineInvoiced]],Tabla_Consulta_desde_QuickBooks_Data_64_Bit_QRemote[[#This Row],[SalesOrderLineInvoiced]]/MID(Tabla_Consulta_desde_QuickBooks_Data_64_Bit_QRemote[[#This Row],[SalesOrderLineUnitOfMeasure]],2,2)),0)","v":0},{"$f":"+Tabla_Consulta_desde_QuickBooks_Data_64_Bit_QRemote[[#This Row],[facturado]]-Tabla_Consulta_desde_QuickBooks_Data_64_Bit_QRemote[[#This Row],[pide]]","v":-1},{"$f":"IF(Tabla_Consulta_desde_QuickBooks_Data_64_Bit_QRemote[[#This Row],[diferecia]]=0,\"ok\",\"diferen\")","v":"diferen"},{"$f":"IFERROR(INDEX(um!A:C,MATCH(Tabla_Consulta_desde_QuickBooks_Data_64_Bit_QRemote[[#This Row],[SalesOrderLineItemRefFullName]],um!A:A,0),3),\"\")","v":"X30"},{"$f":"IFERROR(IF(OR(Tabla_Consulta_desde_QuickBooks_Data_64_Bit_QRemote[[#This Row],[SalesOrderLineUnitOfMeasure]]=\"UN\",Tabla_Consulta_desde_QuickBooks_Data_64_Bit_QRemote[[#This Row],[SalesOrderLineUnitOfMeasure]]=Tabla_Consulta_desde_QuickBooks_Data_64_Bit_QRemote[[#This Row],[U/M]]),\"\",\"ERROR\"),\"\")","v":""},{"$f":"+WEEKNUM(Tabla_Consulta_desde_QuickBooks_Data_64_Bit_QRemote[[#This Row],[TxnDate]])","v":23},{"$f":"+Tabla_Consulta_desde_QuickBooks_Data_64_Bit_QRemote[[#This Row],[SalesOrderLineRate]]*Tabla_Consulta_desde_QuickBooks_Data_64_Bit_QRemote[[#This Row],[SalesOrderLineInvoiced]]","v":0},{"$f":"+IFERROR(IF(Tabla_Consulta_desde_QuickBooks_Data_64_Bit_QRemote[[#This Row],[CustomerRefFullName]]=\"GRUVALCORP SA\",VLOOKUP(Tabla_Consulta_desde_QuickBooks_Data_64_Bit_QRemote[[#This Row],[SalesOrderLineItemRefFullName]],Hoja1!A:E,5,FALSE),\"\")*-Tabla_Consulta_desde_QuickBooks_Data_64_Bit_QRemote[[#This Row],[SalesOrderLineAmount]],\"\")","v":""},{"$f":"IF(COUNTIF(wms!E:E,Tabla_Consulta_desde_QuickBooks_Data_64_Bit_QRemote[[#This Row],[RefNumber]])>0,\"OK\",\"FALTA\")","v":"FALTA"}]
["2025-06-03","29142","GERARDO ORTIZ E HIJOS CIA. LTDA.","SR107013 SAMBORONDON",12,"7862112522855","PT:220138","TOTOPOS AJI MARACUYA OLE 120G","Bodega Producto Terminado",12,"X12",0.93,11.16,"UNIDAD SNCKS",0,328.56,377.84,"IVA EN VENTAS 15%",{"$f":"IFERROR(IF(Tabla_Consulta_desde_QuickBooks_Data_64_Bit_QRemote[[#This Row],[SalesOrderLineUnitOfMeasure]]=\"un\",Tabla_Consulta_desde_QuickBooks_Data_64_Bit_QRemote[[#This Row],[SalesOrderLineQuantity]],Tabla_Consulta_desde_QuickBooks_Data_64_Bit_QRemote[[#This Row],[SalesOrderLineQuantity]]/MID(Tabla_Consulta_desde_QuickBooks_Data_64_Bit_QRemote[[#This Row],[SalesOrderLineUnitOfMeasure]],2,2)),0)","v":1},{"$f":"IFERROR(IF(Tabla_Consulta_desde_QuickBooks_Data_64_Bit_QRemote[[#This Row],[SalesOrderLineUnitOfMeasure]]=\"un\",Tabla_Consulta_desde_QuickBooks_Data_64_Bit_QRemote[[#This Row],[SalesOrderLineInvoiced]],Tabla_Consulta_desde_QuickBooks_Data_64_Bit_QRemote[[#This Row],[SalesOrderLineInvoiced]]/MID(Tabla_Consulta_desde_QuickBooks_Data_64_Bit_QRemote[[#This Row],[SalesOrderLineUnitOfMeasure]],2,2)),0)","v":0},{"$f":"+Tabla_Consulta_desde_QuickBooks_Data_64_Bit_QRemote[[#This Row],[facturado]]-Tabla_Consulta_desde_QuickBooks_Data_64_Bit_QRemote[[#This Row],[pide]]","v":-1},{"$f":"IF(Tabla_Consulta_desde_QuickBooks_Data_64_Bit_QRemote[[#This Row],[diferecia]]=0,\"ok\",\"diferen\")","v":"diferen"},{"$f":"IFERROR(INDEX(um!A:C,MATCH(Tabla_Consulta_desde_QuickBooks_Data_64_Bit_QRemote[[#This Row],[SalesOrderLineItemRefFullName]],um!A:A,0),3),\"\")","v":"X12"},{"$f":"IFERROR(IF(OR(Tabla_Consulta_desde_QuickBooks_Data_64_Bit_QRemote[[#This Row],[SalesOrderLineUnitOfMeasure]]=\"UN\",Tabla_Consulta_desde_QuickBooks_Data_64_Bit_QRemote[[#This Row],[SalesOrderLineUnitOfMeasure]]=Tabla_Consulta_desde_QuickBooks_Data_64_Bit_QRemote[[#This Row],[U/M]]),\"\",\"ERROR\"),\"\")","v":""},{"$f":"+WEEKNUM(Tabla_Consulta_desde_QuickBooks_Data_64_Bit_QRemote[[#This Row],[TxnDate]])","v":23},{"$f":"+Tabla_Consulta_desde_QuickBooks_Data_64_Bit_QRemote[[#This Row],[SalesOrderLineRate]]*Tabla_Consulta_desde_QuickBooks_Data_64_Bit_QRemote[[#This Row],[SalesOrderLineInvoiced]]","v":0},{"$f":"+IFERROR(IF(Tabla_Consulta_desde_QuickBooks_Data_64_Bit_QRemote[[#This Row],[CustomerRefFullName]]=\"GRUVALCORP SA\",VLOOKUP(Tabla_Consulta_desde_QuickBooks_Data_64_Bit_QRemote[[#This Row],[SalesOrderLineItemRefFullName]],Hoja1!A:E,5,FALSE),\"\")*-Tabla_Consulta_desde_QuickBooks_Data_64_Bit_QRemote[[#This Row],[SalesOrderLineAmount]],\"\")","v":""},{"$f":"IF(COUNTIF(wms!E:E,Tabla_Consulta_desde_QuickBooks_Data_64_Bit_QRemote[[#This Row],[RefNumber]])>0,\"OK\",\"FALTA\")","v":"FALTA"}]
["2025-06-03","29142","GERARDO ORTIZ E HIJOS CIA. LTDA.","SR107013 SAMBORONDON",13,"7862112522732","PT:220135","TOTOPOS SABOR GUACAMOLE OLE 120G","Bodega Producto Terminado",12,"X12",0.91,10.92,"UNIDAD SNCKS",0,328.56,377.84,"IVA EN VENTAS 15%",{"$f":"IFERROR(IF(Tabla_Consulta_desde_QuickBooks_Data_64_Bit_QRemote[[#This Row],[SalesOrderLineUnitOfMeasure]]=\"un\",Tabla_Consulta_desde_QuickBooks_Data_64_Bit_QRemote[[#This Row],[SalesOrderLineQuantity]],Tabla_Consulta_desde_QuickBooks_Data_64_Bit_QRemote[[#This Row],[SalesOrderLineQuantity]]/MID(Tabla_Consulta_desde_QuickBooks_Data_64_Bit_QRemote[[#This Row],[SalesOrderLineUnitOfMeasure]],2,2)),0)","v":1},{"$f":"IFERROR(IF(Tabla_Consulta_desde_QuickBooks_Data_64_Bit_QRemote[[#This Row],[SalesOrderLineUnitOfMeasure]]=\"un\",Tabla_Consulta_desde_QuickBooks_Data_64_Bit_QRemote[[#This Row],[SalesOrderLineInvoiced]],Tabla_Consulta_desde_QuickBooks_Data_64_Bit_QRemote[[#This Row],[SalesOrderLineInvoiced]]/MID(Tabla_Consulta_desde_QuickBooks_Data_64_Bit_QRemote[[#This Row],[SalesOrderLineUnitOfMeasure]],2,2)),0)","v":0},{"$f":"+Tabla_Consulta_desde_QuickBooks_Data_64_Bit_QRemote[[#This Row],[facturado]]-Tabla_Consulta_desde_QuickBooks_Data_64_Bit_QRemote[[#This Row],[pide]]","v":-1},{"$f":"IF(Tabla_Consulta_desde_QuickBooks_Data_64_Bit_QRemote[[#This Row],[diferecia]]=0,\"ok\",\"diferen\")","v":"diferen"},{"$f":"IFERROR(INDEX(um!A:C,MATCH(Tabla_Consulta_desde_QuickBooks_Data_64_Bit_QRemote[[#This Row],[SalesOrderLineItemRefFullName]],um!A:A,0),3),\"\")","v":"X12"},{"$f":"IFERROR(IF(OR(Tabla_Consulta_desde_QuickBooks_Data_64_Bit_QRemote[[#This Row],[SalesOrderLineUnitOfMeasure]]=\"UN\",Tabla_Consulta_desde_QuickBooks_Data_64_Bit_QRemote[[#This Row],[SalesOrderLineUnitOfMeasure]]=Tabla_Consulta_desde_QuickBooks_Data_64_Bit_QRemote[[#This Row],[U/M]]),\"\",\"ERROR\"),\"\")","v":""},{"$f":"+WEEKNUM(Tabla_Consulta_desde_QuickBooks_Data_64_Bit_QRemote[[#This Row],[TxnDate]])","v":23},{"$f":"+Tabla_Consulta_desde_QuickBooks_Data_64_Bit_QRemote[[#This Row],[SalesOrderLineRate]]*Tabla_Consulta_desde_QuickBooks_Data_64_Bit_QRemote[[#This Row],[SalesOrderLineInvoiced]]","v":0},{"$f":"+IFERROR(IF(Tabla_Consulta_desde_QuickBooks_Data_64_Bit_QRemote[[#This Row],[CustomerRefFullName]]=\"GRUVALCORP SA\",VLOOKUP(Tabla_Consulta_desde_QuickBooks_Data_64_Bit_QRemote[[#This Row],[SalesOrderLineItemRefFullName]],Hoja1!A:E,5,FALSE),\"\")*-Tabla_Consulta_desde_QuickBooks_Data_64_Bit_QRemote[[#This Row],[SalesOrderLineAmount]],\"\")","v":""},{"$f":"IF(COUNTIF(wms!E:E,Tabla_Consulta_desde_QuickBooks_Data_64_Bit_QRemote[[#This Row],[RefNumber]])>0,\"OK\",\"FALTA\")","v":"FALTA"}]
["2025-06-03","29142","GERARDO ORTIZ E HIJOS CIA. LTDA.","SR107013 SAMBORONDON",14,"7862112522756","PT:220136","TOTOPOS NATURAL MINI OLE 300G","Bodega Producto Terminado",12,"X12",1.61,19.32,"UNIDAD SNCKS",0,328.56,377.84,"IVA EN VENTAS 15%",{"$f":"IFERROR(IF(Tabla_Consulta_desde_QuickBooks_Data_64_Bit_QRemote[[#This Row],[SalesOrderLineUnitOfMeasure]]=\"un\",Tabla_Consulta_desde_QuickBooks_Data_64_Bit_QRemote[[#This Row],[SalesOrderLineQuantity]],Tabla_Consulta_desde_QuickBooks_Data_64_Bit_QRemote[[#This Row],[SalesOrderLineQuantity]]/MID(Tabla_Consulta_desde_QuickBooks_Data_64_Bit_QRemote[[#This Row],[SalesOrderLineUnitOfMeasure]],2,2)),0)","v":1},{"$f":"IFERROR(IF(Tabla_Consulta_desde_QuickBooks_Data_64_Bit_QRemote[[#This Row],[SalesOrderLineUnitOfMeasure]]=\"un\",Tabla_Consulta_desde_QuickBooks_Data_64_Bit_QRemote[[#This Row],[SalesOrderLineInvoiced]],Tabla_Consulta_desde_QuickBooks_Data_64_Bit_QRemote[[#This Row],[SalesOrderLineInvoiced]]/MID(Tabla_Consulta_desde_QuickBooks_Data_64_Bit_QRemote[[#This Row],[SalesOrderLineUnitOfMeasure]],2,2)),0)","v":0},{"$f":"+Tabla_Consulta_desde_QuickBooks_Data_64_Bit_QRemote[[#This Row],[facturado]]-Tabla_Consulta_desde_QuickBooks_Data_64_Bit_QRemote[[#This Row],[pide]]","v":-1},{"$f":"IF(Tabla_Consulta_desde_QuickBooks_Data_64_Bit_QRemote[[#This Row],[diferecia]]=0,\"ok\",\"diferen\")","v":"diferen"},{"$f":"IFERROR(INDEX(um!A:C,MATCH(Tabla_Consulta_desde_QuickBooks_Data_64_Bit_QRemote[[#This Row],[SalesOrderLineItemRefFullName]],um!A:A,0),3),\"\")","v":"X12"},{"$f":"IFERROR(IF(OR(Tabla_Consulta_desde_QuickBooks_Data_64_Bit_QRemote[[#This Row],[SalesOrderLineUnitOfMeasure]]=\"UN\",Tabla_Consulta_desde_QuickBooks_Data_64_Bit_QRemote[[#This Row],[SalesOrderLineUnitOfMeasure]]=Tabla_Consulta_desde_QuickBooks_Data_64_Bit_QRemote[[#This Row],[U/M]]),\"\",\"ERROR\"),\"\")","v":""},{"$f":"+WEEKNUM(Tabla_Consulta_desde_QuickBooks_Data_64_Bit_QRemote[[#This Row],[TxnDate]])","v":23},{"$f":"+Tabla_Consulta_desde_QuickBooks_Data_64_Bit_QRemote[[#This Row],[SalesOrderLineRate]]*Tabla_Consulta_desde_QuickBooks_Data_64_Bit_QRemote[[#This Row],[SalesOrderLineInvoiced]]","v":0},{"$f":"+IFERROR(IF(Tabla_Consulta_desde_QuickBooks_Data_64_Bit_QRemote[[#This Row],[CustomerRefFullName]]=\"GRUVALCORP SA\",VLOOKUP(Tabla_Consulta_desde_QuickBooks_Data_64_Bit_QRemote[[#This Row],[SalesOrderLineItemRefFullName]],Hoja1!A:E,5,FALSE),\"\")*-Tabla_Consulta_desde_QuickBooks_Data_64_Bit_QRemote[[#This Row],[SalesOrderLineAmount]],\"\")","v":""},{"$f":"IF(COUNTIF(wms!E:E,Tabla_Consulta_desde_QuickBooks_Data_64_Bit_QRemote[[#This Row],[RefNumber]])>0,\"OK\",\"FALTA\")","v":"FALTA"}]
["2025-06-03","29142","GERARDO ORTIZ E HIJOS CIA. LTDA.","SR107013 SAMBORONDON",15,null,"INFOADICIONAL","SR107013 SAMBORONDON",null,null,null,0,0,null,0,328.56,377.84,"IVA EN VENTAS 15%",{"$f":"IFERROR(IF(Tabla_Consulta_desde_QuickBooks_Data_64_Bit_QRemote[[#This Row],[SalesOrderLineUnitOfMeasure]]=\"un\",Tabla_Consulta_desde_QuickBooks_Data_64_Bit_QRemote[[#This Row],[SalesOrderLineQuantity]],Tabla_Consulta_desde_QuickBooks_Data_64_Bit_QRemote[[#This Row],[SalesOrderLineQuantity]]/MID(Tabla_Consulta_desde_QuickBooks_Data_64_Bit_QRemote[[#This Row],[SalesOrderLineUnitOfMeasure]],2,2)),0)","v":0},{"$f":"IFERROR(IF(Tabla_Consulta_desde_QuickBooks_Data_64_Bit_QRemote[[#This Row],[SalesOrderLineUnitOfMeasure]]=\"un\",Tabla_Consulta_desde_QuickBooks_Data_64_Bit_QRemote[[#This Row],[SalesOrderLineInvoiced]],Tabla_Consulta_desde_QuickBooks_Data_64_Bit_QRemote[[#This Row],[SalesOrderLineInvoiced]]/MID(Tabla_Consulta_desde_QuickBooks_Data_64_Bit_QRemote[[#This Row],[SalesOrderLineUnitOfMeasure]],2,2)),0)","v":0},{"$f":"+Tabla_Consulta_desde_QuickBooks_Data_64_Bit_QRemote[[#This Row],[facturado]]-Tabla_Consulta_desde_QuickBooks_Data_64_Bit_QRemote[[#This Row],[pide]]","v":0},{"$f":"IF(Tabla_Consulta_desde_QuickBooks_Data_64_Bit_QRemote[[#This Row],[diferecia]]=0,\"ok\",\"diferen\")","v":"ok"},{"$f":"IFERROR(INDEX(um!A:C,MATCH(Tabla_Consulta_desde_QuickBooks_Data_64_Bit_QRemote[[#This Row],[SalesOrderLineItemRefFullName]],um!A:A,0),3),\"\")","v":""},{"$f":"IFERROR(IF(OR(Tabla_Consulta_desde_QuickBooks_Data_64_Bit_QRemote[[#This Row],[SalesOrderLineUnitOfMeasure]]=\"UN\",Tabla_Consulta_desde_QuickBooks_Data_64_Bit_QRemote[[#This Row],[SalesOrderLineUnitOfMeasure]]=Tabla_Consulta_desde_QuickBooks_Data_64_Bit_QRemote[[#This Row],[U/M]]),\"\",\"ERROR\"),\"\")","v":""},{"$f":"+WEEKNUM(Tabla_Consulta_desde_QuickBooks_Data_64_Bit_QRemote[[#This Row],[TxnDate]])","v":23},{"$f":"+Tabla_Consulta_desde_QuickBooks_Data_64_Bit_QRemote[[#This Row],[SalesOrderLineRate]]*Tabla_Consulta_desde_QuickBooks_Data_64_Bit_QRemote[[#This Row],[SalesOrderLineInvoiced]]","v":0},{"$f":"+IFERROR(IF(Tabla_Consulta_desde_QuickBooks_Data_64_Bit_QRemote[[#This Row],[CustomerRefFullName]]=\"GRUVALCORP SA\",VLOOKUP(Tabla_Consulta_desde_QuickBooks_Data_64_Bit_QRemote[[#This Row],[SalesOrderLineItemRefFullName]],Hoja1!A:E,5,FALSE),\"\")*-Tabla_Consulta_desde_QuickBooks_Data_64_Bit_QRemote[[#This Row],[SalesOrderLineAmount]],\"\")","v":""},{"$f":"IF(COUNTIF(wms!E:E,Tabla_Consulta_desde_QuickBooks_Data_64_Bit_QRemote[[#This Row],[RefNumber]])>0,\"OK\",\"FALTA\")","v":"FALTA"}]
["2025-06-03","29143","GERARDO ORTIZ E HIJOS CIA. LTDA.","CD220702 DAULE",1,"7862112523296","P.T:110622","PEPINILLOS CON JALAPEÑO OLE 225G","Bodega Producto Terminado",24,"X24",1.69,40.56,"UNIDAD SALSA",0,106.68,122.68,"IVA EN VENTAS 15%",{"$f":"IFERROR(IF(Tabla_Consulta_desde_QuickBooks_Data_64_Bit_QRemote[[#This Row],[SalesOrderLineUnitOfMeasure]]=\"un\",Tabla_Consulta_desde_QuickBooks_Data_64_Bit_QRemote[[#This Row],[SalesOrderLineQuantity]],Tabla_Consulta_desde_QuickBooks_Data_64_Bit_QRemote[[#This Row],[SalesOrderLineQuantity]]/MID(Tabla_Consulta_desde_QuickBooks_Data_64_Bit_QRemote[[#This Row],[SalesOrderLineUnitOfMeasure]],2,2)),0)","v":1},{"$f":"IFERROR(IF(Tabla_Consulta_desde_QuickBooks_Data_64_Bit_QRemote[[#This Row],[SalesOrderLineUnitOfMeasure]]=\"un\",Tabla_Consulta_desde_QuickBooks_Data_64_Bit_QRemote[[#This Row],[SalesOrderLineInvoiced]],Tabla_Consulta_desde_QuickBooks_Data_64_Bit_QRemote[[#This Row],[SalesOrderLineInvoiced]]/MID(Tabla_Consulta_desde_QuickBooks_Data_64_Bit_QRemote[[#This Row],[SalesOrderLineUnitOfMeasure]],2,2)),0)","v":0},{"$f":"+Tabla_Consulta_desde_QuickBooks_Data_64_Bit_QRemote[[#This Row],[facturado]]-Tabla_Consulta_desde_QuickBooks_Data_64_Bit_QRemote[[#This Row],[pide]]","v":-1},{"$f":"IF(Tabla_Consulta_desde_QuickBooks_Data_64_Bit_QRemote[[#This Row],[diferecia]]=0,\"ok\",\"diferen\")","v":"diferen"},{"$f":"IFERROR(INDEX(um!A:C,MATCH(Tabla_Consulta_desde_QuickBooks_Data_64_Bit_QRemote[[#This Row],[SalesOrderLineItemRefFullName]],um!A:A,0),3),\"\")","v":"X24"},{"$f":"IFERROR(IF(OR(Tabla_Consulta_desde_QuickBooks_Data_64_Bit_QRemote[[#This Row],[SalesOrderLineUnitOfMeasure]]=\"UN\",Tabla_Consulta_desde_QuickBooks_Data_64_Bit_QRemote[[#This Row],[SalesOrderLineUnitOfMeasure]]=Tabla_Consulta_desde_QuickBooks_Data_64_Bit_QRemote[[#This Row],[U/M]]),\"\",\"ERROR\"),\"\")","v":""},{"$f":"+WEEKNUM(Tabla_Consulta_desde_QuickBooks_Data_64_Bit_QRemote[[#This Row],[TxnDate]])","v":23},{"$f":"+Tabla_Consulta_desde_QuickBooks_Data_64_Bit_QRemote[[#This Row],[SalesOrderLineRate]]*Tabla_Consulta_desde_QuickBooks_Data_64_Bit_QRemote[[#This Row],[SalesOrderLineInvoiced]]","v":0},{"$f":"+IFERROR(IF(Tabla_Consulta_desde_QuickBooks_Data_64_Bit_QRemote[[#This Row],[CustomerRefFullName]]=\"GRUVALCORP SA\",VLOOKUP(Tabla_Consulta_desde_QuickBooks_Data_64_Bit_QRemote[[#This Row],[SalesOrderLineItemRefFullName]],Hoja1!A:E,5,FALSE),\"\")*-Tabla_Consulta_desde_QuickBooks_Data_64_Bit_QRemote[[#This Row],[SalesOrderLineAmount]],\"\")","v":""},{"$f":"IF(COUNTIF(wms!E:E,Tabla_Consulta_desde_QuickBooks_Data_64_Bit_QRemote[[#This Row],[RefNumber]])>0,\"OK\",\"FALTA\")","v":"FALTA"}]
["2025-06-03","29143","GERARDO ORTIZ E HIJOS CIA. LTDA.","CD220702 DAULE",2,"7862112522626","P.T:110701","CHIMICHURRI ESTILO ARGENTINO OLE 380G","Bodega Producto Terminado",12,"X12",2.9,34.799999999999997,"UNIDAD SALSA",0,106.68,122.68,"IVA EN VENTAS 15%",{"$f":"IFERROR(IF(Tabla_Consulta_desde_QuickBooks_Data_64_Bit_QRemote[[#This Row],[SalesOrderLineUnitOfMeasure]]=\"un\",Tabla_Consulta_desde_QuickBooks_Data_64_Bit_QRemote[[#This Row],[SalesOrderLineQuantity]],Tabla_Consulta_desde_QuickBooks_Data_64_Bit_QRemote[[#This Row],[SalesOrderLineQuantity]]/MID(Tabla_Consulta_desde_QuickBooks_Data_64_Bit_QRemote[[#This Row],[SalesOrderLineUnitOfMeasure]],2,2)),0)","v":1},{"$f":"IFERROR(IF(Tabla_Consulta_desde_QuickBooks_Data_64_Bit_QRemote[[#This Row],[SalesOrderLineUnitOfMeasure]]=\"un\",Tabla_Consulta_desde_QuickBooks_Data_64_Bit_QRemote[[#This Row],[SalesOrderLineInvoiced]],Tabla_Consulta_desde_QuickBooks_Data_64_Bit_QRemote[[#This Row],[SalesOrderLineInvoiced]]/MID(Tabla_Consulta_desde_QuickBooks_Data_64_Bit_QRemote[[#This Row],[SalesOrderLineUnitOfMeasure]],2,2)),0)","v":0},{"$f":"+Tabla_Consulta_desde_QuickBooks_Data_64_Bit_QRemote[[#This Row],[facturado]]-Tabla_Consulta_desde_QuickBooks_Data_64_Bit_QRemote[[#This Row],[pide]]","v":-1},{"$f":"IF(Tabla_Consulta_desde_QuickBooks_Data_64_Bit_QRemote[[#This Row],[diferecia]]=0,\"ok\",\"diferen\")","v":"diferen"},{"$f":"IFERROR(INDEX(um!A:C,MATCH(Tabla_Consulta_desde_QuickBooks_Data_64_Bit_QRemote[[#This Row],[SalesOrderLineItemRefFullName]],um!A:A,0),3),\"\")","v":"X12"},{"$f":"IFERROR(IF(OR(Tabla_Consulta_desde_QuickBooks_Data_64_Bit_QRemote[[#This Row],[SalesOrderLineUnitOfMeasure]]=\"UN\",Tabla_Consulta_desde_QuickBooks_Data_64_Bit_QRemote[[#This Row],[SalesOrderLineUnitOfMeasure]]=Tabla_Consulta_desde_QuickBooks_Data_64_Bit_QRemote[[#This Row],[U/M]]),\"\",\"ERROR\"),\"\")","v":""},{"$f":"+WEEKNUM(Tabla_Consulta_desde_QuickBooks_Data_64_Bit_QRemote[[#This Row],[TxnDate]])","v":23},{"$f":"+Tabla_Consulta_desde_QuickBooks_Data_64_Bit_QRemote[[#This Row],[SalesOrderLineRate]]*Tabla_Consulta_desde_QuickBooks_Data_64_Bit_QRemote[[#This Row],[SalesOrderLineInvoiced]]","v":0},{"$f":"+IFERROR(IF(Tabla_Consulta_desde_QuickBooks_Data_64_Bit_QRemote[[#This Row],[CustomerRefFullName]]=\"GRUVALCORP SA\",VLOOKUP(Tabla_Consulta_desde_QuickBooks_Data_64_Bit_QRemote[[#This Row],[SalesOrderLineItemRefFullName]],Hoja1!A:E,5,FALSE),\"\")*-Tabla_Consulta_desde_QuickBooks_Data_64_Bit_QRemote[[#This Row],[SalesOrderLineAmount]],\"\")","v":""},{"$f":"IF(COUNTIF(wms!E:E,Tabla_Consulta_desde_QuickBooks_Data_64_Bit_QRemote[[#This Row],[RefNumber]])>0,\"OK\",\"FALTA\")","v":"FALTA"}]
["2025-06-03","29143","GERARDO ORTIZ E HIJOS CIA. LTDA.","CD220702 DAULE",3,"7862112523104","P.T:110804","SALSA CHAMOY OLE 275G","Bodega Producto Terminado",12,"X12",1.76,21.12,"UNIDAD SALSA",0,106.68,122.68,"IVA EN VENTAS 15%",{"$f":"IFERROR(IF(Tabla_Consulta_desde_QuickBooks_Data_64_Bit_QRemote[[#This Row],[SalesOrderLineUnitOfMeasure]]=\"un\",Tabla_Consulta_desde_QuickBooks_Data_64_Bit_QRemote[[#This Row],[SalesOrderLineQuantity]],Tabla_Consulta_desde_QuickBooks_Data_64_Bit_QRemote[[#This Row],[SalesOrderLineQuantity]]/MID(Tabla_Consulta_desde_QuickBooks_Data_64_Bit_QRemote[[#This Row],[SalesOrderLineUnitOfMeasure]],2,2)),0)","v":1},{"$f":"IFERROR(IF(Tabla_Consulta_desde_QuickBooks_Data_64_Bit_QRemote[[#This Row],[SalesOrderLineUnitOfMeasure]]=\"un\",Tabla_Consulta_desde_QuickBooks_Data_64_Bit_QRemote[[#This Row],[SalesOrderLineInvoiced]],Tabla_Consulta_desde_QuickBooks_Data_64_Bit_QRemote[[#This Row],[SalesOrderLineInvoiced]]/MID(Tabla_Consulta_desde_QuickBooks_Data_64_Bit_QRemote[[#This Row],[SalesOrderLineUnitOfMeasure]],2,2)),0)","v":0},{"$f":"+Tabla_Consulta_desde_QuickBooks_Data_64_Bit_QRemote[[#This Row],[facturado]]-Tabla_Consulta_desde_QuickBooks_Data_64_Bit_QRemote[[#This Row],[pide]]","v":-1},{"$f":"IF(Tabla_Consulta_desde_QuickBooks_Data_64_Bit_QRemote[[#This Row],[diferecia]]=0,\"ok\",\"diferen\")","v":"diferen"},{"$f":"IFERROR(INDEX(um!A:C,MATCH(Tabla_Consulta_desde_QuickBooks_Data_64_Bit_QRemote[[#This Row],[SalesOrderLineItemRefFullName]],um!A:A,0),3),\"\")","v":"X12"},{"$f":"IFERROR(IF(OR(Tabla_Consulta_desde_QuickBooks_Data_64_Bit_QRemote[[#This Row],[SalesOrderLineUnitOfMeasure]]=\"UN\",Tabla_Consulta_desde_QuickBooks_Data_64_Bit_QRemote[[#This Row],[SalesOrderLineUnitOfMeasure]]=Tabla_Consulta_desde_QuickBooks_Data_64_Bit_QRemote[[#This Row],[U/M]]),\"\",\"ERROR\"),\"\")","v":""},{"$f":"+WEEKNUM(Tabla_Consulta_desde_QuickBooks_Data_64_Bit_QRemote[[#This Row],[TxnDate]])","v":23},{"$f":"+Tabla_Consulta_desde_QuickBooks_Data_64_Bit_QRemote[[#This Row],[SalesOrderLineRate]]*Tabla_Consulta_desde_QuickBooks_Data_64_Bit_QRemote[[#This Row],[SalesOrderLineInvoiced]]","v":0},{"$f":"+IFERROR(IF(Tabla_Consulta_desde_QuickBooks_Data_64_Bit_QRemote[[#This Row],[CustomerRefFullName]]=\"GRUVALCORP SA\",VLOOKUP(Tabla_Consulta_desde_QuickBooks_Data_64_Bit_QRemote[[#This Row],[SalesOrderLineItemRefFullName]],Hoja1!A:E,5,FALSE),\"\")*-Tabla_Consulta_desde_QuickBooks_Data_64_Bit_QRemote[[#This Row],[SalesOrderLineAmount]],\"\")","v":""},{"$f":"IF(COUNTIF(wms!E:E,Tabla_Consulta_desde_QuickBooks_Data_64_Bit_QRemote[[#This Row],[RefNumber]])>0,\"OK\",\"FALTA\")","v":"FALTA"}]
["2025-06-03","29143","GERARDO ORTIZ E HIJOS CIA. LTDA.","CD220702 DAULE",4,"7862112523265","PT:220143","TOTOPOS NATURAL MINI OLE 45G","Bodega Producto Terminado",30,"X30",0.34,10.199999999999999,"UNIDAD SNCKS",0,106.68,122.68,"IVA EN VENTAS 15%",{"$f":"IFERROR(IF(Tabla_Consulta_desde_QuickBooks_Data_64_Bit_QRemote[[#This Row],[SalesOrderLineUnitOfMeasure]]=\"un\",Tabla_Consulta_desde_QuickBooks_Data_64_Bit_QRemote[[#This Row],[SalesOrderLineQuantity]],Tabla_Consulta_desde_QuickBooks_Data_64_Bit_QRemote[[#This Row],[SalesOrderLineQuantity]]/MID(Tabla_Consulta_desde_QuickBooks_Data_64_Bit_QRemote[[#This Row],[SalesOrderLineUnitOfMeasure]],2,2)),0)","v":1},{"$f":"IFERROR(IF(Tabla_Consulta_desde_QuickBooks_Data_64_Bit_QRemote[[#This Row],[SalesOrderLineUnitOfMeasure]]=\"un\",Tabla_Consulta_desde_QuickBooks_Data_64_Bit_QRemote[[#This Row],[SalesOrderLineInvoiced]],Tabla_Consulta_desde_QuickBooks_Data_64_Bit_QRemote[[#This Row],[SalesOrderLineInvoiced]]/MID(Tabla_Consulta_desde_QuickBooks_Data_64_Bit_QRemote[[#This Row],[SalesOrderLineUnitOfMeasure]],2,2)),0)","v":0},{"$f":"+Tabla_Consulta_desde_QuickBooks_Data_64_Bit_QRemote[[#This Row],[facturado]]-Tabla_Consulta_desde_QuickBooks_Data_64_Bit_QRemote[[#This Row],[pide]]","v":-1},{"$f":"IF(Tabla_Consulta_desde_QuickBooks_Data_64_Bit_QRemote[[#This Row],[diferecia]]=0,\"ok\",\"diferen\")","v":"diferen"},{"$f":"IFERROR(INDEX(um!A:C,MATCH(Tabla_Consulta_desde_QuickBooks_Data_64_Bit_QRemote[[#This Row],[SalesOrderLineItemRefFullName]],um!A:A,0),3),\"\")","v":"X30"},{"$f":"IFERROR(IF(OR(Tabla_Consulta_desde_QuickBooks_Data_64_Bit_QRemote[[#This Row],[SalesOrderLineUnitOfMeasure]]=\"UN\",Tabla_Consulta_desde_QuickBooks_Data_64_Bit_QRemote[[#This Row],[SalesOrderLineUnitOfMeasure]]=Tabla_Consulta_desde_QuickBooks_Data_64_Bit_QRemote[[#This Row],[U/M]]),\"\",\"ERROR\"),\"\")","v":""},{"$f":"+WEEKNUM(Tabla_Consulta_desde_QuickBooks_Data_64_Bit_QRemote[[#This Row],[TxnDate]])","v":23},{"$f":"+Tabla_Consulta_desde_QuickBooks_Data_64_Bit_QRemote[[#This Row],[SalesOrderLineRate]]*Tabla_Consulta_desde_QuickBooks_Data_64_Bit_QRemote[[#This Row],[SalesOrderLineInvoiced]]","v":0},{"$f":"+IFERROR(IF(Tabla_Consulta_desde_QuickBooks_Data_64_Bit_QRemote[[#This Row],[CustomerRefFullName]]=\"GRUVALCORP SA\",VLOOKUP(Tabla_Consulta_desde_QuickBooks_Data_64_Bit_QRemote[[#This Row],[SalesOrderLineItemRefFullName]],Hoja1!A:E,5,FALSE),\"\")*-Tabla_Consulta_desde_QuickBooks_Data_64_Bit_QRemote[[#This Row],[SalesOrderLineAmount]],\"\")","v":""},{"$f":"IF(COUNTIF(wms!E:E,Tabla_Consulta_desde_QuickBooks_Data_64_Bit_QRemote[[#This Row],[RefNumber]])>0,\"OK\",\"FALTA\")","v":"FALTA"}]
["2025-06-03","29143","GERARDO ORTIZ E HIJOS CIA. LTDA.","CD220702 DAULE",5,null,"INFOADICIONAL","CD220702 DAULE",null,null,null,0,0,null,0,106.68,122.68,"IVA EN VENTAS 15%",{"$f":"IFERROR(IF(Tabla_Consulta_desde_QuickBooks_Data_64_Bit_QRemote[[#This Row],[SalesOrderLineUnitOfMeasure]]=\"un\",Tabla_Consulta_desde_QuickBooks_Data_64_Bit_QRemote[[#This Row],[SalesOrderLineQuantity]],Tabla_Consulta_desde_QuickBooks_Data_64_Bit_QRemote[[#This Row],[SalesOrderLineQuantity]]/MID(Tabla_Consulta_desde_QuickBooks_Data_64_Bit_QRemote[[#This Row],[SalesOrderLineUnitOfMeasure]],2,2)),0)","v":0},{"$f":"IFERROR(IF(Tabla_Consulta_desde_QuickBooks_Data_64_Bit_QRemote[[#This Row],[SalesOrderLineUnitOfMeasure]]=\"un\",Tabla_Consulta_desde_QuickBooks_Data_64_Bit_QRemote[[#This Row],[SalesOrderLineInvoiced]],Tabla_Consulta_desde_QuickBooks_Data_64_Bit_QRemote[[#This Row],[SalesOrderLineInvoiced]]/MID(Tabla_Consulta_desde_QuickBooks_Data_64_Bit_QRemote[[#This Row],[SalesOrderLineUnitOfMeasure]],2,2)),0)","v":0},{"$f":"+Tabla_Consulta_desde_QuickBooks_Data_64_Bit_QRemote[[#This Row],[facturado]]-Tabla_Consulta_desde_QuickBooks_Data_64_Bit_QRemote[[#This Row],[pide]]","v":0},{"$f":"IF(Tabla_Consulta_desde_QuickBooks_Data_64_Bit_QRemote[[#This Row],[diferecia]]=0,\"ok\",\"diferen\")","v":"ok"},{"$f":"IFERROR(INDEX(um!A:C,MATCH(Tabla_Consulta_desde_QuickBooks_Data_64_Bit_QRemote[[#This Row],[SalesOrderLineItemRefFullName]],um!A:A,0),3),\"\")","v":""},{"$f":"IFERROR(IF(OR(Tabla_Consulta_desde_QuickBooks_Data_64_Bit_QRemote[[#This Row],[SalesOrderLineUnitOfMeasure]]=\"UN\",Tabla_Consulta_desde_QuickBooks_Data_64_Bit_QRemote[[#This Row],[SalesOrderLineUnitOfMeasure]]=Tabla_Consulta_desde_QuickBooks_Data_64_Bit_QRemote[[#This Row],[U/M]]),\"\",\"ERROR\"),\"\")","v":""},{"$f":"+WEEKNUM(Tabla_Consulta_desde_QuickBooks_Data_64_Bit_QRemote[[#This Row],[TxnDate]])","v":23},{"$f":"+Tabla_Consulta_desde_QuickBooks_Data_64_Bit_QRemote[[#This Row],[SalesOrderLineRate]]*Tabla_Consulta_desde_QuickBooks_Data_64_Bit_QRemote[[#This Row],[SalesOrderLineInvoiced]]","v":0},{"$f":"+IFERROR(IF(Tabla_Consulta_desde_QuickBooks_Data_64_Bit_QRemote[[#This Row],[CustomerRefFullName]]=\"GRUVALCORP SA\",VLOOKUP(Tabla_Consulta_desde_QuickBooks_Data_64_Bit_QRemote[[#This Row],[SalesOrderLineItemRefFullName]],Hoja1!A:E,5,FALSE),\"\")*-Tabla_Consulta_desde_QuickBooks_Data_64_Bit_QRemote[[#This Row],[SalesOrderLineAmount]],\"\")","v":""},{"$f":"IF(COUNTIF(wms!E:E,Tabla_Consulta_desde_QuickBooks_Data_64_Bit_QRemote[[#This Row],[RefNumber]])>0,\"OK\",\"FALTA\")","v":"FALTA"}]
["2025-06-03","29144","GERARDO ORTIZ E HIJOS CIA. LTDA.","MC153134 MONTECRISTI",1,"7862112523296","P.T:110622","PEPINILLOS CON JALAPEÑO OLE 225G","Bodega Producto Terminado",24,"X24",1.69,40.56,"UNIDAD SALSA",0,51.12,58.79,"IVA EN VENTAS 15%",{"$f":"IFERROR(IF(Tabla_Consulta_desde_QuickBooks_Data_64_Bit_QRemote[[#This Row],[SalesOrderLineUnitOfMeasure]]=\"un\",Tabla_Consulta_desde_QuickBooks_Data_64_Bit_QRemote[[#This Row],[SalesOrderLineQuantity]],Tabla_Consulta_desde_QuickBooks_Data_64_Bit_QRemote[[#This Row],[SalesOrderLineQuantity]]/MID(Tabla_Consulta_desde_QuickBooks_Data_64_Bit_QRemote[[#This Row],[SalesOrderLineUnitOfMeasure]],2,2)),0)","v":1},{"$f":"IFERROR(IF(Tabla_Consulta_desde_QuickBooks_Data_64_Bit_QRemote[[#This Row],[SalesOrderLineUnitOfMeasure]]=\"un\",Tabla_Consulta_desde_QuickBooks_Data_64_Bit_QRemote[[#This Row],[SalesOrderLineInvoiced]],Tabla_Consulta_desde_QuickBooks_Data_64_Bit_QRemote[[#This Row],[SalesOrderLineInvoiced]]/MID(Tabla_Consulta_desde_QuickBooks_Data_64_Bit_QRemote[[#This Row],[SalesOrderLineUnitOfMeasure]],2,2)),0)","v":0},{"$f":"+Tabla_Consulta_desde_QuickBooks_Data_64_Bit_QRemote[[#This Row],[facturado]]-Tabla_Consulta_desde_QuickBooks_Data_64_Bit_QRemote[[#This Row],[pide]]","v":-1},{"$f":"IF(Tabla_Consulta_desde_QuickBooks_Data_64_Bit_QRemote[[#This Row],[diferecia]]=0,\"ok\",\"diferen\")","v":"diferen"},{"$f":"IFERROR(INDEX(um!A:C,MATCH(Tabla_Consulta_desde_QuickBooks_Data_64_Bit_QRemote[[#This Row],[SalesOrderLineItemRefFullName]],um!A:A,0),3),\"\")","v":"X24"},{"$f":"IFERROR(IF(OR(Tabla_Consulta_desde_QuickBooks_Data_64_Bit_QRemote[[#This Row],[SalesOrderLineUnitOfMeasure]]=\"UN\",Tabla_Consulta_desde_QuickBooks_Data_64_Bit_QRemote[[#This Row],[SalesOrderLineUnitOfMeasure]]=Tabla_Consulta_desde_QuickBooks_Data_64_Bit_QRemote[[#This Row],[U/M]]),\"\",\"ERROR\"),\"\")","v":""},{"$f":"+WEEKNUM(Tabla_Consulta_desde_QuickBooks_Data_64_Bit_QRemote[[#This Row],[TxnDate]])","v":23},{"$f":"+Tabla_Consulta_desde_QuickBooks_Data_64_Bit_QRemote[[#This Row],[SalesOrderLineRate]]*Tabla_Consulta_desde_QuickBooks_Data_64_Bit_QRemote[[#This Row],[SalesOrderLineInvoiced]]","v":0},{"$f":"+IFERROR(IF(Tabla_Consulta_desde_QuickBooks_Data_64_Bit_QRemote[[#This Row],[CustomerRefFullName]]=\"GRUVALCORP SA\",VLOOKUP(Tabla_Consulta_desde_QuickBooks_Data_64_Bit_QRemote[[#This Row],[SalesOrderLineItemRefFullName]],Hoja1!A:E,5,FALSE),\"\")*-Tabla_Consulta_desde_QuickBooks_Data_64_Bit_QRemote[[#This Row],[SalesOrderLineAmount]],\"\")","v":""},{"$f":"IF(COUNTIF(wms!E:E,Tabla_Consulta_desde_QuickBooks_Data_64_Bit_QRemote[[#This Row],[RefNumber]])>0,\"OK\",\"FALTA\")","v":"FALTA"}]
["2025-06-03","29144","GERARDO ORTIZ E HIJOS CIA. LTDA.","MC153134 MONTECRISTI",2,"7862112522497","P.T:110801","SALSA BBQ ORIGINAL OLE DP 200G","Bodega Producto Terminado",12,"X12",0.88,10.56,"UNIDAD SALSA",0,51.12,58.79,"IVA EN VENTAS 15%",{"$f":"IFERROR(IF(Tabla_Consulta_desde_QuickBooks_Data_64_Bit_QRemote[[#This Row],[SalesOrderLineUnitOfMeasure]]=\"un\",Tabla_Consulta_desde_QuickBooks_Data_64_Bit_QRemote[[#This Row],[SalesOrderLineQuantity]],Tabla_Consulta_desde_QuickBooks_Data_64_Bit_QRemote[[#This Row],[SalesOrderLineQuantity]]/MID(Tabla_Consulta_desde_QuickBooks_Data_64_Bit_QRemote[[#This Row],[SalesOrderLineUnitOfMeasure]],2,2)),0)","v":1},{"$f":"IFERROR(IF(Tabla_Consulta_desde_QuickBooks_Data_64_Bit_QRemote[[#This Row],[SalesOrderLineUnitOfMeasure]]=\"un\",Tabla_Consulta_desde_QuickBooks_Data_64_Bit_QRemote[[#This Row],[SalesOrderLineInvoiced]],Tabla_Consulta_desde_QuickBooks_Data_64_Bit_QRemote[[#This Row],[SalesOrderLineInvoiced]]/MID(Tabla_Consulta_desde_QuickBooks_Data_64_Bit_QRemote[[#This Row],[SalesOrderLineUnitOfMeasure]],2,2)),0)","v":0},{"$f":"+Tabla_Consulta_desde_QuickBooks_Data_64_Bit_QRemote[[#This Row],[facturado]]-Tabla_Consulta_desde_QuickBooks_Data_64_Bit_QRemote[[#This Row],[pide]]","v":-1},{"$f":"IF(Tabla_Consulta_desde_QuickBooks_Data_64_Bit_QRemote[[#This Row],[diferecia]]=0,\"ok\",\"diferen\")","v":"diferen"},{"$f":"IFERROR(INDEX(um!A:C,MATCH(Tabla_Consulta_desde_QuickBooks_Data_64_Bit_QRemote[[#This Row],[SalesOrderLineItemRefFullName]],um!A:A,0),3),\"\")","v":"X12"},{"$f":"IFERROR(IF(OR(Tabla_Consulta_desde_QuickBooks_Data_64_Bit_QRemote[[#This Row],[SalesOrderLineUnitOfMeasure]]=\"UN\",Tabla_Consulta_desde_QuickBooks_Data_64_Bit_QRemote[[#This Row],[SalesOrderLineUnitOfMeasure]]=Tabla_Consulta_desde_QuickBooks_Data_64_Bit_QRemote[[#This Row],[U/M]]),\"\",\"ERROR\"),\"\")","v":""},{"$f":"+WEEKNUM(Tabla_Consulta_desde_QuickBooks_Data_64_Bit_QRemote[[#This Row],[TxnDate]])","v":23},{"$f":"+Tabla_Consulta_desde_QuickBooks_Data_64_Bit_QRemote[[#This Row],[SalesOrderLineRate]]*Tabla_Consulta_desde_QuickBooks_Data_64_Bit_QRemote[[#This Row],[SalesOrderLineInvoiced]]","v":0},{"$f":"+IFERROR(IF(Tabla_Consulta_desde_QuickBooks_Data_64_Bit_QRemote[[#This Row],[CustomerRefFullName]]=\"GRUVALCORP SA\",VLOOKUP(Tabla_Consulta_desde_QuickBooks_Data_64_Bit_QRemote[[#This Row],[SalesOrderLineItemRefFullName]],Hoja1!A:E,5,FALSE),\"\")*-Tabla_Consulta_desde_QuickBooks_Data_64_Bit_QRemote[[#This Row],[SalesOrderLineAmount]],\"\")","v":""},{"$f":"IF(COUNTIF(wms!E:E,Tabla_Consulta_desde_QuickBooks_Data_64_Bit_QRemote[[#This Row],[RefNumber]])>0,\"OK\",\"FALTA\")","v":"FALTA"}]
["2025-06-03","29144","GERARDO ORTIZ E HIJOS CIA. LTDA.","MC153134 MONTECRISTI",3,null,"INFOADICIONAL","MC153134 MONTECRISTI",null,null,null,0,0,null,0,51.12,58.79,"IVA EN VENTAS 15%",{"$f":"IFERROR(IF(Tabla_Consulta_desde_QuickBooks_Data_64_Bit_QRemote[[#This Row],[SalesOrderLineUnitOfMeasure]]=\"un\",Tabla_Consulta_desde_QuickBooks_Data_64_Bit_QRemote[[#This Row],[SalesOrderLineQuantity]],Tabla_Consulta_desde_QuickBooks_Data_64_Bit_QRemote[[#This Row],[SalesOrderLineQuantity]]/MID(Tabla_Consulta_desde_QuickBooks_Data_64_Bit_QRemote[[#This Row],[SalesOrderLineUnitOfMeasure]],2,2)),0)","v":0},{"$f":"IFERROR(IF(Tabla_Consulta_desde_QuickBooks_Data_64_Bit_QRemote[[#This Row],[SalesOrderLineUnitOfMeasure]]=\"un\",Tabla_Consulta_desde_QuickBooks_Data_64_Bit_QRemote[[#This Row],[SalesOrderLineInvoiced]],Tabla_Consulta_desde_QuickBooks_Data_64_Bit_QRemote[[#This Row],[SalesOrderLineInvoiced]]/MID(Tabla_Consulta_desde_QuickBooks_Data_64_Bit_QRemote[[#This Row],[SalesOrderLineUnitOfMeasure]],2,2)),0)","v":0},{"$f":"+Tabla_Consulta_desde_QuickBooks_Data_64_Bit_QRemote[[#This Row],[facturado]]-Tabla_Consulta_desde_QuickBooks_Data_64_Bit_QRemote[[#This Row],[pide]]","v":0},{"$f":"IF(Tabla_Consulta_desde_QuickBooks_Data_64_Bit_QRemote[[#This Row],[diferecia]]=0,\"ok\",\"diferen\")","v":"ok"},{"$f":"IFERROR(INDEX(um!A:C,MATCH(Tabla_Consulta_desde_QuickBooks_Data_64_Bit_QRemote[[#This Row],[SalesOrderLineItemRefFullName]],um!A:A,0),3),\"\")","v":""},{"$f":"IFERROR(IF(OR(Tabla_Consulta_desde_QuickBooks_Data_64_Bit_QRemote[[#This Row],[SalesOrderLineUnitOfMeasure]]=\"UN\",Tabla_Consulta_desde_QuickBooks_Data_64_Bit_QRemote[[#This Row],[SalesOrderLineUnitOfMeasure]]=Tabla_Consulta_desde_QuickBooks_Data_64_Bit_QRemote[[#This Row],[U/M]]),\"\",\"ERROR\"),\"\")","v":""},{"$f":"+WEEKNUM(Tabla_Consulta_desde_QuickBooks_Data_64_Bit_QRemote[[#This Row],[TxnDate]])","v":23},{"$f":"+Tabla_Consulta_desde_QuickBooks_Data_64_Bit_QRemote[[#This Row],[SalesOrderLineRate]]*Tabla_Consulta_desde_QuickBooks_Data_64_Bit_QRemote[[#This Row],[SalesOrderLineInvoiced]]","v":0},{"$f":"+IFERROR(IF(Tabla_Consulta_desde_QuickBooks_Data_64_Bit_QRemote[[#This Row],[CustomerRefFullName]]=\"GRUVALCORP SA\",VLOOKUP(Tabla_Consulta_desde_QuickBooks_Data_64_Bit_QRemote[[#This Row],[SalesOrderLineItemRefFullName]],Hoja1!A:E,5,FALSE),\"\")*-Tabla_Consulta_desde_QuickBooks_Data_64_Bit_QRemote[[#This Row],[SalesOrderLineAmount]],\"\")","v":""},{"$f":"IF(COUNTIF(wms!E:E,Tabla_Consulta_desde_QuickBooks_Data_64_Bit_QRemote[[#This Row],[RefNumber]])>0,\"OK\",\"FALTA\")","v":"FALTA"}]
["2025-06-03","29145","GERARDO ORTIZ E HIJOS CIA. LTDA.","CT045188 TARQUI",1,"7862112523296","P.T:110622","PEPINILLOS CON JALAPEÑO OLE 225G","Bodega Producto Terminado",24,"X24",1.69,40.56,"UNIDAD SALSA",0,40.56,46.64,"IVA EN VENTAS 15%",{"$f":"IFERROR(IF(Tabla_Consulta_desde_QuickBooks_Data_64_Bit_QRemote[[#This Row],[SalesOrderLineUnitOfMeasure]]=\"un\",Tabla_Consulta_desde_QuickBooks_Data_64_Bit_QRemote[[#This Row],[SalesOrderLineQuantity]],Tabla_Consulta_desde_QuickBooks_Data_64_Bit_QRemote[[#This Row],[SalesOrderLineQuantity]]/MID(Tabla_Consulta_desde_QuickBooks_Data_64_Bit_QRemote[[#This Row],[SalesOrderLineUnitOfMeasure]],2,2)),0)","v":1},{"$f":"IFERROR(IF(Tabla_Consulta_desde_QuickBooks_Data_64_Bit_QRemote[[#This Row],[SalesOrderLineUnitOfMeasure]]=\"un\",Tabla_Consulta_desde_QuickBooks_Data_64_Bit_QRemote[[#This Row],[SalesOrderLineInvoiced]],Tabla_Consulta_desde_QuickBooks_Data_64_Bit_QRemote[[#This Row],[SalesOrderLineInvoiced]]/MID(Tabla_Consulta_desde_QuickBooks_Data_64_Bit_QRemote[[#This Row],[SalesOrderLineUnitOfMeasure]],2,2)),0)","v":0},{"$f":"+Tabla_Consulta_desde_QuickBooks_Data_64_Bit_QRemote[[#This Row],[facturado]]-Tabla_Consulta_desde_QuickBooks_Data_64_Bit_QRemote[[#This Row],[pide]]","v":-1},{"$f":"IF(Tabla_Consulta_desde_QuickBooks_Data_64_Bit_QRemote[[#This Row],[diferecia]]=0,\"ok\",\"diferen\")","v":"diferen"},{"$f":"IFERROR(INDEX(um!A:C,MATCH(Tabla_Consulta_desde_QuickBooks_Data_64_Bit_QRemote[[#This Row],[SalesOrderLineItemRefFullName]],um!A:A,0),3),\"\")","v":"X24"},{"$f":"IFERROR(IF(OR(Tabla_Consulta_desde_QuickBooks_Data_64_Bit_QRemote[[#This Row],[SalesOrderLineUnitOfMeasure]]=\"UN\",Tabla_Consulta_desde_QuickBooks_Data_64_Bit_QRemote[[#This Row],[SalesOrderLineUnitOfMeasure]]=Tabla_Consulta_desde_QuickBooks_Data_64_Bit_QRemote[[#This Row],[U/M]]),\"\",\"ERROR\"),\"\")","v":""},{"$f":"+WEEKNUM(Tabla_Consulta_desde_QuickBooks_Data_64_Bit_QRemote[[#This Row],[TxnDate]])","v":23},{"$f":"+Tabla_Consulta_desde_QuickBooks_Data_64_Bit_QRemote[[#This Row],[SalesOrderLineRate]]*Tabla_Consulta_desde_QuickBooks_Data_64_Bit_QRemote[[#This Row],[SalesOrderLineInvoiced]]","v":0},{"$f":"+IFERROR(IF(Tabla_Consulta_desde_QuickBooks_Data_64_Bit_QRemote[[#This Row],[CustomerRefFullName]]=\"GRUVALCORP SA\",VLOOKUP(Tabla_Consulta_desde_QuickBooks_Data_64_Bit_QRemote[[#This Row],[SalesOrderLineItemRefFullName]],Hoja1!A:E,5,FALSE),\"\")*-Tabla_Consulta_desde_QuickBooks_Data_64_Bit_QRemote[[#This Row],[SalesOrderLineAmount]],\"\")","v":""},{"$f":"IF(COUNTIF(wms!E:E,Tabla_Consulta_desde_QuickBooks_Data_64_Bit_QRemote[[#This Row],[RefNumber]])>0,\"OK\",\"FALTA\")","v":"FALTA"}]
["2025-06-03","29145","GERARDO ORTIZ E HIJOS CIA. LTDA.","CT045188 TARQUI",2,null,"INFOADICIONAL","CT045188 TARQUI",null,null,null,0,0,null,0,40.56,46.64,"IVA EN VENTAS 15%",{"$f":"IFERROR(IF(Tabla_Consulta_desde_QuickBooks_Data_64_Bit_QRemote[[#This Row],[SalesOrderLineUnitOfMeasure]]=\"un\",Tabla_Consulta_desde_QuickBooks_Data_64_Bit_QRemote[[#This Row],[SalesOrderLineQuantity]],Tabla_Consulta_desde_QuickBooks_Data_64_Bit_QRemote[[#This Row],[SalesOrderLineQuantity]]/MID(Tabla_Consulta_desde_QuickBooks_Data_64_Bit_QRemote[[#This Row],[SalesOrderLineUnitOfMeasure]],2,2)),0)","v":0},{"$f":"IFERROR(IF(Tabla_Consulta_desde_QuickBooks_Data_64_Bit_QRemote[[#This Row],[SalesOrderLineUnitOfMeasure]]=\"un\",Tabla_Consulta_desde_QuickBooks_Data_64_Bit_QRemote[[#This Row],[SalesOrderLineInvoiced]],Tabla_Consulta_desde_QuickBooks_Data_64_Bit_QRemote[[#This Row],[SalesOrderLineInvoiced]]/MID(Tabla_Consulta_desde_QuickBooks_Data_64_Bit_QRemote[[#This Row],[SalesOrderLineUnitOfMeasure]],2,2)),0)","v":0},{"$f":"+Tabla_Consulta_desde_QuickBooks_Data_64_Bit_QRemote[[#This Row],[facturado]]-Tabla_Consulta_desde_QuickBooks_Data_64_Bit_QRemote[[#This Row],[pide]]","v":0},{"$f":"IF(Tabla_Consulta_desde_QuickBooks_Data_64_Bit_QRemote[[#This Row],[diferecia]]=0,\"ok\",\"diferen\")","v":"ok"},{"$f":"IFERROR(INDEX(um!A:C,MATCH(Tabla_Consulta_desde_QuickBooks_Data_64_Bit_QRemote[[#This Row],[SalesOrderLineItemRefFullName]],um!A:A,0),3),\"\")","v":""},{"$f":"IFERROR(IF(OR(Tabla_Consulta_desde_QuickBooks_Data_64_Bit_QRemote[[#This Row],[SalesOrderLineUnitOfMeasure]]=\"UN\",Tabla_Consulta_desde_QuickBooks_Data_64_Bit_QRemote[[#This Row],[SalesOrderLineUnitOfMeasure]]=Tabla_Consulta_desde_QuickBooks_Data_64_Bit_QRemote[[#This Row],[U/M]]),\"\",\"ERROR\"),\"\")","v":""},{"$f":"+WEEKNUM(Tabla_Consulta_desde_QuickBooks_Data_64_Bit_QRemote[[#This Row],[TxnDate]])","v":23},{"$f":"+Tabla_Consulta_desde_QuickBooks_Data_64_Bit_QRemote[[#This Row],[SalesOrderLineRate]]*Tabla_Consulta_desde_QuickBooks_Data_64_Bit_QRemote[[#This Row],[SalesOrderLineInvoiced]]","v":0},{"$f":"+IFERROR(IF(Tabla_Consulta_desde_QuickBooks_Data_64_Bit_QRemote[[#This Row],[CustomerRefFullName]]=\"GRUVALCORP SA\",VLOOKUP(Tabla_Consulta_desde_QuickBooks_Data_64_Bit_QRemote[[#This Row],[SalesOrderLineItemRefFullName]],Hoja1!A:E,5,FALSE),\"\")*-Tabla_Consulta_desde_QuickBooks_Data_64_Bit_QRemote[[#This Row],[SalesOrderLineAmount]],\"\")","v":""},{"$f":"IF(COUNTIF(wms!E:E,Tabla_Consulta_desde_QuickBooks_Data_64_Bit_QRemote[[#This Row],[RefNumber]])>0,\"OK\",\"FALTA\")","v":"FALTA"}]
["2025-06-03","29146","CORADIFALIMENTOS S.A.","GO GREEN UIO",1,"7862112521544","P.T:110224","SALSA SRIRACHA PICANTE OLE 285G","Bodega Producto Terminado",6,"UN",1.33,7.98,"UNIDAD SALSA",6,19.98,22.98,"IVA EN VENTAS 15%",{"$f":"IFERROR(IF(Tabla_Consulta_desde_QuickBooks_Data_64_Bit_QRemote[[#This Row],[SalesOrderLineUnitOfMeasure]]=\"un\",Tabla_Consulta_desde_QuickBooks_Data_64_Bit_QRemote[[#This Row],[SalesOrderLineQuantity]],Tabla_Consulta_desde_QuickBooks_Data_64_Bit_QRemote[[#This Row],[SalesOrderLineQuantity]]/MID(Tabla_Consulta_desde_QuickBooks_Data_64_Bit_QRemote[[#This Row],[SalesOrderLineUnitOfMeasure]],2,2)),0)","v":6},{"$f":"IFERROR(IF(Tabla_Consulta_desde_QuickBooks_Data_64_Bit_QRemote[[#This Row],[SalesOrderLineUnitOfMeasure]]=\"un\",Tabla_Consulta_desde_QuickBooks_Data_64_Bit_QRemote[[#This Row],[SalesOrderLineInvoiced]],Tabla_Consulta_desde_QuickBooks_Data_64_Bit_QRemote[[#This Row],[SalesOrderLineInvoiced]]/MID(Tabla_Consulta_desde_QuickBooks_Data_64_Bit_QRemote[[#This Row],[SalesOrderLineUnitOfMeasure]],2,2)),0)","v":6},{"$f":"+Tabla_Consulta_desde_QuickBooks_Data_64_Bit_QRemote[[#This Row],[facturado]]-Tabla_Consulta_desde_QuickBooks_Data_64_Bit_QRemote[[#This Row],[pide]]","v":0},{"$f":"IF(Tabla_Consulta_desde_QuickBooks_Data_64_Bit_QRemote[[#This Row],[diferecia]]=0,\"ok\",\"diferen\")","v":"ok"},{"$f":"IFERROR(INDEX(um!A:C,MATCH(Tabla_Consulta_desde_QuickBooks_Data_64_Bit_QRemote[[#This Row],[SalesOrderLineItemRefFullName]],um!A:A,0),3),\"\")","v":"X12"},{"$f":"IFERROR(IF(OR(Tabla_Consulta_desde_QuickBooks_Data_64_Bit_QRemote[[#This Row],[SalesOrderLineUnitOfMeasure]]=\"UN\",Tabla_Consulta_desde_QuickBooks_Data_64_Bit_QRemote[[#This Row],[SalesOrderLineUnitOfMeasure]]=Tabla_Consulta_desde_QuickBooks_Data_64_Bit_QRemote[[#This Row],[U/M]]),\"\",\"ERROR\"),\"\")","v":""},{"$f":"+WEEKNUM(Tabla_Consulta_desde_QuickBooks_Data_64_Bit_QRemote[[#This Row],[TxnDate]])","v":23},{"$f":"+Tabla_Consulta_desde_QuickBooks_Data_64_Bit_QRemote[[#This Row],[SalesOrderLineRate]]*Tabla_Consulta_desde_QuickBooks_Data_64_Bit_QRemote[[#This Row],[SalesOrderLineInvoiced]]","v":7.98},{"$f":"+IFERROR(IF(Tabla_Consulta_desde_QuickBooks_Data_64_Bit_QRemote[[#This Row],[CustomerRefFullName]]=\"GRUVALCORP SA\",VLOOKUP(Tabla_Consulta_desde_QuickBooks_Data_64_Bit_QRemote[[#This Row],[SalesOrderLineItemRefFullName]],Hoja1!A:E,5,FALSE),\"\")*-Tabla_Consulta_desde_QuickBooks_Data_64_Bit_QRemote[[#This Row],[SalesOrderLineAmount]],\"\")","v":""},{"$f":"IF(COUNTIF(wms!E:E,Tabla_Consulta_desde_QuickBooks_Data_64_Bit_QRemote[[#This Row],[RefNumber]])>0,\"OK\",\"FALTA\")","v":"OK"}]
["2025-06-03","29146","CORADIFALIMENTOS S.A.","GO GREEN UIO",2,"7862112523104","P.T:110804","SALSA CHAMOY OLE 275G","Bodega Producto Terminado",12,"UN",1,12,"UNIDAD SALSA",12,19.98,22.98,"IVA EN VENTAS 15%",{"$f":"IFERROR(IF(Tabla_Consulta_desde_QuickBooks_Data_64_Bit_QRemote[[#This Row],[SalesOrderLineUnitOfMeasure]]=\"un\",Tabla_Consulta_desde_QuickBooks_Data_64_Bit_QRemote[[#This Row],[SalesOrderLineQuantity]],Tabla_Consulta_desde_QuickBooks_Data_64_Bit_QRemote[[#This Row],[SalesOrderLineQuantity]]/MID(Tabla_Consulta_desde_QuickBooks_Data_64_Bit_QRemote[[#This Row],[SalesOrderLineUnitOfMeasure]],2,2)),0)","v":12},{"$f":"IFERROR(IF(Tabla_Consulta_desde_QuickBooks_Data_64_Bit_QRemote[[#This Row],[SalesOrderLineUnitOfMeasure]]=\"un\",Tabla_Consulta_desde_QuickBooks_Data_64_Bit_QRemote[[#This Row],[SalesOrderLineInvoiced]],Tabla_Consulta_desde_QuickBooks_Data_64_Bit_QRemote[[#This Row],[SalesOrderLineInvoiced]]/MID(Tabla_Consulta_desde_QuickBooks_Data_64_Bit_QRemote[[#This Row],[SalesOrderLineUnitOfMeasure]],2,2)),0)","v":12},{"$f":"+Tabla_Consulta_desde_QuickBooks_Data_64_Bit_QRemote[[#This Row],[facturado]]-Tabla_Consulta_desde_QuickBooks_Data_64_Bit_QRemote[[#This Row],[pide]]","v":0},{"$f":"IF(Tabla_Consulta_desde_QuickBooks_Data_64_Bit_QRemote[[#This Row],[diferecia]]=0,\"ok\",\"diferen\")","v":"ok"},{"$f":"IFERROR(INDEX(um!A:C,MATCH(Tabla_Consulta_desde_QuickBooks_Data_64_Bit_QRemote[[#This Row],[SalesOrderLineItemRefFullName]],um!A:A,0),3),\"\")","v":"X12"},{"$f":"IFERROR(IF(OR(Tabla_Consulta_desde_QuickBooks_Data_64_Bit_QRemote[[#This Row],[SalesOrderLineUnitOfMeasure]]=\"UN\",Tabla_Consulta_desde_QuickBooks_Data_64_Bit_QRemote[[#This Row],[SalesOrderLineUnitOfMeasure]]=Tabla_Consulta_desde_QuickBooks_Data_64_Bit_QRemote[[#This Row],[U/M]]),\"\",\"ERROR\"),\"\")","v":""},{"$f":"+WEEKNUM(Tabla_Consulta_desde_QuickBooks_Data_64_Bit_QRemote[[#This Row],[TxnDate]])","v":23},{"$f":"+Tabla_Consulta_desde_QuickBooks_Data_64_Bit_QRemote[[#This Row],[SalesOrderLineRate]]*Tabla_Consulta_desde_QuickBooks_Data_64_Bit_QRemote[[#This Row],[SalesOrderLineInvoiced]]","v":12},{"$f":"+IFERROR(IF(Tabla_Consulta_desde_QuickBooks_Data_64_Bit_QRemote[[#This Row],[CustomerRefFullName]]=\"GRUVALCORP SA\",VLOOKUP(Tabla_Consulta_desde_QuickBooks_Data_64_Bit_QRemote[[#This Row],[SalesOrderLineItemRefFullName]],Hoja1!A:E,5,FALSE),\"\")*-Tabla_Consulta_desde_QuickBooks_Data_64_Bit_QRemote[[#This Row],[SalesOrderLineAmount]],\"\")","v":""},{"$f":"IF(COUNTIF(wms!E:E,Tabla_Consulta_desde_QuickBooks_Data_64_Bit_QRemote[[#This Row],[RefNumber]])>0,\"OK\",\"FALTA\")","v":"OK"}]
["2025-06-03","29146","CORADIFALIMENTOS S.A.","GO GREEN UIO",3,null,"INFOADICIONAL","GO GREEN UIO\nPASAJE A Y VIA INTEROCEANICA CC PASEO SAN FRANCISCO LOCAL LC3 PATIO DE COMIDAS  098 906 6824",null,null,null,0,0,null,1,19.98,22.98,"IVA EN VENTAS 15%",{"$f":"IFERROR(IF(Tabla_Consulta_desde_QuickBooks_Data_64_Bit_QRemote[[#This Row],[SalesOrderLineUnitOfMeasure]]=\"un\",Tabla_Consulta_desde_QuickBooks_Data_64_Bit_QRemote[[#This Row],[SalesOrderLineQuantity]],Tabla_Consulta_desde_QuickBooks_Data_64_Bit_QRemote[[#This Row],[SalesOrderLineQuantity]]/MID(Tabla_Consulta_desde_QuickBooks_Data_64_Bit_QRemote[[#This Row],[SalesOrderLineUnitOfMeasure]],2,2)),0)","v":0},{"$f":"IFERROR(IF(Tabla_Consulta_desde_QuickBooks_Data_64_Bit_QRemote[[#This Row],[SalesOrderLineUnitOfMeasure]]=\"un\",Tabla_Consulta_desde_QuickBooks_Data_64_Bit_QRemote[[#This Row],[SalesOrderLineInvoiced]],Tabla_Consulta_desde_QuickBooks_Data_64_Bit_QRemote[[#This Row],[SalesOrderLineInvoiced]]/MID(Tabla_Consulta_desde_QuickBooks_Data_64_Bit_QRemote[[#This Row],[SalesOrderLineUnitOfMeasure]],2,2)),0)","v":0},{"$f":"+Tabla_Consulta_desde_QuickBooks_Data_64_Bit_QRemote[[#This Row],[facturado]]-Tabla_Consulta_desde_QuickBooks_Data_64_Bit_QRemote[[#This Row],[pide]]","v":0},{"$f":"IF(Tabla_Consulta_desde_QuickBooks_Data_64_Bit_QRemote[[#This Row],[diferecia]]=0,\"ok\",\"diferen\")","v":"ok"},{"$f":"IFERROR(INDEX(um!A:C,MATCH(Tabla_Consulta_desde_QuickBooks_Data_64_Bit_QRemote[[#This Row],[SalesOrderLineItemRefFullName]],um!A:A,0),3),\"\")","v":""},{"$f":"IFERROR(IF(OR(Tabla_Consulta_desde_QuickBooks_Data_64_Bit_QRemote[[#This Row],[SalesOrderLineUnitOfMeasure]]=\"UN\",Tabla_Consulta_desde_QuickBooks_Data_64_Bit_QRemote[[#This Row],[SalesOrderLineUnitOfMeasure]]=Tabla_Consulta_desde_QuickBooks_Data_64_Bit_QRemote[[#This Row],[U/M]]),\"\",\"ERROR\"),\"\")","v":""},{"$f":"+WEEKNUM(Tabla_Consulta_desde_QuickBooks_Data_64_Bit_QRemote[[#This Row],[TxnDate]])","v":23},{"$f":"+Tabla_Consulta_desde_QuickBooks_Data_64_Bit_QRemote[[#This Row],[SalesOrderLineRate]]*Tabla_Consulta_desde_QuickBooks_Data_64_Bit_QRemote[[#This Row],[SalesOrderLineInvoiced]]","v":0},{"$f":"+IFERROR(IF(Tabla_Consulta_desde_QuickBooks_Data_64_Bit_QRemote[[#This Row],[CustomerRefFullName]]=\"GRUVALCORP SA\",VLOOKUP(Tabla_Consulta_desde_QuickBooks_Data_64_Bit_QRemote[[#This Row],[SalesOrderLineItemRefFullName]],Hoja1!A:E,5,FALSE),\"\")*-Tabla_Consulta_desde_QuickBooks_Data_64_Bit_QRemote[[#This Row],[SalesOrderLineAmount]],\"\")","v":""},{"$f":"IF(COUNTIF(wms!E:E,Tabla_Consulta_desde_QuickBooks_Data_64_Bit_QRemote[[#This Row],[RefNumber]])>0,\"OK\",\"FALTA\")","v":"OK"}]
["2025-06-03","29147","GRUVALCORP SA","ALBOCENTRO OC3,479",1,"7862112520301","P.T:110700","CHIMICHURRI OLE 230G","Bodega Producto Terminado",24,"X12",2.5499999999999998,61.2,"UNIDAD SALSA",0,126.12,145.04,"IVA EN VENTAS 15%",{"$f":"IFERROR(IF(Tabla_Consulta_desde_QuickBooks_Data_64_Bit_QRemote[[#This Row],[SalesOrderLineUnitOfMeasure]]=\"un\",Tabla_Consulta_desde_QuickBooks_Data_64_Bit_QRemote[[#This Row],[SalesOrderLineQuantity]],Tabla_Consulta_desde_QuickBooks_Data_64_Bit_QRemote[[#This Row],[SalesOrderLineQuantity]]/MID(Tabla_Consulta_desde_QuickBooks_Data_64_Bit_QRemote[[#This Row],[SalesOrderLineUnitOfMeasure]],2,2)),0)","v":2},{"$f":"IFERROR(IF(Tabla_Consulta_desde_QuickBooks_Data_64_Bit_QRemote[[#This Row],[SalesOrderLineUnitOfMeasure]]=\"un\",Tabla_Consulta_desde_QuickBooks_Data_64_Bit_QRemote[[#This Row],[SalesOrderLineInvoiced]],Tabla_Consulta_desde_QuickBooks_Data_64_Bit_QRemote[[#This Row],[SalesOrderLineInvoiced]]/MID(Tabla_Consulta_desde_QuickBooks_Data_64_Bit_QRemote[[#This Row],[SalesOrderLineUnitOfMeasure]],2,2)),0)","v":0},{"$f":"+Tabla_Consulta_desde_QuickBooks_Data_64_Bit_QRemote[[#This Row],[facturado]]-Tabla_Consulta_desde_QuickBooks_Data_64_Bit_QRemote[[#This Row],[pide]]","v":-2},{"$f":"IF(Tabla_Consulta_desde_QuickBooks_Data_64_Bit_QRemote[[#This Row],[diferecia]]=0,\"ok\",\"diferen\")","v":"diferen"},{"$f":"IFERROR(INDEX(um!A:C,MATCH(Tabla_Consulta_desde_QuickBooks_Data_64_Bit_QRemote[[#This Row],[SalesOrderLineItemRefFullName]],um!A:A,0),3),\"\")","v":"X12"},{"$f":"IFERROR(IF(OR(Tabla_Consulta_desde_QuickBooks_Data_64_Bit_QRemote[[#This Row],[SalesOrderLineUnitOfMeasure]]=\"UN\",Tabla_Consulta_desde_QuickBooks_Data_64_Bit_QRemote[[#This Row],[SalesOrderLineUnitOfMeasure]]=Tabla_Consulta_desde_QuickBooks_Data_64_Bit_QRemote[[#This Row],[U/M]]),\"\",\"ERROR\"),\"\")","v":""},{"$f":"+WEEKNUM(Tabla_Consulta_desde_QuickBooks_Data_64_Bit_QRemote[[#This Row],[TxnDate]])","v":23},{"$f":"+Tabla_Consulta_desde_QuickBooks_Data_64_Bit_QRemote[[#This Row],[SalesOrderLineRate]]*Tabla_Consulta_desde_QuickBooks_Data_64_Bit_QRemote[[#This Row],[SalesOrderLineInvoiced]]","v":0},{"$f":"+IFERROR(IF(Tabla_Consulta_desde_QuickBooks_Data_64_Bit_QRemote[[#This Row],[CustomerRefFullName]]=\"GRUVALCORP SA\",VLOOKUP(Tabla_Consulta_desde_QuickBooks_Data_64_Bit_QRemote[[#This Row],[SalesOrderLineItemRefFullName]],Hoja1!A:E,5,FALSE),\"\")*-Tabla_Consulta_desde_QuickBooks_Data_64_Bit_QRemote[[#This Row],[SalesOrderLineAmount]],\"\")","v":-7.3440000000000003},{"$f":"IF(COUNTIF(wms!E:E,Tabla_Consulta_desde_QuickBooks_Data_64_Bit_QRemote[[#This Row],[RefNumber]])>0,\"OK\",\"FALTA\")","v":"OK"}]
["2025-06-03","29147","GRUVALCORP SA","ALBOCENTRO OC3,479",2,"7862112521599","P.T:110214","SALSA AJÍ MANABA OLE 300G","Bodega Producto Terminado",12,"X12",2.19,26.28,"UNIDAD SALSA",0,126.12,145.04,"IVA EN VENTAS 15%",{"$f":"IFERROR(IF(Tabla_Consulta_desde_QuickBooks_Data_64_Bit_QRemote[[#This Row],[SalesOrderLineUnitOfMeasure]]=\"un\",Tabla_Consulta_desde_QuickBooks_Data_64_Bit_QRemote[[#This Row],[SalesOrderLineQuantity]],Tabla_Consulta_desde_QuickBooks_Data_64_Bit_QRemote[[#This Row],[SalesOrderLineQuantity]]/MID(Tabla_Consulta_desde_QuickBooks_Data_64_Bit_QRemote[[#This Row],[SalesOrderLineUnitOfMeasure]],2,2)),0)","v":1},{"$f":"IFERROR(IF(Tabla_Consulta_desde_QuickBooks_Data_64_Bit_QRemote[[#This Row],[SalesOrderLineUnitOfMeasure]]=\"un\",Tabla_Consulta_desde_QuickBooks_Data_64_Bit_QRemote[[#This Row],[SalesOrderLineInvoiced]],Tabla_Consulta_desde_QuickBooks_Data_64_Bit_QRemote[[#This Row],[SalesOrderLineInvoiced]]/MID(Tabla_Consulta_desde_QuickBooks_Data_64_Bit_QRemote[[#This Row],[SalesOrderLineUnitOfMeasure]],2,2)),0)","v":0},{"$f":"+Tabla_Consulta_desde_QuickBooks_Data_64_Bit_QRemote[[#This Row],[facturado]]-Tabla_Consulta_desde_QuickBooks_Data_64_Bit_QRemote[[#This Row],[pide]]","v":-1},{"$f":"IF(Tabla_Consulta_desde_QuickBooks_Data_64_Bit_QRemote[[#This Row],[diferecia]]=0,\"ok\",\"diferen\")","v":"diferen"},{"$f":"IFERROR(INDEX(um!A:C,MATCH(Tabla_Consulta_desde_QuickBooks_Data_64_Bit_QRemote[[#This Row],[SalesOrderLineItemRefFullName]],um!A:A,0),3),\"\")","v":"X12"},{"$f":"IFERROR(IF(OR(Tabla_Consulta_desde_QuickBooks_Data_64_Bit_QRemote[[#This Row],[SalesOrderLineUnitOfMeasure]]=\"UN\",Tabla_Consulta_desde_QuickBooks_Data_64_Bit_QRemote[[#This Row],[SalesOrderLineUnitOfMeasure]]=Tabla_Consulta_desde_QuickBooks_Data_64_Bit_QRemote[[#This Row],[U/M]]),\"\",\"ERROR\"),\"\")","v":""},{"$f":"+WEEKNUM(Tabla_Consulta_desde_QuickBooks_Data_64_Bit_QRemote[[#This Row],[TxnDate]])","v":23},{"$f":"+Tabla_Consulta_desde_QuickBooks_Data_64_Bit_QRemote[[#This Row],[SalesOrderLineRate]]*Tabla_Consulta_desde_QuickBooks_Data_64_Bit_QRemote[[#This Row],[SalesOrderLineInvoiced]]","v":0},{"$f":"+IFERROR(IF(Tabla_Consulta_desde_QuickBooks_Data_64_Bit_QRemote[[#This Row],[CustomerRefFullName]]=\"GRUVALCORP SA\",VLOOKUP(Tabla_Consulta_desde_QuickBooks_Data_64_Bit_QRemote[[#This Row],[SalesOrderLineItemRefFullName]],Hoja1!A:E,5,FALSE),\"\")*-Tabla_Consulta_desde_QuickBooks_Data_64_Bit_QRemote[[#This Row],[SalesOrderLineAmount]],\"\")","v":-3.9420000000000002},{"$f":"IF(COUNTIF(wms!E:E,Tabla_Consulta_desde_QuickBooks_Data_64_Bit_QRemote[[#This Row],[RefNumber]])>0,\"OK\",\"FALTA\")","v":"OK"}]
["2025-06-03","29147","GRUVALCORP SA","ALBOCENTRO OC3,479",3,"7862112522367","PT:220132","TOTOPOS NATURAL OLE 300G","Bodega Producto Terminado",12,"X12",1.64,19.68,"UNIDAD SNCKS",0,126.12,145.04,"IVA EN VENTAS 15%",{"$f":"IFERROR(IF(Tabla_Consulta_desde_QuickBooks_Data_64_Bit_QRemote[[#This Row],[SalesOrderLineUnitOfMeasure]]=\"un\",Tabla_Consulta_desde_QuickBooks_Data_64_Bit_QRemote[[#This Row],[SalesOrderLineQuantity]],Tabla_Consulta_desde_QuickBooks_Data_64_Bit_QRemote[[#This Row],[SalesOrderLineQuantity]]/MID(Tabla_Consulta_desde_QuickBooks_Data_64_Bit_QRemote[[#This Row],[SalesOrderLineUnitOfMeasure]],2,2)),0)","v":1},{"$f":"IFERROR(IF(Tabla_Consulta_desde_QuickBooks_Data_64_Bit_QRemote[[#This Row],[SalesOrderLineUnitOfMeasure]]=\"un\",Tabla_Consulta_desde_QuickBooks_Data_64_Bit_QRemote[[#This Row],[SalesOrderLineInvoiced]],Tabla_Consulta_desde_QuickBooks_Data_64_Bit_QRemote[[#This Row],[SalesOrderLineInvoiced]]/MID(Tabla_Consulta_desde_QuickBooks_Data_64_Bit_QRemote[[#This Row],[SalesOrderLineUnitOfMeasure]],2,2)),0)","v":0},{"$f":"+Tabla_Consulta_desde_QuickBooks_Data_64_Bit_QRemote[[#This Row],[facturado]]-Tabla_Consulta_desde_QuickBooks_Data_64_Bit_QRemote[[#This Row],[pide]]","v":-1},{"$f":"IF(Tabla_Consulta_desde_QuickBooks_Data_64_Bit_QRemote[[#This Row],[diferecia]]=0,\"ok\",\"diferen\")","v":"diferen"},{"$f":"IFERROR(INDEX(um!A:C,MATCH(Tabla_Consulta_desde_QuickBooks_Data_64_Bit_QRemote[[#This Row],[SalesOrderLineItemRefFullName]],um!A:A,0),3),\"\")","v":"X12"},{"$f":"IFERROR(IF(OR(Tabla_Consulta_desde_QuickBooks_Data_64_Bit_QRemote[[#This Row],[SalesOrderLineUnitOfMeasure]]=\"UN\",Tabla_Consulta_desde_QuickBooks_Data_64_Bit_QRemote[[#This Row],[SalesOrderLineUnitOfMeasure]]=Tabla_Consulta_desde_QuickBooks_Data_64_Bit_QRemote[[#This Row],[U/M]]),\"\",\"ERROR\"),\"\")","v":""},{"$f":"+WEEKNUM(Tabla_Consulta_desde_QuickBooks_Data_64_Bit_QRemote[[#This Row],[TxnDate]])","v":23},{"$f":"+Tabla_Consulta_desde_QuickBooks_Data_64_Bit_QRemote[[#This Row],[SalesOrderLineRate]]*Tabla_Consulta_desde_QuickBooks_Data_64_Bit_QRemote[[#This Row],[SalesOrderLineInvoiced]]","v":0},{"$f":"+IFERROR(IF(Tabla_Consulta_desde_QuickBooks_Data_64_Bit_QRemote[[#This Row],[CustomerRefFullName]]=\"GRUVALCORP SA\",VLOOKUP(Tabla_Consulta_desde_QuickBooks_Data_64_Bit_QRemote[[#This Row],[SalesOrderLineItemRefFullName]],Hoja1!A:E,5,FALSE),\"\")*-Tabla_Consulta_desde_QuickBooks_Data_64_Bit_QRemote[[#This Row],[SalesOrderLineAmount]],\"\")","v":-3.1488},{"$f":"IF(COUNTIF(wms!E:E,Tabla_Consulta_desde_QuickBooks_Data_64_Bit_QRemote[[#This Row],[RefNumber]])>0,\"OK\",\"FALTA\")","v":"OK"}]
["2025-06-03","29147","GRUVALCORP SA","ALBOCENTRO OC3,479",4,"7862112522497","P.T:110801","SALSA BBQ ORIGINAL OLE DP 200G","Bodega Producto Terminado",24,"X12",0.79,18.96,"UNIDAD SALSA",0,126.12,145.04,"IVA EN VENTAS 15%",{"$f":"IFERROR(IF(Tabla_Consulta_desde_QuickBooks_Data_64_Bit_QRemote[[#This Row],[SalesOrderLineUnitOfMeasure]]=\"un\",Tabla_Consulta_desde_QuickBooks_Data_64_Bit_QRemote[[#This Row],[SalesOrderLineQuantity]],Tabla_Consulta_desde_QuickBooks_Data_64_Bit_QRemote[[#This Row],[SalesOrderLineQuantity]]/MID(Tabla_Consulta_desde_QuickBooks_Data_64_Bit_QRemote[[#This Row],[SalesOrderLineUnitOfMeasure]],2,2)),0)","v":2},{"$f":"IFERROR(IF(Tabla_Consulta_desde_QuickBooks_Data_64_Bit_QRemote[[#This Row],[SalesOrderLineUnitOfMeasure]]=\"un\",Tabla_Consulta_desde_QuickBooks_Data_64_Bit_QRemote[[#This Row],[SalesOrderLineInvoiced]],Tabla_Consulta_desde_QuickBooks_Data_64_Bit_QRemote[[#This Row],[SalesOrderLineInvoiced]]/MID(Tabla_Consulta_desde_QuickBooks_Data_64_Bit_QRemote[[#This Row],[SalesOrderLineUnitOfMeasure]],2,2)),0)","v":0},{"$f":"+Tabla_Consulta_desde_QuickBooks_Data_64_Bit_QRemote[[#This Row],[facturado]]-Tabla_Consulta_desde_QuickBooks_Data_64_Bit_QRemote[[#This Row],[pide]]","v":-2},{"$f":"IF(Tabla_Consulta_desde_QuickBooks_Data_64_Bit_QRemote[[#This Row],[diferecia]]=0,\"ok\",\"diferen\")","v":"diferen"},{"$f":"IFERROR(INDEX(um!A:C,MATCH(Tabla_Consulta_desde_QuickBooks_Data_64_Bit_QRemote[[#This Row],[SalesOrderLineItemRefFullName]],um!A:A,0),3),\"\")","v":"X12"},{"$f":"IFERROR(IF(OR(Tabla_Consulta_desde_QuickBooks_Data_64_Bit_QRemote[[#This Row],[SalesOrderLineUnitOfMeasure]]=\"UN\",Tabla_Consulta_desde_QuickBooks_Data_64_Bit_QRemote[[#This Row],[SalesOrderLineUnitOfMeasure]]=Tabla_Consulta_desde_QuickBooks_Data_64_Bit_QRemote[[#This Row],[U/M]]),\"\",\"ERROR\"),\"\")","v":""},{"$f":"+WEEKNUM(Tabla_Consulta_desde_QuickBooks_Data_64_Bit_QRemote[[#This Row],[TxnDate]])","v":23},{"$f":"+Tabla_Consulta_desde_QuickBooks_Data_64_Bit_QRemote[[#This Row],[SalesOrderLineRate]]*Tabla_Consulta_desde_QuickBooks_Data_64_Bit_QRemote[[#This Row],[SalesOrderLineInvoiced]]","v":0},{"$f":"+IFERROR(IF(Tabla_Consulta_desde_QuickBooks_Data_64_Bit_QRemote[[#This Row],[CustomerRefFullName]]=\"GRUVALCORP SA\",VLOOKUP(Tabla_Consulta_desde_QuickBooks_Data_64_Bit_QRemote[[#This Row],[SalesOrderLineItemRefFullName]],Hoja1!A:E,5,FALSE),\"\")*-Tabla_Consulta_desde_QuickBooks_Data_64_Bit_QRemote[[#This Row],[SalesOrderLineAmount]],\"\")","v":""},{"$f":"IF(COUNTIF(wms!E:E,Tabla_Consulta_desde_QuickBooks_Data_64_Bit_QRemote[[#This Row],[RefNumber]])>0,\"OK\",\"FALTA\")","v":"OK"}]
["2025-06-03","29147","GRUVALCORP SA","ALBOCENTRO OC3,479",5,null,"INFOADICIONAL","ALBOCENTRO OC3,479",null,null,null,0,0,null,0,126.12,145.04,"IVA EN VENTAS 15%",{"$f":"IFERROR(IF(Tabla_Consulta_desde_QuickBooks_Data_64_Bit_QRemote[[#This Row],[SalesOrderLineUnitOfMeasure]]=\"un\",Tabla_Consulta_desde_QuickBooks_Data_64_Bit_QRemote[[#This Row],[SalesOrderLineQuantity]],Tabla_Consulta_desde_QuickBooks_Data_64_Bit_QRemote[[#This Row],[SalesOrderLineQuantity]]/MID(Tabla_Consulta_desde_QuickBooks_Data_64_Bit_QRemote[[#This Row],[SalesOrderLineUnitOfMeasure]],2,2)),0)","v":0},{"$f":"IFERROR(IF(Tabla_Consulta_desde_QuickBooks_Data_64_Bit_QRemote[[#This Row],[SalesOrderLineUnitOfMeasure]]=\"un\",Tabla_Consulta_desde_QuickBooks_Data_64_Bit_QRemote[[#This Row],[SalesOrderLineInvoiced]],Tabla_Consulta_desde_QuickBooks_Data_64_Bit_QRemote[[#This Row],[SalesOrderLineInvoiced]]/MID(Tabla_Consulta_desde_QuickBooks_Data_64_Bit_QRemote[[#This Row],[SalesOrderLineUnitOfMeasure]],2,2)),0)","v":0},{"$f":"+Tabla_Consulta_desde_QuickBooks_Data_64_Bit_QRemote[[#This Row],[facturado]]-Tabla_Consulta_desde_QuickBooks_Data_64_Bit_QRemote[[#This Row],[pide]]","v":0},{"$f":"IF(Tabla_Consulta_desde_QuickBooks_Data_64_Bit_QRemote[[#This Row],[diferecia]]=0,\"ok\",\"diferen\")","v":"ok"},{"$f":"IFERROR(INDEX(um!A:C,MATCH(Tabla_Consulta_desde_QuickBooks_Data_64_Bit_QRemote[[#This Row],[SalesOrderLineItemRefFullName]],um!A:A,0),3),\"\")","v":""},{"$f":"IFERROR(IF(OR(Tabla_Consulta_desde_QuickBooks_Data_64_Bit_QRemote[[#This Row],[SalesOrderLineUnitOfMeasure]]=\"UN\",Tabla_Consulta_desde_QuickBooks_Data_64_Bit_QRemote[[#This Row],[SalesOrderLineUnitOfMeasure]]=Tabla_Consulta_desde_QuickBooks_Data_64_Bit_QRemote[[#This Row],[U/M]]),\"\",\"ERROR\"),\"\")","v":""},{"$f":"+WEEKNUM(Tabla_Consulta_desde_QuickBooks_Data_64_Bit_QRemote[[#This Row],[TxnDate]])","v":23},{"$f":"+Tabla_Consulta_desde_QuickBooks_Data_64_Bit_QRemote[[#This Row],[SalesOrderLineRate]]*Tabla_Consulta_desde_QuickBooks_Data_64_Bit_QRemote[[#This Row],[SalesOrderLineInvoiced]]","v":0},{"$f":"+IFERROR(IF(Tabla_Consulta_desde_QuickBooks_Data_64_Bit_QRemote[[#This Row],[CustomerRefFullName]]=\"GRUVALCORP SA\",VLOOKUP(Tabla_Consulta_desde_QuickBooks_Data_64_Bit_QRemote[[#This Row],[SalesOrderLineItemRefFullName]],Hoja1!A:E,5,FALSE),\"\")*-Tabla_Consulta_desde_QuickBooks_Data_64_Bit_QRemote[[#This Row],[SalesOrderLineAmount]],\"\")","v":""},{"$f":"IF(COUNTIF(wms!E:E,Tabla_Consulta_desde_QuickBooks_Data_64_Bit_QRemote[[#This Row],[RefNumber]])>0,\"OK\",\"FALTA\")","v":"OK"}]
["2025-06-03","29148","ANDIAMO-FOODS S.A.S.","GYE, ANDIAMO FOODS",1,"705424000116","P.T:110207","AJÍ CON MARACUYA OLE 185G","Bodega Producto Terminado",24,"X24",1.53,36.72,"UNIDAD SALSA",0,73.44,84.46,"IVA EN VENTAS 15%",{"$f":"IFERROR(IF(Tabla_Consulta_desde_QuickBooks_Data_64_Bit_QRemote[[#This Row],[SalesOrderLineUnitOfMeasure]]=\"un\",Tabla_Consulta_desde_QuickBooks_Data_64_Bit_QRemote[[#This Row],[SalesOrderLineQuantity]],Tabla_Consulta_desde_QuickBooks_Data_64_Bit_QRemote[[#This Row],[SalesOrderLineQuantity]]/MID(Tabla_Consulta_desde_QuickBooks_Data_64_Bit_QRemote[[#This Row],[SalesOrderLineUnitOfMeasure]],2,2)),0)","v":1},{"$f":"IFERROR(IF(Tabla_Consulta_desde_QuickBooks_Data_64_Bit_QRemote[[#This Row],[SalesOrderLineUnitOfMeasure]]=\"un\",Tabla_Consulta_desde_QuickBooks_Data_64_Bit_QRemote[[#This Row],[SalesOrderLineInvoiced]],Tabla_Consulta_desde_QuickBooks_Data_64_Bit_QRemote[[#This Row],[SalesOrderLineInvoiced]]/MID(Tabla_Consulta_desde_QuickBooks_Data_64_Bit_QRemote[[#This Row],[SalesOrderLineUnitOfMeasure]],2,2)),0)","v":0},{"$f":"+Tabla_Consulta_desde_QuickBooks_Data_64_Bit_QRemote[[#This Row],[facturado]]-Tabla_Consulta_desde_QuickBooks_Data_64_Bit_QRemote[[#This Row],[pide]]","v":-1},{"$f":"IF(Tabla_Consulta_desde_QuickBooks_Data_64_Bit_QRemote[[#This Row],[diferecia]]=0,\"ok\",\"diferen\")","v":"diferen"},{"$f":"IFERROR(INDEX(um!A:C,MATCH(Tabla_Consulta_desde_QuickBooks_Data_64_Bit_QRemote[[#This Row],[SalesOrderLineItemRefFullName]],um!A:A,0),3),\"\")","v":"X24"},{"$f":"IFERROR(IF(OR(Tabla_Consulta_desde_QuickBooks_Data_64_Bit_QRemote[[#This Row],[SalesOrderLineUnitOfMeasure]]=\"UN\",Tabla_Consulta_desde_QuickBooks_Data_64_Bit_QRemote[[#This Row],[SalesOrderLineUnitOfMeasure]]=Tabla_Consulta_desde_QuickBooks_Data_64_Bit_QRemote[[#This Row],[U/M]]),\"\",\"ERROR\"),\"\")","v":""},{"$f":"+WEEKNUM(Tabla_Consulta_desde_QuickBooks_Data_64_Bit_QRemote[[#This Row],[TxnDate]])","v":23},{"$f":"+Tabla_Consulta_desde_QuickBooks_Data_64_Bit_QRemote[[#This Row],[SalesOrderLineRate]]*Tabla_Consulta_desde_QuickBooks_Data_64_Bit_QRemote[[#This Row],[SalesOrderLineInvoiced]]","v":0},{"$f":"+IFERROR(IF(Tabla_Consulta_desde_QuickBooks_Data_64_Bit_QRemote[[#This Row],[CustomerRefFullName]]=\"GRUVALCORP SA\",VLOOKUP(Tabla_Consulta_desde_QuickBooks_Data_64_Bit_QRemote[[#This Row],[SalesOrderLineItemRefFullName]],Hoja1!A:E,5,FALSE),\"\")*-Tabla_Consulta_desde_QuickBooks_Data_64_Bit_QRemote[[#This Row],[SalesOrderLineAmount]],\"\")","v":""},{"$f":"IF(COUNTIF(wms!E:E,Tabla_Consulta_desde_QuickBooks_Data_64_Bit_QRemote[[#This Row],[RefNumber]])>0,\"OK\",\"FALTA\")","v":"OK"}]
["2025-06-03","29148","ANDIAMO-FOODS S.A.S.","GYE, ANDIAMO FOODS",2,"705424000147","P.T:110209","AJÍ CON TOMATE DE ÁRBOL OLE 180G","Bodega Producto Terminado",24,"X24",1.53,36.72,"UNIDAD SALSA",0,73.44,84.46,"IVA EN VENTAS 15%",{"$f":"IFERROR(IF(Tabla_Consulta_desde_QuickBooks_Data_64_Bit_QRemote[[#This Row],[SalesOrderLineUnitOfMeasure]]=\"un\",Tabla_Consulta_desde_QuickBooks_Data_64_Bit_QRemote[[#This Row],[SalesOrderLineQuantity]],Tabla_Consulta_desde_QuickBooks_Data_64_Bit_QRemote[[#This Row],[SalesOrderLineQuantity]]/MID(Tabla_Consulta_desde_QuickBooks_Data_64_Bit_QRemote[[#This Row],[SalesOrderLineUnitOfMeasure]],2,2)),0)","v":1},{"$f":"IFERROR(IF(Tabla_Consulta_desde_QuickBooks_Data_64_Bit_QRemote[[#This Row],[SalesOrderLineUnitOfMeasure]]=\"un\",Tabla_Consulta_desde_QuickBooks_Data_64_Bit_QRemote[[#This Row],[SalesOrderLineInvoiced]],Tabla_Consulta_desde_QuickBooks_Data_64_Bit_QRemote[[#This Row],[SalesOrderLineInvoiced]]/MID(Tabla_Consulta_desde_QuickBooks_Data_64_Bit_QRemote[[#This Row],[SalesOrderLineUnitOfMeasure]],2,2)),0)","v":0},{"$f":"+Tabla_Consulta_desde_QuickBooks_Data_64_Bit_QRemote[[#This Row],[facturado]]-Tabla_Consulta_desde_QuickBooks_Data_64_Bit_QRemote[[#This Row],[pide]]","v":-1},{"$f":"IF(Tabla_Consulta_desde_QuickBooks_Data_64_Bit_QRemote[[#This Row],[diferecia]]=0,\"ok\",\"diferen\")","v":"diferen"},{"$f":"IFERROR(INDEX(um!A:C,MATCH(Tabla_Consulta_desde_QuickBooks_Data_64_Bit_QRemote[[#This Row],[SalesOrderLineItemRefFullName]],um!A:A,0),3),\"\")","v":"X24"},{"$f":"IFERROR(IF(OR(Tabla_Consulta_desde_QuickBooks_Data_64_Bit_QRemote[[#This Row],[SalesOrderLineUnitOfMeasure]]=\"UN\",Tabla_Consulta_desde_QuickBooks_Data_64_Bit_QRemote[[#This Row],[SalesOrderLineUnitOfMeasure]]=Tabla_Consulta_desde_QuickBooks_Data_64_Bit_QRemote[[#This Row],[U/M]]),\"\",\"ERROR\"),\"\")","v":""},{"$f":"+WEEKNUM(Tabla_Consulta_desde_QuickBooks_Data_64_Bit_QRemote[[#This Row],[TxnDate]])","v":23},{"$f":"+Tabla_Consulta_desde_QuickBooks_Data_64_Bit_QRemote[[#This Row],[SalesOrderLineRate]]*Tabla_Consulta_desde_QuickBooks_Data_64_Bit_QRemote[[#This Row],[SalesOrderLineInvoiced]]","v":0},{"$f":"+IFERROR(IF(Tabla_Consulta_desde_QuickBooks_Data_64_Bit_QRemote[[#This Row],[CustomerRefFullName]]=\"GRUVALCORP SA\",VLOOKUP(Tabla_Consulta_desde_QuickBooks_Data_64_Bit_QRemote[[#This Row],[SalesOrderLineItemRefFullName]],Hoja1!A:E,5,FALSE),\"\")*-Tabla_Consulta_desde_QuickBooks_Data_64_Bit_QRemote[[#This Row],[SalesOrderLineAmount]],\"\")","v":""},{"$f":"IF(COUNTIF(wms!E:E,Tabla_Consulta_desde_QuickBooks_Data_64_Bit_QRemote[[#This Row],[RefNumber]])>0,\"OK\",\"FALTA\")","v":"OK"}]
["2025-06-03","29148","ANDIAMO-FOODS S.A.S.","GYE, ANDIAMO FOODS",3,null,"INFOADICIONAL","GYE, ANDIAMO FOODS",null,null,null,0,0,null,0,73.44,84.46,"IVA EN VENTAS 15%",{"$f":"IFERROR(IF(Tabla_Consulta_desde_QuickBooks_Data_64_Bit_QRemote[[#This Row],[SalesOrderLineUnitOfMeasure]]=\"un\",Tabla_Consulta_desde_QuickBooks_Data_64_Bit_QRemote[[#This Row],[SalesOrderLineQuantity]],Tabla_Consulta_desde_QuickBooks_Data_64_Bit_QRemote[[#This Row],[SalesOrderLineQuantity]]/MID(Tabla_Consulta_desde_QuickBooks_Data_64_Bit_QRemote[[#This Row],[SalesOrderLineUnitOfMeasure]],2,2)),0)","v":0},{"$f":"IFERROR(IF(Tabla_Consulta_desde_QuickBooks_Data_64_Bit_QRemote[[#This Row],[SalesOrderLineUnitOfMeasure]]=\"un\",Tabla_Consulta_desde_QuickBooks_Data_64_Bit_QRemote[[#This Row],[SalesOrderLineInvoiced]],Tabla_Consulta_desde_QuickBooks_Data_64_Bit_QRemote[[#This Row],[SalesOrderLineInvoiced]]/MID(Tabla_Consulta_desde_QuickBooks_Data_64_Bit_QRemote[[#This Row],[SalesOrderLineUnitOfMeasure]],2,2)),0)","v":0},{"$f":"+Tabla_Consulta_desde_QuickBooks_Data_64_Bit_QRemote[[#This Row],[facturado]]-Tabla_Consulta_desde_QuickBooks_Data_64_Bit_QRemote[[#This Row],[pide]]","v":0},{"$f":"IF(Tabla_Consulta_desde_QuickBooks_Data_64_Bit_QRemote[[#This Row],[diferecia]]=0,\"ok\",\"diferen\")","v":"ok"},{"$f":"IFERROR(INDEX(um!A:C,MATCH(Tabla_Consulta_desde_QuickBooks_Data_64_Bit_QRemote[[#This Row],[SalesOrderLineItemRefFullName]],um!A:A,0),3),\"\")","v":""},{"$f":"IFERROR(IF(OR(Tabla_Consulta_desde_QuickBooks_Data_64_Bit_QRemote[[#This Row],[SalesOrderLineUnitOfMeasure]]=\"UN\",Tabla_Consulta_desde_QuickBooks_Data_64_Bit_QRemote[[#This Row],[SalesOrderLineUnitOfMeasure]]=Tabla_Consulta_desde_QuickBooks_Data_64_Bit_QRemote[[#This Row],[U/M]]),\"\",\"ERROR\"),\"\")","v":""},{"$f":"+WEEKNUM(Tabla_Consulta_desde_QuickBooks_Data_64_Bit_QRemote[[#This Row],[TxnDate]])","v":23},{"$f":"+Tabla_Consulta_desde_QuickBooks_Data_64_Bit_QRemote[[#This Row],[SalesOrderLineRate]]*Tabla_Consulta_desde_QuickBooks_Data_64_Bit_QRemote[[#This Row],[SalesOrderLineInvoiced]]","v":0},{"$f":"+IFERROR(IF(Tabla_Consulta_desde_QuickBooks_Data_64_Bit_QRemote[[#This Row],[CustomerRefFullName]]=\"GRUVALCORP SA\",VLOOKUP(Tabla_Consulta_desde_QuickBooks_Data_64_Bit_QRemote[[#This Row],[SalesOrderLineItemRefFullName]],Hoja1!A:E,5,FALSE),\"\")*-Tabla_Consulta_desde_QuickBooks_Data_64_Bit_QRemote[[#This Row],[SalesOrderLineAmount]],\"\")","v":""},{"$f":"IF(COUNTIF(wms!E:E,Tabla_Consulta_desde_QuickBooks_Data_64_Bit_QRemote[[#This Row],[RefNumber]])>0,\"OK\",\"FALTA\")","v":"OK"}]
["2025-06-03","29149","PRODUCTOS OLE DEL ECUADOR PRODUCTOSOLE C","Comercial -Daniela-Muestras LAI CHOW GYE",1,"7862112522367","PT:220132","TOTOPOS NATURAL OLE 300G","Bodega Producto Terminado",2,"UN",1.1200000000000001,2.2400000000000002,"UNIDAD SNCKS",0,10.82,12.44,"IVA EN VENTAS 15%",{"$f":"IFERROR(IF(Tabla_Consulta_desde_QuickBooks_Data_64_Bit_QRemote[[#This Row],[SalesOrderLineUnitOfMeasure]]=\"un\",Tabla_Consulta_desde_QuickBooks_Data_64_Bit_QRemote[[#This Row],[SalesOrderLineQuantity]],Tabla_Consulta_desde_QuickBooks_Data_64_Bit_QRemote[[#This Row],[SalesOrderLineQuantity]]/MID(Tabla_Consulta_desde_QuickBooks_Data_64_Bit_QRemote[[#This Row],[SalesOrderLineUnitOfMeasure]],2,2)),0)","v":2},{"$f":"IFERROR(IF(Tabla_Consulta_desde_QuickBooks_Data_64_Bit_QRemote[[#This Row],[SalesOrderLineUnitOfMeasure]]=\"un\",Tabla_Consulta_desde_QuickBooks_Data_64_Bit_QRemote[[#This Row],[SalesOrderLineInvoiced]],Tabla_Consulta_desde_QuickBooks_Data_64_Bit_QRemote[[#This Row],[SalesOrderLineInvoiced]]/MID(Tabla_Consulta_desde_QuickBooks_Data_64_Bit_QRemote[[#This Row],[SalesOrderLineUnitOfMeasure]],2,2)),0)","v":0},{"$f":"+Tabla_Consulta_desde_QuickBooks_Data_64_Bit_QRemote[[#This Row],[facturado]]-Tabla_Consulta_desde_QuickBooks_Data_64_Bit_QRemote[[#This Row],[pide]]","v":-2},{"$f":"IF(Tabla_Consulta_desde_QuickBooks_Data_64_Bit_QRemote[[#This Row],[diferecia]]=0,\"ok\",\"diferen\")","v":"diferen"},{"$f":"IFERROR(INDEX(um!A:C,MATCH(Tabla_Consulta_desde_QuickBooks_Data_64_Bit_QRemote[[#This Row],[SalesOrderLineItemRefFullName]],um!A:A,0),3),\"\")","v":"X12"},{"$f":"IFERROR(IF(OR(Tabla_Consulta_desde_QuickBooks_Data_64_Bit_QRemote[[#This Row],[SalesOrderLineUnitOfMeasure]]=\"UN\",Tabla_Consulta_desde_QuickBooks_Data_64_Bit_QRemote[[#This Row],[SalesOrderLineUnitOfMeasure]]=Tabla_Consulta_desde_QuickBooks_Data_64_Bit_QRemote[[#This Row],[U/M]]),\"\",\"ERROR\"),\"\")","v":""},{"$f":"+WEEKNUM(Tabla_Consulta_desde_QuickBooks_Data_64_Bit_QRemote[[#This Row],[TxnDate]])","v":23},{"$f":"+Tabla_Consulta_desde_QuickBooks_Data_64_Bit_QRemote[[#This Row],[SalesOrderLineRate]]*Tabla_Consulta_desde_QuickBooks_Data_64_Bit_QRemote[[#This Row],[SalesOrderLineInvoiced]]","v":0},{"$f":"+IFERROR(IF(Tabla_Consulta_desde_QuickBooks_Data_64_Bit_QRemote[[#This Row],[CustomerRefFullName]]=\"GRUVALCORP SA\",VLOOKUP(Tabla_Consulta_desde_QuickBooks_Data_64_Bit_QRemote[[#This Row],[SalesOrderLineItemRefFullName]],Hoja1!A:E,5,FALSE),\"\")*-Tabla_Consulta_desde_QuickBooks_Data_64_Bit_QRemote[[#This Row],[SalesOrderLineAmount]],\"\")","v":""},{"$f":"IF(COUNTIF(wms!E:E,Tabla_Consulta_desde_QuickBooks_Data_64_Bit_QRemote[[#This Row],[RefNumber]])>0,\"OK\",\"FALTA\")","v":"OK"}]
["2025-06-03","29149","PRODUCTOS OLE DEL ECUADOR PRODUCTOSOLE C","Comercial -Daniela-Muestras LAI CHOW GYE",2,"7862112522442","PT:220133","TOTOPOS QUESO RANCHERO OLE 120G","Bodega Producto Terminado",2,"UN",0.62,1.24,"UNIDAD SNCKS",0,10.82,12.44,"IVA EN VENTAS 15%",{"$f":"IFERROR(IF(Tabla_Consulta_desde_QuickBooks_Data_64_Bit_QRemote[[#This Row],[SalesOrderLineUnitOfMeasure]]=\"un\",Tabla_Consulta_desde_QuickBooks_Data_64_Bit_QRemote[[#This Row],[SalesOrderLineQuantity]],Tabla_Consulta_desde_QuickBooks_Data_64_Bit_QRemote[[#This Row],[SalesOrderLineQuantity]]/MID(Tabla_Consulta_desde_QuickBooks_Data_64_Bit_QRemote[[#This Row],[SalesOrderLineUnitOfMeasure]],2,2)),0)","v":2},{"$f":"IFERROR(IF(Tabla_Consulta_desde_QuickBooks_Data_64_Bit_QRemote[[#This Row],[SalesOrderLineUnitOfMeasure]]=\"un\",Tabla_Consulta_desde_QuickBooks_Data_64_Bit_QRemote[[#This Row],[SalesOrderLineInvoiced]],Tabla_Consulta_desde_QuickBooks_Data_64_Bit_QRemote[[#This Row],[SalesOrderLineInvoiced]]/MID(Tabla_Consulta_desde_QuickBooks_Data_64_Bit_QRemote[[#This Row],[SalesOrderLineUnitOfMeasure]],2,2)),0)","v":0},{"$f":"+Tabla_Consulta_desde_QuickBooks_Data_64_Bit_QRemote[[#This Row],[facturado]]-Tabla_Consulta_desde_QuickBooks_Data_64_Bit_QRemote[[#This Row],[pide]]","v":-2},{"$f":"IF(Tabla_Consulta_desde_QuickBooks_Data_64_Bit_QRemote[[#This Row],[diferecia]]=0,\"ok\",\"diferen\")","v":"diferen"},{"$f":"IFERROR(INDEX(um!A:C,MATCH(Tabla_Consulta_desde_QuickBooks_Data_64_Bit_QRemote[[#This Row],[SalesOrderLineItemRefFullName]],um!A:A,0),3),\"\")","v":"X12"},{"$f":"IFERROR(IF(OR(Tabla_Consulta_desde_QuickBooks_Data_64_Bit_QRemote[[#This Row],[SalesOrderLineUnitOfMeasure]]=\"UN\",Tabla_Consulta_desde_QuickBooks_Data_64_Bit_QRemote[[#This Row],[SalesOrderLineUnitOfMeasure]]=Tabla_Consulta_desde_QuickBooks_Data_64_Bit_QRemote[[#This Row],[U/M]]),\"\",\"ERROR\"),\"\")","v":""},{"$f":"+WEEKNUM(Tabla_Consulta_desde_QuickBooks_Data_64_Bit_QRemote[[#This Row],[TxnDate]])","v":23},{"$f":"+Tabla_Consulta_desde_QuickBooks_Data_64_Bit_QRemote[[#This Row],[SalesOrderLineRate]]*Tabla_Consulta_desde_QuickBooks_Data_64_Bit_QRemote[[#This Row],[SalesOrderLineInvoiced]]","v":0},{"$f":"+IFERROR(IF(Tabla_Consulta_desde_QuickBooks_Data_64_Bit_QRemote[[#This Row],[CustomerRefFullName]]=\"GRUVALCORP SA\",VLOOKUP(Tabla_Consulta_desde_QuickBooks_Data_64_Bit_QRemote[[#This Row],[SalesOrderLineItemRefFullName]],Hoja1!A:E,5,FALSE),\"\")*-Tabla_Consulta_desde_QuickBooks_Data_64_Bit_QRemote[[#This Row],[SalesOrderLineAmount]],\"\")","v":""},{"$f":"IF(COUNTIF(wms!E:E,Tabla_Consulta_desde_QuickBooks_Data_64_Bit_QRemote[[#This Row],[RefNumber]])>0,\"OK\",\"FALTA\")","v":"OK"}]
["2025-06-03","29149","PRODUCTOS OLE DEL ECUADOR PRODUCTOSOLE C","Comercial -Daniela-Muestras LAI CHOW GYE",3,"7862112523258","PT:220142","TOTOPOS SABOR GUACAMOLE OLE 45G","Bodega Producto Terminado",2,"UN",0.23,0.46,"UNIDAD SNCKS",0,10.82,12.44,"IVA EN VENTAS 15%",{"$f":"IFERROR(IF(Tabla_Consulta_desde_QuickBooks_Data_64_Bit_QRemote[[#This Row],[SalesOrderLineUnitOfMeasure]]=\"un\",Tabla_Consulta_desde_QuickBooks_Data_64_Bit_QRemote[[#This Row],[SalesOrderLineQuantity]],Tabla_Consulta_desde_QuickBooks_Data_64_Bit_QRemote[[#This Row],[SalesOrderLineQuantity]]/MID(Tabla_Consulta_desde_QuickBooks_Data_64_Bit_QRemote[[#This Row],[SalesOrderLineUnitOfMeasure]],2,2)),0)","v":2},{"$f":"IFERROR(IF(Tabla_Consulta_desde_QuickBooks_Data_64_Bit_QRemote[[#This Row],[SalesOrderLineUnitOfMeasure]]=\"un\",Tabla_Consulta_desde_QuickBooks_Data_64_Bit_QRemote[[#This Row],[SalesOrderLineInvoiced]],Tabla_Consulta_desde_QuickBooks_Data_64_Bit_QRemote[[#This Row],[SalesOrderLineInvoiced]]/MID(Tabla_Consulta_desde_QuickBooks_Data_64_Bit_QRemote[[#This Row],[SalesOrderLineUnitOfMeasure]],2,2)),0)","v":0},{"$f":"+Tabla_Consulta_desde_QuickBooks_Data_64_Bit_QRemote[[#This Row],[facturado]]-Tabla_Consulta_desde_QuickBooks_Data_64_Bit_QRemote[[#This Row],[pide]]","v":-2},{"$f":"IF(Tabla_Consulta_desde_QuickBooks_Data_64_Bit_QRemote[[#This Row],[diferecia]]=0,\"ok\",\"diferen\")","v":"diferen"},{"$f":"IFERROR(INDEX(um!A:C,MATCH(Tabla_Consulta_desde_QuickBooks_Data_64_Bit_QRemote[[#This Row],[SalesOrderLineItemRefFullName]],um!A:A,0),3),\"\")","v":"X30"},{"$f":"IFERROR(IF(OR(Tabla_Consulta_desde_QuickBooks_Data_64_Bit_QRemote[[#This Row],[SalesOrderLineUnitOfMeasure]]=\"UN\",Tabla_Consulta_desde_QuickBooks_Data_64_Bit_QRemote[[#This Row],[SalesOrderLineUnitOfMeasure]]=Tabla_Consulta_desde_QuickBooks_Data_64_Bit_QRemote[[#This Row],[U/M]]),\"\",\"ERROR\"),\"\")","v":""},{"$f":"+WEEKNUM(Tabla_Consulta_desde_QuickBooks_Data_64_Bit_QRemote[[#This Row],[TxnDate]])","v":23},{"$f":"+Tabla_Consulta_desde_QuickBooks_Data_64_Bit_QRemote[[#This Row],[SalesOrderLineRate]]*Tabla_Consulta_desde_QuickBooks_Data_64_Bit_QRemote[[#This Row],[SalesOrderLineInvoiced]]","v":0},{"$f":"+IFERROR(IF(Tabla_Consulta_desde_QuickBooks_Data_64_Bit_QRemote[[#This Row],[CustomerRefFullName]]=\"GRUVALCORP SA\",VLOOKUP(Tabla_Consulta_desde_QuickBooks_Data_64_Bit_QRemote[[#This Row],[SalesOrderLineItemRefFullName]],Hoja1!A:E,5,FALSE),\"\")*-Tabla_Consulta_desde_QuickBooks_Data_64_Bit_QRemote[[#This Row],[SalesOrderLineAmount]],\"\")","v":""},{"$f":"IF(COUNTIF(wms!E:E,Tabla_Consulta_desde_QuickBooks_Data_64_Bit_QRemote[[#This Row],[RefNumber]])>0,\"OK\",\"FALTA\")","v":"OK"}]
["2025-06-03","29149","PRODUCTOS OLE DEL ECUADOR PRODUCTOSOLE C","Comercial -Daniela-Muestras LAI CHOW GYE",4,"7862112523265","PT:220143","TOTOPOS NATURAL MINI OLE 45G","Bodega Producto Terminado",2,"UN",0.23,0.46,"UNIDAD SNCKS",0,10.82,12.44,"IVA EN VENTAS 15%",{"$f":"IFERROR(IF(Tabla_Consulta_desde_QuickBooks_Data_64_Bit_QRemote[[#This Row],[SalesOrderLineUnitOfMeasure]]=\"un\",Tabla_Consulta_desde_QuickBooks_Data_64_Bit_QRemote[[#This Row],[SalesOrderLineQuantity]],Tabla_Consulta_desde_QuickBooks_Data_64_Bit_QRemote[[#This Row],[SalesOrderLineQuantity]]/MID(Tabla_Consulta_desde_QuickBooks_Data_64_Bit_QRemote[[#This Row],[SalesOrderLineUnitOfMeasure]],2,2)),0)","v":2},{"$f":"IFERROR(IF(Tabla_Consulta_desde_QuickBooks_Data_64_Bit_QRemote[[#This Row],[SalesOrderLineUnitOfMeasure]]=\"un\",Tabla_Consulta_desde_QuickBooks_Data_64_Bit_QRemote[[#This Row],[SalesOrderLineInvoiced]],Tabla_Consulta_desde_QuickBooks_Data_64_Bit_QRemote[[#This Row],[SalesOrderLineInvoiced]]/MID(Tabla_Consulta_desde_QuickBooks_Data_64_Bit_QRemote[[#This Row],[SalesOrderLineUnitOfMeasure]],2,2)),0)","v":0},{"$f":"+Tabla_Consulta_desde_QuickBooks_Data_64_Bit_QRemote[[#This Row],[facturado]]-Tabla_Consulta_desde_QuickBooks_Data_64_Bit_QRemote[[#This Row],[pide]]","v":-2},{"$f":"IF(Tabla_Consulta_desde_QuickBooks_Data_64_Bit_QRemote[[#This Row],[diferecia]]=0,\"ok\",\"diferen\")","v":"diferen"},{"$f":"IFERROR(INDEX(um!A:C,MATCH(Tabla_Consulta_desde_QuickBooks_Data_64_Bit_QRemote[[#This Row],[SalesOrderLineItemRefFullName]],um!A:A,0),3),\"\")","v":"X30"},{"$f":"IFERROR(IF(OR(Tabla_Consulta_desde_QuickBooks_Data_64_Bit_QRemote[[#This Row],[SalesOrderLineUnitOfMeasure]]=\"UN\",Tabla_Consulta_desde_QuickBooks_Data_64_Bit_QRemote[[#This Row],[SalesOrderLineUnitOfMeasure]]=Tabla_Consulta_desde_QuickBooks_Data_64_Bit_QRemote[[#This Row],[U/M]]),\"\",\"ERROR\"),\"\")","v":""},{"$f":"+WEEKNUM(Tabla_Consulta_desde_QuickBooks_Data_64_Bit_QRemote[[#This Row],[TxnDate]])","v":23},{"$f":"+Tabla_Consulta_desde_QuickBooks_Data_64_Bit_QRemote[[#This Row],[SalesOrderLineRate]]*Tabla_Consulta_desde_QuickBooks_Data_64_Bit_QRemote[[#This Row],[SalesOrderLineInvoiced]]","v":0},{"$f":"+IFERROR(IF(Tabla_Consulta_desde_QuickBooks_Data_64_Bit_QRemote[[#This Row],[CustomerRefFullName]]=\"GRUVALCORP SA\",VLOOKUP(Tabla_Consulta_desde_QuickBooks_Data_64_Bit_QRemote[[#This Row],[SalesOrderLineItemRefFullName]],Hoja1!A:E,5,FALSE),\"\")*-Tabla_Consulta_desde_QuickBooks_Data_64_Bit_QRemote[[#This Row],[SalesOrderLineAmount]],\"\")","v":""},{"$f":"IF(COUNTIF(wms!E:E,Tabla_Consulta_desde_QuickBooks_Data_64_Bit_QRemote[[#This Row],[RefNumber]])>0,\"OK\",\"FALTA\")","v":"OK"}]
["2025-06-03","29149","PRODUCTOS OLE DEL ECUADOR PRODUCTOSOLE C","Comercial -Daniela-Muestras LAI CHOW GYE",5,"7862112523289","PT:221008","CHEDARITOS OLE 90G","Bodega Producto Terminado",2,"UN",0.56999999999999995,1.1399999999999999,"UNIDAD SNCKS",0,10.82,12.44,"IVA EN VENTAS 15%",{"$f":"IFERROR(IF(Tabla_Consulta_desde_QuickBooks_Data_64_Bit_QRemote[[#This Row],[SalesOrderLineUnitOfMeasure]]=\"un\",Tabla_Consulta_desde_QuickBooks_Data_64_Bit_QRemote[[#This Row],[SalesOrderLineQuantity]],Tabla_Consulta_desde_QuickBooks_Data_64_Bit_QRemote[[#This Row],[SalesOrderLineQuantity]]/MID(Tabla_Consulta_desde_QuickBooks_Data_64_Bit_QRemote[[#This Row],[SalesOrderLineUnitOfMeasure]],2,2)),0)","v":2},{"$f":"IFERROR(IF(Tabla_Consulta_desde_QuickBooks_Data_64_Bit_QRemote[[#This Row],[SalesOrderLineUnitOfMeasure]]=\"un\",Tabla_Consulta_desde_QuickBooks_Data_64_Bit_QRemote[[#This Row],[SalesOrderLineInvoiced]],Tabla_Consulta_desde_QuickBooks_Data_64_Bit_QRemote[[#This Row],[SalesOrderLineInvoiced]]/MID(Tabla_Consulta_desde_QuickBooks_Data_64_Bit_QRemote[[#This Row],[SalesOrderLineUnitOfMeasure]],2,2)),0)","v":0},{"$f":"+Tabla_Consulta_desde_QuickBooks_Data_64_Bit_QRemote[[#This Row],[facturado]]-Tabla_Consulta_desde_QuickBooks_Data_64_Bit_QRemote[[#This Row],[pide]]","v":-2},{"$f":"IF(Tabla_Consulta_desde_QuickBooks_Data_64_Bit_QRemote[[#This Row],[diferecia]]=0,\"ok\",\"diferen\")","v":"diferen"},{"$f":"IFERROR(INDEX(um!A:C,MATCH(Tabla_Consulta_desde_QuickBooks_Data_64_Bit_QRemote[[#This Row],[SalesOrderLineItemRefFullName]],um!A:A,0),3),\"\")","v":"X10"},{"$f":"IFERROR(IF(OR(Tabla_Consulta_desde_QuickBooks_Data_64_Bit_QRemote[[#This Row],[SalesOrderLineUnitOfMeasure]]=\"UN\",Tabla_Consulta_desde_QuickBooks_Data_64_Bit_QRemote[[#This Row],[SalesOrderLineUnitOfMeasure]]=Tabla_Consulta_desde_QuickBooks_Data_64_Bit_QRemote[[#This Row],[U/M]]),\"\",\"ERROR\"),\"\")","v":""},{"$f":"+WEEKNUM(Tabla_Consulta_desde_QuickBooks_Data_64_Bit_QRemote[[#This Row],[TxnDate]])","v":23},{"$f":"+Tabla_Consulta_desde_QuickBooks_Data_64_Bit_QRemote[[#This Row],[SalesOrderLineRate]]*Tabla_Consulta_desde_QuickBooks_Data_64_Bit_QRemote[[#This Row],[SalesOrderLineInvoiced]]","v":0},{"$f":"+IFERROR(IF(Tabla_Consulta_desde_QuickBooks_Data_64_Bit_QRemote[[#This Row],[CustomerRefFullName]]=\"GRUVALCORP SA\",VLOOKUP(Tabla_Consulta_desde_QuickBooks_Data_64_Bit_QRemote[[#This Row],[SalesOrderLineItemRefFullName]],Hoja1!A:E,5,FALSE),\"\")*-Tabla_Consulta_desde_QuickBooks_Data_64_Bit_QRemote[[#This Row],[SalesOrderLineAmount]],\"\")","v":""},{"$f":"IF(COUNTIF(wms!E:E,Tabla_Consulta_desde_QuickBooks_Data_64_Bit_QRemote[[#This Row],[RefNumber]])>0,\"OK\",\"FALTA\")","v":"OK"}]
["2025-06-03","29149","PRODUCTOS OLE DEL ECUADOR PRODUCTOSOLE C","Comercial -Daniela-Muestras LAI CHOW GYE",6,"7862112522473","PT:220134","TOTOPOS MICHELADA OLE 120G","Bodega Producto Terminado",2,"UN",0.62,1.24,"UNIDAD SNCKS",0,10.82,12.44,"IVA EN VENTAS 15%",{"$f":"IFERROR(IF(Tabla_Consulta_desde_QuickBooks_Data_64_Bit_QRemote[[#This Row],[SalesOrderLineUnitOfMeasure]]=\"un\",Tabla_Consulta_desde_QuickBooks_Data_64_Bit_QRemote[[#This Row],[SalesOrderLineQuantity]],Tabla_Consulta_desde_QuickBooks_Data_64_Bit_QRemote[[#This Row],[SalesOrderLineQuantity]]/MID(Tabla_Consulta_desde_QuickBooks_Data_64_Bit_QRemote[[#This Row],[SalesOrderLineUnitOfMeasure]],2,2)),0)","v":2},{"$f":"IFERROR(IF(Tabla_Consulta_desde_QuickBooks_Data_64_Bit_QRemote[[#This Row],[SalesOrderLineUnitOfMeasure]]=\"un\",Tabla_Consulta_desde_QuickBooks_Data_64_Bit_QRemote[[#This Row],[SalesOrderLineInvoiced]],Tabla_Consulta_desde_QuickBooks_Data_64_Bit_QRemote[[#This Row],[SalesOrderLineInvoiced]]/MID(Tabla_Consulta_desde_QuickBooks_Data_64_Bit_QRemote[[#This Row],[SalesOrderLineUnitOfMeasure]],2,2)),0)","v":0},{"$f":"+Tabla_Consulta_desde_QuickBooks_Data_64_Bit_QRemote[[#This Row],[facturado]]-Tabla_Consulta_desde_QuickBooks_Data_64_Bit_QRemote[[#This Row],[pide]]","v":-2},{"$f":"IF(Tabla_Consulta_desde_QuickBooks_Data_64_Bit_QRemote[[#This Row],[diferecia]]=0,\"ok\",\"diferen\")","v":"diferen"},{"$f":"IFERROR(INDEX(um!A:C,MATCH(Tabla_Consulta_desde_QuickBooks_Data_64_Bit_QRemote[[#This Row],[SalesOrderLineItemRefFullName]],um!A:A,0),3),\"\")","v":"X12"},{"$f":"IFERROR(IF(OR(Tabla_Consulta_desde_QuickBooks_Data_64_Bit_QRemote[[#This Row],[SalesOrderLineUnitOfMeasure]]=\"UN\",Tabla_Consulta_desde_QuickBooks_Data_64_Bit_QRemote[[#This Row],[SalesOrderLineUnitOfMeasure]]=Tabla_Consulta_desde_QuickBooks_Data_64_Bit_QRemote[[#This Row],[U/M]]),\"\",\"ERROR\"),\"\")","v":""},{"$f":"+WEEKNUM(Tabla_Consulta_desde_QuickBooks_Data_64_Bit_QRemote[[#This Row],[TxnDate]])","v":23},{"$f":"+Tabla_Consulta_desde_QuickBooks_Data_64_Bit_QRemote[[#This Row],[SalesOrderLineRate]]*Tabla_Consulta_desde_QuickBooks_Data_64_Bit_QRemote[[#This Row],[SalesOrderLineInvoiced]]","v":0},{"$f":"+IFERROR(IF(Tabla_Consulta_desde_QuickBooks_Data_64_Bit_QRemote[[#This Row],[CustomerRefFullName]]=\"GRUVALCORP SA\",VLOOKUP(Tabla_Consulta_desde_QuickBooks_Data_64_Bit_QRemote[[#This Row],[SalesOrderLineItemRefFullName]],Hoja1!A:E,5,FALSE),\"\")*-Tabla_Consulta_desde_QuickBooks_Data_64_Bit_QRemote[[#This Row],[SalesOrderLineAmount]],\"\")","v":""},{"$f":"IF(COUNTIF(wms!E:E,Tabla_Consulta_desde_QuickBooks_Data_64_Bit_QRemote[[#This Row],[RefNumber]])>0,\"OK\",\"FALTA\")","v":"OK"}]
["2025-06-03","29149","PRODUCTOS OLE DEL ECUADOR PRODUCTOSOLE C","Comercial -Daniela-Muestras LAI CHOW GYE",7,"7862112522732","PT:220135","TOTOPOS SABOR GUACAMOLE OLE 120G","Bodega Producto Terminado",2,"UN",0.62,1.24,"UNIDAD SNCKS",0,10.82,12.44,"IVA EN VENTAS 15%",{"$f":"IFERROR(IF(Tabla_Consulta_desde_QuickBooks_Data_64_Bit_QRemote[[#This Row],[SalesOrderLineUnitOfMeasure]]=\"un\",Tabla_Consulta_desde_QuickBooks_Data_64_Bit_QRemote[[#This Row],[SalesOrderLineQuantity]],Tabla_Consulta_desde_QuickBooks_Data_64_Bit_QRemote[[#This Row],[SalesOrderLineQuantity]]/MID(Tabla_Consulta_desde_QuickBooks_Data_64_Bit_QRemote[[#This Row],[SalesOrderLineUnitOfMeasure]],2,2)),0)","v":2},{"$f":"IFERROR(IF(Tabla_Consulta_desde_QuickBooks_Data_64_Bit_QRemote[[#This Row],[SalesOrderLineUnitOfMeasure]]=\"un\",Tabla_Consulta_desde_QuickBooks_Data_64_Bit_QRemote[[#This Row],[SalesOrderLineInvoiced]],Tabla_Consulta_desde_QuickBooks_Data_64_Bit_QRemote[[#This Row],[SalesOrderLineInvoiced]]/MID(Tabla_Consulta_desde_QuickBooks_Data_64_Bit_QRemote[[#This Row],[SalesOrderLineUnitOfMeasure]],2,2)),0)","v":0},{"$f":"+Tabla_Consulta_desde_QuickBooks_Data_64_Bit_QRemote[[#This Row],[facturado]]-Tabla_Consulta_desde_QuickBooks_Data_64_Bit_QRemote[[#This Row],[pide]]","v":-2},{"$f":"IF(Tabla_Consulta_desde_QuickBooks_Data_64_Bit_QRemote[[#This Row],[diferecia]]=0,\"ok\",\"diferen\")","v":"diferen"},{"$f":"IFERROR(INDEX(um!A:C,MATCH(Tabla_Consulta_desde_QuickBooks_Data_64_Bit_QRemote[[#This Row],[SalesOrderLineItemRefFullName]],um!A:A,0),3),\"\")","v":"X12"},{"$f":"IFERROR(IF(OR(Tabla_Consulta_desde_QuickBooks_Data_64_Bit_QRemote[[#This Row],[SalesOrderLineUnitOfMeasure]]=\"UN\",Tabla_Consulta_desde_QuickBooks_Data_64_Bit_QRemote[[#This Row],[SalesOrderLineUnitOfMeasure]]=Tabla_Consulta_desde_QuickBooks_Data_64_Bit_QRemote[[#This Row],[U/M]]),\"\",\"ERROR\"),\"\")","v":""},{"$f":"+WEEKNUM(Tabla_Consulta_desde_QuickBooks_Data_64_Bit_QRemote[[#This Row],[TxnDate]])","v":23},{"$f":"+Tabla_Consulta_desde_QuickBooks_Data_64_Bit_QRemote[[#This Row],[SalesOrderLineRate]]*Tabla_Consulta_desde_QuickBooks_Data_64_Bit_QRemote[[#This Row],[SalesOrderLineInvoiced]]","v":0},{"$f":"+IFERROR(IF(Tabla_Consulta_desde_QuickBooks_Data_64_Bit_QRemote[[#This Row],[CustomerRefFullName]]=\"GRUVALCORP SA\",VLOOKUP(Tabla_Consulta_desde_QuickBooks_Data_64_Bit_QRemote[[#This Row],[SalesOrderLineItemRefFullName]],Hoja1!A:E,5,FALSE),\"\")*-Tabla_Consulta_desde_QuickBooks_Data_64_Bit_QRemote[[#This Row],[SalesOrderLineAmount]],\"\")","v":""},{"$f":"IF(COUNTIF(wms!E:E,Tabla_Consulta_desde_QuickBooks_Data_64_Bit_QRemote[[#This Row],[RefNumber]])>0,\"OK\",\"FALTA\")","v":"OK"}]
["2025-06-03","29149","PRODUCTOS OLE DEL ECUADOR PRODUCTOSOLE C","Comercial -Daniela-Muestras LAI CHOW GYE",8,"7862112522855","PT:220138","TOTOPOS AJI MARACUYA OLE 120G","Bodega Producto Terminado",2,"UN",0.62,1.24,"UNIDAD SNCKS",0,10.82,12.44,"IVA EN VENTAS 15%",{"$f":"IFERROR(IF(Tabla_Consulta_desde_QuickBooks_Data_64_Bit_QRemote[[#This Row],[SalesOrderLineUnitOfMeasure]]=\"un\",Tabla_Consulta_desde_QuickBooks_Data_64_Bit_QRemote[[#This Row],[SalesOrderLineQuantity]],Tabla_Consulta_desde_QuickBooks_Data_64_Bit_QRemote[[#This Row],[SalesOrderLineQuantity]]/MID(Tabla_Consulta_desde_QuickBooks_Data_64_Bit_QRemote[[#This Row],[SalesOrderLineUnitOfMeasure]],2,2)),0)","v":2},{"$f":"IFERROR(IF(Tabla_Consulta_desde_QuickBooks_Data_64_Bit_QRemote[[#This Row],[SalesOrderLineUnitOfMeasure]]=\"un\",Tabla_Consulta_desde_QuickBooks_Data_64_Bit_QRemote[[#This Row],[SalesOrderLineInvoiced]],Tabla_Consulta_desde_QuickBooks_Data_64_Bit_QRemote[[#This Row],[SalesOrderLineInvoiced]]/MID(Tabla_Consulta_desde_QuickBooks_Data_64_Bit_QRemote[[#This Row],[SalesOrderLineUnitOfMeasure]],2,2)),0)","v":0},{"$f":"+Tabla_Consulta_desde_QuickBooks_Data_64_Bit_QRemote[[#This Row],[facturado]]-Tabla_Consulta_desde_QuickBooks_Data_64_Bit_QRemote[[#This Row],[pide]]","v":-2},{"$f":"IF(Tabla_Consulta_desde_QuickBooks_Data_64_Bit_QRemote[[#This Row],[diferecia]]=0,\"ok\",\"diferen\")","v":"diferen"},{"$f":"IFERROR(INDEX(um!A:C,MATCH(Tabla_Consulta_desde_QuickBooks_Data_64_Bit_QRemote[[#This Row],[SalesOrderLineItemRefFullName]],um!A:A,0),3),\"\")","v":"X12"},{"$f":"IFERROR(IF(OR(Tabla_Consulta_desde_QuickBooks_Data_64_Bit_QRemote[[#This Row],[SalesOrderLineUnitOfMeasure]]=\"UN\",Tabla_Consulta_desde_QuickBooks_Data_64_Bit_QRemote[[#This Row],[SalesOrderLineUnitOfMeasure]]=Tabla_Consulta_desde_QuickBooks_Data_64_Bit_QRemote[[#This Row],[U/M]]),\"\",\"ERROR\"),\"\")","v":""},{"$f":"+WEEKNUM(Tabla_Consulta_desde_QuickBooks_Data_64_Bit_QRemote[[#This Row],[TxnDate]])","v":23},{"$f":"+Tabla_Consulta_desde_QuickBooks_Data_64_Bit_QRemote[[#This Row],[SalesOrderLineRate]]*Tabla_Consulta_desde_QuickBooks_Data_64_Bit_QRemote[[#This Row],[SalesOrderLineInvoiced]]","v":0},{"$f":"+IFERROR(IF(Tabla_Consulta_desde_QuickBooks_Data_64_Bit_QRemote[[#This Row],[CustomerRefFullName]]=\"GRUVALCORP SA\",VLOOKUP(Tabla_Consulta_desde_QuickBooks_Data_64_Bit_QRemote[[#This Row],[SalesOrderLineItemRefFullName]],Hoja1!A:E,5,FALSE),\"\")*-Tabla_Consulta_desde_QuickBooks_Data_64_Bit_QRemote[[#This Row],[SalesOrderLineAmount]],\"\")","v":""},{"$f":"IF(COUNTIF(wms!E:E,Tabla_Consulta_desde_QuickBooks_Data_64_Bit_QRemote[[#This Row],[RefNumber]])>0,\"OK\",\"FALTA\")","v":"OK"}]
["2025-06-03","29149","PRODUCTOS OLE DEL ECUADOR PRODUCTOSOLE C","Comercial -Daniela-Muestras LAI CHOW GYE",9,"7862112522848","PT:221004","ARITOS DE PAPA SABOR CEBOLLA CHILE Y LIMÓN OLE 100G","Bodega Producto Terminado",2,"UN",0.78,1.56,"UNIDAD SNCKS",0,10.82,12.44,"IVA EN VENTAS 15%",{"$f":"IFERROR(IF(Tabla_Consulta_desde_QuickBooks_Data_64_Bit_QRemote[[#This Row],[SalesOrderLineUnitOfMeasure]]=\"un\",Tabla_Consulta_desde_QuickBooks_Data_64_Bit_QRemote[[#This Row],[SalesOrderLineQuantity]],Tabla_Consulta_desde_QuickBooks_Data_64_Bit_QRemote[[#This Row],[SalesOrderLineQuantity]]/MID(Tabla_Consulta_desde_QuickBooks_Data_64_Bit_QRemote[[#This Row],[SalesOrderLineUnitOfMeasure]],2,2)),0)","v":2},{"$f":"IFERROR(IF(Tabla_Consulta_desde_QuickBooks_Data_64_Bit_QRemote[[#This Row],[SalesOrderLineUnitOfMeasure]]=\"un\",Tabla_Consulta_desde_QuickBooks_Data_64_Bit_QRemote[[#This Row],[SalesOrderLineInvoiced]],Tabla_Consulta_desde_QuickBooks_Data_64_Bit_QRemote[[#This Row],[SalesOrderLineInvoiced]]/MID(Tabla_Consulta_desde_QuickBooks_Data_64_Bit_QRemote[[#This Row],[SalesOrderLineUnitOfMeasure]],2,2)),0)","v":0},{"$f":"+Tabla_Consulta_desde_QuickBooks_Data_64_Bit_QRemote[[#This Row],[facturado]]-Tabla_Consulta_desde_QuickBooks_Data_64_Bit_QRemote[[#This Row],[pide]]","v":-2},{"$f":"IF(Tabla_Consulta_desde_QuickBooks_Data_64_Bit_QRemote[[#This Row],[diferecia]]=0,\"ok\",\"diferen\")","v":"diferen"},{"$f":"IFERROR(INDEX(um!A:C,MATCH(Tabla_Consulta_desde_QuickBooks_Data_64_Bit_QRemote[[#This Row],[SalesOrderLineItemRefFullName]],um!A:A,0),3),\"\")","v":"X10"},{"$f":"IFERROR(IF(OR(Tabla_Consulta_desde_QuickBooks_Data_64_Bit_QRemote[[#This Row],[SalesOrderLineUnitOfMeasure]]=\"UN\",Tabla_Consulta_desde_QuickBooks_Data_64_Bit_QRemote[[#This Row],[SalesOrderLineUnitOfMeasure]]=Tabla_Consulta_desde_QuickBooks_Data_64_Bit_QRemote[[#This Row],[U/M]]),\"\",\"ERROR\"),\"\")","v":""},{"$f":"+WEEKNUM(Tabla_Consulta_desde_QuickBooks_Data_64_Bit_QRemote[[#This Row],[TxnDate]])","v":23},{"$f":"+Tabla_Consulta_desde_QuickBooks_Data_64_Bit_QRemote[[#This Row],[SalesOrderLineRate]]*Tabla_Consulta_desde_QuickBooks_Data_64_Bit_QRemote[[#This Row],[SalesOrderLineInvoiced]]","v":0},{"$f":"+IFERROR(IF(Tabla_Consulta_desde_QuickBooks_Data_64_Bit_QRemote[[#This Row],[CustomerRefFullName]]=\"GRUVALCORP SA\",VLOOKUP(Tabla_Consulta_desde_QuickBooks_Data_64_Bit_QRemote[[#This Row],[SalesOrderLineItemRefFullName]],Hoja1!A:E,5,FALSE),\"\")*-Tabla_Consulta_desde_QuickBooks_Data_64_Bit_QRemote[[#This Row],[SalesOrderLineAmount]],\"\")","v":""},{"$f":"IF(COUNTIF(wms!E:E,Tabla_Consulta_desde_QuickBooks_Data_64_Bit_QRemote[[#This Row],[RefNumber]])>0,\"OK\",\"FALTA\")","v":"OK"}]
["2025-06-03","29149","PRODUCTOS OLE DEL ECUADOR PRODUCTOSOLE C","Comercial -Daniela-Muestras LAI CHOW GYE",10,null,"INFOADICIONAL","Comercial -Daniela-Muestras LAI CHOW GYE",null,null,null,0,0,null,0,10.82,12.44,"IVA EN VENTAS 15%",{"$f":"IFERROR(IF(Tabla_Consulta_desde_QuickBooks_Data_64_Bit_QRemote[[#This Row],[SalesOrderLineUnitOfMeasure]]=\"un\",Tabla_Consulta_desde_QuickBooks_Data_64_Bit_QRemote[[#This Row],[SalesOrderLineQuantity]],Tabla_Consulta_desde_QuickBooks_Data_64_Bit_QRemote[[#This Row],[SalesOrderLineQuantity]]/MID(Tabla_Consulta_desde_QuickBooks_Data_64_Bit_QRemote[[#This Row],[SalesOrderLineUnitOfMeasure]],2,2)),0)","v":0},{"$f":"IFERROR(IF(Tabla_Consulta_desde_QuickBooks_Data_64_Bit_QRemote[[#This Row],[SalesOrderLineUnitOfMeasure]]=\"un\",Tabla_Consulta_desde_QuickBooks_Data_64_Bit_QRemote[[#This Row],[SalesOrderLineInvoiced]],Tabla_Consulta_desde_QuickBooks_Data_64_Bit_QRemote[[#This Row],[SalesOrderLineInvoiced]]/MID(Tabla_Consulta_desde_QuickBooks_Data_64_Bit_QRemote[[#This Row],[SalesOrderLineUnitOfMeasure]],2,2)),0)","v":0},{"$f":"+Tabla_Consulta_desde_QuickBooks_Data_64_Bit_QRemote[[#This Row],[facturado]]-Tabla_Consulta_desde_QuickBooks_Data_64_Bit_QRemote[[#This Row],[pide]]","v":0},{"$f":"IF(Tabla_Consulta_desde_QuickBooks_Data_64_Bit_QRemote[[#This Row],[diferecia]]=0,\"ok\",\"diferen\")","v":"ok"},{"$f":"IFERROR(INDEX(um!A:C,MATCH(Tabla_Consulta_desde_QuickBooks_Data_64_Bit_QRemote[[#This Row],[SalesOrderLineItemRefFullName]],um!A:A,0),3),\"\")","v":""},{"$f":"IFERROR(IF(OR(Tabla_Consulta_desde_QuickBooks_Data_64_Bit_QRemote[[#This Row],[SalesOrderLineUnitOfMeasure]]=\"UN\",Tabla_Consulta_desde_QuickBooks_Data_64_Bit_QRemote[[#This Row],[SalesOrderLineUnitOfMeasure]]=Tabla_Consulta_desde_QuickBooks_Data_64_Bit_QRemote[[#This Row],[U/M]]),\"\",\"ERROR\"),\"\")","v":""},{"$f":"+WEEKNUM(Tabla_Consulta_desde_QuickBooks_Data_64_Bit_QRemote[[#This Row],[TxnDate]])","v":23},{"$f":"+Tabla_Consulta_desde_QuickBooks_Data_64_Bit_QRemote[[#This Row],[SalesOrderLineRate]]*Tabla_Consulta_desde_QuickBooks_Data_64_Bit_QRemote[[#This Row],[SalesOrderLineInvoiced]]","v":0},{"$f":"+IFERROR(IF(Tabla_Consulta_desde_QuickBooks_Data_64_Bit_QRemote[[#This Row],[CustomerRefFullName]]=\"GRUVALCORP SA\",VLOOKUP(Tabla_Consulta_desde_QuickBooks_Data_64_Bit_QRemote[[#This Row],[SalesOrderLineItemRefFullName]],Hoja1!A:E,5,FALSE),\"\")*-Tabla_Consulta_desde_QuickBooks_Data_64_Bit_QRemote[[#This Row],[SalesOrderLineAmount]],\"\")","v":""},{"$f":"IF(COUNTIF(wms!E:E,Tabla_Consulta_desde_QuickBooks_Data_64_Bit_QRemote[[#This Row],[RefNumber]])>0,\"OK\",\"FALTA\")","v":"OK"}]
["Total",null,null,null,null,null,null,null,null,null,null,null,null,null,null,null,null,null,null,null,{"$f":"SUBTOTAL(109,Tabla_Consulta_desde_QuickBooks_Data_64_Bit_QRemote[diferecia])","v":-2331},null,null,{"$f":"SUBTOTAL(103,Tabla_Consulta_desde_QuickBooks_Data_64_Bit_QRemote[ERROR])","v":737},null,{"$f":"SUBTOTAL(109,Tabla_Consulta_desde_QuickBooks_Data_64_Bit_QRemote[TOTAL SIN IVA])","v":13348.020080000011}]
[]
[]
[]
[]
[]
[]
[]
[]
[]
[]
[]
[]
[]
[]
[]
[]
[]
[]
[]
[]
[]
[]
[]
[]
[]
[]
[]
[]
[]
[]
[]
[]
[]
[]
[]
[]
[]
[]
[]
[]
[]
[]
[]
[]
[]
[]
[]
[]
[]
[]
[]
[]
[]
[]
[]
[]
[]
[]
[]
[]
[]
[]
[]
[]
[]
[]
[]
[]
[]
[]
[]
[]
[]
[]
[]
[]
[]
[]
[]
[]
[]
[]
[]
[]
[]
[]
[]
[]
[]
[]
[]
[]
[]
[]
[]
[]
[]
[]
[]
[]
[]
[]
[]
[]
[]
[]
[]
[]
[]
[]
[]
[]
[]
[]
[]
[]
[]
[]
[]
[]
[]
[]
[]
[]
[]
[]
[]
[]
[]
[]
[]
[]
[]
[]
[]
[]
[]
[]
[]
[]
[]
[]
[]
[]
[]
[]
[]
[]
[]
[]
[]
[]
[]
[]
[]
[]
[]
[]
[]
[]
[]
[]
[]
[]
[]
[]
[]
[]
[]
[]
[]
[]
[]
[]
[]
[]
[]
[]
[]
[]
[]
[]
[]
[]
[]
[]
[]
[]
[]
[]
[]
[]
[]
[]
[]
[]
[]
[]
[]
[]
[]
[]
[]
[]
[]
[]
[]
[]
[]
[]
[]
[]
[]
[]
[]
[]
[]
[]
[]
[]
[]
[]
[]
[]
[]
[]
[]
[]
[]
[]
[]
[]
[]
[]
[]
[]
[]
[]
[]
[]
[]
[]
[]
[]
[]
[]
[]
[]
[]
[]
[]
[]
[]
[]
[]
[]
[]
[]
[]
[]
[]
[]
[]
[]
[]
[]
[]
[]
[]
[]
[]
[]
[]
[]
[]
[]
[]
[]
[]
[]
[]
[]
[]
[]
[]
[]
[]
[]
[]
[]
[]
[]
[]
[]
[]
[]
[]
[]
[]
[]
[]
[]
[]
[]
[]
[]
[]
[]
[]
[]
[]
[]
[]
[]
[]
[]
[]
[]
[]
[]
[]
[]
[]
[]
[]
[]
[]
[]
[]
[]
[]
[]
[]
[]
[]
[]
[]
[]
[]
[]
[]
[]
[]
[]
[]
[]
[]
[]
[]
[]
[]
[]
[]
[]
[]
[]
[]
[]
[]
[]
[]
[]
[]
[]
[]
[]
[]
[]
[]
[null,null,null,null,null,null,null,null,null,null,null,null,null,null,null,null,null,null,null,null,null,null,null,null,null,null,9000]
[null,null,null,null,null,null,null,null,null,null,null,null,null,null,null,null,null,null,null,null,null,null,null,null,null,null,{"$f":"17*10","v":170}]

{"sheet":"wms","index":1,"n_rows":11612,"n_cols":24,"rows_kept":4500,"cut":true,"hidden":false,"merged":[],"bounds":{"rows_first":2000,"rows_last":500,"rows_between":2000,"halvings":0}}
["Column1","1","ID","FECHA","ID_PEDIDO","CLIENTE","DETALLE","BARRA","COD AUXILIAR","PRODUCTO","UM","PRECIO","PIDE","FACTURAR","DIFERENCIA","LECTURA","LECTURA ENVASE","PRODUCTO-LECTURA","EAN14","EAN13","CADUCIDAD","LOTE","TOTAL UND","%vida util"]
["",2,1,"13/01/2025",27002,"DELIVERY HERO DMART ECUADOR S.A.","PO082512 Ponceano",7862112522800,"P.T:310117","ACEITUNA RELLENA JALAPEÑO OLE 240G","X12",2.34,1,0,-1]
["",3,2,"13/01/2025",27002,"DELIVERY HERO DMART ECUADOR S.A.","PO082512 Ponceano",7862112521407,"P.T:310105","ACEITUNAS VERDES RELLENAS CON ALMENDRAS OLE 240G","X12",2.89,1,1,0,"011786211252140417261230101",null,null,"17862112521404",7862112521407,"20261230","1"]
["",4,3,"13/01/2025",27002,"DELIVERY HERO DMART ECUADOR S.A.","PO082512 Ponceano",7862112522985,"P.T:110704","DIP DE FREJOL OLE 230G","X12",1.56,1,1,0,"01178621125229821725122810363",null,null,"17862112522982",7862112522985,"20251228","363"]
["",5,4,"13/01/2025",27002,"DELIVERY HERO DMART ECUADOR S.A.","PO082512 Ponceano",7862112522169,"P.T:110734","DIP ORIGINAL ROASTED TOMATES ASADOS OLE 220G","X12",1.47,1,1,0,"011786211252216617260106106",null,null,"17862112522166",7862112522169,"20260106","6"]
["",6,5,"13/01/2025",27002,"DELIVERY HERO DMART ECUADOR S.A.","PO082512 Ponceano",7861000227513,"P.T:110603","JALAPEÑO ROJOS Y VERDES OLE 200G","UN",1.91,12,12,0,"01178621125205201725111510320",null,null,"17862112520520",7861000227513,"20251115","320"]
["",7,6,"13/01/2025",27002,"DELIVERY HERO DMART ECUADOR S.A.","PO082512 Ponceano",7862112522497,"P.T:110801","SALSA BBQ ORIGINAL OLE DP 200G","X12",0.84,1,1,0,"01178621125224941725120910344",null,null,"17862112522494",7862112522497,"20251209","344"]
["",8,7,"13/01/2025",27002,"DELIVERY HERO DMART ECUADOR S.A.","PO082512 Ponceano",7862112522787,"P.T:311606","SALSA QUESO CHEDDAR OLE 200G","X24",1.59,1,1,0,"01178621125227841725060610672544",null,null,"17862112522784",7862112522787,"20250606","672544"]
["",9,8,"13/01/2025",27002,"DELIVERY HERO DMART ECUADOR S.A.","PO082512 Ponceano",7862112522473,"PT:220134","TOTOPOS MICHELADA OLE 120G","X12",0.99,1,1,0,"0117862112522470172504081050",null,null,"17862112522470",7862112522473,"20250408","50"]
["",10,9,"13/01/2025",27003,"RESTAURANTES UNIDOS RESTAUNSA S.A.","4501149779 VIA DAULE",7862112520431,"P.T:110604","JALAPEÑO VERDES ENCURTIDOS OLE 4100G","UN",9.68,40,40,0,"01178621125204381725122110356",null,"JALAPEÑO VERDES ENCURTIDOS OLE 4100G","17862112520438",7862112520431,"20251221","356"]
["",11,10,"13/01/2025",27004,"ALIMENTOS DEL GOLFO SAS","OC977 UIO",7862112520431,"P.T:110604","JALAPEÑO VERDES ENCURTIDOS OLE 4100G","UN",14.94,35,35,0,"011786211252043817260108108",null,"JALAPEÑO VERDES ENCURTIDOS OLE 4100G","17862112520438",7862112520431,"20260108","8"]
["",12,11,"13/01/2025",27005,"ALIMENTOS DEL GOLFO SAS","OC978 UIO",7862112520431,"P.T:110604","JALAPEÑO VERDES ENCURTIDOS OLE 4100G","UN",14.94,30,0,-30]
["",13,12,"13/01/2025",27014,"TIENDAS TUTI TTDE S.A.","OC4500163040 QUITO SUR",2500000002694,"P.T:110735","SALSA DE TOMATE RICHE DP 200G","X48",0.39,55,55,0,null,null,null,"2500000002694",2500000002694]
["",14,13,"13/01/2025",27014,"TIENDAS TUTI TTDE S.A.","OC4500163040 QUITO SUR",2500000006135,"P.T:110715","SALSA PARA SPAGHETTI RUSTICA RICHE DP 400G","X24",0.8,55,55,0,null,null,null,"2500000006135",2500000006135]
["",15,14,"13/01/2025",27015,"TIENDAS TUTI TTDE S.A.","OC4500162996 QUITO NORTE",2500000002694,"P.T:110735","SALSA DE TOMATE RICHE DP 200G","X48",0.39,108,108,0,null,"2500000002694261225361D-367C",null,"2500000002694",2500000002694,"20251226 - 20251226","361D-361E"]
["",16,15,"13/01/2025",27015,"TIENDAS TUTI TTDE S.A.","OC4500162996 QUITO NORTE",2500000006135,"P.T:110715","SALSA PARA SPAGHETTI RUSTICA RICHE DP 400G","X24",0.8,55,55,0,null,"2500000006135251220355B",null,"2500000006135",2500000006135,"20251220","355B"]
["",17,16,"13/01/2025",27017,"ANDIAMO-FOODS S.A.S.","GYE, ANDIAMO FOODS",7862112521766,"P.T:110717","TERIYAKI SALSA ASIATICA OLE 4100G","UN",17.72,4,4,0,"01178621125217631725112810333",null,"TERIYAKI SALSA ASIATICA OLE 4100G","17862112521763",7862112521766,"20251128","333"]
["",18,17,"13/01/2025",27018,"MEGA SANTAMARIA S.A","OC23866276",7862112522473,"PT:220134","TOTOPOS MICHELADA OLE 120G","X12",0.98,2,2,0,"0117862112522470172504081050",null,null,"17862112522470",7862112522473,"20250408","50"]
["",19,18,"13/01/2025",27018,"MEGA SANTAMARIA S.A","OC23866276",7862112522367,"PT:220132","TOTOPOS NATURAL OLE 300G","X12",1.73,4,4,0,"0127862112522361172506211052",null,null,"27862112522361",7862112522367,"20250621","52"]
["",20,19,"13/01/2025",27018,"MEGA SANTAMARIA S.A","OC23866276",7862112522848,"PT:221004","ARITOS DE PAPA SABOR CEBOLLA CHILE Y LIMÓN OLE 100G","X10",1.2,7,10,3,"01178621125228451725032810363",null,null,"17862112522845",7862112522848,"20250328","363"]
["",21,20,"13/01/2025",27018,"MEGA SANTAMARIA S.A","OC23866276",7862112522442,"PT:220133","TOTOPOS QUESO RANCHERO OLE 120G","X12",975,1,1,0,"0117862112522449172504081050",null,null,"17862112522449",7862112522442,"20250408","50"]
["",22,21,"13/01/2025",27018,"MEGA SANTAMARIA S.A","OC23866276",705424000116,"P.T:110207","AJÍ CON MARACUYA OLE 185G","X24",1.4550000000000001,15,15,0,"01207054240001101725122110356",null,null,"20705424000110",705424000116,"20251221","356"]
["",23,22,"13/01/2025",27019,"URIBE VILLEGAS JENNY ROCIO","RETIRAN DE BODEGA",7862112520707,"P.T:110222","GALON SALSA CHIPOTE GOLD 4000g","UN",17.440000000000001,4,4,0,"01178621125207041725092010264",null,null,"17862112520704",7862112520707,"20250920","264"]
["",24,23,"13/01/2025",27020,"LANAS CAJIAO DANILO ANTONIO","SHYRIS",7862112520738,"P.T:110309","BBQ WESTERN 4100G GALÓN","UN",13.13,4,0,-4,"011786211252073517260109109",null,null,"17862112520735",7862112520738,"20260109","9"]
["",25,24,"13/01/2025",27024,"HERRERA TUBAY MARIA BELEN","SOLICITUD OLE PREGO",7862112520738,"P.T:110309","SALSA BBQ ORIGINAL OLE 4100G","UN",12.14,68,60,-8,"011786211252073517260109109",null,null,"17862112520735",7862112520738,"20260109","9"]
["",26,25,"13/01/2025",27024,"HERRERA TUBAY MARIA BELEN","SOLICITUD OLE PREGO",705424000116,"P.T:110207","AJÍ CON MARACUYA OLE 185G","X24",1.48,3,2,-1,"01207054240001101725122110356",null,null,"20705424000110",705424000116,"20251221","356"]
["",27,26,"13/01/2025",27025,"TIENDAS INDUSTRIALES ASOCIADAS TIA S.A.","OC3000013551 GYE",705424000116,"P.T:110207","AJÍ CON MARACUYA OLE 185G","X24",1.18,23,23,0,"01207054240001101725122110356",null,null,"20705424000110",705424000116,"20251221","356"]
["",28,27,"13/01/2025",27026,"MEGATUNSA S.A","GO GREEN GYE",7862112520431,"P.T:110604","JALAPEÑO VERDES ENCURTIDOS OLE 4100G","UN",11.04,6,6,0,"01178621125204381725122110356",null,null,"17862112520438",7862112520431,"20251221","356"]
["",29,28,"13/01/2025",27015,"TIENDAS TUTI TTDE S.A.",null,2500000002694,"P.T:110735","SALSA DE TOMATE RICHE DP 200G","X48",39,108,55,-53,null,"2500000002694261225361D-367C",null,"2500000002694",2500000002694,"20261225","361D-367C"]
["",30,29,"14/01/2025",27027,"CORPORACION EL ROSADO S.A.","4615016819 CARAPUNGO",7862112520301,"P.T:110700","CHIMICHURRI OLE 230G","X12",2.2599999999999998,1,1,0,"01178621125203081725121210347",null,null,"17862112520308",7862112520301,"20251212","347"]
["",31,30,"14/01/2025",27027,"CORPORACION EL ROSADO S.A.","4615016819 CARAPUNGO",7862112522367,"PT:220132","TOTOPOS NATURAL OLE 300G","X12",1.67,1,1,0,"0127862112522361172506211052",null,null,"27862112522361",7862112522367,"20250621","52"]
["",32,31,"14/01/2025",27027,"CORPORACION EL ROSADO S.A.","4615016819 CARAPUNGO",7862112522985,"P.T:110704","DIP DE FREJOL OLE 230G","X12",1.51,1,1,0,"01178621125229821725122810363",null,null,"17862112522982",7862112522985,"20251228","363"]
["",33,32,"14/01/2025",27028,"CORPORACION EL ROSADO S.A.","4615017609 MITAD DEL MUNDO",7862112522367,"PT:220132","TOTOPOS NATURAL OLE 300G","X12",1.67,1,1,0,"0127862112522361172506211052",null,null,"27862112522361",7862112522367,"20250621","52"]
["",34,33,"14/01/2025",27028,"CORPORACION EL ROSADO S.A.","4615017609 MITAD DEL MUNDO",7862112522855,"PT:220138","TOTOPOS AJI MARACUYA OLE 120G","X12",0.91,2,2,0,"0117862112522852172504221052",null,null,"17862112522852",7862112522855,"20250422","52"]
["",35,34,"14/01/2025",27029,"CORPORACION EL ROSADO S.A.","4615017661 BODEGA ONLINE",7861000229005,"P.T:111201","TOMATE DESHIDRATADO EN ACEITE OLE 225G","X12",3.13,1,1,0,"01278610002290091725122310358",null,null,"27861000229009",7861000229005,"20251223","358"]
["",36,35,"14/01/2025",27029,"CORPORACION EL ROSADO S.A.","4615017661 BODEGA ONLINE",7862112522169,"P.T:110734","DIP ORIGINAL ROASTED TOMATES ASADOS OLE 220G","X12",1.38,1,1,0,"011786211252216617260106106",null,null,"17862112522166",7862112522169,"20260106","6"]
["",37,36,"14/01/2025",27029,"CORPORACION EL ROSADO S.A.","4615017661 BODEGA ONLINE",7861000227513,"P.T:110603","JALAPEÑO ROJOS Y VERDES OLE 200G","X24",1.96,2,2,0,"01178621125205201725112810333",null,null,"17862112520520",7861000227513,"20251128","333"]
["",38,37,"14/01/2025",27030,"CORPORACION EL ROSADO S.A.","4615017852 VILLAFLORA",705424000147,"P.T:110209","AJÍ CON TOMATE DE ÁRBOL OLE 180G","X24",1.41,1,1,0,"01207054240001411725111410319",null,null,"20705424000141",705424000147,"20251114","319"]
["",39,38,"14/01/2025",27030,"CORPORACION EL ROSADO S.A.","4615017852 VILLAFLORA",705424000352,"P.T:110608","JALAPEÑO ROJOS Y VERDES OLE 370G","X12",2.91,1,1,0,"01107054240003591725120910344",null,null,"10705424000359",705424000352,"20251209","344"]
["",40,39,"14/01/2025",27031,"CORPORACION EL ROSADO S.A.","4615018034 PRENSA",705424000116,"P.T:110207","AJÍ CON MARACUYA OLE 185G","X24",1.41,1,1,0,"01207054240001101725122110356",null,null,"20705424000110",705424000116,"20251221","356"]
["",41,40,"14/01/2025",27031,"CORPORACION EL ROSADO S.A.","4615018034 PRENSA",705424000147,"P.T:110209","AJÍ CON TOMATE DE ÁRBOL OLE 180G","X24",1.41,1,1,0,"01207054240001411725111410319",null,null,"20705424000141",705424000147,"20251114","319"]
["",42,41,"14/01/2025",27031,"CORPORACION EL ROSADO S.A.","4615018034 PRENSA",7862112520301,"P.T:110700","CHIMICHURRI OLE 230G","X12",2.2599999999999998,1,1,0,"01178621125203081725121210347",null,null,"17862112520308",7862112520301,"20251212","347"]
["",43,42,"14/01/2025",27031,"CORPORACION EL ROSADO S.A.","4615018034 PRENSA",7862112522367,"PT:220132","TOTOPOS NATURAL OLE 300G","X12",1.67,1,1,0,"0127862112522361172506211052",null,null,"27862112522361",7862112522367,"20250621","52"]
["",44,43,"14/01/2025",27031,"CORPORACION EL ROSADO S.A.","4615018034 PRENSA",7862112522527,"P.T:110803","SALSA GUACAMOLE ORIGINAL OLE DP 200G","X12",1.39,1,1,0,"01178621125225241725111810323",null,null,"17862112522524",7862112522527,"20251118","323"]
["",45,44,"14/01/2025",27031,"CORPORACION EL ROSADO S.A.","4615018034 PRENSA",7862112522855,"PT:220138","TOTOPOS AJI MARACUYA OLE 120G","X12",0.91,2,2,0,"0117862112522852172504221052",null,null,"17862112522852",7862112522855,"20250422","52"]
["",46,45,"14/01/2025",27032,"CORPORACION EL ROSADO S.A.","4615018985 6 DICIEMBRE",705424000116,"P.T:110207","AJÍ CON MARACUYA OLE 185G","X24",1.41,2,2,0,"01207054240001101725122110356",null,null,"20705424000110",705424000116,"20251221","356"]
["",47,46,"14/01/2025",27032,"CORPORACION EL ROSADO S.A.","4615018985 6 DICIEMBRE",705424000147,"P.T:110209","AJÍ CON TOMATE DE ÁRBOL OLE 180G","X24",1.41,1,1,0,"01207054240001411725111410319",null,null,"20705424000141",705424000147,"20251114","319"]
["",48,47,"14/01/2025",27032,"CORPORACION EL ROSADO S.A.","4615018985 6 DICIEMBRE",705424000352,"P.T:110608","JALAPEÑO ROJOS Y VERDES OLE 370G","X12",2.91,1,1,0,"01107054240003591725120910344",null,null,"10705424000359",705424000352,"20251209","344"]
["",49,48,"14/01/2025",27032,"CORPORACION EL ROSADO S.A.","4615018985 6 DICIEMBRE",7862112520301,"P.T:110700","CHIMICHURRI OLE 230G","X12",2.2599999999999998,1,1,0,"01178621125203081725121210347",null,null,"17862112520308",7862112520301,"20251212","347"]
["",50,49,"14/01/2025",27032,"CORPORACION EL ROSADO S.A.","4615018985 6 DICIEMBRE",7862112521698,"P.T:311407","VINAGRE DE MANZANA CON LA MADRE OLE 500ML","X12",4.29,1,1,0,"01178621125216951729111510241114CM",null,null,"17862112521695",7862112521698,"20291115","241114CM"]
["",51,50,"14/01/2025",27032,"CORPORACION EL ROSADO S.A.","4615018985 6 DICIEMBRE",7862112522367,"PT:220132","TOTOPOS NATURAL OLE 300G","X12",1.67,3,3,0,"0127862112522361172506211052",null,null,"27862112522361",7862112522367,"20250621","52"]
["",52,51,"14/01/2025",27032,"CORPORACION EL ROSADO S.A.","4615018985 6 DICIEMBRE",7862112522794,"P.T:311605","SALSA CHICKEN DIPPIN OLE 200G","X24",1.27,1,1,0,"01178621125227911725050610672601",null,null,"17862112522791",7862112522794,"20250506","672601"]
["",53,52,"14/01/2025",27032,"CORPORACION EL ROSADO S.A.","4615018985 6 DICIEMBRE",7862112522879,"P.T:110312","SALSA BBQ RON ABUELO OLE 430G","X12",2.09,2,0,-2]
["",54,53,"14/01/2025",27033,"CORPORACION EL ROSADO S.A.","4615019012 VALLE DE LOS CHILLOS",705424000116,"P.T:110207","AJÍ CON MARACUYA OLE 185G","X24",1.41,2,2,0,"01207054240001101725122110356",null,null,"20705424000110",705424000116,"20251221","356"]
["",55,54,"14/01/2025",27033,"CORPORACION EL ROSADO S.A.","4615019012 VALLE DE LOS CHILLOS",705424000352,"P.T:110608","JALAPEÑO ROJOS Y VERDES OLE 370G","X12",2.91,1,1,0,"01107054240003591725120910344",null,null,"10705424000359",705424000352,"20251209","344"]
["",56,55,"14/01/2025",27033,"CORPORACION EL ROSADO S.A.","4615019012 VALLE DE LOS CHILLOS",7862112520301,"P.T:110700","CHIMICHURRI OLE 230G","X12",2.2599999999999998,1,1,0,"01178621125203081725121210347",null,null,"17862112520308",7862112520301,"20251212","347"]
["",57,56,"14/01/2025",27034,"CORPORACION EL ROSADO S.A.","4615019018 VALLE DE LOS CHILLOS",7862112520509,"P.T:110606","JALAPEÑO ROJOS Y VERDES AGRIDULCES OLE 250G","X12",1.68,1,1,0,"01178621125205061725122310358",null,null,"17862112520506",7862112520509,"20251223","358"]
["",58,57,"14/01/2025",27034,"CORPORACION EL ROSADO S.A.","4615019018 VALLE DE LOS CHILLOS",7862112521698,"P.T:311407","VINAGRE DE MANZANA CON LA MADRE OLE 500ML","X12",4.29,2,2,0,"01178621125216951729111510241114CM",null,null,"17862112521695",7862112521698,"20291115","241114CM"]
["",59,58,"14/01/2025",27034,"CORPORACION EL ROSADO S.A.","4615019018 VALLE DE LOS CHILLOS",7862112522367,"PT:220132","TOTOPOS NATURAL OLE 300G","X12",1.67,3,3,0,"0127862112522361172506211052",null,null,"27862112522361",7862112522367,"20250621","52"]
["",60,59,"14/01/2025",27034,"CORPORACION EL ROSADO S.A.","4615019018 VALLE DE LOS CHILLOS",7861000227513,"P.T:110603","JALAPEÑO ROJOS Y VERDES OLE 200G","X24",1.96,1,1,0,"01178621125205201725112810333",null,null,"17862112520520",7861000227513,"20251128","333"]
["",61,60,"14/01/2025",27034,"CORPORACION EL ROSADO S.A.","4615019018 VALLE DE LOS CHILLOS",7862112522879,"P.T:110312","SALSA BBQ RON ABUELO OLE 430G","X12",2.09,1,0,-1]
["",62,61,"14/01/2025",27034,"CORPORACION EL ROSADO S.A.","4615019018 VALLE DE LOS CHILLOS",7862112522985,"P.T:110704","DIP DE FREJOL OLE 230G","X12",1.51,1,1,0,"01178621125229821725122810363",null,null,"17862112522982",7862112522985,"20251228","363"]
["",63,62,"14/01/2025",27035,"CORPORACION EL ROSADO S.A.","5401250921 CD ALOAG",705424000116,"P.T:110207","AJÍ CON MARACUYA OLE 185G","X24",1.41,6,6,0,"01207054240001101725122110356",null,null,"20705424000110",705424000116,"20251221","356"]
["",64,63,"14/01/2025",27035,"CORPORACION EL ROSADO S.A.","5401250921 CD ALOAG",705424000147,"P.T:110209","AJÍ CON TOMATE DE ÁRBOL OLE 180G","X24",1.41,1,1,0,"01207054240001411725111410319",null,null,"20705424000141",705424000147,"20251114","319"]
["",65,64,"14/01/2025",27035,"CORPORACION EL ROSADO S.A.","5401250921 CD ALOAG",705424000352,"P.T:110608","JALAPEÑO ROJOS Y VERDES OLE 370G","X12",2.91,2,2,0,"01107054240003591725120910344",null,null,"10705424000359",705424000352,"20251209","344"]
["",66,65,"14/01/2025",27035,"CORPORACION EL ROSADO S.A.","5401250921 CD ALOAG",7862112520301,"P.T:110700","CHIMICHURRI OLE 230G","X12",2.2599999999999998,1,1,0,"01178621125203081725121210347",null,null,"17862112520308",7862112520301,"20251212","347"]
["",67,66,"14/01/2025",27035,"CORPORACION EL ROSADO S.A.","5401250921 CD ALOAG",7862112522794,"P.T:311605","SALSA CHICKEN DIPPIN OLE 200G","X24",1.27,1,1,0,"01178621125227911725050610672601",null,null,"17862112522791",7862112522794,"20250506","672601"]
["",68,67,"14/01/2025",27035,"CORPORACION EL ROSADO S.A.","5401250921 CD ALOAG",7862112522985,"P.T:110704","DIP DE FREJOL OLE 230G","X12",1.51,1,1,0,"01178621125229821725122810363",null,null,"17862112522982",7862112522985,"20251228","363"]
["",69,68,"14/01/2025",27036,"CORPORACION EL ROSADO S.A.","5401250922 CD ALOAG",7862112520509,"P.T:110606","JALAPEÑO ROJOS Y VERDES AGRIDULCES OLE 250G","X12",1.68,3,3,0,"01178621125205061725122310358",null,null,"17862112520506",7862112520509,"20251223","358"]
["",70,69,"14/01/2025",27036,"CORPORACION EL ROSADO S.A.","5401250922 CD ALOAG",7862112521698,"P.T:311407","VINAGRE DE MANZANA CON LA MADRE OLE 500ML","X12",4.29,1,1,0,"01178621125216951729111510241114CM",null,null,"17862112521695",7862112521698,"20291115","241114CM"]
["",71,70,"14/01/2025",27036,"CORPORACION EL ROSADO S.A.","5401250922 CD ALOAG",7862112522183,"P.T:110733","SALSA GUACAMOLE OLE 220G","X12",1.58,1,1,0,"01178621125221801725122610361",null,null,"17862112522180",7862112522183,"20251226","361"]
["",72,71,"14/01/2025",27036,"CORPORACION EL ROSADO S.A.","5401250922 CD ALOAG",7862112522367,"PT:220132","TOTOPOS NATURAL OLE 300G","X12",1.67,4,4,0,"012786211252236117250705102",null,null,"27862112522361",7862112522367,"20250705","2"]
["",73,72,"14/01/2025",27036,"CORPORACION EL ROSADO S.A.","5401250922 CD ALOAG",7862112522527,"P.T:110803","SALSA GUACAMOLE ORIGINAL OLE DP 200G","X12",1.39,1,1,0,"01178621125225241725111810323",null,null,"17862112522524",7862112522527,"20251118","323"]
["",74,73,"14/01/2025",27036,"CORPORACION EL ROSADO S.A.","5401250922 CD ALOAG",7862112522718,"P.T:110721","SALSA TAQUERA ROJA OLE 275G","X12",1.87,2,2,0,"01278621125227121725102510299",null,null,"27862112522712",7862112522718,"20251025","299"]
["",75,74,"14/01/2025",27036,"CORPORACION EL ROSADO S.A.","5401250922 CD ALOAG",7862112522701,"P.T:110720","SALSA TAQUERA VERDE OLE 275G","X12",1.87,1,1,0,"01278621125227051725110710312",null,null,"27862112522705",7862112522701,"20251107","312"]
["",76,75,"14/01/2025",27036,"CORPORACION EL ROSADO S.A.","5401250922 CD ALOAG",7862112522879,"P.T:110312","SALSA BBQ RON ABUELO OLE 430G","X12",2.09,1,0,-1]
["",77,76,"14/01/2025",27036,"CORPORACION EL ROSADO S.A.","5401250922 CD ALOAG",7862112522855,"PT:220138","TOTOPOS AJI MARACUYA OLE 120G","X12",0.91,2,2,0,"0117862112522852172504221052",null,null,"17862112522852",7862112522855,"20250422","52"]
["",78,77,"14/01/2025",27037,"CORPORACION EL ROSADO S.A.","5401250794 CD GYE",7862112522787,"P.T:311606","SALSA QUESO CHEDDAR OLE 200G","X24",1.52,3,3,0,"01178621125227841725060610672544",null,null,"17862112522784",7862112522787,"20250606","672544"]
["",79,78,"14/01/2025",27037,"CORPORACION EL ROSADO S.A.","5401250794 CD GYE",7862112522794,"P.T:311605","SALSA CHICKEN DIPPIN OLE 200G","X24",1.27,10,10,0,"01178621125227911725050610672601",null,null,"17862112522791",7862112522794,"20250506","672601"]
["",80,79,"14/01/2025",27037,"CORPORACION EL ROSADO S.A.","5401250794 CD GYE",7862112522985,"P.T:110704","DIP DE FREJOL OLE 230G","X12",1.51,4,4,0,"01178621125229821725122810363",null,null,"17862112522982",7862112522985,"20251228","363"]
["",81,80,"14/01/2025",27038,"CORPORACION EL ROSADO S.A.","5401250795 CD GYE",7862112520509,"P.T:110606","JALAPEÑO ROJOS Y VERDES AGRIDULCES OLE 250G","X12",1.68,13,13,0,"01178621125205061725122310358",null,null,"17862112520506",7862112520509,"20251223","358"]
["",82,81,"14/01/2025",27038,"CORPORACION EL ROSADO S.A.","5401250795 CD GYE",7862112521698,"P.T:311407","VINAGRE DE MANZANA CON LA MADRE OLE 500ML","X12",4.29,53,53,0,"01178621125216951729111510241114CM",null,null,"17862112521695",7862112521698,"20291115","241114CM"]
["",83,82,"14/01/2025",27038,"CORPORACION EL ROSADO S.A.","5401250795 CD GYE",7862112522169,"P.T:110734","DIP ORIGINAL ROASTED TOMATES ASADOS OLE 220G","X12",1.38,7,7,0,"011786211252216617260106106",null,null,"17862112522166",7862112522169,"20260106","6"]
["",84,83,"14/01/2025",27038,"CORPORACION EL ROSADO S.A.","5401250795 CD GYE",7862112522183,"P.T:110733","SALSA GUACAMOLE OLE 220G","X12",1.58,7,7,0,"01178621125221801725122610361",null,null,"17862112522180",7862112522183,"20251226","361"]
["",85,84,"14/01/2025",27038,"CORPORACION EL ROSADO S.A.","5401250795 CD GYE",7862112522367,"PT:220132","TOTOPOS NATURAL OLE 300G","X12",1.67,43,43,0,"012786211252236117250705102",null,null,"27862112522361",7862112522367,"20250705","2"]
["",86,85,"14/01/2025",27038,"CORPORACION EL ROSADO S.A.","5401250795 CD GYE",7862112522527,"P.T:110803","SALSA GUACAMOLE ORIGINAL OLE DP 200G","X12",1.39,19,19,0,"01178621125225241725111810323",null,null,"17862112522524",7862112522527,"20251118","323"]
["",87,86,"14/01/2025",27038,"CORPORACION EL ROSADO S.A.","5401250795 CD GYE",7861000227513,"P.T:110603","JALAPEÑO ROJOS Y VERDES OLE 200G","X24",1.96,3,3,0,"01178621125205201725112810333",null,null,"17862112520520",7861000227513,"20251128","333"]
["",88,87,"14/01/2025",27038,"CORPORACION EL ROSADO S.A.","5401250795 CD GYE",7862112522718,"P.T:110721","SALSA TAQUERA ROJA OLE 275G","X12",1.87,7,7,0,"01278621125227121725102510299",null,null,"27862112522712",7862112522718,"20251025","299"]
["",89,88,"14/01/2025",27038,"CORPORACION EL ROSADO S.A.","5401250795 CD GYE",7862112522701,"P.T:110720","SALSA TAQUERA VERDE OLE 275G","X12",1.87,9,9,0,"01278621125227051725110710312",null,null,"27862112522705",7862112522701,"20251107","312"]
["",90,89,"14/01/2025",27038,"CORPORACION EL ROSADO S.A.","5401250795 CD GYE",7862112522831,"P.T:110226","SALSA EXTRAPICANTE CAROLINA REAPER OLE 100G","X12",1.05,3,3,0,"01178621125228381725111110316",null,null,"17862112522838",7862112522831,"20251111","316"]
["",91,90,"14/01/2025",27038,"CORPORACION EL ROSADO S.A.","5401250795 CD GYE",7862112522879,"P.T:110312","SALSA BBQ RON ABUELO OLE 430G","X12",2.09,25,0,-25]
["",92,91,"14/01/2025",27038,"CORPORACION EL ROSADO S.A.","5401250795 CD GYE",7862112522855,"PT:220138","TOTOPOS AJI MARACUYA OLE 120G","X12",0.91,18,18,0,"0117862112522852172504221052",null,null,"17862112522852",7862112522855,"20250422","52"]
["",93,92,"14/01/2025",27039,"CORPORACION EL ROSADO S.A.","4615019492 CD GYE",705424000116,"P.T:110207","AJÍ CON MARACUYA OLE 185G","X24",1.41,72,72,0,"01207054240001101725122110356",null,null,"20705424000110",705424000116,"20251221","356"]
["",94,93,"14/01/2025",27039,"CORPORACION EL ROSADO S.A.","4615019492 CD GYE",7862112520301,"P.T:110700","CHIMICHURRI OLE 230G","X12",2.2599999999999998,66,66,0,"0117862112520308172601141014",null,null,"17862112520308",7862112520301,"20260114","14"]
["",95,94,"14/01/2025",27040,"CORPORACION FERNANDEZ CORPFERNANDEZ S.A.","LOCAL POLARIS",7862112520301,"P.T:110700","CHIMICHURRI OLE 230G","X12",2.35,8,8,0,"01178621125203081725121210347",null,null,"17862112520308",7862112520301,"20251212","347"]
["",96,95,"14/01/2025",27040,"CORPORACION FERNANDEZ CORPFERNANDEZ S.A.","LOCAL POLARIS",7862112522626,"P.T:110701","CHIMICHURRI ESTILO ARGENTINO OLE 380G","X12",3.03,3,3,0,"01178621125226231725062110358",null,null,"17862112522623",7862112522626,"20250621","358"]
["",97,96,"14/01/2025",27040,"CORPORACION FERNANDEZ CORPFERNANDEZ S.A.","LOCAL POLARIS",7862112522787,"P.T:311606","SALSA QUESO CHEDDAR OLE 200G","X24",1.59,1,1,0,"01178621125227841725060610672544",null,null,"17862112522784",7862112522787,"20250606","672544"]
["",98,97,"14/01/2025",27040,"CORPORACION FERNANDEZ CORPFERNANDEZ S.A.","LOCAL POLARIS",7862112522527,"P.T:110803","SALSA GUACAMOLE ORIGINAL OLE DP 200G","X12",1.4,1,1,0,"01178621125225241725111810323",null,null,"17862112522524",7862112522527,"20251118","323"]
["",99,98,"14/01/2025",27040,"CORPORACION FERNANDEZ CORPFERNANDEZ S.A.","LOCAL POLARIS",7862112522183,"P.T:110733","SALSA GUACAMOLE OLE 220G","X12",1.72,2,2,0,"01178621125221801725122610361",null,null,"17862112522180",7862112522183,"20251226","361"]
["",100,99,"14/01/2025",27040,"CORPORACION FERNANDEZ CORPFERNANDEZ S.A.","LOCAL POLARIS",705424000116,"P.T:110207","AJÍ CON MARACUYA OLE 185G","UN",1.57,36,36,0,"01207054240001101725122110356",null,null,"20705424000110",705424000116,"20251221","356"]
["",101,100,"14/01/2025",27040,"CORPORACION FERNANDEZ CORPFERNANDEZ S.A.","LOCAL POLARIS",7862112521810,"P.T:110303","SALSA BBQ ORIGINAL OLE 430G","X12",1.78,4,4,0,"01178621125218171725112710332",null,null,"17862112521817",7862112521810,"20251127","332"]
["",102,101,"14/01/2025",27040,"CORPORACION FERNANDEZ CORPFERNANDEZ S.A.","LOCAL POLARIS",7862112522497,"P.T:110801","SALSA BBQ ORIGINAL OLE DP 200G","X12",0.78,5,5,0,"01178621125224941725120910344",null,null,"17862112522494",7862112522497,"20251209","344"]
["",103,102,"14/01/2025",27040,"CORPORACION FERNANDEZ CORPFERNANDEZ S.A.","LOCAL POLARIS",7862112522503,"P.T:110802","SALSA AJÍ ROCOTO CREMOSO OLE DP 200G","X12",1.08,1,1,0,"01178621125225001725111210317",null,null,"17862112522500",7862112522503,"20251112","317"]
["",104,103,"14/01/2025",27040,"CORPORACION FERNANDEZ CORPFERNANDEZ S.A.","LOCAL POLARIS",7862112522367,"PT:220132","TOTOPOS NATURAL OLE 300G","X12",1.67,3,3,0,"0127862112522361172506211052",null,null,"27862112522361",7862112522367,"20250621","52"]
["",105,104,"14/01/2025",27040,"CORPORACION FERNANDEZ CORPFERNANDEZ S.A.","LOCAL POLARIS",7862112522442,"PT:220133","TOTOPOS QUESO RANCHERO OLE 120G","X12",0.95,2,2,0,"0117862112522449172503251048",null,null,"17862112522449",7862112522442,"20250325","48"]
["",106,105,"14/01/2025",27040,"CORPORACION FERNANDEZ CORPFERNANDEZ S.A.","LOCAL POLARIS",7862112522473,"PT:220134","TOTOPOS MICHELADA OLE 120G","X12",0.95,2,2,0,"0117862112522470172504081050",null,null,"17862112522470",7862112522473,"20250408","50"]
["",107,106,"14/01/2025",27040,"CORPORACION FERNANDEZ CORPFERNANDEZ S.A.","LOCAL POLARIS",7862112522732,"PT:220135","TOTOPOS SABOR GUACAMOLE OLE 120G","X12",0.95,2,2,0,"0117862112522739172504151051",null,null,"17862112522739",7862112522732,"20250415","51"]
["",108,107,"14/01/2025",27040,"CORPORACION FERNANDEZ CORPFERNANDEZ S.A.","LOCAL POLARIS",7862112522848,"PT:221004","ARITOS DE PAPA SABOR CEBOLLA CHILE Y LIMÓN OLE 100G","X10",1.22,3,3,0,"01178621125228451725032810363",null,null,"17862112522845",7862112522848,"20250328","363"]
["",109,108,"14/01/2025",27040,"CORPORACION FERNANDEZ CORPFERNANDEZ S.A.","LOCAL POLARIS",null,"INFOADICIONAL","LOCAL POLARIS",null,0,0,0,0]
["",110,109,"14/01/2025",27041,"CORPORACION FERNANDEZ CORPFERNANDEZ S.A.","LOCAL GARZOTA",7862112522367,"PT:220132","TOTOPOS NATURAL OLE 300G","X12",1.67,2,2,0,"0127862112522361172506211052",null,null,"27862112522361",7862112522367,"20250621","52"]
["",111,110,"14/01/2025",27041,"CORPORACION FERNANDEZ CORPFERNANDEZ S.A.","LOCAL GARZOTA",7862112522732,"PT:220135","TOTOPOS SABOR GUACAMOLE OLE 120G","X12",0.95,2,2,0,"0117862112522739172504151051",null,null,"17862112522739",7862112522732,"20250415","51"]
["",112,111,"14/01/2025",27041,"CORPORACION FERNANDEZ CORPFERNANDEZ S.A.","LOCAL GARZOTA",705424000116,"P.T:110207","AJÍ CON MARACUYA OLE 185G","X24",1.57,1,1,0,"01207054240001101725122110356",null,null,"20705424000110",705424000116,"20251221","356"]
["",113,112,"14/01/2025",27041,"CORPORACION FERNANDEZ CORPFERNANDEZ S.A.","LOCAL GARZOTA",7862112521599,"P.T:110214","SALSA AJÍ MANABA OLE 300G","X12",2.19,2,2,0,"01178621125215961726122910364",null,null,"17862112521596",7862112521599,"20261229","364"]
["",114,113,"14/01/2025",27042,"CORPORACION FERNANDEZ CORPFERNANDEZ S.A.","LOCAL FACSO",7862112520301,"P.T:110700","CHIMICHURRI OLE 230G","X12",2.35,2,2,0,"01178621125203081725121210347",null,null,"17862112520308",7862112520301,"20251212","347"]
["",115,114,"14/01/2025",27042,"CORPORACION FERNANDEZ CORPFERNANDEZ S.A.","LOCAL FACSO",7862112522794,"P.T:311605","SALSA CHICKEN DIPPIN OLE 200G","UN",1.31,12,12,0,"01178621125227911725050610672601",null,null,"17862112522791",7862112522794,"20250506","672601"]
["",116,115,"14/01/2025",27042,"CORPORACION FERNANDEZ CORPFERNANDEZ S.A.","LOCAL FACSO",7862112522527,"P.T:110803","SALSA GUACAMOLE ORIGINAL OLE DP 200G","X12",1.4,1,1,0,"01178621125225241725111810323",null,null,"17862112522524",7862112522527,"20251118","323"]
["",117,116,"14/01/2025",27042,"CORPORACION FERNANDEZ CORPFERNANDEZ S.A.","LOCAL FACSO",705424000116,"P.T:110207","AJÍ CON MARACUYA OLE 185G","UN",1.57,12,12,0,"01207054240001101725122110356",null,null,"20705424000110",705424000116,"20251221","356"]
["",118,117,"14/01/2025",27042,"CORPORACION FERNANDEZ CORPFERNANDEZ S.A.","LOCAL FACSO",7862112521599,"P.T:110214","SALSA AJÍ MANABA OLE 300G","X12",2.19,1,1,0,"01178621125215961726122910364",null,null,"17862112521596",7862112521599,"20261229","364"]
["",119,118,"14/01/2025",27042,"CORPORACION FERNANDEZ CORPFERNANDEZ S.A.","LOCAL FACSO",7862112522503,"P.T:110802","SALSA AJÍ ROCOTO CREMOSO OLE DP 200G","X12",1.08,1,1,0,"01178621125225001725111210317",null,null,"17862112522500",7862112522503,"20251112","317"]
["",120,119,"14/01/2025",27042,"CORPORACION FERNANDEZ CORPFERNANDEZ S.A.","LOCAL FACSO",7862112522497,"P.T:110801","SALSA BBQ ORIGINAL OLE DP 200G","X12",0.78,3,3,0,"01178621125224941725120910344",null,null,"17862112522494",7862112522497,"20251209","344"]
["",121,120,"14/01/2025",27043,"LIRIS S. A.","OC_005464500",7862112522169,"P.T:110734","DIP ORIGINAL ROASTED TOMATES ASADOS OLE 220G","X12",1.5,3,3,0,"011786211252216617260106106",null,null,"17862112522166",7862112522169,"20260106","6"]
["",122,121,"14/01/2025",27043,"LIRIS S. A.","OC_005464500",7862112522497,"P.T:110801","SALSA BBQ ORIGINAL OLE DP 200G","X12",0.81,3,3,0,"01178621125224941725120910344",null,null,"17862112522494",7862112522497,"20251209","344"]
["",123,122,"14/01/2025",27043,"LIRIS S. A.","OC_005464500",7862112522787,"P.T:311606","SALSA QUESO CHEDDAR OLE 200G","X24",1.59,1,1,0,"01178621125227841725060610672544",null,null,"17862112522784",7862112522787,"20250606","672544"]
["",124,123,"14/01/2025",27043,"LIRIS S. A.","OC_005464500",7862112521810,"P.T:110303","SALSA BBQ ORIGINAL OLE 430G","X12",1.78,2,2,0,"01178621125218171725112710332",null,null,"17862112521817",7862112521810,"20251127","332"]
["",125,124,"14/01/2025",27043,"LIRIS S. A.","OC_005464500",7862112522794,"P.T:311605","SALSA CHICKEN DIPPIN OLE 200G","X24",1.31,1,1,0,"01178621125227911725050610672601",null,null,"17862112522791",7862112522794,"20250506","672601"]
["",126,125,"14/01/2025",27043,"LIRIS S. A.","OC_005464500",7862112522527,"P.T:110803","SALSA GUACAMOLE ORIGINAL OLE DP 200G","X12",1.44,2,2,0,"01178621125225241725111810323",null,null,"17862112522524",7862112522527,"20251118","323"]
["",127,126,"14/01/2025",27043,"LIRIS S. A.","OC_005464500",7862112522725,"P.T:110708","SALSA MARINARA OLE 300G","X12",1.61,1,1,0,"01178621125227221725111510320",null,null,"17862112522722",7862112522725,"20251115","320"]
["",128,127,"14/01/2025",27043,"LIRIS S. A.","OC_005464500",7862112522732,"PT:220135","TOTOPOS SABOR GUACAMOLE OLE 120G","X12",873,3,3,0,"0117862112522739172504151051",null,null,"17862112522739",7862112522732,"20250415","51"]
["",129,128,"14/01/2025",27043,"LIRIS S. A.","OC_005464500",705424000116,"P.T:110207","AJÍ CON MARACUYA OLE 185G","X24",1.26,1,1,0,"01207054240001101725122110356",null,null,"20705424000110",705424000116,"20251221","356"]
["",130,129,"14/01/2025",27043,"LIRIS S. A.","OC_005464500",7862112522183,"P.T:110733","SALSA GUACAMOLE OLE 220G","X12",1.71,3,3,0,"01178621125221801725122610361",null,null,"17862112522180",7862112522183,"20251226","361"]
["",131,130,"14/01/2025",27043,"LIRIS S. A.","OC_005464500",7862112522367,"PT:220132","TOTOPOS NATURAL OLE 300G","X12",1.42,10,10,0,"0127862112522361172506211052",null,null,"27862112522361",7862112522367,"20250621","52"]
["",132,131,"14/01/2025",27043,"LIRIS S. A.","OC_005464500",7862112522626,"P.T:110701","CHIMICHURRI ESTILO ARGENTINO OLE 380G","UN",3.02,16,16,0,"01178621125226231725062110358",null,null,"17862112522623",7862112522626,"20250621","358"]
["",133,132,"14/01/2025",27043,"LIRIS S. A.","OC_005464500",7861000229005,"P.T:111201","TOMATE DESHIDRATADO EN ACEITE OLE 225G","X12",3.17,2,2,0,"01278610002290091725122310358",null,null,"27861000229009",7861000229005,"20251223","358"]
["",134,133,"14/01/2025",27043,"LIRIS S. A.","OC_005464500",7862112522244,"P.T:110736","TERIYAKI SALSA ASIATICA OLE 300G","UN",1.8779999999999999,16,16,0,"01178621125222411725111910324",null,null,"17862112522241",7862112522244,"20251119","324"]
["",135,134,"14/01/2025",27043,"LIRIS S. A.","OC_005464500",7862112522473,"PT:220134","TOTOPOS MICHELADA OLE 120G","X12",0.97,2,2,0,"0117862112522470172504081050",null,null,"17862112522470",7862112522473,"20250408","50"]
["",136,135,"14/01/2025",27043,"LIRIS S. A.","OC_005464500",7862112521698,"P.T:311407","VINAGRE DE MANZANA CON LA MADRE OLE 500ML","X12",4.28,2,2,0,"01178621125216951729111510241114CM",null,null,"17862112521695",7862112521698,"20291115","241114CM"]
["",137,136,"14/01/2025",27043,"LIRIS S. A.","OC_005464500",7862112522831,"P.T:110226","SALSA EXTRAPICANTE CAROLINA REAPER OLE 100G","X12",1.1000000000000001,2,2,0,"01178621125228381725111110316",null,null,"17862112522838",7862112522831,"20251111","316"]
["",138,137,"14/01/2025",27043,"LIRIS S. A.","OC_005464500",7862112522756,"PT:220136","TOTOPOS NATURAL MINI OLE 300G","X12",1.72,1,1,0,"0117862112522753172505241048",null,null,"17862112522753",7862112522756,"20250524","48"]
["",139,138,"14/01/2025",27043,"LIRIS S. A.","OC_005464500",7862112520301,"P.T:110700","CHIMICHURRI OLE 230G","X12",2.1150000000000002,7,7,0,"01178621125203081725121210347",null,null,"17862112520308",7862112520301,"20251212","347"]
["",140,139,"14/01/2025",27044,"MENA RICARDO","Exportacion USA",7861000229005,"P.T:111201","TOMATE DESHIDRATADO EN ACEITE OLE 225G MUESTRAS SIN VALOR COMERCIAL","UN",0.25,4,4,0,"01278610002290091725122310358",null,null,"27861000229009",7861000229005,"20251223","358"]
["",141,140,"14/01/2025",27045,"CORPORACION FERNANDEZ CORPFERNANDEZ S.A.","LOCAL PPG",7862112520301,"P.T:110700","CHIMICHURRI OLE 230G","X12",2.35,3,3,0,"01178621125203081725121210347",null,null,"17862112520308",7862112520301,"20251212","347"]
["",142,141,"14/01/2025",27045,"CORPORACION FERNANDEZ CORPFERNANDEZ S.A.","LOCAL PPG",7862112522497,"P.T:110801","SALSA BBQ ORIGINAL OLE DP 200G","X12",0.78,2,2,0,"01178621125224941725120910344",null,null,"17862112522494",7862112522497,"20251209","344"]
["",143,142,"14/01/2025",27045,"CORPORACION FERNANDEZ CORPFERNANDEZ S.A.","LOCAL PPG",7862112521599,"P.T:110214","SALSA AJÍ MANABA OLE 300G","X12",2.19,1,1,0,"01178621125215961726122910364",null,null,"17862112521596",7862112521599,"20261229","364"]
["",144,143,"14/01/2025",27045,"CORPORACION FERNANDEZ CORPFERNANDEZ S.A.","LOCAL PPG",7862112522367,"PT:220132","TOTOPOS NATURAL OLE 300G","X12",1.67,1,1,0,"0127862112522361172506211052",null,null,"27862112522361",7862112522367,"20250621","52"]
["",145,144,"14/01/2025",27045,"CORPORACION FERNANDEZ CORPFERNANDEZ S.A.","LOCAL PPG",7862112522442,"PT:220133","TOTOPOS QUESO RANCHERO OLE 120G","X12",0.95,1,1,0,"0117862112522449172503251048",null,null,"17862112522449",7862112522442,"20250325","48"]
["",146,145,"14/01/2025",27045,"CORPORACION FERNANDEZ CORPFERNANDEZ S.A.","LOCAL PPG",7862112522732,"PT:220135","TOTOPOS SABOR GUACAMOLE OLE 120G","X12",0.95,1,1,0,"0117862112522739172504151051",null,null,"17862112522739",7862112522732,"20250415","51"]
["",147,146,"14/01/2025",27045,"CORPORACION FERNANDEZ CORPFERNANDEZ S.A.","LOCAL PPG",7862112522848,"PT:221004","ARITOS DE PAPA SABOR CEBOLLA CHILE Y LIMÓN OLE 100G","X10",1.22,1,1,0,"01178621125228451725032810363",null,null,"17862112522845",7862112522848,"20250328","363"]
["",148,147,"14/01/2025",27048,"GRUVALCORP S.A.","VIENESA ACACIAS OC8,933",7862112520301,"P.T:110700","CHIMICHURRI OLE 230G","X12",2.5499999999999998,2,2,0,"01178621125203081725121210347",null,null,"17862112520308",7862112520301,"20251212","347"]
["",149,148,"14/01/2025",27048,"GRUVALCORP S.A.","VIENESA ACACIAS OC8,933",7862112521599,"P.T:110214","SALSA AJÍ MANABA OLE 300G","X12",2.19,1,1,0,"01178621125215961726122910364",null,null,"17862112521596",7862112521599,"20261229","364"]
["",150,149,"14/01/2025",27048,"GRUVALCORP S.A.","VIENESA ACACIAS OC8,933",7862112521520,"P.T:110205","SALSA AJÍ CON CHOCHOS OLE 300G","X12",2.19,1,1,0,"011786211252152717260107107",null,null,"17862112521527",7862112521520,"20260107","7"]
["",151,150,"14/01/2025",27048,"GRUVALCORP S.A.","VIENESA ACACIAS OC8,933",7862112522183,"P.T:110733","SALSA GUACAMOLE OLE 220G","X12",1.68,1,1,0,"01178621125221801725122610361",null,null,"17862112522180",7862112522183,"20251226","361"]
["",152,151,"14/01/2025",27048,"GRUVALCORP S.A.","VIENESA ACACIAS OC8,933",7862112522626,"P.T:110701","CHIMICHURRI ESTILO ARGENTINO OLE 380G","X12",2.97,1,1,0,"01178621125226231725062110358",null,null,"17862112522623",7862112522626,"20250621","358"]
["",153,152,"14/01/2025",27048,"GRUVALCORP S.A.","VIENESA ACACIAS OC8,933",7862112522787,"P.T:311606","SALSA QUESO CHEDDAR OLE 200G","UN",1.59,12,12,0,"01178621125227841725060610672544",null,null,"17862112522784",7862112522787,"20250606","672544"]
["",154,153,"14/01/2025",27049,"GERARDO ORTIZ E HIJOS CIA. LTDA.","AL138782 ALBORADA",7862112520509,"P.T:110606","JALAPEÑO ROJOS Y VERDES AGRIDULCES OLE 250G","X12",1.62,1,2,1,"01178621125205061725122310358",null,null,"17862112520506",7862112520509,"20251223","358"]
["",155,154,"14/01/2025",27049,"GERARDO ORTIZ E HIJOS CIA. LTDA.","AL138782 ALBORADA",7862112522800,"P.T:310117","ACEITUNA RELLENA JALAPEÑO OLE 240G","X12",2.33,1,0,-1]
["",156,155,"14/01/2025",27049,"GERARDO ORTIZ E HIJOS CIA. LTDA.","AL138782 ALBORADA",7862112520301,"P.T:110700","CHIMICHURRI OLE 230G","X12",2.33,1,1,0,"0117862112520308172601141014",null,null,"17862112520308",7862112520301,"20260114","14"]
["",157,156,"14/01/2025",27049,"GERARDO ORTIZ E HIJOS CIA. LTDA.","AL138782 ALBORADA",7862112522626,"P.T:110701","CHIMICHURRI ESTILO ARGENTINO OLE 380G","X12",2.9,1,1,0,"01178621125226231725062110358",null,null,"17862112522623",7862112522626,"20250621","358"]
["",158,157,"14/01/2025",27049,"GERARDO ORTIZ E HIJOS CIA. LTDA.","AL138782 ALBORADA",7862112523036,"P.T:110746","SALSA PICANTE JALAPEÑO OLE 100G","X12",0.6,1,1,0,"01178621125230331725112210327",null,null,"17862112523033",7862112523036,"20251122","327"]
["",159,158,"14/01/2025",27049,"GERARDO ORTIZ E HIJOS CIA. LTDA.","AL138782 ALBORADA",705424000147,"P.T:110209","AJÍ CON TOMATE DE ÁRBOL OLE 180G","X24",1.42,1,1,0,"01207054240001411725111410319",null,null,"20705424000141",705424000147,"20251114","319"]
["",160,159,"14/01/2025",27049,"GERARDO ORTIZ E HIJOS CIA. LTDA.","AL138782 ALBORADA",7862112522787,"P.T:311606","SALSA QUESO CHEDDAR OLE 200G","X24",1.52,1,1,0,"01178621125227841725060610672544",null,null,"17862112522784",7862112522787,"20250606","672544"]
["",161,160,"14/01/2025",27049,"GERARDO ORTIZ E HIJOS CIA. LTDA.","AL138782 ALBORADA",7862112522794,"P.T:311605","SALSA CHICKEN DIPPIN OLE 200G","X24",1.27,1,1,0,"01178621125227911725050610672601",null,null,"17862112522791",7862112522794,"20250506","672601"]
["",162,161,"14/01/2025",27049,"GERARDO ORTIZ E HIJOS CIA. LTDA.","AL138782 ALBORADA",7862112522831,"P.T:110226","SALSA EXTRAPICANTE CAROLINA REAPER OLE 100G","X12",1.05,1,1,0,"01178621125228381725111110316",null,null,"17862112522838",7862112522831,"20251111","316"]
["",163,162,"14/01/2025",27049,"GERARDO ORTIZ E HIJOS CIA. LTDA.","AL138782 ALBORADA",7862112521544,"P.T:110224","SALSA SRIRACHA PICANTE OLE 285G","X12",2.83,1,1,0,"01178621125215411726122810363",null,null,"17862112521541",7862112521544,"20261228","363"]
["",164,163,"14/01/2025",27049,"GERARDO ORTIZ E HIJOS CIA. LTDA.","AL138782 ALBORADA",7862112522169,"P.T:110734","DIP ORIGINAL ROASTED TOMATES ASADOS OLE 220G","X12",1.45,1,1,0,"011786211252216617260106106",null,null,"17862112522166",7862112522169,"20260106","6"]
["",165,164,"14/01/2025",27049,"GERARDO ORTIZ E HIJOS CIA. LTDA.","AL138782 ALBORADA",7862112522503,"P.T:110802","SALSA AJÍ ROCOTO CREMOSO OLE DP 200G","X12",1.22,1,1,0,"01178621125225001725111210317",null,null,"17862112522500",7862112522503,"20251112","317"]
["",166,165,"14/01/2025",27049,"GERARDO ORTIZ E HIJOS CIA. LTDA.","AL138782 ALBORADA",7862112522244,"P.T:110736","TERIYAKI SALSA ASIATICA OLE 300G","X12",2.13,1,1,0,"01178621125222411725111910324",null,null,"17862112522241",7862112522244,"20251119","324"]
["",167,166,"14/01/2025",27049,"GERARDO ORTIZ E HIJOS CIA. LTDA.","AL138782 ALBORADA",7862112522527,"P.T:110803","SALSA GUACAMOLE ORIGINAL OLE DP 200G","X12",1.39,1,1,0,"01178621125225241725122710362",null,null,"17862112522524",7862112522527,"20251227","362"]
["",168,167,"14/01/2025",27049,"GERARDO ORTIZ E HIJOS CIA. LTDA.","AL138782 ALBORADA",7862112522572,"P.T:311408","VINAGRE DE MANZANA CON LA MADRE MIEL DE ABEJA Y JENGIBRE OLE 500ML","X12",4.45,1,1,0,"01178621125225791729112010241119CMJ",null,null,"17862112522579",7862112522572,"20291120","241119CMJ"]
["",169,168,"14/01/2025",27049,"GERARDO ORTIZ E HIJOS CIA. LTDA.","AL138782 ALBORADA",7862112521698,"P.T:311407","VINAGRE DE MANZANA CON LA MADRE OLE 500ML","X12",4.28,1,1,0,"01178621125216951729111510241114CM",null,null,"17862112521695",7862112521698,"20291115","241114CM"]
["",170,169,"14/01/2025",27050,"GERARDO ORTIZ E HIJOS CIA. LTDA.","AM043452 AMBATO",7862112520509,"P.T:110606","JALAPEÑO ROJOS Y VERDES AGRIDULCES OLE 250G","X12",1.62,2,2,0,"01178621125205061725122310358",null,null,"17862112520506",7862112520509,"20251223","358"]
["",171,170,"14/01/2025",27050,"GERARDO ORTIZ E HIJOS CIA. LTDA.","AM043452 AMBATO",7862112523036,"P.T:110746","SALSA PICANTE JALAPEÑO OLE 100G","X12",0.6,1,1,0,"01178621125230331725112210327",null,null,"17862112523033",7862112523036,"20251122","327"]
["",172,171,"14/01/2025",27050,"GERARDO ORTIZ E HIJOS CIA. LTDA.","AM043452 AMBATO",7862112523043,"P.T:110745","SALSA PICANTE HABANERO OLE 100G","X12",0.6,1,1,0,"01178621125230401725111910324",null,null,"17862112523040",7862112523043,"20251119","324"]
["",173,172,"14/01/2025",27050,"GERARDO ORTIZ E HIJOS CIA. LTDA.","AM043452 AMBATO",705424000116,"P.T:110207","AJÍ CON MARACUYA OLE 185G","X24",1.42,1,1,0,"01207054240001101725122110356",null,null,"20705424000110",705424000116,"20251221","356"]
["",174,173,"14/01/2025",27050,"GERARDO ORTIZ E HIJOS CIA. LTDA.","AM043452 AMBATO",7862112522770,"P.T:311604","SALSA DE MAIZ OLE 200G","X24",1.3,1,0,-1]
["",175,174,"14/01/2025",27050,"GERARDO ORTIZ E HIJOS CIA. LTDA.","AM043452 AMBATO",7862112522794,"P.T:311605","SALSA CHICKEN DIPPIN OLE 200G","X24",1.27,1,1,0,"01178621125227911725050610672601",null,null,"17862112522791",7862112522794,"20250506","672601"]
["",176,175,"14/01/2025",27050,"GERARDO ORTIZ E HIJOS CIA. LTDA.","AM043452 AMBATO",7862112522831,"P.T:110226","SALSA EXTRAPICANTE CAROLINA REAPER OLE 100G","X12",1.05,1,1,0,"01178621125228381725111110316",null,null,"17862112522838",7862112522831,"20251111","316"]
["",177,176,"14/01/2025",27050,"GERARDO ORTIZ E HIJOS CIA. LTDA.","AM043452 AMBATO",7862112522879,"P.T:110312","SALSA BBQ RON ABUELO OLE 430G","X12",2.09,1,0,-1]
["",178,177,"14/01/2025",27050,"GERARDO ORTIZ E HIJOS CIA. LTDA.","AM043452 AMBATO",7862112521810,"P.T:110303","SALSA BBQ ORIGINAL OLE 430G","X12",1.57,1,1,0,"01178621125218171725112710332",null,null,"17862112521817",7862112521810,"20251127","332"]
["",179,178,"14/01/2025",27050,"GERARDO ORTIZ E HIJOS CIA. LTDA.","AM043452 AMBATO",7862112522497,"P.T:110801","SALSA BBQ ORIGINAL OLE DP 200G","X12",0.88,1,1,0,"01178621125224941725120910344",null,null,"17862112522494",7862112522497,"20251209","344"]
["",180,179,"14/01/2025",27050,"GERARDO ORTIZ E HIJOS CIA. LTDA.","AM043452 AMBATO",7862112521698,"P.T:311407","VINAGRE DE MANZANA CON LA MADRE OLE 500ML","X12",4.28,1,1,0,"01178621125216951729111510241114CM",null,null,"17862112521695",7862112521698,"20291115","241114CM"]
["",181,180,"14/01/2025",27051,"GERARDO ORTIZ E HIJOS CIA. LTDA.","BA206569 BATAN",705424000352,"P.T:110608","JALAPEÑO ROJOS Y VERDES OLE 370G","X12",2.99,1,1,0,"01107054240003591725120910344",null,null,"10705424000359",705424000352,"20251209","344"]
["",182,181,"14/01/2025",27051,"GERARDO ORTIZ E HIJOS CIA. LTDA.","BA206569 BATAN",7862112520509,"P.T:110606","JALAPEÑO ROJOS Y VERDES AGRIDULCES OLE 250G","X12",1.62,1,1,0,"01178621125205061725122310358",null,null,"17862112520506",7862112520509,"20251223","358"]
["",183,182,"14/01/2025",27051,"GERARDO ORTIZ E HIJOS CIA. LTDA.","BA206569 BATAN",7862112521407,"P.T:310105","ACEITUNAS VERDES RELLENAS CON ALMENDRAS OLE 240G","X12",3.02,1,1,0,"011786211252140417261230101",null,null,"17862112521404",7862112521407,"20261230","1"]
["",184,183,"14/01/2025",27051,"GERARDO ORTIZ E HIJOS CIA. LTDA.","BA206569 BATAN",7862112520301,"P.T:110700","CHIMICHURRI OLE 230G","X12",2.33,1,1,0,"0117862112520308172601141014",null,null,"17862112520308",7862112520301,"20260114","14"]
["",185,184,"14/01/2025",27051,"GERARDO ORTIZ E HIJOS CIA. LTDA.","BA206569 BATAN",7862112523036,"P.T:110746","SALSA PICANTE JALAPEÑO OLE 100G","X12",0.6,1,1,0,"01178621125230331725112210327",null,null,"17862112523033",7862112523036,"20251122","327"]
["",186,185,"14/01/2025",27051,"GERARDO ORTIZ E HIJOS CIA. LTDA.","BA206569 BATAN",7862112523043,"P.T:110745","SALSA PICANTE HABANERO OLE 100G","X12",0.6,1,1,0,"01178621125230401725111910324",null,null,"17862112523040",7862112523043,"20251119","324"]
["",187,186,"14/01/2025",27051,"GERARDO ORTIZ E HIJOS CIA. LTDA.","BA206569 BATAN",7862112522657,"P.T:110709","SALSA PIZZA OLE DP 400G","X24",1.32,1,1,0,"01178621125226541725121810353",null,null,"17862112522654",7862112522657,"20251218","353"]
["",188,187,"14/01/2025",27051,"GERARDO ORTIZ E HIJOS CIA. LTDA.","BA206569 BATAN",705424000116,"P.T:110207","AJÍ CON MARACUYA OLE 185G","X24",1.42,1,1,0,"01207054240001101725122110356",null,null,"20705424000110",705424000116,"20251221","356"]
["",189,188,"14/01/2025",27051,"GERARDO ORTIZ E HIJOS CIA. LTDA.","BA206569 BATAN",7862112522770,"P.T:311604","SALSA DE MAIZ OLE 200G","X24",1.3,1,0,-1]
["",190,189,"14/01/2025",27051,"GERARDO ORTIZ E HIJOS CIA. LTDA.","BA206569 BATAN",7862112522787,"P.T:311606","SALSA QUESO CHEDDAR OLE 200G","X24",1.52,1,1,0,"01178621125227841725060610672544",null,null,"17862112522784",7862112522787,"20250606","672544"]
["",191,190,"14/01/2025",27051,"GERARDO ORTIZ E HIJOS CIA. LTDA.","BA206569 BATAN",7862112522879,"P.T:110312","SALSA BBQ RON ABUELO OLE 430G","X12",2.09,1,0,-1]
["",192,191,"14/01/2025",27051,"GERARDO ORTIZ E HIJOS CIA. LTDA.","BA206569 BATAN",7862112522602,"P.T:110206","SALSA DE AJÍ LOJANO OLE 290G","X12",2.09,1,1,0,"011786211252260917260107107",null,null,"17862112522609",7862112522602,"20260107","7"]
["",193,192,"14/01/2025",27051,"GERARDO ORTIZ E HIJOS CIA. LTDA.","BA206569 BATAN",7862112522244,"P.T:110736","TERIYAKI SALSA ASIATICA OLE 300G","X12",2.13,1,1,0,"01178621125222411725111910324",null,null,"17862112522241",7862112522244,"20251119","324"]
["",194,193,"14/01/2025",27051,"GERARDO ORTIZ E HIJOS CIA. LTDA.","BA206569 BATAN",7862112521698,"P.T:311407","VINAGRE DE MANZANA CON LA MADRE OLE 500ML","X12",4.28,1,1,0,"01178621125216951729111510241114CM",null,null,"17862112521695",7862112521698,"20291115","241114CM"]
["",195,194,"14/01/2025",27051,"GERARDO ORTIZ E HIJOS CIA. LTDA.","BA206569 BATAN",7862112522848,"PT:221004","ARITOS DE PAPA SABOR CEBOLLA CHILE Y LIMÓN OLE 100G","X10",1.17,2,2,0,"01178621125228451725032810363",null,null,"17862112522845",7862112522848,"20250328","363"]
["",196,195,"14/01/2025",27051,"GERARDO ORTIZ E HIJOS CIA. LTDA.","BA206569 BATAN",7862112522732,"PT:220135","TOTOPOS SABOR GUACAMOLE OLE 120G","X12",0.91,1,1,0,"011786211252273917250506102",null,null,"17862112522739",7862112522732,"20250506","2"]
["",197,196,"14/01/2025",27051,"GERARDO ORTIZ E HIJOS CIA. LTDA.","BA206569 BATAN",7862112522756,"PT:220136","TOTOPOS NATURAL MINI OLE 300G","X12",1.61,1,1,0,"0117862112522753172505241048",null,null,"17862112522753",7862112522756,"20250524","48"]
["",198,197,"14/01/2025",27051,"GERARDO ORTIZ E HIJOS CIA. LTDA.","BA206569 BATAN",7862112522367,"PT:220132","TOTOPOS NATURAL OLE 300G","X12",1.67,1,1,0,"012786211252236117250705102",null,null,"27862112522361",7862112522367,"20250705","2"]
["",199,198,"14/01/2025",27052,"GERARDO ORTIZ E HIJOS CIA. LTDA.","BM097961 MAGDALENA",705424000352,"P.T:110608","JALAPEÑO ROJOS Y VERDES OLE 370G","X12",2.99,2,2,0,"01107054240003591725120910344",null,null,"10705424000359",705424000352,"20251209","344"]
["",200,199,"14/01/2025",27052,"GERARDO ORTIZ E HIJOS CIA. LTDA.","BM097961 MAGDALENA",7862112520509,"P.T:110606","JALAPEÑO ROJOS Y VERDES AGRIDULCES OLE 250G","X12",1.62,1,1,0,"01178621125205061725122310358",null,null,"17862112520506",7862112520509,"20251223","358"]
["",201,200,"14/01/2025",27052,"GERARDO ORTIZ E HIJOS CIA. LTDA.","BM097961 MAGDALENA",7862112522800,"P.T:310117","ACEITUNA RELLENA JALAPEÑO OLE 240G","X12",2.33,1,0,-1]
["",202,201,"14/01/2025",27052,"GERARDO ORTIZ E HIJOS CIA. LTDA.","BM097961 MAGDALENA",7862112520301,"P.T:110700","CHIMICHURRI OLE 230G","X12",2.33,2,2,0,"0117862112520308172601141014",null,null,"17862112520308",7862112520301,"20260114","14"]
["",203,202,"14/01/2025",27052,"GERARDO ORTIZ E HIJOS CIA. LTDA.","BM097961 MAGDALENA",7862112523043,"P.T:110745","SALSA PICANTE HABANERO OLE 100G","X12",0.6,1,1,0,"01178621125230401725111910324",null,null,"17862112523040",7862112523043,"20251119","324"]
["",204,203,"14/01/2025",27052,"GERARDO ORTIZ E HIJOS CIA. LTDA.","BM097961 MAGDALENA",705424000147,"P.T:110209","AJÍ CON TOMATE DE ÁRBOL OLE 180G","X24",1.42,1,1,0,"01207054240001411725111410319",null,null,"20705424000141",705424000147,"20251114","319"]
["",205,204,"14/01/2025",27052,"GERARDO ORTIZ E HIJOS CIA. LTDA.","BM097961 MAGDALENA",7862112522770,"P.T:311604","SALSA DE MAIZ OLE 200G","X24",1.3,2,0,-2]
["",206,205,"14/01/2025",27052,"GERARDO ORTIZ E HIJOS CIA. LTDA.","BM097961 MAGDALENA",7862112522794,"P.T:311605","SALSA CHICKEN DIPPIN OLE 200G","X24",1.27,1,1,0,"01178621125227911725050610672601",null,null,"17862112522791",7862112522794,"20250506","672601"]
["",207,206,"14/01/2025",27052,"GERARDO ORTIZ E HIJOS CIA. LTDA.","BM097961 MAGDALENA",7862112522879,"P.T:110312","SALSA BBQ RON ABUELO OLE 430G","X12",2.09,1,0,-1]
["",208,207,"14/01/2025",27052,"GERARDO ORTIZ E HIJOS CIA. LTDA.","BM097961 MAGDALENA",7862112522602,"P.T:110206","SALSA DE AJÍ LOJANO OLE 290G","X12",2.09,1,1,0,"01178621125226091725100310277",null,null,"17862112522609",7862112522602,"20251003","277"]
["",209,208,"14/01/2025",27052,"GERARDO ORTIZ E HIJOS CIA. LTDA.","BM097961 MAGDALENA",7862112521544,"P.T:110224","SALSA SRIRACHA PICANTE OLE 285G","X12",2.83,1,1,0,"01178621125215411726122810363",null,null,"17862112521541",7862112521544,"20261228","363"]
["",210,209,"14/01/2025",27052,"GERARDO ORTIZ E HIJOS CIA. LTDA.","BM097961 MAGDALENA",7862112521810,"P.T:110303","SALSA BBQ ORIGINAL OLE 430G","X12",1.57,1,1,0,"01178621125218171725112710332",null,null,"17862112521817",7862112521810,"20251127","332"]
["",211,210,"14/01/2025",27052,"GERARDO ORTIZ E HIJOS CIA. LTDA.","BM097961 MAGDALENA",7862112522169,"P.T:110734","DIP ORIGINAL ROASTED TOMATES ASADOS OLE 220G","X12",1.45,1,1,0,"011786211252216617260106106",null,null,"17862112522166",7862112522169,"20260106","6"]
["",212,211,"14/01/2025",27052,"GERARDO ORTIZ E HIJOS CIA. LTDA.","BM097961 MAGDALENA",7862112522497,"P.T:110801","SALSA BBQ ORIGINAL OLE DP 200G","X12",0.88,1,1,0,"01178621125224941725120910344",null,null,"17862112522494",7862112522497,"20251209","344"]
["",213,212,"14/01/2025",27052,"GERARDO ORTIZ E HIJOS CIA. LTDA.","BM097961 MAGDALENA",7862112522244,"P.T:110736","TERIYAKI SALSA ASIATICA OLE 300G","X12",2.13,1,1,0,"01178621125222411725111910324",null,null,"17862112522241",7862112522244,"20251119","324"]
["",214,213,"14/01/2025",27052,"GERARDO ORTIZ E HIJOS CIA. LTDA.","BM097961 MAGDALENA",7862112522572,"P.T:311408","VINAGRE DE MANZANA CON LA MADRE MIEL DE ABEJA Y JENGIBRE OLE 500ML","X12",4.45,1,1,0,"01178621125225791729112010241119CMJ",null,null,"17862112522579",7862112522572,"20291120","241119CMJ"]
["",215,214,"14/01/2025",27052,"GERARDO ORTIZ E HIJOS CIA. LTDA.","BM097961 MAGDALENA",7862112521698,"P.T:311407","VINAGRE DE MANZANA CON LA MADRE OLE 500ML","X12",4.28,2,2,0,"01178621125216951729111510241114CM",null,null,"17862112521695",7862112521698,"20291115","241114CM"]
["",216,215,"14/01/2025",27052,"GERARDO ORTIZ E HIJOS CIA. LTDA.","BM097961 MAGDALENA",7862112522848,"PT:221004","ARITOS DE PAPA SABOR CEBOLLA CHILE Y LIMÓN OLE 100G","X10",1.17,1,1,0,"01178621125228451725032810363",null,null,"17862112522845",7862112522848,"20250328","363"]
["",217,216,"14/01/2025",27052,"GERARDO ORTIZ E HIJOS CIA. LTDA.","BM097961 MAGDALENA",7862112522732,"PT:220135","TOTOPOS SABOR GUACAMOLE OLE 120G","X12",0.91,2,2,0,"011786211252273917250506102",null,null,"17862112522739",7862112522732,"20250506","2"]
["",218,217,"14/01/2025",27052,"GERARDO ORTIZ E HIJOS CIA. LTDA.","BM097961 MAGDALENA",7862112522756,"PT:220136","TOTOPOS NATURAL MINI OLE 300G","X12",1.61,1,1,0,"0117862112522753172505241048",null,null,"17862112522753",7862112522756,"20250524","48"]
["",219,218,"14/01/2025",27052,"GERARDO ORTIZ E HIJOS CIA. LTDA.","BM097961 MAGDALENA",7862112522596,"PT:224001","PACK BOX FIESTA","X 6",5.65,2,0,-2]
["",220,219,"14/01/2025",27052,"GERARDO ORTIZ E HIJOS CIA. LTDA.","BM097961 MAGDALENA",7862112522442,"PT:220133","TOTOPOS QUESO RANCHERO OLE 120G","X12",0.93,1,1,0,"0117862112522449172503251048",null,null,"17862112522449",7862112522442,"20250325","48"]
["",221,220,"14/01/2025",27052,"GERARDO ORTIZ E HIJOS CIA. LTDA.","BM097961 MAGDALENA",7862112522473,"PT:220134","TOTOPOS MICHELADA OLE 120G","X12",0.93,1,1,0,"0117862112522470172503041045",null,null,"17862112522470",7862112522473,"20250304","45"]
["",222,221,"14/01/2025",27053,"GERARDO ORTIZ E HIJOS CIA. LTDA.","CA022579 TUMBACO",7862112520509,"P.T:110606","JALAPEÑO ROJOS Y VERDES AGRIDULCES OLE 250G","X12",1.62,2,2,0,"01178621125205061725122310358",null,null,"17862112520506",7862112520509,"20251223","358"]
["",223,222,"14/01/2025",27053,"GERARDO ORTIZ E HIJOS CIA. LTDA.","CA022579 TUMBACO",7862112521407,"P.T:310105","ACEITUNAS VERDES RELLENAS CON ALMENDRAS OLE 240G","X12",3.02,1,1,0,"011786211252140417261230101",null,null,"17862112521404",7862112521407,"20261230","1"]
["",224,223,"14/01/2025",27053,"GERARDO ORTIZ E HIJOS CIA. LTDA.","CA022579 TUMBACO",7862112521414,"P.T:310104","ACEITUNAS VERDES RELLENAS CON ROCOTO OLE 240G","X12",2.4,1,1,0,"011786211252141117261230101",null,null,"17862112521411",7862112521414,"20261230","1"]
["",225,224,"14/01/2025",27053,"GERARDO ORTIZ E HIJOS CIA. LTDA.","CA022579 TUMBACO",7862112521421,"P.T:310106","ACEITUNAS VERDES RELLENAS CON PIMIENTO OLE 240G","X12",2.4,1,1,0,"011786211252142817261030102",null,null,"17862112521428",7862112521421,"20261030","2"]
["",226,225,"14/01/2025",27053,"GERARDO ORTIZ E HIJOS CIA. LTDA.","CA022579 TUMBACO",705424000352,"P.T:110608","JALAPEÑO ROJOS Y VERDES OLE 370G","X12",2.99,1,1,0,"01107054240003591725120910344",null,null,"10705424000359",705424000352,"20251209","344"]
["",227,226,"14/01/2025",27053,"GERARDO ORTIZ E HIJOS CIA. LTDA.","CA022579 TUMBACO",7862112520301,"P.T:110700","CHIMICHURRI OLE 230G","X12",2.33,1,1,0,"0117862112520308172601141014",null,null,"17862112520308",7862112520301,"20260114","14"]
["",228,227,"14/01/2025",27053,"GERARDO ORTIZ E HIJOS CIA. LTDA.","CA022579 TUMBACO",7862112523036,"P.T:110746","SALSA PICANTE JALAPEÑO OLE 100G","X12",0.6,1,1,0,"01178621125230331725112210327",null,null,"17862112523033",7862112523036,"20251122","327"]
["",229,228,"14/01/2025",27053,"GERARDO ORTIZ E HIJOS CIA. LTDA.","CA022579 TUMBACO",7862112523043,"P.T:110745","SALSA PICANTE HABANERO OLE 100G","X12",0.6,1,1,0,"01178621125230401725111910324",null,null,"17862112523040",7862112523043,"20251119","324"]
["",230,229,"14/01/2025",27053,"GERARDO ORTIZ E HIJOS CIA. LTDA.","CA022579 TUMBACO",7862112522879,"P.T:110312","SALSA BBQ RON ABUELO OLE 430G","X12",2.09,1,0,-1]
["",231,230,"14/01/2025",27053,"GERARDO ORTIZ E HIJOS CIA. LTDA.","CA022579 TUMBACO",7862112522817,"P.T:110737","SALSA DE TOMATE CASERA OLE DP 200G","X12",0.7,1,1,0,"01178621125228141725101010284",null,null,"17862112522814",7862112522817,"20251010","284"]
["",232,231,"14/01/2025",27053,"GERARDO ORTIZ E HIJOS CIA. LTDA.","CA022579 TUMBACO",7862112522824,"P.T:110738","SALSA DE TOMATE PARRILLERA OLE DP 200G","X12",0.8,1,1,0,"01178621125228211725111310318",null,null,"17862112522821",7862112522824,"20251113","318"]
["",233,232,"14/01/2025",27053,"GERARDO ORTIZ E HIJOS CIA. LTDA.","CA022579 TUMBACO",7862112522602,"P.T:110206","SALSA DE AJÍ LOJANO OLE 290G","X12",2.09,1,1,0,"011786211252260917260107107",null,null,"17862112522609",7862112522602,"20260107","7"]
["",234,233,"14/01/2025",27053,"GERARDO ORTIZ E HIJOS CIA. LTDA.","CA022579 TUMBACO",7862112521544,"P.T:110224","SALSA SRIRACHA PICANTE OLE 285G","X12",2.83,1,1,0,"01178621125215411726122810363",null,null,"17862112521541",7862112521544,"20261228","363"]
["",235,234,"14/01/2025",27053,"GERARDO ORTIZ E HIJOS CIA. LTDA.","CA022579 TUMBACO",7862112521599,"P.T:110214","SALSA AJÍ MANABA OLE 300G","X12",2.12,1,1,0,"01178621125215961726122910364",null,null,"17862112521596",7862112521599,"20261229","364"]
["",236,235,"14/01/2025",27053,"GERARDO ORTIZ E HIJOS CIA. LTDA.","CA022579 TUMBACO",7862112522169,"P.T:110734","DIP ORIGINAL ROASTED TOMATES ASADOS OLE 220G","X12",1.45,1,1,0,"011786211252216617260106106",null,null,"17862112522166",7862112522169,"20260106","6"]
["",237,236,"14/01/2025",27053,"GERARDO ORTIZ E HIJOS CIA. LTDA.","CA022579 TUMBACO",7862112522183,"P.T:110733","SALSA GUACAMOLE OLE 220G","X12",1.66,1,1,0,"01178621125221801725122610361",null,null,"17862112522180",7862112522183,"20251226","361"]
["",238,237,"14/01/2025",27053,"GERARDO ORTIZ E HIJOS CIA. LTDA.","CA022579 TUMBACO",7862112522244,"P.T:110736","TERIYAKI SALSA ASIATICA OLE 300G","X12",2.13,1,1,0,"01178621125222411725111910324",null,null,"17862112522241",7862112522244,"20251119","324"]
["",239,238,"14/0